{"text_format":"3","workbook":"xlsx","n_sheets":1,"sheets":["Export"],"read":"whole","date_system":"1900"}

{"sheet":"Export","index":0,"n_rows":2501,"n_cols":64,"rows_kept":1125,"cut":true,"bounds":{"rows_first":500,"rows_last":125,"rows_between":500,"halvings":2}}
["﻿Product Code","Product Description","Additional Description","List Price (EUR)","Sales MOQ","Categories","Coming Soon?","New Product?","Discontinued?","Product Length (mm)","Product Width (mm)","Product Height (mm)","Product Net Weight (kg)","Product Gross Weight (kg)","Product Volume (cl)","Product Volume (oz)","Product Material","Commodity Code","Country Of Origin","Product Min Temp (C)","Product Max Temp (C)","Dishwasher Safe?","Oven Safe?","Microwave Safe?","Freezer Safe?","Induction Compatible?","Fully Tempered?","Sheer Rim?","Product Guarantee?","Product Spares?","Over 18's Only?","Bullet Points","Features & Benefits","UOM Single?","Each Barcode","UOM Each Length (cm)","UOM Each Width (cm)","UOM Each Height (cm)","UOM Each Volume (cbm)","UOM Each Weight (kg)","Inner Pack Barcode","Inner Pack Quantity","Inner Pack Length (cm)","Inner Pack Width (cm)","Inner Pack Height (cm)","Inner Pack Volume (cbm)","Inner Pack Net Weight (kg)","Inner Pack Gross Weight (kg)","Outer Carton Barcode","Outer Carton Quantity","Outer Carton Length (cm)","Outer Carton Width (cm)","Outer Carton Height (cm)","Outer Carton Volume (cbm)","Outer Carton Net Weight (kg)","Outer Carton Gross Weight (kg)","Pallet Barcode","Pallet Quantity","Thumbnail Link","Listing Images","Lifestyle Images","Website Link","Associated Products","Alternative Products"]
["RS130802","GenWare Black GN 1/3 Riser 8cm (H)","GN 1/3 - 32.5 x 17.5 x 8cm (L x W x H)",35.98,1,"Buffet & Display>Buffet Risers",null,"Yes",null,322,173,80,{"v":0.54,"d":"0.540"},{"v":0.54,"d":"0.540"},null,null,"Iron","7323990090","China",null,null,"No","N/A","N/A","N/A",{"$nulls":6},"\n•Durable Coated Steel Contruction\n•Non-Slip Feet\n•Versatile Display Combinations\n•Enhanced Customer Engagement\n•Future Ready Solutions\n•Unleash Creativity","Looking to add height and visual interest to your counter or buffet? The Riser Collection provides an innovative, industry-leading solution that opens up endless possibilities for food presentation.\n•Durable Coated Steel&nbsp;Construction: Built to last with a high quality finish that stands up to everyday use\n•Non-Slip Feet: Ensures stability and protects surfaces during busy service times﻿\n•Versatile Display Combinations: Create a virtually limitless array of food presentation layouts tailored to your space\n•Enhanced Customer Engagement: Add visual focal points and highlight promotional items to attract attention and drive interest\n•Future Ready Solutions: Designed to evolve with your offering, keeping your display fresh and up to date\n•Unleash Creativity: Elevate your presentation and bring your culinary vision to life","Each","5020403781875","32.2","17.3","8","0.00446",{"v":0.54,"d":"0.540"},{"$nulls":8},"05020403781899",8,"68.5","38.5","21.5","0.05670","4.32",{"v":6.07,"d":"6.070"},null,96,"https://files.plytix.com/api/v1.1/file/public_files/pim/assets/8a/8d/8f/62/628f8d8abb3a1aaaf0e8f149/images/b1/37/82/68/688237b10d779e27ece5e1db/TH_RS130802.jpg","https://files.plytix.com/api/v1.1/file/public_files/pim/assets/8a/8d/8f/62/628f8d8abb3a1aaaf0e8f149/images/8c/2a/82/68/68822a8c0d779e27ece5dd2a/RS130802.jpg|https://files.plytix.com/api/v1.1/file/public_files/pim/assets/8a/8d/8f/62/628f8d8abb3a1aaaf0e8f149/images/8c/2a/82/68/68822a8c0d779e27ece5dd2b/RS130802_A.jpg|https://files.plytix.com/api/v1.1/file/public_files/pim/assets/8a/8d/8f/62/628f8d8abb3a1aaaf0e8f149/images/8d/2a/82/68/68822a8de49aeb157cd6263f/RS130802_B.jpg|https://files.plytix.com/api/v1.1/file/public_files/pim/assets/8a/8d/8f/62/628f8d8abb3a1aaaf0e8f149/images/8d/2a/82/68/68822a8da81af439e7f6c0a6/RS130802_C.jpg","https://files.plytix.com/api/v1.1/file/public_files/pim/assets/8a/8d/8f/62/628f8d8abb3a1aaaf0e8f149/images/fd/1b/7e/68/687e1bfdad76c8ad222c862a/LFST0925053.jpg|https://files.plytix.com/api/v1.1/file/public_files/pim/assets/8a/8d/8f/62/628f8d8abb3a1aaaf0e8f149/images/05/1c/7e/68/687e1c05ad76c8ad222c862b/LFST0925054.jpg","https://www.nevilleuk.com/products/RS130802_","TB130302|TB130367|TB130345","RS130845"]
["RS131602","GenWare Black GN 1/3 Riser 16cm (H)","GN 1/3 - 32.5 x 17.5 x 16cm (L x W x H)",{"v":43.4,"d":"43.40"},1,"Buffet & Display>Buffet Risers",null,"Yes",null,322,173,160,{"v":0.54,"d":"0.540"},{"v":0.54,"d":"0.540"},null,null,"Iron","7323990090","China",null,null,"No","N/A","N/A","N/A",{"$nulls":6},"\n•Durable Coated Steel Contruction\n•Non-Slip Feet\n•Versatile Display Combinations\n•Enhanced Customer Engagement\n•Future Ready Solutions\n•Unleash Creativity","Looking to add height and visual interest to your counter or buffet? The Riser Collection provides an innovative, industry-leading solution that opens up endless possibilities for food presentation.\n•Durable Coated Steel&nbsp;Construction: Built to last with a high quality finish that stands up to everyday use\n•Non-Slip Feet: Ensures stability and protects surfaces during busy service times﻿\n•Versatile Display Combinations: Create a virtually limitless array of food presentation layouts tailored to your space\n•Enhanced Customer Engagement: Add visual focal points and highlight promotional items to attract attention and drive interest\n•Future Ready Solutions: Designed to evolve with your offering, keeping your display fresh and up to date\n•Unleash Creativity: Elevate your presentation and bring your culinary vision to life","Each","5020403781844","32.2","17.3","16","0.00891",{"v":0.54,"d":"0.540"},{"$nulls":8},"05020403781868",8,"68.5","38.5","37.5","0.09890","4.32",{"v":7.17,"d":"7.170"},null,144,"https://files.plytix.com/api/v1.1/file/public_files/pim/assets/8a/8d/8f/62/628f8d8abb3a1aaaf0e8f149/images/b1/37/82/68/688237b1e49aeb157cd62a8e/TH_RS131602.jpg","https://files.plytix.com/api/v1.1/file/public_files/pim/assets/8a/8d/8f/62/628f8d8abb3a1aaaf0e8f149/images/90/2a/82/68/68822a90e49aeb157cd62642/RS131602.jpg|https://files.plytix.com/api/v1.1/file/public_files/pim/assets/8a/8d/8f/62/628f8d8abb3a1aaaf0e8f149/images/90/2a/82/68/68822a90e49aeb157cd62643/RS131602_A.jpg|https://files.plytix.com/api/v1.1/file/public_files/pim/assets/8a/8d/8f/62/628f8d8abb3a1aaaf0e8f149/images/91/2a/82/68/68822a91a81af439e7f6c0a9/RS131602_B.jpg|https://files.plytix.com/api/v1.1/file/public_files/pim/assets/8a/8d/8f/62/628f8d8abb3a1aaaf0e8f149/images/92/2a/82/68/68822a92e49aeb157cd62644/RS131602_C.jpg",null,"https://www.nevilleuk.com/products/RS131602_","TB130302|TB130367|TB130345","RS131645"]
["RS120802","GenWare Black GN 1/2 Riser 8cm (H)","GN 1/2 - 32.5 x 26 x 8cm (L x W x H)",48.84,1,"Buffet & Display>Buffet Risers",null,"Yes",null,323,263,80,0.605,0.605,null,null,"Iron","7323990090","China",null,null,"No","N/A","N/A","N/A",{"$nulls":6},"\n•Durable Coated Steel Contruction\n•Non-Slip Feet\n•Versatile Display Combinations\n•Enhanced Customer Engagement\n•Future Ready Solutions\n•Unleash Creativity","Looking to add height and visual interest to your counter or buffet? The Riser Collection provides an innovative, industry-leading solution that opens up endless possibilities for food presentation.\n•Durable Coated Steel&nbsp;Construction: Built to last with a high quality finish that stands up to everyday use\n•Non-Slip Feet: Ensures stability and protects surfaces during busy service times﻿\n•Versatile Display Combinations: Create a virtually limitless array of food presentation layouts tailored to your space\n•Enhanced Customer Engagement: Add visual focal points&nbsp;and highlight promotional items to attract attention and drive interest\n•Future Ready Solutions: Designed to evolve with your offering, keeping your display fresh and up to date\n•Unleash Creativity: Elevate your presentation and bring your culinary vision to life","Each","5020403781813","32.3","26.3","8","0.00680",0.605,{"$nulls":8},"05020403781837",8,"68.5","56.5","21.5","0.08321","4.84",{"v":7.79,"d":"7.790"},null,64,"https://files.plytix.com/api/v1.1/file/public_files/pim/assets/8a/8d/8f/62/628f8d8abb3a1aaaf0e8f149/images/b1/37/82/68/688237b103c05567ef5fa389/TH_RS120802.jpg","https://files.plytix.com/api/v1.1/file/public_files/pim/assets/8a/8d/8f/62/628f8d8abb3a1aaaf0e8f149/images/7a/2a/82/68/68822a7a9544f7f72c09f8d2/RS120802.jpg|https://files.plytix.com/api/v1.1/file/public_files/pim/assets/8a/8d/8f/62/628f8d8abb3a1aaaf0e8f149/images/7a/2a/82/68/68822a7a0d779e27ece5dd17/RS120802_A.jpg|https://files.plytix.com/api/v1.1/file/public_files/pim/assets/8a/8d/8f/62/628f8d8abb3a1aaaf0e8f149/images/7b/2a/82/68/68822a7be49aeb157cd62637/RS120802_B.jpg|https://files.plytix.com/api/v1.1/file/public_files/pim/assets/8a/8d/8f/62/628f8d8abb3a1aaaf0e8f149/images/7b/2a/82/68/68822a7b0d779e27ece5dd18/RS120802_C.jpg|https://files.plytix.com/api/v1.1/file/public_files/pim/assets/8a/8d/8f/62/628f8d8abb3a1aaaf0e8f149/images/7c/2a/82/68/68822a7c0d779e27ece5dd19/RS120802_D.jpg|https://files.plytix.com/api/v1.1/file/public_files/pim/assets/8a/8d/8f/62/628f8d8abb3a1aaaf0e8f149/images/7d/2a/82/68/68822a7da81af439e7f6c093/RS120802_E.jpg|https://files.plytix.com/api/v1.1/file/public_files/pim/assets/8a/8d/8f/62/628f8d8abb3a1aaaf0e8f149/images/7d/2a/82/68/68822a7d03c05567ef5f9f29/RS120802_F.jpg|https://files.plytix.com/api/v1.1/file/public_files/pim/assets/8a/8d/8f/62/628f8d8abb3a1aaaf0e8f149/images/7e/2a/82/68/68822a7ea81af439e7f6c095/RS120802_G.jpg|https://files.plytix.com/api/v1.1/file/public_files/pim/assets/8a/8d/8f/62/628f8d8abb3a1aaaf0e8f149/images/7e/2a/82/68/68822a7ee49aeb157cd62638/RS120802_H.jpg|https://files.plytix.com/api/v1.1/file/public_files/pim/assets/8a/8d/8f/62/628f8d8abb3a1aaaf0e8f149/images/7f/2a/82/68/68822a7fa81af439e7f6c096/RS120802_I.jpg",null,"https://www.nevilleuk.com/products/RS120802_","TB120302|TB120367|TB120345","RS120845"]
["RS121602","GenWare Black GN 1/2 Riser 16cm (H)","GN 1/2 - 32.5 x 26 x 16cm (L x W x H)",61.24,1,"Buffet & Display>Buffet Risers",null,"Yes",null,323,263,160,0.605,0.605,null,null,"Iron","7323990090","China",null,null,"No","N/A","N/A","N/A",{"$nulls":6},"\n•Durable Coated Steel Contruction\n•Non-Slip Feet\n•Versatile Display Combinations\n•Enhanced Customer Engagement\n•Future Ready Solutions\n•Unleash Creativity","Looking to add height and visual interest to your counter or buffet? The Riser Collection provides an innovative, industry-leading solution that opens up endless possibilities for food presentation.\n•Durable Coated Steel&nbsp;Construction: Built to last with a high quality finish that stands up to everyday use\n•Non-Slip Feet: Ensures stability and protects surfaces during busy service times﻿\n•Versatile Display Combinations: Create a virtually limitless array of food presentation layouts tailored to your space\n•Enhanced Customer Engagement: Add visual focal points&nbsp;and highlight promotional items to attract attention and drive interest\n•Future Ready Solutions: Designed to evolve with your offering, keeping your display fresh and up to date\n•Unleash Creativity: Elevate your presentation and bring your culinary vision to life","Each","5020403781783","32.3","26.3","16","0.01359",0.605,{"$nulls":8},"05020403781806",8,"68.5","56.5","37.5","0.14513","4.84",{"v":8.9,"d":"8.900"},null,96,"https://files.plytix.com/api/v1.1/file/public_files/pim/assets/8a/8d/8f/62/628f8d8abb3a1aaaf0e8f149/images/b1/37/82/68/688237b10d779e27ece5e1da/TH_RS121602.jpg","https://files.plytix.com/api/v1.1/file/public_files/pim/assets/8a/8d/8f/62/628f8d8abb3a1aaaf0e8f149/images/86/2a/82/68/68822a86a81af439e7f6c09b/RS121602.jpg|https://files.plytix.com/api/v1.1/file/public_files/pim/assets/8a/8d/8f/62/628f8d8abb3a1aaaf0e8f149/images/87/2a/82/68/68822a87a81af439e7f6c09f/RS121602_A.jpg|https://files.plytix.com/api/v1.1/file/public_files/pim/assets/8a/8d/8f/62/628f8d8abb3a1aaaf0e8f149/images/88/2a/82/68/68822a8803c05567ef5f9f2d/RS121602_B.jpg|https://files.plytix.com/api/v1.1/file/public_files/pim/assets/8a/8d/8f/62/628f8d8abb3a1aaaf0e8f149/images/89/2a/82/68/68822a89a81af439e7f6c0a3/RS121602_C.jpg","https://files.plytix.com/api/v1.1/file/public_files/pim/assets/8a/8d/8f/62/628f8d8abb3a1aaaf0e8f149/images/fd/1b/7e/68/687e1bfdad76c8ad222c862a/LFST0925053.jpg|https://files.plytix.com/api/v1.1/file/public_files/pim/assets/8a/8d/8f/62/628f8d8abb3a1aaaf0e8f149/images/05/1c/7e/68/687e1c05ad76c8ad222c862b/LFST0925054.jpg","https://www.nevilleuk.com/products/RS121602_","TB120302|TB120367|TB120345","RS121645"]
["RS110802","GenWare Black GN 1/1 Riser 8cm (H)","GN 1/1 - 53 x 32.5 x 8cm (L x W x H)",{"v":65.6,"d":"65.60"},1,"Buffet & Display>Buffet Risers",null,"Yes",null,529,323,80,{"v":0.84,"d":"0.840"},{"v":0.84,"d":"0.840"},null,null,"Iron","7323990090","China",null,null,"No","N/A","N/A","N/A",{"$nulls":6},"\n•Durable Coated Steel Contruction\n•Non-Slip Feet\n•Versatile Display Combinations\n•Enhanced Customer Engagement\n•Future Ready Solutions\n•Unleash Creativity","Looking to add height and visual interest to your counter or buffet? The Riser Collection provides an innovative, industry-leading solution that opens up endless possibilities for food presentation.\n•Durable Coated Steel&nbsp;Construction: Built to last with a high quality finish that stands up to everyday use\n•Non-Slip Feet: Ensures stability and protects surfaces during busy service times﻿\n•Versatile Display Combinations: Create a virtually limitless array of food presentation layouts tailored to your space\n•Enhanced Customer Engagement: Add visual focal points&nbsp;and highlight promotional items to attract attention and drive interest\n•Future Ready Solutions: Designed to evolve with your offering, keeping your display fresh and up to date\n•Unleash Creativity: Elevate your presentation and bring your culinary vision to life","Each","5020403781752","52.9","32.3","8","0.01367",{"v":0.84,"d":"0.840"},{"$nulls":8},"05020403781776",4,"55.5","35","41.5","0.08061","3.36",{"v":5.75,"d":"5.750"},null,24,"https://files.plytix.com/api/v1.1/file/public_files/pim/assets/8a/8d/8f/62/628f8d8abb3a1aaaf0e8f149/images/b0/37/82/68/688237b09544f7f72c09fc9c/TH_RS110802.jpg","https://files.plytix.com/api/v1.1/file/public_files/pim/assets/8a/8d/8f/62/628f8d8abb3a1aaaf0e8f149/images/6f/2a/82/68/68822a6fe49aeb157cd62634/RS110802.jpg|https://files.plytix.com/api/v1.1/file/public_files/pim/assets/8a/8d/8f/62/628f8d8abb3a1aaaf0e8f149/images/70/2a/82/68/68822a700d779e27ece5dd14/RS110802_A.jpg|https://files.plytix.com/api/v1.1/file/public_files/pim/assets/8a/8d/8f/62/628f8d8abb3a1aaaf0e8f149/images/71/2a/82/68/68822a71a81af439e7f6c08d/RS110802_B.jpg|https://files.plytix.com/api/v1.1/file/public_files/pim/assets/8a/8d/8f/62/628f8d8abb3a1aaaf0e8f149/images/71/2a/82/68/68822a710d779e27ece5dd15/RS110802_C.jpg",null,"https://www.nevilleuk.com/products/RS110802_","TB110302|TB110367|TB110345","RS110845"]
["RS111602","GenWare Black GN 1/1 Riser 16cm (H)","GN 1/1 - 53 x 32.5 x 16cm (L x W x H)",{"v":78,"d":"78.00"},1,"Buffet & Display>Buffet Risers",null,"Yes",null,529,323,160,{"v":0.84,"d":"0.840"},{"v":0.84,"d":"0.840"},null,null,"Iron","7323990090","China",null,null,"No","N/A","N/A","N/A",{"$nulls":6},"\n•Durable Coated Steel Contruction\n•Non-Slip Feet\n•Versatile Display Combinations\n•Enhanced Customer Engagement\n•Future Ready Solutions\n•Unleash Creativity","Looking to add height and visual interest to your counter or buffet? The Riser Collection provides an innovative, industry-leading solution that opens up endless possibilities for food presentation.\n•Durable Coated Steel&nbsp;Construction: Built to last with a high quality finish that stands up to everyday use\n•Non-Slip Feet: Ensures stability and protects surfaces during busy service times﻿\n•Versatile Display Combinations: Create a virtually limitless array of food presentation layouts tailored to your space\n•Enhanced Customer Engagement: Add visual focal points&nbsp;and highlight promotional items to attract attention and drive interest\n•Future Ready Solutions: Designed to evolve with your offering, keeping your display fresh and up to date\n•Unleash Creativity: Elevate your presentation and bring your culinary vision to life","Each","5020403781721","52.9","32.3","16","0.02734",{"v":0.84,"d":"0.840"},{"$nulls":8},"05020403781745",4,"68.5","55.5","38","0.14447","3.36",{"v":6.83,"d":"6.830"},null,32,"https://files.plytix.com/api/v1.1/file/public_files/pim/assets/8a/8d/8f/62/628f8d8abb3a1aaaf0e8f149/images/b1/37/82/68/688237b10d779e27ece5e1d8/TH_RS111602.jpg","https://files.plytix.com/api/v1.1/file/public_files/pim/assets/8a/8d/8f/62/628f8d8abb3a1aaaf0e8f149/images/75/2a/82/68/68822a759544f7f72c09f8cd/RS111602.jpg|https://files.plytix.com/api/v1.1/file/public_files/pim/assets/8a/8d/8f/62/628f8d8abb3a1aaaf0e8f149/images/75/2a/82/68/68822a75a81af439e7f6c091/RS111602_A.jpg|https://files.plytix.com/api/v1.1/file/public_files/pim/assets/8a/8d/8f/62/628f8d8abb3a1aaaf0e8f149/images/76/2a/82/68/68822a76e49aeb157cd62635/RS111602_B.jpg|https://files.plytix.com/api/v1.1/file/public_files/pim/assets/8a/8d/8f/62/628f8d8abb3a1aaaf0e8f149/images/77/2a/82/68/68822a779544f7f72c09f8cf/RS111602_C.jpg",null,"https://www.nevilleuk.com/products/RS111602_","TB110302|TB110367|TB110345","RS111645"]
["RS130845","GenWare White GN 1/3 Riser 8cm (H)","GN 1/3 - 32.5 x 17.5 x 8cm (L x W x H)",35.98,1,"Buffet & Display>Buffet Risers",null,"Yes",null,322,173,80,0.475,0.475,null,null,"Iron","7323990090","China",null,null,"No","N/A","N/A","N/A",{"$nulls":6},"\n•Durable Coated Steel Contruction\n•Non-Slip Feet\n•Versatile Display Combinations\n•Enhanced Customer Engagement\n•Future Ready Solutions\n•Unleash Creativity","Looking to add height and visual interest to your counter or buffet? The Riser Collection provides an innovative, industry-leading solution that opens up endless possibilities for food presentation.\n•Durable Coated Steel&nbsp;Construction: Built to last with a high quality finish that stands up to everyday use\n•Non-Slip Feet: Ensures stability and protects surfaces during busy service times﻿\n•Versatile Display Combinations: Create a virtually limitless array of food presentation layouts tailored to your space\n•Enhanced Customer Engagement: Add visual focal points&nbsp;and highlight promotional items to attract attention and drive interest\n•Future Ready Solutions: Designed to evolve with your offering, keeping your display fresh and up to date\n•Unleash Creativity: Elevate your presentation and bring your culinary vision to life","Each","5020403781691","32.2","17.3","8","0.00446",0.475,{"$nulls":8},"05020403781714",8,"68.5","38.5","21.5","0.05670","3.8",{"v":6.07,"d":"6.070"},null,96,"https://files.plytix.com/api/v1.1/file/public_files/pim/assets/8a/8d/8f/62/628f8d8abb3a1aaaf0e8f149/images/b1/37/82/68/688237b10d779e27ece5e1dc/TH_RS130845.jpg","https://files.plytix.com/api/v1.1/file/public_files/pim/assets/8a/8d/8f/62/628f8d8abb3a1aaaf0e8f149/images/8e/2a/82/68/68822a8ee49aeb157cd62640/RS130845.jpg|https://files.plytix.com/api/v1.1/file/public_files/pim/assets/8a/8d/8f/62/628f8d8abb3a1aaaf0e8f149/images/8e/2a/82/68/68822a8ee49aeb157cd62641/RS130845_A.jpg|https://files.plytix.com/api/v1.1/file/public_files/pim/assets/8a/8d/8f/62/628f8d8abb3a1aaaf0e8f149/images/8f/2a/82/68/68822a8fa81af439e7f6c0a8/RS130845_B.jpg|https://files.plytix.com/api/v1.1/file/public_files/pim/assets/8a/8d/8f/62/628f8d8abb3a1aaaf0e8f149/images/8f/2a/82/68/68822a8f9544f7f72c09f8d9/RS130845_C.jpg",null,"https://www.nevilleuk.com/products/RS130845_","TB130302|TB130367|TB130345","RS130802"]
["RS131645","GenWare White GN 1/3 Riser 16cm (H)","GN 1/3 - 32.5 x 17.5 x 16cm (L x W x H)",{"v":43.4,"d":"43.40"},1,"Buffet & Display>Buffet Risers",null,"Yes",null,322,173,160,{"v":0.54,"d":"0.540"},{"v":0.54,"d":"0.540"},null,null,"Iron","7323990090","China",null,null,"No","N/A","N/A","N/A",{"$nulls":6},"\n•Durable Coated Steel Contruction\n•Non-Slip Feet\n•Versatile Display Combinations\n•Enhanced Customer Engagement\n•Future Ready Solutions\n•Unleash Creativity","Looking to add height and visual interest to your counter or buffet? The Riser Collection provides an innovative, industry-leading solution that opens up endless possibilities for food presentation.\n•Durable Coated Steel&nbsp;Construction: Built to last with a high quality finish that stands up to everyday use\n•Non-Slip Feet: Ensures stability and protects surfaces during busy service times﻿\n•Versatile Display Combinations: Create a virtually limitless array of food presentation layouts tailored to your space\n•Enhanced Customer Engagement: Add visual focal points&nbsp;and highlight promotional items to attract attention and drive interest\n•Future Ready Solutions: Designed to evolve with your offering, keeping your display fresh and up to date\n•Unleash Creativity: Elevate your presentation and bring your culinary vision to life","Each","5020403781660","32.2","17.3","16","0.00891",{"v":0.54,"d":"0.540"},{"$nulls":8},"05020403781684",8,"68.5","38.5","37.5","0.09890","4.32",{"v":7.17,"d":"7.170"},null,144,"https://files.plytix.com/api/v1.1/file/public_files/pim/assets/8a/8d/8f/62/628f8d8abb3a1aaaf0e8f149/images/b2/37/82/68/688237b284708e1f953fa5a3/TH_RS131645.jpg","https://files.plytix.com/api/v1.1/file/public_files/pim/assets/8a/8d/8f/62/628f8d8abb3a1aaaf0e8f149/images/92/2a/82/68/68822a92e49aeb157cd62645/RS131645.jpg|https://files.plytix.com/api/v1.1/file/public_files/pim/assets/8a/8d/8f/62/628f8d8abb3a1aaaf0e8f149/images/93/2a/82/68/68822a93a81af439e7f6c0aa/RS131645_A.jpg|https://files.plytix.com/api/v1.1/file/public_files/pim/assets/8a/8d/8f/62/628f8d8abb3a1aaaf0e8f149/images/94/2a/82/68/68822a94a81af439e7f6c0ab/RS131645_B.jpg|https://files.plytix.com/api/v1.1/file/public_files/pim/assets/8a/8d/8f/62/628f8d8abb3a1aaaf0e8f149/images/95/2a/82/68/68822a95a81af439e7f6c0ac/RS131645_C.jpg",null,"https://www.nevilleuk.com/products/RS131645_","TB130302|TB130367|TB130345","RS131602"]
["RS120845","GenWare White GN 1/2 Riser 8cm (H)","GN 1/2 - 32.5 x 26 x 8cm (L x W x H)",48.84,1,"Buffet & Display>Buffet Risers",null,"Yes",null,323,263,80,0.605,0.605,null,null,"Iron","7323990090","China",null,null,"No","N/A","N/A","N/A",{"$nulls":6},"\n•Durable Coated Steel Contruction\n•Non-Slip Feet\n•Versatile Display Combinations\n•Enhanced Customer Engagement\n•Future Ready Solutions\n•Unleash Creativity","Looking to add height and visual interest to your counter or buffet? The Riser Collection provides an innovative, industry-leading solution that opens up endless possibilities for food presentation.\n•Durable Coated Steel&nbsp;Construction: Built to last with a high quality finish that stands up to everyday use\n•Non-Slip Feet: Ensures stability and protects surfaces during busy service times﻿\n•Versatile Display Combinations: Create a virtually limitless array of food presentation layouts tailored to your space\n•Enhanced Customer Engagement: Add visual focal points&nbsp;and highlight promotional items to attract attention and drive interest\n•Future Ready Solutions: Designed to evolve with your offering, keeping your display fresh and up to date\n•Unleash Creativity: Elevate your presentation and bring your culinary vision to life","Each","5020403781639","32.3","26.3","8","0.00680",0.605,{"$nulls":8},"05020403781653",8,"68.5","56.5","21.5","0.08321","4.84",{"v":7.79,"d":"7.790"},null,64,"https://files.plytix.com/api/v1.1/file/public_files/pim/assets/8a/8d/8f/62/628f8d8abb3a1aaaf0e8f149/images/b1/37/82/68/688237b184708e1f953fa5a2/TH_RS120845.jpg","https://files.plytix.com/api/v1.1/file/public_files/pim/assets/8a/8d/8f/62/628f8d8abb3a1aaaf0e8f149/images/80/2a/82/68/68822a80e49aeb157cd62639/RS120845.jpg|https://files.plytix.com/api/v1.1/file/public_files/pim/assets/8a/8d/8f/62/628f8d8abb3a1aaaf0e8f149/images/80/2a/82/68/68822a800d779e27ece5dd23/RS120845_A.jpg|https://files.plytix.com/api/v1.1/file/public_files/pim/assets/8a/8d/8f/62/628f8d8abb3a1aaaf0e8f149/images/81/2a/82/68/68822a81a81af439e7f6c097/RS120845_B.jpg|https://files.plytix.com/api/v1.1/file/public_files/pim/assets/8a/8d/8f/62/628f8d8abb3a1aaaf0e8f149/images/81/2a/82/68/68822a81a81af439e7f6c098/RS120845_C.jpg|https://files.plytix.com/api/v1.1/file/public_files/pim/assets/8a/8d/8f/62/628f8d8abb3a1aaaf0e8f149/images/82/2a/82/68/68822a82a81af439e7f6c09a/RS120845_D.jpg|https://files.plytix.com/api/v1.1/file/public_files/pim/assets/8a/8d/8f/62/628f8d8abb3a1aaaf0e8f149/images/83/2a/82/68/68822a830d779e27ece5dd24/RS120845_E.jpg|https://files.plytix.com/api/v1.1/file/public_files/pim/assets/8a/8d/8f/62/628f8d8abb3a1aaaf0e8f149/images/83/2a/82/68/68822a83e49aeb157cd6263b/RS120845_F.jpg|https://files.plytix.com/api/v1.1/file/public_files/pim/assets/8a/8d/8f/62/628f8d8abb3a1aaaf0e8f149/images/84/2a/82/68/68822a84e49aeb157cd6263c/RS120845_G.jpg|https://files.plytix.com/api/v1.1/file/public_files/pim/assets/8a/8d/8f/62/628f8d8abb3a1aaaf0e8f149/images/85/2a/82/68/68822a85e49aeb157cd6263d/RS120845_H.jpg|https://files.plytix.com/api/v1.1/file/public_files/pim/assets/8a/8d/8f/62/628f8d8abb3a1aaaf0e8f149/images/86/2a/82/68/68822a869544f7f72c09f8d7/RS120845_I.jpg","https://files.plytix.com/api/v1.1/file/public_files/pim/assets/8a/8d/8f/62/628f8d8abb3a1aaaf0e8f149/images/63/1b/7e/68/687e1b635c3aa1d901c6ea18/LFST0925030.jpg","https://www.nevilleuk.com/products/RS120845_","TB120302|TB120367|TB120345","RS120802"]
["RS121645","GenWare White GN 1/2 Riser 16cm (H)","GN 1/2 - 32.5 x 26 x 16cm (L x W x H)",61.24,1,"Buffet & Display>Buffet Risers",null,"Yes",null,323,263,160,0.605,0.605,null,null,"Iron","7323990090","China",null,null,"No","N/A","N/A","N/A",{"$nulls":6},"\n•Durable Coated Steel Contruction\n•Non-Slip Feet\n•Versatile Display Combinations\n•Enhanced Customer Engagement\n•Future Ready Solutions\n•Unleash Creativity","Looking to add height and visual interest to your counter or buffet? The Riser Collection provides an innovative, industry-leading solution that opens up endless possibilities for food presentation.\n•Durable Coated Steel&nbsp;Construction: Built to last with a high quality finish that stands up to everyday use\n•Non-Slip Feet: Ensures stability and protects surfaces during busy service times﻿\n•Versatile Display Combinations: Create a virtually limitless array of food presentation layouts tailored to your space\n•Enhanced Customer Engagement: Add visual focal points&nbsp;and highlight promotional items to attract attention and drive interest\n•Future Ready Solutions: Designed to evolve with your offering, keeping your display fresh and up to date\n•Unleash Creativity: Elevate your presentation and bring your culinary vision to life","Each","5020403781608","32.3","26.3","16","0.01359",0.605,{"$nulls":8},"05020403781622",8,"68.5","56.5","37.5","0.14513","4.84",{"v":8.9,"d":"8.900"},null,96,"https://files.plytix.com/api/v1.1/file/public_files/pim/assets/8a/8d/8f/62/628f8d8abb3a1aaaf0e8f149/images/b1/37/82/68/688237b1e49aeb157cd62a8d/TH_RS121645.jpg","https://files.plytix.com/api/v1.1/file/public_files/pim/assets/8a/8d/8f/62/628f8d8abb3a1aaaf0e8f149/images/89/2a/82/68/68822a8984708e1f953fa16e/RS121645.jpg|https://files.plytix.com/api/v1.1/file/public_files/pim/assets/8a/8d/8f/62/628f8d8abb3a1aaaf0e8f149/images/8a/2a/82/68/68822a8ae49aeb157cd6263e/RS121645_A.jpg|https://files.plytix.com/api/v1.1/file/public_files/pim/assets/8a/8d/8f/62/628f8d8abb3a1aaaf0e8f149/images/8b/2a/82/68/68822a8ba81af439e7f6c0a4/RS121645_B.jpg|https://files.plytix.com/api/v1.1/file/public_files/pim/assets/8a/8d/8f/62/628f8d8abb3a1aaaf0e8f149/images/8b/2a/82/68/68822a8b0d779e27ece5dd29/RS121645_C.jpg",null,"https://www.nevilleuk.com/products/RS121645_","TB120302|TB120367|TB120345","RS121602"]
["RS110845","GenWare White GN 1/1 Riser 8cm (H)","GN 1/1 - 53 x 32.5 x 8cm (L x W x H)",{"v":65.6,"d":"65.60"},1,"Buffet & Display>Buffet Risers",null,"Yes",null,529,323,80,{"v":0.84,"d":"0.840"},{"v":0.84,"d":"0.840"},null,null,"Iron","7323990090","China",null,null,"No","N/A","N/A","N/A",{"$nulls":6},"\n•Durable Coated Steel Contruction\n•Non-Slip Feet\n•Versatile Display Combinations\n•Enhanced Customer Engagement\n•Future Ready Solutions\n•Unleash Creativity","Looking to add height and visual interest to your counter or buffet? The Riser Collection provides an innovative, industry-leading solution that opens up endless possibilities for food presentation.\n•Durable Coated Steel&nbsp;Construction: Built to last with a high quality finish that stands up to everyday use\n•Non-Slip Feet: Ensures stability and protects surfaces during busy service times﻿\n•Versatile Display Combinations: Create a virtually limitless array of food presentation layouts tailored to your space\n•Enhanced Customer Engagement: Add visual focal points&nbsp;and highlight promotional items to attract attention and drive interest\n•Future Ready Solutions: Designed to evolve with your offering, keeping your display fresh and up to date\n•Unleash Creativity: Elevate your presentation and bring your culinary vision to life","Each","5020403781578","52.9","32.3","8","0.01367",{"v":0.84,"d":"0.840"},{"$nulls":8},"05020403781592",4,"55.5","35","41.5","0.08061","3.36",{"v":5.75,"d":"5.750"},null,24,"https://files.plytix.com/api/v1.1/file/public_files/pim/assets/8a/8d/8f/62/628f8d8abb3a1aaaf0e8f149/images/b0/37/82/68/688237b09544f7f72c09fc9d/TH_RS110845.jpg","https://files.plytix.com/api/v1.1/file/public_files/pim/assets/8a/8d/8f/62/628f8d8abb3a1aaaf0e8f149/images/72/2a/82/68/68822a720d779e27ece5dd16/RS110845.jpg|https://files.plytix.com/api/v1.1/file/public_files/pim/assets/8a/8d/8f/62/628f8d8abb3a1aaaf0e8f149/images/72/2a/82/68/68822a7203c05567ef5f9f28/RS110845_A.jpg|https://files.plytix.com/api/v1.1/file/public_files/pim/assets/8a/8d/8f/62/628f8d8abb3a1aaaf0e8f149/images/73/2a/82/68/68822a7384708e1f953fa16d/RS110845_B.jpg|https://files.plytix.com/api/v1.1/file/public_files/pim/assets/8a/8d/8f/62/628f8d8abb3a1aaaf0e8f149/images/74/2a/82/68/68822a749544f7f72c09f8cc/RS110845_C.jpg",null,"https://www.nevilleuk.com/products/RS110845_","TB110302|TB110367|TB110345","RS110802"]
["TB110345","GenWare Melamine White Tableau Platter GN 1/1","GN1/1- 53 x 32.5 x 1.5cm (L x W x H)",{"v":60.4,"d":"60.40"},1,"Buffet & Display>Tableau",null,"Yes",null,530,325,15,{"v":1.5,"d":"1.500"},{"v":1.5,"d":"1.500"},null,null,"Melamine Resin","3924100011","China",-20,70,"Yes","N/A","No","N/A",{"$nulls":6},"\n•Premium Melamine\n•Designed for High-Traffic Use\n•Elegant Yet Practical\n•Lightweight and Easy To Handle\n•Chip and Stain Resistant\n•Non-Slip Silicone Feet\n•Dishwasher Safe","Create a canvas for exceptional food presentation with the Tableau collection, a refined range of melamine buffetware designed to bring balance, elegance, and versatility to any setting. Inspired by the artistry of plating, Tableau lets your culinary creations take centre stage.\n•Premium Melamine Construction: Offers the look of porcelain with superior durability and resistance to breakage\n•Designed for High-Traffic Use: Built to withstand the demands of contract catering and buffet service environments\n•Matt Finish: Modern, refined aesthetic that enhances food presentation\n•Elegant Yet Practical: Enhances food presentation while maintaining the efficiency required for large-scale service\n•Chip and Stain Resistant: Maintains a pristine appearance even with frequent use, reducing replacement costs\n•Non-Slip Silicone Feet:&nbsp;Provides additional grip and stability\n•Dishwasher Safe: Designed for effortless cleaning, ensuring hygiene and quick turnaround between services","Each","5020403781332","53","32.5","1.5","0.00258",{"v":1.5,"d":"1.500"},"05020403781349",3,"54","33.5","5.8","0.01049","4.5",5.095,"05020403781356",12,"56","35.5","28.5","0.05666","18",{"v":20.38,"d":"20.380"},null,192,"https://files.plytix.com/api/v1.1/file/public_files/pim/assets/8a/8d/8f/62/628f8d8abb3a1aaaf0e8f149/images/8d/37/82/68/6882378d84708e1f953fa589/TH_TB110345.jpg","https://files.plytix.com/api/v1.1/file/public_files/pim/assets/8a/8d/8f/62/628f8d8abb3a1aaaf0e8f149/images/d7/2a/82/68/68822ad703c05567ef5f9f48/TB110345_A.jpg|https://files.plytix.com/api/v1.1/file/public_files/pim/assets/8a/8d/8f/62/628f8d8abb3a1aaaf0e8f149/images/d8/2a/82/68/68822ad89544f7f72c09f8f3/TB110345_B.jpg|https://files.plytix.com/api/v1.1/file/public_files/pim/assets/8a/8d/8f/62/628f8d8abb3a1aaaf0e8f149/images/d9/2a/82/68/68822ad984708e1f953fa179/TB110345_C.jpg|https://files.plytix.com/api/v1.1/file/public_files/pim/assets/8a/8d/8f/62/628f8d8abb3a1aaaf0e8f149/images/db/2a/82/68/68822adba81af439e7f6c0d6/TB110345_D.jpg|https://files.plytix.com/api/v1.1/file/public_files/pim/assets/8a/8d/8f/62/628f8d8abb3a1aaaf0e8f149/images/dc/2a/82/68/68822adca81af439e7f6c0d7/TB110345_E.jpg|https://files.plytix.com/api/v1.1/file/public_files/pim/assets/8a/8d/8f/62/628f8d8abb3a1aaaf0e8f149/images/dc/2a/82/68/68822adc03c05567ef5f9f54/TB110345_F.jpg|https://files.plytix.com/api/v1.1/file/public_files/pim/assets/8a/8d/8f/62/628f8d8abb3a1aaaf0e8f149/images/dd/2a/82/68/68822add03c05567ef5f9f55/TB110345_G.jpg|https://files.plytix.com/api/v1.1/file/public_files/pim/assets/8a/8d/8f/62/628f8d8abb3a1aaaf0e8f149/images/de/2a/82/68/68822adea81af439e7f6c0db/TB110345_H.jpg|https://files.plytix.com/api/v1.1/file/public_files/pim/assets/8a/8d/8f/62/628f8d8abb3a1aaaf0e8f149/images/26/ba/8c/68/688cba265893f53b005214a3/TB110345.jpg",null,"https://www.nevilleuk.com/products/TB110345_","RS111602|RS110802|RS111645|RS110845|PCGN11","TB110302|TB110367|JT110345"]
["TB120345","GenWare Melamine White Tableau Platter GN 1/2","GN1/2- 32.5 x 26.5 x 1.5cm (L x W x H)",31.78,1,"Buffet & Display>Tableau",null,"Yes",null,325,265,15,0.784,0.784,null,null,"Melamine Resin","3924100011","China",-20,70,"Yes","N/A","No","N/A",{"$nulls":6},"\n•Premium Melamine\n•Designed for High-Traffic Use\n•Elegant Yet Practical\n•Lightweight and Easy To Handle\n•Chip and Stain Resistant\n•Non-Slip Silicone Feet\n•Dishwasher Safe","Create a canvas for exceptional food presentation with the Tableau collection, a refined range of melamine buffetware designed to bring balance, elegance, and versatility to any setting. Inspired by the artistry of plating, Tableau lets your culinary creations take centre stage.\n•Premium Melamine Construction: Offers the look of porcelain with superior durability and resistance to breakage\n•Designed for High-Traffic Use: Built to withstand the demands of contract catering and buffet service environments\n•Matt Finish: Modern, refined aesthetic that enhances food presentation\n•Elegant Yet Practical: Enhances food presentation while maintaining the efficiency required for large-scale service\n•Chip and Stain Resistant: Maintains a pristine appearance even with frequent use, reducing replacement costs\n•Non-Slip Silicone Feet:&nbsp;Provides additional grip and stability\n•Dishwasher Safe: Designed for effortless cleaning, ensuring hygiene and quick turnaround between services","Each","5020403781301","32.5","26.5","1.5","0.00129",0.784,"05020403781318",4,"33.5","27.5","7.5","0.00691","3.136",3.555,"05020403781325",16,"57","35.5","19","0.03845","12.544",{"v":14.22,"d":"14.220"},null,448,"https://files.plytix.com/api/v1.1/file/public_files/pim/assets/8a/8d/8f/62/628f8d8abb3a1aaaf0e8f149/images/8e/37/82/68/6882378e84708e1f953fa58b/TH_TB120345.jpg","https://files.plytix.com/api/v1.1/file/public_files/pim/assets/8a/8d/8f/62/628f8d8abb3a1aaaf0e8f149/images/ed/2a/82/68/68822aed03c05567ef5f9f5d/TB120345_A.jpg|https://files.plytix.com/api/v1.1/file/public_files/pim/assets/8a/8d/8f/62/628f8d8abb3a1aaaf0e8f149/images/ee/2a/82/68/68822aeea81af439e7f6c0e0/TB120345_B.jpg|https://files.plytix.com/api/v1.1/file/public_files/pim/assets/8a/8d/8f/62/628f8d8abb3a1aaaf0e8f149/images/ee/2a/82/68/68822aee03c05567ef5f9f5e/TB120345_C.jpg|https://files.plytix.com/api/v1.1/file/public_files/pim/assets/8a/8d/8f/62/628f8d8abb3a1aaaf0e8f149/images/ef/2a/82/68/68822aef0d779e27ece5dd49/TB120345_D.jpg|https://files.plytix.com/api/v1.1/file/public_files/pim/assets/8a/8d/8f/62/628f8d8abb3a1aaaf0e8f149/images/ef/2a/82/68/68822aef03c05567ef5f9f63/TB120345_E.jpg|https://files.plytix.com/api/v1.1/file/public_files/pim/assets/8a/8d/8f/62/628f8d8abb3a1aaaf0e8f149/images/f0/2a/82/68/68822af003c05567ef5f9f64/TB120345_F.jpg|https://files.plytix.com/api/v1.1/file/public_files/pim/assets/8a/8d/8f/62/628f8d8abb3a1aaaf0e8f149/images/f0/2a/82/68/68822af0a81af439e7f6c0e1/TB120345_G.jpg|https://files.plytix.com/api/v1.1/file/public_files/pim/assets/8a/8d/8f/62/628f8d8abb3a1aaaf0e8f149/images/f1/2a/82/68/68822af103c05567ef5f9f65/TB120345_H.jpg|https://files.plytix.com/api/v1.1/file/public_files/pim/assets/8a/8d/8f/62/628f8d8abb3a1aaaf0e8f149/images/39/ba/8c/68/688cba39dbab51124ff18fd2/TB120345.jpg",null,"https://www.nevilleuk.com/products/TB120345_","RS121602|RS120802|RS121645|RS120845|PCGN12","TB120302|TB120367|JT120345"]
["TB130345","GenWare Melamine White Tableau Platter GN 1/3","GN1/3- 32.5 x 17.6 x 1.5cm (L x W x H)",22.46,1,"Buffet & Display>Tableau",null,"Yes",null,325,176,15,{"v":0.56,"d":"0.560"},{"v":0.56,"d":"0.560"},null,null,"Melamine","3924100011","China",-20,70,"Yes","N/A","No","N/A",{"$nulls":6},"\n•Premium Melamine\n•Designed for High-Traffic Use\n•Elegant Yet Practical\n•Lightweight and Easy To Handle\n•Chip and Stain Resistant\n•Non-Slip Silicone Feet\n•Dishwasher Safe","Create a canvas for exceptional food presentation with the Tableau collection, a refined range of melamine buffetware designed to bring balance, elegance, and versatility to any setting. Inspired by the artistry of plating, Tableau lets your culinary creations take centre stage.\n•Premium Melamine Construction: Offers the look of porcelain with superior durability and resistance to breakage\n•Designed for High-Traffic Use: Built to withstand the demands of contract catering and buffet service environments\n•Matt Finish: Modern, refined aesthetic that enhances food presentation\n•Elegant Yet Practical: Enhances food presentation while maintaining the efficiency required for large-scale service\n•Chip and Stain Resistant: Maintains a pristine appearance even with frequent use, reducing replacement costs\n•Non-Slip Silicone Feet:&nbsp;Provides additional grip and stability\n•Dishwasher Safe: Designed for effortless cleaning, ensuring hygiene and quick turnaround between services","Each","5020403781271","32.5","17.6","1.5","0.00086",{"v":0.56,"d":"0.560"},"05020403781288",6,"33.5","18.5","9.7","0.00601","3.36",3.682,"05020403781295",24,"39","35.5","23.5","0.03254","13.44",{"v":14.73,"d":"14.730"},null,720,"https://files.plytix.com/api/v1.1/file/public_files/pim/assets/8a/8d/8f/62/628f8d8abb3a1aaaf0e8f149/images/8e/37/82/68/6882378e9544f7f72c09fc88/TH_TB130345.jpg","https://files.plytix.com/api/v1.1/file/public_files/pim/assets/8a/8d/8f/62/628f8d8abb3a1aaaf0e8f149/images/00/2b/82/68/68822b00a81af439e7f6c0e8/TB130345_A.jpg|https://files.plytix.com/api/v1.1/file/public_files/pim/assets/8a/8d/8f/62/628f8d8abb3a1aaaf0e8f149/images/00/2b/82/68/68822b0084708e1f953fa185/TB130345_B.jpg|https://files.plytix.com/api/v1.1/file/public_files/pim/assets/8a/8d/8f/62/628f8d8abb3a1aaaf0e8f149/images/01/2b/82/68/68822b010d779e27ece5dd4c/TB130345_C.jpg|https://files.plytix.com/api/v1.1/file/public_files/pim/assets/8a/8d/8f/62/628f8d8abb3a1aaaf0e8f149/images/02/2b/82/68/68822b0203c05567ef5f9f76/TB130345_D.jpg|https://files.plytix.com/api/v1.1/file/public_files/pim/assets/8a/8d/8f/62/628f8d8abb3a1aaaf0e8f149/images/02/2b/82/68/68822b020d779e27ece5dd4d/TB130345_E.jpg|https://files.plytix.com/api/v1.1/file/public_files/pim/assets/8a/8d/8f/62/628f8d8abb3a1aaaf0e8f149/images/03/2b/82/68/68822b0384708e1f953fa189/TB130345_F.jpg|https://files.plytix.com/api/v1.1/file/public_files/pim/assets/8a/8d/8f/62/628f8d8abb3a1aaaf0e8f149/images/03/2b/82/68/68822b0303c05567ef5f9f77/TB130345_G.jpg|https://files.plytix.com/api/v1.1/file/public_files/pim/assets/8a/8d/8f/62/628f8d8abb3a1aaaf0e8f149/images/04/2b/82/68/68822b04a81af439e7f6c0e9/TB130345_H.jpg|https://files.plytix.com/api/v1.1/file/public_files/pim/assets/8a/8d/8f/62/628f8d8abb3a1aaaf0e8f149/images/04/2b/82/68/68822b0403c05567ef5f9f78/TB130345_I.jpg|https://files.plytix.com/api/v1.1/file/public_files/pim/assets/8a/8d/8f/62/628f8d8abb3a1aaaf0e8f149/images/48/ba/8c/68/688cba48d5ef509639b46c15/TB130345.jpg",null,"https://www.nevilleuk.com/products/TB130345_","RS131602|RS130802|RS131645|RS130845|PCGN13","TB130302|TB130367|JT130345"]
["TB261545","GenWare Melamine White Tableau Conical Buffet Bowl 26.5 x 15cm","26.5 x 15cm (Dia x H) - 5.8L/ 204.1oz",36.96,1,"Buffet & Display>Tableau",null,"Yes",null,265,265,150,{"v":0.87,"d":"0.870"},{"v":0.87,"d":"0.870"},{"v":580,"d":"580.00"},"204.1","Melamine Resin","3924100011","China",-20,70,"Yes","N/A","No","N/A",{"$nulls":6},"\n•Premium Melamine\n•Designed for High-Traffic Use\n•Elegant Yet Practical\n•Lightweight and Easy To Handle\n•Chip and Stain Resistant\n•Non-Slip Silicone Feet\n•Dishwasher Safe","Create a canvas for exceptional food presentation with the Tableau collection, a refined range of melamine buffetware designed to bring balance, elegance, and versatility to any setting. Inspired by the artistry of plating, Tableau lets your culinary creations take centre stage.\n•Premium Melamine Construction: Offers the look of porcelain with superior durability and resistance to breakage\n•Designed for High-Traffic Use: Built to withstand the demands of contract catering and buffet service environments\n•Matt Finish: Modern, refined aesthetic that enhances food presentation\n•Elegant Yet Practical: Enhances food presentation while maintaining the efficiency required for large-scale service\n•Chip and Stain Resistant: Maintains a pristine appearance even with frequent use, reducing replacement costs\n•Non-Slip Silicone Feet:&nbsp;Provides additional grip and stability\n•Dishwasher Safe: Designed for effortless cleaning, ensuring hygiene and quick turnaround between services","Each","5020403781240","26.5","26.5","15","0.01053",{"v":0.87,"d":"0.870"},"05020403781257",4,"27.5","27.5","27","0.02042","3.48",{"v":4.15,"d":"4.150"},"05020403781264",8,"57","29.5","29","0.04876","6.96",{"v":8.3,"d":"8.300"},null,128,"https://files.plytix.com/api/v1.1/file/public_files/pim/assets/8a/8d/8f/62/628f8d8abb3a1aaaf0e8f149/images/8f/37/82/68/6882378fa81af439e7f6c565/TH_TB261545.jpg","https://files.plytix.com/api/v1.1/file/public_files/pim/assets/8a/8d/8f/62/628f8d8abb3a1aaaf0e8f149/images/19/2b/82/68/68822b19e49aeb157cd6265a/TB261545_A.jpg|https://files.plytix.com/api/v1.1/file/public_files/pim/assets/8a/8d/8f/62/628f8d8abb3a1aaaf0e8f149/images/19/2b/82/68/68822b19a81af439e7f6c0ef/TB261545_B.jpg|https://files.plytix.com/api/v1.1/file/public_files/pim/assets/8a/8d/8f/62/628f8d8abb3a1aaaf0e8f149/images/1a/2b/82/68/68822b1ae49aeb157cd6265b/TB261545_C.jpg|https://files.plytix.com/api/v1.1/file/public_files/pim/assets/8a/8d/8f/62/628f8d8abb3a1aaaf0e8f149/images/67/ba/8c/68/688cba67d5ef509639b46c2b/TB261545.jpg",null,"https://www.nevilleuk.com/products/TB261545_",null,"TB261502|TB261567"]
["RS111645","GenWare White GN 1/1 Riser 16cm (H)","GN 1/1 - 53 x 32.5 x 16cm (L x W x H)",{"v":78,"d":"78.00"},1,"Buffet & Display>Buffet Risers",null,"Yes",null,529,323,160,{"v":0.84,"d":"0.840"},{"v":0.84,"d":"0.840"},null,null,"Iron","7323990090","China",null,null,"No","N/A","N/A","N/A",{"$nulls":6},"\n•Durable Coated Steel Contruction\n•Non-Slip Feet\n•Versatile Display Combinations\n•Enhanced Customer Engagement\n•Future Ready Solutions\n•Unleash Creativity","Looking to add height and visual interest to your counter or buffet? The Riser Collection provides an innovative, industry-leading solution that opens up endless possibilities for food presentation.\n•Durable Coated Steel Construction: Built to last with a high quality finish that stands up to everyday use\n•Non-Slip Feet: Ensures stability and protects surfaces during busy service times﻿\n•Versatile Display Combinations: Create a virtually limitless array of food presentation layouts tailored to your space\n•Enhanced Customer Engagement: Add visual focal points&nbsp;and highlight promotional items to attract attention and drive interest\n•Future Ready Solutions: Designed to evolve with your offering, keeping your display fresh and up to date\n•Unleash Creativity: Elevate your presentation and bring your culinary vision to life","Each","5020403781547","52.9","32.3","16","0.02734",{"v":0.84,"d":"0.840"},{"$nulls":8},"05020403781561",4,"68.5","55.5","38","0.14447","3.36",{"v":6.83,"d":"6.830"},null,32,"https://files.plytix.com/api/v1.1/file/public_files/pim/assets/8a/8d/8f/62/628f8d8abb3a1aaaf0e8f149/images/b1/37/82/68/688237b10d779e27ece5e1d9/TH_RS111645.jpg","https://files.plytix.com/api/v1.1/file/public_files/pim/assets/8a/8d/8f/62/628f8d8abb3a1aaaf0e8f149/images/77/2a/82/68/68822a779544f7f72c09f8d0/RS111645.jpg|https://files.plytix.com/api/v1.1/file/public_files/pim/assets/8a/8d/8f/62/628f8d8abb3a1aaaf0e8f149/images/78/2a/82/68/68822a78a81af439e7f6c092/RS111645_A.jpg|https://files.plytix.com/api/v1.1/file/public_files/pim/assets/8a/8d/8f/62/628f8d8abb3a1aaaf0e8f149/images/78/2a/82/68/68822a789544f7f72c09f8d1/RS111645_B.jpg|https://files.plytix.com/api/v1.1/file/public_files/pim/assets/8a/8d/8f/62/628f8d8abb3a1aaaf0e8f149/images/79/2a/82/68/68822a79e49aeb157cd62636/RS111645_C.jpg",null,"https://www.nevilleuk.com/products/RS111645_","TB110302|TB110367|TB110345","RS111602"]
["TB110367","GenWare Melamine Green Tableau Platter GN 1/1","GN1/1- 53 x 32.5 x 1.5cm (L x W x H)",{"v":60.4,"d":"60.40"},1,"Buffet & Display>Tableau",null,"Yes",null,530,325,15,{"v":1.5,"d":"1.500"},{"v":1.5,"d":"1.500"},null,null,"Melamine Resin","3924100011","China",-20,70,"Yes","N/A","No","N/A",{"$nulls":6},"\n•Premium Melamine\n•Designed for High-Traffic Use\n•Elegant Yet Practical\n•Lightweight and Easy To Handle\n•Chip and Stain Resistant\n•Non-Slip Silicone Feet\n•Dishwasher Safe","Create a canvas for exceptional food presentation with the Tableau collection, a refined range of melamine buffetware designed to bring balance, elegance, and versatility to any setting. Inspired by the artistry of plating, Tableau lets your culinary creations take centre stage.\n•Premium Melamine Construction: Offers the look of porcelain with superior durability and resistance to breakage\n•Designed for High-Traffic Use: Built to withstand the demands of contract catering and buffet service environments\n•Matt Finish: Modern, refined aesthetic that enhances food presentation\n•Elegant Yet Practical: Enhances food presentation while maintaining the efficiency required for large-scale service\n•Chip and Stain Resistant: Maintains a pristine appearance even with frequent use, reducing replacement costs\n•Non-Slip Silicone Feet:&nbsp;Provides additional grip and stability\n•Dishwasher Safe: Designed for effortless cleaning, ensuring hygiene and quick turnaround between services","Each","5020403781516","53","32.5","1.5","0.00258",{"v":1.5,"d":"1.500"},"05020403781523",3,"54","33.5","5.8","0.01049","4.5",5.095,"05020403781530",12,"56","35.5","29.5","0.05865","18",{"v":20.38,"d":"20.380"},null,192,"https://files.plytix.com/api/v1.1/file/public_files/pim/assets/8a/8d/8f/62/628f8d8abb3a1aaaf0e8f149/images/8d/37/82/68/6882378d84708e1f953fa58a/TH_TB110367.jpg","https://files.plytix.com/api/v1.1/file/public_files/pim/assets/8a/8d/8f/62/628f8d8abb3a1aaaf0e8f149/images/de/2a/82/68/68822adea81af439e7f6c0dc/TB110367_A.jpg|https://files.plytix.com/api/v1.1/file/public_files/pim/assets/8a/8d/8f/62/628f8d8abb3a1aaaf0e8f149/images/df/2a/82/68/68822adf9544f7f72c09f8f4/TB110367_B.jpg|https://files.plytix.com/api/v1.1/file/public_files/pim/assets/8a/8d/8f/62/628f8d8abb3a1aaaf0e8f149/images/e0/2a/82/68/68822ae09544f7f72c09f8f5/TB110367_C.jpg|https://files.plytix.com/api/v1.1/file/public_files/pim/assets/8a/8d/8f/62/628f8d8abb3a1aaaf0e8f149/images/e2/2a/82/68/68822ae29544f7f72c09f8f6/TB110367_D.jpg|https://files.plytix.com/api/v1.1/file/public_files/pim/assets/8a/8d/8f/62/628f8d8abb3a1aaaf0e8f149/images/e3/2a/82/68/68822ae39544f7f72c09f8f8/TB110367_E.jpg|https://files.plytix.com/api/v1.1/file/public_files/pim/assets/8a/8d/8f/62/628f8d8abb3a1aaaf0e8f149/images/e3/2a/82/68/68822ae3a81af439e7f6c0dd/TB110367_F.jpg|https://files.plytix.com/api/v1.1/file/public_files/pim/assets/8a/8d/8f/62/628f8d8abb3a1aaaf0e8f149/images/e5/2a/82/68/68822ae59544f7f72c09f8f9/TB110367_G.jpg|https://files.plytix.com/api/v1.1/file/public_files/pim/assets/8a/8d/8f/62/628f8d8abb3a1aaaf0e8f149/images/e6/2a/82/68/68822ae6a81af439e7f6c0de/TB110367_H.jpg|https://files.plytix.com/api/v1.1/file/public_files/pim/assets/8a/8d/8f/62/628f8d8abb3a1aaaf0e8f149/images/28/ba/8c/68/688cba2887c81ce5653e2b83/TB110367.jpg","https://files.plytix.com/api/v1.1/file/public_files/pim/assets/8a/8d/8f/62/628f8d8abb3a1aaaf0e8f149/images/b3/1b/7e/68/687e1bb3dd3cffb0b9ad717d/LFST0925042.jpg|https://files.plytix.com/api/v1.1/file/public_files/pim/assets/8a/8d/8f/62/628f8d8abb3a1aaaf0e8f149/images/92/1b/7e/68/687e1b92ad76c8ad222c861a/LFST0925037.jpg|https://files.plytix.com/api/v1.1/file/public_files/pim/assets/8a/8d/8f/62/628f8d8abb3a1aaaf0e8f149/images/69/1b/7e/68/687e1b692a03861c91eda48d/LFST0925031.jpg","https://www.nevilleuk.com/products/TB110367_","RS111602|RS110802|RS111645|RS110845|PCGN11","TB110302|TB110345|JT110367"]
["TB120367","GenWare Melamine Green Tableau Platter GN 1/2","GN1/2- 32.5 x 26.5 x 1.5cm (L x W x H)",31.78,1,"Buffet & Display>Tableau",null,"Yes",null,325,265,15,{"v":0.79,"d":"0.790"},{"v":0.79,"d":"0.790"},null,null,"Melamine Resin","3924100011","China",-20,70,"Yes","N/A","No","N/A",{"$nulls":6},"\n•Premium Melamine\n•Designed for High-Traffic Use\n•Elegant Yet Practical\n•Lightweight and Easy To Handle\n•Chip and Stain Resistant\n•Non-Slip Silicone Feet\n•Dishwasher Safe","Create a canvas for exceptional food presentation with the Tableau collection, a refined range of melamine buffetware designed to bring balance, elegance, and versatility to any setting. Inspired by the artistry of plating, Tableau lets your culinary creations take centre stage.\n•Premium Melamine Construction: Offers the look of porcelain with superior durability and resistance to breakage\n•Designed for High-Traffic Use: Built to withstand the demands of contract catering and buffet service environments\n•Matt Finish: Modern, refined aesthetic that enhances food presentation\n•Elegant Yet Practical: Enhances food presentation while maintaining the efficiency required for large-scale service\n•Chip and Stain Resistant: Maintains a pristine appearance even with frequent use, reducing replacement costs\n•Non-Slip Silicone Feet:&nbsp;Provides additional grip and stability\n•Dishwasher Safe: Designed for effortless cleaning, ensuring hygiene and quick turnaround between services","Each","5020403781486","32.5","26.5","1.5","0.00129",{"v":0.79,"d":"0.790"},"05020403781493",4,"33.5","27.5","7.5","0.00691","3.16",3.555,"05020403781509",16,"57","35.5","19","0.03845","12.64",{"v":14.22,"d":"14.220"},null,448,"https://files.plytix.com/api/v1.1/file/public_files/pim/assets/8a/8d/8f/62/628f8d8abb3a1aaaf0e8f149/images/8e/37/82/68/6882378ea81af439e7f6c561/TH_TB120367.jpg","https://files.plytix.com/api/v1.1/file/public_files/pim/assets/8a/8d/8f/62/628f8d8abb3a1aaaf0e8f149/images/f2/2a/82/68/68822af20d779e27ece5dd4a/TB120367_A.jpg|https://files.plytix.com/api/v1.1/file/public_files/pim/assets/8a/8d/8f/62/628f8d8abb3a1aaaf0e8f149/images/f2/2a/82/68/68822af284708e1f953fa17b/TB120367_B.jpg|https://files.plytix.com/api/v1.1/file/public_files/pim/assets/8a/8d/8f/62/628f8d8abb3a1aaaf0e8f149/images/f3/2a/82/68/68822af303c05567ef5f9f69/TB120367_C.jpg|https://files.plytix.com/api/v1.1/file/public_files/pim/assets/8a/8d/8f/62/628f8d8abb3a1aaaf0e8f149/images/f4/2a/82/68/68822af4a81af439e7f6c0e5/TB120367_D.jpg|https://files.plytix.com/api/v1.1/file/public_files/pim/assets/8a/8d/8f/62/628f8d8abb3a1aaaf0e8f149/images/f6/2a/82/68/68822af684708e1f953fa17c/TB120367_E.jpg|https://files.plytix.com/api/v1.1/file/public_files/pim/assets/8a/8d/8f/62/628f8d8abb3a1aaaf0e8f149/images/f6/2a/82/68/68822af684708e1f953fa17d/TB120367_F.jpg|https://files.plytix.com/api/v1.1/file/public_files/pim/assets/8a/8d/8f/62/628f8d8abb3a1aaaf0e8f149/images/f7/2a/82/68/68822af7a81af439e7f6c0e6/TB120367_G.jpg|https://files.plytix.com/api/v1.1/file/public_files/pim/assets/8a/8d/8f/62/628f8d8abb3a1aaaf0e8f149/images/f7/2a/82/68/68822af703c05567ef5f9f6a/TB120367_H.jpg|https://files.plytix.com/api/v1.1/file/public_files/pim/assets/8a/8d/8f/62/628f8d8abb3a1aaaf0e8f149/images/37/ba/8c/68/688cba37dbab51124ff18fd1/TB120367.jpg","https://files.plytix.com/api/v1.1/file/public_files/pim/assets/8a/8d/8f/62/628f8d8abb3a1aaaf0e8f149/images/fd/1b/7e/68/687e1bfdad76c8ad222c862a/LFST0925053.jpg|https://files.plytix.com/api/v1.1/file/public_files/pim/assets/8a/8d/8f/62/628f8d8abb3a1aaaf0e8f149/images/05/1c/7e/68/687e1c05ad76c8ad222c862b/LFST0925054.jpg|https://files.plytix.com/api/v1.1/file/public_files/pim/assets/8a/8d/8f/62/628f8d8abb3a1aaaf0e8f149/images/63/1b/7e/68/687e1b635c3aa1d901c6ea18/LFST0925030.jpg","https://www.nevilleuk.com/products/TB120367_","RS121602|RS120802|RS121645|RS120845|PCGN12","TB120302|TB120345|JT120367"]
["TB130367","GenWare Melamine Green Tableau Platter GN 1/3","GN1/3- 32.5 x 17.6 x 1.5cm (L x W x H)",22.46,1,"Buffet & Display>Tableau",null,"Yes",null,325,176,15,{"v":0.56,"d":"0.560"},{"v":0.56,"d":"0.560"},null,null,"Melamine","3924100011","China",-20,70,"Yes","N/A","No","N/A",{"$nulls":6},"\n•Premium Melamine\n•Designed for High-Traffic Use\n•Elegant Yet Practical\n•Lightweight and Easy To Handle\n•Chip and Stain Resistant\n•Non-Slip Silicone Feet\n•Dishwasher Safe","Create a canvas for exceptional food presentation with the Tableau collection, a refined range of melamine buffetware designed to bring balance, elegance, and versatility to any setting. Inspired by the artistry of plating, Tableau lets your culinary creations take centre stage.\n•Premium Melamine Construction: Offers the look of porcelain with superior durability and resistance to breakage\n•Designed for High-Traffic Use: Built to withstand the demands of contract catering and buffet service environments\n•Matt Finish: Modern, refined aesthetic that enhances food presentation\n•Elegant Yet Practical: Enhances food presentation while maintaining the efficiency required for large-scale service\n•Chip and Stain Resistant: Maintains a pristine appearance even with frequent use, reducing replacement costs\n•Non-Slip Silicone Feet:&nbsp;Provides additional grip and stability\n•Dishwasher Safe: Designed for effortless cleaning, ensuring hygiene and quick turnaround between services","Each","5020403781455","32.5","17.6","1.5","0.00086",{"v":0.56,"d":"0.560"},"05020403781462",6,"33.5","18.5","9.7","0.00601","3.36",3.682,"05020403781479",24,"39","35.5","23.5","0.03254","13.44",{"v":14.73,"d":"14.730"},null,720,"https://files.plytix.com/api/v1.1/file/public_files/pim/assets/8a/8d/8f/62/628f8d8abb3a1aaaf0e8f149/images/8e/37/82/68/6882378e84708e1f953fa58c/TH_TB130367.jpg","https://files.plytix.com/api/v1.1/file/public_files/pim/assets/8a/8d/8f/62/628f8d8abb3a1aaaf0e8f149/images/05/2b/82/68/68822b05a81af439e7f6c0ea/TB130367_A.jpg|https://files.plytix.com/api/v1.1/file/public_files/pim/assets/8a/8d/8f/62/628f8d8abb3a1aaaf0e8f149/images/05/2b/82/68/68822b05e49aeb157cd62653/TB130367_B.jpg|https://files.plytix.com/api/v1.1/file/public_files/pim/assets/8a/8d/8f/62/628f8d8abb3a1aaaf0e8f149/images/06/2b/82/68/68822b0684708e1f953fa18a/TB130367_C.jpg|https://files.plytix.com/api/v1.1/file/public_files/pim/assets/8a/8d/8f/62/628f8d8abb3a1aaaf0e8f149/images/07/2b/82/68/68822b0703c05567ef5f9f79/TB130367_D.jpg|https://files.plytix.com/api/v1.1/file/public_files/pim/assets/8a/8d/8f/62/628f8d8abb3a1aaaf0e8f149/images/07/2b/82/68/68822b0784708e1f953fa18b/TB130367_E.jpg|https://files.plytix.com/api/v1.1/file/public_files/pim/assets/8a/8d/8f/62/628f8d8abb3a1aaaf0e8f149/images/08/2b/82/68/68822b0884708e1f953fa18c/TB130367_F.jpg|https://files.plytix.com/api/v1.1/file/public_files/pim/assets/8a/8d/8f/62/628f8d8abb3a1aaaf0e8f149/images/08/2b/82/68/68822b08a81af439e7f6c0eb/TB130367_G.jpg|https://files.plytix.com/api/v1.1/file/public_files/pim/assets/8a/8d/8f/62/628f8d8abb3a1aaaf0e8f149/images/09/2b/82/68/68822b09e49aeb157cd62654/TB130367_H.jpg|https://files.plytix.com/api/v1.1/file/public_files/pim/assets/8a/8d/8f/62/628f8d8abb3a1aaaf0e8f149/images/09/2b/82/68/68822b0984708e1f953fa18e/TB130367_I.jpg|https://files.plytix.com/api/v1.1/file/public_files/pim/assets/8a/8d/8f/62/628f8d8abb3a1aaaf0e8f149/images/49/ba/8c/68/688cba49dbab51124ff18fd4/TB130367.jpg","https://files.plytix.com/api/v1.1/file/public_files/pim/assets/8a/8d/8f/62/628f8d8abb3a1aaaf0e8f149/images/85/1b/7e/68/687e1b855ff968b9dfce9998/LFST0925035.jpg|https://files.plytix.com/api/v1.1/file/public_files/pim/assets/8a/8d/8f/62/628f8d8abb3a1aaaf0e8f149/images/8b/1b/7e/68/687e1b8bdd3cffb0b9ad717c/LFST0925036.jpg|https://files.plytix.com/api/v1.1/file/public_files/pim/assets/8a/8d/8f/62/628f8d8abb3a1aaaf0e8f149/images/fd/1b/7e/68/687e1bfdad76c8ad222c862a/LFST0925053.jpg","https://www.nevilleuk.com/products/TB130367_","RS131602|RS130802|RS131645|RS130845|PCGN13","TB130302|TB130345|JT130367"]
["TB261567","GenWare Melamine Green Tableau Conical Buffet Bowl 26.5 x 15cm","26.5 x 15cm (Dia x H) - 5.8L/ 204.1oz",36.96,1,"Buffet & Display>Tableau",null,"Yes",null,265,265,150,{"v":0.87,"d":"0.870"},{"v":0.87,"d":"0.870"},{"v":580,"d":"580.00"},"204.1","Melamine Resin","3924100011","China",-20,70,"Yes","N/A","No","N/A",{"$nulls":6},"\n•Premium Melamine\n•Designed for High-Traffic Use\n•Elegant Yet Practical\n•Lightweight and Easy To Handle\n•Chip and Stain Resistant\n•Non-Slip Silicone Feet\n•Dishwasher Safe","Create a canvas for exceptional food presentation with the Tableau collection, a refined range of melamine buffetware designed to bring balance, elegance, and versatility to any setting. Inspired by the artistry of plating, Tableau lets your culinary creations take centre stage.\n•Premium Melamine Construction: Offers the look of porcelain with superior durability and resistance to breakage\n•Designed for High-Traffic Use: Built to withstand the demands of contract catering and buffet service environments\n•Matt Finish: Modern, refined aesthetic that enhances food presentation\n•Elegant Yet Practical: Enhances food presentation while maintaining the efficiency required for large-scale service\n•Chip and Stain Resistant: Maintains a pristine appearance even with frequent use, reducing replacement costs\n•Non-Slip Silicone Feet:&nbsp;Provides additional grip and stability\n•Dishwasher Safe: Designed for effortless cleaning, ensuring hygiene and quick turnaround between services","Each","5020403781424","26.5","26.5","15","0.01053",{"v":0.87,"d":"0.870"},"05020403781431",4,"27.5","27.5","27","0.02042","3.48",{"v":4.15,"d":"4.150"},"05020403781448",8,"57","29.5","30.5","0.05129","6.96",{"v":8.3,"d":"8.300"},null,128,"https://files.plytix.com/api/v1.1/file/public_files/pim/assets/8a/8d/8f/62/628f8d8abb3a1aaaf0e8f149/images/8f/37/82/68/6882378fa81af439e7f6c566/TH_TB261567.jpg","https://files.plytix.com/api/v1.1/file/public_files/pim/assets/8a/8d/8f/62/628f8d8abb3a1aaaf0e8f149/images/1b/2b/82/68/68822b1b03c05567ef5f9f7e/TB261567_A.jpg|https://files.plytix.com/api/v1.1/file/public_files/pim/assets/8a/8d/8f/62/628f8d8abb3a1aaaf0e8f149/images/1b/2b/82/68/68822b1b84708e1f953fa197/TB261567_B.jpg|https://files.plytix.com/api/v1.1/file/public_files/pim/assets/8a/8d/8f/62/628f8d8abb3a1aaaf0e8f149/images/1c/2b/82/68/68822b1c03c05567ef5f9f7f/TB261567_C.jpg|https://files.plytix.com/api/v1.1/file/public_files/pim/assets/8a/8d/8f/62/628f8d8abb3a1aaaf0e8f149/images/7b/ba/8c/68/688cba7bd5ef509639b46c3d/TB261567.jpg",null,"https://www.nevilleuk.com/products/TB261567_",null,"TB261502|TB261545"]
["TB261067","GenWare Melamine Green Tableau Conical Buffet Bowl 26.5 x 10cm","26.5 x 10cm (Dia x H) - 3.9L/137.3oz",{"v":28.7,"d":"28.70"},1,"Buffet & Display>Tableau",null,"Yes",null,265,265,100,0.755,0.755,{"v":390,"d":"390.00"},"137.3","Melamine Resin","3924100011","China",-20,70,"Yes","N/A","No","N/A",{"$nulls":6},"\n•Premium Melamine\n•Designed for High-Traffic Use\n•Elegant Yet Practical\n•Lightweight and Easy To Handle\n•Chip and Stain Resistant\n•Non-Slip Silicone Feet\n•Dishwasher Safe","Create a canvas for exceptional food presentation with the Tableau collection, a refined range of melamine buffetware designed to bring balance, elegance, and versatility to any setting. Inspired by the artistry of plating, Tableau lets your culinary creations take centre stage.\n•Premium Melamine Construction: Offers the look of porcelain with superior durability and resistance to breakage\n•Designed for High-Traffic Use: Built to withstand the demands of contract catering and buffet service environments\n•Matt Finish: Modern, refined aesthetic that enhances food presentation\n•Elegant Yet Practical: Enhances food presentation while maintaining the efficiency required for large-scale service\n•Chip and Stain Resistant: Maintains a pristine appearance even with frequent use, reducing replacement costs\n•Non-Slip Silicone Feet:&nbsp;Provides additional grip and stability\n•Dishwasher Safe: Designed for effortless cleaning, ensuring hygiene and quick turnaround between services","Each","5020403781394","26.5","26.5","10","0.00702",0.755,"05020403781400",6,"27.5","27.5","24.5","0.01853","4.53",{"v":4.65,"d":"4.650"},"05020403781417",12,"58","29.5","26.5","0.04534","9.06",{"v":9.3,"d":"9.300"},null,240,"https://files.plytix.com/api/v1.1/file/public_files/pim/assets/8a/8d/8f/62/628f8d8abb3a1aaaf0e8f149/images/8e/37/82/68/6882378e0d779e27ece5e1a8/TH_TB261067.jpg","https://files.plytix.com/api/v1.1/file/public_files/pim/assets/8a/8d/8f/62/628f8d8abb3a1aaaf0e8f149/images/15/2b/82/68/68822b1584708e1f953fa194/TB261067_A.jpg|https://files.plytix.com/api/v1.1/file/public_files/pim/assets/8a/8d/8f/62/628f8d8abb3a1aaaf0e8f149/images/16/2b/82/68/68822b1684708e1f953fa195/TB261067_B.jpg|https://files.plytix.com/api/v1.1/file/public_files/pim/assets/8a/8d/8f/62/628f8d8abb3a1aaaf0e8f149/images/16/2b/82/68/68822b160d779e27ece5dd51/TB261067_C.jpg|https://files.plytix.com/api/v1.1/file/public_files/pim/assets/8a/8d/8f/62/628f8d8abb3a1aaaf0e8f149/images/65/ba/8c/68/688cba655893f53b005214b3/TB261067.jpg",null,"https://www.nevilleuk.com/products/TB261067_",null,"TB261002|TB261045"]
["TB221067","GenWare Melamine Green Tableau Conical Buffet Bowl 22 x 10cm","22 x 10cm (Dia x H) - 2.5L/88oz",{"v":20.8,"d":"20.80"},1,"Buffet & Display>Tableau",null,"Yes",null,220,220,100,{"v":0.51,"d":"0.510"},{"v":0.51,"d":"0.510"},{"v":250,"d":"250.00"},"88","Melamine Resin","3924100011","China",-20,70,"Yes","N/A","No","N/A",{"$nulls":6},"\n•Premium Melamine\n•Designed for High-Traffic Use\n•Elegant Yet Practical\n•Lightweight and Easy To Handle\n•Chip and Stain Resistant\n•Non-Slip Silicone Feet\n•Dishwasher Safe","Create a canvas for exceptional food presentation with the Tableau collection, a refined range of melamine buffetware designed to bring balance, elegance, and versatility to any setting. Inspired by the artistry of plating, Tableau lets your culinary creations take centre stage.\n•Premium Melamine Construction: Offers the look of porcelain with superior durability and resistance to breakage\n•Designed for High-Traffic Use: Built to withstand the demands of contract catering and buffet service environments\n•Matt Finish: Modern, refined aesthetic that enhances food presentation\n•Elegant Yet Practical: Enhances food presentation while maintaining the efficiency required for large-scale service\n•Chip and Stain Resistant: Maintains a pristine appearance even with frequent use, reducing replacement costs\n•Non-Slip Silicone Feet:&nbsp;Provides additional grip and stability\n•Dishwasher Safe: Designed for effortless cleaning, ensuring hygiene and quick turnaround between services","Each","5020403781363","22","22","10","0.00484",{"v":0.51,"d":"0.510"},"05020403781370",6,"23","23","23.5","0.01243","3.06",3.615,"05020403781387",12,"48","25","25.5","0.03060","6.12",{"v":7.23,"d":"7.230"},null,360,"https://files.plytix.com/api/v1.1/file/public_files/pim/assets/8a/8d/8f/62/628f8d8abb3a1aaaf0e8f149/images/8e/37/82/68/6882378e03c05567ef5fa37c/TH_TB221067.jpg","https://files.plytix.com/api/v1.1/file/public_files/pim/assets/8a/8d/8f/62/628f8d8abb3a1aaaf0e8f149/images/10/2b/82/68/68822b109544f7f72c09f8ff/TB221067_A.jpg|https://files.plytix.com/api/v1.1/file/public_files/pim/assets/8a/8d/8f/62/628f8d8abb3a1aaaf0e8f149/images/10/2b/82/68/68822b100d779e27ece5dd50/TB221067_B.jpg|https://files.plytix.com/api/v1.1/file/public_files/pim/assets/8a/8d/8f/62/628f8d8abb3a1aaaf0e8f149/images/11/2b/82/68/68822b11e49aeb157cd62656/TB221067_C.jpg|https://files.plytix.com/api/v1.1/file/public_files/pim/assets/8a/8d/8f/62/628f8d8abb3a1aaaf0e8f149/images/11/2b/82/68/68822b1103c05567ef5f9f7d/TB221067_D.jpg|https://files.plytix.com/api/v1.1/file/public_files/pim/assets/8a/8d/8f/62/628f8d8abb3a1aaaf0e8f149/images/69/ba/8c/68/688cba69d5ef509639b46c2c/TB221067.jpg",null,"https://www.nevilleuk.com/products/TB221067_",null,"TB221002|TB221045"]
["JT110145","GenWare Melamine White Jute Deep Dish GN 1/1","GN1/1- 53 x 32.5 x 8cm (L x W x H) - 9L/ 316.7oz",{"v":84.3,"d":"84.30"},1,"Buffet & Display>Jute",null,"Yes",null,530,330,80,{"v":1.96,"d":"1.960"},{"v":1.96,"d":"1.960"},{"v":900,"d":"900.00"},"316.8","Melamine Resin","3924100011","China",-20,70,"Yes","N/A","No","N/A",{"$nulls":6},"\n•Premium Melamine\n•Designed for High-Traffic Use\n•Woven Inspired Finish\n•Elegant Yet Practical\n•Lightweight and Easy To Handle\n•Chip and Stain Resistant\n•Dishwasher Safe","Celebrate natural textures and understated elegance with the Jute collection, a beautifully curated range of melamine buffetware inspired by organic simplicity. Designed with a focus on warmth, tactility, and versatility, Jute brings a grounded aesthetic to modern food presentation.\n•Premium Melamine Construction: Offers the look of porcelain with superior durability and resistance to breakage\n•Designed for High-Traffic Use: Built to withstand the demands of contract catering and buffet service environments\n•Woven Inspired Finish: The subtle, textured surfaces echo natural fibres, adding depth and authenticity to your display\n•Matt Finish: Modern, refined aesthetic that enhances food presentation\n•Elegant Yet Practical: Enhances food presentation while maintaining the efficiency required for large-scale service\n•Chip and Stain Resistant: Maintains a pristine appearance even with frequent use, reducing replacement costs\n•Dishwasher Safe: Designed for effortless cleaning, ensuring hygiene and quick turnaround between services","Each","5020403780434","53","33","8","0.01399",{"v":1.96,"d":"1.960"},"05020403780441",3,"54","33.5","16","0.02894","5.88",6.785,"05020403780458",6,"56","35.5","36","0.07157","11.76",{"v":13.57,"d":"13.570"},null,96,"https://files.plytix.com/api/v1.1/file/public_files/pim/assets/8a/8d/8f/62/628f8d8abb3a1aaaf0e8f149/images/4d/42/82/68/6882424d84708e1f953fa8c5/TH_JT110145.jpg","https://files.plytix.com/api/v1.1/file/public_files/pim/assets/8a/8d/8f/62/628f8d8abb3a1aaaf0e8f149/images/d6/41/82/68/688241d6e49aeb157cd62dda/JT110145_A.jpg|https://files.plytix.com/api/v1.1/file/public_files/pim/assets/8a/8d/8f/62/628f8d8abb3a1aaaf0e8f149/images/de/b8/8c/68/688cb8de5893f53b0052146c/JT110145.jpg",null,"https://www.nevilleuk.com/products/JT110145_","PCGN11","JT110102|JT110167|CP110145"]
["JT110345","GenWare Melamine White Jute Platter GN 1/1","GN1/1- 53 x 32.5 x 3.5cm (L x W x H)",54.64,1,"Buffet & Display>Jute",null,"Yes",null,520,325,35,{"v":1.35,"d":"1.350"},{"v":1.35,"d":"1.350"},null,null,"Melamine Resin","3924100011","China",-20,70,"Yes","N/A","No","N/A",{"$nulls":6},"\n•Premium Melamine\n•Designed for High-Traffic Use\n•Woven Inspired Finish\n•Elegant Yet Practical\n•Lightweight and Easy To Handle\n•Chip and Stain Resistant\n•Dishwasher Safe","Celebrate natural textures and understated elegance with the Jute collection, a beautifully curated range of melamine buffetware inspired by organic simplicity. Designed with a focus on warmth, tactility, and versatility, Jute brings a grounded aesthetic to modern food presentation.\n•Premium Melamine Construction: Offers the look of porcelain with superior durability and resistance to breakage\n•Designed for High-Traffic Use: Built to withstand the demands of contract catering and buffet service environments\n•Woven Inspired Finish: The subtle, textured surfaces echo natural fibres, adding depth and authenticity to your display\n•Matt Finish: Modern, refined aesthetic that enhances food presentation\n•Elegant Yet Practical: Enhances food presentation while maintaining the efficiency required for large-scale service\n•Chip and Stain Resistant: Maintains a pristine appearance even with frequent use, reducing replacement costs\n•Dishwasher Safe: Designed for effortless cleaning, ensuring hygiene and quick turnaround between services","Each","5020403780403","52","32.5","3.5","0.00592",{"v":1.35,"d":"1.350"},"05020403780410",3,"54","33.5","9","0.01628","4.05",4.707,"05020403780427",12,"56","35.5","42","0.08350","16.2",{"v":18.83,"d":"18.830"},null,72,"https://files.plytix.com/api/v1.1/file/public_files/pim/assets/8a/8d/8f/62/628f8d8abb3a1aaaf0e8f149/images/a6/37/82/68/688237a6a81af439e7f6c58f/TH_JT110345.jpg","https://files.plytix.com/api/v1.1/file/public_files/pim/assets/8a/8d/8f/62/628f8d8abb3a1aaaf0e8f149/images/dd/29/82/68/688229dda81af439e7f6c057/JT110345_A.jpg|https://files.plytix.com/api/v1.1/file/public_files/pim/assets/8a/8d/8f/62/628f8d8abb3a1aaaf0e8f149/images/de/29/82/68/688229de03c05567ef5f9f0b/JT110345_B.jpg|https://files.plytix.com/api/v1.1/file/public_files/pim/assets/8a/8d/8f/62/628f8d8abb3a1aaaf0e8f149/images/de/29/82/68/688229de03c05567ef5f9f0c/JT110345_C.jpg|https://files.plytix.com/api/v1.1/file/public_files/pim/assets/8a/8d/8f/62/628f8d8abb3a1aaaf0e8f149/images/e0/29/82/68/688229e0a81af439e7f6c058/JT110345_D.jpg|https://files.plytix.com/api/v1.1/file/public_files/pim/assets/8a/8d/8f/62/628f8d8abb3a1aaaf0e8f149/images/db/b8/8c/68/688cb8db5893f53b0052146b/JT110345.jpg",null,"https://www.nevilleuk.com/products/JT110345_","PCGN11","JT110302|JT110367|CP110345|TB110345"]
["TB261045","GenWare Melamine White Tableau Conical Buffet Bowl 26.5 x 10cm","26.5 x 10cm (Dia x H) - 3.9L/137.3oz",{"v":28.7,"d":"28.70"},1,"Buffet & Display>Tableau",null,"Yes",null,580,295,22,0.755,0.775,{"v":390,"d":"390.00"},"137.3","Melamine Resin","3924100011","China",-20,70,"Yes","N/A","No","N/A",{"$nulls":6},"\n•Premium Melamine\n•Designed for High-Traffic Use\n•Elegant Yet Practical\n•Lightweight and Easy To Handle\n•Chip and Stain Resistant\n•Non-Slip Silicone Feet\n•Dishwasher Safe","Create a canvas for exceptional food presentation with the Tableau collection, a refined range of melamine buffetware designed to bring balance, elegance, and versatility to any setting. Inspired by the artistry of plating, Tableau lets your culinary creations take centre stage.\n•Premium Melamine Construction: Offers the look of porcelain with superior durability and resistance to breakage\n•Designed for High-Traffic Use: Built to withstand the demands of contract catering and buffet service environments\n•Matt Finish: Modern, refined aesthetic that enhances food presentation\n•Elegant Yet Practical: Enhances food presentation while maintaining the efficiency required for large-scale service\n•Chip and Stain Resistant: Maintains a pristine appearance even with frequent use, reducing replacement costs\n•Non-Slip Silicone Feet:&nbsp;Provides additional grip and stability\n•Dishwasher Safe: Designed for effortless cleaning, ensuring hygiene and quick turnaround between services","Each","5020403781219","58","29.5","2.2","0.00376",0.775,"05020403781226",6,"58","29.5","13.3","0.02276","4.53",{"v":4.65,"d":"4.650"},"05020403781233",12,"58","29.5","26.5","0.04534","9.06",{"v":9.3,"d":"9.300"},null,240,"https://files.plytix.com/api/v1.1/file/public_files/pim/assets/8a/8d/8f/62/628f8d8abb3a1aaaf0e8f149/images/8e/37/82/68/6882378ea81af439e7f6c563/TH_TB261045.jpg","https://files.plytix.com/api/v1.1/file/public_files/pim/assets/8a/8d/8f/62/628f8d8abb3a1aaaf0e8f149/images/14/2b/82/68/68822b14e49aeb157cd62657/TB261045_A.jpg|https://files.plytix.com/api/v1.1/file/public_files/pim/assets/8a/8d/8f/62/628f8d8abb3a1aaaf0e8f149/images/14/2b/82/68/68822b1484708e1f953fa192/TB261045_B.jpg|https://files.plytix.com/api/v1.1/file/public_files/pim/assets/8a/8d/8f/62/628f8d8abb3a1aaaf0e8f149/images/15/2b/82/68/68822b1584708e1f953fa193/TB261045_C.jpg|https://files.plytix.com/api/v1.1/file/public_files/pim/assets/8a/8d/8f/62/628f8d8abb3a1aaaf0e8f149/images/6b/ba/8c/68/688cba6bd5ef509639b46c2e/TB261045.jpg",null,"https://www.nevilleuk.com/products/TB261045_",null,"TB261002|TB261067"]
["TB221045","GenWare Melamine White Tableau Conical Buffet Bowl 22 x 10cm","22 x 10cm (Dia x H) - 2.5L/88oz",{"v":20.8,"d":"20.80"},1,"Buffet & Display>Tableau",null,"Yes",null,220,220,100,{"v":0.51,"d":"0.510"},{"v":0.51,"d":"0.510"},{"v":250,"d":"250.00"},"88","Melamine Resin","3924100011","China",-20,70,"Yes","N/A","No","N/A",{"$nulls":6},"\n•Premium Melamine\n•Designed for High-Traffic Use\n•Elegant Yet Practical\n•Lightweight and Easy To Handle\n•Chip and Stain Resistant\n•Non-Slip Silicone Feet\n•Dishwasher Safe","Create a canvas for exceptional food presentation with the Tableau collection, a refined range of melamine buffetware designed to bring balance, elegance, and versatility to any setting. Inspired by the artistry of plating, Tableau lets your culinary creations take centre stage.\n•Premium Melamine Construction: Offers the look of porcelain with superior durability and resistance to breakage\n•Designed for High-Traffic Use: Built to withstand the demands of contract catering and buffet service environments\n•Matt Finish: Modern, refined aesthetic that enhances food presentation\n•Elegant Yet Practical: Enhances food presentation while maintaining the efficiency required for large-scale service\n•Chip and Stain Resistant: Maintains a pristine appearance even with frequent use, reducing replacement costs\n•Non-Slip Silicone Feet:&nbsp;Provides additional grip and stability\n•Dishwasher Safe: Designed for effortless cleaning, ensuring hygiene and quick turnaround between services","Each","5020403781189","22","22","10","0.00484",{"v":0.51,"d":"0.510"},"05020403781196",6,"23","23","23.5","0.01243","3.06",3.615,"05020403781202",12,"48","25","25.5","0.03060","6.12",{"v":7.23,"d":"7.230"},null,360,"https://files.plytix.com/api/v1.1/file/public_files/pim/assets/8a/8d/8f/62/628f8d8abb3a1aaaf0e8f149/images/f3/3c/82/68/68823cf303c05567ef5fa487/TH_TB221045.jpg","https://files.plytix.com/api/v1.1/file/public_files/pim/assets/8a/8d/8f/62/628f8d8abb3a1aaaf0e8f149/images/0c/2b/82/68/68822b0c0d779e27ece5dd4f/TB221045_E.jpg|https://files.plytix.com/api/v1.1/file/public_files/pim/assets/8a/8d/8f/62/628f8d8abb3a1aaaf0e8f149/images/0d/2b/82/68/68822b0d03c05567ef5f9f7b/TB221045_F.jpg|https://files.plytix.com/api/v1.1/file/public_files/pim/assets/8a/8d/8f/62/628f8d8abb3a1aaaf0e8f149/images/0f/2b/82/68/68822b0f03c05567ef5f9f7c/TB221045_G.jpg|https://files.plytix.com/api/v1.1/file/public_files/pim/assets/8a/8d/8f/62/628f8d8abb3a1aaaf0e8f149/images/0f/2b/82/68/68822b0fa81af439e7f6c0ec/TB221045_H.jpg|https://files.plytix.com/api/v1.1/file/public_files/pim/assets/8a/8d/8f/62/628f8d8abb3a1aaaf0e8f149/images/68/ba/8c/68/688cba685893f53b005214b5/TB221045.jpg",null,"https://www.nevilleuk.com/products/TB221045_",null,"TB221002|TB221067"]
["TB110302","GenWare Melamine Black Tableau Platter GN 1/1","GN1/1- 53 x 32.5 x 1.5cm (L x W x H)",{"v":60.4,"d":"60.40"},1,"Buffet & Display>Tableau",null,"Yes",null,530,325,15,{"v":1.5,"d":"1.500"},{"v":1.5,"d":"1.500"},null,null,"Melamine Resin","3924100011","China",-20,70,"Yes","N/A","No","N/A",{"$nulls":6},"\n•Premium Melamine\n•Designed for High-Traffic Use\n•Elegant Yet Practical\n•Lightweight and Easy To Handle\n•Chip and Stain Resistant\n•Non-Slip Silicone Feet\n•Dishwasher Safe","Create a canvas for exceptional food presentation with the Tableau collection, a refined range of melamine buffetware designed to bring balance, elegance, and versatility to any setting. Inspired by the artistry of plating, Tableau lets your culinary creations take centre stage.\n•Premium Melamine Construction: Offers the look of porcelain with superior durability and resistance to breakage\n•Designed for High-Traffic Use: Built to withstand the demands of contract catering and buffet service environments\n•Matt Finish: Modern, refined aesthetic that enhances food presentation\n•Elegant Yet Practical: Enhances food presentation while maintaining the efficiency required for large-scale service\n•Chip and Stain Resistant: Maintains a pristine appearance even with frequent use, reducing replacement costs\n•Non-Slip Silicone Feet:&nbsp;Provides additional grip and stability\n•Dishwasher Safe: Designed for effortless cleaning, ensuring hygiene and quick turnaround between services","Each","5020403781158","53","32.5","1.5","0.00258",{"v":1.5,"d":"1.500"},"05020403781165",3,"54","33.5","5.8","0.01049","4.5",5.095,"05020403781172",12,"56","35.5","28.5","0.05666","18",{"v":20.38,"d":"20.380"},null,192,"https://files.plytix.com/api/v1.1/file/public_files/pim/assets/8a/8d/8f/62/628f8d8abb3a1aaaf0e8f149/images/8d/37/82/68/6882378d84708e1f953fa588/TH_TB110302.jpg","https://files.plytix.com/api/v1.1/file/public_files/pim/assets/8a/8d/8f/62/628f8d8abb3a1aaaf0e8f149/images/d1/2a/82/68/68822ad19544f7f72c09f8f0/TB110302_A.jpg|https://files.plytix.com/api/v1.1/file/public_files/pim/assets/8a/8d/8f/62/628f8d8abb3a1aaaf0e8f149/images/d2/2a/82/68/68822ad29544f7f72c09f8f1/TB110302_B.jpg|https://files.plytix.com/api/v1.1/file/public_files/pim/assets/8a/8d/8f/62/628f8d8abb3a1aaaf0e8f149/images/d2/2a/82/68/68822ad2a81af439e7f6c0ce/TB110302_C.jpg|https://files.plytix.com/api/v1.1/file/public_files/pim/assets/8a/8d/8f/62/628f8d8abb3a1aaaf0e8f149/images/d4/2a/82/68/68822ad4e49aeb157cd62652/TB110302_D.jpg|https://files.plytix.com/api/v1.1/file/public_files/pim/assets/8a/8d/8f/62/628f8d8abb3a1aaaf0e8f149/images/d5/2a/82/68/68822ad5a81af439e7f6c0cf/TB110302_E.jpg|https://files.plytix.com/api/v1.1/file/public_files/pim/assets/8a/8d/8f/62/628f8d8abb3a1aaaf0e8f149/images/d5/2a/82/68/68822ad5a81af439e7f6c0d0/TB110302_F.jpg|https://files.plytix.com/api/v1.1/file/public_files/pim/assets/8a/8d/8f/62/628f8d8abb3a1aaaf0e8f149/images/d6/2a/82/68/68822ad6a81af439e7f6c0d1/TB110302_G.jpg|https://files.plytix.com/api/v1.1/file/public_files/pim/assets/8a/8d/8f/62/628f8d8abb3a1aaaf0e8f149/images/d7/2a/82/68/68822ad7a81af439e7f6c0d2/TB110302_H.jpg|https://files.plytix.com/api/v1.1/file/public_files/pim/assets/8a/8d/8f/62/628f8d8abb3a1aaaf0e8f149/images/2a/ba/8c/68/688cba2a5893f53b005214a4/TB110302.jpg",null,"https://www.nevilleuk.com/products/TB110302_","RS111602|RS110802|RS111645|RS110845|PCGN11","TB110367|TB110345|JT110302"]
["TB120302","GenWare Melamine Black Tableau Platter GN 1/2","GN1/2- 32.5 x 26.5 x 1.5cm (L x W x H)",31.78,1,"Buffet & Display>Tableau",null,"Yes",null,325,265,15,{"v":0.79,"d":"0.790"},{"v":0.79,"d":"0.790"},null,null,"Melamine Resin","3924100011","China",-20,70,"Yes","N/A","No","N/A",{"$nulls":6},"\n•Premium Melamine\n•Designed for High-Traffic Use\n•Elegant Yet Practical\n•Lightweight and Easy To Handle\n•Chip and Stain Resistant\n•Non-Slip Silicone Feet\n•Dishwasher Safe","Create a canvas for exceptional food presentation with the Tableau collection, a refined range of melamine buffetware designed to bring balance, elegance, and versatility to any setting. Inspired by the artistry of plating, Tableau lets your culinary creations take centre stage.\n•Premium Melamine Construction: Offers the look of porcelain with superior durability and resistance to breakage\n•Designed for High-Traffic Use: Built to withstand the demands of contract catering and buffet service environments\n•Matt Finish: Modern, refined aesthetic that enhances food presentation\n•Elegant Yet Practical: Enhances food presentation while maintaining the efficiency required for large-scale service\n•Chip and Stain Resistant: Maintains a pristine appearance even with frequent use, reducing replacement costs\n•Non-Slip Silicone Feet:&nbsp;Provides additional grip and stability\n•Dishwasher Safe: Designed for effortless cleaning, ensuring hygiene and quick turnaround between services","Each","5020403781127","32.5","26.5","1.5","0.00129",{"v":0.79,"d":"0.790"},"05020403781134",4,"33.5","27.5","7.5","0.00691","3.16",3.555,"05020403781141",16,"57","35.5","19","0.03845","12.64",{"v":14.22,"d":"14.220"},null,448,"https://files.plytix.com/api/v1.1/file/public_files/pim/assets/8a/8d/8f/62/628f8d8abb3a1aaaf0e8f149/images/8d/37/82/68/6882378da81af439e7f6c560/TH_TB120302.jpg","https://files.plytix.com/api/v1.1/file/public_files/pim/assets/8a/8d/8f/62/628f8d8abb3a1aaaf0e8f149/images/e7/2a/82/68/68822ae7a81af439e7f6c0df/TB120302_A.jpg|https://files.plytix.com/api/v1.1/file/public_files/pim/assets/8a/8d/8f/62/628f8d8abb3a1aaaf0e8f149/images/e8/2a/82/68/68822ae89544f7f72c09f8fa/TB120302_B.jpg|https://files.plytix.com/api/v1.1/file/public_files/pim/assets/8a/8d/8f/62/628f8d8abb3a1aaaf0e8f149/images/e9/2a/82/68/68822ae984708e1f953fa17a/TB120302_C.jpg|https://files.plytix.com/api/v1.1/file/public_files/pim/assets/8a/8d/8f/62/628f8d8abb3a1aaaf0e8f149/images/ea/2a/82/68/68822aea9544f7f72c09f8fb/TB120302_D.jpg|https://files.plytix.com/api/v1.1/file/public_files/pim/assets/8a/8d/8f/62/628f8d8abb3a1aaaf0e8f149/images/ea/2a/82/68/68822aea03c05567ef5f9f5a/TB120302_E.jpg|https://files.plytix.com/api/v1.1/file/public_files/pim/assets/8a/8d/8f/62/628f8d8abb3a1aaaf0e8f149/images/eb/2a/82/68/68822aeb03c05567ef5f9f5b/TB120302_F.jpg|https://files.plytix.com/api/v1.1/file/public_files/pim/assets/8a/8d/8f/62/628f8d8abb3a1aaaf0e8f149/images/eb/2a/82/68/68822aeb03c05567ef5f9f5c/TB120302_G.jpg|https://files.plytix.com/api/v1.1/file/public_files/pim/assets/8a/8d/8f/62/628f8d8abb3a1aaaf0e8f149/images/ec/2a/82/68/68822aec0d779e27ece5dd48/TB120302_H.jpg|https://files.plytix.com/api/v1.1/file/public_files/pim/assets/8a/8d/8f/62/628f8d8abb3a1aaaf0e8f149/images/29/ba/8c/68/688cba2987c81ce5653e2b84/TB120302.jpg","https://files.plytix.com/api/v1.1/file/public_files/pim/assets/8a/8d/8f/62/628f8d8abb3a1aaaf0e8f149/images/a0/1b/7e/68/687e1ba05c3aa1d901c6ea19/LFST0925039.jpg|https://files.plytix.com/api/v1.1/file/public_files/pim/assets/8a/8d/8f/62/628f8d8abb3a1aaaf0e8f149/images/da/1b/7e/68/687e1bdaad76c8ad222c8624/LFST0925048.jpg|https://files.plytix.com/api/v1.1/file/public_files/pim/assets/8a/8d/8f/62/628f8d8abb3a1aaaf0e8f149/images/6e/1b/7e/68/687e1b6e777134bb25939075/LFST0925032.jpg","https://www.nevilleuk.com/products/TB120302_","RS121602|RS120802|RS121645|RS120845|PCGN12","TB120367|TB120345|JT120302"]
["TB130302","GenWare Melamine Black Tableau Platter GN 1/3","GN1/3- 32.5 x 17.6 x 1.5cm (L x W x H)",22.46,1,"Buffet & Display>Tableau",null,"Yes",null,325,176,15,{"v":0.56,"d":"0.560"},{"v":0.56,"d":"0.560"},null,null,"Melamine Resin","3924100011","China",-20,70,"Yes","N/A","No","N/A",{"$nulls":6},"\n•Premium Melamine\n•Designed for High-Traffic Use\n•Elegant Yet Practical\n•Lightweight and Easy To Handle\n•Chip and Stain Resistant\n•Non-Slip Silicone Feet\n•Dishwasher Safe","Create a canvas for exceptional food presentation with the Tableau collection, a refined range of melamine buffetware designed to bring balance, elegance, and versatility to any setting. Inspired by the artistry of plating, Tableau lets your culinary creations take centre stage.\n•Premium Melamine Construction: Offers the look of porcelain with superior durability and resistance to breakage\n•Designed for High-Traffic Use: Built to withstand the demands of contract catering and buffet service environments\n•Matt Finish: Modern, refined aesthetic that enhances food presentation\n•Elegant Yet Practical: Enhances food presentation while maintaining the efficiency required for large-scale service\n•Chip and Stain Resistant: Maintains a pristine appearance even with frequent use, reducing replacement costs\n•Non-Slip Silicone Feet:&nbsp;Provides additional grip and stability\n•Dishwasher Safe: Designed for effortless cleaning, ensuring hygiene and quick turnaround between services","Each","5020403781097","32.5","17.6","1.5","0.00086",{"v":0.56,"d":"0.560"},"05020403781103",6,"33.5","18.5","9.7","0.00601","3.36",3.682,"05020403781110",24,"39","35.5","23.5","0.03254","13.44",{"v":14.73,"d":"14.730"},null,720,"https://files.plytix.com/api/v1.1/file/public_files/pim/assets/8a/8d/8f/62/628f8d8abb3a1aaaf0e8f149/images/8e/37/82/68/6882378ea81af439e7f6c562/TH_TB130302.jpg","https://files.plytix.com/api/v1.1/file/public_files/pim/assets/8a/8d/8f/62/628f8d8abb3a1aaaf0e8f149/images/f8/2a/82/68/68822af803c05567ef5f9f6b/TB130302_A.jpg|https://files.plytix.com/api/v1.1/file/public_files/pim/assets/8a/8d/8f/62/628f8d8abb3a1aaaf0e8f149/images/f9/2a/82/68/68822af903c05567ef5f9f6c/TB130302_B.jpg|https://files.plytix.com/api/v1.1/file/public_files/pim/assets/8a/8d/8f/62/628f8d8abb3a1aaaf0e8f149/images/fa/2a/82/68/68822afa84708e1f953fa17e/TB130302_C.jpg|https://files.plytix.com/api/v1.1/file/public_files/pim/assets/8a/8d/8f/62/628f8d8abb3a1aaaf0e8f149/images/fb/2a/82/68/68822afb84708e1f953fa17f/TB130302_D.jpg|https://files.plytix.com/api/v1.1/file/public_files/pim/assets/8a/8d/8f/62/628f8d8abb3a1aaaf0e8f149/images/fd/2a/82/68/68822afd84708e1f953fa180/TB130302_E.jpg|https://files.plytix.com/api/v1.1/file/public_files/pim/assets/8a/8d/8f/62/628f8d8abb3a1aaaf0e8f149/images/fd/2a/82/68/68822afd84708e1f953fa181/TB130302_F.jpg|https://files.plytix.com/api/v1.1/file/public_files/pim/assets/8a/8d/8f/62/628f8d8abb3a1aaaf0e8f149/images/fe/2a/82/68/68822afe84708e1f953fa182/TB130302_G.jpg|https://files.plytix.com/api/v1.1/file/public_files/pim/assets/8a/8d/8f/62/628f8d8abb3a1aaaf0e8f149/images/ff/2a/82/68/68822aff84708e1f953fa183/TB130302_H.jpg|https://files.plytix.com/api/v1.1/file/public_files/pim/assets/8a/8d/8f/62/628f8d8abb3a1aaaf0e8f149/images/ff/2a/82/68/68822aff84708e1f953fa184/TB130302_I.jpg|https://files.plytix.com/api/v1.1/file/public_files/pim/assets/8a/8d/8f/62/628f8d8abb3a1aaaf0e8f149/images/38/ba/8c/68/688cba385893f53b005214a8/TB130302.jpg","https://files.plytix.com/api/v1.1/file/public_files/pim/assets/8a/8d/8f/62/628f8d8abb3a1aaaf0e8f149/images/7e/1b/7e/68/687e1b7e5ff968b9dfce9997/LFST0925034.jpg|https://files.plytix.com/api/v1.1/file/public_files/pim/assets/8a/8d/8f/62/628f8d8abb3a1aaaf0e8f149/images/8b/1b/7e/68/687e1b8bdd3cffb0b9ad717c/LFST0925036.jpg|https://files.plytix.com/api/v1.1/file/public_files/pim/assets/8a/8d/8f/62/628f8d8abb3a1aaaf0e8f149/images/92/1b/7e/68/687e1b92ad76c8ad222c861a/LFST0925037.jpg|https://files.plytix.com/api/v1.1/file/public_files/pim/assets/8a/8d/8f/62/628f8d8abb3a1aaaf0e8f149/images/69/1b/7e/68/687e1b692a03861c91eda48d/LFST0925031.jpg","https://www.nevilleuk.com/products/TB130302_","RS131602|RS130802|RS131645|RS130845|PCGN13","TB130367|TB130345|JT130302"]
["TB261502","GenWare Melamine Black Tableau Conical Buffet Bowl 26.5 x 15cm","26.5 x 15cm (Dia x H) - 5.8L/ 204.1oz",36.96,1,"Buffet & Display>Tableau",null,"Yes",null,265,265,150,{"v":0.87,"d":"0.870"},{"v":0.87,"d":"0.870"},{"v":580,"d":"580.00"},"204.1","Melamine Resin","3924100011","China",-20,70,"Yes","N/A","No","N/A",{"$nulls":6},"\n•Premium Melamine\n•Designed for High-Traffic Use\n•Elegant Yet Practical\n•Lightweight and Easy To Handle\n•Chip and Stain Resistant\n•Non-Slip Silicone Feet\n•Dishwasher Safe","Create a canvas for exceptional food presentation with the Tableau collection, a refined range of melamine buffetware designed to bring balance, elegance, and versatility to any setting. Inspired by the artistry of plating, Tableau lets your culinary creations take centre stage.\n•Premium Melamine Construction: Offers the look of porcelain with superior durability and resistance to breakage\n•Designed for High-Traffic Use: Built to withstand the demands of contract catering and buffet service environments\n•Matt Finish: Modern, refined aesthetic that enhances food presentation\n•Elegant Yet Practical: Enhances food presentation while maintaining the efficiency required for large-scale service\n•Chip and Stain Resistant: Maintains a pristine appearance even with frequent use, reducing replacement costs\n•Non-Slip Silicone Feet:&nbsp;Provides additional grip and stability\n•Dishwasher Safe: Designed for effortless cleaning, ensuring hygiene and quick turnaround between services","Each","5020403781066","26.5","26.5","15","0.01053",{"v":0.87,"d":"0.870"},"05020403781073",4,"27.5","27.5","27","0.02042","3.48",4.148,"05020403781080",8,"57","29.5","29","0.04876","6.96",{"v":8.3,"d":"8.300"},null,128,"https://files.plytix.com/api/v1.1/file/public_files/pim/assets/8a/8d/8f/62/628f8d8abb3a1aaaf0e8f149/images/8f/37/82/68/6882378fa81af439e7f6c564/TH_TB261502.jpg","https://files.plytix.com/api/v1.1/file/public_files/pim/assets/8a/8d/8f/62/628f8d8abb3a1aaaf0e8f149/images/17/2b/82/68/68822b170d779e27ece5dd52/TB261502_A.jpg|https://files.plytix.com/api/v1.1/file/public_files/pim/assets/8a/8d/8f/62/628f8d8abb3a1aaaf0e8f149/images/18/2b/82/68/68822b18a81af439e7f6c0ee/TB261502_B.jpg|https://files.plytix.com/api/v1.1/file/public_files/pim/assets/8a/8d/8f/62/628f8d8abb3a1aaaf0e8f149/images/18/2b/82/68/68822b1884708e1f953fa196/TB261502_C.jpg|https://files.plytix.com/api/v1.1/file/public_files/pim/assets/8a/8d/8f/62/628f8d8abb3a1aaaf0e8f149/images/66/ba/8c/68/688cba665893f53b005214b4/TB261502.jpg",null,"https://www.nevilleuk.com/products/TB261502_",null,"TB261567|TB261545"]
["TB261002","GenWare Melamine Black Tableau Conical Buffet Bowl 26.5 x 10cm","26.5 x 10cm (Dia x H) - 3.9L/137.3oz",{"v":28.7,"d":"28.70"},1,"Buffet & Display>Tableau",null,"Yes",null,265,265,100,0.755,0.755,{"v":390,"d":"390.00"},"137.3","Melamine Resin","3924100011","China",-20,70,"Yes","N/A","No","N/A",{"$nulls":6},"\n•Premium Melamine\n•Designed for High-Traffic Use\n•Elegant Yet Practical\n•Lightweight and Easy To Handle\n•Chip and Stain Resistant\n•Non-Slip Silicone Feet\n•Dishwasher Safe","Create a canvas for exceptional food presentation with the Tableau collection, a refined range of melamine buffetware designed to bring balance, elegance, and versatility to any setting. Inspired by the artistry of plating, Tableau lets your culinary creations take centre stage.\n•Premium Melamine Construction: Offers the look of porcelain with superior durability and resistance to breakage\n•Designed for High-Traffic Use: Built to withstand the demands of contract catering and buffet service environments\n•Matt Finish: Modern, refined aesthetic that enhances food presentation\n•Elegant Yet Practical: Enhances food presentation while maintaining the efficiency required for large-scale service\n•Chip and Stain Resistant: Maintains a pristine appearance even with frequent use, reducing replacement costs\n•Non-Slip Silicone Feet:&nbsp;Provides additional grip and stability\n•Dishwasher Safe: Designed for effortless cleaning, ensuring hygiene and quick turnaround between services","Each","5020403781035","26.5","26.5","10","0.00702",0.755,"05020403781042",6,"27.5","27.5","24.5","0.01853","4.53",{"v":4.65,"d":"4.650"},"05020403781059",12,"58","29.5","26.5","0.04534","9.06",{"v":9.3,"d":"9.300"},null,240,"https://files.plytix.com/api/v1.1/file/public_files/pim/assets/8a/8d/8f/62/628f8d8abb3a1aaaf0e8f149/images/7c/3c/82/68/68823c7c84708e1f953fa676/TH_TB261002.jpg","https://files.plytix.com/api/v1.1/file/public_files/pim/assets/8a/8d/8f/62/628f8d8abb3a1aaaf0e8f149/images/12/2b/82/68/68822b129544f7f72c09f900/TB261002_E.jpg|https://files.plytix.com/api/v1.1/file/public_files/pim/assets/8a/8d/8f/62/628f8d8abb3a1aaaf0e8f149/images/12/2b/82/68/68822b1284708e1f953fa191/TB261002_F.jpg|https://files.plytix.com/api/v1.1/file/public_files/pim/assets/8a/8d/8f/62/628f8d8abb3a1aaaf0e8f149/images/13/2b/82/68/68822b139544f7f72c09f901/TB261002_G.jpg|https://files.plytix.com/api/v1.1/file/public_files/pim/assets/8a/8d/8f/62/628f8d8abb3a1aaaf0e8f149/images/6a/ba/8c/68/688cba6a87c81ce5653e2b8b/TB261002.jpg",null,"https://www.nevilleuk.com/products/TB261002_",null,"TB261067|TB261045"]
["TB221002","GenWare Melamine Black Tableau Conical Buffet Bowl 22 x 10cm","22 x 10cm (Dia x H) - 2.5L/88oz",{"v":20.8,"d":"20.80"},1,"Buffet & Display>Tableau",null,"Yes",null,220,220,100,{"v":0.51,"d":"0.510"},{"v":0.51,"d":"0.510"},{"v":250,"d":"250.00"},"88","Melamine Resin","3924100011","China",-20,70,"Yes","N/A","No","N/A",{"$nulls":6},"\n•Premium Melamine\n•Designed for High-Traffic Use\n•Elegant Yet Practical\n•Lightweight and Easy To Handle\n•Chip and Stain Resistant\n•Non-Slip Silicone Feet\n•Dishwasher Safe","Create a canvas for exceptional food presentation with the Tableau collection, a refined range of melamine buffetware designed to bring balance, elegance, and versatility to any setting. Inspired by the artistry of plating, Tableau lets your culinary creations take centre stage.\n•Premium Melamine Construction: Offers the look of porcelain with superior durability and resistance to breakage\n•Designed for High-Traffic Use: Built to withstand the demands of contract catering and buffet service environments\n•Matt Finish: Modern, refined aesthetic that enhances food presentation\n•Elegant Yet Practical: Enhances food presentation while maintaining the efficiency required for large-scale service\n•Chip and Stain Resistant: Maintains a pristine appearance even with frequent use, reducing replacement costs\n•Non-Slip Silicone Feet:&nbsp;Provides additional grip and stability\n•Dishwasher Safe: Designed for effortless cleaning, ensuring hygiene and quick turnaround between services","Each","5020403781004","22","22","10","0.00484",{"v":0.51,"d":"0.510"},"05020403781011",6,"23","23","23.5","0.01243","3.06",3.615,"05020403781028",12,"48","25","25.5","0.03060","6.12",{"v":7.23,"d":"7.230"},null,360,"https://files.plytix.com/api/v1.1/file/public_files/pim/assets/8a/8d/8f/62/628f8d8abb3a1aaaf0e8f149/images/8e/37/82/68/6882378e0d779e27ece5e1a7/TH_TB221002.jpg","https://files.plytix.com/api/v1.1/file/public_files/pim/assets/8a/8d/8f/62/628f8d8abb3a1aaaf0e8f149/images/0a/2b/82/68/68822b0a03c05567ef5f9f7a/TB221002_A.jpg|https://files.plytix.com/api/v1.1/file/public_files/pim/assets/8a/8d/8f/62/628f8d8abb3a1aaaf0e8f149/images/0a/2b/82/68/68822b0a84708e1f953fa18f/TB221002_B.jpg|https://files.plytix.com/api/v1.1/file/public_files/pim/assets/8a/8d/8f/62/628f8d8abb3a1aaaf0e8f149/images/0b/2b/82/68/68822b0b84708e1f953fa190/TB221002_C.jpg|https://files.plytix.com/api/v1.1/file/public_files/pim/assets/8a/8d/8f/62/628f8d8abb3a1aaaf0e8f149/images/0c/2b/82/68/68822b0c0d779e27ece5dd4e/TB221002_D.jpg|https://files.plytix.com/api/v1.1/file/public_files/pim/assets/8a/8d/8f/62/628f8d8abb3a1aaaf0e8f149/images/4b/ba/8c/68/688cba4b5893f53b005214a9/TB221002.jpg","https://files.plytix.com/api/v1.1/file/public_files/pim/assets/8a/8d/8f/62/628f8d8abb3a1aaaf0e8f149/images/e7/1b/7e/68/687e1be75c3aa1d901c6ea1c/LFST0925050.jpg","https://www.nevilleuk.com/products/TB221002_",null,"TB221067|TB221045"]
["JT201167","GenWare Melamine Green Jute Square Buffet Bowl 20cm","20 x 9cm (W x H) - 2.4L/ 84.5oz",{"v":24.5,"d":"24.50"},1,"Buffet & Display>Jute",null,"Yes",null,200,200,90,{"v":0.55,"d":"0.550"},{"v":0.55,"d":"0.550"},{"v":240,"d":"240.00"},"84.5","Melamine Resin","3924100011","China",-20,70,"Yes","N/A","No","N/A",{"$nulls":6},"\n•Premium Melamine\n•Designed for High-Traffic Use\n•Woven Inspired Finish\n•Elegant Yet Practical\n•Lightweight and Easy To Handle\n•Chip and Stain Resistant\n•Dishwasher Safe","Celebrate natural textures and understated elegance with the Jute collection, a beautifully curated range of melamine buffetware inspired by organic simplicity. Designed with a focus on warmth, tactility, and versatility, Jute brings a grounded aesthetic to modern food presentation.\n•Premium Melamine Construction: Offers the look of porcelain with superior durability and resistance to breakage\n•Designed for High-Traffic Use: Built to withstand the demands of contract catering and buffet service environments\n•Woven Inspired Finish: The subtle, textured surfaces echo natural fibres, adding depth and authenticity to your display\n•Matt Finish: Modern, refined aesthetic that enhances food presentation\n•Elegant Yet Practical: Enhances food presentation while maintaining the efficiency required for large-scale service\n•Chip and Stain Resistant: Maintains a pristine appearance even with frequent use, reducing replacement costs\n•Dishwasher Safe: Designed for effortless cleaning, ensuring hygiene and quick turnaround between services","Each","5020403780977","20","20","9","0.00360",{"v":0.55,"d":"0.550"},"05020403780984",6,"21","21","27.5","0.01213","3.3",3.767,"05020403780991",24,"44","44","29.5","0.05711","13.2",{"v":15.07,"d":"15.070"},null,192,"https://files.plytix.com/api/v1.1/file/public_files/pim/assets/8a/8d/8f/62/628f8d8abb3a1aaaf0e8f149/images/a8/37/82/68/688237a8a81af439e7f6c59c/TH_JT201167.jpg","https://files.plytix.com/api/v1.1/file/public_files/pim/assets/8a/8d/8f/62/628f8d8abb3a1aaaf0e8f149/images/17/2a/82/68/68822a179544f7f72c09f8be/JT201167_A.jpg|https://files.plytix.com/api/v1.1/file/public_files/pim/assets/8a/8d/8f/62/628f8d8abb3a1aaaf0e8f149/images/18/2a/82/68/68822a1884708e1f953fa143/JT201167_B.jpg|https://files.plytix.com/api/v1.1/file/public_files/pim/assets/8a/8d/8f/62/628f8d8abb3a1aaaf0e8f149/images/18/2a/82/68/68822a189544f7f72c09f8bf/JT201167_C.jpg|https://files.plytix.com/api/v1.1/file/public_files/pim/assets/8a/8d/8f/62/628f8d8abb3a1aaaf0e8f149/images/67/b9/8c/68/688cb967d5ef509639b46bfb/JT201167.jpg",null,"https://www.nevilleuk.com/products/JT201167_",null,"JT201102|JT201145"]
["JT120145","GenWare Melamine White Jute Deep Dish GN 1/2","GN1/2- 32.5 x 26.5 x 8cm (L x W x H) - 4.5L/ 158.4oz",43.72,1,"Buffet & Display>Jute",null,"Yes",null,325,265,80,1.075,1.075,{"v":450,"d":"450.00"},"158.4","Melamine Resin","3924100011","China",-20,70,"Yes","N/A","No","N/A",{"$nulls":6},"\n•Premium Melamine\n•Designed for High-Traffic Use\n•Woven Inspired Finish\n•Elegant Yet Practical\n•Lightweight and Easy To Handle\n•Chip and Stain Resistant\n•Dishwasher Safe","Celebrate natural textures and understated elegance with the Jute collection, a beautifully curated range of melamine buffetware inspired by organic simplicity. Designed with a focus on warmth, tactility, and versatility, Jute brings a grounded aesthetic to modern food presentation.\n•Premium Melamine Construction: Offers the look of porcelain with superior durability and resistance to breakage\n•Designed for High-Traffic Use: Built to withstand the demands of contract catering and buffet service environments\n•Woven Inspired Finish: The subtle, textured surfaces echo natural fibres, adding depth and authenticity to your display\n•Matt Finish: Modern, refined aesthetic that enhances food presentation\n•Elegant Yet Practical: Enhances food presentation while maintaining the efficiency required for large-scale service\n•Chip and Stain Resistant: Maintains a pristine appearance even with frequent use, reducing replacement costs\n•Dishwasher Safe: Designed for effortless cleaning, ensuring hygiene and quick turnaround between services","Each","5020403780373","32.5","26.5","8","0.00689",1.075,"05020403780380",3,"33.5","27.5","16","0.01474","3.225",3.747,"05020403780397",12,"57","35.5","36","0.07285","12.9",{"v":14.99,"d":"14.990"},null,192,"https://files.plytix.com/api/v1.1/file/public_files/pim/assets/8a/8d/8f/62/628f8d8abb3a1aaaf0e8f149/images/a6/37/82/68/688237a6a81af439e7f6c594/TH_JT120145.jpg","https://files.plytix.com/api/v1.1/file/public_files/pim/assets/8a/8d/8f/62/628f8d8abb3a1aaaf0e8f149/images/e5/29/82/68/688229e584708e1f953fa134/JT120145_A.jpg|https://files.plytix.com/api/v1.1/file/public_files/pim/assets/8a/8d/8f/62/628f8d8abb3a1aaaf0e8f149/images/e5/29/82/68/688229e59544f7f72c09f8b2/JT120145_B.jpg|https://files.plytix.com/api/v1.1/file/public_files/pim/assets/8a/8d/8f/62/628f8d8abb3a1aaaf0e8f149/images/e6/29/82/68/688229e603c05567ef5f9f0e/JT120145_C.jpg|https://files.plytix.com/api/v1.1/file/public_files/pim/assets/8a/8d/8f/62/628f8d8abb3a1aaaf0e8f149/images/f8/b8/8c/68/688cb8f8f893fc39de49aa45/JT120145.jpg",null,"https://www.nevilleuk.com/products/JT120145_","PCGN12","JT120102|JT120167|CP120145"]
["JT120345","GenWare Melamine White Jute Platter GN 1/2","GN1/2- 32.5 x 26.5 x 3.5cm (L x W x H)",30.24,1,"Buffet & Display>Jute",null,"Yes",null,325,265,35,{"v":0.75,"d":"0.750"},{"v":0.75,"d":"0.750"},null,null,"Melamine Resin","3924100011","China",-20,70,"Yes","N/A","No","N/A",{"$nulls":6},"\n•Premium Melamine\n•Designed for High-Traffic Use\n•Woven Inspired Finish\n•Elegant Yet Practical\n•Lightweight and Easy To Handle\n•Chip and Stain Resistant\n•Dishwasher Safe","Celebrate natural textures and understated elegance with the Jute collection, a beautifully curated range of melamine buffetware inspired by organic simplicity. Designed with a focus on warmth, tactility, and versatility, Jute brings a grounded aesthetic to modern food presentation.\n•Premium Melamine Construction: Offers the look of porcelain with superior durability and resistance to breakage\n•Designed for High-Traffic Use: Built to withstand the demands of contract catering and buffet service environments\n•Woven Inspired Finish: The subtle, textured surfaces echo natural fibres, adding depth and authenticity to your display\n•Matt Finish: Modern, refined aesthetic that enhances food presentation\n•Elegant Yet Practical: Enhances food presentation while maintaining the efficiency required for large-scale service\n•Chip and Stain Resistant: Maintains a pristine appearance even with frequent use, reducing replacement costs\n•Dishwasher Safe: Designed for effortless cleaning, ensuring hygiene and quick turnaround between services","Each","5020403780342","32.5","26.5","3.5","0.00301",{"v":0.75,"d":"0.750"},"05020403780359",4,"33.5","27.5","11","0.01013","3",3.462,"05020403780366",16,"57","35.5","26","0.05261","12",{"v":13.85,"d":"13.850"},null,320,"https://files.plytix.com/api/v1.1/file/public_files/pim/assets/8a/8d/8f/62/628f8d8abb3a1aaaf0e8f149/images/a6/37/82/68/688237a6a81af439e7f6c596/TH_JT120345.jpg","https://files.plytix.com/api/v1.1/file/public_files/pim/assets/8a/8d/8f/62/628f8d8abb3a1aaaf0e8f149/images/ed/29/82/68/688229ed0d779e27ece5dcf4/JT120345_A.jpg|https://files.plytix.com/api/v1.1/file/public_files/pim/assets/8a/8d/8f/62/628f8d8abb3a1aaaf0e8f149/images/ee/29/82/68/688229eea81af439e7f6c059/JT120345_B.jpg|https://files.plytix.com/api/v1.1/file/public_files/pim/assets/8a/8d/8f/62/628f8d8abb3a1aaaf0e8f149/images/ee/29/82/68/688229ee9544f7f72c09f8b4/JT120345_C.jpg|https://files.plytix.com/api/v1.1/file/public_files/pim/assets/8a/8d/8f/62/628f8d8abb3a1aaaf0e8f149/images/ef/29/82/68/688229ef9544f7f72c09f8b5/JT120345_D.jpg|https://files.plytix.com/api/v1.1/file/public_files/pim/assets/8a/8d/8f/62/628f8d8abb3a1aaaf0e8f149/images/fc/b8/8c/68/688cb8fc5893f53b0052146d/JT120345.jpg",null,"https://www.nevilleuk.com/products/JT120345_","PCGN12","JT120302|JT120367|CP120345|TB120345"]
["JT130145","GenWare Melamine White Jute Deep Dish GN 1/3","GN1/3- 32.5 x 17.6 x 8cm (L x W x H) - 3L/ 105.6oz",32.48,1,"Buffet & Display>Jute",null,"Yes",null,325,176,80,{"v":0.82,"d":"0.820"},{"v":0.82,"d":"0.820"},{"v":300,"d":"300.00"},"105.6","Melamine Resin","3924100011","China",-20,70,"Yes","N/A","No","N/A",{"$nulls":6},"\n•Premium Melamine\n•Designed for High-Traffic Use\n•Woven Inspired Finish\n•Elegant Yet Practical\n•Lightweight and Easy To Handle\n•Chip and Stain Resistant\n•Dishwasher Safe","Celebrate natural textures and understated elegance with the Jute collection, a beautifully curated range of melamine buffetware inspired by organic simplicity. Designed with a focus on warmth, tactility, and versatility, Jute brings a grounded aesthetic to modern food presentation.\n•Premium Melamine Construction: Offers the look of porcelain with superior durability and resistance to breakage\n•Designed for High-Traffic Use: Built to withstand the demands of contract catering and buffet service environments\n•Woven Inspired Finish: The subtle, textured surfaces echo natural fibres, adding depth and authenticity to your display\n•Matt Finish: Modern, refined aesthetic that enhances food presentation\n•Elegant Yet Practical: Enhances food presentation while maintaining the efficiency required for large-scale service\n•Chip and Stain Resistant: Maintains a pristine appearance even with frequent use, reducing replacement costs\n•Dishwasher Safe: Designed for effortless cleaning, ensuring hygiene and quick turnaround between services","Each","5020403780311","32.5","17.6","8","0.00458",{"v":0.82,"d":"0.820"},"05020403780328",4,"33.5","18.5","19.5","0.01209","3.28",3.702,"05020403780335",16,"39","35.5","43","0.05953","13.12",{"v":14.81,"d":"14.810"},null,1568,"https://files.plytix.com/api/v1.1/file/public_files/pim/assets/8a/8d/8f/62/628f8d8abb3a1aaaf0e8f149/images/a7/37/82/68/688237a784708e1f953fa599/TH_JT130145.jpg","https://files.plytix.com/api/v1.1/file/public_files/pim/assets/8a/8d/8f/62/628f8d8abb3a1aaaf0e8f149/images/f5/29/82/68/688229f5a81af439e7f6c05c/JT130145_A.jpg|https://files.plytix.com/api/v1.1/file/public_files/pim/assets/8a/8d/8f/62/628f8d8abb3a1aaaf0e8f149/images/f6/29/82/68/688229f60d779e27ece5dcf5/JT130145_B.jpg|https://files.plytix.com/api/v1.1/file/public_files/pim/assets/8a/8d/8f/62/628f8d8abb3a1aaaf0e8f149/images/f6/29/82/68/688229f6e49aeb157cd62611/JT130145_C.jpg|https://files.plytix.com/api/v1.1/file/public_files/pim/assets/8a/8d/8f/62/628f8d8abb3a1aaaf0e8f149/images/27/b9/8c/68/688cb927f893fc39de49aa4d/JT130145.jpg",null,"https://www.nevilleuk.com/products/JT130145_","PCGN13","JT130102|JT130167|CP130145"]
["JT130345","GenWare Melamine White Jute Platter GN 1/3","GN1/3- 32.5 x 17.6 x 3.5cm (L x W x H)",22.22,1,"Buffet & Display>Jute",null,"Yes",null,325,176,35,{"v":0.51,"d":"0.510"},{"v":0.51,"d":"0.510"},null,null,"Melamine Resin","3924100011","China",-20,70,"Yes","N/A","No","N/A",{"$nulls":6},"\n•Premium Melamine\n•Designed for High-Traffic Use\n•Woven Inspired Finish\n•Elegant Yet Practical\n•Lightweight and Easy To Handle\n•Chip and Stain Resistant\n•Dishwasher Safe","Celebrate natural textures and understated elegance with the Jute collection, a beautifully curated range of melamine buffetware inspired by organic simplicity. Designed with a focus on warmth, tactility, and versatility, Jute brings a grounded aesthetic to modern food presentation.\n•Premium Melamine Construction: Offers the look of porcelain with superior durability and resistance to breakage\n•Designed for High-Traffic Use: Built to withstand the demands of contract catering and buffet service environments\n•Woven Inspired Finish: The subtle, textured surfaces echo natural fibres, adding depth and authenticity to your display\n•Matt Finish: Modern, refined aesthetic that enhances food presentation\n•Elegant Yet Practical: Enhances food presentation while maintaining the efficiency required for large-scale service\n•Chip and Stain Resistant: Maintains a pristine appearance even with frequent use, reducing replacement costs\n•Dishwasher Safe: Designed for effortless cleaning, ensuring hygiene and quick turnaround between services","Each","5020403780281","32.5","17.6","3.5","0.00200",{"v":0.51,"d":"0.510"},"05020403780298",6,"35.5","18.5","15.5","0.01018","3.06",3.442,"05020403780304",24,"39","35.5","35","0.04846","12.24",{"v":13.77,"d":"13.770"},null,576,"https://files.plytix.com/api/v1.1/file/public_files/pim/assets/8a/8d/8f/62/628f8d8abb3a1aaaf0e8f149/images/a7/37/82/68/688237a7e49aeb157cd62a7f/TH_JT130345.jpg","https://files.plytix.com/api/v1.1/file/public_files/pim/assets/8a/8d/8f/62/628f8d8abb3a1aaaf0e8f149/images/fc/29/82/68/688229fce49aeb157cd62612/JT130345_A.jpg|https://files.plytix.com/api/v1.1/file/public_files/pim/assets/8a/8d/8f/62/628f8d8abb3a1aaaf0e8f149/images/fc/29/82/68/688229fce49aeb157cd62613/JT130345_B.jpg|https://files.plytix.com/api/v1.1/file/public_files/pim/assets/8a/8d/8f/62/628f8d8abb3a1aaaf0e8f149/images/fd/29/82/68/688229fd0d779e27ece5dcf9/JT130345_C.jpg|https://files.plytix.com/api/v1.1/file/public_files/pim/assets/8a/8d/8f/62/628f8d8abb3a1aaaf0e8f149/images/fd/29/82/68/688229fd0d779e27ece5dcfa/JT130345_D.jpg|https://files.plytix.com/api/v1.1/file/public_files/pim/assets/8a/8d/8f/62/628f8d8abb3a1aaaf0e8f149/images/24/b9/8c/68/688cb9245893f53b0052146f/JT130345.jpg","https://files.plytix.com/api/v1.1/file/public_files/pim/assets/8a/8d/8f/62/628f8d8abb3a1aaaf0e8f149/images/ee/23/7e/68/687e23ee5ff968b9dfce9ad1/LFST0925007.jpg|https://files.plytix.com/api/v1.1/file/public_files/pim/assets/8a/8d/8f/62/628f8d8abb3a1aaaf0e8f149/images/2f/1b/7e/68/687e1b2f777134bb2593906b/LFST0925023.jpg|https://files.plytix.com/api/v1.1/file/public_files/pim/assets/8a/8d/8f/62/628f8d8abb3a1aaaf0e8f149/images/b3/20/7e/68/687e20b3777134bb25939164/LFST0925240.jpg|https://files.plytix.com/api/v1.1/file/public_files/pim/assets/8a/8d/8f/62/628f8d8abb3a1aaaf0e8f149/images/ae/20/7e/68/687e20ae5ff968b9dfce9a5f/LFST0925239.jpg","https://www.nevilleuk.com/products/JT130345_","PCGN13","JT130302|JT130367|CP130345|TB130345"]
["JT550145","GenWare Melamine White Jute Deep Oval Dish 55 x 27.5 x 7.5cm","55 x 27.5 x 7.5cm (L x W x H) - 6L/211.2oz",54.24,1,"Buffet & Display>Jute",null,"Yes",null,550,275,75,{"v":1.34,"d":"1.340"},{"v":1.34,"d":"1.340"},{"v":600,"d":"600.00"},"211.2","Melamine Resin","3924100011","China",-20,70,"Yes","N/A","No","N/A",{"$nulls":6},"\n•Premium Melamine\n•Designed for High-Traffic Use\n•Woven Inspired Finish\n•Elegant Yet Practical\n•Lightweight and Easy To Handle\n•Chip and Stain Resistant\n•Dishwasher Safe","Celebrate natural textures and understated elegance with the Jute collection, a beautifully curated range of melamine buffetware inspired by organic simplicity. Designed with a focus on warmth, tactility, and versatility, Jute brings a grounded aesthetic to modern food presentation.\n•Premium Melamine Construction: Offers the look of porcelain with superior durability and resistance to breakage\n•Designed for High-Traffic Use: Built to withstand the demands of contract catering and buffet service environments\n•Woven Inspired Finish: The subtle, textured surfaces echo natural fibres, adding depth and authenticity to your display\n•Matt Finish: Modern, refined aesthetic that enhances food presentation\n•Elegant Yet Practical: Enhances food presentation while maintaining the efficiency required for large-scale service\n•Chip and Stain Resistant: Maintains a pristine appearance even with frequent use, reducing replacement costs\n•Dishwasher Safe: Designed for effortless cleaning, ensuring hygiene and quick turnaround between services","Each","5020403780250","55","27.5","7.5","0.01134",{"v":1.34,"d":"1.340"},"05020403780267",2,"56","28.2","11.5","0.01816","2.68",3.372,"05020403780274",8,"58.5","58","27","0.09161","10.72",{"v":13.49,"d":"13.490"},null,80,"https://files.plytix.com/api/v1.1/file/public_files/pim/assets/8a/8d/8f/62/628f8d8abb3a1aaaf0e8f149/images/aa/37/82/68/688237aae49aeb157cd62a87/TH_JT550145.jpg","https://files.plytix.com/api/v1.1/file/public_files/pim/assets/8a/8d/8f/62/628f8d8abb3a1aaaf0e8f149/images/40/2a/82/68/68822a4003c05567ef5f9f20/JT550145_A.jpg|https://files.plytix.com/api/v1.1/file/public_files/pim/assets/8a/8d/8f/62/628f8d8abb3a1aaaf0e8f149/images/41/2a/82/68/68822a410d779e27ece5dd0b/JT550145_B.jpg|https://files.plytix.com/api/v1.1/file/public_files/pim/assets/8a/8d/8f/62/628f8d8abb3a1aaaf0e8f149/images/42/2a/82/68/68822a4284708e1f953fa157/JT550145_C.jpg|https://files.plytix.com/api/v1.1/file/public_files/pim/assets/8a/8d/8f/62/628f8d8abb3a1aaaf0e8f149/images/a3/b9/8c/68/688cb9a35893f53b0052148d/JT550145.jpg",null,"https://www.nevilleuk.com/products/JT550145_",null,"JT550102|JT550167|CP550145"]
["JT552545","GenWare Melamine White Jute Oval Dish 55 x 27.5 x 3.5cm","55 x 27.5 x 3.5cm (L x W x H)",44.36,1,"Buffet & Display>Jute",null,"Yes",null,550,275,35,1.025,1.025,null,null,"Melamine Resin","3924100011","China",-20,70,"Yes","N/A","No","N/A",{"$nulls":6},"\n•Premium Melamine\n•Designed for High-Traffic Use\n•Woven Inspired Finish\n•Elegant Yet Practical\n•Lightweight and Easy To Handle\n•Chip and Stain Resistant\n•Dishwasher Safe","Celebrate natural textures and understated elegance with the Jute collection, a beautifully curated range of melamine buffetware inspired by organic simplicity. Designed with a focus on warmth, tactility, and versatility, Jute brings a grounded aesthetic to modern food presentation.\n•Premium Melamine Construction: Offers the look of porcelain with superior durability and resistance to breakage\n•Designed for High-Traffic Use: Built to withstand the demands of contract catering and buffet service environments\n•Woven Inspired Finish: The subtle, textured surfaces echo natural fibres, adding depth and authenticity to your display\n•Matt Finish: Modern, refined aesthetic that enhances food presentation\n•Elegant Yet Practical: Enhances food presentation while maintaining the efficiency required for large-scale service\n•Chip and Stain Resistant: Maintains a pristine appearance even with frequent use, reducing replacement costs\n•Dishwasher Safe: Designed for effortless cleaning, ensuring hygiene and quick turnaround between services","Each","5020403780229","55","27.5","3.5","0.00529",1.025,"05020403780236",3,"56","28.5","9","0.01436","3.075",3.732,"05020403780243",12,"59","58","22","0.07528","12.3",{"v":14.93,"d":"14.930"},null,144,"https://files.plytix.com/api/v1.1/file/public_files/pim/assets/8a/8d/8f/62/628f8d8abb3a1aaaf0e8f149/images/ab/37/82/68/688237aba81af439e7f6c5a5/TH_JT552545.jpg","https://files.plytix.com/api/v1.1/file/public_files/pim/assets/8a/8d/8f/62/628f8d8abb3a1aaaf0e8f149/images/4b/2a/82/68/68822a4ba81af439e7f6c077/JT552545_A.jpg|https://files.plytix.com/api/v1.1/file/public_files/pim/assets/8a/8d/8f/62/628f8d8abb3a1aaaf0e8f149/images/4b/2a/82/68/68822a4b84708e1f953fa15b/JT552545_B.jpg|https://files.plytix.com/api/v1.1/file/public_files/pim/assets/8a/8d/8f/62/628f8d8abb3a1aaaf0e8f149/images/4c/2a/82/68/68822a4c9544f7f72c09f8c3/JT552545_C.jpg|https://files.plytix.com/api/v1.1/file/public_files/pim/assets/8a/8d/8f/62/628f8d8abb3a1aaaf0e8f149/images/a5/b9/8c/68/688cb9a5d5ef509639b46c03/JT552545.jpg",null,"https://www.nevilleuk.com/products/JT552545_",null,"JT552502|JT552567|CP552545"]
["JT472545","GenWare Melamine White Jute Oval Dish 47.5 x 23.8 x 3.5cm","47.5 x 23.8 x 3.5cm (L x W x H)",33.78,1,"Buffet & Display>Jute",null,"Yes",null,475,235,35,0.815,0.815,null,null,"Melamine Resin","3924100011","China",-20,70,"Yes","N/A","No","N/A",{"$nulls":6},"\n•Premium Melamine\n•Designed for High-Traffic Use\n•Woven Inspired Finish\n•Elegant Yet Practical\n•Lightweight and Easy To Handle\n•Chip and Stain Resistant\n•Dishwasher Safe","Celebrate natural textures and understated elegance with the Jute collection, a beautifully curated range of melamine buffetware inspired by organic simplicity. Designed with a focus on warmth, tactility, and versatility, Jute brings a grounded aesthetic to modern food presentation.\n•Premium Melamine Construction: Offers the look of porcelain with superior durability and resistance to breakage\n•Designed for High-Traffic Use: Built to withstand the demands of contract catering and buffet service environments\n•Woven Inspired Finish: The subtle, textured surfaces echo natural fibres, adding depth and authenticity to your display\n•Matt Finish: Modern, refined aesthetic that enhances food presentation\n•Elegant Yet Practical: Enhances food presentation while maintaining the efficiency required for large-scale service\n•Chip and Stain Resistant: Maintains a pristine appearance even with frequent use, reducing replacement costs\n•Dishwasher Safe: Designed for effortless cleaning, ensuring hygiene and quick turnaround between services","Each","5020403780199","47.5","23.5","3.5","0.00391",0.815,"05020403780205",4,"48.5","25","12","0.01455","3.26",{"v":3.83,"d":"3.830"},"05020403780212",16,"52","50.2","28","0.07309","13.04",{"v":15.32,"d":"15.320"},null,160,"https://files.plytix.com/api/v1.1/file/public_files/pim/assets/8a/8d/8f/62/628f8d8abb3a1aaaf0e8f149/images/aa/37/82/68/688237aae49aeb157cd62a86/TH_JT472545.jpg","https://files.plytix.com/api/v1.1/file/public_files/pim/assets/8a/8d/8f/62/628f8d8abb3a1aaaf0e8f149/images/39/2a/82/68/68822a39a81af439e7f6c073/JT472545_A.jpg|https://files.plytix.com/api/v1.1/file/public_files/pim/assets/8a/8d/8f/62/628f8d8abb3a1aaaf0e8f149/images/39/2a/82/68/68822a39a81af439e7f6c074/JT472545_B.jpg|https://files.plytix.com/api/v1.1/file/public_files/pim/assets/8a/8d/8f/62/628f8d8abb3a1aaaf0e8f149/images/3a/2a/82/68/68822a3a84708e1f953fa152/JT472545_C.jpg|https://files.plytix.com/api/v1.1/file/public_files/pim/assets/8a/8d/8f/62/628f8d8abb3a1aaaf0e8f149/images/89/b9/8c/68/688cb9897fa8a5dfe961707b/JT472545.jpg","https://files.plytix.com/api/v1.1/file/public_files/pim/assets/8a/8d/8f/62/628f8d8abb3a1aaaf0e8f149/images/0e/1b/7e/68/687e1b0ead76c8ad222c860c/LFST0925018.jpg|https://files.plytix.com/api/v1.1/file/public_files/pim/assets/8a/8d/8f/62/628f8d8abb3a1aaaf0e8f149/images/d8/23/7e/68/687e23d8777134bb259391f6/LFST0925004.jpg|https://files.plytix.com/api/v1.1/file/public_files/pim/assets/8a/8d/8f/62/628f8d8abb3a1aaaf0e8f149/images/2f/1b/7e/68/687e1b2f777134bb2593906b/LFST0925023.jpg|https://files.plytix.com/api/v1.1/file/public_files/pim/assets/8a/8d/8f/62/628f8d8abb3a1aaaf0e8f149/images/63/1b/7e/68/687e1b635c3aa1d901c6ea18/LFST0925030.jpg","https://www.nevilleuk.com/products/JT472545_",null,"JT472502|JT472567|CP472545"]
["JT251167","GenWare Melamine Green Jute Square Buffet Bowl 25cm","25 x 10cm (W x H) - 4.3L/ 151.3oz",{"v":36.7,"d":"36.70"},1,"Buffet & Display>Jute",null,"Yes",null,250,250,100,{"v":0.85,"d":"0.850"},{"v":0.85,"d":"0.850"},{"v":430,"d":"430.00"},"151.3","Melamine Resin","3924100011","China",-20,70,"Yes","N/A","No","N/A",{"$nulls":6},"\n•Premium Melamine\n•Designed for High-Traffic Use\n•Woven Inspired Finish\n•Elegant Yet Practical\n•Lightweight and Easy To Handle\n•Chip and Stain Resistant\n•Dishwasher Safe","Celebrate natural textures and understated elegance with the Jute collection, a beautifully curated range of melamine buffetware inspired by organic simplicity. Designed with a focus on warmth, tactility, and versatility, Jute brings a grounded aesthetic to modern food presentation.\n•Premium Melamine Construction: Offers the look of porcelain with superior durability and resistance to breakage\n•Designed for High-Traffic Use: Built to withstand the demands of contract catering and buffet service environments\n•Woven Inspired Finish: The subtle, textured surfaces echo natural fibres, adding depth and authenticity to your display\n•Matt Finish: Modern, refined aesthetic that enhances food presentation\n•Elegant Yet Practical: Enhances food presentation while maintaining the efficiency required for large-scale service\n•Chip and Stain Resistant: Maintains a pristine appearance even with frequent use, reducing replacement costs\n•Dishwasher Safe: Designed for effortless cleaning, ensuring hygiene and quick turnaround between services","Each","5020403780946","25","25","10","0.00625",{"v":0.85,"d":"0.850"},"05020403780953",3,"26","26","19.5","0.01318","2.55",3.082,"05020403780960",12,"54","54","21.5","0.06269","10.2",{"v":12.33,"d":"12.330"},null,144,"https://files.plytix.com/api/v1.1/file/public_files/pim/assets/8a/8d/8f/62/628f8d8abb3a1aaaf0e8f149/images/a9/37/82/68/688237a984708e1f953fa59c/TH_JT251167.jpg","https://files.plytix.com/api/v1.1/file/public_files/pim/assets/8a/8d/8f/62/628f8d8abb3a1aaaf0e8f149/images/1e/2a/82/68/68822a1ee49aeb157cd6261e/JT251167_A.jpg|https://files.plytix.com/api/v1.1/file/public_files/pim/assets/8a/8d/8f/62/628f8d8abb3a1aaaf0e8f149/images/1f/2a/82/68/68822a1fa81af439e7f6c068/JT251167_B.jpg|https://files.plytix.com/api/v1.1/file/public_files/pim/assets/8a/8d/8f/62/628f8d8abb3a1aaaf0e8f149/images/1f/2a/82/68/68822a1f03c05567ef5f9f1d/JT251167_C.jpg|https://files.plytix.com/api/v1.1/file/public_files/pim/assets/8a/8d/8f/62/628f8d8abb3a1aaaf0e8f149/images/6a/b9/8c/68/688cb96a5893f53b00521485/JT251167.jpg","https://files.plytix.com/api/v1.1/file/public_files/pim/assets/8a/8d/8f/62/628f8d8abb3a1aaaf0e8f149/images/ad/1b/7e/68/687e1bad777134bb2593907e/LFST0925041.jpg|https://files.plytix.com/api/v1.1/file/public_files/pim/assets/8a/8d/8f/62/628f8d8abb3a1aaaf0e8f149/images/99/1b/7e/68/687e1b992a03861c91eda493/LFST0925038.jpg|https://files.plytix.com/api/v1.1/file/public_files/pim/assets/8a/8d/8f/62/628f8d8abb3a1aaaf0e8f149/images/6e/1b/7e/68/687e1b6e777134bb25939075/LFST0925032.jpg","https://www.nevilleuk.com/products/JT251167_",null,"JT251102|JT251145"]
["JT110167","GenWare Melamine Green Jute Deep Dish GN 1/1","GN1/1- 53 x 32.5 x 8cm (L x W x H) - 9L/ 316.7oz",{"v":84.3,"d":"84.30"},1,"Buffet & Display>Jute",null,"Yes",null,560,355,60,{"v":1.96,"d":"1.960"},{"v":1.96,"d":"1.960"},{"v":900,"d":"900.00"},"316.8","Melamine Resin","3924100011","China",-20,70,"Yes","N/A","No","N/A",{"$nulls":6},"\n•Premium Melamine\n•Designed for High-Traffic Use\n•Woven Inspired Finish\n•Elegant Yet Practical\n•Lightweight and Easy To Handle\n•Chip and Stain Resistant\n•Dishwasher Safe","Celebrate natural textures and understated elegance with the Jute collection, a beautifully curated range of melamine buffetware inspired by organic simplicity. Designed with a focus on warmth, tactility, and versatility, Jute brings a grounded aesthetic to modern food presentation.\n•Premium Melamine Construction: Offers the look of porcelain with superior durability and resistance to breakage\n•Designed for High-Traffic Use: Built to withstand the demands of contract catering and buffet service environments\n•Woven Inspired Finish: The subtle, textured surfaces echo natural fibres, adding depth and authenticity to your display\n•Matt Finish: Modern, refined aesthetic that enhances food presentation\n•Elegant Yet Practical: Enhances food presentation while maintaining the efficiency required for large-scale service\n•Chip and Stain Resistant: Maintains a pristine appearance even with frequent use, reducing replacement costs\n•Dishwasher Safe: Designed for effortless cleaning, ensuring hygiene and quick turnaround between services","Each","5020403780915","56","35.5","6","0.01193",{"v":1.96,"d":"1.960"},"05020403780922",3,"56","35.5","18","0.03578","5.88",6.785,"05020403780939",6,"56","35.5","36","0.07157","11.76",{"v":13.57,"d":"13.570"},null,96,"https://files.plytix.com/api/v1.1/file/public_files/pim/assets/8a/8d/8f/62/628f8d8abb3a1aaaf0e8f149/images/4e/42/82/68/6882424e0d779e27ece5e4aa/TH_JT110167.jpg","https://files.plytix.com/api/v1.1/file/public_files/pim/assets/8a/8d/8f/62/628f8d8abb3a1aaaf0e8f149/images/d7/41/82/68/688241d7e49aeb157cd62ddb/JT110167_A.jpg|https://files.plytix.com/api/v1.1/file/public_files/pim/assets/8a/8d/8f/62/628f8d8abb3a1aaaf0e8f149/images/df/b8/8c/68/688cb8dfd5ef509639b46bee/JT110167.jpg",null,"https://www.nevilleuk.com/products/JT110167_","PCGN11","JT110102|JT110145|CP110147"]
["JT110367","GenWare Melamine Green Jute Platter GN 1/1","GN1/1- 53 x 32.5 x 3.5cm (L x W x H)",54.64,1,"Buffet & Display>Jute",null,"Yes",null,530,325,35,{"v":1.35,"d":"1.350"},{"v":1.35,"d":"1.350"},null,null,"Melamine Resin","3924100011","China",-20,70,"Yes","N/A","No","N/A",{"$nulls":6},"\n•Premium Melamine\n•Designed for High-Traffic Use\n•Woven Inspired Finish\n•Elegant Yet Practical\n•Lightweight and Easy To Handle\n•Chip and Stain Resistant\n•Dishwasher Safe","Celebrate natural textures and understated elegance with the Jute collection, a beautifully curated range of melamine buffetware inspired by organic simplicity. Designed with a focus on warmth, tactility, and versatility, Jute brings a grounded aesthetic to modern food presentation.\n•Premium Melamine Construction: Offers the look of porcelain with superior durability and resistance to breakage\n•Designed for High-Traffic Use: Built to withstand the demands of contract catering and buffet service environments\n•Woven Inspired Finish: The subtle, textured surfaces echo natural fibres, adding depth and authenticity to your display\n•Matt Finish: Modern, refined aesthetic that enhances food presentation\n•Elegant Yet Practical: Enhances food presentation while maintaining the efficiency required for large-scale service\n•Chip and Stain Resistant: Maintains a pristine appearance even with frequent use, reducing replacement costs\n•Dishwasher Safe: Designed for effortless cleaning, ensuring hygiene and quick turnaround between services","Each","5020403780885","53","32.5","3.5","0.00603",{"v":1.35,"d":"1.350"},"05020403780892",3,"54","35.5","9","0.01725","4.05",4.707,"05020403780908",12,"56","35.5","42","0.08350","16.2",{"v":18.83,"d":"18.830"},null,72,"https://files.plytix.com/api/v1.1/file/public_files/pim/assets/8a/8d/8f/62/628f8d8abb3a1aaaf0e8f149/images/a6/37/82/68/688237a6a81af439e7f6c590/TH_JT110367.jpg","https://files.plytix.com/api/v1.1/file/public_files/pim/assets/8a/8d/8f/62/628f8d8abb3a1aaaf0e8f149/images/e1/29/82/68/688229e1e49aeb157cd6260d/JT110367_A.jpg|https://files.plytix.com/api/v1.1/file/public_files/pim/assets/8a/8d/8f/62/628f8d8abb3a1aaaf0e8f149/images/e1/29/82/68/688229e10d779e27ece5dcf0/JT110367_B.jpg|https://files.plytix.com/api/v1.1/file/public_files/pim/assets/8a/8d/8f/62/628f8d8abb3a1aaaf0e8f149/images/e2/29/82/68/688229e20d779e27ece5dcf1/JT110367_C.jpg|https://files.plytix.com/api/v1.1/file/public_files/pim/assets/8a/8d/8f/62/628f8d8abb3a1aaaf0e8f149/images/e3/29/82/68/688229e39544f7f72c09f8b1/JT110367_D.jpg|https://files.plytix.com/api/v1.1/file/public_files/pim/assets/8a/8d/8f/62/628f8d8abb3a1aaaf0e8f149/images/dc/b8/8c/68/688cb8dcdbab51124ff18fad/JT110367.jpg",null,"https://www.nevilleuk.com/products/JT110367_","PCGN11","JT110302|JT110345|CP110347|TB110367"]
["JT120167","GenWare Melamine Green Jute Deep Dish GN 1/2","GN1/2- 32.5 x 26.5 x 8cm (L x W x H) - 4.5L/ 158.4oz",43.72,1,"Buffet & Display>Jute",null,"Yes",null,325,265,80,1.075,1.075,{"v":450,"d":"450.00"},"158.4","Melamine Resin","3924100011","China",-20,70,"Yes","N/A","No","N/A",{"$nulls":6},"\n•Premium Melamine\n•Designed for High-Traffic Use\n•Woven Inspired Finish\n•Elegant Yet Practical\n•Lightweight and Easy To Handle\n•Chip and Stain Resistant\n•Dishwasher Safe","Celebrate natural textures and understated elegance with the Jute collection, a beautifully curated range of melamine buffetware inspired by organic simplicity. Designed with a focus on warmth, tactility, and versatility, Jute brings a grounded aesthetic to modern food presentation.\n•Premium Melamine Construction: Offers the look of porcelain with superior durability and resistance to breakage\n•Designed for High-Traffic Use: Built to withstand the demands of contract catering and buffet service environments\n•Woven Inspired Finish: The subtle, textured surfaces echo natural fibres, adding depth and authenticity to your display\n•Matt Finish: Modern, refined aesthetic that enhances food presentation\n•Elegant Yet Practical: Enhances food presentation while maintaining the efficiency required for large-scale service\n•Chip and Stain Resistant: Maintains a pristine appearance even with frequent use, reducing replacement costs\n•Dishwasher Safe: Designed for effortless cleaning, ensuring hygiene and quick turnaround between services","Each","5020403780854","32.5","26.5","8","0.00689",1.075,"05020403780861",3,"33.5","27.5","16","0.01474","3.225",3.747,"05020403780878",12,"57","35.5","36","0.07285","12.9",{"v":14.99,"d":"14.990"},null,192,"https://files.plytix.com/api/v1.1/file/public_files/pim/assets/8a/8d/8f/62/628f8d8abb3a1aaaf0e8f149/images/a6/37/82/68/688237a684708e1f953fa598/TH_JT120167.jpg","https://files.plytix.com/api/v1.1/file/public_files/pim/assets/8a/8d/8f/62/628f8d8abb3a1aaaf0e8f149/images/e7/29/82/68/688229e784708e1f953fa135/JT120167_A.jpg|https://files.plytix.com/api/v1.1/file/public_files/pim/assets/8a/8d/8f/62/628f8d8abb3a1aaaf0e8f149/images/e8/29/82/68/688229e803c05567ef5f9f0f/JT120167_B.jpg|https://files.plytix.com/api/v1.1/file/public_files/pim/assets/8a/8d/8f/62/628f8d8abb3a1aaaf0e8f149/images/e9/29/82/68/688229e903c05567ef5f9f11/JT120167_C.jpg|https://files.plytix.com/api/v1.1/file/public_files/pim/assets/8a/8d/8f/62/628f8d8abb3a1aaaf0e8f149/images/fa/b8/8c/68/688cb8fa87c81ce5653e2b71/JT120167.jpg",null,"https://www.nevilleuk.com/products/JT120167_","PCGN12","JT120102|JT120145|CP120147"]
["JT120367","GenWare Melamine Green Jute Platter GN 1/2","GN1/2- 32.5 x 26.5 x 3.5cm (L x W x H)",30.24,1,"Buffet & Display>Jute",null,"Yes",null,325,265,35,{"v":0.75,"d":"0.750"},{"v":0.75,"d":"0.750"},null,null,"Melamine Resin","3924100011","China",-20,70,"Yes","N/A","No","N/A",{"$nulls":6},"\n•Premium Melamine\n•Designed for High-Traffic Use\n•Woven Inspired Finish\n•Elegant Yet Practical\n•Lightweight and Easy To Handle\n•Chip and Stain Resistant\n•Dishwasher Safe","Celebrate natural textures and understated elegance with the Jute collection, a beautifully curated range of melamine buffetware inspired by organic simplicity. Designed with a focus on warmth, tactility, and versatility, Jute brings a grounded aesthetic to modern food presentation.\n•Premium Melamine Construction: Offers the look of porcelain with superior durability and resistance to breakage\n•Designed for High-Traffic Use: Built to withstand the demands of contract catering and buffet service environments\n•Woven Inspired Finish: The subtle, textured surfaces echo natural fibres, adding depth and authenticity to your display\n•Matt Finish: Modern, refined aesthetic that enhances food presentation\n•Elegant Yet Practical: Enhances food presentation while maintaining the efficiency required for large-scale service\n•Chip and Stain Resistant: Maintains a pristine appearance even with frequent use, reducing replacement costs\n•Dishwasher Safe: Designed for effortless cleaning, ensuring hygiene and quick turnaround between services","Each","5020403780823","32.5","26.5","3.5","0.00301",{"v":0.75,"d":"0.750"},"05020403780830",4,"33.5","27.5","11","0.01013","3",3.462,"05020403780847",16,"57","35.5","26","0.05261","12",{"v":13.85,"d":"13.850"},null,320,"https://files.plytix.com/api/v1.1/file/public_files/pim/assets/8a/8d/8f/62/628f8d8abb3a1aaaf0e8f149/images/a7/37/82/68/688237a70d779e27ece5e1ca/TH_JT120367.jpg","https://files.plytix.com/api/v1.1/file/public_files/pim/assets/8a/8d/8f/62/628f8d8abb3a1aaaf0e8f149/images/f0/29/82/68/688229f084708e1f953fa138/JT120367_A.jpg|https://files.plytix.com/api/v1.1/file/public_files/pim/assets/8a/8d/8f/62/628f8d8abb3a1aaaf0e8f149/images/f1/29/82/68/688229f103c05567ef5f9f12/JT120367_B.jpg|https://files.plytix.com/api/v1.1/file/public_files/pim/assets/8a/8d/8f/62/628f8d8abb3a1aaaf0e8f149/images/f1/29/82/68/688229f103c05567ef5f9f13/JT120367_C.jpg|https://files.plytix.com/api/v1.1/file/public_files/pim/assets/8a/8d/8f/62/628f8d8abb3a1aaaf0e8f149/images/f2/29/82/68/688229f203c05567ef5f9f14/JT120367_D.jpg|https://files.plytix.com/api/v1.1/file/public_files/pim/assets/8a/8d/8f/62/628f8d8abb3a1aaaf0e8f149/images/f7/b8/8c/68/688cb8f7f893fc39de49aa44/JT120367.jpg","https://files.plytix.com/api/v1.1/file/public_files/pim/assets/8a/8d/8f/62/628f8d8abb3a1aaaf0e8f149/images/f4/23/7e/68/687e23f4777134bb259391f8/LFST0925008.jpg|https://files.plytix.com/api/v1.1/file/public_files/pim/assets/8a/8d/8f/62/628f8d8abb3a1aaaf0e8f149/images/2f/1b/7e/68/687e1b2f777134bb2593906b/LFST0925023.jpg|https://files.plytix.com/api/v1.1/file/public_files/pim/assets/8a/8d/8f/62/628f8d8abb3a1aaaf0e8f149/images/d8/23/7e/68/687e23d8777134bb259391f6/LFST0925004.jpg","https://www.nevilleuk.com/products/JT120367_","PCGN12","JT120302|JT120345|CP120347|TB120367"]
["JT130167","GenWare Melamine Green Jute Deep Dish GN 1/3","GN1/3- 32.5 x 17.6 x 8cm (L x W x H) - 3L/ 105.6oz",32.48,1,"Buffet & Display>Jute",null,"Yes",null,325,176,80,{"v":0.82,"d":"0.820"},{"v":0.82,"d":"0.820"},{"v":300,"d":"300.00"},"105.6","Melamine Resin","3924100011","China",-20,70,"Yes","N/A","No","N/A",{"$nulls":6},"\n•Premium Melamine\n•Designed for High-Traffic Use\n•Woven Inspired Finish\n•Elegant Yet Practical\n•Lightweight and Easy To Handle\n•Chip and Stain Resistant\n•Dishwasher Safe","Celebrate natural textures and understated elegance with the Jute collection, a beautifully curated range of melamine buffetware inspired by organic simplicity. Designed with a focus on warmth, tactility, and versatility, Jute brings a grounded aesthetic to modern food presentation.\n•Premium Melamine Construction: Offers the look of porcelain with superior durability and resistance to breakage\n•Designed for High-Traffic Use: Built to withstand the demands of contract catering and buffet service environments\n•Woven Inspired Finish: The subtle, textured surfaces echo natural fibres, adding depth and authenticity to your display\n•Matt Finish: Modern, refined aesthetic that enhances food presentation\n•Elegant Yet Practical: Enhances food presentation while maintaining the efficiency required for large-scale service\n•Chip and Stain Resistant: Maintains a pristine appearance even with frequent use, reducing replacement costs\n•Dishwasher Safe: Designed for effortless cleaning, ensuring hygiene and quick turnaround between services","Each","5020403780793","32.5","17.6","8","0.00458",{"v":0.82,"d":"0.820"},"05020403780809",4,"33.5","18.5","19.5","0.01209","3.28",3.702,"05020403780816",16,"39","35.5","43","0.05953","13.12",{"v":14.81,"d":"14.810"},null,1368,"https://files.plytix.com/api/v1.1/file/public_files/pim/assets/8a/8d/8f/62/628f8d8abb3a1aaaf0e8f149/images/a7/37/82/68/688237a7e49aeb157cd62a7e/TH_JT130167.jpg","https://files.plytix.com/api/v1.1/file/public_files/pim/assets/8a/8d/8f/62/628f8d8abb3a1aaaf0e8f149/images/f7/29/82/68/688229f703c05567ef5f9f19/JT130167_A.jpg|https://files.plytix.com/api/v1.1/file/public_files/pim/assets/8a/8d/8f/62/628f8d8abb3a1aaaf0e8f149/images/f8/29/82/68/688229f884708e1f953fa139/JT130167_B.jpg|https://files.plytix.com/api/v1.1/file/public_files/pim/assets/8a/8d/8f/62/628f8d8abb3a1aaaf0e8f149/images/f8/29/82/68/688229f8a81af439e7f6c061/JT130167_C.jpg|https://files.plytix.com/api/v1.1/file/public_files/pim/assets/8a/8d/8f/62/628f8d8abb3a1aaaf0e8f149/images/28/b9/8c/68/688cb92887c81ce5653e2b73/JT130167.jpg",null,"https://www.nevilleuk.com/products/JT130167_","PCGN13","JT130102|JT130145|CP130147"]
["JT130367","GenWare Melamine Green Jute Platter GN 1/3","GN1/3- 32.5 x 17.6 x 3.5cm (L x W x H)",22.22,1,"Buffet & Display>Jute",null,"Yes",null,325,176,35,{"v":0.51,"d":"0.510"},{"v":0.51,"d":"0.510"},null,null,"Melamine Resin","3924100011","China",-20,70,"Yes","N/A","No","N/A",{"$nulls":6},"\n•Premium Melamine\n•Designed for High-Traffic Use\n•Woven Inspired Finish\n•Elegant Yet Practical\n•Lightweight and Easy To Handle\n•Chip and Stain Resistant\n•Dishwasher Safe","Celebrate natural textures and understated elegance with the Jute collection, a beautifully curated range of melamine buffetware inspired by organic simplicity. Designed with a focus on warmth, tactility, and versatility, Jute brings a grounded aesthetic to modern food presentation.\n•Premium Melamine Construction: Offers the look of porcelain with superior durability and resistance to breakage\n•Designed for High-Traffic Use: Built to withstand the demands of contract catering and buffet service environments\n•Woven Inspired Finish: The subtle, textured surfaces echo natural fibres, adding depth and authenticity to your display\n•Matt Finish: Modern, refined aesthetic that enhances food presentation\n•Elegant Yet Practical: Enhances food presentation while maintaining the efficiency required for large-scale service\n•Chip and Stain Resistant: Maintains a pristine appearance even with frequent use, reducing replacement costs\n•Dishwasher Safe: Designed for effortless cleaning, ensuring hygiene and quick turnaround between services","Each","5020403780762","32.5","17.6","3.5","0.00200",{"v":0.51,"d":"0.510"},"05020403780779",6,"35.5","18.5","15.5","0.01018","3.06",3.442,"05020403780786",24,"39","35.5","35","0.04846","12.24",{"v":13.77,"d":"13.770"},null,576,"https://files.plytix.com/api/v1.1/file/public_files/pim/assets/8a/8d/8f/62/628f8d8abb3a1aaaf0e8f149/images/a7/37/82/68/688237a7a81af439e7f6c598/TH_JT130367.jpg","https://files.plytix.com/api/v1.1/file/public_files/pim/assets/8a/8d/8f/62/628f8d8abb3a1aaaf0e8f149/images/fe/29/82/68/688229fe84708e1f953fa13a/JT130367_A.jpg|https://files.plytix.com/api/v1.1/file/public_files/pim/assets/8a/8d/8f/62/628f8d8abb3a1aaaf0e8f149/images/ff/29/82/68/688229ff0d779e27ece5dcfb/JT130367_B.jpg|https://files.plytix.com/api/v1.1/file/public_files/pim/assets/8a/8d/8f/62/628f8d8abb3a1aaaf0e8f149/images/ff/29/82/68/688229ff84708e1f953fa13b/JT130367_C.jpg|https://files.plytix.com/api/v1.1/file/public_files/pim/assets/8a/8d/8f/62/628f8d8abb3a1aaaf0e8f149/images/01/2a/82/68/68822a010d779e27ece5dcfc/JT130367_D.jpg|https://files.plytix.com/api/v1.1/file/public_files/pim/assets/8a/8d/8f/62/628f8d8abb3a1aaaf0e8f149/images/25/b9/8c/68/688cb925f893fc39de49aa4b/JT130367.jpg",null,"https://www.nevilleuk.com/products/JT130367_","PCGN13","JT130302|JT130345|CP130347|TB130367"]
["JT550167","GenWare Melamine Green Jute Deep Oval Dish 55 x 27.5 x 7.5cm","55 x 27.5 x 7.5cm (L x W x H) - 6L/211.2oz",54.24,1,"Buffet & Display>Jute",null,"Yes",null,550,275,75,1.025,1.025,{"v":600,"d":"600.00"},"211.2","Melamine Resin","3924100011","China",-20,70,"Yes","N/A","No","N/A",{"$nulls":6},"\n•Premium Melamine\n•Designed for High-Traffic Use\n•Woven Inspired Finish\n•Elegant Yet Practical\n•Lightweight and Easy To Handle\n•Chip and Stain Resistant\n•Dishwasher Safe","Celebrate natural textures and understated elegance with the Jute collection, a beautifully curated range of melamine buffetware inspired by organic simplicity. Designed with a focus on warmth, tactility, and versatility, Jute brings a grounded aesthetic to modern food presentation.\n•Premium Melamine Construction: Offers the look of porcelain with superior durability and resistance to breakage\n•Designed for High-Traffic Use: Built to withstand the demands of contract catering and buffet service environments\n•Woven Inspired Finish: The subtle, textured surfaces echo natural fibres, adding depth and authenticity to your display\n•Matt Finish: Modern, refined aesthetic that enhances food presentation\n•Elegant Yet Practical: Enhances food presentation while maintaining the efficiency required for large-scale service\n•Chip and Stain Resistant: Maintains a pristine appearance even with frequent use, reducing replacement costs\n•Dishwasher Safe: Designed for effortless cleaning, ensuring hygiene and quick turnaround between services","Each","5020403780731","55","27.5","7.5","0.01134",1.025,"05020403780748",2,"56","28.2","11.5","0.01816","2.05",3.372,"05020403780755",8,"58.5","58","27","0.09161","8.2",{"v":13.49,"d":"13.490"},null,80,"https://files.plytix.com/api/v1.1/file/public_files/pim/assets/8a/8d/8f/62/628f8d8abb3a1aaaf0e8f149/images/ab/37/82/68/688237aba81af439e7f6c5a4/TH_JT550167.jpg","https://files.plytix.com/api/v1.1/file/public_files/pim/assets/8a/8d/8f/62/628f8d8abb3a1aaaf0e8f149/images/43/2a/82/68/68822a430d779e27ece5dd0c/JT550167_A.jpg|https://files.plytix.com/api/v1.1/file/public_files/pim/assets/8a/8d/8f/62/628f8d8abb3a1aaaf0e8f149/images/44/2a/82/68/68822a440d779e27ece5dd0d/JT550167_B.jpg|https://files.plytix.com/api/v1.1/file/public_files/pim/assets/8a/8d/8f/62/628f8d8abb3a1aaaf0e8f149/images/45/2a/82/68/68822a4584708e1f953fa158/JT550167_C.jpg|https://files.plytix.com/api/v1.1/file/public_files/pim/assets/8a/8d/8f/62/628f8d8abb3a1aaaf0e8f149/images/a3/b9/8c/68/688cb9a3d5ef509639b46c02/JT550167.jpg",null,"https://www.nevilleuk.com/products/JT550167_",null,"JT550102|JT550145|CP550147"]
["JT420945","GenWare Melamine White Jute Buffet Bowl 42 x 6cm","42 x 6cm (Dia x H) - 6L/ 211.2oz",55.92,1,"Buffet & Display>Jute",null,"Yes",null,420,420,60,{"v":1.34,"d":"1.340"},{"v":1.34,"d":"1.340"},{"v":600,"d":"600.00"},"211.2","Melamine Resin","3924100011","China",-20,70,"Yes","N/A","No","N/A",{"$nulls":6},"\n•Premium Melamine\n•Designed for High-Traffic Use\n•Woven Inspired Finish\n•Elegant Yet Practical\n•Lightweight and Easy To Handle\n•Chip and Stain Resistant\n•Dishwasher Safe","Celebrate natural textures and understated elegance with the Jute collection, a beautifully curated range of melamine buffetware inspired by organic simplicity. Designed with a focus on warmth, tactility, and versatility, Jute brings a grounded aesthetic to modern food presentation.\n•Premium Melamine Construction: Offers the look of porcelain with superior durability and resistance to breakage\n•Designed for High-Traffic Use: Built to withstand the demands of contract catering and buffet service environments\n•Woven Inspired Finish: The subtle, textured surfaces echo natural fibres, adding depth and authenticity to your display\n•Matt Finish: Modern, refined aesthetic that enhances food presentation\n•Elegant Yet Practical: Enhances food presentation while maintaining the efficiency required for large-scale service\n•Chip and Stain Resistant: Maintains a pristine appearance even with frequent use, reducing replacement costs\n•Dishwasher Safe: Designed for effortless cleaning, ensuring hygiene and quick turnaround between services","Each","5020403780168","42","42","6","0.01058",{"v":1.34,"d":"1.340"},"05020403780175",3,"43","43","11.7","0.02163","4.02",4.837,"05020403780182",12,"45","45","53","0.10733","16.08",{"v":19.35,"d":"19.350"},null,48,"https://files.plytix.com/api/v1.1/file/public_files/pim/assets/8a/8d/8f/62/628f8d8abb3a1aaaf0e8f149/images/aa/37/82/68/688237aa9544f7f72c09fc95/TH_JT420945.jpg","https://files.plytix.com/api/v1.1/file/public_files/pim/assets/8a/8d/8f/62/628f8d8abb3a1aaaf0e8f149/images/31/2a/82/68/68822a3184708e1f953fa14b/JT420945_A.jpg|https://files.plytix.com/api/v1.1/file/public_files/pim/assets/8a/8d/8f/62/628f8d8abb3a1aaaf0e8f149/images/32/2a/82/68/68822a3284708e1f953fa14c/JT420945_B.jpg|https://files.plytix.com/api/v1.1/file/public_files/pim/assets/8a/8d/8f/62/628f8d8abb3a1aaaf0e8f149/images/33/2a/82/68/68822a3384708e1f953fa14d/JT420945_C.jpg|https://files.plytix.com/api/v1.1/file/public_files/pim/assets/8a/8d/8f/62/628f8d8abb3a1aaaf0e8f149/images/86/b9/8c/68/688cb9867fa8a5dfe9617072/JT420945.jpg",null,"https://www.nevilleuk.com/products/JT420945_",null,"JT420902|JT420967"]
["JT350945","GenWare Melamine White Jute Buffet Bowl 35 x 7.5cm","35 x 7.5cm (Dia x H) - 5.3L/ 186.5oz",44.66,1,"Buffet & Display>Jute",null,"Yes",null,350,350,75,{"v":1.07,"d":"1.070"},{"v":1.07,"d":"1.070"},{"v":530,"d":"530.00"},"186.5","Melamine Resin","3924100011","China",-20,70,"Yes","N/A","No","N/A",{"$nulls":6},"\n•Premium Melamine\n•Designed for High-Traffic Use\n•Woven Inspired Finish\n•Elegant Yet Practical\n•Lightweight and Easy To Handle\n•Chip and Stain Resistant\n•Dishwasher Safe","Celebrate natural textures and understated elegance with the Jute collection, a beautifully curated range of melamine buffetware inspired by organic simplicity. Designed with a focus on warmth, tactility, and versatility, Jute brings a grounded aesthetic to modern food presentation.\n•Premium Melamine Construction: Offers the look of porcelain with superior durability and resistance to breakage\n•Designed for High-Traffic Use: Built to withstand the demands of contract catering and buffet service environments\n•Woven Inspired Finish: The subtle, textured surfaces echo natural fibres, adding depth and authenticity to your display\n•Matt Finish: Modern, refined aesthetic that enhances food presentation\n•Elegant Yet Practical: Enhances food presentation while maintaining the efficiency required for large-scale service\n•Chip and Stain Resistant: Maintains a pristine appearance even with frequent use, reducing replacement costs\n•Dishwasher Safe: Designed for effortless cleaning, ensuring hygiene and quick turnaround between services","Each","5020403780137","35","35","7.5","0.00919",{"v":1.07,"d":"1.070"},"05020403780144",3,"36","36","14.8","0.01918","3.21",3.887,"05020403780151",12,"74","38","33.5","0.09420","12.84",{"v":15.55,"d":"15.550"},null,144,"https://files.plytix.com/api/v1.1/file/public_files/pim/assets/8a/8d/8f/62/628f8d8abb3a1aaaf0e8f149/images/a9/37/82/68/688237a9a81af439e7f6c5a0/TH_JT350945.jpg","https://files.plytix.com/api/v1.1/file/public_files/pim/assets/8a/8d/8f/62/628f8d8abb3a1aaaf0e8f149/images/28/2a/82/68/68822a28e49aeb157cd62622/JT350945_A.jpg|https://files.plytix.com/api/v1.1/file/public_files/pim/assets/8a/8d/8f/62/628f8d8abb3a1aaaf0e8f149/images/29/2a/82/68/68822a29e49aeb157cd62623/JT350945_B.jpg|https://files.plytix.com/api/v1.1/file/public_files/pim/assets/8a/8d/8f/62/628f8d8abb3a1aaaf0e8f149/images/2a/2a/82/68/68822a2ae49aeb157cd62628/JT350945_C.jpg|https://files.plytix.com/api/v1.1/file/public_files/pim/assets/8a/8d/8f/62/628f8d8abb3a1aaaf0e8f149/images/65/b9/8c/68/688cb9655893f53b00521483/JT350945.jpg",null,"https://www.nevilleuk.com/products/JT350945_",null,"JT350902|JT350967"]
["JT280945","GenWare Melamine White Jute Buffet Bowl 28 x 7.5cm","28 x 7.5cm (Dia x H) - 2.6L/91.5oz",31.66,1,"Buffet & Display>Jute",null,"Yes",null,280,280,75,{"v":0.75,"d":"0.750"},{"v":0.75,"d":"0.750"},{"v":260,"d":"260.00"},"91.5","Melamine Resin","3924100011","China",-20,70,"Yes","N/A","No","N/A",{"$nulls":6},"\n•Premium Melamine\n•Designed for High-Traffic Use\n•Woven Inspired Finish\n•Elegant Yet Practical\n•Lightweight and Easy To Handle\n•Chip and Stain Resistant\n•Dishwasher Safe","Celebrate natural textures and understated elegance with the Jute collection, a beautifully curated range of melamine buffetware inspired by organic simplicity. Designed with a focus on warmth, tactility, and versatility, Jute brings a grounded aesthetic to modern food presentation.\n•Premium Melamine Construction: Offers the look of porcelain with superior durability and resistance to breakage\n•Designed for High-Traffic Use: Built to withstand the demands of contract catering and buffet service environments\n•Woven Inspired Finish: The subtle, textured surfaces echo natural fibres, adding depth and authenticity to your display\n•Matt Finish: Modern, refined aesthetic that enhances food presentation\n•Elegant Yet Practical: Enhances food presentation while maintaining the efficiency required for large-scale service\n•Chip and Stain Resistant: Maintains a pristine appearance even with frequent use, reducing replacement costs\n•Dishwasher Safe: Designed for effortless cleaning, ensuring hygiene and quick turnaround between services","Each","5020403780106","28","28","7.5","0.00588",{"v":0.75,"d":"0.750"},"05020403780113",4,"29","29","19","0.01598","3",3.624,"05020403780120",16,"60","60","20","0.07200","12",{"v":14.5,"d":"14.500"},null,192,"https://files.plytix.com/api/v1.1/file/public_files/pim/assets/8a/8d/8f/62/628f8d8abb3a1aaaf0e8f149/images/a9/37/82/68/688237a9e49aeb157cd62a83/TH_JT280945.jpg","https://files.plytix.com/api/v1.1/file/public_files/pim/assets/8a/8d/8f/62/628f8d8abb3a1aaaf0e8f149/images/22/2a/82/68/68822a220d779e27ece5dd05/JT280945_A.jpg|https://files.plytix.com/api/v1.1/file/public_files/pim/assets/8a/8d/8f/62/628f8d8abb3a1aaaf0e8f149/images/22/2a/82/68/68822a220d779e27ece5dd06/JT280945_B.jpg|https://files.plytix.com/api/v1.1/file/public_files/pim/assets/8a/8d/8f/62/628f8d8abb3a1aaaf0e8f149/images/23/2a/82/68/68822a230d779e27ece5dd07/JT280945_C.jpg|https://files.plytix.com/api/v1.1/file/public_files/pim/assets/8a/8d/8f/62/628f8d8abb3a1aaaf0e8f149/images/6c/b9/8c/68/688cb96c5893f53b00521486/JT280945.jpg","https://files.plytix.com/api/v1.1/file/public_files/pim/assets/8a/8d/8f/62/628f8d8abb3a1aaaf0e8f149/images/58/1b/7e/68/687e1b58dd3cffb0b9ad716e/LFST0925029.jpg","https://www.nevilleuk.com/products/JT280945_",null,"JT280902|JT280967|CP280945"]
["JT200945","GenWare Melamine White Jute Buffet Bowl 20 x 7.5cm","20 x 7.5cm (Dia x H) - 1.2L/42.2oz",18.86,1,"Buffet & Display>Jute",null,"Yes",null,200,200,75,{"v":0.45,"d":"0.450"},{"v":0.45,"d":"0.450"},{"v":120,"d":"120.00"},"42.2","Melamine Resin","3924100011","China",-20,70,"Yes","N/A","No","N/A",{"$nulls":6},"\n•Premium Melamine\n•Designed for High-Traffic Use\n•Woven Inspired Finish\n•Elegant Yet Practical\n•Lightweight and Easy To Handle\n•Chip and Stain Resistant\n•Dishwasher Safe","Celebrate natural textures and understated elegance with the Jute collection, a beautifully curated range of melamine buffetware inspired by organic simplicity. Designed with a focus on warmth, tactility, and versatility, Jute brings a grounded aesthetic to modern food presentation.\n•Premium Melamine Construction: Offers the look of porcelain with superior durability and resistance to breakage\n•Designed for High-Traffic Use: Built to withstand the demands of contract catering and buffet service environments\n•Woven Inspired Finish: The subtle, textured surfaces echo natural fibres, adding depth and authenticity to your display\n•Matt Finish: Modern, refined aesthetic that enhances food presentation\n•Elegant Yet Practical: Enhances food presentation while maintaining the efficiency required for large-scale service\n•Chip and Stain Resistant: Maintains a pristine appearance even with frequent use, reducing replacement costs\n•Dishwasher Safe: Designed for effortless cleaning, ensuring hygiene and quick turnaround between services","Each","5020403780076","20","20","7.5","0.00300",{"v":0.45,"d":"0.450"},"05020403780083",6,"21","21","25.5","0.01125","2.7",3.135,"05020403780090",24,"44","44","27.5","0.05324","10.8",{"v":12.54,"d":"12.540"},null,240,"https://files.plytix.com/api/v1.1/file/public_files/pim/assets/8a/8d/8f/62/628f8d8abb3a1aaaf0e8f149/images/a8/37/82/68/688237a8a81af439e7f6c59a/TH_JT200945.jpg","https://files.plytix.com/api/v1.1/file/public_files/pim/assets/8a/8d/8f/62/628f8d8abb3a1aaaf0e8f149/images/0a/2a/82/68/68822a0ae49aeb157cd62617/JT200945_A.jpg|https://files.plytix.com/api/v1.1/file/public_files/pim/assets/8a/8d/8f/62/628f8d8abb3a1aaaf0e8f149/images/0b/2a/82/68/68822a0b9544f7f72c09f8bb/JT200945_B.jpg|https://files.plytix.com/api/v1.1/file/public_files/pim/assets/8a/8d/8f/62/628f8d8abb3a1aaaf0e8f149/images/0b/2a/82/68/68822a0b0d779e27ece5dd02/JT200945_C.jpg|https://files.plytix.com/api/v1.1/file/public_files/pim/assets/8a/8d/8f/62/628f8d8abb3a1aaaf0e8f149/images/44/b9/8c/68/688cb9447fa8a5dfe961706f/JT200945.jpg",null,"https://www.nevilleuk.com/products/JT200945_",null,"JT200902|JT200967|CP200945"]
["JT150945","GenWare Melamine White Jute Buffet Bowl 15.5 x 7.5cm","15.5 x 7.5cm (Dia x H) - 65cl/22.9oz",12.94,1,"Buffet & Display>Jute",null,"Yes",null,155,155,75,0.305,0.305,{"v":65,"d":"65.00"},"22.9","Melamine Resin","3924100011","China",-20,70,"Yes","N/A","No","N/A",{"$nulls":6},"\n•Premium Melamine\n•Designed for High-Traffic Use\n•Woven Inspired Finish\n•Elegant Yet Practical\n•Lightweight and Easy To Handle\n•Chip and Stain Resistant\n•Dishwasher Safe","Celebrate natural textures and understated elegance with the Jute collection, a beautifully curated range of melamine buffetware inspired by organic simplicity. Designed with a focus on warmth, tactility, and versatility, Jute brings a grounded aesthetic to modern food presentation.\n•Premium Melamine Construction: Offers the look of porcelain with superior durability and resistance to breakage\n•Designed for High-Traffic Use: Built to withstand the demands of contract catering and buffet service environments\n•Woven Inspired Finish: The subtle, textured surfaces echo natural fibres, adding depth and authenticity to your display\n•Matt Finish: Modern, refined aesthetic that enhances food presentation\n•Elegant Yet Practical: Enhances food presentation while maintaining the efficiency required for large-scale service\n•Chip and Stain Resistant: Maintains a pristine appearance even with frequent use, reducing replacement costs\n•Dishwasher Safe: Designed for effortless cleaning, ensuring hygiene and quick turnaround between services","Each","5020403780045","15.5","15.5","7.5","0.00180",0.305,"05020403780052",6,"16.5","16.5","25","0.00681","1.83",2.953,"05020403780069",36,"53.5","35","27","0.05056","10.98",{"v":12.72,"d":"12.720"},null,720,"https://files.plytix.com/api/v1.1/file/public_files/pim/assets/8a/8d/8f/62/628f8d8abb3a1aaaf0e8f149/images/a8/37/82/68/688237a8e49aeb157cd62a80/TH_JT150945.jpg","https://files.plytix.com/api/v1.1/file/public_files/pim/assets/8a/8d/8f/62/628f8d8abb3a1aaaf0e8f149/images/04/2a/82/68/68822a0484708e1f953fa13e/JT150945_A.jpg|https://files.plytix.com/api/v1.1/file/public_files/pim/assets/8a/8d/8f/62/628f8d8abb3a1aaaf0e8f149/images/04/2a/82/68/68822a04a81af439e7f6c063/JT150945_B.jpg|https://files.plytix.com/api/v1.1/file/public_files/pim/assets/8a/8d/8f/62/628f8d8abb3a1aaaf0e8f149/images/05/2a/82/68/68822a050d779e27ece5dcff/JT150945_C.jpg|https://files.plytix.com/api/v1.1/file/public_files/pim/assets/8a/8d/8f/62/628f8d8abb3a1aaaf0e8f149/images/41/b9/8c/68/688cb941d5ef509639b46bf9/JT150945.jpg","https://files.plytix.com/api/v1.1/file/public_files/pim/assets/8a/8d/8f/62/628f8d8abb3a1aaaf0e8f149/images/ed/1a/7e/68/687e1aeddd3cffb0b9ad7161/LFST0925013.jpg|https://files.plytix.com/api/v1.1/file/public_files/pim/assets/8a/8d/8f/62/628f8d8abb3a1aaaf0e8f149/images/f9/1a/7e/68/687e1af9777134bb2593905a/LFST0925015.jpg|https://files.plytix.com/api/v1.1/file/public_files/pim/assets/8a/8d/8f/62/628f8d8abb3a1aaaf0e8f149/images/d8/23/7e/68/687e23d8777134bb259391f6/LFST0925004.jpg","https://www.nevilleuk.com/products/JT150945_",null,"JT150902|JT150967|CP150945"]
["JT201102","GenWare Melamine Black Jute Square Buffet Bowl 20cm","20 x 9cm (W x H) - 2.4L/ 84.5oz",{"v":24.5,"d":"24.50"},1,"Buffet & Display>Jute",null,"Yes",null,200,200,90,{"v":0.55,"d":"0.550"},{"v":0.55,"d":"0.550"},{"v":240,"d":"240.00"},"84.5","Melamine Resin","3924100011","China",-20,70,"Yes","N/A","No","N/A",{"$nulls":6},"\n•Premium Melamine\n•Designed for High-Traffic Use\n•Woven Inspired Finish\n•Elegant Yet Practical\n•Lightweight and Easy To Handle\n•Chip and Stain Resistant\n•Dishwasher Safe","Celebrate natural textures and understated elegance with the Jute collection, a beautifully curated range of melamine buffetware inspired by organic simplicity. Designed with a focus on warmth, tactility, and versatility, Jute brings a grounded aesthetic to modern food presentation.\n•Premium Melamine Construction: Offers the look of porcelain with superior durability and resistance to breakage\n•Designed for High-Traffic Use: Built to withstand the demands of contract catering and buffet service environments\n•Woven Inspired Finish: The subtle, textured surfaces echo natural fibres, adding depth and authenticity to your display\n•Matt Finish: Modern, refined aesthetic that enhances food presentation\n•Elegant Yet Practical: Enhances food presentation while maintaining the efficiency required for large-scale service\n•Chip and Stain Resistant: Maintains a pristine appearance even with frequent use, reducing replacement costs\n•Dishwasher Safe: Designed for effortless cleaning, ensuring hygiene and quick turnaround between services","Each","5020403780014","20","20","9","0.00360",{"v":0.55,"d":"0.550"},"05020403780021",6,"21","21","27.5","0.01213","3.3",3.767,"05020403780038",24,"44","44","29.5","0.05711","13.2",{"v":15.07,"d":"15.070"},null,192,"https://files.plytix.com/api/v1.1/file/public_files/pim/assets/8a/8d/8f/62/628f8d8abb3a1aaaf0e8f149/images/a8/37/82/68/688237a8e49aeb157cd62a81/TH_JT201102.jpg","https://files.plytix.com/api/v1.1/file/public_files/pim/assets/8a/8d/8f/62/628f8d8abb3a1aaaf0e8f149/images/0e/2a/82/68/68822a0e9544f7f72c09f8bd/JT201102_A.jpg|https://files.plytix.com/api/v1.1/file/public_files/pim/assets/8a/8d/8f/62/628f8d8abb3a1aaaf0e8f149/images/0f/2a/82/68/68822a0f84708e1f953fa141/JT201102_B.jpg|https://files.plytix.com/api/v1.1/file/public_files/pim/assets/8a/8d/8f/62/628f8d8abb3a1aaaf0e8f149/images/10/2a/82/68/68822a1084708e1f953fa142/JT201102_C.jpg|https://files.plytix.com/api/v1.1/file/public_files/pim/assets/8a/8d/8f/62/628f8d8abb3a1aaaf0e8f149/images/3f/b9/8c/68/688cb93ff893fc39de49aa51/JT201102.jpg",null,"https://www.nevilleuk.com/products/JT201102_",null,"JT201167|JT201145"]
["JT251102","GenWare Melamine Black Jute Square Buffet Bowl 25cm","25 x 10cm (W x H) - 4.3L/ 151.3oz",{"v":36.7,"d":"36.70"},1,"Buffet & Display>Jute",null,"Yes",null,250,250,100,{"v":0.85,"d":"0.850"},{"v":0.85,"d":"0.850"},{"v":430,"d":"430.00"},"151.3","Melamine Resin","3924100011","China",-20,70,"Yes","N/A","No","N/A",{"$nulls":6},"\n•Premium Melamine\n•Designed for High-Traffic Use\n•Woven Inspired Finish\n•Elegant Yet Practical\n•Lightweight and Easy To Handle\n•Chip and Stain Resistant\n•Dishwasher Safe","Celebrate natural textures and understated elegance with the Jute collection, a beautifully curated range of melamine buffetware inspired by organic simplicity. Designed with a focus on warmth, tactility, and versatility, Jute brings a grounded aesthetic to modern food presentation.\n•Premium Melamine Construction: Offers the look of porcelain with superior durability and resistance to breakage\n•Designed for High-Traffic Use: Built to withstand the demands of contract catering and buffet service environments\n•Woven Inspired Finish: The subtle, textured surfaces echo natural fibres, adding depth and authenticity to your display\n•Matt Finish: Modern, refined aesthetic that enhances food presentation\n•Elegant Yet Practical: Enhances food presentation while maintaining the efficiency required for large-scale service\n•Chip and Stain Resistant: Maintains a pristine appearance even with frequent use, reducing replacement costs\n•Dishwasher Safe: Designed for effortless cleaning, ensuring hygiene and quick turnaround between services","Each","5020403109983","25","25","10","0.00625",{"v":0.85,"d":"0.850"},"05020403109990",3,"26","26","19.5","0.01318","2.55",3.082,"05020403780007",12,"54","54","21.5","0.06269","10.2",{"v":12.33,"d":"12.330"},null,144,"https://files.plytix.com/api/v1.1/file/public_files/pim/assets/8a/8d/8f/62/628f8d8abb3a1aaaf0e8f149/images/a9/37/82/68/688237a9a81af439e7f6c59d/TH_JT251102.jpg","https://files.plytix.com/api/v1.1/file/public_files/pim/assets/8a/8d/8f/62/628f8d8abb3a1aaaf0e8f149/images/19/2a/82/68/68822a19e49aeb157cd62618/JT251102_A.jpg|https://files.plytix.com/api/v1.1/file/public_files/pim/assets/8a/8d/8f/62/628f8d8abb3a1aaaf0e8f149/images/1a/2a/82/68/68822a1aa81af439e7f6c066/JT251102_B.jpg|https://files.plytix.com/api/v1.1/file/public_files/pim/assets/8a/8d/8f/62/628f8d8abb3a1aaaf0e8f149/images/1b/2a/82/68/68822a1ba81af439e7f6c067/JT251102_C.jpg|https://files.plytix.com/api/v1.1/file/public_files/pim/assets/8a/8d/8f/62/628f8d8abb3a1aaaf0e8f149/images/68/b9/8c/68/688cb9685893f53b00521484/JT251102.jpg","https://files.plytix.com/api/v1.1/file/public_files/pim/assets/8a/8d/8f/62/628f8d8abb3a1aaaf0e8f149/images/99/1b/7e/68/687e1b992a03861c91eda493/LFST0925038.jpg|https://files.plytix.com/api/v1.1/file/public_files/pim/assets/8a/8d/8f/62/628f8d8abb3a1aaaf0e8f149/images/69/1b/7e/68/687e1b692a03861c91eda48d/LFST0925031.jpg","https://www.nevilleuk.com/products/JT251102_",null,"JT251167|JT251145"]
["JT552567","GenWare Melamine Green Jute Oval Dish 55 x 27.5 x 3.5cm","55 x 27.5 x 3.5cm (L x W x H)",44.36,1,"Buffet & Display>Jute",null,"Yes",null,550,275,35,1.025,1.025,null,null,"Melamine Resin","3924100011","China",-20,70,"Yes","N/A","No","N/A",{"$nulls":6},"\n•Premium Melamine\n•Designed for High-Traffic Use\n•Woven Inspired Finish\n•Elegant Yet Practical\n•Lightweight and Easy To Handle\n•Chip and Stain Resistant\n•Dishwasher Safe","Celebrate natural textures and understated elegance with the Jute collection, a beautifully curated range of melamine buffetware inspired by organic simplicity. Designed with a focus on warmth, tactility, and versatility, Jute brings a grounded aesthetic to modern food presentation.\n•Premium Melamine Construction: Offers the look of porcelain with superior durability and resistance to breakage\n•Designed for High-Traffic Use: Built to withstand the demands of contract catering and buffet service environments\n•Woven Inspired Finish: The subtle, textured surfaces echo natural fibres, adding depth and authenticity to your display\n•Matt Finish: Modern, refined aesthetic that enhances food presentation\n•Elegant Yet Practical: Enhances food presentation while maintaining the efficiency required for large-scale service\n•Chip and Stain Resistant: Maintains a pristine appearance even with frequent use, reducing replacement costs\n•Dishwasher Safe: Designed for effortless cleaning, ensuring hygiene and quick turnaround between services","Each","5020403780700","55","27.5","3.5","0.00529",1.025,"05020403780717",3,"56","28.5","9","0.01436","3.075",3.732,"05020403780724",12,"59","58","36","0.12319","12.3",{"v":14.93,"d":"14.930"},null,144,"https://files.plytix.com/api/v1.1/file/public_files/pim/assets/8a/8d/8f/62/628f8d8abb3a1aaaf0e8f149/images/ac/37/82/68/688237aca81af439e7f6c5a6/TH_JT552567.jpg","https://files.plytix.com/api/v1.1/file/public_files/pim/assets/8a/8d/8f/62/628f8d8abb3a1aaaf0e8f149/images/4d/2a/82/68/68822a4de49aeb157cd6262e/JT552567_A.jpg|https://files.plytix.com/api/v1.1/file/public_files/pim/assets/8a/8d/8f/62/628f8d8abb3a1aaaf0e8f149/images/4d/2a/82/68/68822a4d84708e1f953fa15c/JT552567_B.jpg|https://files.plytix.com/api/v1.1/file/public_files/pim/assets/8a/8d/8f/62/628f8d8abb3a1aaaf0e8f149/images/4e/2a/82/68/68822a4ea81af439e7f6c078/JT552567_C.jpg|https://files.plytix.com/api/v1.1/file/public_files/pim/assets/8a/8d/8f/62/628f8d8abb3a1aaaf0e8f149/images/a1/b9/8c/68/688cb9a1dbab51124ff18fbf/JT552567.jpg","https://files.plytix.com/api/v1.1/file/public_files/pim/assets/8a/8d/8f/62/628f8d8abb3a1aaaf0e8f149/images/76/1b/7e/68/687e1b765ff968b9dfce9996/LFST0925033.jpg|https://files.plytix.com/api/v1.1/file/public_files/pim/assets/8a/8d/8f/62/628f8d8abb3a1aaaf0e8f149/images/f6/1b/7e/68/687e1bf6dd3cffb0b9ad7180/LFST0925052.jpg|https://files.plytix.com/api/v1.1/file/public_files/pim/assets/8a/8d/8f/62/628f8d8abb3a1aaaf0e8f149/images/69/1b/7e/68/687e1b692a03861c91eda48d/LFST0925031.jpg","https://www.nevilleuk.com/products/JT552567_",null,"JT552502|JT552545|CP552547"]
["JT472567","GenWare Melamine Green Jute Oval Dish 47.5 x 23.8 x 3.5cm","47.5 x 23.8 x 3.5cm (L x W x H)",33.78,1,"Buffet & Display>Jute",null,"Yes",null,475,238,35,0.815,0.815,null,null,"Melamine Resin","3924100011","China",-20,70,"Yes","N/A","No","N/A",{"$nulls":6},"\n•Premium Melamine\n•Designed for High-Traffic Use\n•Woven Inspired Finish\n•Elegant Yet Practical\n•Lightweight and Easy To Handle\n•Chip and Stain Resistant\n•Dishwasher Safe","Celebrate natural textures and understated elegance with the Jute collection, a beautifully curated range of melamine buffetware inspired by organic simplicity. Designed with a focus on warmth, tactility, and versatility, Jute brings a grounded aesthetic to modern food presentation.\n•Premium Melamine Construction: Offers the look of porcelain with superior durability and resistance to breakage\n•Designed for High-Traffic Use: Built to withstand the demands of contract catering and buffet service environments\n•Woven Inspired Finish: The subtle, textured surfaces echo natural fibres, adding depth and authenticity to your display\n•Matt Finish: Modern, refined aesthetic that enhances food presentation\n•Elegant Yet Practical: Enhances food presentation while maintaining the efficiency required for large-scale service\n•Chip and Stain Resistant: Maintains a pristine appearance even with frequent use, reducing replacement costs\n•Dishwasher Safe: Designed for effortless cleaning, ensuring hygiene and quick turnaround between services","Each","5020403780670","47.5","23.8","3.5","0.00396",0.815,"05020403780687",4,"48.5","25","12","0.01455","3.26",{"v":3.83,"d":"3.830"},"05020403780694",16,"52","50.2","28","0.07309","13.04",{"v":15.32,"d":"15.320"},null,160,"https://files.plytix.com/api/v1.1/file/public_files/pim/assets/8a/8d/8f/62/628f8d8abb3a1aaaf0e8f149/images/aa/37/82/68/688237aaa81af439e7f6c5a2/TH_JT472567.jpg","https://files.plytix.com/api/v1.1/file/public_files/pim/assets/8a/8d/8f/62/628f8d8abb3a1aaaf0e8f149/images/3a/2a/82/68/68822a3aa81af439e7f6c075/JT472567_A.jpg|https://files.plytix.com/api/v1.1/file/public_files/pim/assets/8a/8d/8f/62/628f8d8abb3a1aaaf0e8f149/images/3b/2a/82/68/68822a3b0d779e27ece5dd09/JT472567_B.jpg|https://files.plytix.com/api/v1.1/file/public_files/pim/assets/8a/8d/8f/62/628f8d8abb3a1aaaf0e8f149/images/3c/2a/82/68/68822a3c84708e1f953fa153/JT472567_C.jpg|https://files.plytix.com/api/v1.1/file/public_files/pim/assets/8a/8d/8f/62/628f8d8abb3a1aaaf0e8f149/images/81/b9/8c/68/688cb981f893fc39de49aa58/JT472567.jpg",null,"https://www.nevilleuk.com/products/JT472567_",null,"JT472502|JT472545|CP472547"]
["JT420967","GenWare Melamine Green Jute Buffet Bowl 42 x 6cm","42 x 6cm (Dia x H) - 6L/ 211.2oz",55.92,1,"Buffet & Display>Jute",null,"Yes",null,420,420,60,{"v":1.34,"d":"1.340"},{"v":1.34,"d":"1.340"},{"v":600,"d":"600.00"},"211.2","Melamine Resin","3924100011","China",-20,70,"Yes","N/A","No","N/A",{"$nulls":6},"\n•Premium Melamine\n•Designed for High-Traffic Use\n•Woven Inspired Finish\n•Elegant Yet Practical\n•Lightweight and Easy To Handle\n•Chip and Stain Resistant\n•Dishwasher Safe","Celebrate natural textures and understated elegance with the Jute collection, a beautifully curated range of melamine buffetware inspired by organic simplicity. Designed with a focus on warmth, tactility, and versatility, Jute brings a grounded aesthetic to modern food presentation.\n•Premium Melamine Construction: Offers the look of porcelain with superior durability and resistance to breakage\n•Designed for High-Traffic Use: Built to withstand the demands of contract catering and buffet service environments\n•Woven Inspired Finish: The subtle, textured surfaces echo natural fibres, adding depth and authenticity to your display\n•Matt Finish: Modern, refined aesthetic that enhances food presentation\n•Elegant Yet Practical: Enhances food presentation while maintaining the efficiency required for large-scale service\n•Chip and Stain Resistant: Maintains a pristine appearance even with frequent use, reducing replacement costs\n•Dishwasher Safe: Designed for effortless cleaning, ensuring hygiene and quick turnaround between services","Each","5020403780649","42","42","6","0.01058",{"v":1.34,"d":"1.340"},"05020403780656",3,"43","43","11.7","0.02163","4.02",4.836,"05020403780663",12,"45","45","53","0.10733","16.08",{"v":19.35,"d":"19.350"},null,48,"https://files.plytix.com/api/v1.1/file/public_files/pim/assets/8a/8d/8f/62/628f8d8abb3a1aaaf0e8f149/images/aa/37/82/68/688237aaa81af439e7f6c5a1/TH_JT420967.jpg","https://files.plytix.com/api/v1.1/file/public_files/pim/assets/8a/8d/8f/62/628f8d8abb3a1aaaf0e8f149/images/34/2a/82/68/68822a3484708e1f953fa14e/JT420967_A.jpg|https://files.plytix.com/api/v1.1/file/public_files/pim/assets/8a/8d/8f/62/628f8d8abb3a1aaaf0e8f149/images/35/2a/82/68/68822a35a81af439e7f6c071/JT420967_B.jpg|https://files.plytix.com/api/v1.1/file/public_files/pim/assets/8a/8d/8f/62/628f8d8abb3a1aaaf0e8f149/images/36/2a/82/68/68822a3684708e1f953fa14f/JT420967_C.jpg|https://files.plytix.com/api/v1.1/file/public_files/pim/assets/8a/8d/8f/62/628f8d8abb3a1aaaf0e8f149/images/87/b9/8c/68/688cb9877fa8a5dfe9617074/JT420967.jpg",null,"https://www.nevilleuk.com/products/JT420967_",null,"JT420902|JT420945"]
["JT350967","GenWare Melamine Green Jute Buffet Bowl 35 x 7.5cm","35 x 7.5cm (Dia x H) - 5.3L/ 186.5oz",44.66,1,"Buffet & Display>Jute",null,"Yes",null,350,350,75,{"v":1.07,"d":"1.070"},{"v":1.07,"d":"1.070"},{"v":530,"d":"530.00"},"186.5","Melamine Resin","3924100011","China",-20,70,"Yes","N/A","No","N/A",{"$nulls":6},"\n•Premium Melamine\n•Designed for High-Traffic Use\n•Woven Inspired Finish\n•Elegant Yet Practical\n•Lightweight and Easy To Handle\n•Chip and Stain Resistant\n•Dishwasher Safe","Celebrate natural textures and understated elegance with the Jute collection, a beautifully curated range of melamine buffetware inspired by organic simplicity. Designed with a focus on warmth, tactility, and versatility, Jute brings a grounded aesthetic to modern food presentation.\n•Premium Melamine Construction: Offers the look of porcelain with superior durability and resistance to breakage\n•Designed for High-Traffic Use: Built to withstand the demands of contract catering and buffet service environments\n•Woven Inspired Finish: The subtle, textured surfaces echo natural fibres, adding depth and authenticity to your display\n•Matt Finish: Modern, refined aesthetic that enhances food presentation\n•Elegant Yet Practical: Enhances food presentation while maintaining the efficiency required for large-scale service\n•Chip and Stain Resistant: Maintains a pristine appearance even with frequent use, reducing replacement costs\n•Dishwasher Safe: Designed for effortless cleaning, ensuring hygiene and quick turnaround between services","Each","5020403780618","35","35","7.5","0.00919",{"v":1.07,"d":"1.070"},"05020403780625",3,"36","36","14.8","0.01918","3.21",3.887,"05020403780632",12,"74","38","33.5","0.09420","12.84",{"v":15.55,"d":"15.550"},null,144,"https://files.plytix.com/api/v1.1/file/public_files/pim/assets/8a/8d/8f/62/628f8d8abb3a1aaaf0e8f149/images/aa/37/82/68/688237aa0d779e27ece5e1d0/TH_JT350967.jpg","https://files.plytix.com/api/v1.1/file/public_files/pim/assets/8a/8d/8f/62/628f8d8abb3a1aaaf0e8f149/images/2b/2a/82/68/68822a2ba81af439e7f6c06f/JT350967_A.jpg|https://files.plytix.com/api/v1.1/file/public_files/pim/assets/8a/8d/8f/62/628f8d8abb3a1aaaf0e8f149/images/2c/2a/82/68/68822a2c03c05567ef5f9f1e/JT350967_B.jpg|https://files.plytix.com/api/v1.1/file/public_files/pim/assets/8a/8d/8f/62/628f8d8abb3a1aaaf0e8f149/images/2d/2a/82/68/68822a2da81af439e7f6c070/JT350967_C.jpg|https://files.plytix.com/api/v1.1/file/public_files/pim/assets/8a/8d/8f/62/628f8d8abb3a1aaaf0e8f149/images/83/b9/8c/68/688cb9837fa8a5dfe9617071/JT350967.jpg",null,"https://www.nevilleuk.com/products/JT350967_",null,"JT350902|JT350945"]
["JT280967","GenWare Melamine Green Jute Buffet Bowl 28 x 7.5cm","28 x 7.5cm (Dia x H) - 2.6L/91.5oz",31.66,1,"Buffet & Display>Jute",null,"Yes",null,280,280,75,{"v":0.75,"d":"0.750"},{"v":0.75,"d":"0.750"},{"v":260,"d":"260.00"},"91.5","Melamine Resin","3924100011","China",-20,70,"Yes","N/A","No","N/A",{"$nulls":6},"\n•Premium Melamine\n•Designed for High-Traffic Use\n•Woven Inspired Finish\n•Elegant Yet Practical\n•Lightweight and Easy To Handle\n•Chip and Stain Resistant\n•Dishwasher Safe","Celebrate natural textures and understated elegance with the Jute collection, a beautifully curated range of melamine buffetware inspired by organic simplicity. Designed with a focus on warmth, tactility, and versatility, Jute brings a grounded aesthetic to modern food presentation.\n•Premium Melamine Construction: Offers the look of porcelain with superior durability and resistance to breakage\n•Designed for High-Traffic Use: Built to withstand the demands of contract catering and buffet service environments\n•Woven Inspired Finish: The subtle, textured surfaces echo natural fibres, adding depth and authenticity to your display\n•Matt Finish: Modern, refined aesthetic that enhances food presentation\n•Elegant Yet Practical: Enhances food presentation while maintaining the efficiency required for large-scale service\n•Chip and Stain Resistant: Maintains a pristine appearance even with frequent use, reducing replacement costs\n•Dishwasher Safe: Designed for effortless cleaning, ensuring hygiene and quick turnaround between services","Each","5020403780588","28","28","7.5","0.00588",{"v":0.75,"d":"0.750"},"05020403780595",4,"29","29","19","0.01598","3",3.625,"05020403780601",16,"60","60","21","0.07560","12",{"v":14.5,"d":"14.500"},null,192,"https://files.plytix.com/api/v1.1/file/public_files/pim/assets/8a/8d/8f/62/628f8d8abb3a1aaaf0e8f149/images/a9/37/82/68/688237a9a81af439e7f6c59e/TH_JT280967.jpg","https://files.plytix.com/api/v1.1/file/public_files/pim/assets/8a/8d/8f/62/628f8d8abb3a1aaaf0e8f149/images/24/2a/82/68/68822a2484708e1f953fa146/JT280967_A.jpg|https://files.plytix.com/api/v1.1/file/public_files/pim/assets/8a/8d/8f/62/628f8d8abb3a1aaaf0e8f149/images/24/2a/82/68/68822a24e49aeb157cd62621/JT280967_B.jpg|https://files.plytix.com/api/v1.1/file/public_files/pim/assets/8a/8d/8f/62/628f8d8abb3a1aaaf0e8f149/images/25/2a/82/68/68822a25a81af439e7f6c06a/JT280967_C.jpg|https://files.plytix.com/api/v1.1/file/public_files/pim/assets/8a/8d/8f/62/628f8d8abb3a1aaaf0e8f149/images/6d/b9/8c/68/688cb96dd5ef509639b46bfd/JT280967.jpg","https://files.plytix.com/api/v1.1/file/public_files/pim/assets/8a/8d/8f/62/628f8d8abb3a1aaaf0e8f149/images/4a/1b/7e/68/687e1b4a2a03861c91eda48b/LFST0925027.jpg|https://files.plytix.com/api/v1.1/file/public_files/pim/assets/8a/8d/8f/62/628f8d8abb3a1aaaf0e8f149/images/58/1b/7e/68/687e1b58dd3cffb0b9ad716e/LFST0925029.jpg|https://files.plytix.com/api/v1.1/file/public_files/pim/assets/8a/8d/8f/62/628f8d8abb3a1aaaf0e8f149/images/d8/23/7e/68/687e23d8777134bb259391f6/LFST0925004.jpg","https://www.nevilleuk.com/products/JT280967_",null,"JT280902|JT280945|CP280947"]
["JT200967","GenWare Melamine Green Jute Buffet Bowl 20 x 7.5cm","20 x 7.5cm (Dia x H) - 1.2L/42.2oz",18.86,1,"Buffet & Display>Jute",null,"Yes",null,200,200,75,{"v":0.45,"d":"0.450"},{"v":0.45,"d":"0.450"},{"v":120,"d":"120.00"},"42.2","Melamine Resin","3924100011","China",-20,70,"Yes","N/A","No","N/A",{"$nulls":6},"\n•Premium Melamine\n•Designed for High-Traffic Use\n•Woven Inspired Finish\n•Elegant Yet Practical\n•Lightweight and Easy To Handle\n•Chip and Stain Resistant\n•Dishwasher Safe","Celebrate natural textures and understated elegance with the Jute collection, a beautifully curated range of melamine buffetware inspired by organic simplicity. Designed with a focus on warmth, tactility, and versatility, Jute brings a grounded aesthetic to modern food presentation.\n•Premium Melamine Construction: Offers the look of porcelain with superior durability and resistance to breakage\n•Designed for High-Traffic Use: Built to withstand the demands of contract catering and buffet service environments\n•Woven Inspired Finish: The subtle, textured surfaces echo natural fibres, adding depth and authenticity to your display\n•Matt Finish: Modern, refined aesthetic that enhances food presentation\n•Elegant Yet Practical: Enhances food presentation while maintaining the efficiency required for large-scale service\n•Chip and Stain Resistant: Maintains a pristine appearance even with frequent use, reducing replacement costs\n•Dishwasher Safe: Designed for effortless cleaning, ensuring hygiene and quick turnaround between services","Each","5020403780557","20","20","7.5","0.00300",{"v":0.45,"d":"0.450"},"05020403780564",6,"21","21","25.5","0.01125","2.7",3.132,"05020403780571",24,"44","44","26.5","0.05130","10.8",{"v":12.54,"d":"12.540"},null,240,"https://files.plytix.com/api/v1.1/file/public_files/pim/assets/8a/8d/8f/62/628f8d8abb3a1aaaf0e8f149/images/a8/37/82/68/688237a884708e1f953fa59b/TH_JT200967.jpg","https://files.plytix.com/api/v1.1/file/public_files/pim/assets/8a/8d/8f/62/628f8d8abb3a1aaaf0e8f149/images/0c/2a/82/68/68822a0c0d779e27ece5dd03/JT200967_A.jpg|https://files.plytix.com/api/v1.1/file/public_files/pim/assets/8a/8d/8f/62/628f8d8abb3a1aaaf0e8f149/images/0d/2a/82/68/68822a0d9544f7f72c09f8bc/JT200967_B.jpg|https://files.plytix.com/api/v1.1/file/public_files/pim/assets/8a/8d/8f/62/628f8d8abb3a1aaaf0e8f149/images/0e/2a/82/68/68822a0ea81af439e7f6c064/JT200967_C.jpg|https://files.plytix.com/api/v1.1/file/public_files/pim/assets/8a/8d/8f/62/628f8d8abb3a1aaaf0e8f149/images/3e/b9/8c/68/688cb93e7fa8a5dfe9617068/JT200967.jpg",null,"https://www.nevilleuk.com/products/JT200967_",null,"JT200902|JT200945|CP200947"]
["JT150967","GenWare Melamine Green Jute Buffet Bowl 15.5 x 7.5cm","15.5 x 7.5cm (Dia x H) - 65cl/22.9oz",12.94,1,"Buffet & Display>Jute",null,"Yes",null,155,155,75,0.305,0.305,{"v":65,"d":"65.00"},"22.9","Melamine Resin","3924100011","China",-20,70,"Yes","N/A","No","N/A",{"$nulls":6},"\n•Premium Melamine\n•Designed for High-Traffic Use\n•Woven Inspired Finish\n•Elegant Yet Practical\n•Lightweight and Easy To Handle\n•Chip and Stain Resistant\n•Dishwasher Safe","Celebrate natural textures and understated elegance with the Jute collection, a beautifully curated range of melamine buffetware inspired by organic simplicity. Designed with a focus on warmth, tactility, and versatility, Jute brings a grounded aesthetic to modern food presentation.\n•Premium Melamine Construction: Offers the look of porcelain with superior durability and resistance to breakage\n•Designed for High-Traffic Use: Built to withstand the demands of contract catering and buffet service environments\n•Woven Inspired Finish: The subtle, textured surfaces echo natural fibres, adding depth and authenticity to your display\n•Matt Finish: Modern, refined aesthetic that enhances food presentation\n•Elegant Yet Practical: Enhances food presentation while maintaining the efficiency required for large-scale service\n•Chip and Stain Resistant: Maintains a pristine appearance even with frequent use, reducing replacement costs\n•Dishwasher Safe: Designed for effortless cleaning, ensuring hygiene and quick turnaround between services","Each","5020403780526","15.5","15.5","7.5","0.00180",0.305,"05020403780533",6,"16.5","16.5","25","0.00681","1.83",{"v":2.12,"d":"2.120"},"05020403780540",36,"53.5","35","27","0.05056","10.98",{"v":12.72,"d":"12.720"},null,720,"https://files.plytix.com/api/v1.1/file/public_files/pim/assets/8a/8d/8f/62/628f8d8abb3a1aaaf0e8f149/images/a8/37/82/68/688237a8a81af439e7f6c599/TH_JT150967.jpg","https://files.plytix.com/api/v1.1/file/public_files/pim/assets/8a/8d/8f/62/628f8d8abb3a1aaaf0e8f149/images/06/2a/82/68/68822a069544f7f72c09f8b8/JT150967_A.jpg|https://files.plytix.com/api/v1.1/file/public_files/pim/assets/8a/8d/8f/62/628f8d8abb3a1aaaf0e8f149/images/06/2a/82/68/68822a0684708e1f953fa140/JT150967_B.jpg|https://files.plytix.com/api/v1.1/file/public_files/pim/assets/8a/8d/8f/62/628f8d8abb3a1aaaf0e8f149/images/07/2a/82/68/68822a070d779e27ece5dd00/JT150967_C.jpg|https://files.plytix.com/api/v1.1/file/public_files/pim/assets/8a/8d/8f/62/628f8d8abb3a1aaaf0e8f149/images/42/b9/8c/68/688cb9427fa8a5dfe961706d/JT150967.jpg","https://files.plytix.com/api/v1.1/file/public_files/pim/assets/8a/8d/8f/62/628f8d8abb3a1aaaf0e8f149/images/ed/1a/7e/68/687e1aeddd3cffb0b9ad7161/LFST0925013.jpg|https://files.plytix.com/api/v1.1/file/public_files/pim/assets/8a/8d/8f/62/628f8d8abb3a1aaaf0e8f149/images/f9/1a/7e/68/687e1af9777134bb2593905a/LFST0925015.jpg|https://files.plytix.com/api/v1.1/file/public_files/pim/assets/8a/8d/8f/62/628f8d8abb3a1aaaf0e8f149/images/d8/23/7e/68/687e23d8777134bb259391f6/LFST0925004.jpg","https://www.nevilleuk.com/products/JT150967_",null,"JT150902|JT150945|CP150947"]
["JT201145","GenWare Melamine White Jute Square Buffet Bowl 20cm","20 x 9cm (W x H) - 2.4L/ 84.5oz",{"v":24.5,"d":"24.50"},1,"Buffet & Display>Jute",null,"Yes",null,200,200,90,{"v":0.55,"d":"0.550"},{"v":0.55,"d":"0.550"},{"v":240,"d":"240.00"},"84.5","Melamine Resin","3924100011","China",-20,70,"Yes","N/A","No","N/A",{"$nulls":6},"\n•Premium Melamine\n•Designed for High-Traffic Use\n•Woven Inspired Finish\n•Elegant Yet Practical\n•Lightweight and Easy To Handle\n•Chip and Stain Resistant\n•Dishwasher Safe","Celebrate natural textures and understated elegance with the Jute collection, a beautifully curated range of melamine buffetware inspired by organic simplicity. Designed with a focus on warmth, tactility, and versatility, Jute brings a grounded aesthetic to modern food presentation.\n•Premium Melamine Construction: Offers the look of porcelain with superior durability and resistance to breakage\n•Designed for High-Traffic Use: Built to withstand the demands of contract catering and buffet service environments\n•Woven Inspired Finish: The subtle, textured surfaces echo natural fibres, adding depth and authenticity to your display\n•Matt Finish: Modern, refined aesthetic that enhances food presentation\n•Elegant Yet Practical: Enhances food presentation while maintaining the efficiency required for large-scale service\n•Chip and Stain Resistant: Maintains a pristine appearance even with frequent use, reducing replacement costs\n•Dishwasher Safe: Designed for effortless cleaning, ensuring hygiene and quick turnaround between services","Each","5020403780496","20","20","9","0.00360",{"v":0.55,"d":"0.550"},"05020403780502",6,"21","21","27.5","0.01213","3.3",3.767,"05020403780519",24,"44","44","29.5","0.05711","13.2",{"v":15.07,"d":"15.070"},null,192,"https://files.plytix.com/api/v1.1/file/public_files/pim/assets/8a/8d/8f/62/628f8d8abb3a1aaaf0e8f149/images/a8/37/82/68/688237a8a81af439e7f6c59b/TH_JT201145.jpg","https://files.plytix.com/api/v1.1/file/public_files/pim/assets/8a/8d/8f/62/628f8d8abb3a1aaaf0e8f149/images/11/2a/82/68/68822a11a81af439e7f6c065/JT201145_A.jpg|https://files.plytix.com/api/v1.1/file/public_files/pim/assets/8a/8d/8f/62/628f8d8abb3a1aaaf0e8f149/images/11/2a/82/68/68822a110d779e27ece5dd04/JT201145_B.jpg|https://files.plytix.com/api/v1.1/file/public_files/pim/assets/8a/8d/8f/62/628f8d8abb3a1aaaf0e8f149/images/12/2a/82/68/68822a1203c05567ef5f9f1b/JT201145_C.jpg|https://files.plytix.com/api/v1.1/file/public_files/pim/assets/8a/8d/8f/62/628f8d8abb3a1aaaf0e8f149/images/66/b9/8c/68/688cb966dbab51124ff18fb7/JT201145.jpg",null,"https://www.nevilleuk.com/products/JT201145_",null,"JT201102|JT201167"]
["JT251145","GenWare Melamine White Jute Square Buffet Bowl 25cm","25 x 10cm (W x H) - 4.3L/ 151.3oz",{"v":36.7,"d":"36.70"},1,"Buffet & Display>Jute",null,"Yes",null,250,250,100,{"v":0.85,"d":"0.850"},{"v":0.85,"d":"0.850"},{"v":430,"d":"430.00"},"151.3","Melamine Resin","3924100011","China",-20,70,"Yes","N/A","No","N/A",{"$nulls":6},"\n•Premium Melamine\n•Designed for High-Traffic Use\n•Woven Inspired Finish\n•Elegant Yet Practical\n•Lightweight and Easy To Handle\n•Chip and Stain Resistant\n•Dishwasher Safe","Celebrate natural textures and understated elegance with the Jute collection, a beautifully curated range of melamine buffetware inspired by organic simplicity. Designed with a focus on warmth, tactility, and versatility, Jute brings a grounded aesthetic to modern food presentation.\n•Premium Melamine Construction: Offers the look of porcelain with superior durability and resistance to breakage\n•Designed for High-Traffic Use: Built to withstand the demands of contract catering and buffet service environments\n•Woven Inspired Finish: The subtle, textured surfaces echo natural fibres, adding depth and authenticity to your display\n•Matt Finish: Modern, refined aesthetic that enhances food presentation\n•Elegant Yet Practical: Enhances food presentation while maintaining the efficiency required for large-scale service\n•Chip and Stain Resistant: Maintains a pristine appearance even with frequent use, reducing replacement costs\n•Dishwasher Safe: Designed for effortless cleaning, ensuring hygiene and quick turnaround between services","Each","5020403780465","25","25","10","0.00625",{"v":0.85,"d":"0.850"},"05020403780472",3,"26","26","19.5","0.01318","2.55",3.082,"05020403780489",12,"54","54","21.5","0.06269","10.2",{"v":12.33,"d":"12.330"},null,144,"https://files.plytix.com/api/v1.1/file/public_files/pim/assets/8a/8d/8f/62/628f8d8abb3a1aaaf0e8f149/images/a9/37/82/68/688237a9e49aeb157cd62a82/TH_JT251145.jpg","https://files.plytix.com/api/v1.1/file/public_files/pim/assets/8a/8d/8f/62/628f8d8abb3a1aaaf0e8f149/images/1c/2a/82/68/68822a1c84708e1f953fa144/JT251145_A.jpg|https://files.plytix.com/api/v1.1/file/public_files/pim/assets/8a/8d/8f/62/628f8d8abb3a1aaaf0e8f149/images/1d/2a/82/68/68822a1d84708e1f953fa145/JT251145_B.jpg|https://files.plytix.com/api/v1.1/file/public_files/pim/assets/8a/8d/8f/62/628f8d8abb3a1aaaf0e8f149/images/1d/2a/82/68/68822a1de49aeb157cd6261c/JT251145_C.jpg|https://files.plytix.com/api/v1.1/file/public_files/pim/assets/8a/8d/8f/62/628f8d8abb3a1aaaf0e8f149/images/69/b9/8c/68/688cb969dbab51124ff18fb8/JT251145.jpg",null,"https://www.nevilleuk.com/products/JT251145_",null,"JT251102|JT251167"]
["JT110102","GenWare Melamine Black Jute Deep Dish GN 1/1","GN1/1- 53 x 32.5 x 8cm (L x W x H) - 9L/ 316.7oz",{"v":84.3,"d":"84.30"},1,"Buffet & Display>Jute",null,"Yes",null,530,325,80,{"v":1.96,"d":"1.960"},{"v":1.96,"d":"1.960"},{"v":900,"d":"900.00"},"316.8","Melamine Resin","3924100011","China",-20,70,"Yes","N/A","No","N/A",{"$nulls":6},"\n•Premium Melamine\n•Designed for High-Traffic Use\n•Woven Inspired Finish\n•Elegant Yet Practical\n•Lightweight and Easy To Handle\n•Chip and Stain Resistant\n•Dishwasher Safe","Celebrate natural textures and understated elegance with the Jute collection, a beautifully curated range of melamine buffetware inspired by organic simplicity. Designed with a focus on warmth, tactility, and versatility, Jute brings a grounded aesthetic to modern food presentation.\n•Premium Melamine Construction: Offers the look of porcelain with superior durability and resistance to breakage\n•Designed for High-Traffic Use: Built to withstand the demands of contract catering and buffet service environments\n•Woven Inspired Finish: The subtle, textured surfaces echo natural fibres, adding depth and authenticity to your display\n•Matt Finish: Modern, refined aesthetic that enhances food presentation\n•Elegant Yet Practical: Enhances food presentation while maintaining the efficiency required for large-scale service\n•Chip and Stain Resistant: Maintains a pristine appearance even with frequent use, reducing replacement costs\n•Dishwasher Safe: Designed for effortless cleaning, ensuring hygiene and quick turnaround between services","Each","5020403109952","53","32.5","8","0.01378",{"v":1.96,"d":"1.960"},"05020403109969",3,"54","33.5","16","0.02894","5.88",6.785,"05020403109976",6,"56","35.5","36","0.07157","11.76",{"v":13.57,"d":"13.570"},null,96,"https://files.plytix.com/api/v1.1/file/public_files/pim/assets/8a/8d/8f/62/628f8d8abb3a1aaaf0e8f149/images/4d/42/82/68/6882424d9544f7f72c09ffaf/TH_JT110102.jpg","https://files.plytix.com/api/v1.1/file/public_files/pim/assets/8a/8d/8f/62/628f8d8abb3a1aaaf0e8f149/images/d6/41/82/68/688241d6e49aeb157cd62dd9/JT110102_A.jpg|https://files.plytix.com/api/v1.1/file/public_files/pim/assets/8a/8d/8f/62/628f8d8abb3a1aaaf0e8f149/images/dd/b8/8c/68/688cb8ddf893fc39de49aa42/JT110102.jpg",null,"https://www.nevilleuk.com/products/JT110102_","PCGN11","JT110167|JT110145|CP110102"]
["JT110302","GenWare Melamine Black Jute Platter GN 1/1","GN1/1- 53 x 32.5 x 3.5cm (L x W x H)",54.64,1,"Buffet & Display>Jute",null,"Yes",null,530,325,35,{"v":1.35,"d":"1.350"},{"v":1.35,"d":"1.350"},null,null,"Melamine Resin","3924100011","China",-20,70,"Yes","N/A","No","N/A",{"$nulls":6},"\n•Premium Melamine\n•Designed for High-Traffic Use\n•Woven Inspired Finish\n•Elegant Yet Practical\n•Lightweight and Easy To Handle\n•Chip and Stain Resistant\n•Dishwasher Safe","Celebrate natural textures and understated elegance with the Jute collection, a beautifully curated range of melamine buffetware inspired by organic simplicity. Designed with a focus on warmth, tactility, and versatility, Jute brings a grounded aesthetic to modern food presentation.\n•Premium Melamine Construction: Offers the look of porcelain with superior durability and resistance to breakage\n•Designed for High-Traffic Use: Built to withstand the demands of contract catering and buffet service environments\n•Woven Inspired Finish: The subtle, textured surfaces echo natural fibres, adding depth and authenticity to your display\n•Matt Finish: Modern, refined aesthetic that enhances food presentation\n•Elegant Yet Practical: Enhances food presentation while maintaining the efficiency required for large-scale service\n•Chip and Stain Resistant: Maintains a pristine appearance even with frequent use, reducing replacement costs\n•Dishwasher Safe: Designed for effortless cleaning, ensuring hygiene and quick turnaround between services","Each","5020403109921","53","32.5","3.5","0.00603",{"v":1.35,"d":"1.350"},"05020403109938",3,"54","33.5","9","0.01628","4.05",4.707,"05020403109945",12,"56","35.5","42","0.08350","16.2",{"v":18.83,"d":"18.830"},null,72,"https://files.plytix.com/api/v1.1/file/public_files/pim/assets/8a/8d/8f/62/628f8d8abb3a1aaaf0e8f149/images/a6/37/82/68/688237a6a81af439e7f6c58e/TH_JT110302.jpg","https://files.plytix.com/api/v1.1/file/public_files/pim/assets/8a/8d/8f/62/628f8d8abb3a1aaaf0e8f149/images/d8/29/82/68/688229d8a81af439e7f6c055/JT110302_A.jpg|https://files.plytix.com/api/v1.1/file/public_files/pim/assets/8a/8d/8f/62/628f8d8abb3a1aaaf0e8f149/images/d9/29/82/68/688229d9e49aeb157cd6260c/JT110302_B.jpg|https://files.plytix.com/api/v1.1/file/public_files/pim/assets/8a/8d/8f/62/628f8d8abb3a1aaaf0e8f149/images/da/29/82/68/688229da9544f7f72c09f8b0/JT110302_C.jpg|https://files.plytix.com/api/v1.1/file/public_files/pim/assets/8a/8d/8f/62/628f8d8abb3a1aaaf0e8f149/images/dc/29/82/68/688229dca81af439e7f6c056/JT110302_D.jpg|https://files.plytix.com/api/v1.1/file/public_files/pim/assets/8a/8d/8f/62/628f8d8abb3a1aaaf0e8f149/images/da/b8/8c/68/688cb8daf893fc39de49aa3e/JT110302.jpg",null,"https://www.nevilleuk.com/products/JT110302_","PCGN11","JT110367|JT110345|CP110302|TB110302"]
["JT120102","GenWare Melamine Black Jute Deep Dish GN 1/2","GN1/2- 32.5 x 26.5 x 8cm (L x W x H) - 4.5L/ 158.4oz",43.72,1,"Buffet & Display>Jute",null,"Yes",null,325,265,80,1.075,1.075,{"v":450,"d":"450.00"},"158.4","Melamine Resin","3924100011","China",-20,70,"Yes","N/A","No","N/A",{"$nulls":6},"\n•Premium Melamine\n•Designed for High-Traffic Use\n•Woven Inspired Finish\n•Elegant Yet Practical\n•Lightweight and Easy To Handle\n•Chip and Stain Resistant\n•Dishwasher Safe","Celebrate natural textures and understated elegance with the Jute collection, a beautifully curated range of melamine buffetware inspired by organic simplicity. Designed with a focus on warmth, tactility, and versatility, Jute brings a grounded aesthetic to modern food presentation.\n•Premium Melamine Construction: Offers the look of porcelain with superior durability and resistance to breakage\n•Designed for High-Traffic Use: Built to withstand the demands of contract catering and buffet service environments\n•Woven Inspired Finish: The subtle, textured surfaces echo natural fibres, adding depth and authenticity to your display\n•Matt Finish: Modern, refined aesthetic that enhances food presentation\n•Elegant Yet Practical: Enhances food presentation while maintaining the efficiency required for large-scale service\n•Chip and Stain Resistant: Maintains a pristine appearance even with frequent use, reducing replacement costs\n•Dishwasher Safe: Designed for effortless cleaning, ensuring hygiene and quick turnaround between services","Each","5020403109891","32.5","26.5","8","0.00689",1.075,"05020403109907",3,"33.5","27.5","16","0.01474","3.225",3.747,"05020403109914",12,"57","35.5","36","0.07285","12.9",{"v":14.99,"d":"14.990"},null,144,"https://files.plytix.com/api/v1.1/file/public_files/pim/assets/8a/8d/8f/62/628f8d8abb3a1aaaf0e8f149/images/4d/42/82/68/6882424d03c05567ef5fa6a8/TH_JT120102.jpg","https://files.plytix.com/api/v1.1/file/public_files/pim/assets/8a/8d/8f/62/628f8d8abb3a1aaaf0e8f149/images/d7/41/82/68/688241d7a81af439e7f6c879/JT120102.jpg|https://files.plytix.com/api/v1.1/file/public_files/pim/assets/8a/8d/8f/62/628f8d8abb3a1aaaf0e8f149/images/52/9e/b5/68/68b59e520efcb3d670b5c7f5/JT120102_C.jpg|https://files.plytix.com/api/v1.1/file/public_files/pim/assets/8a/8d/8f/62/628f8d8abb3a1aaaf0e8f149/images/52/9e/b5/68/68b59e52b2c6fa85d74fd68c/JT120102_B.jpg|https://files.plytix.com/api/v1.1/file/public_files/pim/assets/8a/8d/8f/62/628f8d8abb3a1aaaf0e8f149/images/53/9e/b5/68/68b59e53b2c6fa85d74fd68d/JT120102_A.jpg",null,"https://www.nevilleuk.com/products/JT120102_","PCGN12","JT120167|JT120145|CP120102"]
["JT120302","GenWare Melamine Black Jute Platter GN 1/2","GN1/2- 32.5 x 26.5 x 3.5cm (L x W x H)",30.24,1,"Buffet & Display>Jute",null,"Yes",null,325,265,35,{"v":0.75,"d":"0.750"},{"v":0.75,"d":"0.750"},null,null,"Melamine Resin","3924100011","China",-20,70,"Yes","N/A","No","N/A",{"$nulls":6},"\n•Premium Melamine\n•Designed for High-Traffic Use\n•Woven Inspired Finish\n•Elegant Yet Practical\n•Lightweight and Easy To Handle\n•Chip and Stain Resistant\n•Dishwasher Safe","Celebrate natural textures and understated elegance with the Jute collection, a beautifully curated range of melamine buffetware inspired by organic simplicity. Designed with a focus on warmth, tactility, and versatility, Jute brings a grounded aesthetic to modern food presentation.\n•Premium Melamine Construction: Offers the look of porcelain with superior durability and resistance to breakage\n•Designed for High-Traffic Use: Built to withstand the demands of contract catering and buffet service environments\n•Woven Inspired Finish: The subtle, textured surfaces echo natural fibres, adding depth and authenticity to your display\n•Matt Finish: Modern, refined aesthetic that enhances food presentation\n•Elegant Yet Practical: Enhances food presentation while maintaining the efficiency required for large-scale service\n•Chip and Stain Resistant: Maintains a pristine appearance even with frequent use, reducing replacement costs\n•Dishwasher Safe: Designed for effortless cleaning, ensuring hygiene and quick turnaround between services","Each","5020403109860","32.5","26.5","3.5","0.00301",{"v":0.75,"d":"0.750"},"05020403109877",4,"33.5","27.5","11","0.01013","3",3.462,"05020403109884",16,"57","35.5","26","0.05261","12",{"v":13.85,"d":"13.850"},null,320,"https://files.plytix.com/api/v1.1/file/public_files/pim/assets/8a/8d/8f/62/628f8d8abb3a1aaaf0e8f149/images/a6/37/82/68/688237a6a81af439e7f6c595/TH_JT120302.jpg","https://files.plytix.com/api/v1.1/file/public_files/pim/assets/8a/8d/8f/62/628f8d8abb3a1aaaf0e8f149/images/ea/29/82/68/688229ea84708e1f953fa136/JT120302_A.jpg|https://files.plytix.com/api/v1.1/file/public_files/pim/assets/8a/8d/8f/62/628f8d8abb3a1aaaf0e8f149/images/eb/29/82/68/688229eb9544f7f72c09f8b3/JT120302_B.jpg|https://files.plytix.com/api/v1.1/file/public_files/pim/assets/8a/8d/8f/62/628f8d8abb3a1aaaf0e8f149/images/eb/29/82/68/688229eb84708e1f953fa137/JT120302_C.jpg|https://files.plytix.com/api/v1.1/file/public_files/pim/assets/8a/8d/8f/62/628f8d8abb3a1aaaf0e8f149/images/ec/29/82/68/688229ec0d779e27ece5dcf3/JT120302_D.jpg|https://files.plytix.com/api/v1.1/file/public_files/pim/assets/8a/8d/8f/62/628f8d8abb3a1aaaf0e8f149/images/fb/b8/8c/68/688cb8fb7fa8a5dfe961705e/JT120302.jpg",null,"https://www.nevilleuk.com/products/JT120302_","PCGN12","JT120367|JT120345|CP120302|TB120302"]
["JT130102","GenWare Melamine Black Jute Deep Dish GN 1/3","GN1/3- 32.5 x 17.6 x 8cm (L x W x H) - 3L/ 105.6oz",32.48,1,"Buffet & Display>Jute",null,"Yes",null,325,176,80,{"v":0.82,"d":"0.820"},{"v":0.82,"d":"0.820"},{"v":300,"d":"300.00"},"105.6","Melamine Resin","3924100011","China",-20,70,"Yes","N/A","No","N/A",{"$nulls":6},"\n•Premium Melamine\n•Designed for High-Traffic Use\n•Woven Inspired Finish\n•Elegant Yet Practical\n•Lightweight and Easy To Handle\n•Chip and Stain Resistant\n•Dishwasher Safe","Celebrate natural textures and understated elegance with the Jute collection, a beautifully curated range of melamine buffetware inspired by organic simplicity. Designed with a focus on warmth, tactility, and versatility, Jute brings a grounded aesthetic to modern food presentation.\n•Premium Melamine Construction: Offers the look of porcelain with superior durability and resistance to breakage\n•Designed for High-Traffic Use: Built to withstand the demands of contract catering and buffet service environments\n•Woven Inspired Finish: The subtle, textured surfaces echo natural fibres, adding depth and authenticity to your display\n•Matt Finish: Modern, refined aesthetic that enhances food presentation\n•Elegant Yet Practical: Enhances food presentation while maintaining the efficiency required for large-scale service\n•Chip and Stain Resistant: Maintains a pristine appearance even with frequent use, reducing replacement costs\n•Dishwasher Safe: Designed for effortless cleaning, ensuring hygiene and quick turnaround between services","Each","5020403109839","32.5","17.6","8","0.00458",{"v":0.82,"d":"0.820"},"05020403109846",4,"33.5","18.5","19.5","0.01209","3.28",3.702,"05020403109853",16,"39","35.5","43","0.05953","13.12",{"v":14.81,"d":"14.810"},null,1568,"https://files.plytix.com/api/v1.1/file/public_files/pim/assets/8a/8d/8f/62/628f8d8abb3a1aaaf0e8f149/images/a7/37/82/68/688237a7a81af439e7f6c597/TH_JT130102.jpg","https://files.plytix.com/api/v1.1/file/public_files/pim/assets/8a/8d/8f/62/628f8d8abb3a1aaaf0e8f149/images/f3/29/82/68/688229f3a81af439e7f6c05a/JT130102_A.jpg|https://files.plytix.com/api/v1.1/file/public_files/pim/assets/8a/8d/8f/62/628f8d8abb3a1aaaf0e8f149/images/f4/29/82/68/688229f403c05567ef5f9f15/JT130102_B.jpg|https://files.plytix.com/api/v1.1/file/public_files/pim/assets/8a/8d/8f/62/628f8d8abb3a1aaaf0e8f149/images/f4/29/82/68/688229f4a81af439e7f6c05b/JT130102_C.jpg|https://files.plytix.com/api/v1.1/file/public_files/pim/assets/8a/8d/8f/62/628f8d8abb3a1aaaf0e8f149/images/26/b9/8c/68/688cb926f893fc39de49aa4c/JT130102.jpg",null,"https://www.nevilleuk.com/products/JT130102_","PCGN13","JT130167|JT130145|CP130102"]
["JT130302","GenWare Melamine Black Jute Platter GN 1/3","GN1/3- 32.5 x 17.6 x 3.5cm (L x W x H)",22.22,1,"Buffet & Display>Jute",null,"Yes",null,325,176,35,{"v":0.51,"d":"0.510"},{"v":0.51,"d":"0.510"},null,null,"Melamine Resin","3924100011","China",-20,70,"Yes","N/A","No","N/A",{"$nulls":6},"\n•Premium Melamine\n•Designed for High-Traffic Use\n•Woven Inspired Finish\n•Elegant Yet Practical\n•Lightweight and Easy To Handle\n•Chip and Stain Resistant\n•Dishwasher Safe","Celebrate natural textures and understated elegance with the Jute collection, a beautifully curated range of melamine buffetware inspired by organic simplicity. Designed with a focus on warmth, tactility, and versatility, Jute brings a grounded aesthetic to modern food presentation.\n•Premium Melamine Construction: Offers the look of porcelain with superior durability and resistance to breakage\n•Designed for High-Traffic Use: Built to withstand the demands of contract catering and buffet service environments\n•Woven Inspired Finish: The subtle, textured surfaces echo natural fibres, adding depth and authenticity to your display\n•Matt Finish: Modern, refined aesthetic that enhances food presentation\n•Elegant Yet Practical: Enhances food presentation while maintaining the efficiency required for large-scale service\n•Chip and Stain Resistant: Maintains a pristine appearance even with frequent use, reducing replacement costs\n•Dishwasher Safe: Designed for effortless cleaning, ensuring hygiene and quick turnaround between services","Each","5020403109808","32.5","17.6","3.5","0.00200",{"v":0.51,"d":"0.510"},"05020403109815",6,"33.5","18.5","15.5","0.00961","3.06",3.442,"05020403109822",24,"39","35.5","35","0.04846","12.24",{"v":13.77,"d":"13.770"},null,576,"https://files.plytix.com/api/v1.1/file/public_files/pim/assets/8a/8d/8f/62/628f8d8abb3a1aaaf0e8f149/images/a7/37/82/68/688237a70d779e27ece5e1ce/TH_JT130302.jpg","https://files.plytix.com/api/v1.1/file/public_files/pim/assets/8a/8d/8f/62/628f8d8abb3a1aaaf0e8f149/images/f9/29/82/68/688229f90d779e27ece5dcf6/JT130302_A.jpg|https://files.plytix.com/api/v1.1/file/public_files/pim/assets/8a/8d/8f/62/628f8d8abb3a1aaaf0e8f149/images/fa/29/82/68/688229faa81af439e7f6c062/JT130302_B.jpg|https://files.plytix.com/api/v1.1/file/public_files/pim/assets/8a/8d/8f/62/628f8d8abb3a1aaaf0e8f149/images/fb/29/82/68/688229fb0d779e27ece5dcf7/JT130302_C.jpg|https://files.plytix.com/api/v1.1/file/public_files/pim/assets/8a/8d/8f/62/628f8d8abb3a1aaaf0e8f149/images/fb/29/82/68/688229fb0d779e27ece5dcf8/JT130302_D.jpg|https://files.plytix.com/api/v1.1/file/public_files/pim/assets/8a/8d/8f/62/628f8d8abb3a1aaaf0e8f149/images/29/b9/8c/68/688cb92987c81ce5653e2b74/JT130302.jpg","https://files.plytix.com/api/v1.1/file/public_files/pim/assets/8a/8d/8f/62/628f8d8abb3a1aaaf0e8f149/images/56/20/7e/68/687e20562a03861c91eda594/LFST0925220.jpg|https://files.plytix.com/api/v1.1/file/public_files/pim/assets/8a/8d/8f/62/628f8d8abb3a1aaaf0e8f149/images/51/20/7e/68/687e20512a03861c91eda593/LFST0925219.jpg|https://files.plytix.com/api/v1.1/file/public_files/pim/assets/8a/8d/8f/62/628f8d8abb3a1aaaf0e8f149/images/13/20/7e/68/687e20132a03861c91eda576/LFST0925206.jpg","https://www.nevilleuk.com/products/JT130302_","PCGN13","JT130367|JT130345|CP130302|TB130302"]
["JT550102","GenWare Melamine Black Jute Deep Oval Dish 55 x 27.5 x 7.5cm","55 x 27.5 x 7.5cm (L x W x H) - 6L/211.2oz",54.24,1,"Buffet & Display>Jute",null,"Yes",null,550,275,75,{"v":1.34,"d":"1.340"},{"v":1.34,"d":"1.340"},{"v":600,"d":"600.00"},"211.2","Melamine Resin","3924100011","China",-20,70,"Yes","N/A","No","N/A",{"$nulls":6},"\n•Premium Melamine\n•Designed for High-Traffic Use\n•Woven Inspired Finish\n•Elegant Yet Practical\n•Lightweight and Easy To Handle\n•Chip and Stain Resistant\n•Dishwasher Safe","Celebrate natural textures and understated elegance with the Jute collection, a beautifully curated range of melamine buffetware inspired by organic simplicity. Designed with a focus on warmth, tactility, and versatility, Jute brings a grounded aesthetic to modern food presentation.\n•Premium Melamine Construction: Offers the look of porcelain with superior durability and resistance to breakage\n•Designed for High-Traffic Use: Built to withstand the demands of contract catering and buffet service environments\n•Woven Inspired Finish: The subtle, textured surfaces echo natural fibres, adding depth and authenticity to your display\n•Matt Finish: Modern, refined aesthetic that enhances food presentation\n•Elegant Yet Practical: Enhances food presentation while maintaining the efficiency required for large-scale service\n•Chip and Stain Resistant: Maintains a pristine appearance even with frequent use, reducing replacement costs\n•Dishwasher Safe: Designed for effortless cleaning, ensuring hygiene and quick turnaround between services","Each","5020403109778","55","27.5","7.5","0.01134",{"v":1.34,"d":"1.340"},"05020403109785",2,"56","28.2","11.5","0.01816","2.68",3.372,"05020403109792",8,"58.5","58","27","0.09161","10.72",{"v":13.49,"d":"13.490"},null,80,"https://files.plytix.com/api/v1.1/file/public_files/pim/assets/8a/8d/8f/62/628f8d8abb3a1aaaf0e8f149/images/aa/37/82/68/688237aaa81af439e7f6c5a3/TH_JT550102.jpg","https://files.plytix.com/api/v1.1/file/public_files/pim/assets/8a/8d/8f/62/628f8d8abb3a1aaaf0e8f149/images/3d/2a/82/68/68822a3d9544f7f72c09f8c0/JT550102_A.jpg|https://files.plytix.com/api/v1.1/file/public_files/pim/assets/8a/8d/8f/62/628f8d8abb3a1aaaf0e8f149/images/3e/2a/82/68/68822a3e03c05567ef5f9f1f/JT550102_B.jpg|https://files.plytix.com/api/v1.1/file/public_files/pim/assets/8a/8d/8f/62/628f8d8abb3a1aaaf0e8f149/images/3f/2a/82/68/68822a3f0d779e27ece5dd0a/JT550102_C.jpg|https://files.plytix.com/api/v1.1/file/public_files/pim/assets/8a/8d/8f/62/628f8d8abb3a1aaaf0e8f149/images/82/b9/8c/68/688cb9825893f53b00521489/JT550102.jpg",null,"https://www.nevilleuk.com/products/JT550102_",null,"JT550167|JT550145|CP550102"]
["JT552502","GenWare Melamine Black Jute Oval Dish 55 x 27.5 x 3.5cm","55 x 27.5 x 3.5cm (L x W x H)",44.36,1,"Buffet & Display>Jute",null,"Yes",null,550,275,35,1.025,1.025,null,null,"Melamine Resin","3924100011","China",-20,70,"Yes","N/A","No","N/A",{"$nulls":6},"\n•Premium Melamine\n•Designed for High-Traffic Use\n•Woven Inspired Finish\n•Elegant Yet Practical\n•Lightweight and Easy To Handle\n•Chip and Stain Resistant\n•Dishwasher Safe","Celebrate natural textures and understated elegance with the Jute collection, a beautifully curated range of melamine buffetware inspired by organic simplicity. Designed with a focus on warmth, tactility, and versatility, Jute brings a grounded aesthetic to modern food presentation.\n•Premium Melamine Construction: Offers the look of porcelain with superior durability and resistance to breakage\n•Designed for High-Traffic Use: Built to withstand the demands of contract catering and buffet service environments\n•Woven Inspired Finish: The subtle, textured surfaces echo natural fibres, adding depth and authenticity to your display\n•Matt Finish: Modern, refined aesthetic that enhances food presentation\n•Elegant Yet Practical: Enhances food presentation while maintaining the efficiency required for large-scale service\n•Chip and Stain Resistant: Maintains a pristine appearance even with frequent use, reducing replacement costs\n•Dishwasher Safe: Designed for effortless cleaning, ensuring hygiene and quick turnaround between services","Each","5020403109747","55","27.5","3.5","0.00529",1.025,"05020403109754",3,"56","28.5","9","0.01436","3.075",3.732,"05020403109761",12,"59","58","22","0.07528","12.3",{"v":14.93,"d":"14.930"},null,144,"https://files.plytix.com/api/v1.1/file/public_files/pim/assets/8a/8d/8f/62/628f8d8abb3a1aaaf0e8f149/images/ab/37/82/68/688237ab9544f7f72c09fc96/TH_JT552502.jpg","https://files.plytix.com/api/v1.1/file/public_files/pim/assets/8a/8d/8f/62/628f8d8abb3a1aaaf0e8f149/images/46/2a/82/68/68822a4684708e1f953fa159/JT552502_A.jpg|https://files.plytix.com/api/v1.1/file/public_files/pim/assets/8a/8d/8f/62/628f8d8abb3a1aaaf0e8f149/images/47/2a/82/68/68822a47e49aeb157cd6262d/JT552502_B.jpg|https://files.plytix.com/api/v1.1/file/public_files/pim/assets/8a/8d/8f/62/628f8d8abb3a1aaaf0e8f149/images/48/2a/82/68/68822a4884708e1f953fa15a/JT552502_C.jpg|https://files.plytix.com/api/v1.1/file/public_files/pim/assets/8a/8d/8f/62/628f8d8abb3a1aaaf0e8f149/images/a4/b9/8c/68/688cb9a45893f53b0052148e/JT552502.jpg",null,"https://www.nevilleuk.com/products/JT552502_",null,"JT552567|JT552545|CP552502"]
["JT472502","GenWare Melamine Black Jute Oval Dish 47.5 x 23.8 x 3.5cm","47.5 x 23.8 x 3.5cm (L x W x H)",33.78,1,"Buffet & Display>Jute",null,"Yes",null,475,238,35,0.815,0.815,null,null,"Melamine Resin","3924100011","China",-20,70,"Yes","N/A","No","N/A",{"$nulls":6},"\n•Premium Melamine\n•Designed for High-Traffic Use\n•Woven Inspired Finish\n•Elegant Yet Practical\n•Lightweight and Easy To Handle\n•Chip and Stain Resistant\n•Dishwasher Safe","Celebrate natural textures and understated elegance with the Jute collection, a beautifully curated range of melamine buffetware inspired by organic simplicity. Designed with a focus on warmth, tactility, and versatility, Jute brings a grounded aesthetic to modern food presentation.\n•Premium Melamine Construction: Offers the look of porcelain with superior durability and resistance to breakage\n•Designed for High-Traffic Use: Built to withstand the demands of contract catering and buffet service environments\n•Woven Inspired Finish: The subtle, textured surfaces echo natural fibres, adding depth and authenticity to your display\n•Matt Finish: Modern, refined aesthetic that enhances food presentation\n•Elegant Yet Practical: Enhances food presentation while maintaining the efficiency required for large-scale service\n•Chip and Stain Resistant: Maintains a pristine appearance even with frequent use, reducing replacement costs\n•Dishwasher Safe: Designed for effortless cleaning, ensuring hygiene and quick turnaround between services","Each","5020403109716","47.5","23.8","3.5","0.00396",0.815,"05020403109723",4,"48.5","25","12","0.01455","3.26",3.828,"05020403109730",16,"52","50.2","28","0.07309","13.04",{"v":15.32,"d":"15.320"},null,160,"https://files.plytix.com/api/v1.1/file/public_files/pim/assets/8a/8d/8f/62/628f8d8abb3a1aaaf0e8f149/images/aa/37/82/68/688237aae49aeb157cd62a85/TH_JT472502.jpg","https://files.plytix.com/api/v1.1/file/public_files/pim/assets/8a/8d/8f/62/628f8d8abb3a1aaaf0e8f149/images/36/2a/82/68/68822a36a81af439e7f6c072/JT472502_A.jpg|https://files.plytix.com/api/v1.1/file/public_files/pim/assets/8a/8d/8f/62/628f8d8abb3a1aaaf0e8f149/images/37/2a/82/68/68822a3784708e1f953fa150/JT472502_B.jpg|https://files.plytix.com/api/v1.1/file/public_files/pim/assets/8a/8d/8f/62/628f8d8abb3a1aaaf0e8f149/images/38/2a/82/68/68822a3884708e1f953fa151/JT472502_C.jpg|https://files.plytix.com/api/v1.1/file/public_files/pim/assets/8a/8d/8f/62/628f8d8abb3a1aaaf0e8f149/images/88/b9/8c/68/688cb9887fa8a5dfe961707a/JT472502.jpg",null,"https://www.nevilleuk.com/products/JT472502_",null,"JT472567|JT472545|CP472502"]
["JT420902","GenWare Melamine Black Jute Buffet Bowl 42 x 6cm","42 x 6cm (Dia x H) - 6L/ 211.2oz",55.92,1,"Buffet & Display>Jute",null,"Yes",null,420,420,60,{"v":1.34,"d":"1.340"},{"v":1.34,"d":"1.340"},{"v":600,"d":"600.00"},"211.2","Melamine Resin","3924100011","China",-20,70,"Yes","N/A","No","N/A",{"$nulls":6},"\n•Premium Melamine\n•Designed for High-Traffic Use\n•Woven Inspired Finish\n•Elegant Yet Practical\n•Lightweight and Easy To Handle\n•Chip and Stain Resistant\n•Dishwasher Safe","Celebrate natural textures and understated elegance with the Jute collection, a beautifully curated range of melamine buffetware inspired by organic simplicity. Designed with a focus on warmth, tactility, and versatility, Jute brings a grounded aesthetic to modern food presentation.\n•Premium Melamine Construction: Offers the look of porcelain with superior durability and resistance to breakage\n•Designed for High-Traffic Use: Built to withstand the demands of contract catering and buffet service environments\n•Woven Inspired Finish: The subtle, textured surfaces echo natural fibres, adding depth and authenticity to your display\n•Matt Finish: Modern, refined aesthetic that enhances food presentation\n•Elegant Yet Practical: Enhances food presentation while maintaining the efficiency required for large-scale service\n•Chip and Stain Resistant: Maintains a pristine appearance even with frequent use, reducing replacement costs\n•Dishwasher Safe: Designed for effortless cleaning, ensuring hygiene and quick turnaround between services","Each","5020403109686","42","42","6","0.01058",{"v":1.34,"d":"1.340"},"05020403109693",3,"43","43","11.7","0.02163","4.02",4.837,"05020403109709",12,"45","45","53","0.10733","16.08",{"v":19.35,"d":"19.350"},null,48,"https://files.plytix.com/api/v1.1/file/public_files/pim/assets/8a/8d/8f/62/628f8d8abb3a1aaaf0e8f149/images/aa/37/82/68/688237aae49aeb157cd62a84/TH_JT420902.jpg","https://files.plytix.com/api/v1.1/file/public_files/pim/assets/8a/8d/8f/62/628f8d8abb3a1aaaf0e8f149/images/2e/2a/82/68/68822a2ee49aeb157cd62629/JT420902_A.jpg|https://files.plytix.com/api/v1.1/file/public_files/pim/assets/8a/8d/8f/62/628f8d8abb3a1aaaf0e8f149/images/2f/2a/82/68/68822a2f84708e1f953fa149/JT420902_B.jpg|https://files.plytix.com/api/v1.1/file/public_files/pim/assets/8a/8d/8f/62/628f8d8abb3a1aaaf0e8f149/images/30/2a/82/68/68822a3084708e1f953fa14a/JT420902_C.jpg|https://files.plytix.com/api/v1.1/file/public_files/pim/assets/8a/8d/8f/62/628f8d8abb3a1aaaf0e8f149/images/84/b9/8c/68/688cb9845893f53b0052148a/JT420902.jpg",null,"https://www.nevilleuk.com/products/JT420902_",null,"JT420967|JT420945"]
["JT350902","GenWare Melamine Black Jute Buffet Bowl 35 x 7.5cm","35 x 7.5cm (Dia x H) - 5.3L/ 186.5oz",44.66,1,"Buffet & Display>Jute",null,"Yes",null,350,350,75,{"v":1.07,"d":"1.070"},{"v":1.07,"d":"1.070"},{"v":530,"d":"530.00"},"186.5","Melamine Resin","3924100011","China",-20,70,"Yes","N/A","No","N/A",{"$nulls":6},"\n•Premium Melamine\n•Designed for High-Traffic Use\n•Woven Inspired Finish\n•Elegant Yet Practical\n•Lightweight and Easy To Handle\n•Chip and Stain Resistant\n•Dishwasher Safe","Celebrate natural textures and understated elegance with the Jute collection, a beautifully curated range of melamine buffetware inspired by organic simplicity. Designed with a focus on warmth, tactility, and versatility, Jute brings a grounded aesthetic to modern food presentation.\n•Premium Melamine Construction: Offers the look of porcelain with superior durability and resistance to breakage\n•Designed for High-Traffic Use: Built to withstand the demands of contract catering and buffet service environments\n•Woven Inspired Finish: The subtle, textured surfaces echo natural fibres, adding depth and authenticity to your display\n•Matt Finish: Modern, refined aesthetic that enhances food presentation\n•Elegant Yet Practical: Enhances food presentation while maintaining the efficiency required for large-scale service\n•Chip and Stain Resistant: Maintains a pristine appearance even with frequent use, reducing replacement costs\n•Dishwasher Safe: Designed for effortless cleaning, ensuring hygiene and quick turnaround between services","Each","5020403109655","35","35","7.5","0.00919",{"v":1.07,"d":"1.070"},"05020403109662",3,"36","36","14.8","0.01918","3.21",3.887,"05020403109679",12,"74","38","33.5","0.09420","12.84",{"v":15.55,"d":"15.550"},null,144,"https://files.plytix.com/api/v1.1/file/public_files/pim/assets/8a/8d/8f/62/628f8d8abb3a1aaaf0e8f149/images/a9/37/82/68/688237a9a81af439e7f6c59f/TH_JT350902.jpg","https://files.plytix.com/api/v1.1/file/public_files/pim/assets/8a/8d/8f/62/628f8d8abb3a1aaaf0e8f149/images/26/2a/82/68/68822a2684708e1f953fa147/JT350902_A.jpg|https://files.plytix.com/api/v1.1/file/public_files/pim/assets/8a/8d/8f/62/628f8d8abb3a1aaaf0e8f149/images/27/2a/82/68/68822a2784708e1f953fa148/JT350902_B.jpg|https://files.plytix.com/api/v1.1/file/public_files/pim/assets/8a/8d/8f/62/628f8d8abb3a1aaaf0e8f149/images/28/2a/82/68/68822a28a81af439e7f6c06c/JT350902_C.jpg|https://files.plytix.com/api/v1.1/file/public_files/pim/assets/8a/8d/8f/62/628f8d8abb3a1aaaf0e8f149/images/64/b9/8c/68/688cb9645893f53b00521482/JT350902.jpg",null,"https://www.nevilleuk.com/products/JT350902_",null,"JT350967|JT350945"]
["JT280902","GenWare Melamine Black Jute Buffet Bowl 28 x 7.5cm","28 x 7.5cm (Dia x H) - 2.6L/91.5oz",31.66,1,"Buffet & Display>Jute",null,"Yes",null,280,280,75,{"v":0.75,"d":"0.750"},{"v":0.75,"d":"0.750"},{"v":260,"d":"260.00"},"91.5","Melamine Resin","3924100011","China",-20,70,"Yes","N/A","No","N/A",{"$nulls":6},"\n•Premium Melamine\n•Designed for High-Traffic Use\n•Woven Inspired Finish\n•Elegant Yet Practical\n•Lightweight and Easy To Handle\n•Chip and Stain Resistant\n•Dishwasher Safe","Celebrate natural textures and understated elegance with the Jute collection, a beautifully curated range of melamine buffetware inspired by organic simplicity. Designed with a focus on warmth, tactility, and versatility, Jute brings a grounded aesthetic to modern food presentation.\n•Premium Melamine Construction: Offers the look of porcelain with superior durability and resistance to breakage\n•Designed for High-Traffic Use: Built to withstand the demands of contract catering and buffet service environments\n•Woven Inspired Finish: The subtle, textured surfaces echo natural fibres, adding depth and authenticity to your display\n•Matt Finish: Modern, refined aesthetic that enhances food presentation\n•Elegant Yet Practical: Enhances food presentation while maintaining the efficiency required for large-scale service\n•Chip and Stain Resistant: Maintains a pristine appearance even with frequent use, reducing replacement costs\n•Dishwasher Safe: Designed for effortless cleaning, ensuring hygiene and quick turnaround between services","Each","5020403109624","28","28","7.5","0.00588",{"v":0.75,"d":"0.750"},"05020403109631",4,"29","29","19","0.01598","3",3.625,"05020403109648",16,"60","60","20","0.07200","12",{"v":14.5,"d":"14.500"},null,192,"https://files.plytix.com/api/v1.1/file/public_files/pim/assets/8a/8d/8f/62/628f8d8abb3a1aaaf0e8f149/images/a9/37/82/68/688237a984708e1f953fa59d/TH_JT280902.jpg","https://files.plytix.com/api/v1.1/file/public_files/pim/assets/8a/8d/8f/62/628f8d8abb3a1aaaf0e8f149/images/20/2a/82/68/68822a20e49aeb157cd6261f/JT280902_A.jpg|https://files.plytix.com/api/v1.1/file/public_files/pim/assets/8a/8d/8f/62/628f8d8abb3a1aaaf0e8f149/images/21/2a/82/68/68822a21e49aeb157cd62620/JT280902_B.jpg|https://files.plytix.com/api/v1.1/file/public_files/pim/assets/8a/8d/8f/62/628f8d8abb3a1aaaf0e8f149/images/21/2a/82/68/68822a21a81af439e7f6c069/JT280902_C.jpg|https://files.plytix.com/api/v1.1/file/public_files/pim/assets/8a/8d/8f/62/628f8d8abb3a1aaaf0e8f149/images/6b/b9/8c/68/688cb96bdbab51124ff18fb9/JT280902.jpg",null,"https://www.nevilleuk.com/products/JT280902_",null,"JT280967|JT280945|CP280902"]
["JT200902","GenWare Melamine Black Jute Buffet Bowl 20 x 7.5cm","20 x 7.5cm (Dia x H) - 1.2L/42.2oz",18.86,1,"Buffet & Display>Jute",null,"Yes",null,200,200,75,{"v":0.45,"d":"0.450"},{"v":0.45,"d":"0.450"},{"v":120,"d":"120.00"},"42.2","Melamine Resin","3924100011","China",-20,70,"Yes","N/A","No","N/A",{"$nulls":6},"\n•Premium Melamine\n•Designed for High-Traffic Use\n•Woven Inspired Finish\n•Elegant Yet Practical\n•Lightweight and Easy To Handle\n•Chip and Stain Resistant\n•Dishwasher Safe","Celebrate natural textures and understated elegance with the Jute collection, a beautifully curated range of melamine buffetware inspired by organic simplicity. Designed with a focus on warmth, tactility, and versatility, Jute brings a grounded aesthetic to modern food presentation.\n•Premium Melamine Construction: Offers the look of porcelain with superior durability and resistance to breakage\n•Designed for High-Traffic Use: Built to withstand the demands of contract catering and buffet service environments\n•Woven Inspired Finish: The subtle, textured surfaces echo natural fibres, adding depth and authenticity to your display\n•Matt Finish: Modern, refined aesthetic that enhances food presentation\n•Elegant Yet Practical: Enhances food presentation while maintaining the efficiency required for large-scale service\n•Chip and Stain Resistant: Maintains a pristine appearance even with frequent use, reducing replacement costs\n•Dishwasher Safe: Designed for effortless cleaning, ensuring hygiene and quick turnaround between services","Each","5020403109594","20","20","7.5","0.00300",{"v":0.45,"d":"0.450"},"05020403109600",6,"21","21","25.5","0.01125","2.7",3.132,"05020403109617",24,"44","44","27.5","0.05324","10.8",{"v":12.54,"d":"12.540"},null,240,"https://files.plytix.com/api/v1.1/file/public_files/pim/assets/8a/8d/8f/62/628f8d8abb3a1aaaf0e8f149/images/a8/37/82/68/688237a80d779e27ece5e1cf/TH_JT200902.jpg","https://files.plytix.com/api/v1.1/file/public_files/pim/assets/8a/8d/8f/62/628f8d8abb3a1aaaf0e8f149/images/07/2a/82/68/68822a07e49aeb157cd62616/JT200902_A.jpg|https://files.plytix.com/api/v1.1/file/public_files/pim/assets/8a/8d/8f/62/628f8d8abb3a1aaaf0e8f149/images/08/2a/82/68/68822a089544f7f72c09f8b9/JT200902_B.jpg|https://files.plytix.com/api/v1.1/file/public_files/pim/assets/8a/8d/8f/62/628f8d8abb3a1aaaf0e8f149/images/0a/2a/82/68/68822a0a03c05567ef5f9f1a/JT200902_C.jpg|https://files.plytix.com/api/v1.1/file/public_files/pim/assets/8a/8d/8f/62/628f8d8abb3a1aaaf0e8f149/images/43/b9/8c/68/688cb9437fa8a5dfe961706e/JT200902.jpg",null,"https://www.nevilleuk.com/products/JT200902_",null,"JT200967|JT200945|CP200902"]
["JT150902","GenWare Melamine Black Jute Buffet Bowl 15.5 x 7.5cm","15.5 x 7.5cm (Dia x H) - 65cl/22.9oz",12.94,1,"Buffet & Display>Jute",null,"Yes",null,155,155,75,0.305,0.305,{"v":65,"d":"65.00"},"22.9","Melamine Resin","3924100011","China",-20,70,"Yes","N/A","No","N/A",{"$nulls":6},"\n•Premium Melamine\n•Designed for High-Traffic Use\n•Woven Inspired Finish\n•Elegant Yet Practical\n•Lightweight and Easy To Handle\n•Chip and Stain Resistant\n•Dishwasher Safe","Celebrate natural textures and understated elegance with the Jute collection, a beautifully curated range of melamine buffetware inspired by organic simplicity. Designed with a focus on warmth, tactility, and versatility, Jute brings a grounded aesthetic to modern food presentation.\n•Premium Melamine Construction: Offers the look of porcelain with superior durability and resistance to breakage\n•Designed for High-Traffic Use: Built to withstand the demands of contract catering and buffet service environments\n•Woven Inspired Finish: The subtle, textured surfaces echo natural fibres, adding depth and authenticity to your display\n•Matt Finish: Modern, refined aesthetic that enhances food presentation\n•Elegant Yet Practical: Enhances food presentation while maintaining the efficiency required for large-scale service\n•Chip and Stain Resistant: Maintains a pristine appearance even with frequent use, reducing replacement costs\n•Dishwasher Safe: Designed for effortless cleaning, ensuring hygiene and quick turnaround between services","Each","5020403109563","15.5","15.5","7.5","0.00180",0.305,"05020403109570",6,"16.5","16.5","25","0.00681","1.83",2.118,"05020403109587",36,"53.5","35","27","0.05056","10.98",{"v":12.72,"d":"12.720"},null,720,"https://files.plytix.com/api/v1.1/file/public_files/pim/assets/8a/8d/8f/62/628f8d8abb3a1aaaf0e8f149/images/a7/37/82/68/688237a784708e1f953fa59a/TH_JT150902.jpg","https://files.plytix.com/api/v1.1/file/public_files/pim/assets/8a/8d/8f/62/628f8d8abb3a1aaaf0e8f149/images/02/2a/82/68/68822a0284708e1f953fa13c/JT150902_A.jpg|https://files.plytix.com/api/v1.1/file/public_files/pim/assets/8a/8d/8f/62/628f8d8abb3a1aaaf0e8f149/images/02/2a/82/68/68822a0284708e1f953fa13d/JT150902_B.jpg|https://files.plytix.com/api/v1.1/file/public_files/pim/assets/8a/8d/8f/62/628f8d8abb3a1aaaf0e8f149/images/03/2a/82/68/68822a03e49aeb157cd62615/JT150902_C.jpg|https://files.plytix.com/api/v1.1/file/public_files/pim/assets/8a/8d/8f/62/628f8d8abb3a1aaaf0e8f149/images/40/b9/8c/68/688cb9407fa8a5dfe9617069/JT150902.jpg","https://files.plytix.com/api/v1.1/file/public_files/pim/assets/8a/8d/8f/62/628f8d8abb3a1aaaf0e8f149/images/0e/20/7e/68/687e200edd3cffb0b9ad7291/LFST0925205.jpg","https://www.nevilleuk.com/products/JT150902_",null,"JT150967|JT150945|CP150902"]
["MLC433KH","Mallorca Rocks Tumbler 33cl/ 11.6oz","91 x 85mm (H x Dia)",3.56,12,"Glassware>Hi Balls And Tumblers",null,"Yes",null,85,85,91,{"v":0.3,"d":"0.300"},{"v":0.3,"d":"0.300"},{"v":33,"d":"33.00"},"11.6","Glass","7013379900","Turkey",null,null,"Yes",{"$nulls":9},"\n•Refined Design\n•Crystal-Look, Durable Glass\n•Built to Last\n•Versatile Appeal\n•Dishwasher Safe","The Mallorca glasses embody the beauty of nature’s geometry, with their textured and patterned surface reminiscent of organic forms. The tactile design not only adds a visual appeal but also offers a pleasing grip, making them both practical and sumptuous. Perfect for whiskey and cocktails, the Mallorca harmoniously blend natural inspiration and contemporary craftsmanship.\n•Refined Design: Textured and patterned surface embodies the beauty of nature's geometry\n•Crystal-Look, Durable Glass: Sturdy, practical glass with the elegance of crystal\n•Built to Last: Durable construction for everyday use in hospitality settings\n•Versatile Appeal: Perfect for cocktails, spirits, soft drinks, or water\n•Dishwasher Safe: Easy to clean and maintain","Each",null,"8.5","8.5","9.1","0.00066",{"v":0.3,"d":"0.300"},{"$nulls":8},"8692952293443",12,"26.5","17.9","20","0.00949","3.6",3.844,null,1140,"https://files.plytix.com/api/v1.1/file/public_files/pim/assets/8a/8d/8f/62/628f8d8abb3a1aaaf0e8f149/images/ac/37/82/68/688237aca81af439e7f6c5ab/TH_MLC433KH.jpg","https://files.plytix.com/api/v1.1/file/public_files/pim/assets/8a/8d/8f/62/628f8d8abb3a1aaaf0e8f149/images/f2/2b/82/68/68822bf2a81af439e7f6c111/MLC433KH.jpg","https://files.plytix.com/api/v1.1/file/public_files/pim/assets/8a/8d/8f/62/628f8d8abb3a1aaaf0e8f149/images/e8/d2/80/68/6880d2e8e49aeb157cd5ea4c/LFST0925427.jpg|https://files.plytix.com/api/v1.1/file/public_files/pim/assets/8a/8d/8f/62/628f8d8abb3a1aaaf0e8f149/images/7b/0c/e9/68/68e90c7bf9997854a41043b2/LFST0226734.jpg|https://files.plytix.com/api/v1.1/file/public_files/pim/assets/8a/8d/8f/62/628f8d8abb3a1aaaf0e8f149/images/7b/0c/e9/68/68e90c7bbc6550e7753ca9cd/LFST0226735.jpg","https://www.nevilleuk.com/products/MLC433KH_","GR16-1","BRG234KH|ARH430|BRT430|HLN356|ODN430|TOK350"]
["MLC439KH","Mallorca Hiball Tumbler 39cl/ 13.7oz","145 x 72mm (H x Dia)",3.98,12,"Glassware>Hi Balls And Tumblers",null,"Yes",null,70,70,145,{"v":0.41,"d":"0.410"},{"v":0.41,"d":"0.410"},{"v":39,"d":"39.00"},"13.7","Glass","7013379900","Turkey",null,null,"Yes",{"$nulls":9},"\n•Refined Design\n•Crystal-Look, Durable Glass\n•Built to Last\n•Versatile Appeal\n•Dishwasher Safe","The Mallorca glasses embody the beauty of nature’s geometry, with their textured and patterned surface reminiscent of organic forms. The tactile design not only adds a visual appeal but also offers a pleasing grip, making them both practical and sumptuous. Perfect for whiskey and cocktails, the Mallorca harmoniously blend natural inspiration and contemporary craftsmanship.\n•Refined Design: Textured and patterned surface embodies the beauty of nature's geometry\n•Crystal-Look, Durable Glass: Sturdy, practical glass with the elegance of crystal\n•Built to Last: Durable construction for everyday use in hospitality settings\n•Versatile Appeal: Perfect for cocktails, spirits, soft drinks, or water\n•Dishwasher Safe: Easy to clean and maintain","Each",null,"7","7","14.5","0.00071",{"v":0.41,"d":"0.410"},{"$nulls":8},"8692952293450",12,"30","22.8","16","0.01094","4.92",5.128,null,936,"https://files.plytix.com/api/v1.1/file/public_files/pim/assets/8a/8d/8f/62/628f8d8abb3a1aaaf0e8f149/images/5c/87/8c/68/688c875cdbab51124ff18880/TH_MLC439KH.jpg","https://files.plytix.com/api/v1.1/file/public_files/pim/assets/8a/8d/8f/62/628f8d8abb3a1aaaf0e8f149/images/f3/2b/82/68/68822bf39544f7f72c09f924/MLC439KH.tif|https://files.plytix.com/api/v1.1/file/public_files/pim/assets/8a/8d/8f/62/628f8d8abb3a1aaaf0e8f149/images/b1/81/8c/68/688c81b1dbab51124ff187bf/MLC439KH.jpg","https://files.plytix.com/api/v1.1/file/public_files/pim/assets/8a/8d/8f/62/628f8d8abb3a1aaaf0e8f149/images/7b/0c/e9/68/68e90c7b91a8e598a16a2d60/LFST0226736.jpg|https://files.plytix.com/api/v1.1/file/public_files/pim/assets/8a/8d/8f/62/628f8d8abb3a1aaaf0e8f149/images/7c/0c/e9/68/68e90c7c24b4aaab5ef38094/LFST0226737.jpg","https://www.nevilleuk.com/products/MLC439KH_","GR25-2","BRG241KH|ARH440|BRT440|HLN376|ODN440|TOK352"]
["BRG234KH","Brugge Rocks Tumbler 34cl/ 12oz","99 x 84mm (H x Dia)",3.34,12,"Glassware>Hi Balls And Tumblers",null,"Yes",null,84,84,100,{"v":0.24,"d":"0.240"},{"v":0.24,"d":"0.240"},{"v":34,"d":"34.00"},"12","Glass","7013379900","Turkey",null,null,"Yes",{"$nulls":9},"\n•Refined Design\n•Crystal-Look, Durable Glass\n•Built to Last\n•Versatile Appeal\n•Dishwasher Safe","The Brugge series showcases refined simplicity, featuring smooth, vertical lines that create a sense of familiarity and comfort for guests. This subtle nod to classic forms enhances the hospitality experience, offering a welcoming yet refined presentation for beverages of all kinds. The Brugge line is crafted for the demands of HORECA establishments. Its approachable yet stylish design ensures a sense of warmth and sophistication, making every serving moment feel familiar.\n•Refined Design: Smooth, vertical lines provides a subtle nod to classic forms\n•Crystal-Look, Durable Glass: Sturdy, practical glass with the elegance of crystal\n•Built to Last: Durable construction for everyday use in hospitality settings\n•Versatile Appeal: Perfect for cocktails, spirits, soft drinks, or water\n•Dishwasher Safe: Easy to clean and maintain","Each",null,"8.4","8.4","10","0.00071",{"v":0.24,"d":"0.240"},{"$nulls":8},"8692952288548",12,"34.4","26","11.2","0.01002","2.88",3.171,null,972,"https://files.plytix.com/api/v1.1/file/public_files/pim/assets/8a/8d/8f/62/628f8d8abb3a1aaaf0e8f149/images/36/87/8c/68/688c87365893f53b00520d6a/TH_BRG234KH.jpg","https://files.plytix.com/api/v1.1/file/public_files/pim/assets/8a/8d/8f/62/628f8d8abb3a1aaaf0e8f149/images/e8/2b/82/68/68822be80d779e27ece5dd7b/BRG234KH.tif|https://files.plytix.com/api/v1.1/file/public_files/pim/assets/8a/8d/8f/62/628f8d8abb3a1aaaf0e8f149/images/b5/81/8c/68/688c81b587c81ce5653e238e/BRG234KH.jpg","https://files.plytix.com/api/v1.1/file/public_files/pim/assets/8a/8d/8f/62/628f8d8abb3a1aaaf0e8f149/images/dc/20/7e/68/687e20dc2a03861c91eda5b3/LFST0925248.jpg|https://files.plytix.com/api/v1.1/file/public_files/pim/assets/8a/8d/8f/62/628f8d8abb3a1aaaf0e8f149/images/d7/20/7e/68/687e20d75ff968b9dfce9a64/LFST0925247.jpg|https://files.plytix.com/api/v1.1/file/public_files/pim/assets/8a/8d/8f/62/628f8d8abb3a1aaaf0e8f149/images/e1/20/7e/68/687e20e1777134bb25939176/LFST0925249.jpg|https://files.plytix.com/api/v1.1/file/public_files/pim/assets/8a/8d/8f/62/628f8d8abb3a1aaaf0e8f149/images/81/1d/7e/68/687e1d812a03861c91eda4c5/LFST0925126.jpg|https://files.plytix.com/api/v1.1/file/public_files/pim/assets/8a/8d/8f/62/628f8d8abb3a1aaaf0e8f149/images/5f/0c/e9/68/68e90c5ff9997854a41043a7/LFST0226676.jpg|https://files.plytix.com/api/v1.1/file/public_files/pim/assets/8a/8d/8f/62/628f8d8abb3a1aaaf0e8f149/images/5f/0c/e9/68/68e90c5f6ae26685803a56a9/LFST0226677.jpg","https://www.nevilleuk.com/products/BRG234KH_","GR16-1","ARH430|BRT430|HLN356|ODN430|TOK350|MLC433KH"]
["BRG241KH","Brugge Hiball Tumbler 41.5cl/ 14.6oz","122 x 86mm (H x Dia)",3.56,12,"Glassware>Hi Balls And Tumblers",null,"Yes",null,90,90,122,0.325,0.325,{"v":41.5,"d":"41.50"},"14.6","Glass","7013379900","Turkey",null,null,"Yes",{"$nulls":9},"\n•Refined Design\n•Crystal-Look, Durable Glass\n•Built to Last\n•Versatile Appeal\n•Dishwasher Safe","The Brugge series showcases refined simplicity, featuring smooth, vertical lines that create a sense of familiarity and comfort for guests. This subtle nod to classic forms enhances the hospitality experience, offering a welcoming yet refined presentation for beverages of all kinds. The Brugge line is crafted for the demands of HORECA establishments. Its approachable yet stylish design ensures a sense of warmth and sophistication, making every serving moment feel familiar.\n•Refined Design: Smooth, vertical lines provides a subtle nod to classic forms\n•Crystal-Look, Durable Glass: Sturdy, practical glass with the elegance of crystal\n•Built to Last: Durable construction for everyday use in hospitality settings\n•Versatile Appeal: Perfect for cocktails, spirits, soft drinks, or water\n•Dishwasher Safe: Easy to clean and maintain","Each",null,"9","9","12.2","0.00099",0.325,{"$nulls":8},"8692952288579",12,"26.5","17.7","26.1","0.01224","3.9",4.191,null,912,"https://files.plytix.com/api/v1.1/file/public_files/pim/assets/8a/8d/8f/62/628f8d8abb3a1aaaf0e8f149/images/36/87/8c/68/688c87367fa8a5dfe9616913/TH_BRG241KH.jpg","https://files.plytix.com/api/v1.1/file/public_files/pim/assets/8a/8d/8f/62/628f8d8abb3a1aaaf0e8f149/images/e9/2b/82/68/68822be984708e1f953fa1ba/BRG241KH.tif|https://files.plytix.com/api/v1.1/file/public_files/pim/assets/8a/8d/8f/62/628f8d8abb3a1aaaf0e8f149/images/ae/81/8c/68/688c81ae87c81ce5653e237d/BRG241KH.jpg","https://files.plytix.com/api/v1.1/file/public_files/pim/assets/8a/8d/8f/62/628f8d8abb3a1aaaf0e8f149/images/60/0c/e9/68/68e90c60f3101950dd5752f6/LFST0226678.jpg|https://files.plytix.com/api/v1.1/file/public_files/pim/assets/8a/8d/8f/62/628f8d8abb3a1aaaf0e8f149/images/61/0c/e9/68/68e90c61f3101950dd5752f7/LFST0226679.jpg","https://www.nevilleuk.com/products/BRG241KH_","GR16-2","ARH440|BRT440|HLN376|ODN440|TOK352|MLC439KH"]
["IST312KH","Istanbul Glass Carafe 1.2L/ 42.6oz","246 x 62mm (H x Dia)",6.84,12,"Glassware>Bottles, Carafes & Jugs",null,"Yes",null,90,60,246,{"v":0.35,"d":"0.350"},{"v":0.35,"d":"0.350"},{"v":120,"d":"120.00"},"42.2","Glass","7013499900","Turkey",null,null,"Yes",{"$nulls":9},"\n•Trendy Design\n•Durable Glass\n•Versatile Appeal\n•Dishwasher Safe","The Istanbul Carafe is especially designed to create fresh looking water presentation. Trendy yet practical, with its long silhouette and retro-inspired design, these large capacity pieces can turn any table setting from casual to elegant and stylish. It is suitable for water, juice and fruit-herb-infused-water and even sangria and white and rose wines.\n•Trendy and Practical Design: A sleek, long silhouette and retro-inspired design that elevates any table setting from casual to elegant\n•Durable Glass: Modern glass quality built for hospitality use\n•Versatile Appeal: Perfect for water, juice, infused drinks, sangria, and even white or rose wine\n•Dishwasher Safe: Easy to clean and maintain","Each",null,"9","6","24.6","0.00133",{"v":0.35,"d":"0.350"},{"$nulls":8},"8692952290688",12,"38.4","29","26","0.02895","4.2",4.491,null,384,"https://files.plytix.com/api/v1.1/file/public_files/pim/assets/8a/8d/8f/62/628f8d8abb3a1aaaf0e8f149/images/48/87/8c/68/688c87485893f53b00520d6f/TH_IST312KH.jpg","https://files.plytix.com/api/v1.1/file/public_files/pim/assets/8a/8d/8f/62/628f8d8abb3a1aaaf0e8f149/images/f1/2b/82/68/68822bf184708e1f953fa1bd/IST312KH.tif","https://files.plytix.com/api/v1.1/file/public_files/pim/assets/8a/8d/8f/62/628f8d8abb3a1aaaf0e8f149/images/cc/1b/7e/68/687e1bcc5ff968b9dfce999d/LFST0925045.jpg|https://files.plytix.com/api/v1.1/file/public_files/pim/assets/8a/8d/8f/62/628f8d8abb3a1aaaf0e8f149/images/23/1c/7e/68/687e1c23777134bb25939088/LFST0925058.jpg|https://files.plytix.com/api/v1.1/file/public_files/pim/assets/8a/8d/8f/62/628f8d8abb3a1aaaf0e8f149/images/d3/1b/7e/68/687e1bd3dd3cffb0b9ad717f/LFST0925046.jpg|https://files.plytix.com/api/v1.1/file/public_files/pim/assets/8a/8d/8f/62/628f8d8abb3a1aaaf0e8f149/images/6e/1b/7e/68/687e1b6e777134bb25939075/LFST0925032.jpg|https://files.plytix.com/api/v1.1/file/public_files/pim/assets/8a/8d/8f/62/628f8d8abb3a1aaaf0e8f149/images/6e/0c/e9/68/68e90c6e5355bfeeaa62d512/LFST0226708.jpg|https://files.plytix.com/api/v1.1/file/public_files/pim/assets/8a/8d/8f/62/628f8d8abb3a1aaaf0e8f149/images/6f/0c/e9/68/68e90c6f24b4aaab5ef3808e/LFST0226709.jpg","https://www.nevilleuk.com/products/IST312KH_",null,"FON886"]
["ARH447KF","Archie Hiball Tumbler 47cl/ 16.5oz","160 x 75mm (H x Dia)",4.78,6,"Glassware>Hi Balls And Tumblers",null,"Yes",null,75,75,160,{"v":0.57,"d":"0.570"},{"v":0.57,"d":"0.570"},{"v":47,"d":"47.00"},"16.5","Glass","7013379900","Turkey",null,null,"Yes",{"$nulls":9},"\n•Iconic Glassware\n•Art Deco Design\n•Crystal-Look, Durable Glass\n•Built to Last\n•Versatile Appeal\n•Dishwasher Safe","The Archie collection fuses architectural details with the practicality of professional glassware. Inspired by the sweeping elegance of structural arches and the bold aesthetics of Art Deco, this collection strengthens the connection between table settings and the spaces they inhabit. The Archie collection offers a range of versatile pieces, ranging from whiskey and cocktail glasses to tumblers and specialty barware. HORECA professionals will recognise each glass as a clever solution, precisely constructed to harmonise form and function. The robust shapes and carefully calibrated capacities cater to a wide array of uses, whether presenting a classic Negroni in the short tumbler or a sparkling spritz in the taller options.\n•Iconic Glassware: An iconic glass with a timeless and striking design\n•Art Deco Design: Art Deco-inspired cut-glass pattern with a modern twist\n•Crystal-Look, Durable Glass: Sturdy, practical glass with the elegance of crystal\n•Built to Last: Durable construction for everyday use in hospitality settings\n•Versatile Appeal: Perfect for cocktails, spirits, soft drinks, or water\n•Dishwasher Safe: Easy to clean and maintain","Each",null,"7.5","7.5","16","0.00090",{"v":0.57,"d":"0.570"},{"$nulls":8},"8692952293382",6,"23.5","15.8","17.3","0.00642","3.42",{"v":4.3,"d":"4.300"},null,900,"https://files.plytix.com/api/v1.1/file/public_files/pim/assets/8a/8d/8f/62/628f8d8abb3a1aaaf0e8f149/images/34/87/8c/68/688c8734dbab51124ff1887c/TH_ARH447KF.jpg","https://files.plytix.com/api/v1.1/file/public_files/pim/assets/8a/8d/8f/62/628f8d8abb3a1aaaf0e8f149/images/fa/2b/82/68/68822bfa84708e1f953fa1c0/ARH447KF.tif|https://files.plytix.com/api/v1.1/file/public_files/pim/assets/8a/8d/8f/62/628f8d8abb3a1aaaf0e8f149/images/b3/81/8c/68/688c81b3d5ef509639b463c9/ARH447KF.jpg","https://files.plytix.com/api/v1.1/file/public_files/pim/assets/8a/8d/8f/62/628f8d8abb3a1aaaf0e8f149/images/8f/0c/e9/68/68e90c8fcba9dc5627c6f5df/LFST0226632.jpg|https://files.plytix.com/api/v1.1/file/public_files/pim/assets/8a/8d/8f/62/628f8d8abb3a1aaaf0e8f149/images/8f/0c/e9/68/68e90c8ff9997854a41043b5/LFST0226633.jpg","https://www.nevilleuk.com/products/ARH447KF_","GR25-2"]
["ARH730KH","Archie Wine Glass 30cl/ 10.6oz","140 x 82mm (H x Dia)",5.56,12,"Glassware>Wine Glasses",null,"Yes",null,820,820,140,{"v":0.35,"d":"0.350"},{"v":0.35,"d":"0.350"},{"v":30,"d":"30.00"},"10.6","Glass","7013289000","Turkey",null,null,"Yes",{"$nulls":6},"Rim & Foot Chip Guarantee",null,null,"\n•Iconic Glassware\n•Art Deco Design\n•Crystal-Look, Durable Glass\n•Built to Last\n•Versatile Appeal\n•Dishwasher Safe","The Archie collection fuses architectural details with the practicality of professional glassware. Inspired by the sweeping elegance of structural arches and the bold aesthetics of Art Deco, this collection strengthens the connection between table settings and the spaces they inhabit. The Archie collection offers a range of versatile pieces, ranging from whiskey and cocktail glasses to tumblers and specialty barware. HORECA professionals will recognise each glass as a clever solution, precisely constructed to harmonise form and function. The robust shapes and carefully calibrated capacities cater to a wide array of uses, whether presenting a classic Negroni in the short tumbler or a sparkling spritz in the taller options.\n•Iconic Glassware: An iconic glass with a timeless and striking design\n•Art Deco Design: Art Deco-inspired cut-glass pattern with a modern twist\n•Crystal-Look, Durable Glass: Sturdy, practical glass with the elegance of crystal\n•Built to Last: Durable construction for everyday use in hospitality settings\n•Dishwasher Safe: Easy to clean and maintain","Each",null,"82","82","14","0.09414",{"v":0.35,"d":"0.350"},{"$nulls":8},"8692952290596",12,"33.8","25.4","15.3","0.01314","4.2",4.491,null,720,"https://files.plytix.com/api/v1.1/file/public_files/pim/assets/8a/8d/8f/62/628f8d8abb3a1aaaf0e8f149/images/34/87/8c/68/688c87345893f53b00520d68/TH_ARH730KH.jpg","https://files.plytix.com/api/v1.1/file/public_files/pim/assets/8a/8d/8f/62/628f8d8abb3a1aaaf0e8f149/images/fc/2b/82/68/68822bfc03c05567ef5f9fbf/ARH730KH.tif|https://files.plytix.com/api/v1.1/file/public_files/pim/assets/8a/8d/8f/62/628f8d8abb3a1aaaf0e8f149/images/b4/81/8c/68/688c81b487c81ce5653e238d/ARH730KH.jpg","https://files.plytix.com/api/v1.1/file/public_files/pim/assets/8a/8d/8f/62/628f8d8abb3a1aaaf0e8f149/images/50/0c/e9/68/68e90c505355bfeeaa62d505/LFST0226638.jpg|https://files.plytix.com/api/v1.1/file/public_files/pim/assets/8a/8d/8f/62/628f8d8abb3a1aaaf0e8f149/images/50/0c/e9/68/68e90c50a54229caab1a5d6c/LFST0226639.jpg","https://www.nevilleuk.com/products/ARH730KH_","GR25-2"]
["ARH725KF","Archie Coupe Cocktail Glass 25cl/ 8.8oz","162 x 100mm (H x Dia)",{"v":6.5,"d":"6.50"},6,"Glassware>Cocktail Glasses",null,"Yes",null,100,100,162,0.265,0.265,{"v":25,"d":"25.00"},"8.8","Glass","7013289000","Turkey",null,null,"Yes",{"$nulls":6},"Rim & Foot Chip Guarantee",null,null,"\n•Iconic Glassware\n•Art Deco Design\n•Crystal-Look, Durable Glass\n•Built to Last\n•Versatile Appeal\n•Dishwasher Safe","The Archie collection fuses architectural details with the practicality of professional glassware. Inspired by the sweeping elegance of structural arches and the bold aesthetics of Art Deco, this collection strengthens the connection between table settings and the spaces they inhabit. The Archie collection offers a range of versatile pieces, ranging from whiskey and cocktail glasses to tumblers and specialty barware. HORECA professionals will recognise each glass as a clever solution, precisely constructed to harmonise form and function. The robust shapes and carefully calibrated capacities cater to a wide array of uses, whether presenting a classic Negroni in the short tumbler or a sparkling spritz in the taller options.\n•Iconic Glassware: An iconic glass with a timeless and striking design\n•Art Deco Design: Art Deco-inspired cut-glass pattern with a modern twist\n•Crystal-Look, Durable Glass: Sturdy, practical glass with the elegance of crystal\n•Two-Piece Construction:&nbsp;Ensures a refined elegance and reinforced strength\n•Built to Last: Durable construction for everyday use in hospitality settings\n•Dishwasher Safe: Easy to clean and maintain","Each",null,"10","10","16.2","0.00162",0.265,{"$nulls":8},"8692952290589",6,"31","20.8","17.5","0.01128","1.59",1.735,null,360,"https://files.plytix.com/api/v1.1/file/public_files/pim/assets/8a/8d/8f/62/628f8d8abb3a1aaaf0e8f149/images/34/87/8c/68/688c87345893f53b00520d67/TH_ARH725KF.jpg","https://files.plytix.com/api/v1.1/file/public_files/pim/assets/8a/8d/8f/62/628f8d8abb3a1aaaf0e8f149/images/fb/2b/82/68/68822bfbe49aeb157cd6268d/ARH725KF.tif|https://files.plytix.com/api/v1.1/file/public_files/pim/assets/8a/8d/8f/62/628f8d8abb3a1aaaf0e8f149/images/b4/81/8c/68/688c81b487c81ce5653e238b/ARH725KF.jpg","https://files.plytix.com/api/v1.1/file/public_files/pim/assets/8a/8d/8f/62/628f8d8abb3a1aaaf0e8f149/images/8c/23/7e/68/687e238cad76c8ad222c8774/LFST0925361.jpg|https://files.plytix.com/api/v1.1/file/public_files/pim/assets/8a/8d/8f/62/628f8d8abb3a1aaaf0e8f149/images/b8/23/7e/68/687e23b85ff968b9dfce9ac4/LFST0925373.jpg|https://files.plytix.com/api/v1.1/file/public_files/pim/assets/8a/8d/8f/62/628f8d8abb3a1aaaf0e8f149/images/be/1c/7e/68/687e1cbe5c3aa1d901c6ea2f/LFST0925090.jpg|https://files.plytix.com/api/v1.1/file/public_files/pim/assets/8a/8d/8f/62/628f8d8abb3a1aaaf0e8f149/images/c9/1c/7e/68/687e1cc95c3aa1d901c6ea34/LFST0925092.jpg|https://files.plytix.com/api/v1.1/file/public_files/pim/assets/8a/8d/8f/62/628f8d8abb3a1aaaf0e8f149/images/4e/0c/e9/68/68e90c4ebc6550e7753ca9bc/LFST0226636.jpg|https://files.plytix.com/api/v1.1/file/public_files/pim/assets/8a/8d/8f/62/628f8d8abb3a1aaaf0e8f149/images/4f/0c/e9/68/68e90c4f5355bfeeaa62d504/LFST0226637.jpg","https://www.nevilleuk.com/products/ARH725KF_","GR16-3","96502|MIS550"]
["ARH724KF","Archie Martini Glass 24cl/ 8.4oz","173 x 115mm (H x Dia)",{"v":6.5,"d":"6.50"},6,"Glassware>Cocktail Glasses",null,"Yes",null,115,115,173,0.225,0.225,{"v":24,"d":"24.00"},"8.4","Glass","7013289000","Turkey",null,null,"Yes",{"$nulls":6},"Rim & Foot Chip Guarantee",null,null,"\n•Iconic Glassware\n•Art Deco Design\n•Crystal-Look, Durable Glass\n•Built to Last\n•Versatile Appeal\n•Dishwasher Safe","The Archie collection fuses architectural details with the practicality of professional glassware. Inspired by the sweeping elegance of structural arches and the bold aesthetics of Art Deco, this collection strengthens the connection between table settings and the spaces they inhabit. The Archie collection offers a range of versatile pieces, ranging from whiskey and cocktail glasses to tumblers and specialty barware. HORECA professionals will recognise each glass as a clever solution, precisely constructed to harmonise form and function. The robust shapes and carefully calibrated capacities cater to a wide array of uses, whether presenting a classic Negroni in the short tumbler or a sparkling spritz in the taller options.\n•Iconic Glassware: An iconic glass with a timeless and striking design\n•Art Deco Design: Art Deco-inspired cut-glass pattern with a modern twist\n•Crystal-Look, Durable Glass: Sturdy, practical glass with the elegance of crystal\n•Two-Piece Construction:&nbsp;Ensures a refined elegance and reinforced strength\n•Built to Last: Durable construction for everyday use in hospitality settings\n•Dishwasher Safe: Easy to clean and maintain","Each",null,"11.5","11.5","17.3","0.00229",0.225,{"$nulls":8},"8692952290572",6,"35.5","23.8","18.6","0.01572","1.35",1.495,null,300,"https://files.plytix.com/api/v1.1/file/public_files/pim/assets/8a/8d/8f/62/628f8d8abb3a1aaaf0e8f149/images/34/87/8c/68/688c87345893f53b00520d66/TH_ARH724KF.jpg","https://files.plytix.com/api/v1.1/file/public_files/pim/assets/8a/8d/8f/62/628f8d8abb3a1aaaf0e8f149/images/fa/2b/82/68/68822bfa0d779e27ece5dd80/ARH724KF.tif|https://files.plytix.com/api/v1.1/file/public_files/pim/assets/8a/8d/8f/62/628f8d8abb3a1aaaf0e8f149/images/b3/81/8c/68/688c81b387c81ce5653e238a/ARH724KF.jpg","https://files.plytix.com/api/v1.1/file/public_files/pim/assets/8a/8d/8f/62/628f8d8abb3a1aaaf0e8f149/images/4d/0c/e9/68/68e90c4d46df2b40054a10b2/LFST0226634.jpg|https://files.plytix.com/api/v1.1/file/public_files/pim/assets/8a/8d/8f/62/628f8d8abb3a1aaaf0e8f149/images/4e/0c/e9/68/68e90c4e6a6c88e00c1f9529/LFST0226635.jpg","https://www.nevilleuk.com/products/ARH724KF_","GR9-3","4S415-280|MIS586"]
["ARH747KF","Archie Gin Cocktail Glass 47cl/ 16.5oz","198 x 102mm (H x Dia)",7.02,6,"Glassware>Gin Glasses",null,"Yes",null,100,100,200,{"v":0.4,"d":"0.400"},{"v":0.4,"d":"0.400"},{"v":47,"d":"47.00"},"16.5","Glass","7013289000","Turkey",null,null,"Yes",{"$nulls":6},"Rim & Foot Chip Guarantee",null,null,"\n•Iconic Glassware\n•Art Deco Design\n•Crystal-Look, Durable Glass\n•Built to Last\n•Versatile Appeal\n•Dishwasher Safe","The Archie collection fuses architectural details with the practicality of professional glassware. Inspired by the sweeping elegance of structural arches and the bold aesthetics of Art Deco, this collection strengthens the connection between table settings and the spaces they inhabit. The Archie collection offers a range of versatile pieces, ranging from whiskey and cocktail glasses to tumblers and specialty barware. HORECA professionals will recognise each glass as a clever solution, precisely constructed to harmonise form and function. The robust shapes and carefully calibrated capacities cater to a wide array of uses, whether presenting a classic Negroni in the short tumbler or a sparkling spritz in the taller options.\n•Iconic Glassware: An iconic glass with a timeless and striking design\n•Art Deco Design: Art Deco-inspired cut-glass pattern with a modern twist\n•Crystal-Look, Durable Glass: Sturdy, practical glass with the elegance of crystal\n•Two-Piece Construction:&nbsp;Ensures a refined elegance and reinforced strength\n•Built to Last: Durable construction for everyday use in hospitality settings\n•Dishwasher Safe: Easy to clean and maintain","Each",null,"10","10","20","0.00200",{"v":0.4,"d":"0.400"},{"$nulls":8},"8692952290565",6,"31.6","21.2","21.1","0.01414","2.4",2.545,null,288,"https://files.plytix.com/api/v1.1/file/public_files/pim/assets/8a/8d/8f/62/628f8d8abb3a1aaaf0e8f149/images/35/87/8c/68/688c87355893f53b00520d69/TH_ARH747KF.jpg","https://files.plytix.com/api/v1.1/file/public_files/pim/assets/8a/8d/8f/62/628f8d8abb3a1aaaf0e8f149/images/fd/2b/82/68/68822bfd03c05567ef5f9fc0/ARH747KF.tif|https://files.plytix.com/api/v1.1/file/public_files/pim/assets/8a/8d/8f/62/628f8d8abb3a1aaaf0e8f149/images/b4/81/8c/68/688c81b4d5ef509639b463ca/ARH747KF.jpg","https://files.plytix.com/api/v1.1/file/public_files/pim/assets/8a/8d/8f/62/628f8d8abb3a1aaaf0e8f149/images/90/23/7e/68/687e23905c3aa1d901c6eb8f/LFST0925363.jpg|https://files.plytix.com/api/v1.1/file/public_files/pim/assets/8a/8d/8f/62/628f8d8abb3a1aaaf0e8f149/images/c4/23/7e/68/687e23c42a03861c91eda656/LFST0925376.jpg|https://files.plytix.com/api/v1.1/file/public_files/pim/assets/8a/8d/8f/62/628f8d8abb3a1aaaf0e8f149/images/b8/23/7e/68/687e23b85ff968b9dfce9ac4/LFST0925373.jpg|https://files.plytix.com/api/v1.1/file/public_files/pim/assets/8a/8d/8f/62/628f8d8abb3a1aaaf0e8f149/images/51/0c/e9/68/68e90c516a6c88e00c1f952a/LFST0226640.jpg|https://files.plytix.com/api/v1.1/file/public_files/pim/assets/8a/8d/8f/62/628f8d8abb3a1aaaf0e8f149/images/51/0c/e9/68/68e90c515355bfeeaa62d509/LFST0226641.jpg","https://www.nevilleuk.com/products/ARH747KF_","GR16-3","MIS590"]
["PR-SST24","Sereno Porcelain Strato Presentation Plate 24.5cm","24.5 x 3.4cm (Dia x H)",18.46,6,"Sereno Tableware>Sereno Porcelain Strato",null,"Yes",null,247,247,33,1.055,1.055,null,null,"Porcelain","6911100090","China",null,null,"Yes","Yes","Yes","Yes",{"$nulls":6},"\n•Durable Fully Vitrified Porcelain\n•Twice-Fired Process\n•High Temperature Firing\n•Conforms to BS4034 Vitrified Hotelware\n•Refined Shape\n•Polished Foot\n•Textured Matt White Glaze\n•Artisanal Accent Glaze\n•Stackable","The Sereno Strato collection draws inspiration from the layers and movement of the upper atmosphere. Its natural, sweeping lines evoke a sense of elevation and movement, offering a modern canvas for creative plating.\n•Durable Fully Vitrified Porcelain: High-temperature firing creates a robust and long-lasting product, ideal for professional use\n•Twice-Fired Process: Enhances strength, durability, and the unique glaze finish, ensuring each piece performs in demanding environments\n•Conforms to Industry Standards: Meets BS4034 standards for vitrified hotelware, ensuring exceptional durability and quality in demanding environments\n•Refined Shapes: Beautifully crafted, contemporary shapes that enhance the overall elegance of the collection\n•Polished Foot: Minimises damage when stacked and stored, helping to maintain the integrity of each piece over time\n•Stackable:&nbsp;Optimises storage space, making it easy to stack securely without risking damage, perfect for busy kitchens\n•Textured Matt White Glaze: The soft matt white glaze with subtle texture adds sophistication and a modern touch to any dining setting\n•Artisanal Accent Glaze: Each piece is finished with an accent glaze, highlighting the artisanal craftsmanship","Each","5020403701903","24.7","24.7","3.3","0.00201",1.055,"05020403701910",6,"26","20","26","0.01352","6.33",{"v":9,"d":"9.000"},"05020403701927",12,"44","29","29","0.03700","12.66",{"v":18,"d":"18.000"},null,360,"https://files.plytix.com/api/v1.1/file/public_files/pim/assets/8a/8d/8f/62/628f8d8abb3a1aaaf0e8f149/images/af/37/82/68/688237af0d779e27ece5e1d3/TH_PR-SST24.jpg","https://files.plytix.com/api/v1.1/file/public_files/pim/assets/8a/8d/8f/62/628f8d8abb3a1aaaf0e8f149/images/69/2a/82/68/68822a69e49aeb157cd62631/PR-SST24_A.jpg|https://files.plytix.com/api/v1.1/file/public_files/pim/assets/8a/8d/8f/62/628f8d8abb3a1aaaf0e8f149/images/6a/2a/82/68/68822a6a84708e1f953fa16b/PR-SST24_B.jpg|https://files.plytix.com/api/v1.1/file/public_files/pim/assets/8a/8d/8f/62/628f8d8abb3a1aaaf0e8f149/images/6b/2a/82/68/68822a6ba81af439e7f6c08b/PR-SST24_C.jpg|https://files.plytix.com/api/v1.1/file/public_files/pim/assets/8a/8d/8f/62/628f8d8abb3a1aaaf0e8f149/images/d7/b9/8c/68/688cb9d77fa8a5dfe9617086/PR-SST24.jpg",null,"https://www.nevilleuk.com/products/PR-SST24_",null,"PR-SAL24|PR-SCR24"]
["BTM6549BK-LW","GenWare Solid Black Low Wall Butlers Tray with Metal Handles 65 x 49cm","65 x 49 x 6cm (L x W x H)",98.22,1,"Trays>Butlers Trays",null,"Yes",null,650,490,60,{"v":2.08,"d":"2.080"},{"v":2.08,"d":"2.080"},null,null,"Acacia Wood-A/B Grade,Iron,Pine wood/Pinus sylvestris var. Mongolica.","4419900000","Thailand",null,null,"No","N/A","N/A","N/A",{"$nulls":6},"\n•Acacia Wood Material\n•Solid Black Finish\n•Sturdy Metal Handles\n•Versatile\n•Stylish and Professional\n•Maximum Weight: 15kg","Make a bold statement in food and drink service with the GenWare Solid Black Butler’s Tray. Crafted from high quality acacia wood and finished in a striking solid black stain, this tray blends natural strength with modern sophistication. Sturdy metal handles provide both functionality and style, making it ideal for serving beverages, room service, or showcasing items in contemporary hospitality settings.\n•Acacia Wood Material: Made from strong and durable material for a premium look and long lasting use\n•Solid Black Finish: For a sleek, modern aesthetic\n•Sturdy Metal Handles: Offer reliable grip and ease of service\n•Versatile: Perfect for serving drinks, food, or creating elegant display set ups\n•Stylish and Professional: Adds a sophisticated touch to hotels and restaurants\n•Maximum Weight: 15kg","Each","5020403017097","65","49","6","0.01911",{"v":2.08,"d":"2.080"},{"$nulls":8},"05020403017103",4,"28","50","67","0.09380","8.32",{"v":9.5,"d":"9.500"},null,48,"https://files.plytix.com/api/v1.1/file/public_files/pim/assets/8a/8d/8f/62/628f8d8abb3a1aaaf0e8f149/images/9a/37/82/68/6882379ae49aeb157cd62a71/TH_BTM6549BK-LW.jpg","https://files.plytix.com/api/v1.1/file/public_files/pim/assets/8a/8d/8f/62/628f8d8abb3a1aaaf0e8f149/images/87/29/82/68/68822987a81af439e7f6c01f/BTM6549BK-LW.jpg|https://files.plytix.com/api/v1.1/file/public_files/pim/assets/8a/8d/8f/62/628f8d8abb3a1aaaf0e8f149/images/88/29/82/68/6882298803c05567ef5f9ec6/BTM6549BK-LW_A.jpg",null,"https://www.nevilleuk.com/products/BTM6549BK-LW_",null,"BTM6549BK|BT6448BK|WVT-B5540BK"]
["BTM5544BK-LW","GenWare Solid Black Low Wall Butlers Tray with Metal Handles 54.5 x 44cm","54.5 x 44 x 6cm (L x W x H)",80.98,1,"Trays>Butlers Trays",null,"Yes",null,545,440,60,{"v":1.57,"d":"1.570"},{"v":1.57,"d":"1.570"},null,null,"Acacia Wood-A/B Grade,Iron,Pine wood/Pinus sylvestris var. Mongolica.","4419900000","Thailand",null,null,"No","N/A","N/A","N/A",{"$nulls":6},"\n•Acacia Wood Material\n•Solid Black Finish\n•Sturdy Metal Handles\n•Versatile\n•Stylish and Professional\n•Maximum Weight: 15kg","Make a bold statement in food and drink service with the GenWare Solid Black Butler’s Tray. Crafted from high quality acacia wood and finished in a striking solid black stain, this tray blends natural strength with modern sophistication. Sturdy metal handles provide both functionality and style, making it ideal for serving beverages, room service, or showcasing items in contemporary hospitality settings.\n•Acacia Wood Material: Made from strong and durable material for a premium look and long lasting use\n•Solid Black Finish: For a sleek, modern aesthetic\n•Sturdy Metal Handles: Offer reliable grip and ease of service\n•Versatile: Perfect for serving drinks, food, or creating elegant display set ups\n•Stylish and Professional: Adds a sophisticated touch to hotels and restaurants\n•Maximum Weight: 15kg","Each","5020403017073","54.5","44","6","0.01439",{"v":1.57,"d":"1.570"},{"$nulls":8},"05020403017080",4,"28","47","57","0.07501","6.28",{"v":8,"d":"8.000"},null,48,"https://files.plytix.com/api/v1.1/file/public_files/pim/assets/8a/8d/8f/62/628f8d8abb3a1aaaf0e8f149/images/9a/37/82/68/6882379a0d779e27ece5e1bf/TH_BTM5544BK-LW.jpg","https://files.plytix.com/api/v1.1/file/public_files/pim/assets/8a/8d/8f/62/628f8d8abb3a1aaaf0e8f149/images/85/29/82/68/688229850d779e27ece5dcce/BTM5544BK-LW.jpg|https://files.plytix.com/api/v1.1/file/public_files/pim/assets/8a/8d/8f/62/628f8d8abb3a1aaaf0e8f149/images/86/29/82/68/688229860d779e27ece5dccf/BTM5544BK-LW_A.jpg",null,"https://www.nevilleuk.com/products/BTM5544BK-LW_",null,"BTM5544BK|BT5342BK|WVT-B5540BK"]
["RSR-WDP3","GenWare Acacia Wood 3 Tier Platform Riser","50 x 50 x 37.5cm (L x W x H) - Platform Size: 25cm (Dia)",86.68,1,"Buffet & Display>Acacia Wood Buffetware",null,"Yes",null,370,85,370,{"v":2.42,"d":"2.420"},{"v":2.42,"d":"2.420"},null,null,"Acacia Wood-A/B Grade,Zinc","4419900000","Thailand",null,null,"No","N/A","N/A","N/A",{"$nulls":6},"\n•Acacia Wood Material\n•Three Tier Design\n•Versatile\n•Easy To Assemble\n•Natural Wood Finish","Create dynamic, eye-catching food displays with the GenWare Acacia Wood 3 Tier Platform Riser. Designed to add height, structure, and rustic charm to buffets or countertop service, this versatile riser is perfect for presenting a range of items from pastries and sandwiches to plated dishes and smallwares. Crafted from durable acacia wood, it offers both strength and natural beauty, helping elevate the overall presentation experience in cafés, hotels, and restaurants.\n•Acacia Wood Material: Made from strong and durable material for a premium look and long lasting use\n•Three Tier Design: Enhances food presentation and maximises vertical display space\n•Versatile: Ideal for showcasing pastries, sandwiches, plated dishes, and displayware as part of a buffet\n•Easy To Assemble: For convenient transport and storage\n•Natural Wood Finish: Adds warmth and elegance to any food display","Each","5020403109273","37","8.5","37","0.01164",{"v":2.42,"d":"2.420"},{"$nulls":8},"05020403109280",4,"39","39","41","0.06236","9.68",{"v":12,"d":"12.000"},null,72,"https://files.plytix.com/api/v1.1/file/public_files/pim/assets/8a/8d/8f/62/628f8d8abb3a1aaaf0e8f149/images/b2/37/82/68/688237b20d779e27ece5e1dd/TH_RSR-WDP3.jpg","https://files.plytix.com/api/v1.1/file/public_files/pim/assets/8a/8d/8f/62/628f8d8abb3a1aaaf0e8f149/images/99/2a/82/68/68822a9903c05567ef5f9f2f/RSR-WDP3.jpg|https://files.plytix.com/api/v1.1/file/public_files/pim/assets/8a/8d/8f/62/628f8d8abb3a1aaaf0e8f149/images/99/2a/82/68/68822a99e49aeb157cd62649/RSR-WDP3_A.jpg|https://files.plytix.com/api/v1.1/file/public_files/pim/assets/8a/8d/8f/62/628f8d8abb3a1aaaf0e8f149/images/9a/2a/82/68/68822a9a0d779e27ece5dd2c/RSR-WDP3_B.jpg","https://files.plytix.com/api/v1.1/file/public_files/pim/assets/8a/8d/8f/62/628f8d8abb3a1aaaf0e8f149/images/58/1b/7e/68/687e1b58dd3cffb0b9ad716e/LFST0925029.jpg|https://files.plytix.com/api/v1.1/file/public_files/pim/assets/8a/8d/8f/62/628f8d8abb3a1aaaf0e8f149/images/4a/1b/7e/68/687e1b4a2a03861c91eda48b/LFST0925027.jpg|https://files.plytix.com/api/v1.1/file/public_files/pim/assets/8a/8d/8f/62/628f8d8abb3a1aaaf0e8f149/images/d8/23/7e/68/687e23d8777134bb259391f6/LFST0925004.jpg","https://www.nevilleuk.com/products/RSR-WDP3_"]
["EIS400CT","GenWare Easter Island Tiki Mug 40cl/ 14oz","16.6 x 8.3cm (H x Dia) - 40cl/ 14oz",10.42,6,"Drinkware>Ceramic Drinkware",null,"Yes",null,83,70,166,{"v":0.4,"d":"0.400"},{"v":0.4,"d":"0.400"},{"v":40,"d":"40.00"},"14.1","Stoneware","6912002310","China",-40,230,"Yes","Yes","Yes","Yes",{"$nulls":6},"\n•High Quality Stoneware\n•Bold, Colourful Design\n•Fun and Theatrical\n•Perfect Serve","Bring tropical flair and bold personality to your cocktail service with the GenWare Stoneware Tiki Mugs. Inspired by classic Polynesian designs, this eye-catching range is perfect for serving exotic cocktails, rum punches, and creative mixed drinks. Crafted from high-quality stoneware with detailed, characterful finishes, each mug adds fun and theatricality to the drinking experience, making them a must-have for bars, restaurants, and themed venues.\n•High Quality Stoneware: For durability and a premium feel\n•Bold, Colourful Design: Inspired by traditional tiki culture\n•Fun and Theatrical: Adds theatre to cocktail presentation and guest experience\n•Perfect Serve: Great for serving tropical cocktails, punches, and signature drinks","Each","5020403176688","8.3","7","16.6","0.00096",{"v":0.4,"d":"0.400"},"05020403176695",6,"24","16","18","0.00691","2.4",2.667,"05020403176701",36,"49","25","37.5","0.04594","14.4",{"v":16,"d":"16.000"},null,756,"https://files.plytix.com/api/v1.1/file/public_files/pim/assets/8a/8d/8f/62/628f8d8abb3a1aaaf0e8f149/images/a5/37/82/68/688237a5a81af439e7f6c58c/TH_EIS400CT.jpg","https://files.plytix.com/api/v1.1/file/public_files/pim/assets/8a/8d/8f/62/628f8d8abb3a1aaaf0e8f149/images/d4/29/82/68/688229d403c05567ef5f9f09/EIS400CT.jpg",null,"https://www.nevilleuk.com/products/EIS400CT_",null,"TKM400CT"]
["FSH380BL","GenWare Blue Fish Tiki Mug 38cl/ 13.4oz","18 x 9cm (H x Dia) - 38cl/ 13.4oz",10.42,6,"Drinkware>Ceramic Drinkware",null,"Yes",null,90,70,180,{"v":0.35,"d":"0.350"},{"v":0.35,"d":"0.350"},{"v":38,"d":"38.00"},"13.4","Stoneware","6912002310","China",-40,230,"Yes","Yes","Yes","Yes",{"$nulls":6},"\n•High Quality Stoneware\n•Bold, Colourful Design\n•Fun and Theatrical\n•Perfect Serve","Bring tropical flair and bold personality to your cocktail service with the GenWare Stoneware Tiki Mugs. Inspired by classic Polynesian designs, this eye-catching range is perfect for serving exotic cocktails, rum punches, and creative mixed drinks. Crafted from high-quality stoneware with detailed, characterful finishes, each mug adds fun and theatricality to the drinking experience, making them a must-have for bars, restaurants, and themed venues.\n•High Quality Stoneware: For durability and a premium feel\n•Bold, Colourful Design: Inspired by traditional tiki culture\n•Fun and Theatrical: Adds theatre to cocktail presentation and guest experience\n•Perfect Serve: Great for serving tropical cocktails, punches, and signature drinks","Each","5020403176657","9","7","18","0.00113",{"v":0.35,"d":"0.350"},"05020403176664",6,"24","16","18.5","0.00710","2.1",{"v":2.5,"d":"2.500"},"05020403176671",24,"34","25.5","40.5","0.03511","8.4",{"v":10,"d":"10.000"},null,672,"https://files.plytix.com/api/v1.1/file/public_files/pim/assets/8a/8d/8f/62/628f8d8abb3a1aaaf0e8f149/images/a5/37/82/68/688237a50d779e27ece5e1c9/TH_FSH380BL.jpg","https://files.plytix.com/api/v1.1/file/public_files/pim/assets/8a/8d/8f/62/628f8d8abb3a1aaaf0e8f149/images/d5/29/82/68/688229d5a81af439e7f6c054/FSH380BL.jpg","https://files.plytix.com/api/v1.1/file/public_files/pim/assets/8a/8d/8f/62/628f8d8abb3a1aaaf0e8f149/images/98/1c/7e/68/687e1c98ad76c8ad222c8647/LFST0925082.jpg|https://files.plytix.com/api/v1.1/file/public_files/pim/assets/8a/8d/8f/62/628f8d8abb3a1aaaf0e8f149/images/94/1c/7e/68/687e1c94777134bb2593909c/LFST0925081.jpg","https://www.nevilleuk.com/products/FSH380BL_",null,"FSH380GR|TKM400BL"]
["FSH380GR","GenWare Green Fish Tiki Mug 38cl/ 13.4oz","18 x 9cm (H x Dia) - 38cl/ 13.4oz",10.42,6,"Drinkware>Ceramic Drinkware",null,"Yes",null,90,70,180,{"v":0.35,"d":"0.350"},{"v":0.35,"d":"0.350"},{"v":38,"d":"38.00"},"13.4","Stoneware","6912002310","China",-40,230,"Yes","Yes","Yes","Yes",{"$nulls":6},"\n•High Quality Stoneware\n•Bold, Colourful Design\n•Fun and Theatrical\n•Perfect Serve","Bring tropical flair and bold personality to your cocktail service with the GenWare Stoneware Tiki Mugs. Inspired by classic Polynesian designs, this eye-catching range is perfect for serving exotic cocktails, rum punches, and creative mixed drinks. Crafted from high-quality stoneware with detailed, characterful finishes, each mug adds fun and theatricality to the drinking experience, making them a must-have for bars, restaurants, and themed venues.\n•High Quality Stoneware: For durability and a premium feel\n•Bold, Colourful Design: Inspired by traditional tiki culture\n•Fun and Theatrical: Adds theatre to cocktail presentation and guest experience\n•Perfect Serve: Great for serving tropical cocktails, punches, and signature drinks","Each","5020403176626","9","7","18","0.00113",{"v":0.35,"d":"0.350"},"05020403176633",6,"24","16","18.5","0.00710","2.1",{"v":2.5,"d":"2.500"},"05020403176640",24,"34","25.5","40.5","0.03511","8.4",{"v":10,"d":"10.000"},null,672,"https://files.plytix.com/api/v1.1/file/public_files/pim/assets/8a/8d/8f/62/628f8d8abb3a1aaaf0e8f149/images/a5/37/82/68/688237a5a81af439e7f6c58d/TH_FSH380GR.jpg","https://files.plytix.com/api/v1.1/file/public_files/pim/assets/8a/8d/8f/62/628f8d8abb3a1aaaf0e8f149/images/d6/29/82/68/688229d60d779e27ece5dcef/FSH380GR.jpg","https://files.plytix.com/api/v1.1/file/public_files/pim/assets/8a/8d/8f/62/628f8d8abb3a1aaaf0e8f149/images/98/1c/7e/68/687e1c98ad76c8ad222c8647/LFST0925082.jpg|https://files.plytix.com/api/v1.1/file/public_files/pim/assets/8a/8d/8f/62/628f8d8abb3a1aaaf0e8f149/images/94/1c/7e/68/687e1c94777134bb2593909c/LFST0925081.jpg","https://www.nevilleuk.com/products/FSH380GR_",null,"FSH380BL|TKM400GR"]
["RSR-WLS12","GenWare Acacia Wood Stepped Display Stand GN 1/2","32.5 x 26.5 x 10cm (L x W x H)",86.68,1,"Buffet & Display>Acacia Wood Buffetware",null,"Yes",null,325,265,100,{"v":4.4,"d":"4.400"},{"v":4.4,"d":"4.400"},null,null,"Acacia Wood-A/B Grade","4419900000","Thailand",null,null,"No","N/A","N/A","N/A",{"$nulls":6},"\n•Acacia Wood Material\n•Three Tier Design\n•Versatile\n•Retractable Drawers\n•GN 1/2 Footprint\n•Natural Wood Finish","The GenWare Acacia Wood Stepped Display Stand is designed to elevate food presentation for any buffet or display within hotels, cafes or coffee shops. Crafted from durable acacia wood, it ensures longevity and resilience, ideal for the demands of a bustling setting. Each drawer provides ample display space for pastries, cakes and breads, offering both functionality and visual appeal. When not in use, the drawers conveniently retract, saving valuable space for storage. The display stand also has a GN 1/2 footprint which ensures consistency with other GN buffetware.\n•Acacia Wood Material: Made from strong and durable material for a premium look and long lasting use\n•Three Tier Design: Enhances food presentation and maximises vertical display space\n•Versatile: Ideal for showcasing pastries, cakes, and breads in buffet, hotel, cafe, or coffee shop settings\n•Retractable Drawers: Allow for space saving storage when not in use\n•GN 1/2 Footprint: Ensures compatibility with standard Gastronorm buffet systems\n•Natural Wood Finish: Adds warmth and elegance to any food display\n•Top Tier:&nbsp;32.5 x 26.5 x 10cm (L x W x H)&nbsp;\n•Middle Tier:&nbsp;28 x 26.5 x 6.4cm (L x W x H)&nbsp;\n•Bottom Tier:&nbsp;23.5 x 26.5 x 3cm (L x W x H)&nbsp;","Each","5020403109426","32.5","26.5","10","0.00861",{"v":4.4,"d":"4.400"},{"$nulls":8},"05020403109433",3,"33.5","28.5","36.5","0.03485","13.2",{"v":14.5,"d":"14.500"},null,54,"https://files.plytix.com/api/v1.1/file/public_files/pim/assets/8a/8d/8f/62/628f8d8abb3a1aaaf0e8f149/images/b3/37/82/68/688237b3a81af439e7f6c5b6/TH_RSR-WLS12.jpg","https://files.plytix.com/api/v1.1/file/public_files/pim/assets/8a/8d/8f/62/628f8d8abb3a1aaaf0e8f149/images/ae/2a/82/68/68822aae9544f7f72c09f8df/RSR-WLS12.jpg|https://files.plytix.com/api/v1.1/file/public_files/pim/assets/8a/8d/8f/62/628f8d8abb3a1aaaf0e8f149/images/af/2a/82/68/68822aafe49aeb157cd6264c/RSR-WLS12_A.jpg|https://files.plytix.com/api/v1.1/file/public_files/pim/assets/8a/8d/8f/62/628f8d8abb3a1aaaf0e8f149/images/b0/2a/82/68/68822ab09544f7f72c09f8e0/RSR-WLS12_B.jpg|https://files.plytix.com/api/v1.1/file/public_files/pim/assets/8a/8d/8f/62/628f8d8abb3a1aaaf0e8f149/images/b1/2a/82/68/68822ab19544f7f72c09f8e1/RSR-WLS12_C.jpg|https://files.plytix.com/api/v1.1/file/public_files/pim/assets/8a/8d/8f/62/628f8d8abb3a1aaaf0e8f149/images/b2/2a/82/68/68822ab29544f7f72c09f8e2/RSR-WLS12_D.jpg|https://files.plytix.com/api/v1.1/file/public_files/pim/assets/8a/8d/8f/62/628f8d8abb3a1aaaf0e8f149/images/b3/2a/82/68/68822ab39544f7f72c09f8e3/RSR-WLS12_E.jpg","https://files.plytix.com/api/v1.1/file/public_files/pim/assets/8a/8d/8f/62/628f8d8abb3a1aaaf0e8f149/images/ff/1a/7e/68/687e1aff777134bb2593905c/LFST0925016.jpg|https://files.plytix.com/api/v1.1/file/public_files/pim/assets/8a/8d/8f/62/628f8d8abb3a1aaaf0e8f149/images/ed/1a/7e/68/687e1aeddd3cffb0b9ad7161/LFST0925013.jpg|https://files.plytix.com/api/v1.1/file/public_files/pim/assets/8a/8d/8f/62/628f8d8abb3a1aaaf0e8f149/images/ce/23/7e/68/687e23cead76c8ad222c877d/LFST0925002.jpg|https://files.plytix.com/api/v1.1/file/public_files/pim/assets/8a/8d/8f/62/628f8d8abb3a1aaaf0e8f149/images/51/1b/7e/68/687e1b51dd3cffb0b9ad716d/LFST0925028.jpg","https://www.nevilleuk.com/products/RSR-WLS12_",null,"RSR-WDS12"]
["RSR-WL3226","GenWare Acacia Wood Low Box/ Riser GN 1/2","GN1/2 - 32.5 x 26.5 x 8cm (L x W x H)",33.34,1,"Buffet & Display>Acacia Wood Buffetware",null,"Yes",null,325,265,80,{"v":0.9,"d":"0.900"},{"v":0.9,"d":"0.900"},null,null,"Acacia Wood-A/B Grade","4419900000","Thailand",null,null,"No","N/A","N/A","N/A",{"$nulls":6},"\n•Acacia Wood Material\n•Versatile\n•GN Footprint\n•Natural Wood Finish","The GenWare Acacia Wood GN Crates combine natural aesthetics with functional design, making it a versatile addition to any buffet or countertop display. With its GN footprint, it integrates seamlessly with other Gastronorm compatible items, offering a cohesive and professional look. Whether used as a box for holding items or flipped over as a riser to elevate presentation, this dual purpose piece is ideal for showcasing everything from pastries and plated dishes to condiments and cutlery.\n•Acacia Wood Material: Made from strong and durable material for a premium look and long lasting use\n•Versatile: Ideal for holding items or flipped over as a riser to elevate presentation\n•GN Footprint: Ensures compatibility with standard Gastronorm buffet systems\n•Natural Wood Finish: Adds warmth and elegance to any food display","Each","5020403109402","32.5","26.5","8","0.00689",{"v":0.9,"d":"0.900"},{"$nulls":8},"05020403109419",6,"53.4","27.4","36.1","0.05282","5.4",{"v":6,"d":"6.000"},null,96,"https://files.plytix.com/api/v1.1/file/public_files/pim/assets/8a/8d/8f/62/628f8d8abb3a1aaaf0e8f149/images/b3/37/82/68/688237b39544f7f72c09fca1/TH_RSR-WL3226.jpg","https://files.plytix.com/api/v1.1/file/public_files/pim/assets/8a/8d/8f/62/628f8d8abb3a1aaaf0e8f149/images/a9/2a/82/68/68822aa9e49aeb157cd6264b/RSR-WL3226.jpg|https://files.plytix.com/api/v1.1/file/public_files/pim/assets/8a/8d/8f/62/628f8d8abb3a1aaaf0e8f149/images/aa/2a/82/68/68822aaaa81af439e7f6c0c2/RSR-WL3226_A.jpg|https://files.plytix.com/api/v1.1/file/public_files/pim/assets/8a/8d/8f/62/628f8d8abb3a1aaaf0e8f149/images/ab/2a/82/68/68822aaba81af439e7f6c0c3/RSR-WL3226_B.jpg|https://files.plytix.com/api/v1.1/file/public_files/pim/assets/8a/8d/8f/62/628f8d8abb3a1aaaf0e8f149/images/ac/2a/82/68/68822aac03c05567ef5f9f30/RSR-WL3226_C.jpg","https://files.plytix.com/api/v1.1/file/public_files/pim/assets/8a/8d/8f/62/628f8d8abb3a1aaaf0e8f149/images/f6/1b/7e/68/687e1bf6dd3cffb0b9ad7180/LFST0925052.jpg|https://files.plytix.com/api/v1.1/file/public_files/pim/assets/8a/8d/8f/62/628f8d8abb3a1aaaf0e8f149/images/c5/1b/7e/68/687e1bc52a03861c91eda494/LFST0925044.jpg|https://files.plytix.com/api/v1.1/file/public_files/pim/assets/8a/8d/8f/62/628f8d8abb3a1aaaf0e8f149/images/69/1b/7e/68/687e1b692a03861c91eda48d/LFST0925031.jpg|https://files.plytix.com/api/v1.1/file/public_files/pim/assets/8a/8d/8f/62/628f8d8abb3a1aaaf0e8f149/images/f4/23/7e/68/687e23f4777134bb259391f8/LFST0925008.jpg","https://www.nevilleuk.com/products/RSR-WL3226_","WCRS2","RSR-W3226"]
["RSR-WL3218","GenWare Acacia Wood Low Box/ Riser GN 1/3","GN1/3 - 32.5 x 17.6 x 8cm (L x W x H)",28.32,1,"Buffet & Display>Acacia Wood Buffetware",null,"Yes",null,325,176,80,{"v":0.7,"d":"0.700"},{"v":0.7,"d":"0.700"},null,null,"Acacia Wood-A/B Grade","4419900000","Thailand",null,null,"No","N/A","N/A","N/A",{"$nulls":6},"\n•Acacia Wood Material\n•Versatile\n•GN Footprint\n•Natural Wood Finish","The GenWare Acacia Wood GN Crates combine natural aesthetics with functional design, making it a versatile addition to any buffet or countertop display. With its GN footprint, it integrates seamlessly with other Gastronorm compatible items, offering a cohesive and professional look. Whether used as a box for holding items or flipped over as a riser to elevate presentation, this dual purpose piece is ideal for showcasing everything from pastries and plated dishes to condiments and cutlery.\n•Acacia Wood Material: Made from strong and durable material for a premium look and long lasting use\n•Versatile: Ideal for holding items or flipped over as a riser to elevate presentation\n•GN Footprint: Ensures compatibility with standard Gastronorm buffet systems\n•Natural Wood Finish: Adds warmth and elegance to any food display","Each","5020403109389","32.5","17.6","8","0.00458",{"v":0.7,"d":"0.700"},{"$nulls":8},"05020403109396",6,"51.2","19.4","35.5","0.03526","4.2",{"v":5.5,"d":"5.500"},null,168,"https://files.plytix.com/api/v1.1/file/public_files/pim/assets/8a/8d/8f/62/628f8d8abb3a1aaaf0e8f149/images/b2/37/82/68/688237b29544f7f72c09fc9f/TH_RSR-WL3218.jpg","https://files.plytix.com/api/v1.1/file/public_files/pim/assets/8a/8d/8f/62/628f8d8abb3a1aaaf0e8f149/images/a4/2a/82/68/68822aa4a81af439e7f6c0bc/RSR-WL3218.jpg|https://files.plytix.com/api/v1.1/file/public_files/pim/assets/8a/8d/8f/62/628f8d8abb3a1aaaf0e8f149/images/a5/2a/82/68/68822aa5a81af439e7f6c0c1/RSR-WL3218_A.jpg|https://files.plytix.com/api/v1.1/file/public_files/pim/assets/8a/8d/8f/62/628f8d8abb3a1aaaf0e8f149/images/a6/2a/82/68/68822aa69544f7f72c09f8de/RSR-WL3218_B.jpg|https://files.plytix.com/api/v1.1/file/public_files/pim/assets/8a/8d/8f/62/628f8d8abb3a1aaaf0e8f149/images/a8/2a/82/68/68822aa8e49aeb157cd6264a/RSR-WL3218_C.jpg",null,"https://www.nevilleuk.com/products/RSR-WL3218_",null,"RSR-W3218|WDD-3218"]
["RSR-WBB2517","GenWare Acacia Wood Display Block 25 x 17cm","25 x 25 x 17cm (L x W x H)",70.62,1,"Buffet & Display>Acacia Wood Buffetware",null,"Yes",null,250,250,170,{"v":2.3,"d":"2.300"},{"v":2.3,"d":"2.300"},null,null,"Acacia Wood-A/B Grade","4419900000","Thailand",null,null,"No","N/A","N/A","N/A",{"$nulls":6},"\n•Acacia Wood Material\n•Raised Platform\n•Versatile\n•Natural Wood Finish","The GenWare Acacia Wood Display Blocks are a versatile and stylish solution for creating height and structure in food and product displays. Crafted from durable, richly grained acacia wood, these blocks bring natural warmth and depth to any buffet, countertop, or retail presentation. Ideal for showcasing everything from plated dishes and desserts to packaged goods or promotional items, they are a must have for hotels, cafes, bakeries, and catered events looking to elevate visual impact.\n•Acacia Wood Material: Made from strong and durable material for a premium look and long lasting use\n•Raised Platform: Enhances visibility and creates a focal point on any display\n•Versatile: Ideal for showcasing everything from plated dishes and desserts to packaged goods or promotional items in buffet, hotel, cafe, or coffee shop settings\n•Natural Wood Finish: Adds warmth and elegance to any food display","Each","5020403109358","25","25","17","0.01063",{"v":2.3,"d":"2.300"},{"$nulls":8},"05020403109365",4,"71.5","27","27.9","0.05386","9.2",{"v":10.5,"d":"10.500"},null,48,"https://files.plytix.com/api/v1.1/file/public_files/pim/assets/8a/8d/8f/62/628f8d8abb3a1aaaf0e8f149/images/b2/37/82/68/688237b2e49aeb157cd62a8f/TH_RSR-WBB2517.jpg","https://files.plytix.com/api/v1.1/file/public_files/pim/assets/8a/8d/8f/62/628f8d8abb3a1aaaf0e8f149/images/98/2a/82/68/68822a9803c05567ef5f9f2e/RSR-WBB2517.jpg",null,"https://www.nevilleuk.com/products/RSR-WBB2517_",null,"RSR-WR25|WBWLS2212|WBWLS2215"]
["RSR-WBB2510","GenWare Acacia Wood Display Block 25 x 10cm","25 x 25 x 10cm (L x W x H)",54.48,1,"Buffet & Display>Acacia Wood Buffetware",null,"Yes",null,250,250,100,{"v":1.9,"d":"1.900"},{"v":1.9,"d":"1.900"},null,null,"Acacia Wood-A/B Grade","4419900000","Thailand",null,null,"No","N/A","N/A","N/A",{"$nulls":6},"\n•Acacia Wood Material\n•Raised Platform\n•Versatile\n•Natural Wood Finish","The GenWare Acacia Wood Display Blocks are a versatile and stylish solution for creating height and structure in food and product displays. Crafted from durable, richly grained acacia wood, these blocks bring natural warmth and depth to any buffet, countertop, or retail presentation. Ideal for showcasing everything from plated dishes and desserts to packaged goods or promotional items, they are a must have for hotels, cafes, bakeries, and catered events looking to elevate visual impact.\n•Acacia Wood Material: Made from strong and durable material for a premium look and long lasting use\n•Raised Platform: Enhances visibility and creates a focal point on any display\n•Versatile: Ideal for showcasing everything from plated dishes and desserts to packaged goods or promotional items in buffet, hotel, cafe, or coffee shop settings\n•Natural Wood Finish: Adds warmth and elegance to any food display","Each","5020403109334","25","25","10","0.00625",{"v":1.9,"d":"1.900"},{"$nulls":8},"05020403109341",6,"63.9","26.7","27.9","0.04760","11.4",{"v":13,"d":"13.000"},null,96,"https://files.plytix.com/api/v1.1/file/public_files/pim/assets/8a/8d/8f/62/628f8d8abb3a1aaaf0e8f149/images/b2/37/82/68/688237b2a81af439e7f6c5b5/TH_RSR-WBB2510.jpg","https://files.plytix.com/api/v1.1/file/public_files/pim/assets/8a/8d/8f/62/628f8d8abb3a1aaaf0e8f149/images/97/2a/82/68/68822a97a81af439e7f6c0ad/RSR-WBB2510.jpg","https://files.plytix.com/api/v1.1/file/public_files/pim/assets/8a/8d/8f/62/628f8d8abb3a1aaaf0e8f149/images/15/1b/7e/68/687e1b155c3aa1d901c6ea0c/LFST0925019.jpg","https://www.nevilleuk.com/products/RSR-WBB2510_",null,"RSR-WR25|WBWLS2212|WBWLS2215"]
["RSR-WBB2117","GenWare Acacia Wood Display Block 21 x 17cm","21 x 21 x 17cm (L x W x H)",54.48,1,"Buffet & Display>Acacia Wood Buffetware",null,"Yes",null,210,210,170,{"v":1.8,"d":"1.800"},{"v":1.8,"d":"1.800"},null,null,"Acacia Wood-A/B Grade","4419900000","Thailand",null,null,"No","N/A","N/A","N/A",{"$nulls":6},"\n•Acacia Wood Material\n•Raised Platform\n•Versatile\n•Natural Wood Finish","The GenWare Acacia Wood Display Blocks are a versatile and stylish solution for creating height and structure in food and product displays. Crafted from durable, richly grained acacia wood, these blocks bring natural warmth and depth to any buffet, countertop, or retail presentation. Ideal for showcasing everything from plated dishes and desserts to packaged goods or promotional items, they are a must have for hotels, cafes, bakeries, and catered events looking to elevate visual impact.\n•Acacia Wood Material: Made from strong and durable material for a premium look and long lasting use\n•Raised Platform: Enhances visibility and creates a focal point on any display\n•Versatile: Ideal for showcasing everything from plated dishes and desserts to packaged goods or promotional items in buffet, hotel, cafe, or coffee shop settings\n•Natural Wood Finish: Adds warmth and elegance to any food display","Each","5020403109310","21","21","17","0.00750",{"v":1.8,"d":"1.800"},{"$nulls":8},"05020403109327",4,"37.5","23.2","45.6","0.03967","7.2",{"v":8.5,"d":"8.500"},null,84,"https://files.plytix.com/api/v1.1/file/public_files/pim/assets/8a/8d/8f/62/628f8d8abb3a1aaaf0e8f149/images/b2/37/82/68/688237b2a81af439e7f6c5b3/TH_RSR-WBB2117.jpg","https://files.plytix.com/api/v1.1/file/public_files/pim/assets/8a/8d/8f/62/628f8d8abb3a1aaaf0e8f149/images/96/2a/82/68/68822a96e49aeb157cd62648/RSR-WBB2117.jpg","https://files.plytix.com/api/v1.1/file/public_files/pim/assets/8a/8d/8f/62/628f8d8abb3a1aaaf0e8f149/images/d3/1b/7e/68/687e1bd3dd3cffb0b9ad717f/LFST0925046.jpg|https://files.plytix.com/api/v1.1/file/public_files/pim/assets/8a/8d/8f/62/628f8d8abb3a1aaaf0e8f149/images/99/1b/7e/68/687e1b992a03861c91eda493/LFST0925038.jpg|https://files.plytix.com/api/v1.1/file/public_files/pim/assets/8a/8d/8f/62/628f8d8abb3a1aaaf0e8f149/images/6e/1b/7e/68/687e1b6e777134bb25939075/LFST0925032.jpg","https://www.nevilleuk.com/products/RSR-WBB2117_",null,"RSR-WR25|WBWLS2212|WBWLS2215"]
["RSR-WBB2110","GenWare Acacia Wood Display Block 21 x 10cm","21 x 21 x 10cm (L x W x H)",{"v":45.4,"d":"45.40"},1,"Buffet & Display>Acacia Wood Buffetware",null,"Yes",null,210,210,100,{"v":1.4,"d":"1.400"},{"v":1.4,"d":"1.400"},null,null,"Acacia Wood-A/B Grade","4419900000","Thailand",null,null,"No","N/A","N/A","N/A",{"$nulls":6},"\n•Acacia Wood Material\n•Raised Platform\n•Versatile\n•Natural Wood Finish","The GenWare Acacia Wood Display Blocks are a versatile and stylish solution for creating height and structure in food and product displays. Crafted from durable, richly grained acacia wood, these blocks bring natural warmth and depth to any buffet, countertop, or retail presentation. Ideal for showcasing everything from plated dishes and desserts to packaged goods or promotional items, they are a must have for hotels, cafes, bakeries, and catered events looking to elevate visual impact.\n•Acacia Wood Material: Made from strong and durable material for a premium look and long lasting use\n•Raised Platform: Enhances visibility and creates a focal point on any display\n•Versatile: Ideal for showcasing everything from plated dishes and desserts to packaged goods or promotional items in buffet, hotel, cafe, or coffee shop settings\n•Natural Wood Finish: Adds warmth and elegance to any food display","Each","5020403109297","21","21","10","0.00441",{"v":1.4,"d":"1.400"},{"$nulls":8},"05020403109303",6,"34","23.2","45.6","0.03597","8.4",{"v":10,"d":"10.000"},null,168,"https://files.plytix.com/api/v1.1/file/public_files/pim/assets/8a/8d/8f/62/628f8d8abb3a1aaaf0e8f149/images/b2/37/82/68/688237b284708e1f953fa5a4/TH_RSR-WBB2110.jpg","https://files.plytix.com/api/v1.1/file/public_files/pim/assets/8a/8d/8f/62/628f8d8abb3a1aaaf0e8f149/images/95/2a/82/68/68822a95e49aeb157cd62647/RSR-WBB2110.jpg","https://files.plytix.com/api/v1.1/file/public_files/pim/assets/8a/8d/8f/62/628f8d8abb3a1aaaf0e8f149/images/d3/1b/7e/68/687e1bd3dd3cffb0b9ad717f/LFST0925046.jpg|https://files.plytix.com/api/v1.1/file/public_files/pim/assets/8a/8d/8f/62/628f8d8abb3a1aaaf0e8f149/images/6e/1b/7e/68/687e1b6e777134bb25939075/LFST0925032.jpg","https://www.nevilleuk.com/products/RSR-WBB2110_",null,"RSR-WR25|WBWLS2212|WBWLS2215"]
["WTBWL30","GenWare Acacia Wood Tripod Bowl 30cm","30 x 16cm (Dia x H) - 3.3L/116.1oz",59.82,1,"Buffet & Display>Acacia Wood Buffetware",null,"Yes",null,300,300,160,{"v":0.97,"d":"0.970"},{"v":0.97,"d":"0.970"},{"v":330,"d":"330.00"},"116.1","Acacia Wood-A/B Grade","4419900000","Thailand",null,null,"No","N/A","N/A","N/A",{"$nulls":6},"\n•Acacia Wood Material\n•Tripod Design\n•Versatile\n•Natural Wood Finish","Add warmth, height, and natural beauty to your buffet displays with the GenWare Acacia Wood Tripod Buffet Bowls. Entirely crafted from richly grained acacia wood, this elegant solution brings a rustic yet refined look to any food presentation. The integrated bowl and tripod stand design creates a striking visual centrepiece, perfect for showcasing fruits, salads, snacks, or baked goods in hotels, cafes, and catered events.\n•Acacia Wood Material: Made from strong and durable material for a premium look and long lasting use\n•Tripod Design: Adds height and depth to buffet and countertop displays\n•Versatile: Ideal for showcasing fruits, salads, snacks, or baked goods in buffet, hotel, cafe, or catered event settings\n•Natural Wood Finish: Adds warmth and elegance to any food display","Each","5020403109259","30","30","16","0.01440",{"v":0.97,"d":"0.970"},{"$nulls":8},"05020403109266",6,"32.1","30.9","61.2","0.06070","5.82",{"v":7,"d":"7.000"},null,72,"https://files.plytix.com/api/v1.1/file/public_files/pim/assets/8a/8d/8f/62/628f8d8abb3a1aaaf0e8f149/images/91/37/82/68/688237919544f7f72c09fc8b/TH_WTBWL30.jpg","https://files.plytix.com/api/v1.1/file/public_files/pim/assets/8a/8d/8f/62/628f8d8abb3a1aaaf0e8f149/images/6f/29/82/68/6882296fa81af439e7f6c00c/WTBWL30.jpg","https://files.plytix.com/api/v1.1/file/public_files/pim/assets/8a/8d/8f/62/628f8d8abb3a1aaaf0e8f149/images/1c/1c/7e/68/687e1c1cdd3cffb0b9ad7188/LFST0925057.jpg","https://www.nevilleuk.com/products/WTBWL30_",null,"WBWL30"]
["WTBWL25","GenWare Acacia Wood Tripod Bowl 25cm","25 x 13.5cm (Dia x H) - 1.9L/66.9oz",54.16,1,"Buffet & Display>Acacia Wood Buffetware",null,"Yes",null,250,250,135,{"v":0.62,"d":"0.620"},{"v":0.62,"d":"0.620"},{"v":190,"d":"190.00"},"66.9","Acacia Wood-A/B Grade","4419900000","Thailand",null,null,"No","N/A","N/A","N/A",{"$nulls":6},"\n•Acacia Wood Material\n•Tripod Design\n•Versatile\n•Natural Wood Finish","Add warmth, height, and natural beauty to your buffet displays with the GenWare Acacia Wood Tripod Buffet Bowls. Entirely crafted from richly grained acacia wood, this elegant solution brings a rustic yet refined look to any food presentation. The integrated bowl and tripod stand design creates a striking visual centrepiece, perfect for showcasing fruits, salads, snacks, or baked goods in hotels, cafes, and catered events.\n•Acacia Wood Material: Made from strong and durable material for a premium look and long lasting use\n•Tripod Design: Adds height and depth to buffet and countertop displays\n•Versatile: Ideal for showcasing fruits, salads, snacks, or baked goods in buffet, hotel, cafe, or catered event settings\n•Natural Wood Finish: Adds warmth and elegance to any food display","Each","5020403109235","25","25","13.5","0.00844",{"v":0.62,"d":"0.620"},{"$nulls":8},"05020403109242",8,"51.8","27","40.6","0.05678","4.96",{"v":6,"d":"6.000"},null,192,"https://files.plytix.com/api/v1.1/file/public_files/pim/assets/8a/8d/8f/62/628f8d8abb3a1aaaf0e8f149/images/91/37/82/68/688237910d779e27ece5e1b3/TH_WTBWL25.jpg","https://files.plytix.com/api/v1.1/file/public_files/pim/assets/8a/8d/8f/62/628f8d8abb3a1aaaf0e8f149/images/6e/29/82/68/6882296e9544f7f72c09f894/WTBWL25.jpg","https://files.plytix.com/api/v1.1/file/public_files/pim/assets/8a/8d/8f/62/628f8d8abb3a1aaaf0e8f149/images/1c/1c/7e/68/687e1c1cdd3cffb0b9ad7188/LFST0925057.jpg","https://www.nevilleuk.com/products/WTBWL25_",null,"WBWL25"]
["WRST30","GenWare Acacia Wood Round Serving Tray 30cm","30.5 x 6cm (Dia x H)",47.86,1,"Table Presentation>Acacia Wood",null,"Yes",null,300,300,60,{"v":0.8,"d":"0.800"},{"v":0.8,"d":"0.800"},null,null,"Acacia Wood-A/B Grade","4419900000","Thailand",null,null,"No","N/A","N/A","N/A",{"$nulls":6},"\n•Acacia Wood Material\n•Round Design\n•Versatile\n•Integrated Handles\n•Natural Wood Finish","The GenWare Acacia Wood Round Serving Trays offer a stylish and versatile solution for food presentation and service. Crafted from durable, richly grained acacia wood, these trays combine natural elegance with everyday functionality. Ideal for serving drinks, canapes, afternoon tea, or creating centrepiece displays, their smooth, round shape and warm tones bring a rustic charm to any table, buffet, or event setting.\n•Acacia Wood Material: Made from strong and durable material for a premium look and long lasting use\n•Round Design: Adds visual appeal and versatility for a range of serving applications\n•Versatile: Perfect for serving drinks, small plates, canapes, desserts, or for use as display bases\n•Integrated Handles: Offer a secure and comfortable grip for easy transport\n•Natural Wood Finish: Adds warmth and elegance to any food display","Each","5020403122012","30","30","6","0.00540",{"v":0.8,"d":"0.800"},{"$nulls":8},"05020403122029",6,"32.1","32.1","39.3","0.04050","4.8",{"v":6,"d":"6.000"},null,144,"https://files.plytix.com/api/v1.1/file/public_files/pim/assets/8a/8d/8f/62/628f8d8abb3a1aaaf0e8f149/images/65/3f/82/68/68823f6584708e1f953fa816/TH_WRST30.jpg","https://files.plytix.com/api/v1.1/file/public_files/pim/assets/8a/8d/8f/62/628f8d8abb3a1aaaf0e8f149/images/6d/29/82/68/6882296d0d779e27ece5dcc8/WRST30.jpg","https://files.plytix.com/api/v1.1/file/public_files/pim/assets/8a/8d/8f/62/628f8d8abb3a1aaaf0e8f149/images/23/1c/7e/68/687e1c23777134bb25939088/LFST0925058.jpg|https://files.plytix.com/api/v1.1/file/public_files/pim/assets/8a/8d/8f/62/628f8d8abb3a1aaaf0e8f149/images/8e/20/7e/68/687e208e2a03861c91eda5a2/LFST0925231.jpg|https://files.plytix.com/api/v1.1/file/public_files/pim/assets/8a/8d/8f/62/628f8d8abb3a1aaaf0e8f149/images/c1/20/7e/68/687e20c15ff968b9dfce9a62/LFST0925243.jpg|https://files.plytix.com/api/v1.1/file/public_files/pim/assets/8a/8d/8f/62/628f8d8abb3a1aaaf0e8f149/images/a4/20/7e/68/687e20a4777134bb25939162/LFST0925236.jpg","https://www.nevilleuk.com/products/WRST30_"]
["WRST25","GenWare Acacia Wood Round Serving Tray 25cm","25 x 6cm (Dia x H)",39.46,1,"Table Presentation>Acacia Wood",null,"Yes",null,250,250,60,{"v":0.52,"d":"0.520"},{"v":0.52,"d":"0.520"},null,null,"Acacia Wood-A/B Grade","4419900000","Thailand",null,null,"No","N/A","N/A","N/A",{"$nulls":6},"\n•Acacia Wood Material\n•Round Design\n•Versatile\n•Integrated Handles\n•Natural Wood Finish","The GenWare Acacia Wood Round Serving Trays offer a stylish and versatile solution for food presentation and service. Crafted from durable, richly grained acacia wood, these trays combine natural elegance with everyday functionality. Ideal for serving drinks, canapes, afternoon tea, or creating centrepiece displays, their smooth, round shape and warm tones bring a rustic charm to any table, buffet, or event setting.\n•Acacia Wood Material: Made from strong and durable material for a premium look and long lasting use\n•Round Design: Adds visual appeal and versatility for a range of serving applications\n•Versatile: Perfect for serving drinks, small plates, canapes, desserts, or for use as display bases\n•Integrated Handles: Offer a secure and comfortable grip for easy transport\n•Natural Wood Finish: Adds warmth and elegance to any food display","Each","5020403121992","25","25","6","0.00375",{"v":0.52,"d":"0.520"},{"$nulls":8},"05020403122005",6,"27","27","39.3","0.02865","3.12",{"v":4,"d":"4.000"},null,240,"https://files.plytix.com/api/v1.1/file/public_files/pim/assets/8a/8d/8f/62/628f8d8abb3a1aaaf0e8f149/images/90/37/82/68/688237900d779e27ece5e1b2/TH_WRST25.jpg","https://files.plytix.com/api/v1.1/file/public_files/pim/assets/8a/8d/8f/62/628f8d8abb3a1aaaf0e8f149/images/2d/2b/82/68/68822b2de49aeb157cd62663/WRST25.jpg",null,"https://www.nevilleuk.com/products/WRST25_"]
["C2215","GenWare Cast Iron Griddle 21.5 x 15cm","21.5 x 15cm (L x W)",23.12,6,"Table Presentation>Cast Iron & Accessories",null,"Yes",null,217,149,16,{"v":1.26,"d":"1.260"},{"v":1.26,"d":"1.260"},null,null,"Cast Iron","7323910000","China",null,null,"No","Yes","No","N/A",{"$nulls":6},"\n•High Quality Cast Iron\n•Ideal For Individual Servings\n•Suitable For Oven Use\n•Rustic and Premium Feel\n•Pre-Seasoned\n•Designed For Professional Use\n•Max. Temperature: 350C","The GenWare Cast Iron range brings a touch of rustic charm and individuality to food presentation. Perfect for serving individual portions, sides, tapas, or sharing plates, these dishes are designed to go straight from oven to table, delivering both functionality and striking visual appeal. Their durable construction ensures excellent heat retention, keeping food warmer for longer, ideal for busy restaurants, bistros, and gastropubs looking to elevate the dining experience.\n•High Quality Cast Iron: For exceptional heat retention and even cooking\n•Ideal For Individual Servings: Such as side dishes, tapas, or sharing-style presentations\n•Suitable For Oven Use: As well as all types of hobs, including induction, making them perfect for cook and serve presentation\n•Rustic and Premium Feel: Enhances table settings in restaurants, cafes, and pubs\n•Pre-Seasoned: Improves resistance to sticking\n•Designed For Professional Use: Robust, long lasting, and easy to clean\n•Max. Temperature:  350C","Each",null,"21.7","14.9","1.6","0.00052",{"v":1.26,"d":"1.260"},{"$nulls":8},"05020403122425",6,"26.5","15.5","12","0.00493","7.56",{"v":7.8,"d":"7.800"},null,312,"https://files.plytix.com/api/v1.1/file/public_files/pim/assets/8a/8d/8f/62/628f8d8abb3a1aaaf0e8f149/images/9c/37/82/68/6882379ce49aeb157cd62a72/TH_C2215.jpg","https://files.plytix.com/api/v1.1/file/public_files/pim/assets/8a/8d/8f/62/628f8d8abb3a1aaaf0e8f149/images/8e/29/82/68/6882298e0d779e27ece5dcd3/C2215.jpg","https://files.plytix.com/api/v1.1/file/public_files/pim/assets/8a/8d/8f/62/628f8d8abb3a1aaaf0e8f149/images/f6/1c/7e/68/687e1cf65ff968b9dfce99d0/LFST0925101.jpg|https://files.plytix.com/api/v1.1/file/public_files/pim/assets/8a/8d/8f/62/628f8d8abb3a1aaaf0e8f149/images/2e/1d/7e/68/687e1d2e777134bb259390bb/LFST0925112.jpg|https://files.plytix.com/api/v1.1/file/public_files/pim/assets/8a/8d/8f/62/628f8d8abb3a1aaaf0e8f149/images/e0/1c/7e/68/687e1ce05c3aa1d901c6ea48/LFST0925097.jpg|https://files.plytix.com/api/v1.1/file/public_files/pim/assets/8a/8d/8f/62/628f8d8abb3a1aaaf0e8f149/images/d6/1c/7e/68/687e1cd6dd3cffb0b9ad71ac/LFST0925095.jpg","https://www.nevilleuk.com/products/C2215_",null,"C2515|CT-GR21"]
["SPG17","GenWare Salt Or Pepper Grinder Grey 17.5cm","17.5cm/7\" (H)",22.87,6,"Table Service>Salt & Pepper Grinders & Shakers",null,"Yes",null,60,60,177,0.219,0.219,null,null,"Plastic-Acrylic","6911100010","China",null,null,"No","N/A","N/A","N/A",{"$nulls":4},"Yes",null,"\n•Made From Acrylic\n•Features High Quality Ceramic Grinding Mechanism\n•Adjustable Grind\n•Suitable For Salt And Pepper\n•Supplied With Engraved Knobs","Explore the extensive range of GenWare Salt and Pepper Grinders and Shakers, designed to enhance your tabletop presentation while offering exceptional functionality. Available in a variety of materials, styles, colours, and sizes, our collection allows you to find the perfect match to your restaurant’s theme and ambiance.\n•Premium Materials: Crafted from high-quality acrylic, providing a sleek and modern look that complements any table setting\n•Durable Ceramic Mechanism: Built to last, the ceramic grinding mechanism is suitable for both salt crystals and peppercorns, ensuring consistent performance and resisting corrosion\n•Adjustable Grinding: Easily customise the coarseness of your salt and pepper to suit various culinary needs\n•'S' and 'P' Knobs: Supplied with both 'S' and 'P' engraved knobs, allowing you to easily distinguish between salt and pepper for added convenience\n•Spares: Spare knobs available here ﻿Do not overtighten the knob as this will affect the mechanism from working","Each","5020403086833","6","6","17.7","0.00064",0.219,"05020403086840",6,"19","12.5","19.5","0.00463","1.314",1.505,"05020403086857",24,"27.5","21","41.6","0.02402","5.256",{"v":6.02,"d":"6.020"},null,1008,"https://files.plytix.com/api/v1.1/file/public_files/pim/assets/8a/8d/8f/62/628f8d8abb3a1aaaf0e8f149/images/88/37/82/68/68823788a81af439e7f6c553/TH_SPG17.jpg","https://files.plytix.com/api/v1.1/file/public_files/pim/assets/8a/8d/8f/62/628f8d8abb3a1aaaf0e8f149/images/bb/2a/82/68/68822abb9544f7f72c09f8e5/SPG17.jpg","https://files.plytix.com/api/v1.1/file/public_files/pim/assets/8a/8d/8f/62/628f8d8abb3a1aaaf0e8f149/images/45/1e/7e/68/687e1e45777134bb259390e9/LFST0925135.jpg|https://files.plytix.com/api/v1.1/file/public_files/pim/assets/8a/8d/8f/62/628f8d8abb3a1aaaf0e8f149/images/61/1e/7e/68/687e1e61dd3cffb0b9ad71f3/LFST0925136.jpg","https://www.nevilleuk.com/products/SPG17_","SPKNOBS|WSPGRS","SPG12|SPBLK17|SPWH17"]
["SPWH17","GenWare Salt Or Pepper Grinder White 17.5cm","17.5cm/7\" (H)",22.87,6,"Table Service>Salt & Pepper Grinders & Shakers",null,"Yes",null,60,60,177,0.219,0.219,null,null,"Plastic-Acrylic","6911100010","China",null,null,"No","N/A","N/A","N/A",{"$nulls":4},"Yes",null,"\n•Made From Acrylic\n•Features High Quality Ceramic Grinding Mechanism\n•Adjustable Grind\n•Suitable For Salt And Pepper\n•Supplied With Engraved Knobs","Explore the extensive range of GenWare Salt and Pepper Grinders and Shakers, designed to enhance your tabletop presentation while offering exceptional functionality. Available in a variety of materials, styles, colours, and sizes, our collection allows you to find the perfect match to your restaurant’s theme and ambiance.\n•Premium Materials: Crafted from high-quality acrylic, providing a sleek and modern look that complements any table setting\n•Durable Ceramic Mechanism: Built to last, the ceramic grinding mechanism is suitable for both salt crystals and peppercorns, ensuring consistent performance and resisting corrosion\n•Adjustable Grinding: Easily customise the coarseness of your salt and pepper to suit various culinary needs\n•'S' and 'P' Knobs: Supplied with both 'S' and 'P' engraved knobs, allowing you to easily distinguish between salt and pepper for added convenience\n•Spares: Spare knobs available here ﻿Do not overtighten the knob as this will affect the mechanism from working","Each","5020403086802","6","6","17.7","0.00064",0.219,"05020403086819",6,"19","12.5","19.5","0.00463","1.314",{"v":1.5,"d":"1.500"},"05020403086826",24,"27.5","21","41.5","0.02397","5.256",{"v":6,"d":"6.000"},null,1008,"https://files.plytix.com/api/v1.1/file/public_files/pim/assets/8a/8d/8f/62/628f8d8abb3a1aaaf0e8f149/images/88/37/82/68/68823788a81af439e7f6c554/TH_SPWH17.jpg","https://files.plytix.com/api/v1.1/file/public_files/pim/assets/8a/8d/8f/62/628f8d8abb3a1aaaf0e8f149/images/bb/2a/82/68/68822abba81af439e7f6c0c9/SPWH17.jpg","https://files.plytix.com/api/v1.1/file/public_files/pim/assets/8a/8d/8f/62/628f8d8abb3a1aaaf0e8f149/images/79/1c/7e/68/687e1c792a03861c91eda4aa/LFST0925076.jpg|https://files.plytix.com/api/v1.1/file/public_files/pim/assets/8a/8d/8f/62/628f8d8abb3a1aaaf0e8f149/images/71/1c/7e/68/687e1c715ff968b9dfce99a8/LFST0925074.jpg|https://files.plytix.com/api/v1.1/file/public_files/pim/assets/8a/8d/8f/62/628f8d8abb3a1aaaf0e8f149/images/7f/1c/7e/68/687e1c7f5ff968b9dfce99a9/LFST0925077.jpg|https://files.plytix.com/api/v1.1/file/public_files/pim/assets/8a/8d/8f/62/628f8d8abb3a1aaaf0e8f149/images/6b/1e/7e/68/687e1e6b2a03861c91eda504/LFST0925138.jpg","https://www.nevilleuk.com/products/SPWH17_","SPKNOBS|WSPGRS","SPWH12|SPBLK17|SPG17"]
["SPBLK17","GenWare Salt Or Pepper Grinder Black 17.5cm","17.5cm/7\" (H)",22.87,6,"Table Service>Salt & Pepper Grinders & Shakers",null,"Yes",null,60,60,178,0.219,0.219,null,null,"Plastic-Acrylic","6911100010","China",null,null,"No","N/A","N/A","N/A",{"$nulls":4},"Yes",null,"\n•Made From Acrylic\n•Features High Quality Ceramic Grinding Mechanism\n•Adjustable Grind\n•Suitable For Salt And Pepper\n•Supplied With Engraved Knobs","Explore the extensive range of GenWare Salt and Pepper Grinders and Shakers, designed to enhance your tabletop presentation while offering exceptional functionality. Available in a variety of materials, styles, colours, and sizes, our collection allows you to find the perfect match to your restaurant’s theme and ambiance.\n•Premium Materials: Crafted from high-quality acrylic, providing a sleek and modern look that complements any table setting\n•Durable Ceramic Mechanism: Built to last, the ceramic grinding mechanism is suitable for both salt crystals and peppercorns, ensuring consistent performance and resisting corrosion\n•Adjustable Grinding: Easily customise the coarseness of your salt and pepper to suit various culinary needs\n•'S' and 'P' Knobs: Supplied with both 'S' and 'P' engraved knobs, allowing you to easily distinguish between salt and pepper for added convenience\n•Spares: Spare knobs available here ﻿Do not overtighten the knob as this will affect the mechanism from working","Each","5020403086772","6","6","17.8","0.00064",0.219,"05020403086789",6,"19","12.5","19.5","0.00463","1.314",{"v":1.5,"d":"1.500"},"05020403086796",24,"27.5","21","41.5","0.02397","5.256",{"v":6,"d":"6.000"},null,1008,"https://files.plytix.com/api/v1.1/file/public_files/pim/assets/8a/8d/8f/62/628f8d8abb3a1aaaf0e8f149/images/88/37/82/68/68823788a81af439e7f6c552/TH_SPBLK17.jpg","https://files.plytix.com/api/v1.1/file/public_files/pim/assets/8a/8d/8f/62/628f8d8abb3a1aaaf0e8f149/images/ba/2a/82/68/68822aba84708e1f953fa16f/SPBLK17.jpg",null,"https://www.nevilleuk.com/products/SPBLK17_","SPKNOBS|WSPGRS","SPBLK12|SPG17|SPWH17"]
["SSD38V","GenWare Vintage Steel Oval Dish 37.5 x 26cm","37.5 x 26 x 4.5cm (L x W x H)",56.38,3,"Table Presentation>Vintage Steel",null,"Yes",null,275,270,450,{"v":0.8,"d":"0.800"},{"v":0.8,"d":"0.800"},{"v":220,"d":"220.00"},"77.4","Stainless Steel-202","7323930090","India",null,null,"Yes","Yes","N/A","N/A",{"$nulls":6},"\n•Durable Stainless Steel\n•Industrial Vintage Finish\n•Stylish Brass Handles\n•Versatile Presentation\n•Dishwasher Safe","Add a touch of bold, industrial flair to your food presentation with our Vintage Steel Collection.The attractive brass handles add a sophisticated touch, elevating casual dining to a premium experience.Crafted from high-quality stainless steel with a distinctive vintage finish, this collection combines durability and style, offering a unique, industrial finish that enhances any dish. Perfect for both casual and upscale dining settings, these pieces provide a sophisticated yet rugged look that complements a variety of cuisines.\n•Durable Stainless Steel: Provides long-lasting strength, ideal for high-use environments\n•Industrial Vintage Design: A striking, modern aesthetic that brings a rugged charm to any table setting\n•Safe for Direct Food Contact: Crafted from food-safe materials, ensuring safe and hygienic service\n•Stylish Brass Handles: Adds a premium touch, enhancing casual and upscale dining presentations\n•Versatile Use: Great for presenting mains as well as a variety of sharing dishes at the table\n•Perfect for Casual and Premium Dining: Ideal for restaurants, gastropubs, and sharing style service\n•Dishwasher Safe: Easy to clean and maintain","Each",null,"27.5","27","45","0.03341",{"v":0.8,"d":"0.800"},"05020403122395",3,"41.5","30.5","10","0.01266","2.4",{"v":2.84,"d":"2.840"},"05020403122401",12,"44","32.5","41.5","0.05935","9.6",{"v":11.36,"d":"11.360"},null,144,"https://files.plytix.com/api/v1.1/file/public_files/pim/assets/8a/8d/8f/62/628f8d8abb3a1aaaf0e8f149/images/8d/37/82/68/6882378da81af439e7f6c55d/TH_SSD38V.jpg","https://files.plytix.com/api/v1.1/file/public_files/pim/assets/8a/8d/8f/62/628f8d8abb3a1aaaf0e8f149/images/cd/2a/82/68/68822acd0d779e27ece5dd47/SSD38V.jpg","https://files.plytix.com/api/v1.1/file/public_files/pim/assets/8a/8d/8f/62/628f8d8abb3a1aaaf0e8f149/images/51/23/7e/68/687e23515ff968b9dfce9ab5/LFST0925348.jpg","https://www.nevilleuk.com/products/SSD38V_",null,"SSD38C"]
["SSD38C","GenWare Copper Plated Oval Dish 37.5 x 26cm","37.5 x 26 x 4.5cm (L x W x H)",63.34,3,"Table Presentation>Serving Trays, Plates & Sheets",null,"Yes",null,375,270,450,{"v":0.8,"d":"0.800"},{"v":0.8,"d":"0.800"},{"v":220,"d":"220.00"},"77.4","Stainless Steel-202","7323930090","India",null,null,"No",null,"N/A","N/A",{"$nulls":6},"\n•Durable Stainless Steel\n•Copper Plated Finish\n•Stylish Brass Handles\n•Versatile Use\n•Perfect for Casual and Premium Dining\n•Designed For Serving Only","﻿Add a luxurious touch to your food presentation with the GenWare Copper Plated Oval Dishes. Perfect for serving premium dishes, these eye-catching dishes blend modern style with vintage charm. The reflective copper plated finish paired with elegant brass handles creates a sophisticated look, making them ideal for upscale restaurants, bistros, and contemporary dining settings.\n•Durable Stainless Steel: Provides long-lasting strength, ideal for high-use environments\n•Copper Plated Finish: Adds a premium, on-trend look to food presentation\n•Stylish Brass Handles: Adds a premium touch, enhancing casual and upscale dining presentations\n•Versatile Use: Great for presenting mains as well as a variety of sharing dishes at the table\n•Perfect for Casual and Premium Dining: Ideal for restaurants, gastropubs, and sharing style service\n•Designed For Serving Only: Not suitable for direct heat or dishwashing","Each",null,"37.5","27","45","0.04556",{"v":0.8,"d":"0.800"},"05020403122364",3,"41.5","30.5","10","0.01266","2.4",{"v":2.84,"d":"2.840"},"05020403122371",12,"44","32.5","41.5","0.05935","9.6",{"v":11.36,"d":"11.360"},null,144,"https://files.plytix.com/api/v1.1/file/public_files/pim/assets/8a/8d/8f/62/628f8d8abb3a1aaaf0e8f149/images/8c/37/82/68/6882378c9544f7f72c09fc85/TH_SSD38C.jpg","https://files.plytix.com/api/v1.1/file/public_files/pim/assets/8a/8d/8f/62/628f8d8abb3a1aaaf0e8f149/images/cc/2a/82/68/68822acce49aeb157cd6264f/SSD38C.jpg",null,"https://www.nevilleuk.com/products/SSD38C_",null,"SSD38V"]
["BTM3525BK","GenWare Solid Black Tray with Metal Handles 35 x 25cm","35 x 25 x 4.5cm (L x W x H)",36.52,1,"Trays>Butler Trays",null,"Yes",null,350,250,45,{"v":0.83,"d":"0.830"},{"v":0.83,"d":"0.830"},null,null,"Acacia Wood-A/B Grade,Iron","4419900000","Thailand",null,null,"No","N/A","N/A","N/A",{"$nulls":6},"\n•Acacia Wood Material\n•Solid Black Finish\n•Sturdy Metal Handles\n•Versatile\n•Stylish and Professional","Make a bold statement in food and drink service with the GenWare Solid Black Butler’s Tray. Crafted from high quality acacia wood and finished in a striking solid black stain, this tray blends natural strength with modern sophistication. Sturdy metal handles provide both functionality and style, making it ideal for serving beverages, room service, or showcasing items in contemporary hospitality settings.\n•Acacia Wood Material: Made from strong and durable material for a premium look and long lasting use\n•Solid Black Finish: For a sleek, modern aesthetic\n•Sturdy Metal Handles: Offer reliable grip and ease of service\n•Versatile: Perfect for serving drinks, food, or creating elegant display set ups\n•Stylish and Professional: Adds a sophisticated touch to hotels and restaurants","Each","5020403122050","35","25","4.5","0.00394",{"v":0.83,"d":"0.830"},{"$nulls":8},"05020403122067",6,"30.2","27","38.7","0.03156","4.98",{"v":6,"d":"6.000"},null,144,"https://files.plytix.com/api/v1.1/file/public_files/pim/assets/8a/8d/8f/62/628f8d8abb3a1aaaf0e8f149/images/9a/37/82/68/6882379ae49aeb157cd62a70/TH_BTM3525BK.jpg","https://files.plytix.com/api/v1.1/file/public_files/pim/assets/8a/8d/8f/62/628f8d8abb3a1aaaf0e8f149/images/83/29/82/68/6882298303c05567ef5f9ec1/BTM3525BK.jpg|https://files.plytix.com/api/v1.1/file/public_files/pim/assets/8a/8d/8f/62/628f8d8abb3a1aaaf0e8f149/images/84/29/82/68/6882298403c05567ef5f9ec2/BTM3525BK_A.jpg",null,"https://www.nevilleuk.com/products/BTM3525BK_",null,"WVT-B3528BK"]
["CP-ISC26","Incise Porcelain Scalloped Coupe Plate 26cm","26cm (Dia)",11.38,6,"Incise Porcelain>Incise Porcelain Scalloped",null,"Yes",null,259,259,28,{"v":0.65,"d":"0.650"},{"v":0.65,"d":"0.650"},null,null,"Porcelain","6911100090","China",null,null,"Yes","Yes","Yes","Yes",{"$nulls":6},"\n•Durable Fully Vitrified Porcelain\n•Twice-Fired Process\n•High Temperature Firing\n•Conforms to BS4034 Vitrified Hotelware\n•Scalloped Design\n•Rolled Edges\n•Polished Foot\n•Durable Bright White Glaze","The Incise Scalloped Porcelain Collection brings timeless elegance and classic charm to the modern table. Defined by its beautifully curved edges and soft undulating form, each plate adds a graceful touch that enhances both casual and fine dining experiences.\n•Durable Fully Vitrified Porcelain: High-temperature firing creates a robust and long-lasting product, ideal for professional use\n•Twice-Fired Process: Enhances strength and durability, ensuring each piece performs in demanding environments\n•Conforms to Industry Standards: Meets BS4034 standards for vitrified hotelware, ensuring exceptional durability and quality in demanding environments\n•Rolled Edges: Enhances durability and provides added chip resistance, making it ideal for hotel, restaurant, and foodservice applications\n•Scalloped Edges: Each piece features embossed edges, adding a beautiful, textured aesthetic that enhances food presentation\n•Polished Foot: Minimises damage when stacked and stored, helping to maintain the integrity of each piece over time\n•Durable Bright White Glaze: Features a high-quality, glossy white glaze that enhances durability while providing a sleek, sophisticated finish resistant to stains and scratches\n•Perfect for Upscale Settings: Designed to complement gastro pubs, fine dining establishments and high-end hospitality venues","Each","5020403730941","25.9","25.9","2.8","0.00188",{"v":0.65,"d":"0.650"},"05020403730958",6,"26.7","9.9","26.7","0.00706","3.9",5.333,"05020403730965",18,"33","28","29","0.02680","11.7",{"v":16,"d":"16.000"},null,720,"https://files.plytix.com/api/v1.1/file/public_files/pim/assets/8a/8d/8f/62/628f8d8abb3a1aaaf0e8f149/images/9e/37/82/68/6882379e0d779e27ece5e1c5/TH_CP-ISC26.jpg","https://files.plytix.com/api/v1.1/file/public_files/pim/assets/8a/8d/8f/62/628f8d8abb3a1aaaf0e8f149/images/a1/29/82/68/688229a103c05567ef5f9ee4/CP-ISC26_A.jpg|https://files.plytix.com/api/v1.1/file/public_files/pim/assets/8a/8d/8f/62/628f8d8abb3a1aaaf0e8f149/images/a1/29/82/68/688229a1a81af439e7f6c02a/CP-ISC26_B.jpg|https://files.plytix.com/api/v1.1/file/public_files/pim/assets/8a/8d/8f/62/628f8d8abb3a1aaaf0e8f149/images/6a/b8/8c/68/688cb86a87c81ce5653e2b5e/CP-ISC26.jpg","https://files.plytix.com/api/v1.1/file/public_files/pim/assets/8a/8d/8f/62/628f8d8abb3a1aaaf0e8f149/images/3b/1c/7e/68/687e1c3b5c3aa1d901c6ea25/LFST0925063.jpg|https://files.plytix.com/api/v1.1/file/public_files/pim/assets/8a/8d/8f/62/628f8d8abb3a1aaaf0e8f149/images/49/1c/7e/68/687e1c495ff968b9dfce99a5/LFST0925066.jpg|https://files.plytix.com/api/v1.1/file/public_files/pim/assets/8a/8d/8f/62/628f8d8abb3a1aaaf0e8f149/images/37/1c/7e/68/687e1c372a03861c91eda49b/LFST0925062.jpg","https://www.nevilleuk.com/products/CP-ISC26_",null,"CP-ILV25|CP-ISL25"]
["CP-ISC20","Incise Porcelain Scalloped Coupe Plate 20cm","20.3cm (Dia)",8.12,6,"Incise Porcelain>Incise Porcelain Scalloped",null,"Yes",null,203,203,24,0.345,0.345,null,null,"Porcelain","6911100090","China",null,null,"Yes","Yes","Yes","Yes",{"$nulls":6},"\n•Durable Fully Vitrified Porcelain\n•Twice-Fired Process\n•High Temperature Firing\n•Conforms to BS4034 Vitrified Hotelware\n•Scalloped Design\n•Rolled Edges\n•Polished Foot\n•Durable Bright White Glaze","The Incise Scalloped Porcelain Collection brings timeless elegance and classic charm to the modern table. Defined by its beautifully curved edges and soft undulating form, each plate adds a graceful touch that enhances both casual and fine dining experiences.\n•Durable Fully Vitrified Porcelain: High-temperature firing creates a robust and long-lasting product, ideal for professional use\n•Twice-Fired Process: Enhances strength and durability, ensuring each piece performs in demanding environments\n•Conforms to Industry Standards: Meets BS4034 standards for vitrified hotelware, ensuring exceptional durability and quality in demanding environments\n•Rolled Edges: Enhances durability and provides added chip resistance, making it ideal for hotel, restaurant, and foodservice applications\n•Scalloped Edges: Each piece features embossed edges, adding a beautiful, textured aesthetic that enhances food presentation\n•Polished Foot: Minimises damage when stacked and stored, helping to maintain the integrity of each piece over time\n•Durable Bright White Glaze: Features a high-quality, glossy white glaze that enhances durability while providing a sleek, sophisticated finish resistant to stains and scratches\n•Perfect for Upscale Settings: Designed to complement gastro pubs, fine dining establishments and high-end hospitality venues","Each","5020403730910","20.3","20.3","2.4","0.00099",0.345,"05020403730927",6,"21","8.6","21","0.00379","2.07",3.167,"05020403730934",36,"44","29","24","0.03062","12.42",{"v":19,"d":"19.000"},null,1296,"https://files.plytix.com/api/v1.1/file/public_files/pim/assets/8a/8d/8f/62/628f8d8abb3a1aaaf0e8f149/images/9e/37/82/68/6882379ea81af439e7f6c57a/TH_CP-ISC20.jpg","https://files.plytix.com/api/v1.1/file/public_files/pim/assets/8a/8d/8f/62/628f8d8abb3a1aaaf0e8f149/images/9f/29/82/68/6882299fa81af439e7f6c029/CP-ISC20_A.jpg|https://files.plytix.com/api/v1.1/file/public_files/pim/assets/8a/8d/8f/62/628f8d8abb3a1aaaf0e8f149/images/a0/29/82/68/688229a003c05567ef5f9ee3/CP-ISC20_B.jpg|https://files.plytix.com/api/v1.1/file/public_files/pim/assets/8a/8d/8f/62/628f8d8abb3a1aaaf0e8f149/images/68/b8/8c/68/688cb8685893f53b00521468/CP-ISC20.jpg","https://files.plytix.com/api/v1.1/file/public_files/pim/assets/8a/8d/8f/62/628f8d8abb3a1aaaf0e8f149/images/cd/1c/7e/68/687e1ccd5ff968b9dfce99be/LFST0925093.jpg|https://files.plytix.com/api/v1.1/file/public_files/pim/assets/8a/8d/8f/62/628f8d8abb3a1aaaf0e8f149/images/c3/1c/7e/68/687e1cc32a03861c91eda4b7/LFST0925091.jpg","https://www.nevilleuk.com/products/CP-ISC20_",null,"CP-ILV20|CP-ISL20"]
["110631","GenWare Porcelain Winged Oval Plate 31.5cm/ 12.5\"","31.5 x 22.8cm (L x W)",12.36,4,"GenWare Porcelain>Classic Plates",null,"Yes",null,315,228,30,{"v":0.8,"d":"0.800"},{"v":0.8,"d":"0.800"},null,null,"Porcelain","6911100090","China",null,null,"Yes","Yes","Yes","Yes",{"$nulls":3},"5 Year Edge Chip Guarantee",null,null,"\n•BS4034 Vitrified Porcelain\n•Durable Bright White Glaze\n•Rolled Edges Provides Excellent Chip Resistance\n•Strong And Durable Hotelware","GenWare Porcelain delivers exceptional quality, combining durability and functionality to meet the demands of busy hospitality environments. The versatile range includes an extensive selection of plates, bowls, and beverage items, perfectly complemented by service pieces to create a complete table setting.Crafted from fully vitrified porcelain, the collection meets the stringent standards of BS4034, ensuring low water absorption for enhanced hygiene, superior resistance to thermal shock, increased strength, and excellent heat retention. Designed to withstand the rigours of professional kitchens, many items feature rolled edges and reinforced rims for added chip resistance.GenWare Porcelain is the perfect choice for hotels, restaurants, and food service operations seeking reliable, high-performance tableware with timeless appeal.\n•Durable Fully Vitrified Porcelain: High-temperature firing creates a robust and long-lasting product, ideal for professional use\n•Twice-Fired Process: Enhances strength, durability, and the unique glaze finish, ensuring each piece performs in demanding environments\n•Conforms to Industry Standards: Meets BS4034 standards for vitrified hotelware, ensuring exceptional durability and quality in demanding environments\n•Rolled Edges: Enhances durability and provides added chip resistance, making it ideal for hotel, restaurant, and foodservice applications\n•Polished Foot: Minimises damage when stacked and stored, helping to maintain the integrity of each piece over time\n•Bright White Glaze: Made from specially selected clays for a brighter, whiter finish, offering exceptional presentation while remaining a practical choice compared to other porcelain alternatives\n•Durable Glaze: Durable glaze prolongs the life of the product and improves stain resistance","Each","5020403761136","31.5","22.8","3","0.00215",{"v":0.8,"d":"0.800"},"05020403491002",4,"32.7","7.5","23.7","0.00581","3.2",{"v":4,"d":"4.000"},"05020403491019",16,"35","34","26","0.03094","12.8",{"v":16,"d":"16.000"},null,576,"https://files.plytix.com/api/v1.1/file/public_files/pim/assets/8a/8d/8f/62/628f8d8abb3a1aaaf0e8f149/images/91/37/82/68/6882379184708e1f953fa58e/TH_110631.jpg","https://files.plytix.com/api/v1.1/file/public_files/pim/assets/8a/8d/8f/62/628f8d8abb3a1aaaf0e8f149/images/74/29/82/68/6882297403c05567ef5f9eb4/110631_A.jpg|https://files.plytix.com/api/v1.1/file/public_files/pim/assets/8a/8d/8f/62/628f8d8abb3a1aaaf0e8f149/images/75/29/82/68/68822975a81af439e7f6c00f/110631_B.jpg|https://files.plytix.com/api/v1.1/file/public_files/pim/assets/8a/8d/8f/62/628f8d8abb3a1aaaf0e8f149/images/77/29/82/68/6882297703c05567ef5f9eb5/110631_C.jpg|https://files.plytix.com/api/v1.1/file/public_files/pim/assets/8a/8d/8f/62/628f8d8abb3a1aaaf0e8f149/images/36/b8/8c/68/688cb836f893fc39de49aa2b/110631.jpg","https://files.plytix.com/api/v1.1/file/public_files/pim/assets/8a/8d/8f/62/628f8d8abb3a1aaaf0e8f149/images/2d/1c/7e/68/687e1c2d5ff968b9dfce99a2/LFST0925060.jpg|https://files.plytix.com/api/v1.1/file/public_files/pim/assets/8a/8d/8f/62/628f8d8abb3a1aaaf0e8f149/images/7f/1c/7e/68/687e1c7f5ff968b9dfce99a9/LFST0925077.jpg","https://www.nevilleuk.com/products/110631_","SSD24BKV|SSD24CV|SSD24GDV|SSD24V","112131"]
["BTM3020BK","GenWare Solid Black Tray with Metal Handles 30 x 20cm","30 x 20 x 4.5cm (L x W x H)",32.74,1,"Trays>Butler Trays",null,"Yes",null,300,200,45,{"v":0.62,"d":"0.620"},{"v":0.62,"d":"0.620"},null,null,"Acacia Wood-A/B Grade,Iron","4419900000","Thailand",null,null,"No","N/A","N/A","N/A",{"$nulls":6},"\n•Acacia Wood Material\n•Solid Black Finish\n•Sturdy Metal Handles\n•Versatile\n•Stylish and Professional","Make a bold statement in food and drink service with the GenWare Solid Black Butler’s Tray. Crafted from high quality acacia wood and finished in a striking solid black stain, this tray blends natural strength with modern sophistication. Sturdy metal handles provide both functionality and style, making it ideal for serving beverages, room service, or showcasing items in contemporary hospitality settings.\n•Acacia Wood Material: Made from strong and durable material for a premium look and long lasting use\n•Solid Black Finish: For a sleek, modern aesthetic\n•Sturdy Metal Handles: Offer reliable grip and ease of service\n•Versatile: Perfect for serving drinks, food, or creating elegant display set ups\n•Stylish and Professional: Adds a sophisticated touch to hotels and restaurants","Each","5020403122036","30","20","4.5","0.00270",{"v":0.62,"d":"0.620"},{"$nulls":8},"05020403122043",8,"39.1","21.3","33.6","0.02798","4.96",{"v":6,"d":"6.000"},null,320,"https://files.plytix.com/api/v1.1/file/public_files/pim/assets/8a/8d/8f/62/628f8d8abb3a1aaaf0e8f149/images/99/37/82/68/68823799e49aeb157cd62a6f/TH_BTM3020BK.jpg","https://files.plytix.com/api/v1.1/file/public_files/pim/assets/8a/8d/8f/62/628f8d8abb3a1aaaf0e8f149/images/82/29/82/68/688229829544f7f72c09f898/BTM3020BK.jpg|https://files.plytix.com/api/v1.1/file/public_files/pim/assets/8a/8d/8f/62/628f8d8abb3a1aaaf0e8f149/images/83/29/82/68/688229839544f7f72c09f899/BTM3020BK_A.jpg","https://files.plytix.com/api/v1.1/file/public_files/pim/assets/8a/8d/8f/62/628f8d8abb3a1aaaf0e8f149/images/34/20/7e/68/687e2034dd3cffb0b9ad72a3/LFST0925213.jpg|https://files.plytix.com/api/v1.1/file/public_files/pim/assets/8a/8d/8f/62/628f8d8abb3a1aaaf0e8f149/images/0e/20/7e/68/687e200edd3cffb0b9ad7291/LFST0925205.jpg|https://files.plytix.com/api/v1.1/file/public_files/pim/assets/8a/8d/8f/62/628f8d8abb3a1aaaf0e8f149/images/0b/1d/7e/68/687e1d0bdd3cffb0b9ad71b1/LFST0925105.jpg|https://files.plytix.com/api/v1.1/file/public_files/pim/assets/8a/8d/8f/62/628f8d8abb3a1aaaf0e8f149/images/e0/1c/7e/68/687e1ce05c3aa1d901c6ea48/LFST0925097.jpg","https://www.nevilleuk.com/products/BTM3020BK_",null,"WVT-B3528BK"]
["WCRS2","GenWare Acacia Wood Crate Stand","28 x 36.3 x 44cm (L x W x H)",69.62,1,"Buffet & Display>Acacia Wood Buffetware",null,"Yes",null,385,302,472,{"v":1.4,"d":"1.400"},{"v":1.4,"d":"1.400"},null,null,"Acacia Wood-A/B Grade","4419900000","Thailand",null,null,"No","N/A","N/A","N/A",{"$nulls":6},"\n•Acacia Wood Material\n•Two Tier Design\n•Versatile\n•GN 1/2 Footprint\n•Natural Wood Finish","The GenWare Acacia Wood Crate Stand brings together rustic charm and practical design, making it ideal for stylish food presentation in hotels, cafes, and buffet settings. Crafted from durable acacia wood with a rich natural grain, this two tier stand is designed to hold GN 1/2 crates, offering a flexible and organised way to display baked goods, fresh produce, or grab and go foods. Its GN 1/2 footprint ensures easy integration with other GN compatible buffetware, delivering a consistent and professional presentation.\n•Acacia Wood Material: Made from strong and durable material for a premium look and long lasting use\n•Two Tier Design: Enhances food presentation and maximises vertical display space\n•Versatile: Ideal for showcasing baked goods, fresh produce, or grab and go foods in buffet, hotel, cafe, or coffee shop settings\n•GN 1/2 Footprint: Ensures compatibility with standard Gastronorm buffet systems\n•Natural Wood Finish: Adds warmth and elegance to any food display","Each","5020403109372","38.5","30.2","47.2","0.05488",{"v":1.4,"d":"1.400"},{"$nulls":17},24,"https://files.plytix.com/api/v1.1/file/public_files/pim/assets/8a/8d/8f/62/628f8d8abb3a1aaaf0e8f149/images/90/37/82/68/68823790a81af439e7f6c56a/TH_WCRS2.jpg","https://files.plytix.com/api/v1.1/file/public_files/pim/assets/8a/8d/8f/62/628f8d8abb3a1aaaf0e8f149/images/21/2b/82/68/68822b210d779e27ece5dd59/WCRS2.jpg|https://files.plytix.com/api/v1.1/file/public_files/pim/assets/8a/8d/8f/62/628f8d8abb3a1aaaf0e8f149/images/22/2b/82/68/68822b2203c05567ef5f9f81/WCRS2_A.jpg|https://files.plytix.com/api/v1.1/file/public_files/pim/assets/8a/8d/8f/62/628f8d8abb3a1aaaf0e8f149/images/23/2b/82/68/68822b23e49aeb157cd6265d/WCRS2_B.jpg|https://files.plytix.com/api/v1.1/file/public_files/pim/assets/8a/8d/8f/62/628f8d8abb3a1aaaf0e8f149/images/24/2b/82/68/68822b24e49aeb157cd6265e/WCRS2_C.jpg|https://files.plytix.com/api/v1.1/file/public_files/pim/assets/8a/8d/8f/62/628f8d8abb3a1aaaf0e8f149/images/26/2b/82/68/68822b2684708e1f953fa199/WCRS2_D.jpg","https://files.plytix.com/api/v1.1/file/public_files/pim/assets/8a/8d/8f/62/628f8d8abb3a1aaaf0e8f149/images/8b/1b/7e/68/687e1b8bdd3cffb0b9ad717c/LFST0925036.jpg|https://files.plytix.com/api/v1.1/file/public_files/pim/assets/8a/8d/8f/62/628f8d8abb3a1aaaf0e8f149/images/c5/1b/7e/68/687e1bc52a03861c91eda494/LFST0925044.jpg|https://files.plytix.com/api/v1.1/file/public_files/pim/assets/8a/8d/8f/62/628f8d8abb3a1aaaf0e8f149/images/f6/1b/7e/68/687e1bf6dd3cffb0b9ad7180/LFST0925052.jpg|https://files.plytix.com/api/v1.1/file/public_files/pim/assets/8a/8d/8f/62/628f8d8abb3a1aaaf0e8f149/images/69/1b/7e/68/687e1b692a03861c91eda48d/LFST0925031.jpg","https://www.nevilleuk.com/products/WCRS2_","RSR-WL3226|RSR-W3226"]
["WCCMH10","GenWare Acacia Wood Cutlery Cylinder with Metal Handles","10 x 13cm (Dia x H)",26.44,1,"Table Service>Table Caddies",null,"Yes",null,100,100,130,{"v":0.25,"d":"0.250"},{"v":0.25,"d":"0.250"},null,null,"Acacia Wood-A/B Grade,Iron","4419900000","Thailand",null,null,"No","N/A","N/A","N/A",{"$nulls":6},"\n•Acacia Wood Material\n•Metal Handles\n•Perfect For Storing and Presenting\n•Natural Wood Finish","The GenWare Acacia Wood Cutlery Cylinder combines natural elegance with practical functionality. Crafted from durable acacia wood, this stylish cylinder is perfect for organising and presenting cutlery, straws, or napkins in a professional setting. Sleek metal handles add a contemporary touch and make it easy to carry or reposition, ideal for casual dining, buffets, and counter service environments.\n•Acacia Wood Material: Made from strong and durable material for a premium look and long lasting use\n•Metal Handles: Provides a modern contrast and easy portability\n•Perfect For Storing and Presenting: Cutlery, napkins, or utensils at the table or service station\n•Natural Wood Finish: Adds warmth and elegance to any food display","Each","5020403086758","10","10","13","0.00130",{"v":0.25,"d":"0.250"},{"$nulls":8},"05020403086765",12,"34.7","23.9","29.4","0.02438","3",{"v":4,"d":"4.000"},null,720,"https://files.plytix.com/api/v1.1/file/public_files/pim/assets/8a/8d/8f/62/628f8d8abb3a1aaaf0e8f149/images/90/37/82/68/68823790a81af439e7f6c569/TH_WCCMH10.jpg","https://files.plytix.com/api/v1.1/file/public_files/pim/assets/8a/8d/8f/62/628f8d8abb3a1aaaf0e8f149/images/20/2b/82/68/68822b200d779e27ece5dd58/WCCMH10.jpg","https://files.plytix.com/api/v1.1/file/public_files/pim/assets/8a/8d/8f/62/628f8d8abb3a1aaaf0e8f149/images/76/1f/7e/68/687e1f76dd3cffb0b9ad726b/LFST0925180.jpg|https://files.plytix.com/api/v1.1/file/public_files/pim/assets/8a/8d/8f/62/628f8d8abb3a1aaaf0e8f149/images/e9/1f/7e/68/687e1fe92a03861c91eda566/LFST0925199.jpg|https://files.plytix.com/api/v1.1/file/public_files/pim/assets/8a/8d/8f/62/628f8d8abb3a1aaaf0e8f149/images/b1/1f/7e/68/687e1fb1dd3cffb0b9ad7275/LFST0925189.jpg","https://www.nevilleuk.com/products/WCCMH10_",null,"WCC10"]
["WBB-3432","GenWare Acacia Wood Double Bread Box","34.5 x 32.5 x 19cm (L x W x H)",139.68,1,"Buffet & Display>Acacia Wood Buffetware",null,"Yes",null,345,325,205,{"v":2.53,"d":"2.530"},{"v":2.53,"d":"2.530"},null,null,"Acacia Wood-A/B Grade","4419900000","Thailand",null,null,"No","N/A","N/A","N/A",{"$nulls":6},"\n•Acacia Wood Material\n•Clear Acrylic Window\n•Non-Slip Rubberised Feet\n•Breakfast Buffet Essential\n•Stackable\n•GN 2/3 Footprint\n•Natural Wood Finish","The GenWare Acacia Wood Bread Box, a buffet staple, is a fantastic option for storing multiple varieties of breads as part of a hotel's breakfast buffet offering. The box is made from acacia wood and features an acrylic window for easy visibility of its contents as well as non-slip rubberised feet. Not only bringing stability to work surfaces, the rubberised feet enable the boxes to be stacked atop each other enabling mutliple boxes to be used at once without taking up additional tabletop space.\n•Acacia Wood Material: Made from strong and durable material for a premium look and long lasting use\n•Clear Acrylic Window: Allows for easy visibility of contents\n•Non-Slip Rubberised Feet: Provides stability on surfaces and prevents movement\n•Breakfast Buffet Essential: Ideal for presenting and storing a variety of breads as part of a breakfast buffet\n•Stackable: Helps save space and maximise buffet presentation options\n•GN 2/3 Footprint: Ensures compatibility with standard Gastronorm buffet systems\n•Natural Wood Finish: Adds warmth and elegance to any food display","Each","5020403109204","34.5","32.5","20.5","0.02299",{"v":2.53,"d":"2.530"},"05020403109211",1,"40","37","23.5","0.03478","2.53",{"v":5.5,"d":"5.500"},"05020403109228",2,"44.5","38.2","39.3","0.06681","5.06",{"v":6,"d":"6.000"},null,36,"https://files.plytix.com/api/v1.1/file/public_files/pim/assets/8a/8d/8f/62/628f8d8abb3a1aaaf0e8f149/images/8f/37/82/68/6882378fa81af439e7f6c568/TH_WBB-3432.jpg","https://files.plytix.com/api/v1.1/file/public_files/pim/assets/8a/8d/8f/62/628f8d8abb3a1aaaf0e8f149/images/1f/2b/82/68/68822b1fa81af439e7f6c0f0/WBB-3432.jpg","https://files.plytix.com/api/v1.1/file/public_files/pim/assets/8a/8d/8f/62/628f8d8abb3a1aaaf0e8f149/images/0d/1c/7e/68/687e1c0ddd3cffb0b9ad7181/LFST0925055.jpg|https://files.plytix.com/api/v1.1/file/public_files/pim/assets/8a/8d/8f/62/628f8d8abb3a1aaaf0e8f149/images/14/1c/7e/68/687e1c145ff968b9dfce99a1/LFST0925056.jpg","https://www.nevilleuk.com/products/WBB-3432_",null,"WBB-3218"]
["RSR-WDS11","GenWare Acacia Wood 3 Tier Display Stand GN 1/1","53 x 32.5 x 22cm (L x W x H)",162.66,1,"Buffet & Display>Acacia Wood Buffetware",null,"Yes",null,563,347,256,{"v":5,"d":"5.000"},{"v":6,"d":"6.000"},null,null,"Acacia Wood-A/B Grade","4419900000","Thailand",null,null,"No","N/A","N/A","N/A",{"$nulls":6},"\n•Acacia Wood Material\n•Three Tier Design\n•Versatile\n•Retractable Drawers\n•GN 1/1 Footprint\n•Natural Wood Finish","The GenWare Acacia Wood 3 Tier Display Stand is designed to elevate food presentation for any buffet or display within hotels, cafes or coffee shops. Crafted from durable acacia wood, it ensures longevity and resilience, ideal for the demands of a bustling setting. Each drawer provides ample display space for pastries, cakes and breads, offering both functionality and visual appeal. When not in use, the drawers conveniently retract, saving valuable space for storage. The display stand also has a GN 1/1 footprint which ensures consistency with other GN buffetware.\n•Acacia Wood Material: Made from strong and durable material for a premium look and long lasting use\n•Three Tier Design: Enhances food presentation and maximises vertical display space\n•Versatile: Ideal for showcasing pastries, cakes, and breads in buffet, hotel, cafe, or coffee shop settings\n•Retractable Drawers: Allow for space saving storage when not in use\n•GN 1/1 Footprint: Ensures compatibility with standard Gastronorm buffet systems\n•Natural Wood Finish: Adds warmth and elegance to any food display\n•Top Tier:&nbsp;53 x 32.5 x 22cm (L x W x H)\n•Middle Tier:&nbsp;49 x 32.5 x 14cm (L x W x H)\n•Bottom Tier:&nbsp;45 x 32.5 x 6cm (L x W x H)","Each","5020403109198","56.3","34.7","25.6","0.05001",{"v":6,"d":"6.000"},{"$nulls":17},24,"https://files.plytix.com/api/v1.1/file/public_files/pim/assets/8a/8d/8f/62/628f8d8abb3a1aaaf0e8f149/images/b2/37/82/68/688237b29544f7f72c09fc9e/TH_RSR-WDS11.jpg","https://files.plytix.com/api/v1.1/file/public_files/pim/assets/8a/8d/8f/62/628f8d8abb3a1aaaf0e8f149/images/9c/2a/82/68/68822a9c9544f7f72c09f8da/RSR-WDS11.jpg|https://files.plytix.com/api/v1.1/file/public_files/pim/assets/8a/8d/8f/62/628f8d8abb3a1aaaf0e8f149/images/9e/2a/82/68/68822a9e9544f7f72c09f8db/RSR-WDS11_A.jpg|https://files.plytix.com/api/v1.1/file/public_files/pim/assets/8a/8d/8f/62/628f8d8abb3a1aaaf0e8f149/images/9f/2a/82/68/68822a9fa81af439e7f6c0b6/RSR-WDS11_B.jpg|https://files.plytix.com/api/v1.1/file/public_files/pim/assets/8a/8d/8f/62/628f8d8abb3a1aaaf0e8f149/images/a1/2a/82/68/68822aa1a81af439e7f6c0b9/RSR-WDS11_C.jpg|https://files.plytix.com/api/v1.1/file/public_files/pim/assets/8a/8d/8f/62/628f8d8abb3a1aaaf0e8f149/images/a2/2a/82/68/68822aa2a81af439e7f6c0ba/RSR-WDS11_D.jpg|https://files.plytix.com/api/v1.1/file/public_files/pim/assets/8a/8d/8f/62/628f8d8abb3a1aaaf0e8f149/images/a3/2a/82/68/68822aa3a81af439e7f6c0bb/RSR-WDS11_E.jpg","https://files.plytix.com/api/v1.1/file/public_files/pim/assets/8a/8d/8f/62/628f8d8abb3a1aaaf0e8f149/images/76/1b/7e/68/687e1b765ff968b9dfce9996/LFST0925033.jpg|https://files.plytix.com/api/v1.1/file/public_files/pim/assets/8a/8d/8f/62/628f8d8abb3a1aaaf0e8f149/images/92/1b/7e/68/687e1b92ad76c8ad222c861a/LFST0925037.jpg|https://files.plytix.com/api/v1.1/file/public_files/pim/assets/8a/8d/8f/62/628f8d8abb3a1aaaf0e8f149/images/b3/1b/7e/68/687e1bb3dd3cffb0b9ad717d/LFST0925042.jpg|https://files.plytix.com/api/v1.1/file/public_files/pim/assets/8a/8d/8f/62/628f8d8abb3a1aaaf0e8f149/images/69/1b/7e/68/687e1b692a03861c91eda48d/LFST0925031.jpg","https://www.nevilleuk.com/products/RSR-WDS11_"]
["WPB4422","GenWare Acacia Wood Handled Serving Board 44 x 22cm","44 x 22 x 2cm (L x W x H)",33.34,1,"Table Presentation>Acacia Wood",null,"Yes",null,440,220,20,{"v":0.87,"d":"0.870"},{"v":0.87,"d":"0.870"},null,null,"Acacia Wood-A Grade","4419900000","Thailand",null,null,"No","N/A","N/A","N/A",{"$nulls":6},"\n•Acacia Wood Material\n•Integrated Handle\n•Grooved Border\n•Versatile\n•Natural Wood Finish","Bring warmth and rustic charm to your food presentation with the GenWare Acacia Wood Handled Serving Board. Made from durable, richly grained acacia wood, this board is perfect for serving everything from burgers and sandwiches to sharing platters and cheese selections. The integrated handle offers ease of service, while the grooved border helps contain crumbs, juices, or sauces—combining style with practical performance in busy hospitality environments.\n•Acacia Wood Material: Made from strong and durable material for a premium look and long lasting use\n•Integrated Handle: For comfortable carrying and stylish presentation\n•Grooved Border: Helps contain crumbs, juices, or sauces\n•Versatile: Perfect for presenting burgers, small plates, cheeses, charcuterie, and more\n•Natural Wood Finish: Adds warmth and elegance to any food display","Each","5020403121978","44","22","2","0.00194",{"v":0.87,"d":"0.870"},{"$nulls":8},"05020403121985",12,"26.4","24.2","47.2","0.03016","10.44",{"v":11.5,"d":"11.500"},null,432,"https://files.plytix.com/api/v1.1/file/public_files/pim/assets/8a/8d/8f/62/628f8d8abb3a1aaaf0e8f149/images/90/37/82/68/688237900d779e27ece5e1ad/TH_WPB4422.jpg","https://files.plytix.com/api/v1.1/file/public_files/pim/assets/8a/8d/8f/62/628f8d8abb3a1aaaf0e8f149/images/28/2b/82/68/68822b289544f7f72c09f904/WPB4422.jpg","https://files.plytix.com/api/v1.1/file/public_files/pim/assets/8a/8d/8f/62/628f8d8abb3a1aaaf0e8f149/images/25/1f/7e/68/687e1f25dd3cffb0b9ad7225/LFST0925167.jpg|https://files.plytix.com/api/v1.1/file/public_files/pim/assets/8a/8d/8f/62/628f8d8abb3a1aaaf0e8f149/images/97/1f/7e/68/687e1f97ad76c8ad222c86cb/LFST0925185.jpg|https://files.plytix.com/api/v1.1/file/public_files/pim/assets/8a/8d/8f/62/628f8d8abb3a1aaaf0e8f149/images/8d/1f/7e/68/687e1f8d2a03861c91eda54d/LFST0925184.jpg|https://files.plytix.com/api/v1.1/file/public_files/pim/assets/8a/8d/8f/62/628f8d8abb3a1aaaf0e8f149/images/bc/1f/7e/68/687e1fbcdd3cffb0b9ad727a/LFST0925191.jpg","https://www.nevilleuk.com/products/WPB4422_",null,"WSB3226"]
["WCS12-8","GenWare Acacia Wood Cake Stand 33 x 8cm","33 x 8cm (Dia x H)",46.66,1,"Buffet & Display>Cake Stands & Covers",null,"Yes",null,330,330,80,{"v":1.1,"d":"1.100"},{"v":1.1,"d":"1.100"},null,null,"Acacia Wood-A/B Grade","4419900000","Thailand",null,null,"No","N/A","N/A","N/A",{"$nulls":6},"\n•Acacia Wood Material\n•Versatile\n•Raised Platform\n•Compatible With Cake Covers\n•Natural Wood Finish","Bring natural charm and elevated presentation to your dessert displays with the GenWare Acacia Wood Cake Stand. Crafted from rich, durable acacia wood, this stand provides the perfect platform for showcasing cakes, pastries, or afternoon tea selections. Its warm tones and unique grain patterns add rustic elegance to any table, buffet, or countertop, making it a standout feature for hotels, cafes, and bakeries.\n•Acacia Wood Material: Made from strong and durable material for a premium look and long lasting use\n•Versatile: Ideal for presenting cakes, pastries, desserts, or cheese selections\n•Raised Platform: Enhances visibility and creates a focal point on any display\n•Compatible With Cake Covers: Great fit with cake covers, product codes GCC30 and 52049A\n•Natural Wood Finish: Adds warmth and elegance to any food display","Each","5020403109174","33","33","8","0.00871",{"v":1.1,"d":"1.100"},{"$nulls":8},"05020403109181",8,"62","34.7","36.4","0.07831","8.8",{"v":10,"d":"10.000"},null,48,"https://files.plytix.com/api/v1.1/file/public_files/pim/assets/8a/8d/8f/62/628f8d8abb3a1aaaf0e8f149/images/90/37/82/68/688237900d779e27ece5e1ac/TH_WCS12-8.jpg","https://files.plytix.com/api/v1.1/file/public_files/pim/private/assets/8a/8d/8f/62/628f8d8abb3a1aaaf0e8f149/images/27/2b/82/68/68822b2784708e1f953fa19a/WCS12-8.jpg","https://files.plytix.com/api/v1.1/file/public_files/pim/assets/8a/8d/8f/62/628f8d8abb3a1aaaf0e8f149/images/a6/1b/7e/68/687e1ba6ad76c8ad222c8623/LFST0925040.jpg|https://files.plytix.com/api/v1.1/file/public_files/pim/assets/8a/8d/8f/62/628f8d8abb3a1aaaf0e8f149/images/99/1b/7e/68/687e1b992a03861c91eda493/LFST0925038.jpg|https://files.plytix.com/api/v1.1/file/public_files/pim/assets/8a/8d/8f/62/628f8d8abb3a1aaaf0e8f149/images/6e/1b/7e/68/687e1b6e777134bb25939075/LFST0925032.jpg","https://www.nevilleuk.com/products/WCS12-8_","GCC30|52049A","WCS12"]
["WMS2S","GenWare Acacia Wood Menu Stand 2 Slot","14 x 5 x 6cm (L x W x H)",{"v":9.6,"d":"9.60"},1,"Menu,Signs & Display>Signs & Sign Holders",null,"Yes",null,500,600,600,{"v":0.15,"d":"0.150"},{"v":0.15,"d":"0.150"},null,null,"Acacia Wood-A/B Grade","4419900000","Thailand",null,null,"No","N/A","N/A","N/A",{"$nulls":6},"\n•Acacia Wood Material\n•2 Slots\n•Compact and Stable Design\n•Wipe Clean\n•Natural Wood Finish","Enhance your tabletop or countertop presentation with the GenWare Acacia Wood 2 Slot Menu Stand. Crafted from durable, richly grained acacia wood, this stylish and practical stand is perfect for holding menus, promotional cards, or signage in cafes, restaurants, bars, and hotels. The dual-slot design allows for flexible display options, offering visibility from multiple angles while maintaining a clean, organised look.\n•Acacia Wood Material: Made from strong and durable material for a premium look and long lasting use\n•2 Slots: Allows for dual-sided menu or signage display\n•Compact and Stable Design: Perfect for cafes, restaurants, hotels and bars\n•Wipe Clean: Easy to clean and maintain\n•Natural Wood Finish: Adds warmth and elegance","Each","5020403193203","50","60","60","0.18000",{"v":0.15,"d":"0.150"},"05020403193210",6,"16","12","15.5","0.00298","0.9",0.917,"05020403193227",72,"36.9","33.1","35.8","0.04373","10.8",{"v":11,"d":"11.000"},null,1152,"https://files.plytix.com/api/v1.1/file/public_files/pim/assets/8a/8d/8f/62/628f8d8abb3a1aaaf0e8f149/images/90/37/82/68/68823790a81af439e7f6c56b/TH_WMS2S.jpg","https://files.plytix.com/api/v1.1/file/public_files/pim/assets/8a/8d/8f/62/628f8d8abb3a1aaaf0e8f149/images/27/2b/82/68/68822b2703c05567ef5f9f82/WMS2S.jpg|https://files.plytix.com/api/v1.1/file/public_files/pim/assets/8a/8d/8f/62/628f8d8abb3a1aaaf0e8f149/images/28/2b/82/68/68822b280d779e27ece5dd5a/WMS2S_A.jpg",null,"https://www.nevilleuk.com/products/WMS2S_"]
["PL-KMD28","Kozo Porcelain Midori Oval Plate 28cm","28.5 x 19 x 4.8cm (L x W x H)",20.21,6,"Kozo Porcelain>Kozo Porcelain Midori",null,"Yes",null,280,200,50,{"v":0.86,"d":"0.860"},{"v":0.86,"d":"0.860"},null,null,"Porcelain","6911100090","China",null,null,"Yes","Yes","Yes","Yes",{"$nulls":6},"\n•Durable Fully Vitrified Porcelain\n•Twice-Fired Process\n•Conforms to Industry Standards\n•Organic Forms\n•Rolled Edges\n•Polished Foot\n•Unique Artisanal Finish","Kozo Porcelain embraces the quiet beauty of imperfection and the artistry of nature. This refined collection captures the spirit of Japanese minimalism, where form, texture, and subtle detail come together in perfect harmony.\n•Durable Fully Vitrified Porcelain: High-temperature firing creates a robust and long-lasting product, ideal for professional use\n•Twice-Fired Process: Enhances strength, durability, and the unique glaze finish, ensuring each piece performs in demanding environments\n•Conforms to Industry Standards: Meets BS4034 standards for vitrified hotelware, ensuring exceptional durability and quality in demanding environments\n•Organic Forms: Each piece reflects the handmade aesthetic, evoking a sense of calm and authenticity\n•Rolled Edges: Enhances durability and provides added chip resistance, making it ideal for hotel, restaurant, and foodservice applications\n•Polished Foot: Minimises damage when stacked and stored, helping to maintain the integrity of each piece over time\n•Unique Artisanal Finish: The natural kiln effects and spontaneous glaze reactions ensure every piece is truly one of a kind","Each",null,"28","20","5","0.00280",{"v":0.86,"d":"0.860"},"05020403770206",6,"31","20","21","0.01302","5.16",5.667,"05020403770213",18,"63","32","23","0.04637","15.48",{"v":17,"d":"17.000"},null,540,"https://files.plytix.com/api/v1.1/file/public_files/pim/assets/8a/8d/8f/62/628f8d8abb3a1aaaf0e8f149/images/ae/37/82/68/688237ae84708e1f953fa5a0/TH_PL-KMD28.jpg","https://files.plytix.com/api/v1.1/file/public_files/pim/assets/8a/8d/8f/62/628f8d8abb3a1aaaf0e8f149/images/5f/2a/82/68/68822a5fa81af439e7f6c082/PL-KMD28_A.jpg|https://files.plytix.com/api/v1.1/file/public_files/pim/assets/8a/8d/8f/62/628f8d8abb3a1aaaf0e8f149/images/60/2a/82/68/68822a600d779e27ece5dd0e/PL-KMD28_B.jpg|https://files.plytix.com/api/v1.1/file/public_files/pim/assets/8a/8d/8f/62/628f8d8abb3a1aaaf0e8f149/images/60/2a/82/68/68822a600d779e27ece5dd0f/PL-KMD28_C.jpg|https://files.plytix.com/api/v1.1/file/public_files/pim/assets/8a/8d/8f/62/628f8d8abb3a1aaaf0e8f149/images/c0/b9/8c/68/688cb9c0f893fc39de49aa59/PL-KMD28.jpg","https://files.plytix.com/api/v1.1/file/public_files/pim/assets/8a/8d/8f/62/628f8d8abb3a1aaaf0e8f149/images/10/1d/7e/68/687e1d105c3aa1d901c6ea54/LFST0925106.jpg|https://files.plytix.com/api/v1.1/file/public_files/pim/assets/8a/8d/8f/62/628f8d8abb3a1aaaf0e8f149/images/e5/1c/7e/68/687e1ce55ff968b9dfce99c6/LFST0925098.jpg|https://files.plytix.com/api/v1.1/file/public_files/pim/assets/8a/8d/8f/62/628f8d8abb3a1aaaf0e8f149/images/e0/1c/7e/68/687e1ce05c3aa1d901c6ea48/LFST0925097.jpg","https://www.nevilleuk.com/products/PL-KMD28_",null,"PL-KSH28"]
["PL-KMD23","Kozo Porcelain Midori Oval Plate 23cm","23.5 x 15.5 x 4.5cm (L x W x H)",17.59,6,"Kozo Porcelain>Kozo Porcelain Midori",null,"Yes",null,230,160,43,{"v":0.58,"d":"0.580"},{"v":0.58,"d":"0.580"},null,null,"Porcelain","6911100090","China",null,null,"Yes","Yes","Yes","Yes",{"$nulls":6},"\n•Durable Fully Vitrified Porcelain\n•Twice-Fired Process\n•Conforms to Industry Standards\n•Organic Forms\n•Rolled Edges\n•Polished Foot\n•Unique Artisanal Finish","Kozo Porcelain embraces the quiet beauty of imperfection and the artistry of nature. This refined collection captures the spirit of Japanese minimalism, where form, texture, and subtle detail come together in perfect harmony.\n•Durable Fully Vitrified Porcelain: High-temperature firing creates a robust and long-lasting product, ideal for professional use\n•Twice-Fired Process: Enhances strength, durability, and the unique glaze finish, ensuring each piece performs in demanding environments\n•Conforms to Industry Standards: Meets BS4034 standards for vitrified hotelware, ensuring exceptional durability and quality in demanding environments\n•Organic Forms: Each piece reflects the handmade aesthetic, evoking a sense of calm and authenticity\n•Rolled Edges: Enhances durability and provides added chip resistance, making it ideal for hotel, restaurant, and foodservice applications\n•Polished Foot: Minimises damage when stacked and stored, helping to maintain the integrity of each piece over time\n•Unique Artisanal Finish: The natural kiln effects and spontaneous glaze reactions ensure every piece is truly one of a kind","Each",null,"23","16","4.3","0.00158",{"v":0.58,"d":"0.580"},"05020403770176",6,"26","18","18","0.00842","3.48",{"v":3.5,"d":"3.500"},"05020403770183",24,"38","27","38","0.03899","13.92",{"v":14,"d":"14.000"},null,480,"https://files.plytix.com/api/v1.1/file/public_files/pim/assets/8a/8d/8f/62/628f8d8abb3a1aaaf0e8f149/images/ad/37/82/68/688237ada81af439e7f6c5b1/TH_PL-KMD23.jpg","https://files.plytix.com/api/v1.1/file/public_files/pim/assets/8a/8d/8f/62/628f8d8abb3a1aaaf0e8f149/images/5c/2a/82/68/68822a5c9544f7f72c09f8c6/PL-KMD23_A.jpg|https://files.plytix.com/api/v1.1/file/public_files/pim/assets/8a/8d/8f/62/628f8d8abb3a1aaaf0e8f149/images/5d/2a/82/68/68822a5d84708e1f953fa165/PL-KMD23_B.jpg|https://files.plytix.com/api/v1.1/file/public_files/pim/assets/8a/8d/8f/62/628f8d8abb3a1aaaf0e8f149/images/5e/2a/82/68/68822a5e9544f7f72c09f8c7/PL-KMD23_C.jpg|https://files.plytix.com/api/v1.1/file/public_files/pim/assets/8a/8d/8f/62/628f8d8abb3a1aaaf0e8f149/images/bf/b9/8c/68/688cb9bf5893f53b00521492/PL-KMD23.jpg","https://files.plytix.com/api/v1.1/file/public_files/pim/assets/8a/8d/8f/62/628f8d8abb3a1aaaf0e8f149/images/15/1d/7e/68/687e1d152a03861c91eda4be/LFST0925107.jpg","https://www.nevilleuk.com/products/PL-KMD23_",null,"PL-KSH23"]
["CP-KMD27","Kozo Porcelain Midori Coupe Plate 26.7cm","26.7 x 3.6cm (Dia x H)",18.97,6,"Kozo Porcelain>Kozo Porcelain Midori",null,"Yes",null,268,263,35,{"v":0.9,"d":"0.900"},{"v":0.9,"d":"0.900"},null,null,"Porcelain","6911100090","China",null,null,"Yes","Yes","Yes","Yes",{"$nulls":6},"\n•Durable Fully Vitrified Porcelain\n•Twice-Fired Process\n•Conforms to Industry Standards\n•Organic Forms\n•Rolled Edges\n•Polished Foot\n•Unique Artisanal Finish","Kozo Porcelain embraces the quiet beauty of imperfection and the artistry of nature. This refined collection captures the spirit of Japanese minimalism, where form, texture, and subtle detail come together in perfect harmony.\n•Durable Fully Vitrified Porcelain: High-temperature firing creates a robust and long-lasting product, ideal for professional use\n•Twice-Fired Process: Enhances strength, durability, and the unique glaze finish, ensuring each piece performs in demanding environments\n•Conforms to Industry Standards: Meets BS4034 standards for vitrified hotelware, ensuring exceptional durability and quality in demanding environments\n•Organic Forms: Each piece reflects the handmade aesthetic, evoking a sense of calm and authenticity\n•Rolled Edges: Enhances durability and provides added chip resistance, making it ideal for hotel, restaurant, and foodservice applications\n•Polished Foot: Minimises damage when stacked and stored, helping to maintain the integrity of each piece over time\n•Unique Artisanal Finish: The natural kiln effects and spontaneous glaze reactions ensure every piece is truly one of a kind","Each",null,"26.8","26.3","3.5","0.00247",{"v":0.9,"d":"0.900"},"05020403770145",6,"29","17","29","0.01430","5.4",6.333,"05020403770152",18,"53","30","31","0.04929","16.2",{"v":19,"d":"19.000"},null,432,"https://files.plytix.com/api/v1.1/file/public_files/pim/assets/8a/8d/8f/62/628f8d8abb3a1aaaf0e8f149/images/9f/37/82/68/6882379f9544f7f72c09fc93/TH_CP-KMD27.jpg","https://files.plytix.com/api/v1.1/file/public_files/pim/assets/8a/8d/8f/62/628f8d8abb3a1aaaf0e8f149/images/aa/29/82/68/688229aa03c05567ef5f9ee9/CP-KMD27_A.jpg|https://files.plytix.com/api/v1.1/file/public_files/pim/assets/8a/8d/8f/62/628f8d8abb3a1aaaf0e8f149/images/ac/29/82/68/688229aca81af439e7f6c02c/CP-KMD27_B.jpg|https://files.plytix.com/api/v1.1/file/public_files/pim/assets/8a/8d/8f/62/628f8d8abb3a1aaaf0e8f149/images/ae/29/82/68/688229ae03c05567ef5f9eeb/CP-KMD27_C.jpg|https://files.plytix.com/api/v1.1/file/public_files/pim/assets/8a/8d/8f/62/628f8d8abb3a1aaaf0e8f149/images/86/b8/8c/68/688cb88687c81ce5653e2b62/CP-KMD27.jpg","https://files.plytix.com/api/v1.1/file/public_files/pim/assets/8a/8d/8f/62/628f8d8abb3a1aaaf0e8f149/images/1f/1d/7e/68/687e1d1f5ff968b9dfce99d6/LFST0925109.jpg|https://files.plytix.com/api/v1.1/file/public_files/pim/assets/8a/8d/8f/62/628f8d8abb3a1aaaf0e8f149/images/1a/1d/7e/68/687e1d1add3cffb0b9ad71b3/LFST0925108.jpg|https://files.plytix.com/api/v1.1/file/public_files/pim/assets/8a/8d/8f/62/628f8d8abb3a1aaaf0e8f149/images/e0/1c/7e/68/687e1ce05c3aa1d901c6ea48/LFST0925097.jpg|https://files.plytix.com/api/v1.1/file/public_files/pim/assets/8a/8d/8f/62/628f8d8abb3a1aaaf0e8f149/images/d6/1c/7e/68/687e1cd6dd3cffb0b9ad71ac/LFST0925095.jpg","https://www.nevilleuk.com/products/CP-KMD27_",null,"CP-KSH27"]
["CP-KMD23","Kozo Porcelain Midori Coupe Plate 22.8cm","22.8 x 3.3cm (Dia x H)",17.39,6,"Kozo Porcelain>Kozo Porcelain Midori",null,"Yes",null,222,222,33,{"v":0.69,"d":"0.690"},{"v":0.69,"d":"0.690"},null,null,"Porcelain","6911100090","China",null,null,"Yes","Yes","Yes","Yes",{"$nulls":6},"\n•Durable Fully Vitrified Porcelain\n•Twice-Fired Process\n•Conforms to Industry Standards\n•Organic Forms\n•Rolled Edges\n•Polished Foot\n•Unique Artisanal Finish","Kozo Porcelain embraces the quiet beauty of imperfection and the artistry of nature. This refined collection captures the spirit of Japanese minimalism, where form, texture, and subtle detail come together in perfect harmony.\n•Durable Fully Vitrified Porcelain: High-temperature firing creates a robust and long-lasting product, ideal for professional use\n•Twice-Fired Process: Enhances strength, durability, and the unique glaze finish, ensuring each piece performs in demanding environments\n•Conforms to Industry Standards: Meets BS4034 standards for vitrified hotelware, ensuring exceptional durability and quality in demanding environments\n•Organic Forms: Each piece reflects the handmade aesthetic, evoking a sense of calm and authenticity\n•Rolled Edges: Enhances durability and provides added chip resistance, making it ideal for hotel, restaurant, and foodservice applications\n•Polished Foot: Minimises damage when stacked and stored, helping to maintain the integrity of each piece over time\n•Unique Artisanal Finish: The natural kiln effects and spontaneous glaze reactions ensure every piece is truly one of a kind","Each",null,"22.2","22.2","3.3","0.00163",{"v":0.69,"d":"0.690"},"05020403770114",6,"25","15","25","0.00938","4.14",{"v":4.5,"d":"4.500"},"05020403770121",24,"52","32","27","0.04493","16.56",{"v":18,"d":"18.000"},null,672,"https://files.plytix.com/api/v1.1/file/public_files/pim/assets/8a/8d/8f/62/628f8d8abb3a1aaaf0e8f149/images/9e/37/82/68/6882379ea81af439e7f6c57d/TH_CP-KMD23.jpg","https://files.plytix.com/api/v1.1/file/public_files/pim/assets/8a/8d/8f/62/628f8d8abb3a1aaaf0e8f149/images/a6/29/82/68/688229a6a81af439e7f6c02b/CP-KMD23_A.jpg|https://files.plytix.com/api/v1.1/file/public_files/pim/assets/8a/8d/8f/62/628f8d8abb3a1aaaf0e8f149/images/a7/29/82/68/688229a70d779e27ece5dcee/CP-KMD23_B.jpg|https://files.plytix.com/api/v1.1/file/public_files/pim/assets/8a/8d/8f/62/628f8d8abb3a1aaaf0e8f149/images/a9/29/82/68/688229a9e49aeb157cd625f1/CP-KMD23_C.jpg|https://files.plytix.com/api/v1.1/file/public_files/pim/assets/8a/8d/8f/62/628f8d8abb3a1aaaf0e8f149/images/85/b8/8c/68/688cb8857fa8a5dfe961705c/CP-KMD23.jpg","https://files.plytix.com/api/v1.1/file/public_files/pim/assets/8a/8d/8f/62/628f8d8abb3a1aaaf0e8f149/images/fc/1c/7e/68/687e1cfcdd3cffb0b9ad71b0/LFST0925102.jpg|https://files.plytix.com/api/v1.1/file/public_files/pim/assets/8a/8d/8f/62/628f8d8abb3a1aaaf0e8f149/images/e0/1c/7e/68/687e1ce05c3aa1d901c6ea48/LFST0925097.jpg|https://files.plytix.com/api/v1.1/file/public_files/pim/assets/8a/8d/8f/62/628f8d8abb3a1aaaf0e8f149/images/24/1d/7e/68/687e1d24ad76c8ad222c865c/LFST0925110.jpg","https://www.nevilleuk.com/products/CP-KMD23_",null,"CP-KSH23"]
["CP-KMD19","Kozo Porcelain Midori Coupe Plate 19cm","19 x 3.3cm (Dia x H)",13.24,6,"Kozo Porcelain>Kozo Porcelain Midori",null,"Yes",null,190,189,32,{"v":0.46,"d":"0.460"},{"v":0.46,"d":"0.460"},null,null,"Porcelain","6911100090","China",null,null,"Yes","Yes","Yes","Yes",{"$nulls":6},"\n•Durable Fully Vitrified Porcelain\n•Twice-Fired Process\n•Conforms to Industry Standards\n•Organic Forms\n•Rolled Edges\n•Polished Foot\n•Unique Artisanal Finish","Kozo Porcelain embraces the quiet beauty of imperfection and the artistry of nature. This refined collection captures the spirit of Japanese minimalism, where form, texture, and subtle detail come together in perfect harmony.\n•Durable Fully Vitrified Porcelain: High-temperature firing creates a robust and long-lasting product, ideal for professional use\n•Twice-Fired Process: Enhances strength, durability, and the unique glaze finish, ensuring each piece performs in demanding environments\n•Conforms to Industry Standards: Meets BS4034 standards for vitrified hotelware, ensuring exceptional durability and quality in demanding environments\n•Organic Forms: Each piece reflects the handmade aesthetic, evoking a sense of calm and authenticity\n•Rolled Edges: Enhances durability and provides added chip resistance, making it ideal for hotel, restaurant, and foodservice applications\n•Polished Foot: Minimises damage when stacked and stored, helping to maintain the integrity of each piece over time\n•Unique Artisanal Finish: The natural kiln effects and spontaneous glaze reactions ensure every piece is truly one of a kind","Each",null,"19","18.9","3.2","0.00115",{"v":0.46,"d":"0.460"},"05020403770084",6,"21","15","21","0.00662","2.76",3.333,"05020403770091",36,"46","44","23","0.04655","16.56",{"v":20,"d":"20.000"},null,1080,"https://files.plytix.com/api/v1.1/file/public_files/pim/assets/8a/8d/8f/62/628f8d8abb3a1aaaf0e8f149/images/9e/37/82/68/6882379ea81af439e7f6c57c/TH_CP-KMD19.jpg","https://files.plytix.com/api/v1.1/file/public_files/pim/assets/8a/8d/8f/62/628f8d8abb3a1aaaf0e8f149/images/a4/29/82/68/688229a40d779e27ece5dce8/CP-KMD19_A.jpg|https://files.plytix.com/api/v1.1/file/public_files/pim/assets/8a/8d/8f/62/628f8d8abb3a1aaaf0e8f149/images/a5/29/82/68/688229a50d779e27ece5dce9/CP-KMD19_B.jpg|https://files.plytix.com/api/v1.1/file/public_files/pim/assets/8a/8d/8f/62/628f8d8abb3a1aaaf0e8f149/images/a5/29/82/68/688229a50d779e27ece5dced/CP-KMD19_C.jpg|https://files.plytix.com/api/v1.1/file/public_files/pim/assets/8a/8d/8f/62/628f8d8abb3a1aaaf0e8f149/images/84/b8/8c/68/688cb88487c81ce5653e2b61/CP-KMD19.jpg",null,"https://www.nevilleuk.com/products/CP-KMD19_",null,"CP-KSH19"]
["JUG-KMD10","Kozo Porcelain Midori Jug 10cl/ 3.5oz","8.8 x 6.7 x 6cm (L x W x H) - 10cl/3.5oz",11.18,12,"Kozo Porcelain>Kozo Porcelain Midori",null,"Yes",null,87,67,60,{"v":0.11,"d":"0.110"},{"v":0.11,"d":"0.110"},{"v":10,"d":"10.00"},"3.5","Porcelain","6911100090","China",null,null,"Yes","Yes","Yes","Yes",{"$nulls":6},"\n•Durable Fully Vitrified Porcelain\n•Twice-Fired Process\n•Conforms to Industry Standards\n•Organic Forms\n•Rolled Edges\n•Polished Foot\n•Unique Artisanal Finish","Kozo Porcelain embraces the quiet beauty of imperfection and the artistry of nature. This refined collection captures the spirit of Japanese minimalism, where form, texture, and subtle detail come together in perfect harmony.\n•Durable Fully Vitrified Porcelain: High-temperature firing creates a robust and long-lasting product, ideal for professional use\n•Twice-Fired Process: Enhances strength, durability, and the unique glaze finish, ensuring each piece performs in demanding environments\n•Conforms to Industry Standards: Meets BS4034 standards for vitrified hotelware, ensuring exceptional durability and quality in demanding environments\n•Organic Forms: Each piece reflects the handmade aesthetic, evoking a sense of calm and authenticity\n•Rolled Edges: Enhances durability and provides added chip resistance, making it ideal for hotel, restaurant, and foodservice applications\n•Polished Foot: Minimises damage when stacked and stored, helping to maintain the integrity of each piece over time\n•Unique Artisanal Finish: The natural kiln effects and spontaneous glaze reactions ensure every piece is truly one of a kind","Each",null,"8.7","6.7","6","0.00035",{"v":0.11,"d":"0.110"},"05020403770053",12,"24","19","15","0.00684","1.32",1.625,"05020403770060",96,"49","39","32","0.06115","10.56",{"v":13,"d":"13.000"},null,2688,"https://files.plytix.com/api/v1.1/file/public_files/pim/assets/8a/8d/8f/62/628f8d8abb3a1aaaf0e8f149/images/ac/37/82/68/688237ac84708e1f953fa59e/TH_JUG-KMD10.jpg","https://files.plytix.com/api/v1.1/file/public_files/pim/assets/8a/8d/8f/62/628f8d8abb3a1aaaf0e8f149/images/4f/2a/82/68/68822a4fe49aeb157cd6262f/JUG-KMD10.jpg",null,"https://www.nevilleuk.com/products/JUG-KMD10_",null,"JUG-KSH10"]
["MUG-KMD35","Kozo Porcelain Midori Mug 350ml","13.5 x 9.4 x 9cm (L x W x H) - 35cl/12.3oz",11.25,6,"Kozo Porcelain>Kozo Porcelain Midori",null,"Yes",null,126,95,89,{"v":0.28,"d":"0.280"},{"v":0.28,"d":"0.280"},{"v":35,"d":"35.00"},"12.3","Porcelain","6911100090","China",null,null,"Yes","Yes","Yes","Yes",{"$nulls":6},"\n•Durable Fully Vitrified Porcelain\n•Twice-Fired Process\n•Conforms to Industry Standards\n•Organic Forms\n•Rolled Edges\n•Polished Foot\n•Unique Artisanal Finish","Kozo Porcelain embraces the quiet beauty of imperfection and the artistry of nature. This refined collection captures the spirit of Japanese minimalism, where form, texture, and subtle detail come together in perfect harmony.\n•Durable Fully Vitrified Porcelain: High-temperature firing creates a robust and long-lasting product, ideal for professional use\n•Twice-Fired Process: Enhances strength, durability, and the unique glaze finish, ensuring each piece performs in demanding environments\n•Conforms to Industry Standards: Meets BS4034 standards for vitrified hotelware, ensuring exceptional durability and quality in demanding environments\n•Organic Forms: Each piece reflects the handmade aesthetic, evoking a sense of calm and authenticity\n•Rolled Edges: Enhances durability and provides added chip resistance, making it ideal for hotel, restaurant, and foodservice applications\n•Polished Foot: Minimises damage when stacked and stored, helping to maintain the integrity of each piece over time\n•Unique Artisanal Finish: The natural kiln effects and spontaneous glaze reactions ensure every piece is truly one of a kind","Each",null,"12.6","9.5","8.9","0.00107",{"v":0.28,"d":"0.280"},"05020403770022",6,"33","22","11","0.00799","1.68",2.125,"05020403770039",48,"46","34","48","0.07507","13.44",{"v":17,"d":"17.000"},null,1152,"https://files.plytix.com/api/v1.1/file/public_files/pim/assets/8a/8d/8f/62/628f8d8abb3a1aaaf0e8f149/images/ad/37/82/68/688237ad84708e1f953fa59f/TH_MUG-KMD35.jpg","https://files.plytix.com/api/v1.1/file/public_files/pim/assets/8a/8d/8f/62/628f8d8abb3a1aaaf0e8f149/images/55/2a/82/68/68822a5584708e1f953fa161/MUG-KMD35.jpg",null,"https://www.nevilleuk.com/products/MUG-KMD35_",null,"MUG-KSH35"]
["110628","GenWare Porcelain Winged Oval Plate 28cm/ 11\"","28.3 x 20.2cm (L x W)",10.18,4,"GenWare Porcelain>Classic Plates",null,"Yes",null,283,202,27,0.565,0.565,null,null,"Porcelain","6911100090","China",null,null,"Yes","Yes","Yes","Yes",{"$nulls":3},"5 Year Edge Chip Guarantee",null,null,"\n•BS4034 Vitrified Porcelain\n•Durable Bright White Glaze\n•Rolled Edges Provides Excellent Chip Resistance\n•Strong And Durable Hotelware","GenWare Porcelain delivers exceptional quality, combining durability and functionality to meet the demands of busy hospitality environments. The versatile range includes an extensive selection of plates, bowls, and beverage items, perfectly complemented by service pieces to create a complete table setting.Crafted from fully vitrified porcelain, the collection meets the stringent standards of BS4034, ensuring low water absorption for enhanced hygiene, superior resistance to thermal shock, increased strength, and excellent heat retention. Designed to withstand the rigours of professional kitchens, many items feature rolled edges and reinforced rims for added chip resistance.GenWare Porcelain is the perfect choice for hotels, restaurants, and food service operations seeking reliable, high-performance tableware with timeless appeal.\n•Durable Fully Vitrified Porcelain: High-temperature firing creates a robust and long-lasting product, ideal for professional use\n•Twice-Fired Process: Enhances strength, durability, and the unique glaze finish, ensuring each piece performs in demanding environments\n•Conforms to Industry Standards: Meets BS4034 standards for vitrified hotelware, ensuring exceptional durability and quality in demanding environments\n•Rolled Edges: Enhances durability and provides added chip resistance, making it ideal for hotel, restaurant, and foodservice applications\n•Polished Foot: Minimises damage when stacked and stored, helping to maintain the integrity of each piece over time\n•Bright White Glaze: Made from specially selected clays for a brighter, whiter finish, offering exceptional presentation while remaining a practical choice compared to other porcelain alternatives\n•Durable Glaze: Durable glaze prolongs the life of the product and improves stain resistance","Each","5020403761129","28.3","20.2","2.7","0.00154",0.565,"05020403490975",4,"29.1","7.3","20.7","0.00440","2.26",{"v":3,"d":"3.000"},"05020403490982",16,"34","31","23","0.02424","9.04",{"v":12,"d":"12.000"},null,640,"https://files.plytix.com/api/v1.1/file/public_files/pim/assets/8a/8d/8f/62/628f8d8abb3a1aaaf0e8f149/images/91/37/82/68/68823791a81af439e7f6c56c/TH_110628.jpg","https://files.plytix.com/api/v1.1/file/public_files/pim/assets/8a/8d/8f/62/628f8d8abb3a1aaaf0e8f149/images/72/29/82/68/688229720d779e27ece5dcc9/110628_A.jpg|https://files.plytix.com/api/v1.1/file/public_files/pim/assets/8a/8d/8f/62/628f8d8abb3a1aaaf0e8f149/images/72/29/82/68/6882297203c05567ef5f9eb3/110628_B.jpg|https://files.plytix.com/api/v1.1/file/public_files/pim/assets/8a/8d/8f/62/628f8d8abb3a1aaaf0e8f149/images/73/29/82/68/688229730d779e27ece5dcca/110628_C.jpg|https://files.plytix.com/api/v1.1/file/public_files/pim/assets/8a/8d/8f/62/628f8d8abb3a1aaaf0e8f149/images/39/b8/8c/68/688cb839dbab51124ff18fa0/110628.jpg",null,"https://www.nevilleuk.com/products/110628_","SSD21BKV|SSD21CV|SSD21GDV|SSD21V","112128"]
["110625","GenWare Porcelain Winged Oval Plate 25.5cm/ 10\"","25.5 x 18.4cm (L x W)",9.34,6,"GenWare Porcelain>Classic Plates",null,"Yes",null,257,184,24,{"v":0.41,"d":"0.410"},{"v":0.41,"d":"0.410"},null,null,"Porcelain","6911100090","China",null,null,"Yes","Yes","Yes","Yes",{"$nulls":3},"5 Year Edge Chip Guarantee",null,null,"\n•BS4034 Vitrified Porcelain\n•Durable Bright White Glaze\n•Rolled Edges Provides Excellent Chip Resistance\n•Strong And Durable Hotelware","GenWare Porcelain delivers exceptional quality, combining durability and functionality to meet the demands of busy hospitality environments. The versatile range includes an extensive selection of plates, bowls, and beverage items, perfectly complemented by service pieces to create a complete table setting.Crafted from fully vitrified porcelain, the collection meets the stringent standards of BS4034, ensuring low water absorption for enhanced hygiene, superior resistance to thermal shock, increased strength, and excellent heat retention. Designed to withstand the rigours of professional kitchens, many items feature rolled edges and reinforced rims for added chip resistance.GenWare Porcelain is the perfect choice for hotels, restaurants, and food service operations seeking reliable, high-performance tableware with timeless appeal.\n•Durable Fully Vitrified Porcelain: High-temperature firing creates a robust and long-lasting product, ideal for professional use\n•Twice-Fired Process: Enhances strength, durability, and the unique glaze finish, ensuring each piece performs in demanding environments\n•Conforms to Industry Standards: Meets BS4034 standards for vitrified hotelware, ensuring exceptional durability and quality in demanding environments\n•Rolled Edges: Enhances durability and provides added chip resistance, making it ideal for hotel, restaurant, and foodservice applications\n•Polished Foot: Minimises damage when stacked and stored, helping to maintain the integrity of each piece over time\n•Bright White Glaze: Made from specially selected clays for a brighter, whiter finish, offering exceptional presentation while remaining a practical choice compared to other porcelain alternatives\n•Durable Glaze: Durable glaze prolongs the life of the product and improves stain resistance","Each","5020403761112","25.7","18.4","2.4","0.00113",{"v":0.41,"d":"0.410"},"05020403490944",6,"26.7","97","19.2","0.04973","2.46",{"v":3.5,"d":"3.500"},"05020403490951",24,"43","28","22","0.02649","9.84",{"v":14,"d":"14.000"},null,960,"https://files.plytix.com/api/v1.1/file/public_files/pim/assets/8a/8d/8f/62/628f8d8abb3a1aaaf0e8f149/images/91/37/82/68/68823791e49aeb157cd62a60/TH_110625.jpg","https://files.plytix.com/api/v1.1/file/public_files/pim/assets/8a/8d/8f/62/628f8d8abb3a1aaaf0e8f149/images/6f/29/82/68/6882296fa81af439e7f6c00d/110625_A.jpg|https://files.plytix.com/api/v1.1/file/public_files/pim/assets/8a/8d/8f/62/628f8d8abb3a1aaaf0e8f149/images/70/29/82/68/688229709544f7f72c09f895/110625_B.jpg|https://files.plytix.com/api/v1.1/file/public_files/pim/assets/8a/8d/8f/62/628f8d8abb3a1aaaf0e8f149/images/71/29/82/68/688229719544f7f72c09f896/110625_C.jpg|https://files.plytix.com/api/v1.1/file/public_files/pim/assets/8a/8d/8f/62/628f8d8abb3a1aaaf0e8f149/images/38/b8/8c/68/688cb838d5ef509639b46be7/110625.jpg","https://files.plytix.com/api/v1.1/file/public_files/pim/assets/8a/8d/8f/62/628f8d8abb3a1aaaf0e8f149/images/84/1c/7e/68/687e1c84ad76c8ad222c863f/LFST0925078.jpg","https://www.nevilleuk.com/products/110625_","SSD18CV|SSD18GDV|SSD18V|SSD18BKV","112125"]
["322139MT","GenWare Porcelain Matt Teal Cosy Mug 35cl/ 12.3oz","11.7 x 8.7 x 9.4cm (L x W x H)",{"v":8.5,"d":"8.50"},6,"Coloured Beverage>Matt Teal",null,"Yes",null,116,85,92,{"v":0.34,"d":"0.340"},{"v":0.34,"d":"0.340"},{"v":35,"d":"35.00"},"12.3","Porcelain","6911100090","China",null,null,"Yes","Yes","Yes","Yes",{"$nulls":6},"\n•Durable Fully Vitrified Porcelain\n•Twice-Fired Process\n•High Temperature Firing\n•Conforms to BS4034 Vitrified Hotelware\n•Rolled Edges\n•Polished Foot\n•Durable Glaze","GenWare Coloured Beverage offers a bold and stylish alternative to traditional white porcelain, bringing vibrant character and personality to any setting. The collection features an extensive range of beverageware, designed to enhance the presentation of tea and coffee while adding a splash of colour to your service. Ideal for hotels, restaurants, and cafes, GenWare Coloured Beverage allows you to create a distinctive and inviting atmosphere that leaves a lasting impression.\n•Durable Fully Vitrified Porcelain: High-temperature firing creates a robust and long-lasting product, ideal for professional use\n•Twice-Fired Process: Enhances strength, durability, and the unique glaze finish, ensuring each piece performs in demanding environments\n•Conforms to Industry Standards: Meets BS4034 standards for vitrified hotelware, ensuring exceptional durability and quality in demanding environments\n•Rolled Edges: Enhances durability and provides added chip resistance, making it ideal for hotel, restaurant, and foodservice applications\n•Polished Foot: Minimises damage when stacked and stored, helping to maintain the integrity of each piece over time\n•Durable Glaze: Features a high-quality glaze that enhances durability while providing a sleek, sophisticated finish resistant to stains and scratches\n•Vibrant Colour Palette: Available in a range of eye-catching colours, perfect for adding personality and flair to any setting\n•Mix and Match Appeal: The diverse colour options allow for creative combinations that suit any theme or decor\n•Versatile for Any Venue: Designed to complement a wide range of hospitality environments, from trendy cafes to upscale hotels and restaurants","Each","5020403063704","11.56","8.5","9.2","0.00090",{"v":0.34,"d":"0.340"},"05020403063711",6,"28.7","18.6","9.8","0.00523","2.04",{"v":3.5,"d":"3.500"},"05020403063728",24,"40","31","22","0.02728","8.16",{"v":14,"d":"14.000"},null,1440,"https://files.plytix.com/api/v1.1/file/public_files/pim/assets/8a/8d/8f/62/628f8d8abb3a1aaaf0e8f149/images/91/37/82/68/688237919544f7f72c09fc8c/TH_322139MT.jpg","https://files.plytix.com/api/v1.1/file/public_files/pim/assets/8a/8d/8f/62/628f8d8abb3a1aaaf0e8f149/images/78/29/82/68/68822978e49aeb157cd625ec/322139MT.jpg","https://files.plytix.com/api/v1.1/file/public_files/pim/assets/8a/8d/8f/62/628f8d8abb3a1aaaf0e8f149/images/4d/20/7e/68/687e204ddd3cffb0b9ad72a4/LFST0925218.jpg|https://files.plytix.com/api/v1.1/file/public_files/pim/assets/8a/8d/8f/62/628f8d8abb3a1aaaf0e8f149/images/56/20/7e/68/687e20562a03861c91eda594/LFST0925220.jpg|https://files.plytix.com/api/v1.1/file/public_files/pim/assets/8a/8d/8f/62/628f8d8abb3a1aaaf0e8f149/images/0e/20/7e/68/687e200edd3cffb0b9ad7291/LFST0925205.jpg","https://www.nevilleuk.com/products/322139MT_",null,"322135MT|322139MSG"]
["TP-SST45","Sereno Porcelain Strato Teapot 45cl/15.75oz","18.3 x 10.3 x 10.3cm (L x W x H)",{"v":30.3,"d":"30.30"},6,"Sereno Tableware>Sereno Porcelain Strato",null,"Yes",null,175,110,105,{"v":0.38,"d":"0.380"},{"v":0.38,"d":"0.380"},{"v":45,"d":"45.00"},"15.8","Porcelain","6911100090","China",null,null,"Yes","Yes","Yes","Yes",{"$nulls":6},"\n•Durable Fully Vitrified Porcelain\n•Twice-Fired Process\n•High Temperature Firing\n•Conforms to BS4034 Vitrified Hotelware\n•Refined Shape\n•Polished Foot\n•Textured Matt White Glaze\n•Artisanal Accent Glaze","The Sereno Strato collection draws inspiration from the layers and movement of the upper atmosphere. Its natural, sweeping lines evoke a sense of elevation and movement, offering a modern canvas for creative plating.\n•Durable Fully Vitrified Porcelain: High-temperature firing creates a robust and long-lasting product, ideal for professional use\n•Twice-Fired Process: Enhances strength, durability, and the unique glaze finish, ensuring each piece performs in demanding environments\n•Conforms to Industry Standards: Meets BS4034 standards for vitrified hotelware, ensuring exceptional durability and quality in demanding environments\n•Refined Shapes: Beautifully crafted, contemporary shapes that enhance the overall elegance of the collection\n•Polished Foot: Minimises damage when stacked and stored, helping to maintain the integrity of each piece over time\n•Textured Matt White Glaze: The soft matt white glaze with subtle texture adds sophistication and a modern touch to any dining setting\n•Artisanal Accent Glaze: Each piece is finished with an accent glaze, highlighting the artisanal craftsmanship","Each","5020403701873","17.5","11","10.5","0.00202",{"v":0.38,"d":"0.380"},"05020403701880",6,"36.5","27","11","0.01084","2.28",{"v":3.25,"d":"3.250"},"05020403701897",24,"58","39","26","0.05881","9.12",{"v":13,"d":"13.000"},null,576,"https://files.plytix.com/api/v1.1/file/public_files/pim/assets/8a/8d/8f/62/628f8d8abb3a1aaaf0e8f149/images/8f/37/82/68/6882378fe49aeb157cd62a5f/TH_TP-SST45.jpg","https://files.plytix.com/api/v1.1/file/public_files/pim/assets/8a/8d/8f/62/628f8d8abb3a1aaaf0e8f149/images/1e/2b/82/68/68822b1e0d779e27ece5dd57/TP-SST45.jpg",null,"https://www.nevilleuk.com/products/TP-SST45_",null,"TP-SAL45|TP-SCR45"]
["RAM-SST2","Sereno Porcelain Strato Ramekin 7cl/2.5oz","7 x 3.5cm (Dia x H)",{"v":6.8,"d":"6.80"},6,"Sereno Tableware>Sereno Porcelain Strato",null,"Yes",null,70,70,35,0.076,0.076,{"v":7,"d":"7.00"},"2.5","Porcelain","6911100090","China",null,null,"Yes","Yes","Yes","Yes",{"$nulls":6},"\n•Durable Fully Vitrified Porcelain\n•Twice-Fired Process\n•High Temperature Firing\n•Conforms to BS4034 Vitrified Hotelware\n•Refined Shape\n•Polished Foot\n•Textured Matt White Glaze\n•Artisanal Accent Glaze","The Sereno Strato collection draws inspiration from the layers and movement of the upper atmosphere. Its natural, sweeping lines evoke a sense of elevation and movement, offering a modern canvas for creative plating.\n•Durable Fully Vitrified Porcelain: High-temperature firing creates a robust and long-lasting product, ideal for professional use\n•Twice-Fired Process: Enhances strength, durability, and the unique glaze finish, ensuring each piece performs in demanding environments\n•Conforms to Industry Standards: Meets BS4034 standards for vitrified hotelware, ensuring exceptional durability and quality in demanding environments\n•Refined Shapes: Beautifully crafted, contemporary shapes that enhance the overall elegance of the collection\n•Polished Foot: Minimises damage when stacked and stored, helping to maintain the integrity of each piece over time\n•Textured Matt White Glaze: The soft matt white glaze with subtle texture adds sophistication and a modern touch to any dining setting\n•Artisanal Accent Glaze: Each piece is finished with an accent glaze, highlighting the artisanal craftsmanship","Each","5020403701842","7","7","3.5","0.00017",0.076,"05020403701859",6,"17","17","7.5","0.00217","0.456",{"v":0.75,"d":"0.750"},"05020403701866",48,"34","19","18","0.01163","3.648",{"v":6,"d":"6.000"},null,4032,"https://files.plytix.com/api/v1.1/file/public_files/pim/assets/8a/8d/8f/62/628f8d8abb3a1aaaf0e8f149/images/af/37/82/68/688237af0d779e27ece5e1d4/TH_RAM-SST2.jpg","https://files.plytix.com/api/v1.1/file/public_files/pim/assets/8a/8d/8f/62/628f8d8abb3a1aaaf0e8f149/images/6c/2a/82/68/68822a6ca81af439e7f6c08c/RAM-SST2.jpg","https://files.plytix.com/api/v1.1/file/public_files/pim/assets/8a/8d/8f/62/628f8d8abb3a1aaaf0e8f149/images/25/1f/7e/68/687e1f25dd3cffb0b9ad7225/LFST0925167.jpg|https://files.plytix.com/api/v1.1/file/public_files/pim/assets/8a/8d/8f/62/628f8d8abb3a1aaaf0e8f149/images/97/1f/7e/68/687e1f97ad76c8ad222c86cb/LFST0925185.jpg|https://files.plytix.com/api/v1.1/file/public_files/pim/assets/8a/8d/8f/62/628f8d8abb3a1aaaf0e8f149/images/8d/1f/7e/68/687e1f8d2a03861c91eda54d/LFST0925184.jpg|https://files.plytix.com/api/v1.1/file/public_files/pim/assets/8a/8d/8f/62/628f8d8abb3a1aaaf0e8f149/images/82/1f/7e/68/687e1f825ff968b9dfce9a45/LFST0925182.jpg","https://www.nevilleuk.com/products/RAM-SST2_",null,"RAM-SAL2|RAM-SCR2"]
["BW-SST13","Sereno Porcelain Strato Round Bowl 13cm","13 x 6.2cm (Dia x H) - 48cl/6.9oz",10.46,6,"Sereno Tableware>Sereno Porcelain Strato",null,"Yes",null,130,130,64,0.281,0.281,{"v":48,"d":"48.00"},"16.9","Porcelain","6911100090","China",null,null,"Yes","Yes","Yes","Yes",{"$nulls":6},"\n•Durable Fully Vitrified Porcelain\n•Twice-Fired Process\n•High Temperature Firing\n•Conforms to BS4034 Vitrified Hotelware\n•Refined Shape\n•Polished Foot\n•Textured Matt White Glaze\n•Artisanal Accent Glaze","The Sereno Strato collection draws inspiration from the layers and movement of the upper atmosphere. Its natural, sweeping lines evoke a sense of elevation and movement, offering a modern canvas for creative plating.\n•Durable Fully Vitrified Porcelain: High-temperature firing creates a robust and long-lasting product, ideal for professional use\n•Twice-Fired Process: Enhances strength, durability, and the unique glaze finish, ensuring each piece performs in demanding environments\n•Conforms to Industry Standards: Meets BS4034 standards for vitrified hotelware, ensuring exceptional durability and quality in demanding environments\n•Refined Shapes: Beautifully crafted, contemporary shapes that enhance the overall elegance of the collection\n•Polished Foot: Minimises damage when stacked and stored, helping to maintain the integrity of each piece over time\n•Textured Matt White Glaze: The soft matt white glaze with subtle texture adds sophistication and a modern touch to any dining setting\n•Artisanal Accent Glaze: Each piece is finished with an accent glaze, highlighting the artisanal craftsmanship","Each","5020403701811","13","13","6.4","0.00108",0.281,"05020403701828",6,"22.5","14.5","14.5","0.00473","1.686",{"v":2,"d":"2.000"},"05020403701835",36,"48","25","33","0.03960","10.116",{"v":12,"d":"12.000"},null,1296,"https://files.plytix.com/api/v1.1/file/public_files/pim/assets/8a/8d/8f/62/628f8d8abb3a1aaaf0e8f149/images/9c/37/82/68/6882379c03c05567ef5fa385/TH_BW-SST13.jpg","https://files.plytix.com/api/v1.1/file/public_files/pim/assets/8a/8d/8f/62/628f8d8abb3a1aaaf0e8f149/images/8d/29/82/68/6882298d03c05567ef5f9ecb/BW-SST13.jpg","https://files.plytix.com/api/v1.1/file/public_files/pim/assets/8a/8d/8f/62/628f8d8abb3a1aaaf0e8f149/images/25/1f/7e/68/687e1f25dd3cffb0b9ad7225/LFST0925167.jpg|https://files.plytix.com/api/v1.1/file/public_files/pim/assets/8a/8d/8f/62/628f8d8abb3a1aaaf0e8f149/images/97/1f/7e/68/687e1f97ad76c8ad222c86cb/LFST0925185.jpg|https://files.plytix.com/api/v1.1/file/public_files/pim/assets/8a/8d/8f/62/628f8d8abb3a1aaaf0e8f149/images/8d/1f/7e/68/687e1f8d2a03861c91eda54d/LFST0925184.jpg","https://www.nevilleuk.com/products/BW-SST13_",null,"BW-SAL13|BW-SCR13"]
["PB-PSF13","Terra Porcelain Seafoam Presentation Bowl 13cm","13 x 4.2cm (Dia x H) - 33.5cl/11.8oz",11.62,6,"Terra Porcelain>Seafoam Terra Porcelain",null,"Yes",null,130,130,42,{"v":0.35,"d":"0.350"},{"v":0.35,"d":"0.350"},{"v":33.5,"d":"33.50"},"11.8","Porcelain","6911100090","China",null,null,"Yes","Yes","Yes","Yes",{"$nulls":6},"\n•Durable Fully Vitrified Porcelain\n•Twice-Fired Process\n•High Temperature Firing\n•Conforms to BS4034 Vitrified Hotelware\n•Rolled Edges\n•Polished Foot\n•Unique Reactive Glaze Formula\n•Stackable","Terra Porcelain's undefined beauty is crafted through natural effects and spontaneous reactions that occur in the kiln. A unique glaze formula, combined with high-temperature firing, ensures no two pieces look exactly alike, with variations in color intensity creating a truly distinctive appearance. The Seafoam Terra Porcelain collection draws inspiration from the coast with it's blend of oceanic colours, providing a calming canvas perfect for presenting fresh, vibrant dishes. This range provides the perfect canvas for presenting delicious, vibrant dishes.\n•Durable Fully Vitrified Porcelain: High-temperature firing creates a robust and long-lasting product, ideal for professional use\n•Twice-Fired Process: Enhances strength, durability, and the unique glaze finish, ensuring each piece performs in demanding environments\n•Conforms to Industry Standards: Meets BS4034 standards for vitrified hotelware, ensuring exceptional durability and quality in demanding environments\n•Rolled Edges: Enhances durability and provides added chip resistance, making it ideal for hotel, restaurant, and foodservice applications\n•Polished Foot: Minimises damage when stacked and stored, helping to maintain the integrity of each piece over time\n•Stackable: Optimises storage space, making it easy to stack securely without risking damage, perfect for busy kitchens\n•Unique Artisanal Finish: The natural kiln effects and spontaneous glaze reactions ensure every piece is truly one of a kind\n•Inspired Seafoam Hue: The blend of oceanic colours captures the tranquil essence of the coast, creating a calming canvas\n•Complete the Look: Pairs beautifully with other items in the Terra Porcelain range for a cohesive and stylish tabletop presentation","Each",null,"13","13","4.2","0.00071",{"v":0.35,"d":"0.350"},"05020403490371",6,"28","14","15","0.00588","2.1",2.333,"05020403761044",36,"45","29","32","0.04176","12.6",{"v":14,"d":"14.000"},null,864,"https://files.plytix.com/api/v1.1/file/public_files/pim/assets/8a/8d/8f/62/628f8d8abb3a1aaaf0e8f149/images/ad/37/82/68/688237ada81af439e7f6c5b0/TH_PB-PSF13.jpg","https://files.plytix.com/api/v1.1/file/public_files/pim/assets/8a/8d/8f/62/628f8d8abb3a1aaaf0e8f149/images/5b/2a/82/68/68822a5ba81af439e7f6c081/PB-PSF13.jpg",null,"https://www.nevilleuk.com/products/PB-PSF13_",null,"PB-PRC13|PB-PBL13|PB-PBK13|PB-PG13|PB-PMG13|PB-PRS13"]
["CN-PSF16","Terra Porcelain Seafoam Conical Bowl 16cm","16 x 6cm (Dia x H) - 54.5cl/19.2oz",15.12,6,"Terra Porcelain>Seafoam Terra Porcelain",null,"Yes",null,160,160,60,{"v":0.35,"d":"0.350"},{"v":0.35,"d":"0.350"},{"v":54.5,"d":"54.50"},"19.2","Porcelain","6911100090","China",null,null,"Yes","Yes","Yes","Yes",{"$nulls":6},"\n•Durable Fully Vitrified Porcelain\n•Twice-Fired Process\n•High Temperature Firing\n•Conforms to BS4034 Vitrified Hotelware\n•Rolled Edges\n•Polished Foot\n•Unique Reactive Glaze Formula","Terra Porcelain's undefined beauty is crafted through natural effects and spontaneous reactions that occur in the kiln. A unique glaze formula, combined with high-temperature firing, ensures no two pieces look exactly alike, with variations in color intensity creating a truly distinctive appearance. The Seafoam Terra Porcelain collection draws inspiration from the coast with it's blend of oceanic colours, providing a calming canvas perfect for presenting fresh, vibrant dishes. This range provides the perfect canvas for presenting delicious, vibrant dishes.\n•Durable Fully Vitrified Porcelain: High-temperature firing creates a robust and long-lasting product, ideal for professional use\n•Twice-Fired Process: Enhances strength, durability, and the unique glaze finish, ensuring each piece performs in demanding environments\n•Conforms to Industry Standards: Meets BS4034 standards for vitrified hotelware, ensuring exceptional durability and quality in demanding environments\n•Rolled Edges: Enhances durability and provides added chip resistance, making it ideal for hotel, restaurant, and foodservice applications\n•Polished Foot: Minimises damage when stacked and stored, helping to maintain the integrity of each piece over time\n•Unique Artisanal Finish: The natural kiln effects and spontaneous glaze reactions ensure every piece is truly one of a kind\n•Inspired Seafoam Hue: The blend of oceanic colours captures the tranquil essence of the coast, creating a calming canvas\n•Complete the Look: Pairs beautifully with other items in the Terra Porcelain range for a cohesive and stylish tabletop presentation","Each",null,"16","16","6","0.00154",{"v":0.35,"d":"0.350"},"05020403490340",6,"18","14","18","0.00454","2.1",2.667,"05020403761037",36,"45","37","20","0.03330","12.6",{"v":16,"d":"16.000"},null,1008,"https://files.plytix.com/api/v1.1/file/public_files/pim/assets/8a/8d/8f/62/628f8d8abb3a1aaaf0e8f149/images/9e/37/82/68/6882379ee49aeb157cd62a76/TH_CN-PSF16.jpg","https://files.plytix.com/api/v1.1/file/public_files/pim/assets/8a/8d/8f/62/628f8d8abb3a1aaaf0e8f149/images/9f/29/82/68/6882299f0d779e27ece5dce6/CN-PSF16.jpg","https://files.plytix.com/api/v1.1/file/public_files/pim/assets/8a/8d/8f/62/628f8d8abb3a1aaaf0e8f149/images/b9/1c/7e/68/687e1cb9777134bb259390ae/LFST0925089.jpg|https://files.plytix.com/api/v1.1/file/public_files/pim/assets/8a/8d/8f/62/628f8d8abb3a1aaaf0e8f149/images/8e/1c/7e/68/687e1c8e2a03861c91eda4b2/LFST0925080.jpg","https://www.nevilleuk.com/products/CN-PSF16_",null,"CN-PRC16|CN-PBL16|CN-PBK16|CN-PG16|CN-PMG16|CN-PRS16"]
["CN-PSF14","Terra Porcelain Seafoam Conical Bowl 14cm","14 x 5cm (Dia x H) - 31cl/10.9oz",11.62,6,"Terra Porcelain>Seafoam Terra Porcelain",null,"Yes",null,140,140,50,{"v":0.26,"d":"0.260"},{"v":0.26,"d":"0.260"},{"v":31,"d":"31.00"},"10.9","Porcelain","6911100090","China",null,null,"Yes","Yes","Yes","Yes",{"$nulls":6},"\n•Durable Fully Vitrified Porcelain\n•Twice-Fired Process\n•High Temperature Firing\n•Conforms to BS4034 Vitrified Hotelware\n•Rolled Edges\n•Polished Foot\n•Unique Reactive Glaze Formula","Terra Porcelain's undefined beauty is crafted through natural effects and spontaneous reactions that occur in the kiln. A unique glaze formula, combined with high-temperature firing, ensures no two pieces look exactly alike, with variations in color intensity creating a truly distinctive appearance. The Seafoam Terra Porcelain collection draws inspiration from the coast with it's blend of oceanic colours, providing a calming canvas perfect for presenting fresh, vibrant dishes. This range provides the perfect canvas for presenting delicious, vibrant dishes.\n•Durable Fully Vitrified Porcelain: High-temperature firing creates a robust and long-lasting product, ideal for professional use\n•Twice-Fired Process: Enhances strength, durability, and the unique glaze finish, ensuring each piece performs in demanding environments\n•Conforms to Industry Standards: Meets BS4034 standards for vitrified hotelware, ensuring exceptional durability and quality in demanding environments\n•Rolled Edges: Enhances durability and provides added chip resistance, making it ideal for hotel, restaurant, and foodservice applications\n•Polished Foot: Minimises damage when stacked and stored, helping to maintain the integrity of each piece over time\n•Unique Artisanal Finish: The natural kiln effects and spontaneous glaze reactions ensure every piece is truly one of a kind\n•Inspired Seafoam Hue: The blend of oceanic colours captures the tranquil essence of the coast, creating a calming canvas\n•Complete the Look: Pairs beautifully with other items in the Terra Porcelain range for a cohesive and stylish tabletop presentation","Each",null,"14","14","5","0.00098",{"v":0.26,"d":"0.260"},"05020403490319",6,"15","12","16","0.00288","1.56",1.875,"05020403761020",48,"33","26","34","0.02917","12.48",{"v":15,"d":"15.000"},null,1440,"https://files.plytix.com/api/v1.1/file/public_files/pim/assets/8a/8d/8f/62/628f8d8abb3a1aaaf0e8f149/images/9e/37/82/68/6882379e9544f7f72c09fc92/TH_CN-PSF14.jpg","https://files.plytix.com/api/v1.1/file/public_files/pim/assets/8a/8d/8f/62/628f8d8abb3a1aaaf0e8f149/images/9e/29/82/68/6882299e03c05567ef5f9ee2/CN-PSF14.jpg","https://files.plytix.com/api/v1.1/file/public_files/pim/assets/8a/8d/8f/62/628f8d8abb3a1aaaf0e8f149/images/58/1c/7e/68/687e1c58777134bb25939093/LFST0925069.jpg","https://www.nevilleuk.com/products/CN-PSF14_",null,"CN-PRC14|CN-PBL14|CN-PBK14|CN-PG14|CN-PMG14|CN-PRS14"]
["TD-PSF10","Terra Porcelain Seafoam Tapas Dish 10cm","10 x 3cm (Dia x H) - 17cl/6oz",{"v":8.2,"d":"8.20"},12,"Terra Porcelain>Seafoam Terra Porcelain",null,"Yes",null,100,100,30,{"v":0.19,"d":"0.190"},{"v":0.19,"d":"0.190"},{"v":17,"d":"17.00"},"6","Porcelain","6911100090","China",null,null,"Yes","Yes","Yes","Yes",{"$nulls":6},"\n•Durable Fully Vitrified Porcelain\n•Twice-Fired Process\n•High Temperature Firing\n•Conforms to BS4034 Vitrified Hotelware\n•Rolled Edges\n•Polished Foot\n•Unique Reactive Glaze Formula","Terra Porcelain's undefined beauty is crafted through natural effects and spontaneous reactions that occur in the kiln. A unique glaze formula, combined with high-temperature firing, ensures no two pieces look exactly alike, with variations in color intensity creating a truly distinctive appearance. The Seafoam Terra Porcelain collection draws inspiration from the coast with it's blend of oceanic colours, providing a calming canvas perfect for presenting fresh, vibrant dishes. This range provides the perfect canvas for presenting delicious, vibrant dishes.\n•Durable Fully Vitrified Porcelain: High-temperature firing creates a robust and long-lasting product, ideal for professional use\n•Twice-Fired Process: Enhances strength, durability, and the unique glaze finish, ensuring each piece performs in demanding environments\n•Conforms to Industry Standards: Meets BS4034 standards for vitrified hotelware, ensuring exceptional durability and quality in demanding environments\n•Rolled Edges: Enhances durability and provides added chip resistance, making it ideal for hotel, restaurant, and foodservice applications\n•Polished Foot: Minimises damage when stacked and stored, helping to maintain the integrity of each piece over time\n•Unique Artisanal Finish: The natural kiln effects and spontaneous glaze reactions ensure every piece is truly one of a kind\n•Inspired Seafoam Hue: The blend of oceanic colours captures the tranquil essence of the coast, creating a calming canvas\n•Complete the Look: Pairs beautifully with other items in the Terra Porcelain range for a cohesive and stylish tabletop presentation","Each",null,"10","10","3","0.00030",{"v":0.19,"d":"0.190"},"05020403490289",12,"23","21","12","0.00580","2.28",2.667,"05020403490296",72,"65","24","27","0.04212","13.68",{"v":16,"d":"16.000"},null,1800,"https://files.plytix.com/api/v1.1/file/public_files/pim/assets/8a/8d/8f/62/628f8d8abb3a1aaaf0e8f149/images/8f/37/82/68/6882378fa81af439e7f6c567/TH_TD-PSF10.jpg","https://files.plytix.com/api/v1.1/file/public_files/pim/assets/8a/8d/8f/62/628f8d8abb3a1aaaf0e8f149/images/1d/2b/82/68/68822b1d0d779e27ece5dd56/TD-PSF10.jpg",null,"https://www.nevilleuk.com/products/TD-PSF10_",null,"TD-PRC10|TD-PBL10|TD-PBK10|TD-PG10|TD-PMG10|TD-PRS10"]
["DC-KSH23","Kozo Porcelain Shiro Deep Plate 23cm","23 x 5.4cm (Dia x H) - 1.1L/38.7oz",22.48,6,"Kozo Porcelain>Kozo Porcelain Shiro",null,"Yes",null,235,235,55,{"v":0.81,"d":"0.810"},{"v":0.81,"d":"0.810"},{"v":110,"d":"110.00"},"38.7","Porcelain","6911100090","China",null,null,"Yes","Yes","Yes","Yes",{"$nulls":6},"\n•Durable Fully Vitrified Porcelain\n•Twice-Fired Process\n•Conforms to Industry Standards\n•Organic Forms\n•Rolled Edges\n•Polished Foot\n•Unique Artisanal Finish","Kozo Porcelain embraces the quiet beauty of imperfection and the artistry of nature. This refined collection captures the spirit of Japanese minimalism, where form, texture, and subtle detail come together in perfect harmony.\n•Durable Fully Vitrified Porcelain: High-temperature firing creates a robust and long-lasting product, ideal for professional use\n•Twice-Fired Process: Enhances strength, durability, and the unique glaze finish, ensuring each piece performs in demanding environments\n•Conforms to Industry Standards: Meets BS4034 standards for vitrified hotelware, ensuring exceptional durability and quality in demanding environments\n•Organic Forms: Each piece reflects the handmade aesthetic, evoking a sense of calm and authenticity\n•Rolled Edges: Enhances durability and provides added chip resistance, making it ideal for hotel, restaurant, and foodservice applications\n•Polished Foot: Minimises damage when stacked and stored, helping to maintain the integrity of each piece over time\n•Unique Artisanal Finish: The natural kiln effects and spontaneous glaze reactions ensure every piece is truly one of a kind","Each",null,"23.5","23.5","5.5","0.00304",{"v":0.81,"d":"0.810"},"05020403770657",6,"25","22","26","0.01430","4.86",5.333,"05020403770664",18,"68","26","28","0.04950","14.58",{"v":18,"d":"18.000"},null,450,"https://files.plytix.com/api/v1.1/file/public_files/pim/assets/8a/8d/8f/62/628f8d8abb3a1aaaf0e8f149/images/a4/37/82/68/688237a4a81af439e7f6c58a/TH_DC-KSH23.jpg","https://files.plytix.com/api/v1.1/file/public_files/pim/assets/8a/8d/8f/62/628f8d8abb3a1aaaf0e8f149/images/d2/29/82/68/688229d203c05567ef5f9f05/DC-KSH23_A.jpg|https://files.plytix.com/api/v1.1/file/public_files/pim/assets/8a/8d/8f/62/628f8d8abb3a1aaaf0e8f149/images/d3/29/82/68/688229d39544f7f72c09f8af/DC-KSH23_B.jpg|https://files.plytix.com/api/v1.1/file/public_files/pim/assets/8a/8d/8f/62/628f8d8abb3a1aaaf0e8f149/images/d4/29/82/68/688229d403c05567ef5f9f08/DC-KSH23_C.jpg|https://files.plytix.com/api/v1.1/file/public_files/pim/assets/8a/8d/8f/62/628f8d8abb3a1aaaf0e8f149/images/c3/b8/8c/68/688cb8c3f893fc39de49aa36/DC-KSH23.jpg","https://files.plytix.com/api/v1.1/file/public_files/pim/assets/8a/8d/8f/62/628f8d8abb3a1aaaf0e8f149/images/87/1d/7e/68/687e1d87777134bb259390c4/LFST0925127.jpg|https://files.plytix.com/api/v1.1/file/public_files/pim/assets/8a/8d/8f/62/628f8d8abb3a1aaaf0e8f149/images/51/1d/7e/68/687e1d512a03861c91eda4c3/LFST0925119.jpg|https://files.plytix.com/api/v1.1/file/public_files/pim/assets/8a/8d/8f/62/628f8d8abb3a1aaaf0e8f149/images/70/1e/7e/68/687e1e702a03861c91eda505/LFST0925139.jpg|https://files.plytix.com/api/v1.1/file/public_files/pim/assets/8a/8d/8f/62/628f8d8abb3a1aaaf0e8f149/images/76/1d/7e/68/687e1d76777134bb259390c0/LFST0925124.jpg","https://www.nevilleuk.com/products/DC-KSH23_",null,"DC-KMD23"]
["DC-KSH20","Kozo Porcelain Shiro Deep Plate 20cm","20 x 5.4cm (Dia x H) - 80cl/28.2oz",19.35,4,"Kozo Porcelain>Kozo Porcelain Shiro",null,"Yes",null,222,222,33,{"v":0.62,"d":"0.620"},{"v":0.62,"d":"0.620"},{"v":80,"d":"80.00"},"28.2","Porcelain","6911100090","China",null,null,"Yes","Yes","Yes","Yes",{"$nulls":6},"\n•Durable Fully Vitrified Porcelain\n•Twice-Fired Process\n•Conforms to Industry Standards\n•Organic Forms\n•Rolled Edges\n•Polished Foot\n•Unique Artisanal Finish","Kozo Porcelain embraces the quiet beauty of imperfection and the artistry of nature. This refined collection captures the spirit of Japanese minimalism, where form, texture, and subtle detail come together in perfect harmony.\n•Durable Fully Vitrified Porcelain: High-temperature firing creates a robust and long-lasting product, ideal for professional use\n•Twice-Fired Process: Enhances strength, durability, and the unique glaze finish, ensuring each piece performs in demanding environments\n•Conforms to Industry Standards: Meets BS4034 standards for vitrified hotelware, ensuring exceptional durability and quality in demanding environments\n•Organic Forms: Each piece reflects the handmade aesthetic, evoking a sense of calm and authenticity\n•Rolled Edges: Enhances durability and provides added chip resistance, making it ideal for hotel, restaurant, and foodservice applications\n•Polished Foot: Minimises damage when stacked and stored, helping to maintain the integrity of each piece over time\n•Unique Artisanal Finish: The natural kiln effects and spontaneous glaze reactions ensure every piece is truly one of a kind","Each",null,"22.2","22.2","3.3","0.00163",{"v":0.62,"d":"0.620"},"05020403770626",4,"23","15","23","0.00794","2.48",{"v":3,"d":"3.000"},"05020403770633",16,"47","31","25","0.03643","9.92",{"v":12,"d":"12.000"},null,384,"https://files.plytix.com/api/v1.1/file/public_files/pim/assets/8a/8d/8f/62/628f8d8abb3a1aaaf0e8f149/images/a4/37/82/68/688237a4a81af439e7f6c589/TH_DC-KSH20.jpg","https://files.plytix.com/api/v1.1/file/public_files/pim/assets/8a/8d/8f/62/628f8d8abb3a1aaaf0e8f149/images/d0/29/82/68/688229d0e49aeb157cd6260a/DC-KSH20_A.jpg|https://files.plytix.com/api/v1.1/file/public_files/pim/assets/8a/8d/8f/62/628f8d8abb3a1aaaf0e8f149/images/d0/29/82/68/688229d0e49aeb157cd6260b/DC-KSH20_B.jpg|https://files.plytix.com/api/v1.1/file/public_files/pim/assets/8a/8d/8f/62/628f8d8abb3a1aaaf0e8f149/images/d1/29/82/68/688229d19544f7f72c09f8ae/DC-KSH20_C.jpg|https://files.plytix.com/api/v1.1/file/public_files/pim/assets/8a/8d/8f/62/628f8d8abb3a1aaaf0e8f149/images/c6/b8/8c/68/688cb8c6f893fc39de49aa3a/DC-KSH20.jpg","https://files.plytix.com/api/v1.1/file/public_files/pim/assets/8a/8d/8f/62/628f8d8abb3a1aaaf0e8f149/images/1c/1e/7e/68/687e1e1c5ff968b9dfce99f5/LFST0925134.jpg|https://files.plytix.com/api/v1.1/file/public_files/pim/assets/8a/8d/8f/62/628f8d8abb3a1aaaf0e8f149/images/76/1d/7e/68/687e1d76777134bb259390c0/LFST0925124.jpg|https://files.plytix.com/api/v1.1/file/public_files/pim/assets/8a/8d/8f/62/628f8d8abb3a1aaaf0e8f149/images/6a/1d/7e/68/687e1d6add3cffb0b9ad71c0/LFST0925122.jpg","https://www.nevilleuk.com/products/DC-KSH20_",null,"DC-KMD20"]
["BW-KSH11","Kozo Porcelain Shiro Round Bowl 11.5cm","11.5 x 6.4cm (Dia x H) - 34cl/12oz",11.63,6,"Kozo Porcelain>Kozo Porcelain Shiro",null,"Yes",null,12000,115,66,{"v":0.27,"d":"0.270"},{"v":0.27,"d":"0.270"},{"v":34,"d":"34.00"},"12","Porcelain","6911100090","China",null,null,"Yes","Yes","Yes","Yes",{"$nulls":6},"\n•Durable Fully Vitrified Porcelain\n•Twice-Fired Process\n•Conforms to Industry Standards\n•Organic Forms\n•Rolled Edges\n•Polished Foot\n•Unique Artisanal Finish","Kozo Porcelain embraces the quiet beauty of imperfection and the artistry of nature. This refined collection captures the spirit of Japanese minimalism, where form, texture, and subtle detail come together in perfect harmony.\n•Durable Fully Vitrified Porcelain: High-temperature firing creates a robust and long-lasting product, ideal for professional use\n•Twice-Fired Process: Enhances strength, durability, and the unique glaze finish, ensuring each piece performs in demanding environments\n•Conforms to Industry Standards: Meets BS4034 standards for vitrified hotelware, ensuring exceptional durability and quality in demanding environments\n•Organic Forms: Each piece reflects the handmade aesthetic, evoking a sense of calm and authenticity\n•Rolled Edges: Enhances durability and provides added chip resistance, making it ideal for hotel, restaurant, and foodservice applications\n•Polished Foot: Minimises damage when stacked and stored, helping to maintain the integrity of each piece over time\n•Unique Artisanal Finish: The natural kiln effects and spontaneous glaze reactions ensure every piece is truly one of a kind","Each",null,"1200","11.5","6.6","0.09108",{"v":0.27,"d":"0.270"},"05020403770596",6,"23","13","14","0.00419","1.62",{"v":2,"d":"2.000"},"05020403770602",36,"42","24","30","0.03024","9.72",{"v":12,"d":"12.000"},null,720,"https://files.plytix.com/api/v1.1/file/public_files/pim/assets/8a/8d/8f/62/628f8d8abb3a1aaaf0e8f149/images/9c/37/82/68/6882379c0d779e27ece5e1c1/TH_BW-KSH11.jpg","https://files.plytix.com/api/v1.1/file/public_files/pim/assets/8a/8d/8f/62/628f8d8abb3a1aaaf0e8f149/images/8c/29/82/68/6882298c03c05567ef5f9eca/BW-KSH11.jpg","https://files.plytix.com/api/v1.1/file/public_files/pim/assets/8a/8d/8f/62/628f8d8abb3a1aaaf0e8f149/images/7b/1e/7e/68/687e1e7bdd3cffb0b9ad71f9/LFST0925141.jpg|https://files.plytix.com/api/v1.1/file/public_files/pim/assets/8a/8d/8f/62/628f8d8abb3a1aaaf0e8f149/images/29/1d/7e/68/687e1d295ff968b9dfce99da/LFST0925111.jpg","https://www.nevilleuk.com/products/BW-KSH11_",null,"BW-KMD11"]
["RAM-KSH4","Kozo Porcelain Shiro Ramekin 14cl/ 5oz","9 x 4.4cm (Dia x H) - 14cl/5oz",8.32,12,"Kozo Porcelain>Kozo Porcelain Shiro",null,"Yes",null,93,90,45,{"v":0.13,"d":"0.130"},{"v":0.13,"d":"0.130"},{"v":14,"d":"14.00"},"4.9","Porcelain","6911100090","China",null,null,"Yes","Yes","Yes","Yes",{"$nulls":6},"\n•Durable Fully Vitrified Porcelain\n•Twice-Fired Process\n•Conforms to Industry Standards\n•Organic Forms\n•Rolled Edges\n•Polished Foot\n•Unique Artisanal Finish","Kozo Porcelain embraces the quiet beauty of imperfection and the artistry of nature. This refined collection captures the spirit of Japanese minimalism, where form, texture, and subtle detail come together in perfect harmony.\n•Durable Fully Vitrified Porcelain: High-temperature firing creates a robust and long-lasting product, ideal for professional use\n•Twice-Fired Process: Enhances strength, durability, and the unique glaze finish, ensuring each piece performs in demanding environments\n•Conforms to Industry Standards: Meets BS4034 standards for vitrified hotelware, ensuring exceptional durability and quality in demanding environments\n•Organic Forms: Each piece reflects the handmade aesthetic, evoking a sense of calm and authenticity\n•Rolled Edges: Enhances durability and provides added chip resistance, making it ideal for hotel, restaurant, and foodservice applications\n•Polished Foot: Minimises damage when stacked and stored, helping to maintain the integrity of each piece over time\n•Unique Artisanal Finish: The natural kiln effects and spontaneous glaze reactions ensure every piece is truly one of a kind","Each",null,"9.3","9","4.5","0.00038",{"v":0.13,"d":"0.130"},"05020403770565",12,"20","16","11","0.00352","1.56",1.625,"05020403770572",96,"43","31","25","0.03333","12.48",{"v":13,"d":"13.000"},null,2304,"https://files.plytix.com/api/v1.1/file/public_files/pim/assets/8a/8d/8f/62/628f8d8abb3a1aaaf0e8f149/images/af/37/82/68/688237af9544f7f72c09fc9b/TH_RAM-KSH4.jpg","https://files.plytix.com/api/v1.1/file/public_files/pim/assets/8a/8d/8f/62/628f8d8abb3a1aaaf0e8f149/images/6c/2a/82/68/68822a6c84708e1f953fa16c/RAM-KSH4.jpg","https://files.plytix.com/api/v1.1/file/public_files/pim/assets/8a/8d/8f/62/628f8d8abb3a1aaaf0e8f149/images/66/1e/7e/68/687e1e66dd3cffb0b9ad71f4/LFST0925137.jpg|https://files.plytix.com/api/v1.1/file/public_files/pim/assets/8a/8d/8f/62/628f8d8abb3a1aaaf0e8f149/images/7b/1e/7e/68/687e1e7bdd3cffb0b9ad71f9/LFST0925141.jpg","https://www.nevilleuk.com/products/RAM-KSH4_",null,"RAM-KMD4"]
["SWJ150","GenWare Stainless Steel Water Jug 1.5L/ 52.8oz","14.5 x 9 x 35.5cm (L x W x H) - 1.5L/ 52.8oz",35.66,1,"Drinkware>Metal Drinkware",null,"Yes",null,143,89,355,0.582,0.582,{"v":150,"d":"150.00"},"52.8","Stainless Steel-201","7323930090","China",null,null,"Yes","N/A","N/A","N/A",{"$nulls":6},"\n•Durable Stainless Steel\n•Polished Finish\n•Modern Design\n•Generous Capacity\n•Durable Construction\n•Drip-Free Pouring\n•Integrated Ice Guard\n•Comfortable Grip\n•Easy Maintenance","Elevate your table service with our Stainless Steel Water Jugs, a perfect blend of modern design and practical functionality. Ideal for hotels, restaurants, and catering events, this jug adds a refined touch to every pour. Whether you're serving refreshing water at the table or offering chilled beverages at a buffet, the Stainless Steel Water Jug ensures a flawless presentation with every use.\n•Durable Stainless Steel: Provides long-lasting strength, ideal for high-use environments\n•Polished Finish: Adds a premium, on-trend look to drink presentation\n•Modern Design: A stylish addition to any setting, from fine dining to casual gatherings\n•Generous Capacity: Perfect for serving water, juices, or infused beverages, catering to tables of all sizes\n•Durable Construction: Crafted from high-quality stainless steel, this jug is rust-resistant, sturdy, and built to last\n•Drip-Free Pouring: Designed with a precision spout to ensure a smooth, mess-free pour every time\n•Integrated Ice Guard: To prevent ice cubes from spilling into glasses\n•Comfortable Grip: Ergonomically designed for effortless serving\n•Easy Maintenance: Dishwasher-safe for hassle-free cleaning","Each","5020403176541","14.3","8.9","35.5","0.00452",0.582,"05020403176602",1,"44","44","2.5","0.00484","0.582",0.731,"05020403176558",16,"56.4","43.6","40.5","0.09959","9.312",{"v":12.36,"d":"12.360"},null,96,"https://files.plytix.com/api/v1.1/file/public_files/pim/assets/8a/8d/8f/62/628f8d8abb3a1aaaf0e8f149/images/8d/37/82/68/6882378d9544f7f72c09fc87/TH_SWJ150.jpg","https://files.plytix.com/api/v1.1/file/public_files/pim/assets/8a/8d/8f/62/628f8d8abb3a1aaaf0e8f149/images/d0/2a/82/68/68822ad084708e1f953fa176/SWJ150.jpg",null,"https://www.nevilleuk.com/products/SWJ150_",null,"SWJC160|SWJHC160|HWJ200|SWJ120"]
["SWJ100","GenWare Stainless Steel Water Jug 1L/ 35.2oz","14.5 x 9 x 23.2cm (L x W x H) - 1L/ 35.2oz",{"v":29.2,"d":"29.20"},1,"Drinkware>Metal Drinkware",null,"Yes",null,145,90,232,0.405,0.405,{"v":100,"d":"100.00"},"35.2","Stainless Steel-201","7323930090","China",null,null,"Yes","N/A","N/A","N/A",{"$nulls":6},"\n•Durable Stainless Steel\n•Polished Finish\n•Modern Design\n•Generous Capacity\n•Durable Construction\n•Drip-Free Pouring\n•Integrated Ice Guard\n•Comfortable Grip\n•Easy Maintenance","Elevate your table service with our Stainless Steel Water Jugs, a perfect blend of modern design and practical functionality. Ideal for hotels, restaurants, and catering events, this jug adds a refined touch to every pour. Whether you're serving refreshing water at the table or offering chilled beverages at a buffet, the Stainless Steel Water Jug ensures a flawless presentation with every use.\n•Durable Stainless Steel: Provides long-lasting strength, ideal for high-use environments\n•Polished Finish: Adds a premium, on-trend look to drink presentation\n•Modern Design: A stylish addition to any setting, from fine dining to casual gatherings\n•Generous Capacity: Perfect for serving water, juices, or infused beverages, catering to tables of all sizes\n•Durable Construction: Crafted from high-quality stainless steel, this jug is rust-resistant, sturdy, and built to last\n•Drip-Free Pouring: Designed with a precision spout to ensure a smooth, mess-free pour every time\n•Integrated Ice Guard: To prevent ice cubes from spilling into glasses\n•Comfortable Grip: Ergonomically designed for effortless serving\n•Easy Maintenance: Dishwasher-safe for hassle-free cleaning","Each","5020403176527","14.5","8.96","23.2","0.00301",0.405,"05020403176596",1,"44","33","2.1","0.00305","0.405",0.521,"05020403176534",24,"42.2","43.5","53.2","0.09766","9.72",{"v":12.82,"d":"12.820"},null,360,"https://files.plytix.com/api/v1.1/file/public_files/pim/assets/8a/8d/8f/62/628f8d8abb3a1aaaf0e8f149/images/8d/37/82/68/6882378d0d779e27ece5e1a6/TH_SWJ100.jpg","https://files.plytix.com/api/v1.1/file/public_files/pim/assets/8a/8d/8f/62/628f8d8abb3a1aaaf0e8f149/images/d0/2a/82/68/68822ad003c05567ef5f9f47/SWJ100.jpg","https://files.plytix.com/api/v1.1/file/public_files/pim/assets/8a/8d/8f/62/628f8d8abb3a1aaaf0e8f149/images/75/1e/7e/68/687e1e75dd3cffb0b9ad71f8/LFST0925140.jpg|https://files.plytix.com/api/v1.1/file/public_files/pim/assets/8a/8d/8f/62/628f8d8abb3a1aaaf0e8f149/images/2f/20/7e/68/687e202f5ff968b9dfce9a54/LFST0925212.jpg|https://files.plytix.com/api/v1.1/file/public_files/pim/assets/8a/8d/8f/62/628f8d8abb3a1aaaf0e8f149/images/34/20/7e/68/687e2034dd3cffb0b9ad72a3/LFST0925213.jpg|https://files.plytix.com/api/v1.1/file/public_files/pim/assets/8a/8d/8f/62/628f8d8abb3a1aaaf0e8f149/images/09/20/7e/68/687e20092a03861c91eda570/LFST0925204.jpg","https://www.nevilleuk.com/products/SWJ100_",null,"SWJ120"]
["MBL-205W","GenWare White Marble Platter 20.5cm Dia","20.5cm (Dia)",11.94,1,"Table Presentation>Marble",null,"Yes",null,205,205,10,0.916,0.916,null,null,"Marble","6802290000","China",null,null,"No","N/A","N/A","N/A",{"$nulls":6},"\n•Natural Marble\n•Cool, Smooth Surface\n•Premium, High End Aesthetic\n•Unique Natural Veining\n•Versatile\n•Wipe Down Surface\n•Non-Slip Silicone Feet\n•Maximum Food Temperature: 70C","Add a touch of luxury to your food presentation with GenWare Marble Platters. Crafted from natural marble, these elegant platters provide a cool, smooth surface that enhances the visual appeal of canapes, desserts, cheeses, and antipasti. Their timeless aesthetic makes them ideal for high-end buffet displays, afternoon tea, or tabletop presentation in refined hospitality settings.\n•Natural Marble: For a luxurious and durable presentation surface\n•Cool, Smooth Surface: Ideal for serving cheeses, charcuterie, desserts, and small bites\n•Premium, High End Aesthetic: Enhances food presentation\n•Unique Natural Veining: Making each piece a one-of-a-kind\n•Versatile: Suitable for buffets, afternoon tea, sharing platters, and displays\n•Wipe Down Surface: Easy to clean and maintain\n•Non-Slip Silicone Feet: For easy grip and stability\n•Maximum Food Temperature: 70C\n•Suitable With Presentation Plate Stands: Product codes PRS2-18 and PRS3-18","Each",null,"20.5","20.5","1","0.00042",0.916,{"$nulls":8},"05020403122340",12,"26","23.5","23.5","0.01436","10.992",{"v":11.5,"d":"11.500"},null,480,"https://files.plytix.com/api/v1.1/file/public_files/pim/assets/8a/8d/8f/62/628f8d8abb3a1aaaf0e8f149/images/ac/37/82/68/688237aca81af439e7f6c5aa/TH_MBL-205W.jpg","https://files.plytix.com/api/v1.1/file/public_files/pim/assets/8a/8d/8f/62/628f8d8abb3a1aaaf0e8f149/images/53/2a/82/68/68822a53a81af439e7f6c07c/MBL-205W.jpg|https://files.plytix.com/api/v1.1/file/public_files/pim/assets/8a/8d/8f/62/628f8d8abb3a1aaaf0e8f149/images/53/2a/82/68/68822a5384708e1f953fa15f/MBL-205W_A.jpg|https://files.plytix.com/api/v1.1/file/public_files/pim/assets/8a/8d/8f/62/628f8d8abb3a1aaaf0e8f149/images/54/2a/82/68/68822a5403c05567ef5f9f22/MBL-205W_B.jpg",null,"https://www.nevilleuk.com/products/MBL-205W_","PRS2-205|PRS3-205"]
["CC-KDG9","GenWare Kava Dark Grey Stoneware Chip Cup 9 x 7.4cm","9 x 7.4cm (Dia x H) 28.5cl/10oz",8.32,6,"GenWare Stoneware>Kava Stoneware",null,"Yes",null,88,88,74,{"v":0.25,"d":"0.250"},{"v":0.25,"d":"0.250"},{"v":28.5,"d":"28.50"},"10","Stoneware","6912002310","China",-40,230,"Yes","Yes","Yes","Yes",{"$nulls":6},"\n•Durable Stoneware\n•Twice-Fired Process\n•Rolled Edges\n•Polished Foot\n•Neutral Grey Body\n•Unglazed Base","Kava Stoneware showcases a neutral grey glaze complemented by an unglazed edge/base, forming a captivating contrast for culinary creations. With its sleek and modern shapes, Kava embodies style and functionality, complementing the chic atmosphere of today's dynamic bistros, cafes and eateries.\n•Durable Stoneware: Made from high-quality stoneware to withstand the rigors of a professional kitchen\n•Twice-Fired Process: Enhances strength, durability, and the unique glaze finish, ensuring each piece performs in demanding environments\n•Rolled Edges: Enhances durability and provides added chip resistance, making it ideal for hotel, restaurant, and foodservice applications\n•Polished Foot: Minimises damage when stacked and stored, helping to maintain the integrity of each piece over time\n•Neutral Grey Body: The attractive grey tone provides a versatile backdrop that enhances the presentation of a wide range of cuisines and plating styles\n•Unglazed Base for Authentic Appeal: Adds a natural, artisanal touch creating a captivating contrast that enhances food presentation","Each","5020403490814","8.8","8.8","7.4","0.00057",{"v":0.25,"d":"0.250"},"05020403490821",6,"27","18","8","0.00389","1.5",1.667,"05020403490838",36,"38","28.5","28","0.03032","9",{"v":10,"d":"10.000"},null,1080,"https://files.plytix.com/api/v1.1/file/public_files/pim/assets/8a/8d/8f/62/628f8d8abb3a1aaaf0e8f149/images/9d/37/82/68/6882379de49aeb157cd62a74/TH_CC-KDG9.jpg","https://files.plytix.com/api/v1.1/file/public_files/pim/assets/8a/8d/8f/62/628f8d8abb3a1aaaf0e8f149/images/9d/29/82/68/6882299d0d779e27ece5dce1/CC-KDG9.jpg",null,"https://www.nevilleuk.com/products/CC-KDG9_",null,"CC-KBK9|CC-KW9"]
["CC-KBK9","GenWare Kava Black Stoneware Chip Cup 9 x 7.4cm","9 x 7.4cm (Dia x H) 28.5cl/10oz",8.32,6,"GenWare Stoneware>Kava Stoneware",null,"Yes",null,88,88,74,{"v":0.25,"d":"0.250"},{"v":0.25,"d":"0.250"},{"v":28.5,"d":"28.50"},"10","Stoneware","6912002310","China",-40,230,"Yes","Yes","Yes","Yes",{"$nulls":6},"\n•Durable Stoneware\n•Twice-Fired Process\n•Rolled Edges\n•Polished Foot\n•Textured Black Body\n•Unglazed Base","Kava Stoneware showcases a textured black glaze complemented by an unglazed edge/base, forming a captivating contrast for culinary creations. With its sleek and modern shapes, Kava embodies style and functionality, complementing the chic atmosphere of today's dynamic bistros, cafes and eateries.\n•Durable Stoneware: Made from high-quality stoneware to withstand the rigors of a professional kitchen\n•Twice-Fired Process: Enhances strength, durability, and the unique glaze finish, ensuring each piece performs in demanding environments\n•Rolled Edges: Enhances durability and provides added chip resistance, making it ideal for hotel, restaurant, and foodservice applications\n•Polished Foot: Minimises damage when stacked and stored, helping to maintain the integrity of each piece over time\n•Textured Black Body: The textured black glaze provides a versatile backdrop that enhances the presentation of a wide range of cuisines and plating styles\n•Unglazed Base for Authentic Appeal: Adds a natural, artisanal touch creating a captivating contrast that enhances food presentation","Each","5020403490784","8.8","8.8","7.4","0.00057",{"v":0.25,"d":"0.250"},"05020403490791",6,"27","18","8","0.00389","1.5",1.667,"05020403490807",36,"38","28.5","28","0.03032","9",{"v":10,"d":"10.000"},null,1080,"https://files.plytix.com/api/v1.1/file/public_files/pim/assets/8a/8d/8f/62/628f8d8abb3a1aaaf0e8f149/images/9d/37/82/68/6882379d9544f7f72c09fc91/TH_CC-KBK9.jpg","https://files.plytix.com/api/v1.1/file/public_files/pim/assets/8a/8d/8f/62/628f8d8abb3a1aaaf0e8f149/images/9c/29/82/68/6882299c03c05567ef5f9ee1/CC-KBK9.jpg",null,"https://www.nevilleuk.com/products/CC-KBK9_",null,"CC-KDG9|CC-KW9"]
["CC-KW9","GenWare Kava White Stoneware Chip Cup 9 x 7.4cm","9 x 7.4cm (Dia x H) 28.5cl/10oz",7.76,6,"GenWare Stoneware>Kava Stoneware",null,"Yes",null,88,88,74,{"v":0.25,"d":"0.250"},{"v":0.25,"d":"0.250"},{"v":28.5,"d":"28.50"},"10","Stoneware","6912002310","China",-40,230,"Yes","Yes","Yes","Yes",{"$nulls":6},"\n•Durable Stoneware\n•Twice-Fired Process\n•Rolled Edges\n•Polished Foot\n•Neutral Off-White Body\n•Unglazed Base","Kava Stoneware showcases an off-white glaze complemented by an unglazed edge/base, forming a captivating contrast for culinary creations. With its sleek and modern shapes, Kava embodies style and functionality, complementing the chic atmosphere of today's dynamic bistros, cafes and eateries.\n•Durable Stoneware: Made from high-quality stoneware to withstand the rigors of a professional kitchen\n•Twice-Fired Process: Enhances strength, durability, and the unique glaze finish, ensuring each piece performs in demanding environments\n•Rolled Edges: Enhances durability and provides added chip resistance, making it ideal for hotel, restaurant, and foodservice applications\n•Polished Foot: Minimises damage when stacked and stored, helping to maintain the integrity of each piece over time\n•Neutral Off-White Body: The soft, off-white tone provides a versatile backdrop that enhances the presentation of a wide range of cuisines and plating styles\n•Unglazed Base for Authentic Appeal: Adds a natural, artisanal touch creating a captivating contrast that enhances food presentation","Each","5020403490753","8.8","8.8","7.4","0.00057",{"v":0.25,"d":"0.250"},"05020403490760",6,"27","18","8","0.00389","1.5",1.667,"05020403490777",36,"38","28.5","28","0.03032","9",{"v":10,"d":"10.000"},null,1080,"https://files.plytix.com/api/v1.1/file/public_files/pim/assets/8a/8d/8f/62/628f8d8abb3a1aaaf0e8f149/images/9d/37/82/68/6882379de49aeb157cd62a75/TH_CC-KW9.jpg","https://files.plytix.com/api/v1.1/file/public_files/pim/assets/8a/8d/8f/62/628f8d8abb3a1aaaf0e8f149/images/9d/29/82/68/6882299d0d779e27ece5dce5/CC-KW9.jpg",null,"https://www.nevilleuk.com/products/CC-KW9_",null,"CC-KBK9|CC-KDG9"]
["TKB400CT","GenWare Hammered Belly Tiki Mug 40cl/ 14oz","9 x 9.8cm (H x Dia) - 40cl/ 14oz",10.42,6,"Drinkware>Ceramic Drinkware",null,"Yes",null,98,98,90,{"v":0.35,"d":"0.350"},{"v":0.35,"d":"0.350"},{"v":40,"d":"40.00"},"14.1","Stoneware","6912002310","China",-40,230,"Yes","Yes","Yes","Yes",{"$nulls":6},"\n•High Quality Stoneware\n•Bold, Colourful Design\n•Fun and Theatrical\n•Perfect Serve","Bring tropical flair and bold personality to your cocktail service with the GenWare Stoneware Tiki Mugs. Inspired by classic Polynesian designs, this eye-catching range is perfect for serving exotic cocktails, rum punches, and creative mixed drinks. Crafted from high-quality stoneware with detailed, characterful finishes, each mug adds fun and theatricality to the drinking experience, making them a must-have for bars, restaurants, and themed venues.\n•High Quality Stoneware: For durability and a premium feel\n•Bold, Colourful Design: Inspired by traditional tiki culture\n•Fun and Theatrical: Adds theatre to cocktail presentation and guest experience\n•Perfect Serve: Great for serving tropical cocktails, punches, and signature drinks","Each","5020403176565","9.8","9.8","9","0.00086",{"v":0.35,"d":"0.350"},"05020403176572",6,"30.5","20.5","9.5","0.00594","2.1",2.188,"05020403176589",48,"42.5","32","40.5","0.05508","16.8",{"v":17.5,"d":"17.500"},null,864,"https://files.plytix.com/api/v1.1/file/public_files/pim/assets/8a/8d/8f/62/628f8d8abb3a1aaaf0e8f149/images/8f/37/82/68/6882378f84708e1f953fa58d/TH_TKB400CT.jpg","https://files.plytix.com/api/v1.1/file/public_files/pim/assets/8a/8d/8f/62/628f8d8abb3a1aaaf0e8f149/images/1e/2b/82/68/68822b1e03c05567ef5f9f80/TKB400CT.jpg","https://files.plytix.com/api/v1.1/file/public_files/pim/assets/8a/8d/8f/62/628f8d8abb3a1aaaf0e8f149/images/06/1d/7e/68/687e1d062a03861c91eda4b9/LFST0925104.jpg","https://www.nevilleuk.com/products/TKB400CT_"]
["CT-RC16C","Forge Coast Stoneware Rectangular Dish 16 x 10.5 x 4cm","16 x 10.5 x 4cm (Dia x H) - 42cl/14.8oz",8.78,6,"GenWare Stoneware>Forge Stoneware",null,"Yes",null,200,106,40,{"v":0.4,"d":"0.400"},{"v":0.4,"d":"0.400"},{"v":42,"d":"42.00"},"14.8","Stoneware","6912002310","China",-40,230,"Yes","Yes","Yes","Yes",{"$nulls":6},"\n•High Quality Stoneware\n•Reactive Glaze\n•Durable And Reliable\n•Versatile Applications\n•Eye Catching Design","Forge Coast Stoneware captures the raw beauty of the shoreline with its reactive blue-grey glaze offering a sophisticated yet grounded backdrop for inspired food presentation. This versatile collection is designed to complement a wide variety of global cuisines, from fresh coastal seafood to vibrant Mediterranean fare. Its robust construction ensures durability for professional environments, while its refined design adds a touch of elegance to any table setting, making it an indispensable choice for both casual and fine dining establishments.\n•Reactive Coastal Glaze: Each piece boasts a unique, artisanal finish that adds a modern yet rustic charm to the table\n•Durable and Reliable: Made from high-quality stoneware to withstand the rigors of a professional kitchen\n•Versatile Applications: Perfect for a wide range of cuisines, including tapas, brunches, and international dishes\n•Eye-Catching Design: Enhances table aesthetics, adding visual appeal to enhance the dining experience\n•Multiple Styles and Shapes: Offers flexibility to suit various serving needs and presentation preferences\n•Dishwasher Safe: Simplifies cleaning for busy hospitality environments\n•Microwave and Oven Friendly: Suitable for reheating or finishing dishes with ease","Each","5020403490722","20","10.6","4","0.00085",{"v":0.4,"d":"0.400"},"05020403490739",6,"25","20","11","0.00550","2.4",2.667,"05020403490746",36,"43","27","37","0.04296","14.4",{"v":16,"d":"16.000"},null,864,"https://files.plytix.com/api/v1.1/file/public_files/pim/assets/8a/8d/8f/62/628f8d8abb3a1aaaf0e8f149/images/a3/37/82/68/688237a3a81af439e7f6c585/TH_CT-RC16C.jpg","https://files.plytix.com/api/v1.1/file/public_files/pim/assets/8a/8d/8f/62/628f8d8abb3a1aaaf0e8f149/images/c2/29/82/68/688229c284708e1f953fa12c/CT-RC16C.jpg",null,"https://www.nevilleuk.com/products/CT-RC16C_",null,"CT-RC16|CT-RC16G"]
["CT-RD14C","Forge Coast Stoneware Round Dish 14.5 x 13 x 3cm","14.5 x 13 x 3cm (L x W x H) - 26cl/9.25oz",8.78,6,"GenWare Stoneware>Forge Stoneware",null,"Yes",null,1820,1300,30,{"v":0.3,"d":"0.300"},0.308,{"v":26,"d":"26.00"},"9.2","Stoneware","6912002310","China",-40,230,"Yes","Yes","Yes","Yes",{"$nulls":6},"\n•High Quality Stoneware\n•Reactive Glaze\n•Durable And Reliable\n•Versatile Applications\n•Eye Catching Design","Forge Coast Stoneware captures the raw beauty of the shoreline with its reactive blue-grey glaze offering a sophisticated yet grounded backdrop for inspired food presentation. This versatile collection is designed to complement a wide variety of global cuisines, from fresh coastal seafood to vibrant Mediterranean fare. Its robust construction ensures durability for professional environments, while its refined design adds a touch of elegance to any table setting, making it an indispensable choice for both casual and fine dining establishments.\n•Reactive Coastal Glaze: Each piece boasts a unique, artisanal finish that adds a modern yet rustic charm to the table\n•Durable and Reliable: Made from high-quality stoneware to withstand the rigors of a professional kitchen\n•Versatile Applications: Perfect for a wide range of cuisines, including tapas, brunches, and international dishes\n•Eye-Catching Design: Enhances table aesthetics, adding visual appeal to enhance the dining experience\n•Multiple Styles and Shapes: Offers flexibility to suit various serving needs and presentation preferences\n•Dishwasher Safe: Simplifies cleaning for busy hospitality environments\n•Microwave and Oven Friendly: Suitable for reheating or finishing dishes with ease","Each","5020403490692","182","130","3","0.07098",0.308,"05020403490708",6,"18.5","15.5","14","0.00401","1.8",{"v":1.85,"d":"1.850"},"05020403490715",48,"39","33","30","0.03861","14.4",{"v":14,"d":"14.000"},null,1440,"https://files.plytix.com/api/v1.1/file/public_files/pim/assets/8a/8d/8f/62/628f8d8abb3a1aaaf0e8f149/images/a3/37/82/68/688237a30d779e27ece5e1c7/TH_CT-RD14C.jpg","https://files.plytix.com/api/v1.1/file/public_files/pim/assets/8a/8d/8f/62/628f8d8abb3a1aaaf0e8f149/images/c2/29/82/68/688229c29544f7f72c09f8a6/CT-RD14C.jpg",null,"https://www.nevilleuk.com/products/CT-RD14C_",null,"CT-RD14|CT-RD14G"]
["SCR-SST16","Sereno Porcelain Strato Saucer 16cm","16cm (Dia)",{"v":6.8,"d":"6.80"},6,"Sereno Tableware>Sereno Porcelain Strato",null,"Yes",null,160,160,23,0.333,0.333,null,null,"Porcelain","6911100090","China",null,null,"Yes","Yes","Yes","Yes",{"$nulls":6},"\n•Durable Fully Vitrified Porcelain\n•Twice-Fired Process\n•High Temperature Firing\n•Conforms to BS4034 Vitrified Hotelware\n•Refined Shape\n•Polished Foot\n•Textured Matt White Glaze\n•Artisanal Accent Glaze","The Sereno Strato collection draws inspiration from the layers and movement of the upper atmosphere. Its natural, sweeping lines evoke a sense of elevation and movement, offering a modern canvas for creative plating.\n•Durable Fully Vitrified Porcelain: High-temperature firing creates a robust and long-lasting product, ideal for professional use\n•Twice-Fired Process: Enhances strength, durability, and the unique glaze finish, ensuring each piece performs in demanding environments\n•Conforms to Industry Standards: Meets BS4034 standards for vitrified hotelware, ensuring exceptional durability and quality in demanding environments\n•Refined Shapes: Beautifully crafted, contemporary shapes that enhance the overall elegance of the collection\n•Polished Foot: Minimises damage when stacked and stored, helping to maintain the integrity of each piece over time\n•Textured Matt White Glaze: The soft matt white glaze with subtle texture adds sophistication and a modern touch to any dining setting\n•Artisanal Accent Glaze: Each piece is finished with an accent glaze, highlighting the artisanal craftsmanship","Each","5020403701781","16","16","2.3","0.00059",0.333,"05020403701798",6,"16.5","9.5","16.5","0.00259","1.998",{"v":3,"d":"3.000"},"05020403701804",24,"42","19","19","0.01516","7.992",{"v":12,"d":"12.000"},null,1440,"https://files.plytix.com/api/v1.1/file/public_files/pim/assets/8a/8d/8f/62/628f8d8abb3a1aaaf0e8f149/images/b4/37/82/68/688237b49544f7f72c09fca4/TH_SCR-SST16.jpg","https://files.plytix.com/api/v1.1/file/public_files/pim/assets/8a/8d/8f/62/628f8d8abb3a1aaaf0e8f149/images/b8/2a/82/68/68822ab80d779e27ece5dd33/SCR-SST16_A.jpg|https://files.plytix.com/api/v1.1/file/public_files/pim/assets/8a/8d/8f/62/628f8d8abb3a1aaaf0e8f149/images/b8/2a/82/68/68822ab80d779e27ece5dd34/SCR-SST16_B.jpg",null,"https://www.nevilleuk.com/products/SCR-SST16_","CUP-SST25","SCR-SAL16|SCR-SCR16"]
["SCR-SST12","Sereno Porcelain Strato Saucer 12cm","12cm (Dia)",5.22,6,"Sereno Tableware>Sereno Porcelain Strato",null,"Yes",null,122,122,18,0.115,0.115,null,null,"Porcelain","6911100090","China",null,null,"Yes","Yes","Yes","Yes",{"$nulls":6},"\n•Durable Fully Vitrified Porcelain\n•Twice-Fired Process\n•High Temperature Firing\n•Conforms to BS4034 Vitrified Hotelware\n•Refined Shape\n•Polished Foot\n•Textured Matt White Glaze\n•Artisanal Accent Glaze","The Sereno Strato collection draws inspiration from the layers and movement of the upper atmosphere. Its natural, sweeping lines evoke a sense of elevation and movement, offering a modern canvas for creative plating.\n•Durable Fully Vitrified Porcelain: High-temperature firing creates a robust and long-lasting product, ideal for professional use\n•Twice-Fired Process: Enhances strength, durability, and the unique glaze finish, ensuring each piece performs in demanding environments\n•Conforms to Industry Standards: Meets BS4034 standards for vitrified hotelware, ensuring exceptional durability and quality in demanding environments\n•Refined Shapes: Beautifully crafted, contemporary shapes that enhance the overall elegance of the collection\n•Polished Foot: Minimises damage when stacked and stored, helping to maintain the integrity of each piece over time\n•Textured Matt White Glaze: The soft matt white glaze with subtle texture adds sophistication and a modern touch to any dining setting\n•Artisanal Accent Glaze: Each piece is finished with an accent glaze, highlighting the artisanal craftsmanship","Each","5020403701750","12.2","12.2","1.8","0.00027",0.115,"05020403701767",6,"12.5","8.5","12.5","0.00133","0.69",{"v":1,"d":"1.000"},"05020403701774",72,"29","27","28","0.02192","8.28",{"v":12,"d":"12.000"},null,3456,"https://files.plytix.com/api/v1.1/file/public_files/pim/assets/8a/8d/8f/62/628f8d8abb3a1aaaf0e8f149/images/b4/37/82/68/688237b49544f7f72c09fca3/TH_SCR-SST12.jpg","https://files.plytix.com/api/v1.1/file/public_files/pim/assets/8a/8d/8f/62/628f8d8abb3a1aaaf0e8f149/images/b7/2a/82/68/68822ab703c05567ef5f9f39/SCR-SST12_A.jpg|https://files.plytix.com/api/v1.1/file/public_files/pim/assets/8a/8d/8f/62/628f8d8abb3a1aaaf0e8f149/images/b7/2a/82/68/68822ab70d779e27ece5dd32/SCR-SST12_B.jpg",null,"https://www.nevilleuk.com/products/SCR-SST12_","CUP-SST9","SCR-SAL12|SCR-SCR12"]
["NR-SST35","Sereno Porcelain Strato Rectangular Platter 35 x 18cm","35 x 18cm (L x W)",24.02,3,"Sereno Tableware>Sereno Porcelain Strato",null,"Yes",null,345,180,29,0.935,0.935,null,null,"Porcelain","6911100090","China",null,null,"Yes","Yes","Yes","Yes",{"$nulls":6},"\n•Durable Fully Vitrified Porcelain\n•Twice-Fired Process\n•High Temperature Firing\n•Conforms to BS4034 Vitrified Hotelware\n•Refined Shape\n•Polished Foot\n•Textured Matt White Glaze\n•Artisanal Accent Glaze","The Sereno Strato collection draws inspiration from the layers and movement of the upper atmosphere. Its natural, sweeping lines evoke a sense of elevation and movement, offering a modern canvas for creative plating.\n•Durable Fully Vitrified Porcelain: High-temperature firing creates a robust and long-lasting product, ideal for professional use\n•Twice-Fired Process: Enhances strength, durability, and the unique glaze finish, ensuring each piece performs in demanding environments\n•Conforms to Industry Standards: Meets BS4034 standards for vitrified hotelware, ensuring exceptional durability and quality in demanding environments\n•Refined Shapes: Beautifully crafted, contemporary shapes that enhance the overall elegance of the collection\n•Polished Foot: Minimises damage when stacked and stored, helping to maintain the integrity of each piece over time\n•Textured Matt White Glaze: The soft matt white glaze with subtle texture adds sophistication and a modern touch to any dining setting\n•Artisanal Accent Glaze: Each piece is finished with an accent glaze, highlighting the artisanal craftsmanship","Each","5020403701729","34.5","18","2.9","0.00180",0.935,"05020403701736",3,"36","12.5","19","0.00855","2.805",{"v":3.5,"d":"3.500"},"05020403701743",12,"39","21","42","0.03440","11.22",{"v":14,"d":"14.000"},null,432,"https://files.plytix.com/api/v1.1/file/public_files/pim/assets/8a/8d/8f/62/628f8d8abb3a1aaaf0e8f149/images/ad/37/82/68/688237ada81af439e7f6c5af/TH_NR-SST35.jpg","https://files.plytix.com/api/v1.1/file/public_files/pim/assets/8a/8d/8f/62/628f8d8abb3a1aaaf0e8f149/images/59/2a/82/68/68822a59a81af439e7f6c080/NR-SST35_A.jpg|https://files.plytix.com/api/v1.1/file/public_files/pim/assets/8a/8d/8f/62/628f8d8abb3a1aaaf0e8f149/images/5a/2a/82/68/68822a5a84708e1f953fa163/NR-SST35_B.jpg|https://files.plytix.com/api/v1.1/file/public_files/pim/assets/8a/8d/8f/62/628f8d8abb3a1aaaf0e8f149/images/5b/2a/82/68/68822a5b84708e1f953fa164/NR-SST35_C.jpg|https://files.plytix.com/api/v1.1/file/public_files/pim/assets/8a/8d/8f/62/628f8d8abb3a1aaaf0e8f149/images/be/b9/8c/68/688cb9be7fa8a5dfe9617085/NR-SST35.jpg",null,"https://www.nevilleuk.com/products/NR-SST35_",null,"NR-SAL35|NR-SCR35"]
["NR-SST29","Sereno Porcelain Strato Rectangular Platter 30 x 15.5cm","30 x 15.5cm (L x W)",{"v":18.7,"d":"18.70"},6,"Sereno Tableware>Sereno Porcelain Strato",null,"Yes",null,300,154,27,0.705,0.705,null,null,"Porcelain","6911100090","China",null,null,"Yes","Yes","Yes","Yes",{"$nulls":6},"\n•Durable Fully Vitrified Porcelain\n•Twice-Fired Process\n•High Temperature Firing\n•Conforms to BS4034 Vitrified Hotelware\n•Refined Shape\n•Polished Foot\n•Textured Matt White Glaze\n•Artisanal Accent Glaze","The Sereno Strato collection draws inspiration from the layers and movement of the upper atmosphere. Its natural, sweeping lines evoke a sense of elevation and movement, offering a modern canvas for creative plating.\n•Durable Fully Vitrified Porcelain: High-temperature firing creates a robust and long-lasting product, ideal for professional use\n•Twice-Fired Process: Enhances strength, durability, and the unique glaze finish, ensuring each piece performs in demanding environments\n•Conforms to Industry Standards: Meets BS4034 standards for vitrified hotelware, ensuring exceptional durability and quality in demanding environments\n•Refined Shapes: Beautifully crafted, contemporary shapes that enhance the overall elegance of the collection\n•Polished Foot: Minimises damage when stacked and stored, helping to maintain the integrity of each piece over time\n•Textured Matt White Glaze: The soft matt white glaze with subtle texture adds sophistication and a modern touch to any dining setting\n•Artisanal Accent Glaze: Each piece is finished with an accent glaze, highlighting the artisanal craftsmanship","Each","5020403701699","30","15.4","2.7","0.00125",0.705,"05020403701705",6,"31","12.5","16.5","0.00639","4.23",{"v":4.75,"d":"4.750"},"05020403701712",24,"33","28","37","0.03419","16.92",{"v":19,"d":"19.000"},null,720,"https://files.plytix.com/api/v1.1/file/public_files/pim/assets/8a/8d/8f/62/628f8d8abb3a1aaaf0e8f149/images/ad/37/82/68/688237ad9544f7f72c09fc98/TH_NR-SST29.jpg","https://files.plytix.com/api/v1.1/file/public_files/pim/assets/8a/8d/8f/62/628f8d8abb3a1aaaf0e8f149/images/56/2a/82/68/68822a569544f7f72c09f8c5/NR-SST29_A.jpg|https://files.plytix.com/api/v1.1/file/public_files/pim/assets/8a/8d/8f/62/628f8d8abb3a1aaaf0e8f149/images/57/2a/82/68/68822a57a81af439e7f6c07f/NR-SST29_B.jpg|https://files.plytix.com/api/v1.1/file/public_files/pim/assets/8a/8d/8f/62/628f8d8abb3a1aaaf0e8f149/images/58/2a/82/68/68822a5884708e1f953fa162/NR-SST29_C.jpg|https://files.plytix.com/api/v1.1/file/public_files/pim/assets/8a/8d/8f/62/628f8d8abb3a1aaaf0e8f149/images/bd/b9/8c/68/688cb9bddbab51124ff18fc0/NR-SST29.jpg","https://files.plytix.com/api/v1.1/file/public_files/pim/assets/8a/8d/8f/62/628f8d8abb3a1aaaf0e8f149/images/7c/1f/7e/68/687e1f7c5c3aa1d901c6eabe/LFST0925181.jpg|https://files.plytix.com/api/v1.1/file/public_files/pim/assets/8a/8d/8f/62/628f8d8abb3a1aaaf0e8f149/images/44/1f/7e/68/687e1f44dd3cffb0b9ad725f/LFST0925172.jpg|https://files.plytix.com/api/v1.1/file/public_files/pim/assets/8a/8d/8f/62/628f8d8abb3a1aaaf0e8f149/images/04/1f/7e/68/687e1f045ff968b9dfce9a29/LFST0925162.jpg","https://www.nevilleuk.com/products/NR-SST29_",null,"NR-SAL29|NR-SCR29"]
["PR-SST20","Sereno Porcelain Strato Presentation Plate 20cm","20 x 3cm (Dia x H)",16.98,6,"Sereno Tableware>Sereno Porcelain Strato",null,"Yes",null,202,202,28,0.566,0.566,null,null,"Porcelain","6911100090","China",null,null,"Yes","Yes","Yes","Yes",{"$nulls":6},"\n•Durable Fully Vitrified Porcelain\n•Twice-Fired Process\n•High Temperature Firing\n•Conforms to BS4034 Vitrified Hotelware\n•Refined Shape\n•Polished Foot\n•Textured Matt White Glaze\n•Artisanal Accent Glaze\n•Stackable","The Sereno Strato collection draws inspiration from the layers and movement of the upper atmosphere. Its natural, sweeping lines evoke a sense of elevation and movement, offering a modern canvas for creative plating.\n•Durable Fully Vitrified Porcelain: High-temperature firing creates a robust and long-lasting product, ideal for professional use\n•Twice-Fired Process: Enhances strength, durability, and the unique glaze finish, ensuring each piece performs in demanding environments\n•Conforms to Industry Standards: Meets BS4034 standards for vitrified hotelware, ensuring exceptional durability and quality in demanding environments\n•Refined Shapes: Beautifully crafted, contemporary shapes that enhance the overall elegance of the collection\n•Polished Foot: Minimises damage when stacked and stored, helping to maintain the integrity of each piece over time\n•Stackable:&nbsp;Optimises storage space, making it easy to stack securely without risking damage, perfect for busy kitchens\n•Textured Matt White Glaze: The soft matt white glaze with subtle texture adds sophistication and a modern touch to any dining setting\n•Artisanal Accent Glaze: Each piece is finished with an accent glaze, highlighting the artisanal craftsmanship","Each","5020403701637","20.2","20.2","2.8","0.00114",0.566,"05020403701644",6,"21.5","17","21.5","0.00786","3.396",{"v":4.25,"d":"4.250"},"05020403701651",24,"46","38","25","0.04370","13.584",{"v":17,"d":"17.000"},null,720,"https://files.plytix.com/api/v1.1/file/public_files/pim/assets/8a/8d/8f/62/628f8d8abb3a1aaaf0e8f149/images/af/37/82/68/688237af84708e1f953fa5a1/TH_PR-SST20.jpg","https://files.plytix.com/api/v1.1/file/public_files/pim/assets/8a/8d/8f/62/628f8d8abb3a1aaaf0e8f149/images/67/2a/82/68/68822a67a81af439e7f6c085/PR-SST20_A.jpg|https://files.plytix.com/api/v1.1/file/public_files/pim/assets/8a/8d/8f/62/628f8d8abb3a1aaaf0e8f149/images/68/2a/82/68/68822a68a81af439e7f6c086/PR-SST20_B.jpg|https://files.plytix.com/api/v1.1/file/public_files/pim/assets/8a/8d/8f/62/628f8d8abb3a1aaaf0e8f149/images/68/2a/82/68/68822a68a81af439e7f6c08a/PR-SST20_C.jpg|https://files.plytix.com/api/v1.1/file/public_files/pim/assets/8a/8d/8f/62/628f8d8abb3a1aaaf0e8f149/images/da/b9/8c/68/688cb9da87c81ce5653e2b82/PR-SST20.jpg","https://files.plytix.com/api/v1.1/file/public_files/pim/assets/8a/8d/8f/62/628f8d8abb3a1aaaf0e8f149/images/69/1f/7e/68/687e1f69ad76c8ad222c86c5/LFST0925178.jpg|https://files.plytix.com/api/v1.1/file/public_files/pim/assets/8a/8d/8f/62/628f8d8abb3a1aaaf0e8f149/images/1e/1f/7e/68/687e1f1e2a03861c91eda51d/LFST0925166.jpg","https://www.nevilleuk.com/products/PR-SST20_","PRS2-205|PRS3-205","PR-SAL20|PR-SCR20"]
["PR-SST18","Sereno Porcelain Strato Presentation Plate 18cm","18 x 2.7cm (Dia x H)",12.92,6,"Sereno Tableware>Sereno Porcelain Strato",null,"Yes",null,180,180,26,{"v":0.44,"d":"0.440"},{"v":0.44,"d":"0.440"},null,null,"Porcelain","6911100090","China",null,null,"Yes","Yes","Yes","Yes",{"$nulls":6},"\n•Durable Fully Vitrified Porcelain\n•Twice-Fired Process\n•High Temperature Firing\n•Conforms to BS4034 Vitrified Hotelware\n•Refined Shape\n•Polished Foot\n•Textured Matt White Glaze\n•Artisanal Accent Glaze\n•Stackable","The Sereno Strato collection draws inspiration from the layers and movement of the upper atmosphere. Its natural, sweeping lines evoke a sense of elevation and movement, offering a modern canvas for creative plating.\n•Durable Fully Vitrified Porcelain: High-temperature firing creates a robust and long-lasting product, ideal for professional use\n•Twice-Fired Process: Enhances strength, durability, and the unique glaze finish, ensuring each piece performs in demanding environments\n•Conforms to Industry Standards: Meets BS4034 standards for vitrified hotelware, ensuring exceptional durability and quality in demanding environments\n•Refined Shapes: Beautifully crafted, contemporary shapes that enhance the overall elegance of the collection\n•Polished Foot: Minimises damage when stacked and stored, helping to maintain the integrity of each piece over time\n•Stackable:&nbsp;Optimises storage space, making it easy to stack securely without risking damage, perfect for busy kitchens\n•Textured Matt White Glaze: The soft matt white glaze with subtle texture adds sophistication and a modern touch to any dining setting\n•Artisanal Accent Glaze: Each piece is finished with an accent glaze, highlighting the artisanal craftsmanship","Each","5020403701606","18","18","2.6","0.00084",{"v":0.44,"d":"0.440"},"05020403701613",6,"19","17","19","0.00614","2.64",{"v":3,"d":"3.000"},"05020403701620",24,"41","38","22","0.03428","10.56",{"v":12,"d":"12.000"},null,1008,"https://files.plytix.com/api/v1.1/file/public_files/pim/assets/8a/8d/8f/62/628f8d8abb3a1aaaf0e8f149/images/af/37/82/68/688237af0d779e27ece5e1d2/TH_PR-SST18.jpg","https://files.plytix.com/api/v1.1/file/public_files/pim/assets/8a/8d/8f/62/628f8d8abb3a1aaaf0e8f149/images/65/2a/82/68/68822a65e49aeb157cd62630/PR-SST18_A.jpg|https://files.plytix.com/api/v1.1/file/public_files/pim/assets/8a/8d/8f/62/628f8d8abb3a1aaaf0e8f149/images/66/2a/82/68/68822a660d779e27ece5dd10/PR-SST18_B.jpg|https://files.plytix.com/api/v1.1/file/public_files/pim/assets/8a/8d/8f/62/628f8d8abb3a1aaaf0e8f149/images/66/2a/82/68/68822a6603c05567ef5f9f25/PR-SST18_C.jpg|https://files.plytix.com/api/v1.1/file/public_files/pim/assets/8a/8d/8f/62/628f8d8abb3a1aaaf0e8f149/images/d9/b9/8c/68/688cb9d97fa8a5dfe9617088/PR-SST18.jpg",null,"https://www.nevilleuk.com/products/PR-SST18_","PRS2-18|PRS3-18","PR-SAL18|PR-SCR18"]
["MUG-SST32","Sereno Porcelain Strato Mug 30cl/10.5oz","8 x 10cm (Dia x H)",9.54,6,"Sereno Tableware>Sereno Porcelain Strato",null,"Yes",null,112,80,102,{"v":0.28,"d":"0.280"},{"v":0.28,"d":"0.280"},{"v":30,"d":"30.00"},"10.6","Porcelain","6911100090","China",null,null,"Yes","Yes","Yes","Yes",{"$nulls":6},"\n•Durable Fully Vitrified Porcelain\n•Twice-Fired Process\n•High Temperature Firing\n•Conforms to BS4034 Vitrified Hotelware\n•Refined Shape\n•Polished Foot\n•Textured Matt White Glaze\n•Artisanal Accent Glaze","The Sereno Strato collection draws inspiration from the layers and movement of the upper atmosphere. Its natural, sweeping lines evoke a sense of elevation and movement, offering a modern canvas for creative plating.\n•Durable Fully Vitrified Porcelain: High-temperature firing creates a robust and long-lasting product, ideal for professional use\n•Twice-Fired Process: Enhances strength, durability, and the unique glaze finish, ensuring each piece performs in demanding environments\n•Conforms to Industry Standards: Meets BS4034 standards for vitrified hotelware, ensuring exceptional durability and quality in demanding environments\n•Refined Shapes: Beautifully crafted, contemporary shapes that enhance the overall elegance of the collection\n•Polished Foot: Minimises damage when stacked and stored, helping to maintain the integrity of each piece over time\n•Textured Matt White Glaze: The soft matt white glaze with subtle texture adds sophistication and a modern touch to any dining setting\n•Artisanal Accent Glaze: Each piece is finished with an accent glaze, highlighting the artisanal craftsmanship","Each","5020403701576","11.2","8","10.2","0.00091",{"v":0.28,"d":"0.280"},"05020403701583",6,"26","18","11","0.00515","1.68",{"v":2,"d":"2.000"},"05020403701590",24,"39","28","25","0.02730","6.72",{"v":8,"d":"8.000"},null,720,"https://files.plytix.com/api/v1.1/file/public_files/pim/assets/8a/8d/8f/62/628f8d8abb3a1aaaf0e8f149/images/ad/37/82/68/688237ada81af439e7f6c5ae/TH_MUG-SST32.jpg","https://files.plytix.com/api/v1.1/file/public_files/pim/assets/8a/8d/8f/62/628f8d8abb3a1aaaf0e8f149/images/56/2a/82/68/68822a56a81af439e7f6c07e/MUG-SST32.jpg",null,"https://www.nevilleuk.com/products/MUG-SST32_",null,"MUG-SAL32|MUG-SCR32"]
["JUG-SST14","Sereno Porcelain Strato Jug 14cl/4.9oz","10.5 x 6.8 x 6.8cm (L x W x H)",9.46,6,"Sereno Tableware>Sereno Porcelain Strato",null,"Yes",null,101,70,68,0.147,0.147,{"v":14,"d":"14.00"},"4.9","Porcelain","6911100090","China",null,null,"Yes","Yes","Yes","Yes",{"$nulls":6},"\n•Durable Fully Vitrified Porcelain\n•Twice-Fired Process\n•High Temperature Firing\n•Conforms to BS4034 Vitrified Hotelware\n•Refined Shape\n•Polished Foot\n•Textured Matt White Glaze\n•Artisanal Accent Glaze","The Sereno Strato collection draws inspiration from the layers and movement of the upper atmosphere. Its natural, sweeping lines evoke a sense of elevation and movement, offering a modern canvas for creative plating.\n•Durable Fully Vitrified Porcelain: High-temperature firing creates a robust and long-lasting product, ideal for professional use\n•Twice-Fired Process: Enhances strength, durability, and the unique glaze finish, ensuring each piece performs in demanding environments\n•Conforms to Industry Standards: Meets BS4034 standards for vitrified hotelware, ensuring exceptional durability and quality in demanding environments\n•Refined Shapes: Beautifully crafted, contemporary shapes that enhance the overall elegance of the collection\n•Polished Foot: Minimises damage when stacked and stored, helping to maintain the integrity of each piece over time\n•Textured Matt White Glaze: The soft matt white glaze with subtle texture adds sophistication and a modern touch to any dining setting\n•Artisanal Accent Glaze: Each piece is finished with an accent glaze, highlighting the artisanal craftsmanship","Each","5020403701545","10.1","7","6.8","0.00048",0.147,"05020403701552",6,"22.5","16.5","7.5","0.00278","0.882",1.167,"05020403701569",36,"36","25","27","0.02430","5.292",{"v":7,"d":"7.000"},null,2160,"https://files.plytix.com/api/v1.1/file/public_files/pim/assets/8a/8d/8f/62/628f8d8abb3a1aaaf0e8f149/images/ac/37/82/68/688237aca81af439e7f6c5a7/TH_JUG-SST14.jpg","https://files.plytix.com/api/v1.1/file/public_files/pim/assets/8a/8d/8f/62/628f8d8abb3a1aaaf0e8f149/images/50/2a/82/68/68822a50a81af439e7f6c079/JUG-SST14.jpg","https://files.plytix.com/api/v1.1/file/public_files/pim/assets/8a/8d/8f/62/628f8d8abb3a1aaaf0e8f149/images/a3/1f/7e/68/687e1fa32a03861c91eda552/LFST0925187.jpg","https://www.nevilleuk.com/products/JUG-SST14_",null,"JUG-SAL14|JUG-SCR14"]
["CP-SST28","Sereno Porcelain Strato Coupe Plate 28.5cm","28.5 x 3.2cm (Dia x H)",16.28,6,"Sereno Tableware>Sereno Porcelain Strato",null,"Yes",null,286,286,32,{"v":1,"d":"1.000"},{"v":1,"d":"1.000"},null,null,"Porcelain","6911100090","China",null,null,"Yes","Yes","Yes","Yes",{"$nulls":6},"\n•Durable Fully Vitrified Porcelain\n•Twice-Fired Process\n•High Temperature Firing\n•Conforms to BS4034 Vitrified Hotelware\n•Refined Shape\n•Polished Foot\n•Textured Matt White Glaze\n•Artisanal Accent Glaze","The Sereno Strato collection draws inspiration from the layers and movement of the upper atmosphere. Its natural, sweeping lines evoke a sense of elevation and movement, offering a modern canvas for creative plating.\n•Durable Fully Vitrified Porcelain: High-temperature firing creates a robust and long-lasting product, ideal for professional use\n•Twice-Fired Process: Enhances strength, durability, and the unique glaze finish, ensuring each piece performs in demanding environments\n•Conforms to Industry Standards: Meets BS4034 standards for vitrified hotelware, ensuring exceptional durability and quality in demanding environments\n•Refined Shapes: Beautifully crafted, contemporary shapes that enhance the overall elegance of the collection\n•Polished Foot: Minimises damage when stacked and stored, helping to maintain the integrity of each piece over time\n•Textured Matt White Glaze: The soft matt white glaze with subtle texture adds sophistication and a modern touch to any dining setting\n•Artisanal Accent Glaze: Each piece is finished with an accent glaze, highlighting the artisanal craftsmanship","Each","5020403701514","28.6","28.6","3.2","0.00262",{"v":1,"d":"1.000"},"05020403701521",6,"30.5","13","30.5","0.01209","6",{"v":7.5,"d":"7.500"},"05020403701538",12,"33","30","34","0.03366","12",{"v":13,"d":"13.000"},null,432,"https://files.plytix.com/api/v1.1/file/public_files/pim/assets/8a/8d/8f/62/628f8d8abb3a1aaaf0e8f149/images/a3/37/82/68/688237a3e49aeb157cd62a77/TH_CP-SST28.jpg","https://files.plytix.com/api/v1.1/file/public_files/pim/assets/8a/8d/8f/62/628f8d8abb3a1aaaf0e8f149/images/bb/29/82/68/688229bba81af439e7f6c043/CP-SST28_A.jpg|https://files.plytix.com/api/v1.1/file/public_files/pim/assets/8a/8d/8f/62/628f8d8abb3a1aaaf0e8f149/images/bc/29/82/68/688229bca81af439e7f6c044/CP-SST28_B.jpg|https://files.plytix.com/api/v1.1/file/public_files/pim/assets/8a/8d/8f/62/628f8d8abb3a1aaaf0e8f149/images/ac/b8/8c/68/688cb8ac5893f53b0052146a/CP-SST28.jpg",null,"https://www.nevilleuk.com/products/CP-SST28_",null,"CP-SAL28|CP-SCR28"]
["PL-KSH28","Kozo Porcelain Shiro Oval Plate 28cm","28.5 x 19 x 4.8cm (L x W x H)",20.21,6,"Kozo Porcelain>Kozo Porcelain Shiro",null,"Yes",null,280,200,50,{"v":0.86,"d":"0.860"},{"v":0.86,"d":"0.860"},null,null,"Porcelain","6911100090","China",null,null,"Yes","Yes","Yes","Yes",{"$nulls":6},"\n•Durable Fully Vitrified Porcelain\n•Twice-Fired Process\n•Conforms to Industry Standards\n•Organic Forms\n•Rolled Edges\n•Polished Foot\n•Unique Artisanal Finish","Kozo Porcelain embraces the quiet beauty of imperfection and the artistry of nature. This refined collection captures the spirit of Japanese minimalism, where form, texture, and subtle detail come together in perfect harmony.\n•Durable Fully Vitrified Porcelain: High-temperature firing creates a robust and long-lasting product, ideal for professional use\n•Twice-Fired Process: Enhances strength, durability, and the unique glaze finish, ensuring each piece performs in demanding environments\n•Conforms to Industry Standards: Meets BS4034 standards for vitrified hotelware, ensuring exceptional durability and quality in demanding environments\n•Organic Forms: Each piece reflects the handmade aesthetic, evoking a sense of calm and authenticity\n•Rolled Edges: Enhances durability and provides added chip resistance, making it ideal for hotel, restaurant, and foodservice applications\n•Polished Foot: Minimises damage when stacked and stored, helping to maintain the integrity of each piece over time\n•Unique Artisanal Finish: The natural kiln effects and spontaneous glaze reactions ensure every piece is truly one of a kind","Each",null,"28","20","5","0.00280",{"v":0.86,"d":"0.860"},"05020403770534",6,"31","20","21","0.01302","5.16",5.667,"05020403770541",18,"63","32","23","0.04637","15.48",{"v":17,"d":"17.000"},null,540,"https://files.plytix.com/api/v1.1/file/public_files/pim/assets/8a/8d/8f/62/628f8d8abb3a1aaaf0e8f149/images/ae/37/82/68/688237aea81af439e7f6c5b2/TH_PL-KSH28.jpg","https://files.plytix.com/api/v1.1/file/public_files/pim/assets/8a/8d/8f/62/628f8d8abb3a1aaaf0e8f149/images/63/2a/82/68/68822a639544f7f72c09f8c9/PL-KSH28_A.jpg|https://files.plytix.com/api/v1.1/file/public_files/pim/assets/8a/8d/8f/62/628f8d8abb3a1aaaf0e8f149/images/64/2a/82/68/68822a6484708e1f953fa16a/PL-KSH28_B.jpg|https://files.plytix.com/api/v1.1/file/public_files/pim/assets/8a/8d/8f/62/628f8d8abb3a1aaaf0e8f149/images/64/2a/82/68/68822a6403c05567ef5f9f24/PL-KSH28_C.jpg|https://files.plytix.com/api/v1.1/file/public_files/pim/assets/8a/8d/8f/62/628f8d8abb3a1aaaf0e8f149/images/d8/b9/8c/68/688cb9d87fa8a5dfe9617087/PL-KSH28.jpg",null,"https://www.nevilleuk.com/products/PL-KSH28_",null,"PL-KMD28"]
["PL-KSH23","Kozo Porcelain Shiro Oval Plate 23cm","23.5 x 15.5 x 4.5cm (L x W x H)",17.59,6,"Kozo Porcelain>Kozo Porcelain Shiro",null,"Yes",null,230,160,43,{"v":0.58,"d":"0.580"},{"v":0.58,"d":"0.580"},null,null,"Porcelain","6911100090","China",null,null,"Yes","Yes","Yes","Yes",{"$nulls":6},"\n•Durable Fully Vitrified Porcelain\n•Twice-Fired Process\n•Conforms to Industry Standards\n•Organic Forms\n•Rolled Edges\n•Polished Foot\n•Unique Artisanal Finish","Kozo Porcelain embraces the quiet beauty of imperfection and the artistry of nature. This refined collection captures the spirit of Japanese minimalism, where form, texture, and subtle detail come together in perfect harmony.\n•Durable Fully Vitrified Porcelain: High-temperature firing creates a robust and long-lasting product, ideal for professional use\n•Twice-Fired Process: Enhances strength, durability, and the unique glaze finish, ensuring each piece performs in demanding environments\n•Conforms to Industry Standards: Meets BS4034 standards for vitrified hotelware, ensuring exceptional durability and quality in demanding environments\n•Organic Forms: Each piece reflects the handmade aesthetic, evoking a sense of calm and authenticity\n•Rolled Edges: Enhances durability and provides added chip resistance, making it ideal for hotel, restaurant, and foodservice applications\n•Polished Foot: Minimises damage when stacked and stored, helping to maintain the integrity of each piece over time\n•Unique Artisanal Finish: The natural kiln effects and spontaneous glaze reactions ensure every piece is truly one of a kind","Each",null,"23","16","4.3","0.00158",{"v":0.58,"d":"0.580"},"05020403770503",6,"26","18","18","0.00842","3.48",{"v":3.5,"d":"3.500"},"05020403770510",24,"38","27","38","0.03899","13.92",{"v":14,"d":"14.000"},null,864,"https://files.plytix.com/api/v1.1/file/public_files/pim/assets/8a/8d/8f/62/628f8d8abb3a1aaaf0e8f149/images/ae/37/82/68/688237aee49aeb157cd62a88/TH_PL-KSH23.jpg","https://files.plytix.com/api/v1.1/file/public_files/pim/assets/8a/8d/8f/62/628f8d8abb3a1aaaf0e8f149/images/61/2a/82/68/68822a61a81af439e7f6c084/PL-KSH23_A.jpg|https://files.plytix.com/api/v1.1/file/public_files/pim/assets/8a/8d/8f/62/628f8d8abb3a1aaaf0e8f149/images/62/2a/82/68/68822a6203c05567ef5f9f23/PL-KSH23_B.jpg|https://files.plytix.com/api/v1.1/file/public_files/pim/assets/8a/8d/8f/62/628f8d8abb3a1aaaf0e8f149/images/63/2a/82/68/68822a6384708e1f953fa169/PL-KSH23_C.jpg|https://files.plytix.com/api/v1.1/file/public_files/pim/assets/8a/8d/8f/62/628f8d8abb3a1aaaf0e8f149/images/bc/b9/8c/68/688cb9bc7fa8a5dfe9617084/PL-KSH23.jpg","https://files.plytix.com/api/v1.1/file/public_files/pim/assets/8a/8d/8f/62/628f8d8abb3a1aaaf0e8f149/images/b5/1d/7e/68/687e1db52a03861c91eda4cf/LFST0925132.jpg|https://files.plytix.com/api/v1.1/file/public_files/pim/assets/8a/8d/8f/62/628f8d8abb3a1aaaf0e8f149/images/60/1d/7e/68/687e1d60dd3cffb0b9ad71bf/LFST0925121.jpg","https://www.nevilleuk.com/products/PL-KSH23_",null,"PL-KMD23"]
["CP-KSH27","Kozo Porcelain Shiro Coupe Plate 26.7cm","26.7 x 3.6cm (Dia x H)",18.97,6,"Kozo Porcelain>Kozo Porcelain Shiro",null,"Yes",null,268,263,35,{"v":0.9,"d":"0.900"},{"v":0.9,"d":"0.900"},null,null,"Porcelain","6911100090","China",null,null,"Yes","Yes","Yes","Yes",{"$nulls":6},"\n•Durable Fully Vitrified Porcelain\n•Twice-Fired Process\n•Conforms to Industry Standards\n•Organic Forms\n•Rolled Edges\n•Polished Foot\n•Unique Artisanal Finish","Kozo Porcelain embraces the quiet beauty of imperfection and the artistry of nature. This refined collection captures the spirit of Japanese minimalism, where form, texture, and subtle detail come together in perfect harmony.\n•Durable Fully Vitrified Porcelain: High-temperature firing creates a robust and long-lasting product, ideal for professional use\n•Twice-Fired Process: Enhances strength, durability, and the unique glaze finish, ensuring each piece performs in demanding environments\n•Conforms to Industry Standards: Meets BS4034 standards for vitrified hotelware, ensuring exceptional durability and quality in demanding environments\n•Organic Forms: Each piece reflects the handmade aesthetic, evoking a sense of calm and authenticity\n•Rolled Edges: Enhances durability and provides added chip resistance, making it ideal for hotel, restaurant, and foodservice applications\n•Polished Foot: Minimises damage when stacked and stored, helping to maintain the integrity of each piece over time\n•Unique Artisanal Finish: The natural kiln effects and spontaneous glaze reactions ensure every piece is truly one of a kind","Each",null,"26.8","26.3","3.5","0.00247",{"v":0.9,"d":"0.900"},"05020403770473",6,"29","17","29","0.01430","5.4",6.333,"05020403770480",18,"53","30","31","0.04929","16.2",{"v":19,"d":"19.000"},null,432,"https://files.plytix.com/api/v1.1/file/public_files/pim/assets/8a/8d/8f/62/628f8d8abb3a1aaaf0e8f149/images/a0/37/82/68/688237a0a81af439e7f6c57f/TH_CP-KSH27.jpg","https://files.plytix.com/api/v1.1/file/public_files/pim/assets/8a/8d/8f/62/628f8d8abb3a1aaaf0e8f149/images/b4/29/82/68/688229b403c05567ef5f9ef1/CP-KSH27_A.jpg|https://files.plytix.com/api/v1.1/file/public_files/pim/assets/8a/8d/8f/62/628f8d8abb3a1aaaf0e8f149/images/b5/29/82/68/688229b503c05567ef5f9ef2/CP-KSH27_B.jpg|https://files.plytix.com/api/v1.1/file/public_files/pim/assets/8a/8d/8f/62/628f8d8abb3a1aaaf0e8f149/images/b6/29/82/68/688229b6a81af439e7f6c039/CP-KSH27_C.jpg|https://files.plytix.com/api/v1.1/file/public_files/pim/assets/8a/8d/8f/62/628f8d8abb3a1aaaf0e8f149/images/83/b8/8c/68/688cb883d5ef509639b46beb/CP-KSH27.jpg","https://files.plytix.com/api/v1.1/file/public_files/pim/assets/8a/8d/8f/62/628f8d8abb3a1aaaf0e8f149/images/7c/1d/7e/68/687e1d7c777134bb259390c2/LFST0925125.jpg|https://files.plytix.com/api/v1.1/file/public_files/pim/assets/8a/8d/8f/62/628f8d8abb3a1aaaf0e8f149/images/59/1d/7e/68/687e1d59777134bb259390be/LFST0925120.jpg|https://files.plytix.com/api/v1.1/file/public_files/pim/assets/8a/8d/8f/62/628f8d8abb3a1aaaf0e8f149/images/76/1d/7e/68/687e1d76777134bb259390c0/LFST0925124.jpg|https://files.plytix.com/api/v1.1/file/public_files/pim/assets/8a/8d/8f/62/628f8d8abb3a1aaaf0e8f149/images/4b/1d/7e/68/687e1d4bdd3cffb0b9ad71bd/LFST0925118.jpg","https://www.nevilleuk.com/products/CP-KSH27_",null,"CP-KMD27"]
["CP-KSH23","Kozo Porcelain Shiro Coupe Plate 22.8cm","22.8 x 3.3cm (Dia x H)",17.39,6,"Kozo Porcelain>Kozo Porcelain Shiro",null,"Yes",null,222,222,33,{"v":0.69,"d":"0.690"},{"v":0.69,"d":"0.690"},null,null,"Porcelain","6911100090","China",null,null,"Yes","Yes","Yes","Yes",{"$nulls":6},"\n•Durable Fully Vitrified Porcelain\n•Twice-Fired Process\n•Conforms to Industry Standards\n•Organic Forms\n•Rolled Edges\n•Polished Foot\n•Unique Artisanal Finish","Kozo Porcelain embraces the quiet beauty of imperfection and the artistry of nature. This refined collection captures the spirit of Japanese minimalism, where form, texture, and subtle detail come together in perfect harmony.\n•Durable Fully Vitrified Porcelain: High-temperature firing creates a robust and long-lasting product, ideal for professional use\n•Twice-Fired Process: Enhances strength, durability, and the unique glaze finish, ensuring each piece performs in demanding environments\n•Conforms to Industry Standards: Meets BS4034 standards for vitrified hotelware, ensuring exceptional durability and quality in demanding environments\n•Organic Forms: Each piece reflects the handmade aesthetic, evoking a sense of calm and authenticity\n•Rolled Edges: Enhances durability and provides added chip resistance, making it ideal for hotel, restaurant, and foodservice applications\n•Polished Foot: Minimises damage when stacked and stored, helping to maintain the integrity of each piece over time\n•Unique Artisanal Finish: The natural kiln effects and spontaneous glaze reactions ensure every piece is truly one of a kind","Each",null,"22.2","22.2","3.3","0.00163",{"v":0.69,"d":"0.690"},"05020403770442",6,"25","15","25","0.00938","4.14",{"v":4.5,"d":"4.500"},"05020403770459",24,"52","32","27","0.04493","16.56",{"v":18,"d":"18.000"},null,672,"https://files.plytix.com/api/v1.1/file/public_files/pim/assets/8a/8d/8f/62/628f8d8abb3a1aaaf0e8f149/images/a0/37/82/68/688237a0a81af439e7f6c57e/TH_CP-KSH23.jpg","https://files.plytix.com/api/v1.1/file/public_files/pim/assets/8a/8d/8f/62/628f8d8abb3a1aaaf0e8f149/images/b1/29/82/68/688229b1a81af439e7f6c033/CP-KSH23_A.jpg|https://files.plytix.com/api/v1.1/file/public_files/pim/assets/8a/8d/8f/62/628f8d8abb3a1aaaf0e8f149/images/b2/29/82/68/688229b2a81af439e7f6c037/CP-KSH23_B.jpg|https://files.plytix.com/api/v1.1/file/public_files/pim/assets/8a/8d/8f/62/628f8d8abb3a1aaaf0e8f149/images/b3/29/82/68/688229b3a81af439e7f6c038/CP-KSH23_C.jpg|https://files.plytix.com/api/v1.1/file/public_files/pim/assets/8a/8d/8f/62/628f8d8abb3a1aaaf0e8f149/images/81/b8/8c/68/688cb881dbab51124ff18fa5/CP-KSH23.jpg",null,"https://www.nevilleuk.com/products/CP-KSH23_",null,"CP-KMD23"]
["CP-KSH19","Kozo Porcelain Shiro Coupe Plate 19cm","19 x 3.3cm (Dia x H)",13.24,6,"Kozo Porcelain>Kozo Porcelain Shiro",null,"Yes",null,190,189,32,{"v":0.46,"d":"0.460"},{"v":0.46,"d":"0.460"},null,null,"Porcelain","6911100090","China",null,null,"Yes","Yes","Yes","Yes",{"$nulls":6},"\n•Durable Fully Vitrified Porcelain\n•Twice-Fired Process\n•Conforms to Industry Standards\n•Organic Forms\n•Rolled Edges\n•Polished Foot\n•Unique Artisanal Finish","Kozo Porcelain embraces the quiet beauty of imperfection and the artistry of nature. This refined collection captures the spirit of Japanese minimalism, where form, texture, and subtle detail come together in perfect harmony.\n•Durable Fully Vitrified Porcelain: High-temperature firing creates a robust and long-lasting product, ideal for professional use\n•Twice-Fired Process: Enhances strength, durability, and the unique glaze finish, ensuring each piece performs in demanding environments\n•Conforms to Industry Standards: Meets BS4034 standards for vitrified hotelware, ensuring exceptional durability and quality in demanding environments\n•Organic Forms: Each piece reflects the handmade aesthetic, evoking a sense of calm and authenticity\n•Rolled Edges: Enhances durability and provides added chip resistance, making it ideal for hotel, restaurant, and foodservice applications\n•Polished Foot: Minimises damage when stacked and stored, helping to maintain the integrity of each piece over time\n•Unique Artisanal Finish: The natural kiln effects and spontaneous glaze reactions ensure every piece is truly one of a kind","Each",null,"19","18.9","3.2","0.00115",{"v":0.46,"d":"0.460"},"05020403770411",6,"21","15","21","0.00662","2.76",3.333,"05020403770428",36,"46","44","23","0.04655","16.56",{"v":20,"d":"20.000"},null,1080,"https://files.plytix.com/api/v1.1/file/public_files/pim/assets/8a/8d/8f/62/628f8d8abb3a1aaaf0e8f149/images/9f/37/82/68/6882379f03c05567ef5fa387/TH_CP-KSH19.jpg","https://files.plytix.com/api/v1.1/file/public_files/pim/assets/8a/8d/8f/62/628f8d8abb3a1aaaf0e8f149/images/af/29/82/68/688229afa81af439e7f6c032/CP-KSH19_A.jpg|https://files.plytix.com/api/v1.1/file/public_files/pim/assets/8a/8d/8f/62/628f8d8abb3a1aaaf0e8f149/images/af/29/82/68/688229af03c05567ef5f9eec/CP-KSH19_B.jpg|https://files.plytix.com/api/v1.1/file/public_files/pim/assets/8a/8d/8f/62/628f8d8abb3a1aaaf0e8f149/images/b0/29/82/68/688229b003c05567ef5f9eed/CP-KSH19_C.jpg|https://files.plytix.com/api/v1.1/file/public_files/pim/assets/8a/8d/8f/62/628f8d8abb3a1aaaf0e8f149/images/88/b8/8c/68/688cb88887c81ce5653e2b64/CP-KSH19.jpg",null,"https://www.nevilleuk.com/products/CP-KSH19_",null,"CP-KMD19"]
["JUG-KSH10","Kozo Porcelain Shiro Jug 10cl/ 3.5oz","8.8 x 6.7 x 6cm (L x W x H) - 10cl/3.5oz",11.18,12,"Kozo Porcelain>Kozo Porcelain Shiro",null,"Yes",null,87,67,60,{"v":0.11,"d":"0.110"},{"v":0.11,"d":"0.110"},{"v":10,"d":"10.00"},"3.5","Porcelain","6911100090","China",null,null,"Yes","Yes","Yes","Yes",{"$nulls":6},"\n•Durable Fully Vitrified Porcelain\n•Twice-Fired Process\n•Conforms to Industry Standards\n•Organic Forms\n•Rolled Edges\n•Polished Foot\n•Unique Artisanal Finish","Kozo Porcelain embraces the quiet beauty of imperfection and the artistry of nature. This refined collection captures the spirit of Japanese minimalism, where form, texture, and subtle detail come together in perfect harmony.\n•Durable Fully Vitrified Porcelain: High-temperature firing creates a robust and long-lasting product, ideal for professional use\n•Twice-Fired Process: Enhances strength, durability, and the unique glaze finish, ensuring each piece performs in demanding environments\n•Conforms to Industry Standards: Meets BS4034 standards for vitrified hotelware, ensuring exceptional durability and quality in demanding environments\n•Organic Forms: Each piece reflects the handmade aesthetic, evoking a sense of calm and authenticity\n•Rolled Edges: Enhances durability and provides added chip resistance, making it ideal for hotel, restaurant, and foodservice applications\n•Polished Foot: Minimises damage when stacked and stored, helping to maintain the integrity of each piece over time\n•Unique Artisanal Finish: The natural kiln effects and spontaneous glaze reactions ensure every piece is truly one of a kind","Each",null,"8.7","6.7","6","0.00035",{"v":0.11,"d":"0.110"},"05020403770381",12,"24","19","15","0.00684","1.32",1.625,"05020403770398",96,"49","39","32","0.06115","10.56",{"v":13,"d":"13.000"},null,2688,"https://files.plytix.com/api/v1.1/file/public_files/pim/assets/8a/8d/8f/62/628f8d8abb3a1aaaf0e8f149/images/ac/37/82/68/688237ac9544f7f72c09fc97/TH_JUG-KSH10.jpg","https://files.plytix.com/api/v1.1/file/public_files/pim/assets/8a/8d/8f/62/628f8d8abb3a1aaaf0e8f149/images/50/2a/82/68/68822a509544f7f72c09f8c4/JUG-KSH10.jpg","https://files.plytix.com/api/v1.1/file/public_files/pim/assets/8a/8d/8f/62/628f8d8abb3a1aaaf0e8f149/images/8c/1d/7e/68/687e1d8c2a03861c91eda4c6/LFST0925128.jpg|https://files.plytix.com/api/v1.1/file/public_files/pim/assets/8a/8d/8f/62/628f8d8abb3a1aaaf0e8f149/images/9a/1d/7e/68/687e1d9a5ff968b9dfce99e5/LFST0925130.jpg|https://files.plytix.com/api/v1.1/file/public_files/pim/assets/8a/8d/8f/62/628f8d8abb3a1aaaf0e8f149/images/76/1d/7e/68/687e1d76777134bb259390c0/LFST0925124.jpg","https://www.nevilleuk.com/products/JUG-KSH10_",null,"JUG-KMD10"]
["MUG-KSH35","Kozo Porcelain Shiro Mug 350ml","13.5 x 9.4 x 9cm (L x W x H) - 35cl/12.3oz",11.25,6,"Kozo Porcelain>Kozo Porcelain Shiro",null,"Yes",null,126,95,89,{"v":0.28,"d":"0.280"},{"v":0.28,"d":"0.280"},{"v":35,"d":"35.00"},"12.3","Porcelain","6911100090","China",null,null,"Yes","Yes","Yes","Yes",{"$nulls":6},"\n•Durable Fully Vitrified Porcelain\n•Twice-Fired Process\n•Conforms to Industry Standards\n•Organic Forms\n•Rolled Edges\n•Polished Foot\n•Unique Artisanal Finish","Kozo Porcelain embraces the quiet beauty of imperfection and the artistry of nature. This refined collection captures the spirit of Japanese minimalism, where form, texture, and subtle detail come together in perfect harmony.\n•Durable Fully Vitrified Porcelain: High-temperature firing creates a robust and long-lasting product, ideal for professional use\n•Twice-Fired Process: Enhances strength, durability, and the unique glaze finish, ensuring each piece performs in demanding environments\n•Conforms to Industry Standards: Meets BS4034 standards for vitrified hotelware, ensuring exceptional durability and quality in demanding environments\n•Organic Forms: Each piece reflects the handmade aesthetic, evoking a sense of calm and authenticity\n•Rolled Edges: Enhances durability and provides added chip resistance, making it ideal for hotel, restaurant, and foodservice applications\n•Polished Foot: Minimises damage when stacked and stored, helping to maintain the integrity of each piece over time\n•Unique Artisanal Finish: The natural kiln effects and spontaneous glaze reactions ensure every piece is truly one of a kind","Each",null,"12.6","9.5","8.9","0.00107",{"v":0.28,"d":"0.280"},"05020403770350",6,"33","22","11","0.00799","1.68",2.125,"05020403770367",48,"46","34","48","0.07507","13.44",{"v":17,"d":"17.000"},null,1152,"https://files.plytix.com/api/v1.1/file/public_files/pim/assets/8a/8d/8f/62/628f8d8abb3a1aaaf0e8f149/images/ad/37/82/68/688237ada81af439e7f6c5ad/TH_MUG-KSH35.jpg","https://files.plytix.com/api/v1.1/file/public_files/pim/assets/8a/8d/8f/62/628f8d8abb3a1aaaf0e8f149/images/55/2a/82/68/68822a55a81af439e7f6c07d/MUG-KSH35.jpg",null,"https://www.nevilleuk.com/products/MUG-KSH35_",null,"MUG-KMD35"]
["DC-KMD23","Kozo Porcelain Midori Deep Plate 23cm","23 x 5.4cm (Dia x H) - 1.1L/38.7oz",22.48,6,"Kozo Porcelain>Kozo Porcelain Midori",null,"Yes",null,235,235,55,{"v":0.81,"d":"0.810"},{"v":0.81,"d":"0.810"},{"v":110,"d":"110.00"},"38.7","Porcelain","6911100090","China",null,null,"Yes","Yes","Yes","Yes",{"$nulls":6},"\n•Durable Fully Vitrified Porcelain\n•Twice-Fired Process\n•Conforms to Industry Standards\n•Organic Forms\n•Rolled Edges\n•Polished Foot\n•Unique Artisanal Finish","Kozo Porcelain embraces the quiet beauty of imperfection and the artistry of nature. This refined collection captures the spirit of Japanese minimalism, where form, texture, and subtle detail come together in perfect harmony.\n•Durable Fully Vitrified Porcelain: High-temperature firing creates a robust and long-lasting product, ideal for professional use\n•Twice-Fired Process: Enhances strength, durability, and the unique glaze finish, ensuring each piece performs in demanding environments\n•Conforms to Industry Standards: Meets BS4034 standards for vitrified hotelware, ensuring exceptional durability and quality in demanding environments\n•Organic Forms: Each piece reflects the handmade aesthetic, evoking a sense of calm and authenticity\n•Rolled Edges: Enhances durability and provides added chip resistance, making it ideal for hotel, restaurant, and foodservice applications\n•Polished Foot: Minimises damage when stacked and stored, helping to maintain the integrity of each piece over time\n•Unique Artisanal Finish: The natural kiln effects and spontaneous glaze reactions ensure every piece is truly one of a kind","Each",null,"23.5","23.5","5.5","0.00304",{"v":0.81,"d":"0.810"},"05020403770329",6,"25","22","26","0.01430","4.86",5.333,"05020403770336",18,"68","26","28","0.04950","14.58",{"v":16,"d":"16.000"},null,450,"https://files.plytix.com/api/v1.1/file/public_files/pim/assets/8a/8d/8f/62/628f8d8abb3a1aaaf0e8f149/images/a4/37/82/68/688237a4a81af439e7f6c588/TH_DC-KMD23.jpg","https://files.plytix.com/api/v1.1/file/public_files/pim/assets/8a/8d/8f/62/628f8d8abb3a1aaaf0e8f149/images/cd/29/82/68/688229cde49aeb157cd625f8/DC-KMD23_A.jpg|https://files.plytix.com/api/v1.1/file/public_files/pim/assets/8a/8d/8f/62/628f8d8abb3a1aaaf0e8f149/images/ce/29/82/68/688229cee49aeb157cd625f9/DC-KMD23_B.jpg|https://files.plytix.com/api/v1.1/file/public_files/pim/assets/8a/8d/8f/62/628f8d8abb3a1aaaf0e8f149/images/cf/29/82/68/688229cf9544f7f72c09f8ad/DC-KMD23_C.jpg|https://files.plytix.com/api/v1.1/file/public_files/pim/assets/8a/8d/8f/62/628f8d8abb3a1aaaf0e8f149/images/c5/b8/8c/68/688cb8c5f893fc39de49aa39/DC-KMD23.jpg","https://files.plytix.com/api/v1.1/file/public_files/pim/assets/8a/8d/8f/62/628f8d8abb3a1aaaf0e8f149/images/f0/1c/7e/68/687e1cf05ff968b9dfce99cc/LFST0925100.jpg|https://files.plytix.com/api/v1.1/file/public_files/pim/assets/8a/8d/8f/62/628f8d8abb3a1aaaf0e8f149/images/e0/1c/7e/68/687e1ce05c3aa1d901c6ea48/LFST0925097.jpg|https://files.plytix.com/api/v1.1/file/public_files/pim/assets/8a/8d/8f/62/628f8d8abb3a1aaaf0e8f149/images/d6/1c/7e/68/687e1cd6dd3cffb0b9ad71ac/LFST0925095.jpg","https://www.nevilleuk.com/products/DC-KMD23_",null,"DC-KSH23"]
["DC-KMD20","Kozo Porcelain Midori Deep Plate 20cm","20 x 5.4cm (Dia x H) - 80cl/28.2oz",19.35,4,"Kozo Porcelain>Kozo Porcelain Midori",null,"Yes",null,204,201,54,{"v":0.62,"d":"0.620"},{"v":0.62,"d":"0.620"},{"v":80,"d":"80.00"},"28.2","Porcelain","6911100090","China",null,null,"Yes","Yes","Yes","Yes",{"$nulls":6},"\n•Durable Fully Vitrified Porcelain\n•Twice-Fired Process\n•Conforms to Industry Standards\n•Organic Forms\n•Rolled Edges\n•Polished Foot\n•Unique Artisanal Finish","Kozo Porcelain embraces the quiet beauty of imperfection and the artistry of nature. This refined collection captures the spirit of Japanese minimalism, where form, texture, and subtle detail come together in perfect harmony.\n•Durable Fully Vitrified Porcelain: High-temperature firing creates a robust and long-lasting product, ideal for professional use\n•Twice-Fired Process: Enhances strength, durability, and the unique glaze finish, ensuring each piece performs in demanding environments\n•Conforms to Industry Standards: Meets BS4034 standards for vitrified hotelware, ensuring exceptional durability and quality in demanding environments\n•Organic Forms: Each piece reflects the handmade aesthetic, evoking a sense of calm and authenticity\n•Rolled Edges: Enhances durability and provides added chip resistance, making it ideal for hotel, restaurant, and foodservice applications\n•Polished Foot: Minimises damage when stacked and stored, helping to maintain the integrity of each piece over time\n•Unique Artisanal Finish: The natural kiln effects and spontaneous glaze reactions ensure every piece is truly one of a kind","Each",null,"20.4","20.1","5.4","0.00221",{"v":0.62,"d":"0.620"},"05020403770299",4,"23","15","23","0.00794","2.48",{"v":3.25,"d":"3.250"},"05020403770305",16,"47","31","25","0.03643","9.92",{"v":13,"d":"13.000"},null,384,"https://files.plytix.com/api/v1.1/file/public_files/pim/assets/8a/8d/8f/62/628f8d8abb3a1aaaf0e8f149/images/a4/37/82/68/688237a4e49aeb157cd62a7c/TH_DC-KMD20.jpg","https://files.plytix.com/api/v1.1/file/public_files/pim/assets/8a/8d/8f/62/628f8d8abb3a1aaaf0e8f149/images/ca/29/82/68/688229cae49aeb157cd625f6/DC-KMD20_A.jpg|https://files.plytix.com/api/v1.1/file/public_files/pim/assets/8a/8d/8f/62/628f8d8abb3a1aaaf0e8f149/images/cb/29/82/68/688229cb9544f7f72c09f8ac/DC-KMD20_B.jpg|https://files.plytix.com/api/v1.1/file/public_files/pim/assets/8a/8d/8f/62/628f8d8abb3a1aaaf0e8f149/images/cc/29/82/68/688229cce49aeb157cd625f7/DC-KMD20_C.jpg|https://files.plytix.com/api/v1.1/file/public_files/pim/assets/8a/8d/8f/62/628f8d8abb3a1aaaf0e8f149/images/c4/b8/8c/68/688cb8c4f893fc39de49aa37/DC-KMD20.jpg",null,"https://www.nevilleuk.com/products/DC-KMD20_",null,"DC-KSH20"]
["CT-BD15C","Forge Coast Stoneware Balti Dish 15cm","15 x 5cm (Dia x H) - 46cl/16oz",9.54,6,"GenWare Stoneware>Forge Stoneware",null,"Yes",null,184,150,50,{"v":0.4,"d":"0.400"},{"v":0.4,"d":"0.400"},{"v":46,"d":"46.00"},"16.2","Stoneware","6912002310","China",-40,230,"Yes","Yes","Yes","Yes",{"$nulls":6},"\n•High Quality Stoneware\n•Reactive Glaze\n•Durable And Reliable\n•Versatile Applications\n•Eye Catching Design","Forge Coast Stoneware captures the raw beauty of the shoreline with its reactive blue-grey glaze offering a sophisticated yet grounded backdrop for inspired food presentation. This versatile collection is designed to complement a wide variety of global cuisines, from fresh coastal seafood to vibrant Mediterranean fare. Its robust construction ensures durability for professional environments, while its refined design adds a touch of elegance to any table setting, making it an indispensable choice for both casual and fine dining establishments.\n•Reactive Coastal Glaze: Each piece boasts a unique, artisanal finish that adds a modern yet rustic charm to the table\n•Durable and Reliable: Made from high-quality stoneware to withstand the rigors of a professional kitchen\n•Versatile Applications: Perfect for a wide range of cuisines, including tapas, brunches, and international dishes\n•Eye-Catching Design: Enhances table aesthetics, adding visual appeal to enhance the dining experience\n•Multiple Styles and Shapes: Offers flexibility to suit various serving needs and presentation preferences\n•Dishwasher Safe: Simplifies cleaning for busy hospitality environments\n•Microwave and Oven Friendly: Suitable for reheating or finishing dishes with ease","Each","5020403490661","18.4","15","5","0.00138",{"v":0.4,"d":"0.400"},"05020403490678",6,"17","16","15.5","0.00422","2.4",2.625,"05020403490685",24,"34","19","33.5","0.02164","9.6",{"v":10.5,"d":"10.500"},null,1152,"https://files.plytix.com/api/v1.1/file/public_files/pim/assets/8a/8d/8f/62/628f8d8abb3a1aaaf0e8f149/images/a3/37/82/68/688237a3e49aeb157cd62a78/TH_CT-BD15C.jpg","https://files.plytix.com/api/v1.1/file/public_files/pim/assets/8a/8d/8f/62/628f8d8abb3a1aaaf0e8f149/images/bd/29/82/68/688229bda81af439e7f6c048/CT-BD15C.jpg",null,"https://www.nevilleuk.com/products/CT-BD15C_",null,"CT-BD15|CT-BD15G"]
["CT-CC8C","Forge Coast Stoneware Chip Cup 8.5 x 8.5cm","8.5 x 8.5cm (Dia x H) - 30cl/10.5oz",7.76,6,"GenWare Stoneware>Forge Stoneware",null,"Yes",null,86,86,80,{"v":0.26,"d":"0.260"},{"v":0.26,"d":"0.260"},{"v":30,"d":"30.00"},"10.6","Stoneware","6912002310","China",-40,230,"Yes","Yes","Yes","Yes",{"$nulls":6},"\n•High Quality Stoneware\n•Reactive Glaze\n•Durable And Reliable\n•Versatile Applications\n•Eye Catching Design","Forge Coast Stoneware captures the raw beauty of the shoreline with its reactive blue-grey glaze offering a sophisticated yet grounded backdrop for inspired food presentation. This versatile collection is designed to complement a wide variety of global cuisines, from fresh coastal seafood to vibrant Mediterranean fare. Its robust construction ensures durability for professional environments, while its refined design adds a touch of elegance to any table setting, making it an indispensable choice for both casual and fine dining establishments.\n•Reactive Coastal Glaze: Each piece boasts a unique, artisanal finish that adds a modern yet rustic charm to the table\n•Durable and Reliable: Made from high-quality stoneware to withstand the rigors of a professional kitchen\n•Versatile Applications: Perfect for a wide range of cuisines, including tapas, brunches, and international dishes\n•Eye-Catching Design: Enhances table aesthetics, adding visual appeal to enhance the dining experience\n•Multiple Styles and Shapes: Offers flexibility to suit various serving needs and presentation preferences\n•Dishwasher Safe: Simplifies cleaning for busy hospitality environments\n•Microwave and Oven Friendly: Suitable for reheating or finishing dishes with ease","Each","5020403490630","8.6","8.6","8","0.00059",{"v":0.26,"d":"0.260"},"05020403490647",6,"25.5","17.5","9.5","0.00424","1.56",{"v":1.65,"d":"1.650"},"05020403490654",48,"37","27.5","40.5","0.04121","12.48",{"v":13.2,"d":"13.200"},null,1152,"https://files.plytix.com/api/v1.1/file/public_files/pim/assets/8a/8d/8f/62/628f8d8abb3a1aaaf0e8f149/images/a3/37/82/68/688237a3e49aeb157cd62a79/TH_CT-CC8C.jpg","https://files.plytix.com/api/v1.1/file/public_files/pim/assets/8a/8d/8f/62/628f8d8abb3a1aaaf0e8f149/images/bd/29/82/68/688229bd03c05567ef5f9efc/CT-CC8C.jpg","https://files.plytix.com/api/v1.1/file/public_files/pim/assets/8a/8d/8f/62/628f8d8abb3a1aaaf0e8f149/images/9d/1c/7e/68/687e1c9dad76c8ad222c8648/LFST0925083.jpg|https://files.plytix.com/api/v1.1/file/public_files/pim/assets/8a/8d/8f/62/628f8d8abb3a1aaaf0e8f149/images/b0/1c/7e/68/687e1cb02a03861c91eda4b5/LFST0925087.jpg","https://www.nevilleuk.com/products/CT-CC8C_",null,"CT-CC8|CT-CC8G"]
["CT-SJ9C","Forge Coast Stoneware Pinched Jug 9cl/ 3.2oz","6.5 x 5 x 6.5cm (L x W x H) - 9cl/3.2oz",6.04,12,"GenWare Stoneware>Forge Stoneware",null,"Yes",null,63,50,63,{"v":0.1,"d":"0.100"},{"v":0.1,"d":"0.100"},{"v":9,"d":"9.00"},"3.2","Stoneware","6912002310","China",-40,230,"Yes","Yes","Yes","Yes",{"$nulls":6},"\n•High Quality Stoneware\n•Reactive Glaze\n•Durable And Reliable\n•Versatile Applications\n•Eye Catching Design","Forge Coast Stoneware captures the raw beauty of the shoreline with its reactive blue-grey glaze offering a sophisticated yet grounded backdrop for inspired food presentation. This versatile collection is designed to complement a wide variety of global cuisines, from fresh coastal seafood to vibrant Mediterranean fare. Its robust construction ensures durability for professional environments, while its refined design adds a touch of elegance to any table setting, making it an indispensable choice for both casual and fine dining establishments.\n•Reactive Coastal Glaze: Each piece boasts a unique, artisanal finish that adds a modern yet rustic charm to the table\n•Durable and Reliable: Made from high-quality stoneware to withstand the rigors of a professional kitchen\n•Versatile Applications: Perfect for a wide range of cuisines, including tapas, brunches, and international dishes\n•Eye-Catching Design: Enhances table aesthetics, adding visual appeal to enhance the dining experience\n•Multiple Styles and Shapes: Offers flexibility to suit various serving needs and presentation preferences\n•Dishwasher Safe: Simplifies cleaning for busy hospitality environments\n•Microwave and Oven Friendly: Suitable for reheating or finishing dishes with ease","Each","5020403490609","6.3","5","6.3","0.00020",{"v":0.1,"d":"0.100"},"05020403490616",12,"17","12","14","0.00286","1.2",{"v":1.6,"d":"1.600"},"05020403490623",96,"36","26","30.5","0.02855","9.6",{"v":12.8,"d":"12.800"},null,3456,"https://files.plytix.com/api/v1.1/file/public_files/pim/assets/8a/8d/8f/62/628f8d8abb3a1aaaf0e8f149/images/a3/37/82/68/688237a3a81af439e7f6c586/TH_CT-SJ9C.jpg","https://files.plytix.com/api/v1.1/file/public_files/pim/assets/8a/8d/8f/62/628f8d8abb3a1aaaf0e8f149/images/c3/29/82/68/688229c384708e1f953fa12d/CT-SJ9C.jpg","https://files.plytix.com/api/v1.1/file/public_files/pim/assets/8a/8d/8f/62/628f8d8abb3a1aaaf0e8f149/images/b0/1c/7e/68/687e1cb02a03861c91eda4b5/LFST0925087.jpg|https://files.plytix.com/api/v1.1/file/public_files/pim/assets/8a/8d/8f/62/628f8d8abb3a1aaaf0e8f149/images/b5/1c/7e/68/687e1cb5dd3cffb0b9ad71a6/LFST0925088.jpg","https://www.nevilleuk.com/products/CT-SJ9C_",null,"CT-SJ9|CT-SJ9G"]
["CT-TD10C","Forge Coast Stoneware Tapas Dish 10cm","10 x 3cm (Dia x H) - 17cl/6oz",4.52,6,"GenWare Stoneware>Forge Stoneware",null,"Yes",null,105,105,33,{"v":0.15,"d":"0.150"},{"v":0.15,"d":"0.150"},{"v":17,"d":"17.00"},"6","Stoneware","6912002310","China",-40,230,"Yes","Yes","Yes","Yes",{"$nulls":6},"\n•High Quality Stoneware\n•Reactive Glaze\n•Durable And Reliable\n•Versatile Applications\n•Eye Catching Design","Forge Coast Stoneware captures the raw beauty of the shoreline with its reactive blue-grey glaze offering a sophisticated yet grounded backdrop for inspired food presentation. This versatile collection is designed to complement a wide variety of global cuisines, from fresh coastal seafood to vibrant Mediterranean fare. Its robust construction ensures durability for professional environments, while its refined design adds a touch of elegance to any table setting, making it an indispensable choice for both casual and fine dining establishments.\n•Reactive Coastal Glaze: Each piece boasts a unique, artisanal finish that adds a modern yet rustic charm to the table\n•Durable and Reliable: Made from high-quality stoneware to withstand the rigors of a professional kitchen\n•Versatile Applications: Perfect for a wide range of cuisines, including tapas, brunches, and international dishes\n•Eye-Catching Design: Enhances table aesthetics, adding visual appeal to enhance the dining experience\n•Multiple Styles and Shapes: Offers flexibility to suit various serving needs and presentation preferences\n•Dishwasher Safe: Simplifies cleaning for busy hospitality environments\n•Microwave and Oven Friendly: Suitable for reheating or finishing dishes with ease","Each","5020403761105","10.5","10.5","3.3","0.00036",{"v":0.15,"d":"0.150"},"05020403490586",6,"21","10.5","10.5","0.00232","0.9",1.208,"05020403761082",72,"44","22.5","35.5","0.03515","10.8",{"v":14.5,"d":"14.500"},null,2016,"https://files.plytix.com/api/v1.1/file/public_files/pim/assets/8a/8d/8f/62/628f8d8abb3a1aaaf0e8f149/images/a3/37/82/68/688237a3a81af439e7f6c587/TH_CT-TD10C.jpg","https://files.plytix.com/api/v1.1/file/public_files/pim/assets/8a/8d/8f/62/628f8d8abb3a1aaaf0e8f149/images/c4/29/82/68/688229c484708e1f953fa12e/CT-TD10C.jpg","https://files.plytix.com/api/v1.1/file/public_files/pim/assets/8a/8d/8f/62/628f8d8abb3a1aaaf0e8f149/images/a1/1c/7e/68/687e1ca15ff968b9dfce99b5/LFST0925084.jpg|https://files.plytix.com/api/v1.1/file/public_files/pim/assets/8a/8d/8f/62/628f8d8abb3a1aaaf0e8f149/images/8e/1c/7e/68/687e1c8e2a03861c91eda4b2/LFST0925080.jpg","https://www.nevilleuk.com/products/CT-TD10C_",null,"CT-TD10|CT-TD10G"]
["CT-TD13C","Forge Coast Stoneware Tapas Dish 13cm","13 x 3.5cm (Dia x H) - 29cl/10.25oz",6.46,12,"GenWare Stoneware>Forge Stoneware",null,"Yes",null,125,125,36,{"v":0.25,"d":"0.250"},{"v":0.25,"d":"0.250"},{"v":29,"d":"29.00"},"10.2","Stoneware","6912002310","China",-40,230,"Yes","Yes","Yes","Yes",{"$nulls":6},"\n•High Quality Stoneware\n•Reactive Glaze\n•Durable And Reliable\n•Versatile Applications\n•Eye Catching Design","Forge Coast Stoneware captures the raw beauty of the shoreline with its reactive blue-grey glaze offering a sophisticated yet grounded backdrop for inspired food presentation. This versatile collection is designed to complement a wide variety of global cuisines, from fresh coastal seafood to vibrant Mediterranean fare. Its robust construction ensures durability for professional environments, while its refined design adds a touch of elegance to any table setting, making it an indispensable choice for both casual and fine dining establishments.\n•Reactive Coastal Glaze: Each piece boasts a unique, artisanal finish that adds a modern yet rustic charm to the table\n•Durable and Reliable: Made from high-quality stoneware to withstand the rigors of a professional kitchen\n•Versatile Applications: Perfect for a wide range of cuisines, including tapas, brunches, and international dishes\n•Eye-Catching Design: Enhances table aesthetics, adding visual appeal to enhance the dining experience\n•Multiple Styles and Shapes: Offers flexibility to suit various serving needs and presentation preferences\n•Dishwasher Safe: Simplifies cleaning for busy hospitality environments\n•Microwave and Oven Friendly: Suitable for reheating or finishing dishes with ease","Each","5020403490548","12.5","12.5","3.6","0.00056",{"v":0.25,"d":"0.250"},"05020403490555",12,"25.2","23.2","12.7","0.00742","3",3.325,"05020403761075",48,"49","27","29.5","0.03903","12",{"v":13.3,"d":"13.300"},null,1440,"https://files.plytix.com/api/v1.1/file/public_files/pim/assets/8a/8d/8f/62/628f8d8abb3a1aaaf0e8f149/images/a4/37/82/68/688237a4e49aeb157cd62a7b/TH_CT-TD13C.jpg","https://files.plytix.com/api/v1.1/file/public_files/pim/assets/8a/8d/8f/62/628f8d8abb3a1aaaf0e8f149/images/c4/29/82/68/688229c4e49aeb157cd625f2/CT-TD13C.jpg",null,"https://www.nevilleuk.com/products/CT-TD13C_",null,"CT-TD13|CT-TD13G"]
["CT-TD14C","Forge Coast Stoneware Tapas Dish 14.5cm","14.5 x 4cm (Dia x H) - 43cl/15oz",9.18,12,"GenWare Stoneware>Forge Stoneware",null,"Yes",null,140,140,42,{"v":0.35,"d":"0.350"},{"v":0.35,"d":"0.350"},{"v":43,"d":"43.00"},"15.1","Stoneware","6912002310","China",-40,230,"Yes","Yes","Yes","Yes",{"$nulls":6},"\n•High Quality Stoneware\n•Reactive Glaze\n•Durable And Reliable\n•Versatile Applications\n•Eye Catching Design","Forge Coast Stoneware captures the raw beauty of the shoreline with its reactive blue-grey glaze offering a sophisticated yet grounded backdrop for inspired food presentation. This versatile collection is designed to complement a wide variety of global cuisines, from fresh coastal seafood to vibrant Mediterranean fare. Its robust construction ensures durability for professional environments, while its refined design adds a touch of elegance to any table setting, making it an indispensable choice for both casual and fine dining establishments.\n•Reactive Coastal Glaze: Each piece boasts a unique, artisanal finish that adds a modern yet rustic charm to the table\n•Durable and Reliable: Made from high-quality stoneware to withstand the rigors of a professional kitchen\n•Versatile Applications: Perfect for a wide range of cuisines, including tapas, brunches, and international dishes\n•Eye-Catching Design: Enhances table aesthetics, adding visual appeal to enhance the dining experience\n•Multiple Styles and Shapes: Offers flexibility to suit various serving needs and presentation preferences\n•Dishwasher Safe: Simplifies cleaning for busy hospitality environments\n•Microwave and Oven Friendly: Suitable for reheating or finishing dishes with ease","Each","5020403490517","14","14","4.2","0.00082",{"v":0.35,"d":"0.350"},"05020403490524",12,"28.5","26.5","14","0.01057","4.2",4.625,"05020403761068",48,"55","30","32.5","0.05363","16.8",{"v":18.5,"d":"18.500"},null,768,"https://files.plytix.com/api/v1.1/file/public_files/pim/assets/8a/8d/8f/62/628f8d8abb3a1aaaf0e8f149/images/a4/37/82/68/688237a40d779e27ece5e1c8/TH_CT-TD14C.jpg","https://files.plytix.com/api/v1.1/file/public_files/pim/assets/8a/8d/8f/62/628f8d8abb3a1aaaf0e8f149/images/c5/29/82/68/688229c5e49aeb157cd625f3/CT-TD14C.jpg|https://files.plytix.com/api/v1.1/file/public_files/pim/assets/8a/8d/8f/62/628f8d8abb3a1aaaf0e8f149/images/c6/29/82/68/688229c603c05567ef5f9f00/CT-TD14C_A.jpg",null,"https://www.nevilleuk.com/products/CT-TD14C_",null,"CT-TD14|CT-TD14G"]
["CT-OD18C","Forge Coast Stoneware Oval Dish 17.5 x 11.5 x 4cm","17.5 x 11.5 x 4cm (L x W x H) - 42cl/14.8oz",9.54,6,"GenWare Stoneware>Forge Stoneware",null,"Yes",null,213,115,40,{"v":0.35,"d":"0.350"},{"v":0.35,"d":"0.350"},{"v":42,"d":"42.00"},"14.8","Stoneware","6912002310","China",-40,230,"Yes","Yes","Yes","Yes",{"$nulls":6},"\n•High Quality Stoneware\n•Reactive Glaze\n•Durable And Reliable\n•Versatile Applications\n•Eye Catching Design","Forge Coast Stoneware captures the raw beauty of the shoreline with its reactive blue-grey glaze offering a sophisticated yet grounded backdrop for inspired food presentation. This versatile collection is designed to complement a wide variety of global cuisines, from fresh coastal seafood to vibrant Mediterranean fare. Its robust construction ensures durability for professional environments, while its refined design adds a touch of elegance to any table setting, making it an indispensable choice for both casual and fine dining establishments.\n•Reactive Coastal Glaze: Each piece boasts a unique, artisanal finish that adds a modern yet rustic charm to the table\n•Durable and Reliable: Made from high-quality stoneware to withstand the rigors of a professional kitchen\n•Versatile Applications: Perfect for a wide range of cuisines, including tapas, brunches, and international dishes\n•Eye-Catching Design: Enhances table aesthetics, adding visual appeal to enhance the dining experience\n•Multiple Styles and Shapes: Offers flexibility to suit various serving needs and presentation preferences\n•Dishwasher Safe: Simplifies cleaning for busy hospitality environments\n•Microwave and Oven Friendly: Suitable for reheating or finishing dishes with ease","Each","5020403490487","21.3","11.5","4","0.00098",{"v":0.35,"d":"0.350"},"05020403490494",6,"25","21.5","12","0.00645","2.1",2.333,"05020403761051",36,"45","27","40","0.04860","12.6",{"v":14,"d":"14.000"},null,648,"https://files.plytix.com/api/v1.1/file/public_files/pim/assets/8a/8d/8f/62/628f8d8abb3a1aaaf0e8f149/images/a3/37/82/68/688237a30d779e27ece5e1c6/TH_CT-OD18C.jpg","https://files.plytix.com/api/v1.1/file/public_files/pim/assets/8a/8d/8f/62/628f8d8abb3a1aaaf0e8f149/images/bf/29/82/68/688229bf84708e1f953fa129/CT-OD18C.jpg","https://files.plytix.com/api/v1.1/file/public_files/pim/assets/8a/8d/8f/62/628f8d8abb3a1aaaf0e8f149/images/a6/1c/7e/68/687e1ca6777134bb259390a3/LFST0925085.jpg|https://files.plytix.com/api/v1.1/file/public_files/pim/assets/8a/8d/8f/62/628f8d8abb3a1aaaf0e8f149/images/8e/1c/7e/68/687e1c8e2a03861c91eda4b2/LFST0925080.jpg","https://www.nevilleuk.com/products/CT-OD18C_",null,"CT-OD18|CT-OD18G"]
["CT-PD16C","Forge Coast Stoneware Oval Pie Dish 16cm","16 x 11.5 x 5cm (L x W x H) - 35cl/12oz",{"v":7.8,"d":"7.80"},6,"GenWare Stoneware>Forge Stoneware",null,"Yes",null,155,155,50,{"v":0.3,"d":"0.300"},{"v":0.3,"d":"0.300"},{"v":35,"d":"35.00"},"12.3","Stoneware","6912002310","China",-40,230,"Yes","Yes","Yes","Yes",{"$nulls":6},"\n•High Quality Stoneware\n•Reactive Glaze\n•Durable And Reliable\n•Versatile Applications\n•Eye Catching Design","Forge Coast Stoneware captures the raw beauty of the shoreline with its reactive blue-grey glaze offering a sophisticated yet grounded backdrop for inspired food presentation. This versatile collection is designed to complement a wide variety of global cuisines, from fresh coastal seafood to vibrant Mediterranean fare. Its robust construction ensures durability for professional environments, while its refined design adds a touch of elegance to any table setting, making it an indispensable choice for both casual and fine dining establishments.\n•Reactive Coastal Glaze: Each piece boasts a unique, artisanal finish that adds a modern yet rustic charm to the table\n•Durable and Reliable: Made from high-quality stoneware to withstand the rigors of a professional kitchen\n•Versatile Applications: Perfect for a wide range of cuisines, including tapas, brunches, and international dishes\n•Eye-Catching Design: Enhances table aesthetics, adding visual appeal to enhance the dining experience\n•Multiple Styles and Shapes: Offers flexibility to suit various serving needs and presentation preferences\n•Dishwasher Safe: Simplifies cleaning for busy hospitality environments\n•Microwave and Oven Friendly: Suitable for reheating or finishing dishes with ease","Each","5020403490456","15.5","15.5","5","0.00120",{"v":0.3,"d":"0.300"},"05020403490463",6,"16","16","12","0.00307","1.8",2.083,"05020403490470",36,"48.5","18","26.5","0.02313","10.8",{"v":12.5,"d":"12.500"},null,1620,"https://files.plytix.com/api/v1.1/file/public_files/pim/assets/8a/8d/8f/62/628f8d8abb3a1aaaf0e8f149/images/a3/37/82/68/688237a384708e1f953fa594/TH_CT-PD16C.jpg","https://files.plytix.com/api/v1.1/file/public_files/pim/assets/8a/8d/8f/62/628f8d8abb3a1aaaf0e8f149/images/bf/29/82/68/688229bf84708e1f953fa12a/CT-PD16C.jpg",null,"https://www.nevilleuk.com/products/CT-PD16C_",null,"CT-PD16|CT-PD16G"]
["CT-RAM15C","Forge Coast Stoneware Ramekin 1.5oz/ 45ml","6.5 x 3cm (Dia x H) - 4.5cl/1.5oz",3.64,12,"GenWare Stoneware>Forge Stoneware",null,"Yes",null,63,63,33,{"v":0.07,"d":"0.070"},{"v":0.07,"d":"0.070"},{"v":4.5,"d":"4.50"},"1.6","Stoneware","6912002310","China",-40,230,"Yes","Yes","Yes","Yes",{"$nulls":6},"\n•High Quality Stoneware\n•Reactive Glaze\n•Durable And Reliable\n•Versatile Applications\n•Eye Catching Design","Forge Coast Stoneware captures the raw beauty of the shoreline with its reactive blue-grey glaze offering a sophisticated yet grounded backdrop for inspired food presentation. This versatile collection is designed to complement a wide variety of global cuisines, from fresh coastal seafood to vibrant Mediterranean fare. Its robust construction ensures durability for professional environments, while its refined design adds a touch of elegance to any table setting, making it an indispensable choice for both casual and fine dining establishments.\n•Reactive Coastal Glaze: Each piece boasts a unique, artisanal finish that adds a modern yet rustic charm to the table\n•Durable and Reliable: Made from high-quality stoneware to withstand the rigors of a professional kitchen\n•Versatile Applications: Perfect for a wide range of cuisines, including tapas, brunches, and international dishes\n•Eye-Catching Design: Enhances table aesthetics, adding visual appeal to enhance the dining experience\n•Multiple Styles and Shapes: Offers flexibility to suit various serving needs and presentation preferences\n•Dishwasher Safe: Simplifies cleaning for busy hospitality environments\n•Microwave and Oven Friendly: Suitable for reheating or finishing dishes with ease","Each","5020403490425","6.3","6.3","3.3","0.00013",{"v":0.07,"d":"0.070"},"05020403490432",12,"13","13","8.5","0.00144","0.84",{"v":1,"d":"1.000"},"05020403490449",96,"28","28","21","0.01646","6.72",{"v":8,"d":"8.000"},null,5376,"https://files.plytix.com/api/v1.1/file/public_files/pim/assets/8a/8d/8f/62/628f8d8abb3a1aaaf0e8f149/images/a3/37/82/68/688237a3e49aeb157cd62a7a/TH_CT-RAM15C.jpg","https://files.plytix.com/api/v1.1/file/public_files/pim/assets/8a/8d/8f/62/628f8d8abb3a1aaaf0e8f149/images/c0/29/82/68/688229c084708e1f953fa12b/CT-RAM15C.jpg",null,"https://www.nevilleuk.com/products/CT-RAM15C_",null,"CT-RAM15|CT-RAM15G"]
["CP-SST26","Sereno Porcelain Strato Coupe Plate 26cm","26 x 2.7cm (Dia x H)",14.64,6,"Sereno Tableware>Sereno Porcelain Strato",null,"Yes",null,260,260,26,{"v":0.82,"d":"0.820"},{"v":0.82,"d":"0.820"},null,null,"Porcelain","6911100090","China",null,null,"Yes","Yes","Yes","Yes",{"$nulls":6},"\n•Durable Fully Vitrified Porcelain\n•Twice-Fired Process\n•High Temperature Firing\n•Conforms to BS4034 Vitrified Hotelware\n•Refined Shape\n•Polished Foot\n•Textured Matt White Glaze\n•Artisanal Accent Glaze","The Sereno Strato collection draws inspiration from the layers and movement of the upper atmosphere. Its natural, sweeping lines evoke a sense of elevation and movement, offering a modern canvas for creative plating.\n•Durable Fully Vitrified Porcelain: High-temperature firing creates a robust and long-lasting product, ideal for professional use\n•Twice-Fired Process: Enhances strength, durability, and the unique glaze finish, ensuring each piece performs in demanding environments\n•Conforms to Industry Standards: Meets BS4034 standards for vitrified hotelware, ensuring exceptional durability and quality in demanding environments\n•Refined Shapes: Beautifully crafted, contemporary shapes that enhance the overall elegance of the collection\n•Polished Foot: Minimises damage when stacked and stored, helping to maintain the integrity of each piece over time\n•Textured Matt White Glaze: The soft matt white glaze with subtle texture adds sophistication and a modern touch to any dining setting\n•Artisanal Accent Glaze: Each piece is finished with an accent glaze, highlighting the artisanal craftsmanship","Each","5020403701484","26","26","2.6","0.00176",{"v":0.82,"d":"0.820"},"05020403701491",6,"27","11.5","27","0.00838","4.92",{"v":6,"d":"6.000"},"05020403701507",12,"30","27","30","0.02430","9.84",{"v":12,"d":"12.000"},null,480,"https://files.plytix.com/api/v1.1/file/public_files/pim/assets/8a/8d/8f/62/628f8d8abb3a1aaaf0e8f149/images/a1/37/82/68/688237a103c05567ef5fa388/TH_CP-SST26.jpg","https://files.plytix.com/api/v1.1/file/public_files/pim/assets/8a/8d/8f/62/628f8d8abb3a1aaaf0e8f149/images/b9/29/82/68/688229b9a81af439e7f6c040/CP-SST26_A.jpg|https://files.plytix.com/api/v1.1/file/public_files/pim/assets/8a/8d/8f/62/628f8d8abb3a1aaaf0e8f149/images/ba/29/82/68/688229baa81af439e7f6c042/CP-SST26_B.jpg|https://files.plytix.com/api/v1.1/file/public_files/pim/assets/8a/8d/8f/62/628f8d8abb3a1aaaf0e8f149/images/b0/b8/8c/68/688cb8b087c81ce5653e2b6b/CP-SST26.jpg","https://files.plytix.com/api/v1.1/file/public_files/pim/assets/8a/8d/8f/62/628f8d8abb3a1aaaf0e8f149/images/fd/1e/7e/68/687e1efd5ff968b9dfce9a28/LFST0925161.jpg|https://files.plytix.com/api/v1.1/file/public_files/pim/assets/8a/8d/8f/62/628f8d8abb3a1aaaf0e8f149/images/63/1f/7e/68/687e1f632a03861c91eda54a/LFST0925177.jpg","https://www.nevilleuk.com/products/CP-SST26_",null,"CP-SAL26|CP-SCR26"]
["CP-SST21","Sereno Porcelain Strato Coupe Plate 21.5cm","21.5 x 2.4cm (Dia x H)",12.72,6,"Sereno Tableware>Sereno Porcelain Strato",null,"Yes",null,215,215,24,0.455,0.455,null,null,"Porcelain","6911100090","China",null,null,"Yes","Yes","Yes","Yes",{"$nulls":6},"\n•Durable Fully Vitrified Porcelain\n•Twice-Fired Process\n•High Temperature Firing\n•Conforms to BS4034 Vitrified Hotelware\n•Refined Shape\n•Polished Foot\n•Textured Matt White Glaze\n•Artisanal Accent Glaze","The Sereno Strato collection draws inspiration from the layers and movement of the upper atmosphere. Its natural, sweeping lines evoke a sense of elevation and movement, offering a modern canvas for creative plating.\n•Durable Fully Vitrified Porcelain: High-temperature firing creates a robust and long-lasting product, ideal for professional use\n•Twice-Fired Process: Enhances strength, durability, and the unique glaze finish, ensuring each piece performs in demanding environments\n•Conforms to Industry Standards: Meets BS4034 standards for vitrified hotelware, ensuring exceptional durability and quality in demanding environments\n•Refined Shapes: Beautifully crafted, contemporary shapes that enhance the overall elegance of the collection\n•Polished Foot: Minimises damage when stacked and stored, helping to maintain the integrity of each piece over time\n•Textured Matt White Glaze: The soft matt white glaze with subtle texture adds sophistication and a modern touch to any dining setting\n•Artisanal Accent Glaze: Each piece is finished with an accent glaze, highlighting the artisanal craftsmanship","Each","5020403701453","21.5","21.5","2.4","0.00111",0.455,"05020403701460",6,"23","11.5","23","0.00608","2.73",{"v":3,"d":"3.000"},"05020403701477",24,"52","26","26","0.03515","10.92",{"v":12,"d":"12.000"},null,840,"https://files.plytix.com/api/v1.1/file/public_files/pim/assets/8a/8d/8f/62/628f8d8abb3a1aaaf0e8f149/images/a1/37/82/68/688237a19544f7f72c09fc94/TH_CP-SST21.jpg","https://files.plytix.com/api/v1.1/file/public_files/pim/assets/8a/8d/8f/62/628f8d8abb3a1aaaf0e8f149/images/b8/29/82/68/688229b89544f7f72c09f8a0/CP-SST21_A.jpg|https://files.plytix.com/api/v1.1/file/public_files/pim/assets/8a/8d/8f/62/628f8d8abb3a1aaaf0e8f149/images/b9/29/82/68/688229b99544f7f72c09f8a1/CP-SST21_B.jpg|https://files.plytix.com/api/v1.1/file/public_files/pim/assets/8a/8d/8f/62/628f8d8abb3a1aaaf0e8f149/images/ae/b8/8c/68/688cb8aef893fc39de49aa35/CP-SST21.jpg","https://files.plytix.com/api/v1.1/file/public_files/pim/assets/8a/8d/8f/62/628f8d8abb3a1aaaf0e8f149/images/6f/1f/7e/68/687e1f6f5ff968b9dfce9a44/LFST0925179.jpg|https://files.plytix.com/api/v1.1/file/public_files/pim/assets/8a/8d/8f/62/628f8d8abb3a1aaaf0e8f149/images/38/1f/7e/68/687e1f38dd3cffb0b9ad725e/LFST0925170.jpg","https://www.nevilleuk.com/products/CP-SST21_",null,"CP-SAL21|CP-SCR21"]
["CP-SST18","Sereno Porcelain Strato Coupe Plate 18cm","18 x 2.2cm (Dia x H)",10.84,6,"Sereno Tableware>Sereno Porcelain Strato",null,"Yes",null,180,180,20,{"v":0.33,"d":"0.330"},{"v":0.33,"d":"0.330"},null,null,"Porcelain","6911100090","China",null,null,"Yes","Yes","Yes","Yes",{"$nulls":6},"\n•Durable Fully Vitrified Porcelain\n•Twice-Fired Process\n•High Temperature Firing\n•Conforms to BS4034 Vitrified Hotelware\n•Refined Shape\n•Polished Foot\n•Textured Matt White Glaze\n•Artisanal Accent Glaze","The Sereno Strato collection draws inspiration from the layers and movement of the upper atmosphere. Its natural, sweeping lines evoke a sense of elevation and movement, offering a modern canvas for creative plating.\n•Durable Fully Vitrified Porcelain: High-temperature firing creates a robust and long-lasting product, ideal for professional use\n•Twice-Fired Process: Enhances strength, durability, and the unique glaze finish, ensuring each piece performs in demanding environments\n•Conforms to Industry Standards: Meets BS4034 standards for vitrified hotelware, ensuring exceptional durability and quality in demanding environments\n•Refined Shapes: Beautifully crafted, contemporary shapes that enhance the overall elegance of the collection\n•Polished Foot: Minimises damage when stacked and stored, helping to maintain the integrity of each piece over time\n•Textured Matt White Glaze: The soft matt white glaze with subtle texture adds sophistication and a modern touch to any dining setting\n•Artisanal Accent Glaze: Each piece is finished with an accent glaze, highlighting the artisanal craftsmanship","Each","5020403701422","18","18","2","0.00065",{"v":0.33,"d":"0.330"},"05020403701439",6,"19.5","11.5","19.5","0.00437","1.98",{"v":2.5,"d":"2.500"},"05020403701446",36,"42","39","22","0.03604","11.88",{"v":15,"d":"15.000"},null,1260,"https://files.plytix.com/api/v1.1/file/public_files/pim/assets/8a/8d/8f/62/628f8d8abb3a1aaaf0e8f149/images/a0/37/82/68/688237a0a81af439e7f6c580/TH_CP-SST18.jpg","https://files.plytix.com/api/v1.1/file/public_files/pim/assets/8a/8d/8f/62/628f8d8abb3a1aaaf0e8f149/images/b7/29/82/68/688229b7a81af439e7f6c03d/CP-SST18_A.jpg|https://files.plytix.com/api/v1.1/file/public_files/pim/assets/8a/8d/8f/62/628f8d8abb3a1aaaf0e8f149/images/b7/29/82/68/688229b7a81af439e7f6c03e/CP-SST18_B.jpg|https://files.plytix.com/api/v1.1/file/public_files/pim/assets/8a/8d/8f/62/628f8d8abb3a1aaaf0e8f149/images/ad/b8/8c/68/688cb8add5ef509639b46bed/CP-SST18.jpg","https://files.plytix.com/api/v1.1/file/public_files/pim/assets/8a/8d/8f/62/628f8d8abb3a1aaaf0e8f149/images/5d/1f/7e/68/687e1f5d2a03861c91eda549/LFST0925176.jpg|https://files.plytix.com/api/v1.1/file/public_files/pim/assets/8a/8d/8f/62/628f8d8abb3a1aaaf0e8f149/images/18/1f/7e/68/687e1f18dd3cffb0b9ad720d/LFST0925165.jpg|https://files.plytix.com/api/v1.1/file/public_files/pim/assets/8a/8d/8f/62/628f8d8abb3a1aaaf0e8f149/images/9e/1f/7e/68/687e1f9e5ff968b9dfce9a46/LFST0925186.jpg","https://www.nevilleuk.com/products/CP-SST18_",null,"CP-SAL18|CP-SCR18"]
["CB-SST22","Sereno Porcelain Strato Coupe Bowl 22.5cm","22.5 x 6.5cm (Dia x H) - 1.5L/52.8oz",20.12,6,"Sereno Tableware>Sereno Porcelain Strato",null,"Yes",null,223,223,68,0.951,0.951,{"v":150,"d":"150.00"},"52.8","Porcelain","6911100090","China",null,null,"Yes","Yes","Yes","Yes",{"$nulls":6},"\n•Durable Fully Vitrified Porcelain\n•Twice-Fired Process\n•High Temperature Firing\n•Conforms to BS4034 Vitrified Hotelware\n•Refined Shape\n•Polished Foot\n•Textured Matt White Glaze\n•Artisanal Accent Glaze","The Sereno Strato collection draws inspiration from the layers and movement of the upper atmosphere. Its natural, sweeping lines evoke a sense of elevation and movement, offering a modern canvas for creative plating.\n•Durable Fully Vitrified Porcelain: High-temperature firing creates a robust and long-lasting product, ideal for professional use\n•Twice-Fired Process: Enhances strength, durability, and the unique glaze finish, ensuring each piece performs in demanding environments\n•Conforms to Industry Standards: Meets BS4034 standards for vitrified hotelware, ensuring exceptional durability and quality in demanding environments\n•Refined Shapes: Beautifully crafted, contemporary shapes that enhance the overall elegance of the collection\n•Polished Foot: Minimises damage when stacked and stored, helping to maintain the integrity of each piece over time\n•Textured Matt White Glaze: The soft matt white glaze with subtle texture adds sophistication and a modern touch to any dining setting\n•Artisanal Accent Glaze: Each piece is finished with an accent glaze, highlighting the artisanal craftsmanship","Each","5020403701392","22.3","22.3","6.8","0.00338",0.951,"05020403701408",6,"27","24.5","24.5","0.01621","5.706",{"v":7,"d":"7.000"},"05020403701415",18,"78","30","28","0.06552","17.118",{"v":21,"d":"21.000"},null,450,"https://files.plytix.com/api/v1.1/file/public_files/pim/assets/8a/8d/8f/62/628f8d8abb3a1aaaf0e8f149/images/9d/37/82/68/6882379d0d779e27ece5e1c3/TH_CB-SST22.jpg","https://files.plytix.com/api/v1.1/file/public_files/pim/assets/8a/8d/8f/62/628f8d8abb3a1aaaf0e8f149/images/9a/29/82/68/6882299a0d779e27ece5dce0/CB-SST22_A.jpg|https://files.plytix.com/api/v1.1/file/public_files/pim/assets/8a/8d/8f/62/628f8d8abb3a1aaaf0e8f149/images/9b/29/82/68/6882299b03c05567ef5f9edf/CB-SST22_B.jpg|https://files.plytix.com/api/v1.1/file/public_files/pim/assets/8a/8d/8f/62/628f8d8abb3a1aaaf0e8f149/images/9b/29/82/68/6882299b03c05567ef5f9ee0/CB-SST22_C.jpg","https://files.plytix.com/api/v1.1/file/public_files/pim/assets/8a/8d/8f/62/628f8d8abb3a1aaaf0e8f149/images/87/1f/7e/68/687e1f875c3aa1d901c6eac1/LFST0925183.jpg|https://files.plytix.com/api/v1.1/file/public_files/pim/assets/8a/8d/8f/62/628f8d8abb3a1aaaf0e8f149/images/f6/1e/7e/68/687e1ef65ff968b9dfce9a22/LFST0925160.jpg","https://www.nevilleuk.com/products/CB-SST22_",null,"CB-SAL22|CB-SCR22"]
["CB-SST20","Sereno Porcelain Strato Coupe Bowl 20cm","20 x 6cm (Dia x H) - 1.1L/38.7oz",17.76,6,"Sereno Tableware>Sereno Porcelain Strato",null,"Yes",null,200,200,60,0.564,0.564,{"v":110,"d":"110.00"},"38.7","Porcelain","6911100090","China",null,null,"Yes","Yes","Yes","Yes",{"$nulls":6},"\n•Durable Fully Vitrified Porcelain\n•Twice-Fired Process\n•High Temperature Firing\n•Conforms to BS4034 Vitrified Hotelware\n•Refined Shape\n•Polished Foot\n•Textured Matt White Glaze\n•Artisanal Accent Glaze","The Sereno Strato collection draws inspiration from the layers and movement of the upper atmosphere. Its natural, sweeping lines evoke a sense of elevation and movement, offering a modern canvas for creative plating.\n•Durable Fully Vitrified Porcelain: High-temperature firing creates a robust and long-lasting product, ideal for professional use\n•Twice-Fired Process: Enhances strength, durability, and the unique glaze finish, ensuring each piece performs in demanding environments\n•Conforms to Industry Standards: Meets BS4034 standards for vitrified hotelware, ensuring exceptional durability and quality in demanding environments\n•Refined Shapes: Beautifully crafted, contemporary shapes that enhance the overall elegance of the collection\n•Polished Foot: Minimises damage when stacked and stored, helping to maintain the integrity of each piece over time\n•Textured Matt White Glaze: The soft matt white glaze with subtle texture adds sophistication and a modern touch to any dining setting\n•Artisanal Accent Glaze: Each piece is finished with an accent glaze, highlighting the artisanal craftsmanship","Each","5020403701361","20","20","6","0.00240",0.564,"05020403701378",6,"23.5","21.5","21.5","0.01086","3.384",{"v":4,"d":"4.000"},"05020403701385",24,"47","26","47","0.05743","13.536",{"v":16,"d":"16.000"},null,288,"https://files.plytix.com/api/v1.1/file/public_files/pim/assets/8a/8d/8f/62/628f8d8abb3a1aaaf0e8f149/images/9c/37/82/68/6882379ce49aeb157cd62a73/TH_CB-SST20.jpg","https://files.plytix.com/api/v1.1/file/public_files/pim/assets/8a/8d/8f/62/628f8d8abb3a1aaaf0e8f149/images/97/29/82/68/68822997a81af439e7f6c022/CB-SST20_A.jpg|https://files.plytix.com/api/v1.1/file/public_files/pim/assets/8a/8d/8f/62/628f8d8abb3a1aaaf0e8f149/images/98/29/82/68/6882299803c05567ef5f9ed7/CB-SST20_B.jpg|https://files.plytix.com/api/v1.1/file/public_files/pim/assets/8a/8d/8f/62/628f8d8abb3a1aaaf0e8f149/images/99/29/82/68/688229990d779e27ece5dcde/CB-SST20_C.jpg",null,"https://www.nevilleuk.com/products/CB-SST20_",null,"CB-SAL20|CB-SCR20"]
["CB-SST18","Sereno Porcelain Strato Coupe Bowl 18.5cm","18.5 x 5.2cm (Dia x H) - 90cl/31.7oz",{"v":16.4,"d":"16.40"},6,"Sereno Tableware>Sereno Porcelain Strato",null,"Yes",null,187,187,550,0.513,0.513,{"v":90,"d":"90.00"},"31.7","Porcelain","6911100090","China",null,null,"Yes","Yes","Yes","Yes",{"$nulls":6},"\n•Durable Fully Vitrified Porcelain\n•Twice-Fired Process\n•High Temperature Firing\n•Conforms to BS4034 Vitrified Hotelware\n•Refined Shape\n•Polished Foot\n•Textured Matt White Glaze\n•Artisanal Accent Glaze","The Sereno Strato collection draws inspiration from the layers and movement of the upper atmosphere. Its natural, sweeping lines evoke a sense of elevation and movement, offering a modern canvas for creative plating.\n•Durable Fully Vitrified Porcelain: High-temperature firing creates a robust and long-lasting product, ideal for professional use\n•Twice-Fired Process: Enhances strength, durability, and the unique glaze finish, ensuring each piece performs in demanding environments\n•Conforms to Industry Standards: Meets BS4034 standards for vitrified hotelware, ensuring exceptional durability and quality in demanding environments\n•Refined Shapes: Beautifully crafted, contemporary shapes that enhance the overall elegance of the collection\n•Polished Foot: Minimises damage when stacked and stored, helping to maintain the integrity of each piece over time\n•Textured Matt White Glaze: The soft matt white glaze with subtle texture adds sophistication and a modern touch to any dining setting\n•Artisanal Accent Glaze: Each piece is finished with an accent glaze, highlighting the artisanal craftsmanship","Each","5020403701330","18.7","18.7","55","0.01923",0.513,"05020403701347",6,"23.5","20.5","20.5","0.00988","3.078",{"v":3.5,"d":"3.500"},"05020403701354",24,"45","26","45","0.05265","12.312",{"v":14,"d":"14.000"},null,576,"https://files.plytix.com/api/v1.1/file/public_files/pim/assets/8a/8d/8f/62/628f8d8abb3a1aaaf0e8f149/images/9c/37/82/68/6882379c0d779e27ece5e1c2/TH_CB-SST18.jpg","https://files.plytix.com/api/v1.1/file/public_files/pim/assets/8a/8d/8f/62/628f8d8abb3a1aaaf0e8f149/images/95/29/82/68/688229959544f7f72c09f89e/CB-SST18_A.jpg|https://files.plytix.com/api/v1.1/file/public_files/pim/assets/8a/8d/8f/62/628f8d8abb3a1aaaf0e8f149/images/96/29/82/68/688229960d779e27ece5dcd6/CB-SST18_B.jpg|https://files.plytix.com/api/v1.1/file/public_files/pim/assets/8a/8d/8f/62/628f8d8abb3a1aaaf0e8f149/images/97/29/82/68/688229970d779e27ece5dcd7/CB-SST18_C.jpg","https://files.plytix.com/api/v1.1/file/public_files/pim/assets/8a/8d/8f/62/628f8d8abb3a1aaaf0e8f149/images/51/1f/7e/68/687e1f51dd3cffb0b9ad7266/LFST0925174.jpg|https://files.plytix.com/api/v1.1/file/public_files/pim/assets/8a/8d/8f/62/628f8d8abb3a1aaaf0e8f149/images/4b/1f/7e/68/687e1f4b5ff968b9dfce9a3b/LFST0925173.jpg|https://files.plytix.com/api/v1.1/file/public_files/pim/assets/8a/8d/8f/62/628f8d8abb3a1aaaf0e8f149/images/11/1f/7e/68/687e1f112a03861c91eda51a/LFST0925164.jpg","https://www.nevilleuk.com/products/CB-SST18_",null,"CB-SAL18|CB-SCR18"]
["CUP-SST25","Sereno Porcelain Strato Coffee Cup 25cl/8.75oz","12.5 x 9.7 x 6cm (L x Dia x H)",{"v":8.5,"d":"8.50"},6,"Sereno Tableware>Sereno Porcelain Strato",null,"Yes",null,122,97,59,0.333,0.333,{"v":25,"d":"25.00"},"8.8","Porcelain","6911100090","China",null,null,"Yes","Yes","Yes","Yes",{"$nulls":6},"\n•Durable Fully Vitrified Porcelain\n•Twice-Fired Process\n•High Temperature Firing\n•Conforms to BS4034 Vitrified Hotelware\n•Refined Shape\n•Polished Foot\n•Textured Matt White Glaze\n•Artisanal Accent Glaze","The Sereno Strato collection draws inspiration from the layers and movement of the upper atmosphere. Its natural, sweeping lines evoke a sense of elevation and movement, offering a modern canvas for creative plating.\n•Durable Fully Vitrified Porcelain: High-temperature firing creates a robust and long-lasting product, ideal for professional use\n•Twice-Fired Process: Enhances strength, durability, and the unique glaze finish, ensuring each piece performs in demanding environments\n•Conforms to Industry Standards: Meets BS4034 standards for vitrified hotelware, ensuring exceptional durability and quality in demanding environments\n•Refined Shapes: Beautifully crafted, contemporary shapes that enhance the overall elegance of the collection\n•Polished Foot: Minimises damage when stacked and stored, helping to maintain the integrity of each piece over time\n•Textured Matt White Glaze: The soft matt white glaze with subtle texture adds sophistication and a modern touch to any dining setting\n•Artisanal Accent Glaze: Each piece is finished with an accent glaze, highlighting the artisanal craftsmanship","Each","5020403701309","12.2","9.7","5.9","0.00070",0.333,"05020403701316",6,"29.5","20.5","6.5","0.00393","1.998",2.333,"05020403701323",36,"44","32","23","0.03238","11.988",{"v":14,"d":"14.000"},null,864,"https://files.plytix.com/api/v1.1/file/public_files/pim/assets/8a/8d/8f/62/628f8d8abb3a1aaaf0e8f149/images/a4/37/82/68/688237a484708e1f953fa596/TH_CUP-SST25.jpg","https://files.plytix.com/api/v1.1/file/public_files/pim/assets/8a/8d/8f/62/628f8d8abb3a1aaaf0e8f149/images/c8/29/82/68/688229c89544f7f72c09f8a8/CUP-SST25.jpg|https://files.plytix.com/api/v1.1/file/public_files/pim/assets/8a/8d/8f/62/628f8d8abb3a1aaaf0e8f149/images/c8/29/82/68/688229c803c05567ef5f9f02/CUP-SST25_A.jpg",null,"https://www.nevilleuk.com/products/CUP-SST25_","SCR-SST16","CUP-SAL25|CUP-SCR25"]
["CUP-SST9","Sereno Porcelain Strato Espresso Cup 9cl/3oz","8.5 x 6.5 x 5cm (L x Dia x H)",5.22,6,"Sereno Tableware>Sereno Porcelain Strato",null,"Yes",null,85,63,50,{"v":0.09,"d":"0.090"},{"v":0.09,"d":"0.090"},{"v":9,"d":"9.00"},"3.2","Porcelain","6911100090","China",null,null,"Yes","Yes","Yes","Yes",{"$nulls":6},"\n•Durable Fully Vitrified Porcelain\n•Twice-Fired Process\n•High Temperature Firing\n•Conforms to BS4034 Vitrified Hotelware\n•Refined Shape\n•Polished Foot\n•Textured Matt White Glaze\n•Artisanal Accent Glaze","The Sereno Strato collection draws inspiration from the layers and movement of the upper atmosphere. Its natural, sweeping lines evoke a sense of elevation and movement, offering a modern canvas for creative plating.\n•Durable Fully Vitrified Porcelain: High-temperature firing creates a robust and long-lasting product, ideal for professional use\n•Twice-Fired Process: Enhances strength, durability, and the unique glaze finish, ensuring each piece performs in demanding environments\n•Conforms to Industry Standards: Meets BS4034 standards for vitrified hotelware, ensuring exceptional durability and quality in demanding environments\n•Refined Shapes: Beautifully crafted, contemporary shapes that enhance the overall elegance of the collection\n•Polished Foot: Minimises damage when stacked and stored, helping to maintain the integrity of each piece over time\n•Textured Matt White Glaze: The soft matt white glaze with subtle texture adds sophistication and a modern touch to any dining setting\n•Artisanal Accent Glaze: Each piece is finished with an accent glaze, highlighting the artisanal craftsmanship","Each","5020403701279","8.5","6.3","5","0.00027",{"v":0.09,"d":"0.090"},"05020403701286",6,"20.5","14","5.5","0.00158","0.54",0.833,"05020403701293",72,"43","31","20","0.02666","6.48",{"v":10,"d":"10.000"},null,3024,"https://files.plytix.com/api/v1.1/file/public_files/pim/assets/8a/8d/8f/62/628f8d8abb3a1aaaf0e8f149/images/a4/37/82/68/688237a484708e1f953fa595/TH_CUP-SST9.jpg","https://files.plytix.com/api/v1.1/file/public_files/pim/assets/8a/8d/8f/62/628f8d8abb3a1aaaf0e8f149/images/c7/29/82/68/688229c703c05567ef5f9f01/CUP-SST9.jpg|https://files.plytix.com/api/v1.1/file/public_files/pim/assets/8a/8d/8f/62/628f8d8abb3a1aaaf0e8f149/images/c7/29/82/68/688229c7e49aeb157cd625f5/CUP-SST9_A.jpg",null,"https://www.nevilleuk.com/products/CUP-SST9_","SCR-SST12","CUP-SAL9|CUP-SCR9"]
["BW-KMD11","Kozo Porcelain Midori Round Bowl 11.5cm","11.5 x 6.4cm (Dia x H) - 34cl/12oz",11.63,6,"Kozo Porcelain>Kozo Porcelain Midori",null,"Yes",null,120,115,66,{"v":0.27,"d":"0.270"},{"v":0.27,"d":"0.270"},{"v":34,"d":"34.00"},"12","Porcelain","6911100090","China",null,null,"Yes","Yes","Yes","Yes",{"$nulls":6},"\n•Durable Fully Vitrified Porcelain\n•Twice-Fired Process\n•Conforms to Industry Standards\n•Organic Forms\n•Rolled Edges\n•Polished Foot\n•Unique Artisanal Finish","Kozo Porcelain embraces the quiet beauty of imperfection and the artistry of nature. This refined collection captures the spirit of Japanese minimalism, where form, texture, and subtle detail come together in perfect harmony.\n•Durable Fully Vitrified Porcelain: High-temperature firing creates a robust and long-lasting product, ideal for professional use\n•Twice-Fired Process: Enhances strength, durability, and the unique glaze finish, ensuring each piece performs in demanding environments\n•Conforms to Industry Standards: Meets BS4034 standards for vitrified hotelware, ensuring exceptional durability and quality in demanding environments\n•Organic Forms: Each piece reflects the handmade aesthetic, evoking a sense of calm and authenticity\n•Rolled Edges: Enhances durability and provides added chip resistance, making it ideal for hotel, restaurant, and foodservice applications\n•Polished Foot: Minimises damage when stacked and stored, helping to maintain the integrity of each piece over time\n•Unique Artisanal Finish: The natural kiln effects and spontaneous glaze reactions ensure every piece is truly one of a kind","Each",null,"12","11.5","6.6","0.00091",{"v":0.27,"d":"0.270"},"05020403770268",6,"23","13","14","0.00419","1.62",{"v":2,"d":"2.000"},"05020403770275",36,"42","24","30","0.03024","9.72",{"v":12,"d":"12.000"},null,720,"https://files.plytix.com/api/v1.1/file/public_files/pim/assets/8a/8d/8f/62/628f8d8abb3a1aaaf0e8f149/images/9c/37/82/68/6882379c0d779e27ece5e1c0/TH_BW-KMD11.jpg","https://files.plytix.com/api/v1.1/file/public_files/pim/assets/8a/8d/8f/62/628f8d8abb3a1aaaf0e8f149/images/8a/29/82/68/6882298a0d779e27ece5dcd1/BW-KMD11.jpg","https://files.plytix.com/api/v1.1/file/public_files/pim/assets/8a/8d/8f/62/628f8d8abb3a1aaaf0e8f149/images/38/1d/7e/68/687e1d38777134bb259390bc/LFST0925114.jpg|https://files.plytix.com/api/v1.1/file/public_files/pim/assets/8a/8d/8f/62/628f8d8abb3a1aaaf0e8f149/images/0b/1d/7e/68/687e1d0bdd3cffb0b9ad71b1/LFST0925105.jpg|https://files.plytix.com/api/v1.1/file/public_files/pim/assets/8a/8d/8f/62/628f8d8abb3a1aaaf0e8f149/images/29/1d/7e/68/687e1d295ff968b9dfce99da/LFST0925111.jpg","https://www.nevilleuk.com/products/BW-KMD11_",null,"BW-KSH11"]
["RAM-KMD4","Kozo Porcelain Midori Ramekin 14cl/ 5oz","9 x 4.4cm (Dia x H) - 14cl/5oz",8.32,12,"Kozo Porcelain>Kozo Porcelain Midori",null,"Yes",null,93,90,45,{"v":0.13,"d":"0.130"},{"v":0.13,"d":"0.130"},{"v":14,"d":"14.00"},"4.9","Porcelain","6911100090","China",null,null,"Yes","Yes","Yes","Yes",{"$nulls":6},"\n•Durable Fully Vitrified Porcelain\n•Twice-Fired Process\n•Conforms to Industry Standards\n•Organic Forms\n•Rolled Edges\n•Polished Foot\n•Unique Artisanal Finish","Kozo Porcelain embraces the quiet beauty of imperfection and the artistry of nature. This refined collection captures the spirit of Japanese minimalism, where form, texture, and subtle detail come together in perfect harmony.\n•Durable Fully Vitrified Porcelain: High-temperature firing creates a robust and long-lasting product, ideal for professional use\n•Twice-Fired Process: Enhances strength, durability, and the unique glaze finish, ensuring each piece performs in demanding environments\n•Conforms to Industry Standards: Meets BS4034 standards for vitrified hotelware, ensuring exceptional durability and quality in demanding environments\n•Organic Forms: Each piece reflects the handmade aesthetic, evoking a sense of calm and authenticity\n•Rolled Edges: Enhances durability and provides added chip resistance, making it ideal for hotel, restaurant, and foodservice applications\n•Polished Foot: Minimises damage when stacked and stored, helping to maintain the integrity of each piece over time\n•Unique Artisanal Finish: The natural kiln effects and spontaneous glaze reactions ensure every piece is truly one of a kind","Each",null,"9.3","9","4.5","0.00038",{"v":0.13,"d":"0.130"},"05020403770237",12,"20","16","11","0.00352","1.56",1.625,"05020403770244",96,"43","31","25","0.03333","12.48",{"v":13,"d":"13.000"},null,2304,"https://files.plytix.com/api/v1.1/file/public_files/pim/assets/8a/8d/8f/62/628f8d8abb3a1aaaf0e8f149/images/af/37/82/68/688237af9544f7f72c09fc9a/TH_RAM-KMD4.jpg","https://files.plytix.com/api/v1.1/file/public_files/pim/assets/8a/8d/8f/62/628f8d8abb3a1aaaf0e8f149/images/6b/2a/82/68/68822a6b9544f7f72c09f8ca/RAM-KMD4.jpg","https://files.plytix.com/api/v1.1/file/public_files/pim/assets/8a/8d/8f/62/628f8d8abb3a1aaaf0e8f149/images/eb/1c/7e/68/687e1ceb777134bb259390b2/LFST0925099.jpg|https://files.plytix.com/api/v1.1/file/public_files/pim/assets/8a/8d/8f/62/628f8d8abb3a1aaaf0e8f149/images/0b/1d/7e/68/687e1d0bdd3cffb0b9ad71b1/LFST0925105.jpg|https://files.plytix.com/api/v1.1/file/public_files/pim/assets/8a/8d/8f/62/628f8d8abb3a1aaaf0e8f149/images/01/1d/7e/68/687e1d01777134bb259390b7/LFST0925103.jpg|https://files.plytix.com/api/v1.1/file/public_files/pim/assets/8a/8d/8f/62/628f8d8abb3a1aaaf0e8f149/images/e0/1c/7e/68/687e1ce05c3aa1d901c6ea48/LFST0925097.jpg","https://www.nevilleuk.com/products/RAM-KMD4_",null,"RAM-KSH4"]
["BW-ISC16","Incise Porcelain Scalloped Side Bowl 16cm","16 x 6.5cm (Dia x H) - 72cl/25.3oz",8.12,6,"Incise Porcelain>Incise Porcelain Scalloped",null,"Yes",null,159,159,65,{"v":0.32,"d":"0.320"},{"v":0.32,"d":"0.320"},{"v":72,"d":"72.00"},"25.3","Porcelain","6911100090","China",null,null,"Yes","Yes","Yes","Yes",{"$nulls":6},"\n•Durable Fully Vitrified Porcelain\n•Twice-Fired Process\n•High Temperature Firing\n•Conforms to BS4034 Vitrified Hotelware\n•Scalloped Design\n•Rolled Edges\n•Polished Foot\n•Durable Bright White Glaze","The Incise Scalloped Porcelain Collection brings timeless elegance and classic charm to the modern table. Defined by its beautifully curved edges and soft undulating form, each plate adds a graceful touch that enhances both casual and fine dining experiences.\n•Durable Fully Vitrified Porcelain: High-temperature firing creates a robust and long-lasting product, ideal for professional use\n•Twice-Fired Process: Enhances strength and durability, ensuring each piece performs in demanding environments\n•Conforms to Industry Standards: Meets BS4034 standards for vitrified hotelware, ensuring exceptional durability and quality in demanding environments\n•Rolled Edges: Enhances durability and provides added chip resistance, making it ideal for hotel, restaurant, and foodservice applications\n•Scalloped Edges: Each piece features embossed edges, adding a beautiful, textured aesthetic that enhances food presentation\n•Polished Foot: Minimises damage when stacked and stored, helping to maintain the integrity of each piece over time\n•Durable Bright White Glaze: Features a high-quality, glossy white glaze that enhances durability while providing a sleek, sophisticated finish resistant to stains and scratches\n•Perfect for Upscale Settings: Designed to complement gastro pubs, fine dining establishments and high-end hospitality venues","Each","5020403731092","15.9","15.9","6.5","0.00164",{"v":0.32,"d":"0.320"},"05020403731108",6,"20.7","16.7","17","0.00588","1.92",2.667,"05020403731115",36,"54","44","20","0.04752","11.52",{"v":16,"d":"16.000"},null,756,"https://files.plytix.com/api/v1.1/file/public_files/pim/assets/8a/8d/8f/62/628f8d8abb3a1aaaf0e8f149/images/9c/37/82/68/6882379c03c05567ef5fa384/TH_BW-ISC16.jpg","https://files.plytix.com/api/v1.1/file/public_files/pim/assets/8a/8d/8f/62/628f8d8abb3a1aaaf0e8f149/images/8a/29/82/68/6882298a84708e1f953fa124/BW-ISC16.jpg",null,"https://www.nevilleuk.com/products/BW-ISC16_",null,"BW-ILV14|BW-ISL14"]
["BW-ISC13","Incise Porcelain Scalloped Side Bowl 13cm","13.2 x 5.4cm (Dia x H) - 40cl/14.1oz",{"v":6.5,"d":"6.50"},6,"Incise Porcelain>Incise Porcelain Scalloped",null,"Yes",null,132,132,54,0.218,0.218,{"v":40,"d":"40.00"},"14.1","Porcelain","6911100090","China",null,null,"Yes","Yes","Yes","Yes",{"$nulls":6},"\n•Durable Fully Vitrified Porcelain\n•Twice-Fired Process\n•High Temperature Firing\n•Conforms to BS4034 Vitrified Hotelware\n•Scalloped Design\n•Rolled Edges\n•Polished Foot\n•Durable Bright White Glaze","The Incise Scalloped Porcelain Collection brings timeless elegance and classic charm to the modern table. Defined by its beautifully curved edges and soft undulating form, each plate adds a graceful touch that enhances both casual and fine dining experiences.\n•Durable Fully Vitrified Porcelain: High-temperature firing creates a robust and long-lasting product, ideal for professional use\n•Twice-Fired Process: Enhances strength and durability, ensuring each piece performs in demanding environments\n•Conforms to Industry Standards: Meets BS4034 standards for vitrified hotelware, ensuring exceptional durability and quality in demanding environments\n•Rolled Edges: Enhances durability and provides added chip resistance, making it ideal for hotel, restaurant, and foodservice applications\n•Scalloped Edges: Each piece features embossed edges, adding a beautiful, textured aesthetic that enhances food presentation\n•Polished Foot: Minimises damage when stacked and stored, helping to maintain the integrity of each piece over time\n•Durable Bright White Glaze: Features a high-quality, glossy white glaze that enhances durability while providing a sleek, sophisticated finish resistant to stains and scratches\n•Perfect for Upscale Settings: Designed to complement gastro pubs, fine dining establishments and high-end hospitality venues","Each","5020403731061","13.2","13.2","5.4","0.00094",0.218,"05020403731078",6,"17.5","14","14.3","0.00350","1.308",{"v":1.75,"d":"1.750"},"05020403731085",48,"37","31","32","0.03670","10.464",{"v":14,"d":"14.000"},null,1152,"https://files.plytix.com/api/v1.1/file/public_files/pim/assets/8a/8d/8f/62/628f8d8abb3a1aaaf0e8f149/images/9a/37/82/68/6882379a03c05567ef5fa383/TH_BW-ISC13.jpg","https://files.plytix.com/api/v1.1/file/public_files/pim/assets/8a/8d/8f/62/628f8d8abb3a1aaaf0e8f149/images/89/29/82/68/688229890d779e27ece5dcd0/BW-ISC13.jpg","https://files.plytix.com/api/v1.1/file/public_files/pim/assets/8a/8d/8f/62/628f8d8abb3a1aaaf0e8f149/images/62/1c/7e/68/687e1c625ff968b9dfce99a6/LFST0925071.jpg","https://www.nevilleuk.com/products/BW-ISC13_",null,"BW-ILV14|BW-ISL14"]
["CB-ISC23","Incise Porcelain Scalloped Coupe Bowl 23cm","23 x 5.4cm (Dia x H) - 1.1L/38.7oz",13.04,6,"Incise Porcelain>Incise Porcelain Scalloped",null,"Yes",null,230,230,54,{"v":0.53,"d":"0.530"},{"v":0.53,"d":"0.530"},{"v":110,"d":"110.00"},"38.7","Porcelain","6911100090","China",null,null,"Yes","Yes","Yes","Yes",{"$nulls":6},"\n•Durable Fully Vitrified Porcelain\n•Twice-Fired Process\n•High Temperature Firing\n•Conforms to BS4034 Vitrified Hotelware\n•Scalloped Design\n•Rolled Edges\n•Polished Foot\n•Durable Bright White Glaze","The Incise Scalloped Porcelain Collection brings timeless elegance and classic charm to the modern table. Defined by its beautifully curved edges and soft undulating form, each plate adds a graceful touch that enhances both casual and fine dining experiences.\n•Durable Fully Vitrified Porcelain: High-temperature firing creates a robust and long-lasting product, ideal for professional use\n•Twice-Fired Process: Enhances strength and durability, ensuring each piece performs in demanding environments\n•Conforms to Industry Standards: Meets BS4034 standards for vitrified hotelware, ensuring exceptional durability and quality in demanding environments\n•Rolled Edges: Enhances durability and provides added chip resistance, making it ideal for hotel, restaurant, and foodservice applications\n•Scalloped Edges: Each piece features embossed edges, adding a beautiful, textured aesthetic that enhances food presentation\n•Polished Foot: Minimises damage when stacked and stored, helping to maintain the integrity of each piece over time\n•Durable Bright White Glaze: Features a high-quality, glossy white glaze that enhances durability while providing a sleek, sophisticated finish resistant to stains and scratches\n•Perfect for Upscale Settings: Designed to complement gastro pubs, fine dining establishments and high-end hospitality venues","Each","5020403731030","23","23","5.4","0.00286",{"v":0.53,"d":"0.530"},"05020403731047",6,"24.2","13.6","24.5","0.00806","3.18",{"v":4.5,"d":"4.500"},"05020403731054",24,"51","30","27","0.04131","12.72",{"v":18,"d":"18.000"},null,720,"https://files.plytix.com/api/v1.1/file/public_files/pim/assets/8a/8d/8f/62/628f8d8abb3a1aaaf0e8f149/images/9c/37/82/68/6882379c84708e1f953fa593/TH_CB-ISC23.jpg","https://files.plytix.com/api/v1.1/file/public_files/pim/assets/8a/8d/8f/62/628f8d8abb3a1aaaf0e8f149/images/92/29/82/68/6882299203c05567ef5f9ed2/CB-ISC23_A.jpg|https://files.plytix.com/api/v1.1/file/public_files/pim/assets/8a/8d/8f/62/628f8d8abb3a1aaaf0e8f149/images/93/29/82/68/688229930d779e27ece5dcd5/CB-ISC23_B.jpg|https://files.plytix.com/api/v1.1/file/public_files/pim/assets/8a/8d/8f/62/628f8d8abb3a1aaaf0e8f149/images/94/29/82/68/6882299484708e1f953fa125/CB-ISC23_C.jpg|https://files.plytix.com/api/v1.1/file/public_files/pim/assets/8a/8d/8f/62/628f8d8abb3a1aaaf0e8f149/images/94/29/82/68/688229949544f7f72c09f89d/CB-ISC23_D.jpg","https://files.plytix.com/api/v1.1/file/public_files/pim/assets/8a/8d/8f/62/628f8d8abb3a1aaaf0e8f149/images/45/1c/7e/68/687e1c455c3aa1d901c6ea26/LFST0925065.jpg","https://www.nevilleuk.com/products/CB-ISC23_",null,"CB-ILV23|CB-ISL23"]
["CB-ISC20","Incise Porcelain Scalloped Coupe Bowl 20cm","20.3 x 4.9cm (Dia x H) - 75cl/26.4oz",{"v":12.5,"d":"12.50"},6,"Incise Porcelain>Incise Porcelain Scalloped",null,"Yes",null,203,203,49,0.435,0.435,{"v":75,"d":"75.00"},"26.4","Porcelain","6911100090","China",null,null,"Yes","Yes","Yes","Yes",{"$nulls":6},"\n•Durable Fully Vitrified Porcelain\n•Twice-Fired Process\n•High Temperature Firing\n•Conforms to BS4034 Vitrified Hotelware\n•Scalloped Design\n•Rolled Edges\n•Polished Foot\n•Durable Bright White Glaze","The Incise Scalloped Porcelain Collection brings timeless elegance and classic charm to the modern table. Defined by its beautifully curved edges and soft undulating form, each plate adds a graceful touch that enhances both casual and fine dining experiences.\n•Durable Fully Vitrified Porcelain: High-temperature firing creates a robust and long-lasting product, ideal for professional use\n•Twice-Fired Process: Enhances strength and durability, ensuring each piece performs in demanding environments\n•Conforms to Industry Standards: Meets BS4034 standards for vitrified hotelware, ensuring exceptional durability and quality in demanding environments\n•Rolled Edges: Enhances durability and provides added chip resistance, making it ideal for hotel, restaurant, and foodservice applications\n•Scalloped Edges: Each piece features embossed edges, adding a beautiful, textured aesthetic that enhances food presentation\n•Polished Foot: Minimises damage when stacked and stored, helping to maintain the integrity of each piece over time\n•Durable Bright White Glaze: Features a high-quality, glossy white glaze that enhances durability while providing a sleek, sophisticated finish resistant to stains and scratches\n•Perfect for Upscale Settings: Designed to complement gastro pubs, fine dining establishments and high-end hospitality venues","Each","5020403731009","20.3","20.3","4.9","0.00202",0.435,"05020403731016",6,"21.5","12.7","21.5","0.00587","2.61",3.167,"05020403731023",36,"45","41","24","0.04428","15.66",{"v":19,"d":"19.000"},null,432,"https://files.plytix.com/api/v1.1/file/public_files/pim/assets/8a/8d/8f/62/628f8d8abb3a1aaaf0e8f149/images/9c/37/82/68/6882379c84708e1f953fa592/TH_CB-ISC20.jpg","https://files.plytix.com/api/v1.1/file/public_files/pim/assets/8a/8d/8f/62/628f8d8abb3a1aaaf0e8f149/images/8f/29/82/68/6882298f0d779e27ece5dcd4/CB-ISC20_A.jpg|https://files.plytix.com/api/v1.1/file/public_files/pim/assets/8a/8d/8f/62/628f8d8abb3a1aaaf0e8f149/images/90/29/82/68/68822990a81af439e7f6c021/CB-ISC20_B.jpg|https://files.plytix.com/api/v1.1/file/public_files/pim/assets/8a/8d/8f/62/628f8d8abb3a1aaaf0e8f149/images/91/29/82/68/68822991e49aeb157cd625ed/CB-ISC20_C.jpg|https://files.plytix.com/api/v1.1/file/public_files/pim/assets/8a/8d/8f/62/628f8d8abb3a1aaaf0e8f149/images/91/29/82/68/688229919544f7f72c09f89c/CB-ISC20_D.jpg",null,"https://www.nevilleuk.com/products/CB-ISC20_",null,"CB-ILV23|CB-ISL23"]
["CP-ISC30","Incise Porcelain Scalloped Coupe Plate 30cm","30.2cm (Dia)",14.94,6,"Incise Porcelain>Incise Porcelain Scalloped",null,"Yes",null,302,302,31,{"v":0.89,"d":"0.890"},{"v":0.89,"d":"0.890"},null,null,"Porcelain","6911100090","China",null,null,"Yes","Yes","Yes","Yes",{"$nulls":6},"\n•Durable Fully Vitrified Porcelain\n•Twice-Fired Process\n•High Temperature Firing\n•Conforms to BS4034 Vitrified Hotelware\n•Scalloped Design\n•Rolled Edges\n•Polished Foot\n•Durable Bright White Glaze","The Incise Scalloped Porcelain Collection brings timeless elegance and classic charm to the modern table. Defined by its beautifully curved edges and soft undulating form, each plate adds a graceful touch that enhances both casual and fine dining experiences.\n•Durable Fully Vitrified Porcelain: High-temperature firing creates a robust and long-lasting product, ideal for professional use\n•Twice-Fired Process: Enhances strength and durability, ensuring each piece performs in demanding environments\n•Conforms to Industry Standards: Meets BS4034 standards for vitrified hotelware, ensuring exceptional durability and quality in demanding environments\n•Rolled Edges: Enhances durability and provides added chip resistance, making it ideal for hotel, restaurant, and foodservice applications\n•Scalloped Edges: Each piece features embossed edges, adding a beautiful, textured aesthetic that enhances food presentation\n•Polished Foot: Minimises damage when stacked and stored, helping to maintain the integrity of each piece over time\n•Durable Bright White Glaze: Features a high-quality, glossy white glaze that enhances durability while providing a sleek, sophisticated finish resistant to stains and scratches\n•Perfect for Upscale Settings: Designed to complement gastro pubs, fine dining establishments and high-end hospitality venues","Each","5020403730972","30.2","30.2","3.1","0.00283",{"v":0.89,"d":"0.890"},"05020403730989",6,"31.2","11.5","31.2","0.01119","5.34",{"v":7,"d":"7.000"},"05020403730996",12,"33","26","34","0.02917","10.68",{"v":14,"d":"14.000"},null,480,"https://files.plytix.com/api/v1.1/file/public_files/pim/assets/8a/8d/8f/62/628f8d8abb3a1aaaf0e8f149/images/9e/37/82/68/6882379ea81af439e7f6c57b/TH_CP-ISC30.jpg","https://files.plytix.com/api/v1.1/file/public_files/pim/assets/8a/8d/8f/62/628f8d8abb3a1aaaf0e8f149/images/a2/29/82/68/688229a2e49aeb157cd625ef/CP-ISC30_A.jpg|https://files.plytix.com/api/v1.1/file/public_files/pim/assets/8a/8d/8f/62/628f8d8abb3a1aaaf0e8f149/images/a3/29/82/68/688229a30d779e27ece5dce7/CP-ISC30_B.jpg|https://files.plytix.com/api/v1.1/file/public_files/pim/assets/8a/8d/8f/62/628f8d8abb3a1aaaf0e8f149/images/6b/b8/8c/68/688cb86b5893f53b00521469/CP-ISC30.jpg","https://files.plytix.com/api/v1.1/file/public_files/pim/assets/8a/8d/8f/62/628f8d8abb3a1aaaf0e8f149/images/53/1c/7e/68/687e1c532a03861c91eda4a1/LFST0925068.jpg|https://files.plytix.com/api/v1.1/file/public_files/pim/assets/8a/8d/8f/62/628f8d8abb3a1aaaf0e8f149/images/28/1c/7e/68/687e1c28ad76c8ad222c8633/LFST0925059.jpg","https://www.nevilleuk.com/products/CP-ISC30_",null,"CP-ILV28|CP-ISL28"]
["SVCL8MTBK","GenWare Metallic Black Lined Serving Cup 8.5 x 8.5cm","8.5 x 8.5cm (Dia x H) 42cl/14.8oz",13.12,12,"Table Presentation>Serving Cups & Cones",null,"Yes",null,385,215,4,0.135,0.135,{"v":42,"d":"42.00"},"14.8","Stainless Steel-201","7323930090","India",null,null,"Yes","N/A","N/A","N/A",{"$nulls":6},"\n•Durable Stainless Steel\n•PTFE Metallic Coating\n•Laser Engraved Design\n•Stackable\n•Dishwasher Safe","Elevate your food presentation with the GenWare Metallic Black Lined Serving Cup. Featuring a stylish black PTFE metallic coating and a precision laser engraved line pattern, this serving cup combines function with a bold, contemporary aesthetic. Ideal for a variety of side dishes, it's the perfect addition to modern table settings where visual detail matters.\n•Durable Stainless Steel: Lightweight, strong, and easy to clean\n•PTFE Metallic Coating: For a sleek, matt metallic look\n•Laser Engraved Design: For enhanced texture and style\n•Stackable: For easy convenient storage\n•Dishwasher Safe: Easy to clean and maintain","Each",null,"38.5","21.5","0.4","0.00033",0.135,"05020403122296",12,"38.5","21.5","5.1","0.00422","1.62",{"v":1.85,"d":"1.850"},"05020403122302",96,"38.5","21.5","41","0.03394","12.96",{"v":14.8,"d":"14.800"},null,2880,"https://files.plytix.com/api/v1.1/file/public_files/pim/assets/8a/8d/8f/62/628f8d8abb3a1aaaf0e8f149/images/8d/37/82/68/6882378d9544f7f72c09fc86/TH_SVCL8MTBK.jpg","https://files.plytix.com/api/v1.1/file/public_files/pim/assets/8a/8d/8f/62/628f8d8abb3a1aaaf0e8f149/images/cf/2a/82/68/68822acfe49aeb157cd62650/SVCL8MTBK.jpg","https://files.plytix.com/api/v1.1/file/public_files/pim/assets/8a/8d/8f/62/628f8d8abb3a1aaaf0e8f149/images/fa/1f/7e/68/687e1ffa2a03861c91eda56a/LFST0925202.jpg","https://www.nevilleuk.com/products/SVCL8MTBK_",null,"SVCD8MTBK|SVCD8MTBL|SVCL8MTBL"]
["SVCL8MTBL","GenWare Metallic Blue Lined Serving Cup 8.5 x 8.5cm","8.5 x 8.5cm (Dia x H) 42cl/14.8oz",13.12,12,"Table Presentation>Serving Cups & Cones",null,"Yes",null,85,85,85,0.135,0.135,{"v":42,"d":"42.00"},"14.8","Stainless Steel-202","7323930090","India",null,null,"Yes","N/A","N/A","N/A",{"$nulls":6},"\n•Durable Stainless Steel\n•PTFE Metallic Coating\n•Laser Engraved Design\n•Stackable\n•Dishwasher Safe","Elevate your food presentation with the GenWare Metallic Blue Lined Serving Cup. Featuring a stylish blue PTFE metallic coating and a precision laser engraved line pattern, this serving cup combines function with a bold, contemporary aesthetic. Ideal for a variety of side dishes, it's the perfect addition to modern table settings where visual detail matters.\n•Durable Stainless Steel: Lightweight, strong, and easy to clean\n•PTFE Metallic Coating: For a sleek, matt metallic look\n•Laser Engraved Design: For enhanced texture and style\n•Stackable: For easy convenient storage\n•Dishwasher Safe: Easy to clean and maintain","Each",null,"8.5","8.5","8.5","0.00061",0.135,"05020403122265",12,"18.5","10","19.5","0.00361","1.62",{"v":1.85,"d":"1.850"},"05020403122272",96,"38.5","21.5","41","0.03394","12.96",{"v":14.8,"d":"14.800"},null,2880,"https://files.plytix.com/api/v1.1/file/public_files/pim/assets/8a/8d/8f/62/628f8d8abb3a1aaaf0e8f149/images/8d/37/82/68/6882378da81af439e7f6c55f/TH_SVCL8MTBL.jpg","https://files.plytix.com/api/v1.1/file/public_files/pim/assets/8a/8d/8f/62/628f8d8abb3a1aaaf0e8f149/images/cf/2a/82/68/68822acfe49aeb157cd62651/SVCL8MTBL.jpg","https://files.plytix.com/api/v1.1/file/public_files/pim/assets/8a/8d/8f/62/628f8d8abb3a1aaaf0e8f149/images/fa/1f/7e/68/687e1ffa2a03861c91eda56a/LFST0925202.jpg","https://www.nevilleuk.com/products/SVCL8MTBL_",null,"SVCD8MTBK|SVCL8MTBK|SVCD8MTBL"]
["SVCD8MTBK","GenWare Metallic Black Diamond Serving Cup 8.5 x 8.5cm","8.5 x 8.5cm (Dia x H) 42cl/14.8oz",13.12,12,"Table Presentation>Serving Cups & Cones",null,"Yes",null,85,85,85,0.135,0.135,{"v":42,"d":"42.00"},"14.8","Stainless Steel-202","7323930090","India",null,null,"Yes","N/A","N/A","N/A",{"$nulls":6},"\n•Durable Stainless Steel\n•PTFE Metallic Coating\n•Laser Engraved Design\n•Stackable\n•Dishwasher Safe","Elevate your food presentation with the GenWare Metallic Black Diamond Serving Cup. Featuring a stylish black PTFE metallic coating and a precision laser engraved diamond pattern, this serving cup combines function with a bold, contemporary aesthetic. Ideal for a variety of side dishes, it's the perfect addition to modern table settings where visual detail matters.\n•Durable Stainless Steel: Lightweight, strong, and easy to clean\n•PTFE Metallic Coating: For a sleek, matt metallic look\n•Laser Engraved Design: For enhanced texture and style\n•Stackable: For easy convenient storage\n•Dishwasher Safe: Easy to clean and maintain","Each",null,"8.5","8.5","8.5","0.00061",0.135,"05020403122234",12,"18.5","10","19.5","0.00361","1.62",{"v":1.85,"d":"1.850"},"05020403122241",96,"38.5","21.5","41","0.03394","12.96",{"v":14.8,"d":"14.800"},null,2880,"https://files.plytix.com/api/v1.1/file/public_files/pim/assets/8a/8d/8f/62/628f8d8abb3a1aaaf0e8f149/images/8d/37/82/68/6882378da81af439e7f6c55e/TH_SVCD8MTBK.jpg","https://files.plytix.com/api/v1.1/file/public_files/pim/assets/8a/8d/8f/62/628f8d8abb3a1aaaf0e8f149/images/ce/2a/82/68/68822ace9544f7f72c09f8ef/SVCD8MTBK.jpg","https://files.plytix.com/api/v1.1/file/public_files/pim/assets/8a/8d/8f/62/628f8d8abb3a1aaaf0e8f149/images/f4/1f/7e/68/687e1ff4ad76c8ad222c86dd/LFST0925201.jpg|https://files.plytix.com/api/v1.1/file/public_files/pim/assets/8a/8d/8f/62/628f8d8abb3a1aaaf0e8f149/images/ce/1f/7e/68/687e1fcead76c8ad222c86d4/LFST0925194.jpg","https://www.nevilleuk.com/products/SVCD8MTBK_",null,"SVCL8MTBK|SVCD8MTBL|SVCL8MTBL"]
["SVCD8MTBL","GenWare Metallic Blue Diamond Serving Cup 8.5 x 8.5cm","8.5 x 8.5cm (Dia x H) 42cl/14.8oz",13.12,12,"Table Presentation>Serving Cups & Cones",null,"Yes",null,85,85,85,0.135,0.135,{"v":42,"d":"42.00"},"14.8","Stainless Steel-202","7323930090","India",null,null,"Yes","N/A","N/A","N/A",{"$nulls":6},"\n•Durable Stainless Steel\n•PTFE Metallic Coating\n•Laser Engraved Design\n•Stackable\n•Dishwasher Safe","Elevate your food presentation with the GenWare Metallic Blue Diamond Serving Cup. Featuring a stylish blue PTFE metallic coating and a precision laser engraved diamond pattern, this serving cup combines function with a bold, contemporary aesthetic. Ideal for a variety of side dishes, it's the perfect addition to modern table settings where visual detail matters.\n•Durable Stainless Steel: Lightweight, strong, and easy to clean\n•PTFE Metallic Coating: For a sleek, matt metallic look\n•Laser Engraved Design: For enhanced texture and style\n•Stackable: For easy convenient storage\n•Dishwasher Safe: Easy to clean and maintain","Each",null,"8.5","8.5","8.5","0.00061",0.135,"05020403122203",12,"18.5","10","19.5","0.00361","1.62",{"v":1.85,"d":"1.850"},"05020403122210",96,"38.5","21.5","41","0.03394","12.96",{"v":14.8,"d":"14.800"},null,2880,"https://files.plytix.com/api/v1.1/file/public_files/pim/assets/8a/8d/8f/62/628f8d8abb3a1aaaf0e8f149/images/8d/37/82/68/6882378d0d779e27ece5e1a5/TH_SVCD8MTBL.jpg","https://files.plytix.com/api/v1.1/file/public_files/pim/assets/8a/8d/8f/62/628f8d8abb3a1aaaf0e8f149/images/ce/2a/82/68/68822ace84708e1f953fa175/SVCD8MTBL.jpg","https://files.plytix.com/api/v1.1/file/public_files/pim/assets/8a/8d/8f/62/628f8d8abb3a1aaaf0e8f149/images/f4/1f/7e/68/687e1ff4ad76c8ad222c86dd/LFST0925201.jpg","https://www.nevilleuk.com/products/SVCD8MTBL_",null,"SVCD8MTBK|SVCL8MTBK|SVCL8MTBL"]
["RAMSTL2MTBK","GenWare Metallic Black Lined Ramekin 71ml/ 2.5oz","6 x 4cm (Dia x H)",3.34,24,"Table Presentation>Ramekins & Sauce Bottles",null,"Yes",null,62,62,45,0.025,0.025,{"v":7.1,"d":"7.10"},"2.5","Stainless Steel-201","7323930090","India",null,null,"Yes","N/A","N/A","N/A",{"$nulls":6},"\n•Durable Stainless Steel\n•PTFE Metallic Coating\n•Laser Engraved Design\n•Stackable\n•Dishwasher Safe","Elevate your condiment presentation with the GenWare Metallic Black Lined Ramekin. Featuring a stylish black PTFE metallic coating and a precision laser engraved line pattern, this ramekin combines function with a bold, contemporary aesthetic. Ideal for sauces, dips, and olives, it's the perfect addition to modern table settings where visual detail matters.\n•Durable Stainless Steel: Lightweight, strong, and easy to clean\n•PTFE Metallic Coating: For a sleek, matt metallic look\n•Laser Engraved Design: For enhanced texture and style\n•Stackable: For easy convenient storage\n•Dishwasher Safe: Easy to clean and maintain","Each",null,"6.2","6.2","4.5","0.00017",0.025,"05020403122173",24,"14","7.5","13","0.00137","0.6",0.721,"05020403122180",288,"28","29","25","0.02030","7.2",{"v":8.65,"d":"8.650"},null,10944,"https://files.plytix.com/api/v1.1/file/public_files/pim/assets/8a/8d/8f/62/628f8d8abb3a1aaaf0e8f149/images/b0/37/82/68/688237b0e49aeb157cd62a8c/TH_RAMSTL2MTBK.jpg","https://files.plytix.com/api/v1.1/file/public_files/pim/assets/8a/8d/8f/62/628f8d8abb3a1aaaf0e8f149/images/6e/2a/82/68/68822a6e03c05567ef5f9f27/RAMSTL2MTBK.jpg",null,"https://www.nevilleuk.com/products/RAMSTL2MTBK_",null,"RAMSTD2MTBK|RAMSTD2MTBL|RAMSTL2MTBL"]
["RAMSTL2MTBL","GenWare Metallic Blue Lined Ramekin 71ml/ 2.5oz","6 x 4cm (Dia x H)",3.34,24,"Table Presentation>Ramekins & Sauce Bottles",null,"Yes",null,62,62,45,0.025,0.025,{"v":7.1,"d":"7.10"},"2.5","Stainless Steel-201","7323930090","India",null,null,"Yes","N/A","N/A","N/A",{"$nulls":6},"\n•Durable Stainless Steel\n•PTFE Metallic Coating\n•Laser Engraved Design\n•Stackable\n•Dishwasher Safe","Elevate your condiment presentation with the GenWare Metallic Blue Lined Ramekin. Featuring a stylish blue PTFE metallic coating and a precision laser engraved line pattern, this ramekin combines function with a bold, contemporary aesthetic. Ideal for sauces, dips, and olives, it's the perfect addition to modern table settings where visual detail matters.\n•Durable Stainless Steel: Lightweight, strong, and easy to clean\n•PTFE Metallic Coating: For a sleek, matt metallic look\n•Laser Engraved Design: For enhanced texture and style\n•Stackable: For easy convenient storage\n•Dishwasher Safe: Easy to clean and maintain","Each",null,"6.2","6.2","4.5","0.00017",0.025,"05020403122142",24,"14","7.5","13","0.00137","0.6",0.721,"05020403122159",288,"28","25","29","0.02030","7.2",{"v":8.65,"d":"8.650"},null,10944,"https://files.plytix.com/api/v1.1/file/public_files/pim/assets/8a/8d/8f/62/628f8d8abb3a1aaaf0e8f149/images/b0/37/82/68/688237b00d779e27ece5e1d6/TH_RAMSTL2MTBL.jpg","https://files.plytix.com/api/v1.1/file/public_files/pim/assets/8a/8d/8f/62/628f8d8abb3a1aaaf0e8f149/images/6f/2a/82/68/68822a6fe49aeb157cd62633/RAMSTL2MTBL.jpg","https://files.plytix.com/api/v1.1/file/public_files/pim/assets/8a/8d/8f/62/628f8d8abb3a1aaaf0e8f149/images/c8/1f/7e/68/687e1fc82a03861c91eda559/LFST0925193.jpg","https://www.nevilleuk.com/products/RAMSTL2MTBL_",null,"RAMSTD2MTBK|RAMSTL2MTBK|RAMSTD2MTBL"]
["RAMSTD2MTBK","GenWare Metallic Black Diamond Ramekin 71ml/ 2.5oz","6 x 4cm (Dia x H)",3.34,24,"Table Presentation>Ramekins & Sauce Bottles",null,"Yes",null,62,62,45,0.025,0.025,{"v":7.1,"d":"7.10"},"2.5","Stainless Steel-202","7323930090","India",null,null,"Yes","N/A","N/A","N/A",{"$nulls":6},"\n•Durable Stainless Steel\n•PTFE Metallic Coating\n•Laser Engraved Design\n•Stackable\n•Dishwasher Safe","Elevate your condiment presentation with the GenWare Metallic Black Diamond Ramekin. Featuring a stylish black PTFE metallic coating and a precision laser engraved diamond pattern, this ramekin combines function with a bold, contemporary aesthetic. Ideal for sauces, dips, and olives, it's the perfect addition to modern table settings where visual detail matters.\n•Durable Stainless Steel: Lightweight, strong, and easy to clean\n•PTFE Metallic Coating: For a sleek, matt metallic look\n•Laser Engraved Design: For enhanced texture and style\n•Stackable: For easy convenient storage\n•Dishwasher Safe: Easy to clean and maintain","Each",null,"6.2","6.2","4.5","0.00017",0.025,"05020403122111",24,"14","7.5","13","0.00137","0.6",0.721,"05020403122128",288,"29","25","29","0.02103","7.2",{"v":8.65,"d":"8.650"},null,1638,"https://files.plytix.com/api/v1.1/file/public_files/pim/assets/8a/8d/8f/62/628f8d8abb3a1aaaf0e8f149/images/af/37/82/68/688237af0d779e27ece5e1d5/TH_RAMSTD2MTBK.jpg","https://files.plytix.com/api/v1.1/file/public_files/pim/assets/8a/8d/8f/62/628f8d8abb3a1aaaf0e8f149/images/6d/2a/82/68/68822a6de49aeb157cd62632/RAMSTD2MTBK.jpg",null,"https://www.nevilleuk.com/products/RAMSTD2MTBK_",null,"RAMSTL2MTBK|RAMSTD2MTBL|RAMSTL2MTBL"]
["RAMSTD2MTBL","GenWare Metallic Blue Diamond Ramekin 71ml/ 2.5oz","6 x 4cm (Dia x H)",3.34,24,"Table Presentation>Ramekins & Sauce Bottles",null,"Yes",null,62,62,45,0.025,0.025,{"v":7.1,"d":"7.10"},"2.5","Stainless Steel-202","7323930090","India",null,null,"Yes","N/A","N/A","N/A",{"$nulls":6},"\n•Durable Stainless Steel\n•PTFE Metallic Coating\n•Laser Engraved Design\n•Stackable\n•Dishwasher Safe","Elevate your condiment presentation with the GenWare Metallic Blue Diamond Ramekin. Featuring a stylish blue PTFE metallic coating and a precision laser engraved diamond pattern, this ramekin combines function with a bold, contemporary aesthetic. Ideal for sauces, dips, and olives, it's the perfect addition to modern table settings where visual detail matters.\n•Durable Stainless Steel: Lightweight, strong, and easy to clean\n•PTFE Metallic Coating: For a sleek, matt metallic look\n•Laser Engraved Design: For enhanced texture and style\n•Stackable: For easy convenient storage\n•Dishwasher Safe: Easy to clean and maintain","Each",null,"6.2","6.2","4.5","0.00017",0.025,"05020403122081",24,"14","7.5","72.75","0.00764","0.6",0.728,"05020403122098",288,"29","25","29","0.02103","7.2",{"v":8.73,"d":"8.730"},null,10944,"https://files.plytix.com/api/v1.1/file/public_files/pim/assets/8a/8d/8f/62/628f8d8abb3a1aaaf0e8f149/images/b0/37/82/68/688237b0e49aeb157cd62a8b/TH_RAMSTD2MTBL.jpg","https://files.plytix.com/api/v1.1/file/public_files/pim/assets/8a/8d/8f/62/628f8d8abb3a1aaaf0e8f149/images/6e/2a/82/68/68822a6e9544f7f72c09f8cb/RAMSTD2MTBL.jpg","https://files.plytix.com/api/v1.1/file/public_files/pim/assets/8a/8d/8f/62/628f8d8abb3a1aaaf0e8f149/images/c8/1f/7e/68/687e1fc82a03861c91eda559/LFST0925193.jpg","https://www.nevilleuk.com/products/RAMSTD2MTBL_",null,"RAMSTD2MTBK|RAMSTL2MTBK|RAMSTL2MTBL"]
["WRBGN24BK","GenWare Black Wire Display Basket GN 2/4","53 x 16.5 x 7.5cm (L x W x H)",{"v":37.8,"d":"37.80"},1,"Buffet & Display>Display Baskets & Bags",null,"Yes",null,530,160,75,{"v":1.08,"d":"1.080"},{"v":1.08,"d":"1.080"},null,null,"Iron","7323990090","India",null,null,"No","N/A","N/A","N/A",{"$nulls":6},"\n•Coated Steel Material\n•Open Wire Design\n•Versatile\n•GN Footprint","The GenWare Black Wire Gastronorm Display Baskets offer a sleek and contemporary solution for stylish food presentation. With a GN footprint, these baskets are designed to integrate seamlessly with standard Gastronorm displays, making them perfect for buffets, delis, bakeries, and self-service counters. Their open wire design enhances product visibility, while the matte black finish adds a modern edge to any setting.\n•Coated Steel Material: Constructed from durable wire with a modern black powder coated finish\n•Open Wire Design: Promotes visibility enhancing buffet and countertop displays with a clean, industrial aesthetic\n•Versatile: Ideal for presenting baked goods, fruits, packaged snacks, or tableware\n•GN Footprint: Ensures compatibility with standard Gastronorm buffet systems","Each","5020403109068","53","16","7.5","0.00636",{"v":1.08,"d":"1.080"},"05020403109075",2,"19.5","12.5","57","0.01389","2.16",{"v":2.76,"d":"2.760"},"05020403109082",8,"42","29","60","0.07308","8.64",{"v":11.04,"d":"11.040"},null,64,"https://files.plytix.com/api/v1.1/file/public_files/pim/assets/8a/8d/8f/62/628f8d8abb3a1aaaf0e8f149/images/90/37/82/68/688237900d779e27ece5e1b1/TH_WRBGN24BK.jpg","https://files.plytix.com/api/v1.1/file/public_files/pim/assets/8a/8d/8f/62/628f8d8abb3a1aaaf0e8f149/images/2d/2b/82/68/68822b2de49aeb157cd62662/WRBGN24BK.jpg",null,"https://www.nevilleuk.com/products/WRBGN24BK_"]
["WRBGN13BK","GenWare Black Wire Display Basket GN 1/3","32.5 x 17.6 x 7.5cm (L x W x H)",{"v":32.1,"d":"32.10"},1,"Buffet & Display>Display Baskets & Bags",null,"Yes",null,325,175,75,{"v":0.78,"d":"0.780"},{"v":0.78,"d":"0.780"},null,null,"Iron","7323990090","India",null,null,"No","N/A","N/A","N/A",{"$nulls":6},"\n•Coated Steel Material\n•Open Wire Design\n•Versatile\n•GN Footprint","The GenWare Black Wire Gastronorm Display Baskets offer a sleek and contemporary solution for stylish food presentation. With a GN footprint, these baskets are designed to integrate seamlessly with standard Gastronorm displays, making them perfect for buffets, delis, bakeries, and self-service counters. Their open wire design enhances product visibility, while the matte black finish adds a modern edge to any setting.\n•Coated Steel Material: Constructed from durable wire with a modern black powder coated finish\n•Open Wire Design: Promotes visibility enhancing buffet and countertop displays with a clean, industrial aesthetic\n•Versatile: Ideal for presenting baked goods, fruits, packaged snacks, or tableware\n•GN Footprint: Ensures compatibility with standard Gastronorm buffet systems","Each","5020403109037","32.5","17.5","7.5","0.00427",{"v":0.78,"d":"0.780"},"05020403109044",2,"21","13","36","0.00983","1.56",{"v":1.85,"d":"1.850"},"05020403109051",8,"42","29","39","0.04750","6.24",{"v":8,"d":"8.000"},null,192,"https://files.plytix.com/api/v1.1/file/public_files/pim/assets/8a/8d/8f/62/628f8d8abb3a1aaaf0e8f149/images/90/37/82/68/688237900d779e27ece5e1b0/TH_WRBGN13BK.jpg","https://files.plytix.com/api/v1.1/file/public_files/pim/assets/8a/8d/8f/62/628f8d8abb3a1aaaf0e8f149/images/2c/2b/82/68/68822b2ce49aeb157cd62661/WRBGN13BK.jpg",null,"https://www.nevilleuk.com/products/WRBGN13BK_",null,"WBGN13BK"]
["WRBGN12BK","GenWare Black Wire Display Basket GN 1/2","32.5 x 26.5 x 7.5cm (L x W x H)",{"v":37.8,"d":"37.80"},1,"Buffet & Display>Display Baskets & Bags",null,"Yes",null,250,265,75,{"v":1.05,"d":"1.050"},{"v":1.05,"d":"1.050"},null,null,"Iron","7323990090","India",null,null,"No","N/A","N/A","N/A",{"$nulls":6},"\n•Coated Steel Material\n•Open Wire Design\n•Versatile\n•GN Footprint","The GenWare Black Wire Gastronorm Display Baskets offer a sleek and contemporary solution for stylish food presentation. With a GN footprint, these baskets are designed to integrate seamlessly with standard Gastronorm displays, making them perfect for buffets, delis, bakeries, and self-service counters. Their open wire design enhances product visibility, while the matte black finish adds a modern edge to any setting.\n•Coated Steel Material: Constructed from durable wire with a modern black powder coated finish\n•Open Wire Design: Promotes visibility enhancing buffet and countertop displays with a clean, industrial aesthetic\n•Versatile: Ideal for presenting baked goods, fruits, packaged snacks, or tableware\n•GN Footprint: Ensures compatibility with standard Gastronorm buffet systems","Each","5020403109006","25","26.5","7.5","0.00497",{"v":1.05,"d":"1.050"},"05020403109013",2,"30","12.5","36","0.01350","2.1",{"v":2.4,"d":"2.400"},"05020403109020",8,"36","56","36","0.07258","8.4",{"v":9.6,"d":"9.600"},null,128,"https://files.plytix.com/api/v1.1/file/public_files/pim/assets/8a/8d/8f/62/628f8d8abb3a1aaaf0e8f149/images/90/37/82/68/688237909544f7f72c09fc89/TH_WRBGN12BK.jpg","https://files.plytix.com/api/v1.1/file/public_files/pim/assets/8a/8d/8f/62/628f8d8abb3a1aaaf0e8f149/images/2a/2b/82/68/68822b2ae49aeb157cd62660/WRBGN12BK.jpg|https://files.plytix.com/api/v1.1/file/public_files/pim/assets/8a/8d/8f/62/628f8d8abb3a1aaaf0e8f149/images/2b/2b/82/68/68822b2b0d779e27ece5dd5b/WRBGN12BK_A.jpg","https://files.plytix.com/api/v1.1/file/public_files/pim/assets/8a/8d/8f/62/628f8d8abb3a1aaaf0e8f149/images/ee/1b/7e/68/687e1bee2a03861c91eda495/LFST0925051.jpg|https://files.plytix.com/api/v1.1/file/public_files/pim/assets/8a/8d/8f/62/628f8d8abb3a1aaaf0e8f149/images/8b/1b/7e/68/687e1b8bdd3cffb0b9ad717c/LFST0925036.jpg|https://files.plytix.com/api/v1.1/file/public_files/pim/assets/8a/8d/8f/62/628f8d8abb3a1aaaf0e8f149/images/69/1b/7e/68/687e1b692a03861c91eda48d/LFST0925031.jpg","https://www.nevilleuk.com/products/WRBGN12BK_",null,"WBGN12BK"]
["WRBGN11BK","GenWare Black Wire Display Basket GN 1/1","53 x 32.5 x 7.5cm (L x W x H)",52.28,1,"Buffet & Display>Display Baskets & Bags",null,"Yes",null,530,320,75,{"v":1.75,"d":"1.750"},{"v":1.75,"d":"1.750"},null,null,"Iron","7323990090","India",null,null,"No","N/A","N/A","N/A",{"$nulls":6},"\n•Coated Steel Material\n•Open Wire Design\n•Versatile\n•GN Footprint","The GenWare Black Wire Gastronorm Display Baskets offer a sleek and contemporary solution for stylish food presentation. With a GN footprint, these baskets are designed to integrate seamlessly with standard Gastronorm displays, making them perfect for buffets, delis, bakeries, and self-service counters. Their open wire design enhances product visibility, while the matte black finish adds a modern edge to any setting.\n•Coated Steel Material: Constructed from durable wire with a modern black powder coated finish\n•Open Wire Design: Promotes visibility enhancing buffet and countertop displays with a clean, industrial aesthetic\n•Versatile: Ideal for presenting baked goods, fruits, packaged snacks, or tableware\n•GN Footprint: Ensures compatibility with standard Gastronorm buffet systems","Each","5020403108979","53","32","7.5","0.01272",{"v":1.75,"d":"1.750"},"05020403108986",2,"34","12","56","0.02285","3.5",{"v":4.2,"d":"4.200"},"05020403108993",4,"36","29","60","0.06264","7",{"v":8.4,"d":"8.400"},null,64,"https://files.plytix.com/api/v1.1/file/public_files/pim/assets/8a/8d/8f/62/628f8d8abb3a1aaaf0e8f149/images/90/37/82/68/688237900d779e27ece5e1ae/TH_WRBGN11BK.jpg","https://files.plytix.com/api/v1.1/file/public_files/pim/assets/8a/8d/8f/62/628f8d8abb3a1aaaf0e8f149/images/29/2b/82/68/68822b29e49aeb157cd6265f/WRBGN11BK.jpg",null,"https://www.nevilleuk.com/products/WRBGN11BK_",null,"WBGN11BK"]
["SRD16BKV","GenWare Black Vintage Steel Round Dish 15.5 x 4cm","15.5 x 4cm (Dia x H) 66cl/23.2oz",34.52,6,"Table Presentation>Black Vintage Steel",null,"Yes",null,160,120,42,{"v":0.28,"d":"0.280"},{"v":0.28,"d":"0.280"},{"v":66,"d":"66.00"},"23.2","Stainless Steel-202","7323930090","India",null,null,"Yes","Yes","N/A","N/A",{"$nulls":6},"\n•Made from Stainless Steel\n•Industrial Vintage Finish\n•Durable Black PVD Coating\n•Attractive Brass Handles","Add a touch of bold, industrial flair to your food presentation with our Black Vintage Steel Collection. The attractive brass handles add a sophisticated touch, elevating casual dining to a premium experience. Crafted from high-quality stainless steel with a distinctive black PVD coating, this collection combines durability and style, offering a unique, vintage-inspired finish that enhances any dish. Perfect for both casual and upscale dining settings, these pieces provide a sophisticated yet rugged look that complements a variety of cuisines.\n•Durable Stainless Steel: Provides long-lasting strength, ideal for high-use environments\n•Industrial Vintage Design: A striking, modern aesthetic that brings a rugged charm to any table setting\n•Durable Black PVD Coating: Matt finish that offers a contemporary look while being resistant to scratches and wear\n•Safe for Direct Food Contact: Crafted from food-safe materials, ensuring safe and hygienic service\n•Stylish Brass Handles: Adds a premium touch, enhancing casual and upscale dining presentations\n•Perfect for Small Dishes and Sides: Ideal for serving tapas, side dishes, desserts, and individual portions\n•Versatile Presentation: Pairs beautifully with ceramic or wooden serving boards for a premium look\n•Perfect for Casual and Premium Dining: Ideal for restaurants, gastropubs, and sharing style service\n•Dishwasher Safe: Easy to clean and maintain","Each",null,"16","12","4.2","0.00081",{"v":0.28,"d":"0.280"},"05020403121916",6,"18","18","18","0.00583","1.68",2.025,"05020403121923",24,"34","18","38","0.02326","6.72",{"v":8.1,"d":"8.100"},null,720,"https://files.plytix.com/api/v1.1/file/public_files/pim/assets/8a/8d/8f/62/628f8d8abb3a1aaaf0e8f149/images/89/37/82/68/6882378984708e1f953fa57f/TH_SRD16BKV.jpg","https://files.plytix.com/api/v1.1/file/public_files/pim/assets/8a/8d/8f/62/628f8d8abb3a1aaaf0e8f149/images/bd/2a/82/68/68822abd0d779e27ece5dd3a/SRD16BKV.jpg",null,"https://www.nevilleuk.com/products/SRD16BKV_",null,"SRD16CV|SRD16GDV|SRD16V"]
["SRD14BKV","GenWare Black Vintage Steel Round Dish 13.5 x 3.75cm","13.5 x 3.75cm (Dia x H) 46cl/16oz",32.48,6,"Table Presentation>Black Vintage Steel",null,"Yes",null,140,100,40,{"v":0.25,"d":"0.250"},{"v":0.25,"d":"0.250"},{"v":46,"d":"46.00"},"16.2","Stainless Steel-202","7323930090","India",null,null,"Yes","Yes","N/A","N/A",{"$nulls":6},"\n•Made from Stainless Steel\n•Industrial Vintage Finish\n•Durable Black PVD Coating\n•Attractive Brass Handles","Add a touch of bold, industrial flair to your food presentation with our Black Vintage Steel Collection. The attractive brass handles add a sophisticated touch, elevating casual dining to a premium experience. Crafted from high-quality stainless steel with a distinctive black PVD coating, this collection combines durability and style, offering a unique, vintage-inspired finish that enhances any dish. Perfect for both casual and upscale dining settings, these pieces provide a sophisticated yet rugged look that complements a variety of cuisines.\n•Durable Stainless Steel: Provides long-lasting strength, ideal for high-use environments\n•Industrial Vintage Design: A striking, modern aesthetic that brings a rugged charm to any table setting\n•Durable Black PVD Coating: Matt finish that offers a contemporary look while being resistant to scratches and wear\n•Safe for Direct Food Contact: Crafted from food-safe materials, ensuring safe and hygienic service\n•Stylish Brass Handles: Adds a premium touch, enhancing casual and upscale dining presentations\n•Perfect for Small Dishes and Sides: Ideal for serving tapas, side dishes, desserts, and individual portions\n•Versatile Presentation: Pairs beautifully with ceramic or wooden serving boards for a premium look\n•Perfect for Casual and Premium Dining: Ideal for restaurants, gastropubs, and sharing style service\n•Dishwasher Safe: Easy to clean and maintain","Each",null,"14","10","4","0.00056",{"v":0.25,"d":"0.250"},"05020403121886",6,"15","15","18.5","0.00416","1.5",1.728,"05020403121893",24,"34","18","38","0.02326","6",{"v":6.96,"d":"6.960"},null,720,"https://files.plytix.com/api/v1.1/file/public_files/pim/assets/8a/8d/8f/62/628f8d8abb3a1aaaf0e8f149/images/88/37/82/68/6882378884708e1f953fa57c/TH_SRD14BKV.jpg","https://files.plytix.com/api/v1.1/file/public_files/pim/assets/8a/8d/8f/62/628f8d8abb3a1aaaf0e8f149/images/bb/2a/82/68/68822abba81af439e7f6c0ca/SRD14BKV.jpg",null,"https://www.nevilleuk.com/products/SRD14BKV_",null,"SRD14CV|SRD14GDV|SRD14V"]
["SCD9BKV","GenWare Black Vintage Steel Mini Casserole Dish 9 x 5.25cm","9 x 5.25cm (Dia x H) 34cl/12oz",32.48,6,"Table Presentation>Black Vintage Steel",null,"Yes",null,125,95,70,{"v":0.2,"d":"0.200"},{"v":0.2,"d":"0.200"},{"v":34,"d":"34.00"},"12","Stainless Steel-202","7323930090","India",null,null,"Yes","Yes","N/A","N/A",{"$nulls":6},"\n•Made from Stainless Steel\n•Industrial Vintage Finish\n•Durable Black PVD Coating\n•Attractive Brass Handles","Add a touch of bold, industrial flair to your food presentation with our Black Vintage Steel Collection. The attractive brass handles add a sophisticated touch, elevating casual dining to a premium experience. Crafted from high-quality stainless steel with a distinctive black PVD coating, this collection combines durability and style, offering a unique, vintage-inspired finish that enhances any dish. Perfect for both casual and upscale dining settings, these pieces provide a sophisticated yet rugged look that complements a variety of cuisines.\n•Durable Stainless Steel: Provides long-lasting strength, ideal for high-use environments\n•Industrial Vintage Design: A striking, modern aesthetic that brings a rugged charm to any table setting\n•Durable Black PVD Coating: Matt finish that offers a contemporary look while being resistant to scratches and wear\n•Safe for Direct Food Contact: Crafted from food-safe materials, ensuring safe and hygienic service\n•Stylish Brass Handles: Adds a premium touch, enhancing casual and upscale dining presentations\n•Perfect for Small Dishes and Sides: Ideal for serving tapas, side dishes, desserts, and individual portions\n•Versatile Presentation: Pairs beautifully with ceramic or wooden serving boards for a premium look\n•Perfect for Casual and Premium Dining: Ideal for restaurants, gastropubs, and sharing style service\n•Dishwasher Safe: Easy to clean and maintain","Each","5020403121848","12.5","9.5","7","0.00083",{"v":0.2,"d":"0.200"},"05020403121855",6,"20","13.5","17.5","0.00473","1.2",{"v":1.35,"d":"1.350"},"05020403121862",24,"31","25","35","0.02713","4.8",{"v":5.4,"d":"5.400"},null,1056,"https://files.plytix.com/api/v1.1/file/public_files/pim/assets/8a/8d/8f/62/628f8d8abb3a1aaaf0e8f149/images/b3/37/82/68/688237b3a81af439e7f6c5b7/TH_SCD9BKV.jpg","https://files.plytix.com/api/v1.1/file/public_files/pim/assets/8a/8d/8f/62/628f8d8abb3a1aaaf0e8f149/images/b4/2a/82/68/68822ab403c05567ef5f9f32/SCD9BKV.jpg",null,"https://www.nevilleuk.com/products/SCD9BKV_",null,"SCD9CV|SCD9GDV|SCD9V"]
["SCD12BKV","GenWare Black Vintage Steel Mini Casserole Dish 12.25 x 3.5cm","12.25 x 3.5cm (Dia x H) 42cl/14.8oz",34.52,6,"Table Presentation>Black Vintage Steel",null,"Yes",null,125,120,360,0.204,0.204,{"v":42,"d":"42.00"},"14.8","Stainless Steel-202","7323930090","India",null,null,"Yes","Yes","N/A","N/A",{"$nulls":6},"\n•Made from Stainless Steel\n•Industrial Vintage Finish\n•Durable Black PVD Coating\n•Attractive Brass Handles","Add a touch of bold, industrial flair to your food presentation with our Black Vintage Steel Collection. The attractive brass handles add a sophisticated touch, elevating casual dining to a premium experience. Crafted from high-quality stainless steel with a distinctive black PVD coating, this collection combines durability and style, offering a unique, vintage-inspired finish that enhances any dish. Perfect for both casual and upscale dining settings, these pieces provide a sophisticated yet rugged look that complements a variety of cuisines.\n•Durable Stainless Steel: Provides long-lasting strength, ideal for high-use environments\n•Industrial Vintage Design: A striking, modern aesthetic that brings a rugged charm to any table setting\n•Durable Black PVD Coating: Matt finish that offers a contemporary look while being resistant to scratches and wear\n•Safe for Direct Food Contact: Crafted from food-safe materials, ensuring safe and hygienic service\n•Stylish Brass Handles: Adds a premium touch, enhancing casual and upscale dining presentations\n•Perfect for Small Dishes and Sides: Ideal for serving tapas, side dishes, desserts, and individual portions\n•Versatile Presentation: Pairs beautifully with ceramic or wooden serving boards for a premium look\n•Perfect for Casual and Premium Dining: Ideal for restaurants, gastropubs, and sharing style service\n•Dishwasher Safe: Easy to clean and maintain","Each",null,"12.5","12","36","0.00540",0.204,"05020403121824",6,"27","13.5","12","0.00437","1.224",1.683,"05020403121831",24,"28.5","28","29.5","0.02354","4.896",{"v":6.73,"d":"6.730"},null,960,"https://files.plytix.com/api/v1.1/file/public_files/pim/assets/8a/8d/8f/62/628f8d8abb3a1aaaf0e8f149/images/b3/37/82/68/688237b30d779e27ece5e1de/TH_SCD12BKV.jpg","https://files.plytix.com/api/v1.1/file/public_files/pim/assets/8a/8d/8f/62/628f8d8abb3a1aaaf0e8f149/images/b5/2a/82/68/68822ab5a81af439e7f6c0c8/SCD12BKV.jpg",null,"https://www.nevilleuk.com/products/SCD12BKV_",null,"SCD12CV|SCD12GDV|SCD12V"]
["SRD16CV","GenWare Copper Vintage Steel Round Dish 15.5 x 4cm","15.5 x 4cm (Dia x H) 66cl/23.2oz",34.52,6,"Table Presentation>Copper Vintage Steel",null,"Yes",null,160,120,42,{"v":0.28,"d":"0.280"},{"v":0.28,"d":"0.280"},{"v":66,"d":"66.00"},"23.2","Stainless Steel-202","7323930090","India",null,null,"Yes","Yes","N/A","N/A",{"$nulls":6},"\n•Made from Stainless Steel\n•Industrial Vintage Finish\n•Durable Copper PVD Coating\n•Attractive Brass Handles","Add a touch of bold, industrial flair to your food presentation with our Copper Vintage Steel Collection. The attractive brass handles add a sophisticated touch, elevating casual dining to a premium experience. Crafted from high-quality stainless steel with a distinctive copper PVD coating, this collection combines durability and style, offering a unique, vintage-inspired finish that enhances any dish. Perfect for both casual and upscale dining settings, these pieces provide a sophisticated yet rugged look that complements a variety of cuisines.\n•Durable Stainless Steel: Provides long-lasting strength, ideal for high-use environments\n•Industrial Vintage Design: A striking, modern aesthetic that brings a rugged charm to any table setting\n•Durable Copper PVD Coating: Matt finish that offers a contemporary look while being resistant to scratches and wear\n•Safe for Direct Food Contact: Crafted from food-safe materials, ensuring safe and hygienic service\n•Stylish Brass Handles: Adds a premium touch, enhancing casual and upscale dining presentations\n•Perfect for Small Dishes and Sides: Ideal for serving tapas, side dishes, desserts, and individual portions\n•Versatile Presentation: Pairs beautifully with ceramic or wooden serving boards for a premium look\n•Perfect for Casual and Premium Dining: Ideal for restaurants, gastropubs, and sharing style service\n•Dishwasher Safe: Easy to clean and maintain","Each",null,"16","12","4.2","0.00081",{"v":0.28,"d":"0.280"},"05020403121794",6,"18","18","18","0.00583","1.68",2.025,"05020403121800",24,"34","18","38","0.02326","6.72",{"v":8.1,"d":"8.100"},null,720,"https://files.plytix.com/api/v1.1/file/public_files/pim/assets/8a/8d/8f/62/628f8d8abb3a1aaaf0e8f149/images/89/37/82/68/6882378984708e1f953fa580/TH_SRD16CV.jpg","https://files.plytix.com/api/v1.1/file/public_files/pim/assets/8a/8d/8f/62/628f8d8abb3a1aaaf0e8f149/images/bd/2a/82/68/68822abd84708e1f953fa170/SRD16CV.jpg",null,"https://www.nevilleuk.com/products/SRD16CV_",null,"SRD16GDV|SRD16BKV|SRD16V"]
["SRD14CV","GenWare Copper Vintage Steel Round Dish 13.5 x 3.75cm","13.5 x 3.75cm (Dia x H) 46cl/16oz",32.48,6,"Table Presentation>Copper Vintage Steel",null,"Yes",null,140,100,40,{"v":0.28,"d":"0.280"},{"v":0.28,"d":"0.280"},{"v":46,"d":"46.00"},"16.2","Stainless Steel-202","7323930090","India",null,null,"Yes","Yes","N/A","N/A",{"$nulls":6},"\n•Made from Stainless Steel\n•Industrial Vintage Finish\n•Durable Copper PVD Coating\n•Attractive Brass Handles","Add a touch of bold, industrial flair to your food presentation with our Copper Vintage Steel Collection. The attractive brass handles add a sophisticated touch, elevating casual dining to a premium experience. Crafted from high-quality stainless steel with a distinctive copper PVD coating, this collection combines durability and style, offering a unique, vintage-inspired finish that enhances any dish. Perfect for both casual and upscale dining settings, these pieces provide a sophisticated yet rugged look that complements a variety of cuisines.\n•Durable Stainless Steel: Provides long-lasting strength, ideal for high-use environments\n•Industrial Vintage Design: A striking, modern aesthetic that brings a rugged charm to any table setting\n•Durable Copper PVD Coating: Matt finish that offers a contemporary look while being resistant to scratches and wear\n•Safe for Direct Food Contact: Crafted from food-safe materials, ensuring safe and hygienic service\n•Stylish Brass Handles: Adds a premium touch, enhancing casual and upscale dining presentations\n•Perfect for Small Dishes and Sides: Ideal for serving tapas, side dishes, desserts, and individual portions\n•Versatile Presentation: Pairs beautifully with ceramic or wooden serving boards for a premium look\n•Perfect for Casual and Premium Dining: Ideal for restaurants, gastropubs, and sharing style service\n•Dishwasher Safe: Easy to clean and maintain","Each",null,"14","10","4","0.00056",{"v":0.28,"d":"0.280"},"05020403121763",6,"16","16","19","0.00486","1.68",{"v":2.05,"d":"2.050"},"05020403121770",24,"34","18","38.5","0.02356","6.72",{"v":8.2,"d":"8.200"},null,720,"https://files.plytix.com/api/v1.1/file/public_files/pim/assets/8a/8d/8f/62/628f8d8abb3a1aaaf0e8f149/images/88/37/82/68/6882378884708e1f953fa57d/TH_SRD14CV.jpg","https://files.plytix.com/api/v1.1/file/public_files/pim/assets/8a/8d/8f/62/628f8d8abb3a1aaaf0e8f149/images/bc/2a/82/68/68822abc03c05567ef5f9f3c/SRD14CV.jpg",null,"https://www.nevilleuk.com/products/SRD14CV_",null,"SRD14GDV|SRD14BKV|SRD14V"]
["SMS9CV","GenWare Copper Vintage Steel Mini Sauce Pan 9 x 5.25cm","9 x 5.25cm (Dia x H) - 35cl/12oz",{"v":31,"d":"31.00"},6,"Table Presentation>Copper Vintage Steel",null,"Yes",null,96,90,50,0.174,0.174,{"v":35,"d":"35.00"},"12.3","Stainless Steel-202","7323930090","India",null,null,"Yes","Yes","N/A","N/A",{"$nulls":6},"\n•Made from Stainless Steel\n•Industrial Vintage Finish\n•Durable Copper PVD Coating\n•Attractive Brass Handle","Add a touch of bold, industrial flair to your food presentation with our Copper Vintage Steel Collection. The attractive brass handles add a sophisticated touch, elevating casual dining to a premium experience. Crafted from high-quality stainless steel with a distinctive copper PVD coating, this collection combines durability and style, offering a unique, vintage-inspired finish that enhances any dish. Perfect for both casual and upscale dining settings, these pieces provide a sophisticated yet rugged look that complements a variety of cuisines.\n•Durable Stainless Steel: Provides long-lasting strength, ideal for high-use environments\n•Industrial Vintage Design: A striking, modern aesthetic that brings a rugged charm to any table setting\n•Durable Copper PVD Coating: Matt finish that offers a contemporary look while being resistant to scratches and wear\n•Safe for Direct Food Contact: Crafted from food-safe materials, ensuring safe and hygienic service\n•Stylish Brass Handles: Adds a premium touch, enhancing casual and upscale dining presentations\n•Perfect for Small Dishes and Sides: Ideal for serving tapas, side dishes, desserts, and individual portions\n•Versatile Presentation: Pairs beautifully with ceramic or wooden serving boards for a premium look\n•Perfect for Casual and Premium Dining: Ideal for restaurants, gastropubs, and sharing style service\n•Dishwasher Safe: Easy to clean and maintain","Each",null,"9.6","9","5","0.00043",0.174,"05020403121732",6,"20.5","12.4","19.5","0.00496","1.044",1.425,"05020403121749",24,"26.5","22.5","41","0.02445","4.176",{"v":5.7,"d":"5.700"},null,864,"https://files.plytix.com/api/v1.1/file/public_files/pim/assets/8a/8d/8f/62/628f8d8abb3a1aaaf0e8f149/images/b6/3c/82/68/68823cb6e49aeb157cd62ba0/TH_SMS9CV.jpg",null,null,"https://www.nevilleuk.com/products/SMS9CV_",null,"SMS9GDV|SMS9BKV|SMS9V"]
["SSD24BKV","GenWare Black Vintage Steel Oval Dish 24.5 x 17.5cm","24.5 x 17.5 x 4cm (L x W x H) - 100cl/35oz",43.72,6,"Table Presentation>Black Vintage Steel",null,"Yes",null,246,180,40,0.383,0.383,{"v":100,"d":"100.00"},"35.2","Stainless Steel-202","7323930090","India",null,null,"Yes","Yes","N/A","N/A",{"$nulls":6},"\n•Made from Stainless Steel\n•Industrial Vintage Finish\n•Durable Black PVD Coating\n•Attractive Brass Handles","Add a touch of bold, industrial flair to your food presentation with our Black Vintage Steel Collection. The attractive brass handles add a sophisticated touch, elevating casual dining to a premium experience. Crafted from high-quality stainless steel with a distinctive black PVD coating, this collection combines durability and style, offering a unique, vintage-inspired finish that enhances any dish. Perfect for both casual and upscale dining settings, these pieces provide a sophisticated yet rugged look that complements a variety of cuisines.\n•Durable Stainless Steel: Provides long-lasting strength, ideal for high-use environments\n•Industrial Vintage Design: A striking, modern aesthetic that brings a rugged charm to any table setting\n•Durable Black PVD Coating: Matt finish that offers a contemporary look while being resistant to scratches and wear\n•Safe for Direct Food Contact: Crafted from food-safe materials, ensuring safe and hygienic service\n•Stylish Brass Handles: Adds a premium touch, enhancing casual and upscale dining presentations\n•Perfect for Small Dishes and Sides: Ideal for serving tapas, side dishes, desserts, and individual portions\n•Versatile Presentation: Pairs beautifully with ceramic or wooden serving boards for a premium look\n•Perfect for Casual and Premium Dining: Ideal for restaurants, gastropubs, and sharing style service\n•Dishwasher Safe: Easy to clean and maintain","Each",null,"24.6","18","4","0.00177",0.383,"05020403121701",6,"30","19","16","0.00912","2.298",{"v":2.75,"d":"2.750"},"05020403121718",24,"40","32","34","0.04352","9.192",{"v":11,"d":"11.000"},null,576,"https://files.plytix.com/api/v1.1/file/public_files/pim/assets/8a/8d/8f/62/628f8d8abb3a1aaaf0e8f149/images/8c/37/82/68/6882378ca81af439e7f6c55a/TH_SSD24BKV.jpg","https://files.plytix.com/api/v1.1/file/public_files/pim/assets/8a/8d/8f/62/628f8d8abb3a1aaaf0e8f149/images/c8/2a/82/68/68822ac89544f7f72c09f8ea/SSD24BKV.jpg|https://files.plytix.com/api/v1.1/file/public_files/pim/assets/8a/8d/8f/62/628f8d8abb3a1aaaf0e8f149/images/c8/2a/82/68/68822ac884708e1f953fa174/SSD24BKV_A.jpg","https://files.plytix.com/api/v1.1/file/public_files/pim/assets/8a/8d/8f/62/628f8d8abb3a1aaaf0e8f149/images/8c/22/7e/68/687e228c777134bb259391c8/LFST0925315.jpg|https://files.plytix.com/api/v1.1/file/public_files/pim/assets/8a/8d/8f/62/628f8d8abb3a1aaaf0e8f149/images/1d/22/7e/68/687e221d5ff968b9dfce9a89/LFST0925299.jpg|https://files.plytix.com/api/v1.1/file/public_files/pim/assets/8a/8d/8f/62/628f8d8abb3a1aaaf0e8f149/images/09/23/7e/68/687e2309777134bb259391dd/LFST0925334.jpg","https://www.nevilleuk.com/products/SSD24BKV_",null,"SSD24CV|SSD24GDV|SSD24V"]
["SSD21BKV","GenWare Black Vintage Steel Oval Dish 20.75 x 15.75cm","20.75 x 15.75 x 3.75cm (L x W x H) - 70cl/24.6oz",37.94,6,"Table Presentation>Black Vintage Steel",null,"Yes",null,212,159,37,{"v":0.31,"d":"0.310"},{"v":0.31,"d":"0.310"},{"v":70,"d":"70.00"},"24.6","Stainless Steel-202","7323930090","India",null,null,"Yes","Yes","N/A","N/A",{"$nulls":6},"\n•Made from Stainless Steel\n•Industrial Vintage Finish\n•Durable Black PVD Coating\n•Attractive Brass Handles","Add a touch of bold, industrial flair to your food presentation with our Black Vintage Steel Collection. The attractive brass handles add a sophisticated touch, elevating casual dining to a premium experience. Crafted from high-quality stainless steel with a distinctive black PVD coating, this collection combines durability and style, offering a unique, vintage-inspired finish that enhances any dish. Perfect for both casual and upscale dining settings, these pieces provide a sophisticated yet rugged look that complements a variety of cuisines.\n•Durable Stainless Steel: Provides long-lasting strength, ideal for high-use environments\n•Industrial Vintage Design: A striking, modern aesthetic that brings a rugged charm to any table setting\n•Durable Black PVD Coating: Matt finish that offers a contemporary look while being resistant to scratches and wear\n•Safe for Direct Food Contact: Crafted from food-safe materials, ensuring safe and hygienic service\n•Stylish Brass Handles: Adds a premium touch, enhancing casual and upscale dining presentations\n•Perfect for Small Dishes and Sides: Ideal for serving tapas, side dishes, desserts, and individual portions\n•Versatile Presentation: Pairs beautifully with ceramic or wooden serving boards for a premium look\n•Perfect for Casual and Premium Dining: Ideal for restaurants, gastropubs, and sharing style service\n•Dishwasher Safe: Easy to clean and maintain","Each",null,"21.2","15.9","3.7","0.00125",{"v":0.31,"d":"0.310"},"05020403121671",6,"26.5","16.5","15","0.00656","1.86",2.175,"05020403121688",24,"36","28","33","0.03326","7.44",{"v":8.7,"d":"8.700"},null,768,"https://files.plytix.com/api/v1.1/file/public_files/pim/assets/8a/8d/8f/62/628f8d8abb3a1aaaf0e8f149/images/8b/37/82/68/6882378b0d779e27ece5e1a3/TH_SSD21BKV.jpg","https://files.plytix.com/api/v1.1/file/public_files/pim/assets/8a/8d/8f/62/628f8d8abb3a1aaaf0e8f149/images/c3/2a/82/68/68822ac384708e1f953fa171/SSD21BKV.jpg|https://files.plytix.com/api/v1.1/file/public_files/pim/assets/8a/8d/8f/62/628f8d8abb3a1aaaf0e8f149/images/c3/2a/82/68/68822ac30d779e27ece5dd41/SSD21BKV_A.jpg",null,"https://www.nevilleuk.com/products/SSD21BKV_","110628","SSD21CV|SSD21GDV|SSD21V"]
["SSD24CV","GenWare Copper Vintage Steel Oval Dish 24.5 x 17.5cm","24.5 x 17.5 x 4cm (L x W x H) - 100cl/35oz",43.72,6,"Table Presentation>Copper Vintage Steel",null,"Yes",null,246,180,40,{"v":0.3,"d":"0.300"},{"v":0.3,"d":"0.300"},{"v":100,"d":"100.00"},"35.2","Stainless Steel-202","7323930090","India",null,null,"Yes","Yes","N/A","N/A",{"$nulls":6},"\n•Made from Stainless Steel\n•Industrial Vintage Finish\n•Durable Copper PVD Coating\n•Attractive Brass Handles","Add a touch of bold, industrial flair to your food presentation with our Copper Vintage Steel Collection. The attractive brass handles add a sophisticated touch, elevating casual dining to a premium experience. Crafted from high-quality stainless steel with a distinctive copper PVD coating, this collection combines durability and style, offering a unique, vintage-inspired finish that enhances any dish. Perfect for both casual and upscale dining settings, these pieces provide a sophisticated yet rugged look that complements a variety of cuisines.\n•Durable Stainless Steel: Provides long-lasting strength, ideal for high-use environments\n•Industrial Vintage Design: A striking, modern aesthetic that brings a rugged charm to any table setting\n•Durable Copper PVD Coating: Matt finish that offers a contemporary look while being resistant to scratches and wear\n•Safe for Direct Food Contact: Crafted from food-safe materials, ensuring safe and hygienic service\n•Stylish Brass Handles: Adds a premium touch, enhancing casual and upscale dining presentations\n•Perfect for Small Dishes and Sides: Ideal for serving tapas, side dishes, desserts, and individual portions\n•Versatile Presentation: Pairs beautifully with ceramic or wooden serving boards for a premium look\n•Perfect for Casual and Premium Dining: Ideal for restaurants, gastropubs, and sharing style service\n•Dishwasher Safe: Easy to clean and maintain","Each",null,"24.6","18","4","0.00177",{"v":0.3,"d":"0.300"},"05020403121640",6,"30","19","16","0.00912","1.8",{"v":2.75,"d":"2.750"},"05020403121657",24,"40","32","34","0.04352","7.2",{"v":11,"d":"11.000"},null,576,"https://files.plytix.com/api/v1.1/file/public_files/pim/assets/8a/8d/8f/62/628f8d8abb3a1aaaf0e8f149/images/8c/37/82/68/6882378ca81af439e7f6c55b/TH_SSD24CV.jpg","https://files.plytix.com/api/v1.1/file/public_files/pim/assets/8a/8d/8f/62/628f8d8abb3a1aaaf0e8f149/images/c9/2a/82/68/68822ac99544f7f72c09f8eb/SSD24CV.jpg|https://files.plytix.com/api/v1.1/file/public_files/pim/assets/8a/8d/8f/62/628f8d8abb3a1aaaf0e8f149/images/ca/2a/82/68/68822aca03c05567ef5f9f40/SSD24CV_A.jpg",null,"https://www.nevilleuk.com/products/SSD24CV_",null,"SSD24GDV|SSD24BKV|SSD24V"]
["SSD21CV","GenWare Copper Vintage Steel Oval Dish 20.75 x 15.75cm","20.75 x 15.75 x 3.75cm (L x W x H) - 70cl/24.6oz",37.94,6,"Table Presentation>Copper Vintage Steel",null,"Yes",null,250,290,330,{"v":0.35,"d":"0.350"},{"v":0.35,"d":"0.350"},{"v":70,"d":"70.00"},"24.6","Stainless Steel-202","7323930090","India",null,null,"Yes","Yes","N/A","N/A",{"$nulls":6},"\n•Made from Stainless Steel\n•Industrial Vintage Finish\n•Durable Copper PVD Coating\n•Attractive Brass Handles","Add a touch of bold, industrial flair to your food presentation with our Copper Vintage Steel Collection. The attractive brass handles add a sophisticated touch, elevating casual dining to a premium experience. Crafted from high-quality stainless steel with a distinctive copper PVD coating, this collection combines durability and style, offering a unique, vintage-inspired finish that enhances any dish. Perfect for both casual and upscale dining settings, these pieces provide a sophisticated yet rugged look that complements a variety of cuisines.\n•Durable Stainless Steel: Provides long-lasting strength, ideal for high-use environments\n•Industrial Vintage Design: A striking, modern aesthetic that brings a rugged charm to any table setting\n•Durable Copper PVD Coating: Matt finish that offers a contemporary look while being resistant to scratches and wear\n•Safe for Direct Food Contact: Crafted from food-safe materials, ensuring safe and hygienic service\n•Stylish Brass Handles: Adds a premium touch, enhancing casual and upscale dining presentations\n•Perfect for Small Dishes and Sides: Ideal for serving tapas, side dishes, desserts, and individual portions\n•Versatile Presentation: Pairs beautifully with ceramic or wooden serving boards for a premium look\n•Perfect for Casual and Premium Dining: Ideal for restaurants, gastropubs, and sharing style service\n•Dishwasher Safe: Easy to clean and maintain","Each","5020403121602","25","29","33","0.02393",{"v":0.35,"d":"0.350"},"05020403121619",6,"26.5","17","15","0.00676","2.1",2.175,"05020403121626",24,"35","29","33","0.03350","8.4",{"v":8.7,"d":"8.700"},null,768,"https://files.plytix.com/api/v1.1/file/public_files/pim/assets/8a/8d/8f/62/628f8d8abb3a1aaaf0e8f149/images/8c/37/82/68/6882378c0d779e27ece5e1a4/TH_SSD21CV.jpg","https://files.plytix.com/api/v1.1/file/public_files/pim/assets/8a/8d/8f/62/628f8d8abb3a1aaaf0e8f149/images/c4/2a/82/68/68822ac484708e1f953fa172/SSD21CV.jpg|https://files.plytix.com/api/v1.1/file/public_files/pim/assets/8a/8d/8f/62/628f8d8abb3a1aaaf0e8f149/images/c5/2a/82/68/68822ac584708e1f953fa173/SSD21CV_A.jpg","https://files.plytix.com/api/v1.1/file/public_files/pim/assets/8a/8d/8f/62/628f8d8abb3a1aaaf0e8f149/images/e6/23/7e/68/687e23e65c3aa1d901c6eb95/LFST0925006.jpg|https://files.plytix.com/api/v1.1/file/public_files/pim/assets/8a/8d/8f/62/628f8d8abb3a1aaaf0e8f149/images/35/1b/7e/68/687e1b35777134bb2593906c/LFST0925024.jpg|https://files.plytix.com/api/v1.1/file/public_files/pim/assets/8a/8d/8f/62/628f8d8abb3a1aaaf0e8f149/images/d8/23/7e/68/687e23d8777134bb259391f6/LFST0925004.jpg","https://www.nevilleuk.com/products/SSD21CV_","110628","SSD21GDV|SSD21BKV|SSD21V"]
["SSD18CV","GenWare Copper Vintage Steel Oval Dish 18.5 x 13.5cm","18.5 x 13.5 x 3.25cm (L x W x H) - 50cl/17.6oz",32.28,6,"Table Presentation>Copper Vintage Steel",null,"Yes",null,188,140,32,{"v":0.27,"d":"0.270"},{"v":0.27,"d":"0.270"},{"v":50,"d":"50.00"},"17.6","Stainless Steel-202","7323930090","India",null,null,"Yes","Yes","N/A","N/A",{"$nulls":6},"\n•Made from Stainless Steel\n•Industrial Vintage Finish\n•Durable Copper PVD Coating\n•Attractive Brass Handles","Add a touch of bold, industrial flair to your food presentation with our Copper Vintage Steel Collection. The attractive brass handles add a sophisticated touch, elevating casual dining to a premium experience. Crafted from high-quality stainless steel with a distinctive copper PVD coating, this collection combines durability and style, offering a unique, vintage-inspired finish that enhances any dish. Perfect for both casual and upscale dining settings, these pieces provide a sophisticated yet rugged look that complements a variety of cuisines.\n•Durable Stainless Steel: Provides long-lasting strength, ideal for high-use environments\n•Industrial Vintage Design: A striking, modern aesthetic that brings a rugged charm to any table setting\n•Durable Copper PVD Coating: Matt finish that offers a contemporary look while being resistant to scratches and wear\n•Safe for Direct Food Contact: Crafted from food-safe materials, ensuring safe and hygienic service\n•Stylish Brass Handles: Adds a premium touch, enhancing casual and upscale dining presentations\n•Perfect for Small Dishes and Sides: Ideal for serving tapas, side dishes, desserts, and individual portions\n•Versatile Presentation: Pairs beautifully with ceramic or wooden serving boards for a premium look\n•Perfect for Casual and Premium Dining: Ideal for restaurants, gastropubs, and sharing style service\n•Dishwasher Safe: Easy to clean and maintain","Each",null,"18.8","14","3.2","0.00084",{"v":0.27,"d":"0.270"},"05020403121589",6,"24","14.5","13.5","0.00470","1.62",{"v":1.77,"d":"1.770"},"05020403121596",24,"30","26","30","0.02340","6.48",{"v":7.09,"d":"7.090"},null,864,"https://files.plytix.com/api/v1.1/file/public_files/pim/assets/8a/8d/8f/62/628f8d8abb3a1aaaf0e8f149/images/8b/37/82/68/6882378ba81af439e7f6c557/TH_SSD18CV.jpg","https://files.plytix.com/api/v1.1/file/public_files/pim/assets/8a/8d/8f/62/628f8d8abb3a1aaaf0e8f149/images/c0/2a/82/68/68822ac0a81af439e7f6c0cc/SSD18CV.jpg|https://files.plytix.com/api/v1.1/file/public_files/pim/assets/8a/8d/8f/62/628f8d8abb3a1aaaf0e8f149/images/c0/2a/82/68/68822ac09544f7f72c09f8e8/SSD18CV_A.jpg","https://files.plytix.com/api/v1.1/file/public_files/pim/assets/8a/8d/8f/62/628f8d8abb3a1aaaf0e8f149/images/22/1b/7e/68/687e1b225ff968b9dfce9990/LFST0925021.jpg|https://files.plytix.com/api/v1.1/file/public_files/pim/assets/8a/8d/8f/62/628f8d8abb3a1aaaf0e8f149/images/d8/23/7e/68/687e23d8777134bb259391f6/LFST0925004.jpg","https://www.nevilleuk.com/products/SSD18CV_","110625","SSD18GDV|SSD18BKV|SSD18V"]
["SSD16CV","GenWare Copper Vintage Steel Oval Dish 16.5 x 12.5cm","16.5 x 12.5 x 3 cm (L x W x H) - 35cl/12oz",29.88,6,"Table Presentation>Copper Vintage Steel",null,"Yes",null,165,123,28,{"v":0.2,"d":"0.200"},{"v":0.2,"d":"0.200"},{"v":35,"d":"35.00"},"12.3","Stainless Steel-202","7323930090","India",null,null,"Yes","Yes","N/A","N/A",{"$nulls":6},"\n•Made from Stainless Steel\n•Industrial Vintage Finish\n•Durable Copper PVD Coating\n•Attractive Brass Handles","Add a touch of bold, industrial flair to your food presentation with our Copper Vintage Steel Collection. The attractive brass handles add a sophisticated touch, elevating casual dining to a premium experience. Crafted from high-quality stainless steel with a distinctive copper PVD coating, this collection combines durability and style, offering a unique, vintage-inspired finish that enhances any dish. Perfect for both casual and upscale dining settings, these pieces provide a sophisticated yet rugged look that complements a variety of cuisines.\n•Durable Stainless Steel: Provides long-lasting strength, ideal for high-use environments\n•Industrial Vintage Design: A striking, modern aesthetic that brings a rugged charm to any table setting\n•Durable Copper PVD Coating: Matt finish that offers a contemporary look while being resistant to scratches and wear\n•Safe for Direct Food Contact: Crafted from food-safe materials, ensuring safe and hygienic service\n•Stylish Brass Handles: Adds a premium touch, enhancing casual and upscale dining presentations\n•Perfect for Small Dishes and Sides: Ideal for serving tapas, side dishes, desserts, and individual portions\n•Versatile Presentation: Pairs beautifully with ceramic or wooden serving boards for a premium look\n•Perfect for Casual and Premium Dining: Ideal for restaurants, gastropubs, and sharing style service\n•Dishwasher Safe: Easy to clean and maintain","Each",null,"16.5","12.3","2.8","0.00057",{"v":0.2,"d":"0.200"},"05020403121558",6,"22.5","12.5","13.73","0.00386","1.2",{"v":1.53,"d":"1.530"},"05020403121565",24,"27","23","29","0.01801","4.8",{"v":6.12,"d":"6.120"},null,1680,"https://files.plytix.com/api/v1.1/file/public_files/pim/assets/8a/8d/8f/62/628f8d8abb3a1aaaf0e8f149/images/8a/37/82/68/6882378a0d779e27ece5e1a0/TH_SSD16CV.jpg","https://files.plytix.com/api/v1.1/file/public_files/pim/assets/8a/8d/8f/62/628f8d8abb3a1aaaf0e8f149/images/be/2a/82/68/68822abe0d779e27ece5dd3e/SSD16CV.jpg","https://files.plytix.com/api/v1.1/file/public_files/pim/assets/8a/8d/8f/62/628f8d8abb3a1aaaf0e8f149/images/78/22/7e/68/687e22785ff968b9dfce9a91/LFST0925312.jpg|https://files.plytix.com/api/v1.1/file/public_files/pim/assets/8a/8d/8f/62/628f8d8abb3a1aaaf0e8f149/images/32/23/7e/68/687e23322a03861c91eda630/LFST0925342.jpg|https://files.plytix.com/api/v1.1/file/public_files/pim/assets/8a/8d/8f/62/628f8d8abb3a1aaaf0e8f149/images/f3/21/7e/68/687e21f3777134bb259391ac/LFST0925293.jpg","https://www.nevilleuk.com/products/SSD16CV_",null,"SSD16GDV|SSD16BKV|SSD16V"]
["SSD24GDV","GenWare Gold Vintage Steel Oval Dish 24.5 x 17.5cm","24.5 x 17.5 x 4cm (L x W x H) - 100cl/35oz",43.72,6,"Table Presentation>Gold Vintage Steel",null,"Yes",null,246,180,40,0.381,0.381,{"v":100,"d":"100.00"},"35.2","Stainless Steel-202","7323930090","India",null,null,"Yes","Yes","N/A","N/A",{"$nulls":6},"\n•Made from Stainless Steel\n•Industrial Vintage Finish\n•Durable Gold PVD Coating\n•Attractive Brass Handles","Add a touch of bold, industrial flair to your food presentation with our Gold Vintage Steel Collection. The attractive brass handles add a sophisticated touch, elevating casual dining to a premium experience. Crafted from high-quality stainless steel with a distinctive gold PVD coating, this collection combines durability and style, offering a unique, vintage-inspired finish that enhances any dish. Perfect for both casual and upscale dining settings, these pieces provide a sophisticated yet rugged look that complements a variety of cuisines.\n•Durable Stainless Steel: Provides long-lasting strength, ideal for high-use environments\n•Industrial Vintage Design: A striking, modern aesthetic that brings a rugged charm to any table setting\n•Durable Gold PVD Coating: Matt finish that offers a contemporary look while being resistant to scratches and wear\n•Safe for Direct Food Contact: Crafted from food-safe materials, ensuring safe and hygienic service\n•Stylish Brass Handles: Adds a premium touch, enhancing casual and upscale dining presentations\n•Perfect for Small Dishes and Sides: Ideal for serving tapas, side dishes, desserts, and individual portions\n•Versatile Presentation: Pairs beautifully with ceramic or wooden serving boards for a premium look\n•Perfect for Casual and Premium Dining: Ideal for restaurants, gastropubs, and sharing style service\n•Dishwasher Safe: Easy to clean and maintain","Each",null,"24.6","18","4","0.00177",0.381,"05020403121527",6,"30","19","16","0.00912","2.286",{"v":2.75,"d":"2.750"},"05020403121534",24,"40","32","34","0.04352","9.144",{"v":11,"d":"11.000"},null,576,"https://files.plytix.com/api/v1.1/file/public_files/pim/assets/8a/8d/8f/62/628f8d8abb3a1aaaf0e8f149/images/8c/37/82/68/6882378c84708e1f953fa587/TH_SSD24GDV.jpg","https://files.plytix.com/api/v1.1/file/public_files/pim/assets/8a/8d/8f/62/628f8d8abb3a1aaaf0e8f149/images/ca/2a/82/68/68822aca03c05567ef5f9f41/SSD24GDV.jpg|https://files.plytix.com/api/v1.1/file/public_files/pim/assets/8a/8d/8f/62/628f8d8abb3a1aaaf0e8f149/images/cb/2a/82/68/68822acb03c05567ef5f9f42/SSD24GDV_A.jpg","https://files.plytix.com/api/v1.1/file/public_files/pim/assets/8a/8d/8f/62/628f8d8abb3a1aaaf0e8f149/images/15/1b/7e/68/687e1b155c3aa1d901c6ea0c/LFST0925019.jpg|https://files.plytix.com/api/v1.1/file/public_files/pim/assets/8a/8d/8f/62/628f8d8abb3a1aaaf0e8f149/images/4a/1b/7e/68/687e1b4a2a03861c91eda48b/LFST0925027.jpg|https://files.plytix.com/api/v1.1/file/public_files/pim/assets/8a/8d/8f/62/628f8d8abb3a1aaaf0e8f149/images/df/1a/7e/68/687e1adf5c3aa1d901c6ea08/LFST0925011.jpg|https://files.plytix.com/api/v1.1/file/public_files/pim/assets/8a/8d/8f/62/628f8d8abb3a1aaaf0e8f149/images/2d/1c/7e/68/687e1c2d5ff968b9dfce99a2/LFST0925060.jpg","https://www.nevilleuk.com/products/SSD24GDV_",null,"SSD24CV|SSD24BKV|SSD24V"]
["SSD21GDV","GenWare Gold Vintage Steel Oval Dish 20.75 x 15.75cm","20.75 x 15.75 x 3.75cm (L x W x H) - 70cl/24.6oz",37.94,6,"Table Presentation>Gold Vintage Steel",null,"Yes",null,212,159,37,0.243,0.243,{"v":70,"d":"70.00"},"24.6","Stainless Steel-202","7323930090","India",null,null,"Yes","Yes","N/A","N/A",{"$nulls":6},"\n•Made from Stainless Steel\n•Industrial Vintage Finish\n•Durable Gold PVD Coating\n•Attractive Brass Handles","Add a touch of bold, industrial flair to your food presentation with our Gold Vintage Steel Collection. The attractive brass handles add a sophisticated touch, elevating casual dining to a premium experience. Crafted from high-quality stainless steel with a distinctive gold PVD coating, this collection combines durability and style, offering a unique, vintage-inspired finish that enhances any dish. Perfect for both casual and upscale dining settings, these pieces provide a sophisticated yet rugged look that complements a variety of cuisines.\n•Durable Stainless Steel: Provides long-lasting strength, ideal for high-use environments\n•Industrial Vintage Design: A striking, modern aesthetic that brings a rugged charm to any table setting\n•Durable Gold PVD Coating: Matt finish that offers a contemporary look while being resistant to scratches and wear\n•Safe for Direct Food Contact: Crafted from food-safe materials, ensuring safe and hygienic service\n•Stylish Brass Handles: Adds a premium touch, enhancing casual and upscale dining presentations\n•Perfect for Small Dishes and Sides: Ideal for serving tapas, side dishes, desserts, and individual portions\n•Versatile Presentation: Pairs beautifully with ceramic or wooden serving boards for a premium look\n•Perfect for Casual and Premium Dining: Ideal for restaurants, gastropubs, and sharing style service\n•Dishwasher Safe: Easy to clean and maintain","Each",null,"21.2","15.9","3.7","0.00125",0.243,"05020403121497",6,"26.5","16.5","15","0.00656","1.458",{"v":1.75,"d":"1.750"},"05020403121503",24,"36","28","33","0.03326","5.832",{"v":7,"d":"7.000"},null,768,"https://files.plytix.com/api/v1.1/file/public_files/pim/assets/8a/8d/8f/62/628f8d8abb3a1aaaf0e8f149/images/8c/37/82/68/6882378c03c05567ef5fa37b/TH_SSD21GDV.jpg","https://files.plytix.com/api/v1.1/file/public_files/pim/assets/8a/8d/8f/62/628f8d8abb3a1aaaf0e8f149/images/c5/2a/82/68/68822ac5e49aeb157cd6264d/SSD21GDV.jpg|https://files.plytix.com/api/v1.1/file/public_files/pim/assets/8a/8d/8f/62/628f8d8abb3a1aaaf0e8f149/images/c6/2a/82/68/68822ac6a81af439e7f6c0cd/SSD21GDV_A.jpg",null,"https://www.nevilleuk.com/products/SSD21GDV_","110628","SSD21CV|SSD21BKV|SSD21V"]
["SSD18GDV","GenWare Gold Vintage Steel Oval Dish 18.5 x 13.5cm","18.5 x 13.5 x 3.25cm (L x W x H) - 50cl/17.6oz",32.28,6,"Table Presentation>Gold Vintage Steel",null,"Yes",null,188,140,32,0.241,0.241,{"v":50,"d":"50.00"},"17.6","Stainless Steel-202","7323930090","India",null,null,"Yes","Yes","N/A","N/A",{"$nulls":6},"\n•Made from Stainless Steel\n•Industrial Vintage Finish\n•Durable Gold PVD Coating\n•Attractive Brass Handles","Add a touch of bold, industrial flair to your food presentation with our Gold Vintage Steel Collection. The attractive brass handles add a sophisticated touch, elevating casual dining to a premium experience. Crafted from high-quality stainless steel with a distinctive gold PVD coating, this collection combines durability and style, offering a unique, vintage-inspired finish that enhances any dish. Perfect for both casual and upscale dining settings, these pieces provide a sophisticated yet rugged look that complements a variety of cuisines.\n•Durable Stainless Steel: Provides long-lasting strength, ideal for high-use environments\n•Industrial Vintage Design: A striking, modern aesthetic that brings a rugged charm to any table setting\n•Durable Gold PVD Coating: Matt finish that offers a contemporary look while being resistant to scratches and wear\n•Safe for Direct Food Contact: Crafted from food-safe materials, ensuring safe and hygienic service\n•Stylish Brass Handles: Adds a premium touch, enhancing casual and upscale dining presentations\n•Perfect for Small Dishes and Sides: Ideal for serving tapas, side dishes, desserts, and individual portions\n•Versatile Presentation: Pairs beautifully with ceramic or wooden serving boards for a premium look\n•Perfect for Casual and Premium Dining: Ideal for restaurants, gastropubs, and sharing style service\n•Dishwasher Safe: Easy to clean and maintain","Each",null,"18.8","14","3.2","0.00084",0.241,"05020403121466",6,"24.5","15","14","0.00515","1.446",{"v":1.75,"d":"1.750"},"05020403121473",24,"31","26","30","0.02418","5.784",{"v":7,"d":"7.000"},null,864,"https://files.plytix.com/api/v1.1/file/public_files/pim/assets/8a/8d/8f/62/628f8d8abb3a1aaaf0e8f149/images/8b/37/82/68/6882378b0d779e27ece5e1a2/TH_SSD18GDV.jpg","https://files.plytix.com/api/v1.1/file/public_files/pim/assets/8a/8d/8f/62/628f8d8abb3a1aaaf0e8f149/images/c1/2a/82/68/68822ac19544f7f72c09f8e9/SSD18GDV.jpg|https://files.plytix.com/api/v1.1/file/public_files/pim/assets/8a/8d/8f/62/628f8d8abb3a1aaaf0e8f149/images/c1/2a/82/68/68822ac10d779e27ece5dd3f/SSD18GDV_A.jpg","https://files.plytix.com/api/v1.1/file/public_files/pim/assets/8a/8d/8f/62/628f8d8abb3a1aaaf0e8f149/images/22/1b/7e/68/687e1b225ff968b9dfce9990/LFST0925021.jpg|https://files.plytix.com/api/v1.1/file/public_files/pim/assets/8a/8d/8f/62/628f8d8abb3a1aaaf0e8f149/images/d8/23/7e/68/687e23d8777134bb259391f6/LFST0925004.jpg","https://www.nevilleuk.com/products/SSD18GDV_","110625","SSD18CV|SSD18BKV|SSD18V"]
["SSD16GDV","GenWare Gold Vintage Steel Oval Dish 16.5 x 12.5cm","16.5 x 12.5 x 3 cm (L x W x H) - 35cl/12oz",29.88,6,"Table Presentation>Gold Vintage Steel",null,"Yes",null,165,123,28,{"v":0.2,"d":"0.200"},{"v":0.2,"d":"0.200"},{"v":35,"d":"35.00"},"12.3","Stainless Steel-202","7323930090","India",null,null,"Yes","Yes","N/A","N/A",{"$nulls":6},"\n•Made from Stainless Steel\n•Industrial Vintage Finish\n•Durable Gold PVD Coating\n•Attractive Brass Handles","Add a touch of bold, industrial flair to your food presentation with our Gold Vintage Steel Collection. The attractive brass handles add a sophisticated touch, elevating casual dining to a premium experience. Crafted from high-quality stainless steel with a distinctive gold PVD coating, this collection combines durability and style, offering a unique, vintage-inspired finish that enhances any dish. Perfect for both casual and upscale dining settings, these pieces provide a sophisticated yet rugged look that complements a variety of cuisines.\n•Durable Stainless Steel: Provides long-lasting strength, ideal for high-use environments\n•Industrial Vintage Design: A striking, modern aesthetic that brings a rugged charm to any table setting\n•Durable Gold PVD Coating: Matt finish that offers a contemporary look while being resistant to scratches and wear\n•Safe for Direct Food Contact: Crafted from food-safe materials, ensuring safe and hygienic service\n•Stylish Brass Handles: Adds a premium touch, enhancing casual and upscale dining presentations\n•Perfect for Small Dishes and Sides: Ideal for serving tapas, side dishes, desserts, and individual portions\n•Versatile Presentation: Pairs beautifully with ceramic or wooden serving boards for a premium look\n•Perfect for Casual and Premium Dining: Ideal for restaurants, gastropubs, and sharing style service\n•Dishwasher Safe: Easy to clean and maintain","Each",null,"16.5","12.3","2.8","0.00057",{"v":0.2,"d":"0.200"},"05020403121435",6,"22.5","12.5","13.7","0.00385","1.2",{"v":1.53,"d":"1.530"},"05020403121442",24,"27","23","29","0.01801","4.8",{"v":6.12,"d":"6.120"},null,1680,"https://files.plytix.com/api/v1.1/file/public_files/pim/assets/8a/8d/8f/62/628f8d8abb3a1aaaf0e8f149/images/8b/37/82/68/6882378b03c05567ef5fa37a/TH_SSD16GDV.jpg","https://files.plytix.com/api/v1.1/file/public_files/pim/assets/8a/8d/8f/62/628f8d8abb3a1aaaf0e8f149/images/bf/2a/82/68/68822abf03c05567ef5f9f3d/SSD16GDV.jpg","https://files.plytix.com/api/v1.1/file/public_files/pim/assets/8a/8d/8f/62/628f8d8abb3a1aaaf0e8f149/images/60/23/7e/68/687e23605ff968b9dfce9ab7/LFST0925351.jpg|https://files.plytix.com/api/v1.1/file/public_files/pim/assets/8a/8d/8f/62/628f8d8abb3a1aaaf0e8f149/images/bc/21/7e/68/687e21bc777134bb259391a4/LFST0925285.jpg","https://www.nevilleuk.com/products/SSD16GDV_",null,"SSD16CV|SSD16BKV|SSD16V"]
["SMS8CV","GenWare Copper Vintage Steel Mini Sauce Pan 7.8 x 4.5cm","7.8 x 4.5cm (Dia x H) - 20cl/7oz",26.58,6,"Table Presentation>Copper Vintage Steel",null,"Yes",null,80,73,50,0.138,0.138,{"v":20,"d":"20.00"},"7","Stainless Steel-202","7323930090","India",null,null,"Yes","Yes","N/A","N/A",{"$nulls":6},"\n•Made from Stainless Steel\n•Industrial Vintage Finish\n•Durable Copper PVD Coating\n•Attractive Brass Handle","Add a touch of bold, industrial flair to your food presentation with our Copper Vintage Steel Collection. The attractive brass handles add a sophisticated touch, elevating casual dining to a premium experience. Crafted from high-quality stainless steel with a distinctive copper PVD coating, this collection combines durability and style, offering a unique, vintage-inspired finish that enhances any dish. Perfect for both casual and upscale dining settings, these pieces provide a sophisticated yet rugged look that complements a variety of cuisines.\n•Durable Stainless Steel: Provides long-lasting strength, ideal for high-use environments\n•Industrial Vintage Design: A striking, modern aesthetic that brings a rugged charm to any table setting\n•Durable Copper PVD Coating: Matt finish that offers a contemporary look while being resistant to scratches and wear\n•Safe for Direct Food Contact: Crafted from food-safe materials, ensuring safe and hygienic service\n•Stylish Brass Handles: Adds a premium touch, enhancing casual and upscale dining presentations\n•Perfect for Small Dishes and Sides: Ideal for serving tapas, side dishes, desserts, and individual portions\n•Versatile Presentation: Pairs beautifully with ceramic or wooden serving boards for a premium look\n•Perfect for Casual and Premium Dining: Ideal for restaurants, gastropubs, and sharing style service\n•Dishwasher Safe: Easy to clean and maintain","Each",null,"8","7.3","5","0.00029",0.138,"05020403121404",6,"17","10","20","0.00340","0.828",{"v":1.03,"d":"1.030"},"05020403121411",48,"45","25","35","0.03938","6.624",{"v":8.25,"d":"8.250"},null,1728,"https://files.plytix.com/api/v1.1/file/public_files/pim/assets/8a/8d/8f/62/628f8d8abb3a1aaaf0e8f149/images/86/37/82/68/688237860d779e27ece5e19f/TH_SMS8CV.jpg","https://files.plytix.com/api/v1.1/file/public_files/pim/assets/8a/8d/8f/62/628f8d8abb3a1aaaf0e8f149/images/b9/2a/82/68/68822ab903c05567ef5f9f3a/SMS8CV.jpg","https://files.plytix.com/api/v1.1/file/public_files/pim/assets/8a/8d/8f/62/628f8d8abb3a1aaaf0e8f149/images/e6/1a/7e/68/687e1ae65ff968b9dfce998d/LFST0925012.jpg|https://files.plytix.com/api/v1.1/file/public_files/pim/assets/8a/8d/8f/62/628f8d8abb3a1aaaf0e8f149/images/f9/1a/7e/68/687e1af9777134bb2593905a/LFST0925015.jpg|https://files.plytix.com/api/v1.1/file/public_files/pim/assets/8a/8d/8f/62/628f8d8abb3a1aaaf0e8f149/images/d8/23/7e/68/687e23d8777134bb259391f6/LFST0925004.jpg","https://www.nevilleuk.com/products/SMS8CV_",null,"SMS8GDV|SMS8BKV|SMS8V"]
["SMS7CV","GenWare Copper Vintage Steel Mini Sauce Pan 7 x 3.75cm","7 x 3.75cm (Dia x H) - 14cl/5oz",24.68,6,"Table Presentation>Copper Vintage Steel",null,"Yes",null,72,63,40,0.113,0.113,{"v":14,"d":"14.00"},"4.9","Stainless Steel-202","7323930090","India",null,null,"Yes","Yes","N/A","N/A",{"$nulls":6},"\n•Made from Stainless Steel\n•Industrial Vintage Finish\n•Durable Copper PVD Coating\n•Attractive Brass Handle","Add a touch of bold, industrial flair to your food presentation with our Copper Vintage Steel Collection. The attractive brass handles add a sophisticated touch, elevating casual dining to a premium experience. Crafted from high-quality stainless steel with a distinctive copper PVD coating, this collection combines durability and style, offering a unique, vintage-inspired finish that enhances any dish. Perfect for both casual and upscale dining settings, these pieces provide a sophisticated yet rugged look that complements a variety of cuisines.\n•Durable Stainless Steel: Provides long-lasting strength, ideal for high-use environments\n•Industrial Vintage Design: A striking, modern aesthetic that brings a rugged charm to any table setting\n•Durable Copper PVD Coating: Matt finish that offers a contemporary look while being resistant to scratches and wear\n•Safe for Direct Food Contact: Crafted from food-safe materials, ensuring safe and hygienic service\n•Stylish Brass Handles: Adds a premium touch, enhancing casual and upscale dining presentations\n•Perfect for Small Dishes and Sides: Ideal for serving tapas, side dishes, desserts, and individual portions\n•Versatile Presentation: Pairs beautifully with ceramic or wooden serving boards for a premium look\n•Perfect for Casual and Premium Dining: Ideal for restaurants, gastropubs, and sharing style service\n•Dishwasher Safe: Easy to clean and maintain","Each",null,"7.2","6.3","4","0.00018",0.113,"05020403121374",6,"15.5","10","16.5","0.00256","0.678",0.888,"05020403121381",48,"33","21","36","0.02495","5.424",{"v":7.1,"d":"7.100"},null,3456,"https://files.plytix.com/api/v1.1/file/public_files/pim/assets/8a/8d/8f/62/628f8d8abb3a1aaaf0e8f149/images/be/37/82/68/688237be84708e1f953fa5b4/TH_SMS7CV.jpg","https://files.plytix.com/api/v1.1/file/public_files/pim/assets/8a/8d/8f/62/628f8d8abb3a1aaaf0e8f149/images/b8/2a/82/68/68822ab80d779e27ece5dd35/SMS7CV.jpg",null,"https://www.nevilleuk.com/products/SMS7CV_",null,"SMS7GDV|SMS7BKV|SMS7V"]
["SCD9CV","GenWare Copper Vintage Steel Mini Casserole Dish 9 x 5.25cm","9 x 5.25cm (Dia x H) 34cl/12oz",32.48,6,"Table Presentation>Copper Vintage Steel",null,"Yes",null,96,90,54,{"v":0.18,"d":"0.180"},{"v":0.18,"d":"0.180"},{"v":34,"d":"34.00"},"12","Stainless Steel-202","7323930090","India",null,null,"Yes","Yes","N/A","N/A",{"$nulls":6},"\n•Made from Stainless Steel\n•Industrial Vintage Finish\n•Durable Copper PVD Coating\n•Attractive Brass Handles","Add a touch of bold, industrial flair to your food presentation with our Copper Vintage Steel Collection. The attractive brass handles add a sophisticated touch, elevating casual dining to a premium experience. Crafted from high-quality stainless steel with a distinctive copper PVD coating, this collection combines durability and style, offering a unique, vintage-inspired finish that enhances any dish. Perfect for both casual and upscale dining settings, these pieces provide a sophisticated yet rugged look that complements a variety of cuisines.\n•Durable Stainless Steel: Provides long-lasting strength, ideal for high-use environments\n•Industrial Vintage Design: A striking, modern aesthetic that brings a rugged charm to any table setting\n•Durable Copper PVD Coating: Matt finish that offers a contemporary look while being resistant to scratches and wear\n•Safe for Direct Food Contact: Crafted from food-safe materials, ensuring safe and hygienic service\n•Stylish Brass Handles: Adds a premium touch, enhancing casual and upscale dining presentations\n•Perfect for Small Dishes and Sides: Ideal for serving tapas, side dishes, desserts, and individual portions\n•Versatile Presentation: Pairs beautifully with ceramic or wooden serving boards for a premium look\n•Perfect for Casual and Premium Dining: Ideal for restaurants, gastropubs, and sharing style service\n•Dishwasher Safe: Easy to clean and maintain","Each",null,"9.6","9","5.4","0.00047",{"v":0.18,"d":"0.180"},"05020403121343",6,"20","13.5","19","0.00513","1.08",{"v":1.35,"d":"1.350"},"05020403121350",24,"30","22","38","0.02508","4.32",{"v":5.4,"d":"5.400"},null,1056,"https://files.plytix.com/api/v1.1/file/public_files/pim/assets/8a/8d/8f/62/628f8d8abb3a1aaaf0e8f149/images/b3/37/82/68/688237b39544f7f72c09fca2/TH_SCD9CV.jpg","https://files.plytix.com/api/v1.1/file/public_files/pim/assets/8a/8d/8f/62/628f8d8abb3a1aaaf0e8f149/images/b4/2a/82/68/68822ab49544f7f72c09f8e4/SCD9CV.jpg","https://files.plytix.com/api/v1.1/file/public_files/pim/assets/8a/8d/8f/62/628f8d8abb3a1aaaf0e8f149/images/1b/1b/7e/68/687e1b1bad76c8ad222c860d/LFST0925020.jpg","https://www.nevilleuk.com/products/SCD9CV_",null,"SCD9GDV|SCD9BKV|SCD9V"]
["SCD12CV","GenWare Copper Vintage Steel Mini Casserole Dish 12.25 x 3.5cm","12.25 x 3.5cm (Dia x H) 42cl/14.8oz",34.52,6,"Table Presentation>Copper Vintage Steel",null,"Yes",null,125,120,360,{"v":0.2,"d":"0.200"},{"v":0.2,"d":"0.200"},{"v":42,"d":"42.00"},"14.8","Stainless Steel-202","7323930090","India",null,null,"Yes","Yes","N/A","N/A",{"$nulls":6},"\n•Made from Stainless Steel\n•Industrial Vintage Finish\n•Durable Copper PVD Coating\n•Attractive Brass Handles","Add a touch of bold, industrial flair to your food presentation with our Copper Vintage Steel Collection. The attractive brass handles add a sophisticated touch, elevating casual dining to a premium experience. Crafted from high-quality stainless steel with a distinctive copper PVD coating, this collection combines durability and style, offering a unique, vintage-inspired finish that enhances any dish. Perfect for both casual and upscale dining settings, these pieces provide a sophisticated yet rugged look that complements a variety of cuisines.\n•Durable Stainless Steel: Provides long-lasting strength, ideal for high-use environments\n•Industrial Vintage Design: A striking, modern aesthetic that brings a rugged charm to any table setting\n•Durable Copper PVD Coating: Matt finish that offers a contemporary look while being resistant to scratches and wear\n•Safe for Direct Food Contact: Crafted from food-safe materials, ensuring safe and hygienic service\n•Stylish Brass Handles: Adds a premium touch, enhancing casual and upscale dining presentations\n•Perfect for Small Dishes and Sides: Ideal for serving tapas, side dishes, desserts, and individual portions\n•Versatile Presentation: Pairs beautifully with ceramic or wooden serving boards for a premium look\n•Perfect for Casual and Premium Dining: Ideal for restaurants, gastropubs, and sharing style service\n•Dishwasher Safe: Easy to clean and maintain","Each",null,"12.5","12","36","0.00540",{"v":0.2,"d":"0.200"},"05020403121312",6,"27","13.58","12","0.00440","1.2",1.575,"05020403121329",24,"28.5","28","29.5","0.02354","4.8",{"v":6.3,"d":"6.300"},null,960,"https://files.plytix.com/api/v1.1/file/public_files/pim/assets/8a/8d/8f/62/628f8d8abb3a1aaaf0e8f149/images/b3/37/82/68/688237b3e49aeb157cd62a91/TH_SCD12CV.jpg","https://files.plytix.com/api/v1.1/file/public_files/pim/assets/8a/8d/8f/62/628f8d8abb3a1aaaf0e8f149/images/b6/2a/82/68/68822ab603c05567ef5f9f37/SCD12CV.jpg",null,"https://www.nevilleuk.com/products/SCD12CV_",null,"SCD12GDV|SCD12BKV|SCD12V"]
["SRD16GDV","GenWare Gold Vintage Steel Round Dish 15.5 x 4cm","15.5 x 4cm (Dia x H) 66cl/23.2oz",34.52,6,"Table Presentation>Gold Vintage Steel",null,"Yes",null,160,120,42,{"v":0.28,"d":"0.280"},{"v":0.28,"d":"0.280"},{"v":66,"d":"66.00"},"23.2","Stainless Steel-202","7323930090","India",null,null,"Yes","Yes","N/A","N/A",{"$nulls":6},"\n•Made from Stainless Steel\n•Industrial Vintage Finish\n•Durable Gold PVD Coating\n•Attractive Brass Handles","Add a touch of bold, industrial flair to your food presentation with our Gold Vintage Steel Collection. The attractive brass handles add a sophisticated touch, elevating casual dining to a premium experience. Crafted from high-quality stainless steel with a distinctive gold PVD coating, this collection combines durability and style, offering a unique, vintage-inspired finish that enhances any dish. Perfect for both casual and upscale dining settings, these pieces provide a sophisticated yet rugged look that complements a variety of cuisines.\n•Durable Stainless Steel: Provides long-lasting strength, ideal for high-use environments\n•Industrial Vintage Design: A striking, modern aesthetic that brings a rugged charm to any table setting\n•Durable Gold PVD Coating: Matt finish that offers a contemporary look while being resistant to scratches and wear\n•Safe for Direct Food Contact: Crafted from food-safe materials, ensuring safe and hygienic service\n•Stylish Brass Handles: Adds a premium touch, enhancing casual and upscale dining presentations\n•Perfect for Small Dishes and Sides: Ideal for serving tapas, side dishes, desserts, and individual portions\n•Versatile Presentation: Pairs beautifully with ceramic or wooden serving boards for a premium look\n•Perfect for Casual and Premium Dining: Ideal for restaurants, gastropubs, and sharing style service\n•Dishwasher Safe: Easy to clean and maintain","Each",null,"16","12","4.2","0.00081",{"v":0.28,"d":"0.280"},"05020403121282",6,"18","18","18","0.00583","1.68",2.025,"05020403121299",24,"34","18","38","0.02326","6.72",{"v":8.1,"d":"8.100"},null,720,"https://files.plytix.com/api/v1.1/file/public_files/pim/assets/8a/8d/8f/62/628f8d8abb3a1aaaf0e8f149/images/89/37/82/68/6882378984708e1f953fa581/TH_SRD16GDV.jpg","https://files.plytix.com/api/v1.1/file/public_files/pim/assets/8a/8d/8f/62/628f8d8abb3a1aaaf0e8f149/images/be/2a/82/68/68822abe9544f7f72c09f8e6/SRD16GDV.jpg",null,"https://www.nevilleuk.com/products/SRD16GDV_",null,"SRD16CV|SRD16BKV|SRD16V"]
["SRD14GDV","GenWare Gold Vintage Steel Round Dish 13.5 x 3.75cm","13.5 x 3.75cm (Dia x H) 46cl/16oz",32.48,6,"Table Presentation>Gold Vintage Steel",null,"Yes",null,140,102,40,{"v":0.25,"d":"0.250"},{"v":0.25,"d":"0.250"},{"v":46,"d":"46.00"},"16.2","Stainless Steel-202","7323930090","India",null,null,"Yes","Yes","N/A","N/A",{"$nulls":6},"\n•Made from Stainless Steel\n•Industrial Vintage Finish\n•Durable Gold PVD Coating\n•Attractive Brass Handles","Add a touch of bold, industrial flair to your food presentation with our Gold Vintage Steel Collection. The attractive brass handles add a sophisticated touch, elevating casual dining to a premium experience. Crafted from high-quality stainless steel with a distinctive gold PVD coating, this collection combines durability and style, offering a unique, vintage-inspired finish that enhances any dish. Perfect for both casual and upscale dining settings, these pieces provide a sophisticated yet rugged look that complements a variety of cuisines.\n•Durable Stainless Steel: Provides long-lasting strength, ideal for high-use environments\n•Industrial Vintage Design: A striking, modern aesthetic that brings a rugged charm to any table setting\n•Durable Gold PVD Coating: Matt finish that offers a contemporary look while being resistant to scratches and wear\n•Safe for Direct Food Contact: Crafted from food-safe materials, ensuring safe and hygienic service\n•Stylish Brass Handles: Adds a premium touch, enhancing casual and upscale dining presentations\n•Perfect for Small Dishes and Sides: Ideal for serving tapas, side dishes, desserts, and individual portions\n•Versatile Presentation: Pairs beautifully with ceramic or wooden serving boards for a premium look\n•Perfect for Casual and Premium Dining: Ideal for restaurants, gastropubs, and sharing style service\n•Dishwasher Safe: Easy to clean and maintain","Each",null,"14","10.2","4","0.00057",{"v":0.25,"d":"0.250"},"05020403121251",6,"16","16","19","0.00486","1.5",1.728,"05020403121268",24,"34","18","38.5","0.02356","6",{"v":6.91,"d":"6.910"},null,720,"https://files.plytix.com/api/v1.1/file/public_files/pim/assets/8a/8d/8f/62/628f8d8abb3a1aaaf0e8f149/images/88/37/82/68/6882378884708e1f953fa57e/TH_SRD14GDV.jpg","https://files.plytix.com/api/v1.1/file/public_files/pim/assets/8a/8d/8f/62/628f8d8abb3a1aaaf0e8f149/images/bc/2a/82/68/68822abc0d779e27ece5dd39/SRD14GDV.jpg",null,"https://www.nevilleuk.com/products/SRD14GDV_",null,"SRD14CV|SRD14BKV|SRD14V"]
["SMS9GDV","GenWare Gold Vintage Steel Mini Sauce Pan 9 x 5.25cm","9 x 5.25cm (Dia x H) - 35cl/12oz",{"v":31,"d":"31.00"},6,"Table Presentation>Gold Vintage Steel",null,"Yes",null,100,100,50,0.174,0.174,{"v":35,"d":"35.00"},"12.3","Stainless Steel-202","7323930090","India",null,null,"Yes","Yes","N/A","N/A",{"$nulls":6},"\n•Made from Stainless Steel\n•Industrial Vintage Finish\n•Durable Gold PVD Coating\n•Attractive Brass Handle","Add a touch of bold, industrial flair to your food presentation with our Gold Vintage Steel Collection. The attractive brass handles add a sophisticated touch, elevating casual dining to a premium experience. Crafted from high-quality stainless steel with a distinctive gold PVD coating, this collection combines durability and style, offering a unique, vintage-inspired finish that enhances any dish. Perfect for both casual and upscale dining settings, these pieces provide a sophisticated yet rugged look that complements a variety of cuisines.\n•Durable Stainless Steel: Provides long-lasting strength, ideal for high-use environments\n•Industrial Vintage Design: A striking, modern aesthetic that brings a rugged charm to any table setting\n•Durable Gold PVD Coating: Matt finish that offers a contemporary look while being resistant to scratches and wear\n•Safe for Direct Food Contact: Crafted from food-safe materials, ensuring safe and hygienic service\n•Stylish Brass Handles: Adds a premium touch, enhancing casual and upscale dining presentations\n•Perfect for Small Dishes and Sides: Ideal for serving tapas, side dishes, desserts, and individual portions\n•Versatile Presentation: Pairs beautifully with ceramic or wooden serving boards for a premium look\n•Perfect for Casual and Premium Dining: Ideal for restaurants, gastropubs, and sharing style service\n•Dishwasher Safe: Easy to clean and maintain","Each",null,"10","10","5","0.00050",0.174,"05020403121220",6,"20.5","12.4","19.5","0.00496","1.044",1.425,"05020403121237",24,"26.5","22.5","41","0.02445","4.176",{"v":5.7,"d":"5.700"},null,864,"https://files.plytix.com/api/v1.1/file/public_files/pim/assets/8a/8d/8f/62/628f8d8abb3a1aaaf0e8f149/images/87/37/82/68/68823787a81af439e7f6c551/TH_SMS9GDV.jpg","https://files.plytix.com/api/v1.1/file/public_files/pim/assets/8a/8d/8f/62/628f8d8abb3a1aaaf0e8f149/images/ba/2a/82/68/68822aba03c05567ef5f9f3b/SMS9GDV.jpg","https://files.plytix.com/api/v1.1/file/public_files/pim/assets/8a/8d/8f/62/628f8d8abb3a1aaaf0e8f149/images/32/1c/7e/68/687e1c322a03861c91eda49a/LFST0925061.jpg","https://www.nevilleuk.com/products/SMS9GDV_",null,"SMS9CV|SMS9BKV|SMS9V"]
["SMS8GDV","GenWare Gold Vintage Steel Mini Sauce Pan 7.8 x 4.5cm","7.8 x 4.5cm (Dia x H) - 20cl/7oz",26.58,6,"Table Presentation>Gold Vintage Steel",null,"Yes",null,80,70,50,0.138,0.138,{"v":20,"d":"20.00"},"7","Stainless Steel-202","7323930090","India",null,null,"Yes","Yes","N/A","N/A",{"$nulls":6},"\n•Made from Stainless Steel\n•Industrial Vintage Finish\n•Durable Gold PVD Coating\n•Attractive Brass Handle","Add a touch of bold, industrial flair to your food presentation with our Gold Vintage Steel Collection. The attractive brass handles add a sophisticated touch, elevating casual dining to a premium experience. Crafted from high-quality stainless steel with a distinctive gold PVD coating, this collection combines durability and style, offering a unique, vintage-inspired finish that enhances any dish. Perfect for both casual and upscale dining settings, these pieces provide a sophisticated yet rugged look that complements a variety of cuisines.\n•Durable Stainless Steel: Provides long-lasting strength, ideal for high-use environments\n•Industrial Vintage Design: A striking, modern aesthetic that brings a rugged charm to any table setting\n•Durable Gold PVD Coating: Matt finish that offers a contemporary look while being resistant to scratches and wear\n•Safe for Direct Food Contact: Crafted from food-safe materials, ensuring safe and hygienic service\n•Stylish Brass Handles: Adds a premium touch, enhancing casual and upscale dining presentations\n•Perfect for Small Dishes and Sides: Ideal for serving tapas, side dishes, desserts, and individual portions\n•Versatile Presentation: Pairs beautifully with ceramic or wooden serving boards for a premium look\n•Perfect for Casual and Premium Dining: Ideal for restaurants, gastropubs, and sharing style service\n•Dishwasher Safe: Easy to clean and maintain","Each",null,"8","7","5","0.00028",0.138,"05020403121190",6,"1700","10","20","0.34000","0.828",{"v":1.03,"d":"1.030"},"05020403121206",48,"45","25","35","0.03938","6.624",{"v":8.25,"d":"8.250"},null,1728,"https://files.plytix.com/api/v1.1/file/public_files/pim/assets/8a/8d/8f/62/628f8d8abb3a1aaaf0e8f149/images/87/37/82/68/68823787a81af439e7f6c550/TH_SMS8GDV.jpg","https://files.plytix.com/api/v1.1/file/public_files/pim/assets/8a/8d/8f/62/628f8d8abb3a1aaaf0e8f149/images/b9/2a/82/68/68822ab90d779e27ece5dd36/SMS8GDV.jpg","https://files.plytix.com/api/v1.1/file/public_files/pim/assets/8a/8d/8f/62/628f8d8abb3a1aaaf0e8f149/images/e6/1a/7e/68/687e1ae65ff968b9dfce998d/LFST0925012.jpg|https://files.plytix.com/api/v1.1/file/public_files/pim/assets/8a/8d/8f/62/628f8d8abb3a1aaaf0e8f149/images/f9/1a/7e/68/687e1af9777134bb2593905a/LFST0925015.jpg|https://files.plytix.com/api/v1.1/file/public_files/pim/assets/8a/8d/8f/62/628f8d8abb3a1aaaf0e8f149/images/d8/23/7e/68/687e23d8777134bb259391f6/LFST0925004.jpg","https://www.nevilleuk.com/products/SMS8GDV_",null,"SMS8CV|SMS8BKV|SMS8V"]
["SMS7GDV","GenWare Gold Vintage Steel Mini Sauce Pan 7 x 3.75cm","7 x 3.75cm (Dia x H) - 14cl/5oz",24.68,6,"Table Presentation>Gold Vintage Steel",null,"Yes",null,70,65,40,0.112,0.112,{"v":14,"d":"14.00"},"4.9","Stainless Steel-202","7323930090","India",null,null,"Yes","Yes","N/A","N/A",{"$nulls":6},"\n•Made from Stainless Steel\n•Industrial Vintage Finish\n•Durable Gold PVD Coating\n•Attractive Brass Handle","Add a touch of bold, industrial flair to your food presentation with our Gold Vintage Steel Collection. The attractive brass handles add a sophisticated touch, elevating casual dining to a premium experience. Crafted from high-quality stainless steel with a distinctive gold PVD coating, this collection combines durability and style, offering a unique, vintage-inspired finish that enhances any dish. Perfect for both casual and upscale dining settings, these pieces provide a sophisticated yet rugged look that complements a variety of cuisines.\n•Durable Stainless Steel: Provides long-lasting strength, ideal for high-use environments\n•Industrial Vintage Design: A striking, modern aesthetic that brings a rugged charm to any table setting\n•Durable Gold PVD Coating: Matt finish that offers a contemporary look while being resistant to scratches and wear\n•Safe for Direct Food Contact: Crafted from food-safe materials, ensuring safe and hygienic service\n•Stylish Brass Handles: Adds a premium touch, enhancing casual and upscale dining presentations\n•Perfect for Small Dishes and Sides: Ideal for serving tapas, side dishes, desserts, and individual portions\n•Versatile Presentation: Pairs beautifully with ceramic or wooden serving boards for a premium look\n•Perfect for Casual and Premium Dining: Ideal for restaurants, gastropubs, and sharing style service\n•Dishwasher Safe: Easy to clean and maintain","Each",null,"7","6.5","4","0.00018",0.112,"05020403121169",6,"15.5","11.5","14","0.00250","0.672",0.888,"05020403121176",48,"46.5","17","30","0.02372","5.376",{"v":7.1,"d":"7.100"},null,3456,"https://files.plytix.com/api/v1.1/file/public_files/pim/assets/8a/8d/8f/62/628f8d8abb3a1aaaf0e8f149/images/cc/3c/82/68/68823ccce49aeb157cd62bb0/TH_SMS7GDV.jpg",null,null,"https://www.nevilleuk.com/products/SMS7GDV_",null,"SMS7CV|SMS7BKV|SMS7V"]
["SCD9GDV","GenWare Gold Vintage Steel Mini Casserole Dish 9 x 5.25cm","9 x 5.25cm (Dia x H) 34cl/12oz",32.48,6,"Table Presentation>Gold Vintage Steel",null,"Yes",null,100,100,55,0.184,0.184,{"v":34,"d":"34.00"},"12","Stainless Steel-202","7323930090","India",null,null,"Yes","Yes","N/A","N/A",{"$nulls":6},"\n•Made from Stainless Steel\n•Industrial Vintage Finish\n•Durable Gold PVD Coating\n•Attractive Brass Handles","Add a touch of bold, industrial flair to your food presentation with our Gold Vintage Steel Collection. The attractive brass handles add a sophisticated touch, elevating casual dining to a premium experience. Crafted from high-quality stainless steel with a distinctive gold PVD coating, this collection combines durability and style, offering a unique, vintage-inspired finish that enhances any dish. Perfect for both casual and upscale dining settings, these pieces provide a sophisticated yet rugged look that complements a variety of cuisines.\n•Durable Stainless Steel: Provides long-lasting strength, ideal for high-use environments\n•Industrial Vintage Design: A striking, modern aesthetic that brings a rugged charm to any table setting\n•Durable Gold PVD Coating: Matt finish that offers a contemporary look while being resistant to scratches and wear\n•Safe for Direct Food Contact: Crafted from food-safe materials, ensuring safe and hygienic service\n•Stylish Brass Handles: Adds a premium touch, enhancing casual and upscale dining presentations\n•Perfect for Small Dishes and Sides: Ideal for serving tapas, side dishes, desserts, and individual portions\n•Versatile Presentation: Pairs beautifully with ceramic or wooden serving boards for a premium look\n•Perfect for Casual and Premium Dining: Ideal for restaurants, gastropubs, and sharing style service\n•Dishwasher Safe: Easy to clean and maintain","Each",null,"10","10","5.45","0.00055",0.184,"05020403121138",6,"20","13.5","19","0.00513","1.104",{"v":1.35,"d":"1.350"},"05020403121145",24,"31","22","35","0.02387","4.416",{"v":5.4,"d":"5.400"},null,1056,"https://files.plytix.com/api/v1.1/file/public_files/pim/assets/8a/8d/8f/62/628f8d8abb3a1aaaf0e8f149/images/b3/37/82/68/688237b3e49aeb157cd62a90/TH_SCD9GDV.jpg","https://files.plytix.com/api/v1.1/file/public_files/pim/assets/8a/8d/8f/62/628f8d8abb3a1aaaf0e8f149/images/b5/2a/82/68/68822ab50d779e27ece5dd31/SCD9GDV.jpg","https://files.plytix.com/api/v1.1/file/public_files/pim/assets/8a/8d/8f/62/628f8d8abb3a1aaaf0e8f149/images/1b/1b/7e/68/687e1b1bad76c8ad222c860d/LFST0925020.jpg","https://www.nevilleuk.com/products/SCD9GDV_",null,"SCD9CV|SCD9BKV|SCD9V"]
["SCD12GDV","GenWare Gold Vintage Steel Mini Casserole Dish 12.25 x 3.5cm","12.25 x 3.5cm (Dia x H) 42cl/14.8oz",34.52,6,"Table Presentation>Gold Vintage Steel",null,"Yes",null,125,120,360,0.206,0.206,{"v":42,"d":"42.00"},"14.8","Stainless Steel-202","7323930090","India",null,null,"Yes","Yes","N/A","N/A",{"$nulls":6},"\n•Made from Stainless Steel\n•Industrial Vintage Finish\n•Durable Gold PVD Coating\n•Attractive Brass Handles","Add a touch of bold, industrial flair to your food presentation with our Gold Vintage Steel Collection. The attractive brass handles add a sophisticated touch, elevating casual dining to a premium experience. Crafted from high-quality stainless steel with a distinctive gold PVD coating, this collection combines durability and style, offering a unique, vintage-inspired finish that enhances any dish. Perfect for both casual and upscale dining settings, these pieces provide a sophisticated yet rugged look that complements a variety of cuisines.\n•Durable Stainless Steel: Provides long-lasting strength, ideal for high-use environments\n•Industrial Vintage Design: A striking, modern aesthetic that brings a rugged charm to any table setting\n•Durable Gold PVD Coating: Matt finish that offers a contemporary look while being resistant to scratches and wear\n•Safe for Direct Food Contact: Crafted from food-safe materials, ensuring safe and hygienic service\n•Stylish Brass Handles: Adds a premium touch, enhancing casual and upscale dining presentations\n•Perfect for Small Dishes and Sides: Ideal for serving tapas, side dishes, desserts, and individual portions\n•Versatile Presentation: Pairs beautifully with ceramic or wooden serving boards for a premium look\n•Perfect for Casual and Premium Dining: Ideal for restaurants, gastropubs, and sharing style service\n•Dishwasher Safe: Easy to clean and maintain","Each",null,"12.5","12","36","0.00540",0.206,"05020403121107",6,"27","13.5","12","0.00437","1.236",{"v":1.55,"d":"1.550"},"05020403121114",24,"28.5","28","29.5","0.02354","4.944",{"v":6.2,"d":"6.200"},null,960,"https://files.plytix.com/api/v1.1/file/public_files/pim/assets/8a/8d/8f/62/628f8d8abb3a1aaaf0e8f149/images/b4/37/82/68/688237b40d779e27ece5e1df/TH_SCD12GDV.jpg","https://files.plytix.com/api/v1.1/file/public_files/pim/assets/8a/8d/8f/62/628f8d8abb3a1aaaf0e8f149/images/b6/2a/82/68/68822ab603c05567ef5f9f38/SCD12GDV.jpg",null,"https://www.nevilleuk.com/products/SCD12GDV_",null,"SCD12CV|SCD12BKV|SCD12V"]
["SBR-TD11SL","Sabrosa Sol Tapas Dish 11cm","11 x 2.5cm (Dia x H) - 18cl/ 6.3oz",5.04,24,"Sabrosa Tableware>Sol",{"$nulls":3},112,112,12,{"v":0.18,"d":"0.180"},{"v":0.18,"d":"0.180"},{"v":18,"d":"18.00"},"6.3","Terracotta","6912002310","Spain",-25,250,"Yes","Yes","Yes","Yes",{"$nulls":6},"\n•Next Generation Vitrified Terracotta\n•Twice Fired, Up To 1150°C\n•Low Porosity\n•Superior Durability And Modern Versatility\n•Unique Artisanal Reactive Glaze\n•Ideal For Hospitality","Introducing Sabrosa, the next generation of classic terracotta designed to meet the demands of today’s hospitality professionals. While honouring the warmth and charm of traditional terracotta, Sabrosa takes it further with superior durability and modern versatility. Crafted from premium vitrified terracotta each piece is twice fired, up to 1150°C, making it significantly stronger, less porous, and more resistant to chips than standard terracotta.Sabrosa items are built for professional use, offering the elegant, rustic appeal of terracotta while withstanding the rigors of everyday kitchen use. Perfect for oven to table dishes, Sabrosa delivers performance and presentation, ensuring a vibrant and warm dining experience.\n•Next Generation, Vitrified Terracotta: Combines traditional charm with modern performance for today’s hospitality industry\n•Twice-Fired Process: Twice fired at temperatures up to 1150°C for enhanced strength, durability and chip resistance\n•Low Porosity: Crafted from premium vitrified terracotta, making it less porous than standard terracotta\n•Versatile Performance: Ideal for oven-to-table service, ensuring both functionality and presentation\n•Unique Artisanal Finish: The natural kiln effects and spontaneous glaze reactions ensure every piece is truly one of a kind\n•Rustic Elegance: Delivers the warm, classic aesthetic of terracotta with enhanced modern benefits\n•Vibrant Dining Experience: Provides a visually appealing, warm, and inviting tabletop presentation\n•Ideal for hospitality: Perfect for restaurants, hotels, and catering environments seeking style and reliability","Each",null,"11.2","11.2","1.2","0.00015",{"v":0.18,"d":"0.180"},{"$nulls":8},"05020403750246",24,"33","25.5","13.5","0.01136","4.32",4.551,null,2400,"https://files.plytix.com/api/v1.1/file/public_files/pim/assets/8a/8d/8f/62/628f8d8abb3a1aaaf0e8f149/images/d0/14/91/67/679114d0650bff6333cfd98c/TH_SBR-TD11SL.jpg","https://files.plytix.com/api/v1.1/file/public_files/pim/assets/8a/8d/8f/62/628f8d8abb3a1aaaf0e8f149/images/12/1c/91/67/67911c12f33788d49018efdc/SBR-TD11SL.jpg|https://files.plytix.com/api/v1.1/file/public_files/pim/assets/8a/8d/8f/62/628f8d8abb3a1aaaf0e8f149/images/13/1c/91/67/67911c13cad52e31728130ec/SBR-TD11SL_A.jpg","https://files.plytix.com/api/v1.1/file/public_files/pim/assets/8a/8d/8f/62/628f8d8abb3a1aaaf0e8f149/images/0b/d4/a1/67/67a1d40b3446055658f062a8/LFST0325055.jpg","https://www.nevilleuk.com/products/SBR-TD11SL_",null,"SBR-TD11L|SBR-TD11F|SBR-TD11LN|SBR-TD11SK|SBR-TD11ST"]
["SBR-TD75SL","Sabrosa Sol Tapas Dish 7.5cm","7.5 x 2.2cm (Dia x H) - 5cl/ 1.8oz",3.84,24,"Sabrosa Tableware>Sol",{"$nulls":3},75,75,22,0.076,0.076,{"v":5,"d":"5.00"},"1.8","Terracotta","6912002310","Spain",-25,250,"Yes","Yes","Yes","Yes",{"$nulls":6},"\n•Next Generation Vitrified Terracotta\n•Twice Fired, Up To 1150°C\n•Low Porosity\n•Superior Durability And Modern Versatility\n•Unique Artisanal Reactive Glaze\n•Ideal For Hospitality","Introducing Sabrosa, the next generation of classic terracotta designed to meet the demands of today’s hospitality professionals. While honouring the warmth and charm of traditional terracotta, Sabrosa takes it further with superior durability and modern versatility. Crafted from premium vitrified terracotta each piece is twice fired, up to 1150°C, making it significantly stronger, less porous, and more resistant to chips than standard terracotta.Sabrosa items are built for professional use, offering the elegant, rustic appeal of terracotta while withstanding the rigors of everyday kitchen use. Perfect for oven to table dishes, Sabrosa delivers performance and presentation, ensuring a vibrant and warm dining experience.\n•Next Generation, Vitrified Terracotta: Combines traditional charm with modern performance for today’s hospitality industry\n•Twice-Fired Process: Twice fired at temperatures up to 1150°C for enhanced strength, durability and chip resistance\n•Low Porosity: Crafted from premium vitrified terracotta, making it less porous than standard terracotta\n•Versatile Performance: Ideal for oven-to-table service, ensuring both functionality and presentation\n•Unique Artisanal Finish: The natural kiln effects and spontaneous glaze reactions ensure every piece is truly one of a kind\n•Rustic Elegance: Delivers the warm, classic aesthetic of terracotta with enhanced modern benefits\n•Vibrant Dining Experience: Provides a visually appealing, warm, and inviting tabletop presentation\n•Ideal for hospitality: Perfect for restaurants, hotels, and catering environments seeking style and reliability","Each",null,"7.5","7.5","2.2","0.00012",0.076,{"$nulls":8},"05020403750123",24,"31","17","10","0.00527","1.824",1.839,null,4896,"https://files.plytix.com/api/v1.1/file/public_files/pim/assets/8a/8d/8f/62/628f8d8abb3a1aaaf0e8f149/images/5c/b6/98/67/6798b65c138ecf9007a95fc4/TH_SBR-TD75SL.jpg","https://files.plytix.com/api/v1.1/file/public_files/pim/assets/8a/8d/8f/62/628f8d8abb3a1aaaf0e8f149/images/ae/f8/90/67/6790f8ae5102799cd827fdd4/SBR-TD75SL.jpg|https://files.plytix.com/api/v1.1/file/public_files/pim/assets/8a/8d/8f/62/628f8d8abb3a1aaaf0e8f149/images/af/f8/90/67/6790f8aff33788d49018e6c2/SBR-TD75SL_A.jpg",null,"https://www.nevilleuk.com/products/SBR-TD75SL_",null,"SBR-TD75L|SBR-TD75F|SBR-TD75LN|SBR-TD75SK|SBR-TD75ST"]
["SBR-PL19SK","Sabrosa Sky Plate 19.5cm","19.5cm (Dia)",11.44,12,"Sabrosa Tableware>Sky",{"$nulls":3},193,193,22,{"v":0.49,"d":"0.490"},{"v":0.49,"d":"0.490"},null,null,"Terracotta","6912002310","Spain",-25,250,"Yes","Yes","Yes","Yes",{"$nulls":6},"\n•Next Generation Vitrified Terracotta\n•Twice Fired, Up To 1150°C\n•Low Porosity\n•Superior Durability And Modern Versatility\n•Unique Artisanal Reactive Glaze\n•Ideal For Hospitality","Introducing Sabrosa, the next generation of classic terracotta designed to meet the demands of today’s hospitality professionals. While honouring the warmth and charm of traditional terracotta, Sabrosa takes it further with superior durability and modern versatility. Crafted from premium vitrified terracotta each piece is twice fired, up to 1150°C, making it significantly stronger, less porous, and more resistant to chips than standard terracotta.Sabrosa items are built for professional use, offering the elegant, rustic appeal of terracotta while withstanding the rigors of everyday kitchen use. Perfect for oven to table dishes, Sabrosa delivers performance and presentation, ensuring a vibrant and warm dining experience.\n•Next Generation, Vitrified Terracotta: Combines traditional charm with modern performance for today’s hospitality industry\n•Twice-Fired Process: Twice fired at temperatures up to 1150°C for enhanced strength, durability and chip resistance\n•Low Porosity: Crafted from premium vitrified terracotta, making it less porous than standard terracotta\n•Versatile Performance: Ideal for oven-to-table service, ensuring both functionality and presentation\n•Unique Artisanal Finish: The natural kiln effects and spontaneous glaze reactions ensure every piece is truly one of a kind\n•Rustic Elegance: Delivers the warm, classic aesthetic of terracotta with enhanced modern benefits\n•Vibrant Dining Experience: Provides a visually appealing, warm, and inviting tabletop presentation\n•Ideal for hospitality: Perfect for restaurants, hotels, and catering environments seeking style and reliability","Each",null,"19.3","19.3","2.2","0.00082",{"v":0.49,"d":"0.490"},{"$nulls":8},"05020403750741",12,"20","20","20","0.00800","5.88",5.907,null,864,"https://files.plytix.com/api/v1.1/file/public_files/pim/assets/8a/8d/8f/62/628f8d8abb3a1aaaf0e8f149/images/cf/14/91/67/679114cf650bff6333cfd989/TH_SBR-PL19SK.jpg","https://files.plytix.com/api/v1.1/file/public_files/pim/assets/8a/8d/8f/62/628f8d8abb3a1aaaf0e8f149/images/83/f8/90/67/6790f883cad52e31728124e5/SBR-PL19SK_A.jpg|https://files.plytix.com/api/v1.1/file/public_files/pim/assets/8a/8d/8f/62/628f8d8abb3a1aaaf0e8f149/images/86/f8/90/67/6790f88626b9c8be7b879fe2/SBR-PL19SK_D.jpg|https://files.plytix.com/api/v1.1/file/public_files/pim/assets/8a/8d/8f/62/628f8d8abb3a1aaaf0e8f149/images/86/f8/90/67/6790f886cad52e31728124e6/SBR-PL19SK_B.jpg|https://files.plytix.com/api/v1.1/file/public_files/pim/assets/8a/8d/8f/62/628f8d8abb3a1aaaf0e8f149/images/87/f8/90/67/6790f887f33788d49018e6c0/SBR-PL19SK_E.jpg|https://files.plytix.com/api/v1.1/file/public_files/pim/assets/8a/8d/8f/62/628f8d8abb3a1aaaf0e8f149/images/a9/04/91/67/679104a926b9c8be7b87a35e/SBR-PL19SK.jpg","https://files.plytix.com/api/v1.1/file/public_files/pim/assets/8a/8d/8f/62/628f8d8abb3a1aaaf0e8f149/images/6a/d4/a1/67/67a1d46a3446055658f062c2/LFST0325030.jpg|https://files.plytix.com/api/v1.1/file/public_files/pim/assets/8a/8d/8f/62/628f8d8abb3a1aaaf0e8f149/images/65/d4/a1/67/67a1d4653446055658f062bc/LFST0325032.jpg|https://files.plytix.com/api/v1.1/file/public_files/pim/assets/8a/8d/8f/62/628f8d8abb3a1aaaf0e8f149/images/13/d4/a1/67/67a1d413783f894c4a8d4dd0/LFST0325052.jpg","https://www.nevilleuk.com/products/SBR-PL19SK_",null,"SBR-PL19L|SBR-PL19F|SBR-PL19LN|SBR-PL19SL|SBR-PL19ST"]
["SBR-BW15SK","Sabrosa Sky Bowl 15cm","15 x 5.3cm (Dia x H) - 40cl/ 14.1oz",10.46,12,"Sabrosa Tableware>Sky",{"$nulls":3},151,151,53,{"v":0.32,"d":"0.320"},{"v":0.32,"d":"0.320"},{"v":40,"d":"40.00"},"14.1","Terracotta","6912002310","Spain",-25,250,"Yes","Yes","Yes","Yes",{"$nulls":6},"\n•Next Generation Vitrified Terracotta\n•Twice Fired, Up To 1150°C\n•Low Porosity\n•Superior Durability And Modern Versatility\n•Unique Artisanal Reactive Glaze\n•Ideal For Hospitality","Introducing Sabrosa, the next generation of classic terracotta designed to meet the demands of today’s hospitality professionals. While honouring the warmth and charm of traditional terracotta, Sabrosa takes it further with superior durability and modern versatility. Crafted from premium vitrified terracotta each piece is twice fired, up to 1150°C, making it significantly stronger, less porous, and more resistant to chips than standard terracotta.Sabrosa items are built for professional use, offering the elegant, rustic appeal of terracotta while withstanding the rigors of everyday kitchen use. Perfect for oven to table dishes, Sabrosa delivers performance and presentation, ensuring a vibrant and warm dining experience.\n•Next Generation, Vitrified Terracotta: Combines traditional charm with modern performance for today’s hospitality industry\n•Twice-Fired Process: Twice fired at temperatures up to 1150°C for enhanced strength, durability and chip resistance\n•Low Porosity: Crafted from premium vitrified terracotta, making it less porous than standard terracotta\n•Versatile Performance: Ideal for oven-to-table service, ensuring both functionality and presentation\n•Unique Artisanal Finish: The natural kiln effects and spontaneous glaze reactions ensure every piece is truly one of a kind\n•Rustic Elegance: Delivers the warm, classic aesthetic of terracotta with enhanced modern benefits\n•Vibrant Dining Experience: Provides a visually appealing, warm, and inviting tabletop presentation\n•Ideal for hospitality: Perfect for restaurants, hotels, and catering environments seeking style and reliability","Each",null,"15.1","15.1","5.3","0.00121",{"v":0.32,"d":"0.320"},{"$nulls":8},"05020403750628",12,"31","17","17","0.00896","3.84",3.855,null,1428,"https://files.plytix.com/api/v1.1/file/public_files/pim/assets/8a/8d/8f/62/628f8d8abb3a1aaaf0e8f149/images/cd/14/91/67/679114cdf33788d49018ed8b/TH_SBR-BW15SK.jpg","https://files.plytix.com/api/v1.1/file/public_files/pim/assets/8a/8d/8f/62/628f8d8abb3a1aaaf0e8f149/images/5b/f8/90/67/6790f85bf33788d49018e6b7/SBR-BW15SK.jpg|https://files.plytix.com/api/v1.1/file/public_files/pim/assets/8a/8d/8f/62/628f8d8abb3a1aaaf0e8f149/images/5d/f8/90/67/6790f85da850eb23df85708a/SBR-BW15SK_A.jpg",null,"https://www.nevilleuk.com/products/SBR-BW15SK_",null,"SBR-BW15L|SBR-BW15F|SBR-BW15LN|SBR-BW15SL|SBR-BW15ST"]
["SBR-BW11SK","Sabrosa Sky Bowl 11cm","11 x 3.5cm (Dia x H) - 18cl/ 6.3oz",7.78,12,"Sabrosa Tableware>Sky",{"$nulls":3},112,112,35,0.162,0.162,{"v":18,"d":"18.00"},"6.3","Terracotta","6912002310","Spain",-25,250,"Yes","Yes","Yes","Yes",{"$nulls":6},"\n•Next Generation Vitrified Terracotta\n•Twice Fired, Up To 1150°C\n•Low Porosity\n•Superior Durability And Modern Versatility\n•Unique Artisanal Reactive Glaze\n•Ideal For Hospitality","Introducing Sabrosa, the next generation of classic terracotta designed to meet the demands of today’s hospitality professionals. While honouring the warmth and charm of traditional terracotta, Sabrosa takes it further with superior durability and modern versatility. Crafted from premium vitrified terracotta each piece is twice fired, up to 1150°C, making it significantly stronger, less porous, and more resistant to chips than standard terracotta.Sabrosa items are built for professional use, offering the elegant, rustic appeal of terracotta while withstanding the rigors of everyday kitchen use. Perfect for oven to table dishes, Sabrosa delivers performance and presentation, ensuring a vibrant and warm dining experience.\n•Next Generation, Vitrified Terracotta: Combines traditional charm with modern performance for today’s hospitality industry\n•Twice-Fired Process: Twice fired at temperatures up to 1150°C for enhanced strength, durability and chip resistance\n•Low Porosity: Crafted from premium vitrified terracotta, making it less porous than standard terracotta\n•Versatile Performance: Ideal for oven-to-table service, ensuring both functionality and presentation\n•Unique Artisanal Finish: The natural kiln effects and spontaneous glaze reactions ensure every piece is truly one of a kind\n•Rustic Elegance: Delivers the warm, classic aesthetic of terracotta with enhanced modern benefits\n•Vibrant Dining Experience: Provides a visually appealing, warm, and inviting tabletop presentation\n•Ideal for hospitality: Perfect for restaurants, hotels, and catering environments seeking style and reliability","Each",null,"11.2","11.2","3.5","0.00044",0.162,{"$nulls":8},"05020403750505",12,"29","14","14","0.00568","1.944",1.959,null,2400,"https://files.plytix.com/api/v1.1/file/public_files/pim/assets/8a/8d/8f/62/628f8d8abb3a1aaaf0e8f149/images/cc/14/91/67/679114cccad52e3172812dee/TH_SBR-BW11SK.jpg","https://files.plytix.com/api/v1.1/file/public_files/pim/assets/8a/8d/8f/62/628f8d8abb3a1aaaf0e8f149/images/4a/f8/90/67/6790f84af33788d49018e6b1/SBR-BW11SK.jpg|https://files.plytix.com/api/v1.1/file/public_files/pim/assets/8a/8d/8f/62/628f8d8abb3a1aaaf0e8f149/images/4c/f8/90/67/6790f84ca850eb23df857082/SBR-BW11SK_A.jpg","https://files.plytix.com/api/v1.1/file/public_files/pim/assets/8a/8d/8f/62/628f8d8abb3a1aaaf0e8f149/images/11/d4/a1/67/67a1d411783f894c4a8d4dcf/LFST0325053.jpg","https://www.nevilleuk.com/products/SBR-BW11SK_",null,"SBR-BW11L|SBR-BW11F|SBR-BW11LN|SBR-BW11SL|SBR-BW11ST"]
["SBR-BW75SK","Sabrosa Sky Bowl 7.5cm","7.5 x 2.6cm (Dia x H) - 5cl/ 1.8oz",{"v":5,"d":"5.00"},24,"Sabrosa Tableware>Sky",{"$nulls":3},75,75,26,{"v":0.09,"d":"0.090"},{"v":0.09,"d":"0.090"},{"v":5,"d":"5.00"},"1.8","Terracotta","6912002310","Spain",-25,250,"Yes","Yes","Yes","Yes",{"$nulls":6},"\n•Next Generation Vitrified Terracotta\n•Twice Fired, Up To 1150°C\n•Low Porosity\n•Superior Durability And Modern Versatility\n•Unique Artisanal Reactive Glaze\n•Ideal For Hospitality","Introducing Sabrosa, the next generation of classic terracotta designed to meet the demands of today’s hospitality professionals. While honouring the warmth and charm of traditional terracotta, Sabrosa takes it further with superior durability and modern versatility. Crafted from premium vitrified terracotta each piece is twice fired, up to 1150°C, making it significantly stronger, less porous, and more resistant to chips than standard terracotta.Sabrosa items are built for professional use, offering the elegant, rustic appeal of terracotta while withstanding the rigors of everyday kitchen use. Perfect for oven to table dishes, Sabrosa delivers performance and presentation, ensuring a vibrant and warm dining experience.\n•Next Generation, Vitrified Terracotta: Combines traditional charm with modern performance for today’s hospitality industry\n•Twice-Fired Process: Twice fired at temperatures up to 1150°C for enhanced strength, durability and chip resistance\n•Low Porosity: Crafted from premium vitrified terracotta, making it less porous than standard terracotta\n•Versatile Performance: Ideal for oven-to-table service, ensuring both functionality and presentation\n•Unique Artisanal Finish: The natural kiln effects and spontaneous glaze reactions ensure every piece is truly one of a kind\n•Rustic Elegance: Delivers the warm, classic aesthetic of terracotta with enhanced modern benefits\n•Vibrant Dining Experience: Provides a visually appealing, warm, and inviting tabletop presentation\n•Ideal for hospitality: Perfect for restaurants, hotels, and catering environments seeking style and reliability","Each",null,"7.5","7.5","2.6","0.00015",{"v":0.09,"d":"0.090"},{"$nulls":8},"05020403750383",24,"31","17","10","0.00527","2.16",2.223,null,4896,"https://files.plytix.com/api/v1.1/file/public_files/pim/assets/8a/8d/8f/62/628f8d8abb3a1aaaf0e8f149/images/ce/14/91/67/679114cecad52e3172812df2/TH_SBR-BW75SK.jpg","https://files.plytix.com/api/v1.1/file/public_files/pim/assets/8a/8d/8f/62/628f8d8abb3a1aaaf0e8f149/images/68/f8/90/67/6790f868f33788d49018e6b8/SBR-BW75SK.jpg|https://files.plytix.com/api/v1.1/file/public_files/pim/assets/8a/8d/8f/62/628f8d8abb3a1aaaf0e8f149/images/69/f8/90/67/6790f86926b9c8be7b879fd8/SBR-BW75SK_A.jpg",null,"https://www.nevilleuk.com/products/SBR-BW75SK_",null,"SBR-BW75L|SBR-BW75F|SBR-BW75LN|SBR-BW75SL|SBR-BW75ST"]
["SBR-TD13SK","Sabrosa Sky Tapas Dish 13cm","13 x 2.7cm (Dia x H) - 21cl/ 7.4oz",{"v":6.2,"d":"6.20"},12,"Sabrosa Tableware>Sky",{"$nulls":3},131,131,27,{"v":0.25,"d":"0.250"},{"v":0.25,"d":"0.250"},{"v":21,"d":"21.00"},"7.4","Terracotta","6912002310","Spain",-25,250,"Yes","Yes","Yes","Yes",{"$nulls":6},"\n•Next Generation Vitrified Terracotta\n•Twice Fired, Up To 1150°C\n•Low Porosity\n•Superior Durability And Modern Versatility\n•Unique Artisanal Reactive Glaze\n•Ideal For Hospitality","Introducing Sabrosa, the next generation of classic terracotta designed to meet the demands of today’s hospitality professionals. While honouring the warmth and charm of traditional terracotta, Sabrosa takes it further with superior durability and modern versatility. Crafted from premium vitrified terracotta each piece is twice fired, up to 1150°C, making it significantly stronger, less porous, and more resistant to chips than standard terracotta.Sabrosa items are built for professional use, offering the elegant, rustic appeal of terracotta while withstanding the rigors of everyday kitchen use. Perfect for oven to table dishes, Sabrosa delivers performance and presentation, ensuring a vibrant and warm dining experience.\n•Next Generation, Vitrified Terracotta: Combines traditional charm with modern performance for today’s hospitality industry\n•Twice-Fired Process: Twice fired at temperatures up to 1150°C for enhanced strength, durability and chip resistance\n•Low Porosity: Crafted from premium vitrified terracotta, making it less porous than standard terracotta\n•Versatile Performance: Ideal for oven-to-table service, ensuring both functionality and presentation\n•Unique Artisanal Finish: The natural kiln effects and spontaneous glaze reactions ensure every piece is truly one of a kind\n•Rustic Elegance: Delivers the warm, classic aesthetic of terracotta with enhanced modern benefits\n•Vibrant Dining Experience: Provides a visually appealing, warm, and inviting tabletop presentation\n•Ideal for hospitality: Perfect for restaurants, hotels, and catering environments seeking style and reliability","Each",null,"13.1","13.1","2.7","0.00046",{"v":0.25,"d":"0.250"},{"$nulls":8},"05020403750260",12,"32","18","18","0.01037","3",3.003,null,1344,"https://files.plytix.com/api/v1.1/file/public_files/pim/assets/8a/8d/8f/62/628f8d8abb3a1aaaf0e8f149/images/d1/14/91/67/679114d126b9c8be7b87a6ff/TH_SBR-TD13SK.jpg","https://files.plytix.com/api/v1.1/file/public_files/pim/assets/8a/8d/8f/62/628f8d8abb3a1aaaf0e8f149/images/a0/f8/90/67/6790f8a026b9c8be7b879ff0/SBR-TD13SK.jpg|https://files.plytix.com/api/v1.1/file/public_files/pim/assets/8a/8d/8f/62/628f8d8abb3a1aaaf0e8f149/images/a1/f8/90/67/6790f8a126b9c8be7b879ff1/SBR-TD13SK_A.jpg",null,"https://www.nevilleuk.com/products/SBR-TD13SK_",null,"SBR-TD13L|SBR-TD13F|SBR-TD13LN|SBR-TD13SL|SBR-TD13ST"]
["SBR-TD11SK","Sabrosa Sky Tapas Dish 11cm","11 x 2.5cm (Dia x H) - 18cl/ 6.3oz",5.04,24,"Sabrosa Tableware>Sky",{"$nulls":3},112,112,12,{"v":0.18,"d":"0.180"},{"v":0.18,"d":"0.180"},{"v":18,"d":"18.00"},"6.3","Terracotta","6912002310","Spain",-25,250,"Yes","Yes","Yes","Yes",{"$nulls":6},"\n•Next Generation Vitrified Terracotta\n•Twice Fired, Up To 1150°C\n•Low Porosity\n•Superior Durability And Modern Versatility\n•Unique Artisanal Reactive Glaze\n•Ideal For Hospitality","Introducing Sabrosa, the next generation of classic terracotta designed to meet the demands of today’s hospitality professionals. While honouring the warmth and charm of traditional terracotta, Sabrosa takes it further with superior durability and modern versatility. Crafted from premium vitrified terracotta each piece is twice fired, up to 1150°C, making it significantly stronger, less porous, and more resistant to chips than standard terracotta.Sabrosa items are built for professional use, offering the elegant, rustic appeal of terracotta while withstanding the rigors of everyday kitchen use. Perfect for oven to table dishes, Sabrosa delivers performance and presentation, ensuring a vibrant and warm dining experience.\n•Next Generation, Vitrified Terracotta: Combines traditional charm with modern performance for today’s hospitality industry\n•Twice-Fired Process: Twice fired at temperatures up to 1150°C for enhanced strength, durability and chip resistance\n•Low Porosity: Crafted from premium vitrified terracotta, making it less porous than standard terracotta\n•Versatile Performance: Ideal for oven-to-table service, ensuring both functionality and presentation\n•Unique Artisanal Finish: The natural kiln effects and spontaneous glaze reactions ensure every piece is truly one of a kind\n•Rustic Elegance: Delivers the warm, classic aesthetic of terracotta with enhanced modern benefits\n•Vibrant Dining Experience: Provides a visually appealing, warm, and inviting tabletop presentation\n•Ideal for hospitality: Perfect for restaurants, hotels, and catering environments seeking style and reliability","Each",null,"11.2","11.2","1.2","0.00015",{"v":0.18,"d":"0.180"},{"$nulls":8},"05020403750147",24,"33","25.5","13.5","0.01136","4.32",4.551,null,2400,"https://files.plytix.com/api/v1.1/file/public_files/pim/assets/8a/8d/8f/62/628f8d8abb3a1aaaf0e8f149/images/d0/14/91/67/679114d0f33788d49018ed93/TH_SBR-TD11SK.jpg","https://files.plytix.com/api/v1.1/file/public_files/pim/assets/8a/8d/8f/62/628f8d8abb3a1aaaf0e8f149/images/91/f8/90/67/6790f891a850eb23df8570ad/SBR-TD11SK.jpg|https://files.plytix.com/api/v1.1/file/public_files/pim/assets/8a/8d/8f/62/628f8d8abb3a1aaaf0e8f149/images/93/f8/90/67/6790f893a850eb23df8570ae/SBR-TD11SK_A.jpg","https://files.plytix.com/api/v1.1/file/public_files/pim/assets/8a/8d/8f/62/628f8d8abb3a1aaaf0e8f149/images/19/d4/a1/67/67a1d4198c28d3ee51cd554d/LFST0325050.jpg","https://www.nevilleuk.com/products/SBR-TD11SK_",null,"SBR-TD11L|SBR-TD11F|SBR-TD11LN|SBR-TD11SL|SBR-TD11ST"]
["SBR-TD75SK","Sabrosa Sky Tapas Dish 7.5cm","7.5 x 2.2cm (Dia x H) - 5cl/ 1.8oz",3.84,24,"Sabrosa Tableware>Sky",{"$nulls":3},75,75,22,0.076,0.076,{"v":5,"d":"5.00"},"1.8","Terracotta","6912002310","Spain",-25,250,"Yes","Yes","Yes","Yes",{"$nulls":6},"\n•Next Generation Vitrified Terracotta\n•Twice Fired, Up To 1150°C\n•Low Porosity\n•Superior Durability And Modern Versatility\n•Unique Artisanal Reactive Glaze\n•Ideal For Hospitality","Introducing Sabrosa, the next generation of classic terracotta designed to meet the demands of today’s hospitality professionals. While honouring the warmth and charm of traditional terracotta, Sabrosa takes it further with superior durability and modern versatility. Crafted from premium vitrified terracotta each piece is twice fired, up to 1150°C, making it significantly stronger, less porous, and more resistant to chips than standard terracotta.Sabrosa items are built for professional use, offering the elegant, rustic appeal of terracotta while withstanding the rigors of everyday kitchen use. Perfect for oven to table dishes, Sabrosa delivers performance and presentation, ensuring a vibrant and warm dining experience.\n•Next Generation, Vitrified Terracotta: Combines traditional charm with modern performance for today’s hospitality industry\n•Twice-Fired Process: Twice fired at temperatures up to 1150°C for enhanced strength, durability and chip resistance\n•Low Porosity: Crafted from premium vitrified terracotta, making it less porous than standard terracotta\n•Versatile Performance: Ideal for oven-to-table service, ensuring both functionality and presentation\n•Unique Artisanal Finish: The natural kiln effects and spontaneous glaze reactions ensure every piece is truly one of a kind\n•Rustic Elegance: Delivers the warm, classic aesthetic of terracotta with enhanced modern benefits\n•Vibrant Dining Experience: Provides a visually appealing, warm, and inviting tabletop presentation\n•Ideal for hospitality: Perfect for restaurants, hotels, and catering environments seeking style and reliability","Each",null,"7.5","7.5","2.2","0.00012",0.076,{"$nulls":8},"05020403750024",24,"31","17","10","0.00527","1.824",1.839,null,4896,"https://files.plytix.com/api/v1.1/file/public_files/pim/assets/8a/8d/8f/62/628f8d8abb3a1aaaf0e8f149/images/d2/14/91/67/679114d2650bff6333cfd98e/TH_SBR-TD75SK.jpg","https://files.plytix.com/api/v1.1/file/public_files/pim/assets/8a/8d/8f/62/628f8d8abb3a1aaaf0e8f149/images/b0/f8/90/67/6790f8b0a850eb23df8570c0/SBR-TD75SK.jpg|https://files.plytix.com/api/v1.1/file/public_files/pim/assets/8a/8d/8f/62/628f8d8abb3a1aaaf0e8f149/images/b2/f8/90/67/6790f8b226b9c8be7b879ff4/SBR-TD75SK_A.jpg",null,"https://www.nevilleuk.com/products/SBR-TD75SK_",null,"SBR-TD75L|SBR-TD75F|SBR-TD75LN|SBR-TD75SL|SBR-TD75ST"]
["SBR-PL19LN","Sabrosa Luna Plate 19.5cm","19.5cm (Dia)",11.44,12,"Sabrosa Tableware>Luna",{"$nulls":3},193,193,22,{"v":0.49,"d":"0.490"},{"v":0.49,"d":"0.490"},null,null,"Terracotta","6912002310","Spain",-25,250,"Yes","Yes","Yes","Yes",{"$nulls":6},"\n•Next Generation Vitrified Terracotta\n•Twice Fired, Up To 1150°C\n•Low Porosity\n•Superior Durability And Modern Versatility\n•Unique Artisanal Reactive Glaze\n•Ideal For Hospitality","Introducing Sabrosa, the next generation of classic terracotta designed to meet the demands of today’s hospitality professionals. While honouring the warmth and charm of traditional terracotta, Sabrosa takes it further with superior durability and modern versatility. Crafted from premium vitrified terracotta each piece is twice fired, up to 1150°C, making it significantly stronger, less porous, and more resistant to chips than standard terracotta.Sabrosa items are built for professional use, offering the elegant, rustic appeal of terracotta while withstanding the rigors of everyday kitchen use. Perfect for oven to table dishes, Sabrosa delivers performance and presentation, ensuring a vibrant and warm dining experience.\n•Next Generation, Vitrified Terracotta: Combines traditional charm with modern performance for today’s hospitality industry\n•Twice-Fired Process: Twice fired at temperatures up to 1150°C for enhanced strength, durability and chip resistance\n•Low Porosity: Crafted from premium vitrified terracotta, making it less porous than standard terracotta\n•Versatile Performance: Ideal for oven-to-table service, ensuring both functionality and presentation\n•Unique Artisanal Finish: The natural kiln effects and spontaneous glaze reactions ensure every piece is truly one of a kind\n•Rustic Elegance: Delivers the warm, classic aesthetic of terracotta with enhanced modern benefits\n•Vibrant Dining Experience: Provides a visually appealing, warm, and inviting tabletop presentation\n•Ideal for hospitality: Perfect for restaurants, hotels, and catering environments seeking style and reliability","Each",null,"19.3","19.3","2.2","0.00082",{"v":0.49,"d":"0.490"},{"$nulls":8},"05020403750765",12,"20","20","20","0.00800","5.88",5.907,null,864,"https://files.plytix.com/api/v1.1/file/public_files/pim/assets/8a/8d/8f/62/628f8d8abb3a1aaaf0e8f149/images/cf/14/91/67/679114cfcad52e3172812df3/TH_SBR-PL19LN.jpg","https://files.plytix.com/api/v1.1/file/public_files/pim/assets/8a/8d/8f/62/628f8d8abb3a1aaaf0e8f149/images/76/f8/90/67/6790f876f33788d49018e6bc/SBR-PL19LN_A.jpg|https://files.plytix.com/api/v1.1/file/public_files/pim/assets/8a/8d/8f/62/628f8d8abb3a1aaaf0e8f149/images/78/f8/90/67/6790f87826b9c8be7b879fe0/SBR-PL19LN_B.jpg|https://files.plytix.com/api/v1.1/file/public_files/pim/assets/8a/8d/8f/62/628f8d8abb3a1aaaf0e8f149/images/79/f8/90/67/6790f8795102799cd827fdcc/SBR-PL19LN_D.jpg|https://files.plytix.com/api/v1.1/file/public_files/pim/assets/8a/8d/8f/62/628f8d8abb3a1aaaf0e8f149/images/79/f8/90/67/6790f879cad52e31728124e1/SBR-PL19LN_C.jpg|https://files.plytix.com/api/v1.1/file/public_files/pim/assets/8a/8d/8f/62/628f8d8abb3a1aaaf0e8f149/images/7a/f8/90/67/6790f87aa850eb23df857096/SBR-PL19LN_E.jpg|https://files.plytix.com/api/v1.1/file/public_files/pim/assets/8a/8d/8f/62/628f8d8abb3a1aaaf0e8f149/images/9e/04/91/67/6791049e650bff6333cfd4f9/SBR-PL19LN.jpg","https://files.plytix.com/api/v1.1/file/public_files/pim/assets/8a/8d/8f/62/628f8d8abb3a1aaaf0e8f149/images/6a/d4/a1/67/67a1d46a3446055658f062c2/LFST0325030.jpg|https://files.plytix.com/api/v1.1/file/public_files/pim/assets/8a/8d/8f/62/628f8d8abb3a1aaaf0e8f149/images/58/d4/a1/67/67a1d45820b2e4642d1cea01/LFST0325035.jpg|https://files.plytix.com/api/v1.1/file/public_files/pim/assets/8a/8d/8f/62/628f8d8abb3a1aaaf0e8f149/images/2e/d4/a1/67/67a1d42e20b2e4642d1ce9fb/LFST0325043.jpg","https://www.nevilleuk.com/products/SBR-PL19LN_",null,"SBR-PL19L|SBR-PL19F|SBR-PL19SK|SBR-PL19SL|SBR-PL19ST"]
["SBR-BW15LN","Sabrosa Luna Bowl 15cm","15 x 5.3cm (Dia x H) - 40cl/ 14.1oz",10.46,12,"Sabrosa Tableware>Luna",{"$nulls":3},151,800,151,{"v":0.32,"d":"0.320"},{"v":0.32,"d":"0.320"},{"v":40,"d":"40.00"},"14.1","Terracotta","6912002310","Spain",-25,250,"Yes","Yes","Yes","Yes",{"$nulls":6},"\n•Next Generation Vitrified Terracotta\n•Twice Fired, Up To 1150°C\n•Low Porosity\n•Superior Durability And Modern Versatility\n•Unique Artisanal Reactive Glaze\n•Ideal For Hospitality","Introducing Sabrosa, the next generation of classic terracotta designed to meet the demands of today’s hospitality professionals. While honouring the warmth and charm of traditional terracotta, Sabrosa takes it further with superior durability and modern versatility. Crafted from premium vitrified terracotta each piece is twice fired, up to 1150°C, making it significantly stronger, less porous, and more resistant to chips than standard terracotta.Sabrosa items are built for professional use, offering the elegant, rustic appeal of terracotta while withstanding the rigors of everyday kitchen use. Perfect for oven to table dishes, Sabrosa delivers performance and presentation, ensuring a vibrant and warm dining experience.\n•Next Generation, Vitrified Terracotta: Combines traditional charm with modern performance for today’s hospitality industry\n•Twice-Fired Process: Twice fired at temperatures up to 1150°C for enhanced strength, durability and chip resistance\n•Low Porosity: Crafted from premium vitrified terracotta, making it less porous than standard terracotta\n•Versatile Performance: Ideal for oven-to-table service, ensuring both functionality and presentation\n•Unique Artisanal Finish: The natural kiln effects and spontaneous glaze reactions ensure every piece is truly one of a kind\n•Rustic Elegance: Delivers the warm, classic aesthetic of terracotta with enhanced modern benefits\n•Vibrant Dining Experience: Provides a visually appealing, warm, and inviting tabletop presentation\n•Ideal for hospitality: Perfect for restaurants, hotels, and catering environments seeking style and reliability","Each",null,"15.1","80","15.1","0.01824",{"v":0.32,"d":"0.320"},{"$nulls":8},"05020403750642",12,"31","17","17","0.00896","3.84",3.855,null,1428,"https://files.plytix.com/api/v1.1/file/public_files/pim/assets/8a/8d/8f/62/628f8d8abb3a1aaaf0e8f149/images/cd/14/91/67/679114cdf33788d49018ed8a/TH_SBR-BW15LN.jpg","https://files.plytix.com/api/v1.1/file/public_files/pim/assets/8a/8d/8f/62/628f8d8abb3a1aaaf0e8f149/images/57/f8/90/67/6790f8575102799cd827fdcb/SBR-BW15LN.jpg|https://files.plytix.com/api/v1.1/file/public_files/pim/assets/8a/8d/8f/62/628f8d8abb3a1aaaf0e8f149/images/59/f8/90/67/6790f859f33788d49018e6b6/SBR-BW15LN_A.jpg","https://files.plytix.com/api/v1.1/file/public_files/pim/assets/8a/8d/8f/62/628f8d8abb3a1aaaf0e8f149/images/1f/d4/a1/67/67a1d41f20b2e4642d1ce9f6/LFST0325048.jpg","https://www.nevilleuk.com/products/SBR-BW15LN_",null,"SBR-BW15L|SBR-BW15F|SBR-BW15SK|SBR-BW15SL|SBR-BW15ST"]
["SBR-BW11LN","Sabrosa Luna Bowl 11cm","11 x 3.5cm (Dia x H) - 18cl/ 6.3oz",7.78,12,"Sabrosa Tableware>Luna",{"$nulls":3},112,112,35,0.162,0.162,{"v":18,"d":"18.00"},"6.3","Terracotta","6912002310","Spain",-25,250,"Yes","Yes","Yes","Yes",{"$nulls":6},"\n•Next Generation Vitrified Terracotta\n•Twice Fired, Up To 1150°C\n•Low Porosity\n•Superior Durability And Modern Versatility\n•Unique Artisanal Reactive Glaze\n•Ideal For Hospitality","Introducing Sabrosa, the next generation of classic terracotta designed to meet the demands of today’s hospitality professionals. While honouring the warmth and charm of traditional terracotta, Sabrosa takes it further with superior durability and modern versatility. Crafted from premium vitrified terracotta each piece is twice fired, up to 1150°C, making it significantly stronger, less porous, and more resistant to chips than standard terracotta.Sabrosa items are built for professional use, offering the elegant, rustic appeal of terracotta while withstanding the rigors of everyday kitchen use. Perfect for oven to table dishes, Sabrosa delivers performance and presentation, ensuring a vibrant and warm dining experience.\n•Next Generation, Vitrified Terracotta: Combines traditional charm with modern performance for today’s hospitality industry\n•Twice-Fired Process: Twice fired at temperatures up to 1150°C for enhanced strength, durability and chip resistance\n•Low Porosity: Crafted from premium vitrified terracotta, making it less porous than standard terracotta\n•Versatile Performance: Ideal for oven-to-table service, ensuring both functionality and presentation\n•Unique Artisanal Finish: The natural kiln effects and spontaneous glaze reactions ensure every piece is truly one of a kind\n•Rustic Elegance: Delivers the warm, classic aesthetic of terracotta with enhanced modern benefits\n•Vibrant Dining Experience: Provides a visually appealing, warm, and inviting tabletop presentation\n•Ideal for hospitality: Perfect for restaurants, hotels, and catering environments seeking style and reliability","Each",null,"11.2","11.2","3.5","0.00044",0.162,{"$nulls":8},"05020403750529",12,"29","14","14","0.00568","1.944",1.959,null,2400,"https://files.plytix.com/api/v1.1/file/public_files/pim/assets/8a/8d/8f/62/628f8d8abb3a1aaaf0e8f149/images/cc/14/91/67/679114cca850eb23df85797b/TH_SBR-BW11LN.jpg","https://files.plytix.com/api/v1.1/file/public_files/pim/assets/8a/8d/8f/62/628f8d8abb3a1aaaf0e8f149/images/47/f8/90/67/6790f847f33788d49018e6b0/SBR-BW11LN.jpg|https://files.plytix.com/api/v1.1/file/public_files/pim/assets/8a/8d/8f/62/628f8d8abb3a1aaaf0e8f149/images/49/f8/90/67/6790f8495102799cd827fdc9/SBR-BW11LN_A.jpg",null,"https://www.nevilleuk.com/products/SBR-BW11LN_",null,"SBR-BW11L|SBR-BW11F|SBR-BW11SK|SBR-BW11SL|SBR-BW11ST"]
["SBR-BW75LN","Sabrosa Luna Bowl 7.5cm","7.5 x 2.6cm (Dia x H) - 5cl/ 1.8oz",{"v":5,"d":"5.00"},24,"Sabrosa Tableware>Luna",{"$nulls":3},74,74,26,{"v":0.09,"d":"0.090"},{"v":0.09,"d":"0.090"},{"v":5,"d":"5.00"},"1.8","Terracotta","6912002310","Spain",-25,250,"Yes","Yes","Yes","Yes",{"$nulls":6},"\n•Next Generation Vitrified Terracotta\n•Twice Fired, Up To 1150°C\n•Low Porosity\n•Superior Durability And Modern Versatility\n•Unique Artisanal Reactive Glaze\n•Ideal For Hospitality","Introducing Sabrosa, the next generation of classic terracotta designed to meet the demands of today’s hospitality professionals. While honouring the warmth and charm of traditional terracotta, Sabrosa takes it further with superior durability and modern versatility. Crafted from premium vitrified terracotta each piece is twice fired, up to 1150°C, making it significantly stronger, less porous, and more resistant to chips than standard terracotta.Sabrosa items are built for professional use, offering the elegant, rustic appeal of terracotta while withstanding the rigors of everyday kitchen use. Perfect for oven to table dishes, Sabrosa delivers performance and presentation, ensuring a vibrant and warm dining experience.\n•Next Generation, Vitrified Terracotta: Combines traditional charm with modern performance for today’s hospitality industry\n•Twice-Fired Process: Twice fired at temperatures up to 1150°C for enhanced strength, durability and chip resistance\n•Low Porosity: Crafted from premium vitrified terracotta, making it less porous than standard terracotta\n•Versatile Performance: Ideal for oven-to-table service, ensuring both functionality and presentation\n•Unique Artisanal Finish: The natural kiln effects and spontaneous glaze reactions ensure every piece is truly one of a kind\n•Rustic Elegance: Delivers the warm, classic aesthetic of terracotta with enhanced modern benefits\n•Vibrant Dining Experience: Provides a visually appealing, warm, and inviting tabletop presentation\n•Ideal for hospitality: Perfect for restaurants, hotels, and catering environments seeking style and reliability","Each",null,"7.4","7.4","2.6","0.00014",{"v":0.09,"d":"0.090"},{"$nulls":8},"05020403750406",24,"31","17","10","0.00527","2.16",2.223,null,4896,"https://files.plytix.com/api/v1.1/file/public_files/pim/assets/8a/8d/8f/62/628f8d8abb3a1aaaf0e8f149/images/ce/14/91/67/679114cecad52e3172812df1/TH_SBR-BW75LN.jpg","https://files.plytix.com/api/v1.1/file/public_files/pim/assets/8a/8d/8f/62/628f8d8abb3a1aaaf0e8f149/images/62/f8/90/67/6790f862cad52e31728124dc/SBR-BW75LN.jpg|https://files.plytix.com/api/v1.1/file/public_files/pim/assets/8a/8d/8f/62/628f8d8abb3a1aaaf0e8f149/images/64/f8/90/67/6790f864cad52e31728124dd/SBR-BW75LN_A.jpg",null,"https://www.nevilleuk.com/products/SBR-BW75LN_",null,"SBR-BW75L|SBR-BW75F|SBR-BW75SK|SBR-BW75SL|SBR-BW75ST"]
["SBR-TD13LN","Sabrosa Luna Tapas Dish 13cm","13 x 2.7cm (Dia x H) - 21cl/ 7.4oz",{"v":6.2,"d":"6.20"},12,"Sabrosa Tableware>Luna",{"$nulls":3},131,131,27,{"v":0.25,"d":"0.250"},{"v":0.25,"d":"0.250"},{"v":21,"d":"21.00"},"7.4","Terracotta","6912002310","Spain",-25,250,"Yes","Yes","Yes","Yes",{"$nulls":6},"\n•Next Generation Vitrified Terracotta\n•Twice Fired, Up To 1150°C\n•Low Porosity\n•Superior Durability And Modern Versatility\n•Unique Artisanal Reactive Glaze\n•Ideal For Hospitality","Introducing Sabrosa, the next generation of classic terracotta designed to meet the demands of today’s hospitality professionals. While honouring the warmth and charm of traditional terracotta, Sabrosa takes it further with superior durability and modern versatility. Crafted from premium vitrified terracotta each piece is twice fired, up to 1150°C, making it significantly stronger, less porous, and more resistant to chips than standard terracotta.Sabrosa items are built for professional use, offering the elegant, rustic appeal of terracotta while withstanding the rigors of everyday kitchen use. Perfect for oven to table dishes, Sabrosa delivers performance and presentation, ensuring a vibrant and warm dining experience.\n•Next Generation, Vitrified Terracotta: Combines traditional charm with modern performance for today’s hospitality industry\n•Twice-Fired Process: Twice fired at temperatures up to 1150°C for enhanced strength, durability and chip resistance\n•Low Porosity: Crafted from premium vitrified terracotta, making it less porous than standard terracotta\n•Versatile Performance: Ideal for oven-to-table service, ensuring both functionality and presentation\n•Unique Artisanal Finish: The natural kiln effects and spontaneous glaze reactions ensure every piece is truly one of a kind\n•Rustic Elegance: Delivers the warm, classic aesthetic of terracotta with enhanced modern benefits\n•Vibrant Dining Experience: Provides a visually appealing, warm, and inviting tabletop presentation\n•Ideal for hospitality: Perfect for restaurants, hotels, and catering environments seeking style and reliability","Each",null,"13.1","13.1","2.7","0.00046",{"v":0.25,"d":"0.250"},{"$nulls":8},"05020403750284",12,"32","18","18","0.01037","3",3.003,null,1344,"https://files.plytix.com/api/v1.1/file/public_files/pim/assets/8a/8d/8f/62/628f8d8abb3a1aaaf0e8f149/images/d1/14/91/67/679114d1cad52e3172812df6/TH_SBR-TD13LN.jpg","https://files.plytix.com/api/v1.1/file/public_files/pim/assets/8a/8d/8f/62/628f8d8abb3a1aaaf0e8f149/images/9b/f8/90/67/6790f89bcad52e31728124e7/SBR-TD13LN.jpg",null,"https://www.nevilleuk.com/products/SBR-TD13LN_",null,"SBR-TD13L|SBR-TD13F|SBR-TD13SK|SBR-TD13SL|SBR-TD13ST"]
["SBR-TD11LN","Sabrosa Luna Tapas Dish 11cm","11 x 2.5cm (Dia x H) - 18cl/ 6.3oz",5.04,24,"Sabrosa Tableware>Luna",{"$nulls":3},112,112,12,{"v":0.18,"d":"0.180"},{"v":0.18,"d":"0.180"},{"v":18,"d":"18.00"},"6.3","Terracotta","6912002310","Spain",-25,250,"Yes","Yes","Yes","Yes",{"$nulls":6},"\n•Next Generation Vitrified Terracotta\n•Twice Fired, Up To 1150°C\n•Low Porosity\n•Superior Durability And Modern Versatility\n•Unique Artisanal Reactive Glaze\n•Ideal For Hospitality","Introducing Sabrosa, the next generation of classic terracotta designed to meet the demands of today’s hospitality professionals. While honouring the warmth and charm of traditional terracotta, Sabrosa takes it further with superior durability and modern versatility. Crafted from premium vitrified terracotta each piece is twice fired, up to 1150°C, making it significantly stronger, less porous, and more resistant to chips than standard terracotta.Sabrosa items are built for professional use, offering the elegant, rustic appeal of terracotta while withstanding the rigors of everyday kitchen use. Perfect for oven to table dishes, Sabrosa delivers performance and presentation, ensuring a vibrant and warm dining experience.\n•Next Generation, Vitrified Terracotta: Combines traditional charm with modern performance for today’s hospitality industry\n•Twice-Fired Process: Twice fired at temperatures up to 1150°C for enhanced strength, durability and chip resistance\n•Low Porosity: Crafted from premium vitrified terracotta, making it less porous than standard terracotta\n•Versatile Performance: Ideal for oven-to-table service, ensuring both functionality and presentation\n•Unique Artisanal Finish: The natural kiln effects and spontaneous glaze reactions ensure every piece is truly one of a kind\n•Rustic Elegance: Delivers the warm, classic aesthetic of terracotta with enhanced modern benefits\n•Vibrant Dining Experience: Provides a visually appealing, warm, and inviting tabletop presentation\n•Ideal for hospitality: Perfect for restaurants, hotels, and catering environments seeking style and reliability","Each",null,"11.2","11.2","1.2","0.00015",{"v":0.18,"d":"0.180"},{"$nulls":8},"05020403750161",24,"33","25.5","13.5","0.01136","4.32",4.551,null,2400,"https://files.plytix.com/api/v1.1/file/public_files/pim/assets/8a/8d/8f/62/628f8d8abb3a1aaaf0e8f149/images/d0/14/91/67/679114d0650bff6333cfd98b/TH_SBR-TD11LN.jpg","https://files.plytix.com/api/v1.1/file/public_files/pim/assets/8a/8d/8f/62/628f8d8abb3a1aaaf0e8f149/images/8f/f8/90/67/6790f88fa850eb23df8570a9/SBR-TD11LN.jpg|https://files.plytix.com/api/v1.1/file/public_files/pim/assets/8a/8d/8f/62/628f8d8abb3a1aaaf0e8f149/images/8f/f8/90/67/6790f88fa850eb23df8570aa/SBR-TD11LN_A.jpg",null,"https://www.nevilleuk.com/products/SBR-TD11LN_",null,"SBR-TD11L|SBR-TD11F|SBR-TD11SK|SBR-TD11SL|SBR-TD11ST"]
["SBR-TD75LN","Sabrosa Luna Tapas Dish 7.5cm","7.5 x 2.2cm (Dia x H) - 5cl/ 1.8oz",3.84,24,"Sabrosa Tableware>Luna",{"$nulls":3},75,75,22,0.076,0.076,{"v":5,"d":"5.00"},"1.8","Terracotta","6912002310","Spain",-25,250,"Yes","Yes","Yes","Yes",{"$nulls":6},"\n•Next Generation Vitrified Terracotta\n•Twice Fired, Up To 1150°C\n•Low Porosity\n•Superior Durability And Modern Versatility\n•Unique Artisanal Reactive Glaze\n•Ideal For Hospitality","Introducing Sabrosa, the next generation of classic terracotta designed to meet the demands of today’s hospitality professionals. While honouring the warmth and charm of traditional terracotta, Sabrosa takes it further with superior durability and modern versatility. Crafted from premium vitrified terracotta each piece is twice fired, up to 1150°C, making it significantly stronger, less porous, and more resistant to chips than standard terracotta.Sabrosa items are built for professional use, offering the elegant, rustic appeal of terracotta while withstanding the rigors of everyday kitchen use. Perfect for oven to table dishes, Sabrosa delivers performance and presentation, ensuring a vibrant and warm dining experience.\n•Next Generation, Vitrified Terracotta: Combines traditional charm with modern performance for today’s hospitality industry\n•Twice-Fired Process: Twice fired at temperatures up to 1150°C for enhanced strength, durability and chip resistance\n•Low Porosity: Crafted from premium vitrified terracotta, making it less porous than standard terracotta\n•Versatile Performance: Ideal for oven-to-table service, ensuring both functionality and presentation\n•Unique Artisanal Finish: The natural kiln effects and spontaneous glaze reactions ensure every piece is truly one of a kind\n•Rustic Elegance: Delivers the warm, classic aesthetic of terracotta with enhanced modern benefits\n•Vibrant Dining Experience: Provides a visually appealing, warm, and inviting tabletop presentation\n•Ideal for hospitality: Perfect for restaurants, hotels, and catering environments seeking style and reliability","Each",null,"7.5","7.5","2.2","0.00012",0.076,{"$nulls":8},"05020403750048",24,"31","17","10","0.00527","1.824",1.839,null,4896,"https://files.plytix.com/api/v1.1/file/public_files/pim/assets/8a/8d/8f/62/628f8d8abb3a1aaaf0e8f149/images/d2/14/91/67/679114d2cad52e3172812df9/TH_SBR-TD75LN.jpg","https://files.plytix.com/api/v1.1/file/public_files/pim/assets/8a/8d/8f/62/628f8d8abb3a1aaaf0e8f149/images/ab/f8/90/67/6790f8ab5102799cd827fdd2/SBR-TD75LN.jpg|https://files.plytix.com/api/v1.1/file/public_files/pim/assets/8a/8d/8f/62/628f8d8abb3a1aaaf0e8f149/images/ac/f8/90/67/6790f8aca850eb23df8570bf/SBR-TD75LN_A.jpg",null,"https://www.nevilleuk.com/products/SBR-TD75LN_",null,"SBR-TD75L|SBR-TD75F|SBR-TD75SK|SBR-TD75SL|SBR-TD75ST"]
["SBR-PL19L","Sabrosa Lila Plate 19.5cm","19.5cm (Dia)",11.44,12,"Sabrosa Tableware>Lila",{"$nulls":3},193,193,22,{"v":0.49,"d":"0.490"},{"v":0.49,"d":"0.490"},null,null,"Terracotta","6912002310","Spain",-25,250,"Yes","Yes","Yes","Yes",{"$nulls":6},"\n•Next Generation Vitrified Terracotta\n•Twice Fired, Up To 1150°C\n•Low Porosity\n•Superior Durability And Modern Versatility\n•Unique Artisanal Reactive Glaze\n•Ideal For Hospitality","Introducing Sabrosa, the next generation of classic terracotta designed to meet the demands of today’s hospitality professionals. While honouring the warmth and charm of traditional terracotta, Sabrosa takes it further with superior durability and modern versatility. Crafted from premium vitrified terracotta each piece is twice fired, up to 1150°C, making it significantly stronger, less porous, and more resistant to chips than standard terracotta.Sabrosa items are built for professional use, offering the elegant, rustic appeal of terracotta while withstanding the rigors of everyday kitchen use. Perfect for oven to table dishes, Sabrosa delivers performance and presentation, ensuring a vibrant and warm dining experience.\n•Next Generation, Vitrified Terracotta: Combines traditional charm with modern performance for today’s hospitality industry\n•Twice-Fired Process: Twice fired at temperatures up to 1150°C for enhanced strength, durability and chip resistance\n•Low Porosity: Crafted from premium vitrified terracotta, making it less porous than standard terracotta\n•Versatile Performance: Ideal for oven-to-table service, ensuring both functionality and presentation\n•Unique Artisanal Finish: The natural kiln effects and spontaneous glaze reactions ensure every piece is truly one of a kind\n•Rustic Elegance: Delivers the warm, classic aesthetic of terracotta with enhanced modern benefits\n•Vibrant Dining Experience: Provides a visually appealing, warm, and inviting tabletop presentation\n•Ideal for hospitality: Perfect for restaurants, hotels, and catering environments seeking style and reliability","Each",null,"19.3","19.3","2.2","0.00082",{"v":0.49,"d":"0.490"},{"$nulls":8},"05020403750802",12,"20","20","20","0.00800","5.88",5.907,null,864,"https://files.plytix.com/api/v1.1/file/public_files/pim/assets/8a/8d/8f/62/628f8d8abb3a1aaaf0e8f149/images/cf/14/91/67/679114cff33788d49018ed90/TH_SBR-PL19L.jpg","https://files.plytix.com/api/v1.1/file/public_files/pim/assets/8a/8d/8f/62/628f8d8abb3a1aaaf0e8f149/images/71/f8/90/67/6790f871a850eb23df857095/SBR-PL19L_A.jpg|https://files.plytix.com/api/v1.1/file/public_files/pim/assets/8a/8d/8f/62/628f8d8abb3a1aaaf0e8f149/images/73/f8/90/67/6790f87326b9c8be7b879fdc/SBR-PL19L_B.jpg|https://files.plytix.com/api/v1.1/file/public_files/pim/assets/8a/8d/8f/62/628f8d8abb3a1aaaf0e8f149/images/73/f8/90/67/6790f873cad52e31728124e0/SBR-PL19L_C.jpg|https://files.plytix.com/api/v1.1/file/public_files/pim/assets/8a/8d/8f/62/628f8d8abb3a1aaaf0e8f149/images/74/f8/90/67/6790f874f33788d49018e6ba/SBR-PL19L_D.jpg|https://files.plytix.com/api/v1.1/file/public_files/pim/assets/8a/8d/8f/62/628f8d8abb3a1aaaf0e8f149/images/74/f8/90/67/6790f874f33788d49018e6bb/SBR-PL19L_E.jpg|https://files.plytix.com/api/v1.1/file/public_files/pim/assets/8a/8d/8f/62/628f8d8abb3a1aaaf0e8f149/images/9d/04/91/67/6791049df33788d49018e9ef/SBR-PL19L.jpg","https://files.plytix.com/api/v1.1/file/public_files/pim/assets/8a/8d/8f/62/628f8d8abb3a1aaaf0e8f149/images/6a/d4/a1/67/67a1d46a3446055658f062c2/LFST0325030.jpg|https://files.plytix.com/api/v1.1/file/public_files/pim/assets/8a/8d/8f/62/628f8d8abb3a1aaaf0e8f149/images/29/d4/a1/67/67a1d42920b2e4642d1ce9f9/LFST0325045.jpg","https://www.nevilleuk.com/products/SBR-PL19L_",null,"SBR-PL19F|SBR-PL19LN|SBR-PL19SK|SBR-PL19SL|SBR-PL19ST"]
["SBR-BW15L","Sabrosa Lila Bowl 15cm","15 x 5.3cm (Dia x H) - 40cl/ 14.1oz",10.46,12,"Sabrosa Tableware>Lila",{"$nulls":3},151,151,53,{"v":0.32,"d":"0.320"},{"v":0.32,"d":"0.320"},{"v":40,"d":"40.00"},"14.1","Terracotta","6912002310","Spain",-25,250,"Yes","Yes","Yes","Yes",{"$nulls":6},"\n•Next Generation Vitrified Terracotta\n•Twice Fired, Up To 1150°C\n•Low Porosity\n•Superior Durability And Modern Versatility\n•Unique Artisanal Reactive Glaze\n•Ideal For Hospitality","Introducing Sabrosa, the next generation of classic terracotta designed to meet the demands of today’s hospitality professionals. While honouring the warmth and charm of traditional terracotta, Sabrosa takes it further with superior durability and modern versatility. Crafted from premium vitrified terracotta each piece is twice fired, up to 1150°C, making it significantly stronger, less porous, and more resistant to chips than standard terracotta.Sabrosa items are built for professional use, offering the elegant, rustic appeal of terracotta while withstanding the rigors of everyday kitchen use. Perfect for oven to table dishes, Sabrosa delivers performance and presentation, ensuring a vibrant and warm dining experience.\n•Next Generation, Vitrified Terracotta: Combines traditional charm with modern performance for today’s hospitality industry\n•Twice-Fired Process: Twice fired at temperatures up to 1150°C for enhanced strength, durability and chip resistance\n•Low Porosity: Crafted from premium vitrified terracotta, making it less porous than standard terracotta\n•Versatile Performance: Ideal for oven-to-table service, ensuring both functionality and presentation\n•Unique Artisanal Finish: The natural kiln effects and spontaneous glaze reactions ensure every piece is truly one of a kind\n•Rustic Elegance: Delivers the warm, classic aesthetic of terracotta with enhanced modern benefits\n•Vibrant Dining Experience: Provides a visually appealing, warm, and inviting tabletop presentation\n•Ideal for hospitality: Perfect for restaurants, hotels, and catering environments seeking style and reliability","Each",null,"15.1","15.1","5.3","0.00121",{"v":0.32,"d":"0.320"},{"$nulls":8},"05020403750680",12,"31","17","17","0.00896","3.84",3.855,null,1428,"https://files.plytix.com/api/v1.1/file/public_files/pim/assets/8a/8d/8f/62/628f8d8abb3a1aaaf0e8f149/images/cd/14/91/67/679114cdcad52e3172812def/TH_SBR-BW15L.jpg","https://files.plytix.com/api/v1.1/file/public_files/pim/assets/8a/8d/8f/62/628f8d8abb3a1aaaf0e8f149/images/54/f8/90/67/6790f8545102799cd827fdca/SBR-BW15L.jpg|https://files.plytix.com/api/v1.1/file/public_files/pim/assets/8a/8d/8f/62/628f8d8abb3a1aaaf0e8f149/images/56/f8/90/67/6790f856f33788d49018e6b4/SBR-BW15L_A.jpg","https://files.plytix.com/api/v1.1/file/public_files/pim/assets/8a/8d/8f/62/628f8d8abb3a1aaaf0e8f149/images/38/d4/a1/67/67a1d438678af07d2988c43d/LFST0325040.jpg","https://www.nevilleuk.com/products/SBR-BW15L_",null,"SBR-BW15F|SBR-BW15LN|SBR-BW15SK|SBR-BW15SL|SBR-BW15ST"]
["SBR-BW11L","Sabrosa Lila Bowl 11cm","11 x 3.5cm (Dia x H) - 18cl/ 6.3oz",7.78,12,"Sabrosa Tableware>Lila",{"$nulls":3},112,112,35,0.162,0.162,{"v":18,"d":"18.00"},"6.3","Terracotta","6912002310","Spain",-25,250,"Yes","Yes","Yes","Yes",{"$nulls":6},"\n•Next Generation Vitrified Terracotta\n•Twice Fired, Up To 1150°C\n•Low Porosity\n•Superior Durability And Modern Versatility\n•Unique Artisanal Reactive Glaze\n•Ideal For Hospitality","Introducing Sabrosa, the next generation of classic terracotta designed to meet the demands of today’s hospitality professionals. While honouring the warmth and charm of traditional terracotta, Sabrosa takes it further with superior durability and modern versatility. Crafted from premium vitrified terracotta each piece is twice fired, up to 1150°C, making it significantly stronger, less porous, and more resistant to chips than standard terracotta.Sabrosa items are built for professional use, offering the elegant, rustic appeal of terracotta while withstanding the rigors of everyday kitchen use. Perfect for oven to table dishes, Sabrosa delivers performance and presentation, ensuring a vibrant and warm dining experience.\n•Next Generation, Vitrified Terracotta: Combines traditional charm with modern performance for today’s hospitality industry\n•Twice-Fired Process: Twice fired at temperatures up to 1150°C for enhanced strength, durability and chip resistance\n•Low Porosity: Crafted from premium vitrified terracotta, making it less porous than standard terracotta\n•Versatile Performance: Ideal for oven-to-table service, ensuring both functionality and presentation\n•Unique Artisanal Finish: The natural kiln effects and spontaneous glaze reactions ensure every piece is truly one of a kind\n•Rustic Elegance: Delivers the warm, classic aesthetic of terracotta with enhanced modern benefits\n•Vibrant Dining Experience: Provides a visually appealing, warm, and inviting tabletop presentation\n•Ideal for hospitality: Perfect for restaurants, hotels, and catering environments seeking style and reliability","Each",null,"11.2","11.2","3.5","0.00044",0.162,{"$nulls":8},"05020403750567",12,"29","14","14","0.00568","1.944",1.959,null,2400,"https://files.plytix.com/api/v1.1/file/public_files/pim/assets/8a/8d/8f/62/628f8d8abb3a1aaaf0e8f149/images/cc/14/91/67/679114cc650bff6333cfd986/TH_SBR-BW11L.jpg","https://files.plytix.com/api/v1.1/file/public_files/pim/assets/8a/8d/8f/62/628f8d8abb3a1aaaf0e8f149/images/44/f8/90/67/6790f8445102799cd827fdc8/SBR-BW11L.jpg|https://files.plytix.com/api/v1.1/file/public_files/pim/assets/8a/8d/8f/62/628f8d8abb3a1aaaf0e8f149/images/46/f8/90/67/6790f846a850eb23df857081/SBR-BW11L_A.jpg",null,"https://www.nevilleuk.com/products/SBR-BW11L_",null,"SBR-BW11F|SBR-BW11LN|SBR-BW11SK|SBR-BW11SL|SBR-BW11ST"]
["SBR-BW75L","Sabrosa Lila Bowl 7.5cm","7.5 x 2.6cm (Dia x H) - 5cl/ 1.8oz",{"v":5,"d":"5.00"},24,"Sabrosa Tableware>Lila",{"$nulls":3},74,74,26,{"v":0.09,"d":"0.090"},{"v":0.09,"d":"0.090"},{"v":5,"d":"5.00"},"1.8","Terracotta","6912002310","Spain",-25,250,"Yes","Yes","Yes","Yes",{"$nulls":6},"\n•Next Generation Vitrified Terracotta\n•Twice Fired, Up To 1150°C\n•Low Porosity\n•Superior Durability And Modern Versatility\n•Unique Artisanal Reactive Glaze\n•Ideal For Hospitality","Introducing Sabrosa, the next generation of classic terracotta designed to meet the demands of today’s hospitality professionals. While honouring the warmth and charm of traditional terracotta, Sabrosa takes it further with superior durability and modern versatility. Crafted from premium vitrified terracotta each piece is twice fired, up to 1150°C, making it significantly stronger, less porous, and more resistant to chips than standard terracotta.Sabrosa items are built for professional use, offering the elegant, rustic appeal of terracotta while withstanding the rigors of everyday kitchen use. Perfect for oven to table dishes, Sabrosa delivers performance and presentation, ensuring a vibrant and warm dining experience.\n•Next Generation, Vitrified Terracotta: Combines traditional charm with modern performance for today’s hospitality industry\n•Twice-Fired Process: Twice fired at temperatures up to 1150°C for enhanced strength, durability and chip resistance\n•Low Porosity: Crafted from premium vitrified terracotta, making it less porous than standard terracotta\n•Versatile Performance: Ideal for oven-to-table service, ensuring both functionality and presentation\n•Unique Artisanal Finish: The natural kiln effects and spontaneous glaze reactions ensure every piece is truly one of a kind\n•Rustic Elegance: Delivers the warm, classic aesthetic of terracotta with enhanced modern benefits\n•Vibrant Dining Experience: Provides a visually appealing, warm, and inviting tabletop presentation\n•Ideal for hospitality: Perfect for restaurants, hotels, and catering environments seeking style and reliability","Each",null,"7.4","7.4","2.6","0.00014",{"v":0.09,"d":"0.090"},{"$nulls":8},"05020403750444",24,"31","17","10","0.00527","2.16",2.223,null,4896,"https://files.plytix.com/api/v1.1/file/public_files/pim/assets/8a/8d/8f/62/628f8d8abb3a1aaaf0e8f149/images/ce/14/91/67/679114cea850eb23df85797d/TH_SBR-BW75L.jpg","https://files.plytix.com/api/v1.1/file/public_files/pim/assets/8a/8d/8f/62/628f8d8abb3a1aaaf0e8f149/images/61/f8/90/67/6790f861a850eb23df85708c/SBR-BW75L.jpg|https://files.plytix.com/api/v1.1/file/public_files/pim/assets/8a/8d/8f/62/628f8d8abb3a1aaaf0e8f149/images/62/f8/90/67/6790f862cad52e31728124db/SBR-BW75L_A.jpg","https://files.plytix.com/api/v1.1/file/public_files/pim/assets/8a/8d/8f/62/628f8d8abb3a1aaaf0e8f149/images/26/d4/a1/67/67a1d426678af07d2988c432/LFST0325046.jpg|https://files.plytix.com/api/v1.1/file/public_files/pim/assets/8a/8d/8f/62/628f8d8abb3a1aaaf0e8f149/images/08/d4/a1/67/67a1d4083446055658f062a7/LFST0325056.jpg","https://www.nevilleuk.com/products/SBR-BW75L_",null,"SBR-BW75F|SBR-BW75LN|SBR-BW75SK|SBR-BW75SL|SBR-BW75ST"]
["SBR-TD13L","Sabrosa Lila Tapas Dish 13cm","13 x 2.7cm (Dia x H) - 21cl/ 7.4oz",{"v":6.2,"d":"6.20"},12,"Sabrosa Tableware>Lila",{"$nulls":3},131,131,27,{"v":0.25,"d":"0.250"},{"v":0.25,"d":"0.250"},{"v":21,"d":"21.00"},"7.4","Terracotta","6912002310","Spain",-25,250,"Yes","Yes","Yes","Yes",{"$nulls":6},"\n•Next Generation Vitrified Terracotta\n•Twice Fired, Up To 1150°C\n•Low Porosity\n•Superior Durability And Modern Versatility\n•Unique Artisanal Reactive Glaze\n•Ideal For Hospitality","Introducing Sabrosa, the next generation of classic terracotta designed to meet the demands of today’s hospitality professionals. While honouring the warmth and charm of traditional terracotta, Sabrosa takes it further with superior durability and modern versatility. Crafted from premium vitrified terracotta each piece is twice fired, up to 1150°C, making it significantly stronger, less porous, and more resistant to chips than standard terracotta.Sabrosa items are built for professional use, offering the elegant, rustic appeal of terracotta while withstanding the rigors of everyday kitchen use. Perfect for oven to table dishes, Sabrosa delivers performance and presentation, ensuring a vibrant and warm dining experience.\n•Next Generation, Vitrified Terracotta: Combines traditional charm with modern performance for today’s hospitality industry\n•Twice-Fired Process: Twice fired at temperatures up to 1150°C for enhanced strength, durability and chip resistance\n•Low Porosity: Crafted from premium vitrified terracotta, making it less porous than standard terracotta\n•Versatile Performance: Ideal for oven-to-table service, ensuring both functionality and presentation\n•Unique Artisanal Finish: The natural kiln effects and spontaneous glaze reactions ensure every piece is truly one of a kind\n•Rustic Elegance: Delivers the warm, classic aesthetic of terracotta with enhanced modern benefits\n•Vibrant Dining Experience: Provides a visually appealing, warm, and inviting tabletop presentation\n•Ideal for hospitality: Perfect for restaurants, hotels, and catering environments seeking style and reliability","Each",null,"13.1","13.1","2.7","0.00046",{"v":0.25,"d":"0.250"},{"$nulls":8},"05020403750321",12,"32","18","18","0.01037","3",3.003,null,1344,"https://files.plytix.com/api/v1.1/file/public_files/pim/assets/8a/8d/8f/62/628f8d8abb3a1aaaf0e8f149/images/d1/14/91/67/679114d1cad52e3172812df5/TH_SBR-TD13L.jpg","https://files.plytix.com/api/v1.1/file/public_files/pim/assets/8a/8d/8f/62/628f8d8abb3a1aaaf0e8f149/images/98/f8/90/67/6790f898a850eb23df8570b1/SBR-TD13L.jpg|https://files.plytix.com/api/v1.1/file/public_files/pim/assets/8a/8d/8f/62/628f8d8abb3a1aaaf0e8f149/images/9a/f8/90/67/6790f89aa850eb23df8570b2/SBR-TD13L_A.jpg",null,"https://www.nevilleuk.com/products/SBR-TD13L_",null,"SBR-TD13F|SBR-TD13LN|SBR-TD13SK|SBR-TD13SL|SBR-TD13ST"]
["SBR-TD11L","Sabrosa Lila Tapas Dish 11cm","11 x 2.5cm (Dia x H) - 18cl/ 6.3oz",5.04,24,"Sabrosa Tableware>Lila",{"$nulls":3},112,112,12,{"v":0.18,"d":"0.180"},{"v":0.18,"d":"0.180"},{"v":18,"d":"18.00"},"6.3","Terracotta","6912002310","Spain",-25,250,"Yes","Yes","Yes","Yes",{"$nulls":6},"\n•Next Generation Vitrified Terracotta\n•Twice Fired, Up To 1150°C\n•Low Porosity\n•Superior Durability And Modern Versatility\n•Unique Artisanal Reactive Glaze\n•Ideal For Hospitality","Introducing Sabrosa, the next generation of classic terracotta designed to meet the demands of today’s hospitality professionals. While honouring the warmth and charm of traditional terracotta, Sabrosa takes it further with superior durability and modern versatility. Crafted from premium vitrified terracotta each piece is twice fired, up to 1150°C, making it significantly stronger, less porous, and more resistant to chips than standard terracotta.Sabrosa items are built for professional use, offering the elegant, rustic appeal of terracotta while withstanding the rigors of everyday kitchen use. Perfect for oven to table dishes, Sabrosa delivers performance and presentation, ensuring a vibrant and warm dining experience.\n•Next Generation, Vitrified Terracotta: Combines traditional charm with modern performance for today’s hospitality industry\n•Twice-Fired Process: Twice fired at temperatures up to 1150°C for enhanced strength, durability and chip resistance\n•Low Porosity: Crafted from premium vitrified terracotta, making it less porous than standard terracotta\n•Versatile Performance: Ideal for oven-to-table service, ensuring both functionality and presentation\n•Unique Artisanal Finish: The natural kiln effects and spontaneous glaze reactions ensure every piece is truly one of a kind\n•Rustic Elegance: Delivers the warm, classic aesthetic of terracotta with enhanced modern benefits\n•Vibrant Dining Experience: Provides a visually appealing, warm, and inviting tabletop presentation\n•Ideal for hospitality: Perfect for restaurants, hotels, and catering environments seeking style and reliability","Each",null,"11.2","11.2","1.2","0.00015",{"v":0.18,"d":"0.180"},{"$nulls":8},"05020403750208",24,"33","25.5","13.5","0.01136","4.32",4.551,null,2400,"https://files.plytix.com/api/v1.1/file/public_files/pim/assets/8a/8d/8f/62/628f8d8abb3a1aaaf0e8f149/images/cf/14/91/67/679114cf650bff6333cfd98a/TH_SBR-TD11L.jpg","https://files.plytix.com/api/v1.1/file/public_files/pim/assets/8a/8d/8f/62/628f8d8abb3a1aaaf0e8f149/images/8d/f8/90/67/6790f88da850eb23df8570a6/SBR-TD11L.jpg|https://files.plytix.com/api/v1.1/file/public_files/pim/assets/8a/8d/8f/62/628f8d8abb3a1aaaf0e8f149/images/8e/f8/90/67/6790f88ea850eb23df8570a7/SBR-TD11L_A.jpg",null,"https://www.nevilleuk.com/products/SBR-TD11L_",null,"SBR-TD11F|SBR-TD11LN|SBR-TD11SK|SBR-TD11SL|SBR-TD11ST"]
["SBR-TD75L","Sabrosa Lila Tapas Dish 7.5cm","7.5 x 2.2cm (Dia x H) - 5cl/ 1.8oz",3.84,24,"Sabrosa Tableware>Lila",{"$nulls":3},75,75,22,0.076,0.076,{"v":5,"d":"5.00"},"1.8","Terracotta","6912002310","Spain",-25,250,"Yes","Yes","Yes","Yes",{"$nulls":6},"\n•Next Generation Vitrified Terracotta\n•Twice Fired, Up To 1150°C\n•Low Porosity\n•Superior Durability And Modern Versatility\n•Unique Artisanal Reactive Glaze\n•Ideal For Hospitality","Introducing Sabrosa, the next generation of classic terracotta designed to meet the demands of today’s hospitality professionals. While honouring the warmth and charm of traditional terracotta, Sabrosa takes it further with superior durability and modern versatility. Crafted from premium vitrified terracotta each piece is twice fired, up to 1150°C, making it significantly stronger, less porous, and more resistant to chips than standard terracotta.Sabrosa items are built for professional use, offering the elegant, rustic appeal of terracotta while withstanding the rigors of everyday kitchen use. Perfect for oven to table dishes, Sabrosa delivers performance and presentation, ensuring a vibrant and warm dining experience.\n•Next Generation, Vitrified Terracotta: Combines traditional charm with modern performance for today’s hospitality industry\n•Twice-Fired Process: Twice fired at temperatures up to 1150°C for enhanced strength, durability and chip resistance\n•Low Porosity: Crafted from premium vitrified terracotta, making it less porous than standard terracotta\n•Versatile Performance: Ideal for oven-to-table service, ensuring both functionality and presentation\n•Unique Artisanal Finish: The natural kiln effects and spontaneous glaze reactions ensure every piece is truly one of a kind\n•Rustic Elegance: Delivers the warm, classic aesthetic of terracotta with enhanced modern benefits\n•Vibrant Dining Experience: Provides a visually appealing, warm, and inviting tabletop presentation\n•Ideal for hospitality: Perfect for restaurants, hotels, and catering environments seeking style and reliability","Each",null,"7.5","7.5","2.2","0.00012",0.076,{"$nulls":8},"05020403750086",24,"31","17","10","0.00527","1.824",1.839,null,4896,"https://files.plytix.com/api/v1.1/file/public_files/pim/assets/8a/8d/8f/62/628f8d8abb3a1aaaf0e8f149/images/d1/14/91/67/679114d1650bff6333cfd98d/TH_SBR-TD75L.jpg","https://files.plytix.com/api/v1.1/file/public_files/pim/assets/8a/8d/8f/62/628f8d8abb3a1aaaf0e8f149/images/a8/f8/90/67/6790f8a8a850eb23df8570bd/SBR-TD75L.jpg|https://files.plytix.com/api/v1.1/file/public_files/pim/assets/8a/8d/8f/62/628f8d8abb3a1aaaf0e8f149/images/aa/f8/90/67/6790f8aaa850eb23df8570be/SBR-TD75L_A.jpg",null,"https://www.nevilleuk.com/products/SBR-TD75L_",null,"SBR-TD75F|SBR-TD75LN|SBR-TD75SK|SBR-TD75SL|SBR-TD75ST"]
["SBR-PL19F","Sabrosa Fresco Plate 19.5cm","19.5cm (Dia)",11.44,12,"Sabrosa Tableware>Fresco",{"$nulls":3},193,193,22,{"v":0.49,"d":"0.490"},{"v":0.49,"d":"0.490"},null,null,"Terracotta","6912002310","Spain",-25,250,"Yes","Yes","Yes","Yes",{"$nulls":6},"\n•Next Generation Vitrified Terracotta\n•Twice Fired, Up To 1150°C\n•Low Porosity\n•Superior Durability And Modern Versatility\n•Unique Artisanal Reactive Glaze\n•Ideal For Hospitality","Introducing Sabrosa, the next generation of classic terracotta designed to meet the demands of today’s hospitality professionals. While honouring the warmth and charm of traditional terracotta, Sabrosa takes it further with superior durability and modern versatility. Crafted from premium vitrified terracotta each piece is twice fired, up to 1150°C, making it significantly stronger, less porous, and more resistant to chips than standard terracotta.Sabrosa items are built for professional use, offering the elegant, rustic appeal of terracotta while withstanding the rigors of everyday kitchen use. Perfect for oven to table dishes, Sabrosa delivers performance and presentation, ensuring a vibrant and warm dining experience.\n•Next Generation, Vitrified Terracotta: Combines traditional charm with modern performance for today’s hospitality industry\n•Twice-Fired Process: Twice fired at temperatures up to 1150°C for enhanced strength, durability and chip resistance\n•Low Porosity: Crafted from premium vitrified terracotta, making it less porous than standard terracotta\n•Versatile Performance: Ideal for oven-to-table service, ensuring both functionality and presentation\n•Unique Artisanal Finish: The natural kiln effects and spontaneous glaze reactions ensure every piece is truly one of a kind\n•Rustic Elegance: Delivers the warm, classic aesthetic of terracotta with enhanced modern benefits\n•Vibrant Dining Experience: Provides a visually appealing, warm, and inviting tabletop presentation\n•Ideal for hospitality: Perfect for restaurants, hotels, and catering environments seeking style and reliability","Each",null,"19.3","19.3","2.2","0.00082",{"v":0.49,"d":"0.490"},{"$nulls":8},"05020403750789",12,"20","20","20","0.00800","5.88",5.907,null,864,"https://files.plytix.com/api/v1.1/file/public_files/pim/assets/8a/8d/8f/62/628f8d8abb3a1aaaf0e8f149/images/ce/14/91/67/679114cef33788d49018ed8f/TH_SBR-PL19F.jpg","https://files.plytix.com/api/v1.1/file/public_files/pim/assets/8a/8d/8f/62/628f8d8abb3a1aaaf0e8f149/images/6e/f8/90/67/6790f86ea850eb23df857094/SBR-PL19F_A.jpg|https://files.plytix.com/api/v1.1/file/public_files/pim/assets/8a/8d/8f/62/628f8d8abb3a1aaaf0e8f149/images/6e/f8/90/67/6790f86ecad52e31728124de/SBR-PL19F_B.jpg|https://files.plytix.com/api/v1.1/file/public_files/pim/assets/8a/8d/8f/62/628f8d8abb3a1aaaf0e8f149/images/6f/f8/90/67/6790f86f650bff6333cfd111/SBR-PL19F_C.jpg|https://files.plytix.com/api/v1.1/file/public_files/pim/assets/8a/8d/8f/62/628f8d8abb3a1aaaf0e8f149/images/9e/04/91/67/6791049ea850eb23df8575f3/SBR-PL19F.jpg","https://files.plytix.com/api/v1.1/file/public_files/pim/assets/8a/8d/8f/62/628f8d8abb3a1aaaf0e8f149/images/6a/d4/a1/67/67a1d46a3446055658f062c2/LFST0325030.jpg","https://www.nevilleuk.com/products/SBR-PL19F_",null,"SBR-PL19L|SBR-PL19LN|SBR-PL19SK|SBR-PL19SL|SBR-PL19ST"]
["SBR-PL19ST","Sabrosa Stone Plate 19.5cm","19.5cm (Dia)",11.44,12,"Sabrosa Tableware>Stone",{"$nulls":3},193,193,22,{"v":0.49,"d":"0.490"},{"v":0.49,"d":"0.490"},null,null,"Terracotta","6912002310","Spain",-25,250,"Yes","Yes","Yes","Yes",{"$nulls":6},"\n•Next Generation Vitrified Terracotta\n•Twice Fired, Up To 1150°C\n•Low Porosity\n•Superior Durability And Modern Versatility\n•Unique Artisanal Reactive Glaze\n•Ideal For Hospitality","Introducing Sabrosa, the next generation of classic terracotta designed to meet the demands of today’s hospitality professionals. While honouring the warmth and charm of traditional terracotta, Sabrosa takes it further with superior durability and modern versatility. Crafted from premium vitrified terracotta each piece is twice fired, up to 1150°C, making it significantly stronger, less porous, and more resistant to chips than standard terracotta.Sabrosa items are built for professional use, offering the elegant, rustic appeal of terracotta while withstanding the rigors of everyday kitchen use. Perfect for oven to table dishes, Sabrosa delivers performance and presentation, ensuring a vibrant and warm dining experience.\n•Next Generation, Vitrified Terracotta: Combines traditional charm with modern performance for today’s hospitality industry\n•Twice-Fired Process: Twice fired at temperatures up to 1150°C for enhanced strength, durability and chip resistance\n•Low Porosity: Crafted from premium vitrified terracotta, making it less porous than standard terracotta\n•Versatile Performance: Ideal for oven-to-table service, ensuring both functionality and presentation\n•Unique Artisanal Finish: The natural kiln effects and spontaneous glaze reactions ensure every piece is truly one of a kind\n•Rustic Elegance: Delivers the warm, classic aesthetic of terracotta with enhanced modern benefits\n•Vibrant Dining Experience: Provides a visually appealing, warm, and inviting tabletop presentation\n•Ideal for hospitality: Perfect for restaurants, hotels, and catering environments seeking style and reliability","Each",null,"19.3","19.3","2.2","0.00082",{"v":0.49,"d":"0.490"},{"$nulls":8},"05020403750826",12,"20","20","20","0.00800","5.88",5.907,null,864,"https://files.plytix.com/api/v1.1/file/public_files/pim/assets/8a/8d/8f/62/628f8d8abb3a1aaaf0e8f149/images/cf/14/91/67/679114cfcad52e3172812df4/TH_SBR-PL19ST.jpg","https://files.plytix.com/api/v1.1/file/public_files/pim/assets/8a/8d/8f/62/628f8d8abb3a1aaaf0e8f149/images/89/f8/90/67/6790f88926b9c8be7b879fe3/SBR-PL19ST_A.jpg|https://files.plytix.com/api/v1.1/file/public_files/pim/assets/8a/8d/8f/62/628f8d8abb3a1aaaf0e8f149/images/8a/f8/90/67/6790f88af33788d49018e6c1/SBR-PL19ST_B.jpg|https://files.plytix.com/api/v1.1/file/public_files/pim/assets/8a/8d/8f/62/628f8d8abb3a1aaaf0e8f149/images/8b/f8/90/67/6790f88ba850eb23df85709f/SBR-PL19ST_C.jpg|https://files.plytix.com/api/v1.1/file/public_files/pim/assets/8a/8d/8f/62/628f8d8abb3a1aaaf0e8f149/images/8b/f8/90/67/6790f88ba850eb23df8570a3/SBR-PL19ST_D.jpg|https://files.plytix.com/api/v1.1/file/public_files/pim/assets/8a/8d/8f/62/628f8d8abb3a1aaaf0e8f149/images/8c/f8/90/67/6790f88ca850eb23df8570a4/SBR-PL19ST_E.jpg|https://files.plytix.com/api/v1.1/file/public_files/pim/assets/8a/8d/8f/62/628f8d8abb3a1aaaf0e8f149/images/a9/04/91/67/679104a9cad52e31728129c1/SBR-PL19ST.jpg","https://files.plytix.com/api/v1.1/file/public_files/pim/assets/8a/8d/8f/62/628f8d8abb3a1aaaf0e8f149/images/6a/d4/a1/67/67a1d46a3446055658f062c2/LFST0325030.jpg|https://files.plytix.com/api/v1.1/file/public_files/pim/assets/8a/8d/8f/62/628f8d8abb3a1aaaf0e8f149/images/16/d4/a1/67/67a1d4163446055658f062a9/LFST0325051.jpg","https://www.nevilleuk.com/products/SBR-PL19ST_",null,"SBR-PL19L|SBR-PL19F|SBR-PL19LN|SBR-PL19SK|SBR-PL19SL"]
["SBR-BW15ST","Sabrosa Stone Bowl 15cm","15 x 5.3cm (Dia x H) - 40cl/ 14.1oz",10.46,12,"Sabrosa Tableware>Stone",{"$nulls":3},151,151,53,{"v":0.32,"d":"0.320"},{"v":0.32,"d":"0.320"},{"v":40,"d":"40.00"},"14.1","Terracotta","6912002310","Spain",-25,250,"Yes","Yes","Yes","Yes",{"$nulls":6},"\n•Next Generation Vitrified Terracotta\n•Twice Fired, Up To 1150°C\n•Low Porosity\n•Superior Durability And Modern Versatility\n•Unique Artisanal Reactive Glaze\n•Ideal For Hospitality","Introducing Sabrosa, the next generation of classic terracotta designed to meet the demands of today’s hospitality professionals. While honouring the warmth and charm of traditional terracotta, Sabrosa takes it further with superior durability and modern versatility. Crafted from premium vitrified terracotta each piece is twice fired, up to 1150°C, making it significantly stronger, less porous, and more resistant to chips than standard terracotta.Sabrosa items are built for professional use, offering the elegant, rustic appeal of terracotta while withstanding the rigors of everyday kitchen use. Perfect for oven to table dishes, Sabrosa delivers performance and presentation, ensuring a vibrant and warm dining experience.\n•Next Generation, Vitrified Terracotta: Combines traditional charm with modern performance for today’s hospitality industry\n•Twice-Fired Process: Twice fired at temperatures up to 1150°C for enhanced strength, durability and chip resistance\n•Low Porosity: Crafted from premium vitrified terracotta, making it less porous than standard terracotta\n•Versatile Performance: Ideal for oven-to-table service, ensuring both functionality and presentation\n•Unique Artisanal Finish: The natural kiln effects and spontaneous glaze reactions ensure every piece is truly one of a kind\n•Rustic Elegance: Delivers the warm, classic aesthetic of terracotta with enhanced modern benefits\n•Vibrant Dining Experience: Provides a visually appealing, warm, and inviting tabletop presentation\n•Ideal for hospitality: Perfect for restaurants, hotels, and catering environments seeking style and reliability","Each",null,"15.1","15.1","5.3","0.00121",{"v":0.32,"d":"0.320"},{"$nulls":8},"05020403750703",12,"31","17","17","0.00896","3.84",3.855,null,1428,"https://files.plytix.com/api/v1.1/file/public_files/pim/assets/8a/8d/8f/62/628f8d8abb3a1aaaf0e8f149/images/cd/14/91/67/679114cdf33788d49018ed8d/TH_SBR-BW15ST.jpg","https://files.plytix.com/api/v1.1/file/public_files/pim/assets/8a/8d/8f/62/628f8d8abb3a1aaaf0e8f149/images/5f/f8/90/67/6790f85fcad52e31728124d9/SBR-BW15ST.jpg|https://files.plytix.com/api/v1.1/file/public_files/pim/assets/8a/8d/8f/62/628f8d8abb3a1aaaf0e8f149/images/60/f8/90/67/6790f860cad52e31728124da/SBR-BW15ST_A.jpg",null,"https://www.nevilleuk.com/products/SBR-BW15ST_",null,"SBR-BW15L|SBR-BW15F|SBR-BW15LN|SBR-BW15SK|SBR-BW15SL"]
["SBR-BW11ST","Sabrosa Stone Bowl 11cm","11 x 3.5cm (Dia x H) - 18cl/ 6.3oz",7.78,12,"Sabrosa Tableware>Stone",{"$nulls":3},112,112,35,0.162,0.162,{"v":18,"d":"18.00"},"6.3","Terracotta","6912002310","Spain",-25,250,"Yes","Yes","Yes","Yes",{"$nulls":6},"\n•Next Generation Vitrified Terracotta\n•Twice Fired, Up To 1150°C\n•Low Porosity\n•Superior Durability And Modern Versatility\n•Unique Artisanal Reactive Glaze\n•Ideal For Hospitality","Introducing Sabrosa, the next generation of classic terracotta designed to meet the demands of today’s hospitality professionals. While honouring the warmth and charm of traditional terracotta, Sabrosa takes it further with superior durability and modern versatility. Crafted from premium vitrified terracotta each piece is twice fired, up to 1150°C, making it significantly stronger, less porous, and more resistant to chips than standard terracotta.Sabrosa items are built for professional use, offering the elegant, rustic appeal of terracotta while withstanding the rigors of everyday kitchen use. Perfect for oven to table dishes, Sabrosa delivers performance and presentation, ensuring a vibrant and warm dining experience.\n•Next Generation, Vitrified Terracotta: Combines traditional charm with modern performance for today’s hospitality industry\n•Twice-Fired Process: Twice fired at temperatures up to 1150°C for enhanced strength, durability and chip resistance\n•Low Porosity: Crafted from premium vitrified terracotta, making it less porous than standard terracotta\n•Versatile Performance: Ideal for oven-to-table service, ensuring both functionality and presentation\n•Unique Artisanal Finish: The natural kiln effects and spontaneous glaze reactions ensure every piece is truly one of a kind\n•Rustic Elegance: Delivers the warm, classic aesthetic of terracotta with enhanced modern benefits\n•Vibrant Dining Experience: Provides a visually appealing, warm, and inviting tabletop presentation\n•Ideal for hospitality: Perfect for restaurants, hotels, and catering environments seeking style and reliability","Each",null,"11.2","11.2","3.5","0.00044",0.162,{"$nulls":8},"05020403750581",12,"29","14","14","0.00568","1.944",1.959,null,2400,"https://files.plytix.com/api/v1.1/file/public_files/pim/assets/8a/8d/8f/62/628f8d8abb3a1aaaf0e8f149/images/cc/14/91/67/679114cc650bff6333cfd987/TH_SBR-BW11ST.jpg","https://files.plytix.com/api/v1.1/file/public_files/pim/assets/8a/8d/8f/62/628f8d8abb3a1aaaf0e8f149/images/4d/f8/90/67/6790f84da850eb23df857083/SBR-BW11ST.jpg|https://files.plytix.com/api/v1.1/file/public_files/pim/assets/8a/8d/8f/62/628f8d8abb3a1aaaf0e8f149/images/4f/f8/90/67/6790f84fa850eb23df857084/SBR-BW11ST_A.jpg",null,"https://www.nevilleuk.com/products/SBR-BW11ST_",null,"SBR-BW11L|SBR-BW11F|SBR-BW11LN|SBR-BW11SK|SBR-BW11SL"]
["SBR-BW75ST","Sabrosa Stone Bowl 7.5cm","7.5 x 2.6cm (Dia x H) - 5cl/ 1.8oz",{"v":5,"d":"5.00"},24,"Sabrosa Tableware>Stone",{"$nulls":3},74,74,26,{"v":0.09,"d":"0.090"},{"v":0.09,"d":"0.090"},{"v":5,"d":"5.00"},"1.8","Terracotta","6912002310","Spain",-25,250,"Yes","Yes","Yes","Yes",{"$nulls":6},"\n•Next Generation Vitrified Terracotta\n•Twice Fired, Up To 1150°C\n•Low Porosity\n•Superior Durability And Modern Versatility\n•Unique Artisanal Reactive Glaze\n•Ideal For Hospitality","Introducing Sabrosa, the next generation of classic terracotta designed to meet the demands of today’s hospitality professionals. While honouring the warmth and charm of traditional terracotta, Sabrosa takes it further with superior durability and modern versatility. Crafted from premium vitrified terracotta each piece is twice fired, up to 1150°C, making it significantly stronger, less porous, and more resistant to chips than standard terracotta.Sabrosa items are built for professional use, offering the elegant, rustic appeal of terracotta while withstanding the rigors of everyday kitchen use. Perfect for oven to table dishes, Sabrosa delivers performance and presentation, ensuring a vibrant and warm dining experience.\n•Next Generation, Vitrified Terracotta: Combines traditional charm with modern performance for today’s hospitality industry\n•Twice-Fired Process: Twice fired at temperatures up to 1150°C for enhanced strength, durability and chip resistance\n•Low Porosity: Crafted from premium vitrified terracotta, making it less porous than standard terracotta\n•Versatile Performance: Ideal for oven-to-table service, ensuring both functionality and presentation\n•Unique Artisanal Finish: The natural kiln effects and spontaneous glaze reactions ensure every piece is truly one of a kind\n•Rustic Elegance: Delivers the warm, classic aesthetic of terracotta with enhanced modern benefits\n•Vibrant Dining Experience: Provides a visually appealing, warm, and inviting tabletop presentation\n•Ideal for hospitality: Perfect for restaurants, hotels, and catering environments seeking style and reliability","Each",null,"7.4","7.4","2.6","0.00014",{"v":0.09,"d":"0.090"},{"$nulls":8},"05020403750468",24,"31","17","10","0.00527","2.16",2.223,null,4896,"https://files.plytix.com/api/v1.1/file/public_files/pim/assets/8a/8d/8f/62/628f8d8abb3a1aaaf0e8f149/images/ce/14/91/67/679114cef33788d49018ed8e/TH_SBR-BW75ST.jpg","https://files.plytix.com/api/v1.1/file/public_files/pim/assets/8a/8d/8f/62/628f8d8abb3a1aaaf0e8f149/images/6a/f8/90/67/6790f86af33788d49018e6b9/SBR-BW75ST.jpg|https://files.plytix.com/api/v1.1/file/public_files/pim/assets/8a/8d/8f/62/628f8d8abb3a1aaaf0e8f149/images/6c/f8/90/67/6790f86ca850eb23df857093/SBR-BW75ST_A.jpg","https://files.plytix.com/api/v1.1/file/public_files/pim/assets/8a/8d/8f/62/628f8d8abb3a1aaaf0e8f149/images/23/d4/a1/67/67a1d4233446055658f062ae/LFST0325047.jpg","https://www.nevilleuk.com/products/SBR-BW75ST_",null,"SBR-BW75L|SBR-BW75F|SBR-BW75LN|SBR-BW75SK|SBR-BW75SL"]
["SBR-TD13ST","Sabrosa Stone Tapas Dish 13cm","13 x 2.7cm (Dia x H) - 21cl/ 7.4oz",{"v":6.2,"d":"6.20"},12,"Sabrosa Tableware>Stone",{"$nulls":3},320,180,15,{"v":0.25,"d":"0.250"},{"v":0.25,"d":"0.250"},{"v":21,"d":"21.00"},"7.4","Terracotta","6912002310","Spain",-25,250,"Yes","Yes","Yes","Yes",{"$nulls":6},"\n•Next Generation Vitrified Terracotta\n•Twice Fired, Up To 1150°C\n•Low Porosity\n•Superior Durability And Modern Versatility\n•Unique Artisanal Reactive Glaze\n•Ideal For Hospitality","Introducing Sabrosa, the next generation of classic terracotta designed to meet the demands of today’s hospitality professionals. While honouring the warmth and charm of traditional terracotta, Sabrosa takes it further with superior durability and modern versatility. Crafted from premium vitrified terracotta each piece is twice fired, up to 1150°C, making it significantly stronger, less porous, and more resistant to chips than standard terracotta.Sabrosa items are built for professional use, offering the elegant, rustic appeal of terracotta while withstanding the rigors of everyday kitchen use. Perfect for oven to table dishes, Sabrosa delivers performance and presentation, ensuring a vibrant and warm dining experience.\n•Next Generation, Vitrified Terracotta: Combines traditional charm with modern performance for today’s hospitality industry\n•Twice-Fired Process: Twice fired at temperatures up to 1150°C for enhanced strength, durability and chip resistance\n•Low Porosity: Crafted from premium vitrified terracotta, making it less porous than standard terracotta\n•Versatile Performance: Ideal for oven-to-table service, ensuring both functionality and presentation\n•Unique Artisanal Finish: The natural kiln effects and spontaneous glaze reactions ensure every piece is truly one of a kind\n•Rustic Elegance: Delivers the warm, classic aesthetic of terracotta with enhanced modern benefits\n•Vibrant Dining Experience: Provides a visually appealing, warm, and inviting tabletop presentation\n•Ideal for hospitality: Perfect for restaurants, hotels, and catering environments seeking style and reliability","Each",null,"32","18","1.5","0.00086",{"v":0.25,"d":"0.250"},{"$nulls":8},"05020403750345",12,"32","18","18","0.01037","3",3.003,null,1344,"https://files.plytix.com/api/v1.1/file/public_files/pim/assets/8a/8d/8f/62/628f8d8abb3a1aaaf0e8f149/images/d1/14/91/67/679114d1cad52e3172812df7/TH_SBR-TD13ST.jpg","https://files.plytix.com/api/v1.1/file/public_files/pim/assets/8a/8d/8f/62/628f8d8abb3a1aaaf0e8f149/images/a3/f8/90/67/6790f8a35102799cd827fdd0/SBR-TD13ST.jpg|https://files.plytix.com/api/v1.1/file/public_files/pim/assets/8a/8d/8f/62/628f8d8abb3a1aaaf0e8f149/images/a4/f8/90/67/6790f8a426b9c8be7b879ff2/SBR-TD13ST_A.jpg",null,"https://www.nevilleuk.com/products/SBR-TD13ST_",null,"SBR-TD13L|SBR-TD13F|SBR-TD13LN|SBR-TD13SK|SBR-TD13SL"]
["SBR-BW15F","Sabrosa Fresco Bowl 15cm","15 x 5.3cm (Dia x H) - 40cl/ 14.1oz",10.46,12,"Sabrosa Tableware>Fresco",{"$nulls":3},151,151,53,{"v":0.32,"d":"0.320"},{"v":0.32,"d":"0.320"},{"v":40,"d":"40.00"},"14.1","Terracotta","6912002310","Spain",-25,250,"Yes","Yes","Yes","Yes",{"$nulls":6},"\n•Next Generation Vitrified Terracotta\n•Twice Fired, Up To 1150°C\n•Low Porosity\n•Superior Durability And Modern Versatility\n•Unique Artisanal Reactive Glaze\n•Ideal For Hospitality","Introducing Sabrosa, the next generation of classic terracotta designed to meet the demands of today’s hospitality professionals. While honouring the warmth and charm of traditional terracotta, Sabrosa takes it further with superior durability and modern versatility. Crafted from premium vitrified terracotta each piece is twice fired, up to 1150°C, making it significantly stronger, less porous, and more resistant to chips than standard terracotta.Sabrosa items are built for professional use, offering the elegant, rustic appeal of terracotta while withstanding the rigors of everyday kitchen use. Perfect for oven to table dishes, Sabrosa delivers performance and presentation, ensuring a vibrant and warm dining experience.\n•Next Generation, Vitrified Terracotta: Combines traditional charm with modern performance for today’s hospitality industry\n•Twice-Fired Process: Twice fired at temperatures up to 1150°C for enhanced strength, durability and chip resistance\n•Low Porosity: Crafted from premium vitrified terracotta, making it less porous than standard terracotta\n•Versatile Performance: Ideal for oven-to-table service, ensuring both functionality and presentation\n•Unique Artisanal Finish: The natural kiln effects and spontaneous glaze reactions ensure every piece is truly one of a kind\n•Rustic Elegance: Delivers the warm, classic aesthetic of terracotta with enhanced modern benefits\n•Vibrant Dining Experience: Provides a visually appealing, warm, and inviting tabletop presentation\n•Ideal for hospitality: Perfect for restaurants, hotels, and catering environments seeking style and reliability","Each",null,"15.1","15.1","5.3","0.00121",{"v":0.32,"d":"0.320"},{"$nulls":8},"05020403750666",12,"31","17","17","0.00896","3.84",{"v":3855,"d":"3855.000"},null,1428,"https://files.plytix.com/api/v1.1/file/public_files/pim/assets/8a/8d/8f/62/628f8d8abb3a1aaaf0e8f149/images/cc/14/91/67/679114cc650bff6333cfd988/TH_SBR-BW15F.jpg","https://files.plytix.com/api/v1.1/file/public_files/pim/assets/8a/8d/8f/62/628f8d8abb3a1aaaf0e8f149/images/51/f8/90/67/6790f851f33788d49018e6b2/SBR-BW15F.jpg|https://files.plytix.com/api/v1.1/file/public_files/pim/assets/8a/8d/8f/62/628f8d8abb3a1aaaf0e8f149/images/52/f8/90/67/6790f852a850eb23df857088/SBR-BW15F_A.jpg",null,"https://www.nevilleuk.com/products/SBR-BW15F_",null,"SBR-BW15L|SBR-BW15LN|SBR-BW15SK|SBR-BW15SL|SBR-BW15ST"]
["SBR-BW11F","Sabrosa Fresco Bowl 11cm","11 x 3.5cm (Dia x H) - 18cl/ 6.3oz",7.78,12,"Sabrosa Tableware>Fresco",{"$nulls":3},112,112,35,0.162,0.162,{"v":18,"d":"18.00"},"6.3","Terracotta","6912002310","Spain",-25,250,"Yes","Yes","Yes","Yes",{"$nulls":6},"\n•Next Generation Vitrified Terracotta\n•Twice Fired, Up To 1150°C\n•Low Porosity\n•Superior Durability And Modern Versatility\n•Unique Artisanal Reactive Glaze\n•Ideal For Hospitality","Introducing Sabrosa, the next generation of classic terracotta designed to meet the demands of today’s hospitality professionals. While honouring the warmth and charm of traditional terracotta, Sabrosa takes it further with superior durability and modern versatility. Crafted from premium vitrified terracotta each piece is twice fired, up to 1150°C, making it significantly stronger, less porous, and more resistant to chips than standard terracotta.Sabrosa items are built for professional use, offering the elegant, rustic appeal of terracotta while withstanding the rigors of everyday kitchen use. Perfect for oven to table dishes, Sabrosa delivers performance and presentation, ensuring a vibrant and warm dining experience.\n•Next Generation, Vitrified Terracotta: Combines traditional charm with modern performance for today’s hospitality industry\n•Twice-Fired Process: Twice fired at temperatures up to 1150°C for enhanced strength, durability and chip resistance\n•Low Porosity: Crafted from premium vitrified terracotta, making it less porous than standard terracotta\n•Versatile Performance: Ideal for oven-to-table service, ensuring both functionality and presentation\n•Unique Artisanal Finish: The natural kiln effects and spontaneous glaze reactions ensure every piece is truly one of a kind\n•Rustic Elegance: Delivers the warm, classic aesthetic of terracotta with enhanced modern benefits\n•Vibrant Dining Experience: Provides a visually appealing, warm, and inviting tabletop presentation\n•Ideal for hospitality: Perfect for restaurants, hotels, and catering environments seeking style and reliability","Each",null,"11.2","11.2","3.5","0.00044",0.162,{"$nulls":8},"05020403750543",12,"29","14","14","0.00568","1.944",1.959,null,2400,"https://files.plytix.com/api/v1.1/file/public_files/pim/assets/8a/8d/8f/62/628f8d8abb3a1aaaf0e8f149/images/cb/14/91/67/679114cbcad52e3172812ded/TH_SBR-BW11F.jpg","https://files.plytix.com/api/v1.1/file/public_files/pim/assets/8a/8d/8f/62/628f8d8abb3a1aaaf0e8f149/images/41/f8/90/67/6790f841f33788d49018e6af/SBR-BW11F.jpg|https://files.plytix.com/api/v1.1/file/public_files/pim/assets/8a/8d/8f/62/628f8d8abb3a1aaaf0e8f149/images/43/f8/90/67/6790f84326b9c8be7b879fd6/SBR-BW11F_A.jpg","https://files.plytix.com/api/v1.1/file/public_files/pim/assets/8a/8d/8f/62/628f8d8abb3a1aaaf0e8f149/images/1c/d4/a1/67/67a1d41c3446055658f062ab/LFST0325049.jpg","https://www.nevilleuk.com/products/SBR-BW11F_",null,"SBR-BW11L|SBR-BW11LN|SBR-BW11SK|SBR-BW11SL|SBR-BW11ST"]
["SBR-BW75F","Sabrosa Fresco Bowl 7.5cm","7.5 x 2.6cm (Dia x H) - 5cl/ 1.8oz",{"v":5,"d":"5.00"},24,"Sabrosa Tableware>Fresco",{"$nulls":3},74,74,26,{"v":0.09,"d":"0.090"},{"v":0.09,"d":"0.090"},{"v":5,"d":"5.00"},"1.8","Terracotta","6912002310","Spain",-25,250,"Yes","Yes","Yes","Yes",{"$nulls":6},"\n•Next Generation Vitrified Terracotta\n•Twice Fired, Up To 1150°C\n•Low Porosity\n•Superior Durability And Modern Versatility\n•Unique Artisanal Reactive Glaze\n•Ideal For Hospitality","Introducing Sabrosa, the next generation of classic terracotta designed to meet the demands of today’s hospitality professionals. While honouring the warmth and charm of traditional terracotta, Sabrosa takes it further with superior durability and modern versatility. Crafted from premium vitrified terracotta each piece is twice fired, up to 1150°C, making it significantly stronger, less porous, and more resistant to chips than standard terracotta.Sabrosa items are built for professional use, offering the elegant, rustic appeal of terracotta while withstanding the rigors of everyday kitchen use. Perfect for oven to table dishes, Sabrosa delivers performance and presentation, ensuring a vibrant and warm dining experience.\n•Next Generation, Vitrified Terracotta: Combines traditional charm with modern performance for today’s hospitality industry\n•Twice-Fired Process: Twice fired at temperatures up to 1150°C for enhanced strength, durability and chip resistance\n•Low Porosity: Crafted from premium vitrified terracotta, making it less porous than standard terracotta\n•Versatile Performance: Ideal for oven-to-table service, ensuring both functionality and presentation\n•Unique Artisanal Finish: The natural kiln effects and spontaneous glaze reactions ensure every piece is truly one of a kind\n•Rustic Elegance: Delivers the warm, classic aesthetic of terracotta with enhanced modern benefits\n•Vibrant Dining Experience: Provides a visually appealing, warm, and inviting tabletop presentation\n•Ideal for hospitality: Perfect for restaurants, hotels, and catering environments seeking style and reliability","Each",null,"7.4","7.4","2.6","0.00014",{"v":0.09,"d":"0.090"},{"$nulls":8},"05020403750420",24,"31","17","10","0.00527","2.16",2.223,null,4896,"https://files.plytix.com/api/v1.1/file/public_files/pim/assets/8a/8d/8f/62/628f8d8abb3a1aaaf0e8f149/images/cd/14/91/67/679114cd26b9c8be7b87a6fb/TH_SBR-BW75F.jpg","https://files.plytix.com/api/v1.1/file/public_files/pim/assets/8a/8d/8f/62/628f8d8abb3a1aaaf0e8f149/images/32/1c/91/67/67911c32650bff6333cfdb95/SBR-BW75F.jpg","https://files.plytix.com/api/v1.1/file/public_files/pim/assets/8a/8d/8f/62/628f8d8abb3a1aaaf0e8f149/images/08/d4/a1/67/67a1d4083446055658f062a7/LFST0325056.jpg","https://www.nevilleuk.com/products/SBR-BW75F_",null,"SBR-BW75L|SBR-BW75LN|SBR-BW75SK|SBR-BW75SL|SBR-BW75ST"]
["SBR-TD13F","Sabrosa Fresco Tapas Dish 13cm","13 x 2.7cm (Dia x H) - 21cl/ 7.4oz",{"v":6.2,"d":"6.20"},12,"Sabrosa Tableware>Fresco",{"$nulls":3},131,131,27,{"v":0.25,"d":"0.250"},{"v":0.25,"d":"0.250"},{"v":21,"d":"21.00"},"7.4","Terracotta","6912002310","Spain",-25,250,"Yes","Yes","Yes","Yes",{"$nulls":6},"\n•Next Generation Vitrified Terracotta\n•Twice Fired, Up To 1150°C\n•Low Porosity\n•Superior Durability And Modern Versatility\n•Unique Artisanal Reactive Glaze\n•Ideal For Hospitality","Introducing Sabrosa, the next generation of classic terracotta designed to meet the demands of today’s hospitality professionals. While honouring the warmth and charm of traditional terracotta, Sabrosa takes it further with superior durability and modern versatility. Crafted from premium vitrified terracotta each piece is twice fired, up to 1150°C, making it significantly stronger, less porous, and more resistant to chips than standard terracotta.Sabrosa items are built for professional use, offering the elegant, rustic appeal of terracotta while withstanding the rigors of everyday kitchen use. Perfect for oven to table dishes, Sabrosa delivers performance and presentation, ensuring a vibrant and warm dining experience.\n•Next Generation, Vitrified Terracotta: Combines traditional charm with modern performance for today’s hospitality industry\n•Twice-Fired Process: Twice fired at temperatures up to 1150°C for enhanced strength, durability and chip resistance\n•Low Porosity: Crafted from premium vitrified terracotta, making it less porous than standard terracotta\n•Versatile Performance: Ideal for oven-to-table service, ensuring both functionality and presentation\n•Unique Artisanal Finish: The natural kiln effects and spontaneous glaze reactions ensure every piece is truly one of a kind\n•Rustic Elegance: Delivers the warm, classic aesthetic of terracotta with enhanced modern benefits\n•Vibrant Dining Experience: Provides a visually appealing, warm, and inviting tabletop presentation\n•Ideal for hospitality: Perfect for restaurants, hotels, and catering environments seeking style and reliability","Each",null,"13.1","13.1","2.7","0.00046",{"v":0.25,"d":"0.250"},{"$nulls":8},"05020403750307",12,"32","18","18","0.01037","3",3.003,null,1344,"https://files.plytix.com/api/v1.1/file/public_files/pim/assets/8a/8d/8f/62/628f8d8abb3a1aaaf0e8f149/images/d0/14/91/67/679114d0f33788d49018ed95/TH_SBR-TD13F.jpg","https://files.plytix.com/api/v1.1/file/public_files/pim/assets/8a/8d/8f/62/628f8d8abb3a1aaaf0e8f149/images/95/f8/90/67/6790f89526b9c8be7b879feb/SBR-TD13F.jpg|https://files.plytix.com/api/v1.1/file/public_files/pim/assets/8a/8d/8f/62/628f8d8abb3a1aaaf0e8f149/images/97/f8/90/67/6790f897a850eb23df8570b0/SBR-TD13F_A.jpg",null,"https://www.nevilleuk.com/products/SBR-TD13F_",null,"SBR-TD13L|SBR-TD13LN|SBR-TD13SK|SBR-TD13SL|SBR-TD13ST"]
["SBR-TD11F","Sabrosa Fresco Tapas Dish 11cm","11 x 2.5cm (Dia x H) - 18cl/ 6.3oz",5.04,24,"Sabrosa Tableware>Fresco",{"$nulls":3},112,112,12,{"v":0.18,"d":"0.180"},{"v":0.18,"d":"0.180"},{"v":18,"d":"18.00"},"6.3","Terracotta","6912002310","Spain",-25,250,"Yes","Yes","Yes","Yes",{"$nulls":6},"\n•Next Generation Vitrified Terracotta\n•Twice Fired, Up To 1150°C\n•Low Porosity\n•Superior Durability And Modern Versatility\n•Unique Artisanal Reactive Glaze\n•Ideal For Hospitality","Introducing Sabrosa, the next generation of classic terracotta designed to meet the demands of today’s hospitality professionals. While honouring the warmth and charm of traditional terracotta, Sabrosa takes it further with superior durability and modern versatility. Crafted from premium vitrified terracotta each piece is twice fired, up to 1150°C, making it significantly stronger, less porous, and more resistant to chips than standard terracotta.Sabrosa items are built for professional use, offering the elegant, rustic appeal of terracotta while withstanding the rigors of everyday kitchen use. Perfect for oven to table dishes, Sabrosa delivers performance and presentation, ensuring a vibrant and warm dining experience.\n•Next Generation, Vitrified Terracotta: Combines traditional charm with modern performance for today’s hospitality industry\n•Twice-Fired Process: Twice fired at temperatures up to 1150°C for enhanced strength, durability and chip resistance\n•Low Porosity: Crafted from premium vitrified terracotta, making it less porous than standard terracotta\n•Versatile Performance: Ideal for oven-to-table service, ensuring both functionality and presentation\n•Unique Artisanal Finish: The natural kiln effects and spontaneous glaze reactions ensure every piece is truly one of a kind\n•Rustic Elegance: Delivers the warm, classic aesthetic of terracotta with enhanced modern benefits\n•Vibrant Dining Experience: Provides a visually appealing, warm, and inviting tabletop presentation\n•Ideal for hospitality: Perfect for restaurants, hotels, and catering environments seeking style and reliability","Each",null,"11.2","11.2","1.2","0.00015",{"v":0.18,"d":"0.180"},{"$nulls":8},"05020403750185",24,"33","25.5","13.5","0.01136","4.32",4.551,null,2400,"https://files.plytix.com/api/v1.1/file/public_files/pim/assets/8a/8d/8f/62/628f8d8abb3a1aaaf0e8f149/images/cf/14/91/67/679114cff33788d49018ed92/TH_SBR-TD11F.jpg","https://files.plytix.com/api/v1.1/file/public_files/pim/assets/8a/8d/8f/62/628f8d8abb3a1aaaf0e8f149/images/8c/f8/90/67/6790f88c26b9c8be7b879fe4/SBR-TD11F_A.jpg|https://files.plytix.com/api/v1.1/file/public_files/pim/assets/8a/8d/8f/62/628f8d8abb3a1aaaf0e8f149/images/8c/f8/90/67/6790f88ca850eb23df8570a5/SBR-TD11F.jpg","https://files.plytix.com/api/v1.1/file/public_files/pim/assets/8a/8d/8f/62/628f8d8abb3a1aaaf0e8f149/images/0d/d4/a1/67/67a1d40d783f894c4a8d4dcd/LFST0325054.jpg","https://www.nevilleuk.com/products/SBR-TD11F_",null,"SBR-TD11L|SBR-TD11LN|SBR-TD11SK|SBR-TD11SL|SBR-TD11ST"]
["SBR-TD75F","Sabrosa Fresco Tapas Dish 7.5cm","7.5 x 2.2cm (Dia x H) - 5cl/ 1.8oz",3.84,24,"Sabrosa Tableware>Fresco",{"$nulls":3},75,75,22,0.076,0.076,{"v":5,"d":"5.00"},"1.8","Terracotta","6912002310","Spain",-25,250,"Yes","Yes","Yes","Yes",{"$nulls":6},"\n•Next Generation Vitrified Terracotta\n•Twice Fired, Up To 1150°C\n•Low Porosity\n•Superior Durability And Modern Versatility\n•Unique Artisanal Reactive Glaze\n•Ideal For Hospitality","Introducing Sabrosa, the next generation of classic terracotta designed to meet the demands of today’s hospitality professionals. While honouring the warmth and charm of traditional terracotta, Sabrosa takes it further with superior durability and modern versatility. Crafted from premium vitrified terracotta each piece is twice fired, up to 1150°C, making it significantly stronger, less porous, and more resistant to chips than standard terracotta.Sabrosa items are built for professional use, offering the elegant, rustic appeal of terracotta while withstanding the rigors of everyday kitchen use. Perfect for oven to table dishes, Sabrosa delivers performance and presentation, ensuring a vibrant and warm dining experience.\n•Next Generation, Vitrified Terracotta: Combines traditional charm with modern performance for today’s hospitality industry\n•Twice-Fired Process: Twice fired at temperatures up to 1150°C for enhanced strength, durability and chip resistance\n•Low Porosity: Crafted from premium vitrified terracotta, making it less porous than standard terracotta\n•Versatile Performance: Ideal for oven-to-table service, ensuring both functionality and presentation\n•Unique Artisanal Finish: The natural kiln effects and spontaneous glaze reactions ensure every piece is truly one of a kind\n•Rustic Elegance: Delivers the warm, classic aesthetic of terracotta with enhanced modern benefits\n•Vibrant Dining Experience: Provides a visually appealing, warm, and inviting tabletop presentation\n•Ideal for hospitality: Perfect for restaurants, hotels, and catering environments seeking style and reliability","Each",null,"7.5","7.5","2.2","0.00012",0.076,{"$nulls":8},"05020403750062",24,"31","17","10","0.00527","1.824",1.839,null,4896,"https://files.plytix.com/api/v1.1/file/public_files/pim/assets/8a/8d/8f/62/628f8d8abb3a1aaaf0e8f149/images/d1/14/91/67/679114d1cad52e3172812df8/TH_SBR-TD75F.jpg","https://files.plytix.com/api/v1.1/file/public_files/pim/assets/8a/8d/8f/62/628f8d8abb3a1aaaf0e8f149/images/a5/f8/90/67/6790f8a5a850eb23df8570bc/SBR-TD75F.jpg|https://files.plytix.com/api/v1.1/file/public_files/pim/assets/8a/8d/8f/62/628f8d8abb3a1aaaf0e8f149/images/a7/f8/90/67/6790f8a726b9c8be7b879ff3/SBR-TD75F_A.jpg",null,"https://www.nevilleuk.com/products/SBR-TD75F_",null,"SBR-TD75L|SBR-TD75LN|SBR-TD75SK|SBR-TD75SL|SBR-TD75ST"]
["SBR-TD11ST","Sabrosa Stone Tapas Dish 11cm","11 x 2.5cm (Dia x H) - 18cl/ 6.3oz",5.04,24,"Sabrosa Tableware>Stone",{"$nulls":3},112,112,12,{"v":0.18,"d":"0.180"},{"v":0.18,"d":"0.180"},{"v":18,"d":"18.00"},"6.3","Terracotta","6912002310","Spain",-25,250,"Yes","Yes","Yes","Yes",{"$nulls":6},"\n•Next Generation Vitrified Terracotta\n•Twice Fired, Up To 1150°C\n•Low Porosity\n•Superior Durability And Modern Versatility\n•Unique Artisanal Reactive Glaze\n•Ideal For Hospitality","Introducing Sabrosa, the next generation of classic terracotta designed to meet the demands of today’s hospitality professionals. While honouring the warmth and charm of traditional terracotta, Sabrosa takes it further with superior durability and modern versatility. Crafted from premium vitrified terracotta each piece is twice fired, up to 1150°C, making it significantly stronger, less porous, and more resistant to chips than standard terracotta.Sabrosa items are built for professional use, offering the elegant, rustic appeal of terracotta while withstanding the rigors of everyday kitchen use. Perfect for oven to table dishes, Sabrosa delivers performance and presentation, ensuring a vibrant and warm dining experience.\n•Next Generation, Vitrified Terracotta: Combines traditional charm with modern performance for today’s hospitality industry\n•Twice-Fired Process: Twice fired at temperatures up to 1150°C for enhanced strength, durability and chip resistance\n•Low Porosity: Crafted from premium vitrified terracotta, making it less porous than standard terracotta\n•Versatile Performance: Ideal for oven-to-table service, ensuring both functionality and presentation\n•Unique Artisanal Finish: The natural kiln effects and spontaneous glaze reactions ensure every piece is truly one of a kind\n•Rustic Elegance: Delivers the warm, classic aesthetic of terracotta with enhanced modern benefits\n•Vibrant Dining Experience: Provides a visually appealing, warm, and inviting tabletop presentation\n•Ideal for hospitality: Perfect for restaurants, hotels, and catering environments seeking style and reliability","Each",null,"11.2","11.2","1.2","0.00015",{"v":0.18,"d":"0.180"},{"$nulls":8},"05020403750222",24,"33","25.5","13.5","0.01136","4.32",4.551,null,2400,"https://files.plytix.com/api/v1.1/file/public_files/pim/assets/8a/8d/8f/62/628f8d8abb3a1aaaf0e8f149/images/d0/14/91/67/679114d0f33788d49018ed94/TH_SBR-TD11ST.jpg","https://files.plytix.com/api/v1.1/file/public_files/pim/assets/8a/8d/8f/62/628f8d8abb3a1aaaf0e8f149/images/94/f8/90/67/6790f894a850eb23df8570af/SBR-TD11ST.jpg","https://files.plytix.com/api/v1.1/file/public_files/pim/assets/8a/8d/8f/62/628f8d8abb3a1aaaf0e8f149/images/34/d4/a1/67/67a1d434783f894c4a8d4dd9/LFST0325041.jpg","https://www.nevilleuk.com/products/SBR-TD11ST_",null,"SBR-TD11L|SBR-TD11F|SBR-TD11LN|SBR-TD11SK|SBR-TD11SL"]
["SBR-TD75ST","Sabrosa Stone Tapas Dish 7.5cm","7.5 x 2.2cm (Dia x H) - 5cl/ 1.8oz",3.84,24,"Sabrosa Tableware>Stone",{"$nulls":3},75,75,22,0.076,0.076,{"v":5,"d":"5.00"},"1.8","Terracotta","6912002310","Spain",-25,250,"Yes","Yes","Yes","Yes",{"$nulls":6},"\n•Next Generation Vitrified Terracotta\n•Twice Fired, Up To 1150°C\n•Low Porosity\n•Superior Durability And Modern Versatility\n•Unique Artisanal Reactive Glaze\n•Ideal For Hospitality","Introducing Sabrosa, the next generation of classic terracotta designed to meet the demands of today’s hospitality professionals. While honouring the warmth and charm of traditional terracotta, Sabrosa takes it further with superior durability and modern versatility. Crafted from premium vitrified terracotta each piece is twice fired, up to 1150°C, making it significantly stronger, less porous, and more resistant to chips than standard terracotta.Sabrosa items are built for professional use, offering the elegant, rustic appeal of terracotta while withstanding the rigors of everyday kitchen use. Perfect for oven to table dishes, Sabrosa delivers performance and presentation, ensuring a vibrant and warm dining experience.\n•Next Generation, Vitrified Terracotta: Combines traditional charm with modern performance for today’s hospitality industry\n•Twice-Fired Process: Twice fired at temperatures up to 1150°C for enhanced strength, durability and chip resistance\n•Low Porosity: Crafted from premium vitrified terracotta, making it less porous than standard terracotta\n•Versatile Performance: Ideal for oven-to-table service, ensuring both functionality and presentation\n•Unique Artisanal Finish: The natural kiln effects and spontaneous glaze reactions ensure every piece is truly one of a kind\n•Rustic Elegance: Delivers the warm, classic aesthetic of terracotta with enhanced modern benefits\n•Vibrant Dining Experience: Provides a visually appealing, warm, and inviting tabletop presentation\n•Ideal for hospitality: Perfect for restaurants, hotels, and catering environments seeking style and reliability","Each",null,"7.5","7.5","2.2","0.00012",0.076,{"$nulls":8},"05020403750109",24,"31","17","10","0.00527","1.824",1.839,null,4896,"https://files.plytix.com/api/v1.1/file/public_files/pim/assets/8a/8d/8f/62/628f8d8abb3a1aaaf0e8f149/images/d2/14/91/67/679114d2cad52e3172812dfa/TH_SBR-TD75ST.jpg","https://files.plytix.com/api/v1.1/file/public_files/pim/assets/8a/8d/8f/62/628f8d8abb3a1aaaf0e8f149/images/b3/f8/90/67/6790f8b3a850eb23df8570c1/SBR-TD75ST.jpg|https://files.plytix.com/api/v1.1/file/public_files/pim/assets/8a/8d/8f/62/628f8d8abb3a1aaaf0e8f149/images/b4/f8/90/67/6790f8b4a850eb23df8570c2/SBR-TD75ST_A.jpg",null,"https://www.nevilleuk.com/products/SBR-TD75ST_",null,"SBR-TD75L|SBR-TD75F|SBR-TD75LN|SBR-TD75SK|SBR-TD75SL"]
["SBR-PL19SL","Sabrosa Sol Plate 19.5cm","19.5cm (Dia)",11.44,12,"Sabrosa Tableware>Sol",{"$nulls":3},193,193,22,{"v":0.49,"d":"0.490"},{"v":0.49,"d":"0.490"},null,null,"Terracotta","6912002310","Spain",-25,250,"Yes","Yes","Yes","Yes",{"$nulls":6},"\n•Next Generation Vitrified Terracotta\n•Twice Fired, Up To 1150°C\n•Low Porosity\n•Superior Durability And Modern Versatility\n•Unique Artisanal Reactive Glaze\n•Ideal For Hospitality","Introducing Sabrosa, the next generation of classic terracotta designed to meet the demands of today’s hospitality professionals. While honouring the warmth and charm of traditional terracotta, Sabrosa takes it further with superior durability and modern versatility. Crafted from premium vitrified terracotta each piece is twice fired, up to 1150°C, making it significantly stronger, less porous, and more resistant to chips than standard terracotta.Sabrosa items are built for professional use, offering the elegant, rustic appeal of terracotta while withstanding the rigors of everyday kitchen use. Perfect for oven to table dishes, Sabrosa delivers performance and presentation, ensuring a vibrant and warm dining experience.\n•Next Generation, Vitrified Terracotta: Combines traditional charm with modern performance for today’s hospitality industry\n•Twice-Fired Process: Twice fired at temperatures up to 1150°C for enhanced strength, durability and chip resistance\n•Low Porosity: Crafted from premium vitrified terracotta, making it less porous than standard terracotta\n•Versatile Performance: Ideal for oven-to-table service, ensuring both functionality and presentation\n•Unique Artisanal Finish: The natural kiln effects and spontaneous glaze reactions ensure every piece is truly one of a kind\n•Rustic Elegance: Delivers the warm, classic aesthetic of terracotta with enhanced modern benefits\n•Vibrant Dining Experience: Provides a visually appealing, warm, and inviting tabletop presentation\n•Ideal for hospitality: Perfect for restaurants, hotels, and catering environments seeking style and reliability","Each",null,"19.3","19.3","2.2","0.00082",{"v":0.49,"d":"0.490"},{"$nulls":8},"05020403750840",12,"20","20","20","0.00800","5.88",5.907,null,864,"https://files.plytix.com/api/v1.1/file/public_files/pim/assets/8a/8d/8f/62/628f8d8abb3a1aaaf0e8f149/images/cf/14/91/67/679114cff33788d49018ed91/TH_SBR-PL19SL.jpg","https://files.plytix.com/api/v1.1/file/public_files/pim/assets/8a/8d/8f/62/628f8d8abb3a1aaaf0e8f149/images/7c/f8/90/67/6790f87ca850eb23df857097/SBR-PL19SL_A.jpg|https://files.plytix.com/api/v1.1/file/public_files/pim/assets/8a/8d/8f/62/628f8d8abb3a1aaaf0e8f149/images/7f/f8/90/67/6790f87ff33788d49018e6bd/SBR-PL19SL_B.jpg|https://files.plytix.com/api/v1.1/file/public_files/pim/assets/8a/8d/8f/62/628f8d8abb3a1aaaf0e8f149/images/80/f8/90/67/6790f880a850eb23df857098/SBR-PL19SL_D.jpg|https://files.plytix.com/api/v1.1/file/public_files/pim/assets/8a/8d/8f/62/628f8d8abb3a1aaaf0e8f149/images/80/f8/90/67/6790f880f33788d49018e6be/SBR-PL19SL_C.jpg|https://files.plytix.com/api/v1.1/file/public_files/pim/assets/8a/8d/8f/62/628f8d8abb3a1aaaf0e8f149/images/81/f8/90/67/6790f881a850eb23df857099/SBR-PL19SL_E.jpg|https://files.plytix.com/api/v1.1/file/public_files/pim/assets/8a/8d/8f/62/628f8d8abb3a1aaaf0e8f149/images/aa/04/91/67/679104aaf33788d49018e9f0/SBR-PL19SL.jpg","https://files.plytix.com/api/v1.1/file/public_files/pim/assets/8a/8d/8f/62/628f8d8abb3a1aaaf0e8f149/images/6a/d4/a1/67/67a1d46a3446055658f062c2/LFST0325030.jpg|https://files.plytix.com/api/v1.1/file/public_files/pim/assets/8a/8d/8f/62/628f8d8abb3a1aaaf0e8f149/images/2c/d4/a1/67/67a1d42c678af07d2988c433/LFST0325044.jpg","https://www.nevilleuk.com/products/SBR-PL19SL_",null,"SBR-PL19L|SBR-PL19F|SBR-PL19LN|SBR-PL19SK|SBR-PL19ST"]
["SBR-BW15SL","Sabrosa Sol Bowl 15cm","15 x 5.3cm (Dia x H) - 40cl/ 14.1oz",10.46,12,"Sabrosa Tableware>Sol",{"$nulls":3},151,151,53,{"v":0.32,"d":"0.320"},{"v":0.32,"d":"0.320"},{"v":40,"d":"40.00"},"14.1","Terracotta","6912002310","Spain",-25,250,"Yes","Yes","Yes","Yes",{"$nulls":6},"\n•Next Generation Vitrified Terracotta\n•Twice Fired, Up To 1150°C\n•Low Porosity\n•Superior Durability And Modern Versatility\n•Unique Artisanal Reactive Glaze\n•Ideal For Hospitality","Introducing Sabrosa, the next generation of classic terracotta designed to meet the demands of today’s hospitality professionals. While honouring the warmth and charm of traditional terracotta, Sabrosa takes it further with superior durability and modern versatility. Crafted from premium vitrified terracotta each piece is twice fired, up to 1150°C, making it significantly stronger, less porous, and more resistant to chips than standard terracotta.Sabrosa items are built for professional use, offering the elegant, rustic appeal of terracotta while withstanding the rigors of everyday kitchen use. Perfect for oven to table dishes, Sabrosa delivers performance and presentation, ensuring a vibrant and warm dining experience.\n•Next Generation, Vitrified Terracotta: Combines traditional charm with modern performance for today’s hospitality industry\n•Twice-Fired Process: Twice fired at temperatures up to 1150°C for enhanced strength, durability and chip resistance\n•Low Porosity: Crafted from premium vitrified terracotta, making it less porous than standard terracotta\n•Versatile Performance: Ideal for oven-to-table service, ensuring both functionality and presentation\n•Unique Artisanal Finish: The natural kiln effects and spontaneous glaze reactions ensure every piece is truly one of a kind\n•Rustic Elegance: Delivers the warm, classic aesthetic of terracotta with enhanced modern benefits\n•Vibrant Dining Experience: Provides a visually appealing, warm, and inviting tabletop presentation\n•Ideal for hospitality: Perfect for restaurants, hotels, and catering environments seeking style and reliability","Each",null,"15.1","15.1","5.3","0.00121",{"v":0.32,"d":"0.320"},{"$nulls":8},"05020403750727",12,"31","17","17","0.00896","3.84",3.855,null,1428,"https://files.plytix.com/api/v1.1/file/public_files/pim/assets/8a/8d/8f/62/628f8d8abb3a1aaaf0e8f149/images/cd/14/91/67/679114cda850eb23df85797c/TH_SBR-BW15SL.jpg","https://files.plytix.com/api/v1.1/file/public_files/pim/assets/8a/8d/8f/62/628f8d8abb3a1aaaf0e8f149/images/36/1c/91/67/67911c3626b9c8be7b87a97b/SBR-BW15SL.jpg",null,"https://www.nevilleuk.com/products/SBR-BW15SL_",null,"SBR-BW15L|SBR-BW15F|SBR-BW15LN|SBR-BW15SK|SBR-BW15ST"]
["SBR-BW11SL","Sabrosa Sol Bowl 11cm","11 x 3.5cm (Dia x H) - 18cl/ 6.3oz",7.78,12,"Sabrosa Tableware>Sol",{"$nulls":3},112,112,35,0.162,0.162,{"v":18,"d":"18.00"},"6.3","Terracotta","6912002310","Spain",-25,250,"Yes","Yes","Yes","Yes",{"$nulls":6},"\n•Next Generation Vitrified Terracotta\n•Twice Fired, Up To 1150°C\n•Low Porosity\n•Superior Durability And Modern Versatility\n•Unique Artisanal Reactive Glaze\n•Ideal For Hospitality","Introducing Sabrosa, the next generation of classic terracotta designed to meet the demands of today’s hospitality professionals. While honouring the warmth and charm of traditional terracotta, Sabrosa takes it further with superior durability and modern versatility. Crafted from premium vitrified terracotta each piece is twice fired, up to 1150°C, making it significantly stronger, less porous, and more resistant to chips than standard terracotta.Sabrosa items are built for professional use, offering the elegant, rustic appeal of terracotta while withstanding the rigors of everyday kitchen use. Perfect for oven to table dishes, Sabrosa delivers performance and presentation, ensuring a vibrant and warm dining experience.\n•Next Generation, Vitrified Terracotta: Combines traditional charm with modern performance for today’s hospitality industry\n•Twice-Fired Process: Twice fired at temperatures up to 1150°C for enhanced strength, durability and chip resistance\n•Low Porosity: Crafted from premium vitrified terracotta, making it less porous than standard terracotta\n•Versatile Performance: Ideal for oven-to-table service, ensuring both functionality and presentation\n•Unique Artisanal Finish: The natural kiln effects and spontaneous glaze reactions ensure every piece is truly one of a kind\n•Rustic Elegance: Delivers the warm, classic aesthetic of terracotta with enhanced modern benefits\n•Vibrant Dining Experience: Provides a visually appealing, warm, and inviting tabletop presentation\n•Ideal for hospitality: Perfect for restaurants, hotels, and catering environments seeking style and reliability","Each",null,"11.2","11.2","3.5","0.00044",0.162,{"$nulls":8},"05020403750604",12,"29","14","14","0.00568","1.944",1.959,null,2400,"https://files.plytix.com/api/v1.1/file/public_files/pim/assets/8a/8d/8f/62/628f8d8abb3a1aaaf0e8f149/images/cc/14/91/67/679114ccf33788d49018ed88/TH_SBR-BW11SL.jpg","https://files.plytix.com/api/v1.1/file/public_files/pim/assets/8a/8d/8f/62/628f8d8abb3a1aaaf0e8f149/images/35/1c/91/67/67911c35f33788d49018efdd/SBR-BW11SL.jpg","https://files.plytix.com/api/v1.1/file/public_files/pim/assets/8a/8d/8f/62/628f8d8abb3a1aaaf0e8f149/images/ff/d3/a1/67/67a1d3ff783f894c4a8d4dc5/LFST0325059.jpg","https://www.nevilleuk.com/products/SBR-BW11SL_",null,"SBR-BW11L|SBR-BW11F|SBR-BW11LN|SBR-BW11SK|SBR-BW11ST"]
["SBR-BW75SL","Sabrosa Sol Bowl 7.5cm","7.5 x 2.6cm (Dia x H) - 5cl/ 1.8oz",{"v":5,"d":"5.00"},24,"Sabrosa Tableware>Sol",{"$nulls":3},74,74,26,{"v":0.09,"d":"0.090"},{"v":0.09,"d":"0.090"},{"v":5,"d":"5.00"},"1.8","Terracotta","6912002310","Spain",-25,250,"Yes","Yes","Yes","Yes",{"$nulls":6},"\n•Next Generation Vitrified Terracotta\n•Twice Fired, Up To 1150°C\n•Low Porosity\n•Superior Durability And Modern Versatility\n•Unique Artisanal Reactive Glaze\n•Ideal For Hospitality","Introducing Sabrosa, the next generation of classic terracotta designed to meet the demands of today’s hospitality professionals. While honouring the warmth and charm of traditional terracotta, Sabrosa takes it further with superior durability and modern versatility. Crafted from premium vitrified terracotta each piece is twice fired, up to 1150°C, making it significantly stronger, less porous, and more resistant to chips than standard terracotta.Sabrosa items are built for professional use, offering the elegant, rustic appeal of terracotta while withstanding the rigors of everyday kitchen use. Perfect for oven to table dishes, Sabrosa delivers performance and presentation, ensuring a vibrant and warm dining experience.\n•Next Generation, Vitrified Terracotta: Combines traditional charm with modern performance for today’s hospitality industry\n•Twice-Fired Process: Twice fired at temperatures up to 1150°C for enhanced strength, durability and chip resistance\n•Low Porosity: Crafted from premium vitrified terracotta, making it less porous than standard terracotta\n•Versatile Performance: Ideal for oven-to-table service, ensuring both functionality and presentation\n•Unique Artisanal Finish: The natural kiln effects and spontaneous glaze reactions ensure every piece is truly one of a kind\n•Rustic Elegance: Delivers the warm, classic aesthetic of terracotta with enhanced modern benefits\n•Vibrant Dining Experience: Provides a visually appealing, warm, and inviting tabletop presentation\n•Ideal for hospitality: Perfect for restaurants, hotels, and catering environments seeking style and reliability","Each",null,"7.4","7.4","2.6","0.00014",{"v":0.09,"d":"0.090"},{"$nulls":8},"05020403750482",24,"31","17","10","0.00527","2.16",2.223,null,4896,"https://files.plytix.com/api/v1.1/file/public_files/pim/assets/8a/8d/8f/62/628f8d8abb3a1aaaf0e8f149/images/ce/14/91/67/679114ce26b9c8be7b87a6fd/TH_SBR-BW75SL.jpg","https://files.plytix.com/api/v1.1/file/public_files/pim/assets/8a/8d/8f/62/628f8d8abb3a1aaaf0e8f149/images/33/1c/91/67/67911c3326b9c8be7b87a979/SBR-BW75SL.jpg|https://files.plytix.com/api/v1.1/file/public_files/pim/assets/8a/8d/8f/62/628f8d8abb3a1aaaf0e8f149/images/34/1c/91/67/67911c3426b9c8be7b87a97a/SBR-BW75SL_A.jpg",null,"https://www.nevilleuk.com/products/SBR-BW75SL_",null,"SBR-BW75L|SBR-BW75F|SBR-BW75LN|SBR-BW75SK|SBR-BW75ST"]
["SBR-TD13SL","Sabrosa Sol Tapas Dish 13cm","13 x 2.7cm (Dia x H) - 21cl/ 7.4oz",{"v":6.2,"d":"6.20"},12,"Sabrosa Tableware>Sol",{"$nulls":3},131,131,27,{"v":0.25,"d":"0.250"},{"v":0.25,"d":"0.250"},{"v":21,"d":"21.00"},"7.4","Terracotta","6912002310","Spain",-25,250,"Yes","Yes","Yes","Yes",{"$nulls":6},"\n•Next Generation Vitrified Terracotta\n•Twice Fired, Up To 1150°C\n•Low Porosity\n•Superior Durability And Modern Versatility\n•Unique Artisanal Reactive Glaze\n•Ideal For Hospitality","Introducing Sabrosa, the next generation of classic terracotta designed to meet the demands of today’s hospitality professionals. While honouring the warmth and charm of traditional terracotta, Sabrosa takes it further with superior durability and modern versatility. Crafted from premium vitrified terracotta each piece is twice fired, up to 1150°C, making it significantly stronger, less porous, and more resistant to chips than standard terracotta.Sabrosa items are built for professional use, offering the elegant, rustic appeal of terracotta while withstanding the rigors of everyday kitchen use. Perfect for oven to table dishes, Sabrosa delivers performance and presentation, ensuring a vibrant and warm dining experience.\n•Next Generation, Vitrified Terracotta: Combines traditional charm with modern performance for today’s hospitality industry\n•Twice-Fired Process: Twice fired at temperatures up to 1150°C for enhanced strength, durability and chip resistance\n•Low Porosity: Crafted from premium vitrified terracotta, making it less porous than standard terracotta\n•Versatile Performance: Ideal for oven-to-table service, ensuring both functionality and presentation\n•Unique Artisanal Finish: The natural kiln effects and spontaneous glaze reactions ensure every piece is truly one of a kind\n•Rustic Elegance: Delivers the warm, classic aesthetic of terracotta with enhanced modern benefits\n•Vibrant Dining Experience: Provides a visually appealing, warm, and inviting tabletop presentation\n•Ideal for hospitality: Perfect for restaurants, hotels, and catering environments seeking style and reliability","Each",null,"13.1","13.1","2.7","0.00046",{"v":0.25,"d":"0.250"},{"$nulls":8},"05020403750369",12,"32","18","18","0.01037","3",3.003,null,1344,"https://files.plytix.com/api/v1.1/file/public_files/pim/assets/8a/8d/8f/62/628f8d8abb3a1aaaf0e8f149/images/5b/b6/98/67/6798b65b138ecf9007a95fc3/TH_SBR-TD13SL.jpg","https://files.plytix.com/api/v1.1/file/public_files/pim/assets/8a/8d/8f/62/628f8d8abb3a1aaaf0e8f149/images/9e/f8/90/67/6790f89e5102799cd827fdcf/SBR-TD13SL_A.jpg|https://files.plytix.com/api/v1.1/file/public_files/pim/assets/8a/8d/8f/62/628f8d8abb3a1aaaf0e8f149/images/9d/f8/90/67/6790f89d5102799cd827fdce/SBR-TD13SL.jpg",null,"https://www.nevilleuk.com/products/SBR-TD13SL_",null,"SBR-TD13L|SBR-TD13F|SBR-TD13LN|SBR-TD13SK|SBR-TD13ST"]
["WP-ISL27","Incise Porcelain Solara Winged Plate 27cm","27 x 2.3cm (Dia x H)",9.48,6,"Incise Porcelain>Incise Porcelain Solara",{"$nulls":3},276,276,27,0.805,0.805,null,null,"Porcelain","6911100090","China",null,null,"Yes","Yes","Yes","Yes",{"$nulls":6},"\n•Durable Fully Vitrified Porcelain\n•Twice-Fired Process\n•High Temperature Firing\n•Conforms to BS4034 Vitrified Hotelware\n•Embossed Design\n•Rolled Edges\n•Polished Foot\n•Durable Bright White Glaze","The Incise Porcelain Solara collection features an elegant series of gourmet dishes, adorned with a sumptuous embossed design, adding texture and sophistication to food presentation. Perfect for upscale settings, this range blends striking aesthetics with practical design, allowing chefs to create visually stunning and memorable presentations for any occasion.\n•Durable Fully Vitrified Porcelain: High-temperature firing creates a robust and long-lasting product, ideal for professional use\n•Twice-Fired Process: Enhances strength and durability, ensuring each piece performs in demanding environments\n•Conforms to Industry Standards: Meets BS4034 standards for vitrified hotelware, ensuring exceptional durability and quality in demanding environments\n•Rolled Edges: Enhances durability and provides added chip resistance, making it ideal for hotel, restaurant, and foodservice applications\n•Embossed Edges: Each piece features embossed edges, adding a beautiful, textured aesthetic that enhances food presentation\n•Polished Foot: Minimises damage when stacked and stored, helping to maintain the integrity of each piece over time\n•Durable Bright White Glaze: Features a high-quality, glossy white glaze that enhances durability while providing a sleek, sophisticated finish resistant to stains and scratches\n•Perfect for Upscale Settings: Designed to complement gastro pubs, fine dining establishments and high-end hospitality venues","Each",null,"27.6","27.6","2.7","0.00206",0.805,"05020403730897",6,"28.6","8.5","28.6","0.00695","4.83",{"v":5,"d":"5.000"},"05020403730903",18,"33","30","31","0.03069","14.49",{"v":15,"d":"15.000"},null,432,"https://files.plytix.com/api/v1.1/file/public_files/pim/assets/8a/8d/8f/62/628f8d8abb3a1aaaf0e8f149/images/e1/14/91/67/679114e15102799cd8280593/TH_WP-ISL27.jpg","https://files.plytix.com/api/v1.1/file/public_files/pim/assets/8a/8d/8f/62/628f8d8abb3a1aaaf0e8f149/images/52/f9/90/67/6790f952cad52e3172812518/WP-ISL27_A.jpg|https://files.plytix.com/api/v1.1/file/public_files/pim/assets/8a/8d/8f/62/628f8d8abb3a1aaaf0e8f149/images/53/f9/90/67/6790f9535102799cd827fde6/WP-ISL27_B.jpg|https://files.plytix.com/api/v1.1/file/public_files/pim/assets/8a/8d/8f/62/628f8d8abb3a1aaaf0e8f149/images/2c/05/91/67/6791052ccad52e31728129d8/WP-ISL27.jpg","https://files.plytix.com/api/v1.1/file/public_files/pim/assets/8a/8d/8f/62/628f8d8abb3a1aaaf0e8f149/images/15/d1/a1/67/67a1d115678af07d2988c389/LFST0325006.jpg|https://files.plytix.com/api/v1.1/file/public_files/pim/assets/8a/8d/8f/62/628f8d8abb3a1aaaf0e8f149/images/85/d4/a1/67/67a1d4853446055658f062cc/LFST0325019.jpg","https://www.nevilleuk.com/products/WP-ISL27_",null,"WP-ILV27|WP-ISL25|160627"]
["WP-ISL25","Incise Porcelain Solara Winged Plate 25.5cm","25.5 x 2.2cm (Dia x H)",8.76,6,"Incise Porcelain>Incise Porcelain Solara",{"$nulls":3},253,253,22,{"v":0.65,"d":"0.650"},{"v":0.65,"d":"0.650"},null,null,"Porcelain","6911100090","China",null,null,"Yes","Yes","Yes","Yes",{"$nulls":6},"\n•Durable Fully Vitrified Porcelain\n•Twice-Fired Process\n•High Temperature Firing\n•Conforms to BS4034 Vitrified Hotelware\n•Embossed Design\n•Rolled Edges\n•Polished Foot\n•Durable Bright White Glaze","The Incise Porcelain Solara collection features an elegant series of gourmet dishes, adorned with a sumptuous embossed design, adding texture and sophistication to food presentation. Perfect for upscale settings, this range blends striking aesthetics with practical design, allowing chefs to create visually stunning and memorable presentations for any occasion.\n•Durable Fully Vitrified Porcelain: High-temperature firing creates a robust and long-lasting product, ideal for professional use\n•Twice-Fired Process: Enhances strength and durability, ensuring each piece performs in demanding environments\n•Conforms to Industry Standards: Meets BS4034 standards for vitrified hotelware, ensuring exceptional durability and quality in demanding environments\n•Rolled Edges: Enhances durability and provides added chip resistance, making it ideal for hotel, restaurant, and foodservice applications\n•Embossed Edges: Each piece features embossed edges, adding a beautiful, textured aesthetic that enhances food presentation\n•Polished Foot: Minimises damage when stacked and stored, helping to maintain the integrity of each piece over time\n•Durable Bright White Glaze: Features a high-quality, glossy white glaze that enhances durability while providing a sleek, sophisticated finish resistant to stains and scratches\n•Perfect for Upscale Settings: Designed to complement gastro pubs, fine dining establishments and high-end hospitality venues","Each",null,"25.3","25.3","2.2","0.00141",{"v":0.65,"d":"0.650"},"05020403730866",6,"26.3","8.2","26.3","0.00567","3.9",4.667,"05020403730873",18,"32","28","29","0.02598","11.7",{"v":14,"d":"14.000"},null,648,"https://files.plytix.com/api/v1.1/file/public_files/pim/assets/8a/8d/8f/62/628f8d8abb3a1aaaf0e8f149/images/e1/14/91/67/679114e1f33788d49018edb4/TH_WP-ISL25.jpg","https://files.plytix.com/api/v1.1/file/public_files/pim/assets/8a/8d/8f/62/628f8d8abb3a1aaaf0e8f149/images/50/f9/90/67/6790f950650bff6333cfd146/WP-ISL25_A.jpg|https://files.plytix.com/api/v1.1/file/public_files/pim/assets/8a/8d/8f/62/628f8d8abb3a1aaaf0e8f149/images/51/f9/90/67/6790f951650bff6333cfd147/WP-ISL25_B.jpg|https://files.plytix.com/api/v1.1/file/public_files/pim/assets/8a/8d/8f/62/628f8d8abb3a1aaaf0e8f149/images/2c/05/91/67/6791052ca850eb23df85760e/WP-ISL25.jpg",null,"https://www.nevilleuk.com/products/WP-ISL25_",null,"WP-ILV25|WP-ISL23|WP-ISL27|160626"]
["WP-ISL23","Incise Porcelain Solara Winged Plate 23cm","23 x 2.1cm (Dia x H)",7.32,6,"Incise Porcelain>Incise Porcelain Solara",{"$nulls":3},227,227,22,{"v":0.48,"d":"0.480"},{"v":0.48,"d":"0.480"},null,null,"Porcelain","6911100090","China",null,null,"Yes","Yes","Yes","Yes",{"$nulls":6},"\n•Durable Fully Vitrified Porcelain\n•Twice-Fired Process\n•High Temperature Firing\n•Conforms to BS4034 Vitrified Hotelware\n•Embossed Design\n•Rolled Edges\n•Polished Foot\n•Durable Bright White Glaze","The Incise Porcelain Solara collection features an elegant series of gourmet dishes, adorned with a sumptuous embossed design, adding texture and sophistication to food presentation. Perfect for upscale settings, this range blends striking aesthetics with practical design, allowing chefs to create visually stunning and memorable presentations for any occasion.\n•Durable Fully Vitrified Porcelain: High-temperature firing creates a robust and long-lasting product, ideal for professional use\n•Twice-Fired Process: Enhances strength and durability, ensuring each piece performs in demanding environments\n•Conforms to Industry Standards: Meets BS4034 standards for vitrified hotelware, ensuring exceptional durability and quality in demanding environments\n•Rolled Edges: Enhances durability and provides added chip resistance, making it ideal for hotel, restaurant, and foodservice applications\n•Embossed Edges: Each piece features embossed edges, adding a beautiful, textured aesthetic that enhances food presentation\n•Polished Foot: Minimises damage when stacked and stored, helping to maintain the integrity of each piece over time\n•Durable Bright White Glaze: Features a high-quality, glossy white glaze that enhances durability while providing a sleek, sophisticated finish resistant to stains and scratches\n•Perfect for Upscale Settings: Designed to complement gastro pubs, fine dining establishments and high-end hospitality venues","Each",null,"22.7","22.7","2.2","0.00113",{"v":0.48,"d":"0.480"},"05020403730835",6,"23.7","8.2","23.7","0.00461","2.88",{"v":3.25,"d":"3.250"},"05020403730842",24,"39","25","27","0.02633","11.52",{"v":13,"d":"13.000"},null,864,"https://files.plytix.com/api/v1.1/file/public_files/pim/assets/8a/8d/8f/62/628f8d8abb3a1aaaf0e8f149/images/e1/14/91/67/679114e1cad52e3172812e16/TH_WP-ISL23.jpg","https://files.plytix.com/api/v1.1/file/public_files/pim/assets/8a/8d/8f/62/628f8d8abb3a1aaaf0e8f149/images/4d/f9/90/67/6790f94df33788d49018e6cb/WP-ISL23_A.jpg|https://files.plytix.com/api/v1.1/file/public_files/pim/assets/8a/8d/8f/62/628f8d8abb3a1aaaf0e8f149/images/4e/f9/90/67/6790f94e5102799cd827fde5/WP-ISL23_B.jpg|https://files.plytix.com/api/v1.1/file/public_files/pim/assets/8a/8d/8f/62/628f8d8abb3a1aaaf0e8f149/images/2c/05/91/67/6791052ca850eb23df85760d/WP-ISL23.jpg",null,"https://www.nevilleuk.com/products/WP-ISL23_",null,"WP-ILV23|WP-ISL20|WP-ISL25|160623"]
["WP-ISL20","Incise Porcelain Solara Winged Plate 20cm","20.2 x 1.8cm (Dia x H)",5.92,6,"Incise Porcelain>Incise Porcelain Solara",{"$nulls":3},200,200,20,{"v":0.34,"d":"0.340"},{"v":0.34,"d":"0.340"},null,null,"Porcelain","6911100090","China",null,null,"Yes","Yes","Yes","Yes",{"$nulls":6},"\n•Durable Fully Vitrified Porcelain\n•Twice-Fired Process\n•High Temperature Firing\n•Conforms to BS4034 Vitrified Hotelware\n•Embossed Design\n•Rolled Edges\n•Polished Foot\n•Durable Bright White Glaze","The Incise Porcelain Solara collection features an elegant series of gourmet dishes, adorned with a sumptuous embossed design, adding texture and sophistication to food presentation. Perfect for upscale settings, this range blends striking aesthetics with practical design, allowing chefs to create visually stunning and memorable presentations for any occasion.\n•Durable Fully Vitrified Porcelain: High-temperature firing creates a robust and long-lasting product, ideal for professional use\n•Twice-Fired Process: Enhances strength and durability, ensuring each piece performs in demanding environments\n•Conforms to Industry Standards: Meets BS4034 standards for vitrified hotelware, ensuring exceptional durability and quality in demanding environments\n•Rolled Edges: Enhances durability and provides added chip resistance, making it ideal for hotel, restaurant, and foodservice applications\n•Embossed Edges: Each piece features embossed edges, adding a beautiful, textured aesthetic that enhances food presentation\n•Polished Foot: Minimises damage when stacked and stored, helping to maintain the integrity of each piece over time\n•Durable Bright White Glaze: Features a high-quality, glossy white glaze that enhances durability while providing a sleek, sophisticated finish resistant to stains and scratches\n•Perfect for Upscale Settings: Designed to complement gastro pubs, fine dining establishments and high-end hospitality venues","Each",null,"20","20","2","0.00080",{"v":0.34,"d":"0.340"},"05020403730804",6,"21","8","21","0.00353","2.04",2.333,"05020403730811",36,"53","23","24","0.02926","12.24",{"v":14,"d":"14.000"},null,1008,"https://files.plytix.com/api/v1.1/file/public_files/pim/assets/8a/8d/8f/62/628f8d8abb3a1aaaf0e8f149/images/e1/14/91/67/679114e1f33788d49018edb3/TH_WP-ISL20.jpg","https://files.plytix.com/api/v1.1/file/public_files/pim/assets/8a/8d/8f/62/628f8d8abb3a1aaaf0e8f149/images/4b/f9/90/67/6790f94bf33788d49018e6ca/WP-ISL20_A.jpg|https://files.plytix.com/api/v1.1/file/public_files/pim/assets/8a/8d/8f/62/628f8d8abb3a1aaaf0e8f149/images/4c/f9/90/67/6790f94ca850eb23df8570fa/WP-ISL20_B.jpg|https://files.plytix.com/api/v1.1/file/public_files/pim/assets/8a/8d/8f/62/628f8d8abb3a1aaaf0e8f149/images/10/05/91/67/6791051026b9c8be7b87a379/WP-ISL20.jpg",null,"https://www.nevilleuk.com/products/WP-ISL20_",null,"WP-ILV20|WP-ISL23|160619|160621"]
["WB-ISL28","Incise Porcelain Solara Winged Pasta Bowl 28.5cm","28.5 x 4.4cm (Dia x H) - 50cl/17.5oz",14.94,6,"Incise Porcelain>Incise Porcelain Solara",{"$nulls":3},286,286,40,0.875,0.875,{"v":50,"d":"50.00"},"17.6","Porcelain","6911100090","China",null,null,"Yes","Yes","Yes","Yes",{"$nulls":6},"\n•Durable Fully Vitrified Porcelain\n•Twice-Fired Process\n•High Temperature Firing\n•Conforms to BS4034 Vitrified Hotelware\n•Embossed Design\n•Rolled Edges\n•Polished Foot\n•Durable Bright White Glaze","The Incise Porcelain Solara collection features an elegant series of gourmet dishes, adorned with a sumptuous embossed design, adding texture and sophistication to food presentation. Perfect for upscale settings, this range blends striking aesthetics with practical design, allowing chefs to create visually stunning and memorable presentations for any occasion.\n•Durable Fully Vitrified Porcelain: High-temperature firing creates a robust and long-lasting product, ideal for professional use\n•Twice-Fired Process: Enhances strength and durability, ensuring each piece performs in demanding environments\n•Conforms to Industry Standards: Meets BS4034 standards for vitrified hotelware, ensuring exceptional durability and quality in demanding environments\n•Rolled Edges: Enhances durability and provides added chip resistance, making it ideal for hotel, restaurant, and foodservice applications\n•Embossed Edges: Each piece features embossed edges, adding a beautiful, textured aesthetic that enhances food presentation\n•Polished Foot: Minimises damage when stacked and stored, helping to maintain the integrity of each piece over time\n•Durable Bright White Glaze: Features a high-quality, glossy white glaze that enhances durability while providing a sleek, sophisticated finish resistant to stains and scratches\n•Perfect for Upscale Settings: Designed to complement gastro pubs, fine dining establishments and high-end hospitality venues","Each",null,"28.6","28.6","4","0.00327",0.875,"05020403730774",6,"29.6","15","29.6","0.01314","5.25",{"v":6,"d":"6.000"},"05020403730781",12,"31","27","32","0.02678","10.5",{"v":12,"d":"12.000"},null,288,"https://files.plytix.com/api/v1.1/file/public_files/pim/assets/8a/8d/8f/62/628f8d8abb3a1aaaf0e8f149/images/dd/14/91/67/679114ddf33788d49018eda7/TH_WB-ISL28.jpg","https://files.plytix.com/api/v1.1/file/public_files/pim/assets/8a/8d/8f/62/628f8d8abb3a1aaaf0e8f149/images/1a/f9/90/67/6790f91a5102799cd827fddc/WB-ISL28_A.jpg|https://files.plytix.com/api/v1.1/file/public_files/pim/assets/8a/8d/8f/62/628f8d8abb3a1aaaf0e8f149/images/1b/f9/90/67/6790f91b5102799cd827fddd/WB-ISL28_B.jpg|https://files.plytix.com/api/v1.1/file/public_files/pim/assets/8a/8d/8f/62/628f8d8abb3a1aaaf0e8f149/images/1c/f9/90/67/6790f91c26b9c8be7b87a027/WB-ISL28_C.jpg|https://files.plytix.com/api/v1.1/file/public_files/pim/assets/8a/8d/8f/62/628f8d8abb3a1aaaf0e8f149/images/f2/04/91/67/679104f226b9c8be7b87a36a/WB-ISL28.jpg","https://files.plytix.com/api/v1.1/file/public_files/pim/assets/8a/8d/8f/62/628f8d8abb3a1aaaf0e8f149/images/19/d1/a1/67/67a1d1198c28d3ee51cd54cc/LFST0325005.jpg|https://files.plytix.com/api/v1.1/file/public_files/pim/assets/8a/8d/8f/62/628f8d8abb3a1aaaf0e8f149/images/a8/d4/a1/67/67a1d4a8783f894c4a8d4dff/LFST0325008.jpg","https://www.nevilleuk.com/products/WB-ISL28_",null,"WB-ILV28|170630"]
["WB-ISL24","Incise Porcelain Solara Winged Soup Bowl 24cm","24 x 3.3cm (Dia x H) - 20cl/7oz",10.66,4,"Incise Porcelain>Incise Porcelain Solara",{"$nulls":3},240,240,35,{"v":0.53,"d":"0.530"},{"v":0.53,"d":"0.530"},{"v":20,"d":"20.00"},"7","Porcelain","6911100090","China",null,null,"Yes","Yes","Yes","Yes",{"$nulls":6},"\n•Durable Fully Vitrified Porcelain\n•Twice-Fired Process\n•High Temperature Firing\n•Conforms to BS4034 Vitrified Hotelware\n•Embossed Design\n•Rolled Edges\n•Polished Foot\n•Durable Bright White Glaze","The Incise Porcelain Solara collection features an elegant series of gourmet dishes, adorned with a sumptuous embossed design, adding texture and sophistication to food presentation. Perfect for upscale settings, this range blends striking aesthetics with practical design, allowing chefs to create visually stunning and memorable presentations for any occasion.\n•Durable Fully Vitrified Porcelain: High-temperature firing creates a robust and long-lasting product, ideal for professional use\n•Twice-Fired Process: Enhances strength and durability, ensuring each piece performs in demanding environments\n•Conforms to Industry Standards: Meets BS4034 standards for vitrified hotelware, ensuring exceptional durability and quality in demanding environments\n•Rolled Edges: Enhances durability and provides added chip resistance, making it ideal for hotel, restaurant, and foodservice applications\n•Embossed Edges: Each piece features embossed edges, adding a beautiful, textured aesthetic that enhances food presentation\n•Polished Foot: Minimises damage when stacked and stored, helping to maintain the integrity of each piece over time\n•Durable Bright White Glaze: Features a high-quality, glossy white glaze that enhances durability while providing a sleek, sophisticated finish resistant to stains and scratches\n•Perfect for Upscale Settings: Designed to complement gastro pubs, fine dining establishments and high-end hospitality venues","Each",null,"24","24","3.5","0.00202",{"v":0.53,"d":"0.530"},"05020403730743",4,"24.7","8.7","24.7","0.00531","2.12",{"v":3,"d":"3.000"},"05020403730750",8,"27","21","28","0.01588","4.24",{"v":6,"d":"6.000"},null,216,"https://files.plytix.com/api/v1.1/file/public_files/pim/assets/8a/8d/8f/62/628f8d8abb3a1aaaf0e8f149/images/dd/14/91/67/679114ddf33788d49018eda6/TH_WB-ISL24.jpg","https://files.plytix.com/api/v1.1/file/public_files/pim/assets/8a/8d/8f/62/628f8d8abb3a1aaaf0e8f149/images/16/f9/90/67/6790f916cad52e3172812503/WB-ISL24_A.jpg|https://files.plytix.com/api/v1.1/file/public_files/pim/assets/8a/8d/8f/62/628f8d8abb3a1aaaf0e8f149/images/17/f9/90/67/6790f91726b9c8be7b87a026/WB-ISL24_B.jpg|https://files.plytix.com/api/v1.1/file/public_files/pim/assets/8a/8d/8f/62/628f8d8abb3a1aaaf0e8f149/images/19/f9/90/67/6790f919a850eb23df8570ed/WB-ISL24_C.jpg|https://files.plytix.com/api/v1.1/file/public_files/pim/assets/8a/8d/8f/62/628f8d8abb3a1aaaf0e8f149/images/f3/04/91/67/679104f3650bff6333cfd50e/WB-ISL24.jpg",null,"https://www.nevilleuk.com/products/WB-ISL24_",null,"WB-ILV24|172122"]
["CP-ISL28","Incise Porcelain Solara Coupe Plate 28cm","28 x 2.65cm (Dia x H)",11.38,4,"Incise Porcelain>Incise Porcelain Solara",{"$nulls":3},277,277,26,{"v":0.79,"d":"0.790"},{"v":0.79,"d":"0.790"},null,null,"Porcelain","6911100090","China",null,null,"Yes","Yes","Yes","Yes",{"$nulls":6},"\n•Durable Fully Vitrified Porcelain\n•Twice-Fired Process\n•High Temperature Firing\n•Conforms to BS4034 Vitrified Hotelware\n•Embossed Design\n•Rolled Edges\n•Polished Foot\n•Durable Bright White Glaze","The Incise Porcelain Solara collection features an elegant series of gourmet dishes, adorned with a sumptuous embossed design, adding texture and sophistication to food presentation. Perfect for upscale settings, this range blends striking aesthetics with practical design, allowing chefs to create visually stunning and memorable presentations for any occasion.\n•Durable Fully Vitrified Porcelain: High-temperature firing creates a robust and long-lasting product, ideal for professional use\n•Twice-Fired Process: Enhances strength and durability, ensuring each piece performs in demanding environments\n•Conforms to Industry Standards: Meets BS4034 standards for vitrified hotelware, ensuring exceptional durability and quality in demanding environments\n•Rolled Edges: Enhances durability and provides added chip resistance, making it ideal for hotel, restaurant, and foodservice applications\n•Embossed Edges: Each piece features embossed edges, adding a beautiful, textured aesthetic that enhances food presentation\n•Polished Foot: Minimises damage when stacked and stored, helping to maintain the integrity of each piece over time\n•Durable Bright White Glaze: Features a high-quality, glossy white glaze that enhances durability while providing a sleek, sophisticated finish resistant to stains and scratches\n•Perfect for Upscale Settings: Designed to complement gastro pubs, fine dining establishments and high-end hospitality venues","Each",null,"27.7","27.7","2.6","0.00199",{"v":0.79,"d":"0.790"},"05020403730712",4,"28.7","6.6","28.7","0.00544","3.16",{"v":4,"d":"4.000"},"05020403730729",16,"39","30","32","0.03744","12.64",{"v":16,"d":"16.000"},null,512,"https://files.plytix.com/api/v1.1/file/public_files/pim/assets/8a/8d/8f/62/628f8d8abb3a1aaaf0e8f149/images/bd/14/91/67/679114bdf33788d49018ed7a/TH_CP-ISL28.jpg","https://files.plytix.com/api/v1.1/file/public_files/pim/assets/8a/8d/8f/62/628f8d8abb3a1aaaf0e8f149/images/96/f7/90/67/6790f796a850eb23df857066/CP-ISL28_A.jpg|https://files.plytix.com/api/v1.1/file/public_files/pim/assets/8a/8d/8f/62/628f8d8abb3a1aaaf0e8f149/images/97/f7/90/67/6790f797650bff6333cfd0e3/CP-ISL28_B.jpg|https://files.plytix.com/api/v1.1/file/public_files/pim/assets/8a/8d/8f/62/628f8d8abb3a1aaaf0e8f149/images/18/04/91/67/67910418f33788d49018e9c3/CP-ISL28.jpg","https://files.plytix.com/api/v1.1/file/public_files/pim/assets/8a/8d/8f/62/628f8d8abb3a1aaaf0e8f149/images/21/d1/a1/67/67a1d121783f894c4a8d4d3e/LFST0325002.jpg|https://files.plytix.com/api/v1.1/file/public_files/pim/assets/8a/8d/8f/62/628f8d8abb3a1aaaf0e8f149/images/9c/d4/a1/67/67a1d49c20b2e4642d1cea0d/LFST0325013.jpg","https://www.nevilleuk.com/products/CP-ISL28_",null,"CP-ISC30"]
["CP-ISL25","Incise Porcelain Solara Coupe Plate 25.5cm","25.5 x 2.4cm (Dia x H)",9.14,4,"Incise Porcelain>Incise Porcelain Solara",{"$nulls":3},252,252,24,{"v":0.67,"d":"0.670"},{"v":0.67,"d":"0.670"},null,null,"Porcelain","6911100090","China",null,null,"Yes","Yes","Yes","Yes",{"$nulls":6},"\n•Durable Fully Vitrified Porcelain\n•Twice-Fired Process\n•High Temperature Firing\n•Conforms to BS4034 Vitrified Hotelware\n•Embossed Design\n•Rolled Edges\n•Polished Foot\n•Durable Bright White Glaze","The Incise Porcelain Solara collection features an elegant series of gourmet dishes, adorned with a sumptuous embossed design, adding texture and sophistication to food presentation. Perfect for upscale settings, this range blends striking aesthetics with practical design, allowing chefs to create visually stunning and memorable presentations for any occasion.\n•Durable Fully Vitrified Porcelain: High-temperature firing creates a robust and long-lasting product, ideal for professional use\n•Twice-Fired Process: Enhances strength and durability, ensuring each piece performs in demanding environments\n•Conforms to Industry Standards: Meets BS4034 standards for vitrified hotelware, ensuring exceptional durability and quality in demanding environments\n•Rolled Edges: Enhances durability and provides added chip resistance, making it ideal for hotel, restaurant, and foodservice applications\n•Embossed Edges: Each piece features embossed edges, adding a beautiful, textured aesthetic that enhances food presentation\n•Polished Foot: Minimises damage when stacked and stored, helping to maintain the integrity of each piece over time\n•Durable Bright White Glaze: Features a high-quality, glossy white glaze that enhances durability while providing a sleek, sophisticated finish resistant to stains and scratches\n•Perfect for Upscale Settings: Designed to complement gastro pubs, fine dining establishments and high-end hospitality venues","Each",null,"25.2","25.2","2.4","0.00152",{"v":0.67,"d":"0.670"},"05020403730682",4,"26.2","8.4","26.2","0.00577","2.68",3.167,"05020403730699",24,"52","28","29","0.04222","16.08",{"v":19,"d":"19.000"},null,264,"https://files.plytix.com/api/v1.1/file/public_files/pim/assets/8a/8d/8f/62/628f8d8abb3a1aaaf0e8f149/images/bc/14/91/67/679114bccad52e3172812dcf/TH_CP-ISL25.jpg","https://files.plytix.com/api/v1.1/file/public_files/pim/assets/8a/8d/8f/62/628f8d8abb3a1aaaf0e8f149/images/93/f7/90/67/6790f793650bff6333cfd0e2/CP-ISL25_A.jpg|https://files.plytix.com/api/v1.1/file/public_files/pim/assets/8a/8d/8f/62/628f8d8abb3a1aaaf0e8f149/images/94/f7/90/67/6790f794cad52e31728124b6/CP-ISL25_B.jpg|https://files.plytix.com/api/v1.1/file/public_files/pim/assets/8a/8d/8f/62/628f8d8abb3a1aaaf0e8f149/images/14/04/91/67/67910414f33788d49018e9b9/CP-ISL25.jpg","https://files.plytix.com/api/v1.1/file/public_files/pim/assets/8a/8d/8f/62/628f8d8abb3a1aaaf0e8f149/images/87/d4/a1/67/67a1d4878c28d3ee51cd5568/LFST0325018.jpg|https://files.plytix.com/api/v1.1/file/public_files/pim/assets/8a/8d/8f/62/628f8d8abb3a1aaaf0e8f149/images/82/d4/a1/67/67a1d4823446055658f062c9/LFST0325020.jpg","https://www.nevilleuk.com/products/CP-ISL25_",null,"CP-ISC26"]
["CP-ISL23","Incise Porcelain Solara Coupe Plate 23cm","23 x 2.3cm (Dia x H)",8.12,6,"Incise Porcelain>Incise Porcelain Solara",{"$nulls":3},228,228,23,0.488,0.488,null,null,"Porcelain","6911100090","China",null,null,"Yes","Yes","Yes","Yes",{"$nulls":6},"\n•Durable Fully Vitrified Porcelain\n•Twice-Fired Process\n•High Temperature Firing\n•Conforms to BS4034 Vitrified Hotelware\n•Embossed Design\n•Rolled Edges\n•Polished Foot\n•Durable Bright White Glaze","The Incise Porcelain Solara collection features an elegant series of gourmet dishes, adorned with a sumptuous embossed design, adding texture and sophistication to food presentation. Perfect for upscale settings, this range blends striking aesthetics with practical design, allowing chefs to create visually stunning and memorable presentations for any occasion.\n•Durable Fully Vitrified Porcelain: High-temperature firing creates a robust and long-lasting product, ideal for professional use\n•Twice-Fired Process: Enhances strength and durability, ensuring each piece performs in demanding environments\n•Conforms to Industry Standards: Meets BS4034 standards for vitrified hotelware, ensuring exceptional durability and quality in demanding environments\n•Rolled Edges: Enhances durability and provides added chip resistance, making it ideal for hotel, restaurant, and foodservice applications\n•Embossed Edges: Each piece features embossed edges, adding a beautiful, textured aesthetic that enhances food presentation\n•Polished Foot: Minimises damage when stacked and stored, helping to maintain the integrity of each piece over time\n•Durable Bright White Glaze: Features a high-quality, glossy white glaze that enhances durability while providing a sleek, sophisticated finish resistant to stains and scratches\n•Perfect for Upscale Settings: Designed to complement gastro pubs, fine dining establishments and high-end hospitality venues","Each",null,"22.8","22.8","2.3","0.00120",0.488,"05020403730651",6,"23.8","8.3","23.8","0.00470","2.928",{"v":3.25,"d":"3.250"},"05020403730668",24,"41","26","27","0.02878","11.712",{"v":13,"d":"13.000"},null,864,"https://files.plytix.com/api/v1.1/file/public_files/pim/assets/8a/8d/8f/62/628f8d8abb3a1aaaf0e8f149/images/bc/14/91/67/679114bcf33788d49018ed79/TH_CP-ISL23.jpg","https://files.plytix.com/api/v1.1/file/public_files/pim/assets/8a/8d/8f/62/628f8d8abb3a1aaaf0e8f149/images/91/f7/90/67/6790f79126b9c8be7b879faa/CP-ISL23_A.jpg|https://files.plytix.com/api/v1.1/file/public_files/pim/assets/8a/8d/8f/62/628f8d8abb3a1aaaf0e8f149/images/92/f7/90/67/6790f792650bff6333cfd0e1/CP-ISL23_B.jpg|https://files.plytix.com/api/v1.1/file/public_files/pim/assets/8a/8d/8f/62/628f8d8abb3a1aaaf0e8f149/images/16/04/91/67/67910416f33788d49018e9bf/CP-ISL23.jpg",null,"https://www.nevilleuk.com/products/CP-ISL23_",null,"CP-ILV23|CP-ISL20|CP-ISL25|187622"]
["CP-ISL20","Incise Porcelain Solara Coupe Plate 20cm","20.25 x 2.2cm (Dia x H)",6.56,6,"Incise Porcelain>Incise Porcelain Solara",{"$nulls":3},200,200,22,0.345,0.345,null,null,"Porcelain","6911100090","China",null,null,"Yes","Yes","Yes","Yes",{"$nulls":6},"\n•Durable Fully Vitrified Porcelain\n•Twice-Fired Process\n•High Temperature Firing\n•Conforms to BS4034 Vitrified Hotelware\n•Embossed Design\n•Rolled Edges\n•Polished Foot\n•Durable Bright White Glaze","The Incise Porcelain Solara collection features an elegant series of gourmet dishes, adorned with a sumptuous embossed design, adding texture and sophistication to food presentation. Perfect for upscale settings, this range blends striking aesthetics with practical design, allowing chefs to create visually stunning and memorable presentations for any occasion.\n•Durable Fully Vitrified Porcelain: High-temperature firing creates a robust and long-lasting product, ideal for professional use\n•Twice-Fired Process: Enhances strength and durability, ensuring each piece performs in demanding environments\n•Conforms to Industry Standards: Meets BS4034 standards for vitrified hotelware, ensuring exceptional durability and quality in demanding environments\n•Rolled Edges: Enhances durability and provides added chip resistance, making it ideal for hotel, restaurant, and foodservice applications\n•Embossed Edges: Each piece features embossed edges, adding a beautiful, textured aesthetic that enhances food presentation\n•Polished Foot: Minimises damage when stacked and stored, helping to maintain the integrity of each piece over time\n•Durable Bright White Glaze: Features a high-quality, glossy white glaze that enhances durability while providing a sleek, sophisticated finish resistant to stains and scratches\n•Perfect for Upscale Settings: Designed to complement gastro pubs, fine dining establishments and high-end hospitality venues","Each",null,"20","20","2.2","0.00088",0.345,"05020403730620",6,"21","8.2","21","0.00362","2.07",2.333,"05020403730637",36,"59","23","24","0.03257","12.42",{"v":14,"d":"14.000"},null,1008,"https://files.plytix.com/api/v1.1/file/public_files/pim/assets/8a/8d/8f/62/628f8d8abb3a1aaaf0e8f149/images/bc/14/91/67/679114bcf33788d49018ed78/TH_CP-ISL20.jpg","https://files.plytix.com/api/v1.1/file/public_files/pim/assets/8a/8d/8f/62/628f8d8abb3a1aaaf0e8f149/images/8f/f7/90/67/6790f78f650bff6333cfd0e0/CP-ISL20_B.jpg|https://files.plytix.com/api/v1.1/file/public_files/pim/assets/8a/8d/8f/62/628f8d8abb3a1aaaf0e8f149/images/16/04/91/67/67910416650bff6333cfd4bd/CP-ISL20.jpg",null,"https://www.nevilleuk.com/products/CP-ISL20_",null,"CP-ISC20"]
["CB-ISL25","Incise Porcelain Solara Coupe Bowl 25.5cm","25.5 x 4.7cm (Dia x H) - 120cl/42oz",13.04,4,"Incise Porcelain>Incise Porcelain Solara",{"$nulls":3},255,255,46,0.826,0.826,{"v":120,"d":"120.00"},"42.2","Porcelain","6911100090","China",null,null,"Yes","Yes","Yes","Yes",{"$nulls":6},"\n•Durable Fully Vitrified Porcelain\n•Twice-Fired Process\n•High Temperature Firing\n•Conforms to BS4034 Vitrified Hotelware\n•Embossed Design\n•Rolled Edges\n•Polished Foot\n•Durable Bright White Glaze","The Incise Porcelain Solara collection features an elegant series of gourmet dishes, adorned with a sumptuous embossed design, adding texture and sophistication to food presentation. Perfect for upscale settings, this range blends striking aesthetics with practical design, allowing chefs to create visually stunning and memorable presentations for any occasion.\n•Durable Fully Vitrified Porcelain: High-temperature firing creates a robust and long-lasting product, ideal for professional use\n•Twice-Fired Process: Enhances strength and durability, ensuring each piece performs in demanding environments\n•Conforms to Industry Standards: Meets BS4034 standards for vitrified hotelware, ensuring exceptional durability and quality in demanding environments\n•Rolled Edges: Enhances durability and provides added chip resistance, making it ideal for hotel, restaurant, and foodservice applications\n•Embossed Edges: Each piece features embossed edges, adding a beautiful, textured aesthetic that enhances food presentation\n•Polished Foot: Minimises damage when stacked and stored, helping to maintain the integrity of each piece over time\n•Durable Bright White Glaze: Features a high-quality, glossy white glaze that enhances durability while providing a sleek, sophisticated finish resistant to stains and scratches\n•Perfect for Upscale Settings: Designed to complement gastro pubs, fine dining establishments and high-end hospitality venues","Each",null,"25.5","25.5","4.6","0.00299",0.826,"05020403730590",4,"26.5","10.1","26.5","0.00709","3.304",{"v":3.5,"d":"3.500"},"05020403730606",16,"45","28","29","0.03654","13.216",{"v":14,"d":"14.000"},null,480,"https://files.plytix.com/api/v1.1/file/public_files/pim/assets/8a/8d/8f/62/628f8d8abb3a1aaaf0e8f149/images/b3/14/91/67/679114b3f33788d49018ed6b/TH_CB-ISL25.jpg","https://files.plytix.com/api/v1.1/file/public_files/pim/assets/8a/8d/8f/62/628f8d8abb3a1aaaf0e8f149/images/7b/f7/90/67/6790f77b650bff6333cfd0d6/CB-ISL25_A.jpg|https://files.plytix.com/api/v1.1/file/public_files/pim/assets/8a/8d/8f/62/628f8d8abb3a1aaaf0e8f149/images/7c/f7/90/67/6790f77c650bff6333cfd0d7/CB-ISL25_B.jpg|https://files.plytix.com/api/v1.1/file/public_files/pim/assets/8a/8d/8f/62/628f8d8abb3a1aaaf0e8f149/images/7d/f7/90/67/6790f77df33788d49018e642/CB-ISL25_C.jpg|https://files.plytix.com/api/v1.1/file/public_files/pim/assets/8a/8d/8f/62/628f8d8abb3a1aaaf0e8f149/images/ff/03/91/67/679103ff26b9c8be7b87a336/CB-ISL25.jpg",null,"https://www.nevilleuk.com/products/CB-ISL25_",null,"CB-ISL23|CB-ILV25"]
["CB-ISL23","Incise Porcelain Solara Coupe Bowl 23cm","22.8 x 4.1cm (Dia x H) - 80cl/28.15oz",{"v":12.5,"d":"12.50"},6,"Incise Porcelain>Incise Porcelain Solara",{"$nulls":3},228,228,41,{"v":0.5,"d":"0.500"},{"v":0.5,"d":"0.500"},{"v":80,"d":"80.00"},"28.2","Porcelain","6911100090","China",null,null,"Yes","Yes","Yes","Yes",{"$nulls":6},"\n•Durable Fully Vitrified Porcelain\n•Twice-Fired Process\n•High Temperature Firing\n•Conforms to BS4034 Vitrified Hotelware\n•Embossed Design\n•Rolled Edges\n•Polished Foot\n•Durable Bright White Glaze","The Incise Porcelain Solara collection features an elegant series of gourmet dishes, adorned with a sumptuous embossed design, adding texture and sophistication to food presentation. Perfect for upscale settings, this range blends striking aesthetics with practical design, allowing chefs to create visually stunning and memorable presentations for any occasion.\n•Durable Fully Vitrified Porcelain: High-temperature firing creates a robust and long-lasting product, ideal for professional use\n•Twice-Fired Process: Enhances strength and durability, ensuring each piece performs in demanding environments\n•Conforms to Industry Standards: Meets BS4034 standards for vitrified hotelware, ensuring exceptional durability and quality in demanding environments\n•Rolled Edges: Enhances durability and provides added chip resistance, making it ideal for hotel, restaurant, and foodservice applications\n•Embossed Edges: Each piece features embossed edges, adding a beautiful, textured aesthetic that enhances food presentation\n•Polished Foot: Minimises damage when stacked and stored, helping to maintain the integrity of each piece over time\n•Durable Bright White Glaze: Features a high-quality, glossy white glaze that enhances durability while providing a sleek, sophisticated finish resistant to stains and scratches\n•Perfect for Upscale Settings: Designed to complement gastro pubs, fine dining establishments and high-end hospitality venues","Each",null,"22.8","22.8","4.1","0.00213",{"v":0.5,"d":"0.500"},"05020403730569",6,"23.8","12.6","23.8","0.00714","3",{"v":3.25,"d":"3.250"},"05020403730576",24,"46","25","27","0.03105","12",{"v":13,"d":"13.000"},null,720,"https://files.plytix.com/api/v1.1/file/public_files/pim/assets/8a/8d/8f/62/628f8d8abb3a1aaaf0e8f149/images/b3/14/91/67/679114b3cad52e3172812dc0/TH_CB-ISL23.jpg","https://files.plytix.com/api/v1.1/file/public_files/pim/assets/8a/8d/8f/62/628f8d8abb3a1aaaf0e8f149/images/76/f7/90/67/6790f7765102799cd827fd90/CB-ISL23_A.jpg|https://files.plytix.com/api/v1.1/file/public_files/pim/assets/8a/8d/8f/62/628f8d8abb3a1aaaf0e8f149/images/77/f7/90/67/6790f777f33788d49018e641/CB-ISL23_B.jpg|https://files.plytix.com/api/v1.1/file/public_files/pim/assets/8a/8d/8f/62/628f8d8abb3a1aaaf0e8f149/images/79/f7/90/67/6790f779a850eb23df857062/CB-ISL23_C.jpg|https://files.plytix.com/api/v1.1/file/public_files/pim/assets/8a/8d/8f/62/628f8d8abb3a1aaaf0e8f149/images/ff/03/91/67/679103fff33788d49018e9a5/CB-ISL23.jpg","https://files.plytix.com/api/v1.1/file/public_files/pim/assets/8a/8d/8f/62/628f8d8abb3a1aaaf0e8f149/images/23/d1/a1/67/67a1d12320b2e4642d1ce98f/LFST0325001.jpg|https://files.plytix.com/api/v1.1/file/public_files/pim/assets/8a/8d/8f/62/628f8d8abb3a1aaaf0e8f149/images/8c/d4/a1/67/67a1d48c678af07d2988c457/LFST0325017.jpg","https://www.nevilleuk.com/products/CB-ISL23_",null,"CB-ISC23"]
["BW-ISL14","Incise Porcelain Solara Side Bowl 14cm","13.9 x 6.5cm (Dia x H) - 60cl/20oz",{"v":6.5,"d":"6.50"},6,"Incise Porcelain>Incise Porcelain Solara",{"$nulls":3},139,139,65,0.315,0.315,{"v":60,"d":"60.00"},"21.1","Porcelain","6911100090","China",null,null,"Yes","Yes","Yes","Yes",{"$nulls":6},"\n•Durable Fully Vitrified Porcelain\n•Twice-Fired Process\n•High Temperature Firing\n•Conforms to BS4034 Vitrified Hotelware\n•Embossed Design\n•Rolled Edges\n•Polished Foot\n•Durable Bright White Glaze","The Incise Porcelain Solara collection features an elegant series of gourmet dishes, adorned with a sumptuous embossed design, adding texture and sophistication to food presentation. Perfect for upscale settings, this range blends striking aesthetics with practical design, allowing chefs to create visually stunning and memorable presentations for any occasion.\n•Durable Fully Vitrified Porcelain: High-temperature firing creates a robust and long-lasting product, ideal for professional use\n•Twice-Fired Process: Enhances strength and durability, ensuring each piece performs in demanding environments\n•Conforms to Industry Standards: Meets BS4034 standards for vitrified hotelware, ensuring exceptional durability and quality in demanding environments\n•Rolled Edges: Enhances durability and provides added chip resistance, making it ideal for hotel, restaurant, and foodservice applications\n•Embossed Edges: Each piece features embossed edges, adding a beautiful, textured aesthetic that enhances food presentation\n•Polished Foot: Minimises damage when stacked and stored, helping to maintain the integrity of each piece over time\n•Durable Bright White Glaze: Features a high-quality, glossy white glaze that enhances durability while providing a sleek, sophisticated finish resistant to stains and scratches\n•Perfect for Upscale Settings: Designed to complement gastro pubs, fine dining establishments and high-end hospitality venue","Each",null,"13.9","13.9","6.5","0.00126",0.315,"05020403730538",6,"23.8","14.9","15.2","0.00539","1.89",2.333,"05020403730545",36,"49","27","34","0.04498","11.34",{"v":14,"d":"14.000"},null,1008,"https://files.plytix.com/api/v1.1/file/public_files/pim/assets/8a/8d/8f/62/628f8d8abb3a1aaaf0e8f149/images/b2/14/91/67/679114b226b9c8be7b87a6d3/TH_BW-ISL14.jpg","https://files.plytix.com/api/v1.1/file/public_files/pim/assets/8a/8d/8f/62/628f8d8abb3a1aaaf0e8f149/images/b8/1c/91/67/67911cb8a850eb23df857be5/BW-ISL14.jpg","https://files.plytix.com/api/v1.1/file/public_files/pim/assets/8a/8d/8f/62/628f8d8abb3a1aaaf0e8f149/images/97/d2/a1/67/67a1d297783f894c4a8d4d64/LFST0325199.jpg","https://www.nevilleuk.com/products/BW-ISL14_",null,"BW-ISC16"]
["LP-ISL25","Incise Porcelain Solara Presentation Plate 25cm","25 x 2.2cm (Dia x H)",15.88,6,"Incise Porcelain>Incise Porcelain Solara",{"$nulls":3},250,250,20,{"v":0.62,"d":"0.620"},{"v":0.62,"d":"0.620"},null,null,"Porcelain","6911100090","China",null,null,"Yes","Yes","Yes","Yes",{"$nulls":6},"\n•Durable Fully Vitrified Porcelain\n•Twice-Fired Process\n•High Temperature Firing\n•Conforms to BS4034 Vitrified Hotelware\n•Embossed Design\n•Rolled Edges\n•Polished Foot\n•Durable Bright White Glaze\n•Stackable","The Incise Porcelain Solara collection features an elegant series of gourmet dishes, adorned with a sumptuous embossed design, adding texture and sophistication to food presentation. Perfect for upscale settings, this range blends striking aesthetics with practical design, allowing chefs to create visually stunning and memorable presentations for any occasion.\n•Durable Fully Vitrified Porcelain: High-temperature firing creates a robust and long-lasting product, ideal for professional use\n•Twice-Fired Process: Enhances strength and durability, ensuring each piece performs in demanding environments\n•Conforms to Industry Standards: Meets BS4034 standards for vitrified hotelware, ensuring exceptional durability and quality in demanding environments\n•Rolled Edges: Enhances durability and provides added chip resistance, making it ideal for hotel, restaurant, and foodservice applications\n•Embossed Edges: Each piece features embossed edges, adding a beautiful, textured aesthetic that enhances food presentation\n•Polished Foot: Minimises damage when stacked and stored, helping to maintain the integrity of each piece over time\n•Stackable:Optimises storage space, making it easy to stack securely without risking damage, perfect for busy kitchens\n•Durable Bright White Glaze: Features a high-quality, glossy white glaze that enhances durability while providing a sleek, sophisticated finish resistant to stains and scratches\n•Perfect for Upscale Settings: Designed to complement gastro pubs, fine dining establishments and high-end hospitality venues","Each",null,"25","25","2","0.00125",{"v":0.62,"d":"0.620"},"05020403730507",6,"26","9","26","0.00608","3.72",{"v":5,"d":"5.000"},"05020403730514",18,"44","28","29","0.03573","11.16",{"v":15,"d":"15.000"},null,432,"https://files.plytix.com/api/v1.1/file/public_files/pim/assets/8a/8d/8f/62/628f8d8abb3a1aaaf0e8f149/images/c0/14/91/67/679114c026b9c8be7b87a6f3/TH_LP-ISL25.jpg","https://files.plytix.com/api/v1.1/file/public_files/pim/assets/8a/8d/8f/62/628f8d8abb3a1aaaf0e8f149/images/c4/f7/90/67/6790f7c4cad52e31728124b9/LP-ISL25_A.jpg|https://files.plytix.com/api/v1.1/file/public_files/pim/assets/8a/8d/8f/62/628f8d8abb3a1aaaf0e8f149/images/c5/f7/90/67/6790f7c5a850eb23df85706e/LP-ISL25_B.jpg|https://files.plytix.com/api/v1.1/file/public_files/pim/assets/8a/8d/8f/62/628f8d8abb3a1aaaf0e8f149/images/c7/f7/90/67/6790f7c7f33788d49018e657/LP-ISL25_C.jpg|https://files.plytix.com/api/v1.1/file/public_files/pim/assets/8a/8d/8f/62/628f8d8abb3a1aaaf0e8f149/images/2c/04/91/67/6791042c26b9c8be7b87a342/LP-ISL25.jpg","https://files.plytix.com/api/v1.1/file/public_files/pim/assets/8a/8d/8f/62/628f8d8abb3a1aaaf0e8f149/images/a5/d4/a1/67/67a1d4a5678af07d2988c45e/LFST0325009.jpg|https://files.plytix.com/api/v1.1/file/public_files/pim/assets/8a/8d/8f/62/628f8d8abb3a1aaaf0e8f149/images/a3/d4/a1/67/67a1d4a33446055658f062dc/LFST0325010.jpg","https://www.nevilleuk.com/products/LP-ISL25_",null,"LP-ILV25|LP-ISL20|160925"]
["LP-ISL20","Incise Porcelain Solara Presentation Plate 20cm","20 x 2.2cm (Dia x H)",12.52,6,"Incise Porcelain>Incise Porcelain Solara",{"$nulls":3},200,200,20,0.405,0.405,null,null,"Porcelain","6911100090","China",null,null,"Yes","Yes","Yes","Yes",{"$nulls":6},"\n•Durable Fully Vitrified Porcelain\n•Twice-Fired Process\n•High Temperature Firing\n•Conforms to BS4034 Vitrified Hotelware\n•Embossed Design\n•Rolled Edges\n•Polished Foot\n•Durable Bright White Glaze\n•Stackable","The Incise Porcelain Solara collection features an elegant series of gourmet dishes, adorned with a sumptuous embossed design, adding texture and sophistication to food presentation. Perfect for upscale settings, this range blends striking aesthetics with practical design, allowing chefs to create visually stunning and memorable presentations for any occasion.\n•Durable Fully Vitrified Porcelain: High-temperature firing creates a robust and long-lasting product, ideal for professional use\n•Twice-Fired Process: Enhances strength and durability, ensuring each piece performs in demanding environments\n•Conforms to Industry Standards: Meets BS4034 standards for vitrified hotelware, ensuring exceptional durability and quality in demanding environments\n•Rolled Edges: Enhances durability and provides added chip resistance, making it ideal for hotel, restaurant, and foodservice applications\n•Embossed Edges: Each piece features embossed edges, adding a beautiful, textured aesthetic that enhances food presentation\n•Polished Foot: Minimises damage when stacked and stored, helping to maintain the integrity of each piece over time\n•Stackable:Optimises storage space, making it easy to stack securely without risking damage, perfect for busy kitchens\n•Durable Bright White Glaze: Features a high-quality, glossy white glaze that enhances durability while providing a sleek, sophisticated finish resistant to stains and scratches\n•Perfect for Upscale Settings: Designed to complement gastro pubs, fine dining establishments and high-end hospitality venues","Each",null,"20","20","2","0.00080",0.405,"05020403730477",6,"21","9","21","0.00397","2.43",2.833,"05020403730484",36,"45","23","46","0.04761","14.58",{"v":17,"d":"17.000"},null,864,"https://files.plytix.com/api/v1.1/file/public_files/pim/assets/8a/8d/8f/62/628f8d8abb3a1aaaf0e8f149/images/c0/14/91/67/679114c026b9c8be7b87a6f2/TH_LP-ISL20.jpg","https://files.plytix.com/api/v1.1/file/public_files/pim/assets/8a/8d/8f/62/628f8d8abb3a1aaaf0e8f149/images/c1/f7/90/67/6790f7c1650bff6333cfd0f2/LP-ISL20_A.jpg|https://files.plytix.com/api/v1.1/file/public_files/pim/assets/8a/8d/8f/62/628f8d8abb3a1aaaf0e8f149/images/c2/f7/90/67/6790f7c2650bff6333cfd0f3/LP-ISL20_B.jpg|https://files.plytix.com/api/v1.1/file/public_files/pim/assets/8a/8d/8f/62/628f8d8abb3a1aaaf0e8f149/images/c3/f7/90/67/6790f7c3650bff6333cfd0f4/LP-ISL20_C.jpg|https://files.plytix.com/api/v1.1/file/public_files/pim/assets/8a/8d/8f/62/628f8d8abb3a1aaaf0e8f149/images/25/04/91/67/67910425650bff6333cfd4be/LP-ISL20.jpg","https://files.plytix.com/api/v1.1/file/public_files/pim/assets/8a/8d/8f/62/628f8d8abb3a1aaaf0e8f149/images/70/d4/a1/67/67a1d4703446055658f062c6/LFST0325023.jpg|https://files.plytix.com/api/v1.1/file/public_files/pim/assets/8a/8d/8f/62/628f8d8abb3a1aaaf0e8f149/images/6e/d4/a1/67/67a1d46e783f894c4a8d4de8/LFST0325024.jpg","https://www.nevilleuk.com/products/LP-ISL20_",null,"LP-ISL25|LP-ILV20|160920"]
["WP-ILV27","Incise Porcelain Lavara Winged Plate 27cm","27 x 2.3cm (Dia x H)",9.48,6,"Incise Porcelain>Incise Porcelain Lavara",{"$nulls":3},275,275,27,{"v":0.79,"d":"0.790"},{"v":0.79,"d":"0.790"},null,null,"Porcelain","6911100090","China",null,null,"Yes","Yes","Yes","Yes",{"$nulls":6},"\n•Durable Fully Vitrified Porcelain\n•Twice-Fired Process\n•High Temperature Firing\n•Conforms to BS4034 Vitrified Hotelware\n•Embossed Design\n•Rolled Edges\n•Polished Foot\n•Durable Bright White Glaze","The Incise Porcelain Lavara collection features an elegant series of gourmet dishes, adorned with a sumptuous embossed design, adding texture and sophistication to food presentation. Perfect for upscale settings, this range blends striking aesthetics with practical design, allowing chefs to create visually stunning and memorable presentations for any occasion.\n•Durable Fully Vitrified Porcelain: High-temperature firing creates a robust and long-lasting product, ideal for professional use\n•Twice-Fired Process: Enhances strength and durability, ensuring each piece performs in demanding environments\n•Conforms to Industry Standards: Meets BS4034 standards for vitrified hotelware, ensuring exceptional durability and quality in demanding environments\n•Rolled Edges: Enhances durability and provides added chip resistance, making it ideal for hotel, restaurant, and foodservice applications\n•Embossed Edges: Each piece features embossed edges, adding a beautiful, textured aesthetic that enhances food presentation\n•Polished Foot: Minimises damage when stacked and stored, helping to maintain the integrity of each piece over time\n•Durable Bright White Glaze: Features a high-quality, glossy white glaze that enhances durability while providing a sleek, sophisticated finish resistant to stains and scratches\n•Perfect for Upscale Settings: Designed to complement gastro pubs, fine dining establishments and high-end hospitality venues","Each",null,"27.5","27.5","2.7","0.00204",{"v":0.79,"d":"0.790"},"05020403730446",6,"28.5","8.5","28.5","0.00690","4.74",{"v":6,"d":"6.000"},"05020403730453",18,"34","30","32","0.03264","14.22",{"v":18,"d":"18.000"},null,432,"https://files.plytix.com/api/v1.1/file/public_files/pim/assets/8a/8d/8f/62/628f8d8abb3a1aaaf0e8f149/images/e1/14/91/67/679114e126b9c8be7b87a703/TH_WP-ILV27.jpg","https://files.plytix.com/api/v1.1/file/public_files/pim/assets/8a/8d/8f/62/628f8d8abb3a1aaaf0e8f149/images/48/f9/90/67/6790f948a850eb23df8570f9/WP-ILV27_A.jpg|https://files.plytix.com/api/v1.1/file/public_files/pim/assets/8a/8d/8f/62/628f8d8abb3a1aaaf0e8f149/images/49/f9/90/67/6790f949cad52e3172812517/WP-ILV27_B.jpg|https://files.plytix.com/api/v1.1/file/public_files/pim/assets/8a/8d/8f/62/628f8d8abb3a1aaaf0e8f149/images/11/05/91/67/67910511f33788d49018e9fe/WP-ILV27.jpg","https://files.plytix.com/api/v1.1/file/public_files/pim/assets/8a/8d/8f/62/628f8d8abb3a1aaaf0e8f149/images/bc/d2/a1/67/67a1d2bc20b2e4642d1ce9cb/LFST0325185.jpg|https://files.plytix.com/api/v1.1/file/public_files/pim/assets/8a/8d/8f/62/628f8d8abb3a1aaaf0e8f149/images/ba/d2/a1/67/67a1d2ba20b2e4642d1ce9c9/LFST0325186.jpg","https://www.nevilleuk.com/products/WP-ILV27_",null,"WP-ILV25|WP-ISL27|160627"]
["WP-ILV25","Incise Porcelain Lavara Winged Plate 25.5cm","25.5 x 2.2cm (Dia x H)",8.76,6,"Incise Porcelain>Incise Porcelain Lavara",{"$nulls":3},252,252,24,0.645,0.645,null,null,"Porcelain","6911100090","China",null,null,"Yes","Yes","Yes","Yes",{"$nulls":6},"\n•Durable Fully Vitrified Porcelain\n•Twice-Fired Process\n•High Temperature Firing\n•Conforms to BS4034 Vitrified Hotelware\n•Embossed Design\n•Rolled Edges\n•Polished Foot\n•Durable Bright White Glaze","The Incise Porcelain Lavara collection features an elegant series of gourmet dishes, adorned with a sumptuous embossed design, adding texture and sophistication to food presentation. Perfect for upscale settings, this range blends striking aesthetics with practical design, allowing chefs to create visually stunning and memorable presentations for any occasion.\n•Durable Fully Vitrified Porcelain: High-temperature firing creates a robust and long-lasting product, ideal for professional use\n•Twice-Fired Process: Enhances strength and durability, ensuring each piece performs in demanding environments\n•Conforms to Industry Standards: Meets BS4034 standards for vitrified hotelware, ensuring exceptional durability and quality in demanding environments\n•Rolled Edges: Enhances durability and provides added chip resistance, making it ideal for hotel, restaurant, and foodservice applications\n•Embossed Edges: Each piece features embossed edges, adding a beautiful, textured aesthetic that enhances food presentation\n•Polished Foot: Minimises damage when stacked and stored, helping to maintain the integrity of each piece over time\n•Durable Bright White Glaze: Features a high-quality, glossy white glaze that enhances durability while providing a sleek, sophisticated finish resistant to stains and scratches\n•Perfect for Upscale Settings: Designed to complement gastro pubs, fine dining establishments and high-end hospitality venues","Each",null,"25.2","25.2","2.4","0.00152",0.645,"05020403730415",6,"26.2","8.4","26.2","0.00577","3.87",4.667,"05020403730422",18,"33","28","29","0.02680","11.61",{"v":14,"d":"14.000"},null,648,"https://files.plytix.com/api/v1.1/file/public_files/pim/assets/8a/8d/8f/62/628f8d8abb3a1aaaf0e8f149/images/e0/14/91/67/679114e0650bff6333cfd9a2/TH_WP-ILV25.jpg","https://files.plytix.com/api/v1.1/file/public_files/pim/assets/8a/8d/8f/62/628f8d8abb3a1aaaf0e8f149/images/46/f9/90/67/6790f946cad52e3172812516/WP-ILV25_A.jpg|https://files.plytix.com/api/v1.1/file/public_files/pim/assets/8a/8d/8f/62/628f8d8abb3a1aaaf0e8f149/images/47/f9/90/67/6790f9475102799cd827fde4/WP-ILV25_B.jpg|https://files.plytix.com/api/v1.1/file/public_files/pim/assets/8a/8d/8f/62/628f8d8abb3a1aaaf0e8f149/images/11/05/91/67/67910511a850eb23df857609/WP-ILV25.jpg",null,"https://www.nevilleuk.com/products/WP-ILV25_",null,"WP-ILV23|WP-ILV27|WP-ISL25|160626"]
["WP-ILV23","Incise Porcelain Lavara Winged Plate 23cm","23 x 2.1cm (Dia x H)",7.32,6,"Incise Porcelain>Incise Porcelain Lavara",{"$nulls":3},227,227,22,0.485,0.485,null,null,"Porcelain","6911100090","China",null,null,"Yes","Yes","Yes","Yes",{"$nulls":6},"\n•Durable Fully Vitrified Porcelain\n•Twice-Fired Process\n•High Temperature Firing\n•Conforms to BS4034 Vitrified Hotelware\n•Embossed Design\n•Rolled Edges\n•Polished Foot\n•Durable Bright White Glaze","The Incise Porcelain Lavara collection features an elegant series of gourmet dishes, adorned with a sumptuous embossed design, adding texture and sophistication to food presentation. Perfect for upscale settings, this range blends striking aesthetics with practical design, allowing chefs to create visually stunning and memorable presentations for any occasion.\n•Durable Fully Vitrified Porcelain: High-temperature firing creates a robust and long-lasting product, ideal for professional use\n•Twice-Fired Process: Enhances strength and durability, ensuring each piece performs in demanding environments\n•Conforms to Industry Standards: Meets BS4034 standards for vitrified hotelware, ensuring exceptional durability and quality in demanding environments\n•Rolled Edges: Enhances durability and provides added chip resistance, making it ideal for hotel, restaurant, and foodservice applications\n•Embossed Edges: Each piece features embossed edges, adding a beautiful, textured aesthetic that enhances food presentation\n•Polished Foot: Minimises damage when stacked and stored, helping to maintain the integrity of each piece over time\n•Durable Bright White Glaze: Features a high-quality, glossy white glaze that enhances durability while providing a sleek, sophisticated finish resistant to stains and scratches\n•Perfect for Upscale Settings: Designed to complement gastro pubs, fine dining establishments and high-end hospitality venues","Each",null,"22.7","22.7","2.2","0.00113",0.485,"05020403730385",6,"23.7","8.6","23.7","0.00483","2.91",{"v":3.5,"d":"3.500"},"05020403730392",24,"41","25","27","0.02768","11.64",{"v":14,"d":"14.000"},null,864,"https://files.plytix.com/api/v1.1/file/public_files/pim/assets/8a/8d/8f/62/628f8d8abb3a1aaaf0e8f149/images/e0/14/91/67/679114e0f33788d49018edb2/TH_WP-ILV23.jpg","https://files.plytix.com/api/v1.1/file/public_files/pim/assets/8a/8d/8f/62/628f8d8abb3a1aaaf0e8f149/images/43/f9/90/67/6790f943650bff6333cfd145/WP-ILV23_B.jpg|https://files.plytix.com/api/v1.1/file/public_files/pim/assets/8a/8d/8f/62/628f8d8abb3a1aaaf0e8f149/images/11/05/91/67/67910511650bff6333cfd518/WP-ILV23.jpg|https://files.plytix.com/api/v1.1/file/public_files/pim/assets/8a/8d/8f/62/628f8d8abb3a1aaaf0e8f149/images/44/f9/90/67/6790f944cad52e3172812515/WP-ILV23_A.jpg",null,"https://www.nevilleuk.com/products/WP-ILV23_",null,"WP-ILV20|WP-ILV25|WP-ISL23|160623"]
["WP-ILV20","Incise Porcelain Lavara Winged Plate 20cm","20.2 x 1.8cm (Dia x H)",5.92,6,"Incise Porcelain>Incise Porcelain Lavara",{"$nulls":3},200,200,19,0.336,0.336,null,null,"Porcelain","6911100090","China",null,null,"Yes","Yes","Yes","Yes",{"$nulls":6},"\n•Durable Fully Vitrified Porcelain\n•Twice-Fired Process\n•High Temperature Firing\n•Conforms to BS4034 Vitrified Hotelware\n•Embossed Design\n•Rolled Edges\n•Polished Foot\n•Durable Bright White Glaze","The Incise Porcelain Lavara collection features an elegant series of gourmet dishes, adorned with a sumptuous embossed design, adding texture and sophistication to food presentation. Perfect for upscale settings, this range blends striking aesthetics with practical design, allowing chefs to create visually stunning and memorable presentations for any occasion.\n•Durable Fully Vitrified Porcelain: High-temperature firing creates a robust and long-lasting product, ideal for professional use\n•Twice-Fired Process: Enhances strength and durability, ensuring each piece performs in demanding environments\n•Conforms to Industry Standards: Meets BS4034 standards for vitrified hotelware, ensuring exceptional durability and quality in demanding environments\n•Rolled Edges: Enhances durability and provides added chip resistance, making it ideal for hotel, restaurant, and foodservice applications\n•Embossed Edges: Each piece features embossed edges, adding a beautiful, textured aesthetic that enhances food presentation\n•Polished Foot: Minimises damage when stacked and stored, helping to maintain the integrity of each piece over time\n•Durable Bright White Glaze: Features a high-quality, glossy white glaze that enhances durability while providing a sleek, sophisticated finish resistant to stains and scratches\n•Perfect for Upscale Settings: Designed to complement gastro pubs, fine dining establishments and high-end hospitality venues","Each",null,"20","20","1.9","0.00076",0.336,"05020403730354",6,"21","7.9","21","0.00348","2.016",2.333,"05020403730361",36,"55","23","24","0.03036","12.096",{"v":14,"d":"14.000"},null,1008,"https://files.plytix.com/api/v1.1/file/public_files/pim/assets/8a/8d/8f/62/628f8d8abb3a1aaaf0e8f149/images/e0/14/91/67/679114e0f33788d49018edb1/TH_WP-ILV20.jpg","https://files.plytix.com/api/v1.1/file/public_files/pim/assets/8a/8d/8f/62/628f8d8abb3a1aaaf0e8f149/images/42/f9/90/67/6790f94226b9c8be7b87a036/WP-ILV20_B.jpg|https://files.plytix.com/api/v1.1/file/public_files/pim/assets/8a/8d/8f/62/628f8d8abb3a1aaaf0e8f149/images/11/05/91/67/679105115102799cd828015f/WP-ILV20.jpg",null,"https://www.nevilleuk.com/products/WP-ILV20_",null,"WP-ILV23|WP-ISL20|160619|160621"]
["WB-ILV28","Incise Porcelain Lavara Winged Pasta Bowl 28.5cm","28.5 x 4.4cm (Dia x H) - 50cl/17.5oz",14.94,6,"Incise Porcelain>Incise Porcelain Lavara",{"$nulls":3},286,286,40,{"v":0.9,"d":"0.900"},{"v":0.9,"d":"0.900"},{"v":50,"d":"50.00"},"17.6","Porcelain","6911100090","China",null,null,"Yes","Yes","Yes","Yes",{"$nulls":6},"\n•Durable Fully Vitrified Porcelain\n•Twice-Fired Process\n•High Temperature Firing\n•Conforms to BS4034 Vitrified Hotelware\n•Embossed Design\n•Rolled Edges\n•Polished Foot\n•Durable Bright White Glaze","The Incise Porcelain Lavara collection features an elegant series of gourmet dishes, adorned with a sumptuous embossed design, adding texture and sophistication to food presentation. Perfect for upscale settings, this range blends striking aesthetics with practical design, allowing chefs to create visually stunning and memorable presentations for any occasion.\n•Durable Fully Vitrified Porcelain: High-temperature firing creates a robust and long-lasting product, ideal for professional use\n•Twice-Fired Process: Enhances strength and durability, ensuring each piece performs in demanding environments\n•Conforms to Industry Standards: Meets BS4034 standards for vitrified hotelware, ensuring exceptional durability and quality in demanding environments\n•Rolled Edges: Enhances durability and provides added chip resistance, making it ideal for hotel, restaurant, and foodservice applications\n•Embossed Edges: Each piece features embossed edges, adding a beautiful, textured aesthetic that enhances food presentation\n•Polished Foot: Minimises damage when stacked and stored, helping to maintain the integrity of each piece over time\n•Durable Bright White Glaze: Features a high-quality, glossy white glaze that enhances durability while providing a sleek, sophisticated finish resistant to stains and scratches\n•Perfect for Upscale Settings: Designed to complement gastro pubs, fine dining establishments and high-end hospitality venues","Each",null,"28.6","28.6","4","0.00327",{"v":0.9,"d":"0.900"},"05020403730323",6,"29.6","15","29.6","0.01314","5.4",{"v":6,"d":"6.000"},"05020403730330",12,"31","29","33","0.02967","10.8",{"v":12,"d":"12.000"},null,288,"https://files.plytix.com/api/v1.1/file/public_files/pim/assets/8a/8d/8f/62/628f8d8abb3a1aaaf0e8f149/images/dc/14/91/67/679114dca850eb23df85797f/TH_WB-ILV28.jpg","https://files.plytix.com/api/v1.1/file/public_files/pim/assets/8a/8d/8f/62/628f8d8abb3a1aaaf0e8f149/images/12/f9/90/67/6790f9125102799cd827fddb/WB-ILV28_A.jpg|https://files.plytix.com/api/v1.1/file/public_files/pim/assets/8a/8d/8f/62/628f8d8abb3a1aaaf0e8f149/images/14/f9/90/67/6790f91426b9c8be7b87a024/WB-ILV28_B.jpg|https://files.plytix.com/api/v1.1/file/public_files/pim/assets/8a/8d/8f/62/628f8d8abb3a1aaaf0e8f149/images/15/f9/90/67/6790f915a850eb23df8570ec/WB-ILV28_C.jpg|https://files.plytix.com/api/v1.1/file/public_files/pim/assets/8a/8d/8f/62/628f8d8abb3a1aaaf0e8f149/images/f2/04/91/67/679104f2650bff6333cfd50d/WB-ILV28.jpg","https://files.plytix.com/api/v1.1/file/public_files/pim/assets/8a/8d/8f/62/628f8d8abb3a1aaaf0e8f149/images/9c/d2/a1/67/67a1d29c8c28d3ee51cd5527/LFST0325197.jpg","https://www.nevilleuk.com/products/WB-ILV28_",null,"WB-ISL28|170630"]
["WB-ILV24","Incise Porcelain Lavara Winged Soup Bowl 24cm","24 x 3.3cm (Dia x H) - 20cl/7oz",10.66,4,"Incise Porcelain>Incise Porcelain Lavara",{"$nulls":3},240,240,35,{"v":0.52,"d":"0.520"},{"v":0.52,"d":"0.520"},{"v":20,"d":"20.00"},"7","Porcelain","6911100090","China",null,null,"Yes","Yes","Yes","Yes",{"$nulls":6},"\n•Durable Fully Vitrified Porcelain\n•Twice-Fired Process\n•High Temperature Firing\n•Conforms to BS4034 Vitrified Hotelware\n•Embossed Design\n•Rolled Edges\n•Polished Foot\n•Durable Bright White Glaze","The Incise Porcelain Lavara collection features an elegant series of gourmet dishes, adorned with a sumptuous embossed design, adding texture and sophistication to food presentation. Perfect for upscale settings, this range blends striking aesthetics with practical design, allowing chefs to create visually stunning and memorable presentations for any occasion.\n•Durable Fully Vitrified Porcelain: High-temperature firing creates a robust and long-lasting product, ideal for professional use\n•Twice-Fired Process: Enhances strength and durability, ensuring each piece performs in demanding environments\n•Conforms to Industry Standards: Meets BS4034 standards for vitrified hotelware, ensuring exceptional durability and quality in demanding environments\n•Rolled Edges: Enhances durability and provides added chip resistance, making it ideal for hotel, restaurant, and foodservice applications\n•Embossed Edges: Each piece features embossed edges, adding a beautiful, textured aesthetic that enhances food presentation\n•Polished Foot: Minimises damage when stacked and stored, helping to maintain the integrity of each piece over time\n•Durable Bright White Glaze: Features a high-quality, glossy white glaze that enhances durability while providing a sleek, sophisticated finish resistant to stains and scratches\n•Perfect for Upscale Settings: Designed to complement gastro pubs, fine dining establishments and high-end hospitality venues","Each",null,"24","24","3.5","0.00202",{"v":0.52,"d":"0.520"},"05020403730293",4,"24.5","8","24.5","0.00480","2.08",{"v":3,"d":"3.000"},"05020403730309",8,"27","19","28","0.01436","4.16",{"v":6,"d":"6.000"},null,216,"https://files.plytix.com/api/v1.1/file/public_files/pim/assets/8a/8d/8f/62/628f8d8abb3a1aaaf0e8f149/images/dc/14/91/67/679114dcf33788d49018eda5/TH_WB-ILV24.jpg","https://files.plytix.com/api/v1.1/file/public_files/pim/assets/8a/8d/8f/62/628f8d8abb3a1aaaf0e8f149/images/0e/f9/90/67/6790f90e26b9c8be7b87a023/WB-ILV24_B.jpg|https://files.plytix.com/api/v1.1/file/public_files/pim/assets/8a/8d/8f/62/628f8d8abb3a1aaaf0e8f149/images/10/f9/90/67/6790f910cad52e31728124fe/WB-ILV24_C.jpg|https://files.plytix.com/api/v1.1/file/public_files/pim/assets/8a/8d/8f/62/628f8d8abb3a1aaaf0e8f149/images/f2/04/91/67/679104f2650bff6333cfd50c/WB-ILV24.jpg|https://files.plytix.com/api/v1.1/file/public_files/pim/assets/8a/8d/8f/62/628f8d8abb3a1aaaf0e8f149/images/11/f9/90/67/6790f911cad52e31728124ff/WB-ILV24_A.jpg",null,"https://www.nevilleuk.com/products/WB-ILV24_",null,"WB-ISL24|172122"]
["CP-ILV28","Incise Porcelain Lavara Coupe Plate 28cm","28 x 2.65cm (Dia x H)",11.38,4,"Incise Porcelain>Incise Porcelain Lavara",{"$nulls":3},278,278,26,0.858,0.858,null,null,"Porcelain","6911100090","China",null,null,"Yes","Yes","Yes","Yes",{"$nulls":6},"\n•Durable Fully Vitrified Porcelain\n•Twice-Fired Process\n•High Temperature Firing\n•Conforms to BS4034 Vitrified Hotelware\n•Embossed Design\n•Rolled Edges\n•Polished Foot\n•Durable Bright White Glaze","The Incise Porcelain Lavara collection features an elegant series of gourmet dishes, adorned with a sumptuous embossed design, adding texture and sophistication to food presentation. Perfect for upscale settings, this range blends striking aesthetics with practical design, allowing chefs to create visually stunning and memorable presentations for any occasion.\n•Durable Fully Vitrified Porcelain: High-temperature firing creates a robust and long-lasting product, ideal for professional use\n•Twice-Fired Process: Enhances strength and durability, ensuring each piece performs in demanding environments\n•Conforms to Industry Standards: Meets BS4034 standards for vitrified hotelware, ensuring exceptional durability and quality in demanding environments\n•Rolled Edges: Enhances durability and provides added chip resistance, making it ideal for hotel, restaurant, and foodservice applications\n•Embossed Edges: Each piece features embossed edges, adding a beautiful, textured aesthetic that enhances food presentation\n•Polished Foot: Minimises damage when stacked and stored, helping to maintain the integrity of each piece over time\n•Durable Bright White Glaze: Features a high-quality, glossy white glaze that enhances durability while providing a sleek, sophisticated finish resistant to stains and scratches\n•Perfect for Upscale Settings: Designed to complement gastro pubs, fine dining establishments and high-end hospitality venues","Each",null,"27.8","27.8","2.6","0.00201",0.858,"05020403730262",4,"28.8","7.2","28.8","0.00597","3.432",{"v":3.75,"d":"3.750"},"05020403730279",16,"37","30","32","0.03552","13.728",{"v":15,"d":"15.000"},null,512,"https://files.plytix.com/api/v1.1/file/public_files/pim/assets/8a/8d/8f/62/628f8d8abb3a1aaaf0e8f149/images/bc/14/91/67/679114bc650bff6333cfd976/TH_CP-ILV28.jpg","https://files.plytix.com/api/v1.1/file/public_files/pim/assets/8a/8d/8f/62/628f8d8abb3a1aaaf0e8f149/images/8d/f7/90/67/6790f78df33788d49018e64a/CP-ILV28_A.jpg|https://files.plytix.com/api/v1.1/file/public_files/pim/assets/8a/8d/8f/62/628f8d8abb3a1aaaf0e8f149/images/8e/f7/90/67/6790f78e650bff6333cfd0db/CP-ILV28_B.jpg|https://files.plytix.com/api/v1.1/file/public_files/pim/assets/8a/8d/8f/62/628f8d8abb3a1aaaf0e8f149/images/15/04/91/67/67910415f33788d49018e9bd/CP-ILV28.jpg","https://files.plytix.com/api/v1.1/file/public_files/pim/assets/8a/8d/8f/62/628f8d8abb3a1aaaf0e8f149/images/b7/d2/a1/67/67a1d2b78c28d3ee51cd552c/LFST0325187.jpg|https://files.plytix.com/api/v1.1/file/public_files/pim/assets/8a/8d/8f/62/628f8d8abb3a1aaaf0e8f149/images/aa/d2/a1/67/67a1d2aa783f894c4a8d4d66/LFST0325192.jpg","https://www.nevilleuk.com/products/CP-ILV28_",null,"CP-ISC30"]
["CP-ILV25","Incise Porcelain Lavara Coupe Plate 25.5cm","25.5 x 2.4cm (Dia x H)",9.14,4,"Incise Porcelain>Incise Porcelain Lavara",{"$nulls":3},254,254,24,0.675,0.675,null,null,"Porcelain","6911100090","China",null,null,"Yes","Yes","Yes","Yes",{"$nulls":6},"\n•Durable Fully Vitrified Porcelain\n•Twice-Fired Process\n•High Temperature Firing\n•Conforms to BS4034 Vitrified Hotelware\n•Embossed Design\n•Rolled Edges\n•Polished Foot\n•Durable Bright White Glaze","The Incise Porcelain Lavara collection features an elegant series of gourmet dishes, adorned with a sumptuous embossed design, adding texture and sophistication to food presentation. Perfect for upscale settings, this range blends striking aesthetics with practical design, allowing chefs to create visually stunning and memorable presentations for any occasion.\n•Durable Fully Vitrified Porcelain: High-temperature firing creates a robust and long-lasting product, ideal for professional use\n•Twice-Fired Process: Enhances strength and durability, ensuring each piece performs in demanding environments\n•Conforms to Industry Standards: Meets BS4034 standards for vitrified hotelware, ensuring exceptional durability and quality in demanding environments\n•Rolled Edges: Enhances durability and provides added chip resistance, making it ideal for hotel, restaurant, and foodservice applications\n•Embossed Edges: Each piece features embossed edges, adding a beautiful, textured aesthetic that enhances food presentation\n•Polished Foot: Minimises damage when stacked and stored, helping to maintain the integrity of each piece over time\n•Durable Bright White Glaze: Features a high-quality, glossy white glaze that enhances durability while providing a sleek, sophisticated finish resistant to stains and scratches\n•Perfect for Upscale Settings: Designed to complement gastro pubs, fine dining establishments and high-end hospitality venues","Each",null,"25.4","25.4","2.4","0.00155",0.675,"05020403730231",4,"26.4","8.6","26.4","0.00599","2.7",3.167,"05020403730248",24,"51","28","29","0.04141","16.2",{"v":19,"d":"19.000"},null,240,"https://files.plytix.com/api/v1.1/file/public_files/pim/assets/8a/8d/8f/62/628f8d8abb3a1aaaf0e8f149/images/bb/14/91/67/679114bb26b9c8be7b87a6ea/TH_CP-ILV25.jpg","https://files.plytix.com/api/v1.1/file/public_files/pim/assets/8a/8d/8f/62/628f8d8abb3a1aaaf0e8f149/images/8a/f7/90/67/6790f78acad52e31728124b4/CP-ILV25_A.jpg|https://files.plytix.com/api/v1.1/file/public_files/pim/assets/8a/8d/8f/62/628f8d8abb3a1aaaf0e8f149/images/8b/f7/90/67/6790f78b26b9c8be7b879fa9/CP-ILV25_B.jpg|https://files.plytix.com/api/v1.1/file/public_files/pim/assets/8a/8d/8f/62/628f8d8abb3a1aaaf0e8f149/images/15/04/91/67/67910415f33788d49018e9bc/CP-ILV25.jpg",null,"https://www.nevilleuk.com/products/CP-ILV25_",null,"CP-ISC26"]
["CP-ILV23","Incise Porcelain Lavara Coupe Plate 23cm","23 x 2.3cm (Dia x H)",8.12,6,"Incise Porcelain>Incise Porcelain Lavara",{"$nulls":3},229,229,23,0.472,0.472,null,null,"Porcelain","6911100090","China",null,null,"Yes","Yes","Yes","Yes",{"$nulls":6},"\n•Durable Fully Vitrified Porcelain\n•Twice-Fired Process\n•High Temperature Firing\n•Conforms to BS4034 Vitrified Hotelware\n•Embossed Design\n•Rolled Edges\n•Polished Foot\n•Durable Bright White Glaze","The Incise Porcelain Lavara collection features an elegant series of gourmet dishes, adorned with a sumptuous embossed design, adding texture and sophistication to food presentation. Perfect for upscale settings, this range blends striking aesthetics with practical design, allowing chefs to create visually stunning and memorable presentations for any occasion.\n•Durable Fully Vitrified Porcelain: High-temperature firing creates a robust and long-lasting product, ideal for professional use\n•Twice-Fired Process: Enhances strength and durability, ensuring each piece performs in demanding environments\n•Conforms to Industry Standards: Meets BS4034 standards for vitrified hotelware, ensuring exceptional durability and quality in demanding environments\n•Rolled Edges: Enhances durability and provides added chip resistance, making it ideal for hotel, restaurant, and foodservice applications\n•Embossed Edges: Each piece features embossed edges, adding a beautiful, textured aesthetic that enhances food presentation\n•Polished Foot: Minimises damage when stacked and stored, helping to maintain the integrity of each piece over time\n•Durable Bright White Glaze: Features a high-quality, glossy white glaze that enhances durability while providing a sleek, sophisticated finish resistant to stains and scratches\n•Perfect for Upscale Settings: Designed to complement gastro pubs, fine dining establishments and high-end hospitality venues","Each",null,"22.9","22.9","2.3","0.00121",0.472,"05020403730200",6,"23.9","8.3","23.9","0.00474","2.832",{"v":3.5,"d":"3.500"},"05020403730217",24,"45","26","27","0.03159","11.328",{"v":14,"d":"14.000"},null,864,"https://files.plytix.com/api/v1.1/file/public_files/pim/assets/8a/8d/8f/62/628f8d8abb3a1aaaf0e8f149/images/bb/14/91/67/679114bba850eb23df857975/TH_CP-ILV23.jpg","https://files.plytix.com/api/v1.1/file/public_files/pim/assets/8a/8d/8f/62/628f8d8abb3a1aaaf0e8f149/images/88/f7/90/67/6790f788cad52e31728124b3/CP-ILV23_A.jpg|https://files.plytix.com/api/v1.1/file/public_files/pim/assets/8a/8d/8f/62/628f8d8abb3a1aaaf0e8f149/images/89/f7/90/67/6790f7895102799cd827fd93/CP-ILV23_B.jpg|https://files.plytix.com/api/v1.1/file/public_files/pim/assets/8a/8d/8f/62/628f8d8abb3a1aaaf0e8f149/images/14/04/91/67/67910414f33788d49018e9bb/CP-ILV23.jpg","https://files.plytix.com/api/v1.1/file/public_files/pim/assets/8a/8d/8f/62/628f8d8abb3a1aaaf0e8f149/images/b7/d2/a1/67/67a1d2b78c28d3ee51cd552c/LFST0325187.jpg|https://files.plytix.com/api/v1.1/file/public_files/pim/assets/8a/8d/8f/62/628f8d8abb3a1aaaf0e8f149/images/b0/d2/a1/67/67a1d2b020b2e4642d1ce9c7/LFST0325190.jpg","https://www.nevilleuk.com/products/CP-ILV23_",null,"CP-ILV20|CP-ILV25|CP-ISL23|187622"]
["CP-ILV20","Incise Porcelain Lavara Coupe Plate 20cm","20.25 x 2.2cm (Dia x H)",6.56,6,"Incise Porcelain>Incise Porcelain Lavara",{"$nulls":3},200,200,22,0.345,0.345,null,null,"Porcelain","6911100090","China",null,null,"Yes","Yes","Yes","Yes",{"$nulls":6},"\n•Durable Fully Vitrified Porcelain\n•Twice-Fired Process\n•High Temperature Firing\n•Conforms to BS4034 Vitrified Hotelware\n•Embossed Design\n•Rolled Edges\n•Polished Foot\n•Durable Bright White Glaze","The Incise Porcelain Lavara collection features an elegant series of gourmet dishes, adorned with a sumptuous embossed design, adding texture and sophistication to food presentation. Perfect for upscale settings, this range blends striking aesthetics with practical design, allowing chefs to create visually stunning and memorable presentations for any occasion.\n•Durable Fully Vitrified Porcelain: High-temperature firing creates a robust and long-lasting product, ideal for professional use\n•Twice-Fired Process: Enhances strength and durability, ensuring each piece performs in demanding environments\n•Conforms to Industry Standards: Meets BS4034 standards for vitrified hotelware, ensuring exceptional durability and quality in demanding environments\n•Rolled Edges: Enhances durability and provides added chip resistance, making it ideal for hotel, restaurant, and foodservice applications\n•Embossed Edges: Each piece features embossed edges, adding a beautiful, textured aesthetic that enhances food presentation\n•Polished Foot: Minimises damage when stacked and stored, helping to maintain the integrity of each piece over time\n•Durable Bright White Glaze: Features a high-quality, glossy white glaze that enhances durability while providing a sleek, sophisticated finish resistant to stains and scratches\n•Perfect for Upscale Settings: Designed to complement gastro pubs, fine dining establishments and high-end hospitality venues","Each",null,"20","20","2.2","0.00088",0.345,"05020403730170",6,"21","8.2","21","0.00362","2.07",{"v":2.5,"d":"2.500"},"05020403730187",36,"60","23","24","0.03312","12.42",{"v":15,"d":"15.000"},null,1008,"https://files.plytix.com/api/v1.1/file/public_files/pim/assets/8a/8d/8f/62/628f8d8abb3a1aaaf0e8f149/images/bb/14/91/67/679114bba850eb23df857974/TH_CP-ILV20.jpg","https://files.plytix.com/api/v1.1/file/public_files/pim/assets/8a/8d/8f/62/628f8d8abb3a1aaaf0e8f149/images/85/f7/90/67/6790f785650bff6333cfd0da/CP-ILV20_A.jpg|https://files.plytix.com/api/v1.1/file/public_files/pim/assets/8a/8d/8f/62/628f8d8abb3a1aaaf0e8f149/images/86/f7/90/67/6790f7865102799cd827fd92/CP-ILV20_B.jpg|https://files.plytix.com/api/v1.1/file/public_files/pim/assets/8a/8d/8f/62/628f8d8abb3a1aaaf0e8f149/images/14/04/91/67/67910414f33788d49018e9ba/CP-ILV20.jpg",null,"https://www.nevilleuk.com/products/CP-ILV20_",null,"CP-ISC20"]
["CB-ILV25","Incise Porcelain Lavara Coupe Bowl 25.5cm","25.5 x 4.7cm (Dia x H) - 120cl/42oz",13.04,4,"Incise Porcelain>Incise Porcelain Lavara",{"$nulls":3},255,255,46,0.693,0.693,{"v":120,"d":"120.00"},"42.2","Porcelain","6911100090","China",null,null,"Yes","Yes","Yes","Yes",{"$nulls":6},"\n•Durable Fully Vitrified Porcelain\n•Twice-Fired Process\n•High Temperature Firing\n•Conforms to BS4034 Vitrified Hotelware\n•Embossed Design\n•Rolled Edges\n•Polished Foot\n•Durable Bright White Glaze","The Incise Porcelain Lavara collection features an elegant series of gourmet dishes, adorned with a sumptuous embossed design, adding texture and sophistication to food presentation. Perfect for upscale settings, this range blends striking aesthetics with practical design, allowing chefs to create visually stunning and memorable presentations for any occasion.\n•Durable Fully Vitrified Porcelain: High-temperature firing creates a robust and long-lasting product, ideal for professional use\n•Twice-Fired Process: Enhances strength and durability, ensuring each piece performs in demanding environments\n•Conforms to Industry Standards: Meets BS4034 standards for vitrified hotelware, ensuring exceptional durability and quality in demanding environments\n•Rolled Edges: Enhances durability and provides added chip resistance, making it ideal for hotel, restaurant, and foodservice applications\n•Embossed Edges: Each piece features embossed edges, adding a beautiful, textured aesthetic that enhances food presentation\n•Polished Foot: Minimises damage when stacked and stored, helping to maintain the integrity of each piece over time\n•Durable Bright White Glaze: Features a high-quality, glossy white glaze that enhances durability while providing a sleek, sophisticated finish resistant to stains and scratches\n•Perfect for Upscale Settings: Designed to complement gastro pubs, fine dining establishments and high-end hospitality venues","Each",null,"25.5","25.5","4.6","0.00299",0.693,"05020403730149",4,"26.5","13.1","26.5","0.00920","2.772",{"v":3.5,"d":"3.500"},"05020403730156",16,"45","28","29","0.03654","11.088",{"v":14,"d":"14.000"},null,480,"https://files.plytix.com/api/v1.1/file/public_files/pim/assets/8a/8d/8f/62/628f8d8abb3a1aaaf0e8f149/images/b3/14/91/67/679114b326b9c8be7b87a6d6/TH_CB-ILV25.jpg","https://files.plytix.com/api/v1.1/file/public_files/pim/assets/8a/8d/8f/62/628f8d8abb3a1aaaf0e8f149/images/73/f7/90/67/6790f773650bff6333cfd0d1/CB-ILV25_A.jpg|https://files.plytix.com/api/v1.1/file/public_files/pim/assets/8a/8d/8f/62/628f8d8abb3a1aaaf0e8f149/images/74/f7/90/67/6790f77426b9c8be7b879fa4/CB-ILV25_B.jpg|https://files.plytix.com/api/v1.1/file/public_files/pim/assets/8a/8d/8f/62/628f8d8abb3a1aaaf0e8f149/images/75/f7/90/67/6790f775650bff6333cfd0d2/CB-ILV25_C.jpg|https://files.plytix.com/api/v1.1/file/public_files/pim/assets/8a/8d/8f/62/628f8d8abb3a1aaaf0e8f149/images/fe/03/91/67/679103fef33788d49018e9a4/CB-ILV25.jpg","https://files.plytix.com/api/v1.1/file/public_files/pim/assets/8a/8d/8f/62/628f8d8abb3a1aaaf0e8f149/images/ad/d2/a1/67/67a1d2ad20b2e4642d1ce9c6/LFST0325191.jpg","https://www.nevilleuk.com/products/CB-ILV25_",null,"CB-ILV23|CB-ISL25"]
["CB-ILV23","Incise Porcelain Lavara Coupe Bowl 23cm","22.8 x 4.1cm (Dia x H) - 80cl/28.15oz",{"v":12.5,"d":"12.50"},6,"Incise Porcelain>Incise Porcelain Lavara",{"$nulls":3},228,228,42,0.586,0.586,{"v":80,"d":"80.00"},"28.2","Porcelain","6911100090","China",null,null,"Yes","Yes","Yes","Yes",{"$nulls":6},"\n•Durable Fully Vitrified Porcelain\n•Twice-Fired Process\n•High Temperature Firing\n•Conforms to BS4034 Vitrified Hotelware\n•Embossed Design\n•Rolled Edges\n•Polished Foot\n•Durable Bright White Glaze","The Incise Porcelain Lavara collection features an elegant series of gourmet dishes, adorned with a sumptuous embossed design, adding texture and sophistication to food presentation. Perfect for upscale settings, this range blends striking aesthetics with practical design, allowing chefs to create visually stunning and memorable presentations for any occasion.\n•Durable Fully Vitrified Porcelain: High-temperature firing creates a robust and long-lasting product, ideal for professional use\n•Twice-Fired Process: Enhances strength and durability, ensuring each piece performs in demanding environments\n•Conforms to Industry Standards: Meets BS4034 standards for vitrified hotelware, ensuring exceptional durability and quality in demanding environments\n•Rolled Edges: Enhances durability and provides added chip resistance, making it ideal for hotel, restaurant, and foodservice applications\n•Embossed Edges: Each piece features embossed edges, adding a beautiful, textured aesthetic that enhances food presentation\n•Polished Foot: Minimises damage when stacked and stored, helping to maintain the integrity of each piece over time\n•Durable Bright White Glaze: Features a high-quality, glossy white glaze that enhances durability while providing a sleek, sophisticated finish resistant to stains and scratches\n•Perfect for Upscale Settings: Designed to complement gastro pubs, fine dining establishments and high-end hospitality venues","Each",null,"22.8","22.8","4.2","0.00218",0.586,"05020403730118",6,"23.8","12.7","23.8","0.00719","3.516",{"v":3.75,"d":"3.750"},"05020403730125",24,"51","25","27","0.03443","14.064",{"v":15,"d":"15.000"},null,720,"https://files.plytix.com/api/v1.1/file/public_files/pim/assets/8a/8d/8f/62/628f8d8abb3a1aaaf0e8f149/images/b3/14/91/67/679114b3cad52e3172812dbf/TH_CB-ILV23.jpg","https://files.plytix.com/api/v1.1/file/public_files/pim/assets/8a/8d/8f/62/628f8d8abb3a1aaaf0e8f149/images/6e/f7/90/67/6790f76ef33788d49018e640/CB-ILV23_A.jpg|https://files.plytix.com/api/v1.1/file/public_files/pim/assets/8a/8d/8f/62/628f8d8abb3a1aaaf0e8f149/images/6f/f7/90/67/6790f76f26b9c8be7b879fa3/CB-ILV23_B.jpg|https://files.plytix.com/api/v1.1/file/public_files/pim/assets/8a/8d/8f/62/628f8d8abb3a1aaaf0e8f149/images/71/f7/90/67/6790f771cad52e31728124af/CB-ILV23_C.jpg|https://files.plytix.com/api/v1.1/file/public_files/pim/assets/8a/8d/8f/62/628f8d8abb3a1aaaf0e8f149/images/fe/03/91/67/679103fe5102799cd828012e/CB-ILV23.jpg",null,"https://www.nevilleuk.com/products/CB-ILV23_",null,"CB-ISC20"]
["BW-ILV14","Incise Porcelain Lavara Side Bowl 14cm","13.9 x 6.5cm (Dia x H) - 60cl/20oz",{"v":6.5,"d":"6.50"},6,"Incise Porcelain>Incise Porcelain Lavara",{"$nulls":3},139,139,65,0.305,0.305,{"v":60,"d":"60.00"},"21.1","Porcelain","6911100090","China",null,null,"Yes","Yes","Yes","Yes",{"$nulls":6},"\n•Durable Fully Vitrified Porcelain\n•Twice-Fired Process\n•High Temperature Firing\n•Conforms to BS4034 Vitrified Hotelware\n•Embossed Design\n•Rolled Edges\n•Polished Foot\n•Durable Bright White Glaze","The Incise Porcelain Lavara collection features an elegant series of gourmet dishes, adorned with a sumptuous embossed design, adding texture and sophistication to food presentation. Perfect for upscale settings, this range blends striking aesthetics with practical design, allowing chefs to create visually stunning and memorable presentations for any occasion.\n•Durable Fully Vitrified Porcelain: High-temperature firing creates a robust and long-lasting product, ideal for professional use\n•Twice-Fired Process: Enhances strength and durability, ensuring each piece performs in demanding environments\n•Conforms to Industry Standards: Meets BS4034 standards for vitrified hotelware, ensuring exceptional durability and quality in demanding environments\n•Rolled Edges: Enhances durability and provides added chip resistance, making it ideal for hotel, restaurant, and foodservice applications\n•Embossed Edges: Each piece features embossed edges, adding a beautiful, textured aesthetic that enhances food presentation\n•Polished Foot: Minimises damage when stacked and stored, helping to maintain the integrity of each piece over time\n•Durable Bright White Glaze: Features a high-quality, glossy white glaze that enhances durability while providing a sleek, sophisticated finish resistant to stains and scratches\n•Perfect for Upscale Settings: Designed to complement gastro pubs, fine dining establishments and high-end hospitality venues","Each",null,"13.9","13.9","6.5","0.00126",0.305,"05020403730088",6,"22.5","14.9","14.9","0.00500","1.83",2.167,"05020403730095",36,"48","26","34","0.04243","10.98",{"v":13,"d":"13.000"},null,1008,"https://files.plytix.com/api/v1.1/file/public_files/pim/assets/8a/8d/8f/62/628f8d8abb3a1aaaf0e8f149/images/b2/14/91/67/679114b226b9c8be7b87a6d2/TH_BW-ILV14.jpg","https://files.plytix.com/api/v1.1/file/public_files/pim/assets/8a/8d/8f/62/628f8d8abb3a1aaaf0e8f149/images/63/f7/90/67/6790f76326b9c8be7b879fa1/BW-ILV14.jpg","https://files.plytix.com/api/v1.1/file/public_files/pim/assets/8a/8d/8f/62/628f8d8abb3a1aaaf0e8f149/images/70/d4/a1/67/67a1d4703446055658f062c7/LFST0325022.jpg","https://www.nevilleuk.com/products/BW-ILV14_",null,"BW-ISC13"]
["LP-ILV25","Incise Porcelain Lavara Presentation Plate 25cm","25 x 2.2cm (Dia x H)",15.88,6,"Incise Porcelain>Incise Porcelain Lavara",{"$nulls":3},250,250,20,0.618,0.618,null,null,"Porcelain","6911100090","China",null,null,"Yes","Yes","Yes","Yes",{"$nulls":6},"\n•Durable Fully Vitrified Porcelain\n•Twice-Fired Process\n•High Temperature Firing\n•Conforms to BS4034 Vitrified Hotelware\n•Embossed Design\n•Rolled Edges\n•Polished Foot\n•Durable Bright White Glaze\n•Stackable","The Incise Porcelain Lavara collection features an elegant series of gourmet dishes, adorned with a sumptuous embossed design, adding texture and sophistication to food presentation. Perfect for upscale settings, this range blends striking aesthetics with practical design, allowing chefs to create visually stunning and memorable presentations for any occasion.\n•Durable Fully Vitrified Porcelain: High-temperature firing creates a robust and long-lasting product, ideal for professional use\n•Twice-Fired Process: Enhances strength and durability, ensuring each piece performs in demanding environments\n•Conforms to Industry Standards: Meets BS4034 standards for vitrified hotelware, ensuring exceptional durability and quality in demanding environments\n•Rolled Edges: Enhances durability and provides added chip resistance, making it ideal for hotel, restaurant, and foodservice applications\n•Embossed Edges: Each piece features embossed edges, adding a beautiful, textured aesthetic that enhances food presentation\n•Polished Foot: Minimises damage when stacked and stored, helping to maintain the integrity of each piece over time\n•Stackable:Optimises storage space, making it easy to stack securely without risking damage, perfect for busy kitchens\n•Durable Bright White Glaze: Features a high-quality, glossy white glaze that enhances durability while providing a sleek, sophisticated finish resistant to stains and scratches\n•Perfect for Upscale Settings: Designed to complement gastro pubs, fine dining establishments and high-end hospitality venues","Each",null,"25","25","2","0.00125",0.618,"05020403730057",6,"26","9","26","0.00608","3.708",{"v":5,"d":"5.000"},"05020403730064",18,"45","28","29","0.03654","11.124",{"v":15,"d":"15.000"},null,432,"https://files.plytix.com/api/v1.1/file/public_files/pim/assets/8a/8d/8f/62/628f8d8abb3a1aaaf0e8f149/images/bf/14/91/67/679114bfcad52e3172812dd2/TH_LP-ILV25.jpg","https://files.plytix.com/api/v1.1/file/public_files/pim/assets/8a/8d/8f/62/628f8d8abb3a1aaaf0e8f149/images/bd/f7/90/67/6790f7bd650bff6333cfd0f0/LP-ILV25_A.jpg|https://files.plytix.com/api/v1.1/file/public_files/pim/assets/8a/8d/8f/62/628f8d8abb3a1aaaf0e8f149/images/be/f7/90/67/6790f7be650bff6333cfd0f1/LP-ILV25_B.jpg|https://files.plytix.com/api/v1.1/file/public_files/pim/assets/8a/8d/8f/62/628f8d8abb3a1aaaf0e8f149/images/c0/f7/90/67/6790f7c0a850eb23df85706d/LP-ILV25_C.jpg|https://files.plytix.com/api/v1.1/file/public_files/pim/assets/8a/8d/8f/62/628f8d8abb3a1aaaf0e8f149/images/25/04/91/67/67910425650bff6333cfd4bf/LP-ILV25.jpg","https://files.plytix.com/api/v1.1/file/public_files/pim/assets/8a/8d/8f/62/628f8d8abb3a1aaaf0e8f149/images/70/d4/a1/67/67a1d4703446055658f062c7/LFST0325022.jpg|https://files.plytix.com/api/v1.1/file/public_files/pim/assets/8a/8d/8f/62/628f8d8abb3a1aaaf0e8f149/images/9a/d2/a1/67/67a1d29a8c28d3ee51cd5525/LFST0325198.jpg","https://www.nevilleuk.com/products/LP-ILV25_",null,"LP-ILV20|LP-ISL25|160925"]
["LP-ILV20","Incise Porcelain Lavara Presentation Plate 20cm","20 x 2.2cm (Dia x H)",12.52,6,"Incise Porcelain>Incise Porcelain Lavara",{"$nulls":3},200,200,20,{"v":0.41,"d":"0.410"},{"v":0.41,"d":"0.410"},null,null,"Porcelain","6911100090","China",null,null,"Yes","Yes","Yes","Yes",{"$nulls":6},"\n•Durable Fully Vitrified Porcelain\n•Twice-Fired Process\n•High Temperature Firing\n•Conforms to BS4034 Vitrified Hotelware\n•Embossed Design\n•Rolled Edges\n•Polished Foot\n•Durable Bright White Glaze\n•Stackable","The Incise Porcelain Lavara collection features an elegant series of gourmet dishes, adorned with a sumptuous embossed design, adding texture and sophistication to food presentation. Perfect for upscale settings, this range blends striking aesthetics with practical design, allowing chefs to create visually stunning and memorable presentations for any occasion.\n•Durable Fully Vitrified Porcelain: High-temperature firing creates a robust and long-lasting product, ideal for professional use\n•Twice-Fired Process: Enhances strength and durability, ensuring each piece performs in demanding environments\n•Conforms to Industry Standards: Meets BS4034 standards for vitrified hotelware, ensuring exceptional durability and quality in demanding environments\n•Rolled Edges: Enhances durability and provides added chip resistance, making it ideal for hotel, restaurant, and foodservice applications\n•Embossed Edges: Each piece features embossed edges, adding a beautiful, textured aesthetic that enhances food presentation\n•Polished Foot: Minimises damage when stacked and stored, helping to maintain the integrity of each piece over time\n•Stackable:Optimises storage space, making it easy to stack securely without risking damage, perfect for busy kitchens\n•Durable Bright White Glaze: Features a high-quality, glossy white glaze that enhances durability while providing a sleek, sophisticated finish resistant to stains and scratches\n•Perfect for Upscale Settings: Designed to complement gastro pubs, fine dining establishments and high-end hospitality venues","Each",null,"20","20","2","0.00080",{"v":0.41,"d":"0.410"},"05020403730026",6,"21","9","21","0.00397","2.46",{"v":3,"d":"3.000"},"05020403730033",36,"44","23","46","0.04655","14.76",{"v":18,"d":"18.000"},null,864,"https://files.plytix.com/api/v1.1/file/public_files/pim/assets/8a/8d/8f/62/628f8d8abb3a1aaaf0e8f149/images/bf/14/91/67/679114bf26b9c8be7b87a6f1/TH_LP-ILV20.jpg","https://files.plytix.com/api/v1.1/file/public_files/pim/assets/8a/8d/8f/62/628f8d8abb3a1aaaf0e8f149/images/ba/f7/90/67/6790f7ba5102799cd827fd9a/LP-ILV20_A.jpg|https://files.plytix.com/api/v1.1/file/public_files/pim/assets/8a/8d/8f/62/628f8d8abb3a1aaaf0e8f149/images/bb/f7/90/67/6790f7bb650bff6333cfd0ef/LP-ILV20_B.jpg|https://files.plytix.com/api/v1.1/file/public_files/pim/assets/8a/8d/8f/62/628f8d8abb3a1aaaf0e8f149/images/bc/f7/90/67/6790f7bca850eb23df85706c/LP-ILV20_C.jpg|https://files.plytix.com/api/v1.1/file/public_files/pim/assets/8a/8d/8f/62/628f8d8abb3a1aaaf0e8f149/images/25/04/91/67/679104255102799cd8280134/LP-ILV20.jpg","https://files.plytix.com/api/v1.1/file/public_files/pim/assets/8a/8d/8f/62/628f8d8abb3a1aaaf0e8f149/images/92/d2/a1/67/67a1d292908f6049539c8a44/LFST0325201.jpg|https://files.plytix.com/api/v1.1/file/public_files/pim/assets/8a/8d/8f/62/628f8d8abb3a1aaaf0e8f149/images/8f/d2/a1/67/67a1d28f678af07d2988c3b0/LFST0325202.jpg","https://www.nevilleuk.com/products/LP-ILV20_",null,"LP-ILV25|LP-ISL20|160920"]
["395950INF","GenWare Spare Teapot Infuser 395950","Spare Teapot Infuser for 395950… Products",4.48,6,"Spares>Tableware Spares",{"$nulls":3},70,70,67,0.028,0.028,null,null,"Stainless Steel-304","7323930090","China",null,null,"Yes","N/A","N/A","N/A",{"$nulls":6},"\n•Replacement Infuser For 395950... Teapots","GenWare Coloured Beverage offers a bold and stylish alternative to traditional white porcelain, bringing vibrant character and personality to any setting. The collection features an extensive range of beverageware, designed to enhance the presentation of tea and coffee while adding a splash of colour to your service. Ideal for hotels, restaurants, and cafes, GenWare Coloured Beverage allows you to create a distinctive and inviting atmosphere that leaves a lasting impression.\n•Spare Infuser: Compatible with all GenWare 395950 Teapots","Each",null,"7","7","6.7","0.00033",0.028,"05020403556190",6,"17","15","8","0.00204","0.168",{"v":0.25,"d":"0.250"},"05020403556206",144,"48","36","34","0.05875","4.032",{"v":6,"d":"6.000"},null,8640,"https://files.plytix.com/api/v1.1/file/public_files/pim/assets/8a/8d/8f/62/628f8d8abb3a1aaaf0e8f149/images/b0/14/91/67/679114b0a850eb23df85796a/TH_395950INF.jpg","https://files.plytix.com/api/v1.1/file/public_files/pim/assets/8a/8d/8f/62/628f8d8abb3a1aaaf0e8f149/images/4d/f7/90/67/6790f74d26b9c8be7b879f9c/395950INF.jpg",null,"https://www.nevilleuk.com/products/395950INF_","395950MT|395950CRL|395950MSG|395950MG|395950MBK|395950Y|395950R|395950GR|395950G|395950BL|395950BK"]
["BB-KW14","GenWare Kava White Stoneware Belly Bowl 14.5cm","14.5 x 6cm (Dia x H) - 60cl/20oz",10.14,6,"GenWare Stoneware>Kava Stoneware",{"$nulls":3},145,145,61,{"v":0.41,"d":"0.410"},{"v":0.41,"d":"0.410"},{"v":60,"d":"60.00"},"21.1","Stoneware","6912002310","China",-40,230,"Yes","Yes","Yes","Yes",{"$nulls":6},"\n•Durable Stoneware\n•Twice-Fired Process\n•Rolled Edges\n•Polished Foot\n•Neutral Off-White Body\n•Unglazed Base","﻿Kava Stoneware showcases an off-white glaze complemented by an unglazed edge/base, forming a captivating contrast for culinary creations. With its sleek and modern shapes, Kava embodies style and functionality, complementing the chic atmosphere of today's dynamic bistros, cafes and eateries.\n•Durable Stoneware: Made from high-quality stoneware to withstand the rigors of a professional kitchen\n•Twice-Fired Process: Enhances strength, durability, and the unique glaze finish, ensuring each piece performs in demanding environments\n•Rolled Edges: Enhances durability and provides added chip resistance, making it ideal for hotel, restaurant, and foodservice applications\n•Polished Foot: Minimises damage when stacked and stored, helping to maintain the integrity of each piece over time\n•Neutral Off-White Body: The soft, off-white tone provides a versatile backdrop that enhances the presentation of a wide range of cuisines and plating styles\n•Unglazed Base for Authentic Appeal: Adds a natural, artisanal touch creating a captivating contrast that enhances food presentation","Each",null,"14.5","14.5","6.1","0.00128",{"v":0.41,"d":"0.410"},"05020403490210",6,"27.5","16","16","0.00704","2.46",2.875,"05020403490227",24,"33.5","29","34.5","0.03352","9.84",{"v":11.5,"d":"11.500"},null,768,"https://files.plytix.com/api/v1.1/file/public_files/pim/assets/8a/8d/8f/62/628f8d8abb3a1aaaf0e8f149/images/b1/14/91/67/679114b1f33788d49018ed69/TH_BB-KW14.jpg","https://files.plytix.com/api/v1.1/file/public_files/pim/assets/8a/8d/8f/62/628f8d8abb3a1aaaf0e8f149/images/58/f7/90/67/6790f758cad52e31728124a9/BB-KW14.jpg|https://files.plytix.com/api/v1.1/file/public_files/pim/assets/8a/8d/8f/62/628f8d8abb3a1aaaf0e8f149/images/5a/f7/90/67/6790f75a26b9c8be7b879f9f/BB-KW14_A.jpg","https://files.plytix.com/api/v1.1/file/public_files/pim/assets/8a/8d/8f/62/628f8d8abb3a1aaaf0e8f149/images/fd/d2/a1/67/67a1d2fd8c28d3ee51cd5534/LFST0325158.jpg|https://files.plytix.com/api/v1.1/file/public_files/pim/assets/8a/8d/8f/62/628f8d8abb3a1aaaf0e8f149/images/f1/d2/a1/67/67a1d2f1783f894c4a8d4d6f/LFST0325163.jpg|https://files.plytix.com/api/v1.1/file/public_files/pim/assets/8a/8d/8f/62/628f8d8abb3a1aaaf0e8f149/images/ef/d2/a1/67/67a1d2ef8c28d3ee51cd552f/LFST0325164.jpg","https://www.nevilleuk.com/products/BB-KW14_",null,"BB-KW11|BB-PBL14"]
["WVT-B5540BK","GenWare Black Wood Veneer Butlers Tray 55 x 40cm","55 x 40 x 6cm (L x W x H)",53.86,1,"Trays>Butler Trays",{"$nulls":3},550,400,60,{"v":1.3,"d":"1.300"},{"v":1.3,"d":"1.300"},null,null,"Ash Wood","4419900000","China",null,null,"No","N/A","N/A","N/A",{"$nulls":6},"\n•﻿Wood Veneer\n•Scandi-Chic Design\n•Durable And Lightweight\n•Versatile Functionality\n•Easy Maintenance","Bring the effortless elegance of Scandinavian design to your hospitality offering with our wood veneer butler trays, combining practicality with a sleek, modern look that leaves a lasting impression on your guests.Our butler trays are expertly designed to combine timeless elegance with a touch of Scandi-inspired minimalism, perfect for modern and upscale venues.\n•Scandi-Chic Design: Featuring clean lines and a natural wood veneer finish, these trays bring a sophisticated yet understated Nordic aesthetic to any setting, seamlessly blending with contemporary interiors\n•Durable and Lightweight: Built to withstand the demands of hospitality service, they are robust yet easy for staff to handle, ensuring smooth and efficient operation\n•Versatile Functionality: Ideal for serving drinks, meals, or adding a refined touch to room service, these trays are as versatile as they are stylish\n•Easy Maintenance:Easy to clean and maintain, perfect for busy hospitality environments","Each","5020403017004","55","40","6","0.01320",{"v":1.3,"d":"1.300"},"05020403017011",4,"56.5","41","25.8","0.05977","5.2",{"v":7,"d":"7.000"},"05020403017028",8,"58.5","43","54.6","0.13735","10.4",{"v":14,"d":"14.000"},null,32,"https://files.plytix.com/api/v1.1/file/public_files/pim/assets/8a/8d/8f/62/628f8d8abb3a1aaaf0e8f149/images/e4/14/91/67/679114e4f33788d49018edbc/TH_WVT-B5540BK.jpg","https://files.plytix.com/api/v1.1/file/public_files/pim/assets/8a/8d/8f/62/628f8d8abb3a1aaaf0e8f149/images/84/f9/90/67/6790f984650bff6333cfd14c/WVT-B5540BK.jpg|https://files.plytix.com/api/v1.1/file/public_files/pim/assets/8a/8d/8f/62/628f8d8abb3a1aaaf0e8f149/images/86/f9/90/67/6790f986650bff6333cfd14d/WVT-B5540BK_A.jpg",null,"https://www.nevilleuk.com/products/WVT-B5540BK_",null,"BTM5544BK-LW|BTM6549BK-LW"]
["BB-KW11","GenWare Kava White Stoneware Belly Bowl 11.5cm","11.5 x 5cm (Dia x H) - 30cl/10.5oz",{"v":7.2,"d":"7.20"},6,"GenWare Stoneware>Kava Stoneware",{"$nulls":3},115,115,51,{"v":0.2,"d":"0.200"},{"v":0.2,"d":"0.200"},{"v":30,"d":"30.00"},"10.6","Stoneware","6912002310","China",-40,230,"Yes","Yes","Yes","Yes",{"$nulls":6},"\n•Durable Stoneware\n•Twice-Fired Process\n•Rolled Edges\n•Polished Foot\n•Neutral Off-White Body\n•Unglazed Base","﻿Kava Stoneware showcases an off-white glaze complemented by an unglazed edge/base, forming a captivating contrast for culinary creations. With its sleek and modern shapes, Kava embodies style and functionality, complementing the chic atmosphere of today's dynamic bistros, cafes and eateries.\n•Durable Stoneware: Made from high-quality stoneware to withstand the rigors of a professional kitchen\n•Twice-Fired Process: Enhances strength, durability, and the unique glaze finish, ensuring each piece performs in demanding environments\n•Rolled Edges: Enhances durability and provides added chip resistance, making it ideal for hotel, restaurant, and foodservice applications\n•Polished Foot: Minimises damage when stacked and stored, helping to maintain the integrity of each piece over time\n•Neutral Off-White Body: The soft, off-white tone provides a versatile backdrop that enhances the presentation of a wide range of cuisines and plating styles\n•Unglazed Base for Authentic Appeal: Adds a natural, artisanal touch creating a captivating contrast that enhances food presentation","Each",null,"11.5","11.5","5.1","0.00067",{"v":0.2,"d":"0.200"},"05020403490180",6,"22","12.5","12.5","0.00344","1.2",1.625,"05020403490197",48,"45.5","26.5","27.5","0.03316","9.6",{"v":13,"d":"13.000"},null,1440,"https://files.plytix.com/api/v1.1/file/public_files/pim/assets/8a/8d/8f/62/628f8d8abb3a1aaaf0e8f149/images/b0/14/91/67/679114b026b9c8be7b87a6d1/TH_BB-KW11.jpg","https://files.plytix.com/api/v1.1/file/public_files/pim/assets/8a/8d/8f/62/628f8d8abb3a1aaaf0e8f149/images/56/f7/90/67/6790f756a850eb23df85705f/BB-KW11.jpg|https://files.plytix.com/api/v1.1/file/public_files/pim/assets/8a/8d/8f/62/628f8d8abb3a1aaaf0e8f149/images/57/f7/90/67/6790f757cad52e31728124a8/BB-KW11_A.jpg","https://files.plytix.com/api/v1.1/file/public_files/pim/assets/8a/8d/8f/62/628f8d8abb3a1aaaf0e8f149/images/2e/90/a2/67/67a2902e304068043d6b2e0c/LFST0325356.jpg","https://www.nevilleuk.com/products/BB-KW11_",null,"BB-PBL11|BB-KW14"]
["PR-PLS25","Incise Porcelain Lustre Presentation Plate 25cm","25 x 3.5cm (Dia x H)",22.88,6,"Incise Porcelain>Incise Porcelain Lustre",{"$nulls":3},255,255,35,{"v":1,"d":"1.000"},{"v":1,"d":"1.000"},null,null,"Porcelain","6911100090","China",null,null,"Yes","Yes","Yes","Yes",{"$nulls":6},"\n•Durable Fully Vitrified Porcelain\n•Twice-Fired Process\n•High Temperature Firing\n•Conforms to BS4034 Vitrified Hotelware\n•Organic Edges\n•Polished Foot\n•Durable Matt White Glaze\n•Reactive Pearlescent Glaze Centre\n•Stackable","The Incise Porcelain Lustre collection features an elegant series of gourmet dishes, finished with a refined textured matt white glaze for added sophistication. The centre of each plate showcases a stunning reactive pearlescent glaze, creating a captivating focal point. Perfect for upscale settings, this range blends striking aesthetics with practical design, allowing chefs to create visually stunning and memorable presentations for any occasion.\n•Durable Fully Vitrified Porcelain: High-temperature firing creates a robust and long-lasting product, ideal for professional use\n•Twice-Fired Process: Enhances strength, durability, and the unique glaze finish, ensuring each piece performs in demanding environments\n•Conforms to Industry Standards: Meets BS4034 standards for vitrified hotelware, ensuring exceptional durability and quality in demanding environments\n•Organic Edges: Each piece features gracefully undulating edges, adding a natural, fluid aesthetic that enhances the presentation with a touch of artisanal elegance\n•Polished Foot: Minimises damage when stacked and stored, helping to maintain the integrity of each piece over time\n•Stackable:Optimises storage space, making it easy to stack securely without risking damage, perfect for busy kitchens\n•Unique Artisanal Finish: The natural kiln effects and spontaneous glaze reactions ensure every piece is truly one of a kind\n•Textured Matt White Glaze: The matt white glaze adds a touch of understated elegance and sophistication to every piece\n•Reactive Pearlescent Centre: Each piece features a captivating pearlescent glaze at the centre, creating a stunning focal point that enhances food presentation\n•Perfect for Upscale Settings: Designed to complement fine dining establishments and high-end hospitality venues","Each",null,"25.5","25.5","3.5","0.00228",{"v":1,"d":"1.000"},"05020403720775",6,"27","21","27","0.01531","6",{"v":7,"d":"7.000"},"05020403720782",12,"44","28","29","0.03573","12",{"v":14,"d":"14.000"},null,360,"https://files.plytix.com/api/v1.1/file/public_files/pim/assets/8a/8d/8f/62/628f8d8abb3a1aaaf0e8f149/images/ca/14/91/67/679114cacad52e3172812de6/TH_PR-PLS25.jpg","https://files.plytix.com/api/v1.1/file/public_files/pim/assets/8a/8d/8f/62/628f8d8abb3a1aaaf0e8f149/images/31/f8/90/67/6790f831f33788d49018e6a9/PR-PLS25_A.jpg|https://files.plytix.com/api/v1.1/file/public_files/pim/assets/8a/8d/8f/62/628f8d8abb3a1aaaf0e8f149/images/32/f8/90/67/6790f832f33788d49018e6aa/PR-PLS25_B.jpg|https://files.plytix.com/api/v1.1/file/public_files/pim/assets/8a/8d/8f/62/628f8d8abb3a1aaaf0e8f149/images/84/04/91/67/67910484a850eb23df8575f2/PR-PLS25.jpg|https://files.plytix.com/api/v1.1/file/public_files/pim/assets/8a/8d/8f/62/628f8d8abb3a1aaaf0e8f149/images/34/f8/90/67/6790f834f33788d49018e6ac/PR-PLS25_C.jpg","https://files.plytix.com/api/v1.1/file/public_files/pim/assets/8a/8d/8f/62/628f8d8abb3a1aaaf0e8f149/images/9c/d1/a1/67/67a1d19c20b2e4642d1ce99d/LFST0325301.jpg|https://files.plytix.com/api/v1.1/file/public_files/pim/assets/8a/8d/8f/62/628f8d8abb3a1aaaf0e8f149/images/7b/d1/a1/67/67a1d17b908f6049539c8a17/LFST0325313.jpg|https://files.plytix.com/api/v1.1/file/public_files/pim/assets/8a/8d/8f/62/628f8d8abb3a1aaaf0e8f149/images/78/d1/a1/67/67a1d178783f894c4a8d4d49/LFST0325314.jpg","https://www.nevilleuk.com/products/PR-PLS25_",null,"PR-PLC25|PR-PLS20"]
["PR-PLS20","Incise Porcelain Lustre Presentation Plate 20cm","20 x 3cm (Dia x H)",21.04,6,"Incise Porcelain>Incise Porcelain Lustre",{"$nulls":3},200,200,30,{"v":0.59,"d":"0.590"},{"v":0.59,"d":"0.590"},null,null,"Porcelain","6911100090","China",null,null,"Yes","Yes","Yes","Yes",{"$nulls":6},"\n•Durable Fully Vitrified Porcelain\n•Twice-Fired Process\n•High Temperature Firing\n•Conforms to BS4034 Vitrified Hotelware\n•Organic Edges\n•Polished Foot\n•Durable Matt White Glaze\n•Reactive Pearlescent Glaze Centre\n•Stackable","The Incise Porcelain Lustre collection features an elegant series of gourmet dishes, finished with a refined textured matt white glaze for added sophistication. The centre of each plate showcases a stunning reactive pearlescent glaze, creating a captivating focal point. Perfect for upscale settings, this range blends striking aesthetics with practical design, allowing chefs to create visually stunning and memorable presentations for any occasion.\n•Durable Fully Vitrified Porcelain: High-temperature firing creates a robust and long-lasting product, ideal for professional use\n•Twice-Fired Process: Enhances strength, durability, and the unique glaze finish, ensuring each piece performs in demanding environments\n•Conforms to Industry Standards: Meets BS4034 standards for vitrified hotelware, ensuring exceptional durability and quality in demanding environments\n•Organic Edges: Each piece features gracefully undulating edges, adding a natural, fluid aesthetic that enhances the presentation with a touch of artisanal elegance\n•Polished Foot: Minimises damage when stacked and stored, helping to maintain the integrity of each piece over time\n•Stackable:Optimises storage space, making it easy to stack securely without risking damage, perfect for busy kitchens\n•Unique Artisanal Finish: The natural kiln effects and spontaneous glaze reactions ensure every piece is truly one of a kind\n•Textured Matt White Glaze: The matt white glaze adds a touch of understated elegance and sophistication to every piece\n•Reactive Pearlescent Centre: Each piece features a captivating pearlescent glaze at the centre, creating a stunning focal point that enhances food presentation\n•Perfect for Upscale Settings: Designed to complement fine dining establishments and high-end hospitality venues","Each",null,"20","20","3","0.00120",{"v":0.59,"d":"0.590"},"05020403720744",6,"22","19","22","0.00920","3.54",{"v":4,"d":"4.000"},"05020403720751",24,"45","40","23","0.04140","14.16",{"v":16,"d":"16.000"},null,576,"https://files.plytix.com/api/v1.1/file/public_files/pim/assets/8a/8d/8f/62/628f8d8abb3a1aaaf0e8f149/images/c9/14/91/67/679114c9cad52e3172812de5/TH_PR-PLS20.jpg","https://files.plytix.com/api/v1.1/file/public_files/pim/assets/8a/8d/8f/62/628f8d8abb3a1aaaf0e8f149/images/2f/f8/90/67/6790f82ff33788d49018e6a8/PR-PLS20_A.jpg|https://files.plytix.com/api/v1.1/file/public_files/pim/assets/8a/8d/8f/62/628f8d8abb3a1aaaf0e8f149/images/30/f8/90/67/6790f830cad52e31728124d2/PR-PLS20_B.jpg|https://files.plytix.com/api/v1.1/file/public_files/pim/assets/8a/8d/8f/62/628f8d8abb3a1aaaf0e8f149/images/30/f8/90/67/6790f830cad52e31728124d3/PR-PLS20_C.jpg|https://files.plytix.com/api/v1.1/file/public_files/pim/assets/8a/8d/8f/62/628f8d8abb3a1aaaf0e8f149/images/84/04/91/67/67910484a850eb23df8575f1/PR-PLS20.jpg","https://files.plytix.com/api/v1.1/file/public_files/pim/assets/8a/8d/8f/62/628f8d8abb3a1aaaf0e8f149/images/99/d1/a1/67/67a1d199908f6049539c8a1a/LFST0325302.jpg|https://files.plytix.com/api/v1.1/file/public_files/pim/assets/8a/8d/8f/62/628f8d8abb3a1aaaf0e8f149/images/6a/d1/a1/67/67a1d16a8c28d3ee51cd54d9/LFST0325320.jpg|https://files.plytix.com/api/v1.1/file/public_files/pim/assets/8a/8d/8f/62/628f8d8abb3a1aaaf0e8f149/images/67/d1/a1/67/67a1d1678c28d3ee51cd54d8/LFST0325321.jpg","https://www.nevilleuk.com/products/PR-PLS20_",null,"PR-PLC20|PR-PLS18|PR-PLS25"]
["PR-PLS18","Incise Porcelain Lustre Presentation Plate 18cm","17.5 x 2.7cm (Dia x H)",{"v":16,"d":"16.00"},6,"Incise Porcelain>Incise Porcelain Lustre",{"$nulls":3},177,177,27,{"v":0.45,"d":"0.450"},{"v":0.45,"d":"0.450"},null,null,"Porcelain","6911100090","China",null,null,"Yes","Yes","Yes","Yes",{"$nulls":6},"\n•Durable Fully Vitrified Porcelain\n•Twice-Fired Process\n•High Temperature Firing\n•Conforms to BS4034 Vitrified Hotelware\n•Organic Edges\n•Polished Foot\n•Durable Matt White Glaze\n•Reactive Pearlescent Glaze Centre\n•Stackable","The Incise Porcelain Lustre collection features an elegant series of gourmet dishes, finished with a refined textured matt white glaze for added sophistication. The centre of each plate showcases a stunning reactive pearlescent glaze, creating a captivating focal point. Perfect for upscale settings, this range blends striking aesthetics with practical design, allowing chefs to create visually stunning and memorable presentations for any occasion.\n•Durable Fully Vitrified Porcelain: High-temperature firing creates a robust and long-lasting product, ideal for professional use\n•Twice-Fired Process: Enhances strength, durability, and the unique glaze finish, ensuring each piece performs in demanding environments\n•Conforms to Industry Standards: Meets BS4034 standards for vitrified hotelware, ensuring exceptional durability and quality in demanding environments\n•Organic Edges: Each piece features gracefully undulating edges, adding a natural, fluid aesthetic that enhances the presentation with a touch of artisanal elegance\n•Polished Foot: Minimises damage when stacked and stored, helping to maintain the integrity of each piece over time\n•Stackable:Optimises storage space, making it easy to stack securely without risking damage, perfect for busy kitchens\n•Unique Artisanal Finish: The natural kiln effects and spontaneous glaze reactions ensure every piece is truly one of a kind\n•Textured Matt White Glaze: The matt white glaze adds a touch of understated elegance and sophistication to every piece\n•Reactive Pearlescent Centre: Each piece features a captivating pearlescent glaze at the centre, creating a stunning focal point that enhances food presentation\n•Perfect for Upscale Settings: Designed to complement fine dining establishments and high-end hospitality venues","Each",null,"17.7","17.7","2.7","0.00085",{"v":0.45,"d":"0.450"},"05020403720713",6,"19","17","20","0.00646","2.7",{"v":3.25,"d":"3.250"},"05020403720720",24,"40","36","21","0.03024","10.8",{"v":13,"d":"13.000"},null,864,"https://files.plytix.com/api/v1.1/file/public_files/pim/assets/8a/8d/8f/62/628f8d8abb3a1aaaf0e8f149/images/c9/14/91/67/679114c9650bff6333cfd984/TH_PR-PLS18.jpg","https://files.plytix.com/api/v1.1/file/public_files/pim/assets/8a/8d/8f/62/628f8d8abb3a1aaaf0e8f149/images/2e/f8/90/67/6790f82e5102799cd827fdc6/PR-PLS18_B.jpg|https://files.plytix.com/api/v1.1/file/public_files/pim/assets/8a/8d/8f/62/628f8d8abb3a1aaaf0e8f149/images/2e/f8/90/67/6790f82ef33788d49018e6a6/PR-PLS18_A.jpg|https://files.plytix.com/api/v1.1/file/public_files/pim/assets/8a/8d/8f/62/628f8d8abb3a1aaaf0e8f149/images/2e/f8/90/67/6790f82ef33788d49018e6a7/PR-PLS18_C.jpg|https://files.plytix.com/api/v1.1/file/public_files/pim/assets/8a/8d/8f/62/628f8d8abb3a1aaaf0e8f149/images/2f/f8/90/67/6790f82f5102799cd827fdc7/PR-PLS18_D.jpg|https://files.plytix.com/api/v1.1/file/public_files/pim/assets/8a/8d/8f/62/628f8d8abb3a1aaaf0e8f149/images/84/04/91/67/67910484650bff6333cfd4f2/PR-PLS18.jpg",null,"https://www.nevilleuk.com/products/PR-PLS18_","PRS2-18|PRS3-18","PR-PLC18|PR-PLS20"]
["JUG-PLS10","Incise Porcelain Lustre Jug 10cl/ 3.5oz","7.5 x 6.6 x 5.4cm (L x W x H)",12.32,12,"Incise Porcelain>Incise Porcelain Lustre",{"$nulls":3},750,66,54,{"v":0.1,"d":"0.100"},{"v":0.1,"d":"0.100"},{"v":10,"d":"10.00"},"3.5","Porcelain","6911100090","China",null,null,"Yes","Yes","Yes","Yes",{"$nulls":6},"\n•Durable Fully Vitrified Porcelain\n•Twice-Fired Process\n•High Temperature Firing\n•Conforms to BS4034 Vitrified Hotelware\n•Organic Edges\n•Polished Foot\n•Durable Matt White Glaze\n•Reactive Pearlescent Glaze Centre","The Incise Porcelain Lustre collection features an elegant series of gourmet dishes, finished with a refined textured matt white glaze for added sophistication. The centre of each plate showcases a stunning reactive pearlescent glaze, creating a captivating focal point. Perfect for upscale settings, this range blends striking aesthetics with practical design, allowing chefs to create visually stunning and memorable presentations for any occasion.\n•Durable Fully Vitrified Porcelain: High-temperature firing creates a robust and long-lasting product, ideal for professional use\n•Twice-Fired Process: Enhances strength, durability, and the unique glaze finish, ensuring each piece performs in demanding environments\n•Conforms to Industry Standards: Meets BS4034 standards for vitrified hotelware, ensuring exceptional durability and quality in demanding environments\n•Organic Edges: Each piece features gracefully undulating edges, adding a natural, fluid aesthetic that enhances the presentation with a touch of artisanal elegance\n•Polished Foot: Minimises damage when stacked and stored, helping to maintain the integrity of each piece over time\n•Unique Artisanal Finish: The natural kiln effects and spontaneous glaze reactions ensure every piece is truly one of a kind\n•Textured Matt White Glaze: The matt white glaze adds a touch of understated elegance and sophistication to every piece\n•Reactive Pearlescent Centre: Each piece features a captivating pearlescent glaze at the centre, creating a stunning focal point that enhances food presentation\n•Perfect for Upscale Settings: Designed to complement fine dining establishments and high-end hospitality venues","Each",null,"75","6.6","5.4","0.00267",{"v":0.1,"d":"0.100"},"05020403720683",12,"23","15","14","0.00483","1.2",{"v":1.75,"d":"1.750"},"05020403720690",96,"47","32","30","0.04512","9.6",{"v":14,"d":"14.000"},null,1536,"https://files.plytix.com/api/v1.1/file/public_files/pim/assets/8a/8d/8f/62/628f8d8abb3a1aaaf0e8f149/images/bf/14/91/67/679114bf26b9c8be7b87a6f0/TH_JUG-PLS10.jpg","https://files.plytix.com/api/v1.1/file/public_files/pim/assets/8a/8d/8f/62/628f8d8abb3a1aaaf0e8f149/images/b7/f7/90/67/6790f7b7a850eb23df85706a/JUG-PLS10.jpg|https://files.plytix.com/api/v1.1/file/public_files/pim/assets/8a/8d/8f/62/628f8d8abb3a1aaaf0e8f149/images/b8/f7/90/67/6790f7b8650bff6333cfd0ee/JUG-PLS10_A.jpg","https://files.plytix.com/api/v1.1/file/public_files/pim/assets/8a/8d/8f/62/628f8d8abb3a1aaaf0e8f149/images/a5/d1/a1/67/67a1d1a520b2e4642d1ce9a1/LFST0325298.jpg|https://files.plytix.com/api/v1.1/file/public_files/pim/assets/8a/8d/8f/62/628f8d8abb3a1aaaf0e8f149/images/7e/d1/a1/67/67a1d17e783f894c4a8d4d4a/LFST0325312.jpg","https://www.nevilleuk.com/products/JUG-PLS10_",null,"JUG-PLC10|JUG-PPL9"]
["RAM-PLS3","Incise Porcelain Lustre Ramekin 10cl/ 3.5oz","8 x 4.5cm (Dia x H)",8.86,12,"Incise Porcelain>Incise Porcelain Lustre",{"$nulls":3},80,80,45,{"v":0.1,"d":"0.100"},{"v":0.1,"d":"0.100"},{"v":10,"d":"10.00"},"3.5","Porcelain","6911100090","China",null,null,"Yes","Yes","Yes","Yes",{"$nulls":6},"\n•Durable Fully Vitrified Porcelain\n•Twice-Fired Process\n•High Temperature Firing\n•Conforms to BS4034 Vitrified Hotelware\n•Organic Edges\n•Polished Foot\n•Durable Matt White Glaze\n•Reactive Pearlescent Glaze Centre","The Incise Porcelain Lustre collection features an elegant series of gourmet dishes, finished with a refined textured matt white glaze for added sophistication. The centre of each plate showcases a stunning reactive pearlescent glaze, creating a captivating focal point. Perfect for upscale settings, this range blends striking aesthetics with practical design, allowing chefs to create visually stunning and memorable presentations for any occasion.\n•Durable Fully Vitrified Porcelain: High-temperature firing creates a robust and long-lasting product, ideal for professional use\n•Twice-Fired Process: Enhances strength, durability, and the unique glaze finish, ensuring each piece performs in demanding environments\n•Conforms to Industry Standards: Meets BS4034 standards for vitrified hotelware, ensuring exceptional durability and quality in demanding environments\n•Organic Edges: Each piece features gracefully undulating edges, adding a natural, fluid aesthetic that enhances the presentation with a touch of artisanal elegance\n•Polished Foot: Minimises damage when stacked and stored, helping to maintain the integrity of each piece over time\n•Unique Artisanal Finish: The natural kiln effects and spontaneous glaze reactions ensure every piece is truly one of a kind\n•Textured Matt White Glaze: The matt white glaze adds a touch of understated elegance and sophistication to every piece\n•Reactive Pearlescent Centre: Each piece features a captivating pearlescent glaze at the centre, creating a stunning focal point that enhances food presentation\n•Perfect for Upscale Settings: Designed to complement fine dining establishments and high-end hospitality venues","Each",null,"8","8","4.5","0.00029",{"v":0.1,"d":"0.100"},"05020403720652",12,"18","13","19","0.00445","1.2",{"v":1.75,"d":"1.750"},"05020403720669",96,"37","28","40","0.04144","9.6",{"v":14,"d":"14.000"},null,2304,"https://files.plytix.com/api/v1.1/file/public_files/pim/assets/8a/8d/8f/62/628f8d8abb3a1aaaf0e8f149/images/cb/14/91/67/679114cbcad52e3172812deb/TH_RAM-PLS3.jpg","https://files.plytix.com/api/v1.1/file/public_files/pim/assets/8a/8d/8f/62/628f8d8abb3a1aaaf0e8f149/images/40/f8/90/67/6790f840f33788d49018e6ae/RAM-PLS3.jpg","https://files.plytix.com/api/v1.1/file/public_files/pim/assets/8a/8d/8f/62/628f8d8abb3a1aaaf0e8f149/images/a5/d1/a1/67/67a1d1a520b2e4642d1ce9a1/LFST0325298.jpg|https://files.plytix.com/api/v1.1/file/public_files/pim/assets/8a/8d/8f/62/628f8d8abb3a1aaaf0e8f149/images/74/d1/a1/67/67a1d174908f6049539c8a15/LFST0325316.jpg","https://www.nevilleuk.com/products/RAM-PLS3_",null,"RAM-PLC3|RAM-PPL4"]
["PD-PLS28","Incise Porcelain Lustre Pasta Dish 28cm","27.5 x 6cm (Dia x H) - 42cl/14.8oz",{"v":29.1,"d":"29.10"},6,"Incise Porcelain>Incise Porcelain Lustre",{"$nulls":3},283,283,60,{"v":0.88,"d":"0.880"},{"v":0.88,"d":"0.880"},{"v":42,"d":"42.00"},"14.8","Porcelain","6911100090","China",null,null,"Yes","Yes","Yes","Yes",{"$nulls":6},"\n•Durable Fully Vitrified Porcelain\n•Twice-Fired Process\n•High Temperature Firing\n•Conforms to BS4034 Vitrified Hotelware\n•Organic Edges\n•Polished Foot\n•Durable Matt White Glaze\n•Reactive Pearlescent Glaze Centre","The Incise Porcelain Lustre collection features an elegant series of gourmet dishes, finished with a refined textured matt white glaze for added sophistication. The centre of each plate showcases a stunning reactive pearlescent glaze, creating a captivating focal point. Perfect for upscale settings, this range blends striking aesthetics with practical design, allowing chefs to create visually stunning and memorable presentations for any occasion.\n•Durable Fully Vitrified Porcelain: High-temperature firing creates a robust and long-lasting product, ideal for professional use\n•Twice-Fired Process: Enhances strength, durability, and the unique glaze finish, ensuring each piece performs in demanding environments\n•Conforms to Industry Standards: Meets BS4034 standards for vitrified hotelware, ensuring exceptional durability and quality in demanding environments\n•Organic Edges: Each piece features gracefully undulating edges, adding a natural, fluid aesthetic that enhances the presentation with a touch of artisanal elegance\n•Polished Foot: Minimises damage when stacked and stored, helping to maintain the integrity of each piece over time\n•Unique Artisanal Finish: The natural kiln effects and spontaneous glaze reactions ensure every piece is truly one of a kind\n•Textured Matt White Glaze: The matt white glaze adds a touch of understated elegance and sophistication to every piece\n•Reactive Pearlescent Centre: Each piece features a captivating pearlescent glaze at the centre, creating a stunning focal point that enhances food presentation\n•Perfect for Upscale Settings: Designed to complement fine dining establishments and high-end hospitality venues","Each",null,"28.3","28.3","6","0.00481",{"v":0.88,"d":"0.880"},"05020403720621",6,"30","15","30","0.01350","5.28",{"v":6,"d":"6.000"},"05020403720638",12,"31","31","31","0.02979","10.56",{"v":12,"d":"12.000"},null,240,"https://files.plytix.com/api/v1.1/file/public_files/pim/assets/8a/8d/8f/62/628f8d8abb3a1aaaf0e8f149/images/c8/14/91/67/679114c8650bff6333cfd981/TH_PD-PLS28.jpg","https://files.plytix.com/api/v1.1/file/public_files/pim/assets/8a/8d/8f/62/628f8d8abb3a1aaaf0e8f149/images/14/f8/90/67/6790f814a850eb23df857079/PD-PLS28_A.jpg|https://files.plytix.com/api/v1.1/file/public_files/pim/assets/8a/8d/8f/62/628f8d8abb3a1aaaf0e8f149/images/15/f8/90/67/6790f81526b9c8be7b879fc3/PD-PLS28_B.jpg|https://files.plytix.com/api/v1.1/file/public_files/pim/assets/8a/8d/8f/62/628f8d8abb3a1aaaf0e8f149/images/16/f8/90/67/6790f816650bff6333cfd110/PD-PLS28_C.jpg|https://files.plytix.com/api/v1.1/file/public_files/pim/assets/8a/8d/8f/62/628f8d8abb3a1aaaf0e8f149/images/6a/04/91/67/6791046a650bff6333cfd4de/PD-PLS28.jpg","https://files.plytix.com/api/v1.1/file/public_files/pim/assets/8a/8d/8f/62/628f8d8abb3a1aaaf0e8f149/images/8c/d1/a1/67/67a1d18c8c28d3ee51cd54dd/LFST0325307.jpg|https://files.plytix.com/api/v1.1/file/public_files/pim/assets/8a/8d/8f/62/628f8d8abb3a1aaaf0e8f149/images/a5/d1/a1/67/67a1d1a520b2e4642d1ce9a1/LFST0325298.jpg|https://files.plytix.com/api/v1.1/file/public_files/pim/assets/8a/8d/8f/62/628f8d8abb3a1aaaf0e8f149/images/8f/d1/a1/67/67a1d18f3446055658f06254/LFST0325306.jpg","https://www.nevilleuk.com/products/PD-PLS28_",null,"PD-PLC28"]
["WVT-B5038BK","GenWare Black Wood Veneer Butlers Tray 50 x 38cm","50 x 38 x 6cm (L x W x H)",44.48,1,"Trays>Butler Trays",{"$nulls":3},500,380,60,{"v":1.2,"d":"1.200"},{"v":1.2,"d":"1.200"},null,null,"Ash Wood","4419900000","China",null,null,"No","N/A","N/A","N/A",{"$nulls":6},"\n•﻿Wood Veneer\n•Scandi-Chic Design\n•Durable And Lightweight\n•Versatile Functionality\n•Easy Maintenance","Bring the effortless elegance of Scandinavian design to your hospitality offering with our wood veneer butler trays, combining practicality with a sleek, modern look that leaves a lasting impression on your guests.Our butler trays are expertly designed to combine timeless elegance with a touch of Scandi-inspired minimalism, perfect for modern and upscale venues.\n•Scandi-Chic Design: Featuring clean lines and a natural wood veneer finish, these trays bring a sophisticated yet understated Nordic aesthetic to any setting, seamlessly blending with contemporary interiors\n•Durable and Lightweight: Built to withstand the demands of hospitality service, they are robust yet easy for staff to handle, ensuring smooth and efficient operation\n•Versatile Functionality: Ideal for serving drinks, meals, or adding a refined touch to room service, these trays are as versatile as they are stylish\n•Easy Maintenance:Easy to clean and maintain, perfect for busy hospitality environments","Each","5020403016977","50","38","6","0.01140",{"v":1.2,"d":"1.200"},"05020403016984",4,"51.5","39","25.8","0.05182","4.8",{"v":5.54,"d":"5.540"},"05020403016991",12,"52","41","80.5","0.17163","14.4",{"v":18,"d":"18.000"},null,24,"https://files.plytix.com/api/v1.1/file/public_files/pim/assets/8a/8d/8f/62/628f8d8abb3a1aaaf0e8f149/images/e4/14/91/67/679114e4f33788d49018edbb/TH_WVT-B5038BK.jpg","https://files.plytix.com/api/v1.1/file/public_files/pim/assets/8a/8d/8f/62/628f8d8abb3a1aaaf0e8f149/images/7a/f9/90/67/6790f97acad52e3172812525/WVT-B5038BK.jpg|https://files.plytix.com/api/v1.1/file/public_files/pim/assets/8a/8d/8f/62/628f8d8abb3a1aaaf0e8f149/images/7c/f9/90/67/6790f97ca850eb23df857112/WVT-B5038BK_A.jpg","https://files.plytix.com/api/v1.1/file/public_files/pim/assets/8a/8d/8f/62/628f8d8abb3a1aaaf0e8f149/images/31/d2/a1/67/67a1d231908f6049539c8a2c/LFST0325243.jpg","https://www.nevilleuk.com/products/WVT-B5038BK_",null,"WVT-B4536BK|WVT-B5540BK|WVT-B5038L"]
["WVT-B4536BK","GenWare Black Wood Veneer Butlers Tray 45.5 x 36cm","45.5 x 36 x 6cm (L x W x H)",40.76,1,"Trays>Butler Trays",{"$nulls":3},455,360,60,{"v":1.01,"d":"1.010"},{"v":1.01,"d":"1.010"},null,null,"Ash Wood","4419900000","China",null,null,"No","N/A","N/A","N/A",{"$nulls":6},"\n•﻿Wood Veneer\n•Scandi-Chic Design\n•Durable And Lightweight\n•Versatile Functionality\n•Easy Maintenance","Bring the effortless elegance of Scandinavian design to your hospitality offering with our wood veneer butler trays, combining practicality with a sleek, modern look that leaves a lasting impression on your guests.Our butler trays are expertly designed to combine timeless elegance with a touch of Scandi-inspired minimalism, perfect for modern and upscale venues.\n•Scandi-Chic Design: Featuring clean lines and a natural wood veneer finish, these trays bring a sophisticated yet understated Nordic aesthetic to any setting, seamlessly blending with contemporary interiors\n•Durable and Lightweight: Built to withstand the demands of hospitality service, they are robust yet easy for staff to handle, ensuring smooth and efficient operation\n•Versatile Functionality: Ideal for serving drinks, meals, or adding a refined touch to room service, these trays are as versatile as they are stylish\n•Easy Maintenance:Easy to clean and maintain, perfect for busy hospitality environments","Each","5020403016946","45.5","36","6","0.00983",{"v":1.01,"d":"1.010"},"05020403016953",4,"46.5","37","25.8","0.04439","4.04",5.333,"05020403016960",12,"48.5","39","80.5","0.15227","12.12",{"v":16,"d":"16.000"},null,48,"https://files.plytix.com/api/v1.1/file/public_files/pim/assets/8a/8d/8f/62/628f8d8abb3a1aaaf0e8f149/images/e4/14/91/67/679114e4f33788d49018edba/TH_WVT-B4536BK.jpg","https://files.plytix.com/api/v1.1/file/public_files/pim/assets/8a/8d/8f/62/628f8d8abb3a1aaaf0e8f149/images/72/f9/90/67/6790f972a850eb23df85710f/WVT-B4536BK.jpg|https://files.plytix.com/api/v1.1/file/public_files/pim/assets/8a/8d/8f/62/628f8d8abb3a1aaaf0e8f149/images/74/f9/90/67/6790f974a850eb23df857110/WVT-B4536BK_A.jpg",null,"https://www.nevilleuk.com/products/WVT-B4536BK_",null,"WVT-B3528BK|WVT-B5038BK|WVT-B4536L"]
["WVT-B3528BK","GenWare Black Wood Veneer Butlers Tray 35.5 x 28cm","35.5 x 28 x 4.5cm (L x W x H)",33.24,1,"Trays>Butler Trays",{"$nulls":3},355,280,45,0.613,0.613,null,null,"Ash Wood","4419900000","China",null,null,"No","N/A","N/A","N/A",{"$nulls":6},"\n•﻿Wood Veneer\n•Scandi-Chic Design\n•Durable And Lightweight\n•Versatile Functionality\n•Easy Maintenance","Bring the effortless elegance of Scandinavian design to your hospitality offering with our wood veneer butler trays, combining practicality with a sleek, modern look that leaves a lasting impression on your guests.Our butler trays are expertly designed to combine timeless elegance with a touch of Scandi-inspired minimalism, perfect for modern and upscale venues.\n•Scandi-Chic Design: Featuring clean lines and a natural wood veneer finish, these trays bring a sophisticated yet understated Nordic aesthetic to any setting, seamlessly blending with contemporary interiors\n•Durable and Lightweight: Built to withstand the demands of hospitality service, they are robust yet easy for staff to handle, ensuring smooth and efficient operation\n•Versatile Functionality: Ideal for serving drinks, meals, or adding a refined touch to room service, these trays are as versatile as they are stylish\n•Easy Maintenance:Easy to clean and maintain, perfect for busy hospitality environments","Each","5020403016915","35.5","28","4.5","0.00447",0.613,"05020403016922",4,"37","29.3","19.5","0.02114","2.452",{"v":3,"d":"3.000"},"05020403016939",12,"39","31.5","61","0.07494","7.356",{"v":9,"d":"9.000"},null,144,"https://files.plytix.com/api/v1.1/file/public_files/pim/assets/8a/8d/8f/62/628f8d8abb3a1aaaf0e8f149/images/e4/14/91/67/679114e4f33788d49018edb8/TH_WVT-B3528BK.jpg","https://files.plytix.com/api/v1.1/file/public_files/pim/assets/8a/8d/8f/62/628f8d8abb3a1aaaf0e8f149/images/6b/f9/90/67/6790f96ba850eb23df85710d/WVT-B3528BK.jpg|https://files.plytix.com/api/v1.1/file/public_files/pim/assets/8a/8d/8f/62/628f8d8abb3a1aaaf0e8f149/images/6d/f9/90/67/6790f96d26b9c8be7b87a045/WVT-B3528BK_A.jpg",null,"https://www.nevilleuk.com/products/WVT-B3528BK_",null,"BTM3020BK|BTM3525BK"]
["WVT-23BK","GenWare Black Wood Veneer Tray 23 x 13.8cm","23 x 13.8 x 3cm (L x Wx H)",17.42,1,"Table Service>Table Caddies",{"$nulls":3},230,138,30,0.209,0.209,null,null,"Ash Wood","4419900000","China",null,null,"No","N/A","N/A","N/A",{"$nulls":6},"\n•﻿Wood Veneer\n•Scandi-Inspired Design\n•Versatile Functionality\n•Durable And Lightweight\n•Easy Maintenance","Bring a touch of Nordic-inspired elegance to your restaurant with our wood veneer trays, designed for both functionality and style. Perfect for stowing condiments, serving coffee and cake, or adding a refined touch to your service, these trays are a must-have for any modern dining experience.\n•Scandi-Inspired Design: Featuring clean lines and a natural wood veneer finish, these trays capture the essence of minimalist Scandinavian design, offering a sleek and timeless aesthetic that complements contemporary restaurant interiors\n•Versatile Functionality: Ideal for organising condiments or serving drinks, coffee, and cake, these trays provide practical storage solutions while enhancing the visual appeal of your table presentations\n•Durable and Lightweight: Crafted from high-quality wood veneer, these trays are lightweight yet sturdy, making them easy to handle while ensuring long-lasting durability in a busy restaurant environment\n•Easy Maintenance:Easy to clean and maintain, perfect for busy hospitality environments","Each","5020403086581","23","13.8","3","0.00095",0.209,"05020403086598",6,"24.5","14.5","21","0.00746","1.254",{"v":1.5,"d":"1.500"},"05020403086604",48,"51","31","45","0.07115","10.032",{"v":12,"d":"12.000"},null,576,"https://files.plytix.com/api/v1.1/file/public_files/pim/assets/8a/8d/8f/62/628f8d8abb3a1aaaf0e8f149/images/e3/14/91/67/679114e3cad52e3172812e1a/TH_WVT-23BK.jpg","https://files.plytix.com/api/v1.1/file/public_files/pim/assets/8a/8d/8f/62/628f8d8abb3a1aaaf0e8f149/images/68/f9/90/67/6790f9685102799cd827fde7/WVT-23BK.jpg","https://files.plytix.com/api/v1.1/file/public_files/pim/assets/8a/8d/8f/62/628f8d8abb3a1aaaf0e8f149/images/82/d3/a1/67/67a1d382908f6049539c8a73/LFST0325106.jpg|https://files.plytix.com/api/v1.1/file/public_files/pim/assets/8a/8d/8f/62/628f8d8abb3a1aaaf0e8f149/images/80/d3/a1/67/67a1d380908f6049539c8a72/LFST0325107.jpg","https://www.nevilleuk.com/products/WVT-23BK_",null,"WVT-23L"]
["WVCH-9BK","GenWare Black Wood Veneer Cutlery Holder","9 x 9 x 11cm (L x W x H)",{"v":17.7,"d":"17.70"},1,"Table Service>Table Caddies",{"$nulls":3},90,90,110,0.139,0.139,null,null,"Ash Wood","4419900000","China",null,null,"No","N/A","N/A","N/A",{"$nulls":6},"\n•﻿Wood Veneer\n•Elegant Design\n•Practical Storage\n•Durable And Lightweight\n•Easy Maintenance","Designed for both style and functionality, these cutlery holders are perfect for upscale restaurants, hotels, or coffee shops, offering a sleek and efficient solution to keep your cutlery neatly organised.\n•Elegant Design: Crafted from high-quality wood veneer, these holders feature a clean, modern finish that complements a variety of table settings, from contemporary to classic\n•Practical Storage: These cutlery holders provide ample space for knives, forks, spoons, and napkins, ensuring easy access and a tidy table setting\n•Durable and Lightweight: The sturdy yet lightweight construction allows for easy handling and long-lasting use, making them ideal for hospitality venues\n•Easy Maintenance: The wood veneer surface is easy to wipe clean, ensuring that your cutlery holders stay looking fresh and beautiful over time","Each","5020403086550","9","9","11","0.00089",0.139,"05020403086567",6,"55","12","10","0.00660","0.834",1.167,"05020403086574",72,"57","42","39","0.09337","10.008",{"v":14,"d":"14.000"},null,864,"https://files.plytix.com/api/v1.1/file/public_files/pim/assets/8a/8d/8f/62/628f8d8abb3a1aaaf0e8f149/images/e3/14/91/67/679114e3cad52e3172812e19/TH_WVCH-9BK.jpg","https://files.plytix.com/api/v1.1/file/public_files/pim/assets/8a/8d/8f/62/628f8d8abb3a1aaaf0e8f149/images/65/f9/90/67/6790f96526b9c8be7b87a044/WVCH-9BK.jpg","https://files.plytix.com/api/v1.1/file/public_files/pim/assets/8a/8d/8f/62/628f8d8abb3a1aaaf0e8f149/images/82/d3/a1/67/67a1d382908f6049539c8a73/LFST0325106.jpg|https://files.plytix.com/api/v1.1/file/public_files/pim/assets/8a/8d/8f/62/628f8d8abb3a1aaaf0e8f149/images/80/d3/a1/67/67a1d380908f6049539c8a72/LFST0325107.jpg","https://www.nevilleuk.com/products/WVCH-9BK_",null,"WVCH-9L"]
["WVT-V35BK","GenWare Oval Black Wood Veneer Tray 35 x 16.5cm","35 x 16.5 x 2.5cm (L x W x H)",21.24,1,"Table Service>Table Caddies",{"$nulls":3},355,165,25,{"v":0.32,"d":"0.320"},{"v":0.32,"d":"0.320"},null,null,"Ash Wood","4419900000","China",null,null,"No","N/A","N/A","N/A",{"$nulls":6},"\n•﻿Wood Veneer\n•Scandi-Inspired Design\n•Versatile Functionality\n•Durable And Lightweight\n•Easy Maintenance","Bring a touch of Nordic-inspired elegance to your restaurant with our wood veneer trays, designed for both functionality and style. Perfect for stowing condiments, serving coffee and cake, or adding a refined touch to your service, these trays are a must-have for any modern dining experience.\n•Scandi-Inspired Design: Featuring clean lines and a natural wood veneer finish, these trays capture the essence of minimalist Scandinavian design, offering a sleek and timeless aesthetic that complements contemporary restaurant interiors\n•Versatile Functionality: Ideal for organising condiments or serving drinks, coffee, and cake, these trays provide practical storage solutions while enhancing the visual appeal of your table presentations\n•Durable and Lightweight: Crafted from high-quality wood veneer, these trays are lightweight yet sturdy, making them easy to handle while ensuring long-lasting durability in a busy restaurant environment\n•Easy Maintenance:Easy to clean and maintain, perfect for busy hospitality environments","Each","5020403086529","35.5","16.5","2.5","0.00146",{"v":0.32,"d":"0.320"},"05020403086536",6,"36.8","18.3","16.5","0.01111","1.92",{"v":2.25,"d":"2.250"},"05020403086543",24,"39","37","36","0.05195","7.68",{"v":9,"d":"9.000"},null,576,"https://files.plytix.com/api/v1.1/file/public_files/pim/assets/8a/8d/8f/62/628f8d8abb3a1aaaf0e8f149/images/a9/14/91/67/679114a9cad52e3172812dab/TH_WVT-V35BK.jpg","https://files.plytix.com/api/v1.1/file/public_files/pim/assets/8a/8d/8f/62/628f8d8abb3a1aaaf0e8f149/images/93/f9/90/67/6790f993650bff6333cfd150/WVT-V35BK.jpg",null,"https://www.nevilleuk.com/products/WVT-V35BK_"]
["WVT-V23BK","GenWare Oval Black Wood Veneer Tray 23 x 11cm","23 x 11 x 2cm (L x W x H)",12.72,1,"Table Service>Table Caddies",{"$nulls":3},230,110,20,{"v":0.13,"d":"0.130"},{"v":0.13,"d":"0.130"},null,null,"Ash Wood","4419900000","China",null,null,"No","N/A","N/A","N/A",{"$nulls":6},"\n•﻿Wood Veneer\n•Scandi-Inspired Design\n•Versatile Functionality\n•Durable And Lightweight\n•Easy Maintenance","Bring a touch of Nordic-inspired elegance to your restaurant with our wood veneer trays, designed for both functionality and style. Perfect for stowing condiments, serving coffee and cake, or adding a refined touch to your service, these trays are a must-have for any modern dining experience.\n•Scandi-Inspired Design: Featuring clean lines and a natural wood veneer finish, these trays capture the essence of minimalist Scandinavian design, offering a sleek and timeless aesthetic that complements contemporary restaurant interiors\n•Versatile Functionality: Ideal for organising condiments or serving drinks, coffee, and cake, these trays provide practical storage solutions while enhancing the visual appeal of your table presentations\n•Durable and Lightweight: Crafted from high-quality wood veneer, these trays are lightweight yet sturdy, making them easy to handle while ensuring long-lasting durability in a busy restaurant environment\n•Easy Maintenance:Easy to clean and maintain, perfect for busy hospitality environments","Each","5020403086499","23","11","2","0.00051",{"v":0.13,"d":"0.130"},"05020403086505",6,"25","12","14","0.00420","0.78",{"v":1,"d":"1.000"},"05020403086512",72,"52","26","45","0.06084","9.36",{"v":12,"d":"12.000"},null,1296,"https://files.plytix.com/api/v1.1/file/public_files/pim/assets/8a/8d/8f/62/628f8d8abb3a1aaaf0e8f149/images/a9/14/91/67/679114a926b9c8be7b87a6cb/TH_WVT-V23BK.jpg","https://files.plytix.com/api/v1.1/file/public_files/pim/assets/8a/8d/8f/62/628f8d8abb3a1aaaf0e8f149/images/92/f9/90/67/6790f992cad52e3172812528/WVT-V23BK.jpg","https://files.plytix.com/api/v1.1/file/public_files/pim/assets/8a/8d/8f/62/628f8d8abb3a1aaaf0e8f149/images/a4/d3/a1/67/67a1d3a4678af07d2988c403/LFST0325098.jpg","https://www.nevilleuk.com/products/WVT-V23BK_"]
["WVT-RS5930L","GenWare Light Wood Veneer Room Service Tray 59 x 30 x 23cm","59 x 30 x 23cm (L x W x H)",58.32,1,"Trays>Butler Trays",{"$nulls":3},600,350,88,{"v":1.46,"d":"1.460"},2.167,null,null,"Ash Wood","4419900000","China",null,null,"No","N/A","N/A","N/A",{"$nulls":6},"\n•﻿Wood Veneer\n•Scandi-Chic Design\n•Foldable Metal Legs\n•Durable And Lightweight\n•Versatile Functionality\n•Easy Maintenance","Transform your room service experience with our wood veneer room service trays, designed to combine timeless elegance with a touch of Scandi-inspired minimalism. Perfect for modern and upscale hotels, these trays bring both style and practicality to enhance guest satisfaction.\n•Scandi-Chic Design: Featuring clean lines and a natural wood veneer finish, these trays bring a sophisticated yet understated Nordic aesthetic to any setting, seamlessly blending with contemporary interiors\n•Foldable Metal Legs: Equipped with sturdy, foldable metal legs, these trays easily convert into a convenient tabletop, ensuring guests can enjoy their meals in comfort. When not in use, the legs fold flat for compact storage\n•Durable and Lightweight: Built to withstand the demands of hospitality service, they are robust yet easy for staff to handle, ensuring smooth and efficient operation\n•Versatile Functionality: Ideal for serving drinks, meals, or adding a refined touch to room service, these trays are as versatile as they are stylish\n•Easy Maintenance:Easy to clean and maintain, perfect for busy hospitality environments","Each","5020403016885","60","35","8.8","0.01848",2.167,"05020403016892",1,{"$nulls":4},"1.46",null,"05020403016908",6,"58.2","33","41","0.07874","8.76",{"v":11,"d":"11.000"},null,48,"https://files.plytix.com/api/v1.1/file/public_files/pim/assets/8a/8d/8f/62/628f8d8abb3a1aaaf0e8f149/images/a8/14/91/67/679114a8a850eb23df857965/TH_WVT-RS5930L.jpg","https://files.plytix.com/api/v1.1/file/public_files/pim/assets/8a/8d/8f/62/628f8d8abb3a1aaaf0e8f149/images/8f/f9/90/67/6790f98fcad52e3172812527/WVT-RS5930L.jpg|https://files.plytix.com/api/v1.1/file/public_files/pim/assets/8a/8d/8f/62/628f8d8abb3a1aaaf0e8f149/images/91/f9/90/67/6790f991650bff6333cfd14f/WVT-RS5930L_A.jpg","https://files.plytix.com/api/v1.1/file/public_files/pim/assets/8a/8d/8f/62/628f8d8abb3a1aaaf0e8f149/images/17/d2/a1/67/67a1d2173446055658f0626b/LFST0325256.jpg|https://files.plytix.com/api/v1.1/file/public_files/pim/assets/8a/8d/8f/62/628f8d8abb3a1aaaf0e8f149/images/14/d2/a1/67/67a1d21420b2e4642d1ce9b2/LFST0325257.jpg","https://www.nevilleuk.com/products/WVT-RS5930L_",null,"WVT-RS5930BK"]
["BW-PLS20","Incise Porcelain Lustre Round Bowl 20m","20.2 x 7 (Dia x H) - 115cl/40.5oz",{"v":21.8,"d":"21.80"},6,"Incise Porcelain>Incise Porcelain Lustre",{"$nulls":3},202,202,75,{"v":0.63,"d":"0.630"},{"v":0.63,"d":"0.630"},{"v":115,"d":"115.00"},"40.5","Porcelain","6911100090","China",null,null,"Yes","Yes","Yes","Yes",{"$nulls":6},"\n•Durable Fully Vitrified Porcelain\n•Twice-Fired Process\n•High Temperature Firing\n•Conforms to BS4034 Vitrified Hotelware\n•Organic Edges\n•Polished Foot\n•Durable Matt White Glaze\n•Reactive Pearlescent Glaze Centre","The Incise Porcelain Lustre collection features an elegant series of gourmet dishes, finished with a refined textured matt white glaze for added sophistication. The centre of each plate showcases a stunning reactive pearlescent glaze, creating a captivating focal point. Perfect for upscale settings, this range blends striking aesthetics with practical design, allowing chefs to create visually stunning and memorable presentations for any occasion.\n•Durable Fully Vitrified Porcelain: High-temperature firing creates a robust and long-lasting product, ideal for professional use\n•Twice-Fired Process: Enhances strength, durability, and the unique glaze finish, ensuring each piece performs in demanding environments\n•Conforms to Industry Standards: Meets BS4034 standards for vitrified hotelware, ensuring exceptional durability and quality in demanding environments\n•Organic Edges: Each piece features gracefully undulating edges, adding a natural, fluid aesthetic that enhances the presentation with a touch of artisanal elegance\n•Polished Foot: Minimises damage when stacked and stored, helping to maintain the integrity of each piece over time\n•Unique Artisanal Finish: The natural kiln effects and spontaneous glaze reactions ensure every piece is truly one of a kind\n•Textured Matt White Glaze: The matt white glaze adds a touch of understated elegance and sophistication to every piece\n•Reactive Pearlescent Centre: Each piece features a captivating pearlescent glaze at the centre, creating a stunning focal point that enhances food presentation\n•Perfect for Upscale Settings: Designed to complement fine dining establishments and high-end hospitality venues","Each",null,"20.2","20.2","7.5","0.00306",{"v":0.63,"d":"0.630"},"05020403720591",6,"22","20","22","0.00968","3.78",{"v":4.5,"d":"4.500"},"05020403720607",12,"42","23","24","0.02318","7.56",{"v":9,"d":"9.000"},null,360,"https://files.plytix.com/api/v1.1/file/public_files/pim/assets/8a/8d/8f/62/628f8d8abb3a1aaaf0e8f149/images/b3/14/91/67/679114b326b9c8be7b87a6d5/TH_BW-PLS20.jpg","https://files.plytix.com/api/v1.1/file/public_files/pim/assets/8a/8d/8f/62/628f8d8abb3a1aaaf0e8f149/images/6c/f7/90/67/6790f76c26b9c8be7b879fa2/BW-PLS20.jpg",null,"https://www.nevilleuk.com/products/BW-PLS20_",null,"BW-PLC20|BW-PLS15"]
["BW-PLS15","Incise Porcelain Lustre Round Bowl 15.5cm","15.3 x 6.3 (Dia x H) - 53cl/18.7oz",13.62,6,"Incise Porcelain>Incise Porcelain Lustre",{"$nulls":3},153,153,63,{"v":0.32,"d":"0.320"},{"v":0.32,"d":"0.320"},{"v":53,"d":"53.00"},"18.7","Porcelain","6911100090","China",null,null,"Yes","Yes","Yes","Yes",{"$nulls":6},"\n•Durable Fully Vitrified Porcelain\n•Twice-Fired Process\n•High Temperature Firing\n•Conforms to BS4034 Vitrified Hotelware\n•Organic Edges\n•Polished Foot\n•Durable Matt White Glaze\n•Reactive Pearlescent Glaze Centre","The Incise Porcelain Lustre collection features an elegant series of gourmet dishes, finished with a refined textured matt white glaze for added sophistication. The centre of each plate showcases a stunning reactive pearlescent glaze, creating a captivating focal point. Perfect for upscale settings, this range blends striking aesthetics with practical design, allowing chefs to create visually stunning and memorable presentations for any occasion.\n•Durable Fully Vitrified Porcelain: High-temperature firing creates a robust and long-lasting product, ideal for professional use\n•Twice-Fired Process: Enhances strength, durability, and the unique glaze finish, ensuring each piece performs in demanding environments\n•Conforms to Industry Standards: Meets BS4034 standards for vitrified hotelware, ensuring exceptional durability and quality in demanding environments\n•Organic Edges: Each piece features gracefully undulating edges, adding a natural, fluid aesthetic that enhances the presentation with a touch of artisanal elegance\n•Polished Foot: Minimises damage when stacked and stored, helping to maintain the integrity of each piece over time\n•Unique Artisanal Finish: The natural kiln effects and spontaneous glaze reactions ensure every piece is truly one of a kind\n•Textured Matt White Glaze: The matt white glaze adds a touch of understated elegance and sophistication to every piece\n•Reactive Pearlescent Centre: Each piece features a captivating pearlescent glaze at the centre, creating a stunning focal point that enhances food presentation\n•Perfect for Upscale Settings: Designed to complement fine dining establishments and high-end hospitality venues","Each",null,"15.3","15.3","6.3","0.00147",{"v":0.32,"d":"0.320"},"05020403720560",6,"18","16","17","0.00490","1.92",2.333,"05020403720577",36,"51","19","36","0.03488","11.52",{"v":14,"d":"14.000"},null,1008,"https://files.plytix.com/api/v1.1/file/public_files/pim/assets/8a/8d/8f/62/628f8d8abb3a1aaaf0e8f149/images/b3/14/91/67/679114b3cad52e3172812dbe/TH_BW-PLS15.jpg","https://files.plytix.com/api/v1.1/file/public_files/pim/assets/8a/8d/8f/62/628f8d8abb3a1aaaf0e8f149/images/6b/f7/90/67/6790f76bcad52e31728124ae/BW-PLS15.jpg","https://files.plytix.com/api/v1.1/file/public_files/pim/assets/8a/8d/8f/62/628f8d8abb3a1aaaf0e8f149/images/a5/d1/a1/67/67a1d1a520b2e4642d1ce9a1/LFST0325298.jpg|https://files.plytix.com/api/v1.1/file/public_files/pim/assets/8a/8d/8f/62/628f8d8abb3a1aaaf0e8f149/images/93/d1/a1/67/67a1d193678af07d2988c393/LFST0325304.jpg|https://files.plytix.com/api/v1.1/file/public_files/pim/assets/8a/8d/8f/62/628f8d8abb3a1aaaf0e8f149/images/91/d1/a1/67/67a1d191678af07d2988c392/LFST0325305.jpg","https://www.nevilleuk.com/products/BW-PLS15_",null,"BW-PLC15|BW-PLS20"]
["WDP-PLS30","Incise Porcelain Lustre Deep Winged Plate 30cm","30 x 4.5cm (Dia x H)",31.36,6,"Incise Porcelain>Incise Porcelain Lustre",{"$nulls":3},300,300,45,{"v":1.14,"d":"1.140"},{"v":1.14,"d":"1.140"},null,null,"Porcelain","6911100090","China",null,null,"Yes","Yes","Yes","Yes",{"$nulls":6},"\n•Durable Fully Vitrified Porcelain\n•Twice-Fired Process\n•High Temperature Firing\n•Conforms to BS4034 Vitrified Hotelware\n•Organic Edges\n•Polished Foot\n•Durable Matt White Glaze\n•Reactive Pearlescent Glaze Centre","The Incise Porcelain Lustre collection features an elegant series of gourmet dishes, finished with a refined textured matt white glaze for added sophistication. The centre of each plate showcases a stunning reactive pearlescent glaze, creating a captivating focal point. Perfect for upscale settings, this range blends striking aesthetics with practical design, allowing chefs to create visually stunning and memorable presentations for any occasion.\n•Durable Fully Vitrified Porcelain: High-temperature firing creates a robust and long-lasting product, ideal for professional use\n•Twice-Fired Process: Enhances strength, durability, and the unique glaze finish, ensuring each piece performs in demanding environments\n•Conforms to Industry Standards: Meets BS4034 standards for vitrified hotelware, ensuring exceptional durability and quality in demanding environments\n•Organic Edges: Each piece features gracefully undulating edges, adding a natural, fluid aesthetic that enhances the presentation with a touch of artisanal elegance\n•Polished Foot: Minimises damage when stacked and stored, helping to maintain the integrity of each piece over time\n•Unique Artisanal Finish: The natural kiln effects and spontaneous glaze reactions ensure every piece is truly one of a kind\n•Textured Matt White Glaze: The matt white glaze adds a touch of understated elegance and sophistication to every piece\n•Reactive Pearlescent Centre: Each piece features a captivating pearlescent glaze at the centre, creating a stunning focal point that enhances food presentation\n•Perfect for Upscale Settings: Designed to complement fine dining establishments and high-end hospitality venues","Each",null,"30","30","4.5","0.00405",{"v":1.14,"d":"1.140"},"05020403720539",6,"32","14","32","0.01434","6.84",{"v":8,"d":"8.000"},"05020403720546",12,"33","29","34","0.03254","13.68",{"v":16,"d":"16.000"},null,192,"https://files.plytix.com/api/v1.1/file/public_files/pim/assets/8a/8d/8f/62/628f8d8abb3a1aaaf0e8f149/images/e0/14/91/67/679114e0650bff6333cfd9a1/TH_WDP-PLS30.jpg","https://files.plytix.com/api/v1.1/file/public_files/pim/assets/8a/8d/8f/62/628f8d8abb3a1aaaf0e8f149/images/3e/f9/90/67/6790f93e650bff6333cfd143/WDP-PLS30_A.jpg|https://files.plytix.com/api/v1.1/file/public_files/pim/assets/8a/8d/8f/62/628f8d8abb3a1aaaf0e8f149/images/3f/f9/90/67/6790f93f26b9c8be7b87a034/WDP-PLS30_B.jpg|https://files.plytix.com/api/v1.1/file/public_files/pim/assets/8a/8d/8f/62/628f8d8abb3a1aaaf0e8f149/images/41/f9/90/67/6790f941cad52e3172812514/WDP-PLS30_C.jpg|https://files.plytix.com/api/v1.1/file/public_files/pim/assets/8a/8d/8f/62/628f8d8abb3a1aaaf0e8f149/images/01/05/91/67/679105015102799cd828015d/WDP-PLS30.jpg","https://files.plytix.com/api/v1.1/file/public_files/pim/assets/8a/8d/8f/62/628f8d8abb3a1aaaf0e8f149/images/a5/d1/a1/67/67a1d1a520b2e4642d1ce9a1/LFST0325298.jpg|https://files.plytix.com/api/v1.1/file/public_files/pim/assets/8a/8d/8f/62/628f8d8abb3a1aaaf0e8f149/images/8a/d1/a1/67/67a1d18a20b2e4642d1ce997/LFST0325308.jpg|https://files.plytix.com/api/v1.1/file/public_files/pim/assets/8a/8d/8f/62/628f8d8abb3a1aaaf0e8f149/images/80/d1/a1/67/67a1d180783f894c4a8d4d4b/LFST0325311.jpg","https://www.nevilleuk.com/products/WDP-PLS30_",null,"WDP-PLC30|WDP-PLS26"]
["WDP-PLS26","Incise Porcelain Lustre Deep Winged Plate 26cm","26.2 x 4cm (Dia x H)",27.16,6,"Incise Porcelain>Incise Porcelain Lustre",{"$nulls":3},265,265,40,{"v":0.79,"d":"0.790"},{"v":0.79,"d":"0.790"},null,null,"Porcelain","6911100090","China",null,null,"Yes","Yes","Yes","Yes",{"$nulls":6},"\n•Durable Fully Vitrified Porcelain\n•Twice-Fired Process\n•High Temperature Firing\n•Conforms to BS4034 Vitrified Hotelware\n•Organic Edges\n•Polished Foot\n•Durable Matt White Glaze\n•Reactive Pearlescent Glaze Centre","The Incise Porcelain Lustre collection features an elegant series of gourmet dishes, finished with a refined textured matt white glaze for added sophistication. The centre of each plate showcases a stunning reactive pearlescent glaze, creating a captivating focal point. Perfect for upscale settings, this range blends striking aesthetics with practical design, allowing chefs to create visually stunning and memorable presentations for any occasion.\n•Durable Fully Vitrified Porcelain: High-temperature firing creates a robust and long-lasting product, ideal for professional use\n•Twice-Fired Process: Enhances strength, durability, and the unique glaze finish, ensuring each piece performs in demanding environments\n•Conforms to Industry Standards: Meets BS4034 standards for vitrified hotelware, ensuring exceptional durability and quality in demanding environments\n•Organic Edges: Each piece features gracefully undulating edges, adding a natural, fluid aesthetic that enhances the presentation with a touch of artisanal elegance\n•Polished Foot: Minimises damage when stacked and stored, helping to maintain the integrity of each piece over time\n•Unique Artisanal Finish: The natural kiln effects and spontaneous glaze reactions ensure every piece is truly one of a kind\n•Textured Matt White Glaze: The matt white glaze adds a touch of understated elegance and sophistication to every piece\n•Reactive Pearlescent Centre: Each piece features a captivating pearlescent glaze at the centre, creating a stunning focal point that enhances food presentation\n•Perfect for Upscale Settings: Designed to complement fine dining establishments and high-end hospitality venues","Each",null,"26.5","26.5","4","0.00281",{"v":0.79,"d":"0.790"},"05020403720508",6,"28","14","28","0.01098","4.74",{"v":6,"d":"6.000"},"05020403720515",12,"29","29","30","0.02523","9.48",{"v":12,"d":"12.000"},null,360,"https://files.plytix.com/api/v1.1/file/public_files/pim/assets/8a/8d/8f/62/628f8d8abb3a1aaaf0e8f149/images/e0/14/91/67/679114e0f33788d49018edb0/TH_WDP-PLS26.jpg","https://files.plytix.com/api/v1.1/file/public_files/pim/assets/8a/8d/8f/62/628f8d8abb3a1aaaf0e8f149/images/3a/f9/90/67/6790f93a26b9c8be7b87a02d/WDP-PLS26_A.jpg|https://files.plytix.com/api/v1.1/file/public_files/pim/assets/8a/8d/8f/62/628f8d8abb3a1aaaf0e8f149/images/3b/f9/90/67/6790f93ba850eb23df8570f7/WDP-PLS26_B.jpg|https://files.plytix.com/api/v1.1/file/public_files/pim/assets/8a/8d/8f/62/628f8d8abb3a1aaaf0e8f149/images/3d/f9/90/67/6790f93da850eb23df8570f8/WDP-PLS26_C.jpg|https://files.plytix.com/api/v1.1/file/public_files/pim/assets/8a/8d/8f/62/628f8d8abb3a1aaaf0e8f149/images/01/05/91/67/67910501f33788d49018e9fc/WDP-PLS26.jpg","https://files.plytix.com/api/v1.1/file/public_files/pim/assets/8a/8d/8f/62/628f8d8abb3a1aaaf0e8f149/images/a5/d1/a1/67/67a1d1a520b2e4642d1ce9a1/LFST0325298.jpg|https://files.plytix.com/api/v1.1/file/public_files/pim/assets/8a/8d/8f/62/628f8d8abb3a1aaaf0e8f149/images/86/d1/a1/67/67a1d1863446055658f0624d/LFST0325309.jpg|https://files.plytix.com/api/v1.1/file/public_files/pim/assets/8a/8d/8f/62/628f8d8abb3a1aaaf0e8f149/images/82/d1/a1/67/67a1d182783f894c4a8d4d4c/LFST0325310.jpg","https://www.nevilleuk.com/products/WDP-PLS26_",null,"WDP-PLC26|WDP-PLS30"]
["WP-PLS31","Incise Porcelain Lustre Winged Plate 31cm","31 x 3.5cm (Dia x H)",{"v":29.1,"d":"29.10"},6,"Incise Porcelain>Incise Porcelain Lustre",{"$nulls":3},310,310,35,{"v":1.09,"d":"1.090"},{"v":1.09,"d":"1.090"},null,null,"Porcelain","6911100090","China",null,null,"Yes","Yes","Yes","Yes",{"$nulls":6},"\n•Durable Fully Vitrified Porcelain\n•Twice-Fired Process\n•High Temperature Firing\n•Conforms to BS4034 Vitrified Hotelware\n•Organic Edges\n•Polished Foot\n•Durable Matt White Glaze\n•Reactive Pearlescent Glaze Centre","The Incise Porcelain Lustre collection features an elegant series of gourmet dishes, finished with a refined textured matt white glaze for added sophistication. The centre of each plate showcases a stunning reactive pearlescent glaze, creating a captivating focal point. Perfect for upscale settings, this range blends striking aesthetics with practical design, allowing chefs to create visually stunning and memorable presentations for any occasion.\n•Durable Fully Vitrified Porcelain: High-temperature firing creates a robust and long-lasting product, ideal for professional use\n•Twice-Fired Process: Enhances strength, durability, and the unique glaze finish, ensuring each piece performs in demanding environments\n•Conforms to Industry Standards: Meets BS4034 standards for vitrified hotelware, ensuring exceptional durability and quality in demanding environments\n•Organic Edges: Each piece features gracefully undulating edges, adding a natural, fluid aesthetic that enhances the presentation with a touch of artisanal elegance\n•Polished Foot: Minimises damage when stacked and stored, helping to maintain the integrity of each piece over time\n•Unique Artisanal Finish: The natural kiln effects and spontaneous glaze reactions ensure every piece is truly one of a kind\n•Textured Matt White Glaze: The matt white glaze adds a touch of understated elegance and sophistication to every piece\n•Reactive Pearlescent Centre: Each piece features a captivating pearlescent glaze at the centre, creating a stunning focal point that enhances food presentation\n•Perfect for Upscale Settings: Designed to complement fine dining establishments and high-end hospitality venues","Each",null,"31","31","3.5","0.00336",{"v":1.09,"d":"1.090"},"05020403720478",6,"33","13","33","0.01416","6.54",{"v":7.5,"d":"7.500"},"05020403720485",12,"34","28","34","0.03237","13.08",{"v":15,"d":"15.000"},null,480,"https://files.plytix.com/api/v1.1/file/public_files/pim/assets/8a/8d/8f/62/628f8d8abb3a1aaaf0e8f149/images/e3/14/91/67/679114e3f33788d49018edb6/TH_WP-PLS31.jpg","https://files.plytix.com/api/v1.1/file/public_files/pim/assets/8a/8d/8f/62/628f8d8abb3a1aaaf0e8f149/images/62/f9/90/67/6790f96226b9c8be7b87a043/WP-PLS31_A.jpg|https://files.plytix.com/api/v1.1/file/public_files/pim/assets/8a/8d/8f/62/628f8d8abb3a1aaaf0e8f149/images/63/f9/90/67/6790f963a850eb23df857103/WP-PLS31_B.jpg|https://files.plytix.com/api/v1.1/file/public_files/pim/assets/8a/8d/8f/62/628f8d8abb3a1aaaf0e8f149/images/47/05/91/67/679105475102799cd828016e/WP-PLS31.jpg","https://files.plytix.com/api/v1.1/file/public_files/pim/assets/8a/8d/8f/62/628f8d8abb3a1aaaf0e8f149/images/a5/d1/a1/67/67a1d1a520b2e4642d1ce9a1/LFST0325298.jpg|https://files.plytix.com/api/v1.1/file/public_files/pim/assets/8a/8d/8f/62/628f8d8abb3a1aaaf0e8f149/images/76/d1/a1/67/67a1d1768c28d3ee51cd54db/LFST0325315.jpg|https://files.plytix.com/api/v1.1/file/public_files/pim/assets/8a/8d/8f/62/628f8d8abb3a1aaaf0e8f149/images/72/d1/a1/67/67a1d172678af07d2988c391/LFST0325317.jpg","https://www.nevilleuk.com/products/WP-PLS31_",null,"WP-PLC31|WP-PLS28"]
["WP-PLS28","Incise Porcelain Lustre Winged Plate 28.5cm","28.5 x 3cm (Dia x H)",{"v":24,"d":"24.00"},6,"Incise Porcelain>Incise Porcelain Lustre",{"$nulls":3},287,287,30,{"v":0.92,"d":"0.920"},{"v":0.92,"d":"0.920"},null,null,"Porcelain","6911100090","China",null,null,"Yes","Yes","Yes","Yes",{"$nulls":6},"\n•Durable Fully Vitrified Porcelain\n•Twice-Fired Process\n•High Temperature Firing\n•Conforms to BS4034 Vitrified Hotelware\n•Organic Edges\n•Polished Foot\n•Durable Matt White Glaze\n•Reactive Pearlescent Glaze Centre","The Incise Porcelain Lustre collection features an elegant series of gourmet dishes, finished with a refined textured matt white glaze for added sophistication. The centre of each plate showcases a stunning reactive pearlescent glaze, creating a captivating focal point. Perfect for upscale settings, this range blends striking aesthetics with practical design, allowing chefs to create visually stunning and memorable presentations for any occasion.\n•Durable Fully Vitrified Porcelain: High-temperature firing creates a robust and long-lasting product, ideal for professional use\n•Twice-Fired Process: Enhances strength, durability, and the unique glaze finish, ensuring each piece performs in demanding environments\n•Conforms to Industry Standards: Meets BS4034 standards for vitrified hotelware, ensuring exceptional durability and quality in demanding environments\n•Organic Edges: Each piece features gracefully undulating edges, adding a natural, fluid aesthetic that enhances the presentation with a touch of artisanal elegance\n•Polished Foot: Minimises damage when stacked and stored, helping to maintain the integrity of each piece over time\n•Unique Artisanal Finish: The natural kiln effects and spontaneous glaze reactions ensure every piece is truly one of a kind\n•Textured Matt White Glaze: The matt white glaze adds a touch of understated elegance and sophistication to every piece\n•Reactive Pearlescent Centre: Each piece features a captivating pearlescent glaze at the centre, creating a stunning focal point that enhances food presentation\n•Perfect for Upscale Settings: Designed to complement fine dining establishments and high-end hospitality venues","Each",null,"28.7","28.7","3","0.00247",{"v":0.92,"d":"0.920"},"05020403720447",6,"30","12","31","0.01116","5.52",{"v":6.5,"d":"6.500"},"05020403720454",12,"32","25","32","0.02560","11.04",{"v":13,"d":"13.000"},null,288,"https://files.plytix.com/api/v1.1/file/public_files/pim/assets/8a/8d/8f/62/628f8d8abb3a1aaaf0e8f149/images/e3/14/91/67/679114e3cad52e3172812e18/TH_WP-PLS28.jpg","https://files.plytix.com/api/v1.1/file/public_files/pim/assets/8a/8d/8f/62/628f8d8abb3a1aaaf0e8f149/images/61/f9/90/67/6790f96126b9c8be7b87a042/WP-PLS28_B.jpg|https://files.plytix.com/api/v1.1/file/public_files/pim/assets/8a/8d/8f/62/628f8d8abb3a1aaaf0e8f149/images/61/f9/90/67/6790f961a850eb23df857102/WP-PLS28_A.jpg|https://files.plytix.com/api/v1.1/file/public_files/pim/assets/8a/8d/8f/62/628f8d8abb3a1aaaf0e8f149/images/46/05/91/67/67910546a850eb23df857610/WP-PLS28.jpg","https://files.plytix.com/api/v1.1/file/public_files/pim/assets/8a/8d/8f/62/628f8d8abb3a1aaaf0e8f149/images/a5/d1/a1/67/67a1d1a520b2e4642d1ce9a1/LFST0325298.jpg|https://files.plytix.com/api/v1.1/file/public_files/pim/assets/8a/8d/8f/62/628f8d8abb3a1aaaf0e8f149/images/65/d1/a1/67/67a1d1658c28d3ee51cd54d5/LFST0325322.jpg|https://files.plytix.com/api/v1.1/file/public_files/pim/assets/8a/8d/8f/62/628f8d8abb3a1aaaf0e8f149/images/63/d1/a1/67/67a1d1633446055658f06242/LFST0325323.jpg","https://www.nevilleuk.com/products/WP-PLS28_",null,"WP-PLC28|WP-PLS23|WP-PLS31"]
["WP-PLS23","Incise Porcelain Lustre Winged Plate 23cm","22.8 x 2.7cm (Dia x H)",18.34,6,"Incise Porcelain>Incise Porcelain Lustre",{"$nulls":3},230,230,27,{"v":0.53,"d":"0.530"},{"v":0.53,"d":"0.530"},null,null,"Porcelain","6911100090","China",null,null,"Yes","Yes","Yes","Yes",{"$nulls":6},"\n•Durable Fully Vitrified Porcelain\n•Twice-Fired Process\n•High Temperature Firing\n•Conforms to BS4034 Vitrified Hotelware\n•Organic Edges\n•Polished Foot\n•Durable Matt White Glaze\n•Reactive Pearlescent Glaze Centre","The Incise Porcelain Lustre collection features an elegant series of gourmet dishes, finished with a refined textured matt white glaze for added sophistication. The centre of each plate showcases a stunning reactive pearlescent glaze, creating a captivating focal point. Perfect for upscale settings, this range blends striking aesthetics with practical design, allowing chefs to create visually stunning and memorable presentations for any occasion.\n•Durable Fully Vitrified Porcelain: High-temperature firing creates a robust and long-lasting product, ideal for professional use\n•Twice-Fired Process: Enhances strength, durability, and the unique glaze finish, ensuring each piece performs in demanding environments\n•Conforms to Industry Standards: Meets BS4034 standards for vitrified hotelware, ensuring exceptional durability and quality in demanding environments\n•Organic Edges: Each piece features gracefully undulating edges, adding a natural, fluid aesthetic that enhances the presentation with a touch of artisanal elegance\n•Polished Foot: Minimises damage when stacked and stored, helping to maintain the integrity of each piece over time\n•Unique Artisanal Finish: The natural kiln effects and spontaneous glaze reactions ensure every piece is truly one of a kind\n•Textured Matt White Glaze: The matt white glaze adds a touch of understated elegance and sophistication to every piece\n•Reactive Pearlescent Centre: Each piece features a captivating pearlescent glaze at the centre, creating a stunning focal point that enhances food presentation\n•Perfect for Upscale Settings: Designed to complement fine dining establishments and high-end hospitality venues","Each",null,"23","23","2.7","0.00143",{"v":0.53,"d":"0.530"},"05020403720416",6,"25","11","25","0.00688","3.18",{"v":3.75,"d":"3.750"},"05020403720423",24,"34","28","34","0.03237","12.72",{"v":15,"d":"15.000"},null,840,"https://files.plytix.com/api/v1.1/file/public_files/pim/assets/8a/8d/8f/62/628f8d8abb3a1aaaf0e8f149/images/e3/14/91/67/679114e3650bff6333cfd9a7/TH_WP-PLS23.jpg","https://files.plytix.com/api/v1.1/file/public_files/pim/assets/8a/8d/8f/62/628f8d8abb3a1aaaf0e8f149/images/60/f9/90/67/6790f96026b9c8be7b87a041/WP-PLS23_B.jpg|https://files.plytix.com/api/v1.1/file/public_files/pim/assets/8a/8d/8f/62/628f8d8abb3a1aaaf0e8f149/images/60/f9/90/67/6790f960cad52e317281251a/WP-PLS23_A.jpg|https://files.plytix.com/api/v1.1/file/public_files/pim/assets/8a/8d/8f/62/628f8d8abb3a1aaaf0e8f149/images/39/05/91/67/6791053926b9c8be7b87a385/WP-PLS23.jpg","https://files.plytix.com/api/v1.1/file/public_files/pim/assets/8a/8d/8f/62/628f8d8abb3a1aaaf0e8f149/images/a5/d1/a1/67/67a1d1a520b2e4642d1ce9a1/LFST0325298.jpg|https://files.plytix.com/api/v1.1/file/public_files/pim/assets/8a/8d/8f/62/628f8d8abb3a1aaaf0e8f149/images/6f/d1/a1/67/67a1d16f8c28d3ee51cd54da/LFST0325318.jpg|https://files.plytix.com/api/v1.1/file/public_files/pim/assets/8a/8d/8f/62/628f8d8abb3a1aaaf0e8f149/images/6c/d1/a1/67/67a1d16c3446055658f06246/LFST0325319.jpg","https://www.nevilleuk.com/products/WP-PLS23_",null,"WP-PLC23|WP-PLS28"]
["WVT-B5540L","GenWare Light Wood Veneer Butlers Tray 55 x 40cm","55 x 40 x 6cm (L x W x H)",48.08,1,"Trays>Butler Trays",{"$nulls":3},550,400,60,{"v":1.3,"d":"1.300"},{"v":1.3,"d":"1.300"},null,null,"Ash Wood","4419900000","China",null,null,"No","N/A","N/A","N/A",{"$nulls":6},"\n•﻿Wood Veneer\n•Scandi-Chic Design\n•Durable And Lightweight\n•Versatile Functionality\n•Easy Maintenance","Bring the effortless elegance of Scandinavian design to your hospitality offering with our wood veneer butler trays, combining practicality with a sleek, modern look that leaves a lasting impression on your guests.Our butler trays are expertly designed to combine timeless elegance with a touch of Scandi-inspired minimalism, perfect for modern and upscale venues.\n•Scandi-Chic Design: Featuring clean lines and a natural wood veneer finish, these trays bring a sophisticated yet understated Nordic aesthetic to any setting, seamlessly blending with contemporary interiors\n•Durable and Lightweight: Built to withstand the demands of hospitality service, they are robust yet easy for staff to handle, ensuring smooth and efficient operation\n•Versatile Functionality: Ideal for serving drinks, meals, or adding a refined touch to room service, these trays are as versatile as they are stylish\n•Easy Maintenance:Easy to clean and maintain, perfect for busy hospitality environments","Each","5020403016854","55","40","6","0.01320",{"v":1.3,"d":"1.300"},"05020403016861",4,"56.5","41","25.8","0.05977","5.2",{"v":7,"d":"7.000"},"05020403016878",8,"58.5","43","54.6","0.13735","10.4",{"v":14,"d":"14.000"},null,32,"https://files.plytix.com/api/v1.1/file/public_files/pim/assets/8a/8d/8f/62/628f8d8abb3a1aaaf0e8f149/images/e5/14/91/67/679114e5f33788d49018edbd/TH_WVT-B5540L.jpg","https://files.plytix.com/api/v1.1/file/public_files/pim/assets/8a/8d/8f/62/628f8d8abb3a1aaaf0e8f149/images/88/f9/90/67/6790f988a850eb23df857114/WVT-B5540L.jpg|https://files.plytix.com/api/v1.1/file/public_files/pim/assets/8a/8d/8f/62/628f8d8abb3a1aaaf0e8f149/images/8a/f9/90/67/6790f98a26b9c8be7b87a04c/WVT-B5540L_A.jpg","https://files.plytix.com/api/v1.1/file/public_files/pim/assets/8a/8d/8f/62/628f8d8abb3a1aaaf0e8f149/images/4e/90/a2/67/67a2904e8f6925eea43a629f/LFST0325359.jpg","https://www.nevilleuk.com/products/WVT-B5540L_",null,"WVT-B5540BK|WVT-B5038L"]
["WVT-B5038L","GenWare Light Wood Veneer Butlers Tray 50 x 38cm","50 x 38 x 6cm (L x W x H)",39.72,1,"Trays>Butler Trays",{"$nulls":3},500,380,60,{"v":1.2,"d":"1.200"},{"v":1.2,"d":"1.200"},null,null,"Ash Wood","4419900000","China",null,null,"No","N/A","N/A","N/A",{"$nulls":6},"\n•﻿Wood Veneer\n•Scandi-Chic Design\n•Durable And Lightweight\n•Versatile Functionality\n•Easy Maintenance","Bring the effortless elegance of Scandinavian design to your hospitality offering with our wood veneer butler trays, combining practicality with a sleek, modern look that leaves a lasting impression on your guests.Our butler trays are expertly designed to combine timeless elegance with a touch of Scandi-inspired minimalism, perfect for modern and upscale venues.\n•Scandi-Chic Design: Featuring clean lines and a natural wood veneer finish, these trays bring a sophisticated yet understated Nordic aesthetic to any setting, seamlessly blending with contemporary interiors\n•Durable and Lightweight: Built to withstand the demands of hospitality service, they are robust yet easy for staff to handle, ensuring smooth and efficient operation\n•Versatile Functionality: Ideal for serving drinks, meals, or adding a refined touch to room service, these trays are as versatile as they are stylish\n•Easy Maintenance:Easy to clean and maintain, perfect for busy hospitality environments","Each","5020403016823","50","38","6","0.01140",{"v":1.2,"d":"1.200"},"05020403016830",4,"51.5","39","25.8","0.05182","4.8",{"v":6,"d":"6.000"},"05020403016847",12,"52","41","80.5","0.17163","14.4",{"v":18,"d":"18.000"},null,24,"https://files.plytix.com/api/v1.1/file/public_files/pim/assets/8a/8d/8f/62/628f8d8abb3a1aaaf0e8f149/images/e4/14/91/67/679114e426b9c8be7b87a704/TH_WVT-B5038L.jpg","https://files.plytix.com/api/v1.1/file/public_files/pim/assets/8a/8d/8f/62/628f8d8abb3a1aaaf0e8f149/images/7e/f9/90/67/6790f97ecad52e3172812526/WVT-B5038L.jpg|https://files.plytix.com/api/v1.1/file/public_files/pim/assets/8a/8d/8f/62/628f8d8abb3a1aaaf0e8f149/images/81/f9/90/67/6790f981a850eb23df857113/WVT-B5038L_A.jpg","https://files.plytix.com/api/v1.1/file/public_files/pim/assets/8a/8d/8f/62/628f8d8abb3a1aaaf0e8f149/images/4e/90/a2/67/67a2904e8f6925eea43a629f/LFST0325359.jpg","https://www.nevilleuk.com/products/WVT-B5038L_",null,"WVT-B5038BK|WVT-B4536L|WVT-B5540L"]
["WVT-B4536L","GenWare Light Wood Veneer Butlers Tray 45.5 x 36cm","45.5 x 36 x 6cm (L x W x H)",36.42,1,"Trays>Butler Trays",{"$nulls":3},455,360,60,{"v":1.01,"d":"1.010"},{"v":1.01,"d":"1.010"},null,null,"Ash Wood","4419900000","China",null,null,"No","N/A","N/A","N/A",{"$nulls":6},"\n•﻿Wood Veneer\n•Scandi-Chic Design\n•Durable And Lightweight\n•Versatile Functionality\n•Easy Maintenance","Bring the effortless elegance of Scandinavian design to your hospitality offering with our wood veneer butler trays, combining practicality with a sleek, modern look that leaves a lasting impression on your guests.Our butler trays are expertly designed to combine timeless elegance with a touch of Scandi-inspired minimalism, perfect for modern and upscale venues.\n•Scandi-Chic Design: Featuring clean lines and a natural wood veneer finish, these trays bring a sophisticated yet understated Nordic aesthetic to any setting, seamlessly blending with contemporary interiors\n•Durable and Lightweight: Built to withstand the demands of hospitality service, they are robust yet easy for staff to handle, ensuring smooth and efficient operation\n•Versatile Functionality: Ideal for serving drinks, meals, or adding a refined touch to room service, these trays are as versatile as they are stylish\n•Easy Maintenance:Easy to clean and maintain, perfect for busy hospitality environments","Each","5020403016793","45.5","36","6","0.00983",{"v":1.01,"d":"1.010"},"05020403016809",4,"46.5","37","25.8","0.04439","4.04",5.333,"05020403016816",12,"48.5","39","80.5","0.15227","12.12",{"v":16,"d":"16.000"},null,48,"https://files.plytix.com/api/v1.1/file/public_files/pim/assets/8a/8d/8f/62/628f8d8abb3a1aaaf0e8f149/images/e4/14/91/67/679114e4cad52e3172812e1b/TH_WVT-B4536L.jpg","https://files.plytix.com/api/v1.1/file/public_files/pim/assets/8a/8d/8f/62/628f8d8abb3a1aaaf0e8f149/images/76/f9/90/67/6790f976cad52e3172812520/WVT-B4536L.jpg|https://files.plytix.com/api/v1.1/file/public_files/pim/assets/8a/8d/8f/62/628f8d8abb3a1aaaf0e8f149/images/78/f9/90/67/6790f978650bff6333cfd14b/WVT-B4536L_A.jpg","https://files.plytix.com/api/v1.1/file/public_files/pim/assets/8a/8d/8f/62/628f8d8abb3a1aaaf0e8f149/images/4e/90/a2/67/67a2904e8f6925eea43a629f/LFST0325359.jpg","https://www.nevilleuk.com/products/WVT-B4536L_",null,"WVT-B4536BK|WVT-B3528L|WVT-B5038L"]
["WVT-B3528L","GenWare Light Wood Veneer Butlers Tray 35.5 x 28cm","35.5 x 28 x 4.5cm (L x W x H)",{"v":29.7,"d":"29.70"},1,"Trays>Butler Trays",{"$nulls":3},355,280,45,0.613,0.613,null,null,"Ash Wood","4419900000","China",null,null,"No","N/A","N/A","N/A",{"$nulls":6},"\n•﻿Wood Veneer\n•Scandi-Chic Design\n•Durable And Lightweight\n•Versatile Functionality\n•Easy Maintenance","Bring the effortless elegance of Scandinavian design to your hospitality offering with our wood veneer butler trays, combining practicality with a sleek, modern look that leaves a lasting impression on your guests.Our butler trays are expertly designed to combine timeless elegance with a touch of Scandi-inspired minimalism, perfect for modern and upscale venues.\n•Scandi-Chic Design: Featuring clean lines and a natural wood veneer finish, these trays bring a sophisticated yet understated Nordic aesthetic to any setting, seamlessly blending with contemporary interiors\n•Durable and Lightweight: Built to withstand the demands of hospitality service, they are robust yet easy for staff to handle, ensuring smooth and efficient operation\n•Versatile Functionality: Ideal for serving drinks, meals, or adding a refined touch to room service, these trays are as versatile as they are stylish\n•Easy Maintenance:Easy to clean and maintain, perfect for busy hospitality environments","Each","5020403016762","35.5","28","4.5","0.00447",0.613,"05020403016779",4,"37","29.3","19.5","0.02114","2.452",{"v":3,"d":"3.000"},"05020403016786",12,"39","31.5","61","0.07494","7.356",{"v":9,"d":"9.000"},null,144,"https://files.plytix.com/api/v1.1/file/public_files/pim/assets/8a/8d/8f/62/628f8d8abb3a1aaaf0e8f149/images/e4/14/91/67/679114e4f33788d49018edb9/TH_WVT-B3528L.jpg","https://files.plytix.com/api/v1.1/file/public_files/pim/assets/8a/8d/8f/62/628f8d8abb3a1aaaf0e8f149/images/6e/f9/90/67/6790f96ea850eb23df85710e/WVT-B3528L.jpg|https://files.plytix.com/api/v1.1/file/public_files/pim/assets/8a/8d/8f/62/628f8d8abb3a1aaaf0e8f149/images/70/f9/90/67/6790f970650bff6333cfd148/WVT-B3528L_A.jpg","https://files.plytix.com/api/v1.1/file/public_files/pim/assets/8a/8d/8f/62/628f8d8abb3a1aaaf0e8f149/images/4e/90/a2/67/67a2904e8f6925eea43a629f/LFST0325359.jpg","https://www.nevilleuk.com/products/WVT-B3528L_",null,"WVT-B3528BK|WVT-B4536L"]
["WVT-23L","GenWare Light Wood Veneer Tray 23 x 13.8cm","23 x 13.8 x 3cm (L x W x H)",15.56,1,"Table Service>Table Caddies",{"$nulls":3},230,138,30,0.209,0.209,null,null,"Ash Wood","4419900000","China",null,null,"No","N/A","N/A","N/A",{"$nulls":6},"\n•﻿Wood Veneer\n•Scandi-Inspired Design\n•Versatile Functionality\n•Durable And Lightweight\n•Easy Maintenance","Bring a touch of Nordic-inspired elegance to your restaurant with our wood veneer trays, designed for both functionality and style. Perfect for stowing condiments, serving coffee and cake, or adding a refined touch to your service, these trays are a must-have for any modern dining experience.\n•Scandi-Inspired Design: Featuring clean lines and a natural wood veneer finish, these trays capture the essence of minimalist Scandinavian design, offering a sleek and timeless aesthetic that complements contemporary restaurant interiors\n•Versatile Functionality: Ideal for organising condiments or serving drinks, coffee, and cake, these trays provide practical storage solutions while enhancing the visual appeal of your table presentations\n•Durable and Lightweight: Crafted from high-quality wood veneer, these trays are lightweight yet sturdy, making them easy to handle while ensuring long-lasting durability in a busy restaurant environment\n•Easy Maintenance:Easy to clean and maintain, perfect for busy hospitality environments","Each","5020403086468","23","13.8","3","0.00095",0.209,"05020403086475",6,"24.5","14.5","21","0.00746","1.254",{"v":1.5,"d":"1.500"},"05020403086482",48,"51","31","45","0.07115","10.032",{"v":12,"d":"12.000"},null,576,"https://files.plytix.com/api/v1.1/file/public_files/pim/assets/8a/8d/8f/62/628f8d8abb3a1aaaf0e8f149/images/e4/14/91/67/679114e4650bff6333cfd9a8/TH_WVT-23L.jpg","https://files.plytix.com/api/v1.1/file/public_files/pim/assets/8a/8d/8f/62/628f8d8abb3a1aaaf0e8f149/images/6a/f9/90/67/6790f96aa850eb23df85710c/WVT-23L.jpg","https://files.plytix.com/api/v1.1/file/public_files/pim/assets/8a/8d/8f/62/628f8d8abb3a1aaaf0e8f149/images/22/d3/a1/67/67a1d322783f894c4a8d4d7d/LFST0325145.jpg|https://files.plytix.com/api/v1.1/file/public_files/pim/assets/8a/8d/8f/62/628f8d8abb3a1aaaf0e8f149/images/ed/d2/a1/67/67a1d2ed8c28d3ee51cd552e/LFST0325165.jpg|https://files.plytix.com/api/v1.1/file/public_files/pim/assets/8a/8d/8f/62/628f8d8abb3a1aaaf0e8f149/images/d9/d2/a1/67/67a1d2d9678af07d2988c3c1/LFST0325173.jpg|https://files.plytix.com/api/v1.1/file/public_files/pim/assets/8a/8d/8f/62/628f8d8abb3a1aaaf0e8f149/images/4b/d2/a1/67/67a1d24b8c28d3ee51cd550a/LFST0325233.jpg","https://www.nevilleuk.com/products/WVT-23L_",null,"WVT-23BK"]
["WVCH-9L","GenWare Light Wood Veneer Cutlery Holder","9 x 9 x 11cm (L x W x H)",{"v":15.8,"d":"15.80"},1,"Table Service>Table Caddies",{"$nulls":3},90,90,110,0.139,0.139,null,null,"Ash Wood","4419900000","China",null,null,"No","N/A","N/A","N/A",{"$nulls":6},"\n•﻿Wood Veneer\n•Elegant Design\n•Practical Storage\n•Durable And Lightweight\n•Easy Maintenance","Designed for both style and functionality, these cutlery holders are perfect for upscale restaurants, hotels, or coffee shops, offering a sleek and efficient solution to keep your cutlery neatly organised.\n•Elegant Design: Crafted from high-quality wood veneer, these holders feature a clean, modern finish that complements a variety of table settings, from contemporary to classic\n•Practical Storage: These cutlery holders provide ample space for knives, forks, spoons, and napkins, ensuring easy access and a tidy table setting\n•Durable and Lightweight: The sturdy yet lightweight construction allows for easy handling and long-lasting use, making them ideal for hospitality venues\n•Easy Maintenance: The wood veneer surface is easy to wipe clean, ensuring that your cutlery holders stay looking fresh and beautiful over time","Each","5020403086437","9","9","11","0.00089",0.139,"05020403086444",6,"55","12","10","0.00660","0.834",1.167,"05020403086451",72,"57","42","39","0.09337","10.008",{"v":14,"d":"14.000"},null,864,"https://files.plytix.com/api/v1.1/file/public_files/pim/assets/8a/8d/8f/62/628f8d8abb3a1aaaf0e8f149/images/e3/14/91/67/679114e3f33788d49018edb7/TH_WVCH-9L.jpg","https://files.plytix.com/api/v1.1/file/public_files/pim/assets/8a/8d/8f/62/628f8d8abb3a1aaaf0e8f149/images/66/f9/90/67/6790f966cad52e317281251c/WVCH-9L.jpg","https://files.plytix.com/api/v1.1/file/public_files/pim/assets/8a/8d/8f/62/628f8d8abb3a1aaaf0e8f149/images/22/d3/a1/67/67a1d322783f894c4a8d4d7d/LFST0325145.jpg|https://files.plytix.com/api/v1.1/file/public_files/pim/assets/8a/8d/8f/62/628f8d8abb3a1aaaf0e8f149/images/ed/d2/a1/67/67a1d2ed8c28d3ee51cd552e/LFST0325165.jpg|https://files.plytix.com/api/v1.1/file/public_files/pim/assets/8a/8d/8f/62/628f8d8abb3a1aaaf0e8f149/images/46/d2/a1/67/67a1d24620b2e4642d1ce9b7/LFST0325235.jpg","https://www.nevilleuk.com/products/WVCH-9L_",null,"WVCH-9BK"]
["WVT-V35L","GenWare Oval Light Wood Veneer Tray 35 x 16.5cm","35 x 16.5 x 2.5cm (L x W x H)",18.96,1,"Table Service>Table Caddies",{"$nulls":3},396,165,25,{"v":0.32,"d":"0.320"},{"v":0.32,"d":"0.320"},null,null,"Ash Wood","4419900000","China",null,null,"No","N/A","N/A","N/A",{"$nulls":6},"\n•﻿Wood Veneer\n•Scandi-Inspired Design\n•Versatile Functionality\n•Durable And Lightweight\n•Easy Maintenance","Bring a touch of Nordic-inspired elegance to your restaurant with our wood veneer trays, designed for both functionality and style. Perfect for stowing condiments, serving coffee and cake, or adding a refined touch to your service, these trays are a must-have for any modern dining experience.\n•Scandi-Inspired Design: Featuring clean lines and a natural wood veneer finish, these trays capture the essence of minimalist Scandinavian design, offering a sleek and timeless aesthetic that complements contemporary restaurant interiors\n•Versatile Functionality: Ideal for organising condiments or serving drinks, coffee, and cake, these trays provide practical storage solutions while enhancing the visual appeal of your table presentations\n•Durable and Lightweight: Crafted from high-quality wood veneer, these trays are lightweight yet sturdy, making them easy to handle while ensuring long-lasting durability in a busy restaurant environment\n•Easy Maintenance:Easy to clean and maintain, perfect for busy hospitality environments","Each","5020403086406","39.55","16.5","2.5","0.00163",{"v":0.32,"d":"0.320"},"05020403086413",6,"36.8","18.3","16.5","0.01111","1.92",{"v":2.25,"d":"2.250"},"05020403086420",24,"39","37","36","0.05195","7.68",{"v":9,"d":"9.000"},null,576,"https://files.plytix.com/api/v1.1/file/public_files/pim/assets/8a/8d/8f/62/628f8d8abb3a1aaaf0e8f149/images/a9/14/91/67/679114a926b9c8be7b87a6cc/TH_WVT-V35L.jpg","https://files.plytix.com/api/v1.1/file/public_files/pim/assets/8a/8d/8f/62/628f8d8abb3a1aaaf0e8f149/images/93/f9/90/67/6790f993650bff6333cfd151/WVT-V35L.jpg","https://files.plytix.com/api/v1.1/file/public_files/pim/assets/8a/8d/8f/62/628f8d8abb3a1aaaf0e8f149/images/de/d2/a1/67/67a1d2de20b2e4642d1ce9d6/LFST0325171.jpg","https://www.nevilleuk.com/products/WVT-V35L_"]
["PR-PLC25","Incise Porcelain Lucine Presentation Plate 25cm","25 x 3.5cm (Dia x H)",22.88,6,"Incise Porcelain>Incise Porcelain Lucine",{"$nulls":3},250,250,35,{"v":1,"d":"1.000"},{"v":1,"d":"1.000"},null,null,"Porcelain","6911100090","China",null,null,"Yes","Yes","Yes","Yes",{"$nulls":6},"\n•Durable Fully Vitrified Porcelain\n•Twice-Fired Process\n•High Temperature Firing\n•Conforms to BS4034 Vitrified Hotelware\n•Organic Embossed Edges\n•Polished Foot\n•Durable Matt White Glaze\n•Reactive Pearlescent Glaze Centre\n•Stackable","The Incise Porcelain Lucine collection features an elegant series of gourmet dishes, finished with a refined textured matt white glaze and embossed design for added sophistication. The centre of each plate showcases a stunning reactive pearlescent glaze, creating a captivating focal point. Perfect for upscale settings, this range blends striking aesthetics with practical design, allowing chefs to create visually stunning and memorable presentations for any occasion.\n•Durable Fully Vitrified Porcelain: High-temperature firing creates a robust and long-lasting product, ideal for professional use\n•Twice-Fired Process: Enhances strength, durability, and the unique glaze finish, ensuring each piece performs in demanding environments\n•Conforms to Industry Standards: Meets BS4034 standards for vitrified hotelware, ensuring exceptional durability and quality in demanding environments\n•Organic Embossed Edges: Each piece features gracefully undulating embossed edges, adding a natural, textured aesthetic that enhances the presentation with a touch of artisanal elegance\n•Polished Foot: Minimises damage when stacked and stored, helping to maintain the integrity of each piece over time\n•Stackable:Optimises storage space, making it easy to stack securely without risking damage, perfect for busy kitchens\n•Unique Artisanal Finish: The natural kiln effects and spontaneous glaze reactions ensure every piece is truly one of a kind\n•Textured Matt White Glaze: The matt white glaze adds a touch of understated elegance and sophistication to every piece\n•Reactive Pearlescent Centre: Each piece features a captivating pearlescent glaze at the centre, creating a stunning focal point that enhances food presentation\n•Perfect for Upscale Settings: Designed to complement fine dining establishments and high-end hospitality venues","Each",null,"25","25","3.5","0.00219",{"v":1,"d":"1.000"},"05020403720386",6,"27","21","27","0.01531","6",{"v":7,"d":"7.000"},"05020403720393",12,"44","28","29","0.03573","12",{"v":14,"d":"14.000"},null,360,"https://files.plytix.com/api/v1.1/file/public_files/pim/assets/8a/8d/8f/62/628f8d8abb3a1aaaf0e8f149/images/c9/14/91/67/679114c9cad52e3172812de4/TH_PR-PLC25.jpg","https://files.plytix.com/api/v1.1/file/public_files/pim/assets/8a/8d/8f/62/628f8d8abb3a1aaaf0e8f149/images/2c/f8/90/67/6790f82ccad52e31728124d1/PR-PLC25_A.jpg|https://files.plytix.com/api/v1.1/file/public_files/pim/assets/8a/8d/8f/62/628f8d8abb3a1aaaf0e8f149/images/2d/f8/90/67/6790f82d5102799cd827fdc5/PR-PLC25_B.jpg|https://files.plytix.com/api/v1.1/file/public_files/pim/assets/8a/8d/8f/62/628f8d8abb3a1aaaf0e8f149/images/2d/f8/90/67/6790f82da850eb23df85707f/PR-PLC25_C.jpg|https://files.plytix.com/api/v1.1/file/public_files/pim/assets/8a/8d/8f/62/628f8d8abb3a1aaaf0e8f149/images/79/04/91/67/67910479a850eb23df8575ec/PR-PLC25.jpg","https://files.plytix.com/api/v1.1/file/public_files/pim/assets/8a/8d/8f/62/628f8d8abb3a1aaaf0e8f149/images/ef/d3/a1/67/67a1d3ef908f6049539c8a98/LFST0325066.jpg|https://files.plytix.com/api/v1.1/file/public_files/pim/assets/8a/8d/8f/62/628f8d8abb3a1aaaf0e8f149/images/d5/d3/a1/67/67a1d3d5678af07d2988c418/LFST0325078.jpg","https://www.nevilleuk.com/products/PR-PLC25_",null,"PR-PLC20|PR-PLS25"]
["PR-PLC20","Incise Porcelain Lucine Presentation Plate 20cm","20 x 3cm (Dia x H)",21.04,6,"Incise Porcelain>Incise Porcelain Lucine",{"$nulls":3},200,200,30,{"v":0.59,"d":"0.590"},{"v":0.59,"d":"0.590"},null,null,"Porcelain","6911100090","China",null,null,"Yes","Yes","Yes","Yes",{"$nulls":6},"\n•Durable Fully Vitrified Porcelain\n•Twice-Fired Process\n•High Temperature Firing\n•Conforms to BS4034 Vitrified Hotelware\n•Organic Embossed Edges\n•Polished Foot\n•Durable Matt White Glaze\n•Reactive Pearlescent Glaze Centre\n•Stackable","The Incise Porcelain Lucine collection features an elegant series of gourmet dishes, finished with a refined textured matt white glaze and embossed design for added sophistication. The centre of each plate showcases a stunning reactive pearlescent glaze, creating a captivating focal point. Perfect for upscale settings, this range blends striking aesthetics with practical design, allowing chefs to create visually stunning and memorable presentations for any occasion.\n•Durable Fully Vitrified Porcelain: High-temperature firing creates a robust and long-lasting product, ideal for professional use\n•Twice-Fired Process: Enhances strength, durability, and the unique glaze finish, ensuring each piece performs in demanding environments\n•Conforms to Industry Standards: Meets BS4034 standards for vitrified hotelware, ensuring exceptional durability and quality in demanding environments\n•Organic Embossed Edges: Each piece features gracefully undulating embossed edges, adding a natural, textured aesthetic that enhances the presentation with a touch of artisanal elegance\n•Polished Foot: Minimises damage when stacked and stored, helping to maintain the integrity of each piece over time\n•Stackable:Optimises storage space, making it easy to stack securely without risking damage, perfect for busy kitchens\n•Unique Artisanal Finish: The natural kiln effects and spontaneous glaze reactions ensure every piece is truly one of a kind\n•Textured Matt White Glaze: The matt white glaze adds a touch of understated elegance and sophistication to every piece\n•Reactive Pearlescent Centre: Each piece features a captivating pearlescent glaze at the centre, creating a stunning focal point that enhances food presentation\n•Perfect for Upscale Settings: Designed to complement fine dining establishments and high-end hospitality venues","Each",null,"20","20","3","0.00120",{"v":0.59,"d":"0.590"},"05020403720355",6,"22","19","22","0.00920","3.54",{"v":4,"d":"4.000"},"05020403720362",24,"45","40","23","0.04140","14.16",{"v":16,"d":"16.000"},null,576,"https://files.plytix.com/api/v1.1/file/public_files/pim/assets/8a/8d/8f/62/628f8d8abb3a1aaaf0e8f149/images/c9/14/91/67/679114c9650bff6333cfd983/TH_PR-PLC20.jpg","https://files.plytix.com/api/v1.1/file/public_files/pim/assets/8a/8d/8f/62/628f8d8abb3a1aaaf0e8f149/images/2b/f8/90/67/6790f82ba850eb23df85707d/PR-PLC20_B.jpg|https://files.plytix.com/api/v1.1/file/public_files/pim/assets/8a/8d/8f/62/628f8d8abb3a1aaaf0e8f149/images/2b/f8/90/67/6790f82bcad52e31728124cf/PR-PLC20_A.jpg|https://files.plytix.com/api/v1.1/file/public_files/pim/assets/8a/8d/8f/62/628f8d8abb3a1aaaf0e8f149/images/2c/f8/90/67/6790f82ccad52e31728124d0/PR-PLC20_C.jpg|https://files.plytix.com/api/v1.1/file/public_files/pim/assets/8a/8d/8f/62/628f8d8abb3a1aaaf0e8f149/images/7b/04/91/67/6791047ba850eb23df8575ed/PR-PLC20.jpg","https://files.plytix.com/api/v1.1/file/public_files/pim/assets/8a/8d/8f/62/628f8d8abb3a1aaaf0e8f149/images/ef/d3/a1/67/67a1d3ef908f6049539c8a98/LFST0325066.jpg|https://files.plytix.com/api/v1.1/file/public_files/pim/assets/8a/8d/8f/62/628f8d8abb3a1aaaf0e8f149/images/e6/d3/a1/67/67a1d3e6678af07d2988c41d/LFST0325070.jpg","https://www.nevilleuk.com/products/PR-PLC20_",null,"PR-PLC18|PR-PLC25|PR-PLS20"]
["PR-PLC18","Incise Porcelain Lucine Presentation Plate 18cm","17.5 x 2.7cm (Dia x H)",{"v":16,"d":"16.00"},6,"Incise Porcelain>Incise Porcelain Lucine",{"$nulls":3},175,175,27,{"v":0.45,"d":"0.450"},{"v":0.45,"d":"0.450"},null,null,"Porcelain","6911100090","China",null,null,"Yes","Yes","Yes","Yes",{"$nulls":6},"\n•Durable Fully Vitrified Porcelain\n•Twice-Fired Process\n•High Temperature Firing\n•Conforms to BS4034 Vitrified Hotelware\n•Organic Embossed Edges\n•Polished Foot\n•Durable Matt White Glaze\n•Reactive Pearlescent Glaze Centre\n•Stackable","The Incise Porcelain Lucine collection features an elegant series of gourmet dishes, finished with a refined textured matt white glaze and embossed design for added sophistication. The centre of each plate showcases a stunning reactive pearlescent glaze, creating a captivating focal point. Perfect for upscale settings, this range blends striking aesthetics with practical design, allowing chefs to create visually stunning and memorable presentations for any occasion.\n•Durable Fully Vitrified Porcelain: High-temperature firing creates a robust and long-lasting product, ideal for professional use\n•Twice-Fired Process: Enhances strength, durability, and the unique glaze finish, ensuring each piece performs in demanding environments\n•Conforms to Industry Standards: Meets BS4034 standards for vitrified hotelware, ensuring exceptional durability and quality in demanding environments\n•Organic Embossed Edges: Each piece features gracefully undulating embossed edges, adding a natural, textured aesthetic that enhances the presentation with a touch of artisanal elegance\n•Polished Foot: Minimises damage when stacked and stored, helping to maintain the integrity of each piece over time\n•Stackable:Optimises storage space, making it easy to stack securely without risking damage, perfect for busy kitchens\n•Unique Artisanal Finish: The natural kiln effects and spontaneous glaze reactions ensure every piece is truly one of a kind\n•Textured Matt White Glaze: The matt white glaze adds a touch of understated elegance and sophistication to every piece\n•Reactive Pearlescent Centre: Each piece features a captivating pearlescent glaze at the centre, creating a stunning focal point that enhances food presentation\n•Perfect for Upscale Settings: Designed to complement fine dining establishments and high-end hospitality venues","Each",null,"17.5","17.5","2.7","0.00083",{"v":0.45,"d":"0.450"},"05020403720324",6,"19","17","20","0.00646","2.7",{"v":3.25,"d":"3.250"},"05020403720331",24,"40","36","21","0.03024","10.8",{"v":13,"d":"13.000"},null,864,"https://files.plytix.com/api/v1.1/file/public_files/pim/assets/8a/8d/8f/62/628f8d8abb3a1aaaf0e8f149/images/c9/14/91/67/679114c9650bff6333cfd982/TH_PR-PLC18.jpg","https://files.plytix.com/api/v1.1/file/public_files/pim/assets/8a/8d/8f/62/628f8d8abb3a1aaaf0e8f149/images/29/f8/90/67/6790f829cad52e31728124ce/PR-PLC18_A.jpg|https://files.plytix.com/api/v1.1/file/public_files/pim/assets/8a/8d/8f/62/628f8d8abb3a1aaaf0e8f149/images/2a/f8/90/67/6790f82a5102799cd827fdc2/PR-PLC18_B.jpg|https://files.plytix.com/api/v1.1/file/public_files/pim/assets/8a/8d/8f/62/628f8d8abb3a1aaaf0e8f149/images/2a/f8/90/67/6790f82a5102799cd827fdc3/PR-PLC18_C.jpg|https://files.plytix.com/api/v1.1/file/public_files/pim/assets/8a/8d/8f/62/628f8d8abb3a1aaaf0e8f149/images/7a/04/91/67/6791047a5102799cd8280146/PR-PLC18.jpg",null,"https://www.nevilleuk.com/products/PR-PLC18_","PRS2-18|PRS3-18","PR-PLS18|PR-PLC20"]
["JUG-PLC10","Incise Porcelain Lucine Jug 10cl/ 3.5oz","7.5 x 6.6 x 5.4cm (L x W x H)",12.32,12,"Incise Porcelain>Incise Porcelain Lucine",{"$nulls":3},75,66,54,{"v":0.1,"d":"0.100"},{"v":0.1,"d":"0.100"},{"v":10,"d":"10.00"},"3.5","Porcelain","6911100090","China",null,null,"Yes","Yes","Yes","Yes",{"$nulls":6},"\n•Durable Fully Vitrified Porcelain\n•Twice-Fired Process\n•High Temperature Firing\n•Conforms to BS4034 Vitrified Hotelware\n•Organic Embossed Edges\n•Polished Foot\n•Durable Matt White Glaze\n•Reactive Pearlescent Glaze Centre","The Incise Porcelain Lucine collection features an elegant series of gourmet dishes, finished with a refined textured matt white glaze and embossed design for added sophistication. The centre of each plate showcases a stunning reactive pearlescent glaze, creating a captivating focal point. Perfect for upscale settings, this range blends striking aesthetics with practical design, allowing chefs to create visually stunning and memorable presentations for any occasion.\n•Durable Fully Vitrified Porcelain: High-temperature firing creates a robust and long-lasting product, ideal for professional use\n•Twice-Fired Process: Enhances strength, durability, and the unique glaze finish, ensuring each piece performs in demanding environments\n•Conforms to Industry Standards: Meets BS4034 standards for vitrified hotelware, ensuring exceptional durability and quality in demanding environments\n•Organic Embossed Edges: Each piece features gracefully undulating embossed edges, adding a natural, textured aesthetic that enhances the presentation with a touch of artisanal elegance\n•Polished Foot: Minimises damage when stacked and stored, helping to maintain the integrity of each piece over time\n•Unique Artisanal Finish: The natural kiln effects and spontaneous glaze reactions ensure every piece is truly one of a kind\n•Textured Matt White Glaze: The matt white glaze adds a touch of understated elegance and sophistication to every piece\n•Reactive Pearlescent Centre: Each piece features a captivating pearlescent glaze at the centre, creating a stunning focal point that enhances food presentation\n•Perfect for Upscale Settings: Designed to complement fine dining establishments and high-end hospitality venues","Each",null,"7.5","6.6","5.4","0.00027",{"v":0.1,"d":"0.100"},"05020403720294",12,"23","15","14","0.00483","1.2",{"v":1.75,"d":"1.750"},"05020403720300",96,"47","32","30","0.04512","9.6",{"v":14,"d":"14.000"},null,1536,"https://files.plytix.com/api/v1.1/file/public_files/pim/assets/8a/8d/8f/62/628f8d8abb3a1aaaf0e8f149/images/bf/14/91/67/679114bff33788d49018ed7f/TH_JUG-PLC10.jpg","https://files.plytix.com/api/v1.1/file/public_files/pim/assets/8a/8d/8f/62/628f8d8abb3a1aaaf0e8f149/images/b5/f7/90/67/6790f7b5a850eb23df857069/JUG-PLC10.jpg|https://files.plytix.com/api/v1.1/file/public_files/pim/assets/8a/8d/8f/62/628f8d8abb3a1aaaf0e8f149/images/b6/f7/90/67/6790f7b6f33788d49018e655/JUG-PLC10_A.jpg","https://files.plytix.com/api/v1.1/file/public_files/pim/assets/8a/8d/8f/62/628f8d8abb3a1aaaf0e8f149/images/ef/d3/a1/67/67a1d3ef908f6049539c8a98/LFST0325066.jpg|https://files.plytix.com/api/v1.1/file/public_files/pim/assets/8a/8d/8f/62/628f8d8abb3a1aaaf0e8f149/images/ea/d3/a1/67/67a1d3ea3446055658f06298/LFST0325068.jpg","https://www.nevilleuk.com/products/JUG-PLC10_",null,"JUG-PLS10|JUG-PPL9"]
["RAM-PLC3","Incise Porcelain Lucine Ramekin 10cl/ 3.5oz","8 x 4.5cm (Dia x H)",8.86,12,"Incise Porcelain>Incise Porcelain Lucine",{"$nulls":3},80,80,45,{"v":0.1,"d":"0.100"},{"v":0.1,"d":"0.100"},{"v":10,"d":"10.00"},"3.5","Porcelain","6911100090","China",null,null,"Yes","Yes","Yes","Yes",{"$nulls":6},"\n•Durable Fully Vitrified Porcelain\n•Twice-Fired Process\n•High Temperature Firing\n•Conforms to BS4034 Vitrified Hotelware\n•Organic Embossed Edges\n•Polished Foot\n•Durable Matt White Glaze\n•Reactive Pearlescent Glaze Centre","The Incise Porcelain Lucine collection features an elegant series of gourmet dishes, finished with a refined textured matt white glaze and embossed design for added sophistication. The centre of each plate showcases a stunning reactive pearlescent glaze, creating a captivating focal point. Perfect for upscale settings, this range blends striking aesthetics with practical design, allowing chefs to create visually stunning and memorable presentations for any occasion.\n•Durable Fully Vitrified Porcelain: High-temperature firing creates a robust and long-lasting product, ideal for professional use\n•Twice-Fired Process: Enhances strength, durability, and the unique glaze finish, ensuring each piece performs in demanding environments\n•Conforms to Industry Standards: Meets BS4034 standards for vitrified hotelware, ensuring exceptional durability and quality in demanding environments\n•Organic Embossed Edges: Each piece features gracefully undulating embossed edges, adding a natural, textured aesthetic that enhances the presentation with a touch of artisanal elegance\n•Polished Foot: Minimises damage when stacked and stored, helping to maintain the integrity of each piece over time\n•Unique Artisanal Finish: The natural kiln effects and spontaneous glaze reactions ensure every piece is truly one of a kind\n•Textured Matt White Glaze: The matt white glaze adds a touch of understated elegance and sophistication to every piece\n•Reactive Pearlescent Centre: Each piece features a captivating pearlescent glaze at the centre, creating a stunning focal point that enhances food presentation\n•Perfect for Upscale Settings: Designed to complement fine dining establishments and high-end hospitality venues","Each",null,"8","8","4.5","0.00029",{"v":0.1,"d":"0.100"},"05020403720263",12,"18","13","19","0.00445","1.2",{"v":1.75,"d":"1.750"},"05020403720270",96,"37","28","40","0.04144","9.6",{"v":14,"d":"14.000"},null,2304,"https://files.plytix.com/api/v1.1/file/public_files/pim/assets/8a/8d/8f/62/628f8d8abb3a1aaaf0e8f149/images/cb/14/91/67/679114cbcad52e3172812dea/TH_RAM-PLC3.jpg","https://files.plytix.com/api/v1.1/file/public_files/pim/assets/8a/8d/8f/62/628f8d8abb3a1aaaf0e8f149/images/3f/f8/90/67/6790f83fa850eb23df857080/RAM-PLC3.jpg","https://files.plytix.com/api/v1.1/file/public_files/pim/assets/8a/8d/8f/62/628f8d8abb3a1aaaf0e8f149/images/ef/d3/a1/67/67a1d3ef908f6049539c8a98/LFST0325066.jpg|https://files.plytix.com/api/v1.1/file/public_files/pim/assets/8a/8d/8f/62/628f8d8abb3a1aaaf0e8f149/images/ea/d3/a1/67/67a1d3ea3446055658f06298/LFST0325068.jpg|https://files.plytix.com/api/v1.1/file/public_files/pim/assets/8a/8d/8f/62/628f8d8abb3a1aaaf0e8f149/images/e8/d3/a1/67/67a1d3e8783f894c4a8d4dbc/LFST0325069.jpg","https://www.nevilleuk.com/products/RAM-PLC3_",null,"RAM-PLS3|RAM-PPL4"]
["PD-PLC28","Incise Porcelain Lucine Pasta Dish 28cm","27.5 x 6cm (Dia x H) - 42cl/14.8oz",{"v":29.1,"d":"29.10"},6,"Incise Porcelain>Incise Porcelain Lucine",{"$nulls":3},280,280,60,{"v":0.88,"d":"0.880"},{"v":0.88,"d":"0.880"},{"v":42,"d":"42.00"},"14.8","Porcelain","6911100090","China",null,null,"Yes","Yes","Yes","Yes",{"$nulls":6},"\n•Durable Fully Vitrified Porcelain\n•Twice-Fired Process\n•High Temperature Firing\n•Conforms to BS4034 Vitrified Hotelware\n•Organic Embossed Edges\n•Polished Foot\n•Durable Matt White Glaze\n•Reactive Pearlescent Glaze Centre","The Incise Porcelain Lucine collection features an elegant series of gourmet dishes, finished with a refined textured matt white glaze and embossed design for added sophistication. The centre of each plate showcases a stunning reactive pearlescent glaze, creating a captivating focal point. Perfect for upscale settings, this range blends striking aesthetics with practical design, allowing chefs to create visually stunning and memorable presentations for any occasion.\n•Durable Fully Vitrified Porcelain: High-temperature firing creates a robust and long-lasting product, ideal for professional use\n•Twice-Fired Process: Enhances strength, durability, and the unique glaze finish, ensuring each piece performs in demanding environments\n•Conforms to Industry Standards: Meets BS4034 standards for vitrified hotelware, ensuring exceptional durability and quality in demanding environments\n•Organic Embossed Edges: Each piece features gracefully undulating embossed edges, adding a natural, textured aesthetic that enhances the presentation with a touch of artisanal elegance\n•Polished Foot: Minimises damage when stacked and stored, helping to maintain the integrity of each piece over time\n•Unique Artisanal Finish: The natural kiln effects and spontaneous glaze reactions ensure every piece is truly one of a kind\n•Textured Matt White Glaze: The matt white glaze adds a touch of understated elegance and sophistication to every piece\n•Reactive Pearlescent Centre: Each piece features a captivating pearlescent glaze at the centre, creating a stunning focal point that enhances food presentation\n•Perfect for Upscale Settings: Designed to complement fine dining establishments and high-end hospitality venues","Each",null,"28","28","6","0.00470",{"v":0.88,"d":"0.880"},"05020403720232",6,"30","15","30","0.01350","5.28",{"v":6,"d":"6.000"},"05020403720249",12,"31","31","31","0.02979","10.56",{"v":12,"d":"12.000"},null,240,"https://files.plytix.com/api/v1.1/file/public_files/pim/assets/8a/8d/8f/62/628f8d8abb3a1aaaf0e8f149/images/c8/14/91/67/679114c826b9c8be7b87a6f8/TH_PD-PLC28.jpg","https://files.plytix.com/api/v1.1/file/public_files/pim/assets/8a/8d/8f/62/628f8d8abb3a1aaaf0e8f149/images/10/f8/90/67/6790f810650bff6333cfd10f/PD-PLC28_A.jpg|https://files.plytix.com/api/v1.1/file/public_files/pim/assets/8a/8d/8f/62/628f8d8abb3a1aaaf0e8f149/images/11/f8/90/67/6790f811cad52e31728124c4/PD-PLC28_B.jpg|https://files.plytix.com/api/v1.1/file/public_files/pim/assets/8a/8d/8f/62/628f8d8abb3a1aaaf0e8f149/images/12/f8/90/67/6790f812f33788d49018e694/PD-PLC28_C.jpg|https://files.plytix.com/api/v1.1/file/public_files/pim/assets/8a/8d/8f/62/628f8d8abb3a1aaaf0e8f149/images/6b/04/91/67/6791046ba850eb23df8575e7/PD-PLC28.jpg","https://files.plytix.com/api/v1.1/file/public_files/pim/assets/8a/8d/8f/62/628f8d8abb3a1aaaf0e8f149/images/ef/d3/a1/67/67a1d3ef908f6049539c8a98/LFST0325066.jpg|https://files.plytix.com/api/v1.1/file/public_files/pim/assets/8a/8d/8f/62/628f8d8abb3a1aaaf0e8f149/images/dc/d3/a1/67/67a1d3dc8c28d3ee51cd554b/LFST0325075.jpg|https://files.plytix.com/api/v1.1/file/public_files/pim/assets/8a/8d/8f/62/628f8d8abb3a1aaaf0e8f149/images/da/d3/a1/67/67a1d3da908f6049539c8a92/LFST0325076.jpg","https://www.nevilleuk.com/products/PD-PLC28_",null,"PD-PLS28"]
["BW-PLC20","Incise Porcelain Lucine Round Bowl 20m","20.2 x 7 (Dia x H) - 115cl/40.5oz",{"v":21.8,"d":"21.80"},6,"Incise Porcelain>Incise Porcelain Lucine",{"$nulls":3},202,202,70,{"v":0.61,"d":"0.610"},{"v":0.61,"d":"0.610"},{"v":115,"d":"115.00"},"40.5","Porcelain","6911100090","China",null,null,"Yes","Yes","Yes","Yes",{"$nulls":6},"\n•Durable Fully Vitrified Porcelain\n•Twice-Fired Process\n•High Temperature Firing\n•Conforms to BS4034 Vitrified Hotelware\n•Organic Embossed Edges\n•Polished Foot\n•Durable Matt White Glaze\n•Reactive Pearlescent Glaze Centre","The Incise Porcelain Lucine collection features an elegant series of gourmet dishes, finished with a refined textured matt white glaze and embossed design for added sophistication. The centre of each plate showcases a stunning reactive pearlescent glaze, creating a captivating focal point. Perfect for upscale settings, this range blends striking aesthetics with practical design, allowing chefs to create visually stunning and memorable presentations for any occasion.\n•Durable Fully Vitrified Porcelain: High-temperature firing creates a robust and long-lasting product, ideal for professional use\n•Twice-Fired Process: Enhances strength, durability, and the unique glaze finish, ensuring each piece performs in demanding environments\n•Conforms to Industry Standards: Meets BS4034 standards for vitrified hotelware, ensuring exceptional durability and quality in demanding environments\n•Organic Embossed Edges: Each piece features gracefully undulating embossed edges, adding a natural, textured aesthetic that enhances the presentation with a touch of artisanal elegance\n•Polished Foot: Minimises damage when stacked and stored, helping to maintain the integrity of each piece over time\n•Unique Artisanal Finish: The natural kiln effects and spontaneous glaze reactions ensure every piece is truly one of a kind\n•Textured Matt White Glaze: The matt white glaze adds a touch of understated elegance and sophistication to every piece\n•Reactive Pearlescent Centre: Each piece features a captivating pearlescent glaze at the centre, creating a stunning focal point that enhances food presentation\n•Perfect for Upscale Settings: Designed to complement fine dining establishments and high-end hospitality venues","Each",null,"20.2","20.2","7","0.00286",{"v":0.61,"d":"0.610"},"05020403720201",6,"22","20","22","0.00968","3.66",{"v":4.5,"d":"4.500"},"05020403720218",12,"42","23","24","0.02318","7.32",{"v":9,"d":"9.000"},null,360,"https://files.plytix.com/api/v1.1/file/public_files/pim/assets/8a/8d/8f/62/628f8d8abb3a1aaaf0e8f149/images/b2/14/91/67/679114b2f33788d49018ed6a/TH_BW-PLC20.jpg","https://files.plytix.com/api/v1.1/file/public_files/pim/assets/8a/8d/8f/62/628f8d8abb3a1aaaf0e8f149/images/6a/f7/90/67/6790f76a5102799cd827fd8f/BW-PLC20.jpg","https://files.plytix.com/api/v1.1/file/public_files/pim/assets/8a/8d/8f/62/628f8d8abb3a1aaaf0e8f149/images/ef/d3/a1/67/67a1d3ef908f6049539c8a98/LFST0325066.jpg|https://files.plytix.com/api/v1.1/file/public_files/pim/assets/8a/8d/8f/62/628f8d8abb3a1aaaf0e8f149/images/e3/d3/a1/67/67a1d3e33446055658f06297/LFST0325071.jpg|https://files.plytix.com/api/v1.1/file/public_files/pim/assets/8a/8d/8f/62/628f8d8abb3a1aaaf0e8f149/images/e0/d3/a1/67/67a1d3e03446055658f06294/LFST0325072.jpg","https://www.nevilleuk.com/products/BW-PLC20_",null,"BW-PLC15|BW-PLS20"]
["WVT-V23L","GenWare Oval Light Wood Veneer Tray 23 x 11cm","23 x 11 x 2cm (L x W x H)",11.36,1,"Table Service>Table Caddies",{"$nulls":3},230,110,20,{"v":0.13,"d":"0.130"},{"v":0.13,"d":"0.130"},null,null,"Ash Wood","4419900000","China",null,null,"No","N/A","N/A","N/A",{"$nulls":6},"\n•﻿Wood Veneer\n•Scandi-Inspired Design\n•Versatile Functionality\n•Durable And Lightweight\n•Easy Maintenance","Bring a touch of Nordic-inspired elegance to your restaurant with our wood veneer trays, designed for both functionality and style. Perfect for stowing condiments, serving coffee and cake, or adding a refined touch to your service, these trays are a must-have for any modern dining experience.\n•Scandi-Inspired Design: Featuring clean lines and a natural wood veneer finish, these trays capture the essence of minimalist Scandinavian design, offering a sleek and timeless aesthetic that complements contemporary restaurant interiors\n•Versatile Functionality: Ideal for organising condiments or serving drinks, coffee, and cake, these trays provide practical storage solutions while enhancing the visual appeal of your table presentations\n•Durable and Lightweight: Crafted from high-quality wood veneer, these trays are lightweight yet sturdy, making them easy to handle while ensuring long-lasting durability in a busy restaurant environment\n•Easy Maintenance:Easy to clean and maintain, perfect for busy hospitality environments","Each","5020403086376","23","11","2","0.00051",{"v":0.13,"d":"0.130"},"05020403086383",6,"25","12","14","0.00420","0.78",{"v":1,"d":"1.000"},"05020403086390",72,"52","26","45","0.06084","9.36",{"v":12,"d":"12.000"},null,1296,"https://files.plytix.com/api/v1.1/file/public_files/pim/assets/8a/8d/8f/62/628f8d8abb3a1aaaf0e8f149/images/a9/14/91/67/679114a9cad52e3172812daa/TH_WVT-V23L.jpg","https://files.plytix.com/api/v1.1/file/public_files/pim/assets/8a/8d/8f/62/628f8d8abb3a1aaaf0e8f149/images/92/f9/90/67/6790f992f33788d49018e6cc/WVT-V23L.jpg","https://files.plytix.com/api/v1.1/file/public_files/pim/assets/8a/8d/8f/62/628f8d8abb3a1aaaf0e8f149/images/de/d2/a1/67/67a1d2de20b2e4642d1ce9d6/LFST0325171.jpg","https://www.nevilleuk.com/products/WVT-V23L_"]
["LPR-KDG25","GenWare Kava Dark Grey Stoneware Raw Wall Presentation Plate 25cm","25 x 2.5cm (Dia x H)",{"v":17.2,"d":"17.20"},6,"GenWare Stoneware>Kava Stoneware",{"$nulls":3},250,250,25,{"v":0.9,"d":"0.900"},{"v":0.9,"d":"0.900"},null,null,"Stoneware","6912002310","China",-40,230,"Yes","Yes","Yes","Yes",{"$nulls":6},"\n•Durable Stoneware\n•Twice-Fired Process\n•Rolled Edges\n•Polished Foot\n•Neutral Grey Body\n•Unglazed Edge\n•Stackable","﻿Kava Stoneware showcases a neutral grey glaze complemented by an unglazed edge/base, forming a captivating contrast for culinary creations. With its sleek and modern shapes, Kava embodies style and functionality, complementing the chic atmosphere of today's dynamic bistros, cafes and eateries.\n•Durable Stoneware: Made from high-quality stoneware to withstand the rigors of a professional kitchen\n•Twice-Fired Process: Enhances strength, durability, and the unique glaze finish, ensuring each piece performs in demanding environments\n•Rolled Edges: Enhances durability and provides added chip resistance, making it ideal for hotel, restaurant, and foodservice applications\n•Polished Foot: Minimises damage when stacked and stored, helping to maintain the integrity of each piece over time\n•Stackable:Optimises storage space, making it easy to stack securely without risking damage, perfect for busy kitchens\n•Neutral Grey Body: The attractive grey tone provides a versatile backdrop that enhances the presentation of a wide range of cuisines and plating styles\n•Unglazed Edge for Authentic Appeal: Adds a natural, artisanal touch creating a captivating contrast that enhances food presentation","Each",null,"25","25","2.5","0.00156",{"v":0.9,"d":"0.900"},"05020403490159",6,"25.5","17.5","26","0.01160","5.4",{"v":5.75,"d":"5.750"},"05020403490166",12,"37","27","28.5","0.02847","10.8",{"v":11.5,"d":"11.500"},null,480,"https://files.plytix.com/api/v1.1/file/public_files/pim/assets/8a/8d/8f/62/628f8d8abb3a1aaaf0e8f149/images/c3/14/91/67/679114c3a850eb23df857978/TH_LPR-KDG25.jpg","https://files.plytix.com/api/v1.1/file/public_files/pim/assets/8a/8d/8f/62/628f8d8abb3a1aaaf0e8f149/images/f3/f7/90/67/6790f7f3f33788d49018e677/LPR-KDG25_A.jpg|https://files.plytix.com/api/v1.1/file/public_files/pim/assets/8a/8d/8f/62/628f8d8abb3a1aaaf0e8f149/images/f5/f7/90/67/6790f7f5cad52e31728124c1/LPR-KDG25_B.jpg|https://files.plytix.com/api/v1.1/file/public_files/pim/assets/8a/8d/8f/62/628f8d8abb3a1aaaf0e8f149/images/f7/f7/90/67/6790f7f7a850eb23df857078/LPR-KDG25_C.jpg|https://files.plytix.com/api/v1.1/file/public_files/pim/assets/8a/8d/8f/62/628f8d8abb3a1aaaf0e8f149/images/4c/04/91/67/6791044ca850eb23df8575e5/LPR-KDG25.jpg","https://files.plytix.com/api/v1.1/file/public_files/pim/assets/8a/8d/8f/62/628f8d8abb3a1aaaf0e8f149/images/28/d1/a1/67/67a1d128783f894c4a8d4d40/LFST0325358.jpg","https://www.nevilleuk.com/products/LPR-KDG25_",null,"LP-KBK25|LPR-KBK25|LP-KDG25|LPR-KDG20|LPR-KW25|LP-KW25"]
["LPR-KDG20","GenWare Kava Dark Grey Stoneware Raw Wall Presentation Plate 20cm","20 x 2.5cm (Dia x H)",15.56,6,"GenWare Stoneware>Kava Stoneware",{"$nulls":3},200,200,23,{"v":0.55,"d":"0.550"},{"v":0.55,"d":"0.550"},null,null,"Stoneware","6912002310","China",-40,230,"Yes","Yes","Yes","Yes",{"$nulls":6},"\n•Durable Stoneware\n•Twice-Fired Process\n•Rolled Edges\n•Polished Foot\n•Neutral Grey Body\n•Unglazed Edge\n•Stackable","﻿Kava Stoneware showcases a neutral grey glaze complemented by an unglazed edge/base, forming a captivating contrast for culinary creations. With its sleek and modern shapes, Kava embodies style and functionality, complementing the chic atmosphere of today's dynamic bistros, cafes and eateries.\n•Durable Stoneware: Made from high-quality stoneware to withstand the rigors of a professional kitchen\n•Twice-Fired Process: Enhances strength, durability, and the unique glaze finish, ensuring each piece performs in demanding environments\n•Rolled Edges: Enhances durability and provides added chip resistance, making it ideal for hotel, restaurant, and foodservice applications\n•Polished Foot: Minimises damage when stacked and stored, helping to maintain the integrity of each piece over time\n•Stackable:Optimises storage space, making it easy to stack securely without risking damage, perfect for busy kitchens\n•Neutral Grey Body: The attractive grey tone provides a versatile backdrop that enhances the presentation of a wide range of cuisines and plating styles\n•Unglazed Edge for Authentic Appeal: Adds a natural, artisanal touch creating a captivating contrast that enhances food presentation","Each",null,"20","20","2.3","0.00092",{"v":0.55,"d":"0.550"},"05020403490128",6,"20.5","14.5","21","0.00624","3.3",{"v":3.5,"d":"3.500"},"05020403490135",24,"43","30","23.5","0.03032","13.2",{"v":14,"d":"14.000"},null,864,"https://files.plytix.com/api/v1.1/file/public_files/pim/assets/8a/8d/8f/62/628f8d8abb3a1aaaf0e8f149/images/c3/14/91/67/679114c3f33788d49018ed85/TH_LPR-KDG20.jpg","https://files.plytix.com/api/v1.1/file/public_files/pim/assets/8a/8d/8f/62/628f8d8abb3a1aaaf0e8f149/images/ec/f7/90/67/6790f7eca850eb23df857077/LPR-KDG20_A.jpg|https://files.plytix.com/api/v1.1/file/public_files/pim/assets/8a/8d/8f/62/628f8d8abb3a1aaaf0e8f149/images/ed/f7/90/67/6790f7ed650bff6333cfd10b/LPR-KDG20_B.jpg|https://files.plytix.com/api/v1.1/file/public_files/pim/assets/8a/8d/8f/62/628f8d8abb3a1aaaf0e8f149/images/ef/f7/90/67/6790f7eff33788d49018e676/LPR-KDG20_C.jpg|https://files.plytix.com/api/v1.1/file/public_files/pim/assets/8a/8d/8f/62/628f8d8abb3a1aaaf0e8f149/images/4c/04/91/67/6791044ca850eb23df8575e4/LPR-KDG20.jpg",null,"https://www.nevilleuk.com/products/LPR-KDG20_",null,"LP-KBK20|LPR-KBK20|LP-KDG20|LPR-KDG18|LPR-KDG25|LPR-KW20|LP-KW20"]
["LPR-KDG18","GenWare Kava Dark Grey Stoneware Raw Wall Presentation Plate 18cm","18 x 2.3cm (Dia x H)",11.86,6,"GenWare Stoneware>Kava Stoneware",{"$nulls":3},180,180,22,{"v":0.4,"d":"0.400"},{"v":0.4,"d":"0.400"},null,null,"Stoneware","6912002310","China",-40,230,"Yes","Yes","Yes","Yes",{"$nulls":6},"\n•Durable Stoneware\n•Twice-Fired Process\n•Rolled Edges\n•Polished Foot\n•Neutral Grey Body\n•Unglazed Edge\n•Stackable","﻿Kava Stoneware showcases a neutral grey glaze complemented by an unglazed edge/base, forming a captivating contrast for culinary creations. With its sleek and modern shapes, Kava embodies style and functionality, complementing the chic atmosphere of today's dynamic bistros, cafes and eateries.\n•Durable Stoneware: Made from high-quality stoneware to withstand the rigors of a professional kitchen\n•Twice-Fired Process: Enhances strength, durability, and the unique glaze finish, ensuring each piece performs in demanding environments\n•Rolled Edges: Enhances durability and provides added chip resistance, making it ideal for hotel, restaurant, and foodservice applications\n•Polished Foot: Minimises damage when stacked and stored, helping to maintain the integrity of each piece over time\n•Stackable:Optimises storage space, making it easy to stack securely without risking damage, perfect for busy kitchens\n•Neutral Grey Body: The attractive grey tone provides a versatile backdrop that enhances the presentation of a wide range of cuisines and plating styles\n•Unglazed Edge for Authentic Appeal: Adds a natural, artisanal touch creating a captivating contrast that enhances food presentation","Each",null,"18","18","2.2","0.00071",{"v":0.4,"d":"0.400"},"05020403490098",6,"18.5","15.5","19","0.00545","2.4",{"v":2.75,"d":"2.750"},"05020403490104",24,"33","20","40","0.02640","9.6",{"v":11,"d":"11.000"},null,1008,"https://files.plytix.com/api/v1.1/file/public_files/pim/assets/8a/8d/8f/62/628f8d8abb3a1aaaf0e8f149/images/c3/14/91/67/679114c3cad52e3172812dd3/TH_LPR-KDG18.jpg","https://files.plytix.com/api/v1.1/file/public_files/pim/assets/8a/8d/8f/62/628f8d8abb3a1aaaf0e8f149/images/ea/f7/90/67/6790f7ea5102799cd827fda9/LPR-KDG18_A.jpg|https://files.plytix.com/api/v1.1/file/public_files/pim/assets/8a/8d/8f/62/628f8d8abb3a1aaaf0e8f149/images/ea/f7/90/67/6790f7ea650bff6333cfd108/LPR-KDG18_B.jpg|https://files.plytix.com/api/v1.1/file/public_files/pim/assets/8a/8d/8f/62/628f8d8abb3a1aaaf0e8f149/images/eb/f7/90/67/6790f7eb26b9c8be7b879fc2/LPR-KDG18_C.jpg|https://files.plytix.com/api/v1.1/file/public_files/pim/assets/8a/8d/8f/62/628f8d8abb3a1aaaf0e8f149/images/4d/04/91/67/6791044df33788d49018e9d7/LPR-KDG18.jpg",null,"https://www.nevilleuk.com/products/LPR-KDG18_","PRS2-18|PRS3-18","LPR-KBK18|LP-KDG18|LPR-KDG20|LPR-KW18|LP-KBK18|LP-KW18"]
["TP-KDG48","GenWare Kava Dark Grey Stoneware Teapot 48cl/ 16.8oz","17.5 x 11 x 11cm (L x W x H)",29.16,6,"GenWare Stoneware>Kava Stoneware",{"$nulls":3},170,110,112,{"v":0.52,"d":"0.520"},{"v":0.52,"d":"0.520"},{"v":48,"d":"48.00"},"16.9","Stoneware","6912002310","China",-40,230,"Yes","Yes","Yes","Yes",{"$nulls":6},"\n•Durable Stoneware\n•Twice-Fired Process\n•Rolled Edges\n•Polished Foot\n•Neutral Grey Body\n•Unglazed Base","﻿Kava Stoneware showcases a neutral grey glaze complemented by an unglazed edge/base, forming a captivating contrast for culinary creations. With its sleek and modern shapes, Kava embodies style and functionality, complementing the chic atmosphere of today's dynamic bistros, cafes and eateries.\n•Durable Stoneware: Made from high-quality stoneware to withstand the rigors of a professional kitchen\n•Twice-Fired Process: Enhances strength, durability, and the unique glaze finish, ensuring each piece performs in demanding environments\n•Rolled Edges: Enhances durability and provides added chip resistance, making it ideal for hotel, restaurant, and foodservice applications\n•Polished Foot: Minimises damage when stacked and stored, helping to maintain the integrity of each piece over time\n•Neutral Grey Body: The attractive grey tone provides a versatile backdrop that enhances the presentation of a wide range of cuisines and plating styles\n•Unglazed Base for Authentic Appeal: Adds a natural, artisanal touch creating a captivating contrast that enhances food presentation","Each",null,"17","11","11.2","0.00209",{"v":0.52,"d":"0.520"},"05020403490067",6,"36","17.5","24.5","0.01544","3.12",4.125,"05020403490074",24,"38","38","54","0.07798","12.48",{"v":16.5,"d":"16.500"},null,240,"https://files.plytix.com/api/v1.1/file/public_files/pim/assets/8a/8d/8f/62/628f8d8abb3a1aaaf0e8f149/images/db/14/91/67/679114dbf33788d49018eda0/TH_TP-KDG48.jpg","https://files.plytix.com/api/v1.1/file/public_files/pim/assets/8a/8d/8f/62/628f8d8abb3a1aaaf0e8f149/images/fb/f8/90/67/6790f8fb650bff6333cfd139/TP-KDG48.jpg|https://files.plytix.com/api/v1.1/file/public_files/pim/assets/8a/8d/8f/62/628f8d8abb3a1aaaf0e8f149/images/fd/f8/90/67/6790f8fd650bff6333cfd13a/TP-KDG48_A.jpg|https://files.plytix.com/api/v1.1/file/public_files/pim/assets/8a/8d/8f/62/628f8d8abb3a1aaaf0e8f149/images/fe/f8/90/67/6790f8fef33788d49018e6c4/TP-KDG48_B.jpg",null,"https://www.nevilleuk.com/products/TP-KDG48_",null,"TP-KBK48|TP-KW48|TP-PAG50|TP-PPL50|TP-PSF50|TP-PRS50|TP-PRC50|TP-PMG50|TP-PG50|TP-PBL50|TP-PBK50"]
["SCR-KDG16","GenWare Kava Dark Grey Stoneware Saucer 16cm","16 x 2.5cm (Dia x H)- Fits Coffee Cups CUP-KDG28 & CUP-KDG34",7.56,6,"GenWare Stoneware>Kava Stoneware",{"$nulls":3},160,160,25,{"v":0.3,"d":"0.300"},{"v":0.3,"d":"0.300"},null,null,"Stoneware","6912002310","China",-40,230,"Yes","Yes","Yes","Yes",{"$nulls":6},"\n•Durable Stoneware\n•Twice-Fired Process\n•Rolled Edges\n•Polished Foot\n•Neutral Grey Body\n•Unglazed Edge","﻿Kava Stoneware showcases a neutral grey glaze complemented by an unglazed edge/base, forming a captivating contrast for culinary creations. With its sleek and modern shapes, Kava embodies style and functionality, complementing the chic atmosphere of today's dynamic bistros, cafes and eateries.\n•Durable Stoneware: Made from high-quality stoneware to withstand the rigors of a professional kitchen\n•Twice-Fired Process: Enhances strength, durability, and the unique glaze finish, ensuring each piece performs in demanding environments\n•Rolled Edges: Enhances durability and provides added chip resistance, making it ideal for hotel, restaurant, and foodservice applications\n•Polished Foot: Minimises damage when stacked and stored, helping to maintain the integrity of each piece over time\n•Neutral Grey Body: The attractive grey tone provides a versatile backdrop that enhances the presentation of a wide range of cuisines and plating styles\n•Unglazed Edge for Authentic Appeal: Adds a natural, artisanal touch creating a captivating contrast that enhances food presentation","Each",null,"16","16","2.5","0.00064",{"v":0.3,"d":"0.300"},"05020403490036",6,"16.5","10.5","16.5","0.00286","1.8",{"v":2.05,"d":"2.050"},"05020403490043",36,"33.5","18","36","0.02171","10.8",{"v":12.3,"d":"12.300"},null,2016,"https://files.plytix.com/api/v1.1/file/public_files/pim/assets/8a/8d/8f/62/628f8d8abb3a1aaaf0e8f149/images/d4/14/91/67/679114d4f33788d49018ed9a/TH_SCR-KDG16.jpg","https://files.plytix.com/api/v1.1/file/public_files/pim/assets/8a/8d/8f/62/628f8d8abb3a1aaaf0e8f149/images/bf/f8/90/67/6790f8bf650bff6333cfd11a/SCR-KDG16.jpg","https://files.plytix.com/api/v1.1/file/public_files/pim/assets/8a/8d/8f/62/628f8d8abb3a1aaaf0e8f149/images/0e/d3/a1/67/67a1d30e678af07d2988c3cf/LFST0325152.jpg|https://files.plytix.com/api/v1.1/file/public_files/pim/assets/8a/8d/8f/62/628f8d8abb3a1aaaf0e8f149/images/09/d3/a1/67/67a1d30920b2e4642d1ce9d9/LFST0325154.jpg","https://www.nevilleuk.com/products/SCR-KDG16_","CUP-KDG28|CUP-KDG34","SCR-KBK16|SCR-KW16"]
["BW-PLC15","Incise Porcelain Lucine Round Bowl 15.5cm","15.3 x 6.3 (Dia x H) - 53cl/18.7oz",13.62,6,"Incise Porcelain>Incise Porcelain Lucine",{"$nulls":3},153,153,63,{"v":0.33,"d":"0.330"},{"v":0.33,"d":"0.330"},{"v":53,"d":"53.00"},"18.7","Porcelain","6911100090","China",null,null,"Yes","Yes","Yes","Yes",{"$nulls":6},"\n•Durable Fully Vitrified Porcelain\n•Twice-Fired Process\n•High Temperature Firing\n•Conforms to BS4034 Vitrified Hotelware\n•Organic Embossed Edges\n•Polished Foot\n•Durable Matt White Glaze\n•Reactive Pearlescent Glaze Centre","The Incise Porcelain Lucine collection features an elegant series of gourmet dishes, finished with a refined textured matt white glaze and embossed design for added sophistication. The centre of each plate showcases a stunning reactive pearlescent glaze, creating a captivating focal point. Perfect for upscale settings, this range blends striking aesthetics with practical design, allowing chefs to create visually stunning and memorable presentations for any occasion.\n•Durable Fully Vitrified Porcelain: High-temperature firing creates a robust and long-lasting product, ideal for professional use\n•Twice-Fired Process: Enhances strength, durability, and the unique glaze finish, ensuring each piece performs in demanding environments\n•Conforms to Industry Standards: Meets BS4034 standards for vitrified hotelware, ensuring exceptional durability and quality in demanding environments\n•Organic Embossed Edges: Each piece features gracefully undulating embossed edges, adding a natural, textured aesthetic that enhances the presentation with a touch of artisanal elegance\n•Polished Foot: Minimises damage when stacked and stored, helping to maintain the integrity of each piece over time\n•Unique Artisanal Finish: The natural kiln effects and spontaneous glaze reactions ensure every piece is truly one of a kind\n•Textured Matt White Glaze: The matt white glaze adds a touch of understated elegance and sophistication to every piece\n•Reactive Pearlescent Centre: Each piece features a captivating pearlescent glaze at the centre, creating a stunning focal point that enhances food presentation\n•Perfect for Upscale Settings: Designed to complement fine dining establishments and high-end hospitality venues","Each",null,"15.3","15.3","6.3","0.00147",{"v":0.33,"d":"0.330"},"05020403720171",6,"18","16","17","0.00490","1.98",2.333,"05020403720188",36,"51","19","36","0.03488","11.88",{"v":14,"d":"14.000"},null,1008,"https://files.plytix.com/api/v1.1/file/public_files/pim/assets/8a/8d/8f/62/628f8d8abb3a1aaaf0e8f149/images/b2/14/91/67/679114b226b9c8be7b87a6d4/TH_BW-PLC15.jpg","https://files.plytix.com/api/v1.1/file/public_files/pim/assets/8a/8d/8f/62/628f8d8abb3a1aaaf0e8f149/images/69/f7/90/67/6790f769650bff6333cfd0d0/BW-PLC15.jpg",null,"https://www.nevilleuk.com/products/BW-PLC15_",null,"BW-PLC20|BW-PLS15"]
["WDP-PLC30","Incise Porcelain Lucine Deep Winged Plate 30cm","30 x 4.5cm (Dia x H)",31.36,6,"Incise Porcelain>Incise Porcelain Lucine",{"$nulls":3},303,303,40,{"v":1.08,"d":"1.080"},{"v":1.08,"d":"1.080"},null,null,"Porcelain","6911100090","China",null,null,"Yes","Yes","Yes","Yes",{"$nulls":6},"\n•Durable Fully Vitrified Porcelain\n•Twice-Fired Process\n•High Temperature Firing\n•Conforms to BS4034 Vitrified Hotelware\n•Organic Embossed Edges\n•Polished Foot\n•Durable Matt White Glaze\n•Reactive Pearlescent Glaze Centre","The Incise Porcelain Lucine collection features an elegant series of gourmet dishes, finished with a refined textured matt white glaze and embossed design for added sophistication. The centre of each plate showcases a stunning reactive pearlescent glaze, creating a captivating focal point. Perfect for upscale settings, this range blends striking aesthetics with practical design, allowing chefs to create visually stunning and memorable presentations for any occasion.\n•Durable Fully Vitrified Porcelain: High-temperature firing creates a robust and long-lasting product, ideal for professional use\n•Twice-Fired Process: Enhances strength, durability, and the unique glaze finish, ensuring each piece performs in demanding environments\n•Conforms to Industry Standards: Meets BS4034 standards for vitrified hotelware, ensuring exceptional durability and quality in demanding environments\n•Organic Embossed Edges: Each piece features gracefully undulating embossed edges, adding a natural, textured aesthetic that enhances the presentation with a touch of artisanal elegance\n•Polished Foot: Minimises damage when stacked and stored, helping to maintain the integrity of each piece over time\n•Unique Artisanal Finish: The natural kiln effects and spontaneous glaze reactions ensure every piece is truly one of a kind\n•Textured Matt White Glaze: The matt white glaze adds a touch of understated elegance and sophistication to every piece\n•Reactive Pearlescent Centre: Each piece features a captivating pearlescent glaze at the centre, creating a stunning focal point that enhances food presentation\n•Perfect for Upscale Settings: Designed to complement fine dining establishments and high-end hospitality venues","Each",null,"30.3","30.3","4","0.00367",{"v":1.08,"d":"1.080"},"05020403720140",6,"32","14","32","0.01434","6.48",{"v":8,"d":"8.000"},"05020403720157",12,"33","29","34","0.03254","12.96",{"v":16,"d":"16.000"},null,192,"https://files.plytix.com/api/v1.1/file/public_files/pim/assets/8a/8d/8f/62/628f8d8abb3a1aaaf0e8f149/images/e0/14/91/67/679114e0650bff6333cfd9a0/TH_WDP-PLC30.jpg","https://files.plytix.com/api/v1.1/file/public_files/pim/assets/8a/8d/8f/62/628f8d8abb3a1aaaf0e8f149/images/36/f9/90/67/6790f93626b9c8be7b87a02c/WDP-PLC30_A.jpg|https://files.plytix.com/api/v1.1/file/public_files/pim/assets/8a/8d/8f/62/628f8d8abb3a1aaaf0e8f149/images/38/f9/90/67/6790f9385102799cd827fde3/WDP-PLC30_B.jpg|https://files.plytix.com/api/v1.1/file/public_files/pim/assets/8a/8d/8f/62/628f8d8abb3a1aaaf0e8f149/images/39/f9/90/67/6790f939650bff6333cfd142/WDP-PLC30_C.jpg|https://files.plytix.com/api/v1.1/file/public_files/pim/assets/8a/8d/8f/62/628f8d8abb3a1aaaf0e8f149/images/02/05/91/67/6791050226b9c8be7b87a370/WDP-PLC30.jpg","https://files.plytix.com/api/v1.1/file/public_files/pim/assets/8a/8d/8f/62/628f8d8abb3a1aaaf0e8f149/images/f2/d3/a1/67/67a1d3f220b2e4642d1ce9f3/LFST0325065.jpg|https://files.plytix.com/api/v1.1/file/public_files/pim/assets/8a/8d/8f/62/628f8d8abb3a1aaaf0e8f149/images/d0/d3/a1/67/67a1d3d03446055658f0628e/LFST0325081.jpg|https://files.plytix.com/api/v1.1/file/public_files/pim/assets/8a/8d/8f/62/628f8d8abb3a1aaaf0e8f149/images/ce/d3/a1/67/67a1d3ce678af07d2988c414/LFST0325083.jpg","https://www.nevilleuk.com/products/WDP-PLC30_",null,"WDP-PLC26|WDP-PLS30"]
["WDP-PLC26","Incise Porcelain Lucine Deep Winged Plate 26cm","26.2 x 4cm (Dia x H)",27.16,6,"Incise Porcelain>Incise Porcelain Lucine",{"$nulls":3},265,265,35,{"v":0.78,"d":"0.780"},{"v":0.78,"d":"0.780"},null,null,"Porcelain","6911100090","China",null,null,"Yes","Yes","Yes","Yes",{"$nulls":6},"\n•Durable Fully Vitrified Porcelain\n•Twice-Fired Process\n•High Temperature Firing\n•Conforms to BS4034 Vitrified Hotelware\n•Organic Embossed Edges\n•Polished Foot\n•Durable Matt White Glaze\n•Reactive Pearlescent Glaze Centre","The Incise Porcelain Lucine collection features an elegant series of gourmet dishes, finished with a refined textured matt white glaze and embossed design for added sophistication. The centre of each plate showcases a stunning reactive pearlescent glaze, creating a captivating focal point. Perfect for upscale settings, this range blends striking aesthetics with practical design, allowing chefs to create visually stunning and memorable presentations for any occasion.\n•Durable Fully Vitrified Porcelain: High-temperature firing creates a robust and long-lasting product, ideal for professional use\n•Twice-Fired Process: Enhances strength, durability, and the unique glaze finish, ensuring each piece performs in demanding environments\n•Conforms to Industry Standards: Meets BS4034 standards for vitrified hotelware, ensuring exceptional durability and quality in demanding environments\n•Organic Embossed Edges: Each piece features gracefully undulating embossed edges, adding a natural, textured aesthetic that enhances the presentation with a touch of artisanal elegance\n•Polished Foot: Minimises damage when stacked and stored, helping to maintain the integrity of each piece over time\n•Unique Artisanal Finish: The natural kiln effects and spontaneous glaze reactions ensure every piece is truly one of a kind\n•Textured Matt White Glaze: The matt white glaze adds a touch of understated elegance and sophistication to every piece\n•Reactive Pearlescent Centre: Each piece features a captivating pearlescent glaze at the centre, creating a stunning focal point that enhances food presentation\n•Perfect for Upscale Settings: Designed to complement fine dining establishments and high-end hospitality venues","Each",null,"26.5","26.5","3.5","0.00246",{"v":0.78,"d":"0.780"},"05020403720119",6,"28","14","28","0.01098","4.68",{"v":6,"d":"6.000"},"05020403720126",12,"30","29","29","0.02523","9.36",{"v":12,"d":"12.000"},null,360,"https://files.plytix.com/api/v1.1/file/public_files/pim/assets/8a/8d/8f/62/628f8d8abb3a1aaaf0e8f149/images/df/14/91/67/679114dff33788d49018edaf/TH_WDP-PLC26.jpg","https://files.plytix.com/api/v1.1/file/public_files/pim/assets/8a/8d/8f/62/628f8d8abb3a1aaaf0e8f149/images/35/f9/90/67/6790f935cad52e317281250f/WDP-PLC26_A.jpg|https://files.plytix.com/api/v1.1/file/public_files/pim/assets/8a/8d/8f/62/628f8d8abb3a1aaaf0e8f149/images/36/f9/90/67/6790f9365102799cd827fde2/WDP-PLC26_C.jpg|https://files.plytix.com/api/v1.1/file/public_files/pim/assets/8a/8d/8f/62/628f8d8abb3a1aaaf0e8f149/images/36/f9/90/67/6790f936cad52e3172812510/WDP-PLC26_B.jpg|https://files.plytix.com/api/v1.1/file/public_files/pim/assets/8a/8d/8f/62/628f8d8abb3a1aaaf0e8f149/images/02/05/91/67/67910502650bff6333cfd50f/WDP-PLC26.jpg","https://files.plytix.com/api/v1.1/file/public_files/pim/assets/8a/8d/8f/62/628f8d8abb3a1aaaf0e8f149/images/ef/d3/a1/67/67a1d3ef908f6049539c8a98/LFST0325066.jpg|https://files.plytix.com/api/v1.1/file/public_files/pim/assets/8a/8d/8f/62/628f8d8abb3a1aaaf0e8f149/images/ed/d3/a1/67/67a1d3ed3446055658f0629a/LFST0325067.jpg|https://files.plytix.com/api/v1.1/file/public_files/pim/assets/8a/8d/8f/62/628f8d8abb3a1aaaf0e8f149/images/cb/d3/a1/67/67a1d3cb908f6049539c8a8b/LFST0325084.jpg","https://www.nevilleuk.com/products/WDP-PLC26_",null,"WDP-PLC30|WDP-PLS26"]
["WP-PLC31","Incise Porcelain Lucine Winged Plate 31cm","31 x 3.5cm (Dia x H)",{"v":29.1,"d":"29.10"},6,"Incise Porcelain>Incise Porcelain Lucine",{"$nulls":3},310,310,35,{"v":1.09,"d":"1.090"},{"v":1.09,"d":"1.090"},null,null,"Porcelain","6911100090","China",null,null,"Yes","Yes","Yes","Yes",{"$nulls":6},"\n•Durable Fully Vitrified Porcelain\n•Twice-Fired Process\n•High Temperature Firing\n•Conforms to BS4034 Vitrified Hotelware\n•Organic Embossed Edges\n•Polished Foot\n•Durable Matt White Glaze\n•Reactive Pearlescent Glaze Centre","The Incise Porcelain Lucine collection features an elegant series of gourmet dishes, finished with a refined textured matt white glaze and embossed design for added sophistication. The centre of each plate showcases a stunning reactive pearlescent glaze, creating a captivating focal point. Perfect for upscale settings, this range blends striking aesthetics with practical design, allowing chefs to create visually stunning and memorable presentations for any occasion.\n•Durable Fully Vitrified Porcelain: High-temperature firing creates a robust and long-lasting product, ideal for professional use\n•Twice-Fired Process: Enhances strength, durability, and the unique glaze finish, ensuring each piece performs in demanding environments\n•Conforms to Industry Standards: Meets BS4034 standards for vitrified hotelware, ensuring exceptional durability and quality in demanding environments\n•Organic Embossed Edges: Each piece features gracefully undulating embossed edges, adding a natural, textured aesthetic that enhances the presentation with a touch of artisanal elegance\n•Polished Foot: Minimises damage when stacked and stored, helping to maintain the integrity of each piece over time\n•Unique Artisanal Finish: The natural kiln effects and spontaneous glaze reactions ensure every piece is truly one of a kind\n•Textured Matt White Glaze: The matt white glaze adds a touch of understated elegance and sophistication to every piece\n•Reactive Pearlescent Centre: Each piece features a captivating pearlescent glaze at the centre, creating a stunning focal point that enhances food presentation\n•Perfect for Upscale Settings: Designed to complement fine dining establishments and high-end hospitality venues","Each",null,"31","31","3.5","0.00336",{"v":1.09,"d":"1.090"},"05020403720089",6,"33","13","33","0.01416","6.54",{"v":7.5,"d":"7.500"},"05020403720096",12,"34","28","34","0.03237","13.08",{"v":15,"d":"15.000"},null,540,"https://files.plytix.com/api/v1.1/file/public_files/pim/assets/8a/8d/8f/62/628f8d8abb3a1aaaf0e8f149/images/e3/14/91/67/679114e3650bff6333cfd9a6/TH_WP-PLC31.jpg","https://files.plytix.com/api/v1.1/file/public_files/pim/assets/8a/8d/8f/62/628f8d8abb3a1aaaf0e8f149/images/5f/f9/90/67/6790f95fa850eb23df857101/WP-PLC31_A.jpg|https://files.plytix.com/api/v1.1/file/public_files/pim/assets/8a/8d/8f/62/628f8d8abb3a1aaaf0e8f149/images/5f/f9/90/67/6790f95fcad52e3172812519/WP-PLC31_B.jpg|https://files.plytix.com/api/v1.1/file/public_files/pim/assets/8a/8d/8f/62/628f8d8abb3a1aaaf0e8f149/images/3a/05/91/67/6791053a26b9c8be7b87a386/WP-PLC31.jpg",null,"https://www.nevilleuk.com/products/WP-PLC31_",null,"WP-PLC28|WP-PLS31"]
["WP-PLC28","Incise Porcelain Lucine Winged Plate 28.5cm","28.5 x 3cm (Dia x H)",{"v":24,"d":"24.00"},6,"Incise Porcelain>Incise Porcelain Lucine",{"$nulls":3},285,285,30,{"v":0.82,"d":"0.820"},{"v":0.82,"d":"0.820"},null,null,"Porcelain","6911100090","China",null,null,"Yes","Yes","Yes","Yes",{"$nulls":6},"\n•Durable Fully Vitrified Porcelain\n•Twice-Fired Process\n•High Temperature Firing\n•Conforms to BS4034 Vitrified Hotelware\n•Organic Embossed Edges\n•Polished Foot\n•Durable Matt White Glaze\n•Reactive Pearlescent Glaze Centre","The Incise Porcelain Lucine collection features an elegant series of gourmet dishes, finished with a refined textured matt white glaze and embossed design for added sophistication. The centre of each plate showcases a stunning reactive pearlescent glaze, creating a captivating focal point. Perfect for upscale settings, this range blends striking aesthetics with practical design, allowing chefs to create visually stunning and memorable presentations for any occasion.\n•Durable Fully Vitrified Porcelain: High-temperature firing creates a robust and long-lasting product, ideal for professional use\n•Twice-Fired Process: Enhances strength, durability, and the unique glaze finish, ensuring each piece performs in demanding environments\n•Conforms to Industry Standards: Meets BS4034 standards for vitrified hotelware, ensuring exceptional durability and quality in demanding environments\n•Organic Embossed Edges: Each piece features gracefully undulating embossed edges, adding a natural, textured aesthetic that enhances the presentation with a touch of artisanal elegance\n•Polished Foot: Minimises damage when stacked and stored, helping to maintain the integrity of each piece over time\n•Unique Artisanal Finish: The natural kiln effects and spontaneous glaze reactions ensure every piece is truly one of a kind\n•Textured Matt White Glaze: The matt white glaze adds a touch of understated elegance and sophistication to every piece\n•Reactive Pearlescent Centre: Each piece features a captivating pearlescent glaze at the centre, creating a stunning focal point that enhances food presentation\n•Perfect for Upscale Settings: Designed to complement fine dining establishments and high-end hospitality venues","Each",null,"28.5","28.5","3","0.00244",{"v":0.82,"d":"0.820"},"05020403720058",6,"30","12","31","0.01116","4.92",{"v":6.5,"d":"6.500"},"05020403720065",12,"32","25","32","0.02560","9.84",{"v":13,"d":"13.000"},null,288,"https://files.plytix.com/api/v1.1/file/public_files/pim/assets/8a/8d/8f/62/628f8d8abb3a1aaaf0e8f149/images/e2/14/91/67/679114e2650bff6333cfd9a5/TH_WP-PLC28.jpg","https://files.plytix.com/api/v1.1/file/public_files/pim/assets/8a/8d/8f/62/628f8d8abb3a1aaaf0e8f149/images/5e/f9/90/67/6790f95e26b9c8be7b87a03f/WP-PLC28_A.jpg|https://files.plytix.com/api/v1.1/file/public_files/pim/assets/8a/8d/8f/62/628f8d8abb3a1aaaf0e8f149/images/5e/f9/90/67/6790f95e26b9c8be7b87a040/WP-PLC28_B.jpg|https://files.plytix.com/api/v1.1/file/public_files/pim/assets/8a/8d/8f/62/628f8d8abb3a1aaaf0e8f149/images/3a/05/91/67/6791053a5102799cd828016d/WP-PLC28.jpg","https://files.plytix.com/api/v1.1/file/public_files/pim/assets/8a/8d/8f/62/628f8d8abb3a1aaaf0e8f149/images/ef/d3/a1/67/67a1d3ef908f6049539c8a98/LFST0325066.jpg|https://files.plytix.com/api/v1.1/file/public_files/pim/assets/8a/8d/8f/62/628f8d8abb3a1aaaf0e8f149/images/de/d3/a1/67/67a1d3de908f6049539c8a95/LFST0325074.jpg","https://www.nevilleuk.com/products/WP-PLC28_",null,"WP-PLC23|WP-PLC31|WP-PLS28"]
["WP-PLC23","Incise Porcelain Lucine Winged Plate 23cm","22.8 x 2.7cm (Dia x H)",18.34,6,"Incise Porcelain>Incise Porcelain Lucine",{"$nulls":3},228,228,27,{"v":0.46,"d":"0.460"},{"v":0.46,"d":"0.460"},null,null,"Porcelain","6911100090","China",null,null,"Yes","Yes","Yes","Yes",{"$nulls":6},"\n•Durable Fully Vitrified Porcelain\n•Twice-Fired Process\n•High Temperature Firing\n•Conforms to BS4034 Vitrified Hotelware\n•Organic Embossed Edges\n•Polished Foot\n•Durable Matt White Glaze\n•Reactive Pearlescent Glaze Centre","The Incise Porcelain Lucine collection features an elegant series of gourmet dishes, finished with a refined textured matt white glaze and embossed design for added sophistication. The centre of each plate showcases a stunning reactive pearlescent glaze, creating a captivating focal point. Perfect for upscale settings, this range blends striking aesthetics with practical design, allowing chefs to create visually stunning and memorable presentations for any occasion.\n•Durable Fully Vitrified Porcelain: High-temperature firing creates a robust and long-lasting product, ideal for professional use\n•Twice-Fired Process: Enhances strength, durability, and the unique glaze finish, ensuring each piece performs in demanding environments\n•Conforms to Industry Standards: Meets BS4034 standards for vitrified hotelware, ensuring exceptional durability and quality in demanding environments\n•Organic Embossed Edges: Each piece features gracefully undulating embossed edges, adding a natural, textured aesthetic that enhances the presentation with a touch of artisanal elegance\n•Polished Foot: Minimises damage when stacked and stored, helping to maintain the integrity of each piece over time\n•Unique Artisanal Finish: The natural kiln effects and spontaneous glaze reactions ensure every piece is truly one of a kind\n•Textured Matt White Glaze: The matt white glaze adds a touch of understated elegance and sophistication to every piece\n•Reactive Pearlescent Centre: Each piece features a captivating pearlescent glaze at the centre, creating a stunning focal point that enhances food presentation\n•Perfect for Upscale Settings: Designed to complement fine dining establishments and high-end hospitality venues","Each",null,"22.8","22.8","2.7","0.00140",{"v":0.46,"d":"0.460"},"05020403720027",6,"25","11","25","0.00688","2.76",{"v":3.75,"d":"3.750"},"05020403720034",24,"51","23","26","0.03050","11.04",{"v":15,"d":"15.000"},null,840,"https://files.plytix.com/api/v1.1/file/public_files/pim/assets/8a/8d/8f/62/628f8d8abb3a1aaaf0e8f149/images/e2/14/91/67/679114e2f33788d49018edb5/TH_WP-PLC23.jpg","https://files.plytix.com/api/v1.1/file/public_files/pim/assets/8a/8d/8f/62/628f8d8abb3a1aaaf0e8f149/images/5d/f9/90/67/6790f95d26b9c8be7b87a03e/WP-PLC23_B.jpg|https://files.plytix.com/api/v1.1/file/public_files/pim/assets/8a/8d/8f/62/628f8d8abb3a1aaaf0e8f149/images/5d/f9/90/67/6790f95da850eb23df857100/WP-PLC23_A.jpg|https://files.plytix.com/api/v1.1/file/public_files/pim/assets/8a/8d/8f/62/628f8d8abb3a1aaaf0e8f149/images/3a/05/91/67/6791053a650bff6333cfd51f/WP-PLC23.jpg",null,"https://www.nevilleuk.com/products/WP-PLC23_",null,"WP-PLC28|WP-PLS23"]
["WVT-RS5930BK","GenWare Black Wood Veneer Room Service Tray 59 x 30 x 23cm","59 x 30 x 23cm (L x W x H)",65.26,1,"Trays>Butler Trays",{"$nulls":3},590,300,230,{"v":1.46,"d":"1.460"},{"v":1.46,"d":"1.460"},null,null,"Ash Wood","4419900000","China",null,null,"No","N/A","N/A","N/A",{"$nulls":6},"\n•﻿Wood Veneer\n•Scandi-Chic Design\n•Foldable Metal Legs\n•Durable And Lightweight\n•Versatile Functionality\n•Easy Maintenance","Transform your room service experience with our wood veneer room service trays, designed to combine timeless elegance with a touch of Scandi-inspired minimalism. Perfect for modern and upscale hotels, these trays bring both style and practicality to enhance guest satisfaction.\n•Scandi-Chic Design: Featuring clean lines and a natural wood veneer finish, these trays bring a sophisticated yet understated Nordic aesthetic to any setting, seamlessly blending with contemporary interiors\n•Foldable Metal Legs: Equipped with sturdy, foldable metal legs, these trays easily convert into a convenient tabletop, ensuring guests can enjoy their meals in comfort. When not in use, the legs fold flat for compact storage\n•Durable and Lightweight: Built to withstand the demands of hospitality service, they are robust yet easy for staff to handle, ensuring smooth and efficient operation\n•Versatile Functionality: Ideal for serving drinks, meals, or adding a refined touch to room service, these trays are as versatile as they are stylish\n•Easy Maintenance:Easy to clean and maintain, perfect for busy hospitality environments","Each","5020403017035","59","30","23","0.04071",{"v":1.46,"d":"1.460"},"05020403017042",1,{"$nulls":4},"1.46",null,"05020403017059",6,"58.2","33","41","0.07874","8.76",{"v":11,"d":"11.000"},null,48,"https://files.plytix.com/api/v1.1/file/public_files/pim/assets/8a/8d/8f/62/628f8d8abb3a1aaaf0e8f149/images/e5/14/91/67/679114e5f33788d49018edbe/TH_WVT-RS5930BK.jpg","https://files.plytix.com/api/v1.1/file/public_files/pim/assets/8a/8d/8f/62/628f8d8abb3a1aaaf0e8f149/images/8c/f9/90/67/6790f98c650bff6333cfd14e/WVT-RS5930BK_A.jpg|https://files.plytix.com/api/v1.1/file/public_files/pim/assets/8a/8d/8f/62/628f8d8abb3a1aaaf0e8f149/images/8d/f9/90/67/6790f98da850eb23df857115/WVT-RS5930BK.jpg",null,"https://www.nevilleuk.com/products/WVT-RS5930BK_",null,"WVT-RS5930L"]
["RAM-KDG11","GenWare Kava Dark Grey Stoneware Ramekin 7.5cl/ 2.5oz","7.5 x 5cm (Dia x H)",6.58,12,"GenWare Stoneware>Kava Stoneware",{"$nulls":3},75,75,40,{"v":0.1,"d":"0.100"},{"v":0.1,"d":"0.100"},{"v":7.5,"d":"7.50"},"2.6","Stoneware","6912002310","China",-40,230,"Yes","Yes","Yes","Yes",{"$nulls":6},"\n•Durable Stoneware\n•Twice-Fired Process\n•Rolled Edges\n•Polished Foot\n•Neutral Grey Body\n•Unglazed Base","﻿Kava Stoneware showcases a neutral grey glaze complemented by an unglazed edge/base, forming a captivating contrast for culinary creations. With its sleek and modern shapes, Kava embodies style and functionality, complementing the chic atmosphere of today's dynamic bistros, cafes and eateries.\n•Durable Stoneware: Made from high-quality stoneware to withstand the rigors of a professional kitchen\n•Twice-Fired Process: Enhances strength, durability, and the unique glaze finish, ensuring each piece performs in demanding environments\n•Rolled Edges: Enhances durability and provides added chip resistance, making it ideal for hotel, restaurant, and foodservice applications\n•Polished Foot: Minimises damage when stacked and stored, helping to maintain the integrity of each piece over time\n•Neutral Grey Body: The attractive grey tone provides a versatile backdrop that enhances the presentation of a wide range of cuisines and plating styles\n•Unglazed Base for Authentic Appeal: Adds a natural, artisanal touch creating a captivating contrast that enhances food presentation","Each",null,"7.5","7.5","4","0.00023",{"v":0.1,"d":"0.100"},"05020403149996",12,"23","8","14.6","0.00269","1.2",1.375,"05020403490012",96,"34","25.5","32.5","0.02818","9.6",{"v":11,"d":"11.000"},null,3840,"https://files.plytix.com/api/v1.1/file/public_files/pim/assets/8a/8d/8f/62/628f8d8abb3a1aaaf0e8f149/images/cb/14/91/67/679114cb650bff6333cfd985/TH_RAM-KDG11.jpg","https://files.plytix.com/api/v1.1/file/public_files/pim/assets/8a/8d/8f/62/628f8d8abb3a1aaaf0e8f149/images/3c/f8/90/67/6790f83cf33788d49018e6ad/RAM-KDG11.jpg",null,"https://www.nevilleuk.com/products/RAM-KDG11_",null,"RAM-KBK11|RAM-KW11"]
["LP-KDG25","GenWare Kava Dark Grey Stoneware Presentation Plate 25cm","25 x 2.5cm (Dia x H)",16.38,6,"GenWare Stoneware>Kava Stoneware",{"$nulls":3},250,250,25,{"v":0.9,"d":"0.900"},{"v":0.9,"d":"0.900"},null,null,"Stoneware","6912002310","China",-40,230,"Yes","Yes","Yes","Yes",{"$nulls":6},"\n•Durable Stoneware\n•Twice-Fired Process\n•Rolled Edges\n•Polished Foot\n•Neutral Grey Body\n•Unglazed Edge\n•Stackable","﻿Kava Stoneware showcases a neutral grey glaze complemented by an unglazed edge/base, forming a captivating contrast for culinary creations. With its sleek and modern shapes, Kava embodies style and functionality, complementing the chic atmosphere of today's dynamic bistros, cafes and eateries.\n•Durable Stoneware: Made from high-quality stoneware to withstand the rigors of a professional kitchen\n•Twice-Fired Process: Enhances strength, durability, and the unique glaze finish, ensuring each piece performs in demanding environments\n•Rolled Edges: Enhances durability and provides added chip resistance, making it ideal for hotel, restaurant, and foodservice applications\n•Polished Foot: Minimises damage when stacked and stored, helping to maintain the integrity of each piece over time\n•Stackable:Optimises storage space, making it easy to stack securely without risking damage, perfect for busy kitchens\n•Neutral Grey Body: The attractive grey tone provides a versatile backdrop that enhances the presentation of a wide range of cuisines and plating styles\n•Unglazed Edge for Authentic Appeal: Adds a natural, artisanal touch creating a captivating contrast that enhances food presentation","Each",null,"25","25","2.5","0.00156",{"v":0.9,"d":"0.900"},"05020403149965",6,"25.5","17.5","26","0.01160","5.4",{"v":5.75,"d":"5.750"},"05020403149972",12,"37","27","28.5","0.02847","10.8",{"v":11.5,"d":"11.500"},null,480,"https://files.plytix.com/api/v1.1/file/public_files/pim/assets/8a/8d/8f/62/628f8d8abb3a1aaaf0e8f149/images/c2/14/91/67/679114c2650bff6333cfd978/TH_LP-KDG25.jpg","https://files.plytix.com/api/v1.1/file/public_files/pim/assets/8a/8d/8f/62/628f8d8abb3a1aaaf0e8f149/images/db/f7/90/67/6790f7db5102799cd827fda1/LP-KDG25_A.jpg|https://files.plytix.com/api/v1.1/file/public_files/pim/assets/8a/8d/8f/62/628f8d8abb3a1aaaf0e8f149/images/dc/f7/90/67/6790f7dcf33788d49018e66a/LP-KDG25_B.jpg|https://files.plytix.com/api/v1.1/file/public_files/pim/assets/8a/8d/8f/62/628f8d8abb3a1aaaf0e8f149/images/dc/f7/90/67/6790f7dcf33788d49018e66b/LP-KDG25_C.jpg|https://files.plytix.com/api/v1.1/file/public_files/pim/assets/8a/8d/8f/62/628f8d8abb3a1aaaf0e8f149/images/35/04/91/67/67910435650bff6333cfd4cc/LP-KDG25.jpg","https://files.plytix.com/api/v1.1/file/public_files/pim/assets/8a/8d/8f/62/628f8d8abb3a1aaaf0e8f149/images/1f/d3/a1/67/67a1d31f20b2e4642d1ce9da/LFST0325146.jpg|https://files.plytix.com/api/v1.1/file/public_files/pim/assets/8a/8d/8f/62/628f8d8abb3a1aaaf0e8f149/images/11/d3/a1/67/67a1d311678af07d2988c3d4/LFST0325151.jpg","https://www.nevilleuk.com/products/LP-KDG25_",null,"LP-KBK25|LPR-KBK25|LP-KDG20|LP-KW25|LPR-KDG25|LPR-KW25"]
["LP-KDG20","GenWare Kava Dark Grey Stoneware Presentation Plate 20cm","20 x 2.5cm (Dia x H)",14.82,6,"GenWare Stoneware>Kava Stoneware",{"$nulls":3},200,200,23,{"v":0.55,"d":"0.550"},{"v":0.55,"d":"0.550"},null,null,"Stoneware","6912002310","China",-40,230,"Yes","Yes","Yes","Yes",{"$nulls":6},"\n•Durable Stoneware\n•Twice-Fired Process\n•Rolled Edges\n•Polished Foot\n•Neutral Grey Body\n•Unglazed Edge\n•Stackable","﻿Kava Stoneware showcases a neutral grey glaze complemented by an unglazed edge/base, forming a captivating contrast for culinary creations. With its sleek and modern shapes, Kava embodies style and functionality, complementing the chic atmosphere of today's dynamic bistros, cafes and eateries.\n•Durable Stoneware: Made from high-quality stoneware to withstand the rigors of a professional kitchen\n•Twice-Fired Process: Enhances strength, durability, and the unique glaze finish, ensuring each piece performs in demanding environments\n•Rolled Edges: Enhances durability and provides added chip resistance, making it ideal for hotel, restaurant, and foodservice applications\n•Polished Foot: Minimises damage when stacked and stored, helping to maintain the integrity of each piece over time\n•Stackable:Optimises storage space, making it easy to stack securely without risking damage, perfect for busy kitchens\n•Neutral Grey Body: The attractive grey tone provides a versatile backdrop that enhances the presentation of a wide range of cuisines and plating styles\n•Unglazed Edge for Authentic Appeal: Adds a natural, artisanal touch creating a captivating contrast that enhances food presentation","Each",null,"20","20","2.3","0.00092",{"v":0.55,"d":"0.550"},"05020403149934",6,"20.5","14.5","21","0.00624","3.3",{"v":3.5,"d":"3.500"},"05020403149941",24,"43","30","23.5","0.03032","13.2",{"v":14,"d":"14.000"},null,864,"https://files.plytix.com/api/v1.1/file/public_files/pim/assets/8a/8d/8f/62/628f8d8abb3a1aaaf0e8f149/images/c2/14/91/67/679114c2a850eb23df857977/TH_LP-KDG20.jpg","https://files.plytix.com/api/v1.1/file/public_files/pim/assets/8a/8d/8f/62/628f8d8abb3a1aaaf0e8f149/images/d7/f7/90/67/6790f7d7f33788d49018e666/LP-KDG20_A.jpg|https://files.plytix.com/api/v1.1/file/public_files/pim/assets/8a/8d/8f/62/628f8d8abb3a1aaaf0e8f149/images/d7/f7/90/67/6790f7d7f33788d49018e667/LP-KDG20_B.jpg|https://files.plytix.com/api/v1.1/file/public_files/pim/assets/8a/8d/8f/62/628f8d8abb3a1aaaf0e8f149/images/d9/f7/90/67/6790f7d9f33788d49018e669/LP-KDG20_C.jpg|https://files.plytix.com/api/v1.1/file/public_files/pim/assets/8a/8d/8f/62/628f8d8abb3a1aaaf0e8f149/images/34/04/91/67/67910434650bff6333cfd4cb/LP-KDG20.jpg","https://files.plytix.com/api/v1.1/file/public_files/pim/assets/8a/8d/8f/62/628f8d8abb3a1aaaf0e8f149/images/16/d3/a1/67/67a1d3168c28d3ee51cd5538/LFST0325149.jpg","https://www.nevilleuk.com/products/LP-KDG20_",null,"LP-KBK20|LPR-KBK20|LP-KDG18|LPR-KDG20|LPR-KW20|LP-KDG25|LP-KW20"]
["LP-KDG18","GenWare Kava Dark Grey Stoneware Presentation Plate 18cm","18 x 2.3cm (Dia x H)",{"v":11.3,"d":"11.30"},6,"GenWare Stoneware>Kava Stoneware",{"$nulls":3},180,180,22,{"v":0.4,"d":"0.400"},{"v":0.4,"d":"0.400"},null,null,"Stoneware","6912002310","China",-40,230,"Yes","Yes","Yes","Yes",{"$nulls":6},"\n•Durable Stoneware\n•Twice-Fired Process\n•Rolled Edges\n•Polished Foot\n•Neutral Grey Body\n•Unglazed Edge\n•Stackable","﻿Kava Stoneware showcases a neutral grey glaze complemented by an unglazed edge/base, forming a captivating contrast for culinary creations. With its sleek and modern shapes, Kava embodies style and functionality, complementing the chic atmosphere of today's dynamic bistros, cafes and eateries.\n•Durable Stoneware: Made from high-quality stoneware to withstand the rigors of a professional kitchen\n•Twice-Fired Process: Enhances strength, durability, and the unique glaze finish, ensuring each piece performs in demanding environments\n•Rolled Edges: Enhances durability and provides added chip resistance, making it ideal for hotel, restaurant, and foodservice applications\n•Polished Foot: Minimises damage when stacked and stored, helping to maintain the integrity of each piece over time\n•Stackable:Optimises storage space, making it easy to stack securely without risking damage, perfect for busy kitchens\n•Neutral Grey Body: The attractive grey tone provides a versatile backdrop that enhances the presentation of a wide range of cuisines and plating styles\n•Unglazed Edge for Authentic Appeal: Adds a natural, artisanal touch creating a captivating contrast that enhances food presentation","Each",null,"18","18","2.2","0.00071",{"v":0.4,"d":"0.400"},"05020403149903",6,"18.5","15.5","19","0.00545","2.4",{"v":2.75,"d":"2.750"},"05020403149910",24,"33","20","40","0.02640","9.6",{"v":11,"d":"11.000"},null,1008,"https://files.plytix.com/api/v1.1/file/public_files/pim/assets/8a/8d/8f/62/628f8d8abb3a1aaaf0e8f149/images/c1/14/91/67/679114c1f33788d49018ed81/TH_LP-KDG18.jpg","https://files.plytix.com/api/v1.1/file/public_files/pim/assets/8a/8d/8f/62/628f8d8abb3a1aaaf0e8f149/images/d4/f7/90/67/6790f7d4a850eb23df857071/LP-KDG18_A.jpg|https://files.plytix.com/api/v1.1/file/public_files/pim/assets/8a/8d/8f/62/628f8d8abb3a1aaaf0e8f149/images/d5/f7/90/67/6790f7d526b9c8be7b879fbd/LP-KDG18_B.jpg|https://files.plytix.com/api/v1.1/file/public_files/pim/assets/8a/8d/8f/62/628f8d8abb3a1aaaf0e8f149/images/d6/f7/90/67/6790f7d6f33788d49018e660/LP-KDG18_C.jpg|https://files.plytix.com/api/v1.1/file/public_files/pim/assets/8a/8d/8f/62/628f8d8abb3a1aaaf0e8f149/images/34/04/91/67/67910434f33788d49018e9cf/LP-KDG18.jpg",null,"https://www.nevilleuk.com/products/LP-KDG18_","PRS2-18|PRS3-18","LPR-KBK18|LP-KDG20|LPR-KW18|LPR-KDG18|LP-KBK18|LP-KW18"]
["JUG-KDG9","GenWare Kava Dark Grey Stoneware Jug 9cl/ 3.2oz","5.1 x 6.3cm (Dia x H)",{"v":9.1,"d":"9.10"},12,"GenWare Stoneware>Kava Stoneware",{"$nulls":3},51,51,63,{"v":0.1,"d":"0.100"},{"v":0.1,"d":"0.100"},{"v":9,"d":"9.00"},"3.2","Stoneware","6912002310","China",-40,230,"Yes","Yes","Yes","Yes",{"$nulls":6},"\n•Durable Stoneware\n•Twice-Fired Process\n•Rolled Edges\n•Polished Foot\n•Neutral Grey Body\n•Unglazed Base","﻿Kava Stoneware showcases a neutral grey glaze complemented by an unglazed edge/base, forming a captivating contrast for culinary creations. With its sleek and modern shapes, Kava embodies style and functionality, complementing the chic atmosphere of today's dynamic bistros, cafes and eateries.\n•Durable Stoneware: Made from high-quality stoneware to withstand the rigors of a professional kitchen\n•Twice-Fired Process: Enhances strength, durability, and the unique glaze finish, ensuring each piece performs in demanding environments\n•Rolled Edges: Enhances durability and provides added chip resistance, making it ideal for hotel, restaurant, and foodservice applications\n•Polished Foot: Minimises damage when stacked and stored, helping to maintain the integrity of each piece over time\n•Neutral Grey Body: The attractive grey tone provides a versatile backdrop that enhances the presentation of a wide range of cuisines and plating styles\n•Unglazed Base for Authentic Appeal: Adds a natural, artisanal touch creating a captivating contrast that enhances food presentation","Each",null,"5.1","5.1","6.3","0.00016",{"v":0.1,"d":"0.100"},"05020403149873",12,"18","11.5","14","0.00290","1.2",1.475,"05020403149880",96,"38","25","30.5","0.02898","9.6",{"v":11.8,"d":"11.800"},null,3456,"https://files.plytix.com/api/v1.1/file/public_files/pim/assets/8a/8d/8f/62/628f8d8abb3a1aaaf0e8f149/images/be/14/91/67/679114be26b9c8be7b87a6ee/TH_JUG-KDG9.jpg","https://files.plytix.com/api/v1.1/file/public_files/pim/assets/8a/8d/8f/62/628f8d8abb3a1aaaf0e8f149/images/b2/f7/90/67/6790f7b2f33788d49018e64f/JUG-KDG9.jpg","https://files.plytix.com/api/v1.1/file/public_files/pim/assets/8a/8d/8f/62/628f8d8abb3a1aaaf0e8f149/images/1f/d3/a1/67/67a1d31f20b2e4642d1ce9da/LFST0325146.jpg|https://files.plytix.com/api/v1.1/file/public_files/pim/assets/8a/8d/8f/62/628f8d8abb3a1aaaf0e8f149/images/06/d3/a1/67/67a1d3068c28d3ee51cd5535/LFST0325155.jpg","https://www.nevilleuk.com/products/JUG-KDG9_",null,"JUG-KBK9|JUG-KW9|CT-SJ9G|CT-SJ9"]
["CUP-KDG34","GenWare Kava Dark Grey Stoneware Coffee Cup 34cl/ 12oz","12.7 x 9.5 x 8.5cm (L x W x H) - Fits Saucer SCR-KDG16",10.46,6,"GenWare Stoneware>Kava Stoneware",{"$nulls":3},127,95,85,{"v":0.32,"d":"0.320"},{"v":0.32,"d":"0.320"},{"v":34,"d":"34.00"},"12","Stoneware","6912002310","China",-40,230,"Yes","Yes","Yes","Yes",{"$nulls":6},"\n•Durable Stoneware\n•Twice-Fired Process\n•Rolled Edges\n•Polished Foot\n•Neutral Grey Body\n•Unglazed Base","﻿Kava Stoneware showcases a neutral grey glaze complemented by an unglazed edge/base, forming a captivating contrast for culinary creations. With its sleek and modern shapes, Kava embodies style and functionality, complementing the chic atmosphere of today's dynamic bistros, cafes and eateries.\n•Durable Stoneware: Made from high-quality stoneware to withstand the rigors of a professional kitchen\n•Twice-Fired Process: Enhances strength, durability, and the unique glaze finish, ensuring each piece performs in demanding environments\n•Rolled Edges: Enhances durability and provides added chip resistance, making it ideal for hotel, restaurant, and foodservice applications\n•Polished Foot: Minimises damage when stacked and stored, helping to maintain the integrity of each piece over time\n•Neutral Grey Body: The attractive grey tone provides a versatile backdrop that enhances the presentation of a wide range of cuisines and plating styles\n•Unglazed Base for Authentic Appeal: Adds a natural, artisanal touch creating a captivating contrast that enhances food presentation","Each",null,"12.7","9.5","8.5","0.00103",{"v":0.32,"d":"0.320"},"05020403149842",6,"30.5","19.5","9.5","0.00565","1.92",2.083,"05020403149859",36,"41","32","31","0.04067","11.52",{"v":12.5,"d":"12.500"},null,864,"https://files.plytix.com/api/v1.1/file/public_files/pim/assets/8a/8d/8f/62/628f8d8abb3a1aaaf0e8f149/images/be/14/91/67/679114becad52e3172812dd1/TH_CUP-KDG34.jpg","https://files.plytix.com/api/v1.1/file/public_files/pim/assets/8a/8d/8f/62/628f8d8abb3a1aaaf0e8f149/images/ac/f7/90/67/6790f7ac650bff6333cfd0ec/CUP-KDG34.jpg|https://files.plytix.com/api/v1.1/file/public_files/pim/assets/8a/8d/8f/62/628f8d8abb3a1aaaf0e8f149/images/ae/f7/90/67/6790f7ae650bff6333cfd0ed/CUP-KDG34_A.jpg","https://files.plytix.com/api/v1.1/file/public_files/pim/assets/8a/8d/8f/62/628f8d8abb3a1aaaf0e8f149/images/0e/d3/a1/67/67a1d30e678af07d2988c3cf/LFST0325152.jpg|https://files.plytix.com/api/v1.1/file/public_files/pim/assets/8a/8d/8f/62/628f8d8abb3a1aaaf0e8f149/images/09/d3/a1/67/67a1d30920b2e4642d1ce9d9/LFST0325154.jpg","https://www.nevilleuk.com/products/CUP-KDG34_","SCR-KDG16","CUP-KDG28|CUP-KBK34|CUP-KW34"]
["CUP-KDG28","GenWare Kava Dark Grey Stoneware Coffee Cup 28.5cl/ 10oz","12.5 x 9 x 7.4cm (L x W x H) - Fits Saucer SCR-KDG16",{"v":9.1,"d":"9.10"},6,"GenWare Stoneware>Kava Stoneware",{"$nulls":3},125,90,74,{"v":0.3,"d":"0.300"},{"v":0.3,"d":"0.300"},{"v":28.5,"d":"28.50"},"10","Stoneware","6912002310","China",-40,230,"Yes","Yes","Yes","Yes",{"$nulls":6},"\n•Durable Stoneware\n•Twice-Fired Process\n•Rolled Edges\n•Polished Foot\n•Neutral Grey Body\n•Unglazed Base","﻿Kava Stoneware showcases a neutral grey glaze complemented by an unglazed edge/base, forming a captivating contrast for culinary creations. With its sleek and modern shapes, Kava embodies style and functionality, complementing the chic atmosphere of today's dynamic bistros, cafes and eateries.\n•Durable Stoneware: Made from high-quality stoneware to withstand the rigors of a professional kitchen\n•Twice-Fired Process: Enhances strength, durability, and the unique glaze finish, ensuring each piece performs in demanding environments\n•Rolled Edges: Enhances durability and provides added chip resistance, making it ideal for hotel, restaurant, and foodservice applications\n•Polished Foot: Minimises damage when stacked and stored, helping to maintain the integrity of each piece over time\n•Neutral Grey Body: The attractive grey tone provides a versatile backdrop that enhances the presentation of a wide range of cuisines and plating styles\n•Unglazed Base for Authentic Appeal: Adds a natural, artisanal touch creating a captivating contrast that enhances food presentation","Each",null,"12.5","9","7.4","0.00083",{"v":0.3,"d":"0.300"},"05020403149811",6,"29","19","8.5","0.00468","1.8",1.867,"05020403149828",36,"40","30.5","28","0.03416","10.8",{"v":11.2,"d":"11.200"},null,1080,"https://files.plytix.com/api/v1.1/file/public_files/pim/assets/8a/8d/8f/62/628f8d8abb3a1aaaf0e8f149/images/be/14/91/67/679114be26b9c8be7b87a6ed/TH_CUP-KDG28.jpg","https://files.plytix.com/api/v1.1/file/public_files/pim/assets/8a/8d/8f/62/628f8d8abb3a1aaaf0e8f149/images/a9/f7/90/67/6790f7a9a850eb23df857068/CUP-KDG28.jpg|https://files.plytix.com/api/v1.1/file/public_files/pim/assets/8a/8d/8f/62/628f8d8abb3a1aaaf0e8f149/images/ab/f7/90/67/6790f7abf33788d49018e64d/CUP-KDG28_A.jpg",null,"https://www.nevilleuk.com/products/CUP-KDG28_","SCR-KDG16","CUP-KW28|CUP-KBK28|CUP-KDG34"]
["BW-KDG15","GenWare Kava Dark Grey Stoneware Bowl 15.5cm","15.5 x 6.2cm (Dia x H) - 72cl/25.3oz",11.82,6,"GenWare Stoneware>Kava Stoneware",{"$nulls":3},155,155,62,{"v":0.5,"d":"0.500"},{"v":0.5,"d":"0.500"},{"v":72,"d":"72.00"},"25.3","Stoneware","6912002310","China",-40,230,"Yes","Yes","Yes","Yes",{"$nulls":6},"\n•Durable Stoneware\n•Twice-Fired Process\n•Rolled Edges\n•Polished Foot\n•Neutral Grey Body\n•Unglazed Base","﻿Kava Stoneware showcases a neutral grey glaze complemented by an unglazed edge/base, forming a captivating contrast for culinary creations. With its sleek and modern shapes, Kava embodies style and functionality, complementing the chic atmosphere of today's dynamic bistros, cafes and eateries.\n•Durable Stoneware: Made from high-quality stoneware to withstand the rigors of a professional kitchen\n•Twice-Fired Process: Enhances strength, durability, and the unique glaze finish, ensuring each piece performs in demanding environments\n•Rolled Edges: Enhances durability and provides added chip resistance, making it ideal for hotel, restaurant, and foodservice applications\n•Polished Foot: Minimises damage when stacked and stored, helping to maintain the integrity of each piece over time\n•Neutral Grey Body: The attractive grey tone provides a versatile backdrop that enhances the presentation of a wide range of cuisines and plating styles\n•Unglazed Base for Authentic Appeal: Adds a natural, artisanal touch creating a captivating contrast that enhances food presentation","Each",null,"15.5","15.5","6.2","0.00149",{"v":0.5,"d":"0.500"},"05020403149781",6,"25.5","16","16.5","0.00673","3",{"v":3.5,"d":"3.500"},"05020403149798",24,"34","27","35.5","0.03259","12",{"v":14,"d":"14.000"},null,768,"https://files.plytix.com/api/v1.1/file/public_files/pim/assets/8a/8d/8f/62/628f8d8abb3a1aaaf0e8f149/images/b2/14/91/67/679114b2cad52e3172812dbd/TH_BW-KDG15.jpg","https://files.plytix.com/api/v1.1/file/public_files/pim/assets/8a/8d/8f/62/628f8d8abb3a1aaaf0e8f149/images/67/f7/90/67/6790f767cad52e31728124ad/BW-KDG15.jpg","https://files.plytix.com/api/v1.1/file/public_files/pim/assets/8a/8d/8f/62/628f8d8abb3a1aaaf0e8f149/images/14/d3/a1/67/67a1d314783f894c4a8d4d78/LFST0325150.jpg","https://www.nevilleuk.com/products/BW-KDG15_",null,"BW-KBK15|BW-KW15|369416"]
["SSD1711BKV","GenWare Black Vintage Steel Oval Dish 17.5 x 11cm","17.5 x 11.1 x 2.9cm (L x W x H) - 30cl/10.5oz",13.12,6,"Table Presentation>Black Vintage Steel",{"$nulls":3},175,111,29,0.118,0.118,{"v":30,"d":"30.00"},"10.6","Stainless Steel-430","7323930090","China",null,null,"Yes","Yes","N/A","N/A",{"$nulls":6},"\n•Made From Stainless Steel\n•Industrial Vintage Finish\n•Durable Black PVD Coating\n•Great For Presenting Side Dishes\n•Stackable","Add a touch of bold, industrial flair to your food presentation with our Black Vintage Steel Collection. Crafted from high-quality stainless steel with a distinctive black PVD coating, this collection combines durability and style, offering a unique, vintage-inspired finish that enhances any dish. Perfect for both casual and upscale dining settings, these pieces provide a sophisticated yet rugged look that complements a variety of cuisines.\n•Durable Stainless Steel: Provides long-lasting strength, ideal for high-use environments\n•Industrial Vintage Design: A striking, modern aesthetic that brings a rugged charm to any table setting\n•Durable Black PVD Coating: Matt finish that offers a contemporary look while being resistant to scratches and wear\n•Safe for Direct Food Contact: Crafted from food-safe materials, ensuring safe and hygienic service\n•Dishwasher Safe: Easy to clean and maintain","Each",null,"17.5","11.1","2.9","0.00056",0.118,"05020403121039",6,"18.5","12","5","0.00111","0.708",0.788,"05020403121046",48,"26","19.5","23","0.01166","5.664",{"v":6.3,"d":"6.300"},null,2016,"https://files.plytix.com/api/v1.1/file/public_files/pim/assets/8a/8d/8f/62/628f8d8abb3a1aaaf0e8f149/images/d8/14/91/67/679114d8cad52e3172812e05/TH_SSD1711BKV.jpg","https://files.plytix.com/api/v1.1/file/public_files/pim/assets/8a/8d/8f/62/628f8d8abb3a1aaaf0e8f149/images/e7/f8/90/67/6790f8e7a850eb23df8570d5/SSD1711BKV.jpg","https://files.plytix.com/api/v1.1/file/public_files/pim/assets/8a/8d/8f/62/628f8d8abb3a1aaaf0e8f149/images/c1/22/7e/68/687e22c15c3aa1d901c6eb73/LFST0925322.jpg|https://files.plytix.com/api/v1.1/file/public_files/pim/assets/8a/8d/8f/62/628f8d8abb3a1aaaf0e8f149/images/d1/22/7e/68/687e22d12a03861c91eda618/LFST0925324.jpg|https://files.plytix.com/api/v1.1/file/public_files/pim/assets/8a/8d/8f/62/628f8d8abb3a1aaaf0e8f149/images/2a/22/7e/68/687e222aad76c8ad222c873f/LFST0925301.jpg","https://www.nevilleuk.com/products/SSD1711BKV_",null,"SSD1711V|SSD1711CV|SSD1711GDV"]
["SSD1711GDV","GenWare Gold Vintage Steel Oval Dish 17.5 x 11cm","17.5 x 11.1 x 2.9cm (L x W x H) - 30cl/10.5oz",13.12,6,"Table Presentation>Gold Vintage Steel",{"$nulls":3},175,111,29,0.118,0.118,{"v":30,"d":"30.00"},"10.6","Stainless Steel-430","7323930090","China",null,null,"Yes","Yes","N/A","N/A",{"$nulls":6},"\n•Made From Stainless Steel\n•Industrial Vintage Finish\n•Durable Gold PVD Coating\n•Great For Presenting Side Dishes\n•Stackable","Add a touch of bold, industrial flair to your food presentation with our Gold Vintage Steel Collection. Crafted from high-quality stainless steel with a distinctive gold PVD coating, this collection combines durability and style, offering a unique, vintage-inspired finish that enhances any dish. Perfect for both casual and upscale dining settings, these pieces provide a sophisticated yet rugged look that complements a variety of cuisines.\n•Durable Stainless Steel: Provides long-lasting strength, ideal for high-use environments\n•Industrial Vintage Design: A striking, modern aesthetic that brings a rugged charm to any table setting\n•Durable Gold PVD Coating: Matt finish that offers a contemporary look while being resistant to scratches and wear\n•Safe for Direct Food Contact: Crafted from food-safe materials, ensuring safe and hygienic service\n•Dishwasher Safe: Easy to clean and maintain","Each",null,"17.5","11.1","2.9","0.00056",0.118,"05020403121008",6,"18.5","12","5","0.00111","0.708",0.788,"05020403121015",48,"26","19.5","23","0.01166","5.664",{"v":6.3,"d":"6.300"},null,2016,"https://files.plytix.com/api/v1.1/file/public_files/pim/assets/8a/8d/8f/62/628f8d8abb3a1aaaf0e8f149/images/d8/14/91/67/679114d8650bff6333cfd996/TH_SSD1711GDV.jpg","https://files.plytix.com/api/v1.1/file/public_files/pim/assets/8a/8d/8f/62/628f8d8abb3a1aaaf0e8f149/images/ea/f8/90/67/6790f8eacad52e31728124f3/SSD1711GDV.jpg","https://files.plytix.com/api/v1.1/file/public_files/pim/assets/8a/8d/8f/62/628f8d8abb3a1aaaf0e8f149/images/b3/d3/a1/67/67a1d3b3908f6049539c8a87/LFST0325093.jpg|https://files.plytix.com/api/v1.1/file/public_files/pim/assets/8a/8d/8f/62/628f8d8abb3a1aaaf0e8f149/images/9a/d3/a1/67/67a1d39a20b2e4642d1ce9e7/LFST0325101.jpg","https://www.nevilleuk.com/products/SSD1711GDV_",null,"SSD1711V|SSD1711CV|SSD1711BKV"]
["SSD1711CV","GenWare Copper Vintage Steel Oval Dish 17.5 x 11cm","17.5 x 11.1 x 2.9cm (L x W x H) - 30cl/10.5oz",13.12,6,"Table Presentation>Copper Vintage Steel",{"$nulls":3},175,111,29,0.118,0.118,{"v":30,"d":"30.00"},"10.6","Stainless Steel-430","7323930090","China",null,null,"Yes","Yes","N/A","N/A",{"$nulls":6},"\n•Made From Stainless Steel\n•Industrial Vintage Finish\n•Durable Copper PVD Coating\n•Great For Presenting Side Dishes\n•Stackable","Add a touch of bold, industrial flair to your food presentation with our Copper Vintage Steel Collection. Crafted from high-quality stainless steel with a distinctive copper PVD coating, this collection combines durability and style, offering a unique, vintage-inspired finish that enhances any dish. Perfect for both casual and upscale dining settings, these pieces provide a sophisticated yet rugged look that complements a variety of cuisines.\n•Durable Stainless Steel: Provides long-lasting strength, ideal for high-use environments\n•Industrial Vintage Design: A striking, modern aesthetic that brings a rugged charm to any table setting\n•Durable Copper PVD Coating: Matt finish that offers a contemporary look while being resistant to scratches and wear\n•Safe for Direct Food Contact: Crafted from food-safe materials, ensuring safe and hygienic service\n•Dishwasher Safe: Easy to clean and maintain","Each",null,"17.5","11.1","2.9","0.00056",0.118,"05020403120971",6,"18.5","12","5","0.00111","0.708",0.788,"05020403120988",48,"26","19.5","23","0.01166","5.664",{"v":6.3,"d":"6.300"},null,2016,"https://files.plytix.com/api/v1.1/file/public_files/pim/assets/8a/8d/8f/62/628f8d8abb3a1aaaf0e8f149/images/d8/14/91/67/679114d8cad52e3172812e06/TH_SSD1711CV.jpg","https://files.plytix.com/api/v1.1/file/public_files/pim/assets/8a/8d/8f/62/628f8d8abb3a1aaaf0e8f149/images/e8/f8/90/67/6790f8e8650bff6333cfd134/SSD1711CV.jpg","https://files.plytix.com/api/v1.1/file/public_files/pim/assets/8a/8d/8f/62/628f8d8abb3a1aaaf0e8f149/images/d1/22/7e/68/687e22d12a03861c91eda618/LFST0925324.jpg|https://files.plytix.com/api/v1.1/file/public_files/pim/assets/8a/8d/8f/62/628f8d8abb3a1aaaf0e8f149/images/c8/22/7e/68/687e22c85ff968b9dfce9aac/LFST0925323.jpg|https://files.plytix.com/api/v1.1/file/public_files/pim/assets/8a/8d/8f/62/628f8d8abb3a1aaaf0e8f149/images/2a/22/7e/68/687e222aad76c8ad222c873f/LFST0925301.jpg|https://files.plytix.com/api/v1.1/file/public_files/pim/assets/8a/8d/8f/62/628f8d8abb3a1aaaf0e8f149/images/3d/98/8c/68/688c983ddbab51124ff18b00/LFST0925301_B.jpg","https://www.nevilleuk.com/products/SSD1711CV_",null,"SSD1711V|SSD1711GDV|SSD1711BKV"]
["SSD1711V","GenWare Vintage Steel Oval Dish 17.5 x 11cm","17.5 x 11.1 x 2.9cm (L x W x H) - 30cl/10.5oz",9.74,6,"Table Presentation>Vintage Steel",{"$nulls":3},175,111,29,0.118,0.118,{"v":30,"d":"30.00"},"10.6","Stainless Steel-430","7323930090","China",null,null,"Yes","Yes","N/A","N/A",{"$nulls":6},"\n•Durable Stainless Steel\n•Industrial Vintage Finish\n•Versatile Presentation\n•Dishwasher Safe\n•Stackable","Add a touch of bold, industrial flair to your food presentation with our Vintage Steel Collection.Crafted from high-quality stainless steel with a distinctive vintage finish, this collection combines durability and style, offering a unique, industrial finish that enhances any dish. Perfect for both casual and upscale dining settings, these pieces provide a sophisticated yet rugged look that complements a variety of cuisines.\n•Durable Stainless Steel: Provides long-lasting strength, ideal for high-use environments\n•Industrial Vintage Design: A striking, modern aesthetic that brings a rugged charm to any table setting\n•Safe for Direct Food Contact: Crafted from food-safe materials, ensuring safe and hygienic service\n•Perfect for Small Dishes and Sides: Ideal for serving tapas, side dishes, desserts, and individual portions\n•Versatile Presentation: Pairs beautifully with ceramic or wooden serving boards for a premium look\n•Perfect for Casual and Premium Dining: Ideal for restaurants, gastropubs, and sharing style service\n•Dishwasher Safe: Easy to clean and maintain\n•Stackable: For easy storage and space-saving","Each",null,"17.5","11.1","2.9","0.00056",0.118,"05020403120940",6,"18.5","12","5","0.00111","0.708",0.788,"05020403120957",48,"26","19.5","23","0.01166","5.664",{"v":6.3,"d":"6.300"},null,2016,"https://files.plytix.com/api/v1.1/file/public_files/pim/assets/8a/8d/8f/62/628f8d8abb3a1aaaf0e8f149/images/d8/14/91/67/679114d8cad52e3172812e07/TH_SSD1711V.jpg","https://files.plytix.com/api/v1.1/file/public_files/pim/assets/8a/8d/8f/62/628f8d8abb3a1aaaf0e8f149/images/eb/f8/90/67/6790f8eb26b9c8be7b87a010/SSD1711V.jpg","https://files.plytix.com/api/v1.1/file/public_files/pim/assets/8a/8d/8f/62/628f8d8abb3a1aaaf0e8f149/images/a1/d4/a1/67/67a1d4a1678af07d2988c45d/LFST0325011.jpg|https://files.plytix.com/api/v1.1/file/public_files/pim/assets/8a/8d/8f/62/628f8d8abb3a1aaaf0e8f149/images/9e/d4/a1/67/67a1d49e3446055658f062d9/LFST0325012.jpg","https://www.nevilleuk.com/products/SSD1711V_",null,"SSD1711CV|SSD1711GDV|SSD1711BKV"]
["SPD16GDV","GenWare Gold Vintage Steel Pie Dish 16cm","16 x 12 x 3.5cm - 24cl/8.4oz",10.92,12,"Table Presentation>Gold Vintage Steel",{"$nulls":3},160,120,35,0.115,0.115,{"v":24,"d":"24.00"},"8.4","Stainless Steel-430","7323930090","China",null,null,"Yes","Yes","N/A","N/A",{"$nulls":6},"\n•Made from Stainless Steel\n•Industrial Vintage Finish\n•Durable Gold PVD Coating\n•Great For Presenting Sides\n•Stackable","Add a touch of bold, industrial flair to your food presentation with our Gold Vintage Steel Collection. Crafted from high-quality stainless steel with a distinctive gold PVD coating, this collection combines durability and style, offering a unique, vintage-inspired finish that enhances any dish. Perfect for both casual and upscale dining settings, these pieces provide a sophisticated yet rugged look that complements a variety of cuisines.\n•Durable Stainless Steel: Provides long-lasting strength, ideal for high-use environments\n•Industrial Vintage Design: A striking, modern aesthetic that brings a rugged charm to any table setting\n•Durable Gold PVD Coating: Matt finish that offers a contemporary look while being resistant to scratches and wear\n•Safe for Direct Food Contact: Crafted from food-safe materials, ensuring safe and hygienic service\n•Dishwasher Safe: Easy to clean and maintain","Each",null,"16","12","3.5","0.00067",0.115,"05020403120919",12,"17","13","12.5","0.00276","1.38",1.525,"05020403120926",96,"36","28","28","0.02822","11.04",{"v":12.2,"d":"12.200"},null,3840,"https://files.plytix.com/api/v1.1/file/public_files/pim/assets/8a/8d/8f/62/628f8d8abb3a1aaaf0e8f149/images/d6/14/91/67/679114d6cad52e3172812dff/TH_SPD16GDV.jpg","https://files.plytix.com/api/v1.1/file/public_files/pim/assets/8a/8d/8f/62/628f8d8abb3a1aaaf0e8f149/images/d7/f8/90/67/6790f8d7650bff6333cfd11f/SPD16GDV.jpg",null,"https://www.nevilleuk.com/products/SPD16GDV_",null,"SPD16CV|SPD16BKV|SPD16V"]
["SPD16CV","GenWare Copper Vintage Steel Pie Dish 16cm","16 x 12 x 3.5cm - 24cl/8.4oz",10.92,12,"Table Presentation>Copper Vintage Steel",{"$nulls":3},160,120,35,0.115,0.115,{"v":24,"d":"24.00"},"8.4","Stainless Steel-430","7323930090","China",null,null,"Yes","Yes","N/A","N/A",{"$nulls":6},"\n•Made from Stainless Steel\n•Industrial Vintage Finish\n•Durable Copper PVD Coating\n•Great For Presenting Sides\n•Stackable","Add a touch of bold, industrial flair to your food presentation with our Copper Vintage Steel Collection. Crafted from high-quality stainless steel with a distinctive copper PVD coating, this collection combines durability and style, offering a unique, vintage-inspired finish that enhances any dish. Perfect for both casual and upscale dining settings, these pieces provide a sophisticated yet rugged look that complements a variety of cuisines.\n•Durable Stainless Steel: Provides long-lasting strength, ideal for high-use environments\n•Industrial Vintage Design: A striking, modern aesthetic that brings a rugged charm to any table setting\n•Durable Copper PVD Coating: Matt finish that offers a contemporary look while being resistant to scratches and wear\n•Safe for Direct Food Contact: Crafted from food-safe materials, ensuring safe and hygienic service\n•Dishwasher Safe: Easy to clean and maintain","Each",null,"16","12","3.5","0.00067",0.115,"05020403120889",12,"17","13","12.5","0.00276","1.38",1.525,"05020403120896",96,"36","28","28","0.02822","11.04",{"v":12.2,"d":"12.200"},null,3840,"https://files.plytix.com/api/v1.1/file/public_files/pim/assets/8a/8d/8f/62/628f8d8abb3a1aaaf0e8f149/images/d6/14/91/67/679114d6650bff6333cfd994/TH_SPD16CV.jpg","https://files.plytix.com/api/v1.1/file/public_files/pim/assets/8a/8d/8f/62/628f8d8abb3a1aaaf0e8f149/images/d6/f8/90/67/6790f8d626b9c8be7b87a001/SPD16CV.jpg","https://files.plytix.com/api/v1.1/file/public_files/pim/assets/8a/8d/8f/62/628f8d8abb3a1aaaf0e8f149/images/50/d2/a1/67/67a1d250678af07d2988c3a9/LFST0325231.jpg","https://www.nevilleuk.com/products/SPD16CV_",null,"SPD16GDV|SPD16V|SPD16BKV"]
["SCP24GDV","GenWare Gold Vintage Steel Coupe Plate 24cm","24 x 3.7cm (Dia x H)",{"v":28.6,"d":"28.60"},12,"Table Presentation>Gold Vintage Steel",{"$nulls":3},240,240,38,{"v":0.5,"d":"0.500"},{"v":0.5,"d":"0.500"},null,null,"Stainless Steel-430","7323930090","China",null,null,"Yes","Yes","N/A","N/A",{"$nulls":6},"\n•Made From Stainless Steel\n•Industrial Vintage Finish\n•Durable Gold PVD Coating\n•Great For Individual Dishes\n•Stackable","Add a touch of bold, industrial flair to your food presentation with our Gold Vintage Steel Collection. Crafted from high-quality stainless steel with a distinctive gold PVD coating, this collection combines durability and style, offering a unique, vintage-inspired finish that enhances any dish. Perfect for both casual and upscale dining settings, these pieces provide a sophisticated yet rugged look that complements a variety of cuisines.\n•Durable Stainless Steel: Provides long-lasting strength, ideal for high-use environments\n•Industrial Vintage Design: A striking, modern aesthetic that brings a rugged charm to any table setting\n•Durable Gold PVD Coating: Matt finish that offers a contemporary look while being resistant to scratches and wear\n•Safe for Direct Food Contact: Crafted from food-safe materials, ensuring safe and hygienic service\n•Dishwasher Safe: Easy to clean and maintain","Each",null,"24","24","3.8","0.00219",{"v":0.5,"d":"0.500"},{"$nulls":8},"05020403120865",12,"26","26","13","0.00879","6",{"v":6.5,"d":"6.500"},null,864,"https://files.plytix.com/api/v1.1/file/public_files/pim/assets/8a/8d/8f/62/628f8d8abb3a1aaaf0e8f149/images/d3/14/91/67/679114d3f33788d49018ed98/TH_SCP24GDV.jpg","https://files.plytix.com/api/v1.1/file/public_files/pim/assets/8a/8d/8f/62/628f8d8abb3a1aaaf0e8f149/images/ba/f8/90/67/6790f8ba26b9c8be7b879ff8/SCP24GDV.jpg","https://files.plytix.com/api/v1.1/file/public_files/pim/assets/8a/8d/8f/62/628f8d8abb3a1aaaf0e8f149/images/85/d2/a1/67/67a1d28520b2e4642d1ce9bf/LFST0325212.jpg|https://files.plytix.com/api/v1.1/file/public_files/pim/assets/8a/8d/8f/62/628f8d8abb3a1aaaf0e8f149/images/7f/d2/a1/67/67a1d27f3446055658f06276/LFST0325214.jpg","https://www.nevilleuk.com/products/SCP24GDV_",null,"SCP20GDV|SCP24CV|SCP24V|SCP24BKV"]
["SCP24CV","GenWare Copper Vintage Steel Coupe Plate 24cm","24 x 3.7cm (Dia x H)",{"v":28.6,"d":"28.60"},12,"Table Presentation>Copper Vintage Steel",{"$nulls":3},240,240,38,{"v":0.5,"d":"0.500"},{"v":0.5,"d":"0.500"},null,null,"Stainless Steel-430","7323930090","China",null,null,"Yes","Yes","N/A","N/A",{"$nulls":6},"\n•Made From Stainless Steel\n•Industrial Vintage Finish\n•Durable Copper PVD Coating\n•Great For Individual Dishes\n•Stackable","Add a touch of bold, industrial flair to your food presentation with our Copper Vintage Steel Collection. Crafted from high-quality stainless steel with a distinctive copper PVD coating, this collection combines durability and style, offering a unique, vintage-inspired finish that enhances any dish. Perfect for both casual and upscale dining settings, these pieces provide a sophisticated yet rugged look that complements a variety of cuisines.\n•Durable Stainless Steel: Provides long-lasting strength, ideal for high-use environments\n•Industrial Vintage Design: A striking, modern aesthetic that brings a rugged charm to any table setting\n•Durable Copper PVD Coating: Matt finish that offers a contemporary look while being resistant to scratches and wear\n•Safe for Direct Food Contact: Crafted from food-safe materials, ensuring safe and hygienic service\n•Dishwasher Safe: Easy to clean and maintain","Each",null,"24","24","3.8","0.00219",{"v":0.5,"d":"0.500"},{"$nulls":8},"05020403120841",12,"26","26","13","0.00879","6",{"v":6.5,"d":"6.500"},null,864,"https://files.plytix.com/api/v1.1/file/public_files/pim/assets/8a/8d/8f/62/628f8d8abb3a1aaaf0e8f149/images/d3/14/91/67/679114d3f33788d49018ed97/TH_SCP24CV.jpg","https://files.plytix.com/api/v1.1/file/public_files/pim/assets/8a/8d/8f/62/628f8d8abb3a1aaaf0e8f149/images/b9/f8/90/67/6790f8b9650bff6333cfd115/SCP24CV.jpg","https://files.plytix.com/api/v1.1/file/public_files/pim/assets/8a/8d/8f/62/628f8d8abb3a1aaaf0e8f149/images/50/d2/a1/67/67a1d250678af07d2988c3a9/LFST0325231.jpg","https://www.nevilleuk.com/products/SCP24CV_",null,"SCP20CV|SCP24GDV|SCP24V|SCP24BKV"]
["SCP20GDV","GenWare Gold Vintage Steel Coupe Plate 20cm","20 x 3.3cm (Dia x H)",20.62,12,"Table Presentation>Gold Vintage Steel",{"$nulls":3},200,200,33,{"v":0.33,"d":"0.330"},{"v":0.33,"d":"0.330"},null,null,"Stainless Steel-430","7323930090","China",null,null,"Yes","Yes","N/A","N/A",{"$nulls":6},"\n•Made From Stainless Steel\n•Industrial Vintage Finish\n•Durable Gold PVD Coating\n•Great For Individual Dishes\n•Stackable","Add a touch of bold, industrial flair to your food presentation with our Gold Vintage Steel Collection. Crafted from high-quality stainless steel with a distinctive gold PVD coating, this collection combines durability and style, offering a unique, vintage-inspired finish that enhances any dish. Perfect for both casual and upscale dining settings, these pieces provide a sophisticated yet rugged look that complements a variety of cuisines.\n•Durable Stainless Steel: Provides long-lasting strength, ideal for high-use environments\n•Industrial Vintage Design: A striking, modern aesthetic that brings a rugged charm to any table setting\n•Durable Gold PVD Coating: Matt finish that offers a contemporary look while being resistant to scratches and wear\n•Safe for Direct Food Contact: Crafted from food-safe materials, ensuring safe and hygienic service\n•Dishwasher Safe: Easy to clean and maintain","Each",null,"20","20","3.3","0.00132",{"v":0.33,"d":"0.330"},"05020403120810",12,"22","22","10","0.00484","3.96",{"v":4.4,"d":"4.400"},"05020403120827",24,"25","25","28","0.01750","7.92",{"v":8.8,"d":"8.800"},null,1440,"https://files.plytix.com/api/v1.1/file/public_files/pim/assets/8a/8d/8f/62/628f8d8abb3a1aaaf0e8f149/images/d3/14/91/67/679114d3cad52e3172812dfc/TH_SCP20GDV.jpg","https://files.plytix.com/api/v1.1/file/public_files/pim/assets/8a/8d/8f/62/628f8d8abb3a1aaaf0e8f149/images/b7/f8/90/67/6790f8b7a850eb23df8570c4/SCP20GDV.jpg",null,"https://www.nevilleuk.com/products/SCP20GDV_",null,"SCP20CV|SCP24GDV|SCP20V|SCP20BKV"]
["SCP20CV","GenWare Copper Vintage Steel Coupe Plate 20cm","20 x 3.3cm (Dia x H)",20.62,12,"Table Presentation>Copper Vintage Steel",{"$nulls":3},200,200,33,{"v":0.33,"d":"0.330"},{"v":0.33,"d":"0.330"},null,null,"Stainless Steel-430","7323930090","China",null,null,"Yes","Yes","N/A","N/A",{"$nulls":6},"\n•Made From Stainless Steel\n•Industrial Vintage Finish\n•Durable Copper PVD Coating\n•Great For Individual Dishes\n•Stackable","Add a touch of bold, industrial flair to your food presentation with our Copper Vintage Steel Collection. Crafted from high-quality stainless steel with a distinctive copper PVD coating, this collection combines durability and style, offering a unique, vintage-inspired finish that enhances any dish. Perfect for both casual and upscale dining settings, these pieces provide a sophisticated yet rugged look that complements a variety of cuisines.\n•Durable Stainless Steel: Provides long-lasting strength, ideal for high-use environments\n•Industrial Vintage Design: A striking, modern aesthetic that brings a rugged charm to any table setting\n•Durable Copper PVD Coating: Matt finish that offers a contemporary look while being resistant to scratches and wear\n•Safe for Direct Food Contact: Crafted from food-safe materials, ensuring safe and hygienic service\n•Dishwasher Safe: Easy to clean and maintain","Each",null,"20","20","3.3","0.00132",{"v":0.33,"d":"0.330"},"05020403120780",12,"22","22","10","0.00484","3.96",{"v":4.4,"d":"4.400"},"05020403120797",24,"25","25","22","0.01375","7.92",{"v":8.8,"d":"8.800"},null,1440,"https://files.plytix.com/api/v1.1/file/public_files/pim/assets/8a/8d/8f/62/628f8d8abb3a1aaaf0e8f149/images/d3/14/91/67/679114d3650bff6333cfd98f/TH_SCP20CV.jpg","https://files.plytix.com/api/v1.1/file/public_files/pim/assets/8a/8d/8f/62/628f8d8abb3a1aaaf0e8f149/images/b6/f8/90/67/6790f8b6a850eb23df8570c3/SCP20CV.jpg","https://files.plytix.com/api/v1.1/file/public_files/pim/assets/8a/8d/8f/62/628f8d8abb3a1aaaf0e8f149/images/50/d2/a1/67/67a1d250678af07d2988c3a9/LFST0325231.jpg","https://www.nevilleuk.com/products/SCP20CV_",null,"SCP24CV|SCP20GDV|SCP20V|SCP20BKV"]
["STM450V","GenWare Vintage Steel Tankard Mug 45cl/15.8oz","9.8 x 12.3 x 11.2cm (Dia x W x H)",15.28,1,"Drinkware>Metal Drinkware",{"$nulls":3},124,97,112,0.209,0.209,{"v":45,"d":"45.00"},"15.8","Stainlss Steel-304","7323930090","China",null,null,"Yes","N/A","N/A","N/A",{"$nulls":6},"\n•Durable Stainless Steel\n•Vintage Finish\n•Versatile Use\n•Dishwasher Safe","Elevate your dining and drinking experience with the Stainless Steel Tankard, designed for both style and functionality. This versatile glass is ideal for serving classic drinks like moscow mules, mulled wine and beer. Crafted from high-quality stainless steel, it combines sophistication with practicality, making it the perfect choice for bars and restaurants.\n•Durable Stainless Steel: Resistant to breakage, making it ideal for both indoor and outdoor events\n•Industrial Vintage Finish:A striking, modern aesthetic that brings a rugged charm\n•Versatile Use: Suitable for a variety of drinks, from moscow mules to beer\n•Perfect for Both Casual and Upscale Venues:Fits seamlessly into a variety of settings, from casual bars to fine dining establishments\n•Dishwasher Safe: Easy to clean and maintain, saving valuable time for busy establishments","Each","5020403176398","12.4","9.7","11.2","0.00135",0.209,"05020403176404",12,"43.3","32","13.4","0.01857","2.508",3.025,"05020403176411",48,"45.7","33","55","0.08295","10.032",{"v":12.1,"d":"12.100"},null,864,"https://files.plytix.com/api/v1.1/file/public_files/pim/assets/8a/8d/8f/62/628f8d8abb3a1aaaf0e8f149/images/d9/14/91/67/679114d9650bff6333cfd998/TH_STM450V.jpg","https://files.plytix.com/api/v1.1/file/public_files/pim/assets/8a/8d/8f/62/628f8d8abb3a1aaaf0e8f149/images/f2/f8/90/67/6790f8f226b9c8be7b87a017/STM450V.jpg","https://files.plytix.com/api/v1.1/file/public_files/pim/assets/8a/8d/8f/62/628f8d8abb3a1aaaf0e8f149/images/43/d1/a1/67/67a1d1433446055658f06231/LFST0325344.jpg","https://www.nevilleuk.com/products/STM450V_",null,"STM450|SBT450"]
["STM450","GenWare Stainless Steel Tankard Mug 45cl/ 15.8oz","9.8 x 12.3 x 11.2cm (Dia x W x H)",12.36,1,"Drinkware>Metal Drinkware",{"$nulls":3},124,97,112,0.209,0.209,{"v":45,"d":"45.00"},"15.8","Stainlss Steel-304","7323930090","China",null,null,"Yes","N/A","N/A","N/A",{"$nulls":6},"\n•Durable Stainless Steel\n•Polished Finish\n•Versatile Use\n•Dishwasher Safe","Elevate your dining and drinking experience with the Stainless Steel Tankard, designed for both style and functionality. This versatile glass is ideal for serving classic drinks like moscow mules, mulled wine and beer. Crafted from high-quality stainless steel, it combines sophistication with practicality, making it the perfect choice for bars and restaurants.\n•Durable Stainless Steel: Resistant to breakage, making it ideal for both indoor and outdoor events\n•Polished Finish: High-shine surface that enhances the glass's elegance\n•Versatile Use: Suitable for a variety of drinks, from moscow mules to beer\n•Perfect for Both Casual and Upscale Venues:Fits seamlessly into a variety of settings, from casual bars to fine dining establishments\n•Dishwasher Safe: Easy to clean and maintain, saving valuable time for busy establishments","Each","5020403176367","12.4","9.7","11.2","0.00135",0.209,"05020403176374",12,"43.3","32","13.4","0.01857","2.508",3.025,"05020403176381",48,"45.7","33","55","0.08295","10.032",{"v":12.1,"d":"12.100"},null,864,"https://files.plytix.com/api/v1.1/file/public_files/pim/assets/8a/8d/8f/62/628f8d8abb3a1aaaf0e8f149/images/d9/14/91/67/679114d9cad52e3172812e09/TH_STM450.jpg","https://files.plytix.com/api/v1.1/file/public_files/pim/assets/8a/8d/8f/62/628f8d8abb3a1aaaf0e8f149/images/f1/f8/90/67/6790f8f1a850eb23df8570e0/STM450.jpg","https://files.plytix.com/api/v1.1/file/public_files/pim/assets/8a/8d/8f/62/628f8d8abb3a1aaaf0e8f149/images/3b/d1/a1/67/67a1d13b678af07d2988c38e/LFST0325347.jpg","https://www.nevilleuk.com/products/STM450_",null,"STM450V|SBT450"]
["CPG220V","GenWare Vintage Steel Coupe Glass 22cl/ 7.7oz","9.5 x 10.7cm (Dia x H)",16.64,1,"Drinkware>Metal Drinkware",{"$nulls":3},96,96,107,0.172,0.172,{"v":22,"d":"22.00"},"7.7","Stainlss Steel-304","7323930090","China",null,null,"Yes","N/A","N/A","N/A",{"$nulls":6},"\n•Durable Stainless Steel\n•Elegant Coupe Shape\n•Vintage Finish\n•Versatile Use\n•Dishwasher Safe","Elevate your dining and drinking experience with the Vintage Steel Coupe Glass, designed for both style and functionality. With its elegant coupe shape, this versatile glass is ideal for serving classic cocktails like champagne, martinis, or other signature drinks, as well as delightful desserts like mousses, sorbets, and layered treats. Crafted from high-quality stainless steel, it combines sophistication with practicality, making it the perfect choice for bars and restaurants.\n•Durable Stainless Steel: Resistant to breakage, making it ideal for both indoor and outdoor events\n•Elegant Coupe Shape: Classic design, perfect for serving champagne and cocktails\n•Industrial Vintage Finish:A striking, modern aesthetic that brings a rugged charm\n•Versatile Use: Not just for drinks! Ideal for presenting desserts, from mousse to fruit compotes, adding an elegant touch to sweet treats\n•Perfect for Both Casual and Upscale Venues:Fits seamlessly into a variety of settings, from casual bars to fine dining establishments\n•Dishwasher Safe: Easy to clean and maintain, saving valuable time for busy establishments","Each","5020403176336","9.6","9.6","10.7","0.00099",0.172,"05020403176343",12,"39.4","29.5","12.4","0.01441","2.064",{"v":2.53,"d":"2.530"},"05020403176350",60,"40","31","64","0.07936","10.32",{"v":12.65,"d":"12.650"},null,480,"https://files.plytix.com/api/v1.1/file/public_files/pim/assets/8a/8d/8f/62/628f8d8abb3a1aaaf0e8f149/images/ba/14/91/67/679114ba26b9c8be7b87a6e9/TH_CPG220V.jpg","https://files.plytix.com/api/v1.1/file/public_files/pim/assets/8a/8d/8f/62/628f8d8abb3a1aaaf0e8f149/images/84/f7/90/67/6790f7845102799cd827fd91/CPG220V.jpg","https://files.plytix.com/api/v1.1/file/public_files/pim/assets/8a/8d/8f/62/628f8d8abb3a1aaaf0e8f149/images/48/d1/a1/67/67a1d148783f894c4a8d4d45/LFST0325342.jpg","https://www.nevilleuk.com/products/CPG220V_",null,"CPG220|CPC300|CPS300|MRC240|MRS240|MGS300|MGC300"]
["CPG220","GenWare Stainless Steel Coupe Glass 22cl/ 7.7oz","9.5 x 10.7cm (Dia x H)",13.58,1,"Drinkware>Metal Drinkware",{"$nulls":3},95,95,107,0.172,0.172,{"v":22,"d":"22.00"},"7.7","Stainlss Steel-304","7323930090","China",null,null,"Yes","N/A","N/A","N/A",{"$nulls":6},"\n•Durable Stainless Steel\n•Elegant Coupe Shape\n•Polished Finish\n•Versatile Use\n•Dishwasher Safe","Elevate your dining and drinking experience with the Stainless Steel Coupe Glass, designed for both style and functionality. With its elegant coupe shape, this versatile glass is ideal for serving classic cocktails like champagne, martinis, or other signature drinks, as well as delightful desserts like mousses, sorbets, and layered treats. Crafted from high-quality stainless steel, it combines sophistication with practicality, making it the perfect choice for bars and restaurants.\n•Durable Stainless Steel: Resistant to breakage, making it ideal for both indoor and outdoor events\n•Elegant Coupe Shape: Classic design, perfect for serving champagne and cocktails\n•Polished Finish: High-shine surface that enhances the glass's elegance\n•Versatile Use: Not just for drinks! Ideal for presenting desserts, from mousse to fruit compotes, adding an elegant touch to sweet treats\n•Perfect for Both Casual and Upscale Venues:Fits seamlessly into a variety of settings, from casual bars to fine dining establishments\n•Dishwasher Safe: Easy to clean and maintain, saving valuable time for busy establishments","Each","5020403176305","9.5","9.5","10.7","0.00097",0.172,"05020403176312",12,"39.4","29.5","12.4","0.01441","2.064",{"v":2.53,"d":"2.530"},"05020403176329",60,"40","31","64","0.07936","10.32",{"v":12.65,"d":"12.650"},null,480,"https://files.plytix.com/api/v1.1/file/public_files/pim/assets/8a/8d/8f/62/628f8d8abb3a1aaaf0e8f149/images/ba/14/91/67/679114ba26b9c8be7b87a6e8/TH_CPG220.jpg","https://files.plytix.com/api/v1.1/file/public_files/pim/assets/8a/8d/8f/62/628f8d8abb3a1aaaf0e8f149/images/81/f7/90/67/6790f781650bff6333cfd0d9/CPG220.jpg","https://files.plytix.com/api/v1.1/file/public_files/pim/assets/8a/8d/8f/62/628f8d8abb3a1aaaf0e8f149/images/a6/d2/a1/67/67a1d2a620b2e4642d1ce9c5/LFST0325193.jpg|https://files.plytix.com/api/v1.1/file/public_files/pim/assets/8a/8d/8f/62/628f8d8abb3a1aaaf0e8f149/images/4a/d1/a1/67/67a1d14a3446055658f06238/LFST0325341.jpg","https://www.nevilleuk.com/products/CPG220_",null,"CPC300|CPS300|CPG220V|MRS240|MRC240|MGS300|MGC300"]
["MBL-SPBWL","Marble Salt & Pepper Pot Set","Base Size: 20 x 10 x 1.6cm, Pot Size: 7 x 5.6cm (Dia x H) - Supplied With 2 Spoons",22.66,1,"Table Service>Salt & Pepper Grinders & Shakers",{"$nulls":3},200,100,65,{"v":0.85,"d":"0.850"},{"v":0.85,"d":"0.850"},{"v":8,"d":"8.00"},"2.8","Acacia Wood,Marble,Porcelain","6802290000","China",null,null,"No","N/A","N/A","N/A",{"$nulls":6},"\n•﻿Marble Pots\n•Acacia Wood Base\n•Ceramic Spoons","Elevate your dining experience with our marble salt and pepper pot set, a perfect blend of luxury and practicality. Featuring two ceramic spoons and a stunning acacia wood base, this set combines thoughtful details with timeless design.\n•Natural Beauty: Crafted from premium marble, each pot showcases unique veining, while the warm tones of the acacia wood base add a rustic, elegant contrast\n•Functional Elegance: Paired with two ceramic spoons for easy serving and precise seasoning, this set is both stylish and practical\n•Durable Craftsmanship: The solid marble pots and sturdy acacia wood base ensure longevity and stability, ideal for use in hospitality settings\n•Versatile Design: Perfect for salt, pepper, or specialty seasonings, this set enhances both modern and traditional decor styles\n•Easy Maintenance:Easy to clean and maintain, perfect for busy hospitality environments","Each","5020403086352","20","10","6.5","0.00130",{"v":0.85,"d":"0.850"},{"$nulls":8},"05020403086369",12,"46","23","24","0.02539","10.2",{"v":11,"d":"11.000"},null,480,"https://files.plytix.com/api/v1.1/file/public_files/pim/assets/8a/8d/8f/62/628f8d8abb3a1aaaf0e8f149/images/c4/14/91/67/679114c4650bff6333cfd979/TH_MBL-SPBWL.jpg","https://files.plytix.com/api/v1.1/file/public_files/pim/assets/8a/8d/8f/62/628f8d8abb3a1aaaf0e8f149/images/02/f8/90/67/6790f8025102799cd827fdb5/MBL-SPBWL.jpg|https://files.plytix.com/api/v1.1/file/public_files/pim/assets/8a/8d/8f/62/628f8d8abb3a1aaaf0e8f149/images/04/f8/90/67/6790f8045102799cd827fdb6/MBL-SPBWL_A.jpg|https://files.plytix.com/api/v1.1/file/public_files/pim/assets/8a/8d/8f/62/628f8d8abb3a1aaaf0e8f149/images/05/f8/90/67/6790f8055102799cd827fdb7/MBL-SPBWL_B.jpg","https://files.plytix.com/api/v1.1/file/public_files/pim/assets/8a/8d/8f/62/628f8d8abb3a1aaaf0e8f149/images/c8/d3/a1/67/67a1d3c8678af07d2988c413/LFST0325085.jpg","https://www.nevilleuk.com/products/MBL-SPBWL_"]
["SPWDG13L","GenWare Light Wood Deep Grain Salt/ Pepper Grinder 13cm","5.5 x 12.7cm (Dia x H)",{"v":21.3,"d":"21.30"},6,"Table Service>Salt & Pepper Grinders & Shakers",{"$nulls":3},55,55,129,0.134,0.134,null,null,"Beech Wood","6911100010","China",null,null,"No","N/A","N/A","N/A",{"$nulls":4},"Yes",null,"\n•Made From Rubber Wood\n•Features High Quality Ceramic Grinding Mechanism\n•Adjustable Grind\n•Suitable For Salt And Pepper\n•Supplied With Engraved Knobs","Explore the extensive range of GenWare Salt and Pepper Grinders and Shakers, designed to enhance your tabletop presentation while offering exceptional functionality. Available in a variety of materials, styles, colours, and sizes, our collection allows you to find the perfect match to your restaurant’s theme and ambiance.\n•Premium Materials: Crafted from high-quality rubberwood, offering a natural and stylish touch to your table setting\n•Deep Grain Finish: The wood features a beautiful deep grain finish, adding texture and sophistication to your tabletop\n•Durable Ceramic Mechanism: Built to last, the ceramic grinding mechanism is suitable for both salt crystals and peppercorns, ensuring consistent performance and resisting corrosion\n•Adjustable Grinding: Easily customise the coarseness of your salt and pepper to suit various culinary needs\n•'S' and 'P' Knobs: Supplied with both 'S' and 'P' engraved knobs, allowing you to easily distinguish between salt and pepper for added convenience\n•Spares: Spare knobs available here ﻿Do not overtighten the knob as this will affect the mechanism from working","Each",null,"5.5","5.5","12.9","0.00039",0.134,"05020403086307",6,"17.6","12","14.1","0.00298","0.804",{"v":0.95,"d":"0.950"},"05020403086314",24,"25.6","19.2","29.8","0.01465","3.216",{"v":3.8,"d":"3.800"},null,1824,"https://files.plytix.com/api/v1.1/file/public_files/pim/assets/8a/8d/8f/62/628f8d8abb3a1aaaf0e8f149/images/d7/14/91/67/679114d7cad52e3172812e03/TH_SPWDG13L.jpg","https://files.plytix.com/api/v1.1/file/public_files/pim/assets/8a/8d/8f/62/628f8d8abb3a1aaaf0e8f149/images/e0/f8/90/67/6790f8e0a850eb23df8570d4/SPWDG13L.jpg","https://files.plytix.com/api/v1.1/file/public_files/pim/assets/8a/8d/8f/62/628f8d8abb3a1aaaf0e8f149/images/82/d3/a1/67/67a1d382908f6049539c8a73/LFST0325106.jpg","https://www.nevilleuk.com/products/SPWDG13L_","WSPGRS|SPKNOBS","SPWDG13BLK|SPWD13DGR|SPWDG13W|SPWD13L|SPWD13GR|SPWD13G|SPWD13BL|SPWD13A|SPWD13|SPWD13W|SPWD13R"]
["SPWDG13W","GenWare White Deep Grain Salt/ Pepper Grinder 13cm","5.5 x 12.7cm (Dia x H)",27.04,6,"Table Service>Salt & Pepper Grinders & Shakers",{"$nulls":3},55,55,129,0.134,0.134,null,null,"Beech Wood","6911100010","China",null,null,"No","N/A","N/A","N/A",{"$nulls":4},"Yes",null,"\n•Made From Rubber Wood\n•Features High Quality Ceramic Grinding Mechanism\n•Adjustable Grind\n•Suitable For Salt And Pepper\n•Supplied With Engraved Knobs","Explore the extensive range of GenWare Salt and Pepper Grinders and Shakers, designed to enhance your tabletop presentation while offering exceptional functionality. Available in a variety of materials, styles, colours, and sizes, our collection allows you to find the perfect match to your restaurant’s theme and ambiance.\n•Premium Materials: Crafted from high-quality rubberwood, offering a natural and stylish touch to your table setting\n•Deep Grain Finish: The wood features a beautiful deep grain finish, adding texture and sophistication to your tabletop\n•Durable Ceramic Mechanism: Built to last, the ceramic grinding mechanism is suitable for both salt crystals and peppercorns, ensuring consistent performance and resisting corrosion\n•Adjustable Grinding: Easily customise the coarseness of your salt and pepper to suit various culinary needs\n•'S' and 'P' Knobs: Supplied with both 'S' and 'P' engraved knobs, allowing you to easily distinguish between salt and pepper for added convenience\n•Spares: Spare knobs available here ﻿Do not overtighten the knob as this will affect the mechanism from working","Each",null,"5.5","5.5","12.9","0.00039",0.134,"05020403086338",6,"17.6","12","14.1","0.00298","0.804",{"v":0.95,"d":"0.950"},"05020403086345",24,"25.6","19.2","29.8","0.01465","3.216",{"v":3.8,"d":"3.800"},null,1824,"https://files.plytix.com/api/v1.1/file/public_files/pim/assets/8a/8d/8f/62/628f8d8abb3a1aaaf0e8f149/images/d8/14/91/67/679114d8cad52e3172812e04/TH_SPWDG13W.jpg","https://files.plytix.com/api/v1.1/file/public_files/pim/assets/8a/8d/8f/62/628f8d8abb3a1aaaf0e8f149/images/e3/f8/90/67/6790f8e326b9c8be7b87a00a/SPWDG13W.jpg","https://files.plytix.com/api/v1.1/file/public_files/pim/assets/8a/8d/8f/62/628f8d8abb3a1aaaf0e8f149/images/ed/d2/a1/67/67a1d2ed8c28d3ee51cd552e/LFST0325165.jpg","https://www.nevilleuk.com/products/SPWDG13W_","WSPGRS|SPKNOBS","SPWDG13BLK|SPWD13DGR|SPWDG13L|SPWD13L|SPWD13GR|SPWD13G|SPWD13BL|SPWD13A|SPWD13|SPWD13W|SPWD13R"]
["SPWDG13BLK","GenWare Black Deep Grain Salt/ Pepper Grinder 13cm","5.5 x 12.7cm (Dia x H)",27.04,6,"Table Service>Salt & Pepper Grinders & Shakers",{"$nulls":3},55,55,129,0.134,0.134,null,null,"Beech Wood","6911100010","China",null,null,"No","N/A","N/A","N/A",{"$nulls":4},"Yes",null,"\n•Made From Rubber Wood\n•Features High Quality Ceramic Grinding Mechanism\n•Adjustable Grind\n•Suitable For Salt And Pepper\n•Supplied With Engraved Knobs","Explore the extensive range of GenWare Salt and Pepper Grinders and Shakers, designed to enhance your tabletop presentation while offering exceptional functionality. Available in a variety of materials, styles, colours, and sizes, our collection allows you to find the perfect match to your restaurant’s theme and ambiance.\n•Premium Materials: Crafted from high-quality rubberwood, offering a natural and stylish touch to your table setting\n•Deep Grain Finish: The wood features a beautiful deep grain finish, adding texture and sophistication to your tabletop\n•Durable Ceramic Mechanism: Built to last, the ceramic grinding mechanism is suitable for both salt crystals and peppercorns, ensuring consistent performance and resisting corrosion\n•Adjustable Grinding: Easily customise the coarseness of your salt and pepper to suit various culinary needs\n•'S' and 'P' Knobs: Supplied with both 'S' and 'P' engraved knobs, allowing you to easily distinguish between salt and pepper for added convenience\n•Spares: Spare knobs available here ﻿Do not overtighten the knob as this will affect the mechanism from working","Each",null,"5.45","5.45","12.9","0.00038",0.134,"05020403086277",6,"17.6","12","14.1","0.00298","0.804",{"v":0.95,"d":"0.950"},"05020403086284",24,"25.6","19.2","29.8","0.01465","3.216",{"v":3.8,"d":"3.800"},null,1824,"https://files.plytix.com/api/v1.1/file/public_files/pim/assets/8a/8d/8f/62/628f8d8abb3a1aaaf0e8f149/images/d7/14/91/67/679114d7cad52e3172812e02/TH_SPWDG13BLK.jpg","https://files.plytix.com/api/v1.1/file/public_files/pim/assets/8a/8d/8f/62/628f8d8abb3a1aaaf0e8f149/images/de/f8/90/67/6790f8def33788d49018e6c3/SPWDG13BLK.jpg","https://files.plytix.com/api/v1.1/file/public_files/pim/assets/8a/8d/8f/62/628f8d8abb3a1aaaf0e8f149/images/22/d3/a1/67/67a1d322783f894c4a8d4d7d/LFST0325145.jpg","https://www.nevilleuk.com/products/SPWDG13BLK_","WSPGRS|SPKNOBS","SPWDG13L|SPWDG13W|SPWD13DGR"]
["SPCOM16","GenWare Clear Combi Pepper Grinder/ Salt Shaker 16cm","5.9 x 17.1cm (Dia x H)",16.22,6,"Table Service>Salt & Pepper Grinders & Shakers",{"$nulls":3},60,60,175,0.204,0.204,null,null,"Plastic-Acrylic","6911100010","China",null,null,"No","N/A","N/A","N/A",{"$nulls":4},"No",null,"\n•Made From Acrylic\n•Pepper Mill And Salt Shaker In One\n•Features High Quality Ceramic Grinding Mechanism\n•Adjustable Grind","Explore the extensive range of GenWare Salt and Pepper Grinders and Shakers, designed to enhance your tabletop presentation while offering exceptional functionality. Available in a variety of materials, styles, colours, and sizes, our collection allows you to find the perfect match to your restaurant’s theme and ambiance.\n•Premium Materials: Crafted from high-quality acrylic, providing a sleek and modern look that complements any table setting\n•Innovative Design:A 2-in-1 solution combining a pepper grinder and salt shaker for ultimate convenience\n•Space Saving Solution:Combines two essential functions in one compact and stylish piece, reducing clutter on your tabletop\n•Durable Ceramic Mechanism: Built to last, the ceramic grinding mechanism is suitable for peppercorns, ensuring consistent performance and resisting corrosion\n•Adjustable Grinding: Easily customise the coarseness of your salt and pepper to suit various culinary needs\n•Easy Refilling: Simple to refill both the pepper and salt compartments for hassle free use\n•Clear Identification:Transparent body allows easy monitoring of salt and pepper levels for timely refills﻿Do not overtighten the knob as this will affect the mechanism from working","Each",null,"6","6","17.5","0.00063",0.204,"05020403086246",6,"20","13.2","19","0.00502","1.224",1.425,"05020403086253",24,"28.5","21.2","40.3","0.02435","4.896",{"v":5.7,"d":"5.700"},null,1440,"https://files.plytix.com/api/v1.1/file/public_files/pim/assets/8a/8d/8f/62/628f8d8abb3a1aaaf0e8f149/images/d5/14/91/67/679114d526b9c8be7b87a701/TH_SPCOM16.jpg","https://files.plytix.com/api/v1.1/file/public_files/pim/assets/8a/8d/8f/62/628f8d8abb3a1aaaf0e8f149/images/d0/f8/90/67/6790f8d0a850eb23df8570ca/SPCOM16.jpg",null,"https://www.nevilleuk.com/products/SPCOM16_",null,"SPCOM"]
["WCB5332","Acacia Wood Slatted Chopping Board GN 1/1","53 x 32.5 x 2cm (L x W x H)",65.48,1,"Buffet & Display>Acacia Wood Buffetware",{"$nulls":3},530,325,20,{"v":1.5,"d":"1.500"},{"v":1.5,"d":"1.500"},null,null,"Acacia Wood-A/B Grade","4419900000","Thailand",null,null,"No","N/A","N/A","N/A",{"$nulls":6},"\n•Acacia Wood\n•Slatted Design\n•Removable Slats\n•GN 1/1 Size\n•Knife Friendly Surface","Bring a touch of rustic elegance to your breakfast buffet with the Acacia Wood Slatted Bread Board. Designed for both practicality and style, this premium board enhances the presentation of freshly baked bread, pastries, and baked goods while ensuring a clean and efficient serving experience. The slatted design allows for easy crumb collection, keeping buffet stations tidy and inviting.\n•Acacia Wood:Hardwearing and durable ensuring longevity in use\n•Slatted Design for Crumb Collection:Helps keep counters clean and maintaining neat presentation\n•Removable Slats:Easily lifts out for quick and effortless cleaning\n•Gastronorm GN 1/1 Size:Fits seamlessly into GN-compatible buffet displays and serving counters\n•Knife Friendly Surface:Preserves the sharpness of bread knives while providing a sturdy cutting surface\n•Elegant &amp; Rustic Presentation:Enhances the visual appeal of breakfast stations, adding warmth and sophistication","Each","5020403108948","53","32.5","2","0.00345",{"v":1.5,"d":"1.500"},{"$nulls":8},"05020403108955",6,"34.5","16","55","0.03036","9",{"v":9.5,"d":"9.500"},null,216,"https://files.plytix.com/api/v1.1/file/public_files/pim/assets/8a/8d/8f/62/628f8d8abb3a1aaaf0e8f149/images/df/14/91/67/679114dff33788d49018edae/TH_WCB5332.jpg","https://files.plytix.com/api/v1.1/file/public_files/pim/assets/8a/8d/8f/62/628f8d8abb3a1aaaf0e8f149/images/33/f9/90/67/6790f9335102799cd827fde1/WCB5332.jpg|https://files.plytix.com/api/v1.1/file/public_files/pim/assets/8a/8d/8f/62/628f8d8abb3a1aaaf0e8f149/images/35/f9/90/67/6790f935cad52e317281250e/WCB5332_A.jpg","https://files.plytix.com/api/v1.1/file/public_files/pim/assets/8a/8d/8f/62/628f8d8abb3a1aaaf0e8f149/images/23/d2/a1/67/67a1d223908f6049539c8a25/LFST0325248.jpg|https://files.plytix.com/api/v1.1/file/public_files/pim/assets/8a/8d/8f/62/628f8d8abb3a1aaaf0e8f149/images/21/d2/a1/67/67a1d221678af07d2988c3a2/LFST0325249.jpg","https://www.nevilleuk.com/products/WCB5332_"]
["003MBL","GenWare Marble Wine Cooler","12.7 x 17.7cm (Dia x H)",38.94,1,"Barware>Buckets, Coolers & Stands",{"$nulls":3},130,130,180,{"v":3.08,"d":"3.080"},{"v":3.08,"d":"3.080"},{"v":123,"d":"123.00"},"43.3","Marble","6802290000","China",null,null,"No","N/A","N/A","N/A",{"$nulls":6},"\n•Marble\n•Natural Elegance\n•Effective Insulation\n•Versatile Design\n•Durable And Easy To Clean","Elevate your diners experience with a marble wine cooler that combines sophistication, function, and versatility- a perfect addition to any table setting or bar.\n•Natural Elegance: Crafted from premium marble, each wine cooler features unique veining, making it a one-of-a-kind statement piece that exudes timeless beauty\n•Effective Insulation: The natural properties of marble keep your wine perfectly chilled, maintaining an ideal serving temperature without the need for ice or refrigeration\n•Versatile Design: Fits standard wine and champagne bottles, seamlessly blending with any decor style, from modern minimalism to traditional opulence\n•Durable and Easy to Clean: The solid marble construction ensures long-lasting quality, while its smooth surface is easy to wipe clean after use","Each","5020403404750","13","13","18","0.00304",{"v":3.08,"d":"3.080"},{"$nulls":8},"05020403404774",6,"43","30","22","0.02838","18.48",{"v":19.12,"d":"19.120"},null,180,"https://files.plytix.com/api/v1.1/file/public_files/pim/assets/8a/8d/8f/62/628f8d8abb3a1aaaf0e8f149/images/a9/14/91/67/679114a9cad52e3172812daf/TH_003MBL.jpg","https://files.plytix.com/api/v1.1/file/public_files/pim/assets/8a/8d/8f/62/628f8d8abb3a1aaaf0e8f149/images/94/f9/90/67/6790f994a850eb23df857116/003MBL.jpg","https://files.plytix.com/api/v1.1/file/public_files/pim/assets/8a/8d/8f/62/628f8d8abb3a1aaaf0e8f149/images/6b/d4/a1/67/67a1d46b3446055658f062c3/LFST0325026.jpg","https://www.nevilleuk.com/products/003MBL_"]
["MXB2BK","GenWare Black Polypropylene Mexican Mortar Bowl 7cl/ 2.5oz","8.4 x 3.4cm (Dia x H)",2.62,12,"Table Presentation>Ramekins & Sauce Bottles",{"$nulls":3},84,84,34,{"v":0.05,"d":"0.050"},{"v":0.05,"d":"0.050"},{"v":7,"d":"7.00"},"2.5","Plastic-Polypropylene","3924100090","China",null,null,"Yes","N/A","Yes","N/A",{"$nulls":6},"\n•Durable Polyproplene Construction\n•Authentic Mexican Design\n•Versatile Use\n•Easy To Clean","Bring the essence of traditional Mexican cuisine to your table with our Polypropylene Molcajete Bowls. Inspired by the classic stone molcajete, these bowls offer the same rustic appeal but with enhanced durability and practicality. Made from high-quality polypropylene, they provide the perfect vessel for serving salsas, guacamole, dips, and small dishes while offering an authentic touch to your dining experience.\n•Durable Polypropylene Construction: Lightweight, break-resistant, and built to withstand heavy use in busy environments\n•Authentic Mexican Design: Inspired by the traditional stone molcajete, perfect for serving Mexican delicacies\n•Versatile Use: Ideal for salsas, guacamole, dips and side dishes\n•Easy to Clean: Unlike stone versions, these bowls are dishwasher safe for quick and effortless cleaning","Each",null,"8.4","8.4","3.4","0.00024",{"v":0.05,"d":"0.050"},"05020403120766",12,"17.5","9.5","15","0.00249","0.6",0.665,"05020403120711",96,"36.5","20.5","32","0.02394","4.8",{"v":5.32,"d":"5.320"},null,4032,"https://files.plytix.com/api/v1.1/file/public_files/pim/assets/8a/8d/8f/62/628f8d8abb3a1aaaf0e8f149/images/c7/14/91/67/679114c7650bff6333cfd980/TH_MXB2BK.jpg","https://files.plytix.com/api/v1.1/file/public_files/pim/assets/8a/8d/8f/62/628f8d8abb3a1aaaf0e8f149/images/0b/f8/90/67/6790f80bf33788d49018e68e/MXB2BK.jpg",null,"https://www.nevilleuk.com/products/MXB2BK_",null,"MXB4BK"]
["MXB4BK","GenWare Black Polypropylene Mexican Mortar Bowl 11cl/ 4oz","10.1 x 4cm (Dia x H)",3.16,12,"Table Presentation>Ramekins & Sauce Bottles",{"$nulls":3},101,101,4,{"v":0.07,"d":"0.070"},{"v":0.07,"d":"0.070"},{"v":11,"d":"11.00"},"3.9","Plastic-Polypropylene","3924100090","China",null,null,"Yes","N/A","Yes","N/A",{"$nulls":6},"\n•Durable Polyproplene Construction\n•Authentic Mexican Design\n•Versatile Use\n•Easy To Clean","Bring the essence of traditional Mexican cuisine to your table with our Polypropylene Molcajete Bowls. Inspired by the classic stone molcajete, these bowls offer the same rustic appeal but with enhanced durability and practicality. Made from high-quality polypropylene, they provide the perfect vessel for serving salsas, guacamole, dips, and small dishes while offering an authentic touch to your dining experience.\n•Durable Polypropylene Construction: Lightweight, break-resistant, and built to withstand heavy use in busy environments\n•Authentic Mexican Design: Inspired by the traditional stone molcajete, perfect for serving Mexican delicacies\n•Versatile Use: Ideal for salsas, guacamole, dips and side dishes\n•Easy to Clean: Unlike stone versions, these bowls are dishwasher safe for quick and effortless cleaning","Each",null,"10.1","10.1","0.4","0.00004",{"v":0.07,"d":"0.070"},"05020403120759",12,"21","11","16.5","0.00381","0.84",0.953,"05020403120735",96,"44.5","25","35","0.03894","6.72",{"v":7.62,"d":"7.620"},null,3456,"https://files.plytix.com/api/v1.1/file/public_files/pim/assets/8a/8d/8f/62/628f8d8abb3a1aaaf0e8f149/images/c7/14/91/67/679114c7cad52e3172812de1/TH_MXB4BK.jpg","https://files.plytix.com/api/v1.1/file/public_files/pim/assets/8a/8d/8f/62/628f8d8abb3a1aaaf0e8f149/images/0c/f8/90/67/6790f80cf33788d49018e68f/MXB4BK.jpg","https://files.plytix.com/api/v1.1/file/public_files/pim/assets/8a/8d/8f/62/628f8d8abb3a1aaaf0e8f149/images/3b/90/a2/67/67a2903b8f6925eea43a6291/LFST0325357.jpg","https://www.nevilleuk.com/products/MXB4BK_",null,"MXB2BK|MXB10BK"]
["MXB10BK","GenWare Black Polypropylene Mexican Mortar Bowl 28cl/ 10oz","13 x 6.2cm (Dia x H)",4.74,12,"Table Presentation>Ramekins & Sauce Bottles",{"$nulls":3},130,130,62,{"v":0.17,"d":"0.170"},{"v":0.17,"d":"0.170"},{"v":28,"d":"28.00"},"9.9","Plastic-Polypropylene","3924100090","China",null,null,"Yes","N/A","Yes","N/A",{"$nulls":6},"\n•Durable Polyproplene Construction\n•Authentic Mexican Design\n•Versatile Use\n•Easy To Clean","Bring the essence of traditional Mexican cuisine to your table with our Polypropylene Molcajete Bowls. Inspired by the classic stone molcajete, these bowls offer the same rustic appeal but with enhanced durability and practicality. Made from high-quality polypropylene, they provide the perfect vessel for serving salsas, guacamole, dips, and small dishes while offering an authentic touch to your dining experience.\n•Durable Polypropylene Construction: Lightweight, break-resistant, and built to withstand heavy use in busy environments\n•Authentic Mexican Design: Inspired by the traditional stone molcajete, perfect for serving Mexican delicacies\n•Versatile Use: Ideal for salsas, guacamole, dips and side dishes\n•Easy to Clean: Unlike stone versions, these bowls are dishwasher safe for quick and effortless cleaning","Each",null,"13","13","6.2","0.00105",{"v":0.17,"d":"0.170"},"05020403120742",12,"27","14.5","24","0.00940","2.04",2.265,"05020403120698",48,"30","28.5","50","0.04275","8.16",{"v":9.06,"d":"9.060"},null,1440,"https://files.plytix.com/api/v1.1/file/public_files/pim/assets/8a/8d/8f/62/628f8d8abb3a1aaaf0e8f149/images/c7/14/91/67/679114c7cad52e3172812de2/TH_MXB10BK.jpg","https://files.plytix.com/api/v1.1/file/public_files/pim/assets/8a/8d/8f/62/628f8d8abb3a1aaaf0e8f149/images/0e/f8/90/67/6790f80e650bff6333cfd10e/MXB10BK.jpg",null,"https://www.nevilleuk.com/products/MXB10BK_",null,"MXB4BK"]
["LPR-KBK25","GenWare Kava Black Stoneware Raw Wall Presentation Plate 25cm","25 x 2.5cm (Dia x H)",{"v":17.2,"d":"17.20"},6,"GenWare Stoneware>Kava Stoneware",{"$nulls":3},250,250,25,{"v":0.9,"d":"0.900"},{"v":0.9,"d":"0.900"},null,null,"Stoneware","6912002310","China",-40,230,"Yes","Yes","Yes","Yes",{"$nulls":6},"\n•Durable Stoneware\n•Twice-Fired Process\n•Rolled Edges\n•Polished Foot\n•Textured Black Body\n•Unglazed Edge\n•Stackable","﻿Kava Stoneware showcases a textured black glaze complemented by an unglazed edge/base, forming a captivating contrast for culinary creations. With its sleek and modern shapes, Kava embodies style and functionality, complementing the chic atmosphere of today's dynamic bistros, cafes and eateries.\n•Durable Stoneware: Made from high-quality stoneware to withstand the rigors of a professional kitchen\n•Twice-Fired Process: Enhances strength, durability, and the unique glaze finish, ensuring each piece performs in demanding environments\n•Rolled Edges: Enhances durability and provides added chip resistance, making it ideal for hotel, restaurant, and foodservice applications\n•Polished Foot: Minimises damage when stacked and stored, helping to maintain the integrity of each piece over time\n•Stackable:Optimises storage space, making it easy to stack securely without risking damage, perfect for busy kitchens\n•Textured Black Body: The textured black glaze provides a versatile backdrop that enhances the presentation of a wide range of cuisines and plating styles\n•Unglazed Edge for Authentic Appeal: Adds a natural, artisanal touch creating a captivating contrast that enhances food presentation","Each",null,"25","25","2.5","0.00156",{"v":0.9,"d":"0.900"},"05020403149668",6,"25.5","17.5","26","0.01160","5.4",{"v":5.75,"d":"5.750"},"05020403149675",12,"37","27","28.5","0.02847","10.8",{"v":11.5,"d":"11.500"},null,480,"https://files.plytix.com/api/v1.1/file/public_files/pim/assets/8a/8d/8f/62/628f8d8abb3a1aaaf0e8f149/images/c3/14/91/67/679114c3f33788d49018ed84/TH_LPR-KBK25.jpg","https://files.plytix.com/api/v1.1/file/public_files/pim/assets/8a/8d/8f/62/628f8d8abb3a1aaaf0e8f149/images/e6/f7/90/67/6790f7e6650bff6333cfd107/LPR-KBK25_A.jpg|https://files.plytix.com/api/v1.1/file/public_files/pim/assets/8a/8d/8f/62/628f8d8abb3a1aaaf0e8f149/images/e7/f7/90/67/6790f7e75102799cd827fda8/LPR-KBK25_B.jpg|https://files.plytix.com/api/v1.1/file/public_files/pim/assets/8a/8d/8f/62/628f8d8abb3a1aaaf0e8f149/images/e9/f7/90/67/6790f7e9a850eb23df857076/LPR-KBK25_C.jpg|https://files.plytix.com/api/v1.1/file/public_files/pim/assets/8a/8d/8f/62/628f8d8abb3a1aaaf0e8f149/images/43/04/91/67/67910443cad52e31728129b2/LPR-KBK25.jpg","https://files.plytix.com/api/v1.1/file/public_files/pim/assets/8a/8d/8f/62/628f8d8abb3a1aaaf0e8f149/images/bb/d3/a1/67/67a1d3bb3446055658f06289/LFST0325090.jpg|https://files.plytix.com/api/v1.1/file/public_files/pim/assets/8a/8d/8f/62/628f8d8abb3a1aaaf0e8f149/images/b5/d3/a1/67/67a1d3b5678af07d2988c40b/LFST0325092.jpg|https://files.plytix.com/api/v1.1/file/public_files/pim/assets/8a/8d/8f/62/628f8d8abb3a1aaaf0e8f149/images/88/d3/a1/67/67a1d388783f894c4a8d4da2/LFST0325104.jpg|https://files.plytix.com/api/v1.1/file/public_files/pim/assets/8a/8d/8f/62/628f8d8abb3a1aaaf0e8f149/images/85/d3/a1/67/67a1d385908f6049539c8a74/LFST0325105.jpg","https://www.nevilleuk.com/products/LPR-KBK25_",null,"LP-KBK25|LPR-KBK20|LP-KDG25|LP-KW25|LPR-KDG25|LPR-KW25"]
["LPR-KBK20","GenWare Kava Black Stoneware Raw Wall Presentation Plate 20cm","20 x 2.5cm (Dia x H)",15.56,6,"GenWare Stoneware>Kava Stoneware",{"$nulls":3},200,200,23,{"v":0.55,"d":"0.550"},{"v":0.55,"d":"0.550"},null,null,"Stoneware","6912002310","China",-40,230,"Yes","Yes","Yes","Yes",{"$nulls":6},"\n•Durable Stoneware\n•Twice-Fired Process\n•Rolled Edges\n•Polished Foot\n•Textured Black Body\n•Unglazed Edge\n•Stackable","﻿Kava Stoneware showcases a textured black glaze complemented by an unglazed edge/base, forming a captivating contrast for culinary creations. With its sleek and modern shapes, Kava embodies style and functionality, complementing the chic atmosphere of today's dynamic bistros, cafes and eateries.\n•Durable Stoneware: Made from high-quality stoneware to withstand the rigors of a professional kitchen\n•Twice-Fired Process: Enhances strength, durability, and the unique glaze finish, ensuring each piece performs in demanding environments\n•Rolled Edges: Enhances durability and provides added chip resistance, making it ideal for hotel, restaurant, and foodservice applications\n•Polished Foot: Minimises damage when stacked and stored, helping to maintain the integrity of each piece over time\n•Stackable:Optimises storage space, making it easy to stack securely without risking damage, perfect for busy kitchens\n•Textured Black Body: The textured black glaze provides a versatile backdrop that enhances the presentation of a wide range of cuisines and plating styles\n•Unglazed Edge for Authentic Appeal: Adds a natural, artisanal touch creating a captivating contrast that enhances food presentation","Each",null,"20","20","2.3","0.00092",{"v":0.55,"d":"0.550"},"05020403149637",6,"20.5","14.5","21","0.00624","3.3",{"v":3.5,"d":"3.500"},"05020403149644",24,"43","30","23.5","0.03032","13.2",{"v":14,"d":"14.000"},null,864,"https://files.plytix.com/api/v1.1/file/public_files/pim/assets/8a/8d/8f/62/628f8d8abb3a1aaaf0e8f149/images/c2/14/91/67/679114c2f33788d49018ed83/TH_LPR-KBK20.jpg","https://files.plytix.com/api/v1.1/file/public_files/pim/assets/8a/8d/8f/62/628f8d8abb3a1aaaf0e8f149/images/e2/f7/90/67/6790f7e2f33788d49018e66c/LPR-KBK20_A.jpg|https://files.plytix.com/api/v1.1/file/public_files/pim/assets/8a/8d/8f/62/628f8d8abb3a1aaaf0e8f149/images/e3/f7/90/67/6790f7e3650bff6333cfd106/LPR-KBK20_C.jpg|https://files.plytix.com/api/v1.1/file/public_files/pim/assets/8a/8d/8f/62/628f8d8abb3a1aaaf0e8f149/images/e3/f7/90/67/6790f7e3f33788d49018e66d/LPR-KBK20_B.jpg|https://files.plytix.com/api/v1.1/file/public_files/pim/assets/8a/8d/8f/62/628f8d8abb3a1aaaf0e8f149/images/42/04/91/67/679104425102799cd828013d/LPR-KBK20.jpg",null,"https://www.nevilleuk.com/products/LPR-KBK20_",null,"LP-KBK20|LPR-KBK18|LPR-KBK25|LPR-KDG20|LPR-KW20|LP-KDG20|LP-KW20"]
["LPR-KBK18","GenWare Kava Black Stoneware Raw Wall Presentation Plate 18cm","18 x 2.3cm (Dia x H)",11.86,6,"GenWare Stoneware>Kava Stoneware",{"$nulls":3},180,180,22,{"v":0.4,"d":"0.400"},{"v":0.4,"d":"0.400"},null,null,"Stoneware","6912002310","China",-40,230,"Yes","Yes","Yes","Yes",{"$nulls":6},"\n•Durable Stoneware\n•Twice-Fired Process\n•Rolled Edges\n•Polished Foot\n•Textured Black Body\n•Unglazed Edge\n•Stackable","﻿Kava Stoneware showcases a textured black glaze complemented by an unglazed edge/base, forming a captivating contrast for culinary creations. With its sleek and modern shapes, Kava embodies style and functionality, complementing the chic atmosphere of today's dynamic bistros, cafes and eateries.\n•Durable Stoneware: Made from high-quality stoneware to withstand the rigors of a professional kitchen\n•Twice-Fired Process: Enhances strength, durability, and the unique glaze finish, ensuring each piece performs in demanding environments\n•Rolled Edges: Enhances durability and provides added chip resistance, making it ideal for hotel, restaurant, and foodservice applications\n•Polished Foot: Minimises damage when stacked and stored, helping to maintain the integrity of each piece over time\n•Stackable:Optimises storage space, making it easy to stack securely without risking damage, perfect for busy kitchens\n•Textured Black Body: The textured black glaze provides a versatile backdrop that enhances the presentation of a wide range of cuisines and plating styles\n•Unglazed Edge for Authentic Appeal: Adds a natural, artisanal touch creating a captivating contrast that enhances food presentation","Each",null,"18","18","2.2","0.00071",{"v":0.4,"d":"0.400"},"05020403149606",6,"18.5","15.5","19","0.00545","2.4",{"v":2.75,"d":"2.750"},"05020403149613",24,"33","20","40","0.02640","9.6",{"v":11,"d":"11.000"},null,1008,"https://files.plytix.com/api/v1.1/file/public_files/pim/assets/8a/8d/8f/62/628f8d8abb3a1aaaf0e8f149/images/c2/14/91/67/679114c2f33788d49018ed82/TH_LPR-KBK18.jpg","https://files.plytix.com/api/v1.1/file/public_files/pim/assets/8a/8d/8f/62/628f8d8abb3a1aaaf0e8f149/images/dd/f7/90/67/6790f7dd5102799cd827fda2/LPR-KBK18_A.jpg|https://files.plytix.com/api/v1.1/file/public_files/pim/assets/8a/8d/8f/62/628f8d8abb3a1aaaf0e8f149/images/df/f7/90/67/6790f7df5102799cd827fda3/LPR-KBK18_B.jpg|https://files.plytix.com/api/v1.1/file/public_files/pim/assets/8a/8d/8f/62/628f8d8abb3a1aaaf0e8f149/images/e0/f7/90/67/6790f7e0650bff6333cfd104/LPR-KBK18_C.jpg|https://files.plytix.com/api/v1.1/file/public_files/pim/assets/8a/8d/8f/62/628f8d8abb3a1aaaf0e8f149/images/34/04/91/67/67910434a850eb23df8575de/LPR-KBK18.jpg",null,"https://www.nevilleuk.com/products/LPR-KBK18_","PRS2-18|PRS3-18","LPR-KBK20|LPR-KDG18|LPR-KW18|LP-KDG18|LP-KBK18|LP-KW18"]
["LPR-KW25","GenWare Kava White Stoneware Raw Wall Presentation Plate 25cm","25 x 2.5cm (Dia x H)",16.38,6,"GenWare Stoneware>Kava Stoneware",{"$nulls":3},250,250,25,{"v":0.9,"d":"0.900"},{"v":0.9,"d":"0.900"},null,null,"Stoneware","6912002310","China",-40,230,"Yes","Yes","Yes","Yes",{"$nulls":6},"\n•Durable Stoneware\n•Twice-Fired Process\n•Rolled Edges\n•Polished Foot\n•Neutral Off-White Body\n•Unglazed Edge\n•Stackable","﻿Kava Stoneware showcases an off-white glaze complemented by an unglazed edge/base, forming a captivating contrast for culinary creations. With its sleek and modern shapes, Kava embodies style and functionality, complementing the chic atmosphere of today's dynamic bistros, cafes and eateries.\n•Durable Stoneware: Made from high-quality stoneware to withstand the rigors of a professional kitchen\n•Twice-Fired Process: Enhances strength, durability, and the unique glaze finish, ensuring each piece performs in demanding environments\n•Rolled Edges: Enhances durability and provides added chip resistance, making it ideal for hotel, restaurant, and foodservice applications\n•Polished Foot: Minimises damage when stacked and stored, helping to maintain the integrity of each piece over time\n•Stackable:Optimises storage space, making it easy to stack securely without risking damage, perfect for busy kitchens\n•Neutral Off-White Body: The soft, off-white tone provides a versatile backdrop that enhances the presentation of a wide range of cuisines and plating styles\n•Unglazed Edge for Authentic Appeal: Adds a natural, artisanal touch creating a captivating contrast that enhances food presentation","Each",null,"25","25","2.5","0.00156",{"v":0.9,"d":"0.900"},"05020403149750",6,"25.5","17.5","26","0.01160","5.4",{"v":5.75,"d":"5.750"},"05020403149767",12,"37","27","28.5","0.02847","10.8",{"v":11.5,"d":"11.500"},null,480,"https://files.plytix.com/api/v1.1/file/public_files/pim/assets/8a/8d/8f/62/628f8d8abb3a1aaaf0e8f149/images/c4/14/91/67/679114c426b9c8be7b87a6f6/TH_LPR-KW25.jpg","https://files.plytix.com/api/v1.1/file/public_files/pim/assets/8a/8d/8f/62/628f8d8abb3a1aaaf0e8f149/images/fe/f7/90/67/6790f7fecad52e31728124c2/LPR-KW25_A.jpg|https://files.plytix.com/api/v1.1/file/public_files/pim/assets/8a/8d/8f/62/628f8d8abb3a1aaaf0e8f149/images/ff/f7/90/67/6790f7fff33788d49018e67e/LPR-KW25_B.jpg|https://files.plytix.com/api/v1.1/file/public_files/pim/assets/8a/8d/8f/62/628f8d8abb3a1aaaf0e8f149/images/01/f8/90/67/6790f801650bff6333cfd10c/LPR-KW25_C.jpg|https://files.plytix.com/api/v1.1/file/public_files/pim/assets/8a/8d/8f/62/628f8d8abb3a1aaaf0e8f149/images/59/04/91/67/67910459f33788d49018e9de/LPR-KW25.jpg","https://files.plytix.com/api/v1.1/file/public_files/pim/assets/8a/8d/8f/62/628f8d8abb3a1aaaf0e8f149/images/02/d3/a1/67/67a1d302783f894c4a8d4d73/LFST0325156.jpg|https://files.plytix.com/api/v1.1/file/public_files/pim/assets/8a/8d/8f/62/628f8d8abb3a1aaaf0e8f149/images/ea/d2/a1/67/67a1d2ea783f894c4a8d4d6e/LFST0325166.jpg","https://www.nevilleuk.com/products/LPR-KW25_",null,"LP-KBK25|LPR-KBK25|LP-KDG25|LPR-KDG25|LPR-KW20|LP-KW25"]
["LPR-KW20","GenWare Kava White Stoneware Raw Wall Presentation Plate 20cm","20 x 2.5cm (Dia x H)",14.82,6,"GenWare Stoneware>Kava Stoneware",{"$nulls":3},200,200,23,{"v":0.55,"d":"0.550"},{"v":0.55,"d":"0.550"},null,null,"Stoneware","6912002310","China",-40,230,"Yes","Yes","Yes","Yes",{"$nulls":6},"\n•Durable Stoneware\n•Twice-Fired Process\n•Rolled Edges\n•Polished Foot\n•Neutral Off-White Body\n•Unglazed Edge\n•Stackable","﻿Kava Stoneware showcases an off-white glaze complemented by an unglazed edge/base, forming a captivating contrast for culinary creations. With its sleek and modern shapes, Kava embodies style and functionality, complementing the chic atmosphere of today's dynamic bistros, cafes and eateries.\n•Durable Stoneware: Made from high-quality stoneware to withstand the rigors of a professional kitchen\n•Twice-Fired Process: Enhances strength, durability, and the unique glaze finish, ensuring each piece performs in demanding environments\n•Rolled Edges: Enhances durability and provides added chip resistance, making it ideal for hotel, restaurant, and foodservice applications\n•Polished Foot: Minimises damage when stacked and stored, helping to maintain the integrity of each piece over time\n•Stackable:Optimises storage space, making it easy to stack securely without risking damage, perfect for busy kitchens\n•Neutral Off-White Body: The soft, off-white tone provides a versatile backdrop that enhances the presentation of a wide range of cuisines and plating styles\n•Unglazed Edge for Authentic Appeal: Adds a natural, artisanal touch creating a captivating contrast that enhances food presentation","Each",null,"20","20","2.3","0.00092",{"v":0.55,"d":"0.550"},"05020403149729",6,"20.5","14.5","21","0.00624","3.3",{"v":3.5,"d":"3.500"},"05020403149736",24,"43","30","23.5","0.03032","13.2",{"v":14,"d":"14.000"},null,864,"https://files.plytix.com/api/v1.1/file/public_files/pim/assets/8a/8d/8f/62/628f8d8abb3a1aaaf0e8f149/images/c3/14/91/67/679114c326b9c8be7b87a6f5/TH_LPR-KW20.jpg","https://files.plytix.com/api/v1.1/file/public_files/pim/assets/8a/8d/8f/62/628f8d8abb3a1aaaf0e8f149/images/fa/f7/90/67/6790f7faf33788d49018e67a/LPR-KW20_A.jpg|https://files.plytix.com/api/v1.1/file/public_files/pim/assets/8a/8d/8f/62/628f8d8abb3a1aaaf0e8f149/images/fb/f7/90/67/6790f7fb5102799cd827fdab/LPR-KW20_B.jpg|https://files.plytix.com/api/v1.1/file/public_files/pim/assets/8a/8d/8f/62/628f8d8abb3a1aaaf0e8f149/images/fb/f7/90/67/6790f7fb5102799cd827fdac/LPR-KW20_C.jpg|https://files.plytix.com/api/v1.1/file/public_files/pim/assets/8a/8d/8f/62/628f8d8abb3a1aaaf0e8f149/images/59/04/91/67/679104595102799cd8280144/LPR-KW20.jpg","https://files.plytix.com/api/v1.1/file/public_files/pim/assets/8a/8d/8f/62/628f8d8abb3a1aaaf0e8f149/images/02/d3/a1/67/67a1d302783f894c4a8d4d73/LFST0325156.jpg|https://files.plytix.com/api/v1.1/file/public_files/pim/assets/8a/8d/8f/62/628f8d8abb3a1aaaf0e8f149/images/00/d3/a1/67/67a1d300908f6049539c8a4c/LFST0325157.jpg|https://files.plytix.com/api/v1.1/file/public_files/pim/assets/8a/8d/8f/62/628f8d8abb3a1aaaf0e8f149/images/fb/d2/a1/67/67a1d2fb783f894c4a8d4d72/LFST0325159.jpg|https://files.plytix.com/api/v1.1/file/public_files/pim/assets/8a/8d/8f/62/628f8d8abb3a1aaaf0e8f149/images/f9/d2/a1/67/67a1d2f9783f894c4a8d4d71/LFST0325160.jpg","https://www.nevilleuk.com/products/LPR-KW20_",null,"LP-KBK20|LPR-KBK20|LP-KDG20|LPR-KDG20|LPR-KW18|LPR-KW25|LP-KW20"]
["LPR-KW18","GenWare Kava White Stoneware Raw Wall Presentation Plate 18cm","18 x 2.3cm (Dia x H)",{"v":11.3,"d":"11.30"},6,"GenWare Stoneware>Kava Stoneware",{"$nulls":3},180,180,22,{"v":0.4,"d":"0.400"},{"v":0.4,"d":"0.400"},null,null,"Stoneware","6912002310","China",-40,230,"Yes","Yes","Yes","Yes",{"$nulls":6},"\n•Durable Stoneware\n•Twice-Fired Process\n•Rolled Edges\n•Polished Foot\n•Neutral Off-White Body\n•Unglazed Edge\n•Stackable","﻿Kava Stoneware showcases an off-white glaze complemented by an unglazed edge/base, forming a captivating contrast for culinary creations. With its sleek and modern shapes, Kava embodies style and functionality, complementing the chic atmosphere of today's dynamic bistros, cafes and eateries.\n•Durable Stoneware: Made from high-quality stoneware to withstand the rigors of a professional kitchen\n•Twice-Fired Process: Enhances strength, durability, and the unique glaze finish, ensuring each piece performs in demanding environments\n•Rolled Edges: Enhances durability and provides added chip resistance, making it ideal for hotel, restaurant, and foodservice applications\n•Polished Foot: Minimises damage when stacked and stored, helping to maintain the integrity of each piece over time\n•Stackable:Optimises storage space, making it easy to stack securely without risking damage, perfect for busy kitchens\n•Neutral Off-White Body: The soft, off-white tone provides a versatile backdrop that enhances the presentation of a wide range of cuisines and plating styles\n•Unglazed Edge for Authentic Appeal: Adds a natural, artisanal touch creating a captivating contrast that enhances food presentation","Each",null,"18","18","2.2","0.00071",{"v":0.4,"d":"0.400"},"05020403149699",6,"18.5","15.5","19","0.00545","2.4",{"v":2.75,"d":"2.750"},"05020403149705",24,"33","20","40","0.02640","9.6",{"v":11,"d":"11.000"},null,1008,"https://files.plytix.com/api/v1.1/file/public_files/pim/assets/8a/8d/8f/62/628f8d8abb3a1aaaf0e8f149/images/c3/14/91/67/679114c3cad52e3172812dd4/TH_LPR-KW18.jpg","https://files.plytix.com/api/v1.1/file/public_files/pim/assets/8a/8d/8f/62/628f8d8abb3a1aaaf0e8f149/images/f8/f7/90/67/6790f7f8f33788d49018e678/LPR-KW18_A.jpg|https://files.plytix.com/api/v1.1/file/public_files/pim/assets/8a/8d/8f/62/628f8d8abb3a1aaaf0e8f149/images/f9/f7/90/67/6790f7f95102799cd827fdaa/LPR-KW18_C.jpg|https://files.plytix.com/api/v1.1/file/public_files/pim/assets/8a/8d/8f/62/628f8d8abb3a1aaaf0e8f149/images/f9/f7/90/67/6790f7f9f33788d49018e679/LPR-KW18_B.jpg|https://files.plytix.com/api/v1.1/file/public_files/pim/assets/8a/8d/8f/62/628f8d8abb3a1aaaf0e8f149/images/5a/04/91/67/6791045a5102799cd8280145/LPR-KW18.jpg",null,"https://www.nevilleuk.com/products/LPR-KW18_","PRS2-18|PRS3-18","LPR-KBK18|LP-KDG18|LPR-KDG18|LPR-KW20|LP-KBK18|LP-KW18"]
["395950MT","GenWare Porcelain Matt Teal Teapot with St/ St Lid & Infuser 50cl/ 17.6oz","17 x 11.5 x 11cm (L x W x H)",26.24,6,"Coloured Beverage>Matt Teal",{"$nulls":3},162,110,100,0.448,0.448,{"v":50,"d":"50.00"},"17.6","Porcelain","6911100090","China",-40,250,"Yes","Yes","No","Yes",{"$nulls":4},"Yes",null,"\n•Durable Fully Vitrified Porcelain\n•Twice-Fired Process\n•High Temperature Firing\n•Conforms to BS4034 Vitrified Hotelware\n•Rolled Edges\n•Polished Foot\n•Durable Glaze","GenWare Coloured Beverage offers a bold and stylish alternative to traditional white porcelain, bringing vibrant character and personality to any setting. The collection features an extensive range of beverageware, designed to enhance the presentation of tea and coffee while adding a splash of colour to your service. Ideal for hotels, restaurants, and cafes, GenWare Coloured Beverage allows you to create a distinctive and inviting atmosphere that leaves a lasting impression.\n•Durable Fully Vitrified Porcelain: High-temperature firing creates a robust and long-lasting product, ideal for professional use\n•Twice-Fired Process: Enhances strength, durability, and the unique glaze finish, ensuring each piece performs in demanding environments\n•Conforms to Industry Standards: Meets BS4034 standards for vitrified hotelware, ensuring exceptional durability and quality in demanding environments\n•Rolled Edges: Enhances durability and provides added chip resistance, making it ideal for hotel, restaurant, and foodservice applications\n•Polished Foot: Minimises damage when stacked and stored, helping to maintain the integrity of each piece over time\n•Durable Glaze: Features a high-quality glaze that enhances durability while providing a sleek, sophisticated finish resistant to stains and scratches\n•Vibrant Colour Palette: Available in a range of eye-catching colourss, perfect for adding personality and flair to any setting\n•Mix and Match Appeal: The diverse colour options allow for creative combinations that suit any theme or decor\n•Versatile for Any Venue: Designed to complement a wide range of hospitality environments, from trendy cafes to upscale hotels and restaurants","Each",null,"16.2","11","10","0.00178",0.448,"05020403063025",6,"34","25","10.5","0.00893","2.688",{"v":3.25,"d":"3.250"},"05020403063032",24,"52","36","24","0.04493","10.752",{"v":13,"d":"13.000"},null,576,"https://files.plytix.com/api/v1.1/file/public_files/pim/assets/8a/8d/8f/62/628f8d8abb3a1aaaf0e8f149/images/b0/14/91/67/679114b0650bff6333cfd972/TH_395950MT.jpg","https://files.plytix.com/api/v1.1/file/public_files/pim/assets/8a/8d/8f/62/628f8d8abb3a1aaaf0e8f149/images/53/f7/90/67/6790f753650bff6333cfd0ce/395950MT.jpg","https://files.plytix.com/api/v1.1/file/public_files/pim/assets/8a/8d/8f/62/628f8d8abb3a1aaaf0e8f149/images/dc/d2/a1/67/67a1d2dc678af07d2988c3c2/LFST0325172.jpg|https://files.plytix.com/api/v1.1/file/public_files/pim/assets/8a/8d/8f/62/628f8d8abb3a1aaaf0e8f149/images/d2/d2/a1/67/67a1d2d2678af07d2988c3bc/LFST0325176.jpg|https://files.plytix.com/api/v1.1/file/public_files/pim/assets/8a/8d/8f/62/628f8d8abb3a1aaaf0e8f149/images/40/d2/a1/67/67a1d2403446055658f0626d/LFST0325237.jpg","https://www.nevilleuk.com/products/395950MT_","373114MT|322134MT|322125MT|395950INF","395950CRL|395950MBK|395950MG|395950MSG|393945MT|395950Y|395950R|395950GR|395950G|395950BL|395950BK"]
["393945MT","GenWare Porcelain Matt Teal Teapot 45cl/ 15.75oz","18.5 x 11.5 x 10cm (L x W x H)",13.32,6,"Coloured Beverage>Matt Teal",{"$nulls":3},175,110,105,{"v":0.41,"d":"0.410"},{"v":0.41,"d":"0.410"},{"v":45,"d":"45.00"},"15.8","Porcelain","6911100090","China",-40,250,"Yes","Yes","Yes","Yes",{"$nulls":6},"\n•Durable Fully Vitrified Porcelain\n•Twice-Fired Process\n•High Temperature Firing\n•Conforms to BS4034 Vitrified Hotelware\n•Rolled Edges\n•Polished Foot\n•Durable Glaze","GenWare Coloured Beverage offers a bold and stylish alternative to traditional white porcelain, bringing vibrant character and personality to any setting. The collection features an extensive range of beverageware, designed to enhance the presentation of tea and coffee while adding a splash of colour to your service. Ideal for hotels, restaurants, and cafes, GenWare Coloured Beverage allows you to create a distinctive and inviting atmosphere that leaves a lasting impression.\n•Durable Fully Vitrified Porcelain: High-temperature firing creates a robust and long-lasting product, ideal for professional use\n•Twice-Fired Process: Enhances strength, durability, and the unique glaze finish, ensuring each piece performs in demanding environments\n•Conforms to Industry Standards: Meets BS4034 standards for vitrified hotelware, ensuring exceptional durability and quality in demanding environments\n•Rolled Edges: Enhances durability and provides added chip resistance, making it ideal for hotel, restaurant, and foodservice applications\n•Polished Foot: Minimises damage when stacked and stored, helping to maintain the integrity of each piece over time\n•Durable Glaze: Features a high-quality glaze that enhances durability while providing a sleek, sophisticated finish resistant to stains and scratches\n•Vibrant Colour Palette: Available in a range of eye-catching colourss, perfect for adding personality and flair to any setting\n•Mix and Match Appeal: The diverse colour options allow for creative combinations that suit any theme or decor\n•Versatile for Any Venue: Designed to complement a wide range of hospitality environments, from trendy cafes to upscale hotels and restaurants","Each",null,"17.5","11","10.5","0.00202",{"v":0.41,"d":"0.410"},"05020403062998",6,"36.5","27","11","0.01084","2.46",{"v":3.25,"d":"3.250"},"05020403063001",24,"55","38","24","0.05016","9.84",{"v":13,"d":"13.000"},null,576,"https://files.plytix.com/api/v1.1/file/public_files/pim/assets/8a/8d/8f/62/628f8d8abb3a1aaaf0e8f149/images/af/14/91/67/679114afcad52e3172812db9/TH_393945MT.jpg","https://files.plytix.com/api/v1.1/file/public_files/pim/assets/8a/8d/8f/62/628f8d8abb3a1aaaf0e8f149/images/4a/f7/90/67/6790f74acad52e31728124a2/393945MT.jpg","https://files.plytix.com/api/v1.1/file/public_files/pim/assets/8a/8d/8f/62/628f8d8abb3a1aaaf0e8f149/images/30/d1/a1/67/67a1d130783f894c4a8d4d41/LFST0325352.jpg|https://files.plytix.com/api/v1.1/file/public_files/pim/assets/8a/8d/8f/62/628f8d8abb3a1aaaf0e8f149/images/ca/d2/a1/67/67a1d2ca20b2e4642d1ce9d1/LFST0325179.jpg|https://files.plytix.com/api/v1.1/file/public_files/pim/assets/8a/8d/8f/62/628f8d8abb3a1aaaf0e8f149/images/36/d1/a1/67/67a1d1363446055658f0622e/LFST0325349.jpg","https://www.nevilleuk.com/products/393945MT_","373114MT|322134MT|322125MT","393945CRL|393945MBK|393945MG|393945MSG|393945Y|393945R|393945GR|393945G|393945BR|393945BL|393945BK|393945|395950MT"]
["182115MT","GenWare Porcelain Matt Teal Saucer 16cm/ 6.25\"","16cm (Dia)",4.98,6,"Coloured Beverage>Matt Teal",{"$nulls":3},160,160,23,0.195,0.195,null,null,"Porcelain","6911100090","China",-40,250,"Yes","Yes","Yes","Yes",{"$nulls":6},"\n•Durable Fully Vitrified Porcelain\n•Twice-Fired Process\n•High Temperature Firing\n•Conforms to BS4034 Vitrified Hotelware\n•Rolled Edges\n•Polished Foot\n•Durable Glaze","GenWare Coloured Beverage offers a bold and stylish alternative to traditional white porcelain, bringing vibrant character and personality to any setting. The collection features an extensive range of beverageware, designed to enhance the presentation of tea and coffee while adding a splash of colour to your service. Ideal for hotels, restaurants, and cafes, GenWare Coloured Beverage allows you to create a distinctive and inviting atmosphere that leaves a lasting impression.\n•Durable Fully Vitrified Porcelain: High-temperature firing creates a robust and long-lasting product, ideal for professional use\n•Twice-Fired Process: Enhances strength, durability, and the unique glaze finish, ensuring each piece performs in demanding environments\n•Conforms to Industry Standards: Meets BS4034 standards for vitrified hotelware, ensuring exceptional durability and quality in demanding environments\n•Rolled Edges: Enhances durability and provides added chip resistance, making it ideal for hotel, restaurant, and foodservice applications\n•Polished Foot: Minimises damage when stacked and stored, helping to maintain the integrity of each piece over time\n•Durable Glaze: Features a high-quality glaze that enhances durability while providing a sleek, sophisticated finish resistant to stains and scratches\n•Vibrant Colour Palette: Available in a range of eye-catching colourss, perfect for adding personality and flair to any setting\n•Mix and Match Appeal: The diverse colour options allow for creative combinations that suit any theme or decor\n•Versatile for Any Venue: Designed to complement a wide range of hospitality environments, from trendy cafes to upscale hotels and restaurants","Each",null,"16","16","2.3","0.00059",0.195,"05020403062783",6,"16.5","9.5","16.5","0.00259","1.17",{"v":1.5,"d":"1.500"},"05020403062790",36,"35","31","19","0.02062","7.02",{"v":9,"d":"9.000"},null,1800,"https://files.plytix.com/api/v1.1/file/public_files/pim/assets/8a/8d/8f/62/628f8d8abb3a1aaaf0e8f149/images/ac/14/91/67/679114acf33788d49018ed66/TH_182115MT.jpg","https://files.plytix.com/api/v1.1/file/public_files/pim/assets/8a/8d/8f/62/628f8d8abb3a1aaaf0e8f149/images/21/f7/90/67/6790f721cad52e3172812495/182115MT.jpg|https://files.plytix.com/api/v1.1/file/public_files/pim/assets/8a/8d/8f/62/628f8d8abb3a1aaaf0e8f149/images/22/f7/90/67/6790f722650bff6333cfd0c4/182115MT_A.jpg|https://files.plytix.com/api/v1.1/file/public_files/pim/assets/8a/8d/8f/62/628f8d8abb3a1aaaf0e8f149/images/24/f7/90/67/6790f724650bff6333cfd0c5/182115MT_B.jpg","https://files.plytix.com/api/v1.1/file/public_files/pim/assets/8a/8d/8f/62/628f8d8abb3a1aaaf0e8f149/images/cf/d2/a1/67/67a1d2cf783f894c4a8d4d69/LFST0325177.jpg","https://www.nevilleuk.com/products/182115MT_","322125MT|322134MT|322135MT","182115CRL|182115Y|182115R|182115MSG|182115MG|182115MBL|182115MBK|182115GR|182115G|182115BR|182115BL|182115BK|182115"]
["182113MT","GenWare Porcelain Matt Teal Saucer 13.5cm/ 5.25\"","13.5cm (Dia)",4.42,6,"Coloured Beverage>Matt Teal",{"$nulls":3},135,135,20,0.165,0.165,null,null,"Porcelain","6911100090","China",-40,250,"Yes","Yes","Yes","Yes",{"$nulls":6},"\n•Durable Fully Vitrified Porcelain\n•Twice-Fired Process\n•High Temperature Firing\n•Conforms to BS4034 Vitrified Hotelware\n•Rolled Edges\n•Polished Foot\n•Durable Glaze","GenWare Coloured Beverage offers a bold and stylish alternative to traditional white porcelain, bringing vibrant character and personality to any setting. The collection features an extensive range of beverageware, designed to enhance the presentation of tea and coffee while adding a splash of colour to your service. Ideal for hotels, restaurants, and cafes, GenWare Coloured Beverage allows you to create a distinctive and inviting atmosphere that leaves a lasting impression.\n•Durable Fully Vitrified Porcelain: High-temperature firing creates a robust and long-lasting product, ideal for professional use\n•Twice-Fired Process: Enhances strength, durability, and the unique glaze finish, ensuring each piece performs in demanding environments\n•Conforms to Industry Standards: Meets BS4034 standards for vitrified hotelware, ensuring exceptional durability and quality in demanding environments\n•Rolled Edges: Enhances durability and provides added chip resistance, making it ideal for hotel, restaurant, and foodservice applications\n•Polished Foot: Minimises damage when stacked and stored, helping to maintain the integrity of each piece over time\n•Durable Glaze: Features a high-quality glaze that enhances durability while providing a sleek, sophisticated finish resistant to stains and scratches\n•Vibrant Colour Palette: Available in a range of eye-catching colourss, perfect for adding personality and flair to any setting\n•Mix and Match Appeal: The diverse colour options allow for creative combinations that suit any theme or decor\n•Versatile for Any Venue: Designed to complement a wide range of hospitality environments, from trendy cafes to upscale hotels and restaurants","Each",null,"13.5","13.5","2","0.00036",0.165,"05020403062752",6,"16.5","9.5","16.5","0.00259","0.99",1.333,"05020403062769",36,"30","27","16","0.01296","5.94",{"v":8,"d":"8.000"},null,2520,"https://files.plytix.com/api/v1.1/file/public_files/pim/assets/8a/8d/8f/62/628f8d8abb3a1aaaf0e8f149/images/ac/14/91/67/679114acf33788d49018ed64/TH_182113MT.jpg","https://files.plytix.com/api/v1.1/file/public_files/pim/assets/8a/8d/8f/62/628f8d8abb3a1aaaf0e8f149/images/1b/f7/90/67/6790f71bf33788d49018e636/182113MT_A.jpg|https://files.plytix.com/api/v1.1/file/public_files/pim/assets/8a/8d/8f/62/628f8d8abb3a1aaaf0e8f149/images/9c/f9/90/67/6790f99c5102799cd827fde8/182113MT.jpg","https://files.plytix.com/api/v1.1/file/public_files/pim/assets/8a/8d/8f/62/628f8d8abb3a1aaaf0e8f149/images/dc/d2/a1/67/67a1d2dc678af07d2988c3c2/LFST0325172.jpg","https://www.nevilleuk.com/products/182113MT_","322118MT","182113CRL|182113|182113Y|182113R|182113MSG|182113MG|182113MBL|182113MBK|182113GR|182113G|182113BR|182113BL|182113BK"]
["182112MT","GenWare Porcelain Matt Teal Saucer 12cm/ 4.75\"","12cm (Dia)",4.12,6,"Coloured Beverage>Matt Teal",{"$nulls":3},122,122,18,0.123,0.123,null,null,"Porcelain","6911100090","China",-40,250,"Yes","Yes","Yes","Yes",{"$nulls":6},"\n•Durable Fully Vitrified Porcelain\n•Twice-Fired Process\n•High Temperature Firing\n•Conforms to BS4034 Vitrified Hotelware\n•Rolled Edges\n•Polished Foot\n•Durable Glaze","GenWare Coloured Beverage offers a bold and stylish alternative to traditional white porcelain, bringing vibrant character and personality to any setting. The collection features an extensive range of beverageware, designed to enhance the presentation of tea and coffee while adding a splash of colour to your service. Ideal for hotels, restaurants, and cafes, GenWare Coloured Beverage allows you to create a distinctive and inviting atmosphere that leaves a lasting impression.\n•Durable Fully Vitrified Porcelain: High-temperature firing creates a robust and long-lasting product, ideal for professional use\n•Twice-Fired Process: Enhances strength, durability, and the unique glaze finish, ensuring each piece performs in demanding environments\n•Conforms to Industry Standards: Meets BS4034 standards for vitrified hotelware, ensuring exceptional durability and quality in demanding environments\n•Rolled Edges: Enhances durability and provides added chip resistance, making it ideal for hotel, restaurant, and foodservice applications\n•Polished Foot: Minimises damage when stacked and stored, helping to maintain the integrity of each piece over time\n•Durable Glaze: Features a high-quality glaze that enhances durability while providing a sleek, sophisticated finish resistant to stains and scratches\n•Vibrant Colour Palette: Available in a range of eye-catching colourss, perfect for adding personality and flair to any setting\n•Mix and Match Appeal: The diverse colour options allow for creative combinations that suit any theme or decor\n•Versatile for Any Venue: Designed to complement a wide range of hospitality environments, from trendy cafes to upscale hotels and restaurants","Each",null,"12.2","12.2","1.8","0.00027",0.123,"05020403062721",6,"12.5","8.5","12.5","0.00133","0.738",1.167,"05020403062738",36,"28","27","15","0.01134","4.428",{"v":7,"d":"7.000"},null,2700,"https://files.plytix.com/api/v1.1/file/public_files/pim/assets/8a/8d/8f/62/628f8d8abb3a1aaaf0e8f149/images/ab/14/91/67/679114abcad52e3172812db1/TH_182112MT.jpg","https://files.plytix.com/api/v1.1/file/public_files/pim/assets/8a/8d/8f/62/628f8d8abb3a1aaaf0e8f149/images/98/f9/90/67/6790f998cad52e317281252b/182112MT.jpg|https://files.plytix.com/api/v1.1/file/public_files/pim/assets/8a/8d/8f/62/628f8d8abb3a1aaaf0e8f149/images/99/f9/90/67/6790f999cad52e317281252f/182112MT_A.jpg",null,"https://www.nevilleuk.com/products/182112MT_","312109MT","182112CRL|182112Y|182112R|182112MSG|182112MG|182112MBL|182112MBK|182112GR|182112G|182112BR|182112BL|182112BK|182112"]
["373114MT","GenWare Porcelain Matt Teal Jug 14cl/ 5oz","10.5 x 7 x 6.8cm (L x W x H)",8.24,6,"Coloured Beverage>Matt Teal",{"$nulls":3},101,70,68,0.143,0.143,{"v":14,"d":"14.00"},"4.9","Porcelain","6911100090","China",-40,250,"Yes","Yes","Yes","Yes",{"$nulls":6},"\n•Durable Fully Vitrified Porcelain\n•Twice-Fired Process\n•High Temperature Firing\n•Conforms to BS4034 Vitrified Hotelware\n•Rolled Edges\n•Polished Foot\n•Durable Glaze","GenWare Coloured Beverage offers a bold and stylish alternative to traditional white porcelain, bringing vibrant character and personality to any setting. The collection features an extensive range of beverageware, designed to enhance the presentation of tea and coffee while adding a splash of colour to your service. Ideal for hotels, restaurants, and cafes, GenWare Coloured Beverage allows you to create a distinctive and inviting atmosphere that leaves a lasting impression.\n•Durable Fully Vitrified Porcelain: High-temperature firing creates a robust and long-lasting product, ideal for professional use\n•Twice-Fired Process: Enhances strength, durability, and the unique glaze finish, ensuring each piece performs in demanding environments\n•Conforms to Industry Standards: Meets BS4034 standards for vitrified hotelware, ensuring exceptional durability and quality in demanding environments\n•Rolled Edges: Enhances durability and provides added chip resistance, making it ideal for hotel, restaurant, and foodservice applications\n•Polished Foot: Minimises damage when stacked and stored, helping to maintain the integrity of each piece over time\n•Durable Glaze: Features a high-quality glaze that enhances durability while providing a sleek, sophisticated finish resistant to stains and scratches\n•Vibrant Colour Palette: Available in a range of eye-catching colourss, perfect for adding personality and flair to any setting\n•Mix and Match Appeal: The diverse colour options allow for creative combinations that suit any theme or decor\n•Versatile for Any Venue: Designed to complement a wide range of hospitality environments, from trendy cafes to upscale hotels and restaurants","Each",null,"10.1","7","6.8","0.00048",0.143,"05020403062967",6,"22.5","16.5","7.5","0.00278","0.858",1.167,"05020403062974",36,"36","25","25","0.02250","5.148",{"v":7,"d":"7.000"},null,2160,"https://files.plytix.com/api/v1.1/file/public_files/pim/assets/8a/8d/8f/62/628f8d8abb3a1aaaf0e8f149/images/ae/14/91/67/679114ae650bff6333cfd96e/TH_373114MT.jpg","https://files.plytix.com/api/v1.1/file/public_files/pim/assets/8a/8d/8f/62/628f8d8abb3a1aaaf0e8f149/images/42/f7/90/67/6790f742f33788d49018e63c/373114MT.jpg","https://files.plytix.com/api/v1.1/file/public_files/pim/assets/8a/8d/8f/62/628f8d8abb3a1aaaf0e8f149/images/dc/d2/a1/67/67a1d2dc678af07d2988c3c2/LFST0325172.jpg|https://files.plytix.com/api/v1.1/file/public_files/pim/assets/8a/8d/8f/62/628f8d8abb3a1aaaf0e8f149/images/d5/d2/a1/67/67a1d2d5783f894c4a8d4d6b/LFST0325175.jpg","https://www.nevilleuk.com/products/373114MT_",null,"373114CRL|373114Y|373114R|373114MSG|373114MG|373114MBL|373114MBK|373114GR|373114G|373114BR|373114BL|373114BK|373114"]
["322135MT","GenWare Porcelain Matt Teal Latte Mug 34cl/ 12oz","11.5 x 8.5 x 11cm (L x W x H)",8.02,6,"Coloured Beverage>Matt Teal",{"$nulls":3},115,85,110,{"v":0.35,"d":"0.350"},{"v":0.35,"d":"0.350"},{"v":34,"d":"34.00"},"12","Porcelain","6911100090","China",-40,250,"Yes","Yes","Yes","Yes",{"$nulls":6},"\n•Durable Fully Vitrified Porcelain\n•Twice-Fired Process\n•High Temperature Firing\n•Conforms to BS4034 Vitrified Hotelware\n•Rolled Edges\n•Polished Foot\n•Durable Glaze","GenWare Coloured Beverage offers a bold and stylish alternative to traditional white porcelain, bringing vibrant character and personality to any setting. The collection features an extensive range of beverageware, designed to enhance the presentation of tea and coffee while adding a splash of colour to your service. Ideal for hotels, restaurants, and cafes, GenWare Coloured Beverage allows you to create a distinctive and inviting atmosphere that leaves a lasting impression.\n•Durable Fully Vitrified Porcelain: High-temperature firing creates a robust and long-lasting product, ideal for professional use\n•Twice-Fired Process: Enhances strength, durability, and the unique glaze finish, ensuring each piece performs in demanding environments\n•Conforms to Industry Standards: Meets BS4034 standards for vitrified hotelware, ensuring exceptional durability and quality in demanding environments\n•Rolled Edges: Enhances durability and provides added chip resistance, making it ideal for hotel, restaurant, and foodservice applications\n•Polished Foot: Minimises damage when stacked and stored, helping to maintain the integrity of each piece over time\n•Durable Glaze: Features a high-quality glaze that enhances durability while providing a sleek, sophisticated finish resistant to stains and scratches\n•Vibrant Colour Palette: Available in a range of eye-catching colourss, perfect for adding personality and flair to any setting\n•Mix and Match Appeal: The diverse colour options allow for creative combinations that suit any theme or decor\n•Versatile for Any Venue: Designed to complement a wide range of hospitality environments, from trendy cafes to upscale hotels and restaurants","Each",null,"11.5","8.5","11","0.00108",{"v":0.35,"d":"0.350"},"05020403062936",6,"25.5","19.8","11.8","0.00596","2.1",{"v":3,"d":"3.000"},"05020403062943",24,"42","27","26","0.02948","8.4",{"v":12,"d":"12.000"},null,1260,"https://files.plytix.com/api/v1.1/file/public_files/pim/assets/8a/8d/8f/62/628f8d8abb3a1aaaf0e8f149/images/ae/14/91/67/679114aecad52e3172812db7/TH_322135MT.jpg","https://files.plytix.com/api/v1.1/file/public_files/pim/assets/8a/8d/8f/62/628f8d8abb3a1aaaf0e8f149/images/3f/f7/90/67/6790f73f26b9c8be7b879f99/322135MT.jpg","https://files.plytix.com/api/v1.1/file/public_files/pim/assets/8a/8d/8f/62/628f8d8abb3a1aaaf0e8f149/images/c0/d2/a1/67/67a1d2c020b2e4642d1ce9cc/LFST0325183.jpg","https://www.nevilleuk.com/products/322135MT_","182115MT","322139MT"]
["322134MT","GenWare Porcelain Matt Teal Bowl Shaped Cup 34cl/ 12oz","13.6 x 11.4 x 6.8cm (L x W x H), Fit Saucer 182115MT",7.86,6,"Coloured Beverage>Matt Teal",{"$nulls":3},135,112,70,0.353,0.353,{"v":34,"d":"34.00"},"12","Porcelain","6911100090","China",-40,250,"Yes","Yes","Yes","Yes",{"$nulls":6},"\n•Durable Fully Vitrified Porcelain\n•Twice-Fired Process\n•High Temperature Firing\n•Conforms to BS4034 Vitrified Hotelware\n•Rolled Edges\n•Polished Foot\n•Durable Glaze","GenWare Coloured Beverage offers a bold and stylish alternative to traditional white porcelain, bringing vibrant character and personality to any setting. The collection features an extensive range of beverageware, designed to enhance the presentation of tea and coffee while adding a splash of colour to your service. Ideal for hotels, restaurants, and cafes, GenWare Coloured Beverage allows you to create a distinctive and inviting atmosphere that leaves a lasting impression.\n•Durable Fully Vitrified Porcelain: High-temperature firing creates a robust and long-lasting product, ideal for professional use\n•Twice-Fired Process: Enhances strength, durability, and the unique glaze finish, ensuring each piece performs in demanding environments\n•Conforms to Industry Standards: Meets BS4034 standards for vitrified hotelware, ensuring exceptional durability and quality in demanding environments\n•Rolled Edges: Enhances durability and provides added chip resistance, making it ideal for hotel, restaurant, and foodservice applications\n•Polished Foot: Minimises damage when stacked and stored, helping to maintain the integrity of each piece over time\n•Durable Glaze: Features a high-quality glaze that enhances durability while providing a sleek, sophisticated finish resistant to stains and scratches\n•Vibrant Colour Palette: Available in a range of eye-catching colourss, perfect for adding personality and flair to any setting\n•Mix and Match Appeal: The diverse colour options allow for creative combinations that suit any theme or decor\n•Versatile for Any Venue: Designed to complement a wide range of hospitality environments, from trendy cafes to upscale hotels and restaurants","Each",null,"13.5","11.2","7","0.00106",0.353,"05020403062905",6,"32","22.5","7","0.00504","2.118",2.333,"05020403062912",36,"48","34","25","0.04080","12.708",{"v":14,"d":"14.000"},null,864,"https://files.plytix.com/api/v1.1/file/public_files/pim/assets/8a/8d/8f/62/628f8d8abb3a1aaaf0e8f149/images/ae/14/91/67/679114aecad52e3172812db5/TH_322134MT.jpg","https://files.plytix.com/api/v1.1/file/public_files/pim/assets/8a/8d/8f/62/628f8d8abb3a1aaaf0e8f149/images/3a/f7/90/67/6790f73acad52e317281249d/322134MT.jpg|https://files.plytix.com/api/v1.1/file/public_files/pim/assets/8a/8d/8f/62/628f8d8abb3a1aaaf0e8f149/images/3b/f7/90/67/6790f73bcad52e317281249e/322134MT_A.jpg","https://files.plytix.com/api/v1.1/file/public_files/pim/assets/8a/8d/8f/62/628f8d8abb3a1aaaf0e8f149/images/cf/d2/a1/67/67a1d2cf783f894c4a8d4d69/LFST0325177.jpg","https://www.nevilleuk.com/products/322134MT_","182115MT","322134CRL|322134BR|322134BL|322134BK|322134|322134Y|322134R|322134MSG|322134MG|322134MBL|322134MBK|322134GR|322134G"]
["322125MT","GenWare Porcelain Matt Teal Bowl Shaped Cup 25cl/ 8.75oz","12.5 x 10 x 6cm (L x W x H), Fits Saucer 182115MT",{"v":5.8,"d":"5.80"},6,"Coloured Beverage>Matt Teal",{"$nulls":3},122,97,59,0.251,0.251,{"v":25,"d":"25.00"},"8.8","Porcelain","6911100090","China",-40,250,"Yes","Yes","Yes","Yes",{"$nulls":6},"\n•Durable Fully Vitrified Porcelain\n•Twice-Fired Process\n•High Temperature Firing\n•Conforms to BS4034 Vitrified Hotelware\n•Rolled Edges\n•Polished Foot\n•Durable Glaze","GenWare Coloured Beverage offers a bold and stylish alternative to traditional white porcelain, bringing vibrant character and personality to any setting. The collection features an extensive range of beverageware, designed to enhance the presentation of tea and coffee while adding a splash of colour to your service. Ideal for hotels, restaurants, and cafes, GenWare Coloured Beverage allows you to create a distinctive and inviting atmosphere that leaves a lasting impression.\n•Durable Fully Vitrified Porcelain: High-temperature firing creates a robust and long-lasting product, ideal for professional use\n•Twice-Fired Process: Enhances strength, durability, and the unique glaze finish, ensuring each piece performs in demanding environments\n•Conforms to Industry Standards: Meets BS4034 standards for vitrified hotelware, ensuring exceptional durability and quality in demanding environments\n•Rolled Edges: Enhances durability and provides added chip resistance, making it ideal for hotel, restaurant, and foodservice applications\n•Polished Foot: Minimises damage when stacked and stored, helping to maintain the integrity of each piece over time\n•Durable Glaze: Features a high-quality glaze that enhances durability while providing a sleek, sophisticated finish resistant to stains and scratches\n•Vibrant Colour Palette: Available in a range of eye-catching colourss, perfect for adding personality and flair to any setting\n•Mix and Match Appeal: The diverse colour options allow for creative combinations that suit any theme or decor\n•Versatile for Any Venue: Designed to complement a wide range of hospitality environments, from trendy cafes to upscale hotels and restaurants","Each",null,"12.2","9.7","5.9","0.00070",0.251,"05020403062875",6,"29.5","20.5","6.5","0.00393","1.506",{"v":2,"d":"2.000"},"05020403062882",36,"44","32","23","0.03238","9.036",{"v":12,"d":"12.000"},null,1296,"https://files.plytix.com/api/v1.1/file/public_files/pim/assets/8a/8d/8f/62/628f8d8abb3a1aaaf0e8f149/images/ad/14/91/67/679114adf33788d49018ed68/TH_322125MT.jpg","https://files.plytix.com/api/v1.1/file/public_files/pim/assets/8a/8d/8f/62/628f8d8abb3a1aaaf0e8f149/images/34/f7/90/67/6790f734650bff6333cfd0cc/322125MT.jpg|https://files.plytix.com/api/v1.1/file/public_files/pim/assets/8a/8d/8f/62/628f8d8abb3a1aaaf0e8f149/images/35/f7/90/67/6790f735cad52e3172812499/322125MT_A.jpg","https://files.plytix.com/api/v1.1/file/public_files/pim/assets/8a/8d/8f/62/628f8d8abb3a1aaaf0e8f149/images/dc/d2/a1/67/67a1d2dc678af07d2988c3c2/LFST0325172.jpg","https://www.nevilleuk.com/products/322125MT_","182115MT","322125CRL|322125Y|322125R|322125MSG|322125MG|322125MBL|322125MBK|322125GR|322125G|322125BR|322125BL|322125BK|322125"]
["322118MT","GenWare Porcelain Matt Teal Bowl Shaped Cup 17.5cl/ 6oz","11 x 9 x 5cm (L x W x H), Fits Saucer 182113MT",4.98,6,"Coloured Beverage>Matt Teal",{"$nulls":3},110,88,52,0.163,0.163,{"v":17.5,"d":"17.50"},"6.2","Porcelain","6911100090","China",-40,250,"Yes","Yes","Yes","Yes",{"$nulls":6},"\n•Durable Fully Vitrified Porcelain\n•Twice-Fired Process\n•High Temperature Firing\n•Conforms to BS4034 Vitrified Hotelware\n•Rolled Edges\n•Polished Foot\n•Durable Glaze","GenWare Coloured Beverage offers a bold and stylish alternative to traditional white porcelain, bringing vibrant character and personality to any setting. The collection features an extensive range of beverageware, designed to enhance the presentation of tea and coffee while adding a splash of colour to your service. Ideal for hotels, restaurants, and cafes, GenWare Coloured Beverage allows you to create a distinctive and inviting atmosphere that leaves a lasting impression.\n•Durable Fully Vitrified Porcelain: High-temperature firing creates a robust and long-lasting product, ideal for professional use\n•Twice-Fired Process: Enhances strength, durability, and the unique glaze finish, ensuring each piece performs in demanding environments\n•Conforms to Industry Standards: Meets BS4034 standards for vitrified hotelware, ensuring exceptional durability and quality in demanding environments\n•Rolled Edges: Enhances durability and provides added chip resistance, making it ideal for hotel, restaurant, and foodservice applications\n•Polished Foot: Minimises damage when stacked and stored, helping to maintain the integrity of each piece over time\n•Durable Glaze: Features a high-quality glaze that enhances durability while providing a sleek, sophisticated finish resistant to stains and scratches\n•Vibrant Colour Palette: Available in a range of eye-catching colourss, perfect for adding personality and flair to any setting\n•Mix and Match Appeal: The diverse colour options allow for creative combinations that suit any theme or decor\n•Versatile for Any Venue: Designed to complement a wide range of hospitality environments, from trendy cafes to upscale hotels and restaurants","Each",null,"11","8.8","5.2","0.00050",0.163,"05020403062844",6,"27.8","18.5","5.6","0.00288","0.978",1.333,"05020403062851",36,"40","30","20","0.02400","5.868",{"v":8,"d":"8.000"},null,2304,"https://files.plytix.com/api/v1.1/file/public_files/pim/assets/8a/8d/8f/62/628f8d8abb3a1aaaf0e8f149/images/ad/14/91/67/679114ada850eb23df857967/TH_322118MT.jpg","https://files.plytix.com/api/v1.1/file/public_files/pim/assets/8a/8d/8f/62/628f8d8abb3a1aaaf0e8f149/images/2e/f7/90/67/6790f72ecad52e3172812498/322118MT.jpg|https://files.plytix.com/api/v1.1/file/public_files/pim/assets/8a/8d/8f/62/628f8d8abb3a1aaaf0e8f149/images/30/f7/90/67/6790f7305102799cd827fd88/322118MT_A.jpg",null,"https://www.nevilleuk.com/products/322118MT_","182113MT","322118CRL|322118G|322118BR|322118BL|322118BK|322118|322118Y|322118R|322118MSG|322118MG|322118MBL|322118MBK|322118GR"]
["312109MT","GenWare Porcelain Matt Teal Bowl Shaped Cup 9cl/ 3oz","8.3 x 6.3 x 5cm (L x W x H), Fits Saucer 182112MT",4.12,6,"Coloured Beverage>Matt Teal",{"$nulls":3},85,63,50,0.105,0.105,{"v":9,"d":"9.00"},"3.2","Porcelain","6911100090","China",-40,250,"Yes","Yes","Yes","Yes",{"$nulls":6},"\n•Durable Fully Vitrified Porcelain\n•Twice-Fired Process\n•High Temperature Firing\n•Conforms to BS4034 Vitrified Hotelware\n•Rolled Edges\n•Polished Foot\n•Durable Glaze","GenWare Coloured Beverage offers a bold and stylish alternative to traditional white porcelain, bringing vibrant character and personality to any setting. The collection features an extensive range of beverageware, designed to enhance the presentation of tea and coffee while adding a splash of colour to your service. Ideal for hotels, restaurants, and cafes, GenWare Coloured Beverage allows you to create a distinctive and inviting atmosphere that leaves a lasting impression.\n•Durable Fully Vitrified Porcelain: High-temperature firing creates a robust and long-lasting product, ideal for professional use\n•Twice-Fired Process: Enhances strength, durability, and the unique glaze finish, ensuring each piece performs in demanding environments\n•Conforms to Industry Standards: Meets BS4034 standards for vitrified hotelware, ensuring exceptional durability and quality in demanding environments\n•Rolled Edges: Enhances durability and provides added chip resistance, making it ideal for hotel, restaurant, and foodservice applications\n•Polished Foot: Minimises damage when stacked and stored, helping to maintain the integrity of each piece over time\n•Durable Glaze: Features a high-quality glaze that enhances durability while providing a sleek, sophisticated finish resistant to stains and scratches\n•Vibrant Colour Palette: Available in a range of eye-catching colourss, perfect for adding personality and flair to any setting\n•Mix and Match Appeal: The diverse colour options allow for creative combinations that suit any theme or decor\n•Versatile for Any Venue: Designed to complement a wide range of hospitality environments, from trendy cafes to upscale hotels and restaurants","Each",null,"8.5","6.3","5","0.00027",0.105,"05020403062813",6,"20.5","14","0.5","0.00014","0.63",{"v":1,"d":"1.000"},"05020403062820",36,"32","22","19","0.01338","3.78",{"v":6,"d":"6.000"},null,3024,"https://files.plytix.com/api/v1.1/file/public_files/pim/assets/8a/8d/8f/62/628f8d8abb3a1aaaf0e8f149/images/ad/14/91/67/679114adf33788d49018ed67/TH_312109MT.jpg","https://files.plytix.com/api/v1.1/file/public_files/pim/assets/8a/8d/8f/62/628f8d8abb3a1aaaf0e8f149/images/29/f7/90/67/6790f72926b9c8be7b879f90/312109MT.jpg|https://files.plytix.com/api/v1.1/file/public_files/pim/assets/8a/8d/8f/62/628f8d8abb3a1aaaf0e8f149/images/2a/f7/90/67/6790f72a26b9c8be7b879f94/312109MT_A.jpg","https://files.plytix.com/api/v1.1/file/public_files/pim/assets/8a/8d/8f/62/628f8d8abb3a1aaaf0e8f149/images/d9/d2/a1/67/67a1d2d9678af07d2988c3c1/LFST0325173.jpg","https://www.nevilleuk.com/products/312109MT_","182112MT","312109CRL|312109Y|312109R|312109MSG|312109MG|312109MBL|312109MBK|312109GR|312109G|312109BR|312109BL|312109BK|312109"]
["SMSP8V","GenWare Vintage Steel Mini Sauce Pan With Lip 7.8 x 4.5cm","7.8 x 4.5cm (Dia x H) - 20cl/ 7oz",15.44,6,"Table Presentation>Vintage Steel",{"$nulls":3},150,85,45,0.125,0.125,{"v":20,"d":"20.00"},"7","Steel,Brass","7323930090","India",null,250,"Yes","Yes","N/A","N/A",{"$nulls":6},"\n•Durable Stainless Steel\n•Industrial Vintage Finish\n•Stylish Brass Handles\n•Drip-Free Spout\n•Versatile Presentation\n•Dishwasher Safe","Add a touch of bold, industrial flair to your food presentation with our Vintage Steel Collection.The attractive brass handles add a sophisticated touch, elevating casual dining to a premium experience.Crafted from high-quality stainless steel with a distinctive vintage finish, this collection combines durability and style, offering a unique, industrial finish that enhances any dish. Perfect for both casual and upscale dining settings, these pieces provide a sophisticated yet rugged look that complements a variety of cuisines.\n•Durable Stainless Steel: Provides long-lasting strength, ideal for high-use environments\n•Industrial Vintage Design: A striking, modern aesthetic that brings a rugged charm to any table setting\n•Safe for Direct Food Contact: Crafted from food-safe materials, ensuring safe and hygienic service\n•Stylish Brass Handles: Adds a premium touch, enhancing casual and upscale dining presentations\n•Drip-Free Spout: Ensures precise and clean pouring, enhancing the guest experience\n•Perfect for Small Dishes and Sauces: Ideal for serving a variety of small dishes, sauces, gravies, or dressings\n•Versatile Presentation: Pairs beautifully with ceramic or wooden serving boards for a premium look\n•Perfect for Casual and Premium Dining: Ideal for restaurants, gastropubs, and sharing style service\n•Dishwasher Safe: Easy to clean and maintain","Each",null,"15","8.5","4.5","0.00057",0.125,"05020403120544",6,"19","11.5","17.5","0.00382","0.75",0.774,"05020403120551",48,"39","25","35","0.03413","6",{"v":6.2,"d":"6.200"},null,1728,"https://files.plytix.com/api/v1.1/file/public_files/pim/assets/8a/8d/8f/62/628f8d8abb3a1aaaf0e8f149/images/d5/14/91/67/679114d5650bff6333cfd992/TH_SMSP8V.jpg","https://files.plytix.com/api/v1.1/file/public_files/pim/assets/8a/8d/8f/62/628f8d8abb3a1aaaf0e8f149/images/cc/f8/90/67/6790f8cc26b9c8be7b879ffe/SMSP8V.jpg","https://files.plytix.com/api/v1.1/file/public_files/pim/assets/8a/8d/8f/62/628f8d8abb3a1aaaf0e8f149/images/96/d4/a1/67/67a1d4963446055658f062d1/LFST0325015.jpg","https://www.nevilleuk.com/products/SMSP8V_",null,"SMS8V|SMS8BKV|SMS8AC|SMS8C"]
["SMSP7V","GenWare Vintage Steel Mini Sauce Pan With Lip 7 x 3.75cm","7 x 3.75cm (Dia x H) - 14cl/ 5oz",{"v":14.3,"d":"14.30"},6,"Table Presentation>Vintage Steel",{"$nulls":3},145,75,35,{"v":0.12,"d":"0.120"},{"v":0.12,"d":"0.120"},{"v":14,"d":"14.00"},"4.9","Steel,Brass","7323930090","India",null,250,"Yes","Yes","N/A","N/A",{"$nulls":6},"\n•Durable Stainless Steel\n•Industrial Vintage Finish\n•Stylish Brass Handles\n•Drip-Free Spout\n•Versatile Presentation\n•Dishwasher Safe","Add a touch of bold, industrial flair to your food presentation with our Vintage Steel Collection.The attractive brass handles add a sophisticated touch, elevating casual dining to a premium experience.Crafted from high-quality stainless steel with a distinctive vintage finish, this collection combines durability and style, offering a unique, industrial finish that enhances any dish. Perfect for both casual and upscale dining settings, these pieces provide a sophisticated yet rugged look that complements a variety of cuisines.\n•Durable Stainless Steel: Provides long-lasting strength, ideal for high-use environments\n•Industrial Vintage Design: A striking, modern aesthetic that brings a rugged charm to any table setting\n•Safe for Direct Food Contact: Crafted from food-safe materials, ensuring safe and hygienic service\n•Stylish Brass Handles: Adds a premium touch, enhancing casual and upscale dining presentations\n•Drip-Free Spout: Ensures precise and clean pouring, enhancing the guest experience\n•Perfect for Small Dishes and Sauces: Ideal for serving a variety of small dishes, sauces, gravies, or dressings\n•Versatile Presentation: Pairs beautifully with ceramic or wooden serving boards for a premium look\n•Perfect for Casual and Premium Dining: Ideal for restaurants, gastropubs, and sharing style service\n•Dishwasher Safe: Easy to clean and maintain","Each",null,"14.5","7.5","3.5","0.00038",{"v":0.12,"d":"0.120"},"05020403120513",6,"18","10","14","0.00252","0.72",{"v":0.75,"d":"0.750"},"05020403120520",48,"44","20","30","0.02640","5.76",{"v":6,"d":"6.000"},null,3456,"https://files.plytix.com/api/v1.1/file/public_files/pim/assets/8a/8d/8f/62/628f8d8abb3a1aaaf0e8f149/images/d5/14/91/67/679114d5650bff6333cfd991/TH_SMSP7V.jpg","https://files.plytix.com/api/v1.1/file/public_files/pim/assets/8a/8d/8f/62/628f8d8abb3a1aaaf0e8f149/images/cb/f8/90/67/6790f8cba850eb23df8570c8/SMSP7V.jpg","https://files.plytix.com/api/v1.1/file/public_files/pim/assets/8a/8d/8f/62/628f8d8abb3a1aaaf0e8f149/images/dd/1e/7e/68/687e1edd777134bb259390ff/LFST0925156.jpg|https://files.plytix.com/api/v1.1/file/public_files/pim/assets/8a/8d/8f/62/628f8d8abb3a1aaaf0e8f149/images/86/1e/7e/68/687e1e862a03861c91eda508/LFST0925143.jpg","https://www.nevilleuk.com/products/SMSP7V_",null,"SMS7V|SMS7BKV|SMS7AC|SMS7C"]
["SMR14V","GenWare Vintage Steel Mini Roaster 14.5 x 9.5 x 4.5cm","14.5 x 9.5 x 4.5cm (L x W x H) - 50cl/ 17.6oz",18.72,6,"Table Presentation>Vintage Steel",{"$nulls":3},195,90,55,0.201,0.201,{"v":50,"d":"50.00"},"17.6","Steel,Brass","7323930090","India",null,250,"Yes","Yes","N/A","N/A",{"$nulls":6},"\n•Durable Stainless Steel\n•Industrial Vintage Finish\n•Stylish Brass Handles\n•Versatile Presentation\n•Dishwasher Safe","Add a touch of bold, industrial flair to your food presentation with our Vintage Steel Collection.The attractive brass handles add a sophisticated touch, elevating casual dining to a premium experience.Crafted from high-quality stainless steel with a distinctive vintage finish, this collection combines durability and style, offering a unique, industrial finish that enhances any dish. Perfect for both casual and upscale dining settings, these pieces provide a sophisticated yet rugged look that complements a variety of cuisines.\n•Durable Stainless Steel: Provides long-lasting strength, ideal for high-use environments\n•Industrial Vintage Design: A striking, modern aesthetic that brings a rugged charm to any table setting\n•Safe for Direct Food Contact: Crafted from food-safe materials, ensuring safe and hygienic service\n•Stylish Brass Handles: Adds a premium touch, enhancing casual and upscale dining presentations\n•Perfect for Small Dishes and Sides: Ideal for serving tapas, side dishes, desserts, and individual portions\n•Versatile Presentation: Pairs beautifully with ceramic or wooden serving boards for a premium look\n•Perfect for Casual and Premium Dining: Ideal for restaurants, gastropubs, and sharing style service\n•Dishwasher Safe: Easy to clean and maintain","Each",null,"19.5","9","5.5","0.00097",0.201,"05020403120483",6,"20.5","20.5","12.5","0.00525","1.206",1.545,"05020403120490",24,"42","22","27.5","0.02541","4.824",{"v":6.18,"d":"6.180"},null,840,"https://files.plytix.com/api/v1.1/file/public_files/pim/assets/8a/8d/8f/62/628f8d8abb3a1aaaf0e8f149/images/d5/14/91/67/679114d5f33788d49018ed9c/TH_SMR14V.jpg","https://files.plytix.com/api/v1.1/file/public_files/pim/assets/8a/8d/8f/62/628f8d8abb3a1aaaf0e8f149/images/c9/f8/90/67/6790f8c926b9c8be7b879ffd/SMR14V.jpg","https://files.plytix.com/api/v1.1/file/public_files/pim/assets/8a/8d/8f/62/628f8d8abb3a1aaaf0e8f149/images/1e/d1/a1/67/67a1d11e8c28d3ee51cd54cd/LFST0325003.jpg|https://files.plytix.com/api/v1.1/file/public_files/pim/assets/8a/8d/8f/62/628f8d8abb3a1aaaf0e8f149/images/99/d4/a1/67/67a1d499783f894c4a8d4dfd/LFST0325014.jpg","https://www.nevilleuk.com/products/SMR14V_",null,"SMR12V|SSD18V|SRD16V|SMF15V"]
["SMR12V","GenWare Vintage Steel Mini Roaster 12.5 x 8.5 x 3.75cm","12.5 x 8.5 x 3.75cm (L x W x H) - 32cl/ 11.3oz",17.34,6,"Table Presentation>Vintage Steel",{"$nulls":3},170,85,55,{"v":0.15,"d":"0.150"},{"v":0.15,"d":"0.150"},{"v":32,"d":"32.00"},"11.3","Steel,Brass","7323930090","India",null,250,"Yes","Yes","N/A","N/A",{"$nulls":6},"\n•Durable Stainless Steel\n•Industrial Vintage Finish\n•Stylish Brass Handles\n•Versatile Presentation\n•Dishwasher Safe","Add a touch of bold, industrial flair to your food presentation with our Vintage Steel Collection.The attractive brass handles add a sophisticated touch, elevating casual dining to a premium experience.Crafted from high-quality stainless steel with a distinctive vintage finish, this collection combines durability and style, offering a unique, industrial finish that enhances any dish. Perfect for both casual and upscale dining settings, these pieces provide a sophisticated yet rugged look that complements a variety of cuisines.\n•Durable Stainless Steel: Provides long-lasting strength, ideal for high-use environments\n•Industrial Vintage Design: A striking, modern aesthetic that brings a rugged charm to any table setting\n•Safe for Direct Food Contact: Crafted from food-safe materials, ensuring safe and hygienic service\n•Stylish Brass Handles: Adds a premium touch, enhancing casual and upscale dining presentations\n•Perfect for Small Dishes and Sides: Ideal for serving tapas, side dishes, desserts, and individual portions\n•Versatile Presentation: Pairs beautifully with ceramic or wooden serving boards for a premium look\n•Perfect for Casual and Premium Dining: Ideal for restaurants, gastropubs, and sharing style service\n•Dishwasher Safe: Easy to clean and maintain","Each",null,"17","8.5","5.5","0.00079",{"v":0.15,"d":"0.150"},"05020403120452",6,"18","18","13.5","0.00437","0.9",1.305,"05020403120469",24,"37","21","28","0.02176","3.6",{"v":5.22,"d":"5.220"},null,1320,"https://files.plytix.com/api/v1.1/file/public_files/pim/assets/8a/8d/8f/62/628f8d8abb3a1aaaf0e8f149/images/d4/14/91/67/679114d426b9c8be7b87a700/TH_SMR12V.jpg","https://files.plytix.com/api/v1.1/file/public_files/pim/assets/8a/8d/8f/62/628f8d8abb3a1aaaf0e8f149/images/c8/f8/90/67/6790f8c826b9c8be7b879ffc/SMR12V.jpg",null,"https://www.nevilleuk.com/products/SMR12V_",null,"SMR14V|SSD16V|SRD14V|SMF13V"]
["MSCD12","GenWare Mini Stainless Steel Casserole Dish 12.8 x 4.2cm","12.8 x 4.2cm (Dia x H) - 45cl/ 15.8oz",9.66,12,"Table Presentation>Mini Presentation Items",{"$nulls":3},185,126,42,{"v":0.22,"d":"0.220"},{"v":0.22,"d":"0.220"},{"v":45,"d":"45.00"},"15.8","Stainless Steel-201","7323930090","India",null,null,"Yes","Yes","N/A","N/A",{"$nulls":6},"\n•Stainless Steel\n•Attractive Brushed Finish\n•Features Stainless Steel Handles\n•Great For Presenting Appetisers, Sides And Sauces","Add a touch of elegance and functionality to your dining experience with our Mini Stainless Steel Casserole Dishes. Perfectly sized for presenting side dishes, sauces, and condiments, these dishes combine timeless style with durability, making them ideal for both casual dining and fine hospitality settings.\n•Sleek and Modern Design: Crafted from high-quality stainless steel, these casserole dishes boast a brushed finish that complements any table setting\n•Versatile Usage: Serve anything from premium sides to condiments\n•Heat Retention: Maintain optimal serving temperatures\n•Durable and Long-Lasting: Designed for professional use, they resist corrosion and withstand daily wear and tear\n•Easy to Clean: Dishwasher-safe for effortless maintenance","Each",null,"18.5","12.6","4.2","0.00098",{"v":0.22,"d":"0.220"},"05020403120360",12,"19","15","40","0.01140","2.64",3.013,"05020403120377",48,"39","29","41","0.04637","10.56",{"v":12.05,"d":"12.050"},null,1152,"https://files.plytix.com/api/v1.1/file/public_files/pim/assets/8a/8d/8f/62/628f8d8abb3a1aaaf0e8f149/images/c7/14/91/67/679114c7cad52e3172812de0/TH_MSCD12.jpg","https://files.plytix.com/api/v1.1/file/public_files/pim/assets/8a/8d/8f/62/628f8d8abb3a1aaaf0e8f149/images/08/f8/90/67/6790f808650bff6333cfd10d/MSCD12.jpg","https://files.plytix.com/api/v1.1/file/public_files/pim/assets/8a/8d/8f/62/628f8d8abb3a1aaaf0e8f149/images/9f/d2/a1/67/67a1d29f20b2e4642d1ce9c3/LFST0325196.jpg","https://www.nevilleuk.com/products/MSCD12_",null,"AMC13H|SCD12V|MHCD12C|MHCD12"]
["MSCD10","GenWare Mini Stainless Steel Casserole Dish 10 x 5.8cm","10 x 5.8cm (Dia x H) - 36cl/ 12.7oz",9.66,12,"Table Presentation>Mini Presentation Items",{"$nulls":3},155,100,56,0.195,0.195,{"v":36,"d":"36.00"},"12.7","Stainless Steel-201","7323930090","India",null,null,"Yes","Yes","N/A","N/A",{"$nulls":6},"\n•Stainless Steel\n•Attractive Brushed Finish\n•Features Stainless Steel Handles\n•Great For Presenting Appetisers, Sides And Sauces","Add a touch of elegance and functionality to your dining experience with our Mini Stainless Steel Casserole Dishes. Perfectly sized for presenting side dishes, sauces, and condiments, these dishes combine timeless style with durability, making them ideal for both casual dining and fine hospitality settings.\n•Sleek and Modern Design: Crafted from high-quality stainless steel, these casserole dishes boast a brushed finish that complements any table setting\n•Versatile Usage: Serve anything from premium sides to condiments\n•Heat Retention: Maintain optimal serving temperatures\n•Durable and Long-Lasting: Designed for professional use, they resist corrosion and withstand daily wear and tear\n•Easy to Clean: Dishwasher-safe for effortless maintenance","Each",null,"15.5","10","5.6","0.00087",0.195,"05020403120339",12,"31","10","27","0.00837","2.34",2.516,"05020403120346",72,"68","30","30","0.06120","14.04",{"v":15.1,"d":"15.100"},null,1296,"https://files.plytix.com/api/v1.1/file/public_files/pim/assets/8a/8d/8f/62/628f8d8abb3a1aaaf0e8f149/images/c6/14/91/67/679114c6650bff6333cfd97f/TH_MSCD10.jpg","https://files.plytix.com/api/v1.1/file/public_files/pim/assets/8a/8d/8f/62/628f8d8abb3a1aaaf0e8f149/images/07/f8/90/67/6790f807f33788d49018e684/MSCD10.jpg","https://files.plytix.com/api/v1.1/file/public_files/pim/assets/8a/8d/8f/62/628f8d8abb3a1aaaf0e8f149/images/d3/d3/a1/67/67a1d3d3678af07d2988c416/LFST0325079.jpg","https://www.nevilleuk.com/products/MSCD10_",null,"SCD9V|MHCD9C|MHCD9"]
["MSCD9","GenWare Mini Stainless Steel Casserole Dish 9.2 x 5.2cm","9.2 x 5.2cm (Dia x H) - 28cl/ 9.9oz",8.64,12,"Table Presentation>Mini Presentation Items",{"$nulls":3},145,92,51,0.176,0.176,{"v":28,"d":"28.00"},"9.9","Stainless Steel-201","7323930090","India",null,null,"Yes","Yes","N/A","N/A",{"$nulls":6},"\n•Stainless Steel\n•Attractive Brushed Finish\n•Features Stainless Steel Handles\n•Great For Presenting Appetisers, Sides And Sauces","Add a touch of elegance and functionality to your dining experience with our Mini Stainless Steel Casserole Dishes. Perfectly sized for presenting side dishes, sauces, and condiments, these dishes combine timeless style with durability, making them ideal for both casual dining and fine hospitality settings.\n•Sleek and Modern Design: Crafted from high-quality stainless steel, these casserole dishes boast a brushed finish that complements any table setting\n•Versatile Usage: Serve anything from premium sides to condiments\n•Heat Retention: Maintain optimal serving temperatures\n•Durable and Long-Lasting: Designed for professional use, they resist corrosion and withstand daily wear and tear\n•Easy to Clean: Dishwasher-safe for effortless maintenance","Each",null,"14.5","9.2","5.1","0.00068",0.176,"05020403120421",12,"28","10","29","0.00812","2.112",2.367,"05020403120438",72,"61","29","30","0.05307","12.672",{"v":14.2,"d":"14.200"},null,2160,"https://files.plytix.com/api/v1.1/file/public_files/pim/assets/8a/8d/8f/62/628f8d8abb3a1aaaf0e8f149/images/c6/14/91/67/679114c6cad52e3172812ddf/TH_MSCD9.jpg","https://files.plytix.com/api/v1.1/file/public_files/pim/assets/8a/8d/8f/62/628f8d8abb3a1aaaf0e8f149/images/06/f8/90/67/6790f8065102799cd827fdb8/MSCD9.jpg","https://files.plytix.com/api/v1.1/file/public_files/pim/assets/8a/8d/8f/62/628f8d8abb3a1aaaf0e8f149/images/9f/d2/a1/67/67a1d29f20b2e4642d1ce9c3/LFST0325196.jpg","https://www.nevilleuk.com/products/MSCD9_",null,"SCD9V|MHCD8C"]
["MSCD8","GenWare Mini Stainless Steel Casserole Dish 8.6 x 4.7cm","8.6 x 4.7cm (Dia x H) - 20cl/ 7oz",6.28,12,"Table Presentation>Mini Presentation Items",{"$nulls":3},135,82,46,{"v":0.15,"d":"0.150"},{"v":0.15,"d":"0.150"},{"v":20,"d":"20.00"},"7","Stainless Steel-201","7323930090","India",null,null,"Yes","Yes","N/A","N/A",{"$nulls":6},"\n•Stainless Steel\n•Attractive Brushed Finish\n•Features Stainless Steel Handles\n•Great For Presenting Appetisers, Sides And Sauces","Add a touch of elegance and functionality to your dining experience with our Mini Stainless Steel Casserole Dishes. Perfectly sized for presenting side dishes, sauces, and condiments, these dishes combine timeless style with durability, making them ideal for both casual dining and fine hospitality settings.\n•Sleek and Modern Design: Crafted from high-quality stainless steel, these casserole dishes boast a brushed finish that complements any table setting\n•Versatile Usage: Serve anything from premium sides to condiments\n•Heat Retention: Maintain optimal serving temperatures\n•Durable and Long-Lasting: Designed for professional use, they resist corrosion and withstand daily wear and tear\n•Easy to Clean: Dishwasher-safe for effortless maintenance","Each",null,"13.5","8.2","4.6","0.00051",{"v":0.15,"d":"0.150"},"05020403120391",12,"29.5","9","25","0.00664","1.8",2.067,"05020403120407",72,"54","39","28","0.05897","10.8",{"v":12.4,"d":"12.400"},null,1512,"https://files.plytix.com/api/v1.1/file/public_files/pim/assets/8a/8d/8f/62/628f8d8abb3a1aaaf0e8f149/images/c6/14/91/67/679114c626b9c8be7b87a6f7/TH_MSCD8.jpg","https://files.plytix.com/api/v1.1/file/public_files/pim/assets/8a/8d/8f/62/628f8d8abb3a1aaaf0e8f149/images/06/f8/90/67/6790f806cad52e31728124c3/MSCD8.jpg","https://files.plytix.com/api/v1.1/file/public_files/pim/assets/8a/8d/8f/62/628f8d8abb3a1aaaf0e8f149/images/9f/d2/a1/67/67a1d29f20b2e4642d1ce9c3/LFST0325196.jpg","https://www.nevilleuk.com/products/MSCD8_",null,"SCD7V|MHCD7C|MHCD7"]
["TSHLD5","GenWare Stainless Steel Sachet Holder 5 x 6.8cm","5 x 6.8cm (W x H)",9.92,12,"Table Service>Napkin & Sachet Holders",{"$nulls":3},50,50,70,0.152,0.152,{"v":15,"d":"15.00"},"5.3","Stainless Steel-201","7323990090","India",null,null,"Yes","N/A","N/A","N/A",{"$nulls":6},"\n•Stainless Steel\n•Attractive Brushed Finish\n•Heavy Weighted Design\n•Great For Storing Sachets","Add a touch of sophistication to your tabletop with our Stainless Steel Sachet Holder. Designed to keep sugar and condiment sachets organised in style, this elegant accessory is perfect for cafes, restaurants, and luxury hospitality settings.\n•Elegant Brushed Finish: Brings a touch of glamour to your beverage service, leaving a lasting impression\n•Durable Stainless Steel Construction: Built to withstand daily use while maintaining its stunning appearance\n•Compact and Versatile: Perfectly sized to hold a variety of sachets, from sugar and sweeteners to condiments\n•Sleek and Modern Design: Complements both contemporary and classic table settings, enhancing the overall dining experience\n•Easy to Clean: Dishwasher-safe, making it a practical choice for busy service environments","Each",null,"5","5","7","0.00018",0.152,"05020403086185",12,"16","11","16","0.00282","1.824",1.945,"05020403086192",48,"24","19","34","0.01550","7.296",{"v":7.78,"d":"7.780"},null,1920,"https://files.plytix.com/api/v1.1/file/public_files/pim/assets/8a/8d/8f/62/628f8d8abb3a1aaaf0e8f149/images/dc/14/91/67/679114dcf33788d49018eda4/TH_TSHLD5.jpg","https://files.plytix.com/api/v1.1/file/public_files/pim/assets/8a/8d/8f/62/628f8d8abb3a1aaaf0e8f149/images/09/f9/90/67/6790f90926b9c8be7b87a01d/TSHLD5_A.jpg|https://files.plytix.com/api/v1.1/file/public_files/pim/assets/8a/8d/8f/62/628f8d8abb3a1aaaf0e8f149/images/09/f9/90/67/6790f909cad52e31728124fb/TSHLD5.jpg","https://files.plytix.com/api/v1.1/file/public_files/pim/assets/8a/8d/8f/62/628f8d8abb3a1aaaf0e8f149/images/22/d3/a1/67/67a1d322783f894c4a8d4d7d/LFST0325145.jpg|https://files.plytix.com/api/v1.1/file/public_files/pim/assets/8a/8d/8f/62/628f8d8abb3a1aaaf0e8f149/images/ed/d2/a1/67/67a1d2ed8c28d3ee51cd552e/LFST0325165.jpg|https://files.plytix.com/api/v1.1/file/public_files/pim/assets/8a/8d/8f/62/628f8d8abb3a1aaaf0e8f149/images/c2/d2/a1/67/67a1d2c220b2e4642d1ce9cd/LFST0325182.jpg|https://files.plytix.com/api/v1.1/file/public_files/pim/assets/8a/8d/8f/62/628f8d8abb3a1aaaf0e8f149/images/48/20/7e/68/687e20485ff968b9dfce9a57/LFST0925217.jpg","https://www.nevilleuk.com/products/TSHLD5_",null,"TSHLD5GD|WDSH7|4550-03|4550-02"]
["TSHLD5GD","GenWare Gold Plated Stainless Steel Sachet Holder 5 x 6.8cm","5 x 6.8cm (W x H)",{"v":11.9,"d":"11.90"},12,"Table Service>Napkin & Sachet Holders",{"$nulls":3},50,50,70,0.152,0.152,{"v":15,"d":"15.00"},"5.3","Stainless Steel-201","7323990090","India",null,null,"No","N/A","N/A","N/A",{"$nulls":6},"\n•Stainless Steel\n•Gold Plated\n•Attractive Brushed Finish\n•Heavy Weighted Design\n•Great For Storing Sachets","Add a touch of sophistication to your tabletop with our Gold-Plated Stainless Steel Sachet Holder. Designed to keep sugar and condiment sachets organised in style, this elegant accessory is perfect for cafes, restaurants, and luxury hospitality settings.\n•Luxurious Gold Plating: The radiant gold finish brings a touch of glamour to your beverage service, leaving a lasting impression\n•Durable Stainless Steel Construction: Built to withstand daily use while maintaining its stunning appearance\n•Compact and Versatile: Perfectly sized to hold a variety of sachets, from sugar and sweeteners to condiments\n•Sleek and Modern Design: Complements both contemporary and classic table settings, enhancing the overall dining experience\n•Easy to Maintain: Wipes clean effortlessly and resists tarnishing, ensuring a pristine look for every service","Each",null,"5","5","7","0.00018",0.152,"05020403086215",12,"16","11","16","0.00282","1.824",1.945,"05020403086222",48,"24","19","34","0.01550","7.296",{"v":7.78,"d":"7.780"},null,1920,"https://files.plytix.com/api/v1.1/file/public_files/pim/assets/8a/8d/8f/62/628f8d8abb3a1aaaf0e8f149/images/dc/14/91/67/679114dccad52e3172812e0f/TH_TSHLD5GD.jpg","https://files.plytix.com/api/v1.1/file/public_files/pim/assets/8a/8d/8f/62/628f8d8abb3a1aaaf0e8f149/images/0a/f9/90/67/6790f90a26b9c8be7b87a01e/TSHLD5GD_A.jpg|https://files.plytix.com/api/v1.1/file/public_files/pim/assets/8a/8d/8f/62/628f8d8abb3a1aaaf0e8f149/images/0a/f9/90/67/6790f90acad52e31728124fc/TSHLD5GD.jpg","https://files.plytix.com/api/v1.1/file/public_files/pim/assets/8a/8d/8f/62/628f8d8abb3a1aaaf0e8f149/images/d7/d2/a1/67/67a1d2d7783f894c4a8d4d6c/LFST0325174.jpg|https://files.plytix.com/api/v1.1/file/public_files/pim/assets/8a/8d/8f/62/628f8d8abb3a1aaaf0e8f149/images/c6/20/7e/68/687e20c6ad76c8ad222c86fe/LFST0925244.jpg|https://files.plytix.com/api/v1.1/file/public_files/pim/assets/8a/8d/8f/62/628f8d8abb3a1aaaf0e8f149/images/8e/20/7e/68/687e208e2a03861c91eda5a2/LFST0925231.jpg","https://www.nevilleuk.com/products/TSHLD5GD_",null,"TSHLD5|WDSH7|4550-03|4550-02"]
["TSCRM4","GenWare Stainless Steel Creamer 12cl/4oz","5.3 x 5 x 6.8cm (L x W x H)",9.92,12,"Table Service>Sauce Boats & Relish Servers",{"$nulls":3},50,50,70,{"v":0.12,"d":"0.120"},{"v":0.12,"d":"0.120"},{"v":12,"d":"12.00"},"4.2","Stainless Steel-18/8","7323990090","India",null,null,"Yes","N/A","N/A","N/A",{"$nulls":6},"\n•Stainless Steel\n•Attractive Brushed Finish\n•Heavy Weighted Design\n•Great As A Creamer Or Sauce Jug","﻿Elevate your coffee and tea service with our stunning Stainless Steel Creamer. Designed for style and practicality, this elegant piece is the perfect addition to upscale cafes, restaurants, and hospitality venues.\n•Elegant Brushed Finish: Adds a sense of opulence to your table, impressing guests with every pour\n•Durable Stainless Steel Construction: Built to withstand daily use while maintaining its stunning appearance\n•Compact and Practical: Ideal for serving milk, cream, or syrups, whether at breakfast tables or alongside your coffee service\n•Drip-Free Spout: Ensures precise and clean pouring, enhancing the guest experience\n•Easy to Clean: Dishwasher-safe, making it a practical choice for busy service environments","Each",null,"5","5","7","0.00018",{"v":0.12,"d":"0.120"},"05020403086123",12,"16","11","16","0.00282","1.44",1.583,"05020403086130",48,"23","19","34","0.01486","5.76",{"v":6.33,"d":"6.330"},null,3024,"https://files.plytix.com/api/v1.1/file/public_files/pim/assets/8a/8d/8f/62/628f8d8abb3a1aaaf0e8f149/images/dc/14/91/67/679114dca850eb23df85797e/TH_TSCRM4.jpg","https://files.plytix.com/api/v1.1/file/public_files/pim/assets/8a/8d/8f/62/628f8d8abb3a1aaaf0e8f149/images/08/f9/90/67/6790f908cad52e31728124fa/TSCRM4.jpg","https://files.plytix.com/api/v1.1/file/public_files/pim/assets/8a/8d/8f/62/628f8d8abb3a1aaaf0e8f149/images/c4/d2/a1/67/67a1d2c4783f894c4a8d4d67/LFST0325181.jpg","https://www.nevilleuk.com/products/TSCRM4_",null,"TSCRM4GD|SJG5GDV|SJG5BKV|SJG5CV|SJG5V"]
["TSCRM4GD","GenWare Gold Plated Stainless Steel Creamer 12cl/4oz","5.3 x 5 x 6.8cm (L x W x H)",{"v":11.9,"d":"11.90"},12,"Table Service>Sauce Boats & Relish Servers",{"$nulls":3},50,50,70,{"v":0.12,"d":"0.120"},{"v":0.12,"d":"0.120"},{"v":12,"d":"12.00"},"4.2","Stainless Steel-18/8","7323990090","India",null,null,"No","N/A","N/A","N/A",{"$nulls":6},"\n•Stainless Steel\n•Gold Plated\n•Attractive Brushed Finish\n•Heavy Weighted Design\n•Great As A Creamer Or Sauce Jug","﻿Elevate your coffee and tea service with our stunning Gold-Plated Stainless Steel Creamer. Designed for style and practicality, this elegant piece is the perfect addition to upscale cafes, restaurants, and hospitality venues.\n•Luxurious Gold Finish: The radiant gold plating adds a sense of opulence to your table, impressing guests with every pour\n•Durable Stainless Steel Construction: Built to withstand daily use while maintaining its stunning appearance\n•Compact and Practical: Ideal for serving milk, cream, or syrups, whether at breakfast tables or alongside your coffee service\n•Drip-Free Spout: Ensures precise and clean pouring, enhancing the guest experience\n•Easy to Maintain: Wipes clean effortlessly and resists tarnishing, ensuring a pristine look for every service","Each",null,"5","5","7","0.00018",{"v":0.12,"d":"0.120"},"05020403086154",12,"16","11","16","0.00282","1.44",1.583,"05020403086161",48,"24","19","34","0.01550","5.76",{"v":6.33,"d":"6.330"},null,3024,"https://files.plytix.com/api/v1.1/file/public_files/pim/assets/8a/8d/8f/62/628f8d8abb3a1aaaf0e8f149/images/dc/14/91/67/679114dcf33788d49018eda3/TH_TSCRM4GD.jpg","https://files.plytix.com/api/v1.1/file/public_files/pim/assets/8a/8d/8f/62/628f8d8abb3a1aaaf0e8f149/images/09/f9/90/67/6790f909f33788d49018e6c7/TSCRM4GD.jpg","https://files.plytix.com/api/v1.1/file/public_files/pim/assets/8a/8d/8f/62/628f8d8abb3a1aaaf0e8f149/images/c7/d2/a1/67/67a1d2c7678af07d2988c3b7/LFST0325180.jpg","https://www.nevilleuk.com/products/TSCRM4GD_",null,"TSCRM4|SJG5GDV|SJG5BKV|SJG5CV|SJG5V"]
["WBSL2810C","GenWare Lotus Leaf Copper Wire Basket 28.5 x 10cm","28.5 x 10cm (Dia x H)",20.48,1,"Buffet & Display>Display Baskets & Bags",{"$nulls":3},285,285,100,{"v":0.46,"d":"0.460"},{"v":0.46,"d":"0.460"},null,null,"Powder Coating,Iron","7323990090","China",null,null,"No","N/A","N/A","N/A",{"$nulls":6},"\n•Made From Coated Steel\n•Features Durable Copper Coating\n•Attractive Lotus Leaf Design\n•Great For Buffets & Displays","Bring an artistic touch to your table with our Lotus Leaf Shaped Copper Wire Basket. Perfect for serving breads, pastries, fruits, or snacks, this elegant piece combines style and practicality, making it an eye-catching addition to any dining or buffet setup.\n•Unique Lotus Leaf Design: Inspired by nature, the intricate Copper wire frame adds a modern and sophisticated flair to your presentation\n•Versatile Serving Options: Ideal for displaying bread rolls, fresh fruits, or even decorative items, enhancing any setting\n•Durable and Lightweight: Made from high-quality Copper wire, it’s sturdy yet easy to handle for everyday use\n•Space-Saving Elegance: The open design ensures visibility of contents while adding a contemporary aesthetic to your space\n•Low-Maintenance Finish: Easy to clean and maintain, perfect for busy hospitality environments","Each","5020403108610","28.5","28.5","10","0.00812",{"v":0.46,"d":"0.460"},"05020403108627",4,"32","31","18","0.01786","1.84",2.675,"05020403108634",16,"33","33","75","0.08168","7.36",{"v":10.7,"d":"10.700"},null,192,"https://files.plytix.com/api/v1.1/file/public_files/pim/assets/8a/8d/8f/62/628f8d8abb3a1aaaf0e8f149/images/de/14/91/67/679114def33788d49018edaa/TH_WBSL2810C.jpg","https://files.plytix.com/api/v1.1/file/public_files/pim/assets/8a/8d/8f/62/628f8d8abb3a1aaaf0e8f149/images/24/f9/90/67/6790f924cad52e3172812509/WBSL2810C.jpg",null,"https://www.nevilleuk.com/products/WBSL2810C_",null,"WBSL2810BK|WBSL2810GD"]
["WBSL2810GD","GenWare Lotus Leaf Gold Wire Basket 28.5 x 10cm","28.5 x 10cm (Dia x H)",20.48,1,"Buffet & Display>Display Baskets & Bags",{"$nulls":3},285,285,100,{"v":0.45,"d":"0.450"},{"v":0.45,"d":"0.450"},null,null,"Powder Coating,Iron","7323990090","China",null,null,"No","N/A","N/A","N/A",{"$nulls":6},"\n•Made From Coated Steel\n•Features Durable Gold Coating\n•Attractive Lotus Leaf Design\n•Great For Buffets & Displays","Bring an artistic touch to your table with our Lotus Leaf Shaped Gold Wire Basket. Perfect for serving breads, pastries, fruits, or snacks, this elegant piece combines style and practicality, making it an eye-catching addition to any dining or buffet setup.\n•Unique Lotus Leaf Design: Inspired by nature, the intricate Gold wire frame adds a modern and sophisticated flair to your presentation\n•Versatile Serving Options: Ideal for displaying bread rolls, fresh fruits, or even decorative items, enhancing any setting\n•Durable and Lightweight: Made from high-quality Gold wire, it’s sturdy yet easy to handle for everyday use\n•Space-Saving Elegance: The open design ensures visibility of contents while adding a contemporary aesthetic to your space\n•Low-Maintenance Finish: Easy to clean and maintain, perfect for busy hospitality environments","Each","5020403108641","28.5","28.5","10","0.00812",{"v":0.45,"d":"0.450"},"05020403108658",4,"32","31","18","0.01786","1.8",{"v":2.44,"d":"2.440"},"05020403108665",16,"33","33","75","0.08168","7.2",{"v":10.7,"d":"10.700"},null,192,"https://files.plytix.com/api/v1.1/file/public_files/pim/assets/8a/8d/8f/62/628f8d8abb3a1aaaf0e8f149/images/de/14/91/67/679114de650bff6333cfd99b/TH_WBSL2810GD.jpg","https://files.plytix.com/api/v1.1/file/public_files/pim/assets/8a/8d/8f/62/628f8d8abb3a1aaaf0e8f149/images/25/f9/90/67/6790f925a850eb23df8570f4/WBSL2810GD.jpg",null,"https://www.nevilleuk.com/products/WBSL2810GD_",null,"WBSL2810BK|WBSL2810C"]
["WBSL2810BK","GenWare Lotus Leaf Black Wire Basket 28.5 x 10cm","28.5 x 10cm (Dia x H)",20.48,1,"Buffet & Display>Display Baskets & Bags",{"$nulls":3},285,285,100,{"v":0.46,"d":"0.460"},{"v":0.46,"d":"0.460"},null,null,"Powder Coating,Iron","7323990090","China",null,null,"No","N/A","N/A","N/A",{"$nulls":6},"\n•Made From Coated Steel\n•Features Durable Black Coating\n•Attractive Lotus Leaf Design\n•Great For Buffets & Displays","Bring an artistic touch to your table with our Lotus Leaf Shaped Black Wire Basket. Perfect for serving breads, pastries, fruits, or snacks, this elegant piece combines style and practicality, making it an eye-catching addition to any dining or buffet setup.\n•Unique Lotus Leaf Design: Inspired by nature, the intricate black wire frame adds a modern and sophisticated flair to your presentation\n•Versatile Serving Options: Ideal for displaying bread rolls, fresh fruits, or even decorative items, enhancing any setting\n•Durable and Lightweight: Made from high-quality black wire, it’s sturdy yet easy to handle for everyday use\n•Space-Saving Elegance: The open design ensures visibility of contents while adding a contemporary aesthetic to your space\n•Low-Maintenance Finish: Easy to clean and maintain, perfect for busy hospitality environments","Each","5020403108580","28.5","28.5","10","0.00812",{"v":0.46,"d":"0.460"},"05020403108597",4,"32","31","18","0.01786","1.84",2.675,"05020403108603",16,"33","33","75","0.08168","7.36",{"v":10.7,"d":"10.700"},null,192,"https://files.plytix.com/api/v1.1/file/public_files/pim/assets/8a/8d/8f/62/628f8d8abb3a1aaaf0e8f149/images/de/14/91/67/679114decad52e3172812e15/TH_WBSL2810BK.jpg","https://files.plytix.com/api/v1.1/file/public_files/pim/assets/8a/8d/8f/62/628f8d8abb3a1aaaf0e8f149/images/22/f9/90/67/6790f92226b9c8be7b87a029/WBSL2810BK.jpg",null,"https://www.nevilleuk.com/products/WBSL2810BK_",null,"WBSL2810C|WBSL2810GD"]
["WBSL208C","GenWare Lotus Leaf Copper Wire Basket 20 x 8cm","20 x 8cm (Dia x H)",15.08,1,"Buffet & Display>Display Baskets & Bags",{"$nulls":3},200,200,80,{"v":0.24,"d":"0.240"},{"v":0.24,"d":"0.240"},null,null,"Powder Coating,Iron","7323990090","China",null,null,"No","N/A","N/A","N/A",{"$nulls":6},"\n•Made From Coated Steel\n•Features Durable Copper Coating\n•Attractive Lotus Leaf Design\n•Great For Buffets & Displays","Bring an artistic touch to your table with our Lotus Leaf Shaped Copper Wire Basket. Perfect for serving breads, pastries, fruits, or snacks, this elegant piece combines style and practicality, making it an eye-catching addition to any dining or buffet setup.\n•Unique Lotus Leaf Design: Inspired by nature, the intricate Copper wire frame adds a modern and sophisticated flair to your presentation\n•Versatile Serving Options: Ideal for displaying bread rolls, fresh fruits, or even decorative items, enhancing any setting\n•Durable and Lightweight: Made from high-quality Copper wire, it’s sturdy yet easy to handle for everyday use\n•Space-Saving Elegance: The open design ensures visibility of contents while adding a contemporary aesthetic to your space\n•Low-Maintenance Finish: Easy to clean and maintain, perfect for busy hospitality environments","Each","5020403108528","20","20","8","0.00320",{"v":0.24,"d":"0.240"},"05020403108535",4,"23","22","16","0.00810","0.96",1.525,"05020403108542",16,"25","24","70","0.04200","3.84",{"v":6.1,"d":"6.100"},null,240,"https://files.plytix.com/api/v1.1/file/public_files/pim/assets/8a/8d/8f/62/628f8d8abb3a1aaaf0e8f149/images/dd/14/91/67/679114ddf33788d49018eda9/TH_WBSL208C.jpg","https://files.plytix.com/api/v1.1/file/public_files/pim/assets/8a/8d/8f/62/628f8d8abb3a1aaaf0e8f149/images/1f/f9/90/67/6790f91fa850eb23df8570ef/WBSL208C.jpg","https://files.plytix.com/api/v1.1/file/public_files/pim/assets/8a/8d/8f/62/628f8d8abb3a1aaaf0e8f149/images/29/d3/a1/67/67a1d329678af07d2988c3da/LFST0325142.jpg|https://files.plytix.com/api/v1.1/file/public_files/pim/assets/8a/8d/8f/62/628f8d8abb3a1aaaf0e8f149/images/a4/d2/a1/67/67a1d2a4783f894c4a8d4d65/LFST0325194.jpg","https://www.nevilleuk.com/products/WBSL208C_",null,"WBSL208BK|WBSL208GD"]
["WBSL208GD","GenWare Lotus Leaf Gold Wire Basket 20 x 8cm","20 x 8cm (Dia x H)",15.08,1,"Buffet & Display>Display Baskets & Bags",{"$nulls":3},200,200,80,{"v":0.24,"d":"0.240"},{"v":0.24,"d":"0.240"},null,null,"Powder Coating,Iron","7323990090","China",null,null,"No","N/A","N/A","N/A",{"$nulls":6},"\n•Made From Coated Steel\n•Features Durable Gold Coating\n•Attractive Lotus Leaf Design\n•Great For Buffets & Displays","Bring an artistic touch to your table with our Lotus Leaf Shaped Gold Wire Basket. Perfect for serving breads, pastries, fruits, or snacks, this elegant piece combines style and practicality, making it an eye-catching addition to any dining or buffet setup.\n•Unique Lotus Leaf Design: Inspired by nature, the intricate Gold wire frame adds a modern and sophisticated flair to your presentation\n•Versatile Serving Options: Ideal for displaying bread rolls, fresh fruits, or even decorative items, enhancing any setting\n•Durable and Lightweight: Made from high-quality Gold wire, it’s sturdy yet easy to handle for everyday use\n•Space-Saving Elegance: The open design ensures visibility of contents while adding a contemporary aesthetic to your space\n•Low-Maintenance Finish: Easy to clean and maintain, perfect for busy hospitality environments","Each","5020403108559","20","20","8","0.00320",{"v":0.24,"d":"0.240"},"05020403108566",4,"23","22","16","0.00810","0.96",1.525,"05020403108573",16,"25","24","70","0.04200","3.84",{"v":6.1,"d":"6.100"},null,240,"https://files.plytix.com/api/v1.1/file/public_files/pim/assets/8a/8d/8f/62/628f8d8abb3a1aaaf0e8f149/images/dd/14/91/67/679114ddcad52e3172812e14/TH_WBSL208GD.jpg","https://files.plytix.com/api/v1.1/file/public_files/pim/assets/8a/8d/8f/62/628f8d8abb3a1aaaf0e8f149/images/21/f9/90/67/6790f921cad52e3172812508/WBSL208GD.jpg","https://files.plytix.com/api/v1.1/file/public_files/pim/assets/8a/8d/8f/62/628f8d8abb3a1aaaf0e8f149/images/24/d3/a1/67/67a1d3248c28d3ee51cd553a/LFST0325144.jpg","https://www.nevilleuk.com/products/WBSL208GD_",null,"WBSL208BK|WBSL208C"]
["WBSL208BK","GenWare Lotus Leaf Black Wire Basket 20 x 8cm","20 x 8cm (Dia x H)",15.08,1,"Buffet & Display>Display Baskets & Bags",{"$nulls":3},200,200,80,{"v":0.24,"d":"0.240"},{"v":0.24,"d":"0.240"},null,null,"Powder Coating,Iron","7323990090","China",null,null,"No","N/A","N/A","N/A",{"$nulls":6},"\n•Made From Coated Steel\n•Features Durable Black Coating\n•Attractive Lotus Leaf Design\n•Great For Buffets & Displays","Bring an artistic touch to your table with our Lotus Leaf Shaped Black Wire Basket. Perfect for serving breads, pastries, fruits, or snacks, this elegant piece combines style and practicality, making it an eye-catching addition to any dining or buffet setup.\n•Unique Lotus Leaf Design: Inspired by nature, the intricate black wire frame adds a modern and sophisticated flair to your presentation\n•Versatile Serving Options: Ideal for displaying bread rolls, fresh fruits, or even decorative items, enhancing any setting\n•Durable and Lightweight: Made from high-quality black wire, it’s sturdy yet easy to handle for everyday use\n•Space-Saving Elegance: The open design ensures visibility of contents while adding a contemporary aesthetic to your space\n•Low-Maintenance Finish: Easy to clean and maintain, perfect for busy hospitality environments","Each","5020403108498","20","20","8","0.00320",{"v":0.24,"d":"0.240"},"05020403108504",4,"23","22","16","0.00810","0.96",1.525,"05020403108511",16,"25","24","70","0.04200","3.84",{"v":6.1,"d":"6.100"},null,240,"https://files.plytix.com/api/v1.1/file/public_files/pim/assets/8a/8d/8f/62/628f8d8abb3a1aaaf0e8f149/images/dd/14/91/67/679114ddf33788d49018eda8/TH_WBSL208BK.jpg","https://files.plytix.com/api/v1.1/file/public_files/pim/assets/8a/8d/8f/62/628f8d8abb3a1aaaf0e8f149/images/1e/f9/90/67/6790f91ecad52e3172812504/WBSL208BK.jpg","https://files.plytix.com/api/v1.1/file/public_files/pim/assets/8a/8d/8f/62/628f8d8abb3a1aaaf0e8f149/images/74/d3/a1/67/67a1d374678af07d2988c3ef/LFST0325112.jpg","https://www.nevilleuk.com/products/WBSL208BK_",null,"WBSL208C|WBSL208GD"]
["WBSR277C","GenWare Round Copper Wire Basket 27 x 7cm","27 x 7cm (Dia x H)",20.48,1,"Buffet & Display>Display Baskets & Bags",{"$nulls":3},270,270,70,{"v":0.35,"d":"0.350"},{"v":0.35,"d":"0.350"},null,null,"Powder Coating,Iron","7323990090","India",null,null,"No","N/A","N/A","N/A",{"$nulls":6},"\n•Made From Coated Steel\n•Features Durable Copper Coating\n•Attractive Modern Design\n•Great For Buffets & Displays","Bring an artistic touch to your table with our Round Shaped Copper Wire Basket. Perfect for serving breads, pastries, fruits, or snacks, this elegant piece combines style and practicality, making it an eye-catching addition to any dining or buffet setup.\n•Contemporary Design: The intricate Copper wire frame adds a modern and sophisticated flair to your presentation\n•Versatile Serving Options: Ideal for displaying bread rolls, fresh fruits, or even decorative items, enhancing any setting\n•Durable and Lightweight: Made from high-quality Copper wire, it’s sturdy yet easy to handle for everyday use\n•Space-Saving Elegance: The open design ensures visibility of contents while adding a contemporary aesthetic to your space\n•Low-Maintenance Finish: Easy to clean and maintain, perfect for busy hospitality environments","Each","5020403108887","27","27","7","0.00510",{"v":0.35,"d":"0.350"},"05020403108894",4,"33","33","16","0.01742","1.4",{"v":2.35,"d":"2.350"},"05020403108900",16,"33","33","69","0.07514","5.6",{"v":9.4,"d":"9.400"},null,192,"https://files.plytix.com/api/v1.1/file/public_files/pim/assets/8a/8d/8f/62/628f8d8abb3a1aaaf0e8f149/images/de/14/91/67/679114def33788d49018edad/TH_WBSR277C.jpg","https://files.plytix.com/api/v1.1/file/public_files/pim/assets/8a/8d/8f/62/628f8d8abb3a1aaaf0e8f149/images/2b/f9/90/67/6790f92bcad52e317281250b/WBSR277C.jpg",null,"https://www.nevilleuk.com/products/WBSR277C_",null,"WBSR277BK|WBSR277GD"]
["SUNS13V","GenWare Vintage Steel Stemmed Sundae Cup 13cm","10 x 13cm (Dia x H) - 23cl/ 8oz",14.96,12,"Table Presentation>Sundae Cups",{"$nulls":3},100,100,128,0.223,0.223,{"v":23,"d":"23.00"},"8.1","Stainless Steel-201","7323930090","India",null,null,"Yes","N/A","N/A","N/A",{"$nulls":6},"\n•Durable Stainless Steel\n•Industrial Vintage Finish\n•Ideal For Serving Sundaes And Ice Creams\n•Dishwasher Safe","Add a touch of bold, industrial flair to your dessert presentation with our Vintage Steel Sundae Cups.Crafted from high-quality stainless steel with a distinctive vintage finish, this collection combines durability and style, offering a unique, industrial finish that enhances any dessert such as ice creams, sundaes and layered treats. Perfect for both casual and upscale dining settings, these pieces provide a sophisticated yet rugged look that complements a variety of establishments.\n•Durable Stainless Steel:Provides long-lasting strength, ideal for high-use environments\n•Industrial Vintage Design:A striking, modern aesthetic that brings a rugged charm to any table setting\n•Safe for Direct Food Contact:Crafted from food-safe materials, ensuring safe and hygienic service\n•Perfect for Desserts:Ideal for servingice creams, sundaes and layered treats\n•Versatile Presentation:Pairs beautifully with ceramic or wooden serving boards for a premium look\n•Perfect for Casual and Premium Dining:Ideal for restaurants, gastropubs, and casual diners\n•Dishwasher Safe:Easy to clean and maintain","Each",null,"10","10","12.8","0.00128",0.223,"05020403120636",12,"34","25","16","0.01360","2.676",3.183,"05020403120643",72,"56","36","50","0.10080","16.056",{"v":19.1,"d":"19.100"},null,432,"https://files.plytix.com/api/v1.1/file/public_files/pim/assets/8a/8d/8f/62/628f8d8abb3a1aaaf0e8f149/images/da/14/91/67/679114dacad52e3172812e0d/TH_SUNS13V.jpg","https://files.plytix.com/api/v1.1/file/public_files/pim/assets/8a/8d/8f/62/628f8d8abb3a1aaaf0e8f149/images/f6/f8/90/67/6790f8f6a850eb23df8570e2/SUNS13V.jpg","https://files.plytix.com/api/v1.1/file/public_files/pim/assets/8a/8d/8f/62/628f8d8abb3a1aaaf0e8f149/images/6e/d4/a1/67/67a1d46e783f894c4a8d4de8/LFST0325024.jpg","https://www.nevilleuk.com/products/SUNS13V_",null,"SUNS10|SUNS13|SUNS10V|SUNC10"]
["WBSR277GD","GenWare Round Gold Wire Basket 27 x 7cm","27 x 7cm (Dia x H)",20.48,1,"Buffet & Display>Display Baskets & Bags",{"$nulls":3},270,270,70,{"v":0.35,"d":"0.350"},{"v":0.35,"d":"0.350"},null,null,"Powder Coating,Iron","7323990090","China",null,null,"No","N/A","N/A","N/A",{"$nulls":6},"\n•Made From Coated Steel\n•Features Durable Gold Coating\n•Attractive Modern Design\n•Great For Buffets & Displays","Bring an artistic touch to your table with our Round Shaped Gold Wire Basket. Perfect for serving breads, pastries, fruits, or snacks, this elegant piece combines style and practicality, making it an eye-catching addition to any dining or buffet setup.\n•Contemporary Design: The intricate Gold wire frame adds a modern and sophisticated flair to your presentation\n•Versatile Serving Options: Ideal for displaying bread rolls, fresh fruits, or even decorative items, enhancing any setting\n•Durable and Lightweight: Made from high-quality Gold wire, it’s sturdy yet easy to handle for everyday use\n•Space-Saving Elegance: The open design ensures visibility of contents while adding a contemporary aesthetic to your space\n•Low-Maintenance Finish: Easy to clean and maintain, perfect for busy hospitality environments","Each","5020403108917","27","27","7","0.00510",{"v":0.35,"d":"0.350"},"05020403108924",4,"30","30","16","0.01440","1.4",{"v":2.35,"d":"2.350"},"05020403108931",16,"33","33","69","0.07514","5.6",{"v":9.4,"d":"9.400"},null,192,"https://files.plytix.com/api/v1.1/file/public_files/pim/assets/8a/8d/8f/62/628f8d8abb3a1aaaf0e8f149/images/df/14/91/67/679114dfa850eb23df857980/TH_WBSR277GD.jpg","https://files.plytix.com/api/v1.1/file/public_files/pim/assets/8a/8d/8f/62/628f8d8abb3a1aaaf0e8f149/images/2d/f9/90/67/6790f92d5102799cd827fde0/WBSR277GD.jpg",null,"https://www.nevilleuk.com/products/WBSR277GD_",null,"WBSR277BK|WBSR277C"]
["WBSR277BK","GenWare Round Black Wire Basket 27 x 7cm","27 x 7cm (Dia x H)",20.48,1,"Buffet & Display>Display Baskets & Bags",{"$nulls":3},280,75,75,0.344,0.344,null,null,"Powder Coating,Iron","7323990090","China",null,null,"No","N/A","N/A","N/A",{"$nulls":6},"\n•Made From Coated Steel\n•Features Durable Black Coating\n•Attractive Modern Design\n•Great For Buffets & Displays","Bring an artistic touch to your table with our Round Shaped Black Wire Basket. Perfect for serving breads, pastries, fruits, or snacks, this elegant piece combines style and practicality, making it an eye-catching addition to any dining or buffet setup.\n•Contemporary Design: The intricate black wire frame adds a modern and sophisticated flair to your presentation\n•Versatile Serving Options: Ideal for displaying bread rolls, fresh fruits, or even decorative items, enhancing any setting\n•Durable and Lightweight: Made from high-quality black wire, it’s sturdy yet easy to handle for everyday use\n•Space-Saving Elegance: The open design ensures visibility of contents while adding a contemporary aesthetic to your space\n•Low-Maintenance Finish: Easy to clean and maintain, perfect for busy hospitality environments","Each","5020403108856","28","7.5","7.5","0.00158",0.344,"05020403108863",4,"44","32","15.3","0.02154","1.376",2.325,"05020403108870",16,"32","34","70","0.07616","5.504",{"v":9.3,"d":"9.300"},null,192,"https://files.plytix.com/api/v1.1/file/public_files/pim/assets/8a/8d/8f/62/628f8d8abb3a1aaaf0e8f149/images/de/14/91/67/679114de650bff6333cfd99d/TH_WBSR277BK.jpg","https://files.plytix.com/api/v1.1/file/public_files/pim/assets/8a/8d/8f/62/628f8d8abb3a1aaaf0e8f149/images/2a/f9/90/67/6790f92af33788d49018e6c8/WBSR277BK.jpg","https://files.plytix.com/api/v1.1/file/public_files/pim/assets/8a/8d/8f/62/628f8d8abb3a1aaaf0e8f149/images/11/d2/a1/67/67a1d211678af07d2988c3a1/LFST0325258.jpg","https://www.nevilleuk.com/products/WBSR277BK_",null,"WBSR277C|WBSR277GD"]
["WBSR2413C","GenWare Round Copper Wire Basket 24 x 13cm","24 x 13cm (Dia x H)",21.72,1,"Buffet & Display>Display Baskets & Bags",{"$nulls":3},240,240,130,{"v":0.39,"d":"0.390"},{"v":0.39,"d":"0.390"},null,null,"Powder Coating,Iron","7323990090","China",null,null,"No","N/A","N/A","N/A",{"$nulls":6},"\n•Made From Coated Steel\n•Features Durable Copper Coating\n•Attractive Modern Design\n•Great For Buffets & Displays","Bring an artistic touch to your table with our Round Shaped Copper Wire Basket. Perfect for serving breads, pastries, fruits, or snacks, this elegant piece combines style and practicality, making it an eye-catching addition to any dining or buffet setup.\n•Contemporary Design: The intricate Copper wire frame adds a modern and sophisticated flair to your presentation\n•Versatile Serving Options: Ideal for displaying bread rolls, fresh fruits, or even decorative items, enhancing any setting\n•Durable and Lightweight: Made from high-quality Copper wire, it’s sturdy yet easy to handle for everyday use\n•Space-Saving Elegance: The open design ensures visibility of contents while adding a contemporary aesthetic to your space\n•Low-Maintenance Finish: Easy to clean and maintain, perfect for busy hospitality environments","Each","5020403108795","24","24","13","0.00749",{"v":0.39,"d":"0.390"},"05020403108801",4,"26","26","24","0.01622","1.56",{"v":2.4,"d":"2.400"},"05020403108818",16,"55","28","53","0.08162","6.24",{"v":9.6,"d":"9.600"},null,96,"https://files.plytix.com/api/v1.1/file/public_files/pim/assets/8a/8d/8f/62/628f8d8abb3a1aaaf0e8f149/images/df/14/91/67/679114df650bff6333cfd99e/TH_WBSR2413C.jpg","https://files.plytix.com/api/v1.1/file/public_files/pim/assets/8a/8d/8f/62/628f8d8abb3a1aaaf0e8f149/images/2f/f9/90/67/6790f92fcad52e317281250c/WBSR2413C.jpg","https://files.plytix.com/api/v1.1/file/public_files/pim/assets/8a/8d/8f/62/628f8d8abb3a1aaaf0e8f149/images/26/d3/a1/67/67a1d326678af07d2988c3d9/LFST0325143.jpg|https://files.plytix.com/api/v1.1/file/public_files/pim/assets/8a/8d/8f/62/628f8d8abb3a1aaaf0e8f149/images/0e/d2/a1/67/67a1d20e8c28d3ee51cd54fd/LFST0325259.jpg","https://www.nevilleuk.com/products/WBSR2413C_",null,"WBSR2413BK|WBSR2413GD"]
["WBSR2413GD","GenWare Round Gold Wire Basket 24 x 13cm","24 x 13cm (Dia x H)",21.72,1,"Buffet & Display>Display Baskets & Bags",{"$nulls":3},240,240,130,{"v":0.39,"d":"0.390"},{"v":0.39,"d":"0.390"},null,null,"Powder Coating,Iron","7323990090","China",null,null,"No","N/A","N/A","N/A",{"$nulls":6},"\n•Made From Coated Steel\n•Features Durable Gold Coating\n•Attractive Modern Design\n•Great For Buffets & Displays","Bring an artistic touch to your table with our Round Shaped Gold Wire Basket. Perfect for serving breads, pastries, fruits, or snacks, this elegant piece combines style and practicality, making it an eye-catching addition to any dining or buffet setup.\n•Contemporary Design: The intricate Gold wire frame adds a modern and sophisticated flair to your presentation\n•Versatile Serving Options: Ideal for displaying bread rolls, fresh fruits, or even decorative items, enhancing any setting\n•Durable and Lightweight: Made from high-quality Gold wire, it’s sturdy yet easy to handle for everyday use\n•Space-Saving Elegance: The open design ensures visibility of contents while adding a contemporary aesthetic to your space\n•Low-Maintenance Finish: Easy to clean and maintain, perfect for busy hospitality environments","Each","5020403108825","24","24","13","0.00749",{"v":0.39,"d":"0.390"},"05020403108832",4,"26","26","24","0.01622","1.56",{"v":2.4,"d":"2.400"},"05020403108849",16,"55","28","53","0.08162","6.24",{"v":9.6,"d":"9.600"},null,96,"https://files.plytix.com/api/v1.1/file/public_files/pim/assets/8a/8d/8f/62/628f8d8abb3a1aaaf0e8f149/images/df/14/91/67/679114df650bff6333cfd99f/TH_WBSR2413GD.jpg","https://files.plytix.com/api/v1.1/file/public_files/pim/assets/8a/8d/8f/62/628f8d8abb3a1aaaf0e8f149/images/31/f9/90/67/6790f931cad52e317281250d/WBSR2413GD.jpg","https://files.plytix.com/api/v1.1/file/public_files/pim/assets/8a/8d/8f/62/628f8d8abb3a1aaaf0e8f149/images/2b/d3/a1/67/67a1d32b678af07d2988c3db/LFST0325141.jpg","https://www.nevilleuk.com/products/WBSR2413GD_",null,"WBSR2413BK|WBSR2413C"]
["WBSR2413BK","GenWare Round Black Wire Basket 24 x 13cm","24 x 13cm (Dia x H)",21.72,1,"Buffet & Display>Display Baskets & Bags",{"$nulls":3},240,240,130,{"v":0.39,"d":"0.390"},{"v":0.39,"d":"0.390"},null,null,"Powder Coating,Iron","7323990090","China",null,null,"No","N/A","N/A","N/A",{"$nulls":6},"\n•Made From Coated Steel\n•Features Durable Black Coating\n•Attractive Modern Design\n•Great For Buffets & Displays","Bring an artistic touch to your table with our Round Shaped Black Wire Basket. Perfect for serving breads, pastries, fruits, or snacks, this elegant piece combines style and practicality, making it an eye-catching addition to any dining or buffet setup.\n•Contemporary Design: The intricate black wire frame adds a modern and sophisticated flair to your presentation\n•Versatile Serving Options: Ideal for displaying bread rolls, fresh fruits, or even decorative items, enhancing any setting\n•Durable and Lightweight: Made from high-quality black wire, it’s sturdy yet easy to handle for everyday use\n•Space-Saving Elegance: The open design ensures visibility of contents while adding a contemporary aesthetic to your space\n•Low-Maintenance Finish: Easy to clean and maintain, perfect for busy hospitality environments","Each","5020403108764","24","24","13","0.00749",{"v":0.39,"d":"0.390"},"05020403108771",4,"26","26","24","0.01622","1.56",{"v":2.4,"d":"2.400"},"05020403108788",16,"55","28","53","0.08162","6.24",{"v":9.6,"d":"9.600"},null,96,"https://files.plytix.com/api/v1.1/file/public_files/pim/assets/8a/8d/8f/62/628f8d8abb3a1aaaf0e8f149/images/df/14/91/67/679114dfa850eb23df857981/TH_WBSR2413BK.jpg","https://files.plytix.com/api/v1.1/file/public_files/pim/assets/8a/8d/8f/62/628f8d8abb3a1aaaf0e8f149/images/2e/f9/90/67/6790f92ef33788d49018e6c9/WBSR2413BK.jpg","https://files.plytix.com/api/v1.1/file/public_files/pim/assets/8a/8d/8f/62/628f8d8abb3a1aaaf0e8f149/images/72/d3/a1/67/67a1d372908f6049539c8a6e/LFST0325113.jpg","https://www.nevilleuk.com/products/WBSR2413BK_",null,"WBSR2413C|WBSR2413GD"]
["WBSR208C","GenWare Round Copper Wire Basket 20 x 8cm","20 x 8cm (Dia x H)",{"v":14,"d":"14.00"},1,"Buffet & Display>Display Baskets & Bags",{"$nulls":3},200,200,80,{"v":0.23,"d":"0.230"},{"v":0.23,"d":"0.230"},null,null,"Powder Coating,Iron","7323990090","China",null,null,"No","N/A","N/A","N/A",{"$nulls":6},"\n•Made From Coated Steel\n•Features Durable Copper Coating\n•Attractive Modern Design\n•Great For Buffets & Displays","Bring an artistic touch to your table with our Round Shaped Copper Wire Basket. Perfect for serving breads, pastries, fruits, or snacks, this elegant piece combines style and practicality, making it an eye-catching addition to any dining or buffet setup.\n•Contemporary Design: The intricate Copper wire frame adds a modern and sophisticated flair to your presentation\n•Versatile Serving Options: Ideal for displaying bread rolls, fresh fruits, or even decorative items, enhancing any setting\n•Durable and Lightweight: Made from high-quality Copper wire, it’s sturdy yet easy to handle for everyday use\n•Space-Saving Elegance: The open design ensures visibility of contents while adding a contemporary aesthetic to your space\n•Low-Maintenance Finish: Easy to clean and maintain, perfect for busy hospitality environments","Each","5020403108702","20","20","8","0.00320",{"v":0.23,"d":"0.230"},"05020403108719",4,"23","23","16","0.00846","0.92",1.467,"05020403108726",24,"47","25","54","0.06345","5.52",{"v":8.8,"d":"8.800"},null,288,"https://files.plytix.com/api/v1.1/file/public_files/pim/assets/8a/8d/8f/62/628f8d8abb3a1aaaf0e8f149/images/de/14/91/67/679114de650bff6333cfd99c/TH_WBSR208C.jpg","https://files.plytix.com/api/v1.1/file/public_files/pim/assets/8a/8d/8f/62/628f8d8abb3a1aaaf0e8f149/images/27/f9/90/67/6790f9275102799cd827fddf/WBSR208C.jpg",null,"https://www.nevilleuk.com/products/WBSR208C_",null,"WBSR208BK|WBSR208GD"]
["WBSR208GD","GenWare Round Gold Wire Basket 20 x 8cm","20 x 8cm (Dia x H)",{"v":14,"d":"14.00"},1,"Buffet & Display>Display Baskets & Bags",{"$nulls":3},200,200,80,{"v":0.23,"d":"0.230"},{"v":0.23,"d":"0.230"},null,null,"Powder Coating,Iron","7323990090","China",null,null,"No","N/A","N/A","N/A",{"$nulls":6},"\n•Made From Coated Steel\n•Features Durable Gold Coating\n•Attractive Modern Design\n•Great For Buffets & Displays","Bring an artistic touch to your table with our Round Shaped Gold Wire Basket. Perfect for serving breads, pastries, fruits, or snacks, this elegant piece combines style and practicality, making it an eye-catching addition to any dining or buffet setup.\n•Contemporary Design: The intricate Gold wire frame adds a modern and sophisticated flair to your presentation\n•Versatile Serving Options: Ideal for displaying bread rolls, fresh fruits, or even decorative items, enhancing any setting\n•Durable and Lightweight: Made from high-quality Gold wire, it’s sturdy yet easy to handle for everyday use\n•Space-Saving Elegance: The open design ensures visibility of contents while adding a contemporary aesthetic to your space\n•Low-Maintenance Finish: Easy to clean and maintain, perfect for busy hospitality environments","Each","5020403108733","20","20","8","0.00320",{"v":0.23,"d":"0.230"},"05020403108740",4,"23","22","16","0.00810","0.92",1.467,"05020403108757",24,"47","25","54","0.06345","5.52",{"v":8.8,"d":"8.800"},null,288,"https://files.plytix.com/api/v1.1/file/public_files/pim/assets/8a/8d/8f/62/628f8d8abb3a1aaaf0e8f149/images/de/14/91/67/679114def33788d49018edac/TH_WBSR208GD.jpg","https://files.plytix.com/api/v1.1/file/public_files/pim/assets/8a/8d/8f/62/628f8d8abb3a1aaaf0e8f149/images/29/f9/90/67/6790f929a850eb23df8570f5/WBSR208GD.jpg","https://files.plytix.com/api/v1.1/file/public_files/pim/assets/8a/8d/8f/62/628f8d8abb3a1aaaf0e8f149/images/11/d2/a1/67/67a1d211678af07d2988c3a1/LFST0325258.jpg","https://www.nevilleuk.com/products/WBSR208GD_",null,"WBSR208BK|WBSR208C"]
["WBSR208BK","GenWare Round Black Wire Basket 20 x 8cm","20 x 8cm (Dia x H)",{"v":14,"d":"14.00"},1,"Buffet & Display>Display Baskets & Bags",{"$nulls":3},200,200,80,{"v":0.23,"d":"0.230"},{"v":0.23,"d":"0.230"},null,null,"Powder Coating,Iron","7323990090","China",null,null,"No","N/A","N/A","N/A",{"$nulls":6},"\n•Made From Coated Steel\n•Features Durable Black Coating\n•Attractive Modern Design\n•Great For Buffets & Displays","Bring an artistic touch to your table with our Round Shaped Black Wire Basket. Perfect for serving breads, pastries, fruits, or snacks, this elegant piece combines style and practicality, making it an eye-catching addition to any dining or buffet setup.\n•Contemporary Design: The intricate black wire frame adds a modern and sophisticated flair to your presentation\n•Versatile Serving Options: Ideal for displaying bread rolls, fresh fruits, or even decorative items, enhancing any setting\n•Durable and Lightweight: Made from high-quality black wire, it’s sturdy yet easy to handle for everyday use\n•Space-Saving Elegance: The open design ensures visibility of contents while adding a contemporary aesthetic to your space\n•Low-Maintenance Finish: Easy to clean and maintain, perfect for busy hospitality environments","Each","5020403108672","20","20","8","0.00320",{"v":0.23,"d":"0.230"},"05020403108689",4,"23","22","16","0.00810","0.92",1.467,"05020403108696",24,"47","25","54","0.06345","5.52",{"v":8.8,"d":"8.800"},null,288,"https://files.plytix.com/api/v1.1/file/public_files/pim/assets/8a/8d/8f/62/628f8d8abb3a1aaaf0e8f149/images/de/14/91/67/679114def33788d49018edab/TH_WBSR208BK.jpg","https://files.plytix.com/api/v1.1/file/public_files/pim/assets/8a/8d/8f/62/628f8d8abb3a1aaaf0e8f149/images/26/f9/90/67/6790f9265102799cd827fdde/WBSR208BK.jpg",null,"https://www.nevilleuk.com/products/WBSR208BK_",null,"WBSR208C|WBSR208GD"]
["SUNS13","GenWare Stainless Steel Stemmed Sundae Cup 13cm","10 x 13cm (Dia x H) - 23cl/ 8oz",12.46,12,"Table Presentation>Sundae Cups",{"$nulls":3},100,100,130,0.216,0.216,{"v":23,"d":"23.00"},"8.1","Stainless Steel-201","7323930090","India",null,null,"Yes","N/A","N/A","N/A",{"$nulls":6},"\n•Stainless Steel\n•Sophisticated Mirror Finish\n•Coupe Bowl Design\n•Ideal For Serving Sundaes And Ice Creams","Serve indulgent desserts in style with our Stainless Steel Stemmed Sundae Cups, the perfect choice for ice creams, sundaes, and layered treats. Combining sophistication with practicality, these cups are ideal for restaurants, cafes, and special occasions.\n•Elegant Design: The polished stainless steel finish and classic stem add a touch of luxury to any dessert presentation\n•Keeps Desserts Cool: Stainless steel construction helps maintain the perfect chilled temperature for your creations\n•Durable and Long-Lasting: Built to withstand the demands of professional use, these cups are rust-resistant and scratch-proof\n•Versatile and Stylish: Perfect for ice creams, sorbets, trifles, and even savory starters or cocktail servings\n•Easy to Clean: Dishwasher-safe for convenient cleanup, making them ideal for busy hospitality environments","Each",null,"10","10","13","0.00130",0.216,"05020403120605",12,"31","26","16","0.01290","2.592",3.167,"05020403120612",72,"56","32","50","0.08960","15.552",{"v":19,"d":"19.000"},null,432,"https://files.plytix.com/api/v1.1/file/public_files/pim/assets/8a/8d/8f/62/628f8d8abb3a1aaaf0e8f149/images/da/14/91/67/679114dacad52e3172812e0c/TH_SUNS13.jpg","https://files.plytix.com/api/v1.1/file/public_files/pim/assets/8a/8d/8f/62/628f8d8abb3a1aaaf0e8f149/images/f4/f8/90/67/6790f8f4a850eb23df8570e1/SUNS13.jpg","https://files.plytix.com/api/v1.1/file/public_files/pim/assets/8a/8d/8f/62/628f8d8abb3a1aaaf0e8f149/images/95/d2/a1/67/67a1d295908f6049539c8a45/LFST0325200.jpg","https://www.nevilleuk.com/products/SUNS13_",null,"SUNS10|SUNS13V|SUNS10V|SUNC10"]
["SUNS10V","GenWare Vintage Steel Stemmed Sundae Cup 10cm","10 x 10cm (Dia x H) - 23cl/ 8oz",12.46,12,"Table Presentation>Sundae Cups",{"$nulls":3},100,100,99,0.201,0.201,{"v":23,"d":"23.00"},"8.1","Stainless Steel-201","7323930090","India",null,null,"Yes","N/A","N/A","N/A",{"$nulls":6},"\n•Durable Stainless Steel\n•Industrial Vintage Finish\n•Ideal For Serving Sundaes And Ice Creams\n•Dishwasher Safe","Add a touch of bold, industrial flair to your dessert presentation with our Vintage Steel Sundae Cups.Crafted from high-quality stainless steel with a distinctive vintage finish, this collection combines durability and style, offering a unique, industrial finish that enhances any dessert such as ice creams, sundaes and layered treats. Perfect for both casual and upscale dining settings, these pieces provide a sophisticated yet rugged look that complements a variety of establishments.\n•Durable Stainless Steel:Provides long-lasting strength, ideal for high-use environments\n•Industrial Vintage Design:A striking, modern aesthetic that brings a rugged charm to any table setting\n•Safe for Direct Food Contact:Crafted from food-safe materials, ensuring safe and hygienic service\n•Perfect for Desserts:Ideal for servingice creams, sundaes and layered treats\n•Versatile Presentation:Pairs beautifully with ceramic or wooden serving boards for a premium look\n•Perfect for Casual and Premium Dining:Ideal for restaurants, gastropubs, and casual diners\n•Dishwasher Safe:Easy to clean and maintain","Each",null,"10","10","9.9","0.00099",0.201,"05020403120575",12,"41","24","10.5","0.01033","2.412",2.833,"05020403120582",72,"50","42","38","0.07980","14.472",{"v":17,"d":"17.000"},null,576,"https://files.plytix.com/api/v1.1/file/public_files/pim/assets/8a/8d/8f/62/628f8d8abb3a1aaaf0e8f149/images/da/14/91/67/679114dacad52e3172812e0b/TH_SUNS10V.jpg","https://files.plytix.com/api/v1.1/file/public_files/pim/assets/8a/8d/8f/62/628f8d8abb3a1aaaf0e8f149/images/f3/f8/90/67/6790f8f3cad52e31728124f6/SUNS10V.jpg","https://files.plytix.com/api/v1.1/file/public_files/pim/assets/8a/8d/8f/62/628f8d8abb3a1aaaf0e8f149/images/70/d4/a1/67/67a1d4703446055658f062c6/LFST0325023.jpg|https://files.plytix.com/api/v1.1/file/public_files/pim/assets/8a/8d/8f/62/628f8d8abb3a1aaaf0e8f149/images/5d/1f/7e/68/687e1f5d2a03861c91eda549/LFST0925176.jpg|https://files.plytix.com/api/v1.1/file/public_files/pim/assets/8a/8d/8f/62/628f8d8abb3a1aaaf0e8f149/images/18/1f/7e/68/687e1f18dd3cffb0b9ad720d/LFST0925165.jpg","https://www.nevilleuk.com/products/SUNS10V_",null,"SUNS10|SUNS13V|SUNS13|SUNC10"]
["SPP12","GenWare Salt Or Pepper Grinder Purple 12.7cm","5.5 x 12.7cm (Dia x H)",15.26,6,"Table Service>Salt & Pepper Grinders & Shakers",{"$nulls":3},54,54,124,{"v":0.14,"d":"0.140"},{"v":0.14,"d":"0.140"},null,null,"Plastic-Polystyrene","6911100010","China",null,null,"No","N/A","N/A","N/A",{"$nulls":4},"Yes",null,"\n•Made From Acrylic\n•Features High Quality Ceramic Grinding Mechanism\n•Adjustable Grind\n•Suitable For Salt And Pepper\n•Supplied With Engraved Knobs","Explore the extensive range of GenWare Salt and Pepper Grinders and Shakers, designed to enhance your tabletop presentation while offering exceptional functionality. Available in a variety of materials, styles, colours, and sizes, our collection allows you to find the perfect match to your restaurant’s theme and ambiance.\n•Premium Materials: Crafted from high-quality acrylic, providing a sleek and modern look that complements any table setting\n•Durable Ceramic Mechanism: Built to last, the ceramic grinding mechanism is suitable for both salt crystals and peppercorns, ensuring consistent performance and resisting corrosion\n•Adjustable Grinding: Easily customise the coarseness of your salt and pepper to suit various culinary needs\n•'S' and 'P' Knobs: Supplied with both 'S' and 'P' engraved knobs, allowing you to easily distinguish between salt and pepper for added convenience\n•Spares: Spare knobs available here ﻿Do not overtighten the knob as this will affect the mechanism from working","Each",null,"5.4","5.4","12.4","0.00036",{"v":0.14,"d":"0.140"},"05020403086031",6,"17.7","11.8","14.2","0.00297","0.84",0.975,"05020403086048",24,"26","19","30.2","0.01492","3.36",{"v":3.9,"d":"3.900"},null,2160,"https://files.plytix.com/api/v1.1/file/public_files/pim/assets/8a/8d/8f/62/628f8d8abb3a1aaaf0e8f149/images/d7/14/91/67/679114d7f33788d49018ed9d/TH_SPP12.jpg","https://files.plytix.com/api/v1.1/file/public_files/pim/assets/8a/8d/8f/62/628f8d8abb3a1aaaf0e8f149/images/da/f8/90/67/6790f8da650bff6333cfd120/SPP12.jpg","https://files.plytix.com/api/v1.1/file/public_files/pim/assets/8a/8d/8f/62/628f8d8abb3a1aaaf0e8f149/images/42/d2/a1/67/67a1d2428c28d3ee51cd5509/LFST0325236.jpg","https://www.nevilleuk.com/products/SPP12_","WSPGRS|SPKNOBS","SPCRL12|SPDGR12|SPMBLK12|SPBLK12|SPBL12|SPGR12|SPG12|SPY12|SPWH12|SPS12|SPRED12|SPOR12"]
["PR-PBKF21","Terra Porcelain Black Fluted Presentation Plate 20.5cm","20 x 3cm (Dia x H)",18.84,6,"Terra Porcelain>Cinder Black Terra Porcelain",{"$nulls":3},200,200,30,{"v":0.59,"d":"0.590"},{"v":0.59,"d":"0.590"},null,null,"Porcelain","6911100090","China",-40,250,"Yes","Yes","Yes","Yes",{"$nulls":6},"\n•Durable Fully Vitrified Porcelain\n•Twice-Fired Process\n•High Temperature Firing\n•Conforms to BS4034 Vitrified Hotelware\n•Rolled Edges\n•Polished Foot\n•Unique Reactive Glaze Formula\n•Stackable","Terra Porcelain's undefined beauty is crafted through natural effects and spontaneous reactions that occur in the kiln. A unique glaze formula, combined with high-temperature firing, ensures no two pieces look exactly alike, with variations in color intensity creating a truly distinctive appearance. The Cinder Black Terra Porcelain collection draws inspiration from the elegance of raw landscapes, featuring deep charcoal and subtle earthy tones that create a bold yet sophisticated aesthetic. The striking Black Fluted range redefines elegance with its beautifully crafted fluted sides, adding a distinctive texture and timeless sophistication to each piece. This range provides the perfect canvas for presenting delicious, vibrant dishes.\n•Durable Fully Vitrified Porcelain: High-temperature firing creates a robust and long-lasting product, ideal for professional use\n•Twice-Fired Process: Enhances strength, durability, and the unique glaze finish, ensuring each piece performs in demanding environments\n•Conforms to Industry Standards: Meets BS4034 standards for vitrified hotelware, ensuring exceptional durability and quality in demanding environments\n•Elegant Fluted Design: Features beautifully crafted fluted sides that add a distinctive texture and timeless sophistication, enhancing both visual appeal and tactile experience\n•Rolled Edges: Enhances durability and provides added chip resistance, making it ideal for hotel, restaurant, and foodservice applications\n•Polished Foot: Minimises damage when stacked and stored, helping to maintain the integrity of each piece over time\n•Stackable: Optimises storage space, making it easy to stack securely without risking damage, perfect for busy kitchens\n•Unique Artisanal Finish: The natural kiln effects and spontaneous glaze reactions ensure every piece is truly one of a kind\n•Inspired Cinder Black Hue: The deep charcoal and earthy undertones evoke the beauty of raw landscapes\n•Complete the Look: Pairs beautifully with other items in the Terra Porcelain range for a cohesive and stylish tabletop presentation","Each",null,"20","20","3","0.00120",{"v":0.59,"d":"0.590"},"05020403148944",6,"20","17","20","0.00680","3.54",{"v":4,"d":"4.000"},"05020403148951",24,"45","40","24","0.04320","14.16",{"v":16,"d":"16.000"},null,576,"https://files.plytix.com/api/v1.1/file/public_files/pim/assets/8a/8d/8f/62/628f8d8abb3a1aaaf0e8f149/images/c8/14/91/67/679114c826b9c8be7b87a6f9/TH_PR-PBKF21.jpg","https://files.plytix.com/api/v1.1/file/public_files/pim/assets/8a/8d/8f/62/628f8d8abb3a1aaaf0e8f149/images/20/f8/90/67/6790f820f33788d49018e6a5/PR-PBKF21_A.jpg|https://files.plytix.com/api/v1.1/file/public_files/pim/assets/8a/8d/8f/62/628f8d8abb3a1aaaf0e8f149/images/22/f8/90/67/6790f82226b9c8be7b879fc9/PR-PBKF21_B.jpg|https://files.plytix.com/api/v1.1/file/public_files/pim/assets/8a/8d/8f/62/628f8d8abb3a1aaaf0e8f149/images/7a/04/91/67/6791047a26b9c8be7b87a34d/PR-PBKF21.jpg","https://files.plytix.com/api/v1.1/file/public_files/pim/assets/8a/8d/8f/62/628f8d8abb3a1aaaf0e8f149/images/82/d2/a1/67/67a1d2828c28d3ee51cd551f/LFST0325213.jpg|https://files.plytix.com/api/v1.1/file/public_files/pim/assets/8a/8d/8f/62/628f8d8abb3a1aaaf0e8f149/images/7a/d2/a1/67/67a1d27a8c28d3ee51cd551d/LFST0325216.jpg","https://www.nevilleuk.com/products/PR-PBKF21_",null,"PR-PBKF18|PR-PBKF26|PR-PBK21"]
["PR-PBKF18","Terra Porcelain Black Fluted Presentation Plate 18cm","17.5 x 2.7cm (Dia x H)",{"v":14.3,"d":"14.30"},6,"Terra Porcelain>Cinder Black Terra Porcelain",{"$nulls":3},175,175,27,{"v":0.45,"d":"0.450"},{"v":0.45,"d":"0.450"},null,null,"Porcelain","6911100090","China",-40,250,"Yes","Yes","Yes","Yes",{"$nulls":6},"\n•Durable Fully Vitrified Porcelain\n•Twice-Fired Process\n•High Temperature Firing\n•Conforms to BS4034 Vitrified Hotelware\n•Rolled Edges\n•Polished Foot\n•Unique Reactive Glaze Formula\n•Stackable","Terra Porcelain's undefined beauty is crafted through natural effects and spontaneous reactions that occur in the kiln. A unique glaze formula, combined with high-temperature firing, ensures no two pieces look exactly alike, with variations in color intensity creating a truly distinctive appearance. The Cinder Black Terra Porcelain collection draws inspiration from the elegance of raw landscapes, featuring deep charcoal and subtle earthy tones that create a bold yet sophisticated aesthetic. The striking Black Fluted range redefines elegance with its beautifully crafted fluted sides, adding a distinctive texture and timeless sophistication to each piece. This range provides the perfect canvas for presenting delicious, vibrant dishes.\n•Durable Fully Vitrified Porcelain: High-temperature firing creates a robust and long-lasting product, ideal for professional use\n•Twice-Fired Process: Enhances strength, durability, and the unique glaze finish, ensuring each piece performs in demanding environments\n•Conforms to Industry Standards: Meets BS4034 standards for vitrified hotelware, ensuring exceptional durability and quality in demanding environments\n•Elegant Fluted Design: Features beautifully crafted fluted sides that add a distinctive texture and timeless sophistication, enhancing both visual appeal and tactile experience\n•Rolled Edges: Enhances durability and provides added chip resistance, making it ideal for hotel, restaurant, and foodservice applications\n•Polished Foot: Minimises damage when stacked and stored, helping to maintain the integrity of each piece over time\n•Stackable: Optimises storage space, making it easy to stack securely without risking damage, perfect for busy kitchens\n•Unique Artisanal Finish: The natural kiln effects and spontaneous glaze reactions ensure every piece is truly one of a kind\n•Inspired Cinder Black Hue: The deep charcoal and earthy undertones evoke the beauty of raw landscapes\n•Complete the Look: Pairs beautifully with other items in the Terra Porcelain range for a cohesive and stylish tabletop presentation","Each",null,"17.5","17.5","2.7","0.00083",{"v":0.45,"d":"0.450"},"05020403148913",6,"20","17","20","0.00680","2.7",{"v":3,"d":"3.000"},"05020403148920",24,"41","36","21","0.03100","10.8",{"v":12,"d":"12.000"},null,1008,"https://files.plytix.com/api/v1.1/file/public_files/pim/assets/8a/8d/8f/62/628f8d8abb3a1aaaf0e8f149/images/c8/14/91/67/679114c8cad52e3172812de3/TH_PR-PBKF18.jpg","https://files.plytix.com/api/v1.1/file/public_files/pim/assets/8a/8d/8f/62/628f8d8abb3a1aaaf0e8f149/images/18/f8/90/67/6790f818cad52e31728124ca/PR-PBKF18_D.jpg|https://files.plytix.com/api/v1.1/file/public_files/pim/assets/8a/8d/8f/62/628f8d8abb3a1aaaf0e8f149/images/1b/f8/90/67/6790f81b26b9c8be7b879fc7/PR-PBKF18_A.jpg|https://files.plytix.com/api/v1.1/file/public_files/pim/assets/8a/8d/8f/62/628f8d8abb3a1aaaf0e8f149/images/1c/f8/90/67/6790f81cf33788d49018e69d/PR-PBKF18_B.jpg|https://files.plytix.com/api/v1.1/file/public_files/pim/assets/8a/8d/8f/62/628f8d8abb3a1aaaf0e8f149/images/6b/04/91/67/6791046ba850eb23df8575e6/PR-PBKF18.jpg","https://files.plytix.com/api/v1.1/file/public_files/pim/assets/8a/8d/8f/62/628f8d8abb3a1aaaf0e8f149/images/61/d2/a1/67/67a1d26120b2e4642d1ce9b9/LFST0325224.jpg|https://files.plytix.com/api/v1.1/file/public_files/pim/assets/8a/8d/8f/62/628f8d8abb3a1aaaf0e8f149/images/5e/d2/a1/67/67a1d25e908f6049539c8a39/LFST0325226.jpg","https://www.nevilleuk.com/products/PR-PBKF18_","PRS2-18|PRS3-18","PR-PBKF21|PR-PBK18|PR-PBKF26"]
["BB-PBL20","Terra Porcelain Aqua Blue Belly Bowl 20cm","20 x 7.5cm (Dia x H) - 140cl/49oz",{"v":20.8,"d":"20.80"},3,"Terra Porcelain>Aqua Blue Terra Porcelain",{"$nulls":3},200,200,74,{"v":0.88,"d":"0.880"},{"v":0.88,"d":"0.880"},{"v":140,"d":"140.00"},"49.3","Porcelain","6911100090","China",-40,250,"Yes","Yes","Yes","Yes",{"$nulls":6},"\n•Durable Fully Vitrified Porcelain\n•Twice-Fired Process\n•High Temperature Firing\n•Conforms to BS4034 Vitrified Hotelware\n•Rolled Edges\n•Polished Foot\n•Unique Reactive Glaze Formula","Terra Porcelain's undefined beauty is crafted through natural effects and spontaneous reactions that occur in the kiln. A unique glaze formula, combined with high-temperature firing, ensures no two pieces look exactly alike, with variations in color intensity creating a truly distinctive appearance. The Aqua Blue Terra Porcelain collection draws inspiration from the depths of the ocean, blending rich and soft blues to evoke a tranquil, natural aesthetic. This range provides the perfect canvas for presenting delicious, vibrant dishes.\n•Durable Fully Vitrified Porcelain: High-temperature firing creates a robust and long-lasting product, ideal for professional use\n•Twice-Fired Process: Enhances strength, durability, and the unique glaze finish, ensuring each piece performs in demanding environments\n•Conforms to Industry Standards: Meets BS4034 standards for vitrified hotelware, ensuring exceptional durability and quality in demanding environments\n•Rolled Edges: Enhances durability and provides added chip resistance, making it ideal for hotel, restaurant, and foodservice applications\n•Polished Foot: Minimises damage when stacked and stored, helping to maintain the integrity of each piece over time\n•Unique Artisanal Finish: The natural kiln effects and spontaneous glaze reactions ensure every piece is truly one of a kind\n•Inspired Aqua Blue Hue: The blend of rich and soft blues evokes the tranquil beauty of the ocean, enhancing the presentation of vibrant dishes\n•Complete the Look: Pairs beautifully with other items in the Terra Porcelain range for a cohesive and stylish tabletop presentation","Each",null,"20","20","7.4","0.00296",{"v":0.88,"d":"0.880"},"05020403148760",3,"31","19","20","0.01178","2.64",{"v":3.25,"d":"3.250"},"05020403148777",12,"45","39","24","0.04212","10.56",{"v":13,"d":"13.000"},null,288,"https://files.plytix.com/api/v1.1/file/public_files/pim/assets/8a/8d/8f/62/628f8d8abb3a1aaaf0e8f149/images/b1/14/91/67/679114b1650bff6333cfd973/TH_BB-PBL20.jpg","https://files.plytix.com/api/v1.1/file/public_files/pim/assets/8a/8d/8f/62/628f8d8abb3a1aaaf0e8f149/images/61/f7/90/67/6790f7615102799cd827fd8e/BB-PBL20.jpg","https://files.plytix.com/api/v1.1/file/public_files/pim/assets/8a/8d/8f/62/628f8d8abb3a1aaaf0e8f149/images/5d/d1/a1/67/67a1d15d3446055658f06240/LFST0325325.jpg|https://files.plytix.com/api/v1.1/file/public_files/pim/assets/8a/8d/8f/62/628f8d8abb3a1aaaf0e8f149/images/58/d1/a1/67/67a1d1583446055658f0623f/LFST0325327.jpg|https://files.plytix.com/api/v1.1/file/public_files/pim/assets/8a/8d/8f/62/628f8d8abb3a1aaaf0e8f149/images/9d/1e/7e/68/687e1e9ddd3cffb0b9ad7201/LFST0925147.jpg|https://files.plytix.com/api/v1.1/file/public_files/pim/assets/8a/8d/8f/62/628f8d8abb3a1aaaf0e8f149/images/98/1e/7e/68/687e1e985ff968b9dfce99fb/LFST0925146.jpg","https://www.nevilleuk.com/products/BB-PBL20_",null,"BB-PBL17"]
["SPCRL12","GenWare Salt Or Pepper Grinder Coral 12.7cm","5.5 x 12.7cm (Dia x H)",15.26,6,"Table Service>Salt & Pepper Grinders & Shakers",{"$nulls":3},54,54,124,{"v":0.14,"d":"0.140"},{"v":0.14,"d":"0.140"},null,null,"Plastic-Polystyrene","6911100010","China",null,null,"No","N/A","N/A","N/A",{"$nulls":4},"Yes",null,"\n•Made From Acrylic\n•Features High Quality Ceramic Grinding Mechanism\n•Adjustable Grind\n•Suitable For Salt And Pepper\n•Supplied With Engraved Knobs","Explore the extensive range of GenWare Salt and Pepper Grinders and Shakers, designed to enhance your tabletop presentation while offering exceptional functionality. Available in a variety of materials, styles, colours, and sizes, our collection allows you to find the perfect match to your restaurant’s theme and ambiance.\n•Premium Materials: Crafted from high-quality acrylic, providing a sleek and modern look that complements any table setting\n•Durable Ceramic Mechanism: Built to last, the ceramic grinding mechanism is suitable for both salt crystals and peppercorns, ensuring consistent performance and resisting corrosion\n•Adjustable Grinding: Easily customise the coarseness of your salt and pepper to suit various culinary needs\n•'S' and 'P' Knobs: Supplied with both 'S' and 'P' engraved knobs, allowing you to easily distinguish between salt and pepper for added convenience\n•Spares: Spare knobs available here ﻿Do not overtighten the knob as this will affect the mechanism from working","Each",null,"5.4","5.4","12.4","0.00036",{"v":0.14,"d":"0.140"},"05020403085942",6,"17.7","11.8","14.2","0.00297","0.84",0.975,"05020403085959",24,"26","19","30","0.01482","3.36",{"v":3.9,"d":"3.900"},null,2160,"https://files.plytix.com/api/v1.1/file/public_files/pim/assets/8a/8d/8f/62/628f8d8abb3a1aaaf0e8f149/images/d5/14/91/67/679114d526b9c8be7b87a702/TH_SPCRL12.jpg","https://files.plytix.com/api/v1.1/file/public_files/pim/assets/8a/8d/8f/62/628f8d8abb3a1aaaf0e8f149/images/d2/f8/90/67/6790f8d226b9c8be7b879fff/SPCRL12.jpg","https://files.plytix.com/api/v1.1/file/public_files/pim/assets/8a/8d/8f/62/628f8d8abb3a1aaaf0e8f149/images/4b/d2/a1/67/67a1d24b8c28d3ee51cd550a/LFST0325233.jpg|https://files.plytix.com/api/v1.1/file/public_files/pim/assets/8a/8d/8f/62/628f8d8abb3a1aaaf0e8f149/images/48/d2/a1/67/67a1d248783f894c4a8d4d5f/LFST0325234.jpg","https://www.nevilleuk.com/products/SPCRL12_","WSPGRS|SPKNOBS","SPP12|SPDGR12|SPMBLK12|SPBLK12|SPBL12|SPGR12|SPG12|SPY12|SPWH12|SPS12|SPRED12|SPOR12"]
["SPWD13DGR","GenWare Dark Green Wood Salt/ Pepper Grinder 13cm","5.5 x 12.7cm (Dia x H)",22.62,6,"Table Service>Salt & Pepper Grinders & Shakers",{"$nulls":3},55,55,130,{"v":0.13,"d":"0.130"},{"v":0.13,"d":"0.130"},null,null,"Rubber Wood","6911100010","China",null,null,"No","N/A","N/A","N/A",{"$nulls":4},"Yes",null,"\n•Made From Rubber Wood\n•Features High Quality Ceramic Grinding Mechanism\n•Adjustable Grind\n•Suitable For Salt And Pepper\n•Supplied With Engraved Knobs","Explore the extensive range of GenWare Salt and Pepper Grinders and Shakers, designed to enhance your tabletop presentation while offering exceptional functionality. Available in a variety of materials, styles, colours, and sizes, our collection allows you to find the perfect match to your restaurant’s theme and ambiance.\n•Premium Materials: Crafted from high-quality rubberwood, offering a natural and stylish touch to your table setting\n•Durable Ceramic Mechanism: Built to last, the ceramic grinding mechanism is suitable for both salt crystals and peppercorns, ensuring consistent performance and resisting corrosion\n•Adjustable Grinding: Easily customise the coarseness of your salt and pepper to suit various culinary needs\n•'S' and 'P' Knobs: Supplied with both 'S' and 'P' engraved knobs, allowing you to easily distinguish between salt and pepper for added convenience\n•Spares: Spare knobs available here ﻿Do not overtighten the knob as this will affect the mechanism from working","Each",null,"5.5","5.5","13","0.00039",{"v":0.13,"d":"0.130"},"05020403086093",6,"17.5","11.8","14.1","0.00291","0.78",0.935,"05020403086109",24,"25.7","19.1","30","0.01473","3.12",{"v":3.74,"d":"3.740"},null,1824,"https://files.plytix.com/api/v1.1/file/public_files/pim/assets/8a/8d/8f/62/628f8d8abb3a1aaaf0e8f149/images/d7/14/91/67/679114d7650bff6333cfd995/TH_SPWD13DGR.jpg","https://files.plytix.com/api/v1.1/file/public_files/pim/assets/8a/8d/8f/62/628f8d8abb3a1aaaf0e8f149/images/dc/f8/90/67/6790f8dc26b9c8be7b87a006/SPWD13DGR.jpg",null,"https://www.nevilleuk.com/products/SPWD13DGR_","WSPGRS|SPKNOBS","SPWDG13L|SPWDG13W|SPWDG13BLK|SPWD13L|SPWD13GR|SPWD13G|SPWD13BL|SPWD13A|SPWD13|SPWD13W|SPWD13R"]
["SPWD10DGR","GenWare Dark Green Wood Salt/ Pepper Grinder 10cm","5 x 10.2cm (Dia x H)",{"v":20.1,"d":"20.10"},6,"Table Service>Salt & Pepper Grinders & Shakers",{"$nulls":3},50,50,102,{"v":0.1,"d":"0.100"},{"v":0.1,"d":"0.100"},null,null,"Rubber Wood","6911100010","China",null,null,"No","N/A","N/A","N/A",{"$nulls":4},"Yes",null,"\n•Made From Rubber Wood\n•Features High Quality Ceramic Grinding Mechanism\n•Adjustable Grind\n•Suitable For Salt And Pepper\n•Supplied With Engraved Knobs","Explore the extensive range of GenWare Salt and Pepper Grinders and Shakers, designed to enhance your tabletop presentation while offering exceptional functionality. Available in a variety of materials, styles, colours, and sizes, our collection allows you to find the perfect match to your restaurant’s theme and ambiance.\n•Premium Materials: Crafted from high-quality rubberwood, offering a natural and stylish touch to your table setting\n•Durable Ceramic Mechanism: Built to last, the ceramic grinding mechanism is suitable for both salt crystals and peppercorns, ensuring consistent performance and resisting corrosion\n•Adjustable Grinding: Easily customise the coarseness of your salt and pepper to suit various culinary needs\n•'S' and 'P' Knobs: Supplied with both 'S' and 'P' engraved knobs, allowing you to easily distinguish between salt and pepper for added convenience\n•Spares: Spare knobs available here ﻿Do not overtighten the knob as this will affect the mechanism from working","Each",null,"5","5","10.2","0.00026",{"v":0.1,"d":"0.100"},"05020403086062",6,"16","11.7","11.6","0.00217","0.6",0.688,"05020403086079",48,"35","25","25.5","0.02231","4.8",{"v":5.5,"d":"5.500"},null,2880,"https://files.plytix.com/api/v1.1/file/public_files/pim/assets/8a/8d/8f/62/628f8d8abb3a1aaaf0e8f149/images/d7/14/91/67/679114d7cad52e3172812e01/TH_SPWD10DGR.jpg","https://files.plytix.com/api/v1.1/file/public_files/pim/assets/8a/8d/8f/62/628f8d8abb3a1aaaf0e8f149/images/db/f8/90/67/6790f8dba850eb23df8570d1/SPWD10DGR.jpg","https://files.plytix.com/api/v1.1/file/public_files/pim/assets/8a/8d/8f/62/628f8d8abb3a1aaaf0e8f149/images/c6/d3/a1/67/67a1d3c68c28d3ee51cd5546/LFST0325086.jpg","https://www.nevilleuk.com/products/SPWD10DGR_","SPKNOBS","SPWD10W|SPWD10R|SPWD10L|SPWD10GR|SPWD10BL|SPWD10A|SPWD10"]
["SPDGR12","GenWare Salt Or Pepper Grinder Dark Green 12.7cm","5.5 x 12.7cm (Dia x H)",15.26,6,"Table Service>Salt & Pepper Grinders & Shakers",{"$nulls":3},54,54,124,{"v":0.14,"d":"0.140"},{"v":0.14,"d":"0.140"},null,null,"Plastic-Polystyrene","6911100010","China",null,null,"No","N/A","N/A","N/A",{"$nulls":4},"Yes",null,"\n•Made From Acrylic\n•Features High Quality Ceramic Grinding Mechanism\n•Adjustable Grind\n•Suitable For Salt And Pepper\n•Supplied With Engraved Knobs","Explore the extensive range of GenWare Salt and Pepper Grinders and Shakers, designed to enhance your tabletop presentation while offering exceptional functionality. Available in a variety of materials, styles, colours, and sizes, our collection allows you to find the perfect match to your restaurant’s theme and ambiance.\n•Premium Materials: Crafted from high-quality acrylic, providing a sleek and modern look that complements any table setting\n•Durable Ceramic Mechanism: Built to last, the ceramic grinding mechanism is suitable for both salt crystals and peppercorns, ensuring consistent performance and resisting corrosion\n•Adjustable Grinding: Easily customise the coarseness of your salt and pepper to suit various culinary needs\n•'S' and 'P' Knobs: Supplied with both 'S' and 'P' engraved knobs, allowing you to easily distinguish between salt and pepper for added convenience\n•Spares: Spare knobs available here ﻿Do not overtighten the knob as this will affect the mechanism from working","Each",null,"5.4","5.4","12.4","0.00036",{"v":0.14,"d":"0.140"},"05020403086000",6,"17.7","11.8","14.2","0.00297","0.84",0.975,"05020403086017",24,"26","19","30.2","0.01492","3.36",{"v":3.9,"d":"3.900"},null,2160,"https://files.plytix.com/api/v1.1/file/public_files/pim/assets/8a/8d/8f/62/628f8d8abb3a1aaaf0e8f149/images/d7/14/91/67/679114d7cad52e3172812e00/TH_SPDGR12.jpg","https://files.plytix.com/api/v1.1/file/public_files/pim/assets/8a/8d/8f/62/628f8d8abb3a1aaaf0e8f149/images/d8/f8/90/67/6790f8d826b9c8be7b87a002/SPDGR12.jpg","https://files.plytix.com/api/v1.1/file/public_files/pim/assets/8a/8d/8f/62/628f8d8abb3a1aaaf0e8f149/images/b2/d2/a1/67/67a1d2b2908f6049539c8a48/LFST0325189.jpg|https://files.plytix.com/api/v1.1/file/public_files/pim/assets/8a/8d/8f/62/628f8d8abb3a1aaaf0e8f149/images/a1/d2/a1/67/67a1d2a1908f6049539c8a46/LFST0325195.jpg","https://www.nevilleuk.com/products/SPDGR12_","WSPGRS|SPKNOBS","SPCRL12|SPP12|SPMBLK12|SPBLK12|SPBL12|SPGR12|SPG12|SPY12|SPWH12|SPS12|SPRED12|SPOR12"]
["SPCBK8","GenWare Black Cast Iron Salt/ Pepper Grinder 8cm","6 x 9.6cm (Dia x H)",41.46,6,"Table Service>Salt & Pepper Grinders & Shakers",{"$nulls":3},62,60,72,{"v":0.61,"d":"0.610"},{"v":0.61,"d":"0.610"},null,null,"Cast Iron","6911100010","China",null,null,"No","N/A","N/A","N/A",{"$nulls":4},"No",null,"\n•Made From Cast Iron\n•Features High Quality Ceramic Grinding Mechanism\n•Adjustable Grind\n•Suitable For Salt And Pepper\n•Supplied With Engraved Knobs","Explore the extensive range of GenWare Salt and Pepper Grinders and Shakers, designed to enhance your tabletop presentation while offering exceptional functionality. Available in a variety of materials, styles, colours, and sizes, our collection allows you to find the perfectmatch to your restaurant’s theme and ambiance.\n•Premium Materials:Crafted from high-quality cast iron, offering a robust and industrial look while ensuring long-lasting durability\n•Distinctive Finish: The cast iron features a textured, matte finish that adds a bold and stylish statement to your tabletop design\n•Durable Ceramic Mechanism: Built to last, the ceramic grinding mechanism is suitable for both salt crystals and peppercorns, ensuring consistent performance and resisting corrosion\n•Adjustable Grinding: Easily customise the coarseness of your salt and pepper to suit various culinary needs\n•'S' and 'P' Knobs: Supplied with both 'S' and 'P' engraved knobs, allowing you to easily distinguish between salt and pepper for added convenience﻿Do not overtighten the knob as this will affect the mechanism from working","Each",null,"6.2","6","7.2","0.00027",{"v":0.61,"d":"0.610"},"05020403085911",6,"21","14","11.5","0.00338","3.66",{"v":3.85,"d":"3.850"},"05020403085928",24,"30","22.5","25.5","0.01721","14.64",{"v":15.4,"d":"15.400"},null,1344,"https://files.plytix.com/api/v1.1/file/public_files/pim/assets/8a/8d/8f/62/628f8d8abb3a1aaaf0e8f149/images/d5/14/91/67/679114d5cad52e3172812dfe/TH_SPCBK8.jpg","https://files.plytix.com/api/v1.1/file/public_files/pim/assets/8a/8d/8f/62/628f8d8abb3a1aaaf0e8f149/images/ce/f8/90/67/6790f8cea850eb23df8570c9/SPCBK8.jpg|https://files.plytix.com/api/v1.1/file/public_files/pim/assets/8a/8d/8f/62/628f8d8abb3a1aaaf0e8f149/images/cf/f8/90/67/6790f8cfcad52e31728124eb/SPCBK8_A.jpg","https://files.plytix.com/api/v1.1/file/public_files/pim/assets/8a/8d/8f/62/628f8d8abb3a1aaaf0e8f149/images/7d/d4/a1/67/67a1d47d678af07d2988c454/LFST0325021.jpg","https://www.nevilleuk.com/products/SPCBK8_","WSPGRS","SPCW8"]
["SJ-PBL18","Terra Porcelain Aqua Blue Straight Sided Jug 18cl/ 6.3oz","7.3 x 6 x 9.8cm (L x W x H)",11.62,6,"Terra Porcelain>Aqua Blue Terra Porcelain",{"$nulls":3},75,60,100,{"v":0.21,"d":"0.210"},{"v":0.21,"d":"0.210"},{"v":18,"d":"18.00"},"6.3","Porcelain","6911100090","China",-40,250,"Yes","Yes","Yes","Yes",{"$nulls":6},"\n•Durable Fully Vitrified Porcelain\n•Twice-Fired Process\n•High Temperature Firing\n•Conforms to BS4034 Vitrified Hotelware\n•Rolled Edges\n•Polished Foot\n•Unique Reactive Glaze Formula","Terra Porcelain's undefined beauty is crafted through natural effects and spontaneous reactions that occur in the kiln. A unique glaze formula, combined with high-temperature firing, ensures no two pieces look exactly alike, with variations in color intensity creating a truly distinctive appearance. The Aqua Blue Terra Porcelain collection draws inspiration from the depths of the ocean, blending rich and soft blues to evoke a tranquil, natural aesthetic. This range provides the perfect canvas for presenting delicious, vibrant dishes.\n•Durable Fully Vitrified Porcelain: High-temperature firing creates a robust and long-lasting product, ideal for professional use\n•Twice-Fired Process: Enhances strength, durability, and the unique glaze finish, ensuring each piece performs in demanding environments\n•Conforms to Industry Standards: Meets BS4034 standards for vitrified hotelware, ensuring exceptional durability and quality in demanding environments\n•Rolled Edges: Enhances durability and provides added chip resistance, making it ideal for hotel, restaurant, and foodservice applications\n•Polished Foot: Minimises damage when stacked and stored, helping to maintain the integrity of each piece over time\n•Unique Artisanal Finish: The natural kiln effects and spontaneous glaze reactions ensure every piece is truly one of a kind\n•Inspired Aqua Blue Hue: The blend of rich and soft blues evokes the tranquil beauty of the ocean, enhancing the presentation of vibrant dishes\n•Complete the Look: Pairs beautifully with other items in the Terra Porcelain range for a cohesive and stylish tabletop presentation","Each",null,"7.5","6","10","0.00045",{"v":0.21,"d":"0.210"},"05020403149064",6,"22","14","12","0.00370","1.26",1.625,"05020403149071",48,"44","29","26","0.03318","10.08",{"v":13,"d":"13.000"},null,2304,"https://files.plytix.com/api/v1.1/file/public_files/pim/assets/8a/8d/8f/62/628f8d8abb3a1aaaf0e8f149/images/d4/14/91/67/679114d4cad52e3172812dfd/TH_SJ-PBL18.jpg","https://files.plytix.com/api/v1.1/file/public_files/pim/assets/8a/8d/8f/62/628f8d8abb3a1aaaf0e8f149/images/c5/f8/90/67/6790f8c5650bff6333cfd11b/SJ-PBL18.jpg|https://files.plytix.com/api/v1.1/file/public_files/pim/assets/8a/8d/8f/62/628f8d8abb3a1aaaf0e8f149/images/c7/f8/90/67/6790f8c7650bff6333cfd11c/SJ-PBL18_A.jpg","https://files.plytix.com/api/v1.1/file/public_files/pim/assets/8a/8d/8f/62/628f8d8abb3a1aaaf0e8f149/images/1b/d2/a1/67/67a1d21b908f6049539c8a24/LFST0325251.jpg","https://www.nevilleuk.com/products/SJ-PBL18_",null,"SJ-PBL10|CT-SJ18"]
["BB-PBL17","Terra Porcelain Aqua Blue Belly Bowl 17cm","17 x 6.6cm (Dia x H) - 95cl/33oz",18.76,6,"Terra Porcelain>Aqua Blue Terra Porcelain",{"$nulls":3},175,175,68,{"v":0.64,"d":"0.640"},{"v":0.64,"d":"0.640"},{"v":95,"d":"95.00"},"33.4","Porcelain","6911100090","China",-40,250,"Yes","Yes","Yes","Yes",{"$nulls":6},"\n•Durable Fully Vitrified Porcelain\n•Twice-Fired Process\n•High Temperature Firing\n•Conforms to BS4034 Vitrified Hotelware\n•Rolled Edges\n•Polished Foot\n•Unique Reactive Glaze Formula","Terra Porcelain's undefined beauty is crafted through natural effects and spontaneous reactions that occur in the kiln. A unique glaze formula, combined with high-temperature firing, ensures no two pieces look exactly alike, with variations in color intensity creating a truly distinctive appearance. The Aqua Blue Terra Porcelain collection draws inspiration from the depths of the ocean, blending rich and soft blues to evoke a tranquil, natural aesthetic. This range provides the perfect canvas for presenting delicious, vibrant dishes.\n•Durable Fully Vitrified Porcelain: High-temperature firing creates a robust and long-lasting product, ideal for professional use\n•Twice-Fired Process: Enhances strength, durability, and the unique glaze finish, ensuring each piece performs in demanding environments\n•Conforms to Industry Standards: Meets BS4034 standards for vitrified hotelware, ensuring exceptional durability and quality in demanding environments\n•Rolled Edges: Enhances durability and provides added chip resistance, making it ideal for hotel, restaurant, and foodservice applications\n•Polished Foot: Minimises damage when stacked and stored, helping to maintain the integrity of each piece over time\n•Unique Artisanal Finish: The natural kiln effects and spontaneous glaze reactions ensure every piece is truly one of a kind\n•Inspired Aqua Blue Hue: The blend of rich and soft blues evokes the tranquil beauty of the ocean, enhancing the presentation of vibrant dishes\n•Complete the Look: Pairs beautifully with other items in the Terra Porcelain range for a cohesive and stylish tabletop presentation","Each",null,"17.5","17.5","6.8","0.00208",{"v":0.64,"d":"0.640"},"05020403148739",6,"31","19","20","0.01178","3.84",{"v":4.25,"d":"4.250"},"05020403148746",24,"41","31","42","0.05338","15.36",{"v":17,"d":"17.000"},null,504,"https://files.plytix.com/api/v1.1/file/public_files/pim/assets/8a/8d/8f/62/628f8d8abb3a1aaaf0e8f149/images/b1/14/91/67/679114b1cad52e3172812dbb/TH_BB-PBL17.jpg","https://files.plytix.com/api/v1.1/file/public_files/pim/assets/8a/8d/8f/62/628f8d8abb3a1aaaf0e8f149/images/5f/f7/90/67/6790f75fcad52e31728124ac/BB-PBL17.jpg","https://files.plytix.com/api/v1.1/file/public_files/pim/assets/8a/8d/8f/62/628f8d8abb3a1aaaf0e8f149/images/5d/d1/a1/67/67a1d15d3446055658f06240/LFST0325325.jpg|https://files.plytix.com/api/v1.1/file/public_files/pim/assets/8a/8d/8f/62/628f8d8abb3a1aaaf0e8f149/images/58/d1/a1/67/67a1d1583446055658f0623f/LFST0325327.jpg","https://www.nevilleuk.com/products/BB-PBL17_",null,"BB-PBL14|BB-PBL20"]
["BB-PBL14","Terra Porcelain Aqua Blue Belly Bowl 14.5cm","14.5 x 6cm (Dia x H) - 60cl/20oz",15.12,6,"Terra Porcelain>Aqua Blue Terra Porcelain",{"$nulls":3},150,150,60,{"v":0.4,"d":"0.400"},{"v":0.4,"d":"0.400"},{"v":60,"d":"60.00"},"21.1","Porcelain","6911100090","China",-40,250,"Yes","Yes","Yes","Yes",{"$nulls":6},"\n•Durable Fully Vitrified Porcelain\n•Twice-Fired Process\n•High Temperature Firing\n•Conforms to BS4034 Vitrified Hotelware\n•Rolled Edges\n•Polished Foot\n•Unique Reactive Glaze Formula","Terra Porcelain's undefined beauty is crafted through natural effects and spontaneous reactions that occur in the kiln. A unique glaze formula, combined with high-temperature firing, ensures no two pieces look exactly alike, with variations in color intensity creating a truly distinctive appearance. The Aqua Blue Terra Porcelain collection draws inspiration from the depths of the ocean, blending rich and soft blues to evoke a tranquil, natural aesthetic. This range provides the perfect canvas for presenting delicious, vibrant dishes.\n•Durable Fully Vitrified Porcelain: High-temperature firing creates a robust and long-lasting product, ideal for professional use\n•Twice-Fired Process: Enhances strength, durability, and the unique glaze finish, ensuring each piece performs in demanding environments\n•Conforms to Industry Standards: Meets BS4034 standards for vitrified hotelware, ensuring exceptional durability and quality in demanding environments\n•Rolled Edges: Enhances durability and provides added chip resistance, making it ideal for hotel, restaurant, and foodservice applications\n•Polished Foot: Minimises damage when stacked and stored, helping to maintain the integrity of each piece over time\n•Unique Artisanal Finish: The natural kiln effects and spontaneous glaze reactions ensure every piece is truly one of a kind\n•Inspired Aqua Blue Hue: The blend of rich and soft blues evokes the tranquil beauty of the ocean, enhancing the presentation of vibrant dishes\n•Complete the Look: Pairs beautifully with other items in the Terra Porcelain range for a cohesive and stylish tabletop presentation","Each",null,"15","15","6","0.00135",{"v":0.4,"d":"0.400"},"05020403148708",6,"28","16","17","0.00762","2.4",{"v":3.5,"d":"3.500"},"05020403148715",24,"36","29","37","0.03863","9.6",{"v":14,"d":"14.000"},null,768,"https://files.plytix.com/api/v1.1/file/public_files/pim/assets/8a/8d/8f/62/628f8d8abb3a1aaaf0e8f149/images/b1/14/91/67/679114b1cad52e3172812dba/TH_BB-PBL14.jpg","https://files.plytix.com/api/v1.1/file/public_files/pim/assets/8a/8d/8f/62/628f8d8abb3a1aaaf0e8f149/images/5c/f7/90/67/6790f75ca850eb23df857060/BB-PBL14.jpg|https://files.plytix.com/api/v1.1/file/public_files/pim/assets/8a/8d/8f/62/628f8d8abb3a1aaaf0e8f149/images/5e/f7/90/67/6790f75ecad52e31728124ab/BB-PBL14_A.jpg","https://files.plytix.com/api/v1.1/file/public_files/pim/assets/8a/8d/8f/62/628f8d8abb3a1aaaf0e8f149/images/5d/d1/a1/67/67a1d15d3446055658f06240/LFST0325325.jpg|https://files.plytix.com/api/v1.1/file/public_files/pim/assets/8a/8d/8f/62/628f8d8abb3a1aaaf0e8f149/images/58/d1/a1/67/67a1d1583446055658f0623f/LFST0325327.jpg|https://files.plytix.com/api/v1.1/file/public_files/pim/assets/8a/8d/8f/62/628f8d8abb3a1aaaf0e8f149/images/53/d1/a1/67/67a1d153908f6049539c8a0e/LFST0325329.jpg","https://www.nevilleuk.com/products/BB-PBL14_",null,"BB-KW14|BB-PBL11|BB-PBL17"]
["BB-PBL11","Terra Porcelain Aqua Blue Belly Bowl 11.5cm","11.5 x 5cm (Dia x H) - 30cl/10.5oz",11.62,6,"Terra Porcelain>Aqua Blue Terra Porcelain",{"$nulls":3},110,110,50,{"v":0.27,"d":"0.270"},{"v":0.27,"d":"0.270"},{"v":30,"d":"30.00"},"10.6","Porcelain","6911100090","China",-40,250,"Yes","Yes","Yes","Yes",{"$nulls":6},"\n•Durable Fully Vitrified Porcelain\n•Twice-Fired Process\n•High Temperature Firing\n•Conforms to BS4034 Vitrified Hotelware\n•Rolled Edges\n•Polished Foot\n•Unique Reactive Glaze Formula","Terra Porcelain's undefined beauty is crafted through natural effects and spontaneous reactions that occur in the kiln. A unique glaze formula, combined with high-temperature firing, ensures no two pieces look exactly alike, with variations in color intensity creating a truly distinctive appearance. The Aqua Blue Terra Porcelain collection draws inspiration from the depths of the ocean, blending rich and soft blues to evoke a tranquil, natural aesthetic. This range provides the perfect canvas for presenting delicious, vibrant dishes.\n•Durable Fully Vitrified Porcelain: High-temperature firing creates a robust and long-lasting product, ideal for professional use\n•Twice-Fired Process: Enhances strength, durability, and the unique glaze finish, ensuring each piece performs in demanding environments\n•Conforms to Industry Standards: Meets BS4034 standards for vitrified hotelware, ensuring exceptional durability and quality in demanding environments\n•Rolled Edges: Enhances durability and provides added chip resistance, making it ideal for hotel, restaurant, and foodservice applications\n•Polished Foot: Minimises damage when stacked and stored, helping to maintain the integrity of each piece over time\n•Unique Artisanal Finish: The natural kiln effects and spontaneous glaze reactions ensure every piece is truly one of a kind\n•Inspired Aqua Blue Hue: The blend of rich and soft blues evokes the tranquil beauty of the ocean, enhancing the presentation of vibrant dishes\n•Complete the Look: Pairs beautifully with other items in the Terra Porcelain range for a cohesive and stylish tabletop presentation","Each",null,"11","11","5","0.00061",{"v":0.27,"d":"0.270"},"05020403148678",6,"21","13","14","0.00382","1.62",{"v":1.75,"d":"1.750"},"05020403148685",48,"45","27","30","0.03645","12.96",{"v":14,"d":"14.000"},null,1440,"https://files.plytix.com/api/v1.1/file/public_files/pim/assets/8a/8d/8f/62/628f8d8abb3a1aaaf0e8f149/images/b1/14/91/67/679114b15102799cd8280592/TH_BB-PBL11.jpg","https://files.plytix.com/api/v1.1/file/public_files/pim/assets/8a/8d/8f/62/628f8d8abb3a1aaaf0e8f149/images/5b/f7/90/67/6790f75b26b9c8be7b879fa0/BB-PBL11.jpg","https://files.plytix.com/api/v1.1/file/public_files/pim/assets/8a/8d/8f/62/628f8d8abb3a1aaaf0e8f149/images/5d/d1/a1/67/67a1d15d3446055658f06240/LFST0325325.jpg|https://files.plytix.com/api/v1.1/file/public_files/pim/assets/8a/8d/8f/62/628f8d8abb3a1aaaf0e8f149/images/58/d1/a1/67/67a1d1583446055658f0623f/LFST0325327.jpg|https://files.plytix.com/api/v1.1/file/public_files/pim/assets/8a/8d/8f/62/628f8d8abb3a1aaaf0e8f149/images/a4/1e/7e/68/687e1ea4777134bb259390fc/LFST0925148.jpg|https://files.plytix.com/api/v1.1/file/public_files/pim/assets/8a/8d/8f/62/628f8d8abb3a1aaaf0e8f149/images/98/1e/7e/68/687e1e985ff968b9dfce99fb/LFST0925146.jpg","https://www.nevilleuk.com/products/BB-PBL11_",null,"BB-KW11|BB-PBL14"]
["TP-KBK48","GenWare Kava Black Stoneware Teapot 48cl/ 16.8oz","17.5 x 11 x 11cm (L x W x H)",29.16,6,"GenWare Stoneware>Kava Stoneware",{"$nulls":3},170,110,120,{"v":0.52,"d":"0.520"},{"v":0.52,"d":"0.520"},{"v":48,"d":"48.00"},"16.9","Stoneware","6912002310","China",-40,230,"Yes","Yes","Yes","Yes",{"$nulls":6},"\n•Durable Stoneware\n•Twice-Fired Process\n•Rolled Edges\n•Polished Foot\n•Textured Black Body\n•Unglazed Base","﻿Kava Stoneware showcases a textured black glaze complemented by an unglazed edge/base, forming a captivating contrast for culinary creations. With its sleek and modern shapes, Kava embodies style and functionality, complementing the chic atmosphere of today's dynamic bistros, cafes and eateries.\n•Durable Stoneware: Made from high-quality stoneware to withstand the rigors of a professional kitchen\n•Twice-Fired Process: Enhances strength, durability, and the unique glaze finish, ensuring each piece performs in demanding environments\n•Rolled Edges: Enhances durability and provides added chip resistance, making it ideal for hotel, restaurant, and foodservice applications\n•Polished Foot: Minimises damage when stacked and stored, helping to maintain the integrity of each piece over time\n•Textured Black Body: The textured black glaze provides a versatile backdrop that enhances the presentation of a wide range of cuisines and plating styles\n•Unglazed Base for Authentic Appeal: Adds a natural, artisanal touch creating a captivating contrast that enhances food presentation","Each",null,"17","11","12","0.00224",{"v":0.52,"d":"0.520"},"05020403149576",6,"36","17.5","24.5","0.01544","3.12",4.125,"05020403149583",24,"38","38","54","0.07798","12.48",{"v":16.5,"d":"16.500"},null,240,"https://files.plytix.com/api/v1.1/file/public_files/pim/assets/8a/8d/8f/62/628f8d8abb3a1aaaf0e8f149/images/db/14/91/67/679114db650bff6333cfd999/TH_TP-KBK48.jpg","https://files.plytix.com/api/v1.1/file/public_files/pim/assets/8a/8d/8f/62/628f8d8abb3a1aaaf0e8f149/images/fa/f8/90/67/6790f8faa850eb23df8570e5/TP-KBK48.jpg","https://files.plytix.com/api/v1.1/file/public_files/pim/assets/8a/8d/8f/62/628f8d8abb3a1aaaf0e8f149/images/14/d2/a1/67/67a1d21420b2e4642d1ce9b2/LFST0325257.jpg|https://files.plytix.com/api/v1.1/file/public_files/pim/assets/8a/8d/8f/62/628f8d8abb3a1aaaf0e8f149/images/17/d2/a1/67/67a1d2173446055658f0626b/LFST0325256.jpg","https://www.nevilleuk.com/products/TP-KBK48_",null,"TP-KDG48|TP-KW48|TP-PAG50|TP-PPL50|TP-PSF50|TP-PRS50|TP-PRC50|TP-PMG50|TP-PG50|TP-PBL50|TP-PBK50"]
["SCR-KBK16","GenWare Kava Black Stoneware Saucer 16cm","16 x 2.5cm (Dia x H)- Fits Coffee Cups CUP-KBK28 & CUP-KBK34",7.56,6,"GenWare Stoneware>Kava Stoneware",{"$nulls":3},160,160,25,{"v":0.3,"d":"0.300"},{"v":0.3,"d":"0.300"},null,null,"Stoneware","6912002310","China",-40,230,"Yes","Yes","Yes","Yes",{"$nulls":6},"\n•Durable Stoneware\n•Twice-Fired Process\n•Rolled Edges\n•Polished Foot\n•Textured Black Body\n•Unglazed Edge","﻿Kava Stoneware showcases a textured black glaze complemented by an unglazed edge/base, forming a captivating contrast for culinary creations. With its sleek and modern shapes, Kava embodies style and functionality, complementing the chic atmosphere of today's dynamic bistros, cafes and eateries.\n•Durable Stoneware: Made from high-quality stoneware to withstand the rigors of a professional kitchen\n•Twice-Fired Process: Enhances strength, durability, and the unique glaze finish, ensuring each piece performs in demanding environments\n•Rolled Edges: Enhances durability and provides added chip resistance, making it ideal for hotel, restaurant, and foodservice applications\n•Polished Foot: Minimises damage when stacked and stored, helping to maintain the integrity of each piece over time\n•Textured Black Body: The textured black glaze provides a versatile backdrop that enhances the presentation of a wide range of cuisines and plating styles\n•Unglazed Edge for Authentic Appeal: Adds a natural, artisanal touch creating a captivating contrast that enhances food presentation","Each",null,"16","16","2.5","0.00064",{"v":0.3,"d":"0.300"},"05020403149545",6,"16.5","10.5","16.5","0.00286","1.8",{"v":2.05,"d":"2.050"},"05020403149552",36,"33.5","18","36","0.02171","10.8",{"v":12.3,"d":"12.300"},null,1512,"https://files.plytix.com/api/v1.1/file/public_files/pim/assets/8a/8d/8f/62/628f8d8abb3a1aaaf0e8f149/images/d3/14/91/67/679114d3f33788d49018ed99/TH_SCR-KBK16.jpg","https://files.plytix.com/api/v1.1/file/public_files/pim/assets/8a/8d/8f/62/628f8d8abb3a1aaaf0e8f149/images/bc/f8/90/67/6790f8bc650bff6333cfd117/SCR-KBK16.jpg|https://files.plytix.com/api/v1.1/file/public_files/pim/assets/8a/8d/8f/62/628f8d8abb3a1aaaf0e8f149/images/bd/f8/90/67/6790f8bd26b9c8be7b879ff9/SCR-KBK16_A.jpg|https://files.plytix.com/api/v1.1/file/public_files/pim/assets/8a/8d/8f/62/628f8d8abb3a1aaaf0e8f149/images/be/f8/90/67/6790f8be650bff6333cfd118/SCR-KBK16_B.jpg",null,"https://www.nevilleuk.com/products/SCR-KBK16_","CUP-KBK28|CUP-KBK34","SCR-KDG16|SCR-KW16"]
["RAM-KBK11","GenWare Kava Black Stoneware Ramekin 7.5cl/ 2.5oz","7.5 x 5cm (Dia x H)",6.58,12,"GenWare Stoneware>Kava Stoneware",{"$nulls":3},75,75,40,{"v":0.1,"d":"0.100"},{"v":0.1,"d":"0.100"},{"v":7.5,"d":"7.50"},"2.6","Stoneware","6912002310","China",-40,230,"Yes","Yes","Yes","Yes",{"$nulls":6},"\n•Durable Stoneware\n•Twice-Fired Process\n•Rolled Edges\n•Polished Foot\n•Textured Black Body\n•Unglazed Base","﻿Kava Stoneware showcases a textured black glaze complemented by an unglazed edge/base, forming a captivating contrast for culinary creations. With its sleek and modern shapes, Kava embodies style and functionality, complementing the chic atmosphere of today's dynamic bistros, cafes and eateries.\n•Durable Stoneware: Made from high-quality stoneware to withstand the rigors of a professional kitchen\n•Twice-Fired Process: Enhances strength, durability, and the unique glaze finish, ensuring each piece performs in demanding environments\n•Rolled Edges: Enhances durability and provides added chip resistance, making it ideal for hotel, restaurant, and foodservice applications\n•Polished Foot: Minimises damage when stacked and stored, helping to maintain the integrity of each piece over time\n•Textured Black Body: The textured black glaze provides a versatile backdrop that enhances the presentation of a wide range of cuisines and plating styles\n•Unglazed Base for Authentic Appeal: Adds a natural, artisanal touch creating a captivating contrast that enhances food presentation","Each",null,"7.5","7.5","4","0.00023",{"v":0.1,"d":"0.100"},"05020403149514",12,"23","8","14.6","0.00269","1.2",1.375,"05020403149521",96,"34","25.5","32.5","0.02818","9.6",{"v":11.6,"d":"11.600"},null,3840,"https://files.plytix.com/api/v1.1/file/public_files/pim/assets/8a/8d/8f/62/628f8d8abb3a1aaaf0e8f149/images/ca/14/91/67/679114cacad52e3172812de8/TH_RAM-KBK11.jpg","https://files.plytix.com/api/v1.1/file/public_files/pim/assets/8a/8d/8f/62/628f8d8abb3a1aaaf0e8f149/images/3b/f8/90/67/6790f83b26b9c8be7b879fd4/RAM-KBK11.jpg",null,"https://www.nevilleuk.com/products/RAM-KBK11_",null,"RAM-KDG11|RAM-KW11|CT-RAM32|CT-RAM15G|CT-RAM15"]
["LP-KBK25","GenWare Kava Black Stoneware Presentation Plate 25cm","25 x 2.5cm (Dia x H)",16.38,6,"GenWare Stoneware>Kava Stoneware",{"$nulls":3},250,250,25,{"v":0.9,"d":"0.900"},{"v":0.9,"d":"0.900"},null,null,"Stoneware","6912002310","China",-40,230,"Yes","Yes","Yes","Yes",{"$nulls":6},"\n•Durable Stoneware\n•Twice-Fired Process\n•Rolled Edges\n•Polished Foot\n•Textured Black Body\n•Unglazed Edge\n•Stackable","﻿Kava Stoneware showcases a textured black glaze complemented by an unglazed edge/base, forming a captivating contrast for culinary creations. With its sleek and modern shapes, Kava embodies style and functionality, complementing the chic atmosphere of today's dynamic bistros, cafes and eateries.\n•Durable Stoneware: Made from high-quality stoneware to withstand the rigors of a professional kitchen\n•Twice-Fired Process: Enhances strength, durability, and the unique glaze finish, ensuring each piece performs in demanding environments\n•Rolled Edges: Enhances durability and provides added chip resistance, making it ideal for hotel, restaurant, and foodservice applications\n•Polished Foot: Minimises damage when stacked and stored, helping to maintain the integrity of each piece over time\n•Stackable:Optimises storage space, making it easy to stack securely without risking damage, perfect for busy kitchens\n•Textured Black Body: The textured black glaze provides a versatile backdrop that enhances the presentation of a wide range of cuisines and plating styles\n•Unglazed Edge for Authentic Appeal: Adds a natural, artisanal touch creating a captivating contrast that enhances food presentation","Each",null,"25","25","2.5","0.00156",{"v":0.9,"d":"0.900"},"05020403149484",6,"25.5","17.5","26","0.01160","5.4",{"v":5.75,"d":"5.750"},"05020403149491",12,"37","27","28.5","0.02847","10.8",{"v":11.5,"d":"11.500"},null,480,"https://files.plytix.com/api/v1.1/file/public_files/pim/assets/8a/8d/8f/62/628f8d8abb3a1aaaf0e8f149/images/c1/14/91/67/679114c1f33788d49018ed80/TH_LP-KBK25.jpg","https://files.plytix.com/api/v1.1/file/public_files/pim/assets/8a/8d/8f/62/628f8d8abb3a1aaaf0e8f149/images/d1/f7/90/67/6790f7d1650bff6333cfd0fe/LP-KBK25_A.jpg|https://files.plytix.com/api/v1.1/file/public_files/pim/assets/8a/8d/8f/62/628f8d8abb3a1aaaf0e8f149/images/d2/f7/90/67/6790f7d2650bff6333cfd0ff/LP-KBK25_B.jpg|https://files.plytix.com/api/v1.1/file/public_files/pim/assets/8a/8d/8f/62/628f8d8abb3a1aaaf0e8f149/images/d4/f7/90/67/6790f7d4cad52e31728124bb/LP-KBK25_C.jpg","https://files.plytix.com/api/v1.1/file/public_files/pim/assets/8a/8d/8f/62/628f8d8abb3a1aaaf0e8f149/images/be/d3/a1/67/67a1d3be908f6049539c8a88/LFST0325089.jpg|https://files.plytix.com/api/v1.1/file/public_files/pim/assets/8a/8d/8f/62/628f8d8abb3a1aaaf0e8f149/images/b3/d3/a1/67/67a1d3b3908f6049539c8a87/LFST0325093.jpg|https://files.plytix.com/api/v1.1/file/public_files/pim/assets/8a/8d/8f/62/628f8d8abb3a1aaaf0e8f149/images/8b/d3/a1/67/67a1d38b20b2e4642d1ce9e4/LFST0325103.jpg","https://www.nevilleuk.com/products/LP-KBK25_",null,"LP-KBK20|LP-KBK18|LP-KDG25|LP-KW25|LPR-KDG25|LPR-KBK25|LPR-KW25"]
["LP-KBK20","GenWare Kava Black Stoneware Presentation Plate 20cm","20 x 2.5cm (Dia x H)",14.82,6,"GenWare Stoneware>Kava Stoneware",{"$nulls":3},200,200,23,{"v":0.55,"d":"0.550"},{"v":0.55,"d":"0.550"},null,null,"Stoneware","6912002310","China",-40,230,"Yes","Yes","Yes","Yes",{"$nulls":6},"\n•Durable Stoneware\n•Twice-Fired Process\n•Rolled Edges\n•Polished Foot\n•Textured Black Body\n•Unglazed Edge\n•Stackable","﻿Kava Stoneware showcases a textured black glaze complemented by an unglazed edge/base, forming a captivating contrast for culinary creations. With its sleek and modern shapes, Kava embodies style and functionality, complementing the chic atmosphere of today's dynamic bistros, cafes and eateries.\n•Durable Stoneware: Made from high-quality stoneware to withstand the rigors of a professional kitchen\n•Twice-Fired Process: Enhances strength, durability, and the unique glaze finish, ensuring each piece performs in demanding environments\n•Rolled Edges: Enhances durability and provides added chip resistance, making it ideal for hotel, restaurant, and foodservice applications\n•Polished Foot: Minimises damage when stacked and stored, helping to maintain the integrity of each piece over time\n•Stackable:Optimises storage space, making it easy to stack securely without risking damage, perfect for busy kitchens\n•Textured Black Body: The textured black glaze provides a versatile backdrop that enhances the presentation of a wide range of cuisines and plating styles\n•Unglazed Edge for Authentic Appeal: Adds a natural, artisanal touch creating a captivating contrast that enhances food presentation","Each",null,"20","20","2.3","0.00092",{"v":0.55,"d":"0.550"},"05020403149453",6,"20.5","14.5","21","0.00624","3.3",{"v":3.5,"d":"3.500"},"05020403149460",24,"43","30","23.5","0.03032","13.2",{"v":14,"d":"14.000"},null,864,"https://files.plytix.com/api/v1.1/file/public_files/pim/assets/8a/8d/8f/62/628f8d8abb3a1aaaf0e8f149/images/c0/14/91/67/679114c0650bff6333cfd977/TH_LP-KBK20.jpg","https://files.plytix.com/api/v1.1/file/public_files/pim/assets/8a/8d/8f/62/628f8d8abb3a1aaaf0e8f149/images/cd/f7/90/67/6790f7cdf33788d49018e65c/LP-KBK20_A.jpg|https://files.plytix.com/api/v1.1/file/public_files/pim/assets/8a/8d/8f/62/628f8d8abb3a1aaaf0e8f149/images/ce/f7/90/67/6790f7cef33788d49018e65e/LP-KBK20_B.jpg|https://files.plytix.com/api/v1.1/file/public_files/pim/assets/8a/8d/8f/62/628f8d8abb3a1aaaf0e8f149/images/cf/f7/90/67/6790f7cfa850eb23df85706f/LP-KBK20_C.jpg|https://files.plytix.com/api/v1.1/file/public_files/pim/assets/8a/8d/8f/62/628f8d8abb3a1aaaf0e8f149/images/2b/04/91/67/6791042bf33788d49018e9cc/LP-KBK20.jpg","https://files.plytix.com/api/v1.1/file/public_files/pim/assets/8a/8d/8f/62/628f8d8abb3a1aaaf0e8f149/images/ae/d3/a1/67/67a1d3ae783f894c4a8d4dab/LFST0325095.jpg|https://files.plytix.com/api/v1.1/file/public_files/pim/assets/8a/8d/8f/62/628f8d8abb3a1aaaf0e8f149/images/a1/d3/a1/67/67a1d3a1678af07d2988c402/LFST0325099.jpg","https://www.nevilleuk.com/products/LP-KBK20_",null,"LP-KDG20|LP-KW20|LPR-KDG20|LPR-KBK20|LPR-KW20|LP-KBK25|LP-KBK18"]
["LP-KBK18","GenWare Kava Black Stoneware Presentation Plate 18cm","18 x 2.3cm (Dia x H)",{"v":11.3,"d":"11.30"},6,"GenWare Stoneware>Kava Stoneware",{"$nulls":3},180,180,22,{"v":0.4,"d":"0.400"},{"v":0.4,"d":"0.400"},null,null,"Stoneware","6912002310","China",-40,230,"Yes","Yes","Yes","Yes",{"$nulls":6},"\n•Durable Stoneware\n•Twice-Fired Process\n•Rolled Edges\n•Polished Foot\n•Textured Black Body\n•Unglazed Edge\n•Stackable","﻿Kava Stoneware showcases a textured black glaze complemented by an unglazed edge/base, forming a captivating contrast for culinary creations. With its sleek and modern shapes, Kava embodies style and functionality, complementing the chic atmosphere of today's dynamic bistros, cafes and eateries.\n•Durable Stoneware: Made from high-quality stoneware to withstand the rigors of a professional kitchen\n•Twice-Fired Process: Enhances strength, durability, and the unique glaze finish, ensuring each piece performs in demanding environments\n•Rolled Edges: Enhances durability and provides added chip resistance, making it ideal for hotel, restaurant, and foodservice applications\n•Polished Foot: Minimises damage when stacked and stored, helping to maintain the integrity of each piece over time\n•Stackable:Optimises storage space, making it easy to stack securely without risking damage, perfect for busy kitchens\n•Textured Black Body: The textured black glaze provides a versatile backdrop that enhances the presentation of a wide range of cuisines and plating styles\n•Unglazed Edge for Authentic Appeal: Adds a natural, artisanal touch creating a captivating contrast that enhances food presentation","Each",null,"18","18","2.2","0.00071",{"v":0.4,"d":"0.400"},"05020403149422",6,"18.5","15.5","19","0.00545","2.4",{"v":2.75,"d":"2.750"},"05020403149439",24,"33","20","40","0.02640","9.6",{"v":11,"d":"11.000"},null,1008,"https://files.plytix.com/api/v1.1/file/public_files/pim/assets/8a/8d/8f/62/628f8d8abb3a1aaaf0e8f149/images/c0/14/91/67/679114c026b9c8be7b87a6f4/TH_LP-KBK18.jpg","https://files.plytix.com/api/v1.1/file/public_files/pim/assets/8a/8d/8f/62/628f8d8abb3a1aaaf0e8f149/images/c8/f7/90/67/6790f7c85102799cd827fd9e/LP-KBK18_A.jpg|https://files.plytix.com/api/v1.1/file/public_files/pim/assets/8a/8d/8f/62/628f8d8abb3a1aaaf0e8f149/images/ca/f7/90/67/6790f7caf33788d49018e65b/LP-KBK18_B.jpg|https://files.plytix.com/api/v1.1/file/public_files/pim/assets/8a/8d/8f/62/628f8d8abb3a1aaaf0e8f149/images/cb/f7/90/67/6790f7cb650bff6333cfd0f6/LP-KBK18_C.jpg|https://files.plytix.com/api/v1.1/file/public_files/pim/assets/8a/8d/8f/62/628f8d8abb3a1aaaf0e8f149/images/2b/04/91/67/6791042b650bff6333cfd4c6/LP-KBK18.jpg",null,"https://www.nevilleuk.com/products/LP-KBK18_","PRS2-18|PRS3-18","LP-KBK25|LP-KBK20|LP-KW18|LPR-KDG18|LPR-KBK18|LPR-KW18|LP-KDG18"]
["SJ-PBL10","Terra Porcelain Aqua Blue Straight Sided Jug 10cl/ 3.5oz","6.2 x 5.1 x 8.3cm (L x W x H)",10.48,6,"Terra Porcelain>Aqua Blue Terra Porcelain",{"$nulls":3},62,50,83,{"v":0.14,"d":"0.140"},{"v":0.14,"d":"0.140"},{"v":10,"d":"10.00"},"3.5","Porcelain","6911100090","China",-40,250,"Yes","Yes","Yes","Yes",{"$nulls":6},"\n•Durable Fully Vitrified Porcelain\n•Twice-Fired Process\n•High Temperature Firing\n•Conforms to BS4034 Vitrified Hotelware\n•Rolled Edges\n•Polished Foot\n•Unique Reactive Glaze Formula","Terra Porcelain's undefined beauty is crafted through natural effects and spontaneous reactions that occur in the kiln. A unique glaze formula, combined with high-temperature firing, ensures no two pieces look exactly alike, with variations in color intensity creating a truly distinctive appearance. The Aqua Blue Terra Porcelain collection draws inspiration from the depths of the ocean, blending rich and soft blues to evoke a tranquil, natural aesthetic. This range provides the perfect canvas for presenting delicious, vibrant dishes.\n•Durable Fully Vitrified Porcelain: High-temperature firing creates a robust and long-lasting product, ideal for professional use\n•Twice-Fired Process: Enhances strength, durability, and the unique glaze finish, ensuring each piece performs in demanding environments\n•Conforms to Industry Standards: Meets BS4034 standards for vitrified hotelware, ensuring exceptional durability and quality in demanding environments\n•Rolled Edges: Enhances durability and provides added chip resistance, making it ideal for hotel, restaurant, and foodservice applications\n•Polished Foot: Minimises damage when stacked and stored, helping to maintain the integrity of each piece over time\n•Unique Artisanal Finish: The natural kiln effects and spontaneous glaze reactions ensure every piece is truly one of a kind\n•Inspired Aqua Blue Hue: The blend of rich and soft blues evokes the tranquil beauty of the ocean, enhancing the presentation of vibrant dishes\n•Complete the Look: Pairs beautifully with other items in the Terra Porcelain range for a cohesive and stylish tabletop presentation","Each",null,"6.2","5","8.3","0.00026",{"v":0.14,"d":"0.140"},"05020403149033",6,"18","12","10","0.00216","0.84",1.167,"05020403149040",72,"38","37","23","0.03234","10.08",{"v":14,"d":"14.000"},null,2592,"https://files.plytix.com/api/v1.1/file/public_files/pim/assets/8a/8d/8f/62/628f8d8abb3a1aaaf0e8f149/images/d4/14/91/67/679114d4f33788d49018ed9b/TH_SJ-PBL10.jpg","https://files.plytix.com/api/v1.1/file/public_files/pim/assets/8a/8d/8f/62/628f8d8abb3a1aaaf0e8f149/images/c3/f8/90/67/6790f8c3cad52e31728124ea/SJ-PBL10.jpg|https://files.plytix.com/api/v1.1/file/public_files/pim/assets/8a/8d/8f/62/628f8d8abb3a1aaaf0e8f149/images/c4/f8/90/67/6790f8c426b9c8be7b879ffb/SJ-PBL10_A.jpg","https://files.plytix.com/api/v1.1/file/public_files/pim/assets/8a/8d/8f/62/628f8d8abb3a1aaaf0e8f149/images/1b/d2/a1/67/67a1d21b908f6049539c8a24/LFST0325251.jpg","https://www.nevilleuk.com/products/SJ-PBL10_",null,"SJ-PBL18|SJ-PBL5|CT-SJ10"]
["SJ-PBL5","Terra Porcelain Aqua Blue Straight Sided Jug 5cl/ 1.75oz","5.3 x 4.4 x 5.5cm (L x W x H)",7.54,12,"Terra Porcelain>Aqua Blue Terra Porcelain",{"$nulls":3},55,45,56,{"v":0.07,"d":"0.070"},{"v":0.07,"d":"0.070"},{"v":5,"d":"5.00"},"1.8","Porcelain","6911100090","China",-40,250,"Yes","Yes","Yes","Yes",{"$nulls":6},"\n•Durable Fully Vitrified Porcelain\n•Twice-Fired Process\n•High Temperature Firing\n•Conforms to BS4034 Vitrified Hotelware\n•Rolled Edges\n•Polished Foot\n•Unique Reactive Glaze Formula","Terra Porcelain's undefined beauty is crafted through natural effects and spontaneous reactions that occur in the kiln. A unique glaze formula, combined with high-temperature firing, ensures no two pieces look exactly alike, with variations in color intensity creating a truly distinctive appearance. The Aqua Blue Terra Porcelain collection draws inspiration from the depths of the ocean, blending rich and soft blues to evoke a tranquil, natural aesthetic. This range provides the perfect canvas for presenting delicious, vibrant dishes.\n•Durable Fully Vitrified Porcelain: High-temperature firing creates a robust and long-lasting product, ideal for professional use\n•Twice-Fired Process: Enhances strength, durability, and the unique glaze finish, ensuring each piece performs in demanding environments\n•Conforms to Industry Standards: Meets BS4034 standards for vitrified hotelware, ensuring exceptional durability and quality in demanding environments\n•Rolled Edges: Enhances durability and provides added chip resistance, making it ideal for hotel, restaurant, and foodservice applications\n•Polished Foot: Minimises damage when stacked and stored, helping to maintain the integrity of each piece over time\n•Unique Artisanal Finish: The natural kiln effects and spontaneous glaze reactions ensure every piece is truly one of a kind\n•Inspired Aqua Blue Hue: The blend of rich and soft blues evokes the tranquil beauty of the ocean, enhancing the presentation of vibrant dishes\n•Complete the Look: Pairs beautifully with other items in the Terra Porcelain range for a cohesive and stylish tabletop presentation","Each",null,"5.5","4.5","5.6","0.00014",{"v":0.07,"d":"0.070"},"05020403149095",12,"16","10","14","0.00224","0.84",{"v":1.5,"d":"1.500"},"05020403149101",72,"34","33","15","0.01683","5.04",{"v":9,"d":"9.000"},null,3456,"https://files.plytix.com/api/v1.1/file/public_files/pim/assets/8a/8d/8f/62/628f8d8abb3a1aaaf0e8f149/images/d4/14/91/67/679114d4650bff6333cfd990/TH_SJ-PBL5.jpg","https://files.plytix.com/api/v1.1/file/public_files/pim/assets/8a/8d/8f/62/628f8d8abb3a1aaaf0e8f149/images/c0/f8/90/67/6790f8c0a850eb23df8570c5/SJ-PBL5.jpg|https://files.plytix.com/api/v1.1/file/public_files/pim/assets/8a/8d/8f/62/628f8d8abb3a1aaaf0e8f149/images/c2/f8/90/67/6790f8c2a850eb23df8570c6/SJ-PBL5_A.jpg","https://files.plytix.com/api/v1.1/file/public_files/pim/assets/8a/8d/8f/62/628f8d8abb3a1aaaf0e8f149/images/1b/d2/a1/67/67a1d21b908f6049539c8a24/LFST0325251.jpg","https://www.nevilleuk.com/products/SJ-PBL5_",null,"SJ-PBL10|CT-SJ5"]
["JUG-PBKF10","Terra Porcelain Black Fluted Jug 10cl/3.5oz","6.2 x 5 x 8.3cm (L x W x H)",11.52,6,"Terra Porcelain>Cinder Black Terra Porcelain",{"$nulls":3},62,50,83,{"v":0.14,"d":"0.140"},{"v":0.14,"d":"0.140"},{"v":10,"d":"10.00"},"3.5","Porcelain","6911100090","China",-40,250,"Yes","Yes","Yes","Yes",{"$nulls":6},"\n•Durable Fully Vitrified Porcelain\n•Twice-Fired Process\n•High Temperature Firing\n•Conforms to BS4034 Vitrified Hotelware\n•Rolled Edges\n•Polished Foot\n•Unique Reactive Glaze Formula","Terra Porcelain's undefined beauty is crafted through natural effects and spontaneous reactions that occur in the kiln. A unique glaze formula, combined with high-temperature firing, ensures no two pieces look exactly alike, with variations in color intensity creating a truly distinctive appearance. The Cinder Black Terra Porcelain collection draws inspiration from the elegance of raw landscapes, featuring deep charcoal and subtle earthy tones that create a bold yet sophisticated aesthetic. The striking Black Fluted range redefines elegance with its beautifully crafted fluted sides, adding a distinctive texture and timeless sophistication to each piece. This range provides the perfect canvas for presenting delicious, vibrant dishes.\n•Durable Fully Vitrified Porcelain: High-temperature firing creates a robust and long-lasting product, ideal for professional use\n•Twice-Fired Process: Enhances strength, durability, and the unique glaze finish, ensuring each piece performs in demanding environments\n•Conforms to Industry Standards: Meets BS4034 standards for vitrified hotelware, ensuring exceptional durability and quality in demanding environments\n•Elegant Fluted Design: Features beautifully crafted fluted sides that add a distinctive texture and timeless sophistication, enhancing both visual appeal and tactile experience\n•Rolled Edges: Enhances durability and provides added chip resistance, making it ideal for hotel, restaurant, and foodservice applications\n•Polished Foot: Minimises damage when stacked and stored, helping to maintain the integrity of each piece over time\n•Unique Artisanal Finish: The natural kiln effects and spontaneous glaze reactions ensure every piece is truly one of a kind\n•Inspired Cinder Black Hue: The deep charcoal and earthy undertones evoke the beauty of raw landscapes\n•Complete the Look: Pairs beautifully with other items in the Terra Porcelain range for a cohesive and stylish tabletop presentation","Each",null,"6.2","5","8.3","0.00026",{"v":0.14,"d":"0.140"},"05020403148852",6,"18","12","10","0.00216","0.84",1.167,"05020403148869",72,"38","37","23","0.03234","10.08",{"v":14,"d":"14.000"},null,2160,"https://files.plytix.com/api/v1.1/file/public_files/pim/assets/8a/8d/8f/62/628f8d8abb3a1aaaf0e8f149/images/bf/14/91/67/679114bf26b9c8be7b87a6ef/TH_JUG-PBKF10.jpg","https://files.plytix.com/api/v1.1/file/public_files/pim/assets/8a/8d/8f/62/628f8d8abb3a1aaaf0e8f149/images/b3/f7/90/67/6790f7b35102799cd827fd99/JUG-PBKF10.jpg|https://files.plytix.com/api/v1.1/file/public_files/pim/assets/8a/8d/8f/62/628f8d8abb3a1aaaf0e8f149/images/b4/f7/90/67/6790f7b4f33788d49018e650/JUG-PBKF10_A.jpg","https://files.plytix.com/api/v1.1/file/public_files/pim/assets/8a/8d/8f/62/628f8d8abb3a1aaaf0e8f149/images/70/d2/a1/67/67a1d270908f6049539c8a40/LFST0325219.jpg","https://www.nevilleuk.com/products/JUG-PBKF10_",null,"JUG-PBK9"]
["MUG-PBKF32","Terra Porcelain Black Fluted Mug 32cl/11.25oz","10.5 x 7.7 x 8.7cm (L x W x H)",11.62,6,"Terra Porcelain>Cinder Black Terra Porcelain",{"$nulls":3},105,77,87,{"v":0.29,"d":"0.290"},{"v":0.29,"d":"0.290"},{"v":32,"d":"32.00"},"11.3","Porcelain","6911100090","China",-40,250,"Yes","Yes","Yes","Yes",{"$nulls":6},"\n•Durable Fully Vitrified Porcelain\n•Twice-Fired Process\n•High Temperature Firing\n•Conforms to BS4034 Vitrified Hotelware\n•Rolled Edges\n•Polished Foot\n•Unique Reactive Glaze Formula","Terra Porcelain's undefined beauty is crafted through natural effects and spontaneous reactions that occur in the kiln. A unique glaze formula, combined with high-temperature firing, ensures no two pieces look exactly alike, with variations in color intensity creating a truly distinctive appearance. The Cinder Black Terra Porcelain collection draws inspiration from the elegance of raw landscapes, featuring deep charcoal and subtle earthy tones that create a bold yet sophisticated aesthetic. The striking Black Fluted range redefines elegance with its beautifully crafted fluted sides, adding a distinctive texture and timeless sophistication to each piece. This range provides the perfect canvas for presenting delicious, vibrant dishes.\n•Durable Fully Vitrified Porcelain: High-temperature firing creates a robust and long-lasting product, ideal for professional use\n•Twice-Fired Process: Enhances strength, durability, and the unique glaze finish, ensuring each piece performs in demanding environments\n•Conforms to Industry Standards: Meets BS4034 standards for vitrified hotelware, ensuring exceptional durability and quality in demanding environments\n•Elegant Fluted Design: Features beautifully crafted fluted sides that add a distinctive texture and timeless sophistication, enhancing both visual appeal and tactile experience\n•Rolled Edges: Enhances durability and provides added chip resistance, making it ideal for hotel, restaurant, and foodservice applications\n•Polished Foot: Minimises damage when stacked and stored, helping to maintain the integrity of each piece over time\n•Unique Artisanal Finish: The natural kiln effects and spontaneous glaze reactions ensure every piece is truly one of a kind\n•Inspired Cinder Black Hue: The deep charcoal and earthy undertones evoke the beauty of raw landscapes\n•Complete the Look: Pairs beautifully with other items in the Terra Porcelain range for a cohesive and stylish tabletop presentation","Each",null,"10.5","7.7","8.7","0.00070",{"v":0.29,"d":"0.290"},"05020403148883",6,"28","18","11","0.00554","1.74",2.125,"05020403148890",48,"56","38","24","0.05107","13.92",{"v":17,"d":"17.000"},null,1152,"https://files.plytix.com/api/v1.1/file/public_files/pim/assets/8a/8d/8f/62/628f8d8abb3a1aaaf0e8f149/images/c7/14/91/67/679114c7f33788d49018ed87/TH_MUG-PBKF32.jpg","https://files.plytix.com/api/v1.1/file/public_files/pim/assets/8a/8d/8f/62/628f8d8abb3a1aaaf0e8f149/images/09/f8/90/67/6790f809f33788d49018e685/MUG-PBKF32.jpg","https://files.plytix.com/api/v1.1/file/public_files/pim/assets/8a/8d/8f/62/628f8d8abb3a1aaaf0e8f149/images/52/d2/a1/67/67a1d252783f894c4a8d4d60/LFST0325230.jpg","https://www.nevilleuk.com/products/MUG-PBKF32_",null,"MUG-PBK32"]
["RAM-PBKF2","Terra Porcelain Black Fluted Ramekin 7cl/2.5oz","6.8 x 4.1cm (Dia x H)",{"v":8.3,"d":"8.30"},12,"Terra Porcelain>Cinder Black Terra Porcelain",{"$nulls":3},68,68,41,{"v":0.13,"d":"0.130"},{"v":0.13,"d":"0.130"},{"v":7,"d":"7.00"},"2.5","Porcelain","6911100090","China",-40,250,"Yes","Yes","Yes","Yes",{"$nulls":6},"\n•Durable Fully Vitrified Porcelain\n•Twice-Fired Process\n•High Temperature Firing\n•Conforms to BS4034 Vitrified Hotelware\n•Rolled Edges\n•Polished Foot\n•Unique Reactive Glaze Formula","Terra Porcelain's undefined beauty is crafted through natural effects and spontaneous reactions that occur in the kiln. A unique glaze formula, combined with high-temperature firing, ensures no two pieces look exactly alike, with variations in color intensity creating a truly distinctive appearance. The Cinder Black Terra Porcelain collection draws inspiration from the elegance of raw landscapes, featuring deep charcoal and subtle earthy tones that create a bold yet sophisticated aesthetic. The striking Black Fluted range redefines elegance with its beautifully crafted fluted sides, adding a distinctive texture and timeless sophistication to each piece. This range provides the perfect canvas for presenting delicious, vibrant dishes.\n•Durable Fully Vitrified Porcelain: High-temperature firing creates a robust and long-lasting product, ideal for professional use\n•Twice-Fired Process: Enhances strength, durability, and the unique glaze finish, ensuring each piece performs in demanding environments\n•Conforms to Industry Standards: Meets BS4034 standards for vitrified hotelware, ensuring exceptional durability and quality in demanding environments\n•Elegant Fluted Design: Features beautifully crafted fluted sides that add a distinctive texture and timeless sophistication, enhancing both visual appeal and tactile experience\n•Rolled Edges: Enhances durability and provides added chip resistance, making it ideal for hotel, restaurant, and foodservice applications\n•Polished Foot: Minimises damage when stacked and stored, helping to maintain the integrity of each piece over time\n•Stackable: Optimises storage space, making it easy to stack securely without risking damage, perfect for busy kitchens\n•Unique Artisanal Finish: The natural kiln effects and spontaneous glaze reactions ensure every piece is truly one of a kind\n•Inspired Cinder Black Hue: The deep charcoal and earthy undertones evoke the beauty of raw landscapes\n•Complete the Look: Pairs beautifully with other items in the Terra Porcelain range for a cohesive and stylish tabletop presentation","Each",null,"6.8","6.8","4.1","0.00019",{"v":0.13,"d":"0.130"},"05020403149002",12,"25","15","9","0.00338","1.56",1.625,"05020403149019",96,"45","20","32","0.02880","12.48",{"v":13,"d":"13.000"},null,2304,"https://files.plytix.com/api/v1.1/file/public_files/pim/assets/8a/8d/8f/62/628f8d8abb3a1aaaf0e8f149/images/cb/14/91/67/679114cbcad52e3172812de9/TH_RAM-PBKF2.jpg","https://files.plytix.com/api/v1.1/file/public_files/pim/assets/8a/8d/8f/62/628f8d8abb3a1aaaf0e8f149/images/3d/f8/90/67/6790f83d26b9c8be7b879fd5/RAM-PBKF2.jpg","https://files.plytix.com/api/v1.1/file/public_files/pim/assets/8a/8d/8f/62/628f8d8abb3a1aaaf0e8f149/images/7c/d2/a1/67/67a1d27c8c28d3ee51cd551e/LFST0325215.jpg","https://www.nevilleuk.com/products/RAM-PBKF2_",null,"RAM-PBK2"]
["CN-PBKF13","Terra Porcelain Black Fluted Conical Bowl 13cm","12.8 x 7.3cm (Dia x H) - 44cl/15.5oz",13.66,6,"Terra Porcelain>Cinder Black Terra Porcelain",{"$nulls":3},128,128,73,{"v":0.33,"d":"0.330"},{"v":0.33,"d":"0.330"},{"v":44,"d":"44.00"},"15.5","Porcelain","6911100090","China",-40,250,"Yes","Yes","Yes","Yes",{"$nulls":6},"\n•Durable Fully Vitrified Porcelain\n•Twice-Fired Process\n•High Temperature Firing\n•Conforms to BS4034 Vitrified Hotelware\n•Rolled Edges\n•Polished Foot\n•Unique Reactive Glaze Formula","Terra Porcelain's undefined beauty is crafted through natural effects and spontaneous reactions that occur in the kiln. A unique glaze formula, combined with high-temperature firing, ensures no two pieces look exactly alike, with variations in color intensity creating a truly distinctive appearance. The Cinder Black Terra Porcelain collection draws inspiration from the elegance of raw landscapes, featuring deep charcoal and subtle earthy tones that create a bold yet sophisticated aesthetic. The striking Black Fluted range redefines elegance with its beautifully crafted fluted sides, adding a distinctive texture and timeless sophistication to each piece. This range provides the perfect canvas for presenting delicious, vibrant dishes.\n•Durable Fully Vitrified Porcelain: High-temperature firing creates a robust and long-lasting product, ideal for professional use\n•Twice-Fired Process: Enhances strength, durability, and the unique glaze finish, ensuring each piece performs in demanding environments\n•Conforms to Industry Standards: Meets BS4034 standards for vitrified hotelware, ensuring exceptional durability and quality in demanding environments\n•Elegant Fluted Design: Features beautifully crafted fluted sides that add a distinctive texture and timeless sophistication, enhancing both visual appeal and tactile experience\n•Rolled Edges: Enhances durability and provides added chip resistance, making it ideal for hotel, restaurant, and foodservice applications\n•Polished Foot: Minimises damage when stacked and stored, helping to maintain the integrity of each piece over time\n•Unique Artisanal Finish: The natural kiln effects and spontaneous glaze reactions ensure every piece is truly one of a kind\n•Inspired Cinder Black Hue: The deep charcoal and earthy undertones evoke the beauty of raw landscapes\n•Complete the Look: Pairs beautifully with other items in the Terra Porcelain range for a cohesive and stylish tabletop presentation","Each",null,"12.8","12.8","7.3","0.00120",{"v":0.33,"d":"0.330"},"05020403148821",6,"19","14","15","0.00399","1.98",2.167,"05020403148838",36,"45","20","32","0.02880","11.88",{"v":13,"d":"13.000"},null,576,"https://files.plytix.com/api/v1.1/file/public_files/pim/assets/8a/8d/8f/62/628f8d8abb3a1aaaf0e8f149/images/b4/14/91/67/679114b426b9c8be7b87a6d7/TH_CN-PBKF13.jpg","https://files.plytix.com/api/v1.1/file/public_files/pim/assets/8a/8d/8f/62/628f8d8abb3a1aaaf0e8f149/images/80/f7/90/67/6790f78026b9c8be7b879fa8/CN-PBKF13.jpg","https://files.plytix.com/api/v1.1/file/public_files/pim/assets/8a/8d/8f/62/628f8d8abb3a1aaaf0e8f149/images/6b/d2/a1/67/67a1d26b20b2e4642d1ce9be/LFST0325221.jpg","https://www.nevilleuk.com/products/CN-PBKF13_",null,"CN-PBKF11|CN-PBK14"]
["CN-PBKF11","Terra Porcelain Black Fluted Conical Bowl 11.5cm","11.3 x 6cm (Dia x H) - 28cl/9.9oz",11.62,6,"Terra Porcelain>Cinder Black Terra Porcelain",{"$nulls":3},113,113,60,{"v":0.21,"d":"0.210"},{"v":0.21,"d":"0.210"},{"v":28,"d":"28.00"},"9.9","Porcelain","6911100090","China",-40,250,"Yes","Yes","Yes","Yes",{"$nulls":6},"\n•Durable Fully Vitrified Porcelain\n•Twice-Fired Process\n•High Temperature Firing\n•Conforms to BS4034 Vitrified Hotelware\n•Rolled Edges\n•Polished Foot\n•Unique Reactive Glaze Formula","Terra Porcelain's undefined beauty is crafted through natural effects and spontaneous reactions that occur in the kiln. A unique glaze formula, combined with high-temperature firing, ensures no two pieces look exactly alike, with variations in color intensity creating a truly distinctive appearance. The Cinder Black Terra Porcelain collection draws inspiration from the elegance of raw landscapes, featuring deep charcoal and subtle earthy tones that create a bold yet sophisticated aesthetic. The striking Black Fluted range redefines elegance with its beautifully crafted fluted sides, adding a distinctive texture and timeless sophistication to each piece. This range provides the perfect canvas for presenting delicious, vibrant dishes.\n•Durable Fully Vitrified Porcelain: High-temperature firing creates a robust and long-lasting product, ideal for professional use\n•Twice-Fired Process: Enhances strength, durability, and the unique glaze finish, ensuring each piece performs in demanding environments\n•Conforms to Industry Standards: Meets BS4034 standards for vitrified hotelware, ensuring exceptional durability and quality in demanding environments\n•Elegant Fluted Design: Features beautifully crafted fluted sides that add a distinctive texture and timeless sophistication, enhancing both visual appeal and tactile experience\n•Rolled Edges: Enhances durability and provides added chip resistance, making it ideal for hotel, restaurant, and foodservice applications\n•Polished Foot: Minimises damage when stacked and stored, helping to maintain the integrity of each piece over time\n•Unique Artisanal Finish: The natural kiln effects and spontaneous glaze reactions ensure every piece is truly one of a kind\n•Inspired Cinder Black Hue: The deep charcoal and earthy undertones evoke the beauty of raw landscapes\n•Complete the Look: Pairs beautifully with other items in the Terra Porcelain range for a cohesive and stylish tabletop presentation","Each",null,"11.3","11.3","6","0.00077",{"v":0.21,"d":"0.210"},"05020403148791",6,"16","13","13","0.00270","1.26",{"v":1.5,"d":"1.500"},"05020403148807",48,"33","27","29","0.02584","10.08",{"v":12,"d":"12.000"},null,960,"https://files.plytix.com/api/v1.1/file/public_files/pim/assets/8a/8d/8f/62/628f8d8abb3a1aaaf0e8f149/images/b4/14/91/67/679114b4cad52e3172812dc1/TH_CN-PBKF11.jpg","https://files.plytix.com/api/v1.1/file/public_files/pim/assets/8a/8d/8f/62/628f8d8abb3a1aaaf0e8f149/images/7f/f7/90/67/6790f77ff33788d49018e645/CN-PBKF11.jpg",null,"https://www.nevilleuk.com/products/CN-PBKF11_",null,"CN-PBKF13|CN-PBK14"]
["JUG-KBK9","GenWare Kava Black Stoneware Jug 9cl/ 3.2oz","5.1 x 6.3cm (Dia x H)",{"v":9.1,"d":"9.10"},12,"GenWare Stoneware>Kava Stoneware",{"$nulls":3},51,51,63,{"v":0.1,"d":"0.100"},{"v":0.1,"d":"0.100"},{"v":9,"d":"9.00"},"3.2","Stoneware","6912002310","China",-40,230,"Yes","Yes","Yes","Yes",{"$nulls":6},"\n•Durable Stoneware\n•Twice-Fired Process\n•Rolled Edges\n•Polished Foot\n•Textured Black Body\n•Unglazed Base","﻿Kava Stoneware showcases a textured black glaze complemented by an unglazed edge/base, forming a captivating contrast for culinary creations. With its sleek and modern shapes, Kava embodies style and functionality, complementing the chic atmosphere of today's dynamic bistros, cafes and eateries.\n•Durable Stoneware: Made from high-quality stoneware to withstand the rigors of a professional kitchen\n•Twice-Fired Process: Enhances strength, durability, and the unique glaze finish, ensuring each piece performs in demanding environments\n•Rolled Edges: Enhances durability and provides added chip resistance, making it ideal for hotel, restaurant, and foodservice applications\n•Polished Foot: Minimises damage when stacked and stored, helping to maintain the integrity of each piece over time\n•Textured Black Body: The textured black glaze provides a versatile backdrop that enhances the presentation of a wide range of cuisines and plating styles\n•Unglazed Base for Authentic Appeal: Adds a natural, artisanal touch creating a captivating contrast that enhances food presentation","Each",null,"5.1","5.1","6.3","0.00016",{"v":0.1,"d":"0.100"},"05020403149392",12,"18","11.5","14","0.00290","1.2",1.475,"05020403149408",96,"38","25","30.5","0.02898","9.6",{"v":11.8,"d":"11.800"},null,4320,"https://files.plytix.com/api/v1.1/file/public_files/pim/assets/8a/8d/8f/62/628f8d8abb3a1aaaf0e8f149/images/be/14/91/67/679114bef33788d49018ed7e/TH_JUG-KBK9.jpg","https://files.plytix.com/api/v1.1/file/public_files/pim/assets/8a/8d/8f/62/628f8d8abb3a1aaaf0e8f149/images/b1/f7/90/67/6790f7b126b9c8be7b879fb8/JUG-KBK9.jpg",null,"https://www.nevilleuk.com/products/JUG-KBK9_",null,"JUG-KDG9|JUG-KW9|CT-SJ9G|CT-SJ9"]
["CUP-KBK34","GenWare Kava Black Stoneware Coffee Cup 34cl/ 12oz","12.7 x 9.5 x 8.5cm (L x W x H) - Fits Saucer SCR-KB16",10.46,6,"GenWare Stoneware>Kava Stoneware",{"$nulls":3},127,95,85,{"v":0.32,"d":"0.320"},{"v":0.32,"d":"0.320"},{"v":34,"d":"34.00"},"12","Stoneware","6912002310","China",-40,230,"Yes","Yes","Yes","Yes",{"$nulls":6},"\n•Durable Stoneware\n•Twice-Fired Process\n•Rolled Edges\n•Polished Foot\n•Textured Black Body\n•Unglazed Base","﻿Kava Stoneware showcases a textured black glaze complemented by an unglazed edge/base, forming a captivating contrast for culinary creations. With its sleek and modern shapes, Kava embodies style and functionality, complementing the chic atmosphere of today's dynamic bistros, cafes and eateries.\n•Durable Stoneware: Made from high-quality stoneware to withstand the rigors of a professional kitchen\n•Twice-Fired Process: Enhances strength, durability, and the unique glaze finish, ensuring each piece performs in demanding environments\n•Rolled Edges: Enhances durability and provides added chip resistance, making it ideal for hotel, restaurant, and foodservice applications\n•Polished Foot: Minimises damage when stacked and stored, helping to maintain the integrity of each piece over time\n•Textured Black Body: The textured black glaze provides a versatile backdrop that enhances the presentation of a wide range of cuisines and plating styles\n•Unglazed Base for Authentic Appeal: Adds a natural, artisanal touch creating a captivating contrast that enhances food presentation","Each",null,"12.7","9.5","8.5","0.00103",{"v":0.32,"d":"0.320"},"05020403149361",6,"30.5","19.5","9.5","0.00565","1.92",2.083,"05020403149378",36,"41","32","31","0.04067","11.52",{"v":12.5,"d":"12.500"},null,1080,"https://files.plytix.com/api/v1.1/file/public_files/pim/assets/8a/8d/8f/62/628f8d8abb3a1aaaf0e8f149/images/be/14/91/67/679114be26b9c8be7b87a6ec/TH_CUP-KBK34.jpg","https://files.plytix.com/api/v1.1/file/public_files/pim/assets/8a/8d/8f/62/628f8d8abb3a1aaaf0e8f149/images/a6/f7/90/67/6790f7a6650bff6333cfd0eb/CUP-KBK34.jpg|https://files.plytix.com/api/v1.1/file/public_files/pim/assets/8a/8d/8f/62/628f8d8abb3a1aaaf0e8f149/images/a8/f7/90/67/6790f7a85102799cd827fd95/CUP-KBK34_A.jpg",null,"https://www.nevilleuk.com/products/CUP-KBK34_","SCR-KBK16","CUP-KBK28|CUP-KDG34"]
["CUP-KBK28","GenWare Kava Black Stoneware Coffee Cup 28.5cl/ 10oz","12.5 x 9 x 7.4cm (L x W x H) - Fits Saucer SCR-KB16",{"v":9.1,"d":"9.10"},6,"GenWare Stoneware>Kava Stoneware",{"$nulls":3},125,90,74,{"v":0.3,"d":"0.300"},{"v":0.3,"d":"0.300"},{"v":28.5,"d":"28.50"},"10","Stoneware","6912002310","China",-40,230,"Yes","Yes","Yes","Yes",{"$nulls":6},"\n•Durable Stoneware\n•Twice-Fired Process\n•Rolled Edges\n•Polished Foot\n•Textured Black Body\n•Unglazed Base","﻿Kava Stoneware showcases a textured black glaze complemented by an unglazed edge/base, forming a captivating contrast for culinary creations. With its sleek and modern shapes, Kava embodies style and functionality, complementing the chic atmosphere of today's dynamic bistros, cafes and eateries.\n•Durable Stoneware: Made from high-quality stoneware to withstand the rigors of a professional kitchen\n•Twice-Fired Process: Enhances strength, durability, and the unique glaze finish, ensuring each piece performs in demanding environments\n•Rolled Edges: Enhances durability and provides added chip resistance, making it ideal for hotel, restaurant, and foodservice applications\n•Polished Foot: Minimises damage when stacked and stored, helping to maintain the integrity of each piece over time\n•Textured Black Body: The textured black glaze provides a versatile backdrop that enhances the presentation of a wide range of cuisines and plating styles\n•Unglazed Base for Authentic Appeal: Adds a natural, artisanal touch creating a captivating contrast that enhances food presentation","Each",null,"12.5","9","7.4","0.00083",{"v":0.3,"d":"0.300"},"05020403149330",6,"29","19","8.5","0.00468","1.8",1.867,"05020403149347",36,"40","30.5","28","0.03416","10.8",{"v":11.2,"d":"11.200"},null,1080,"https://files.plytix.com/api/v1.1/file/public_files/pim/assets/8a/8d/8f/62/628f8d8abb3a1aaaf0e8f149/images/be/14/91/67/679114becad52e3172812dd0/TH_CUP-KBK28.jpg","https://files.plytix.com/api/v1.1/file/public_files/pim/assets/8a/8d/8f/62/628f8d8abb3a1aaaf0e8f149/images/a3/f7/90/67/6790f7a326b9c8be7b879fb7/CUP-KBK28.jpg|https://files.plytix.com/api/v1.1/file/public_files/pim/assets/8a/8d/8f/62/628f8d8abb3a1aaaf0e8f149/images/a4/f7/90/67/6790f7a4f33788d49018e64c/CUP-KBK28_A.jpg","https://files.plytix.com/api/v1.1/file/public_files/pim/assets/8a/8d/8f/62/628f8d8abb3a1aaaf0e8f149/images/17/d2/a1/67/67a1d2173446055658f0626b/LFST0325256.jpg|https://files.plytix.com/api/v1.1/file/public_files/pim/assets/8a/8d/8f/62/628f8d8abb3a1aaaf0e8f149/images/14/d2/a1/67/67a1d21420b2e4642d1ce9b2/LFST0325257.jpg","https://www.nevilleuk.com/products/CUP-KBK28_","SCR-KBK16","CUP-KBK34|CUP-KDG28"]
["BW-KBK15","GenWare Kava Black Stoneware Bowl 15.5cm","15.5 x 6.2cm (Dia x H) - 72cl/25.3oz",11.82,6,"GenWare Stoneware>Kava Stoneware",{"$nulls":3},155,155,62,{"v":0.5,"d":"0.500"},{"v":0.5,"d":"0.500"},{"v":72,"d":"72.00"},"25.3","Stoneware","6912002310","China",-40,230,"Yes","Yes","Yes","Yes",{"$nulls":6},"\n•Durable Stoneware\n•Twice-Fired Process\n•Rolled Edges\n•Polished Foot\n•Textured Black Body\n•Unglazed Base","﻿Kava Stoneware showcases a textured black glaze complemented by an unglazed edge/base, forming a captivating contrast for culinary creations. With its sleek and modern shapes, Kava embodies style and functionality, complementing the chic atmosphere of today's dynamic bistros, cafes and eateries.\n•Durable Stoneware: Made from high-quality stoneware to withstand the rigors of a professional kitchen\n•Twice-Fired Process: Enhances strength, durability, and the unique glaze finish, ensuring each piece performs in demanding environments\n•Rolled Edges: Enhances durability and provides added chip resistance, making it ideal for hotel, restaurant, and foodservice applications\n•Polished Foot: Minimises damage when stacked and stored, helping to maintain the integrity of each piece over time\n•Textured Black Body: The textured black glaze provides a versatile backdrop that enhances the presentation of a wide range of cuisines and plating styles\n•Unglazed Base for Authentic Appeal: Adds a natural, artisanal touch creating a captivating contrast that enhances food presentation","Each",null,"15.5","15.5","6.2","0.00149",{"v":0.5,"d":"0.500"},"05020403149217",6,"25.5","16","16.5","0.00673","3",{"v":3.5,"d":"3.500"},"05020403149224",24,"34","27","35.5","0.03259","12",{"v":14,"d":"14.000"},null,768,"https://files.plytix.com/api/v1.1/file/public_files/pim/assets/8a/8d/8f/62/628f8d8abb3a1aaaf0e8f149/images/b2/14/91/67/679114b2cad52e3172812dbc/TH_BW-KBK15.jpg","https://files.plytix.com/api/v1.1/file/public_files/pim/assets/8a/8d/8f/62/628f8d8abb3a1aaaf0e8f149/images/65/f7/90/67/6790f765650bff6333cfd0cf/BW-KBK15.jpg","https://files.plytix.com/api/v1.1/file/public_files/pim/assets/8a/8d/8f/62/628f8d8abb3a1aaaf0e8f149/images/ae/d3/a1/67/67a1d3ae783f894c4a8d4dab/LFST0325095.jpg|https://files.plytix.com/api/v1.1/file/public_files/pim/assets/8a/8d/8f/62/628f8d8abb3a1aaaf0e8f149/images/a7/d3/a1/67/67a1d3a7678af07d2988c405/LFST0325097.jpg|https://files.plytix.com/api/v1.1/file/public_files/pim/assets/8a/8d/8f/62/628f8d8abb3a1aaaf0e8f149/images/8e/d3/a1/67/67a1d38e908f6049539c8a76/LFST0325102.jpg","https://www.nevilleuk.com/products/BW-KBK15_",null,"BW-KDG15|BW-KW15|369416"]
["CT-SJ18","Forge Stoneware Straight Sided Jug 18cl","7.3 x 6 x 9.8cm (L x W x H)",8.78,6,"GenWare Stoneware>Forge Stoneware",{"$nulls":3},73,60,98,{"v":0.2,"d":"0.200"},{"v":0.2,"d":"0.200"},{"v":18,"d":"18.00"},"6.3","Stoneware","6912002310","China",-40,230,"Yes","Yes","Yes","Yes",{"$nulls":6},"\n•High Quality Stoneware\n•Authentic Cast Iron Look\n•Durable And Reliable\n•Versatile Applications\n•Eye Catching Design","Forge Stoneware brings together the timeless aesthetics of cast iron with the superior practicality and functionality of high-quality stoneware. Designed to elevate your presentation, this versatile collection is available in a wide array of shapes and styles, providing the perfect platform for showcasing culinary creations. Whether you’re serving rustic Spanish tapas, vibrant Mediterranean brunches, or flavorful Mexican dishes, Forge Stoneware effortlessly complements and enhances the dining experience. Its robust construction ensures durability for professional environments, while its refined design adds a touch of elegance to any table setting, making it an indispensable choice for both casual and fine dining establishments.\n•Authentic Cast Iron Look: Achieves the aesthetic appeal of cast iron with a lighter and more manageable design\n•Durable and Reliable: Made from high-quality stoneware to withstand the rigors of a professional kitchen\n•Versatile Applications: Perfect for a wide range of cuisines, including tapas, brunches, and international dishes\n•Eye-Catching Design: Enhances table aesthetics, adding visual appeal to enhance the dining experience\n•Multiple Styles and Shapes: Offers flexibility to suit various serving needs and presentation preferences\n•Dishwasher Safe: Simplifies cleaning for busy hospitality environments\n•Microwave and Oven Friendly: Suitable for reheating or finishing dishes with ease","Each",null,"7.3","6","9.8","0.00043",{"v":0.2,"d":"0.200"},"05020403149279",6,"19","13","10.5","0.00259","1.2",1.438,"05020403149286",48,"40","28","23.5","0.02632","9.6",{"v":11.5,"d":"11.500"},null,1728,"https://files.plytix.com/api/v1.1/file/public_files/pim/assets/8a/8d/8f/62/628f8d8abb3a1aaaf0e8f149/images/be/14/91/67/679114be26b9c8be7b87a6eb/TH_CT-SJ18.jpg","https://files.plytix.com/api/v1.1/file/public_files/pim/assets/8a/8d/8f/62/628f8d8abb3a1aaaf0e8f149/images/a0/f7/90/67/6790f7a0650bff6333cfd0e6/CT-SJ18_A.jpg|https://files.plytix.com/api/v1.1/file/public_files/pim/assets/8a/8d/8f/62/628f8d8abb3a1aaaf0e8f149/images/a2/f7/90/67/6790f7a226b9c8be7b879fb6/CT-SJ18_B.jpg","https://files.plytix.com/api/v1.1/file/public_files/pim/assets/8a/8d/8f/62/628f8d8abb3a1aaaf0e8f149/images/e6/90/a2/67/67a290e63b3f8b85332226b3/LFST0325361.jpg","https://www.nevilleuk.com/products/CT-SJ18_",null,"CT-SJ10|SJ-PBL18"]
["CT-SJ10","Forge Stoneware Straight Sided Jug 10cl","6.2 x 5.1 x 8.3cm (L x W x H)",6.04,6,"GenWare Stoneware>Forge Stoneware",{"$nulls":3},62,51,84,{"v":0.13,"d":"0.130"},{"v":0.13,"d":"0.130"},{"v":10,"d":"10.00"},"3.5","Stoneware","6912002310","China",-40,230,"Yes","Yes","Yes","Yes",{"$nulls":6},"\n•High Quality Stoneware\n•Authentic Cast Iron Look\n•Durable And Reliable\n•Versatile Applications\n•Eye Catching Design","Forge Stoneware brings together the timeless aesthetics of cast iron with the superior practicality and functionality of high-quality stoneware. Designed to elevate your presentation, this versatile collection is available in a wide array of shapes and styles, providing the perfect platform for showcasing culinary creations. Whether you’re serving rustic Spanish tapas, vibrant Mediterranean brunches, or flavorful Mexican dishes, Forge Stoneware effortlessly complements and enhances the dining experience. Its robust construction ensures durability for professional environments, while its refined design adds a touch of elegance to any table setting, making it an indispensable choice for both casual and fine dining establishments.\n•Authentic Cast Iron Look: Achieves the aesthetic appeal of cast iron with a lighter and more manageable design\n•Durable and Reliable: Made from high-quality stoneware to withstand the rigors of a professional kitchen\n•Versatile Applications: Perfect for a wide range of cuisines, including tapas, brunches, and international dishes\n•Eye-Catching Design: Enhances table aesthetics, adding visual appeal to enhance the dining experience\n•Multiple Styles and Shapes: Offers flexibility to suit various serving needs and presentation preferences\n•Dishwasher Safe: Simplifies cleaning for busy hospitality environments\n•Microwave and Oven Friendly: Suitable for reheating or finishing dishes with ease","Each",null,"6.2","5.1","8.4","0.00027",{"v":0.13,"d":"0.130"},"05020403149248",6,"16.5","11","9","0.00163","0.78",0.975,"05020403149255",72,"35","24","29.5","0.02478","9.36",{"v":11.7,"d":"11.700"},null,2304,"https://files.plytix.com/api/v1.1/file/public_files/pim/assets/8a/8d/8f/62/628f8d8abb3a1aaaf0e8f149/images/bd/14/91/67/679114bdf33788d49018ed7d/TH_CT-SJ10.jpg","https://files.plytix.com/api/v1.1/file/public_files/pim/assets/8a/8d/8f/62/628f8d8abb3a1aaaf0e8f149/images/9c/f7/90/67/6790f79c650bff6333cfd0e5/CT-SJ10.jpg|https://files.plytix.com/api/v1.1/file/public_files/pim/assets/8a/8d/8f/62/628f8d8abb3a1aaaf0e8f149/images/9d/f7/90/67/6790f79dcad52e31728124b7/CT-SJ10_A.jpg|https://files.plytix.com/api/v1.1/file/public_files/pim/assets/8a/8d/8f/62/628f8d8abb3a1aaaf0e8f149/images/9f/f7/90/67/6790f79f26b9c8be7b879fb2/CT-SJ10_B.jpg","https://files.plytix.com/api/v1.1/file/public_files/pim/assets/8a/8d/8f/62/628f8d8abb3a1aaaf0e8f149/images/e6/90/a2/67/67a290e63b3f8b85332226b3/LFST0325361.jpg|https://files.plytix.com/api/v1.1/file/public_files/pim/assets/8a/8d/8f/62/628f8d8abb3a1aaaf0e8f149/images/b3/d3/a1/67/67a1d3b3908f6049539c8a87/LFST0325093.jpg|https://files.plytix.com/api/v1.1/file/public_files/pim/assets/8a/8d/8f/62/628f8d8abb3a1aaaf0e8f149/images/9d/d3/a1/67/67a1d39d678af07d2988c400/LFST0325100.jpg","https://www.nevilleuk.com/products/CT-SJ10_",null,"CT-SJ18|CT-SJ5|SJ-PBL10"]
["CT-SJ5","Forge Stoneware Straight Sided Jug 5cl","5.3 x 4.4 x 5.5cm (L x W x H)",4.44,12,"GenWare Stoneware>Forge Stoneware",{"$nulls":3},53,44,55,{"v":0.1,"d":"0.100"},{"v":0.1,"d":"0.100"},{"v":5,"d":"5.00"},"1.8","Stoneware","6912002310","China",-40,230,"Yes","Yes","Yes","Yes",{"$nulls":6},"\n•High Quality Stoneware\n•Authentic Cast Iron Look\n•Durable And Reliable\n•Versatile Applications\n•Eye Catching Design","Forge Stoneware brings together the timeless aesthetics of cast iron with the superior practicality and functionality of high-quality stoneware. Designed to elevate your presentation, this versatile collection is available in a wide array of shapes and styles, providing the perfect platform for showcasing culinary creations. Whether you’re serving rustic Spanish tapas, vibrant Mediterranean brunches, or flavorful Mexican dishes, Forge Stoneware effortlessly complements and enhances the dining experience. Its robust construction ensures durability for professional environments, while its refined design adds a touch of elegance to any table setting, making it an indispensable choice for both casual and fine dining establishments.\n•Authentic Cast Iron Look: Achieves the aesthetic appeal of cast iron with a lighter and more manageable design\n•Durable and Reliable: Made from high-quality stoneware to withstand the rigors of a professional kitchen\n•Versatile Applications: Perfect for a wide range of cuisines, including tapas, brunches, and international dishes\n•Eye-Catching Design: Enhances table aesthetics, adding visual appeal to enhance the dining experience\n•Multiple Styles and Shapes: Offers flexibility to suit various serving needs and presentation preferences\n•Dishwasher Safe: Simplifies cleaning for busy hospitality environments\n•Microwave and Oven Friendly: Suitable for reheating or finishing dishes with ease","Each",null,"5.3","4.4","5.5","0.00013",{"v":0.1,"d":"0.100"},"05020403149309",12,"14.5","9.5","12","0.00165","1.2",{"v":1.25,"d":"1.250"},"05020403149316",72,"30.5","16","26.5","0.01293","7.2",{"v":7.5,"d":"7.500"},null,3960,"https://files.plytix.com/api/v1.1/file/public_files/pim/assets/8a/8d/8f/62/628f8d8abb3a1aaaf0e8f149/images/bd/14/91/67/679114bda850eb23df857976/TH_CT-SJ5.jpg","https://files.plytix.com/api/v1.1/file/public_files/pim/assets/8a/8d/8f/62/628f8d8abb3a1aaaf0e8f149/images/9a/f7/90/67/6790f79a26b9c8be7b879fae/CT-SJ5.jpg|https://files.plytix.com/api/v1.1/file/public_files/pim/assets/8a/8d/8f/62/628f8d8abb3a1aaaf0e8f149/images/9b/f7/90/67/6790f79b5102799cd827fd94/CT-SJ5_A.jpg","https://files.plytix.com/api/v1.1/file/public_files/pim/assets/8a/8d/8f/62/628f8d8abb3a1aaaf0e8f149/images/e6/90/a2/67/67a290e63b3f8b85332226b3/LFST0325361.jpg","https://www.nevilleuk.com/products/CT-SJ5_",null,"CT-SJ10|SJ-PBL5"]
["395950CRL","GenWare Porcelain Coral Teapot with St/ St Lid & Infuser 50cl/ 17.6oz","17 x 11.5 x 11cm (L x W x H)",26.24,6,"Coloured Beverage>Coral",{"$nulls":3},162,110,100,0.448,0.448,{"v":50,"d":"50.00"},"17.6","Porcelain","6911100090","China",-40,250,"Yes","Yes","No","Yes",{"$nulls":4},"Yes",null,"\n•Durable Fully Vitrified Porcelain\n•Twice-Fired Process\n•High Temperature Firing\n•Conforms to BS4034 Vitrified Hotelware\n•Rolled Edges\n•Polished Foot\n•Durable Glaze","GenWare Coloured Beverage offers a bold and stylish alternative to traditional white porcelain, bringing vibrant character and personality to any setting. The collection features an extensive range of beverageware, designed to enhance the presentation of tea and coffee while adding a splash of colour to your service. Ideal for hotels, restaurants, and cafes, GenWare Coloured Beverage allows you to create a distinctive and inviting atmosphere that leaves a lasting impression.\n•Durable Fully Vitrified Porcelain: High-temperature firing creates a robust and long-lasting product, ideal for professional use\n•Twice-Fired Process: Enhances strength, durability, and the unique glaze finish, ensuring each piece performs in demanding environments\n•Conforms to Industry Standards: Meets BS4034 standards for vitrified hotelware, ensuring exceptional durability and quality in demanding environments\n•Rolled Edges: Enhances durability and provides added chip resistance, making it ideal for hotel, restaurant, and foodservice applications\n•Polished Foot: Minimises damage when stacked and stored, helping to maintain the integrity of each piece over time\n•Durable Glaze: Features a high-quality glaze that enhances durability while providing a sleek, sophisticated finish resistant to stains and scratches\n•Vibrant Colour Palette: Available in a range of eye-catching colourss, perfect for adding personality and flair to any setting\n•Mix and Match Appeal: The diverse colour options allow for creative combinations that suit any theme or decor\n•Versatile for Any Venue: Designed to complement a wide range of hospitality environments, from trendy cafes to upscale hotels and restaurants","Each",null,"16.2","11","10","0.00178",0.448,"05020403062691",6,"34","25","10.5","0.00893","2.688",{"v":3.25,"d":"3.250"},"05020403062707",24,"52","36","24","0.04493","10.752",{"v":13,"d":"13.000"},null,576,"https://files.plytix.com/api/v1.1/file/public_files/pim/assets/8a/8d/8f/62/628f8d8abb3a1aaaf0e8f149/images/af/14/91/67/679114af26b9c8be7b87a6cf/TH_395950CRL.jpg","https://files.plytix.com/api/v1.1/file/public_files/pim/assets/8a/8d/8f/62/628f8d8abb3a1aaaf0e8f149/images/4b/f7/90/67/6790f74bcad52e31728124a7/395950CRL.jpg","https://files.plytix.com/api/v1.1/file/public_files/pim/assets/8a/8d/8f/62/628f8d8abb3a1aaaf0e8f149/images/e8/d2/a1/67/67a1d2e8678af07d2988c3c9/LFST0325167.jpg","https://www.nevilleuk.com/products/395950CRL_","373114CRL|322134CRL|322125CRL|395950INF","395950MT|395950MSG|395950MG|395950MBK|395950Y|395950R|395950GR|395950G|395950BL|395950BK|393945CRL"]
["393945CRL","GenWare Porcelain Coral Teapot 45cl/ 15.75oz","18.5 x 11.5 x 10cm (L x W x H)",13.32,6,"Coloured Beverage>Coral",{"$nulls":3},175,110,105,{"v":0.39,"d":"0.390"},{"v":0.39,"d":"0.390"},{"v":45,"d":"45.00"},"15.8","Porcelain","6911100090","China",-40,250,"Yes","Yes","Yes","Yes",{"$nulls":6},"\n•Durable Fully Vitrified Porcelain\n•Twice-Fired Process\n•High Temperature Firing\n•Conforms to BS4034 Vitrified Hotelware\n•Rolled Edges\n•Polished Foot\n•Durable Glaze","GenWare Coloured Beverage offers a bold and stylish alternative to traditional white porcelain, bringing vibrant character and personality to any setting. The collection features an extensive range of beverageware, designed to enhance the presentation of tea and coffee while adding a splash of colour to your service. Ideal for hotels, restaurants, and cafes, GenWare Coloured Beverage allows you to create a distinctive and inviting atmosphere that leaves a lasting impression.\n•Durable Fully Vitrified Porcelain: High-temperature firing creates a robust and long-lasting product, ideal for professional use\n•Twice-Fired Process: Enhances strength, durability, and the unique glaze finish, ensuring each piece performs in demanding environments\n•Conforms to Industry Standards: Meets BS4034 standards for vitrified hotelware, ensuring exceptional durability and quality in demanding environments\n•Rolled Edges: Enhances durability and provides added chip resistance, making it ideal for hotel, restaurant, and foodservice applications\n•Polished Foot: Minimises damage when stacked and stored, helping to maintain the integrity of each piece over time\n•Durable Glaze: Features a high-quality glaze that enhances durability while providing a sleek, sophisticated finish resistant to stains and scratches\n•Vibrant Colour Palette: Available in a range of eye-catching colourss, perfect for adding personality and flair to any setting\n•Mix and Match Appeal: The diverse colour options allow for creative combinations that suit any theme or decor\n•Versatile for Any Venue: Designed to complement a wide range of hospitality environments, from trendy cafes to upscale hotels and restaurants","Each",null,"17.5","11","10.5","0.00202",{"v":0.39,"d":"0.390"},"05020403062660",6,"36.5","27","11","0.01084","2.34",{"v":3.25,"d":"3.250"},"05020403062677",24,"55","38","24","0.05016","9.36",{"v":13,"d":"13.000"},null,576,"https://files.plytix.com/api/v1.1/file/public_files/pim/assets/8a/8d/8f/62/628f8d8abb3a1aaaf0e8f149/images/af/14/91/67/679114afcad52e3172812db8/TH_393945CRL.jpg","https://files.plytix.com/api/v1.1/file/public_files/pim/assets/8a/8d/8f/62/628f8d8abb3a1aaaf0e8f149/images/44/f7/90/67/6790f744cad52e31728124a0/393945CRL.jpg","https://files.plytix.com/api/v1.1/file/public_files/pim/assets/8a/8d/8f/62/628f8d8abb3a1aaaf0e8f149/images/00/d3/a1/67/67a1d300908f6049539c8a4c/LFST0325157.jpg|https://files.plytix.com/api/v1.1/file/public_files/pim/assets/8a/8d/8f/62/628f8d8abb3a1aaaf0e8f149/images/e6/d2/a1/67/67a1d2e6678af07d2988c3c8/LFST0325168.jpg|https://files.plytix.com/api/v1.1/file/public_files/pim/assets/8a/8d/8f/62/628f8d8abb3a1aaaf0e8f149/images/e0/d2/a1/67/67a1d2e0908f6049539c8a4b/LFST0325170.jpg","https://www.nevilleuk.com/products/393945CRL_","322134CRL|322125CRL|373114CRL","393945MT|393945MSG|393945MG|393945MBK|393945Y|393945R|393945GR|393945G|393945BR|393945BL|393945BK|393945|395950CRL"]
["182115CRL","GenWare Porcelain Coral Saucer 16cm/ 6.25\"","16cm (Dia)",4.98,6,"Coloured Beverage>Coral",{"$nulls":3},160,160,23,0.195,0.195,null,null,"Porcelain","6911100090","China",-40,250,"Yes","Yes","Yes","Yes",{"$nulls":6},"\n•Durable Fully Vitrified Porcelain\n•Twice-Fired Process\n•High Temperature Firing\n•Conforms to BS4034 Vitrified Hotelware\n•Rolled Edges\n•Polished Foot\n•Durable Glaze","GenWare Coloured Beverage offers a bold and stylish alternative to traditional white porcelain, bringing vibrant character and personality to any setting. The collection features an extensive range of beverageware, designed to enhance the presentation of tea and coffee while adding a splash of colour to your service. Ideal for hotels, restaurants, and cafes, GenWare Coloured Beverage allows you to create a distinctive and inviting atmosphere that leaves a lasting impression.\n•Durable Fully Vitrified Porcelain: High-temperature firing creates a robust and long-lasting product, ideal for professional use\n•Twice-Fired Process: Enhances strength, durability, and the unique glaze finish, ensuring each piece performs in demanding environments\n•Conforms to Industry Standards: Meets BS4034 standards for vitrified hotelware, ensuring exceptional durability and quality in demanding environments\n•Rolled Edges: Enhances durability and provides added chip resistance, making it ideal for hotel, restaurant, and foodservice applications\n•Polished Foot: Minimises damage when stacked and stored, helping to maintain the integrity of each piece over time\n•Durable Glaze: Features a high-quality glaze that enhances durability while providing a sleek, sophisticated finish resistant to stains and scratches\n•Vibrant Colour Palette: Available in a range of eye-catching colourss, perfect for adding personality and flair to any setting\n•Mix and Match Appeal: The diverse colour options allow for creative combinations that suit any theme or decor\n•Versatile for Any Venue: Designed to complement a wide range of hospitality environments, from trendy cafes to upscale hotels and restaurants","Each",null,"16","16","2.3","0.00059",0.195,"05020403062455",6,"16.5","9.5","16.5","0.00259","1.17",{"v":1.5,"d":"1.500"},"05020403062462",36,"35","31","19","0.02062","7.02",{"v":9,"d":"9.000"},null,1800,"https://files.plytix.com/api/v1.1/file/public_files/pim/assets/8a/8d/8f/62/628f8d8abb3a1aaaf0e8f149/images/ac/14/91/67/679114acf33788d49018ed65/TH_182115CRL.jpg","https://files.plytix.com/api/v1.1/file/public_files/pim/assets/8a/8d/8f/62/628f8d8abb3a1aaaf0e8f149/images/1d/f7/90/67/6790f71d650bff6333cfd0c3/182115CRL.jpg|https://files.plytix.com/api/v1.1/file/public_files/pim/assets/8a/8d/8f/62/628f8d8abb3a1aaaf0e8f149/images/1e/f7/90/67/6790f71ecad52e3172812494/182115CRL_A.jpg|https://files.plytix.com/api/v1.1/file/public_files/pim/assets/8a/8d/8f/62/628f8d8abb3a1aaaf0e8f149/images/1f/f7/90/67/6790f71f5102799cd827fd82/182115CRL_B.jpg","https://files.plytix.com/api/v1.1/file/public_files/pim/assets/8a/8d/8f/62/628f8d8abb3a1aaaf0e8f149/images/00/d3/a1/67/67a1d300908f6049539c8a4c/LFST0325157.jpg","https://www.nevilleuk.com/products/182115CRL_","322125CRL|322134CRL|322135CRL","182115MT|182115Y|182115R|182115MSG|182115MG|182115MBL|182115MBK|182115GR|182115G|182115BR|182115BL|182115BK|182115"]
["WP-PBKF29","Terra Porcelain Black Fluted Winged Plate 29cm","29 x 2.3cm (Dia x H)",20.82,6,"Terra Porcelain>Cinder Black Terra Porcelain",{"$nulls":3},290,290,23,{"v":1.01,"d":"1.010"},{"v":1.01,"d":"1.010"},null,null,"Porcelain","6911100090","China",-40,250,"Yes","Yes","Yes","Yes",{"$nulls":6},"\n•Durable Fully Vitrified Porcelain\n•Twice-Fired Process\n•High Temperature Firing\n•Conforms to BS4034 Vitrified Hotelware\n•Rolled Edges\n•Polished Foot\n•Unique Reactive Glaze Formula","Terra Porcelain's undefined beauty is crafted through natural effects and spontaneous reactions that occur in the kiln. A unique glaze formula, combined with high-temperature firing, ensures no two pieces look exactly alike, with variations in color intensity creating a truly distinctive appearance. The Cinder Black Terra Porcelain collection draws inspiration from the elegance of raw landscapes, featuring deep charcoal and subtle earthy tones that create a bold yet sophisticated aesthetic. The striking Black Fluted range redefines elegance with its beautifully crafted fluted sides, adding a distinctive texture and timeless sophistication to each piece. This range provides the perfect canvas for presenting delicious, vibrant dishes.\n•Durable Fully Vitrified Porcelain: High-temperature firing creates a robust and long-lasting product, ideal for professional use\n•Twice-Fired Process: Enhances strength, durability, and the unique glaze finish, ensuring each piece performs in demanding environments\n•Conforms to Industry Standards: Meets BS4034 standards for vitrified hotelware, ensuring exceptional durability and quality in demanding environments\n•Elegant Fluted Design: Features beautifully crafted fluted sides that add a distinctive texture and timeless sophistication, enhancing both visual appeal and tactile experience\n•Rolled Edges: Enhances durability and provides added chip resistance, making it ideal for hotel, restaurant, and foodservice applications\n•Polished Foot: Minimises damage when stacked and stored, helping to maintain the integrity of each piece over time\n•Unique Artisanal Finish: The natural kiln effects and spontaneous glaze reactions ensure every piece is truly one of a kind\n•Inspired Cinder Black Hue: The deep charcoal and earthy undertones evoke the beauty of raw landscapes\n•Complete the Look: Pairs beautifully with other items in the Terra Porcelain range for a cohesive and stylish tabletop presentation","Each",null,"29","29","2.3","0.00193",{"v":1.01,"d":"1.010"},"05020403149187",6,"31","10","32","0.00992","6.06",{"v":7,"d":"7.000"},"05020403149194",12,"32","23","33","0.02429","12.12",{"v":14,"d":"14.000"},null,288,"https://files.plytix.com/api/v1.1/file/public_files/pim/assets/8a/8d/8f/62/628f8d8abb3a1aaaf0e8f149/images/e2/14/91/67/679114e2650bff6333cfd9a4/TH_WP-PBKF29.jpg","https://files.plytix.com/api/v1.1/file/public_files/pim/assets/8a/8d/8f/62/628f8d8abb3a1aaaf0e8f149/images/5c/f9/90/67/6790f95c26b9c8be7b87a03d/WP-PBKF29_A.jpg|https://files.plytix.com/api/v1.1/file/public_files/pim/assets/8a/8d/8f/62/628f8d8abb3a1aaaf0e8f149/images/39/05/91/67/679105395102799cd828016c/WP-PBKF29.jpg",null,"https://www.nevilleuk.com/products/WP-PBKF29_",null,"WP-PBKF26"]
["WP-PBKF26","Terra Porcelain Black Fluted Winged Plate 26cm","26.4 x 2.5cm (Dia x H)",17.96,6,"Terra Porcelain>Cinder Black Terra Porcelain",{"$nulls":3},264,264,25,{"v":0.8,"d":"0.800"},{"v":0.8,"d":"0.800"},null,null,"Porcelain","6911100090","China",-40,250,"Yes","Yes","Yes","Yes",{"$nulls":6},"\n•Durable Fully Vitrified Porcelain\n•Twice-Fired Process\n•High Temperature Firing\n•Conforms to BS4034 Vitrified Hotelware\n•Rolled Edges\n•Polished Foot\n•Unique Reactive Glaze Formula","Terra Porcelain's undefined beauty is crafted through natural effects and spontaneous reactions that occur in the kiln. A unique glaze formula, combined with high-temperature firing, ensures no two pieces look exactly alike, with variations in color intensity creating a truly distinctive appearance. The Cinder Black Terra Porcelain collection draws inspiration from the elegance of raw landscapes, featuring deep charcoal and subtle earthy tones that create a bold yet sophisticated aesthetic. The striking Black Fluted range redefines elegance with its beautifully crafted fluted sides, adding a distinctive texture and timeless sophistication to each piece. This range provides the perfect canvas for presenting delicious, vibrant dishes.\n•Durable Fully Vitrified Porcelain: High-temperature firing creates a robust and long-lasting product, ideal for professional use\n•Twice-Fired Process: Enhances strength, durability, and the unique glaze finish, ensuring each piece performs in demanding environments\n•Conforms to Industry Standards: Meets BS4034 standards for vitrified hotelware, ensuring exceptional durability and quality in demanding environments\n•Elegant Fluted Design: Features beautifully crafted fluted sides that add a distinctive texture and timeless sophistication, enhancing both visual appeal and tactile experience\n•Rolled Edges: Enhances durability and provides added chip resistance, making it ideal for hotel, restaurant, and foodservice applications\n•Polished Foot: Minimises damage when stacked and stored, helping to maintain the integrity of each piece over time\n•Unique Artisanal Finish: The natural kiln effects and spontaneous glaze reactions ensure every piece is truly one of a kind\n•Inspired Cinder Black Hue: The deep charcoal and earthy undertones evoke the beauty of raw landscapes\n•Complete the Look: Pairs beautifully with other items in the Terra Porcelain range for a cohesive and stylish tabletop presentation","Each",null,"26.4","26.4","2.5","0.00174",{"v":0.8,"d":"0.800"},"05020403149156",6,"29","10","29","0.00841","4.8",5.667,"05020403149163",18,"35","30","30","0.03150","14.4",{"v":17,"d":"17.000"},null,720,"https://files.plytix.com/api/v1.1/file/public_files/pim/assets/8a/8d/8f/62/628f8d8abb3a1aaaf0e8f149/images/e2/14/91/67/679114e2cad52e3172812e17/TH_WP-PBKF26.jpg","https://files.plytix.com/api/v1.1/file/public_files/pim/assets/8a/8d/8f/62/628f8d8abb3a1aaaf0e8f149/images/59/f9/90/67/6790f95926b9c8be7b87a03c/WP-PBKF26_A.jpg|https://files.plytix.com/api/v1.1/file/public_files/pim/assets/8a/8d/8f/62/628f8d8abb3a1aaaf0e8f149/images/af/f7/90/67/6790f7aff33788d49018e64e/WP-PBKF26_B.jpg|https://files.plytix.com/api/v1.1/file/public_files/pim/assets/8a/8d/8f/62/628f8d8abb3a1aaaf0e8f149/images/cd/0b/91/67/67910bcd26b9c8be7b87a5b6/WP-PBKF26.jpg","https://files.plytix.com/api/v1.1/file/public_files/pim/assets/8a/8d/8f/62/628f8d8abb3a1aaaf0e8f149/images/8c/d2/a1/67/67a1d28c20b2e4642d1ce9c2/LFST0325210.jpg|https://files.plytix.com/api/v1.1/file/public_files/pim/assets/8a/8d/8f/62/628f8d8abb3a1aaaf0e8f149/images/76/d2/a1/67/67a1d2768c28d3ee51cd551c/LFST0325217.jpg","https://www.nevilleuk.com/products/WP-PBKF26_",null,"WP-PBKF21|WP-PBKF29"]
["WP-PBKF21","Terra Porcelain Black Fluted Winged Plate 21cm","20.8 x 2.3cm (Dia x H)",{"v":14.3,"d":"14.30"},6,"Terra Porcelain>Cinder Black Terra Porcelain",{"$nulls":3},208,208,23,{"v":0.43,"d":"0.430"},{"v":0.43,"d":"0.430"},null,null,"Porcelain","6911100090","China",-40,250,"Yes","Yes","Yes","Yes",{"$nulls":6},"\n•Durable Fully Vitrified Porcelain\n•Twice-Fired Process\n•High Temperature Firing\n•Conforms to BS4034 Vitrified Hotelware\n•Rolled Edges\n•Polished Foot\n•Unique Reactive Glaze Formula","Terra Porcelain's undefined beauty is crafted through natural effects and spontaneous reactions that occur in the kiln. A unique glaze formula, combined with high-temperature firing, ensures no two pieces look exactly alike, with variations in color intensity creating a truly distinctive appearance. The Cinder Black Terra Porcelain collection draws inspiration from the elegance of raw landscapes, featuring deep charcoal and subtle earthy tones that create a bold yet sophisticated aesthetic. The striking Black Fluted range redefines elegance with its beautifully crafted fluted sides, adding a distinctive texture and timeless sophistication to each piece. This range provides the perfect canvas for presenting delicious, vibrant dishes.\n•Durable Fully Vitrified Porcelain: High-temperature firing creates a robust and long-lasting product, ideal for professional use\n•Twice-Fired Process: Enhances strength, durability, and the unique glaze finish, ensuring each piece performs in demanding environments\n•Conforms to Industry Standards: Meets BS4034 standards for vitrified hotelware, ensuring exceptional durability and quality in demanding environments\n•Elegant Fluted Design: Features beautifully crafted fluted sides that add a distinctive texture and timeless sophistication, enhancing both visual appeal and tactile experience\n•Rolled Edges: Enhances durability and provides added chip resistance, making it ideal for hotel, restaurant, and foodservice applications\n•Polished Foot: Minimises damage when stacked and stored, helping to maintain the integrity of each piece over time\n•Unique Artisanal Finish: The natural kiln effects and spontaneous glaze reactions ensure every piece is truly one of a kind\n•Inspired Cinder Black Hue: The deep charcoal and earthy undertones evoke the beauty of raw landscapes\n•Complete the Look: Pairs beautifully with other items in the Terra Porcelain range for a cohesive and stylish tabletop presentation","Each",null,"20.8","20.8","2.3","0.00100",{"v":0.43,"d":"0.430"},"05020403149125",6,"23","10","23","0.00529","2.58",{"v":2.75,"d":"2.750"},"05020403149132",24,"42","24","24","0.02419","10.32",{"v":11,"d":"11.000"},null,1008,"https://files.plytix.com/api/v1.1/file/public_files/pim/assets/8a/8d/8f/62/628f8d8abb3a1aaaf0e8f149/images/e1/14/91/67/679114e1650bff6333cfd9a3/TH_WP-PBKF21.jpg","https://files.plytix.com/api/v1.1/file/public_files/pim/assets/8a/8d/8f/62/628f8d8abb3a1aaaf0e8f149/images/55/f9/90/67/6790f955a850eb23df8570fb/WP-PBKF21_A.jpg|https://files.plytix.com/api/v1.1/file/public_files/pim/assets/8a/8d/8f/62/628f8d8abb3a1aaaf0e8f149/images/56/f9/90/67/6790f95626b9c8be7b87a03b/WP-PBKF21_B.jpg|https://files.plytix.com/api/v1.1/file/public_files/pim/assets/8a/8d/8f/62/628f8d8abb3a1aaaf0e8f149/images/2b/05/91/67/6791052b5102799cd8280168/WP-PBKF21.jpg","https://files.plytix.com/api/v1.1/file/public_files/pim/assets/8a/8d/8f/62/628f8d8abb3a1aaaf0e8f149/images/8c/d2/a1/67/67a1d28c20b2e4642d1ce9c2/LFST0325210.jpg|https://files.plytix.com/api/v1.1/file/public_files/pim/assets/8a/8d/8f/62/628f8d8abb3a1aaaf0e8f149/images/73/d2/a1/67/67a1d273908f6049539c8a41/LFST0325218.jpg","https://www.nevilleuk.com/products/WP-PBKF21_",null,"WP-PBKF26"]
["PR-PBKF26","Terra Porcelain Black Fluted Presentation Plate 26cm","25 x 3.5cm (Dia x H)",20.82,6,"Terra Porcelain>Cinder Black Terra Porcelain",{"$nulls":3},250,250,35,{"v":1,"d":"1.000"},{"v":1,"d":"1.000"},null,null,"Porcelain","6911100090","China",-40,250,"Yes","Yes","Yes","Yes",{"$nulls":6},"\n•Durable Fully Vitrified Porcelain\n•Twice-Fired Process\n•High Temperature Firing\n•Conforms to BS4034 Vitrified Hotelware\n•Rolled Edges\n•Polished Foot\n•Unique Reactive Glaze Formula\n•Stackable","Terra Porcelain's undefined beauty is crafted through natural effects and spontaneous reactions that occur in the kiln. A unique glaze formula, combined with high-temperature firing, ensures no two pieces look exactly alike, with variations in color intensity creating a truly distinctive appearance. The Cinder Black Terra Porcelain collection draws inspiration from the elegance of raw landscapes, featuring deep charcoal and subtle earthy tones that create a bold yet sophisticated aesthetic. The striking Black Fluted range redefines elegance with its beautifully crafted fluted sides, adding a distinctive texture and timeless sophistication to each piece. This range provides the perfect canvas for presenting delicious, vibrant dishes.\n•Durable Fully Vitrified Porcelain: High-temperature firing creates a robust and long-lasting product, ideal for professional use\n•Twice-Fired Process: Enhances strength, durability, and the unique glaze finish, ensuring each piece performs in demanding environments\n•Conforms to Industry Standards: Meets BS4034 standards for vitrified hotelware, ensuring exceptional durability and quality in demanding environments\n•Elegant Fluted Design: Features beautifully crafted fluted sides that add a distinctive texture and timeless sophistication, enhancing both visual appeal and tactile experience\n•Rolled Edges: Enhances durability and provides added chip resistance, making it ideal for hotel, restaurant, and foodservice applications\n•Polished Foot: Minimises damage when stacked and stored, helping to maintain the integrity of each piece over time\n•Stackable: Optimises storage space, making it easy to stack securely without risking damage, perfect for busy kitchens\n•Unique Artisanal Finish: The natural kiln effects and spontaneous glaze reactions ensure every piece is truly one of a kind\n•Inspired Cinder Black Hue: The deep charcoal and earthy undertones evoke the beauty of raw landscapes\n•Complete the Look: Pairs beautifully with other items in the Terra Porcelain range for a cohesive and stylish tabletop presentation","Each",null,"25","25","3.5","0.00219",{"v":1,"d":"1.000"},"05020403148975",6,"28","22","28","0.01725","6",{"v":6.8,"d":"6.800"},"05020403148982",12,"45","29","29","0.03785","12",{"v":14,"d":"14.000"},null,360,"https://files.plytix.com/api/v1.1/file/public_files/pim/assets/8a/8d/8f/62/628f8d8abb3a1aaaf0e8f149/images/c8/14/91/67/679114c8a850eb23df85797a/TH_PR-PBKF26.jpg","https://files.plytix.com/api/v1.1/file/public_files/pim/assets/8a/8d/8f/62/628f8d8abb3a1aaaf0e8f149/images/27/f8/90/67/6790f8275102799cd827fdc1/PR-PBKF26_A.jpg|https://files.plytix.com/api/v1.1/file/public_files/pim/assets/8a/8d/8f/62/628f8d8abb3a1aaaf0e8f149/images/29/f8/90/67/6790f82926b9c8be7b879fca/PR-PBKF26_B.jpg|https://files.plytix.com/api/v1.1/file/public_files/pim/assets/8a/8d/8f/62/628f8d8abb3a1aaaf0e8f149/images/7a/04/91/67/6791047af33788d49018e9e3/PR-PBKF26.jpg",null,"https://www.nevilleuk.com/products/PR-PBKF26_",null,"PR-PBKF21|PR-PBKF18"]
["182113CRL","GenWare Porcelain Coral Saucer 13.5cm/ 5.25\"","13.5cm (Dia)",4.42,6,"Coloured Beverage>Coral",{"$nulls":3},135,135,200,{"v":0.16,"d":"0.160"},{"v":0.16,"d":"0.160"},null,null,"Porcelain","6911100090","China",-40,250,"Yes","Yes","Yes","Yes",{"$nulls":6},"\n•Durable Fully Vitrified Porcelain\n•Twice-Fired Process\n•High Temperature Firing\n•Conforms to BS4034 Vitrified Hotelware\n•Rolled Edges\n•Polished Foot\n•Durable Glaze","GenWare Coloured Beverage offers a bold and stylish alternative to traditional white porcelain, bringing vibrant character and personality to any setting. The collection features an extensive range of beverageware, designed to enhance the presentation of tea and coffee while adding a splash of colour to your service. Ideal for hotels, restaurants, and cafes, GenWare Coloured Beverage allows you to create a distinctive and inviting atmosphere that leaves a lasting impression.\n•Durable Fully Vitrified Porcelain: High-temperature firing creates a robust and long-lasting product, ideal for professional use\n•Twice-Fired Process: Enhances strength, durability, and the unique glaze finish, ensuring each piece performs in demanding environments\n•Conforms to Industry Standards: Meets BS4034 standards for vitrified hotelware, ensuring exceptional durability and quality in demanding environments\n•Rolled Edges: Enhances durability and provides added chip resistance, making it ideal for hotel, restaurant, and foodservice applications\n•Polished Foot: Minimises damage when stacked and stored, helping to maintain the integrity of each piece over time\n•Durable Glaze: Features a high-quality glaze that enhances durability while providing a sleek, sophisticated finish resistant to stains and scratches\n•Vibrant Colour Palette: Available in a range of eye-catching colourss, perfect for adding personality and flair to any setting\n•Mix and Match Appeal: The diverse colour options allow for creative combinations that suit any theme or decor\n•Versatile for Any Venue: Designed to complement a wide range of hospitality environments, from trendy cafes to upscale hotels and restaurants","Each",null,"13.5","13.5","20","0.00365",{"v":0.16,"d":"0.160"},"05020403062424",6,"16.5","9.5","16.5","0.00259","0.96",{"v":1,"d":"1.000"},"05020403062431",36,"30","27","16","0.01296","5.76",{"v":8,"d":"8.000"},null,2520,"https://files.plytix.com/api/v1.1/file/public_files/pim/assets/8a/8d/8f/62/628f8d8abb3a1aaaf0e8f149/images/ac/14/91/67/679114acf33788d49018ed63/TH_182113CRL.jpg","https://files.plytix.com/api/v1.1/file/public_files/pim/assets/8a/8d/8f/62/628f8d8abb3a1aaaf0e8f149/images/9a/f9/90/67/6790f99a650bff6333cfd152/182113CRL_A.jpg|https://files.plytix.com/api/v1.1/file/public_files/pim/assets/8a/8d/8f/62/628f8d8abb3a1aaaf0e8f149/images/9a/f9/90/67/6790f99acad52e3172812530/182113CRL.jpg","https://files.plytix.com/api/v1.1/file/public_files/pim/assets/8a/8d/8f/62/628f8d8abb3a1aaaf0e8f149/images/e0/d2/a1/67/67a1d2e0908f6049539c8a4b/LFST0325170.jpg","https://www.nevilleuk.com/products/182113CRL_","322118CRL","182113MT|182113|182113Y|182113R|182113MSG|182113MG|182113MBL|182113MBK|182113GR|182113G|182113BR|182113BL|182113BK"]
["182112CRL","GenWare Porcelain Coral Saucer 12cm/ 4.75\"","12cm (Dia)",4.12,6,"Coloured Beverage>Coral",{"$nulls":3},122,122,18,0.125,0.125,null,null,"Porcelain","6911100090","China",-40,250,"Yes","Yes","Yes","Yes",{"$nulls":6},"\n•Durable Fully Vitrified Porcelain\n•Twice-Fired Process\n•High Temperature Firing\n•Conforms to BS4034 Vitrified Hotelware\n•Rolled Edges\n•Polished Foot\n•Durable Glaze","GenWare Coloured Beverage offers a bold and stylish alternative to traditional white porcelain, bringing vibrant character and personality to any setting. The collection features an extensive range of beverageware, designed to enhance the presentation of tea and coffee while adding a splash of colour to your service. Ideal for hotels, restaurants, and cafes, GenWare Coloured Beverage allows you to create a distinctive and inviting atmosphere that leaves a lasting impression.\n•Durable Fully Vitrified Porcelain: High-temperature firing creates a robust and long-lasting product, ideal for professional use\n•Twice-Fired Process: Enhances strength, durability, and the unique glaze finish, ensuring each piece performs in demanding environments\n•Conforms to Industry Standards: Meets BS4034 standards for vitrified hotelware, ensuring exceptional durability and quality in demanding environments\n•Rolled Edges: Enhances durability and provides added chip resistance, making it ideal for hotel, restaurant, and foodservice applications\n•Polished Foot: Minimises damage when stacked and stored, helping to maintain the integrity of each piece over time\n•Durable Glaze: Features a high-quality glaze that enhances durability while providing a sleek, sophisticated finish resistant to stains and scratches\n•Vibrant Colour Palette: Available in a range of eye-catching colourss, perfect for adding personality and flair to any setting\n•Mix and Match Appeal: The diverse colour options allow for creative combinations that suit any theme or decor\n•Versatile for Any Venue: Designed to complement a wide range of hospitality environments, from trendy cafes to upscale hotels and restaurants","Each",null,"12.2","12.2","1.8","0.00027",0.125,"05020403062394",6,"12.5","8.5","12.5","0.00133","0.75",1.167,"05020403062400",36,"28","27","15","0.01134","4.5",{"v":7,"d":"7.000"},null,2700,"https://files.plytix.com/api/v1.1/file/public_files/pim/assets/8a/8d/8f/62/628f8d8abb3a1aaaf0e8f149/images/ab/14/91/67/679114abcad52e3172812db0/TH_182112CRL.jpg","https://files.plytix.com/api/v1.1/file/public_files/pim/assets/8a/8d/8f/62/628f8d8abb3a1aaaf0e8f149/images/96/f9/90/67/6790f996cad52e317281252a/182112CRL.jpg|https://files.plytix.com/api/v1.1/file/public_files/pim/assets/8a/8d/8f/62/628f8d8abb3a1aaaf0e8f149/images/97/f9/90/67/6790f997a850eb23df857117/182112CRL_A.jpg","https://files.plytix.com/api/v1.1/file/public_files/pim/assets/8a/8d/8f/62/628f8d8abb3a1aaaf0e8f149/images/e3/d2/a1/67/67a1d2e3678af07d2988c3c7/LFST0325169.jpg","https://www.nevilleuk.com/products/182112CRL_","312109CRL","182112MT|182112Y|182112R|182112MSG|182112MG|182112MBL|182112MBK|182112GR|182112G|182112BR|182112BL|182112BK|182112"]
["373114CRL","GenWare Porcelain Coral Jug 14cl/ 5oz","10.5 x 7 x 6.8cm (L x W x H)",8.24,6,"Coloured Beverage>Coral",{"$nulls":3},101,70,68,0.145,0.145,{"v":14,"d":"14.00"},"4.9","Porcelain","6911100090","China",-40,250,"Yes","Yes","Yes","Yes",{"$nulls":6},"\n•Durable Fully Vitrified Porcelain\n•Twice-Fired Process\n•High Temperature Firing\n•Conforms to BS4034 Vitrified Hotelware\n•Rolled Edges\n•Polished Foot\n•Durable Glaze","GenWare Coloured Beverage offers a bold and stylish alternative to traditional white porcelain, bringing vibrant character and personality to any setting. The collection features an extensive range of beverageware, designed to enhance the presentation of tea and coffee while adding a splash of colour to your service. Ideal for hotels, restaurants, and cafes, GenWare Coloured Beverage allows you to create a distinctive and inviting atmosphere that leaves a lasting impression.\n•Durable Fully Vitrified Porcelain: High-temperature firing creates a robust and long-lasting product, ideal for professional use\n•Twice-Fired Process: Enhances strength, durability, and the unique glaze finish, ensuring each piece performs in demanding environments\n•Conforms to Industry Standards: Meets BS4034 standards for vitrified hotelware, ensuring exceptional durability and quality in demanding environments\n•Rolled Edges: Enhances durability and provides added chip resistance, making it ideal for hotel, restaurant, and foodservice applications\n•Polished Foot: Minimises damage when stacked and stored, helping to maintain the integrity of each piece over time\n•Durable Glaze: Features a high-quality glaze that enhances durability while providing a sleek, sophisticated finish resistant to stains and scratches\n•Vibrant Colour Palette: Available in a range of eye-catching colourss, perfect for adding personality and flair to any setting\n•Mix and Match Appeal: The diverse colour options allow for creative combinations that suit any theme or decor\n•Versatile for Any Venue: Designed to complement a wide range of hospitality environments, from trendy cafes to upscale hotels and restaurants","Each",null,"10.1","7","6.8","0.00048",0.145,"05020403062639",6,"22.5","16.5","7.5","0.00278","0.87",1.167,"05020403062646",36,"36","25","25","0.02250","5.22",{"v":7,"d":"7.000"},null,2160,"https://files.plytix.com/api/v1.1/file/public_files/pim/assets/8a/8d/8f/62/628f8d8abb3a1aaaf0e8f149/images/ae/14/91/67/679114ae650bff6333cfd96d/TH_373114CRL.jpg","https://files.plytix.com/api/v1.1/file/public_files/pim/assets/8a/8d/8f/62/628f8d8abb3a1aaaf0e8f149/images/41/f7/90/67/6790f741650bff6333cfd0cd/373114CRL.jpg","https://files.plytix.com/api/v1.1/file/public_files/pim/assets/8a/8d/8f/62/628f8d8abb3a1aaaf0e8f149/images/f4/d2/a1/67/67a1d2f420b2e4642d1ce9d8/LFST0325162.jpg|https://files.plytix.com/api/v1.1/file/public_files/pim/assets/8a/8d/8f/62/628f8d8abb3a1aaaf0e8f149/images/e0/d2/a1/67/67a1d2e0908f6049539c8a4b/LFST0325170.jpg","https://www.nevilleuk.com/products/373114CRL_",null,"373114MT|373114Y|373114R|373114MSG|373114MG|373114MBL|373114MBK|373114GR|373114G|373114BR|373114BL|373114BK|373114"]
["322135CRL","GenWare Porcelain Coral Latte Mug 34cl/ 12oz","11.5 x 8.5 x 11cm (L x W x H)",8.02,6,"Coloured Beverage>Coral",{"$nulls":3},115,85,110,{"v":0.35,"d":"0.350"},{"v":0.35,"d":"0.350"},{"v":34,"d":"34.00"},"12","Porcelain","6911100090","China",-40,250,"Yes","Yes","Yes","Yes",{"$nulls":6},"\n•Durable Fully Vitrified Porcelain\n•Twice-Fired Process\n•High Temperature Firing\n•Conforms to BS4034 Vitrified Hotelware\n•Rolled Edges\n•Polished Foot\n•Durable Glaze","GenWare Coloured Beverage offers a bold and stylish alternative to traditional white porcelain, bringing vibrant character and personality to any setting. The collection features an extensive range of beverageware, designed to enhance the presentation of tea and coffee while adding a splash of colour to your service. Ideal for hotels, restaurants, and cafes, GenWare Coloured Beverage allows you to create a distinctive and inviting atmosphere that leaves a lasting impression.\n•Durable Fully Vitrified Porcelain: High-temperature firing creates a robust and long-lasting product, ideal for professional use\n•Twice-Fired Process: Enhances strength, durability, and the unique glaze finish, ensuring each piece performs in demanding environments\n•Conforms to Industry Standards: Meets BS4034 standards for vitrified hotelware, ensuring exceptional durability and quality in demanding environments\n•Rolled Edges: Enhances durability and provides added chip resistance, making it ideal for hotel, restaurant, and foodservice applications\n•Polished Foot: Minimises damage when stacked and stored, helping to maintain the integrity of each piece over time\n•Durable Glaze: Features a high-quality glaze that enhances durability while providing a sleek, sophisticated finish resistant to stains and scratches\n•Vibrant Colour Palette: Available in a range of eye-catching colourss, perfect for adding personality and flair to any setting\n•Mix and Match Appeal: The diverse colour options allow for creative combinations that suit any theme or decor\n•Versatile for Any Venue: Designed to complement a wide range of hospitality environments, from trendy cafes to upscale hotels and restaurants","Each",null,"11.5","8.5","11","0.00108",{"v":0.35,"d":"0.350"},"05020403062608",6,"25.5","19.8","11.8","0.00596","2.1",{"v":3,"d":"3.000"},"05020403062615",24,"42","27","26","0.02948","8.4",{"v":12,"d":"12.000"},null,1260,"https://files.plytix.com/api/v1.1/file/public_files/pim/assets/8a/8d/8f/62/628f8d8abb3a1aaaf0e8f149/images/ae/14/91/67/679114aecad52e3172812db6/TH_322135CRL.jpg","https://files.plytix.com/api/v1.1/file/public_files/pim/assets/8a/8d/8f/62/628f8d8abb3a1aaaf0e8f149/images/3e/f7/90/67/6790f73ecad52e317281249f/322135CRL.jpg","https://files.plytix.com/api/v1.1/file/public_files/pim/assets/8a/8d/8f/62/628f8d8abb3a1aaaf0e8f149/images/e3/d2/a1/67/67a1d2e3678af07d2988c3c7/LFST0325169.jpg|https://files.plytix.com/api/v1.1/file/public_files/pim/assets/8a/8d/8f/62/628f8d8abb3a1aaaf0e8f149/images/e0/d2/a1/67/67a1d2e0908f6049539c8a4b/LFST0325170.jpg","https://www.nevilleuk.com/products/322135CRL_","182115CRL","322135MT|322135Y|322135R|322135MSG|322135MG|322135MBL|322135MBK|322135GR|322135G|322135BR|322135BL|322135BK|322135"]
["322134CRL","GenWare Porcelain Coral Bowl Shaped Cup 34cl/ 12oz","13.6 x 11.4 x 6.8cm (L x W x H), Fit Saucer 182115CRL",7.86,6,"Coloured Beverage>Coral",{"$nulls":3},135,112,70,0.353,0.353,{"v":34,"d":"34.00"},"12","Porcelain","6911100090","China",-40,250,"Yes","Yes","Yes","Yes",{"$nulls":6},"\n•Durable Fully Vitrified Porcelain\n•Twice-Fired Process\n•High Temperature Firing\n•Conforms to BS4034 Vitrified Hotelware\n•Rolled Edges\n•Polished Foot\n•Durable Glaze","GenWare Coloured Beverage offers a bold and stylish alternative to traditional white porcelain, bringing vibrant character and personality to any setting. The collection features an extensive range of beverageware, designed to enhance the presentation of tea and coffee while adding a splash of colour to your service. Ideal for hotels, restaurants, and cafes, GenWare Coloured Beverage allows you to create a distinctive and inviting atmosphere that leaves a lasting impression.\n•Durable Fully Vitrified Porcelain: High-temperature firing creates a robust and long-lasting product, ideal for professional use\n•Twice-Fired Process: Enhances strength, durability, and the unique glaze finish, ensuring each piece performs in demanding environments\n•Conforms to Industry Standards: Meets BS4034 standards for vitrified hotelware, ensuring exceptional durability and quality in demanding environments\n•Rolled Edges: Enhances durability and provides added chip resistance, making it ideal for hotel, restaurant, and foodservice applications\n•Polished Foot: Minimises damage when stacked and stored, helping to maintain the integrity of each piece over time\n•Durable Glaze: Features a high-quality glaze that enhances durability while providing a sleek, sophisticated finish resistant to stains and scratches\n•Vibrant Colour Palette: Available in a range of eye-catching colourss, perfect for adding personality and flair to any setting\n•Mix and Match Appeal: The diverse colour options allow for creative combinations that suit any theme or decor\n•Versatile for Any Venue: Designed to complement a wide range of hospitality environments, from trendy cafes to upscale hotels and restaurants","Each",null,"13.5","11.2","7","0.00106",0.353,"05020403062578",6,"32","22.5","7","0.00504","2.118",2.333,"05020403062585",36,"48","34","25","0.04080","12.708",{"v":14,"d":"14.000"},null,864,"https://files.plytix.com/api/v1.1/file/public_files/pim/assets/8a/8d/8f/62/628f8d8abb3a1aaaf0e8f149/images/ad/14/91/67/679114ada850eb23df857968/TH_322134CRL.jpg","https://files.plytix.com/api/v1.1/file/public_files/pim/assets/8a/8d/8f/62/628f8d8abb3a1aaaf0e8f149/images/37/f7/90/67/6790f7375102799cd827fd8a/322134CRL.jpg|https://files.plytix.com/api/v1.1/file/public_files/pim/assets/8a/8d/8f/62/628f8d8abb3a1aaaf0e8f149/images/38/f7/90/67/6790f73826b9c8be7b879f98/322134CRL_A.jpg","https://files.plytix.com/api/v1.1/file/public_files/pim/assets/8a/8d/8f/62/628f8d8abb3a1aaaf0e8f149/images/00/d3/a1/67/67a1d300908f6049539c8a4c/LFST0325157.jpg","https://www.nevilleuk.com/products/322134CRL_","182115CRL","322134MT|322134BR|322134BL|322134BK|322134|322134Y|322134R|322134MSG|322134MG|322134MBL|322134MBK|322134GR|322134G"]
["322125CRL","GenWare Porcelain Coral Bowl Shaped Cup 25cl/ 8.75oz","12.5 x 10 x 6cm (L x W x H), Fits Saucer 182115CRL",{"v":5.8,"d":"5.80"},6,"Coloured Beverage>Coral",{"$nulls":3},122,97,59,0.251,0.251,{"v":25,"d":"25.00"},"8.8","Porcelain","6911100090","China",-40,250,"Yes","Yes","Yes","Yes",{"$nulls":6},"\n•Durable Fully Vitrified Porcelain\n•Twice-Fired Process\n•High Temperature Firing\n•Conforms to BS4034 Vitrified Hotelware\n•Rolled Edges\n•Polished Foot\n•Durable Glaze","GenWare Coloured Beverage offers a bold and stylish alternative to traditional white porcelain, bringing vibrant character and personality to any setting. The collection features an extensive range of beverageware, designed to enhance the presentation of tea and coffee while adding a splash of colour to your service. Ideal for hotels, restaurants, and cafes, GenWare Coloured Beverage allows you to create a distinctive and inviting atmosphere that leaves a lasting impression.\n•Durable Fully Vitrified Porcelain: High-temperature firing creates a robust and long-lasting product, ideal for professional use\n•Twice-Fired Process: Enhances strength, durability, and the unique glaze finish, ensuring each piece performs in demanding environments\n•Conforms to Industry Standards: Meets BS4034 standards for vitrified hotelware, ensuring exceptional durability and quality in demanding environments\n•Rolled Edges: Enhances durability and provides added chip resistance, making it ideal for hotel, restaurant, and foodservice applications\n•Polished Foot: Minimises damage when stacked and stored, helping to maintain the integrity of each piece over time\n•Durable Glaze: Features a high-quality glaze that enhances durability while providing a sleek, sophisticated finish resistant to stains and scratches\n•Vibrant Colour Palette: Available in a range of eye-catching colourss, perfect for adding personality and flair to any setting\n•Mix and Match Appeal: The diverse colour options allow for creative combinations that suit any theme or decor\n•Versatile for Any Venue: Designed to complement a wide range of hospitality environments, from trendy cafes to upscale hotels and restaurants","Each",null,"12.2","9.7","5.9","0.00070",0.251,"05020403062547",6,"29.5","20.5","6.5","0.00393","1.506",{"v":2,"d":"2.000"},"05020403062554",36,"44","32","23","0.03238","9.036",{"v":12,"d":"12.000"},null,1296,"https://files.plytix.com/api/v1.1/file/public_files/pim/assets/8a/8d/8f/62/628f8d8abb3a1aaaf0e8f149/images/ad/14/91/67/679114ad26b9c8be7b87a6ce/TH_322125CRL.jpg","https://files.plytix.com/api/v1.1/file/public_files/pim/assets/8a/8d/8f/62/628f8d8abb3a1aaaf0e8f149/images/31/f7/90/67/6790f73126b9c8be7b879f95/322125CRL.jpg|https://files.plytix.com/api/v1.1/file/public_files/pim/assets/8a/8d/8f/62/628f8d8abb3a1aaaf0e8f149/images/32/f7/90/67/6790f73226b9c8be7b879f97/322125CRL_A.jpg","https://files.plytix.com/api/v1.1/file/public_files/pim/assets/8a/8d/8f/62/628f8d8abb3a1aaaf0e8f149/images/e0/d2/a1/67/67a1d2e0908f6049539c8a4b/LFST0325170.jpg","https://www.nevilleuk.com/products/322125CRL_","182115CRL","322125MT|322125Y|322125R|322125MSG|322125MG|322125MBL|322125MBK|322125GR|322125G|322125BR|322125BL|322125BK|322125"]
["322118CRL","GenWare Porcelain Coral Bowl Shaped Cup 17.5cl/ 6oz","11 x 9 x 5cm (L x W x H), Fits Saucer 182113CRL",4.98,6,"Coloured Beverage>Coral",{"$nulls":3},110,88,52,0.163,0.163,{"v":17.5,"d":"17.50"},"6.2","Porcelain","6911100090","China",-40,250,"Yes","Yes","Yes","Yes",{"$nulls":6},"\n•Durable Fully Vitrified Porcelain\n•Twice-Fired Process\n•High Temperature Firing\n•Conforms to BS4034 Vitrified Hotelware\n•Rolled Edges\n•Polished Foot\n•Durable Glaze","GenWare Coloured Beverage offers a bold and stylish alternative to traditional white porcelain, bringing vibrant character and personality to any setting. The collection features an extensive range of beverageware, designed to enhance the presentation of tea and coffee while adding a splash of colour to your service. Ideal for hotels, restaurants, and cafes, GenWare Coloured Beverage allows you to create a distinctive and inviting atmosphere that leaves a lasting impression.\n•Durable Fully Vitrified Porcelain: High-temperature firing creates a robust and long-lasting product, ideal for professional use\n•Twice-Fired Process: Enhances strength, durability, and the unique glaze finish, ensuring each piece performs in demanding environments\n•Conforms to Industry Standards: Meets BS4034 standards for vitrified hotelware, ensuring exceptional durability and quality in demanding environments\n•Rolled Edges: Enhances durability and provides added chip resistance, making it ideal for hotel, restaurant, and foodservice applications\n•Polished Foot: Minimises damage when stacked and stored, helping to maintain the integrity of each piece over time\n•Durable Glaze: Features a high-quality glaze that enhances durability while providing a sleek, sophisticated finish resistant to stains and scratches\n•Vibrant Colour Palette: Available in a range of eye-catching colourss, perfect for adding personality and flair to any setting\n•Mix and Match Appeal: The diverse colour options allow for creative combinations that suit any theme or decor\n•Versatile for Any Venue: Designed to complement a wide range of hospitality environments, from trendy cafes to upscale hotels and restaurants","Each",null,"11","8.8","5.2","0.00050",0.163,"05020403062516",6,"27.8","18.5","5.6","0.00288","0.978",1.333,"05020403062523",36,"40","30","20","0.02400","5.868",{"v":8,"d":"8.000"},null,2304,"https://files.plytix.com/api/v1.1/file/public_files/pim/assets/8a/8d/8f/62/628f8d8abb3a1aaaf0e8f149/images/ad/14/91/67/679114ada850eb23df857966/TH_322118CRL.jpg","https://files.plytix.com/api/v1.1/file/public_files/pim/assets/8a/8d/8f/62/628f8d8abb3a1aaaf0e8f149/images/2b/f7/90/67/6790f72b5102799cd827fd86/322118CRL.jpg|https://files.plytix.com/api/v1.1/file/public_files/pim/assets/8a/8d/8f/62/628f8d8abb3a1aaaf0e8f149/images/2d/f7/90/67/6790f72d650bff6333cfd0c7/322118CRL_A.jpg",null,"https://www.nevilleuk.com/products/322118CRL_","182113CRL","322118MT|322118G|322118BR|322118BL|322118BK|322118|322118Y|322118R|322118MSG|322118MG|322118MBL|322118MBK|322118GR"]
["312109CRL","GenWare Porcelain Coral Bowl Shaped Cup 9cl/ 3oz","8.3 x 6.3 x 5cm (L x W x H), Fits Saucer 182112CRL",4.12,6,"Coloured Beverage>Coral",{"$nulls":3},85,63,50,0.105,0.105,{"v":9,"d":"9.00"},"3.2","Porcelain","6911100090","China",-40,250,"Yes","Yes","Yes","Yes",{"$nulls":6},"\n•Durable Fully Vitrified Porcelain\n•Twice-Fired Process\n•High Temperature Firing\n•Conforms to BS4034 Vitrified Hotelware\n•Rolled Edges\n•Polished Foot\n•Durable Glaze","GenWare Coloured Beverage offers a bold and stylish alternative to traditional white porcelain, bringing vibrant character and personality to any setting. The collection features an extensive range of beverageware, designed to enhance the presentation of tea and coffee while adding a splash of colour to your service. Ideal for hotels, restaurants, and cafes, GenWare Coloured Beverage allows you to create a distinctive and inviting atmosphere that leaves a lasting impression.\n•Durable Fully Vitrified Porcelain: High-temperature firing creates a robust and long-lasting product, ideal for professional use\n•Twice-Fired Process: Enhances strength, durability, and the unique glaze finish, ensuring each piece performs in demanding environments\n•Conforms to Industry Standards: Meets BS4034 standards for vitrified hotelware, ensuring exceptional durability and quality in demanding environments\n•Rolled Edges: Enhances durability and provides added chip resistance, making it ideal for hotel, restaurant, and foodservice applications\n•Polished Foot: Minimises damage when stacked and stored, helping to maintain the integrity of each piece over time\n•Durable Glaze: Features a high-quality glaze that enhances durability while providing a sleek, sophisticated finish resistant to stains and scratches\n•Vibrant Colour Palette: Available in a range of eye-catching colourss, perfect for adding personality and flair to any setting\n•Mix and Match Appeal: The diverse colour options allow for creative combinations that suit any theme or decor\n•Versatile for Any Venue: Designed to complement a wide range of hospitality environments, from trendy cafes to upscale hotels and restaurants","Each",null,"8.5","6.3","5","0.00027",0.105,"05020403062486",6,"20.5","14","5.5","0.00158","0.63",{"v":1,"d":"1.000"},"05020403062493",36,"32","22","19","0.01338","3.78",{"v":6,"d":"6.000"},null,3024,"https://files.plytix.com/api/v1.1/file/public_files/pim/assets/8a/8d/8f/62/628f8d8abb3a1aaaf0e8f149/images/ac/14/91/67/679114ac26b9c8be7b87a6cd/TH_312109CRL.jpg","https://files.plytix.com/api/v1.1/file/public_files/pim/assets/8a/8d/8f/62/628f8d8abb3a1aaaf0e8f149/images/26/f7/90/67/6790f726cad52e3172812496/312109CRL.jpg|https://files.plytix.com/api/v1.1/file/public_files/pim/assets/8a/8d/8f/62/628f8d8abb3a1aaaf0e8f149/images/27/f7/90/67/6790f727cad52e3172812497/312109CRL_A.jpg","https://files.plytix.com/api/v1.1/file/public_files/pim/assets/8a/8d/8f/62/628f8d8abb3a1aaaf0e8f149/images/e3/d2/a1/67/67a1d2e3678af07d2988c3c7/LFST0325169.jpg","https://www.nevilleuk.com/products/312109CRL_","182112CRL","312109MT|312109Y|312109R|312109MSG|312109MG|312109MBL|312109MBK|312109GR|312109G|312109BR|312109BL|312109BK|312109"]
["GJ5010-335","Harmony Polycarbonate Hurricane Glass 33.5cl/ 11.8oz","175 x 78mm (H x Dia)",16.94,12,"Drinkware>Polycarbonate Drinkware",{"$nulls":3},80,80,175,{"v":0.22,"d":"0.220"},{"v":0.22,"d":"0.220"},{"v":33.5,"d":"33.50"},"11.8","Plastic-Polycarbonate","3924100090","China",-40,80,"Yes",null,"No",{"$nulls":7},"\n•Advanced Polycarbonate Material\n•BPA Free\n•Excellent Clarity\n•Exceptional Scratch Resistance\n•Virtually Unbreakable\n•Dishwasher Safe","﻿Our Polycarbonate Glasses are specifically crafted for the hospitality market, offering exceptional quality, durability and elegance. Manufactured from an advanced polycarbonate material, the drinkware offers a touch akin to crystal glass. Designed to be unbreakable, the glassware is design with safety in mind ensuring worry-free usage. The collection is suitable for various upscale environments including outdoor dining, events, poolside and spas as well as bars, hotels and restaurants wanting an alternative to glassware.\n•Manufactured from advanced polycarbonate material\n•Excellent clarity with the look and feel of crystal glass\n•Exceptional scratch and break resistance\n•Perfect for outdoor dining, events, poolside and spas\n•Dishwasher safe up to 2000 cycles","Each",null,"8","8","17.5","0.00112",{"v":0.22,"d":"0.220"},{"$nulls":8},"4260731926598",12,"40","30","21","0.02520","2.64",{"v":2.85,"d":"2.850"},null,1152,"https://files.plytix.com/api/v1.1/file/public_files/pim/assets/8a/8d/8f/62/628f8d8abb3a1aaaf0e8f149/images/8a/8e/b4/66/66b48e8a8c4039a463fa9c85/TH_GJ5010-335.jpg","https://files.plytix.com/api/v1.1/file/public_files/pim/assets/8a/8d/8f/62/628f8d8abb3a1aaaf0e8f149/images/57/78/b4/66/66b47857b49a9c3a77fddcba/GJ5010-335.jpg","https://files.plytix.com/api/v1.1/file/public_files/pim/assets/8a/8d/8f/62/628f8d8abb3a1aaaf0e8f149/images/40/6d/b4/66/66b46d40eade129dc98273b5/LFST0924274.jpg","https://www.nevilleuk.com/products/GJ5010-335_","GR25-3"]
["GJ5025-210","Harmony Polycarbonate Champagne Saucer 21cl/ 7.4oz","130 x 97mm (H x Dia)",{"v":11.1,"d":"11.10"},12,"Drinkware>Polycarbonate Drinkware",{"$nulls":3},95,95,130,{"v":0.1,"d":"0.100"},{"v":0.1,"d":"0.100"},{"v":21,"d":"21.00"},"7.4","Plastic-Polycarbonate","3924100090","China",-40,80,"Yes",null,"No",{"$nulls":7},"\n•Advanced Polycarbonate Material\n•BPA Free\n•Excellent Clarity\n•Exceptional Scratch Resistance\n•Virtually Unbreakable\n•Dishwasher Safe","﻿Our Polycarbonate Glasses are specifically crafted for the hospitality market, offering exceptional quality, durability and elegance. Manufactured from an advanced polycarbonate material, the drinkware offers a touch akin to crystal glass. Designed to be unbreakable, the glassware is design with safety in mind ensuring worry-free usage. The collection is suitable for various upscale environments including outdoor dining, events, poolside and spas as well as bars, hotels and restaurants wanting an alternative to glassware.\n•Manufactured from advanced polycarbonate material\n•Excellent clarity with the look and feel of crystal glass\n•Exceptional scratch and break resistance\n•Perfect for outdoor dining, events, poolside and spas\n•Dishwasher safe up to 2000 cycles","Each",null,"9.5","9.5","13","0.00117",{"v":0.1,"d":"0.100"},{"$nulls":8},"4260731923740",12,"40","30","20","0.02400","1.2",{"v":1.3,"d":"1.300"},null,360,"https://files.plytix.com/api/v1.1/file/public_files/pim/assets/8a/8d/8f/62/628f8d8abb3a1aaaf0e8f149/images/8b/8e/b4/66/66b48e8bb49a9c3a77fde0dd/TH_GJ5025-210.jpg","https://files.plytix.com/api/v1.1/file/public_files/pim/assets/8a/8d/8f/62/628f8d8abb3a1aaaf0e8f149/images/59/78/b4/66/66b4785929eaab66dc97d604/GJ5025-210.jpg","https://files.plytix.com/api/v1.1/file/public_files/pim/assets/8a/8d/8f/62/628f8d8abb3a1aaaf0e8f149/images/3d/6d/b4/66/66b46d3db9c47406c25ce7c2/LFST0924273.jpg","https://www.nevilleuk.com/products/GJ5025-210_","GR16-2"]
["GJ5019-315","Harmony Polycarbonate Margarita Glass 31.5cl/ 11.1oz","169 x 116mm (H x Dia)",14.54,12,"Drinkware>Polycarbonate Drinkware",{"$nulls":3},115,115,170,{"v":0.15,"d":"0.150"},{"v":0.15,"d":"0.150"},{"v":31.5,"d":"31.50"},"11.1","Plastic-Polycarbonate","3924100090","China",-40,80,"Yes",null,"No",{"$nulls":7},"\n•Advanced Polycarbonate Material\n•BPA Free\n•Excellent Clarity\n•Exceptional Scratch Resistance\n•Virtually Unbreakable\n•Dishwasher Safe","﻿Our Polycarbonate Glasses are specifically crafted for the hospitality market, offering exceptional quality, durability and elegance. Manufactured from an advanced polycarbonate material, the drinkware offers a touch akin to crystal glass. Designed to be unbreakable, the glassware is design with safety in mind ensuring worry-free usage. The collection is suitable for various upscale environments including outdoor dining, events, poolside and spas as well as bars, hotels and restaurants wanting an alternative to glassware.\n•Manufactured from advanced polycarbonate material\n•Excellent clarity with the look and feel of crystal glass\n•Exceptional scratch and break resistance\n•Perfect for outdoor dining, events, poolside and spas\n•Dishwasher safe up to 2000 cycles","Each",null,"11.5","11.5","17","0.00225",{"v":0.15,"d":"0.150"},{"$nulls":8},"4260731925300",12,"40","31.5","21","0.02646","1.8",{"v":2.3,"d":"2.300"},null,432,"https://files.plytix.com/api/v1.1/file/public_files/pim/assets/8a/8d/8f/62/628f8d8abb3a1aaaf0e8f149/images/8a/8e/b4/66/66b48e8ab49a9c3a77fde0dc/TH_GJ5019-315.jpg","https://files.plytix.com/api/v1.1/file/public_files/pim/assets/8a/8d/8f/62/628f8d8abb3a1aaaf0e8f149/images/58/78/b4/66/66b4785881a90fe9eccc9385/GJ5019-315.jpg","https://files.plytix.com/api/v1.1/file/public_files/pim/assets/8a/8d/8f/62/628f8d8abb3a1aaaf0e8f149/images/35/6d/b4/66/66b46d35b9c47406c25ce7be/LFST0924270.jpg","https://www.nevilleuk.com/products/GJ5019-315_","GR9-3"]
["X1006-640","Harmony Polycarbonate Gin Glass 64cl/ 22.5oz","191 x 112mm (H x Dia)",16.94,12,"Drinkware>Polycarbonate Drinkware",{"$nulls":3},110,110,195,0.143,0.143,{"v":64,"d":"64.00"},"22.5","Plastic-Polycarbonate","3924100090","China",-40,80,"Yes",null,"No",{"$nulls":7},"\n•Advanced Polycarbonate Material\n•BPA Free\n•Excellent Clarity\n•Exceptional Scratch Resistance\n•Virtually Unbreakable\n•Dishwasher Safe","﻿Our Polycarbonate Glasses are specifically crafted for the hospitality market, offering exceptional quality, durability and elegance. Manufactured from an advanced polycarbonate material, the drinkware offers a touch akin to crystal glass. Designed to be unbreakable, the glassware is design with safety in mind ensuring worry-free usage. The collection is suitable for various upscale environments including outdoor dining, events, poolside and spas as well as bars, hotels and restaurants wanting an alternative to glassware.\n•Manufactured from advanced polycarbonate material\n•Excellent clarity with the look and feel of crystal glass\n•Exceptional scratch and break resistance\n•Perfect for outdoor dining, events, poolside and spas\n•Dishwasher safe up to 2000 cycles","Each",null,"11","11","19.5","0.00236",0.143,{"$nulls":8},"4260731925263",12,"41","31.5","20","0.02583","1.716",{"v":2,"d":"2.000"},null,504,"https://files.plytix.com/api/v1.1/file/public_files/pim/assets/8a/8d/8f/62/628f8d8abb3a1aaaf0e8f149/images/a9/8e/b4/66/66b48ea9b49a9c3a77fde10f/TH_X1006-640.jpg","https://files.plytix.com/api/v1.1/file/public_files/pim/assets/8a/8d/8f/62/628f8d8abb3a1aaaf0e8f149/images/f5/79/b4/66/66b479f583d910ed2997087e/X1006-640.jpg",null,"https://www.nevilleuk.com/products/X1006-640_","GR9-3","JC1006-640T"]
["X1015-175","Harmony Polycarbonate Champagne Flute 17.5cl/ 6.2oz","223 x 70mm (H x Dia)",10.06,12,"Drinkware>Polycarbonate Drinkware",{"$nulls":3},70,70,250,0.096,0.096,{"v":17.5,"d":"17.50"},"6.2","Plastic-Polycarbonate","3924100090","China",-40,80,"Yes",null,"No",{"$nulls":7},"\n•Advanced Polycarbonate Material\n•BPA Free\n•Excellent Clarity\n•Exceptional Scratch Resistance\n•Virtually Unbreakable\n•Dishwasher Safe","﻿Our Polycarbonate Glasses are specifically crafted for the hospitality market, offering exceptional quality, durability and elegance. Manufactured from an advanced polycarbonate material, the drinkware offers a touch akin to crystal glass. Designed to be unbreakable, the glassware is design with safety in mind ensuring worry-free usage. The collection is suitable for various upscale environments including outdoor dining, events, poolside and spas as well as bars, hotels and restaurants wanting an alternative to glassware.\n•Manufactured from advanced polycarbonate material\n•Excellent clarity with the look and feel of crystal glass\n•Exceptional scratch and break resistance\n•Perfect for outdoor dining, events, poolside and spas\n•Dishwasher safe up to 2000 cycles","Each",null,"7","7","25","0.00123",0.096,{"$nulls":8},"4260731925287",12,"35","31","15.5","0.01682","1.152",{"v":1.3,"d":"1.300"},null,1008,"https://files.plytix.com/api/v1.1/file/public_files/pim/assets/8a/8d/8f/62/628f8d8abb3a1aaaf0e8f149/images/a9/8e/b4/66/66b48ea9b49a9c3a77fde110/TH_X1015-175.jpg","https://files.plytix.com/api/v1.1/file/public_files/pim/assets/8a/8d/8f/62/628f8d8abb3a1aaaf0e8f149/images/f6/79/b4/66/66b479f6b9c47406c25cea01/X1015-175.jpg","https://files.plytix.com/api/v1.1/file/public_files/pim/assets/8a/8d/8f/62/628f8d8abb3a1aaaf0e8f149/images/8e/70/b4/66/66b4708e4f6bc4c398bbb989/LFST0924260.jpg","https://www.nevilleuk.com/products/X1015-175_","GR25-4","GJ5031-180"]
["X1001-450","Harmony Polycarbonate Wine Glass 45cl/15.8oz","217 x 92mm (H x Dia)",14.54,12,"Drinkware>Polycarbonate Drinkware",{"$nulls":3},85,85,220,0.153,0.153,{"v":45,"d":"45.00"},"15.8","Plastic-Polycarbonate","3924100090","China",-40,80,"Yes",null,"No",{"$nulls":7},"\n•Advanced Polycarbonate Material\n•BPA Free\n•Excellent Clarity\n•Exceptional Scratch Resistance\n•Virtually Unbreakable\n•Dishwasher Safe","﻿Our Polycarbonate Glasses are specifically crafted for the hospitality market, offering exceptional quality, durability and elegance. Manufactured from an advanced polycarbonate material, the drinkware offers a touch akin to crystal glass. Designed to be unbreakable, the glassware is design with safety in mind ensuring worry-free usage. The collection is suitable for various upscale environments including outdoor dining, events, poolside and spas as well as bars, hotels and restaurants wanting an alternative to glassware.\n•Manufactured from advanced polycarbonate material\n•Excellent clarity with the look and feel of crystal glass\n•Exceptional scratch and break resistance\n•Perfect for outdoor dining, events, poolside and spas\n•Dishwasher safe up to 2000 cycles","Each",null,"8.5","8.5","22","0.00159",0.153,{"$nulls":8},"4260731925225",12,"35","30","15.5","0.01628","1.836",{"v":2,"d":"2.000"},null,144,"https://files.plytix.com/api/v1.1/file/public_files/pim/assets/8a/8d/8f/62/628f8d8abb3a1aaaf0e8f149/images/a9/8e/b4/66/66b48ea9b49a9c3a77fde10e/TH_X1001-450.jpg","https://files.plytix.com/api/v1.1/file/public_files/pim/assets/8a/8d/8f/62/628f8d8abb3a1aaaf0e8f149/images/f5/79/b4/66/66b479f5b9c47406c25cea00/X1001-450.jpg",null,"https://www.nevilleuk.com/products/X1001-450_","GR16-4","JC1002-490T|X1001-380"]
["X1001-380","Harmony Polycarbonate Wine Glass 38cl/ 13.4oz","199 x 86mm (H x Dia)",13.76,12,"Drinkware>Polycarbonate Drinkware",{"$nulls":3},85,85,200,{"v":0.12,"d":"0.120"},{"v":0.12,"d":"0.120"},{"v":38,"d":"38.00"},"13.4","Plastic-Polycarbonate","3924100090","China",-40,80,"Yes",null,"No",{"$nulls":7},"\n•Advanced Polycarbonate Material\n•BPA Free\n•Excellent Clarity\n•Exceptional Scratch Resistance\n•Virtually Unbreakable\n•Dishwasher Safe","﻿Our Polycarbonate Glasses are specifically crafted for the hospitality market, offering exceptional quality, durability and elegance. Manufactured from an advanced polycarbonate material, the drinkware offers a touch akin to crystal glass. Designed to be unbreakable, the glassware is design with safety in mind ensuring worry-free usage. The collection is suitable for various upscale environments including outdoor dining, events, poolside and spas as well as bars, hotels and restaurants wanting an alternative to glassware.\n•Manufactured from advanced polycarbonate material\n•Excellent clarity with the look and feel of crystal glass\n•Exceptional scratch and break resistance\n•Perfect for outdoor dining, events, poolside and spas\n•Dishwasher safe up to 2000 cycles","Each",null,"8.5","8.5","20","0.00145",{"v":0.12,"d":"0.120"},{"$nulls":8},"4260731923665",12,"40","31","20","0.02480","1.44",{"v":1.7,"d":"1.700"},null,756,"https://files.plytix.com/api/v1.1/file/public_files/pim/assets/8a/8d/8f/62/628f8d8abb3a1aaaf0e8f149/images/a9/8e/b4/66/66b48ea9eade129dc98277b9/TH_X1001-380.jpg","https://files.plytix.com/api/v1.1/file/public_files/pim/assets/8a/8d/8f/62/628f8d8abb3a1aaaf0e8f149/images/f4/79/b4/66/66b479f4b9c47406c25ce9ff/X1001-380.jpg","https://files.plytix.com/api/v1.1/file/public_files/pim/assets/8a/8d/8f/62/628f8d8abb3a1aaaf0e8f149/images/8c/70/b4/66/66b4708c8d8e351c2dd7cd11/LFST0924259.jpg","https://www.nevilleuk.com/products/X1001-380_","GR16-3","JC1002-490T|X1001-450"]
["JC004-215","Twilight Polycarbonate Martini Glass 21.5cl/ 7.6oz","167 x 116mm (H x Dia)",12.04,12,"Drinkware>Polycarbonate Drinkware",{"$nulls":3},110,110,160,{"v":0.1,"d":"0.100"},{"v":0.1,"d":"0.100"},{"v":21.5,"d":"21.50"},"7.6","Plastic-Polycarbonate","3924100090","China",-40,80,"Yes",null,"No",{"$nulls":7},"\n•Advanced Polycarbonate Material\n•BPA Free\n•Excellent Clarity\n•Exceptional Scratch Resistance\n•Virtually Unbreakable\n•Dishwasher Safe","﻿Our Polycarbonate Glasses are specifically crafted for the hospitality market, offering exceptional quality, durability and elegance. Manufactured from an advanced polycarbonate material, the drinkware offers a touch akin to crystal glass. Designed to be unbreakable, the glassware is design with safety in mind ensuring worry-free usage. The collection is suitable for various upscale environments including outdoor dining, events, poolside and spas as well as bars, hotels and restaurants wanting an alternative to glassware.\n•Manufactured from advanced polycarbonate material\n•Excellent clarity with the look and feel of crystal glass\n•Exceptional scratch and break resistance\n•Perfect for outdoor dining, events, poolside and spas\n•Dishwasher safe up to 2000 cycles","Each",null,"11","11","16","0.00194",{"v":0.1,"d":"0.100"},{"$nulls":8},"4262453730095",12,"41","31.5","17.5","0.02260","1.2",{"v":1.7,"d":"1.700"},null,1152,"https://files.plytix.com/api/v1.1/file/public_files/pim/assets/8a/8d/8f/62/628f8d8abb3a1aaaf0e8f149/images/8e/8e/b4/66/66b48e8ee4175b94b094e290/TH_JC004-215.jpg","https://files.plytix.com/api/v1.1/file/public_files/pim/assets/8a/8d/8f/62/628f8d8abb3a1aaaf0e8f149/images/7f/78/b4/66/66b4787f849b5d97e5669446/JC004-215.jpg","https://files.plytix.com/api/v1.1/file/public_files/pim/assets/8a/8d/8f/62/628f8d8abb3a1aaaf0e8f149/images/30/6d/b4/66/66b46d30b9c47406c25ce7ba/LFST0924268.jpg","https://www.nevilleuk.com/products/JC004-215_","GR9-3"]
["JC1006-640T","Twilight Polycarbonate Gin Glass 64cl/ 22.5oz","191 x 112mm (H x Dia)",17.78,12,"Drinkware>Polycarbonate Drinkware",{"$nulls":3},110,110,190,{"v":0.14,"d":"0.140"},{"v":0.14,"d":"0.140"},{"v":64,"d":"64.00"},"22.5","Plastic-Polycarbonate","3924100090","China",-40,80,"Yes",null,"No",{"$nulls":7},"\n•Advanced Polycarbonate Material\n•BPA Free\n•Excellent Clarity\n•Exceptional Scratch Resistance\n•Virtually Unbreakable\n•Dishwasher Safe","﻿Our Polycarbonate Glasses are specifically crafted for the hospitality market, offering exceptional quality, durability and elegance. Manufactured from an advanced polycarbonate material, the drinkware offers a touch akin to crystal glass. Designed to be unbreakable, the glassware is design with safety in mind ensuring worry-free usage. The collection is suitable for various upscale environments including outdoor dining, events, poolside and spas as well as bars, hotels and restaurants wanting an alternative to glassware.\n•Manufactured from advanced polycarbonate material\n•Excellent clarity with the look and feel of crystal glass\n•Exceptional scratch and break resistance\n•Perfect for outdoor dining, events, poolside and spas\n•Dishwasher safe up to 2000 cycles","Each",null,"11","11","19","0.00230",{"v":0.14,"d":"0.140"},{"$nulls":8},"4260731929162",12,"41","31.5","20","0.02583","1.68",{"v":2.2,"d":"2.200"},null,504,"https://files.plytix.com/api/v1.1/file/public_files/pim/assets/8a/8d/8f/62/628f8d8abb3a1aaaf0e8f149/images/8f/8e/b4/66/66b48e8f4b836aa9209dce55/TH_JC1006-640T.jpg","https://files.plytix.com/api/v1.1/file/public_files/pim/assets/8a/8d/8f/62/628f8d8abb3a1aaaf0e8f149/images/82/78/b4/66/66b47882eade129dc98274f3/JC1006-640T.jpg","https://files.plytix.com/api/v1.1/file/public_files/pim/assets/8a/8d/8f/62/628f8d8abb3a1aaaf0e8f149/images/2d/6d/b4/66/66b46d2db9c47406c25ce7b7/LFST0924267.jpg|https://files.plytix.com/api/v1.1/file/public_files/pim/assets/8a/8d/8f/62/628f8d8abb3a1aaaf0e8f149/images/2a/6d/b4/66/66b46d2ab9c47406c25ce7b4/LFST0924266.jpg","https://www.nevilleuk.com/products/JC1006-640T_","GR9-3","X1006-640"]
["GJ5031-180","Twilight Polycarbonate Champagne Flute 18cl/ 6.3oz","233 x 70mm (H x Dia)",10.58,12,"Drinkware>Polycarbonate Drinkware",{"$nulls":3},70,70,230,{"v":0.1,"d":"0.100"},{"v":0.1,"d":"0.100"},{"v":18,"d":"18.00"},"6.3","Plastic-Polycarbonate","3924100090","China",-40,80,"Yes",null,"No",{"$nulls":7},"\n•Advanced Polycarbonate Material\n•BPA Free\n•Excellent Clarity\n•Exceptional Scratch Resistance\n•Virtually Unbreakable\n•Dishwasher Safe","﻿Our Polycarbonate Glasses are specifically crafted for the hospitality market, offering exceptional quality, durability and elegance. Manufactured from an advanced polycarbonate material, the drinkware offers a touch akin to crystal glass. Designed to be unbreakable, the glassware is design with safety in mind ensuring worry-free usage. The collection is suitable for various upscale environments including outdoor dining, events, poolside and spas as well as bars, hotels and restaurants wanting an alternative to glassware.\n•Manufactured from advanced polycarbonate material\n•Excellent clarity with the look and feel of crystal glass\n•Exceptional scratch and break resistance\n•Perfect for outdoor dining, events, poolside and spas\n•Dishwasher safe up to 2000 cycles","Each",null,"7","7","23","0.00113",{"v":0.1,"d":"0.100"},{"$nulls":8},"4260731923689",12,"40","31","20","0.02480","1.2",{"v":1.6,"d":"1.600"},null,1296,"https://files.plytix.com/api/v1.1/file/public_files/pim/assets/8a/8d/8f/62/628f8d8abb3a1aaaf0e8f149/images/8b/8e/b4/66/66b48e8bb49a9c3a77fde0de/TH_GJ5031-180.jpg","https://files.plytix.com/api/v1.1/file/public_files/pim/assets/8a/8d/8f/62/628f8d8abb3a1aaaf0e8f149/images/5b/78/b4/66/66b4785bb49a9c3a77fddcbd/GJ5031-180.jpg","https://files.plytix.com/api/v1.1/file/public_files/pim/assets/8a/8d/8f/62/628f8d8abb3a1aaaf0e8f149/images/8a/70/b4/66/66b4708a29eaab66dc97d52f/LFST0924258.jpg|https://files.plytix.com/api/v1.1/file/public_files/pim/assets/8a/8d/8f/62/628f8d8abb3a1aaaf0e8f149/images/82/70/b4/66/66b4708229eaab66dc97d52e/LFST0924254.jpg","https://www.nevilleuk.com/products/GJ5031-180_","GR25-4","X1015-175"]
["JC1002-490T","Twilight Polycarbonate Wine Glass 49cl/ 17.2oz","232 x 90mm (H x Dia)",15.26,12,"Drinkware>Polycarbonate Drinkware",{"$nulls":3},80,80,230,{"v":0.15,"d":"0.150"},{"v":0.15,"d":"0.150"},{"v":49,"d":"49.00"},"17.2","Plastic-Polycarbonate","3924100090","China",-40,80,"Yes",null,"No",{"$nulls":7},"\n•Advanced Polycarbonate Material\n•BPA Free\n•Excellent Clarity\n•Exceptional Scratch Resistance\n•Virtually Unbreakable\n•Dishwasher Safe","﻿Our Polycarbonate Glasses are specifically crafted for the hospitality market, offering exceptional quality, durability and elegance. Manufactured from an advanced polycarbonate material, the drinkware offers a touch akin to crystal glass. Designed to be unbreakable, the glassware is design with safety in mind ensuring worry-free usage. The collection is suitable for various upscale environments including outdoor dining, events, poolside and spas as well as bars, hotels and restaurants wanting an alternative to glassware.\n•Manufactured from advanced polycarbonate material\n•Excellent clarity with the look and feel of crystal glass\n•Exceptional scratch and break resistance\n•Perfect for outdoor dining, events, poolside and spas\n•Dishwasher safe up to 2000 cycles","Each",null,"8","8","23","0.00147",{"v":0.15,"d":"0.150"},{"$nulls":8},"4262453730194",12,"38","29","25","0.02755","1.8",{"v":2.26,"d":"2.260"},null,720,"https://files.plytix.com/api/v1.1/file/public_files/pim/assets/8a/8d/8f/62/628f8d8abb3a1aaaf0e8f149/images/8f/8e/b4/66/66b48e8fb49a9c3a77fde0e1/TH_JC1002-490T.jpg","https://files.plytix.com/api/v1.1/file/public_files/pim/assets/8a/8d/8f/62/628f8d8abb3a1aaaf0e8f149/images/80/78/b4/66/66b47880b49a9c3a77fddcd5/JC1002-490T.jpg","https://files.plytix.com/api/v1.1/file/public_files/pim/assets/8a/8d/8f/62/628f8d8abb3a1aaaf0e8f149/images/8a/70/b4/66/66b4708a29eaab66dc97d52f/LFST0924258.jpg|https://files.plytix.com/api/v1.1/file/public_files/pim/assets/8a/8d/8f/62/628f8d8abb3a1aaaf0e8f149/images/79/70/b4/66/66b47079c7b5936d26a05cf2/LFST0924250.jpg","https://www.nevilleuk.com/products/JC1002-490T_","GR16-4","X1001-450|X1001-380"]
["JC1016-500T","Twilight Polycarbonate Tumbler 50cl/ 17.6oz","126 x 87mm (H x Dia)",{"v":11.9,"d":"11.90"},12,"Drinkware>Polycarbonate Drinkware",{"$nulls":3},80,80,120,{"v":0.13,"d":"0.130"},{"v":0.13,"d":"0.130"},{"v":50,"d":"50.00"},"17.6","Plastic-Polycarbonate","3924100090","China",-40,80,"Yes",null,"No",{"$nulls":7},"\n•Advanced Polycarbonate Material\n•BPA Free\n•Excellent Clarity\n•Exceptional Scratch Resistance\n•Virtually Unbreakable\n•Dishwasher Safe","﻿Our Polycarbonate Glasses are specifically crafted for the hospitality market, offering exceptional quality, durability and elegance. Manufactured from an advanced polycarbonate material, the drinkware offers a touch akin to crystal glass. Designed to be unbreakable, the glassware is design with safety in mind ensuring worry-free usage. The collection is suitable for various upscale environments including outdoor dining, events, poolside and spas as well as bars, hotels and restaurants wanting an alternative to glassware.\n•Manufactured from advanced polycarbonate material\n•Excellent clarity with the look and feel of crystal glass\n•Exceptional scratch and break resistance\n•Perfect for outdoor dining, events, poolside and spas\n•Dishwasher safe up to 2000 cycles","Each",null,"8","8","12","0.00077",{"v":0.13,"d":"0.130"},{"$nulls":8},"4260731929223",12,"38","29","12.5","0.01378","1.56",{"v":1.95,"d":"1.950"},null,1080,"https://files.plytix.com/api/v1.1/file/public_files/pim/assets/8a/8d/8f/62/628f8d8abb3a1aaaf0e8f149/images/8f/8e/b4/66/66b48e8fe4175b94b094e292/TH_JC1016-500T.jpg","https://files.plytix.com/api/v1.1/file/public_files/pim/assets/8a/8d/8f/62/628f8d8abb3a1aaaf0e8f149/images/83/78/b4/66/66b4788381a90fe9eccc9394/JC1016-500T.jpg",null,"https://www.nevilleuk.com/products/JC1016-500T_","GR16-2","YL2004-400"]
["JC1016-350T","Twilight Polycarbonate Tumbler 35cl/ 12.3oz","114 x 79mm (H x Dia)",10.34,12,"Drinkware>Polycarbonate Drinkware",{"$nulls":3},80,80,120,{"v":0.1,"d":"0.100"},{"v":0.1,"d":"0.100"},{"v":35,"d":"35.00"},"12.3","Plastic-Polycarbonate","3924100090","China",-40,80,"Yes",null,"No",{"$nulls":7},"\n•Advanced Polycarbonate Material\n•BPA Free\n•Excellent Clarity\n•Exceptional Scratch Resistance\n•Virtually Unbreakable\n•Dishwasher Safe","﻿Our Polycarbonate Glasses are specifically crafted for the hospitality market, offering exceptional quality, durability and elegance. Manufactured from an advanced polycarbonate material, the drinkware offers a touch akin to crystal glass. Designed to be unbreakable, the glassware is design with safety in mind ensuring worry-free usage. The collection is suitable for various upscale environments including outdoor dining, events, poolside and spas as well as bars, hotels and restaurants wanting an alternative to glassware.\n•Manufactured from advanced polycarbonate material\n•Excellent clarity with the look and feel of crystal glass\n•Exceptional scratch and break resistance\n•Perfect for outdoor dining, events, poolside and spas\n•Dishwasher safe up to 2000 cycles","Each",null,"8","8","12","0.00077",{"v":0.1,"d":"0.100"},{"$nulls":8},"4260731929209",12,"35","26.5","12.5","0.01159","1.2",{"v":1.55,"d":"1.550"},null,1080,"https://files.plytix.com/api/v1.1/file/public_files/pim/assets/8a/8d/8f/62/628f8d8abb3a1aaaf0e8f149/images/8f/8e/b4/66/66b48e8fe4175b94b094e291/TH_JC1016-350T.jpg","https://files.plytix.com/api/v1.1/file/public_files/pim/assets/8a/8d/8f/62/628f8d8abb3a1aaaf0e8f149/images/83/78/b4/66/66b47883e7186c3ac4e305e4/JC1016-350T.jpg","https://files.plytix.com/api/v1.1/file/public_files/pim/assets/8a/8d/8f/62/628f8d8abb3a1aaaf0e8f149/images/97/70/b4/66/66b47097ead97950556f5167/LFST0924264.jpg","https://www.nevilleuk.com/products/JC1016-350T_","GR25-1","YL2004-310"]
["YL3029-410","Legacy Polycarbonate HiBall Tumbler 41cl/ 14.4oz","149 x 76mm (H x Dia)",{"v":15.6,"d":"15.60"},12,"Drinkware>Polycarbonate Drinkware",{"$nulls":3},75,75,150,0.236,0.236,{"v":41,"d":"41.00"},"14.4","Plastic-Polycarbonate","3924100090","China",-40,80,"Yes",null,"No",{"$nulls":7},"\n•Advanced Polycarbonate Material\n•BPA Free\n•Excellent Clarity\n•Exceptional Scratch Resistance\n•Virtually Unbreakable\n•Dishwasher Safe","﻿Our Polycarbonate Glasses are specifically crafted for the hospitality market, offering exceptional quality, durability and elegance. Manufactured from an advanced polycarbonate material, the drinkware offers a touch akin to crystal glass. Designed to be unbreakable, the glassware is design with safety in mind ensuring worry-free usage. The collection is suitable for various upscale environments including outdoor dining, events, poolside and spas as well as bars, hotels and restaurants wanting an alternative to glassware.\n•Manufactured from advanced polycarbonate material\n•Excellent clarity with the look and feel of crystal glass\n•Exceptional scratch and break resistance\n•Perfect for outdoor dining, events, poolside and spas\n•Dishwasher safe up to 2000 cycles","Each",null,"7.5","7.5","15","0.00084",0.236,{"$nulls":8},"4262453730187",12,"35","31","15.5","0.01682","2.832",{"v":3,"d":"3.000"},null,1296,"https://files.plytix.com/api/v1.1/file/public_files/pim/assets/8a/8d/8f/62/628f8d8abb3a1aaaf0e8f149/images/aa/8e/b4/66/66b48eaa0baf06fe10636bf6/TH_YL3029-410.jpg","https://files.plytix.com/api/v1.1/file/public_files/pim/assets/8a/8d/8f/62/628f8d8abb3a1aaaf0e8f149/images/f9/79/b4/66/66b479f983d910ed29970880/YL3029-410_A.jpg|https://files.plytix.com/api/v1.1/file/public_files/pim/assets/8a/8d/8f/62/628f8d8abb3a1aaaf0e8f149/images/f9/79/b4/66/66b479f9c7b5936d26a05e32/YL3029-410.jpg|https://files.plytix.com/api/v1.1/file/public_files/pim/assets/8a/8d/8f/62/628f8d8abb3a1aaaf0e8f149/images/fa/79/b4/66/66b479fab9c47406c25cea05/YL3029-410_B.jpg","https://files.plytix.com/api/v1.1/file/public_files/pim/assets/8a/8d/8f/62/628f8d8abb3a1aaaf0e8f149/images/3a/6d/b4/66/66b46d3ab9c47406c25ce7c1/LFST0924272.jpg","https://www.nevilleuk.com/products/YL3029-410_","GR25-2","YL3029-320"]
["MK110873","White Marrakesh Melamine GN 1/1 Slab 53 x 32.5cm","GN1/1- 530 x 325 x 15mm (L x W x H)",74.78,1,"Buffet & Display>Marrakesh",{"$nulls":3},530,325,15,{"v":1.11,"d":"1.110"},{"v":1.11,"d":"1.110"},null,null,"Melamine","3924100011","China",null,100,"Yes","N/A","No","Yes",{"$nulls":6},"\n•Premium Melamine\n•Designed for High-Traffic Use\n•Gastronorm GN Sizing\n•Authentic Moroccan Inspiration\n•Hero Pieces for Stunning Displays\n•Elegant Yet Practical\n•Lightweight and Easy To Handle\n•Chip and Stain Resistant\n•Dishwasher Safe","Our Marrakesh collection, inspired by traditional Moroccan mosaic tiles and available in a range of striking colours. Crafted from 100% premium melamine, our Marrakesh Moroccan buffet bowls and display slabs come in a variety of shapes and sizes. These pieces are not only robust and dishwasher safe but also feature a creative mix of decorative patterns, geometric designs and efflorescent motifs. Perfect for adding a touch of inspiration to any buffet.\n•Premium Melamine Construction: Offers the look of porcelain with superior durability and resistance to breakage\n•Designed for High-Traffic Use: Built to withstand the demands of contract catering and buffet service environments\n•Gastronorm GN Sizing: Standard GN sizing ensures seamless integration into buffet setups and catering stations\n•Authentic Moroccan Inspiration: Features traditional mosaic tile patterns, geometric designs, and efflorescent motifs\n•Hero Pieces for Stunning Displays: Statement designs that draw attention and elevate buffet aesthetics\n•Elegant Yet Practical: Enhances food presentation while maintaining the efficiency required for large-scale service\n•Lightweight and Easy to Handle: Easier to transport and arrange compared to traditional ceramic or porcelain dishes\n•Chip and Stain Resistant: Maintains a pristine appearance even with frequent use, reducing replacement costs\n•Dishwasher Safe: Designed for effortless cleaning, ensuring hygiene and quick turnaround between services","Each","5020403108306","53","32.5","1.5","0.00258",{"v":1.11,"d":"1.110"},"05020403108313",4,"54","33.5","8.5","0.01538","4.44",5.175,"05020403108320",8,"55.5","35","20","0.03885","8.88",{"v":10.35,"d":"10.350"},null,225,"https://files.plytix.com/api/v1.1/file/public_files/pim/assets/8a/8d/8f/62/628f8d8abb3a1aaaf0e8f149/images/c4/14/91/67/679114c4650bff6333cfd97a/TH_MK110873.jpg","https://files.plytix.com/api/v1.1/file/public_files/pim/assets/8a/8d/8f/62/628f8d8abb3a1aaaf0e8f149/images/0f/1c/91/67/67911c0f26b9c8be7b87a96e/MK110873.jpg","https://files.plytix.com/api/v1.1/file/public_files/pim/assets/8a/8d/8f/62/628f8d8abb3a1aaaf0e8f149/images/d6/d1/a1/67/67a1d1d63446055658f06265/LFST0325277.jpg|https://files.plytix.com/api/v1.1/file/public_files/pim/assets/8a/8d/8f/62/628f8d8abb3a1aaaf0e8f149/images/be/d1/a1/67/67a1d1be783f894c4a8d4d53/LFST0325285.jpg","https://www.nevilleuk.com/products/MK110873_",null,"MK110872|MK110828|MK110839"]
["MK110872","Black Marrakesh Melamine GN 1/1 Slab 53 x 32.5cm","GN1/1- 530 x 325 x 15mm (L x W x H)",74.78,1,"Buffet & Display>Marrakesh",{"$nulls":3},530,325,15,{"v":1.11,"d":"1.110"},{"v":1.11,"d":"1.110"},null,null,"Melamine","3924100011","China",null,100,"Yes","N/A","No","Yes",{"$nulls":6},"\n•Premium Melamine\n•Designed for High-Traffic Use\n•Gastronorm GN Sizing\n•Authentic Moroccan Inspiration\n•Hero Pieces for Stunning Displays\n•Elegant Yet Practical\n•Lightweight and Easy To Handle\n•Chip and Stain Resistant\n•Dishwasher Safe","Our Marrakesh collection, inspired by traditional Moroccan mosaic tiles and available in a range of striking colours. Crafted from 100% premium melamine, our Marrakesh Moroccan buffet bowls and display slabs come in a variety of shapes and sizes. These pieces are not only robust and dishwasher safe but also feature a creative mix of decorative patterns, geometric designs and efflorescent motifs. Perfect for adding a touch of inspiration to any buffet.\n•Premium Melamine Construction: Offers the look of porcelain with superior durability and resistance to breakage\n•Designed for High-Traffic Use: Built to withstand the demands of contract catering and buffet service environments\n•Gastronorm GN Sizing: Standard GN sizing ensures seamless integration into buffet setups and catering stations\n•Authentic Moroccan Inspiration: Features traditional mosaic tile patterns, geometric designs, and efflorescent motifs\n•Hero Pieces for Stunning Displays: Statement designs that draw attention and elevate buffet aesthetics\n•Elegant Yet Practical: Enhances food presentation while maintaining the efficiency required for large-scale service\n•Lightweight and Easy to Handle: Easier to transport and arrange compared to traditional ceramic or porcelain dishes\n•Chip and Stain Resistant: Maintains a pristine appearance even with frequent use, reducing replacement costs\n•Dishwasher Safe: Designed for effortless cleaning, ensuring hygiene and quick turnaround between services","Each","5020403108184","53","32.5","1.5","0.00258",{"v":1.11,"d":"1.110"},"05020403108191",4,"54","33.5","8.5","0.01538","4.44",5.175,"05020403108207",8,"55.5","35","20","0.03885","8.88",{"v":10.35,"d":"10.350"},null,225,"https://files.plytix.com/api/v1.1/file/public_files/pim/assets/8a/8d/8f/62/628f8d8abb3a1aaaf0e8f149/images/c4/14/91/67/679114c4cad52e3172812dd5/TH_MK110872.jpg","https://files.plytix.com/api/v1.1/file/public_files/pim/assets/8a/8d/8f/62/628f8d8abb3a1aaaf0e8f149/images/0e/1c/91/67/67911c0ecad52e31728130eb/MK110872.jpg","https://files.plytix.com/api/v1.1/file/public_files/pim/assets/8a/8d/8f/62/628f8d8abb3a1aaaf0e8f149/images/d6/d1/a1/67/67a1d1d63446055658f06265/LFST0325277.jpg|https://files.plytix.com/api/v1.1/file/public_files/pim/assets/8a/8d/8f/62/628f8d8abb3a1aaaf0e8f149/images/be/d1/a1/67/67a1d1be783f894c4a8d4d53/LFST0325285.jpg","https://www.nevilleuk.com/products/MK110872_",null,"MK110873|MK110828|MK110839"]
["CP130146","Sand Brown Copenhagen Melamine GN 1/3 Deep Dish 32.5 x 17.6 x 8cm","GN1/3- 325 x 176 x 80mm (L x W x H) - 3L/ 105.6oz",62.44,1,"Buffet & Display>Copenhagen",{"$nulls":3},325,176,80,0.765,0.765,{"v":300,"d":"300.00"},"105.6","Melamine","3924100011","China",null,100,"Yes","N/A","No","Yes",{"$nulls":6},"\n•Premium Melamine\n•Designed for High-Traffic Use\n•Gastronorm GN Sizing\n•Scandinavian-Inspired Design\n•Elegant Yet Practical\n•Lightweight and Easy To Handle\n•Chip and Stain Resistant\n•Dishwasher Safe","In the world of contract catering and buffet services, presentation and durability are key to creating a seamless and visually appealing dining experience. Contract catering involves providing large-scale food services to businesses, institutions, or events, where efficiency, consistency, and aesthetics play a crucial role. Buffets, often a central element in this setup, demand durable and attractive serving ware that can withstand high-traffic use while enhancing food presentation. Our range of melamine buffet solutions, including the Copenhagen GN size deep dishes, is designed specifically for this purpose. These dishes offer the perfect blend of style and practicality, ensuring that contract caterers can deliver a visually stunning spread that stands up to the rigors of daily use without compromising on quality.\n•Premium Melamine Construction: Offers the look of porcelain with superior durability and resistance to breakage\n•Designed for High-Traffic Use: Built to withstand the demands of contract catering and buffet service environments\n•Gastronorm GN Sizing: Standard GN sizing ensures seamless integration into buffet setups and catering stations\n•Scandinavian-Inspired Design: Features elegant, undulating walled edges for a contemporary and sophisticated look\n•Matt Finish: Modern, refined aesthetic that enhances food presentation\n•Elegant Yet Practical: Enhances food presentation while maintaining the efficiency required for large-scale service\n•Lightweight and Easy to Handle: Easier to transport and arrange compared to traditional ceramic or porcelain dishes\n•Chip and Stain Resistant: Maintains a pristine appearance even with frequent use, reducing replacement costs\n•Dishwasher Safe: Designed for effortless cleaning, ensuring hygiene and quick turnaround between services","Each","5020403107347","32.5","17.6","8","0.00458",0.765,"05020403107354",4,"33.5","18.5","20","0.01240","3.06",{"v":3.31,"d":"3.310"},"05020403107361",16,"39","35.5","44","0.06092","12.24",{"v":13.95,"d":"13.950"},null,288,"https://files.plytix.com/api/v1.1/file/public_files/pim/assets/8a/8d/8f/62/628f8d8abb3a1aaaf0e8f149/images/b7/14/91/67/679114b726b9c8be7b87a6de/TH_CP130146.jpg","https://files.plytix.com/api/v1.1/file/public_files/pim/assets/8a/8d/8f/62/628f8d8abb3a1aaaf0e8f149/images/f5/1b/91/67/67911bf5650bff6333cfdb8f/CP130146.jpg",null,"https://www.nevilleuk.com/products/CP130146_",null,"CP130102|CP130145|CP130147"]
["CP120147","Jade Copenhagen Melamine GN 1/2 Deep Dish 32.5 x 26.5 x 8cm","GN1/2- 325 x 265 x 80mm (L x W x H) - 4.5L/ 158.4oz",81.06,1,"Buffet & Display>Copenhagen",{"$nulls":3},325,265,80,{"v":1.03,"d":"1.030"},{"v":1.03,"d":"1.030"},{"v":450,"d":"450.00"},"158.4","Melamine","3924100011","China",null,100,"Yes","N/A","No","Yes",{"$nulls":6},"\n•Premium Melamine\n•Designed for High-Traffic Use\n•Gastronorm GN Sizing\n•Scandinavian-Inspired Design\n•Elegant Yet Practical\n•Lightweight and Easy To Handle\n•Chip and Stain Resistant\n•Dishwasher Safe","In the world of contract catering and buffet services, presentation and durability are key to creating a seamless and visually appealing dining experience. Contract catering involves providing large-scale food services to businesses, institutions, or events, where efficiency, consistency, and aesthetics play a crucial role. Buffets, often a central element in this setup, demand durable and attractive serving ware that can withstand high-traffic use while enhancing food presentation. Our range of melamine buffet solutions, including the Copenhagen GN size deep dishes, is designed specifically for this purpose. These dishes offer the perfect blend of style and practicality, ensuring that contract caterers can deliver a visually stunning spread that stands up to the rigors of daily use without compromising on quality.\n•Premium Melamine Construction: Offers the look of porcelain with superior durability and resistance to breakage\n•Designed for High-Traffic Use: Built to withstand the demands of contract catering and buffet service environments\n•Gastronorm GN Sizing: Standard GN sizing ensures seamless integration into buffet setups and catering stations\n•Scandinavian-Inspired Design: Features elegant, undulating walled edges for a contemporary and sophisticated look\n•Matt Finish: Modern, refined aesthetic that enhances food presentation\n•Elegant Yet Practical: Enhances food presentation while maintaining the efficiency required for large-scale service\n•Lightweight and Easy to Handle: Easier to transport and arrange compared to traditional ceramic or porcelain dishes\n•Chip and Stain Resistant: Maintains a pristine appearance even with frequent use, reducing replacement costs\n•Dishwasher Safe: Designed for effortless cleaning, ensuring hygiene and quick turnaround between services","Each","5020403107255","32.5","26.5","8","0.00689",{"v":1.03,"d":"1.030"},"05020403107262",6,"33.5","27.5","20","0.01843","6.18",{"v":6.54,"d":"6.540"},"05020403107279",12,"57","35.5","22","0.04452","12.36",{"v":13.7,"d":"13.700"},null,192,"https://files.plytix.com/api/v1.1/file/public_files/pim/assets/8a/8d/8f/62/628f8d8abb3a1aaaf0e8f149/images/b6/14/91/67/679114b6cad52e3172812dc7/TH_CP120147.jpg","https://files.plytix.com/api/v1.1/file/public_files/pim/assets/8a/8d/8f/62/628f8d8abb3a1aaaf0e8f149/images/ed/1b/91/67/67911bed650bff6333cfdb8c/CP120147.jpg","https://files.plytix.com/api/v1.1/file/public_files/pim/assets/8a/8d/8f/62/628f8d8abb3a1aaaf0e8f149/images/fd/d1/a1/67/67a1d1fd20b2e4642d1ce9ae/LFST0325266.jpg","https://www.nevilleuk.com/products/CP120147_",null,"CP120102|CP120145|CP120146"]
["CP110146","Sand Brown Copenhagen Melamine GN 1/1 Deep Dish 53 x 32.5 x 8cm","GN1/1- 530 x 325 x 80mm (L x W x H) - 9L/ 316.7oz",{"v":120.4,"d":"120.40"},1,"Buffet & Display>Copenhagen",{"$nulls":3},530,325,80,1.805,1.805,{"v":900,"d":"900.00"},"316.8","Melamine","3924100011","China",null,100,"Yes","N/A","No","Yes",{"$nulls":6},"\n•Premium Melamine\n•Designed for High-Traffic Use\n•Gastronorm GN Sizing\n•Scandinavian-Inspired Design\n•Elegant Yet Practical\n•Lightweight and Easy To Handle\n•Chip and Stain Resistant\n•Dishwasher Safe","In the world of contract catering and buffet services, presentation and durability are key to creating a seamless and visually appealing dining experience. Contract catering involves providing large-scale food services to businesses, institutions, or events, where efficiency, consistency, and aesthetics play a crucial role. Buffets, often a central element in this setup, demand durable and attractive serving ware that can withstand high-traffic use while enhancing food presentation. Our range of melamine buffet solutions, including the Copenhagen GN size deep dishes, is designed specifically for this purpose. These dishes offer the perfect blend of style and practicality, ensuring that contract caterers can deliver a visually stunning spread that stands up to the rigors of daily use without compromising on quality.\n•Premium Melamine Construction: Offers the look of porcelain with superior durability and resistance to breakage\n•Designed for High-Traffic Use: Built to withstand the demands of contract catering and buffet service environments\n•Gastronorm GN Sizing: Standard GN sizing ensures seamless integration into buffet setups and catering stations\n•Scandinavian-Inspired Design: Features elegant, undulating walled edges for a contemporary and sophisticated look\n•Matt Finish: Modern, refined aesthetic that enhances food presentation\n•Elegant Yet Practical: Enhances food presentation while maintaining the efficiency required for large-scale service\n•Lightweight and Easy to Handle: Easier to transport and arrange compared to traditional ceramic or porcelain dishes\n•Chip and Stain Resistant: Maintains a pristine appearance even with frequent use, reducing replacement costs\n•Dishwasher Safe: Designed for effortless cleaning, ensuring hygiene and quick turnaround between services","Each","5020403107101","53","32.5","8","0.01378",1.805,"05020403107118",4,"54","33.5","16","0.02894","7.22",{"v":7.74,"d":"7.740"},"05020403107125",8,"56","35.5","36","0.07157","14.44",{"v":16.25,"d":"16.250"},null,96,"https://files.plytix.com/api/v1.1/file/public_files/pim/assets/8a/8d/8f/62/628f8d8abb3a1aaaf0e8f149/images/b4/14/91/67/679114b4cad52e3172812dc3/TH_CP110146.jpg","https://files.plytix.com/api/v1.1/file/public_files/pim/assets/8a/8d/8f/62/628f8d8abb3a1aaaf0e8f149/images/e4/1b/91/67/67911be426b9c8be7b87a960/CP110146.jpg","https://files.plytix.com/api/v1.1/file/public_files/pim/assets/8a/8d/8f/62/628f8d8abb3a1aaaf0e8f149/images/05/d2/a1/67/67a1d20520b2e4642d1ce9af/LFST0325263.jpg","https://www.nevilleuk.com/products/CP110146_",null,"CP110102|CP110145|CP110147"]
["CP110145","White Copenhagen Melamine GN 1/1 Deep Dish 53 x 32.5 x 8cm","GN1/1- 530 x 325 x 80mm (L x W x H) - 9L/ 316.7oz",{"v":120.4,"d":"120.40"},1,"Buffet & Display>Copenhagen",{"$nulls":3},530,325,80,1.805,1.805,{"v":900,"d":"900.00"},"316.8","Melamine","3924100011","China",null,100,"Yes","N/A","No","Yes",{"$nulls":6},"\n•Premium Melamine\n•Designed for High-Traffic Use\n•Gastronorm GN Sizing\n•Scandinavian-Inspired Design\n•Elegant Yet Practical\n•Lightweight and Easy To Handle\n•Chip and Stain Resistant\n•Dishwasher Safe","In the world of contract catering and buffet services, presentation and durability are key to creating a seamless and visually appealing dining experience. Contract catering involves providing large-scale food services to businesses, institutions, or events, where efficiency, consistency, and aesthetics play a crucial role. Buffets, often a central element in this setup, demand durable and attractive serving ware that can withstand high-traffic use while enhancing food presentation. Our range of melamine buffet solutions, including the Copenhagen GN size deep dishes, is designed specifically for this purpose. These dishes offer the perfect blend of style and practicality, ensuring that contract caterers can deliver a visually stunning spread that stands up to the rigors of daily use without compromising on quality.\n•Premium Melamine Construction: Offers the look of porcelain with superior durability and resistance to breakage\n•Designed for High-Traffic Use: Built to withstand the demands of contract catering and buffet service environments\n•Gastronorm GN Sizing: Standard GN sizing ensures seamless integration into buffet setups and catering stations\n•Scandinavian-Inspired Design: Features elegant, undulating walled edges for a contemporary and sophisticated look\n•Matt Finish: Modern, refined aesthetic that enhances food presentation\n•Elegant Yet Practical: Enhances food presentation while maintaining the efficiency required for large-scale service\n•Lightweight and Easy to Handle: Easier to transport and arrange compared to traditional ceramic or porcelain dishes\n•Chip and Stain Resistant: Maintains a pristine appearance even with frequent use, reducing replacement costs\n•Dishwasher Safe: Designed for effortless cleaning, ensuring hygiene and quick turnaround between services","Each","5020403107071","53","32.5","8","0.01378",1.805,"05020403107088",4,"54","33.5","16","0.02894","7.22",{"v":7.74,"d":"7.740"},"05020403107095",8,"56","35.5","36","0.07157","14.44",{"v":16.25,"d":"16.250"},null,96,"https://files.plytix.com/api/v1.1/file/public_files/pim/assets/8a/8d/8f/62/628f8d8abb3a1aaaf0e8f149/images/b4/14/91/67/679114b426b9c8be7b87a6d9/TH_CP110145.jpg","https://files.plytix.com/api/v1.1/file/public_files/pim/assets/8a/8d/8f/62/628f8d8abb3a1aaaf0e8f149/images/e3/1b/91/67/67911be326b9c8be7b87a95f/CP110145.jpg",null,"https://www.nevilleuk.com/products/CP110145_",null,"JT110145"]
["MK380973","White Marrakesh Melamine Bowl 38 x 4.5cm","380 x 45mm (Dia x H) - 3.5L/ 123.2oz",71.62,1,"Buffet & Display>Marrakesh",{"$nulls":3},380,380,45,{"v":0.75,"d":"0.750"},{"v":0.75,"d":"0.750"},{"v":350,"d":"350.00"},"123.2","Melamine","3924100011","China",null,100,"Yes","N/A","No","Yes",{"$nulls":6},"\n•Premium Melamine\n•Designed for High-Traffic Use\n•Authentic Moroccan Inspiration\n•Hero Pieces for Stunning Displays\n•Elegant Yet Practical\n•Lightweight and Easy To Handle\n•Chip and Stain Resistant\n•Dishwasher Safe","Our Marrakesh collection, inspired by traditional Moroccan mosaic tiles and available in a range of striking colours. Crafted from 100% premium melamine, our Marrakesh Moroccan buffet bowls and display slabs come in a variety of shapes and sizes. These pieces are not only robust and dishwasher safe but also feature a creative mix of decorative patterns, geometric designs and efflorescent motifs. Perfect for adding a touch of inspiration to any buffet.\n•Premium Melamine Construction: Offers the look of porcelain with superior durability and resistance to breakage\n•Designed for High-Traffic Use: Built to withstand the demands of contract catering and buffet service environments\n•Authentic Moroccan Inspiration: Features traditional mosaic tile patterns, geometric designs, and efflorescent motifs\n•Hero Pieces for Stunning Displays: Statement designs that draw attention and elevate buffet aesthetics\n•Elegant Yet Practical: Enhances food presentation while maintaining the efficiency required for large-scale service\n•Lightweight and Easy to Handle: Easier to transport and arrange compared to traditional ceramic or porcelain dishes\n•Chip and Stain Resistant: Maintains a pristine appearance even with frequent use, reducing replacement costs\n•Dishwasher Safe: Designed for effortless cleaning, ensuring hygiene and quick turnaround between services","Each","5020403108337","38","38","4.5","0.00650",{"v":0.75,"d":"0.750"},"05020403108344",6,"39","39","11","0.01673","4.5",{"v":5.29,"d":"5.290"},"05020403108351",18,"41","41","37","0.06220","13.5",{"v":15.86,"d":"15.860"},null,144,"https://files.plytix.com/api/v1.1/file/public_files/pim/assets/8a/8d/8f/62/628f8d8abb3a1aaaf0e8f149/images/c5/14/91/67/679114c5cad52e3172812dd6/TH_MK380973.jpg","https://files.plytix.com/api/v1.1/file/public_files/pim/assets/8a/8d/8f/62/628f8d8abb3a1aaaf0e8f149/images/11/1c/91/67/67911c1126b9c8be7b87a96f/MK380973.jpg",null,"https://www.nevilleuk.com/products/MK380973_",null,"MK380972|MK380928|MK380939"]
["CP100970","Denim Blue Copenhagen Melamine Bowl 10.8 x 5.6cm","108 x 56mm (Dia x H) - 27cl/ 9.5oz",8.46,24,"Buffet & Display>Copenhagen",{"$nulls":3},108,108,56,{"v":0.13,"d":"0.130"},{"v":0.13,"d":"0.130"},{"v":27,"d":"27.00"},"9.5","Melamine","3924100011","China",null,100,"Yes","N/A","No","Yes",{"$nulls":6},"\n•Premium Melamine\n•Designed for High-Traffic Use\n•Scandinavian-Inspired Design\n•Elegant Yet Practical\n•Lightweight and Easy To Handle\n•Chip and Stain Resistant\n•Dishwasher Safe","Embrace the beauty of simplicity, minimalism, and functionality with our Scandinavian-inspired collection of melamine tableware and buffetware. Featuring muted tones, Copenhagen has the textured matt effect colourways that provide a neutral palette that enhances the vibrancy of your food presentation. Discover our beautiful designs of plates, bowls, and dishes, showcasing modern, on-trend undulating walled edges. Durable and hardwearing, our Copenhagen collection leads the way in practical design and beauty.\n•Premium Melamine Construction: Offers the look of porcelain with superior durability and resistance to breakage\n•Designed for High-Traffic Use: Built to withstand the demands of contract catering and buffet service environments\n•Scandinavian-Inspired Design: Features elegant, undulating walled edges for a contemporary and sophisticated look\n•Matt Finish: Modern, refined aesthetic that enhances food presentation\n•Elegant Yet Practical: Enhances food presentation while maintaining the efficiency required for large-scale service\n•Chip and Stain Resistant: Maintains a pristine appearance even with frequent use, reducing replacement costs\n•Dishwasher Safe: Designed for effortless cleaning, ensuring hygiene and quick turnaround between services","Each",null,"10.8","10.8","5.6","0.00065",{"v":0.13,"d":"0.130"},"05020403108160",24,"24.5","24.5","20.5","0.01231","3.12",3.545,"05020403108177",96,"52","52","22.5","0.06084","12.48",{"v":14.18,"d":"14.180"},null,1152,"https://files.plytix.com/api/v1.1/file/public_files/pim/assets/8a/8d/8f/62/628f8d8abb3a1aaaf0e8f149/images/b4/14/91/67/679114b4cad52e3172812dc2/TH_CP100970.jpg","https://files.plytix.com/api/v1.1/file/public_files/pim/assets/8a/8d/8f/62/628f8d8abb3a1aaaf0e8f149/images/e0/1b/91/67/67911be026b9c8be7b87a95e/CP100970.jpg",null,"https://www.nevilleuk.com/products/CP100970_",null,"CP100971|CP100902|CP100945|CP100946|CP100947"]
["CP472570","Denim Blue Copenhagen Oval Melamine Dish 47.5 x 24cm","475 x 24 x 35mm (L x W x H)",48.26,1,"Buffet & Display>Copenhagen",{"$nulls":3},475,240,350,{"v":0.73,"d":"0.730"},{"v":0.73,"d":"0.730"},null,null,"Melamine","3924100011","China",null,100,"Yes","N/A","No","Yes",{"$nulls":6},"\n•Premium Melamine\n•Designed for High-Traffic Use\n•Scandinavian-Inspired Design\n•Elegant Yet Practical\n•Lightweight and Easy To Handle\n•Chip and Stain Resistant\n•Dishwasher Safe","Embrace the beauty of simplicity, minimalism, and functionality with our Scandinavian-inspired collection of melamine tableware and buffetware. Featuring muted tones, Copenhagen has the textured matt effect colourways that provide a neutral palette that enhances the vibrancy of your food presentation. Discover our beautiful designs of plates, bowls, and dishes, showcasing modern, on-trend undulating walled edges. Durable and hardwearing, our Copenhagen collection leads the way in practical design and beauty.\n•Premium Melamine Construction: Offers the look of porcelain with superior durability and resistance to breakage\n•Designed for High-Traffic Use: Built to withstand the demands of contract catering and buffet service environments\n•Scandinavian-Inspired Design: Features elegant, undulating walled edges for a contemporary and sophisticated look\n•Matt Finish: Modern, refined aesthetic that enhances food presentation\n•Elegant Yet Practical: Enhances food presentation while maintaining the efficiency required for large-scale service\n•Chip and Stain Resistant: Maintains a pristine appearance even with frequent use, reducing replacement costs\n•Dishwasher Safe: Designed for effortless cleaning, ensuring hygiene and quick turnaround between services","Each","5020403108009","47.5","24","35","0.03990",{"v":0.73,"d":"0.730"},"05020403108016",4,"48.5","22","11","0.01174","2.92",{"v":3.47,"d":"3.470"},"05020403108023",16,"53","50.5","25","0.06691","11.68",{"v":13.89,"d":"13.890"},null,192,"https://files.plytix.com/api/v1.1/file/public_files/pim/assets/8a/8d/8f/62/628f8d8abb3a1aaaf0e8f149/images/b9/14/91/67/679114b926b9c8be7b87a6e3/TH_CP472570.jpg","https://files.plytix.com/api/v1.1/file/public_files/pim/assets/8a/8d/8f/62/628f8d8abb3a1aaaf0e8f149/images/06/1c/91/67/67911c06a850eb23df857bd9/CP472570.jpg",null,"https://www.nevilleuk.com/products/CP472570_",null,"CP472571|CP472502|CP472545|CP472546|CP472547"]
["CP242446","Sand Brown Copenhagen Melamine Coupe Bowl 24.5 x 5.3cm","245 x 53mm (Dia x H) - 1.6L/ 56.3oz",36.64,6,"Buffet & Display>Copenhagen",{"$nulls":3},245,245,53,{"v":0.5,"d":"0.500"},{"v":0.5,"d":"0.500"},null,null,"Melamine","3924100011","China",null,100,"Yes","N/A","No","Yes",{"$nulls":6},"\n•Premium Melamine\n•Designed for High-Traffic Use\n•Scandinavian-Inspired Design\n•Elegant Yet Practical\n•Lightweight and Easy To Handle\n•Chip and Stain Resistant\n•Dishwasher Safe","Embrace the beauty of simplicity, minimalism, and functionality with our Scandinavian-inspired collection of melamine tableware and buffetware. Featuring muted tones, Copenhagen has the textured matt effect colourways that provide a neutral palette that enhances the vibrancy of your food presentation. Discover our beautiful designs of plates, bowls, and dishes, showcasing modern, on-trend undulating walled edges. Durable and hardwearing, our Copenhagen collection leads the way in practical design and beauty.\n•Premium Melamine Construction: Offers the look of porcelain with superior durability and resistance to breakage\n•Designed for High-Traffic Use: Built to withstand the demands of contract catering and buffet service environments\n•Scandinavian-Inspired Design: Features elegant, undulating walled edges for a contemporary and sophisticated look\n•Matt Finish: Modern, refined aesthetic that enhances food presentation\n•Elegant Yet Practical: Enhances food presentation while maintaining the efficiency required for large-scale service\n•Chip and Stain Resistant: Maintains a pristine appearance even with frequent use, reducing replacement costs\n•Dishwasher Safe: Designed for effortless cleaning, ensuring hygiene and quick turnaround between services","Each",null,"24.5","24.5","5.3","0.00318",{"v":0.5,"d":"0.500"},"05020403106999",6,"26.5","26.5","19.5","0.01369","3",3.225,"05020403107002",24,"55.5","55.5","18.5","0.05698","12",{"v":12.9,"d":"12.900"},null,336,"https://files.plytix.com/api/v1.1/file/public_files/pim/assets/8a/8d/8f/62/628f8d8abb3a1aaaf0e8f149/images/b9/14/91/67/679114b9a850eb23df857972/TH_CP242446.jpg","https://files.plytix.com/api/v1.1/file/public_files/pim/assets/8a/8d/8f/62/628f8d8abb3a1aaaf0e8f149/images/03/1c/91/67/67911c03f33788d49018efd8/CP242446.jpg","https://files.plytix.com/api/v1.1/file/public_files/pim/assets/8a/8d/8f/62/628f8d8abb3a1aaaf0e8f149/images/08/d2/a1/67/67a1d208908f6049539c8a22/LFST0325262.jpg|https://files.plytix.com/api/v1.1/file/public_files/pim/assets/8a/8d/8f/62/628f8d8abb3a1aaaf0e8f149/images/00/d2/a1/67/67a1d2008c28d3ee51cd54fc/LFST0325265.jpg|https://files.plytix.com/api/v1.1/file/public_files/pim/assets/8a/8d/8f/62/628f8d8abb3a1aaaf0e8f149/images/df/d1/a1/67/67a1d1df20b2e4642d1ce9a6/LFST0325274.jpg","https://www.nevilleuk.com/products/CP242446_",null,"CP130302|CP130345|CP130347"]
["395950MG","GenWare Porcelain Matt Grey Teapot with St/St Lid & Infuser 50cl/ 17.6oz","17 x 11.5 x 11cm (L x W x H)",26.24,6,"Coloured Beverage>Matt Grey",{"$nulls":3},162,110,100,0.448,0.448,{"v":50,"d":"50.00"},"17.6","Porcelain","6911100090","China",-40,250,"Yes","Yes","No","Yes",{"$nulls":4},"Yes",null,"\n•Durable Fully Vitrified Porcelain\n•Twice-Fired Process\n•High Temperature Firing\n•Conforms to BS4034 Vitrified Hotelware\n•Rolled Edges\n•Polished Foot\n•Durable Glaze","GenWare Coloured Beverage offers a bold and stylish alternative to traditional white porcelain, bringing vibrant character and personality to any setting. The collection features an extensive range of beverageware, designed to enhance the presentation of tea and coffee while adding a splash of colour to your service. Ideal for hotels, restaurants, and cafes, GenWare Coloured Beverage allows you to create a distinctive and inviting atmosphere that leaves a lasting impression.\n•Durable Fully Vitrified Porcelain: High-temperature firing creates a robust and long-lasting product, ideal for professional use\n•Twice-Fired Process: Enhances strength, durability, and the unique glaze finish, ensuring each piece performs in demanding environments\n•Conforms to Industry Standards: Meets BS4034 standards for vitrified hotelware, ensuring exceptional durability and quality in demanding environments\n•Rolled Edges: Enhances durability and provides added chip resistance, making it ideal for hotel, restaurant, and foodservice applications\n•Polished Foot: Minimises damage when stacked and stored, helping to maintain the integrity of each piece over time\n•Durable Glaze: Features a high-quality glaze that enhances durability while providing a sleek, sophisticated finish resistant to stains and scratches\n•Vibrant Colour Palette: Available in a range of eye-catching colourss, perfect for adding personality and flair to any setting\n•Mix and Match Appeal: The diverse colour options allow for creative combinations that suit any theme or decor\n•Versatile for Any Venue: Designed to complement a wide range of hospitality environments, from trendy cafes to upscale hotels and restaurants","Each",null,"16.2","11","10","0.00178",0.448,"05020403062295",6,"34","25","10.15","0.00863","2.688",{"v":3.25,"d":"3.250"},"05020403062356",24,"52","36","24","0.04493","10.752",{"v":13,"d":"13.000"},null,576,"https://files.plytix.com/api/v1.1/file/public_files/pim/assets/8a/8d/8f/62/628f8d8abb3a1aaaf0e8f149/images/b0/14/91/67/679114b026b9c8be7b87a6d0/TH_395950MG.jpg","https://files.plytix.com/api/v1.1/file/public_files/pim/assets/8a/8d/8f/62/628f8d8abb3a1aaaf0e8f149/images/50/f7/90/67/6790f75026b9c8be7b879f9e/395950MG.jpg","https://files.plytix.com/api/v1.1/file/public_files/pim/assets/8a/8d/8f/62/628f8d8abb3a1aaaf0e8f149/images/40/d2/a1/67/67a1d2403446055658f0626d/LFST0325237.jpg|https://files.plytix.com/api/v1.1/file/public_files/pim/assets/8a/8d/8f/62/628f8d8abb3a1aaaf0e8f149/images/36/d2/a1/67/67a1d236678af07d2988c3a3/LFST0325241.jpg","https://www.nevilleuk.com/products/395950MG_","395950INF","395950CRL|395950MBK|395950MT|395950MSG|395950Y|395950R|395950GR|395950G|395950BL|395950BK|393945MG"]
["CP150971","Grey Copenhagen Melamine Bowl 15.5 x 7.5cm","155 x 75mm (Dia x H) - 65cl/ 22.9oz",18.46,6,"Buffet & Display>Copenhagen",{"$nulls":3},155,155,75,{"v":0.28,"d":"0.280"},{"v":0.28,"d":"0.280"},{"v":65,"d":"65.00"},"22.9","Melamine","3924100011","China",null,100,"Yes","N/A","No","Yes",{"$nulls":6},"\n•Premium Melamine\n•Designed for High-Traffic Use\n•Scandinavian-Inspired Design\n•Elegant Yet Practical\n•Lightweight and Easy To Handle\n•Chip and Stain Resistant\n•Dishwasher Safe","Embrace the beauty of simplicity, minimalism, and functionality with our Scandinavian-inspired collection of melamine tableware and buffetware. Featuring muted tones, Copenhagen has the textured matt effect colourways that provide a neutral palette that enhances the vibrancy of your food presentation. Discover our beautiful designs of plates, bowls, and dishes, showcasing modern, on-trend undulating walled edges. Durable and hardwearing, our Copenhagen collection leads the way in practical design and beauty.\n•Premium Melamine Construction: Offers the look of porcelain with superior durability and resistance to breakage\n•Designed for High-Traffic Use: Built to withstand the demands of contract catering and buffet service environments\n•Scandinavian-Inspired Design: Features elegant, undulating walled edges for a contemporary and sophisticated look\n•Matt Finish: Modern, refined aesthetic that enhances food presentation\n•Elegant Yet Practical: Enhances food presentation while maintaining the efficiency required for large-scale service\n•Chip and Stain Resistant: Maintains a pristine appearance even with frequent use, reducing replacement costs\n•Dishwasher Safe: Designed for effortless cleaning, ensuring hygiene and quick turnaround between services","Each",null,"15.5","15.5","7.5","0.00180",{"v":0.28,"d":"0.280"},"05020403107927",6,"16.5","16.5","23.5","0.00640","1.68",1.914,"05020403107934",48,"36","36","50","0.06480","13.44",{"v":15.31,"d":"15.310"},null,864,"https://files.plytix.com/api/v1.1/file/public_files/pim/assets/8a/8d/8f/62/628f8d8abb3a1aaaf0e8f149/images/b8/14/91/67/679114b826b9c8be7b87a6e0/TH_CP150971.jpg","https://files.plytix.com/api/v1.1/file/public_files/pim/assets/8a/8d/8f/62/628f8d8abb3a1aaaf0e8f149/images/fd/1b/91/67/67911bfd650bff6333cfdb91/CP150971.jpg","https://files.plytix.com/api/v1.1/file/public_files/pim/assets/8a/8d/8f/62/628f8d8abb3a1aaaf0e8f149/images/d9/d1/a1/67/67a1d1d920b2e4642d1ce9a5/LFST0325276.jpg|https://files.plytix.com/api/v1.1/file/public_files/pim/assets/8a/8d/8f/62/628f8d8abb3a1aaaf0e8f149/images/d2/d1/a1/67/67a1d1d2678af07d2988c398/LFST0325279.jpg","https://www.nevilleuk.com/products/CP150971_",null,"CP150970|CP150902|CP150945|CP150946|CP150947"]
["CP550171","Grey Copenhagen Oval Melamine Deep Dish 55 x 27.5 x 7.5cm","550 x 275 x 75mm (L x W x H) - 6L/ 211.2oz",77.48,1,"Buffet & Display>Copenhagen",{"$nulls":3},550,275,75,{"v":1.21,"d":"1.210"},{"v":1.21,"d":"1.210"},{"v":600,"d":"600.00"},"211.2","Melamine","3924100011","China",null,100,"Yes","N/A","No","Yes",{"$nulls":6},"\n•Premium Melamine\n•Designed for High-Traffic Use\n•Scandinavian-Inspired Design\n•Elegant Yet Practical\n•Lightweight and Easy To Handle\n•Chip and Stain Resistant\n•Dishwasher Safe","Embrace the beauty of simplicity, minimalism, and functionality with our Scandinavian-inspired collection of melamine tableware and buffetware. Featuring muted tones, Copenhagen has the textured matt effect colourways that provide a neutral palette that enhances the vibrancy of your food presentation. Discover our beautiful designs of plates, bowls, and dishes, showcasing modern, on-trend undulating walled edges. Durable and hardwearing, our Copenhagen collection leads the way in practical design and beauty.\n•Premium Melamine Construction: Offers the look of porcelain with superior durability and resistance to breakage\n•Designed for High-Traffic Use: Built to withstand the demands of contract catering and buffet service environments\n•Scandinavian-Inspired Design: Features elegant, undulating walled edges for a contemporary and sophisticated look\n•Matt Finish: Modern, refined aesthetic that enhances food presentation\n•Elegant Yet Practical: Enhances food presentation while maintaining the efficiency required for large-scale service\n•Chip and Stain Resistant: Maintains a pristine appearance even with frequent use, reducing replacement costs\n•Dishwasher Safe: Designed for effortless cleaning, ensuring hygiene and quick turnaround between services","Each","5020403107767","55","27.5","7.5","0.01134",{"v":1.21,"d":"1.210"},"05020403107774",4,"56","28.5","18.5","0.02953","4.84",{"v":5.85,"d":"5.850"},"05020403107781",8,"60","58","21","0.07308","9.68",{"v":11.7,"d":"11.700"},null,112,"https://files.plytix.com/api/v1.1/file/public_files/pim/assets/8a/8d/8f/62/628f8d8abb3a1aaaf0e8f149/images/ba/14/91/67/679114bacad52e3172812dce/TH_CP550171.jpg","https://files.plytix.com/api/v1.1/file/public_files/pim/assets/8a/8d/8f/62/628f8d8abb3a1aaaf0e8f149/images/09/1c/91/67/67911c0926b9c8be7b87a96c/CP550171.jpg",null,"https://www.nevilleuk.com/products/CP550171_",null,"CP550170|CP550102|CP550145|CP550146|CP550147"]
["CP130347","Jade Copenhagen Melamine GN 1/3 Platter 32.5 x 17.6 x 3.5cm","GN1/3- 325 x 176 x 35mm (L x W x H)",37.58,1,"Buffet & Display>Copenhagen",{"$nulls":3},325,176,35,{"v":0.46,"d":"0.460"},{"v":0.46,"d":"0.460"},{"v":57.5,"d":"57.50"},"20.2","Melamine","3924100011","China",null,100,"Yes","N/A","No","Yes",{"$nulls":6},"\n•Premium Melamine\n•Designed for High-Traffic Use\n•Gastronorm GN Sizing\n•Scandinavian-Inspired Design\n•Elegant Yet Practical\n•Lightweight and Easy To Handle\n•Chip and Stain Resistant\n•Dishwasher Safe","In the world of contract catering and buffet services, presentation and durability are key to creating a seamless and visually appealing dining experience. Contract catering involves providing large-scale food services to businesses, institutions, or events, where efficiency, consistency, and aesthetics play a crucial role. Buffets, often a central element in this setup, demand durable and attractive serving ware that can withstand high-traffic use while enhancing food presentation. Our range of melamine buffet solutions, including the Copenhagen GN size deep dishes, is designed specifically for this purpose. These dishes offer the perfect blend of style and practicality, ensuring that contract caterers can deliver a visually stunning spread that stands up to the rigors of daily use without compromising on quality.\n•Premium Melamine Construction: Offers the look of porcelain with superior durability and resistance to breakage\n•Designed for High-Traffic Use: Built to withstand the demands of contract catering and buffet service environments\n•Gastronorm GN Sizing: Standard GN sizing ensures seamless integration into buffet setups and catering stations\n•Scandinavian-Inspired Design: Features elegant, undulating walled edges for a contemporary and sophisticated look\n•Matt Finish: Modern, refined aesthetic that enhances food presentation\n•Elegant Yet Practical: Enhances food presentation while maintaining the efficiency required for large-scale service\n•Lightweight and Easy to Handle: Easier to transport and arrange compared to traditional ceramic or porcelain dishes\n•Chip and Stain Resistant: Maintains a pristine appearance even with frequent use, reducing replacement costs\n•Dishwasher Safe: Designed for effortless cleaning, ensuring hygiene and quick turnaround between services","Each","5020403107736","32.5","17.6","3.5","0.00200",{"v":0.46,"d":"0.460"},"05020403107743",6,"33.56","18.5","15.5","0.00962","2.76",{"v":2.99,"d":"2.990"},"05020403107750",24,"39","35.5","35","0.04846","11.04",{"v":12.57,"d":"12.570"},null,432,"https://files.plytix.com/api/v1.1/file/public_files/pim/assets/8a/8d/8f/62/628f8d8abb3a1aaaf0e8f149/images/b8/14/91/67/679114b8a850eb23df857970/TH_CP130347.jpg","https://files.plytix.com/api/v1.1/file/public_files/pim/assets/8a/8d/8f/62/628f8d8abb3a1aaaf0e8f149/images/fc/1b/91/67/67911bfccad52e31728130e4/CP130347.jpg","https://files.plytix.com/api/v1.1/file/public_files/pim/assets/8a/8d/8f/62/628f8d8abb3a1aaaf0e8f149/images/77/d3/a1/67/67a1d3778c28d3ee51cd5541/LFST0325111.jpg|https://files.plytix.com/api/v1.1/file/public_files/pim/assets/8a/8d/8f/62/628f8d8abb3a1aaaf0e8f149/images/49/d3/a1/67/67a1d349783f894c4a8d4d89/LFST0325130.jpg","https://www.nevilleuk.com/products/CP130347_",null,"CP130302|CP130345|CP130346"]
["1815GD","GenWare Gold Metal Tray Stand","42 x 84cm (L x H)",{"v":68.8,"d":"68.80"},1,"Trays>Tray Stands",{"$nulls":3},790,488,400,{"v":2.23,"d":"2.230"},{"v":2.23,"d":"2.230"},null,null,"Stainless Steel","7323990090","China",null,null,"N/A","N/A","N/A","N/A",{"$nulls":6},"\n•Stainless Steel\n•Gold Finish","Enhance your service with the Foldable Tray Stand, designed to streamline food and drink delivery in any front-of-house environment. Ideal for waiting staff, this stand provides a stable platform for trays, ensuring items can be safely served to customers while reducing the risk of spillages or wasted food.\n•Efficient Service:Allows waiting staff to place trays down safely, making it easier to serve food and drinks in a professional manner\n•Durable Gold-Plated Steel: Robust, high-quality construction ensures long-lasting performance, even in busy commercial settings\n•Sleek, High-Polish Finish: Adds an elegant touch to your service, blending seamlessly into both modern and traditional dining environments\n•Compact and Foldable: Easy to transport and store, providing convenient space-saving functionality when not in use\n•Improved Safety: Reduces the risk of spillages and accidents, promoting a safer, more efficient service\n•Ideal for High-Volume Use: Built to withstand the rigors of commercial use, ensuring reliability throughout daily operations","Each","5020403016748","79","48.8","40","0.15421",{"v":2.23,"d":"2.230"},{"$nulls":8},"05020403016755",6,"91","53","32","0.15434","13.38",{"v":15.5,"d":"15.500"},null,24,"https://files.plytix.com/api/v1.1/file/public_files/pim/assets/8a/8d/8f/62/628f8d8abb3a1aaaf0e8f149/images/aa/14/91/67/679114aaf33788d49018ed62/TH_1815GD.jpg","https://files.plytix.com/api/v1.1/file/public_files/pim/assets/8a/8d/8f/62/628f8d8abb3a1aaaf0e8f149/images/95/f9/90/67/6790f995cad52e3172812529/1815GD.jpg","https://files.plytix.com/api/v1.1/file/public_files/pim/assets/8a/8d/8f/62/628f8d8abb3a1aaaf0e8f149/images/d7/90/a2/67/67a290d798f211e9f1e40b1e/LFST0325360.jpg","https://www.nevilleuk.com/products/1815GD_",null,"1815BK|1815"]
["TR3221","Rustic Wooden Display Crate Stand GN 1/2","32.5 x 26.5 x 21cm (L x W x H)",53.56,1,"Buffet & Display>Display Stands",{"$nulls":3},325,265,210,0.577,0.577,null,null,"Paulownia Wood","4419900000","China",null,null,"No","N/A","N/A","N/A",{"$nulls":6},"\n•Durable Paulownia Wood Construction\n•Rustic Aesthetic\n•Versatile Usage\n•GN 1/2 Sizing\n•Removable Dividers\n•Compatible With Crate","Enhance your buffet or countertop presentation with the Rustic Wooden Display Crate Stand, a perfect blend of practicality and rustic charm. Designed to bring a natural, farmhouse-inspired look to your display, this versatile stand is ideal for showcasing a variety of produce in a stylish and organised way. Crafted to fit GN sizing, it seamlessly integrates into buffet stations, food displays, or countertop setups.\n•Durable Paulownia Wood Construction: Built for use in busy foodservice environments\n•Rustic Aesthetic: A natural wood finish adds warmth and character to buffet and countertop displays\n•Versatile Usage: Ideal for presenting produce, condiments, or cutlery in buffets, cafes, and delis\n•GN Compatibility: Designed to fit standard GN sizing for seamless integration with existing buffet setups\n•Removable Dividers: Adjustable sections allow for customised organisation, making it easy to separate different food items or utensils\n•Compatible with Crate: Designed to be used with a crate to create an eye-catching two-tiered display, maximising space and visibility","Each","5020403108443","32.5","26.5","21","0.01809",0.577,{"$nulls":9},1,"35","28","23","0.02254","0.577",{"v":0.65,"d":"0.650"},null,48,"https://files.plytix.com/api/v1.1/file/public_files/pim/assets/8a/8d/8f/62/628f8d8abb3a1aaaf0e8f149/images/db/14/91/67/679114db650bff6333cfd99a/TH_TR3221.jpg","https://files.plytix.com/api/v1.1/file/public_files/pim/assets/8a/8d/8f/62/628f8d8abb3a1aaaf0e8f149/images/04/f9/90/67/6790f904cad52e31728124f9/TR3221.jpg|https://files.plytix.com/api/v1.1/file/public_files/pim/assets/8a/8d/8f/62/628f8d8abb3a1aaaf0e8f149/images/06/f9/90/67/6790f90626b9c8be7b87a01c/TR3221_A.jpg","https://files.plytix.com/api/v1.1/file/public_files/pim/assets/8a/8d/8f/62/628f8d8abb3a1aaaf0e8f149/images/4b/d3/a1/67/67a1d34b8c28d3ee51cd553c/LFST0325129.jpg|https://files.plytix.com/api/v1.1/file/public_files/pim/assets/8a/8d/8f/62/628f8d8abb3a1aaaf0e8f149/images/44/d3/a1/67/67a1d344908f6049539c8a63/LFST0325132.jpg|https://files.plytix.com/api/v1.1/file/public_files/pim/assets/8a/8d/8f/62/628f8d8abb3a1aaaf0e8f149/images/30/d3/a1/67/67a1d330678af07d2988c3e0/LFST0325139.jpg","https://www.nevilleuk.com/products/TR3221_",null,"TR328|TR5321"]
["CP120302","Black Copenhagen Melamine GN 1/2 Platter 32.5 x 26.5 x 3.5cm","GN1/2- 325 x 265 x 35mm (L x W x H)",52.94,1,"Buffet & Display>Copenhagen",{"$nulls":3},325,265,35,{"v":0.65,"d":"0.650"},{"v":0.65,"d":"0.650"},{"v":70,"d":"70.00"},"24.6","Melamine","3924100011","China",null,100,"Yes","N/A","No","Yes",{"$nulls":6},"\n•Premium Melamine\n•Designed for High-Traffic Use\n•Gastronorm GN Sizing\n•Scandinavian-Inspired Design\n•Elegant Yet Practical\n•Lightweight and Easy To Handle\n•Chip and Stain Resistant\n•Dishwasher Safe","In the world of contract catering and buffet services, presentation and durability are key to creating a seamless and visually appealing dining experience. Contract catering involves providing large-scale food services to businesses, institutions, or events, where efficiency, consistency, and aesthetics play a crucial role. Buffets, often a central element in this setup, demand durable and attractive serving ware that can withstand high-traffic use while enhancing food presentation. Our range of melamine buffet solutions, including the Copenhagen GN size deep dishes, is designed specifically for this purpose. These dishes offer the perfect blend of style and practicality, ensuring that contract caterers can deliver a visually stunning spread that stands up to the rigors of daily use without compromising on quality.\n•Premium Melamine Construction: Offers the look of porcelain with superior durability and resistance to breakage\n•Designed for High-Traffic Use: Built to withstand the demands of contract catering and buffet service environments\n•Gastronorm GN Sizing: Standard GN sizing ensures seamless integration into buffet setups and catering stations\n•Scandinavian-Inspired Design: Features elegant, undulating walled edges for a contemporary and sophisticated look\n•Matt Finish: Modern, refined aesthetic that enhances food presentation\n•Elegant Yet Practical: Enhances food presentation while maintaining the efficiency required for large-scale service\n•Lightweight and Easy to Handle: Easier to transport and arrange compared to traditional ceramic or porcelain dishes\n•Chip and Stain Resistant: Maintains a pristine appearance even with frequent use, reducing replacement costs\n•Dishwasher Safe: Designed for effortless cleaning, ensuring hygiene and quick turnaround between services","Each","5020403107521","32.5","26.5","3.5","0.00301",{"v":0.65,"d":"0.650"},"05020403107538",5,"33.5","27.5","13","0.01198","3.25",{"v":3.56,"d":"3.560"},"05020403107545",20,"57","35.5","30","0.06071","13",{"v":14.7,"d":"14.700"},null,320,"https://files.plytix.com/api/v1.1/file/public_files/pim/assets/8a/8d/8f/62/628f8d8abb3a1aaaf0e8f149/images/b6/14/91/67/679114b6f33788d49018ed6d/TH_CP120302.jpg","https://files.plytix.com/api/v1.1/file/public_files/pim/assets/8a/8d/8f/62/628f8d8abb3a1aaaf0e8f149/images/ee/1b/91/67/67911beecad52e31728130e2/CP120302.jpg","https://files.plytix.com/api/v1.1/file/public_files/pim/assets/8a/8d/8f/62/628f8d8abb3a1aaaf0e8f149/images/38/d3/a1/67/67a1d338908f6049539c8a5d/LFST0325137.jpg|https://files.plytix.com/api/v1.1/file/public_files/pim/assets/8a/8d/8f/62/628f8d8abb3a1aaaf0e8f149/images/35/d3/a1/67/67a1d335908f6049539c8a5c/LFST0325138.jpg","https://www.nevilleuk.com/products/CP120302_",null,"JT120302"]
["STRIV9","GenWare Silicone Trivet 9cm Dia","DISCONTINUED - 9cm (Dia)",{"v":4.4,"d":"4.40"},12,"Table Presentation>Cast Iron & Accessories",null,null,"Yes",90,90,5,0.027,0.027,null,null,"Silicone","3924100090","China",null,null,"Yes",{"$nulls":7},"No","No","\n•Silicone Material\n•Non-Slip\n•Heat Resistant","GenWare Silicone Trivets are perfect to use with our Cast Iron and Black Enamel dishes/pans. The non-slip heat resistant mat protects your tables from heat and allows you to take your dish straight to dining tables, giving your customers a unique and exciting dining experience.\n•Ideal for use with cast iron miniatures and black enamel dishes/pans\n•Non-slip material\n•Prevents damage to ceramics or wooden boards when used with hot cast iron products\n•Heat resistant from -40 to 220C\n•Temperature range:  -40 to 220C","Each",null,"9","9","0.5","0.00004",0.027,"05020403120278",12,"10.5","10.5","7","0.00077","0.324",0.425,"05020403120285",96,"41","23","10","0.00943","2.592",{"v":3,"d":"3.000"},null,9600,"https://files.plytix.com/api/v1.1/file/public_files/pim/assets/8a/8d/8f/62/628f8d8abb3a1aaaf0e8f149/images/89/b2/b4/66/66b4b289eade129dc9827d02/TH_STRIV9.jpg","https://files.plytix.com/api/v1.1/file/public_files/pim/assets/8a/8d/8f/62/628f8d8abb3a1aaaf0e8f149/images/89/b2/b4/66/66b4b289849b5d97e5669e72/STRIV9.jpg",null,"https://www.nevilleuk.com/products/STRIV9_"]
["7PCS-VERONA","GenWare Verona Pattern 7Pcs Sample Cutlery Set",null,null,1,"Cutlery>Verona 18/10",{"$nulls":3},245,230,12,{"v":0.38,"d":"0.380"},{"v":0.38,"d":"0.380"},null,null,"Stainless Steel-304,Stainless Steel-420","8215103000","China",{"$nulls":11},"Yes","\n•18/10 Stainless Steel\n•3.5mm Gauge\n•7-piece Collection","Our exquisite Premium Cutlery collection offers a blend of elegance and practicality for your tabletop. With an array of designs and styles, you can seamlessly align your dining space’s ambiance with your personal flair. Crafted from highly polished 18/10 stainless steel, each piece boasts a distinctive design, offering both enduring strength and optimal functionality. Transform your table setting with our sophisticated cutlery that promises to impress at first glance. Stylish yet simple, Verona features a charming streamlined design. \n•Table knife, table fork, dessert knife, dessert fork, dessert spoon, soup spoon and tea spoon\n•High quality 18/10 stainless steel ensures long lasting durability and shine.\n•Each piece goes through a 110-step polishing process, ensuring a mirror-like finish&nbsp;","Each",null,"24.5","23","1.2","0.00068",{"v":0.38,"d":"0.380"},{"$nulls":8},"05020403027034",12,"32","25","16","0.01280","4.56",{"v":4,"d":"4.000"},null,1,"https://files.plytix.com/api/v1.1/file/public_files/pim/assets/8a/8d/8f/62/628f8d8abb3a1aaaf0e8f149/images/ab/8e/b4/66/66b48eabbec897226ea00502/TH_7PCS-VERONA.jpg","https://files.plytix.com/api/v1.1/file/public_files/pim/assets/8a/8d/8f/62/628f8d8abb3a1aaaf0e8f149/images/fe/79/b4/66/66b479fe81a90fe9eccc93c0/7PCS-VERONA.jpg",null,"https://www.nevilleuk.com/products/7PCS-VERONA_","DS-VR|DF-VR|DK-VR|TES-VR|SS-VR|TF-VR|TK-VR"]
["7PCS-MESSINA","GenWare Messina Pattern 7Pcs Sample Cutlery Set",null,null,1,"Cutlery>Messina 18/10",{"$nulls":3},245,230,12,0.368,0.368,null,null,"Stainless Steel-304,Stainless Steel-420","8215103000","China",{"$nulls":11},"Yes","\n•18/10 Stainless Steel\n•4.0mm Gauge\n•7-piece Collection","Our exquisite Premium Cutlery collection offers a blend of elegance and practicality for your tabletop. With an array of designs and styles, you can seamlessly align your dining space’s ambiance with your personal flair. Crafted from highly polished 18/10 stainless steel, each piece boasts a distinctive design, offering both enduring strength and optimal functionality. Transform your table setting with our sophisticated cutlery that promises to impress at first glance. An elegant, contemporary design, Messina features slender, refined handles.\n•Table knife, table fork, dessert knife, dessert fork, dessert spoon, soup spoon and tea spoon\n•High quality 18/10 stainless steel ensures long lasting durability and shine\n•Each piece goes through a 110-step polishing process, ensuring a mirror-like finish&nbsp;","Each",null,"24.5","23","1.2","0.00068",0.368,{"$nulls":8},"05020403027065",12,"32","25","16","0.01280","4.416",{"v":4,"d":"4.000"},null,1,"https://files.plytix.com/api/v1.1/file/public_files/pim/assets/8a/8d/8f/62/628f8d8abb3a1aaaf0e8f149/images/aa/8e/b4/66/66b48eaaf9d3a3c618b27191/TH_7PCS-MESSINA.jpg","https://files.plytix.com/api/v1.1/file/public_files/pim/assets/8a/8d/8f/62/628f8d8abb3a1aaaf0e8f149/images/fe/79/b4/66/66b479feb9c47406c25cea09/7PCS-MESSINA.jpg",null,"https://www.nevilleuk.com/products/7PCS-MESSINA_","DS-MS|DF-MS|DK-MS|TES-MS|SS-MS|TF-MS|TK-MS"]
["TES-PLV","GenWare Palermo Vintage Tea Spoon 18/10 (Dozen)","18/10 Stainless Steel - 142mm (L)",29.78,1,"Cutlery>Palermo Vintage 18/10",{"$nulls":3},167,50,50,0.336,0.364,null,null,"Stainlss Steel-304","8215103000","China",null,null,"Yes",{"$nulls":7},"No","No","\n•18/10 Stainless Steel\n•3.2mm Gauge\n•7-piece Collection\n•Vintage Finish","Our exquisite Premium Cutlery collection offers a blend of elegance and practicality for your tabletop. With an array of designs and styles, you can seamlessly align your dining space’s ambiance with your personal flair. Crafted from highly polished 18/10 stainless steel, each piece boasts a distinctive design, offering both enduring strength and optimal functionality. Transform your table setting with our sophisticated cutlery that promises to impress at first glance. A timeless, curvaceous style that complements all table settings, finished with a sophisticated, vintage look.\n•High quality 18/10 stainless steel ensures long lasting durability\n•Each piece goes through a 110-step polishing process&nbsp;\n•7-piece sample set available, 7PCS-PALERMO-V","Dozen","5020403026020","16.7","5","5","0.00042",0.364,{"$nulls":8},"05020403026037",25,"27","18.5","27","0.01349","8.4",{"v":9.1,"d":"9.100"},null,1920,"https://files.plytix.com/api/v1.1/file/public_files/pim/assets/8a/8d/8f/62/628f8d8abb3a1aaaf0e8f149/images/9d/8e/b4/66/66b48e9d4b4d6e73374344f3/TH_TES-PLV.jpg","https://files.plytix.com/api/v1.1/file/public_files/pim/assets/8a/8d/8f/62/628f8d8abb3a1aaaf0e8f149/images/7b/79/b4/66/66b4797bc7b5936d26a05e1a/TES-PLV.jpg","https://files.plytix.com/api/v1.1/file/public_files/pim/assets/8a/8d/8f/62/628f8d8abb3a1aaaf0e8f149/images/33/6e/b4/66/66b46e33b9c47406c25ce80b/LFST0924074.jpg|https://files.plytix.com/api/v1.1/file/public_files/pim/assets/8a/8d/8f/62/628f8d8abb3a1aaaf0e8f149/images/44/6e/b4/66/66b46e4481a90fe9eccc9190/LFST0924080.jpg|https://files.plytix.com/api/v1.1/file/public_files/pim/assets/8a/8d/8f/62/628f8d8abb3a1aaaf0e8f149/images/68/6e/b4/66/66b46e6829eaab66dc97d4e8/LFST0924092.jpg|https://files.plytix.com/api/v1.1/file/public_files/pim/assets/8a/8d/8f/62/628f8d8abb3a1aaaf0e8f149/images/cd/6f/b4/66/66b46fcd849b5d97e566930b/LFST0924193.jpg","https://www.nevilleuk.com/products/TES-PLV_","SS-PLV|TF-PLV|TK-PLV|DS-PLV|DF-PLV|DK-PLV"]
["SS-PLV","GenWare Palermo Vintage Soup Spoon 18/10 (Dozen)","18/10 Stainless Steel - 175mm (L)",45.02,1,"Cutlery>Palermo Vintage 18/10",{"$nulls":3},175,46,29,0.576,0.576,null,null,"Stainlss Steel-304","8215103000","China",null,null,"Yes",{"$nulls":7},"No","No","\n•18/10 Stainless Steel\n•3.2mm Gauge\n•7-piece Collection\n•Vintage Finish","Our exquisite Premium Cutlery collection offers a blend of elegance and practicality for your tabletop. With an array of designs and styles, you can seamlessly align your dining space’s ambiance with your personal flair. Crafted from highly polished 18/10 stainless steel, each piece boasts a distinctive design, offering both enduring strength and optimal functionality. Transform your table setting with our sophisticated cutlery that promises to impress at first glance. A timeless, curvaceous style that complements all table settings, finished with a sophisticated, vintage look.\n•High quality 18/10 stainless steel ensures long lasting durability\n•Each piece goes through a 110-step polishing process&nbsp;\n•7-piece sample set available, 7PCS-PALERMO-V","Dozen","5020403025962","17.5","4.6","2.9","0.00023",0.576,{"$nulls":8},"05020403025979",20,"33.7","22.2","24","0.01796","11.52",{"v":12.95,"d":"12.950"},null,900,"https://files.plytix.com/api/v1.1/file/public_files/pim/assets/8a/8d/8f/62/628f8d8abb3a1aaaf0e8f149/images/9c/8e/b4/66/66b48e9c0baf06fe10636beb/TH_SS-PLV.jpg","https://files.plytix.com/api/v1.1/file/public_files/pim/assets/8a/8d/8f/62/628f8d8abb3a1aaaf0e8f149/images/6d/79/b4/66/66b4796db9c47406c25ce9b8/SS-PLV.jpg","https://files.plytix.com/api/v1.1/file/public_files/pim/assets/8a/8d/8f/62/628f8d8abb3a1aaaf0e8f149/images/33/6e/b4/66/66b46e33b9c47406c25ce80b/LFST0924074.jpg|https://files.plytix.com/api/v1.1/file/public_files/pim/assets/8a/8d/8f/62/628f8d8abb3a1aaaf0e8f149/images/44/6e/b4/66/66b46e4481a90fe9eccc9190/LFST0924080.jpg|https://files.plytix.com/api/v1.1/file/public_files/pim/assets/8a/8d/8f/62/628f8d8abb3a1aaaf0e8f149/images/68/6e/b4/66/66b46e6829eaab66dc97d4e8/LFST0924092.jpg|https://files.plytix.com/api/v1.1/file/public_files/pim/assets/8a/8d/8f/62/628f8d8abb3a1aaaf0e8f149/images/cd/6f/b4/66/66b46fcd849b5d97e566930b/LFST0924193.jpg","https://www.nevilleuk.com/products/SS-PLV_","TES-PLV|TF-PLV|TK-PLV|DS-PLV|DF-PLV|DK-PLV"]
["TF-VRV","GenWare Verona Vintage Table Fork 18/10 (Dozen)","18/10 Stainless Steel - 202mm (L)",{"v":44.3,"d":"44.30"},1,"Cutlery>Verona Vintage 18/10",{"$nulls":3},217,64,43,0.624,0.699,null,null,"Stainlss Steel-304","8215103000","China",null,null,"Yes",{"$nulls":7},"No","No","\n•18/10 Stainless Steel\n•3.5mm Gauge\n•7-piece Collection\n•Vintage Finish","Our exquisite Premium Cutlery collection offers a blend of elegance and practicality for your tabletop. With an array of designs and styles, you can seamlessly align your dining space’s ambiance with your personal flair. Crafted from highly polished 18/10 stainless steel, each piece boasts a distinctive design, offering both enduring strength and optimal functionality. Transform your table setting with our sophisticated cutlery that promises to impress at first glance. Stylish yet simple, Verona features a charming streamlined design, finished with a sophisticated, vintage look.\n•High quality 18/10 stainless steel ensures long lasting durability and shine.\n•Each piece goes through a 110-step polishing process, ensuring a mirror-like finish&nbsp;\n•7-piece sample set available, 7PCS-VERONA-V","Dozen","5020403026686","21.7","6.4","4.3","0.00060",0.699,{"$nulls":8},"05020403026693",20,"34","24","20","0.01632","12.48",{"v":13.98,"d":"13.980"},null,900,"https://files.plytix.com/api/v1.1/file/public_files/pim/assets/8a/8d/8f/62/628f8d8abb3a1aaaf0e8f149/images/a1/8e/b4/66/66b48ea1b49a9c3a77fde0fb/TH_TF-VRV.jpg","https://files.plytix.com/api/v1.1/file/public_files/pim/assets/8a/8d/8f/62/628f8d8abb3a1aaaf0e8f149/images/8d/79/b4/66/66b4798d849b5d97e566949a/TF-VRV.jpg","https://files.plytix.com/api/v1.1/file/public_files/pim/assets/8a/8d/8f/62/628f8d8abb3a1aaaf0e8f149/images/6c/6e/b4/66/66b46e6c81a90fe9eccc91a4/LFST0924093.jpg|https://files.plytix.com/api/v1.1/file/public_files/pim/assets/8a/8d/8f/62/628f8d8abb3a1aaaf0e8f149/images/b0/6e/b4/66/66b46eb081a90fe9eccc91cd/LFST0924110.jpg|https://files.plytix.com/api/v1.1/file/public_files/pim/assets/8a/8d/8f/62/628f8d8abb3a1aaaf0e8f149/images/92/6e/b4/66/66b46e92eade129dc98273d8/LFST0924103.jpg|https://files.plytix.com/api/v1.1/file/public_files/pim/assets/8a/8d/8f/62/628f8d8abb3a1aaaf0e8f149/images/cb/6f/b4/66/66b46fcb849b5d97e566930a/LFST0924192.jpg","https://www.nevilleuk.com/products/TF-VRV_","TK-VRV|DS-VRV|DF-VRV|DK-VRV|TES-VRV|SS-VRV"]
["DK-VR","GenWare Verona Dessert Knife 18/10 (Dozen)","18/10 Stainless Steel - 200mm (L)",{"v":56.4,"d":"56.40"},1,"Cutlery>Verona 18/10",{"$nulls":3},241,55,55,0.768,0.812,null,null,"Stainless Steel-420","8211910000","China",null,null,"Yes",{"$nulls":7},"No","Yes","\n•18/10 Stainless Steel\n•65g Weight\n•7-piece Collection","Our exquisite Premium Cutlery collection offers a blend of elegance and practicality for your tabletop. With an array of designs and styles, you can seamlessly align your dining space’s ambiance with your personal flair. Crafted from highly polished 18/10 stainless steel, each piece boasts a distinctive design, offering both enduring strength and optimal functionality. Transform your table setting with our sophisticated cutlery that promises to impress at first glance. Stylish yet simple, Verona features a charming streamlined design. \n•High quality 18/10 stainless steel ensures long lasting durability and shine.\n•Each piece goes through a 110-step polishing process, ensuring a mirror-like finish&nbsp;\n•7-piece sample set available, 7PCS-VERONA","Dozen","5020403026488","24.1","5.5","5.5","0.00073",0.812,{"$nulls":8},"05020403026495",15,"29.4","25.7","18.5","0.01398","11.52",{"v":12.18,"d":"12.180"},null,420,"https://files.plytix.com/api/v1.1/file/public_files/pim/assets/8a/8d/8f/62/628f8d8abb3a1aaaf0e8f149/images/88/8e/b4/66/66b48e888c4039a463fa9c83/TH_DK-VR.jpg","https://files.plytix.com/api/v1.1/file/public_files/pim/assets/8a/8d/8f/62/628f8d8abb3a1aaaf0e8f149/images/51/78/b4/66/66b4785181a90fe9eccc937b/DK-VR.jpg","https://files.plytix.com/api/v1.1/file/public_files/pim/assets/8a/8d/8f/62/628f8d8abb3a1aaaf0e8f149/images/b8/6d/b4/66/66b46db8849b5d97e566929f/LFST0924039.jpg|https://files.plytix.com/api/v1.1/file/public_files/pim/assets/8a/8d/8f/62/628f8d8abb3a1aaaf0e8f149/images/73/6e/b4/66/66b46e73849b5d97e56692b8/LFST0924095.jpg|https://files.plytix.com/api/v1.1/file/public_files/pim/assets/8a/8d/8f/62/628f8d8abb3a1aaaf0e8f149/images/c9/6f/b4/66/66b46fc98d8e351c2dd7cce5/LFST0924191.jpg|https://files.plytix.com/api/v1.1/file/public_files/pim/assets/8a/8d/8f/62/628f8d8abb3a1aaaf0e8f149/images/05/6e/b4/66/66b46e05b9c47406c25ce7fc/LFST0924061.jpg","https://www.nevilleuk.com/products/DK-VR_","DS-VR|DF-VR|TES-VR|SS-VR|TF-VR|TK-VR"]
["TF-PL","GenWare Palermo Table Fork 18/10 (Dozen)","18/10 Stainless Steel - 200mm (L)",47.38,1,"Cutlery>Palermo 18/10",{"$nulls":3},225,63,44,0.636,0.671,null,null,"Stainlss Steel-304","8215103000","China",null,null,"Yes",{"$nulls":7},"No","No","\n•18/10 Stainless Steel\n•3.2mm Gauge\n•7-piece Collection","Our exquisite Premium Cutlery collection offers a blend of elegance and practicality for your tabletop. With an array of designs and styles, you can seamlessly align your dining space’s ambiance with your personal flair. Crafted from highly polished 18/10 stainless steel, each piece boasts a distinctive design, offering both enduring strength and optimal functionality. Transform your table setting with our sophisticated cutlery that promises to impress at first glance. A timeless, curvaceous style that complements all table settings.\n•High quality 18/10 stainless steel ensures long lasting durability and shine\n•Each piece goes through a 110-step polishing process, ensuring a mirror-like finish&nbsp;\n•7-piece sample set available, 7PCS-PALERMO","Dozen","5020403025849","22.5","6.3","4.4","0.00062",0.671,{"$nulls":8},"05020403025856",20,"34","24.3","20","0.01652","12.72",13.415,null,780,"https://files.plytix.com/api/v1.1/file/public_files/pim/assets/8a/8d/8f/62/628f8d8abb3a1aaaf0e8f149/images/9f/8e/b4/66/66b48e9ffe18e591322be243/TH_TF-PL.jpg","https://files.plytix.com/api/v1.1/file/public_files/pim/assets/8a/8d/8f/62/628f8d8abb3a1aaaf0e8f149/images/84/79/b4/66/66b4798483d910ed29970842/TF-PL.jpg","https://files.plytix.com/api/v1.1/file/public_files/pim/assets/8a/8d/8f/62/628f8d8abb3a1aaaf0e8f149/images/61/6e/b4/66/66b46e6181a90fe9eccc91a0/LFST0924090.jpg|https://files.plytix.com/api/v1.1/file/public_files/pim/assets/8a/8d/8f/62/628f8d8abb3a1aaaf0e8f149/images/c0/6f/b4/66/66b46fc0b9c47406c25ce83a/LFST0924187.jpg","https://www.nevilleuk.com/products/TF-PL_","DS-PL|DF-PL|DK-PL|TES-PL|SS-PL|TK-PL"]
["TK-PL","GenWare Palermo Table Knife 18/10 (Dozen)","18/10 Stainless Steel - 235mm (L)",75.82,1,"Cutlery>Palermo 18/10",{"$nulls":3},263,60,60,1.656,1.697,null,null,"Stainless Steel-420","8211910000","China",null,null,"Yes",{"$nulls":7},"No","Yes","\n•18/10 Stainless Steel\n•136g Weight\n•7-piece Collection","Our exquisite Premium Cutlery collection offers a blend of elegance and practicality for your tabletop. With an array of designs and styles, you can seamlessly align your dining space’s ambiance with your personal flair. Crafted from highly polished 18/10 stainless steel, each piece boasts a distinctive design, offering both enduring strength and optimal functionality. Transform your table setting with our sophisticated cutlery that promises to impress at first glance. A timeless, curvaceous style that complements all table settings.\n•High quality 18/10 stainless steel ensures long lasting durability and shine\n•Each piece goes through a 110-step polishing process, ensuring a mirror-like finish&nbsp;\n•7-piece sample set available, 7PCS-PALERMO","Dozen","5020403025863","26.3","6","6","0.00095",1.697,{"$nulls":8},"05020403025870",15,"32","27.9","20","0.01786","24.84",{"v":25.46,"d":"25.460"},null,270,"https://files.plytix.com/api/v1.1/file/public_files/pim/assets/8a/8d/8f/62/628f8d8abb3a1aaaf0e8f149/images/a2/8e/b4/66/66b48ea2f9d3a3c618b27187/TH_TK-PL.jpg","https://files.plytix.com/api/v1.1/file/public_files/pim/assets/8a/8d/8f/62/628f8d8abb3a1aaaf0e8f149/images/90/79/b4/66/66b4799083d910ed29970848/TK-PL.jpg","https://files.plytix.com/api/v1.1/file/public_files/pim/assets/8a/8d/8f/62/628f8d8abb3a1aaaf0e8f149/images/61/6e/b4/66/66b46e6181a90fe9eccc91a0/LFST0924090.jpg|https://files.plytix.com/api/v1.1/file/public_files/pim/assets/8a/8d/8f/62/628f8d8abb3a1aaaf0e8f149/images/c0/6f/b4/66/66b46fc0b9c47406c25ce83a/LFST0924187.jpg","https://www.nevilleuk.com/products/TK-PL_","DS-PL|DF-PL|DK-PL|TES-PL|SS-PL|TF-PL"]
["TK-VR","GenWare Verona Table Knife 18/10 (Dozen)","18/10 Stainless Steel - 225mm (L)",61.08,1,"Cutlery>Verona 18/10",{"$nulls":3},263,60,58,1.104,1.158,null,null,"Stainless Steel-420","8211910000","China",null,null,"Yes",{"$nulls":7},"No","Yes","\n•18/10 Stainless Steel\n•92g Weight\n•7-piece Collection","Our exquisite Premium Cutlery collection offers a blend of elegance and practicality for your tabletop. With an array of designs and styles, you can seamlessly align your dining space’s ambiance with your personal flair. Crafted from highly polished 18/10 stainless steel, each piece boasts a distinctive design, offering both enduring strength and optimal functionality. Transform your table setting with our sophisticated cutlery that promises to impress at first glance. Stylish yet simple, Verona features a charming streamlined design. \n•High quality 18/10 stainless steel ensures long lasting durability and shine.\n•Each piece goes through a 110-step polishing process, ensuring a mirror-like finish&nbsp;\n•7-piece sample set available, 7PCS-VERONA","Dozen","5020403026563","26.3","6","5.8","0.00092",1.158,{"$nulls":8},"05020403026570",15,"32","28","20","0.01792","16.56",{"v":17.37,"d":"17.370"},null,180,"https://files.plytix.com/api/v1.1/file/public_files/pim/assets/8a/8d/8f/62/628f8d8abb3a1aaaf0e8f149/images/a1/8e/b4/66/66b48ea129eaab66dc97d97e/TH_TK-VR.jpg","https://files.plytix.com/api/v1.1/file/public_files/pim/assets/8a/8d/8f/62/628f8d8abb3a1aaaf0e8f149/images/97/79/b4/66/66b47997849b5d97e566949c/TK-VR.jpg","https://files.plytix.com/api/v1.1/file/public_files/pim/assets/8a/8d/8f/62/628f8d8abb3a1aaaf0e8f149/images/b8/6d/b4/66/66b46db8849b5d97e566929f/LFST0924039.jpg|https://files.plytix.com/api/v1.1/file/public_files/pim/assets/8a/8d/8f/62/628f8d8abb3a1aaaf0e8f149/images/73/6e/b4/66/66b46e73849b5d97e56692b8/LFST0924095.jpg|https://files.plytix.com/api/v1.1/file/public_files/pim/assets/8a/8d/8f/62/628f8d8abb3a1aaaf0e8f149/images/c9/6f/b4/66/66b46fc98d8e351c2dd7cce5/LFST0924191.jpg|https://files.plytix.com/api/v1.1/file/public_files/pim/assets/8a/8d/8f/62/628f8d8abb3a1aaaf0e8f149/images/05/6e/b4/66/66b46e05b9c47406c25ce7fc/LFST0924061.jpg","https://www.nevilleuk.com/products/TK-VR_","DS-VR|DF-VR|DK-VR|TES-VR|SS-VR|TF-VR"]
["DK-RM","GenWare Rimini Dessert Knife 18/10 (Dozen)","18/10 Stainless Steel - 203mm (L)",55.34,1,"Cutlery>Rimini 18/10",{"$nulls":3},243,54,54,{"v":0.96,"d":"0.960"},1.012,null,null,"Stainless Steel-420","8211910000","China",null,null,"Yes",{"$nulls":7},"No","Yes","\n•18/10 Stainless Steel\n•81g Weight\n•7-piece Collection","Our exquisite Premium Cutlery collection offers a blend of elegance and practicality for your tabletop. With an array of designs and styles, you can seamlessly align your dining space’s ambiance with your personal flair. Crafted from highly polished 18/10 stainless steel, each piece boasts a distinctive design, offering both enduring strength and optimal functionality. Transform your table setting with our sophisticated cutlery that promises to impress at first glance. A stylish and practical design, Rimini elevates contemporary table settings.\n•High quality 18/10 stainless steel ensures long lasting durability and shine.\n•Each piece goes through a 110-step polishing process, ensuring a mirror-like finish&nbsp;\n•7-piece sample set available, 7PCS-RIMINI","Dozen","5020403026068","24.3","5.4","5.4","0.00071",1.012,{"$nulls":8},"05020403026075",15,"29.6","26","18.1","0.01393","14.4",{"v":15.18,"d":"15.180"},null,420,"https://files.plytix.com/api/v1.1/file/public_files/pim/assets/8a/8d/8f/62/628f8d8abb3a1aaaf0e8f149/images/87/8e/b4/66/66b48e87b49a9c3a77fde0d4/TH_DK-RM.jpg","https://files.plytix.com/api/v1.1/file/public_files/pim/assets/8a/8d/8f/62/628f8d8abb3a1aaaf0e8f149/images/50/78/b4/66/66b4785081a90fe9eccc9379/DK-RM.jpg","https://files.plytix.com/api/v1.1/file/public_files/pim/assets/8a/8d/8f/62/628f8d8abb3a1aaaf0e8f149/images/79/6d/b4/66/66b46d7981a90fe9eccc9143/LFST0924019.jpg|https://files.plytix.com/api/v1.1/file/public_files/pim/assets/8a/8d/8f/62/628f8d8abb3a1aaaf0e8f149/images/70/6e/b4/66/66b46e70849b5d97e56692b6/LFST0924094.jpg|https://files.plytix.com/api/v1.1/file/public_files/pim/assets/8a/8d/8f/62/628f8d8abb3a1aaaf0e8f149/images/c7/6f/b4/66/66b46fc781a90fe9eccc921c/LFST0924190.jpg","https://www.nevilleuk.com/products/DK-RM_","DS-RM|DF-RM|TES-RM|SS-RM|TF-RM|TK-RM"]
["TK-NV","GenWare Novara Table Knife 18/10 (Dozen)","18/10 Stainless Steel - 230mm (L)",73.64,1,"Cutlery>Novara 18/10",{"$nulls":3},263,60,59,{"v":1.08,"d":"1.080"},1.115,null,null,"Stainless Steel-420","8211910000","China",null,null,"Yes",{"$nulls":7},"No","Yes","\n•18/10 Stainless Steel\n•91g Weight\n•7-piece Collection","Our exquisite Premium Cutlery collection offers a blend of elegance and practicality for your tabletop. With an array of designs and styles, you can seamlessly align your dining space’s ambiance with your personal flair. Crafted from highly polished 18/10 stainless steel, each piece boasts a distinctive design, offering both enduring strength and optimal functionality. Transform your table setting with our sophisticated cutlery that promises to impress at first glance. With its elegant, smooth curves, Novara perfectly complements a modern table setting.\n•High quality 18/10 stainless steel ensures long lasting durability and shine\n•Each piece goes through a 110-step polishing process, ensuring a mirror-like finish&nbsp;\n•7-piece sample set available, 7PCS-NOVARA","Dozen",null,"26.3","6","5.9","0.00093",1.115,{"$nulls":8},"05020403025733",15,"32","27.7","20","0.01773","16.2",{"v":16.73,"d":"16.730"},null,270,"https://files.plytix.com/api/v1.1/file/public_files/pim/assets/8a/8d/8f/62/628f8d8abb3a1aaaf0e8f149/images/a1/8e/b4/66/66b48ea1f9d3a3c618b27186/TH_TK-NV.jpg","https://files.plytix.com/api/v1.1/file/public_files/pim/assets/8a/8d/8f/62/628f8d8abb3a1aaaf0e8f149/images/8f/79/b4/66/66b4798fb9c47406c25ce9c2/TK-NV.jpg","https://files.plytix.com/api/v1.1/file/public_files/pim/assets/8a/8d/8f/62/628f8d8abb3a1aaaf0e8f149/images/64/6e/b4/66/66b46e6429eaab66dc97d4e6/LFST0924091.jpg|https://files.plytix.com/api/v1.1/file/public_files/pim/assets/8a/8d/8f/62/628f8d8abb3a1aaaf0e8f149/images/be/6f/b4/66/66b46fbeb49a9c3a77fddb90/LFST0924186.jpg","https://www.nevilleuk.com/products/TK-NV_","DS-NV|DF-NV|DK-NV|TES-NV|SS-NV|TF-NV"]
["DS-SR","GenWare Salerno Dessert Spoon 18/10 (Dozen)","18/10 Stainless Steel - 170mm (L)",{"v":44.5,"d":"44.50"},1,"Cutlery>Salerno 18/10",{"$nulls":3},218,60,54,0.528,0.568,null,null,"Stainlss Steel-304","8215103000","China",null,null,"Yes",{"$nulls":7},"No","No","\n•18/10 Stainless Steel\n•3.5mm Gauge\n•7-piece Collection","Our exquisite Premium Cutlery collection offers a blend of elegance and practicality for your tabletop. With an array of designs and styles, you can seamlessly align your dining space’s ambiance with your personal flair. Crafted from highly polished 18/10 stainless steel, each piece boasts a distinctive design, offering both enduring strength and optimal functionality. Transform your table setting with our sophisticated cutlery that promises to impress at first glance. Salerno embodies opulence with its lavishly curvaceous style.\n•High quality 18/10 stainless steel ensures long lasting durability and shine.\n•Each piece goes through a 110-step polishing process, ensuring a mirror-like finish&nbsp;\n•7-piece sample set available, 7PCS-SALERNO","Dozen","5020403026228","21.8","6","5.4","0.00071",0.568,{"$nulls":8},"05020403026235",20,"31.5","23","24","0.01739","10.56",11.355,null,720,"https://files.plytix.com/api/v1.1/file/public_files/pim/assets/8a/8d/8f/62/628f8d8abb3a1aaaf0e8f149/images/89/8e/b4/66/66b48e89bec897226ea00500/TH_DS-SR.jpg","https://files.plytix.com/api/v1.1/file/public_files/pim/assets/8a/8d/8f/62/628f8d8abb3a1aaaf0e8f149/images/53/78/b4/66/66b4785381a90fe9eccc9380/DS-SR.jpg","https://files.plytix.com/api/v1.1/file/public_files/pim/assets/8a/8d/8f/62/628f8d8abb3a1aaaf0e8f149/images/5b/6e/b4/66/66b46e5b29eaab66dc97d4df/LFST0924088.jpg|https://files.plytix.com/api/v1.1/file/public_files/pim/assets/8a/8d/8f/62/628f8d8abb3a1aaaf0e8f149/images/c5/6f/b4/66/66b46fc5ead97950556f514c/LFST0924189.jpg","https://www.nevilleuk.com/products/DS-SR_","DF-SR|DK-SR|TES-SR|SS-SR|TF-SR|TK-SR"]
["TF-RM","GenWare Rimini Table Fork 18/10 (Dozen)","18/10 Stainless Steel - 212mm (L)",46.28,1,"Cutlery>Rimini 18/10",{"$nulls":3},228,64,43,0.708,0.762,null,null,"Stainlss Steel-304","8215103000","China",null,null,"Yes",{"$nulls":7},"No","No","\n•18/10 Stainless Steel\n•3.5mm Gauge\n•7-piece Collection","Our exquisite Premium Cutlery collection offers a blend of elegance and practicality for your tabletop. With an array of designs and styles, you can seamlessly align your dining space’s ambiance with your personal flair. Crafted from highly polished 18/10 stainless steel, each piece boasts a distinctive design, offering both enduring strength and optimal functionality. Transform your table setting with our sophisticated cutlery that promises to impress at first glance. A stylish and practical design, Rimini elevates contemporary table settings.\n•High quality 18/10 stainless steel ensures long lasting durability and shine.\n•Each piece goes through a 110-step polishing process, ensuring a mirror-like finish&nbsp;\n•7-piece sample set available, 7PCS-RIMINI","Dozen","5020403026129","22.8","6.4","4.3","0.00063",0.762,{"$nulls":8},"05020403026136",20,"33.8","24.4","20","0.01649","14.16",{"v":15.24,"d":"15.240"},null,520,"https://files.plytix.com/api/v1.1/file/public_files/pim/assets/8a/8d/8f/62/628f8d8abb3a1aaaf0e8f149/images/a0/8e/b4/66/66b48ea0849b5d97e5669819/TH_TF-RM.jpg","https://files.plytix.com/api/v1.1/file/public_files/pim/assets/8a/8d/8f/62/628f8d8abb3a1aaaf0e8f149/images/87/79/b4/66/66b4798783d910ed29970843/TF-RM.jpg","https://files.plytix.com/api/v1.1/file/public_files/pim/assets/8a/8d/8f/62/628f8d8abb3a1aaaf0e8f149/images/79/6d/b4/66/66b46d7981a90fe9eccc9143/LFST0924019.jpg|https://files.plytix.com/api/v1.1/file/public_files/pim/assets/8a/8d/8f/62/628f8d8abb3a1aaaf0e8f149/images/70/6e/b4/66/66b46e70849b5d97e56692b6/LFST0924094.jpg|https://files.plytix.com/api/v1.1/file/public_files/pim/assets/8a/8d/8f/62/628f8d8abb3a1aaaf0e8f149/images/c7/6f/b4/66/66b46fc781a90fe9eccc921c/LFST0924190.jpg","https://www.nevilleuk.com/products/TF-RM_","DS-RM|DF-RM|DK-RM|TES-RM|SS-RM|TK-RM"]
["DK-TA","GenWare Taranto Dessert Knife 18/10 (Dozen)","18/10 Stainless Steel - 222mm (L)",63.04,1,"Cutlery>Taranto 18/10",{"$nulls":3},194,41,26,0.696,0.696,null,null,"Stainlss Steel-304","8211910000","China",null,null,"Yes",{"$nulls":7},"No","Yes","\n•18/10 Stainless Steel\n•74g Weight\n•7-piece Collection","Our exquisite Premium Cutlery collection offers a blend of elegance and practicality for your tabletop. With an array of designs and styles, you can seamlessly align your dining space’s ambiance with your personal flair. Crafted from highly polished 18/10 stainless steel, each piece boasts a distinctive design, offering both enduring strength and optimal functionality. Transform your table setting with our sophisticated cutlery that promises to impress at first glance. A modern classic, Taranto features crisp, bold lines for a robust appearance.\n•High quality 18/10 stainless steel ensures long lasting durability and shine.\n•Each piece goes through a 110-step polishing process, ensuring a mirror-like finish&nbsp;\n•7-piece sample set available, 7PCS-TARANTO","Dozen","5020403026341","19.4","4.1","2.6","0.00021",0.696,{"$nulls":8},"05020403026358",15,"31.5","23","23.8","0.01724","10.44",{"v":14.64,"d":"14.640"},null,360,"https://files.plytix.com/api/v1.1/file/public_files/pim/assets/8a/8d/8f/62/628f8d8abb3a1aaaf0e8f149/images/87/8e/b4/66/66b48e878c4039a463fa9c82/TH_DK-TA.jpg","https://files.plytix.com/api/v1.1/file/public_files/pim/assets/8a/8d/8f/62/628f8d8abb3a1aaaf0e8f149/images/51/78/b4/66/66b47851b9c47406c25ce961/DK-TA.jpg","https://files.plytix.com/api/v1.1/file/public_files/pim/assets/8a/8d/8f/62/628f8d8abb3a1aaaf0e8f149/images/5e/6e/b4/66/66b46e5e81a90fe9eccc919d/LFST0924089.jpg|https://files.plytix.com/api/v1.1/file/public_files/pim/assets/8a/8d/8f/62/628f8d8abb3a1aaaf0e8f149/images/c3/6f/b4/66/66b46fc3c7b5936d26a05ce5/LFST0924188.jpg","https://www.nevilleuk.com/products/DK-TA_","DS-TA|DF-TA|TES-TA|SS-TA|TF-TA|TK-TA"]
["TK-SR","GenWare Salerno Table Knife 18/10 (Dozen)","18/10 Stainless Steel - 232mm (L)",67.52,1,"Cutlery>Salerno 18/10",{"$nulls":3},260,60,58,1.104,1.161,null,null,"Stainless Steel-420","8211910000","China",null,null,"Yes",{"$nulls":7},"No","Yes","\n•18/10 Stainless Steel\n•91g Weight\n•7-piece Collection","Our exquisite Premium Cutlery collection offers a blend of elegance and practicality for your tabletop. With an array of designs and styles, you can seamlessly align your dining space’s ambiance with your personal flair. Crafted from highly polished 18/10 stainless steel, each piece boasts a distinctive design, offering both enduring strength and optimal functionality. Transform your table setting with our sophisticated cutlery that promises to impress at first glance. Salerno embodies opulence with its lavishly curvaceous style.\n•High quality 18/10 stainless steel ensures long lasting durability and shine.\n•Each piece goes through a 110-step polishing process, ensuring a mirror-like finish&nbsp;\n•7-piece sample set available, 7PCS-SALERNO","Dozen","5020403026280","26","6","5.8","0.00090",1.161,{"$nulls":8},"05020403026297",15,"31.5","27.8","20","0.01751","16.56",{"v":17.42,"d":"17.420"},null,330,"https://files.plytix.com/api/v1.1/file/public_files/pim/assets/8a/8d/8f/62/628f8d8abb3a1aaaf0e8f149/images/a2/8e/b4/66/66b48ea229eaab66dc97d97f/TH_TK-SR.jpg","https://files.plytix.com/api/v1.1/file/public_files/pim/assets/8a/8d/8f/62/628f8d8abb3a1aaaf0e8f149/images/95/79/b4/66/66b4799583d910ed2997084a/TK-SR.jpg","https://files.plytix.com/api/v1.1/file/public_files/pim/assets/8a/8d/8f/62/628f8d8abb3a1aaaf0e8f149/images/5b/6e/b4/66/66b46e5b29eaab66dc97d4df/LFST0924088.jpg|https://files.plytix.com/api/v1.1/file/public_files/pim/assets/8a/8d/8f/62/628f8d8abb3a1aaaf0e8f149/images/c5/6f/b4/66/66b46fc5ead97950556f514c/LFST0924189.jpg","https://www.nevilleuk.com/products/TK-SR_","DS-SR|DF-SR|DK-SR|TES-SR|SS-SR|TF-SR"]
["DS-VRV","GenWare Verona Vintage Dessert Spoon 18/10 (Dozen)","18/10 Stainless Steel - 178mm (L)",{"v":39,"d":"39.00"},1,"Cutlery>Verona Vintage 18/10",{"$nulls":3},178,38,26,0.444,0.444,null,null,"Stainlss Steel-304","8215103000","China",null,null,"Yes",{"$nulls":7},"No","No","\n•18/10 Stainless Steel\n•3.5mm Gauge\n•7-piece Collection\n•Vintage Finish","Our exquisite Premium Cutlery collection offers a blend of elegance and practicality for your tabletop. With an array of designs and styles, you can seamlessly align your dining space’s ambiance with your personal flair. Crafted from highly polished 18/10 stainless steel, each piece boasts a distinctive design, offering both enduring strength and optimal functionality. Transform your table setting with our sophisticated cutlery that promises to impress at first glance. Stylish yet simple, Verona features a charming streamlined design, finished with a sophisticated, vintage look.\n•High quality 18/10 stainless steel ensures long lasting durability and shine.\n•Each piece goes through a 110-step polishing process, ensuring a mirror-like finish&nbsp;\n•7-piece sample set available, 7PCS-VERONA-V","Dozen","5020403026648","17.8","3.8","2.6","0.00018",0.444,{"$nulls":8},"05020403026655",20,"31.3","23.2","23.5","0.01706","8.88",{"v":10.14,"d":"10.140"},null,840,"https://files.plytix.com/api/v1.1/file/public_files/pim/assets/8a/8d/8f/62/628f8d8abb3a1aaaf0e8f149/images/89/8e/b4/66/66b48e898c4039a463fa9c84/TH_DS-VRV.jpg","https://files.plytix.com/api/v1.1/file/public_files/pim/assets/8a/8d/8f/62/628f8d8abb3a1aaaf0e8f149/images/54/78/b4/66/66b4785481a90fe9eccc9382/DS-VRV.jpg","https://files.plytix.com/api/v1.1/file/public_files/pim/assets/8a/8d/8f/62/628f8d8abb3a1aaaf0e8f149/images/6c/6e/b4/66/66b46e6c81a90fe9eccc91a4/LFST0924093.jpg|https://files.plytix.com/api/v1.1/file/public_files/pim/assets/8a/8d/8f/62/628f8d8abb3a1aaaf0e8f149/images/b0/6e/b4/66/66b46eb081a90fe9eccc91cd/LFST0924110.jpg|https://files.plytix.com/api/v1.1/file/public_files/pim/assets/8a/8d/8f/62/628f8d8abb3a1aaaf0e8f149/images/92/6e/b4/66/66b46e92eade129dc98273d8/LFST0924103.jpg|https://files.plytix.com/api/v1.1/file/public_files/pim/assets/8a/8d/8f/62/628f8d8abb3a1aaaf0e8f149/images/cb/6f/b4/66/66b46fcb849b5d97e566930a/LFST0924192.jpg","https://www.nevilleuk.com/products/DS-VRV_","TF-VRV|TK-VRV|DF-VRV|DK-VRV|TES-VRV|SS-VRV"]
["DK-PLV","GenWare Palermo Vintage Dessert Knife 18/10 (Dozen)","18/10 Stainless Steel - 210mm (L)",70.64,1,"Cutlery>Palermo Vintage 18/10",{"$nulls":3},243,55,55,1.116,{"v":1.22,"d":"1.220"},null,null,"Stainless Steel-420","8211910000","China",null,null,"Yes",{"$nulls":7},"No","Yes","\n•18/10 Stainless Steel\n•98g Weight\n•7-piece Collection\n•Vintage Finish","Our exquisite Premium Cutlery collection offers a blend of elegance and practicality for your tabletop. With an array of designs and styles, you can seamlessly align your dining space’s ambiance with your personal flair. Crafted from highly polished 18/10 stainless steel, each piece boasts a distinctive design, offering both enduring strength and optimal functionality. Transform your table setting with our sophisticated cutlery that promises to impress at first glance. A timeless, curvaceous style that complements all table settings, finished with a sophisticated, vintage look.\n•High quality 18/10 stainless steel ensures long lasting durability\n•Each piece goes through a 110-step polishing process&nbsp;\n•7-piece sample set available, 7PCS-PALERMO-V","Dozen","5020403025924","24.3","5.5","5.5","0.00074",{"v":1.22,"d":"1.220"},{"$nulls":8},"05020403025931",15,"29","26","18.5","0.01395","16.74",{"v":18.3,"d":"18.300"},null,360,"https://files.plytix.com/api/v1.1/file/public_files/pim/assets/8a/8d/8f/62/628f8d8abb3a1aaaf0e8f149/images/87/8e/b4/66/66b48e870baf06fe10636be1/TH_DK-PLV.jpg","https://files.plytix.com/api/v1.1/file/public_files/pim/assets/8a/8d/8f/62/628f8d8abb3a1aaaf0e8f149/images/50/78/b4/66/66b4785029eaab66dc97d600/DK-PLV.jpg","https://files.plytix.com/api/v1.1/file/public_files/pim/assets/8a/8d/8f/62/628f8d8abb3a1aaaf0e8f149/images/33/6e/b4/66/66b46e33b9c47406c25ce80b/LFST0924074.jpg|https://files.plytix.com/api/v1.1/file/public_files/pim/assets/8a/8d/8f/62/628f8d8abb3a1aaaf0e8f149/images/44/6e/b4/66/66b46e4481a90fe9eccc9190/LFST0924080.jpg|https://files.plytix.com/api/v1.1/file/public_files/pim/assets/8a/8d/8f/62/628f8d8abb3a1aaaf0e8f149/images/68/6e/b4/66/66b46e6829eaab66dc97d4e8/LFST0924092.jpg|https://files.plytix.com/api/v1.1/file/public_files/pim/assets/8a/8d/8f/62/628f8d8abb3a1aaaf0e8f149/images/cd/6f/b4/66/66b46fcd849b5d97e566930b/LFST0924193.jpg","https://www.nevilleuk.com/products/DK-PLV_","TES-PLV|SS-PLV|TF-PLV|TK-PLV|DS-PLV|DF-PLV"]
["DS-MS","GenWare Messina Dessert Spoon 18/10 (Dozen)","18/10 Stainless Steel - 173mm (L)",35.38,1,"Cutlery>Messina 18/10",{"$nulls":3},175,37,22,0.384,0.384,null,null,"Stainlss Steel-304","8215103000","China",null,null,"Yes",{"$nulls":7},"No","No","\n•18/10 Stainless Steel\n•4.0mm Gauge\n•7-piece Collection","Our exquisite Premium Cutlery collection offers a blend of elegance and practicality for your tabletop. With an array of designs and styles, you can seamlessly align your dining space’s ambiance with your personal flair. Crafted from highly polished 18/10 stainless steel, each piece boasts a distinctive design, offering both enduring strength and optimal functionality. Transform your table setting with our sophisticated cutlery that promises to impress at first glance. An elegant, contemporary design, Messina features slender, refined handles.\n•High quality 18/10 stainless steel ensures long lasting durability and shine\n•Each piece goes through a 110-step polishing process, ensuring a mirror-like finish&nbsp;\n•7-piece sample set available, 7PCS-MESSINA","Dozen","5020403025528","17.5","3.7","2.2","0.00014",0.384,{"$nulls":8},"05020403025535",20,"31.8","23","23.8","0.01741","7.68",{"v":8.55,"d":"8.550"},null,1680,"https://files.plytix.com/api/v1.1/file/public_files/pim/assets/8a/8d/8f/62/628f8d8abb3a1aaaf0e8f149/images/88/8e/b4/66/66b48e88b49a9c3a77fde0d6/TH_DS-MS.jpg","https://files.plytix.com/api/v1.1/file/public_files/pim/assets/8a/8d/8f/62/628f8d8abb3a1aaaf0e8f149/images/52/78/b4/66/66b4785229eaab66dc97d602/DS-MS.jpg","https://files.plytix.com/api/v1.1/file/public_files/pim/assets/8a/8d/8f/62/628f8d8abb3a1aaaf0e8f149/images/77/6e/b4/66/66b46e7781a90fe9eccc91af/LFST0924096.jpg|https://files.plytix.com/api/v1.1/file/public_files/pim/assets/8a/8d/8f/62/628f8d8abb3a1aaaf0e8f149/images/bc/6f/b4/66/66b46fbcb49a9c3a77fddb8f/LFST0924185.jpg|https://files.plytix.com/api/v1.1/file/public_files/pim/assets/8a/8d/8f/62/628f8d8abb3a1aaaf0e8f149/images/57/6f/b4/66/66b46f57b9c47406c25ce822/LFST0924156.jpg|https://files.plytix.com/api/v1.1/file/public_files/pim/assets/8a/8d/8f/62/628f8d8abb3a1aaaf0e8f149/images/4c/6f/b4/66/66b46f4c29eaab66dc97d513/LFST0924153.jpg","https://www.nevilleuk.com/products/DS-MS_","DF-MS|DK-MS|TES-MS|SS-MS|TF-MS|TK-MS"]
["TF-MS","GenWare Messina Table Fork 18/10 (Dozen)","18/10 Stainless Steel - 207mm (L)",47.68,1,"Cutlery>Messina 18/10",{"$nulls":3},228,64,44,0.612,0.655,null,null,"Stainlss Steel-304","8215103000","China",null,null,"Yes",{"$nulls":7},"No","No","\n•18/10 Stainless Steel\n•4.0mm Gauge\n•7-piece Collection","Our exquisite Premium Cutlery collection offers a blend of elegance and practicality for your tabletop. With an array of designs and styles, you can seamlessly align your dining space’s ambiance with your personal flair. Crafted from highly polished 18/10 stainless steel, each piece boasts a distinctive design, offering both enduring strength and optimal functionality. Transform your table setting with our sophisticated cutlery that promises to impress at first glance. An elegant, contemporary design, Messina features slender, refined handles.\n•High quality 18/10 stainless steel ensures long lasting durability and shine\n•Each piece goes through a 110-step polishing process, ensuring a mirror-like finish&nbsp;\n•7-piece sample set available, 7PCS-MESSINA","Dozen","5020403025566","22.8","6.4","4.4","0.00064",0.655,{"$nulls":8},"05020403025573",20,"33.8","24.4","20","0.01649","12.24",{"v":13.09,"d":"13.090"},null,880,"https://files.plytix.com/api/v1.1/file/public_files/pim/assets/8a/8d/8f/62/628f8d8abb3a1aaaf0e8f149/images/9e/8e/b4/66/66b48e9e0baf06fe10636bed/TH_TF-MS.jpg","https://files.plytix.com/api/v1.1/file/public_files/pim/assets/8a/8d/8f/62/628f8d8abb3a1aaaf0e8f149/images/82/79/b4/66/66b4798283d910ed29970840/TF-MS.jpg","https://files.plytix.com/api/v1.1/file/public_files/pim/assets/8a/8d/8f/62/628f8d8abb3a1aaaf0e8f149/images/77/6e/b4/66/66b46e7781a90fe9eccc91af/LFST0924096.jpg|https://files.plytix.com/api/v1.1/file/public_files/pim/assets/8a/8d/8f/62/628f8d8abb3a1aaaf0e8f149/images/bc/6f/b4/66/66b46fbcb49a9c3a77fddb8f/LFST0924185.jpg|https://files.plytix.com/api/v1.1/file/public_files/pim/assets/8a/8d/8f/62/628f8d8abb3a1aaaf0e8f149/images/0f/6f/b4/66/66b46f0f81a90fe9eccc91f3/LFST0924136.jpg|https://files.plytix.com/api/v1.1/file/public_files/pim/assets/8a/8d/8f/62/628f8d8abb3a1aaaf0e8f149/images/42/6f/b4/66/66b46f42849b5d97e56692ea/LFST0924150.jpg","https://www.nevilleuk.com/products/TF-MS_","DS-MS|DF-MS|DK-MS|TES-MS|SS-MS|TK-MS"]
["SS-VRV","GenWare Verona Vintage Soup Spoon 18/10 (Dozen)","18/10 Stainless Steel - 167mm (L)",35.46,1,"Cutlery>Verona Vintage 18/10",{"$nulls":3},168,40,25,0.408,0.408,null,null,"Stainlss Steel-304","8215103000","China",null,null,"Yes",{"$nulls":7},"No","No","\n•18/10 Stainless Steel\n•3.5mm Gauge\n•7-piece Collection\n•Vintage Finish","Our exquisite Premium Cutlery collection offers a blend of elegance and practicality for your tabletop. With an array of designs and styles, you can seamlessly align your dining space’s ambiance with your personal flair. Crafted from highly polished 18/10 stainless steel, each piece boasts a distinctive design, offering both enduring strength and optimal functionality. Transform your table setting with our sophisticated cutlery that promises to impress at first glance. Stylish yet simple, Verona features a charming streamlined design, finished with a sophisticated, vintage look.\n•High quality 18/10 stainless steel ensures long lasting durability and shine.\n•Each piece goes through a 110-step polishing process, ensuring a mirror-like finish&nbsp;\n•7-piece sample set available, 7PCS-VERONA-V","Dozen","5020403026662","16.8","4","2.5","0.00017",0.408,{"$nulls":8},"05020403026679",20,"34.5","21.8","24","0.01805","8.16",{"v":9.45,"d":"9.450"},null,840,"https://files.plytix.com/api/v1.1/file/public_files/pim/assets/8a/8d/8f/62/628f8d8abb3a1aaaf0e8f149/images/9d/8e/b4/66/66b48e9d849b5d97e5669810/TH_SS-VRV.jpg","https://files.plytix.com/api/v1.1/file/public_files/pim/assets/8a/8d/8f/62/628f8d8abb3a1aaaf0e8f149/images/73/79/b4/66/66b47973b9c47406c25ce9bb/SS-VRV.jpg","https://files.plytix.com/api/v1.1/file/public_files/pim/assets/8a/8d/8f/62/628f8d8abb3a1aaaf0e8f149/images/6c/6e/b4/66/66b46e6c81a90fe9eccc91a4/LFST0924093.jpg|https://files.plytix.com/api/v1.1/file/public_files/pim/assets/8a/8d/8f/62/628f8d8abb3a1aaaf0e8f149/images/b0/6e/b4/66/66b46eb081a90fe9eccc91cd/LFST0924110.jpg|https://files.plytix.com/api/v1.1/file/public_files/pim/assets/8a/8d/8f/62/628f8d8abb3a1aaaf0e8f149/images/92/6e/b4/66/66b46e92eade129dc98273d8/LFST0924103.jpg|https://files.plytix.com/api/v1.1/file/public_files/pim/assets/8a/8d/8f/62/628f8d8abb3a1aaaf0e8f149/images/cb/6f/b4/66/66b46fcb849b5d97e566930a/LFST0924192.jpg","https://www.nevilleuk.com/products/SS-VRV_","TF-VRV|TK-VRV|DS-VRV|DF-VRV|DK-VRV|TES-VRV"]
["CP-SCR18","Sereno Porcelain Cirrus Coupe Plate 18cm","18 x 2.2cm (Dia x H)",10.84,6,"Sereno Tableware>Sereno Porcelain Cirrus",{"$nulls":3},185,185,25,{"v":0.3,"d":"0.300"},{"v":0.3,"d":"0.300"},null,null,"Porcelain","6911100090","China",null,null,"Yes","Yes","Yes","Yes",{"$nulls":4},"No","No","\n•Durable Fully Vitrified Porcelain\n•Twice-Fired Process\n•High Temperature Firing\n•Conforms to BS4034 Vitrified Hotelware\n•Refined Shape\n•Polished Foot\n•Textured Matt White Glaze\n•Hand-Finished Accent Glaze","Sereno Cirrus is a range of matt white porcelain tableware inspired by the delicate beauty of the dazzling clouds. Each piece in the Cirrus collection features a soft grey rim, reminiscent of the sky, adding a touch of serene sophistication to your dining experience. This collection promises both durability and timeless appeal, in which the elegance of nature meets the artistry of fine tableware.\n•Durable Fully Vitrified Porcelain: High-temperature firing creates a robust and long-lasting product, ideal for professional use\n•Twice-Fired Process: Enhances strength, durability, and the unique glaze finish, ensuring each piece performs in demanding environments\n•Conforms to Industry Standards: Meets BS4034 standards for vitrified hotelware, ensuring exceptional durability and quality in demanding environments\n•Refined Shapes: Beautifully crafted, contemporary shapes that enhance the overall elegance of the collection\n•Polished Foot: Minimises damage when stacked and stored, helping to maintain the integrity of each piece over time\n•Textured Matt White Glaze: The soft matt white glaze with subtle texture adds sophistication and a modern touch to any dining setting\n•Hand-Finished Accent Glaze: Each piece is hand-finished with an accent glaze, highlighting the artisanal craftsmanship","Each",null,"18.5","18.5","2.5","0.00086",{"v":0.3,"d":"0.300"},"05020403700388",6,"20","13","20","0.00520","1.8",{"v":2.5,"d":"2.500"},"05020403700395",36,"42","39","23","0.03767","10.8",{"v":15,"d":"15.000"},null,1512,"https://files.plytix.com/api/v1.1/file/public_files/pim/assets/8a/8d/8f/62/628f8d8abb3a1aaaf0e8f149/images/82/8e/b4/66/66b48e82c7b5936d26a06134/TH_CP-SCR18.jpg","https://files.plytix.com/api/v1.1/file/public_files/pim/assets/8a/8d/8f/62/628f8d8abb3a1aaaf0e8f149/images/12/78/b4/66/66b47812c7b5936d26a05e02/CP-SCR18_B.jpg|https://files.plytix.com/api/v1.1/file/public_files/pim/assets/8a/8d/8f/62/628f8d8abb3a1aaaf0e8f149/images/13/78/b4/66/66b4781383d910ed299707d3/CP-SCR18_C.jpg|https://files.plytix.com/api/v1.1/file/public_files/pim/assets/8a/8d/8f/62/628f8d8abb3a1aaaf0e8f149/images/05/7a/b4/66/66b47a0583d910ed29970886/CP-SCR18.jpg","https://files.plytix.com/api/v1.1/file/public_files/pim/assets/8a/8d/8f/62/628f8d8abb3a1aaaf0e8f149/images/57/6f/b4/66/66b46f57b9c47406c25ce822/LFST0924156.jpg|https://files.plytix.com/api/v1.1/file/public_files/pim/assets/8a/8d/8f/62/628f8d8abb3a1aaaf0e8f149/images/4c/6f/b4/66/66b46f4c29eaab66dc97d513/LFST0924153.jpg","https://www.nevilleuk.com/products/CP-SCR18_",null,"CP-SST18"]
["CUP-SCR25","Sereno Porcelain Cirrus Coffee Cup 25cl/8.75oz","12.5 x 9.7 x 6cm (L x Dia x H)",{"v":8.5,"d":"8.50"},6,"Sereno Tableware>Sereno Porcelain Cirrus",{"$nulls":3},130,100,60,{"v":0.25,"d":"0.250"},{"v":0.25,"d":"0.250"},{"v":25,"d":"25.00"},"8.8","Porcelain","6911100090","China",null,null,"Yes","Yes","Yes","Yes",{"$nulls":4},"No","No","\n•Durable Fully Vitrified Porcelain\n•Twice-Fired Process\n•High Temperature Firing\n•Conforms to BS4034 Vitrified Hotelware\n•Refined Shape\n•Polished Foot\n•Textured Matt White Glaze\n•Hand-Finished Accent Glaze","Sereno Cirrus is a range of matt white porcelain tableware inspired by the delicate beauty of the dazzling clouds. Each piece in the Cirrus collection features a soft grey rim, reminiscent of the sky, adding a touch of serene sophistication to your dining experience. This collection promises both durability and timeless appeal, in which the elegance of nature meets the artistry of fine tableware.\n•Durable Fully Vitrified Porcelain: High-temperature firing creates a robust and long-lasting product, ideal for professional use\n•Twice-Fired Process: Enhances strength, durability, and the unique glaze finish, ensuring each piece performs in demanding environments\n•Conforms to Industry Standards: Meets BS4034 standards for vitrified hotelware, ensuring exceptional durability and quality in demanding environments\n•Refined Shapes: Beautifully crafted, contemporary shapes that enhance the overall elegance of the collection\n•Polished Foot: Minimises damage when stacked and stored, helping to maintain the integrity of each piece over time\n•Textured Matt White Glaze: The soft matt white glaze with subtle texture adds sophistication and a modern touch to any dining setting\n•Hand-Finished Accent Glaze: Each piece is hand-finished with an accent glaze, highlighting the artisanal craftsmanship","Each",null,"13","10","6","0.00078",{"v":0.25,"d":"0.250"},"05020403700562",6,"30","21","7","0.00441","1.5",1.833,"05020403700579",36,"43","31","22.5","0.02999","9",{"v":11,"d":"11.000"},null,1512,"https://files.plytix.com/api/v1.1/file/public_files/pim/assets/8a/8d/8f/62/628f8d8abb3a1aaaf0e8f149/images/84/8e/b4/66/66b48e8481a90fe9eccc96a4/TH_CUP-SCR25.jpg","https://files.plytix.com/api/v1.1/file/public_files/pim/assets/8a/8d/8f/62/628f8d8abb3a1aaaf0e8f149/images/42/78/b4/66/66b4784229eaab66dc97d5f8/CUP-SCR25.jpg|https://files.plytix.com/api/v1.1/file/public_files/pim/assets/8a/8d/8f/62/628f8d8abb3a1aaaf0e8f149/images/44/78/b4/66/66b47844b49a9c3a77fddcb5/CUP-SCR25_A.jpg","https://files.plytix.com/api/v1.1/file/public_files/pim/assets/8a/8d/8f/62/628f8d8abb3a1aaaf0e8f149/images/58/6e/b4/66/66b46e58849b5d97e56692a9/LFST0924087.jpg","https://www.nevilleuk.com/products/CUP-SCR25_","SCR-SCR16","CUP-SST25"]
["RAM-SAL2","Sereno Porcelain Alto Ramekin 7cl/2.5oz","7 x 3.5cm (Dia x H)",{"v":6.8,"d":"6.80"},6,"Sereno Tableware>Sereno Porcelain Alto",{"$nulls":3},700,700,35,{"v":0.05,"d":"0.050"},{"v":0.05,"d":"0.050"},null,null,"Porcelain","6911100090","China",null,null,"Yes","Yes","Yes","Yes",{"$nulls":4},"No","No","\n•Durable Fully Vitrified Porcelain\n•Twice-Fired Process\n•High Temperature Firing\n•Conforms to BS4034 Vitrified Hotelware\n•Refined Shape\n•Polished Foot\n•Textured Matt White Glaze\n•Hand-Finished Accent Glaze","Sereno Alto has a cloud-inspired design reminiscent of the tranquil beauty of high-altitude skies. Each piece of this range has a harmonious blend of matt and gloss which not only adds visual intrigue but also brings a tactile experience to your dining table. This collection will elevate any table setting with its distinctive charm and refined aesthetic.\n•Durable Fully Vitrified Porcelain: High-temperature firing creates a robust and long-lasting product, ideal for professional use\n•Twice-Fired Process: Enhances strength, durability, and the unique glaze finish, ensuring each piece performs in demanding environments\n•Conforms to Industry Standards: Meets BS4034 standards for vitrified hotelware, ensuring exceptional durability and quality in demanding environments\n•Refined Shapes: Beautifully crafted, contemporary shapes that enhance the overall elegance of the collection\n•Polished Foot: Minimises damage when stacked and stored, helping to maintain the integrity of each piece over time\n•Textured Matt White Glaze: The soft matt white glaze with subtle texture adds sophistication and a modern touch to any dining setting\n•Hand-Finished Accent Glaze: Each piece is hand-finished with an accent glaze, highlighting the artisanal craftsmanship","Each",null,"70","70","3.5","0.01715",{"v":0.05,"d":"0.050"},"05020403701040",6,"17","80","3","0.00408","0.3",{"v":0.5,"d":"0.500"},"05020403701057",48,"34","19","18","0.01163","2.4",{"v":4,"d":"4.000"},null,5040,"https://files.plytix.com/api/v1.1/file/public_files/pim/assets/8a/8d/8f/62/628f8d8abb3a1aaaf0e8f149/images/96/8e/b4/66/66b48e960baf06fe10636be8/TH_RAM-SAL2.jpg","https://files.plytix.com/api/v1.1/file/public_files/pim/assets/8a/8d/8f/62/628f8d8abb3a1aaaf0e8f149/images/ef/78/b4/66/66b478efb9c47406c25ce97b/RAM-SAL2.jpg","https://files.plytix.com/api/v1.1/file/public_files/pim/assets/8a/8d/8f/62/628f8d8abb3a1aaaf0e8f149/images/55/6e/b4/66/66b46e5581a90fe9eccc9197/LFST0924086.jpg","https://www.nevilleuk.com/products/RAM-SAL2_",null,"RAM-SST2"]
["BW-SAL13","Sereno Porcelain Alto Round Bowl 13cm","13 x 6.2cm (Dia x H) - 48cl/6.9oz",10.46,6,"Sereno Tableware>Sereno Porcelain Alto",{"$nulls":3},130,130,70,{"v":0.25,"d":"0.250"},{"v":0.25,"d":"0.250"},{"v":48,"d":"48.00"},"16.9","Porcelain","6911100090","China",null,null,"Yes","Yes","Yes","Yes",{"$nulls":4},"No","No","\n•Durable Fully Vitrified Porcelain\n•Twice-Fired Process\n•High Temperature Firing\n•Conforms to BS4034 Vitrified Hotelware\n•Refined Shape\n•Polished Foot\n•Textured Matt White Glaze\n•Hand-Finished Accent Glaze","Sereno Alto has a cloud-inspired design reminiscent of the tranquil beauty of high-altitude skies. Each piece of this range has a harmonious blend of matt and gloss which not only adds visual intrigue but also brings a tactile experience to your dining table. This collection will elevate any table setting with its distinctive charm and refined aesthetic.\n•Durable Fully Vitrified Porcelain: High-temperature firing creates a robust and long-lasting product, ideal for professional use\n•Twice-Fired Process: Enhances strength, durability, and the unique glaze finish, ensuring each piece performs in demanding environments\n•Conforms to Industry Standards: Meets BS4034 standards for vitrified hotelware, ensuring exceptional durability and quality in demanding environments\n•Refined Shapes: Beautifully crafted, contemporary shapes that enhance the overall elegance of the collection\n•Polished Foot: Minimises damage when stacked and stored, helping to maintain the integrity of each piece over time\n•Textured Matt White Glaze: The soft matt white glaze with subtle texture adds sophistication and a modern touch to any dining setting\n•Hand-Finished Accent Glaze: Each piece is hand-finished with an accent glaze, highlighting the artisanal craftsmanship","Each",null,"13","13","7","0.00118",{"v":0.25,"d":"0.250"},"05020403700029",6,"24","15","15","0.00540","1.5",{"v":2,"d":"2.000"},"05020403700036",36,"44.5","30","22","0.02937","9",{"v":12,"d":"12.000"},null,1512,"https://files.plytix.com/api/v1.1/file/public_files/pim/assets/8a/8d/8f/62/628f8d8abb3a1aaaf0e8f149/images/ad/8e/b4/66/66b48ead0baf06fe10636bfd/TH_BW-SAL13.jpg","https://files.plytix.com/api/v1.1/file/public_files/pim/assets/8a/8d/8f/62/628f8d8abb3a1aaaf0e8f149/images/b0/77/b4/66/66b477b081a90fe9eccc9330/BW-SAL13.jpg","https://files.plytix.com/api/v1.1/file/public_files/pim/assets/8a/8d/8f/62/628f8d8abb3a1aaaf0e8f149/images/0a/d1/a1/67/67a1d10a8c28d3ee51cd54c7/LFST0325025.jpg","https://www.nevilleuk.com/products/BW-SAL13_",null,"BW-SST13"]
["BW-SCR13","Sereno Porcelain Cirrus Round Bowl 13cm","13 x 6.2cm (Dia x H) - 48cl/6.9oz",10.46,6,"Sereno Tableware>Sereno Porcelain Cirrus",{"$nulls":3},130,130,65,{"v":0.25,"d":"0.250"},{"v":0.25,"d":"0.250"},{"v":48,"d":"48.00"},"16.9","Porcelain","6911100090","China",null,null,"Yes","Yes","Yes","Yes",{"$nulls":4},"No","No","\n•Durable Fully Vitrified Porcelain\n•Twice-Fired Process\n•High Temperature Firing\n•Conforms to BS4034 Vitrified Hotelware\n•Refined Shape\n•Polished Foot\n•Textured Matt White Glaze\n•Hand-Finished Accent Glaze","Sereno Cirrus is a range of matt white porcelain tableware inspired by the delicate beauty of the dazzling clouds. Each piece in the Cirrus collection features a soft grey rim, reminiscent of the sky, adding a touch of serene sophistication to your dining experience. This collection promises both durability and timeless appeal, in which the elegance of nature meets the artistry of fine tableware.\n•Durable Fully Vitrified Porcelain: High-temperature firing creates a robust and long-lasting product, ideal for professional use\n•Twice-Fired Process: Enhances strength, durability, and the unique glaze finish, ensuring each piece performs in demanding environments\n•Conforms to Industry Standards: Meets BS4034 standards for vitrified hotelware, ensuring exceptional durability and quality in demanding environments\n•Refined Shapes: Beautifully crafted, contemporary shapes that enhance the overall elegance of the collection\n•Polished Foot: Minimises damage when stacked and stored, helping to maintain the integrity of each piece over time\n•Textured Matt White Glaze: The soft matt white glaze with subtle texture adds sophistication and a modern touch to any dining setting\n•Hand-Finished Accent Glaze: Each piece is hand-finished with an accent glaze, highlighting the artisanal craftsmanship","Each",null,"13","13","6.5","0.00110",{"v":0.25,"d":"0.250"},"05020403700050",6,"24","15","15","0.00540","1.5",{"v":2,"d":"2.000"},"05020403700067",36,"48","25","33","0.03960","9",{"v":12,"d":"12.000"},null,1512,"https://files.plytix.com/api/v1.1/file/public_files/pim/assets/8a/8d/8f/62/628f8d8abb3a1aaaf0e8f149/images/ad/8e/b4/66/66b48ead0baf06fe10636bfe/TH_BW-SCR13.jpg","https://files.plytix.com/api/v1.1/file/public_files/pim/assets/8a/8d/8f/62/628f8d8abb3a1aaaf0e8f149/images/b2/77/b4/66/66b477b283d910ed299707ae/BW-SCR13.jpg","https://files.plytix.com/api/v1.1/file/public_files/pim/assets/8a/8d/8f/62/628f8d8abb3a1aaaf0e8f149/images/c2/6e/b4/66/66b46ec229eaab66dc97d4f5/LFST0924115.jpg|https://files.plytix.com/api/v1.1/file/public_files/pim/assets/8a/8d/8f/62/628f8d8abb3a1aaaf0e8f149/images/8a/6e/b4/66/66b46e8a849b5d97e56692bd/LFST0924101.jpg","https://www.nevilleuk.com/products/BW-SCR13_",null,"BW-SST13"]
["NR-SCR35","Sereno Porcelain Cirrus Rectangular Platter 35 x 18cm","35 x 18cm (L x W)",24.02,3,"Sereno Tableware>Sereno Porcelain Cirrus",{"$nulls":3},300,180,30,{"v":0.85,"d":"0.850"},{"v":0.85,"d":"0.850"},null,null,"Porcelain","6911100090","China",null,null,"Yes","Yes","Yes","Yes",{"$nulls":4},"No","No","\n•Durable Fully Vitrified Porcelain\n•Twice-Fired Process\n•High Temperature Firing\n•Conforms to BS4034 Vitrified Hotelware\n•Refined Shape\n•Polished Foot\n•Textured Matt White Glaze\n•Hand-Finished Accent Glaze","Sereno Cirrus is a range of matt white porcelain tableware inspired by the delicate beauty of the dazzling clouds. Each piece in the Cirrus collection features a soft grey rim, reminiscent of the sky, adding a touch of serene sophistication to your dining experience. This collection promises both durability and timeless appeal, in which the elegance of nature meets the artistry of fine tableware.\n•Durable Fully Vitrified Porcelain: High-temperature firing creates a robust and long-lasting product, ideal for professional use\n•Twice-Fired Process: Enhances strength, durability, and the unique glaze finish, ensuring each piece performs in demanding environments\n•Conforms to Industry Standards: Meets BS4034 standards for vitrified hotelware, ensuring exceptional durability and quality in demanding environments\n•Refined Shapes: Beautifully crafted, contemporary shapes that enhance the overall elegance of the collection\n•Polished Foot: Minimises damage when stacked and stored, helping to maintain the integrity of each piece over time\n•Textured Matt White Glaze: The soft matt white glaze with subtle texture adds sophistication and a modern touch to any dining setting\n•Hand-Finished Accent Glaze: Each piece is hand-finished with an accent glaze, highlighting the artisanal craftsmanship","Each",null,"30","18","3","0.00162",{"v":0.85,"d":"0.850"},"05020403700838",3,"36","9","19","0.00616","2.55",{"v":3.25,"d":"3.250"},"05020403700845",12,"39","36","22","0.03089","10.2",{"v":13,"d":"13.000"},null,432,"https://files.plytix.com/api/v1.1/file/public_files/pim/assets/8a/8d/8f/62/628f8d8abb3a1aaaf0e8f149/images/94/8e/b4/66/66b48e944b4d6e73374344ed/TH_NR-SCR35.jpg","https://files.plytix.com/api/v1.1/file/public_files/pim/assets/8a/8d/8f/62/628f8d8abb3a1aaaf0e8f149/images/af/78/b4/66/66b478afb49a9c3a77fddcf4/NR-SCR35_A.jpg|https://files.plytix.com/api/v1.1/file/public_files/pim/assets/8a/8d/8f/62/628f8d8abb3a1aaaf0e8f149/images/b1/78/b4/66/66b478b1849b5d97e566945b/NR-SCR35_B.jpg|https://files.plytix.com/api/v1.1/file/public_files/pim/assets/8a/8d/8f/62/628f8d8abb3a1aaaf0e8f149/images/b2/78/b4/66/66b478b283d910ed299707e8/NR-SCR35_C.jpg|https://files.plytix.com/api/v1.1/file/public_files/pim/assets/8a/8d/8f/62/628f8d8abb3a1aaaf0e8f149/images/07/7d/b4/66/66b47d07b9c47406c25cead9/NR-SCR35.jpg","https://files.plytix.com/api/v1.1/file/public_files/pim/assets/8a/8d/8f/62/628f8d8abb3a1aaaf0e8f149/images/33/6f/b4/66/66b46f33b9c47406c25ce81a/LFST0924145.jpg|https://files.plytix.com/api/v1.1/file/public_files/pim/assets/8a/8d/8f/62/628f8d8abb3a1aaaf0e8f149/images/2d/6f/b4/66/66b46f2d81a90fe9eccc91fe/LFST0924143.jpg|https://files.plytix.com/api/v1.1/file/public_files/pim/assets/8a/8d/8f/62/628f8d8abb3a1aaaf0e8f149/images/0f/6f/b4/66/66b46f0f81a90fe9eccc91f3/LFST0924136.jpg","https://www.nevilleuk.com/products/NR-SCR35_",null,"NR-SST35"]
["PR-SAL18","Sereno Porcelain Alto Presentation Plate 18cm","18 x 2.7cm (Dia x H)",12.92,6,"Sereno Tableware>Sereno Porcelain Alto",{"$nulls":3},180,180,30,{"v":0.4,"d":"0.400"},{"v":0.4,"d":"0.400"},null,null,"Porcelain","6911100090","China",null,null,"Yes","Yes","Yes","Yes",{"$nulls":4},"No","No","\n•Durable Fully Vitrified Porcelain\n•Twice-Fired Process\n•High Temperature Firing\n•Conforms to BS4034 Vitrified Hotelware\n•Refined Shape\n•Polished Foot\n•Textured Matt White Glaze\n•Hand-Finished Accent Glaze\n•Stackable","Sereno Alto has a cloud-inspired design reminiscent of the tranquil beauty of high-altitude skies. Each piece of this range has a harmonious blend of matt and gloss which not only adds visual intrigue but also brings a tactile experience to your dining table. This collection will elevate any table setting with its distinctive charm and refined aesthetic.\n•Durable Fully Vitrified Porcelain: High-temperature firing creates a robust and long-lasting product, ideal for professional use\n•Twice-Fired Process: Enhances strength, durability, and the unique glaze finish, ensuring each piece performs in demanding environments\n•Conforms to Industry Standards: Meets BS4034 standards for vitrified hotelware, ensuring exceptional durability and quality in demanding environments\n•Refined Shapes: Beautifully crafted, contemporary shapes that enhance the overall elegance of the collection\n•Polished Foot: Minimises damage when stacked and stored, helping to maintain the integrity of each piece over time\n•Stackable:&nbsp;Optimises storage space, making it easy to stack securely without risking damage, perfect for busy kitchens\n•Textured Matt White Glaze: The soft matt white glaze with subtle texture adds sophistication and a modern touch to any dining setting\n•Hand-Finished Accent Glaze: Each piece is hand-finished with an accent glaze, highlighting the artisanal craftsmanship","Each",null,"18","18","3","0.00097",{"v":0.4,"d":"0.400"},"05020403700869",6,"19","18","20","0.00684","2.4",{"v":3,"d":"3.000"},"05020403700876",24,"41","38","22","0.03428","9.6",{"v":12,"d":"12.000"},null,1008,"https://files.plytix.com/api/v1.1/file/public_files/pim/assets/8a/8d/8f/62/628f8d8abb3a1aaaf0e8f149/images/94/8e/b4/66/66b48e94849b5d97e5669800/TH_PR-SAL18.jpg","https://files.plytix.com/api/v1.1/file/public_files/pim/assets/8a/8d/8f/62/628f8d8abb3a1aaaf0e8f149/images/ca/78/b4/66/66b478ca83d910ed299707f2/PR-SAL18_A.jpg|https://files.plytix.com/api/v1.1/file/public_files/pim/assets/8a/8d/8f/62/628f8d8abb3a1aaaf0e8f149/images/cb/78/b4/66/66b478cb81a90fe9eccc93a2/PR-SAL18_B.jpg|https://files.plytix.com/api/v1.1/file/public_files/pim/assets/8a/8d/8f/62/628f8d8abb3a1aaaf0e8f149/images/cd/78/b4/66/66b478cd849b5d97e5669469/PR-SAL18_C.jpg|https://files.plytix.com/api/v1.1/file/public_files/pim/assets/8a/8d/8f/62/628f8d8abb3a1aaaf0e8f149/images/28/7d/b4/66/66b47d28849b5d97e56695e6/PR-SAL18.jpg",null,"https://www.nevilleuk.com/products/PR-SAL18_","PRS2-18|PRS3-18","PR-SST18"]
["MUG-SAL32","Sereno Porcelain Alto Mug 30cl/10.5oz","8 x 10cm (Dia x H)",9.54,6,"Sereno Tableware>Sereno Porcelain Alto",{"$nulls":3},110,80,100,{"v":0.28,"d":"0.280"},{"v":0.28,"d":"0.280"},{"v":30,"d":"30.00"},"10.6","Porcelain","6911100090","China",null,null,"Yes","Yes","Yes","Yes",{"$nulls":4},"No","No","\n•Durable Fully Vitrified Porcelain\n•Twice-Fired Process\n•High Temperature Firing\n•Conforms to BS4034 Vitrified Hotelware\n•Refined Shape\n•Polished Foot\n•Textured Matt White Glaze\n•Hand-Finished Accent Glaze","Sereno Alto has a cloud-inspired design reminiscent of the tranquil beauty of high-altitude skies. Each piece of this range has a harmonious blend of matt and gloss which not only adds visual intrigue but also brings a tactile experience to your dining table. This collection will elevate any table setting with its distinctive charm and refined aesthetic.\n•Durable Fully Vitrified Porcelain: High-temperature firing creates a robust and long-lasting product, ideal for professional use\n•Twice-Fired Process: Enhances strength, durability, and the unique glaze finish, ensuring each piece performs in demanding environments\n•Conforms to Industry Standards: Meets BS4034 standards for vitrified hotelware, ensuring exceptional durability and quality in demanding environments\n•Refined Shapes: Beautifully crafted, contemporary shapes that enhance the overall elegance of the collection\n•Polished Foot: Minimises damage when stacked and stored, helping to maintain the integrity of each piece over time\n•Textured Matt White Glaze: The soft matt white glaze with subtle texture adds sophistication and a modern touch to any dining setting\n•Hand-Finished Accent Glaze: Each piece is hand-finished with an accent glaze, highlighting the artisanal craftsmanship","Each",null,"11","8","10","0.00088",{"v":0.28,"d":"0.280"},"05020403700685",6,"26","19","11","0.00543","1.68",{"v":2,"d":"2.000"},"05020403700692",24,"39","28","25","0.02730","6.72",{"v":8,"d":"8.000"},null,864,"https://files.plytix.com/api/v1.1/file/public_files/pim/assets/8a/8d/8f/62/628f8d8abb3a1aaaf0e8f149/images/90/8e/b4/66/66b48e90b49a9c3a77fde0e5/TH_MUG-SAL32.jpg","https://files.plytix.com/api/v1.1/file/public_files/pim/assets/8a/8d/8f/62/628f8d8abb3a1aaaf0e8f149/images/8e/78/b4/66/66b4788eb49a9c3a77fddce2/MUG-SAL32.jpg","https://files.plytix.com/api/v1.1/file/public_files/pim/assets/8a/8d/8f/62/628f8d8abb3a1aaaf0e8f149/images/55/6e/b4/66/66b46e5581a90fe9eccc9197/LFST0924086.jpg|https://files.plytix.com/api/v1.1/file/public_files/pim/assets/8a/8d/8f/62/628f8d8abb3a1aaaf0e8f149/images/52/6e/b4/66/66b46e5281a90fe9eccc9196/LFST0924085.jpg","https://www.nevilleuk.com/products/MUG-SAL32_",null,"MUG-SST32"]
["PR-SCR18","Sereno Porcelain Cirrus Presentation Plate 18cm","18 x 2.7cm (Dia x H)",12.92,6,"Sereno Tableware>Sereno Porcelain Cirrus",{"$nulls":3},180,180,30,{"v":0.4,"d":"0.400"},{"v":0.4,"d":"0.400"},null,null,"Porcelain","6911100090","China",null,null,"Yes","Yes","Yes","Yes",{"$nulls":4},"No","No","\n•Durable Fully Vitrified Porcelain\n•Twice-Fired Process\n•High Temperature Firing\n•Conforms to BS4034 Vitrified Hotelware\n•Refined Shape\n•Polished Foot\n•Textured Matt White Glaze\n•Hand-Finished Accent Glaze\n•Stackable","Sereno Cirrus is a range of matt white porcelain tableware inspired by the delicate beauty of the dazzling clouds. Each piece in the Cirrus collection features a soft grey rim, reminiscent of the sky, adding a touch of serene sophistication to your dining experience. This collection promises both durability and timeless appeal, in which the elegance of nature meets the artistry of fine tableware.\n•Durable Fully Vitrified Porcelain: High-temperature firing creates a robust and long-lasting product, ideal for professional use\n•Twice-Fired Process: Enhances strength, durability, and the unique glaze finish, ensuring each piece performs in demanding environments\n•Conforms to Industry Standards: Meets BS4034 standards for vitrified hotelware, ensuring exceptional durability and quality in demanding environments\n•Refined Shapes: Beautifully crafted, contemporary shapes that enhance the overall elegance of the collection\n•Polished Foot: Minimises damage when stacked and stored, helping to maintain the integrity of each piece over time\n•Stackable:&nbsp;Optimises storage space, making it easy to stack securely without risking damage, perfect for busy kitchens\n•Textured Matt White Glaze: The soft matt white glaze with subtle texture adds sophistication and a modern touch to any dining setting\n•Hand-Finished Accent Glaze: Each piece is hand-finished with an accent glaze, highlighting the artisanal craftsmanship","Each",null,"18","18","3","0.00097",{"v":0.4,"d":"0.400"},"05020403700951",6,"19","18","19","0.00650","2.4",{"v":3,"d":"3.000"},"05020403700968",24,"41","38","22","0.03428","9.6",{"v":12,"d":"12.000"},null,1008,"https://files.plytix.com/api/v1.1/file/public_files/pim/assets/8a/8d/8f/62/628f8d8abb3a1aaaf0e8f149/images/95/8e/b4/66/66b48e950baf06fe10636be7/TH_PR-SCR18.jpg","https://files.plytix.com/api/v1.1/file/public_files/pim/assets/8a/8d/8f/62/628f8d8abb3a1aaaf0e8f149/images/d8/78/b4/66/66b478d8b9c47406c25ce976/PR-SCR18_A.jpg|https://files.plytix.com/api/v1.1/file/public_files/pim/assets/8a/8d/8f/62/628f8d8abb3a1aaaf0e8f149/images/d9/78/b4/66/66b478d9849b5d97e5669470/PR-SCR18_B.jpg|https://files.plytix.com/api/v1.1/file/public_files/pim/assets/8a/8d/8f/62/628f8d8abb3a1aaaf0e8f149/images/da/78/b4/66/66b478dab9c47406c25ce977/PR-SCR18_C.jpg|https://files.plytix.com/api/v1.1/file/public_files/pim/assets/8a/8d/8f/62/628f8d8abb3a1aaaf0e8f149/images/2f/7d/b4/66/66b47d2f849b5d97e56695ed/PR-SCR18.jpg",null,"https://www.nevilleuk.com/products/PR-SCR18_","PRS2-18|PRS3-18","PR-SST18"]
["CB-SAL22","Sereno Porcelain Alto Coupe Bowl 22.5cm","22.5 x 6.5cm (Dia x H) - 1.5L/52.8oz",20.12,6,"Sereno Tableware>Sereno Porcelain Alto",{"$nulls":3},220,220,70,{"v":0.9,"d":"0.900"},{"v":0.9,"d":"0.900"},{"v":150,"d":"150.00"},"52.8","Porcelain","6911100090","China",null,null,"Yes","Yes","Yes","Yes",{"$nulls":4},"No","No","\n•Durable Fully Vitrified Porcelain\n•Twice-Fired Process\n•High Temperature Firing\n•Conforms to BS4034 Vitrified Hotelware\n•Refined Shape\n•Polished Foot\n•Textured Matt White Glaze\n•Hand-Finished Accent Glaze","Sereno Alto has a cloud-inspired design reminiscent of the tranquil beauty of high-altitude skies. Each piece of this range has a harmonious blend of matt and gloss which not only adds visual intrigue but also brings a tactile experience to your dining table. This collection will elevate any table setting with its distinctive charm and refined aesthetic.\n•Durable Fully Vitrified Porcelain: High-temperature firing creates a robust and long-lasting product, ideal for professional use\n•Twice-Fired Process: Enhances strength, durability, and the unique glaze finish, ensuring each piece performs in demanding environments\n•Conforms to Industry Standards: Meets BS4034 standards for vitrified hotelware, ensuring exceptional durability and quality in demanding environments\n•Refined Shapes: Beautifully crafted, contemporary shapes that enhance the overall elegance of the collection\n•Polished Foot: Minimises damage when stacked and stored, helping to maintain the integrity of each piece over time\n•Textured Matt White Glaze: The soft matt white glaze with subtle texture adds sophistication and a modern touch to any dining setting\n•Hand-Finished Accent Glaze: Each piece is hand-finished with an accent glaze, highlighting the artisanal craftsmanship","Each",null,"22","22","7","0.00339",{"v":0.9,"d":"0.900"},"05020403700142",6,"27","25","25","0.01688","5.4",{"v":7,"d":"7.000"},"05020403700159",18,"78","30","28","0.06552","16.2",{"v":21,"d":"21.000"},null,540,"https://files.plytix.com/api/v1.1/file/public_files/pim/assets/8a/8d/8f/62/628f8d8abb3a1aaaf0e8f149/images/80/8e/b4/66/66b48e80b49a9c3a77fde0c6/TH_CB-SAL22.jpg","https://files.plytix.com/api/v1.1/file/public_files/pim/assets/8a/8d/8f/62/628f8d8abb3a1aaaf0e8f149/images/d6/77/b4/66/66b477d681a90fe9eccc9341/CB-SAL22.jpg|https://files.plytix.com/api/v1.1/file/public_files/pim/assets/8a/8d/8f/62/628f8d8abb3a1aaaf0e8f149/images/d8/77/b4/66/66b477d8849b5d97e566942f/CB-SAL22_A.jpg|https://files.plytix.com/api/v1.1/file/public_files/pim/assets/8a/8d/8f/62/628f8d8abb3a1aaaf0e8f149/images/d9/77/b4/66/66b477d9b49a9c3a77fddca3/CB-SAL22_B.jpg","https://files.plytix.com/api/v1.1/file/public_files/pim/assets/8a/8d/8f/62/628f8d8abb3a1aaaf0e8f149/images/39/6e/b4/66/66b46e39eade129dc98273cd/LFST0924076.jpg","https://www.nevilleuk.com/products/CB-SAL22_",null,"CB-SST22"]
["SPLND12GD","London Gold Salt/Pepper Grinder 12cm","5.7 x 12.1cm (Dia x H)",22.62,6,"Table Service>Salt & Pepper Grinders & Shakers",{"$nulls":3},70,70,120,0.131,0.131,{"v":14,"d":"14.00"},"4.9","Beech Wood,Brass Plating","6911100010","China",null,null,"No",{"$nulls":7},"Yes","No","\n•Made From Beech Wood\n•Features High Quality Ceramic Grinding Mechanism\n•Adjustable Grind\n•Suitable For Salt And Pepper\n•Supplied With Engraved Knobs","Explore the extensive range of GenWare Salt and Pepper Grinders and Shakers, designed to enhance your tabletop presentation while offering exceptional functionality. Available in a variety of materials, styles, colours, and sizes, our collection allows you to find the perfect match to your restaurant’s theme and ambiance.\n•Premium Materials: Crafted from durable and natural beechwood for a timeless and elegant look\n•Sophisticated Gold Detailing:&nbsp;Features a gold plated head and trim, adding a touch of luxury and style to your tabletop\n•Durable Ceramic Mechanism: Built to last, the ceramic grinding mechanism is suitable for both salt crystals and peppercorns, ensuring consistent performance and resisting corrosion\n•Adjustable Grinding: Easily customise the coarseness of your salt and pepper to suit various culinary needs\n•'S' and 'P' Knobs: Supplied with both 'S' and 'P' engraved knobs, allowing you to easily distinguish between salt and pepper for added convenience\n•Spares: Spare knobs available here ﻿Do not overtighten the knob as this will affect the mechanism from working","Each",null,"7","7","12","0.00059",0.131,"05020403085881",6,"19","13","13","0.00321","0.786",{"v":0.94,"d":"0.940"},"05020403085898",24,"27","20","27","0.01458","3.144",{"v":3.76,"d":"3.760"},null,1920,"https://files.plytix.com/api/v1.1/file/public_files/pim/assets/8a/8d/8f/62/628f8d8abb3a1aaaf0e8f149/images/9b/8e/b4/66/66b48e9bb49a9c3a77fde0f5/TH_SPLND12GD.jpg","https://files.plytix.com/api/v1.1/file/public_files/pim/assets/8a/8d/8f/62/628f8d8abb3a1aaaf0e8f149/images/66/79/b4/66/66b47966b9c47406c25ce9b7/SPLND12GD.jpg|https://files.plytix.com/api/v1.1/file/public_files/pim/assets/8a/8d/8f/62/628f8d8abb3a1aaaf0e8f149/images/68/79/b4/66/66b47968849b5d97e566948b/SPLND12GD_A.jpg","https://files.plytix.com/api/v1.1/file/public_files/pim/assets/8a/8d/8f/62/628f8d8abb3a1aaaf0e8f149/images/cc/6e/b4/66/66b46ecc849b5d97e56692cc/LFST0924118.jpg|https://files.plytix.com/api/v1.1/file/public_files/pim/assets/8a/8d/8f/62/628f8d8abb3a1aaaf0e8f149/images/c9/6e/b4/66/66b46ec981a90fe9eccc91d5/LFST0924117.jpg","https://www.nevilleuk.com/products/SPLND12GD_","WSPGRS","SPLND12C|SPLND12"]
["SPHNY15GD","Hackney Gold Salt/Pepper Grinder 15cm","4.5 x 15cm (Dia x H)",22.62,6,"Table Service>Salt & Pepper Grinders & Shakers",{"$nulls":3},45,45,150,0.231,0.231,{"v":15,"d":"15.00"},"5.3","Stainless Steel-201,Beech Wood,Plastic-Polystyrene","6911100010","China",null,null,"No",{"$nulls":7},"No","No","\n•Made From Beechwood\n•Features High Quality Ceramic Grinding Mechanism\n•Adjustable Grind\n•Suitable For Salt And Pepper\n•Supplied With Engraved Knobs","Explore the extensive range of GenWare Salt and Pepper Grinders and Shakers, designed to enhance your tabletop presentation while offering exceptional functionality. Available in a variety of materials, styles, colours, and sizes, our collection allows you to find the perfect match to your restaurant’s theme and ambiance.\n•Premium Materials: Features a sophisticated beechwood head paired with a gold-plated stainless steel body, creating a striking and luxurious design\n•Slim, Tall Design: The tall, slender shape offers an elegant and space-saving addition to your tabletop\n•Durable Ceramic Mechanism: Built to last, the ceramic grinding mechanism is suitable for both salt crystals and peppercorns, ensuring consistent performance and resisting corrosion\n•Adjustable Grinding: Easily customise the coarseness of your salt and pepper to suit various culinary needs\n•'S' and 'P' Knobs: Supplied with both 'S' and 'P' engraved knobs, allowing you to easily distinguish between salt and pepper for added convenience﻿Do not overtighten the knob as this will affect the mechanism from working","Each",null,"4.5","4.5","15","0.00030",0.231,"05020403085850",6,"11.5","10","16.5","0.00190","1.386",{"v":1.55,"d":"1.550"},"05020403085867",24,"21","17","34","0.01214","5.544",{"v":6.2,"d":"6.200"},null,2304,"https://files.plytix.com/api/v1.1/file/public_files/pim/assets/8a/8d/8f/62/628f8d8abb3a1aaaf0e8f149/images/9a/8e/b4/66/66b48e9af9d3a3c618b27183/TH_SPHNY15GD.jpg","https://files.plytix.com/api/v1.1/file/public_files/pim/assets/8a/8d/8f/62/628f8d8abb3a1aaaf0e8f149/images/5d/79/b4/66/66b4795db9c47406c25ce9b4/SPHNY15GD.jpg","https://files.plytix.com/api/v1.1/file/public_files/pim/assets/8a/8d/8f/62/628f8d8abb3a1aaaf0e8f149/images/d6/6e/b4/66/66b46ed6b49a9c3a77fddb3c/LFST0924121.jpg|https://files.plytix.com/api/v1.1/file/public_files/pim/assets/8a/8d/8f/62/628f8d8abb3a1aaaf0e8f149/images/a3/6e/b4/66/66b46ea3849b5d97e56692c1/LFST0924107.jpg|https://files.plytix.com/api/v1.1/file/public_files/pim/assets/8a/8d/8f/62/628f8d8abb3a1aaaf0e8f149/images/81/6e/b4/66/66b46e8129eaab66dc97d4ec/LFST0924098.jpg","https://www.nevilleuk.com/products/SPHNY15GD_",null,"SPHNY15"]
["SWJC160","GenWare Stainless Steel Curved Water Jug 1.6L/56.3oz","26 x 10cm (H x Dia)",32.44,1,"Drinkware>Metal Drinkware",{"$nulls":3},135,81,265,{"v":0.6,"d":"0.600"},{"v":0.6,"d":"0.600"},{"v":160,"d":"160.00"},"56.3","Stainless Steel-18/8","7323930090","India",null,null,"Yes","N/A","N/A","N/A",{"$nulls":6},"\n•Stainless Steel\n•Brushed Finish\n•Elegant Curved Design\n•Generous Capacity\n•Durable Construction\n•Drip-Free Pouring\n•Comfortable Grip\n•Easy Maintenance","Elevate your table service with our Stainless Steel Curved Water Jug – a perfect blend of modern design and practical functionality. Ideal for hotels, restaurants, and catering events, this jug adds a refined touch to every pour.&nbsp;Whether you're serving refreshing water at the table or offering chilled beverages at a buffet, the Stainless Steel Curved Water Jug ensures a flawless presentation with every use.\n•Durable Stainless Steel:&nbsp;Provides long-lasting strength, ideal for high-use environments\n•Brushed Finish:&nbsp;Adds a premium, on-trend look to drink presentation\n•Elegant Curved Design: The graceful silhouette and brushed finish make it a stylish addition to any setting, from fine dining to casual gatherings\n•Generous Capacity: Perfect for serving water, juices, or infused beverages, catering to tables of all sizes\n•Durable Construction: Crafted from high-quality stainless steel, this jug is rust-resistant, sturdy, and built to last\n•Drip-Free Pouring: Designed with a precision spout to ensure a smooth, mess-free pour every time\n•Comfortable Grip: Ergonomically designed for effortless serving\n•Easy Maintenance: Dishwasher-safe for hassle-free cleaning","Each","5020403176121","13.5","8.1","26.5","0.00290",{"v":0.6,"d":"0.600"},{"$nulls":8},"05020403176138",12,"53","40","30","0.06360","7.2",{"v":10.22,"d":"10.220"},null,96,"https://files.plytix.com/api/v1.1/file/public_files/pim/assets/8a/8d/8f/62/628f8d8abb3a1aaaf0e8f149/images/da/14/91/67/679114dacad52e3172812e0e/TH_SWJC160.jpg","https://files.plytix.com/api/v1.1/file/public_files/pim/assets/8a/8d/8f/62/628f8d8abb3a1aaaf0e8f149/images/f7/f8/90/67/6790f8f7650bff6333cfd138/SWJC160.jpg","https://files.plytix.com/api/v1.1/file/public_files/pim/assets/8a/8d/8f/62/628f8d8abb3a1aaaf0e8f149/images/fc/d0/a1/67/67a1d0fc678af07d2988c380/LFST0325295.jpg","https://www.nevilleuk.com/products/SWJC160_",null,"SWJ150"]
["SPL35V","GenWare Vintage Steel Oval Platter 35cm","35 x 23cm (L x W)",{"v":19.5,"d":"19.50"},12,"Table Presentation>Vintage Steel",{"$nulls":3},350,230,20,{"v":0.6,"d":"0.600"},{"v":0.6,"d":"0.600"},null,null,"Stainless Steel-201","7323930090","China",null,null,"Yes","Yes",{"$nulls":6},"No","No","\n•Durable Stainless Steel\n•Industrial Vintage Finish\n•Versatile Presentation\n•Dishwasher Safe","Add a touch of bold, industrial flair to your food presentation with our Vintage Steel Collection.Crafted from high-quality stainless steel with a distinctive vintage finish, this collection combines durability and style, offering a unique, industrial finish that enhances any dish. Perfect for both casual and upscale dining settings, these pieces provide a sophisticated yet rugged look that complements a variety of cuisines.\n•Durable Stainless Steel: Provides long-lasting strength, ideal for high-use environments\n•Industrial Vintage Design: A striking, modern aesthetic that brings a rugged charm to any table setting\n•Safe for Direct Food Contact: Crafted from food-safe materials, ensuring safe and hygienic service\n•Perfect for Main Dishes: Ideal for serving mains offering an industrial alternative to ceramic\n•Perfect for Casual and Premium Dining: Ideal for restaurants, gastropubs, and sharing style service\n•Dishwasher Safe: Easy to clean and maintain","Each",null,"35","23","2","0.00161",{"v":0.6,"d":"0.600"},{"$nulls":8},"05020403120216",12,"37","26","11","0.01058","7.2",{"v":7.5,"d":"7.500"},null,756,"https://files.plytix.com/api/v1.1/file/public_files/pim/assets/8a/8d/8f/62/628f8d8abb3a1aaaf0e8f149/images/9b/8e/b4/66/66b48e9b0baf06fe10636bea/TH_SPL35V.jpg","https://files.plytix.com/api/v1.1/file/public_files/pim/assets/8a/8d/8f/62/628f8d8abb3a1aaaf0e8f149/images/60/79/b4/66/66b47960849b5d97e5669485/SPL35V.jpg","https://files.plytix.com/api/v1.1/file/public_files/pim/assets/8a/8d/8f/62/628f8d8abb3a1aaaf0e8f149/images/9b/6e/b4/66/66b46e9b81a90fe9eccc91c3/LFST0924105.jpg|https://files.plytix.com/api/v1.1/file/public_files/pim/assets/8a/8d/8f/62/628f8d8abb3a1aaaf0e8f149/images/7c/6e/b4/66/66b46e7c81a90fe9eccc91b4/LFST0924097.jpg|https://files.plytix.com/api/v1.1/file/public_files/pim/assets/8a/8d/8f/62/628f8d8abb3a1aaaf0e8f149/images/8e/6e/b4/66/66b46e8e81a90fe9eccc91bb/LFST0924102.jpg|https://files.plytix.com/api/v1.1/file/public_files/pim/assets/8a/8d/8f/62/628f8d8abb3a1aaaf0e8f149/images/d7/22/7e/68/687e22d75c3aa1d901c6eb76/LFST0925325.jpg|https://files.plytix.com/api/v1.1/file/public_files/pim/assets/8a/8d/8f/62/628f8d8abb3a1aaaf0e8f149/images/0f/22/7e/68/687e220f777134bb259391af/LFST0925297.jpg","https://www.nevilleuk.com/products/SPL35V_"]
["RSR-CGD30","GenWare Gold Crown Buffet Riser 30cm","20 x 30 x 25cm (Dia x H x Dia)",28.34,1,"Buffet & Display>Buffet Risers",{"$nulls":3},250,250,300,{"v":0.5,"d":"0.500"},{"v":0.5,"d":"0.500"},null,null,"Iron,Plastic-PVC","7323990090","China",null,null,"No",{"$nulls":7},"No","No","\n•Made From Coated Steel\n•Features A Non-Slip Plastic Coating\n•Helps Elevate Buffet Displays\n•Eye-Catching Design","GenWare Crown Risers are&nbsp;the perfect blend of functionality and style for your buffet and tabletop displays. Featuring an eye-catching design, these risers are not only visually striking but also highly practical. Elevate your buffets and displays with sophistication and ensure your dishes stay securely in place, while&nbsp;providing a stable platform for your platters, bowls, and serving dishes.&nbsp;Make every display a statement with the innovative design of Crown Risers.\n•Non-slip coated steel\n•Add height to your buffet displays or for showcasing sharing dishes\n•Anti-slip plastic coating to hold bowls and platters safely in place\n•Stackable","Each","5020403106906","25","25","30","0.01875",{"v":0.5,"d":"0.500"},{"$nulls":8},"05020403106913",6,"51","42","26","0.05569","3",{"v":3.5,"d":"3.500"},null,72,"https://files.plytix.com/api/v1.1/file/public_files/pim/assets/8a/8d/8f/62/628f8d8abb3a1aaaf0e8f149/images/97/8e/b4/66/66b48e978c4039a463fa9c8d/TH_RSR-CGD30.jpg","https://files.plytix.com/api/v1.1/file/public_files/pim/assets/8a/8d/8f/62/628f8d8abb3a1aaaf0e8f149/images/14/79/b4/66/66b47914eade129dc98274fa/RSR-CGD30.jpg|https://files.plytix.com/api/v1.1/file/public_files/pim/assets/8a/8d/8f/62/628f8d8abb3a1aaaf0e8f149/images/16/79/b4/66/66b4791629eaab66dc97d623/RSR-CGD30_A.jpg|https://files.plytix.com/api/v1.1/file/public_files/pim/assets/8a/8d/8f/62/628f8d8abb3a1aaaf0e8f149/images/1a/79/b4/66/66b4791a83d910ed29970815/RSR-CGD30_B.jpg|https://files.plytix.com/api/v1.1/file/public_files/pim/assets/8a/8d/8f/62/628f8d8abb3a1aaaf0e8f149/images/1d/79/b4/66/66b4791d29eaab66dc97d625/RSR-CGD30_C.jpg",null,"https://www.nevilleuk.com/products/RSR-CGD30_","WPLN12022|WPLN12032|WPLN8032|WPLN8022","RSR-CC30|RSR-CGD20"]
["RSR-CC20","GenWare Copper Crown Buffet Riser 20cm","20 x 20 x 25cm (Dia x H x Dia)",22.16,1,"Buffet & Display>Buffet Risers",{"$nulls":3},250,250,200,{"v":0.41,"d":"0.410"},{"v":0.41,"d":"0.410"},null,null,"Iron,Plastic-PVC","7323990090","China",null,null,"No",{"$nulls":7},"No","No","\n•Made From Coated Steel\n•Features A Non-Slip Plastic Coating\n•Helps Elevate Buffet Displays\n•Eye-Catching Design","GenWare Crown Risers are&nbsp;the perfect blend of functionality and style for your buffet and tabletop displays. Featuring an eye-catching design, these risers are not only visually striking but also highly practical. Elevate your buffets and displays with sophistication and ensure your dishes stay securely in place, while&nbsp;providing a stable platform for your platters, bowls, and serving dishes.&nbsp;Make every display a statement with the innovative design of Crown Risers.\n•Non-slip coated steel\n•Add height to your buffet displays or for showcasing sharing dishes\n•Anti-slip plastic coating to hold bowls and platters safely in place\n•Stackable","Each","5020403106821","25","25","20","0.01250",{"v":0.41,"d":"0.410"},{"$nulls":8},"05020403106838",6,"50.7","26.2","27","0.03587","2.46",{"v":3.61,"d":"3.610"},null,180,"https://files.plytix.com/api/v1.1/file/public_files/pim/assets/8a/8d/8f/62/628f8d8abb3a1aaaf0e8f149/images/96/8e/b4/66/66b48e96849b5d97e5669803/TH_RSR-CC20.jpg","https://files.plytix.com/api/v1.1/file/public_files/pim/assets/8a/8d/8f/62/628f8d8abb3a1aaaf0e8f149/images/f6/78/b4/66/66b478f683d910ed29970801/RSR-CC20.jpg|https://files.plytix.com/api/v1.1/file/public_files/pim/assets/8a/8d/8f/62/628f8d8abb3a1aaaf0e8f149/images/f8/78/b4/66/66b478f8b9c47406c25ce97e/RSR-CC20_A.jpg",null,"https://www.nevilleuk.com/products/RSR-CC20_","WPLN12022|WPLN12032|WPLN8032|WPLN8022","RSR-CC10|RSR-CC30|RSR-CGD20"]
["TP-PAG50","Terra Porcelain Aqua Green Teapot 50cl/17.6oz","18.5 x 11 x 11.3cm (L x W x H)",33.68,6,"Terra Porcelain>Aqua Green Terra Porcelain",{"$nulls":3},180,110,110,0.658,0.658,{"v":50,"d":"50.00"},"17.6","Porcelain","6911100090","China",null,null,"Yes","Yes","Yes","Yes",{"$nulls":4},"No","No","\n•Durable Fully Vitrified Porcelain\n•Twice-Fired Process\n•High Temperature Firing\n•Conforms to BS4034 Vitrified Hotelware\n•Rolled Edges\n•Polished Foot\n•Unique Reactive Glaze Formula\n•Supplied with Two Lids","Terra Porcelain's undefined beauty is crafted through natural effects and spontaneous reactions that occur in the kiln. A unique glaze formula, combined with high-temperature firing, ensures no two pieces look exactly alike, with variations in color intensity creating a truly distinctive appearance. The Aqua Green range is meticulously crafted to bring a touch of nature's serenity to your dining experience. This range is perfect for those who appreciate a timeless aethetic that complements any table setting, creating a sense of celebration of nature and taste. \n•Durable Fully Vitrified Porcelain: High-temperature firing creates a robust and long-lasting product, ideal for professional use\n•Twice-Fired Process: Enhances strength, durability, and the unique glaze finish, ensuring each piece performs in demanding environments\n•Conforms to Industry Standards: Meets BS4034 standards for vitrified hotelware, ensuring exceptional durability and quality in demanding environments\n•Rolled Edges: Enhances durability and provides added chip resistance, making it ideal for hotel, restaurant, and foodservice applications\n•Polished Foot: Minimises damage when stacked and stored, helping to maintain the integrity of each piece over time\n•Unique Artisanal Finish: The natural kiln effects and spontaneous glaze reactions ensure every piece is truly one of a kind\n•Inspired Aqua Green Hue: The blend of rich and soft greens&nbsp;evokes the tranquil beauty of nature, enhancing the presentation of vibrant dishes\n•Complete the Look: Pairs beautifully with other items in the Terra Porcelain range for a cohesive and stylish tabletop presentation\n•Supplied with Two Lids","Each",null,"18","11","11","0.00218",0.658,"05020403148616",6,"37","35","13","0.01684","3.948",{"v":5,"d":"5.000"},"05020403148623",24,"40","36","56","0.08064","15.792",{"v":20,"d":"20.000"},null,192,"https://files.plytix.com/api/v1.1/file/public_files/pim/assets/8a/8d/8f/62/628f8d8abb3a1aaaf0e8f149/images/a3/8e/b4/66/66b48ea3b49a9c3a77fde0ff/TH_TP-PAG50.jpg","https://files.plytix.com/api/v1.1/file/public_files/pim/assets/8a/8d/8f/62/628f8d8abb3a1aaaf0e8f149/images/9f/79/b4/66/66b4799f83d910ed2997084b/TP-PAG50.jpg|https://files.plytix.com/api/v1.1/file/public_files/pim/assets/8a/8d/8f/62/628f8d8abb3a1aaaf0e8f149/images/a1/79/b4/66/66b479a1b9c47406c25ce9c8/TP-PAG50_A.jpg","https://files.plytix.com/api/v1.1/file/public_files/pim/assets/8a/8d/8f/62/628f8d8abb3a1aaaf0e8f149/images/ed/d0/a1/67/67a1d0ed908f6049539c8a01/LFST0325209.jpg","https://www.nevilleuk.com/products/TP-PAG50_",null,"TP-RKS50|TP-PPL50|TP-PSF50|TP-PRS50|TP-PRC50|TP-PMG50|TP-PG50|TP-PBL50|TP-PBK50|TP-KBK48|TP-KDG48"]
["RSR-CGD20","GenWare Gold Crown Buffet Riser 20cm","20 x 20 x 25cm (Dia x H x Dia)",22.16,1,"Buffet & Display>Buffet Risers",{"$nulls":3},250,250,20,{"v":0.41,"d":"0.410"},{"v":0.41,"d":"0.410"},null,null,"Iron,Plastic-PVC","7323990090","China",null,null,"No",{"$nulls":7},"No","No","\n•Made From Coated Steel\n•Features A Non-Slip Plastic Coating\n•Helps Elevate Buffet Displays\n•Eye-Catching Design","GenWare Crown Risers are&nbsp;the perfect blend of functionality and style for your buffet and tabletop displays. Featuring an eye-catching design, these risers are not only visually striking but also highly practical. Elevate your buffets and displays with sophistication and ensure your dishes stay securely in place, while&nbsp;providing a stable platform for your platters, bowls, and serving dishes.&nbsp;Make every display a statement with the innovative design of Crown Risers.\n•Non-slip coated steel\n•Add height to your buffet displays or for showcasing sharing dishes\n•Anti-slip plastic coating to hold bowls and platters safely in place\n•Stackable","Each","5020403106883","25","25","2","0.00125",{"v":0.41,"d":"0.410"},{"$nulls":8},"05020403106890",6,"50.7","26.2","27","0.03587","2.46",{"v":2.8,"d":"2.800"},null,180,"https://files.plytix.com/api/v1.1/file/public_files/pim/assets/8a/8d/8f/62/628f8d8abb3a1aaaf0e8f149/images/96/8e/b4/66/66b48e968c4039a463fa9c8c/TH_RSR-CGD20.jpg","https://files.plytix.com/api/v1.1/file/public_files/pim/assets/8a/8d/8f/62/628f8d8abb3a1aaaf0e8f149/images/08/79/b4/66/66b47908c7b5936d26a05e14/RSR-CGD20.jpg|https://files.plytix.com/api/v1.1/file/public_files/pim/assets/8a/8d/8f/62/628f8d8abb3a1aaaf0e8f149/images/0b/79/b4/66/66b4790bb9c47406c25ce992/RSR-CGD20_A.jpg|https://files.plytix.com/api/v1.1/file/public_files/pim/assets/8a/8d/8f/62/628f8d8abb3a1aaaf0e8f149/images/0f/79/b4/66/66b4790f81a90fe9eccc93aa/RSR-CGD20_B.jpg|https://files.plytix.com/api/v1.1/file/public_files/pim/assets/8a/8d/8f/62/628f8d8abb3a1aaaf0e8f149/images/12/79/b4/66/66b4791229eaab66dc97d622/RSR-CGD20_C.jpg",null,"https://www.nevilleuk.com/products/RSR-CGD20_","WPLN12022|WPLN12032|WPLN8032|WPLN8022","RSR-CC20|RSR-CGD30|RSR-CGD10"]
["RAM-PAG4","Terra Porcelain Aqua Green Ramekin 13cl/4.5oz","7.8 x 4.3cm (Dia x H)",7.72,12,"Terra Porcelain>Aqua Green Terra Porcelain",{"$nulls":3},80,80,45,0.142,0.142,{"v":13,"d":"13.00"},"4.6","Porcelain","6911100090","China",null,null,"Yes","Yes","Yes","Yes",{"$nulls":4},"No","No","\n•Durable Fully Vitrified Porcelain\n•Twice-Fired Process\n•High Temperature Firing\n•Conforms to BS4034 Vitrified Hotelware\n•Rolled Edges\n•Polished Foot\n•Unique Reactive Glaze Formula","Terra Porcelain's undefined beauty is crafted through natural effects and spontaneous reactions that occur in the kiln. A unique glaze formula, combined with high-temperature firing, ensures no two pieces look exactly alike, with variations in color intensity creating a truly distinctive appearance. The Aqua Green range is meticulously crafted to bring a touch of nature's serenity to your dining experience. This range is perfect for those who appreciate a timeless aethetic that complements any table setting, creating a sense of celebration of nature and taste. \n•Durable Fully Vitrified Porcelain: High-temperature firing creates a robust and long-lasting product, ideal for professional use\n•Twice-Fired Process: Enhances strength, durability, and the unique glaze finish, ensuring each piece performs in demanding environments\n•Conforms to Industry Standards: Meets BS4034 standards for vitrified hotelware, ensuring exceptional durability and quality in demanding environments\n•Rolled Edges: Enhances durability and provides added chip resistance, making it ideal for hotel, restaurant, and foodservice applications\n•Polished Foot: Minimises damage when stacked and stored, helping to maintain the integrity of each piece over time\n•Unique Artisanal Finish: The natural kiln effects and spontaneous glaze reactions ensure every piece is truly one of a kind\n•Inspired Aqua Green Hue: The blend of rich and soft greens&nbsp;evokes the tranquil beauty of nature, enhancing the presentation of vibrant dishes\n•Complete the Look: Pairs beautifully with other items in the Terra Porcelain range for a cohesive and stylish tabletop presentation","Each",null,"8","8","4.5","0.00029",0.142,"05020403148524",12,"27","18","9","0.00437","1.704",1.875,"05020403148531",96,"57","38","22","0.04765","13.632",{"v":15,"d":"15.000"},null,3840,"https://files.plytix.com/api/v1.1/file/public_files/pim/assets/8a/8d/8f/62/628f8d8abb3a1aaaf0e8f149/images/95/8e/b4/66/66b48e95b49a9c3a77fde0ec/TH_RAM-PAG4.jpg","https://files.plytix.com/api/v1.1/file/public_files/pim/assets/8a/8d/8f/62/628f8d8abb3a1aaaf0e8f149/images/ec/78/b4/66/66b478ec849b5d97e5669474/RAM-PAG4.jpg|https://files.plytix.com/api/v1.1/file/public_files/pim/assets/8a/8d/8f/62/628f8d8abb3a1aaaf0e8f149/images/ed/78/b4/66/66b478ed29eaab66dc97d61f/RAM-PAG4_A.jpg","https://files.plytix.com/api/v1.1/file/public_files/pim/assets/8a/8d/8f/62/628f8d8abb3a1aaaf0e8f149/images/db/6d/b4/66/66b46ddb29eaab66dc97d4b6/LFST0924049.jpg","https://www.nevilleuk.com/products/RAM-PAG4_",null,"RAM-PPL4|RAM-PRC4|RAM-PMG4|RAM-PG4|RAM-PBL4|RAM-PBK4|RAM-PSF4|RAM-PRS4"]
["RAM-PAG2","Terra Porcelain Aqua Green Ramekin 7cl/2.5oz","6.7 x 3.6cm (Dia x H)",7.54,12,"Terra Porcelain>Aqua Green Terra Porcelain",{"$nulls":3},62,62,35,0.091,0.091,{"v":7,"d":"7.00"},"2.5","Porcelain","6911100090","China",null,null,"Yes","Yes","Yes","Yes",{"$nulls":4},"No","No","\n•Durable Fully Vitrified Porcelain\n•Twice-Fired Process\n•High Temperature Firing\n•Conforms to BS4034 Vitrified Hotelware\n•Rolled Edges\n•Polished Foot\n•Unique Reactive Glaze Formula","Terra Porcelain's undefined beauty is crafted through natural effects and spontaneous reactions that occur in the kiln. A unique glaze formula, combined with high-temperature firing, ensures no two pieces look exactly alike, with variations in color intensity creating a truly distinctive appearance. The Aqua Green range is meticulously crafted to bring a touch of nature's serenity to your dining experience. This range is perfect for those who appreciate a timeless aethetic that complements any table setting, creating a sense of celebration of nature and taste. \n•Durable Fully Vitrified Porcelain: High-temperature firing creates a robust and long-lasting product, ideal for professional use\n•Twice-Fired Process: Enhances strength, durability, and the unique glaze finish, ensuring each piece performs in demanding environments\n•Conforms to Industry Standards: Meets BS4034 standards for vitrified hotelware, ensuring exceptional durability and quality in demanding environments\n•Rolled Edges: Enhances durability and provides added chip resistance, making it ideal for hotel, restaurant, and foodservice applications\n•Polished Foot: Minimises damage when stacked and stored, helping to maintain the integrity of each piece over time\n•Unique Artisanal Finish: The natural kiln effects and spontaneous glaze reactions ensure every piece is truly one of a kind\n•Inspired Aqua Green Hue: The blend of rich and soft greens&nbsp;evokes the tranquil beauty of nature, enhancing the presentation of vibrant dishes\n•Complete the Look: Pairs beautifully with other items in the Terra Porcelain range for a cohesive and stylish tabletop presentation","Each",null,"6.2","6.2","3.5","0.00013",0.091,"05020403148494",12,"24","15","8","0.00288","1.092",{"v":1.25,"d":"1.250"},"05020403148500",144,"50","34","28","0.04760","13.104",{"v":15,"d":"15.000"},null,4320,"https://files.plytix.com/api/v1.1/file/public_files/pim/assets/8a/8d/8f/62/628f8d8abb3a1aaaf0e8f149/images/95/8e/b4/66/66b48e95849b5d97e5669802/TH_RAM-PAG2.jpg","https://files.plytix.com/api/v1.1/file/public_files/pim/assets/8a/8d/8f/62/628f8d8abb3a1aaaf0e8f149/images/e9/78/b4/66/66b478e983d910ed299707fd/RAM-PAG2.jpg|https://files.plytix.com/api/v1.1/file/public_files/pim/assets/8a/8d/8f/62/628f8d8abb3a1aaaf0e8f149/images/eb/78/b4/66/66b478eb849b5d97e5669473/RAM-PAG2_A.jpg","https://files.plytix.com/api/v1.1/file/public_files/pim/assets/8a/8d/8f/62/628f8d8abb3a1aaaf0e8f149/images/52/6d/b4/66/66b46d52b49a9c3a77fddac7/LFST0924006.jpg","https://www.nevilleuk.com/products/RAM-PAG2_",null,"RAM-PPL2|RAM-PRS2|RAM-PRC2|RAM-PMG2|RAM-PG2|RAM-PBL2|RAM-PSF2|RAM-PBK2"]
["NR-PAG30","Terra Porcelain Aqua Green Narrow Rectangular Platter 31 x 14cm","31 x 14cm (L x W)",{"v":20.8,"d":"20.80"},6,"Terra Porcelain>Aqua Green Terra Porcelain",{"$nulls":3},308,140,25,0.756,0.756,null,null,"Porcelain","6911100090","China",null,null,"Yes","Yes","Yes","Yes",{"$nulls":4},"No","No","\n•Durable Fully Vitrified Porcelain\n•Twice-Fired Process\n•High Temperature Firing\n•Conforms to BS4034 Vitrified Hotelware\n•Rolled Edges\n•Polished Foot\n•Unique Reactive Glaze Formula","Terra Porcelain's undefined beauty is crafted through natural effects and spontaneous reactions that occur in the kiln. A unique glaze formula, combined with high-temperature firing, ensures no two pieces look exactly alike, with variations in color intensity creating a truly distinctive appearance. The Aqua Green range is meticulously crafted to bring a touch of nature's serenity to your dining experience. This range is perfect for those who appreciate a timeless aethetic that complements any table setting, creating a sense of celebration of nature and taste. \n•Durable Fully Vitrified Porcelain: High-temperature firing creates a robust and long-lasting product, ideal for professional use\n•Twice-Fired Process: Enhances strength, durability, and the unique glaze finish, ensuring each piece performs in demanding environments\n•Conforms to Industry Standards: Meets BS4034 standards for vitrified hotelware, ensuring exceptional durability and quality in demanding environments\n•Rolled Edges: Enhances durability and provides added chip resistance, making it ideal for hotel, restaurant, and foodservice applications\n•Polished Foot: Minimises damage when stacked and stored, helping to maintain the integrity of each piece over time\n•Unique Artisanal Finish: The natural kiln effects and spontaneous glaze reactions ensure every piece is truly one of a kind\n•Inspired Aqua Green Hue: The blend of rich and soft greens&nbsp;evokes the tranquil beauty of nature, enhancing the presentation of vibrant dishes\n•Complete the Look: Pairs beautifully with other items in the Terra Porcelain range for a cohesive and stylish tabletop presentation","Each",null,"30.8","14","2.5","0.00108",0.756,"05020403148289",6,"31","12.5","15","0.00581","4.536",4.875,"05020403148296",24,"53","34.5","17.5","0.03200","18.144",{"v":19.5,"d":"19.500"},null,720,"https://files.plytix.com/api/v1.1/file/public_files/pim/assets/8a/8d/8f/62/628f8d8abb3a1aaaf0e8f149/images/91/8e/b4/66/66b48e91849b5d97e56697ff/TH_NR-PAG30.jpg","https://files.plytix.com/api/v1.1/file/public_files/pim/assets/8a/8d/8f/62/628f8d8abb3a1aaaf0e8f149/images/97/78/b4/66/66b47897eade129dc98274f9/NR-PAG30_A.jpg|https://files.plytix.com/api/v1.1/file/public_files/pim/assets/8a/8d/8f/62/628f8d8abb3a1aaaf0e8f149/images/99/78/b4/66/66b4789983d910ed299707e6/NR-PAG30_B.jpg|https://files.plytix.com/api/v1.1/file/public_files/pim/assets/8a/8d/8f/62/628f8d8abb3a1aaaf0e8f149/images/9a/78/b4/66/66b4789a81a90fe9eccc9398/NR-PAG30_D.jpg|https://files.plytix.com/api/v1.1/file/public_files/pim/assets/8a/8d/8f/62/628f8d8abb3a1aaaf0e8f149/images/9a/78/b4/66/66b4789ab49a9c3a77fddce8/NR-PAG30_C.jpg|https://files.plytix.com/api/v1.1/file/public_files/pim/assets/8a/8d/8f/62/628f8d8abb3a1aaaf0e8f149/images/f1/7c/b4/66/66b47cf1b9c47406c25cead0/NR-PAG30.jpg","https://files.plytix.com/api/v1.1/file/public_files/pim/assets/8a/8d/8f/62/628f8d8abb3a1aaaf0e8f149/images/ec/6d/b4/66/66b46deceade129dc98273c5/LFST0924054.jpg|https://files.plytix.com/api/v1.1/file/public_files/pim/assets/8a/8d/8f/62/628f8d8abb3a1aaaf0e8f149/images/b5/6d/b4/66/66b46db5b9c47406c25ce7e9/LFST0924038.jpg|https://files.plytix.com/api/v1.1/file/public_files/pim/assets/8a/8d/8f/62/628f8d8abb3a1aaaf0e8f149/images/0a/70/b4/66/66b4700ab9c47406c25ce847/LFST0924213.jpg|https://files.plytix.com/api/v1.1/file/public_files/pim/assets/8a/8d/8f/62/628f8d8abb3a1aaaf0e8f149/images/f4/6f/b4/66/66b46ff4b9c47406c25ce844/LFST0924207.jpg","https://www.nevilleuk.com/products/NR-PAG30_",null,"NR-PPL30|NR-PBL30|NR-PBK30|NR-PSF30|NR-PRS30|NR-PRC30|NR-PMG30|NR-PG30"]
["JUG-PAG9","Terra Porcelain Aqua Green Jug 9cl/3oz","7 x 6 x 6cm (L x W x H)",10.48,12,"Terra Porcelain>Aqua Green Terra Porcelain",{"$nulls":3},70,60,60,{"v":0.13,"d":"0.130"},{"v":0.13,"d":"0.130"},{"v":9,"d":"9.00"},"3.2","Porcelain","6911100090","China",null,null,"Yes","Yes","Yes","Yes",{"$nulls":4},"No","No","\n•Durable Fully Vitrified Porcelain\n•Twice-Fired Process\n•High Temperature Firing\n•Conforms to BS4034 Vitrified Hotelware\n•Rolled Edges\n•Polished Foot\n•Unique Reactive Glaze Formula","Terra Porcelain's undefined beauty is crafted through natural effects and spontaneous reactions that occur in the kiln. A unique glaze formula, combined with high-temperature firing, ensures no two pieces look exactly alike, with variations in color intensity creating a truly distinctive appearance. The Aqua Green range is meticulously crafted to bring a touch of nature's serenity to your dining experience. This range is perfect for those who appreciate a timeless aethetic that complements any table setting, creating a sense of celebration of nature and taste. \n•Durable Fully Vitrified Porcelain: High-temperature firing creates a robust and long-lasting product, ideal for professional use\n•Twice-Fired Process: Enhances strength, durability, and the unique glaze finish, ensuring each piece performs in demanding environments\n•Conforms to Industry Standards: Meets BS4034 standards for vitrified hotelware, ensuring exceptional durability and quality in demanding environments\n•Rolled Edges: Enhances durability and provides added chip resistance, making it ideal for hotel, restaurant, and foodservice applications\n•Polished Foot: Minimises damage when stacked and stored, helping to maintain the integrity of each piece over time\n•Unique Artisanal Finish: The natural kiln effects and spontaneous glaze reactions ensure every piece is truly one of a kind\n•Inspired Aqua Green Hue: The blend of rich and soft greens&nbsp;evokes the tranquil beauty of nature, enhancing the presentation of vibrant dishes\n•Complete the Look: Pairs beautifully with other items in the Terra Porcelain range for a cohesive and stylish tabletop presentation","Each",null,"7","6","6","0.00025",{"v":0.13,"d":"0.130"},"05020403148197",12,"37","37","4.2","0.00575","1.56",1.833,"05020403148203",72,"42","29","26","0.03167","9.36",{"v":11,"d":"11.000"},null,2592,"https://files.plytix.com/api/v1.1/file/public_files/pim/assets/8a/8d/8f/62/628f8d8abb3a1aaaf0e8f149/images/8f/8e/b4/66/66b48e8ff9d3a3c618b27181/TH_JUG-PAG9.jpg","https://files.plytix.com/api/v1.1/file/public_files/pim/assets/8a/8d/8f/62/628f8d8abb3a1aaaf0e8f149/images/83/78/b4/66/66b47883e7186c3ac4e305e5/JUG-PAG9.jpg|https://files.plytix.com/api/v1.1/file/public_files/pim/assets/8a/8d/8f/62/628f8d8abb3a1aaaf0e8f149/images/85/78/b4/66/66b47885849b5d97e566944b/JUG-PAG9_A.jpg","https://files.plytix.com/api/v1.1/file/public_files/pim/assets/8a/8d/8f/62/628f8d8abb3a1aaaf0e8f149/images/ed/6f/b4/66/66b46fedb49a9c3a77fddb9a/LFST0924205.jpg|https://files.plytix.com/api/v1.1/file/public_files/pim/assets/8a/8d/8f/62/628f8d8abb3a1aaaf0e8f149/images/f5/6d/b4/66/66b46df529eaab66dc97d4be/LFST0924057.jpg|https://files.plytix.com/api/v1.1/file/public_files/pim/assets/8a/8d/8f/62/628f8d8abb3a1aaaf0e8f149/images/e3/6f/b4/66/66b46fe383d910ed299706cf/LFST0924202.jpg","https://www.nevilleuk.com/products/JUG-PAG9_",null,"JUG-RKS9|JUG-PPL9|JUG-PSF9|JUG-PRS9|JUG-PRC9|JUG-PMG9|JUG-PG9|JUG-PBL9|JUG-PBK9"]
["CB-PAG23","Terra Porcelain Aqua Green Coupe Bowl 23cm","23 x 6cm (Dia x H) - 1.3L/45.75oz",21.26,6,"Terra Porcelain>Aqua Green Terra Porcelain",{"$nulls":3},223,223,55,0.985,0.985,{"v":130,"d":"130.00"},"45.8","Porcelain","6911100090","China",null,null,"Yes","Yes","Yes","Yes",{"$nulls":3},"5 Year Edge Chip Guarantee","No","No","\n•Durable Fully Vitrified Porcelain\n•Twice-Fired Process\n•High Temperature Firing\n•Conforms to BS4034 Vitrified Hotelware\n•Rolled Edges\n•Polished Foot\n•Unique Reactive Glaze Formula","Terra Porcelain's undefined beauty is crafted through natural effects and spontaneous reactions that occur in the kiln. A unique glaze formula, combined with high-temperature firing, ensures no two pieces look exactly alike, with variations in color intensity creating a truly distinctive appearance. The Aqua Green range is meticulously crafted to bring a touch of nature's serenity to your dining experience. This range is perfect for those who appreciate a timeless aethetic that complements any table setting, creating a sense of celebration of nature and taste. \n•Durable Fully Vitrified Porcelain: High-temperature firing creates a robust and long-lasting product, ideal for professional use\n•Twice-Fired Process: Enhances strength, durability, and the unique glaze finish, ensuring each piece performs in demanding environments\n•Conforms to Industry Standards: Meets BS4034 standards for vitrified hotelware, ensuring exceptional durability and quality in demanding environments\n•Rolled Edges: Enhances durability and provides added chip resistance, making it ideal for hotel, restaurant, and foodservice applications\n•Polished Foot: Minimises damage when stacked and stored, helping to maintain the integrity of each piece over time\n•Unique Artisanal Finish: The natural kiln effects and spontaneous glaze reactions ensure every piece is truly one of a kind\n•Inspired Aqua Green Hue: The blend of rich and soft greens&nbsp;evokes the tranquil beauty of nature, enhancing the presentation of vibrant dishes\n•Complete the Look: Pairs beautifully with other items in the Terra Porcelain range for a cohesive and stylish tabletop presentation﻿5 Year Edge Chip Guarantee is only valid for orders placed from the 1st September 2024","Each",null,"22.3","22.3","5.5","0.00274",0.985,"05020403147954",6,"23","21","23","0.01111","5.91",6.433,"05020403147961",18,"67","26","26","0.04529","17.73",{"v":19.3,"d":"19.300"},null,648,"https://files.plytix.com/api/v1.1/file/public_files/pim/assets/8a/8d/8f/62/628f8d8abb3a1aaaf0e8f149/images/7f/8e/b4/66/66b48e7f81a90fe9eccc96a3/TH_CB-PAG23.jpg","https://files.plytix.com/api/v1.1/file/public_files/pim/assets/8a/8d/8f/62/628f8d8abb3a1aaaf0e8f149/images/c0/77/b4/66/66b477c083d910ed299707b6/CB-PAG23.jpg|https://files.plytix.com/api/v1.1/file/public_files/pim/assets/8a/8d/8f/62/628f8d8abb3a1aaaf0e8f149/images/c3/77/b4/66/66b477c381a90fe9eccc9338/CB-PAG23_A.jpg|https://files.plytix.com/api/v1.1/file/public_files/pim/assets/8a/8d/8f/62/628f8d8abb3a1aaaf0e8f149/images/c6/77/b4/66/66b477c629eaab66dc97d5da/CB-PAG23_B.jpg|https://files.plytix.com/api/v1.1/file/public_files/pim/assets/8a/8d/8f/62/628f8d8abb3a1aaaf0e8f149/images/c9/77/b4/66/66b477c981a90fe9eccc933c/CB-PAG23_C.jpg|https://files.plytix.com/api/v1.1/file/public_files/pim/assets/8a/8d/8f/62/628f8d8abb3a1aaaf0e8f149/images/cb/77/b4/66/66b477cbeade129dc98274d1/CB-PAG23_D.jpg|https://files.plytix.com/api/v1.1/file/public_files/pim/assets/8a/8d/8f/62/628f8d8abb3a1aaaf0e8f149/images/cc/77/b4/66/66b477ccb9c47406c25ce938/CB-PAG23_E.jpg","https://files.plytix.com/api/v1.1/file/public_files/pim/assets/8a/8d/8f/62/628f8d8abb3a1aaaf0e8f149/images/19/70/b4/66/66b47019849b5d97e566931c/LFST0924217.jpg|https://files.plytix.com/api/v1.1/file/public_files/pim/assets/8a/8d/8f/62/628f8d8abb3a1aaaf0e8f149/images/56/6d/b4/66/66b46d56eade129dc98273b7/LFST0924007.jpg","https://www.nevilleuk.com/products/CB-PAG23_",null,"CB-PPL23|CB-PG23|CB-PBL23|CB-PSF23|CB-PRS23|CB-PBK23|CB-PRC23|CB-PMG23"]
["CB-PAG20","Terra Porcelain Aqua Green Coupe Bowl 20cm","20 x 5.3cm (Dia x H) - 1L/35.25oz",18.76,6,"Terra Porcelain>Aqua Green Terra Porcelain",{"$nulls":3},200,200,55,0.705,0.705,{"v":100,"d":"100.00"},"35.2","Porcelain","6911100090","China",null,null,"Yes","Yes","Yes","Yes",{"$nulls":3},"5 Year Edge Chip Guarantee","No","No","\n•Durable Fully Vitrified Porcelain\n•Twice-Fired Process\n•High Temperature Firing\n•Conforms to BS4034 Vitrified Hotelware\n•Rolled Edges\n•Polished Foot\n•Unique Reactive Glaze Formula","Terra Porcelain's undefined beauty is crafted through natural effects and spontaneous reactions that occur in the kiln. A unique glaze formula, combined with high-temperature firing, ensures no two pieces look exactly alike, with variations in color intensity creating a truly distinctive appearance. The Aqua Green range is meticulously crafted to bring a touch of nature's serenity to your dining experience. This range is perfect for those who appreciate a timeless aethetic that complements any table setting, creating a sense of celebration of nature and taste. \n•Durable Fully Vitrified Porcelain: High-temperature firing creates a robust and long-lasting product, ideal for professional use\n•Twice-Fired Process: Enhances strength, durability, and the unique glaze finish, ensuring each piece performs in demanding environments\n•Conforms to Industry Standards: Meets BS4034 standards for vitrified hotelware, ensuring exceptional durability and quality in demanding environments\n•Rolled Edges: Enhances durability and provides added chip resistance, making it ideal for hotel, restaurant, and foodservice applications\n•Polished Foot: Minimises damage when stacked and stored, helping to maintain the integrity of each piece over time\n•Unique Artisanal Finish: The natural kiln effects and spontaneous glaze reactions ensure every piece is truly one of a kind\n•Inspired Aqua Green Hue: The blend of rich and soft greens&nbsp;evokes the tranquil beauty of nature, enhancing the presentation of vibrant dishes\n•Complete the Look: Pairs beautifully with other items in the Terra Porcelain range for a cohesive and stylish tabletop presentation﻿5 Year Edge Chip Guarantee is only valid for orders placed from the 1st September 2024","Each",null,"20","20","5.5","0.00220",0.705,"05020403147923",6,"21","21","21","0.00926","4.23",{"v":4.6,"d":"4.600"},"05020403147930",24,"44","44","24","0.04646","16.92",{"v":18.4,"d":"18.400"},null,288,"https://files.plytix.com/api/v1.1/file/public_files/pim/assets/8a/8d/8f/62/628f8d8abb3a1aaaf0e8f149/images/ad/8e/b4/66/66b48eadb49a9c3a77fde113/TH_CB-PAG20.jpg","https://files.plytix.com/api/v1.1/file/public_files/pim/assets/8a/8d/8f/62/628f8d8abb3a1aaaf0e8f149/images/b5/77/b4/66/66b477b583d910ed299707af/CB-PAG20.jpg|https://files.plytix.com/api/v1.1/file/public_files/pim/assets/8a/8d/8f/62/628f8d8abb3a1aaaf0e8f149/images/b7/77/b4/66/66b477b781a90fe9eccc9331/CB-PAG20_A.jpg|https://files.plytix.com/api/v1.1/file/public_files/pim/assets/8a/8d/8f/62/628f8d8abb3a1aaaf0e8f149/images/ba/77/b4/66/66b477bae7186c3ac4e305c6/CB-PAG20_B.jpg|https://files.plytix.com/api/v1.1/file/public_files/pim/assets/8a/8d/8f/62/628f8d8abb3a1aaaf0e8f149/images/bc/77/b4/66/66b477bc81a90fe9eccc9334/CB-PAG20_C.jpg|https://files.plytix.com/api/v1.1/file/public_files/pim/assets/8a/8d/8f/62/628f8d8abb3a1aaaf0e8f149/images/be/77/b4/66/66b477bee7186c3ac4e305cc/CB-PAG20_D.jpg","https://files.plytix.com/api/v1.1/file/public_files/pim/assets/8a/8d/8f/62/628f8d8abb3a1aaaf0e8f149/images/20/70/b4/66/66b47020b49a9c3a77fddba2/LFST0924219.jpg|https://files.plytix.com/api/v1.1/file/public_files/pim/assets/8a/8d/8f/62/628f8d8abb3a1aaaf0e8f149/images/e3/6f/b4/66/66b46fe383d910ed299706cf/LFST0924202.jpg","https://www.nevilleuk.com/products/CB-PAG20_",null,"CB-RKS20|CB-PPL20|CB-PG20|CB-PBL20|CB-PRS20|CB-PSF20|CB-PBK20|CB-PRC20|CB-PMG20"]
["WBWL33","GenWare Acacia Wood Bowl 33Dia x 12cm","33 x 12cm (Dia x H)",59.82,1,"Buffet & Display>Acacia Wood Buffetware",{"$nulls":3},330,330,120,{"v":0.95,"d":"0.950"},{"v":0.95,"d":"0.950"},{"v":500,"d":"500.00"},"176","Acacia Wood-A/B Grade","4419900000","Thailand",null,null,"No",{"$nulls":7},"No","No","\n•Acacia Wood Material\n•Versatile\n•Natural Wood Finish","Add warmth, height, and natural beauty to your buffet displays with the GenWare Acacia Wood Buffet Bowls. Entirely crafted from richly grained acacia wood, this elegant solution brings a rustic yet refined look to any food presentation. The contemporary design creates a striking visual centrepiece, perfect for showcasing fruits, salads, snacks, or baked goods in hotels, cafes, and catered events.\n•Acacia Wood Material: Made from strong and durable material for a premium look and long lasting use\n•Versatile: Ideal for showcasing fruits, salads, snacks, or baked goods in buffet, hotel, cafe, or catered event settings\n•Natural Wood Finish: Adds warmth and elegance to any food display","Each","5020403106548","33","33","12","0.01307",{"v":0.95,"d":"0.950"},{"$nulls":8},"05020403106555",6,"35","35","33","0.04043","5.7",{"v":6.5,"d":"6.500"},null,108,"https://files.plytix.com/api/v1.1/file/public_files/pim/assets/8a/8d/8f/62/628f8d8abb3a1aaaf0e8f149/images/a7/8e/b4/66/66b48ea70baf06fe10636bf1/TH_WBWL33.jpg","https://files.plytix.com/api/v1.1/file/public_files/pim/assets/8a/8d/8f/62/628f8d8abb3a1aaaf0e8f149/images/c6/79/b4/66/66b479c6e7186c3ac4e305f1/WBWL33.jpg","https://files.plytix.com/api/v1.1/file/public_files/pim/assets/8a/8d/8f/62/628f8d8abb3a1aaaf0e8f149/images/b2/6d/b4/66/66b46db2b9c47406c25ce7e8/LFST0924037.jpg|https://files.plytix.com/api/v1.1/file/public_files/pim/assets/8a/8d/8f/62/628f8d8abb3a1aaaf0e8f149/images/a4/6d/b4/66/66b46da4b9c47406c25ce7e2/LFST0924032.jpg","https://www.nevilleuk.com/products/WBWL33_",null,"WBWL30|WBWL3612"]
["WSPGRS","GenWare Acacia Wood Salt & Pepper Grinder Stand","17 x 8 x 22cm (L x W x H) - Fits 6cm (Dia) Grinders",16.74,1,"Table Service>Salt & Pepper Grinders & Shakers",{"$nulls":3},170,80,220,{"v":0.19,"d":"0.190"},{"v":0.19,"d":"0.190"},null,null,"Acacia Wood-A/B Grade","4419900000","Thailand",null,null,"No","N/A","N/A","N/A",{"$nulls":4},"No","No","\n•Acacia Wood Base and Stainless Steel Handle\n•5.8cm Recess Diameter\n•Fits a Variety of Wooden and Acrylic Grinders","GenWare Acacia Wood Grinder Stands are crafted from natural Acacia wood, showcasing its rich grain and providing a sophisticated touch to your table setup. The stand features a sleek stainless steel handle and&nbsp;includes a 5.8 cm recess diameter, which&nbsp;accommodates a variety of our GenWare wooden and acrylic grinders.\n•Made with Acacia Wood and Stainless Steel\n•The 5.8 cm recess allows for a variety of GenWare wooden and acrylic grinders to be used","Each","5020403106623","17","8","22","0.00299",{"v":0.19,"d":"0.190"},{"$nulls":8},"05020403106630",12,"26","19","51","0.02519","2.28",{"v":2.6,"d":"2.600"},null,240,"https://files.plytix.com/api/v1.1/file/public_files/pim/assets/8a/8d/8f/62/628f8d8abb3a1aaaf0e8f149/images/a9/8e/b4/66/66b48ea9b49a9c3a77fde10c/TH_WSPGRS.jpg","https://files.plytix.com/api/v1.1/file/public_files/pim/assets/8a/8d/8f/62/628f8d8abb3a1aaaf0e8f149/images/f3/79/b4/66/66b479f383d910ed2997087d/WSPGRS.jpg|https://files.plytix.com/api/v1.1/file/public_files/pim/assets/8a/8d/8f/62/628f8d8abb3a1aaaf0e8f149/images/f4/79/b4/66/66b479f4b9c47406c25ce9fe/WSPGRS_B.jpg|https://files.plytix.com/api/v1.1/file/public_files/pim/assets/8a/8d/8f/62/628f8d8abb3a1aaaf0e8f149/images/f4/79/b4/66/66b479f4c7b5936d26a05e30/WSPGRS_A.jpg","https://files.plytix.com/api/v1.1/file/public_files/pim/assets/8a/8d/8f/62/628f8d8abb3a1aaaf0e8f149/images/cc/6e/b4/66/66b46ecc849b5d97e56692cc/LFST0924118.jpg","https://www.nevilleuk.com/products/WSPGRS_","SPWH17|SPG17|SPBLK17"]
["MBL-18W","GenWare White Marble Platter 18cm Dia","18cm (Dia)",9.19,1,"Table Presentation>Marble",null,"Yes",null,180,180,100,{"v":0.68,"d":"0.680"},{"v":0.68,"d":"0.680"},null,null,"Marble","6802290000","China",null,null,"No","N/A","N/A","N/A",{"$nulls":6},"\n•Natural Marble\n•Cool, Smooth Surface\n•Premium, High End Aesthetic\n•Unique Natural Veining\n•Versatile\n•Wipe Down Surface\n•Non-Slip Silicone Feet\n•Maximum Food Temperature: 70C","Add a touch of luxury to your food presentation with GenWare Marble Platters. Crafted from natural marble, these elegant platters provide a cool, smooth surface that enhances the visual appeal of canapes, desserts, cheeses, and antipasti. Their timeless aesthetic makes them ideal for high-end buffet displays, afternoon tea, or tabletop presentation in refined hospitality settings.\n•Natural Marble: For a luxurious and durable presentation surface\n•Cool, Smooth Surface: Ideal for serving cheeses, charcuterie, desserts, and small bites\n•Premium, High End Aesthetic: Enhances food presentation\n•Unique Natural Veining: Making each piece a one-of-a-kind\n•Versatile: Suitable for buffets, afternoon tea, sharing platters, and displays\n•Wipe Down Surface: Easy to clean and maintain\n•Non-Slip Silicone Feet: For easy grip and stability\n•Maximum Food Temperature: 70C\n•Suitable With Presentation Plate Stands: Product codes PRS2-205 and PRS3-205","Each",null,"18","18","10","0.00324",{"v":0.68,"d":"0.680"},{"$nulls":8},"05020403680451",12,"26","21","21","0.01147","8.16",{"v":9.5,"d":"9.500"},null,504,"https://files.plytix.com/api/v1.1/file/public_files/pim/assets/8a/8d/8f/62/628f8d8abb3a1aaaf0e8f149/images/ac/37/82/68/688237aca81af439e7f6c5a9/TH_MBL-18W.jpg","https://files.plytix.com/api/v1.1/file/public_files/pim/assets/8a/8d/8f/62/628f8d8abb3a1aaaf0e8f149/images/51/2a/82/68/68822a51a81af439e7f6c07a/MBL-18W.jpg|https://files.plytix.com/api/v1.1/file/public_files/pim/assets/8a/8d/8f/62/628f8d8abb3a1aaaf0e8f149/images/52/2a/82/68/68822a5284708e1f953fa15d/MBL-18W_A.jpg|https://files.plytix.com/api/v1.1/file/public_files/pim/assets/8a/8d/8f/62/628f8d8abb3a1aaaf0e8f149/images/52/2a/82/68/68822a52a81af439e7f6c07b/MBL-18W_B.jpg",null,"https://www.nevilleuk.com/products/MBL-18W_","PRS2-18|PRS3-18"]
["FFS2GDV","GenWare Gold Vintage Steel Fast Food Stand 2 Slot","20 x 10 x 5cm (L x W x H)",13.12,12,"Table Presentation>Gold Vintage Steel",{"$nulls":3},200,100,50,0.204,0.204,null,null,"Stainless Steel-430,PVD Coating","7323930090","China",null,null,"Yes","Yes","No",{"$nulls":5},"No","No","\n•Made from Stainless Steel\n•Industrial Vintage Finish\n•Durable Gold PVD Coating\n•Great For Presenting Tacos Or Hot Dogs\n•Stackable","Add a touch of bold, industrial flair to your food presentation with our Gold Vintage Steel Collection. Crafted from high-quality stainless steel with a distinctive gold PVD coating, this collection combines durability and style, offering a unique, vintage-inspired finish that enhances any dish. Perfect for both casual and upscale dining settings, these pieces provide a sophisticated yet rugged look that complements a variety of cuisines.\n•Durable Stainless Steel: Provides long-lasting strength, ideal for high-use environments\n•Industrial Vintage Design: A striking, modern aesthetic that brings a rugged charm to any table setting\n•Durable Gold PVD Coating: Matt finish that offers a contemporary look while being resistant to scratches and wear\n•Safe for Direct Food Contact: Crafted from food-safe materials, ensuring safe and hygienic service\n•Dishwasher Safe: Easy to clean and maintain","Each",null,"20","10","5","0.00100",0.204,"05020403120094",12,"21","15","12","0.00378","2.448",{"v":2.6,"d":"2.600"},"05020403120100",60,"24","17","64","0.02611","12.24",{"v":13,"d":"13.000"},null,1200,"https://files.plytix.com/api/v1.1/file/public_files/pim/assets/8a/8d/8f/62/628f8d8abb3a1aaaf0e8f149/images/8a/8e/b4/66/66b48e8ab49a9c3a77fde0db/TH_FFS2GDV.jpg","https://files.plytix.com/api/v1.1/file/public_files/pim/assets/8a/8d/8f/62/628f8d8abb3a1aaaf0e8f149/images/55/78/b4/66/66b4785581a90fe9eccc9384/FFS2GDV.jpg|https://files.plytix.com/api/v1.1/file/public_files/pim/assets/8a/8d/8f/62/628f8d8abb3a1aaaf0e8f149/images/56/78/b4/66/66b47856b9c47406c25ce962/FFS2GDV_A.jpg","https://files.plytix.com/api/v1.1/file/public_files/pim/assets/8a/8d/8f/62/628f8d8abb3a1aaaf0e8f149/images/d0/6e/b4/66/66b46ed081a90fe9eccc91d6/LFST0924119.jpg","https://www.nevilleuk.com/products/FFS2GDV_",null,"FFS2CV|FFS2|FFS2BKV|FFS2V"]
["CACS2813","GenWare Non-Stick Cast Aluminium Casserole Dish 28cm","28 x 13cm (Dia x H) - 7L/246.4oz, Fits Lid CACS2813-LID",61.38,1,"Buffet & Display>Cast Aluminium Cookware",{"$nulls":3},375,290,130,{"v":1.3,"d":"1.300"},{"v":1.3,"d":"1.300"},{"v":700,"d":"700.00"},"246.4","Aluminium Alloy,Stainless Steel-430","7615101090","China",null,null,"Yes","Yes","No","N/A","Yes",{"$nulls":3},"No","No","\n•Made From Cast Aluminium\n•Non-Stick Greblon C3+ Coating\n•Lightweight, Strong And Durable\n•Lid Sold Separately","The cast aluminium cookware range consists of casserole dishes, roasters and matching tempered glass lids. Made from die cast aluminium, they are lightweight yet strong and durable with excellent heat distribution properties, making them a great alternative to cast iron cookware. Both roasters and casserole dishes are suitable for oven and stove cooking, including induction. They feature Greblon C3+ non stick coating, making them very easy to clean.\n•Cast aluminium construction which is lightweight yet strong and durable\n•Excellent heat retention properties\n•Greblon C3+ provides excellent non stick properties, durability and abrasion resistance\n•Integrated handles for easy manoeuvrability\n•Suitable for oven and stove cooking, including induction\n•Dishwasher safe\n•Matching tempered glass lid sold separately","Each","5020403396086","37.5","29","13","0.01414",{"v":1.3,"d":"1.300"},{"$nulls":8},"05020403396093",6,"31","31","43","0.04132","7.8",{"v":9,"d":"9.000"},null,150,"https://files.plytix.com/api/v1.1/file/public_files/pim/assets/8a/8d/8f/62/628f8d8abb3a1aaaf0e8f149/images/5b/da/af/65/65afda5b4703f37318c1faee/TH_CACS2813.jpg","https://files.plytix.com/api/v1.1/file/public_files/pim/assets/8a/8d/8f/62/628f8d8abb3a1aaaf0e8f149/images/a9/53/ae/65/65ae53a9b819410dc46559bf/CACS2813.jpg|https://files.plytix.com/api/v1.1/file/public_files/pim/assets/8a/8d/8f/62/628f8d8abb3a1aaaf0e8f149/images/41/57/ae/65/65ae5741b819410dc4655b0f/CACS2813_A.jpg|https://files.plytix.com/api/v1.1/file/public_files/pim/assets/8a/8d/8f/62/628f8d8abb3a1aaaf0e8f149/images/43/57/ae/65/65ae57436ae4d7faf18f3a71/CACS2813_B.jpg|https://files.plytix.com/api/v1.1/file/public_files/pim/assets/8a/8d/8f/62/628f8d8abb3a1aaaf0e8f149/images/45/57/ae/65/65ae57456ae4d7faf18f3a76/CACS2813_C.jpg","https://files.plytix.com/api/v1.1/file/public_files/pim/assets/8a/8d/8f/62/628f8d8abb3a1aaaf0e8f149/images/b0/01/a8/65/65a801b0b819410dc464a97a/LFST0324132.jpg|https://files.plytix.com/api/v1.1/file/public_files/pim/assets/8a/8d/8f/62/628f8d8abb3a1aaaf0e8f149/images/e8/01/a8/65/65a801e8d79397c4519254eb/LFST0324143.jpg|https://files.plytix.com/api/v1.1/file/public_files/pim/assets/8a/8d/8f/62/628f8d8abb3a1aaaf0e8f149/images/bb/01/a8/65/65a801bbdeb2a92314bbdd37/LFST0324134.jpg|https://files.plytix.com/api/v1.1/file/public_files/pim/assets/8a/8d/8f/62/628f8d8abb3a1aaaf0e8f149/images/ee/01/a8/65/65a801eed79397c4519254f5/LFST0324144.jpg|https://files.plytix.com/api/v1.1/file/public_files/pim/assets/8a/8d/8f/62/628f8d8abb3a1aaaf0e8f149/images/cc/01/a8/65/65a801cc9837a6238d070d55/LFST0324137.jpg|https://files.plytix.com/api/v1.1/file/public_files/pim/assets/8a/8d/8f/62/628f8d8abb3a1aaaf0e8f149/images/a6/01/a8/65/65a801a6b819410dc464a974/LFST0324130.jpg|https://files.plytix.com/api/v1.1/file/public_files/pim/assets/8a/8d/8f/62/628f8d8abb3a1aaaf0e8f149/images/d0/01/a8/65/65a801d0b819410dc464a97b/LFST0324138.jpg|https://files.plytix.com/api/v1.1/file/public_files/pim/assets/8a/8d/8f/62/628f8d8abb3a1aaaf0e8f149/images/aa/01/a8/65/65a801aa38eafe2925b0d041/LFST0324131.jpg","https://www.nevilleuk.com/products/CACS2813_","CACS2813-LID","CACS2411"]
["CACS2411-LID","GenWare Glass Lid For Cast Aluminium Casserole Dish 24cm","24cm (Dia), Fits Casserole Dish CACS2411",14.86,1,"Buffet & Display>Cast Aluminium Cookware",{"$nulls":3},260,260,40,{"v":0.6,"d":"0.600"},{"v":0.6,"d":"0.600"},null,null,"Stainless Steel-304,Tempered Glass","7010200000","China",null,null,"Yes","Yes","No","N/A",null,"Yes",null,null,"No","No","\n•Tempered Glass\n•Integrated Stainless Steel Handle\n•Casserole Dish Sold Separately","The cast aluminium cookware range consists of casserole dishes, roasters and matching tempered glass lids. Made from die cast aluminium, they are lightweight yet strong and durable with excellent heat distribution properties, making them a great alternative to cast iron cookware. Both roasters and casserole dishes are suitable for oven and stove cooking, including induction. They feature Greblon C3+ non stick coating, making them very easy to clean.\n•Tempered glass\n•Features stainless steel handle\n•Suitable for oven and stove cooking\n•Dishwasher safe\n•Matching cast aluminium casserole dish sold separately","Each","5020403396109","26","26","4","0.00270",{"v":0.6,"d":"0.600"},{"$nulls":8},"05020403396116",6,"33.5","27.5","29.5","0.02718","3.6",{"v":4.7,"d":"4.700"},null,192,"https://files.plytix.com/api/v1.1/file/public_files/pim/assets/8a/8d/8f/62/628f8d8abb3a1aaaf0e8f149/images/5b/da/af/65/65afda5b4703f37318c1faed/TH_CACS2411-LID.jpg","https://files.plytix.com/api/v1.1/file/public_files/pim/assets/8a/8d/8f/62/628f8d8abb3a1aaaf0e8f149/images/a7/53/ae/65/65ae53a7b819410dc46559bd/CACS2411-LID.jpg|https://files.plytix.com/api/v1.1/file/public_files/pim/assets/8a/8d/8f/62/628f8d8abb3a1aaaf0e8f149/images/3f/57/ae/65/65ae573f6ae4d7faf18f3a6f/CACS2411-LID_A.jpg","https://files.plytix.com/api/v1.1/file/public_files/pim/assets/8a/8d/8f/62/628f8d8abb3a1aaaf0e8f149/images/de/01/a8/65/65a801dedeb2a92314bbdd43/LFST0324141.jpg|https://files.plytix.com/api/v1.1/file/public_files/pim/assets/8a/8d/8f/62/628f8d8abb3a1aaaf0e8f149/images/b0/01/a8/65/65a801b0b819410dc464a97a/LFST0324132.jpg","https://www.nevilleuk.com/products/CACS2411-LID_","CACS2411"]
["PR-RKS28","Roko Porcelain Sand Presentation Plate 28cm","28 x 3cm (Dia x H)",23.14,4,"Roko Porcelain>Roko Porcelain Sand",{"$nulls":3},280,280,30,{"v":1.1,"d":"1.100"},{"v":1.1,"d":"1.100"},null,null,"Porcelain","6911100090","China",null,null,"Yes","Yes","Yes","Yes",{"$nulls":4},"No","No","\n•Durable Fully Vitrified Porcelain\n•Twice-Fired Process\n•High Temperature Firing\n•Conforms to BS4034 Vitrified Hotelware\n•Rolled Edges\n•Polished Foot\n•Unique Reactive Glaze Formula\n•Dripped Glaze Effect\n•Stackable","Roko Porcelain is a truly distinctive collection of tableware inspired by the fusion of nature's raw elegance and rustic design. Every piece is a unique blend of organic textures, distinguished patterns, and dynamic shapes, transforming your food into a canvas of artistry.\n•Durable Fully Vitrified Porcelain: High-temperature firing creates a robust and long-lasting product, ideal for professional use\n•Twice-Fired Process: Enhances strength, durability, and the unique glaze finish, ensuring each piece performs in demanding environments\n•Conforms to Industry Standards: Meets BS4034 standards for vitrified hotelware, ensuring exceptional durability and quality in demanding environments\n•Irregular Shapes: Boasts a naturally inspired form that enhances the handcrafted aesthetic\n•Rolled Edges: Enhances durability and provides added chip resistance, making it ideal for hotel, restaurant, and foodservice applications\n•Polished Foot: Minimises damage when stacked and stored, helping to maintain the integrity of each piece over time\n•Stackable: Optimises storage space, making it easy to stack securely without risking damage, perfect for busy kitchens\n•Unique Artisanal Finish: The natural kiln effects and spontaneous glaze reactions ensure every piece is truly one of a kind\n•Dripped Glaze Effect: Showcases a unique hand-applied dripped glaze, creating an artisanal look with rich depth and character","Each",null,"28","28","3","0.00235",{"v":1.1,"d":"1.100"},"05020403147688",4,"28","12","28","0.00941","4.4",5.333,"05020403147671",12,"38","31","32","0.03770","13.2",{"v":16,"d":"16.000"},null,336,"https://files.plytix.com/api/v1.1/file/public_files/pim/assets/8a/8d/8f/62/628f8d8abb3a1aaaf0e8f149/images/62/da/af/65/65afda62651115fa299ccf78/TH_PR-RKS28.jpg","https://files.plytix.com/api/v1.1/file/public_files/pim/assets/8a/8d/8f/62/628f8d8abb3a1aaaf0e8f149/images/61/58/ae/65/65ae58616ae4d7faf18f3ae7/PR-RKS28_A.jpg|https://files.plytix.com/api/v1.1/file/public_files/pim/assets/8a/8d/8f/62/628f8d8abb3a1aaaf0e8f149/images/63/58/ae/65/65ae58636ae4d7faf18f3ae9/PR-RKS28_B.jpg|https://files.plytix.com/api/v1.1/file/public_files/pim/assets/8a/8d/8f/62/628f8d8abb3a1aaaf0e8f149/images/65/58/ae/65/65ae5865d79397c4519304f5/PR-RKS28_C.jpg|https://files.plytix.com/api/v1.1/file/public_files/pim/assets/8a/8d/8f/62/628f8d8abb3a1aaaf0e8f149/images/67/58/ae/65/65ae5867b819410dc4655b8c/PR-RKS28_D.jpg|https://files.plytix.com/api/v1.1/file/public_files/pim/assets/8a/8d/8f/62/628f8d8abb3a1aaaf0e8f149/images/68/58/ae/65/65ae5868deb2a92314bc8220/PR-RKS28_E.jpg|https://files.plytix.com/api/v1.1/file/public_files/pim/assets/8a/8d/8f/62/628f8d8abb3a1aaaf0e8f149/images/6a/58/ae/65/65ae586a38eafe2925b17b95/PR-RKS28_F.jpg|https://files.plytix.com/api/v1.1/file/public_files/pim/assets/8a/8d/8f/62/628f8d8abb3a1aaaf0e8f149/images/6c/58/ae/65/65ae586c6ae4d7faf18f3aee/PR-RKS28_G.jpg|https://files.plytix.com/api/v1.1/file/public_files/pim/assets/8a/8d/8f/62/628f8d8abb3a1aaaf0e8f149/images/6e/58/ae/65/65ae586e6ae4d7faf18f3af0/PR-RKS28_H.jpg|https://files.plytix.com/api/v1.1/file/public_files/pim/assets/8a/8d/8f/62/628f8d8abb3a1aaaf0e8f149/images/71/58/ae/65/65ae5871deb2a92314bc8225/PR-RKS28_I.jpg|https://files.plytix.com/api/v1.1/file/public_files/pim/assets/8a/8d/8f/62/628f8d8abb3a1aaaf0e8f149/images/73/58/ae/65/65ae5873d79397c4519304fa/PR-RKS28_J.jpg","https://files.plytix.com/api/v1.1/file/public_files/pim/assets/8a/8d/8f/62/628f8d8abb3a1aaaf0e8f149/images/f4/fe/a7/65/65a7fef49837a6238d070c8d/LFST0324039.jpg|https://files.plytix.com/api/v1.1/file/public_files/pim/assets/8a/8d/8f/62/628f8d8abb3a1aaaf0e8f149/images/01/ff/a7/65/65a7ff01d79397c451925454/LFST0324042.jpg|https://files.plytix.com/api/v1.1/file/public_files/pim/assets/8a/8d/8f/62/628f8d8abb3a1aaaf0e8f149/images/36/ff/a7/65/65a7ff369837a6238d070caa/LFST0324056.jpg|https://files.plytix.com/api/v1.1/file/public_files/pim/assets/8a/8d/8f/62/628f8d8abb3a1aaaf0e8f149/images/3b/ff/a7/65/65a7ff3b9837a6238d070cac/LFST0324057.jpg|https://files.plytix.com/api/v1.1/file/public_files/pim/assets/8a/8d/8f/62/628f8d8abb3a1aaaf0e8f149/images/19/ff/a7/65/65a7ff199837a6238d070c9d/LFST0324049.jpg|https://files.plytix.com/api/v1.1/file/public_files/pim/assets/8a/8d/8f/62/628f8d8abb3a1aaaf0e8f149/images/1d/ff/a7/65/65a7ff1dd79397c451925457/LFST0324050.jpg|https://files.plytix.com/api/v1.1/file/public_files/pim/assets/8a/8d/8f/62/628f8d8abb3a1aaaf0e8f149/images/20/ff/a7/65/65a7ff20b819410dc464a8ba/LFST0324051.jpg|https://files.plytix.com/api/v1.1/file/public_files/pim/assets/8a/8d/8f/62/628f8d8abb3a1aaaf0e8f149/images/93/ff/a7/65/65a7ff939837a6238d070cc0/LFST0324070.jpg|https://files.plytix.com/api/v1.1/file/public_files/pim/assets/8a/8d/8f/62/628f8d8abb3a1aaaf0e8f149/images/eb/fe/a7/65/65a7feeb9837a6238d070c84/LFST0324036.jpg","https://www.nevilleuk.com/products/PR-RKS28_",null,"PR-PPL26|PR-PSF26|PR-PRS26|PR-PRC26|PR-PMG26|PR-PG26|PR-PBL26|PR-PBK26"]
["PR-RKS26","Roko Porcelain Sand Presentation Plate 26cm","26 x 2.7cm (Dia x H)",{"v":21.5,"d":"21.50"},4,"Roko Porcelain>Roko Porcelain Sand",{"$nulls":3},260,260,25,0.856,0.856,null,null,"Porcelain","6911100090","China",null,null,"Yes","Yes","Yes","Yes",{"$nulls":4},"No","No","\n•Durable Fully Vitrified Porcelain\n•Twice-Fired Process\n•High Temperature Firing\n•Conforms to BS4034 Vitrified Hotelware\n•Rolled Edges\n•Polished Foot\n•Unique Reactive Glaze Formula\n•Dripped Glaze Effect\n•Stackable","Roko Porcelain is a truly distinctive collection of tableware inspired by the fusion of nature's raw elegance and rustic design. Every piece is a unique blend of organic textures, distinguished patterns, and dynamic shapes, transforming your food into a canvas of artistry.\n•Durable Fully Vitrified Porcelain: High-temperature firing creates a robust and long-lasting product, ideal for professional use\n•Twice-Fired Process: Enhances strength, durability, and the unique glaze finish, ensuring each piece performs in demanding environments\n•Conforms to Industry Standards: Meets BS4034 standards for vitrified hotelware, ensuring exceptional durability and quality in demanding environments\n•Irregular Shapes: Boasts a naturally inspired form that enhances the handcrafted aesthetic\n•Rolled Edges: Enhances durability and provides added chip resistance, making it ideal for hotel, restaurant, and foodservice applications\n•Polished Foot: Minimises damage when stacked and stored, helping to maintain the integrity of each piece over time\n•Stackable: Optimises storage space, making it easy to stack securely without risking damage, perfect for busy kitchens\n•Unique Artisanal Finish: The natural kiln effects and spontaneous glaze reactions ensure every piece is truly one of a kind\n•Dripped Glaze Effect: Showcases a unique hand-applied dripped glaze, creating an artisanal look with rich depth and character","Each",null,"26","26","2.5","0.00169",0.856,"05020403147657",4,"27","11","27","0.00802","3.424",{"v":4,"d":"4.000"},"05020403147640",12,"35","29","30","0.03045","10.272",{"v":11.7,"d":"11.700"},null,480,"https://files.plytix.com/api/v1.1/file/public_files/pim/assets/8a/8d/8f/62/628f8d8abb3a1aaaf0e8f149/images/62/da/af/65/65afda62190a887cfa26bdb0/TH_PR-RKS26.jpg","https://files.plytix.com/api/v1.1/file/public_files/pim/assets/8a/8d/8f/62/628f8d8abb3a1aaaf0e8f149/images/54/58/ae/65/65ae5854d79397c4519304e8/PR-RKS26_A.jpg|https://files.plytix.com/api/v1.1/file/public_files/pim/assets/8a/8d/8f/62/628f8d8abb3a1aaaf0e8f149/images/56/58/ae/65/65ae5856deb2a92314bc820e/PR-RKS26_B.jpg|https://files.plytix.com/api/v1.1/file/public_files/pim/assets/8a/8d/8f/62/628f8d8abb3a1aaaf0e8f149/images/58/58/ae/65/65ae5858d79397c4519304e9/PR-RKS26_C.jpg|https://files.plytix.com/api/v1.1/file/public_files/pim/assets/8a/8d/8f/62/628f8d8abb3a1aaaf0e8f149/images/59/58/ae/65/65ae5859deb2a92314bc8213/PR-RKS26_D.jpg|https://files.plytix.com/api/v1.1/file/public_files/pim/assets/8a/8d/8f/62/628f8d8abb3a1aaaf0e8f149/images/5b/58/ae/65/65ae585bdeb2a92314bc8214/PR-RKS26_E.jpg|https://files.plytix.com/api/v1.1/file/public_files/pim/assets/8a/8d/8f/62/628f8d8abb3a1aaaf0e8f149/images/5d/58/ae/65/65ae585dd79397c4519304ee/PR-RKS26_F.jpg|https://files.plytix.com/api/v1.1/file/public_files/pim/assets/8a/8d/8f/62/628f8d8abb3a1aaaf0e8f149/images/5f/58/ae/65/65ae585f6ae4d7faf18f3ae5/PR-RKS26_G.jpg","https://files.plytix.com/api/v1.1/file/public_files/pim/assets/8a/8d/8f/62/628f8d8abb3a1aaaf0e8f149/images/fc/fe/a7/65/65a7fefc6ae4d7faf18e81ab/LFST0324041.jpg|https://files.plytix.com/api/v1.1/file/public_files/pim/assets/8a/8d/8f/62/628f8d8abb3a1aaaf0e8f149/images/31/ff/a7/65/65a7ff319837a6238d070ca9/LFST0324055.jpg|https://files.plytix.com/api/v1.1/file/public_files/pim/assets/8a/8d/8f/62/628f8d8abb3a1aaaf0e8f149/images/3f/ff/a7/65/65a7ff3fdeb2a92314bbdca7/LFST0324058.jpg|https://files.plytix.com/api/v1.1/file/public_files/pim/assets/8a/8d/8f/62/628f8d8abb3a1aaaf0e8f149/images/12/ff/a7/65/65a7ff129837a6238d070c97/LFST0324047.jpg|https://files.plytix.com/api/v1.1/file/public_files/pim/assets/8a/8d/8f/62/628f8d8abb3a1aaaf0e8f149/images/16/ff/a7/65/65a7ff169837a6238d070c9c/LFST0324048.jpg|https://files.plytix.com/api/v1.1/file/public_files/pim/assets/8a/8d/8f/62/628f8d8abb3a1aaaf0e8f149/images/1d/ff/a7/65/65a7ff1dd79397c451925457/LFST0324050.jpg|https://files.plytix.com/api/v1.1/file/public_files/pim/assets/8a/8d/8f/62/628f8d8abb3a1aaaf0e8f149/images/20/ff/a7/65/65a7ff20b819410dc464a8ba/LFST0324051.jpg|https://files.plytix.com/api/v1.1/file/public_files/pim/assets/8a/8d/8f/62/628f8d8abb3a1aaaf0e8f149/images/93/ff/a7/65/65a7ff939837a6238d070cc0/LFST0324070.jpg","https://www.nevilleuk.com/products/PR-RKS26_",null,"PR-PPL26|PR-PSF26|PR-PRS26|PR-PRC26|PR-PMG26|PR-PBL26|PR-PBK26|PR-PG26"]
["JUG-RKS9","Roko Porcelain Sand Jug 9cl/ 3oz","7 x 6 x 6cm (L x W x H)",11.58,12,"Roko Porcelain>Roko Porcelain Sand",{"$nulls":3},70,60,60,0.113,0.113,{"v":9,"d":"9.00"},"3.2","Porcelain","6911100090","China",null,null,"Yes","Yes","Yes","Yes",{"$nulls":4},"No","No","\n•Durable Fully Vitrified Porcelain\n•Twice-Fired Process\n•High Temperature Firing\n•Conforms to BS4034 Vitrified Hotelware\n•Rolled Edges\n•Polished Foot\n•Unique Reactive Glaze Formula\n•Dripped Glaze Effect","Roko Porcelain is a truly distinctive collection of tableware inspired by the fusion of nature's raw elegance and rustic design. Every piece is a unique blend of organic textures, distinguished patterns, and dynamic shapes, transforming your food into a canvas of artistry.\n•Durable Fully Vitrified Porcelain: High-temperature firing creates a robust and long-lasting product, ideal for professional use\n•Twice-Fired Process: Enhances strength, durability, and the unique glaze finish, ensuring each piece performs in demanding environments\n•Conforms to Industry Standards: Meets BS4034 standards for vitrified hotelware, ensuring exceptional durability and quality in demanding environments\n•Irregular Shapes: Boasts a naturally inspired form that enhances the handcrafted aesthetic\n•Rolled Edges: Enhances durability and provides added chip resistance, making it ideal for hotel, restaurant, and foodservice applications\n•Polished Foot: Minimises damage when stacked and stored, helping to maintain the integrity of each piece over time\n•Unique Artisanal Finish: The natural kiln effects and spontaneous glaze reactions ensure every piece is truly one of a kind\n•Dripped Glaze Effect: Showcases a unique hand-applied dripped glaze, creating an artisanal look with rich depth and character","Each",null,"7","6","6","0.00025",0.113,"05020403147589",12,"16","15","14.5","0.00348","1.356",{"v":0.75,"d":"0.750"},"05020403147596",72,"46","18","33","0.02732","8.136",{"v":9,"d":"9.000"},null,864,"https://files.plytix.com/api/v1.1/file/public_files/pim/assets/8a/8d/8f/62/628f8d8abb3a1aaaf0e8f149/images/60/da/af/65/65afda60651115fa299ccf73/TH_JUG-RKS9.jpg","https://files.plytix.com/api/v1.1/file/public_files/pim/assets/8a/8d/8f/62/628f8d8abb3a1aaaf0e8f149/images/01/54/ae/65/65ae54016ae4d7faf18f38ff/JUG-RKS9.jpg|https://files.plytix.com/api/v1.1/file/public_files/pim/assets/8a/8d/8f/62/628f8d8abb3a1aaaf0e8f149/images/cb/57/ae/65/65ae57cb9837a6238d07b30e/JUG-RKS9_A.jpg","https://files.plytix.com/api/v1.1/file/public_files/pim/assets/8a/8d/8f/62/628f8d8abb3a1aaaf0e8f149/images/cb/ff/a7/65/65a7ffcbb819410dc464a905/LFST0324077.jpg|https://files.plytix.com/api/v1.1/file/public_files/pim/assets/8a/8d/8f/62/628f8d8abb3a1aaaf0e8f149/images/19/ff/a7/65/65a7ff199837a6238d070c9d/LFST0324049.jpg|https://files.plytix.com/api/v1.1/file/public_files/pim/assets/8a/8d/8f/62/628f8d8abb3a1aaaf0e8f149/images/1d/ff/a7/65/65a7ff1dd79397c451925457/LFST0324050.jpg|https://files.plytix.com/api/v1.1/file/public_files/pim/assets/8a/8d/8f/62/628f8d8abb3a1aaaf0e8f149/images/20/ff/a7/65/65a7ff20b819410dc464a8ba/LFST0324051.jpg","https://www.nevilleuk.com/products/JUG-RKS9_",null,"JUG-PPL9|JUG-PSF9|JUG-PRS9|JUG-PRC9|JUG-PMG9|JUG-PG9|JUG-PBL9|JUG-PBK9|JUG-PAG9"]
["CB-RKS20","Roko Porcelain Sand Coupe Bowl 20cm","20 x 5.3cm (Dia x H) - 58cl/20.4oz",21.98,6,"Roko Porcelain>Roko Porcelain Sand",{"$nulls":3},215,215,50,{"v":0.58,"d":"0.580"},{"v":0.58,"d":"0.580"},{"v":58,"d":"58.00"},"20.4","Porcelain","6911100090","China",null,null,"Yes","Yes","Yes","Yes",{"$nulls":4},"No","No","\n•Durable Fully Vitrified Porcelain\n•Twice-Fired Process\n•High Temperature Firing\n•Conforms to BS4034 Vitrified Hotelware\n•Rolled Edges\n•Polished Foot\n•Unique Reactive Glaze Formula\n•Dripped Glaze Effect","Roko Porcelain is a truly distinctive collection of tableware inspired by the fusion of nature's raw elegance and rustic design. Every piece is a unique blend of organic textures, distinguished patterns, and dynamic shapes, transforming your food into a canvas of artistry.\n•Durable Fully Vitrified Porcelain: High-temperature firing creates a robust and long-lasting product, ideal for professional use\n•Twice-Fired Process: Enhances strength, durability, and the unique glaze finish, ensuring each piece performs in demanding environments\n•Conforms to Industry Standards: Meets BS4034 standards for vitrified hotelware, ensuring exceptional durability and quality in demanding environments\n•Irregular Shapes: Boasts a naturally inspired form that enhances the handcrafted aesthetic\n•Rolled Edges: Enhances durability and provides added chip resistance, making it ideal for hotel, restaurant, and foodservice applications\n•Polished Foot: Minimises damage when stacked and stored, helping to maintain the integrity of each piece over time\n•Unique Artisanal Finish: The natural kiln effects and spontaneous glaze reactions ensure every piece is truly one of a kind\n•Dripped Glaze Effect: Showcases a unique hand-applied dripped glaze, creating an artisanal look with rich depth and character","Each",null,"21.5","21.5","5","0.00231",{"v":0.58,"d":"0.580"},"05020403147381",6,"22","12","22","0.00581","3.48",3.624,"05020403147374",24,"47","26","25","0.03055","13.92",{"v":14.5,"d":"14.500"},null,672,"https://files.plytix.com/api/v1.1/file/public_files/pim/assets/8a/8d/8f/62/628f8d8abb3a1aaaf0e8f149/images/5d/da/af/65/65afda5d651115fa299ccf69/TH_CB-RKS20.jpg","https://files.plytix.com/api/v1.1/file/public_files/pim/assets/8a/8d/8f/62/628f8d8abb3a1aaaf0e8f149/images/d6/53/ae/65/65ae53d66ae4d7faf18f38cf/CB-RKS20.jpg|https://files.plytix.com/api/v1.1/file/public_files/pim/assets/8a/8d/8f/62/628f8d8abb3a1aaaf0e8f149/images/6a/57/ae/65/65ae576ab819410dc4655b24/CB-RKS20_A.jpg|https://files.plytix.com/api/v1.1/file/public_files/pim/assets/8a/8d/8f/62/628f8d8abb3a1aaaf0e8f149/images/6c/57/ae/65/65ae576c38eafe2925b17b41/CB-RKS20_B.jpg|https://files.plytix.com/api/v1.1/file/public_files/pim/assets/8a/8d/8f/62/628f8d8abb3a1aaaf0e8f149/images/6e/57/ae/65/65ae576e9837a6238d07b2e6/CB-RKS20_C.jpg|https://files.plytix.com/api/v1.1/file/public_files/pim/assets/8a/8d/8f/62/628f8d8abb3a1aaaf0e8f149/images/6f/57/ae/65/65ae576f9837a6238d07b2e7/CB-RKS20_D.jpg|https://files.plytix.com/api/v1.1/file/public_files/pim/assets/8a/8d/8f/62/628f8d8abb3a1aaaf0e8f149/images/71/57/ae/65/65ae5771deb2a92314bc819a/CB-RKS20_E.jpg|https://files.plytix.com/api/v1.1/file/public_files/pim/assets/8a/8d/8f/62/628f8d8abb3a1aaaf0e8f149/images/72/57/ae/65/65ae577238eafe2925b17b42/CB-RKS20_F.jpg|https://files.plytix.com/api/v1.1/file/public_files/pim/assets/8a/8d/8f/62/628f8d8abb3a1aaaf0e8f149/images/74/57/ae/65/65ae57746ae4d7faf18f3a92/CB-RKS20_G.jpg|https://files.plytix.com/api/v1.1/file/public_files/pim/assets/8a/8d/8f/62/628f8d8abb3a1aaaf0e8f149/images/76/57/ae/65/65ae5776d79397c451930467/CB-RKS20_H.jpg|https://files.plytix.com/api/v1.1/file/public_files/pim/assets/8a/8d/8f/62/628f8d8abb3a1aaaf0e8f149/images/78/57/ae/65/65ae5778deb2a92314bc81a0/CB-RKS20_I.jpg","https://files.plytix.com/api/v1.1/file/public_files/pim/assets/8a/8d/8f/62/628f8d8abb3a1aaaf0e8f149/images/24/ff/a7/65/65a7ff249837a6238d070ca7/LFST0324052.jpg|https://files.plytix.com/api/v1.1/file/public_files/pim/assets/8a/8d/8f/62/628f8d8abb3a1aaaf0e8f149/images/28/ff/a7/65/65a7ff28deb2a92314bbdc9f/LFST0324053.jpg|https://files.plytix.com/api/v1.1/file/public_files/pim/assets/8a/8d/8f/62/628f8d8abb3a1aaaf0e8f149/images/f9/fe/a7/65/65a7fef99837a6238d070c8e/LFST0324040.jpg|https://files.plytix.com/api/v1.1/file/public_files/pim/assets/8a/8d/8f/62/628f8d8abb3a1aaaf0e8f149/images/fc/fe/a7/65/65a7fefc6ae4d7faf18e81ab/LFST0324041.jpg|https://files.plytix.com/api/v1.1/file/public_files/pim/assets/8a/8d/8f/62/628f8d8abb3a1aaaf0e8f149/images/01/ff/a7/65/65a7ff01d79397c451925454/LFST0324042.jpg|https://files.plytix.com/api/v1.1/file/public_files/pim/assets/8a/8d/8f/62/628f8d8abb3a1aaaf0e8f149/images/05/ff/a7/65/65a7ff059837a6238d070c8f/LFST0324043.jpg|https://files.plytix.com/api/v1.1/file/public_files/pim/assets/8a/8d/8f/62/628f8d8abb3a1aaaf0e8f149/images/48/ff/a7/65/65a7ff48b819410dc464a8c9/LFST0324060.jpg|https://files.plytix.com/api/v1.1/file/public_files/pim/assets/8a/8d/8f/62/628f8d8abb3a1aaaf0e8f149/images/4d/ff/a7/65/65a7ff4d9837a6238d070cb1/LFST0324061.jpg|https://files.plytix.com/api/v1.1/file/public_files/pim/assets/8a/8d/8f/62/628f8d8abb3a1aaaf0e8f149/images/6d/ff/a7/65/65a7ff6db819410dc464a8e1/LFST0324065.jpg|https://files.plytix.com/api/v1.1/file/public_files/pim/assets/8a/8d/8f/62/628f8d8abb3a1aaaf0e8f149/images/75/ff/a7/65/65a7ff756ae4d7faf18e81bf/LFST0324066.jpg|https://files.plytix.com/api/v1.1/file/public_files/pim/assets/8a/8d/8f/62/628f8d8abb3a1aaaf0e8f149/images/93/ff/a7/65/65a7ff939837a6238d070cc0/LFST0324070.jpg|https://files.plytix.com/api/v1.1/file/public_files/pim/assets/8a/8d/8f/62/628f8d8abb3a1aaaf0e8f149/images/0c/ff/a7/65/65a7ff0c9837a6238d070c91/LFST0324045.jpg","https://www.nevilleuk.com/products/CB-RKS20_",null,"CB-PPL20|CB-PG20|CB-PBL20|CB-PSF20|CB-PRS20|CB-PBK20|CB-PRC20|CB-RKS23|CB-PAG20"]
["WDMHA4","GenWare Acacia Wood A4 Menu Holder","23 x 34.5 x 4cm (L x W x H)",{"v":42.1,"d":"42.10"},1,"Menu,Signs & Display>Table Boards",{"$nulls":3},230,345,400,{"v":0.55,"d":"0.550"},{"v":0.55,"d":"0.550"},null,null,"Acacia Wood-A/B Grade","4419900000","Thailand",null,null,"No","N/A","N/A","N/A",{"$nulls":4},"No","No","\n•Made From Acacia Wood\n•Acrylic Window\n•Self-Standing\n•A4 Size","﻿The GenWare Menu Holder combines the warmth of acacia wood with the mkodern touch of an acrylic window, ensuring your menus are both protected and prominently displayed. It's self-standing design adds convenience, allowing you to effortlessly place it on any table or countertop without the need for additional support.Whether you're a restaurant, cafe, bar, or caterign service, the Genware Acacia Wood Menu Holder elevates your brand's presentation.\n•Made from acacia wood\n•Acrylic window\n•Self-standing\n•A4 size","Each","5020403193098","23","34.5","40","0.03174",{"v":0.55,"d":"0.550"},{"$nulls":8},"05020403193104",12,"23.5","49.5","36","0.04188","6.6",{"v":10.6,"d":"10.600"},null,216,"https://files.plytix.com/api/v1.1/file/public_files/pim/assets/8a/8d/8f/62/628f8d8abb3a1aaaf0e8f149/images/57/da/af/65/65afda57651115fa299ccf62/TH_WDMHA4.jpg","https://files.plytix.com/api/v1.1/file/public_files/pim/assets/8a/8d/8f/62/628f8d8abb3a1aaaf0e8f149/images/c7/54/ae/65/65ae54c79837a6238d07b1c5/WDMHA4.jpg","https://files.plytix.com/api/v1.1/file/public_files/pim/assets/8a/8d/8f/62/628f8d8abb3a1aaaf0e8f149/images/47/01/a8/65/65a80147b819410dc464a957/LFST0324118.jpg","https://www.nevilleuk.com/products/WDMHA4_",null,"WMHA4C|WMHA4BK|MHA4"]
["RSR-W3226A","GenWare Acacia Wood Angled Crate GN 1/2","32.5 x 26.5 x 32cm (L x W x H)",45.96,1,"Buffet & Display>Acacia Wood Buffetware",{"$nulls":3},325,270,320,{"v":1.6,"d":"1.600"},{"v":1.6,"d":"1.600"},null,null,"Acacia Wood-A/B Grade","4419900000","Thailand",null,null,"No","N/A","N/A","N/A",{"$nulls":4},"No","No","\n•Acacia Wood Material\n•Angled Design\n•GN Footprint\n•Integrated Handles\n•Natural Wood Finish","The GenWare Angled Acacia Wood Crate is a must-have for elevating breakfast buffet presentation. Crafted from premium acacia wood, its angled design adds a touch of elegance while showcasing your freshly baked breads in style.\n•Acacia Wood Material: Made from strong and durable material for a premium look and long lasting use\n•GN Footprint:&nbsp;Ensures compatibility with standard Gastronorm buffet systems\n•Natural Wood Finish: Adds warmth and elegance to any food display","Each","5020403106463","32.5","27","32","0.02808",{"v":1.6,"d":"1.600"},{"$nulls":8},"05020403106470",4,"28","49.9","67.8","0.09473","6.4",{"v":8,"d":"8.000"},null,24,"https://files.plytix.com/api/v1.1/file/public_files/pim/assets/8a/8d/8f/62/628f8d8abb3a1aaaf0e8f149/images/65/da/af/65/65afda6526253d3a62c2426d/TH_RSR-W3226A.jpg","https://files.plytix.com/api/v1.1/file/public_files/pim/assets/8a/8d/8f/62/628f8d8abb3a1aaaf0e8f149/images/62/54/ae/65/65ae54629837a6238d07b168/RSR-W3226A.jpg","https://files.plytix.com/api/v1.1/file/public_files/pim/assets/8a/8d/8f/62/628f8d8abb3a1aaaf0e8f149/images/72/01/a8/65/65a801729837a6238d070d3b/LFST0324122.jpg|https://files.plytix.com/api/v1.1/file/public_files/pim/assets/8a/8d/8f/62/628f8d8abb3a1aaaf0e8f149/images/8e/01/a8/65/65a8018e9837a6238d070d41/LFST0324126.jpg|https://files.plytix.com/api/v1.1/file/public_files/pim/assets/8a/8d/8f/62/628f8d8abb3a1aaaf0e8f149/images/38/01/a8/65/65a801386ae4d7faf18e8231/LFST0324116.jpg|https://files.plytix.com/api/v1.1/file/public_files/pim/assets/8a/8d/8f/62/628f8d8abb3a1aaaf0e8f149/images/40/01/a8/65/65a80140d79397c4519254d5/LFST0324117.jpg|https://files.plytix.com/api/v1.1/file/public_files/pim/assets/8a/8d/8f/62/628f8d8abb3a1aaaf0e8f149/images/47/01/a8/65/65a80147b819410dc464a957/LFST0324118.jpg","https://www.nevilleuk.com/products/RSR-W3226A_",null,"RSR-W3226"]
["RAM-KW11","GenWare Kava White Stoneware Ramekin 7.5cl/ 2.5oz","7.5 x 5cm (Dia x H)",6.26,12,"GenWare Stoneware>Kava Stoneware",{"$nulls":3},75,75,40,0.097,0.097,{"v":7.5,"d":"7.50"},"2.6","Stoneware","6912002310","China",-40,230,"Yes","Yes","Yes","Yes",{"$nulls":4},"No","No","\n•Durable Stoneware\n•Twice-Fired Process\n•Rolled Edges\n•Polished Foot\n•Neutral Off-White Body\n•Unglazed Base","﻿Kava Stoneware showcases an off-white glaze complemented by an unglazed edge/base, forming a captivating contrast for culinary creations. With its sleek and modern shapes, Kava embodies style and functionality, complementing the chic atmosphere of today's dynamic bistros, cafes and eateries.\n•Durable Stoneware: Made from high-quality stoneware to withstand the rigors of a professional kitchen\n•Twice-Fired Process: Enhances strength, durability, and the unique glaze finish, ensuring each piece performs in demanding environments\n•Rolled Edges: Enhances durability and provides added chip resistance, making it ideal for hotel, restaurant, and foodservice applications\n•Polished Foot: Minimises damage when stacked and stored, helping to maintain the integrity of each piece over time\n•Neutral Off-White Body: The soft, off-white tone provides a versatile backdrop that enhances the presentation of a wide range of cuisines and plating styles\n•Unglazed Base for Authentic Appeal: Adds a natural, artisanal touch creating a captivating contrast that enhances food presentation","Each",null,"7.5","7.5","4","0.00023",0.097,"05020403147275",12,"23.5","8","15","0.00282","1.164",1.313,"05020403147282",96,"35.5","26","31.5","0.02907","9.312",{"v":10.5,"d":"10.500"},null,2304,"https://files.plytix.com/api/v1.1/file/public_files/pim/assets/8a/8d/8f/62/628f8d8abb3a1aaaf0e8f149/images/63/c2/b3/65/65b3c263109552600ec3c93f/TH_RAM-KW11.jpg","https://files.plytix.com/api/v1.1/file/public_files/pim/assets/8a/8d/8f/62/628f8d8abb3a1aaaf0e8f149/images/32/54/ae/65/65ae5432d79397c451930396/RAM-KW11.jpg","https://files.plytix.com/api/v1.1/file/public_files/pim/assets/8a/8d/8f/62/628f8d8abb3a1aaaf0e8f149/images/62/00/a8/65/65a80062b819410dc464a929/LFST0324090.jpg|https://files.plytix.com/api/v1.1/file/public_files/pim/assets/8a/8d/8f/62/628f8d8abb3a1aaaf0e8f149/images/79/00/a8/65/65a800796ae4d7faf18e820a/LFST0324093.jpg|https://files.plytix.com/api/v1.1/file/public_files/pim/assets/8a/8d/8f/62/628f8d8abb3a1aaaf0e8f149/images/6a/00/a8/65/65a8006a6ae4d7faf18e8205/LFST0324091.jpg|https://files.plytix.com/api/v1.1/file/public_files/pim/assets/8a/8d/8f/62/628f8d8abb3a1aaaf0e8f149/images/81/00/a8/65/65a800819837a6238d070ce6/LFST0324094.jpg|https://files.plytix.com/api/v1.1/file/public_files/pim/assets/8a/8d/8f/62/628f8d8abb3a1aaaf0e8f149/images/b1/00/a8/65/65a800b1d79397c4519254ad/LFST0324100.jpg|https://files.plytix.com/api/v1.1/file/public_files/pim/assets/8a/8d/8f/62/628f8d8abb3a1aaaf0e8f149/images/ce/00/a8/65/65a800ce6ae4d7faf18e8225/LFST0324104.jpg|https://files.plytix.com/api/v1.1/file/public_files/pim/assets/8a/8d/8f/62/628f8d8abb3a1aaaf0e8f149/images/72/00/a8/65/65a80072b819410dc464a932/LFST0324092.jpg","https://www.nevilleuk.com/products/RAM-KW11_",null,"CT-RAM32|CT-RAM15G|CT-RAM15|RAM-KBK11|RAM-KDG11"]
["CUP-KW34","GenWare Kava White Stoneware Coffee Cup 34cl/ 12oz","12.7 x 9.5 x 8.5cm (L x W x H) - Fits Saucer SCR-KW16",9.96,6,"GenWare Stoneware>Kava Stoneware",{"$nulls":3},125,95,85,{"v":0.29,"d":"0.290"},{"v":0.29,"d":"0.290"},{"v":34,"d":"34.00"},"12","Stoneware","6912002310","China",-40,230,"Yes","Yes","Yes","Yes",{"$nulls":4},"No","No","\n•Durable Stoneware\n•Twice-Fired Process\n•Rolled Edges\n•Polished Foot\n•Neutral Off-White Body\n•Unglazed Base","﻿Kava Stoneware showcases an off-white glaze complemented by an unglazed edge/base, forming a captivating contrast for culinary creations. With its sleek and modern shapes, Kava embodies style and functionality, complementing the chic atmosphere of today's dynamic bistros, cafes and eateries.\n•Durable Stoneware: Made from high-quality stoneware to withstand the rigors of a professional kitchen\n•Twice-Fired Process: Enhances strength, durability, and the unique glaze finish, ensuring each piece performs in demanding environments\n•Rolled Edges: Enhances durability and provides added chip resistance, making it ideal for hotel, restaurant, and foodservice applications\n•Polished Foot: Minimises damage when stacked and stored, helping to maintain the integrity of each piece over time\n•Neutral Off-White Body: The soft, off-white tone provides a versatile backdrop that enhances the presentation of a wide range of cuisines and plating styles\n•Unglazed Base for Authentic Appeal: Adds a natural, artisanal touch creating a captivating contrast that enhances food presentation","Each",null,"12.5","9.5","8.5","0.00101",{"v":0.29,"d":"0.290"},"05020403147121",6,"29.5","20","9.5","0.00561","1.74",2.133,"05020403147138",36,"41","32.5","30","0.03998","10.44",{"v":12.8,"d":"12.800"},null,576,"https://files.plytix.com/api/v1.1/file/public_files/pim/assets/8a/8d/8f/62/628f8d8abb3a1aaaf0e8f149/images/09/c2/b3/65/65b3c209fcf9112120269b48/TH_CUP-KW34.jpg","https://files.plytix.com/api/v1.1/file/public_files/pim/assets/8a/8d/8f/62/628f8d8abb3a1aaaf0e8f149/images/e0/53/ae/65/65ae53e06ae4d7faf18f38e0/CUP-KW34.jpg|https://files.plytix.com/api/v1.1/file/public_files/pim/assets/8a/8d/8f/62/628f8d8abb3a1aaaf0e8f149/images/a5/57/ae/65/65ae57a5b819410dc4655b3a/CUP-KW34_A.jpg","https://files.plytix.com/api/v1.1/file/public_files/pim/assets/8a/8d/8f/62/628f8d8abb3a1aaaf0e8f149/images/62/00/a8/65/65a80062b819410dc464a929/LFST0324090.jpg|https://files.plytix.com/api/v1.1/file/public_files/pim/assets/8a/8d/8f/62/628f8d8abb3a1aaaf0e8f149/images/79/00/a8/65/65a800796ae4d7faf18e820a/LFST0324093.jpg|https://files.plytix.com/api/v1.1/file/public_files/pim/assets/8a/8d/8f/62/628f8d8abb3a1aaaf0e8f149/images/aa/00/a8/65/65a800aa9837a6238d070cf1/LFST0324099.jpg|https://files.plytix.com/api/v1.1/file/public_files/pim/assets/8a/8d/8f/62/628f8d8abb3a1aaaf0e8f149/images/81/00/a8/65/65a800819837a6238d070ce6/LFST0324094.jpg|https://files.plytix.com/api/v1.1/file/public_files/pim/assets/8a/8d/8f/62/628f8d8abb3a1aaaf0e8f149/images/6a/00/a8/65/65a8006a6ae4d7faf18e8205/LFST0324091.jpg|https://files.plytix.com/api/v1.1/file/public_files/pim/assets/8a/8d/8f/62/628f8d8abb3a1aaaf0e8f149/images/72/00/a8/65/65a80072b819410dc464a932/LFST0324092.jpg","https://www.nevilleuk.com/products/CUP-KW34_","SCR-KW16","CUP-KW28|CUP-KDG34"]
["SVC5C","GenWare Copper Plated Mini Serving Cup 8 x 5cm","8 x 5cm (Dia x H) - 23cl/8.1oz",6.94,12,"Table Presentation>Serving Cups & Cones",{"$nulls":3},83,83,55,0.095,0.095,{"v":23,"d":"23.00"},"8.1","Stainless Steel,Copper Plating","7323930090","India",null,null,"No","N/A","N/A","N/A",{"$nulls":4},"No","No","\n•Made From Stainless Steel\n•Features A Copper Plated Coating\n•Great For Individual Portions\n•Stackable","﻿Discover the ultimate accessory for presenting side dishes and appetisers with GenWare Stainless Steel Serving Cups. Ideal for individual portions, these serving cups are crafted to perfection, ensuring both style and functionality. Available in a variety of vibrant colours, shapes and finishes they add a pop of personality to your food presentation.\n•Made from stainless steel\n•Features a copper plated coating\n•Great for individual portions\n•Stackable","Each",null,"8.3","8.3","5.5","0.00038",0.095,"05020403119937",12,"8.5","8.5","2.75","0.00020","1.14",1.276,"05020403119920",96,"36","19","26.5","0.01813","9.12",{"v":10.21,"d":"10.210"},null,1320,"https://files.plytix.com/api/v1.1/file/public_files/pim/assets/8a/8d/8f/62/628f8d8abb3a1aaaf0e8f149/images/9b/cc/b3/65/65b3cc9b954ff133fae443f6/TH_SVC5C.jpg","https://files.plytix.com/api/v1.1/file/public_files/pim/assets/8a/8d/8f/62/628f8d8abb3a1aaaf0e8f149/images/7c/54/ae/65/65ae547c9837a6238d07b180/SVC5C.jpg",null,"https://www.nevilleuk.com/products/SVC5C_",null,"SVC5|SVCH5C|SVCH5"]
["SVCH5C","GenWare Copper Plated Hammered Mini Serving Cup 8 x 5cm","8 x 5cm (Dia x H) - 22cl/7.75oz",6.94,12,"Table Presentation>Serving Cups & Cones",{"$nulls":3},83,83,55,0.095,0.095,{"v":22,"d":"22.00"},"7.7","Stainless Steel-200","7323930090","India",null,null,"No","N/A","N/A","N/A",{"$nulls":4},"No","No","\n•Made From Hammered Stainless Steel\n•Features A Copper Plated Coating\n•Great For Individual Portions\n•Stackable","﻿Discover the ultimate accessory for presenting side dishes and appetisers with GenWare Stainless Steel Serving Cups. Ideal for individual portions, these serving cups are crafted to perfection, ensuring both style and functionality. Available in a variety of vibrant colours, shapes and finishes they add a pop of personality to your food presentation.\n•Made from hammered stainless steel\n•Features a copper plated coating\n•Great for individual portions\n•Stackable","Each",null,"8.3","8.3","5.5","0.00038",0.095,"05020403120025",12,"8.5","8.5","24","0.00173","1.14",1.276,"05020403120018",96,"36","19","26.5","0.01813","9.12",{"v":10.21,"d":"10.210"},null,5280,"https://files.plytix.com/api/v1.1/file/public_files/pim/assets/8a/8d/8f/62/628f8d8abb3a1aaaf0e8f149/images/9b/cc/b3/65/65b3cc9bfcf9112120269c7d/TH_SVCH5C.jpg","https://files.plytix.com/api/v1.1/file/public_files/pim/assets/8a/8d/8f/62/628f8d8abb3a1aaaf0e8f149/images/87/54/ae/65/65ae54876ae4d7faf18f395d/SVCH5C.jpg",null,"https://www.nevilleuk.com/products/SVCH5C_",null,"SVCH5|SVC5|SVC5C"]
["RAMST4GD","GenWare Gold Plated Ramekin 114ml/ 4oz","DISCONTINUED - 6 x 3.8 x 4.3cm (L x W x H)",0.48,24,"Clearance>Clearance Table Presentation",null,null,"Yes",70,70,45,0.029,0.029,{"v":11.4,"d":"11.40"},"4","Stainless Steel","7323930090","India",null,null,"No","N/A","N/A","N/A",{"$nulls":4},"No","No","\n•Made From Stainless Steel\n•Features A Gold Plated Coating\n•Great For Individual Condiment Portions\n•Stackable","﻿Discover the ultimate accessory for presenting sauces and dips alongside your dishes with GenWare Stainless Steel Ramekins. Ideal for individual condiment portions, these ramekins are crafted to perfection, ensuring both style and functionality. Available in a variety of vibrant colours, shapes and finishes they add a pop of personality to your food presentation.\n•Made from stainless steel\n•Features gold plated coating\n•Great for individual condiment portions\n•Stackable","Each",null,"7","7","4.5","0.00022",0.029,"05020403119784",24,"7.5","7.5","14","0.00079","0.696",0.862,"05020403119777",288,"32","24","16","0.01229","8.352",10.938,null,10368,"https://files.plytix.com/api/v1.1/file/public_files/pim/assets/8a/8d/8f/62/628f8d8abb3a1aaaf0e8f149/images/1b/e4/af/65/65afe41bc990972d7efedba0/TH_RAMST4GD.jpg","https://files.plytix.com/api/v1.1/file/public_files/pim/assets/8a/8d/8f/62/628f8d8abb3a1aaaf0e8f149/images/df/1f/d7/65/65d71fdf4e2c144a6b2f5bc7/RAMST4GD.jpg","https://files.plytix.com/api/v1.1/file/public_files/pim/assets/8a/8d/8f/62/628f8d8abb3a1aaaf0e8f149/images/50/00/a8/65/65a8005038eafe2925b0d006/LFST0324088.jpg","https://www.nevilleuk.com/products/RAMST4GD_",null,"RAMSTH4GD|RAMSTR4C|RAMSTH4C|RAMST4C|RAMSTH4|RAMSTR4"]
["RAMSTH2GD","GenWare Gold Plated Hammered Ramekin 71ml/ 2.5oz","DISCONTINUED - 5.9 x 3.6 x 4cm (L x W x H)",0.34,24,"Clearance>Clearance Table Presentation",null,null,"Yes",62,62,45,0.027,0.027,{"v":7.1,"d":"7.10"},"2.5","Stainless Steel","7323930090","India",null,null,"No","N/A","N/A","N/A",{"$nulls":4},"No","No","\n•Made From Hammered Stainless Steel\n•Features A Gold Plated Coating\n•Great For Individual Condiment Portions\n•Stackable","﻿Discover the ultimate accessory for presenting sauces and dips alongside your dishes with GenWare Stainless Steel Ramekins. Ideal for individual condiment portions, these ramekins are crafted to perfection, ensuring both style and functionality. Available in a variety of vibrant colours, shapes and finishes they add a pop of personality to your food presentation.\n•Made from hammered stainless steel\n•Features gold plated coating\n•Great for individual condiment portions\n•Stackable","Each",null,"6.2","6.2","4.5","0.00017",0.027,"05020403119845",24,"62.5","62.5","21","0.08203","0.648",0.666,"05020403119838",288,"27.5","20.5","23","0.01297","7.776",{"v":8.49,"d":"8.490"},null,12960,"https://files.plytix.com/api/v1.1/file/public_files/pim/assets/8a/8d/8f/62/628f8d8abb3a1aaaf0e8f149/images/65/da/af/65/65afda654703f37318c1fb07/TH_RAMSTH2GD.jpg","https://files.plytix.com/api/v1.1/file/public_files/pim/assets/8a/8d/8f/62/628f8d8abb3a1aaaf0e8f149/images/5e/54/ae/65/65ae545e6ae4d7faf18f3946/RAMSTH2GD.jpg","https://files.plytix.com/api/v1.1/file/public_files/pim/assets/8a/8d/8f/62/628f8d8abb3a1aaaf0e8f149/images/46/00/a8/65/65a80046deb2a92314bbdcf5/LFST0324087.jpg|https://files.plytix.com/api/v1.1/file/public_files/pim/assets/8a/8d/8f/62/628f8d8abb3a1aaaf0e8f149/images/d5/ff/a7/65/65a7ffd538eafe2925b0cff7/LFST0324078.jpg|https://files.plytix.com/api/v1.1/file/public_files/pim/assets/8a/8d/8f/62/628f8d8abb3a1aaaf0e8f149/images/de/ff/a7/65/65a7ffde6ae4d7faf18e81e2/LFST0324079.jpg|https://files.plytix.com/api/v1.1/file/public_files/pim/assets/8a/8d/8f/62/628f8d8abb3a1aaaf0e8f149/images/0c/00/a8/65/65a8000cdeb2a92314bbdce3/LFST0324084.jpg","https://www.nevilleuk.com/products/RAMSTH2GD_",null,"RAMST2GD|RAMSTR2C|RAMST2C|RAMSTH2C|RAMST2CV|RAMSTH2|RAMST2"]
["SCR-PPL14","Terra Porcelain Pearl Saucer 14.5cm","14.5cm (Dia)",7.54,6,"Terra Porcelain>Pearl Terra Porcelain",{"$nulls":3},145,145,20,{"v":0.24,"d":"0.240"},{"v":0.24,"d":"0.240"},null,null,"Porcelain","6911100090","China",null,null,"Yes","Yes","Yes","Yes",{"$nulls":4},"No","No","\n•Durable Fully Vitrified Porcelain\n•Twice-Fired Process\n•High Temperature Firing\n•Conforms to BS4034 Vitrified Hotelware\n•Rolled Edges\n•Polished Foot\n•Unique Reactive Glaze Formula","Terra Porcelain's undefined beauty is crafted through natural effects and spontaneous reactions that occur in the kiln. A unique glaze formula, combined with high-temperature firing, ensures no two pieces look exactly alike, with variations in color intensity creating a truly distinctive appearance. The Pearl Terra Porcelain collection draws inspiration from the iridescent hues and natural beauty of pearls with it's blend of soft whites, greens and blues which shimmer and shine. Each piece in the collection boasts a luxurious and unique pearlescent finish which adds a touch of opulence to culinary presentation perfect for a spectrum of dishes and cuisines.\n•Durable Fully Vitrified Porcelain: High-temperature firing creates a robust and long-lasting product, ideal for professional use\n•Twice-Fired Process: Enhances strength, durability, and the unique glaze finish, ensuring each piece performs in demanding environments\n•Conforms to Industry Standards: Meets BS4034 standards for vitrified hotelware, ensuring exceptional durability and quality in demanding environments\n•Rolled Edges: Enhances durability and provides added chip resistance, making it ideal for hotel, restaurant, and foodservice applications\n•Polished Foot: Minimises damage when stacked and stored, helping to maintain the integrity of each piece over time\n•Unique Artisanal Finish: The natural kiln effects and spontaneous glaze reactions ensure every piece is truly one of a kind\n•Inspired Pearl Hue: The blend of soft whites, greens, and blues captures the iridescent beauty of natural pearls\n•Complete the Look: Pairs beautifully with other items in the Terra Porcelain range for a cohesive and stylish tabletop presentation","Each",null,"14.5","14.5","2","0.00042",{"v":0.24,"d":"0.240"},"05020403146827",6,"15","8","16","0.00192","1.44",{"v":1.5,"d":"1.500"},"05020403146834",24,"34","18","18","0.01102","5.76",{"v":6,"d":"6.000"},null,1224,"https://files.plytix.com/api/v1.1/file/public_files/pim/assets/8a/8d/8f/62/628f8d8abb3a1aaaf0e8f149/images/d4/ac/b3/65/65b3acd4109552600ec3c6a5/TH_SCR-PPL14.jpg","https://files.plytix.com/api/v1.1/file/public_files/pim/assets/8a/8d/8f/62/628f8d8abb3a1aaaf0e8f149/images/6a/54/ae/65/65ae546adeb2a92314bc8067/SCR-PPL14.jpg|https://files.plytix.com/api/v1.1/file/public_files/pim/assets/8a/8d/8f/62/628f8d8abb3a1aaaf0e8f149/images/ab/58/ae/65/65ae58abb819410dc4655b9c/SCR-PPL14_A.jpg|https://files.plytix.com/api/v1.1/file/public_files/pim/assets/8a/8d/8f/62/628f8d8abb3a1aaaf0e8f149/images/ac/58/ae/65/65ae58acd79397c451930526/SCR-PPL14_B.jpg|https://files.plytix.com/api/v1.1/file/public_files/pim/assets/8a/8d/8f/62/628f8d8abb3a1aaaf0e8f149/images/ad/58/ae/65/65ae58ad9837a6238d07b37e/SCR-PPL14_C.jpg|https://files.plytix.com/api/v1.1/file/public_files/pim/assets/8a/8d/8f/62/628f8d8abb3a1aaaf0e8f149/images/af/58/ae/65/65ae58af9837a6238d07b380/SCR-PPL14_D.jpg|https://files.plytix.com/api/v1.1/file/public_files/pim/assets/8a/8d/8f/62/628f8d8abb3a1aaaf0e8f149/images/b1/58/ae/65/65ae58b1b819410dc4655ba2/SCR-PPL14_E.jpg|https://files.plytix.com/api/v1.1/file/public_files/pim/assets/8a/8d/8f/62/628f8d8abb3a1aaaf0e8f149/images/b2/58/ae/65/65ae58b29837a6238d07b381/SCR-PPL14_F.jpg","https://files.plytix.com/api/v1.1/file/public_files/pim/assets/8a/8d/8f/62/628f8d8abb3a1aaaf0e8f149/images/d3/00/a8/65/65a800d3d79397c4519254b6/LFST0324105.jpg","https://www.nevilleuk.com/products/SCR-PPL14_","CUP-PPL23|CUP-PPL28","SCR-PBK14|SCR-PSF14|SCR-PRS14|SCR-PRC14|SCR-PMG14|SCR-PG14|SCR-PBL14|SCR-RKS14|SCR-PAG14"]
["SCR-PPL11","Terra Porcelain Pearl Saucer 11.5cm","11.5cm (Dia)",5.74,6,"Terra Porcelain>Pearl Terra Porcelain",{"$nulls":3},115,115,20,0.142,0.142,null,null,"Porcelain","6911100090","China",null,null,"Yes","Yes","Yes","Yes",{"$nulls":4},"No","No","\n•Durable Fully Vitrified Porcelain\n•Twice-Fired Process\n•High Temperature Firing\n•Conforms to BS4034 Vitrified Hotelware\n•Rolled Edges\n•Polished Foot\n•Unique Reactive Glaze Formula","Terra Porcelain's undefined beauty is crafted through natural effects and spontaneous reactions that occur in the kiln. A unique glaze formula, combined with high-temperature firing, ensures no two pieces look exactly alike, with variations in color intensity creating a truly distinctive appearance. The Pearl Terra Porcelain collection draws inspiration from the iridescent hues and natural beauty of pearls with it's blend of soft whites, greens and blues which shimmer and shine. Each piece in the collection boasts a luxurious and unique pearlescent finish which adds a touch of opulence to culinary presentation perfect for a spectrum of dishes and cuisines.\n•Durable Fully Vitrified Porcelain: High-temperature firing creates a robust and long-lasting product, ideal for professional use\n•Twice-Fired Process: Enhances strength, durability, and the unique glaze finish, ensuring each piece performs in demanding environments\n•Conforms to Industry Standards: Meets BS4034 standards for vitrified hotelware, ensuring exceptional durability and quality in demanding environments\n•Rolled Edges: Enhances durability and provides added chip resistance, making it ideal for hotel, restaurant, and foodservice applications\n•Polished Foot: Minimises damage when stacked and stored, helping to maintain the integrity of each piece over time\n•Unique Artisanal Finish: The natural kiln effects and spontaneous glaze reactions ensure every piece is truly one of a kind\n•Inspired Pearl Hue: The blend of soft whites, greens, and blues captures the iridescent beauty of natural pearls\n•Complete the Look: Pairs beautifully with other items in the Terra Porcelain range for a cohesive and stylish tabletop presentation","Each",null,"11.5","11.5","2","0.00026",0.142,"05020403146797",6,"13","9","13.5","0.00158","0.852",0.917,"05020403146803",72,"28.5","28.5","30.5","0.02477","10.224",{"v":11,"d":"11.000"},null,2304,"https://files.plytix.com/api/v1.1/file/public_files/pim/assets/8a/8d/8f/62/628f8d8abb3a1aaaf0e8f149/images/66/da/af/65/65afda664703f37318c1fb0a/TH_SCR-PPL11.jpg","https://files.plytix.com/api/v1.1/file/public_files/pim/assets/8a/8d/8f/62/628f8d8abb3a1aaaf0e8f149/images/69/54/ae/65/65ae546938eafe2925b179d6/SCR-PPL11.jpg|https://files.plytix.com/api/v1.1/file/public_files/pim/assets/8a/8d/8f/62/628f8d8abb3a1aaaf0e8f149/images/a4/58/ae/65/65ae58a4deb2a92314bc8245/SCR-PPL11_A.jpg|https://files.plytix.com/api/v1.1/file/public_files/pim/assets/8a/8d/8f/62/628f8d8abb3a1aaaf0e8f149/images/a5/58/ae/65/65ae58a5d79397c45193051f/SCR-PPL11_B.jpg|https://files.plytix.com/api/v1.1/file/public_files/pim/assets/8a/8d/8f/62/628f8d8abb3a1aaaf0e8f149/images/a6/58/ae/65/65ae58a638eafe2925b17baa/SCR-PPL11_C.jpg|https://files.plytix.com/api/v1.1/file/public_files/pim/assets/8a/8d/8f/62/628f8d8abb3a1aaaf0e8f149/images/a8/58/ae/65/65ae58a838eafe2925b17bac/SCR-PPL11_D.jpg|https://files.plytix.com/api/v1.1/file/public_files/pim/assets/8a/8d/8f/62/628f8d8abb3a1aaaf0e8f149/images/a9/58/ae/65/65ae58a9b819410dc4655b9a/SCR-PPL11_E.jpg","https://files.plytix.com/api/v1.1/file/public_files/pim/assets/8a/8d/8f/62/628f8d8abb3a1aaaf0e8f149/images/d3/00/a8/65/65a800d3d79397c4519254b6/LFST0324105.jpg","https://www.nevilleuk.com/products/SCR-PPL11_","CUP-PPL9","SCR-PBK11|SCR-PSF11|SCR-PRS11|SCR-PRC11|SCR-PMG11|SCR-PG11|SCR-PBL11|SCR-RKS11|SCR-PAG11"]
["PR-PPL26","Terra Porcelain Pearl Presentation Plate 26cm","26 x 3.3cm (Dia x H)",19.52,6,"Terra Porcelain>Pearl Terra Porcelain",{"$nulls":3},250,250,30,{"v":1,"d":"1.000"},{"v":1,"d":"1.000"},null,null,"Porcelain","6911100090","China",null,null,"Yes","Yes","Yes","Yes",{"$nulls":4},"No","No","\n•Durable Fully Vitrified Porcelain\n•Twice-Fired Process\n•High Temperature Firing\n•Conforms to BS4034 Vitrified Hotelware\n•Rolled Edges\n•Polished Foot\n•Unique Reactive Glaze Formula\n•Stackable","Terra Porcelain's undefined beauty is crafted through natural effects and spontaneous reactions that occur in the kiln. A unique glaze formula, combined with high-temperature firing, ensures no two pieces look exactly alike, with variations in color intensity creating a truly distinctive appearance. The Pearl Terra Porcelain collection draws inspiration from the iridescent hues and natural beauty of pearls with it's blend of soft whites, greens and blues which shimmer and shine. Each piece in the collection boasts a luxurious and unique pearlescent finish which adds a touch of opulence to culinary presentation perfect for a spectrum of dishes and cuisines.\n•Durable Fully Vitrified Porcelain: High-temperature firing creates a robust and long-lasting product, ideal for professional use\n•Twice-Fired Process: Enhances strength, durability, and the unique glaze finish, ensuring each piece performs in demanding environments\n•Conforms to Industry Standards: Meets BS4034 standards for vitrified hotelware, ensuring exceptional durability and quality in demanding environments\n•Rolled Edges: Enhances durability and provides added chip resistance, making it ideal for hotel, restaurant, and foodservice applications\n•Polished Foot: Minimises damage when stacked and stored, helping to maintain the integrity of each piece over time\n•Stackable: Optimises storage space, making it easy to stack securely without risking damage, perfect for busy kitchens\n•Unique Artisanal Finish: The natural kiln effects and spontaneous glaze reactions ensure every piece is truly one of a kind\n•Inspired Pearl Hue: The blend of soft whites, greens, and blues captures the iridescent beauty of natural pearls\n•Complete the Look: Pairs beautifully with other items in the Terra Porcelain range for a cohesive and stylish tabletop presentation","Each",null,"25","25","3","0.00188",{"v":1,"d":"1.000"},"05020403146674",6,"26.5","18.5","27","0.01324","6",{"v":6.6,"d":"6.600"},"05020403146681",12,"39","28.5","28.5","0.03168","12",{"v":13.2,"d":"13.200"},null,576,"https://files.plytix.com/api/v1.1/file/public_files/pim/assets/8a/8d/8f/62/628f8d8abb3a1aaaf0e8f149/images/62/da/af/65/65afda62c990972d7efedaca/TH_PR-PPL26.jpg","https://files.plytix.com/api/v1.1/file/public_files/pim/assets/8a/8d/8f/62/628f8d8abb3a1aaaf0e8f149/images/35/58/ae/65/65ae583538eafe2925b17b80/PR-PPL26_A.jpg|https://files.plytix.com/api/v1.1/file/public_files/pim/assets/8a/8d/8f/62/628f8d8abb3a1aaaf0e8f149/images/37/58/ae/65/65ae58376ae4d7faf18f3ad5/PR-PPL26_B.jpg|https://files.plytix.com/api/v1.1/file/public_files/pim/assets/8a/8d/8f/62/628f8d8abb3a1aaaf0e8f149/images/39/58/ae/65/65ae58396ae4d7faf18f3ad6/PR-PPL26_C.jpg|https://files.plytix.com/api/v1.1/file/public_files/pim/assets/8a/8d/8f/62/628f8d8abb3a1aaaf0e8f149/images/3b/58/ae/65/65ae583b38eafe2925b17b84/PR-PPL26_D.jpg|https://files.plytix.com/api/v1.1/file/public_files/pim/assets/8a/8d/8f/62/628f8d8abb3a1aaaf0e8f149/images/3c/58/ae/65/65ae583cd79397c4519304e0/PR-PPL26_E.jpg|https://files.plytix.com/api/v1.1/file/public_files/pim/assets/8a/8d/8f/62/628f8d8abb3a1aaaf0e8f149/images/3e/58/ae/65/65ae583e9837a6238d07b363/PR-PPL26_F.jpg|https://files.plytix.com/api/v1.1/file/public_files/pim/assets/8a/8d/8f/62/628f8d8abb3a1aaaf0e8f149/images/40/58/ae/65/65ae5840deb2a92314bc8203/PR-PPL26_G.jpg|https://files.plytix.com/api/v1.1/file/public_files/pim/assets/8a/8d/8f/62/628f8d8abb3a1aaaf0e8f149/images/42/58/ae/65/65ae58426ae4d7faf18f3adb/PR-PPL26_H.jpg","https://files.plytix.com/api/v1.1/file/public_files/pim/assets/8a/8d/8f/62/628f8d8abb3a1aaaf0e8f149/images/8d/fe/a7/65/65a7fe8dd79397c451925427/LFST0324014.jpg|https://files.plytix.com/api/v1.1/file/public_files/pim/assets/8a/8d/8f/62/628f8d8abb3a1aaaf0e8f149/images/91/fe/a7/65/65a7fe919837a6238d070c65/LFST0324015.jpg|https://files.plytix.com/api/v1.1/file/public_files/pim/assets/8a/8d/8f/62/628f8d8abb3a1aaaf0e8f149/images/95/fe/a7/65/65a7fe95d79397c45192542d/LFST0324016.jpg|https://files.plytix.com/api/v1.1/file/public_files/pim/assets/8a/8d/8f/62/628f8d8abb3a1aaaf0e8f149/images/9a/fe/a7/65/65a7fe9ab819410dc464a8a7/LFST0324017.jpg|https://files.plytix.com/api/v1.1/file/public_files/pim/assets/8a/8d/8f/62/628f8d8abb3a1aaaf0e8f149/images/a5/fe/a7/65/65a7fea5d79397c451925437/LFST0324019.jpg|https://files.plytix.com/api/v1.1/file/public_files/pim/assets/8a/8d/8f/62/628f8d8abb3a1aaaf0e8f149/images/80/fe/a7/65/65a7fe806ae4d7faf18e81a7/LFST0324011.jpg|https://files.plytix.com/api/v1.1/file/public_files/pim/assets/8a/8d/8f/62/628f8d8abb3a1aaaf0e8f149/images/bd/fe/a7/65/65a7febd38eafe2925b0cfd2/LFST0324023.jpg|https://files.plytix.com/api/v1.1/file/public_files/pim/assets/8a/8d/8f/62/628f8d8abb3a1aaaf0e8f149/images/84/fe/a7/65/65a7fe84d79397c451925424/LFST0324012.jpg|https://files.plytix.com/api/v1.1/file/public_files/pim/assets/8a/8d/8f/62/628f8d8abb3a1aaaf0e8f149/images/88/fe/a7/65/65a7fe886ae4d7faf18e81a8/LFST0324013.jpg","https://www.nevilleuk.com/products/PR-PPL26_",null,"PR-PBK26|PR-PBL26|PR-PG26|PR-PMG26|PR-PRC26|PR-PRS26|PR-PSF26|PR-RKS26|PRT-PBL26|PR-PAG26"]
["NR-PPL30","Terra Porcelain Pearl Narrow Rectangular Platter 31 x 14cm","31 x 14cm (L x W)",{"v":20.8,"d":"20.80"},6,"Terra Porcelain>Pearl Terra Porcelain",{"$nulls":3},300,135,30,{"v":0.7,"d":"0.700"},{"v":0.7,"d":"0.700"},null,null,"Porcelain","6911100090","China",null,null,"Yes","Yes","Yes","Yes",{"$nulls":4},"No","No","\n•Durable Fully Vitrified Porcelain\n•Twice-Fired Process\n•High Temperature Firing\n•Conforms to BS4034 Vitrified Hotelware\n•Rolled Edges\n•Polished Foot\n•Unique Reactive Glaze Formula","Terra Porcelain's undefined beauty is crafted through natural effects and spontaneous reactions that occur in the kiln. A unique glaze formula, combined with high-temperature firing, ensures no two pieces look exactly alike, with variations in color intensity creating a truly distinctive appearance. The Pearl Terra Porcelain collection draws inspiration from the iridescent hues and natural beauty of pearls with it's blend of soft whites, greens and blues which shimmer and shine. Each piece in the collection boasts a luxurious and unique pearlescent finish which adds a touch of opulence to culinary presentation perfect for a spectrum of dishes and cuisines.\n•Durable Fully Vitrified Porcelain: High-temperature firing creates a robust and long-lasting product, ideal for professional use\n•Twice-Fired Process: Enhances strength, durability, and the unique glaze finish, ensuring each piece performs in demanding environments\n•Conforms to Industry Standards: Meets BS4034 standards for vitrified hotelware, ensuring exceptional durability and quality in demanding environments\n•Rolled Edges: Enhances durability and provides added chip resistance, making it ideal for hotel, restaurant, and foodservice applications\n•Polished Foot: Minimises damage when stacked and stored, helping to maintain the integrity of each piece over time\n•Unique Artisanal Finish: The natural kiln effects and spontaneous glaze reactions ensure every piece is truly one of a kind\n•Inspired Pearl Hue: The blend of soft whites, greens, and blues captures the iridescent beauty of natural pearls\n•Complete the Look: Pairs beautifully with other items in the Terra Porcelain range for a cohesive and stylish tabletop presentation","Each",null,"30","13.5","3","0.00122",{"v":0.7,"d":"0.700"},"05020403146520",6,"32","10","15.5","0.00496","4.2",4.862,"05020403146537",24,"35","25","35","0.03063","16.8",{"v":19.45,"d":"19.450"},null,576,"https://files.plytix.com/api/v1.1/file/public_files/pim/assets/8a/8d/8f/62/628f8d8abb3a1aaaf0e8f149/images/61/da/af/65/65afda61190a887cfa26bdae/TH_NR-PPL30.jpg","https://files.plytix.com/api/v1.1/file/public_files/pim/assets/8a/8d/8f/62/628f8d8abb3a1aaaf0e8f149/images/ec/57/ae/65/65ae57ecd79397c4519304b8/NR-PPL30_A.jpg|https://files.plytix.com/api/v1.1/file/public_files/pim/assets/8a/8d/8f/62/628f8d8abb3a1aaaf0e8f149/images/ee/57/ae/65/65ae57ee6ae4d7faf18f3aab/NR-PPL30_B.jpg|https://files.plytix.com/api/v1.1/file/public_files/pim/assets/8a/8d/8f/62/628f8d8abb3a1aaaf0e8f149/images/ef/57/ae/65/65ae57ef38eafe2925b17b6a/NR-PPL30_C.jpg|https://files.plytix.com/api/v1.1/file/public_files/pim/assets/8a/8d/8f/62/628f8d8abb3a1aaaf0e8f149/images/f1/57/ae/65/65ae57f19837a6238d07b33c/NR-PPL30_D.jpg|https://files.plytix.com/api/v1.1/file/public_files/pim/assets/8a/8d/8f/62/628f8d8abb3a1aaaf0e8f149/images/f2/57/ae/65/65ae57f2b819410dc4655b54/NR-PPL30_E.jpg|https://files.plytix.com/api/v1.1/file/public_files/pim/assets/8a/8d/8f/62/628f8d8abb3a1aaaf0e8f149/images/f4/57/ae/65/65ae57f4d79397c4519304bd/NR-PPL30_F.jpg","https://files.plytix.com/api/v1.1/file/public_files/pim/assets/8a/8d/8f/62/628f8d8abb3a1aaaf0e8f149/images/c7/fe/a7/65/65a7fec738eafe2925b0cfdb/LFST0324026.jpg|https://files.plytix.com/api/v1.1/file/public_files/pim/assets/8a/8d/8f/62/628f8d8abb3a1aaaf0e8f149/images/91/fe/a7/65/65a7fe919837a6238d070c65/LFST0324015.jpg|https://files.plytix.com/api/v1.1/file/public_files/pim/assets/8a/8d/8f/62/628f8d8abb3a1aaaf0e8f149/images/95/fe/a7/65/65a7fe95d79397c45192542d/LFST0324016.jpg|https://files.plytix.com/api/v1.1/file/public_files/pim/assets/8a/8d/8f/62/628f8d8abb3a1aaaf0e8f149/images/b2/fe/a7/65/65a7feb238eafe2925b0cfcf/LFST0324021.jpg|https://files.plytix.com/api/v1.1/file/public_files/pim/assets/8a/8d/8f/62/628f8d8abb3a1aaaf0e8f149/images/c0/fe/a7/65/65a7fec0d79397c45192543b/LFST0324024.jpg|https://files.plytix.com/api/v1.1/file/public_files/pim/assets/8a/8d/8f/62/628f8d8abb3a1aaaf0e8f149/images/fd/01/a8/65/65a801fdb819410dc464a988/LFST0324147.jpg|https://files.plytix.com/api/v1.1/file/public_files/pim/assets/8a/8d/8f/62/628f8d8abb3a1aaaf0e8f149/images/1e/02/a8/65/65a8021e38eafe2925b0d050/LFST0324154.jpg|https://files.plytix.com/api/v1.1/file/public_files/pim/assets/8a/8d/8f/62/628f8d8abb3a1aaaf0e8f149/images/50/02/a8/65/65a80250d79397c45192550a/LFST0324164.jpg|https://files.plytix.com/api/v1.1/file/public_files/pim/assets/8a/8d/8f/62/628f8d8abb3a1aaaf0e8f149/images/5d/02/a8/65/65a8025d9837a6238d070d75/LFST0324166.jpg|https://files.plytix.com/api/v1.1/file/public_files/pim/assets/8a/8d/8f/62/628f8d8abb3a1aaaf0e8f149/images/f8/01/a8/65/65a801f8b819410dc464a987/LFST0324146.jpg|https://files.plytix.com/api/v1.1/file/public_files/pim/assets/8a/8d/8f/62/628f8d8abb3a1aaaf0e8f149/images/39/02/a8/65/65a80239b819410dc464a999/LFST0324160.jpg","https://www.nevilleuk.com/products/NR-PPL30_",null,"NR-PBK30|NR-PBL30|NR-PG30|NR-PMG30|NR-PRC30|NR-PRS30|NR-PSF30|NR-PAG30"]
["CUP-PPL28","Terra Porcelain Pearl Coffee Cup 28.5cl/ 10oz","28.5cl/10oz",10.48,6,"Terra Porcelain>Pearl Terra Porcelain",{"$nulls":3},120,100,65,{"v":0.2,"d":"0.200"},{"v":0.2,"d":"0.200"},{"v":28.5,"d":"28.50"},"10","Porcelain","6911100090","China",null,null,"Yes","Yes","Yes","Yes",{"$nulls":4},"No","No","\n•Durable Fully Vitrified Porcelain\n•Twice-Fired Process\n•High Temperature Firing\n•Conforms to BS4034 Vitrified Hotelware\n•Rolled Edges\n•Polished Foot\n•Unique Reactive Glaze Formula","Terra Porcelain's undefined beauty is crafted through natural effects and spontaneous reactions that occur in the kiln. A unique glaze formula, combined with high-temperature firing, ensures no two pieces look exactly alike, with variations in color intensity creating a truly distinctive appearance. The Pearl Terra Porcelain collection draws inspiration from the iridescent hues and natural beauty of pearls with it's blend of soft whites, greens and blues which shimmer and shine. Each piece in the collection boasts a luxurious and unique pearlescent finish which adds a touch of opulence to culinary presentation perfect for a spectrum of dishes and cuisines.\n•Durable Fully Vitrified Porcelain: High-temperature firing creates a robust and long-lasting product, ideal for professional use\n•Twice-Fired Process: Enhances strength, durability, and the unique glaze finish, ensuring each piece performs in demanding environments\n•Conforms to Industry Standards: Meets BS4034 standards for vitrified hotelware, ensuring exceptional durability and quality in demanding environments\n•Rolled Edges: Enhances durability and provides added chip resistance, making it ideal for hotel, restaurant, and foodservice applications\n•Polished Foot: Minimises damage when stacked and stored, helping to maintain the integrity of each piece over time\n•Unique Artisanal Finish: The natural kiln effects and spontaneous glaze reactions ensure every piece is truly one of a kind\n•Inspired Pearl Hue: The blend of soft whites, greens, and blues captures the iridescent beauty of natural pearls\n•Complete the Look: Pairs beautifully with other items in the Terra Porcelain range for a cohesive and stylish tabletop presentation","Each",null,"12","10","6.5","0.00078",{"v":0.2,"d":"0.200"},"05020403146377",6,"32.5","22","8","0.00572","1.2",{"v":1.95,"d":"1.950"},"05020403146384",24,"46.5","35","19","0.03092","4.8",{"v":7.8,"d":"7.800"},null,960,"https://files.plytix.com/api/v1.1/file/public_files/pim/assets/8a/8d/8f/62/628f8d8abb3a1aaaf0e8f149/images/5e/da/af/65/65afda5e651115fa299ccf6d/TH_CUP-PPL28.jpg","https://files.plytix.com/api/v1.1/file/public_files/pim/assets/8a/8d/8f/62/628f8d8abb3a1aaaf0e8f149/images/e5/53/ae/65/65ae53e56ae4d7faf18f38e2/CUP-PPL28.jpg|https://files.plytix.com/api/v1.1/file/public_files/pim/assets/8a/8d/8f/62/628f8d8abb3a1aaaf0e8f149/images/ad/57/ae/65/65ae57addeb2a92314bc81bf/CUP-PPL28_A.jpg|https://files.plytix.com/api/v1.1/file/public_files/pim/assets/8a/8d/8f/62/628f8d8abb3a1aaaf0e8f149/images/af/57/ae/65/65ae57afdeb2a92314bc81c0/CUP-PPL28_B.jpg|https://files.plytix.com/api/v1.1/file/public_files/pim/assets/8a/8d/8f/62/628f8d8abb3a1aaaf0e8f149/images/b0/57/ae/65/65ae57b09837a6238d07b2fc/CUP-PPL28_C.jpg","https://files.plytix.com/api/v1.1/file/public_files/pim/assets/8a/8d/8f/62/628f8d8abb3a1aaaf0e8f149/images/d3/00/a8/65/65a800d3d79397c4519254b6/LFST0324105.jpg","https://www.nevilleuk.com/products/CUP-PPL28_","SCR-PPL14","CUP-PBK28|CUP-PBL28|CUP-PG28|CUP-PMG28|CUP-PRC28|CUP-PRS28|CUP-PSF28|CUP-RKS28|CUP-PAG28"]
["CUP-PPL23","Terra Porcelain Pearl Coffee Cup 22cl/ 7.75oz","22cl/7.75oz",{"v":8.4,"d":"8.40"},6,"Terra Porcelain>Pearl Terra Porcelain",{"$nulls":3},105,85,60,{"v":0.2,"d":"0.200"},{"v":0.2,"d":"0.200"},{"v":22,"d":"22.00"},"7.7","Porcelain","6911100090","China",null,null,"Yes","Yes","Yes","Yes",{"$nulls":4},"No","No","\n•Durable Fully Vitrified Porcelain\n•Twice-Fired Process\n•High Temperature Firing\n•Conforms to BS4034 Vitrified Hotelware\n•Rolled Edges\n•Polished Foot\n•Unique Reactive Glaze Formula","Terra Porcelain's undefined beauty is crafted through natural effects and spontaneous reactions that occur in the kiln. A unique glaze formula, combined with high-temperature firing, ensures no two pieces look exactly alike, with variations in color intensity creating a truly distinctive appearance. The Pearl Terra Porcelain collection draws inspiration from the iridescent hues and natural beauty of pearls with it's blend of soft whites, greens and blues which shimmer and shine. Each piece in the collection boasts a luxurious and unique pearlescent finish which adds a touch of opulence to culinary presentation perfect for a spectrum of dishes and cuisines.\n•Durable Fully Vitrified Porcelain: High-temperature firing creates a robust and long-lasting product, ideal for professional use\n•Twice-Fired Process: Enhances strength, durability, and the unique glaze finish, ensuring each piece performs in demanding environments\n•Conforms to Industry Standards: Meets BS4034 standards for vitrified hotelware, ensuring exceptional durability and quality in demanding environments\n•Rolled Edges: Enhances durability and provides added chip resistance, making it ideal for hotel, restaurant, and foodservice applications\n•Polished Foot: Minimises damage when stacked and stored, helping to maintain the integrity of each piece over time\n•Unique Artisanal Finish: The natural kiln effects and spontaneous glaze reactions ensure every piece is truly one of a kind\n•Inspired Pearl Hue: The blend of soft whites, greens, and blues captures the iridescent beauty of natural pearls\n•Complete the Look: Pairs beautifully with other items in the Terra Porcelain range for a cohesive and stylish tabletop presentation","Each",null,"10.5","8.5","6","0.00054",{"v":0.2,"d":"0.200"},"05020403146346",6,"28","20","8","0.00448","1.2",1.433,"05020403146353",36,"41","30","28","0.03444","7.2",{"v":8.6,"d":"8.600"},null,864,"https://files.plytix.com/api/v1.1/file/public_files/pim/assets/8a/8d/8f/62/628f8d8abb3a1aaaf0e8f149/images/5e/da/af/65/65afda5e4703f37318c1fafa/TH_CUP-PPL23.jpg","https://files.plytix.com/api/v1.1/file/public_files/pim/assets/8a/8d/8f/62/628f8d8abb3a1aaaf0e8f149/images/e4/53/ae/65/65ae53e438eafe2925b179a6/CUP-PPL23.jpg|https://files.plytix.com/api/v1.1/file/public_files/pim/assets/8a/8d/8f/62/628f8d8abb3a1aaaf0e8f149/images/ab/57/ae/65/65ae57abd79397c451930491/CUP-PPL23_A.jpg","https://files.plytix.com/api/v1.1/file/public_files/pim/assets/8a/8d/8f/62/628f8d8abb3a1aaaf0e8f149/images/d3/00/a8/65/65a800d3d79397c4519254b6/LFST0324105.jpg","https://www.nevilleuk.com/products/CUP-PPL23_","SCR-PPL14","CUP-PBK23|CUP-PBL23|CUP-PG23|CUP-PMG23|CUP-PRC23|CUP-PRS23|CUP-PSF23|CUP-RKS23|CUP-PAG23"]
["CC-PPL32","Terra Porcelain Pearl Chip Cup 30cl/ 10.5oz","30cl/10.5oz",9.66,6,"Terra Porcelain>Pearl Terra Porcelain",{"$nulls":3},85,85,85,{"v":0.25,"d":"0.250"},{"v":0.25,"d":"0.250"},{"v":30,"d":"30.00"},"10.6","Porcelain","6911100090","China",null,null,"Yes","Yes","Yes","Yes",{"$nulls":4},"No","No","\n•Durable Fully Vitrified Porcelain\n•Twice-Fired Process\n•High Temperature Firing\n•Conforms to BS4034 Vitrified Hotelware\n•Rolled Edges\n•Polished Foot\n•Unique Reactive Glaze Formula","Terra Porcelain's undefined beauty is crafted through natural effects and spontaneous reactions that occur in the kiln. A unique glaze formula, combined with high-temperature firing, ensures no two pieces look exactly alike, with variations in color intensity creating a truly distinctive appearance. The Pearl Terra Porcelain collection draws inspiration from the iridescent hues and natural beauty of pearls with it's blend of soft whites, greens and blues which shimmer and shine. Each piece in the collection boasts a luxurious and unique pearlescent finish which adds a touch of opulence to culinary presentation perfect for a spectrum of dishes and cuisines.\n•Durable Fully Vitrified Porcelain: High-temperature firing creates a robust and long-lasting product, ideal for professional use\n•Twice-Fired Process: Enhances strength, durability, and the unique glaze finish, ensuring each piece performs in demanding environments\n•Conforms to Industry Standards: Meets BS4034 standards for vitrified hotelware, ensuring exceptional durability and quality in demanding environments\n•Rolled Edges: Enhances durability and provides added chip resistance, making it ideal for hotel, restaurant, and foodservice applications\n•Polished Foot: Minimises damage when stacked and stored, helping to maintain the integrity of each piece over time\n•Unique Artisanal Finish: The natural kiln effects and spontaneous glaze reactions ensure every piece is truly one of a kind\n•Inspired Pearl Hue: The blend of soft whites, greens, and blues captures the iridescent beauty of natural pearls\n•Complete the Look: Pairs beautifully with other items in the Terra Porcelain range for a cohesive and stylish tabletop presentation","Each",null,"8.5","8.5","8.5","0.00061",{"v":0.25,"d":"0.250"},"05020403146223",6,"22","20","10","0.00440","1.5",1.998,"05020403146230",48,"45","41","24","0.04428","12",{"v":15.95,"d":"15.950"},null,1152,"https://files.plytix.com/api/v1.1/file/public_files/pim/assets/8a/8d/8f/62/628f8d8abb3a1aaaf0e8f149/images/5d/da/af/65/65afda5d4703f37318c1faf5/TH_CC-PPL32.jpg","https://files.plytix.com/api/v1.1/file/public_files/pim/assets/8a/8d/8f/62/628f8d8abb3a1aaaf0e8f149/images/dc/53/ae/65/65ae53dc38eafe2925b179a0/CC-PPL32.jpg|https://files.plytix.com/api/v1.1/file/public_files/pim/assets/8a/8d/8f/62/628f8d8abb3a1aaaf0e8f149/images/8d/57/ae/65/65ae578db819410dc4655b2b/CC-PPL32_A.jpg","https://files.plytix.com/api/v1.1/file/public_files/pim/assets/8a/8d/8f/62/628f8d8abb3a1aaaf0e8f149/images/06/d1/a1/67/67a1d106678af07d2988c384/LFST0325297.jpg","https://www.nevilleuk.com/products/CC-PPL32_",null,"CC-PBL32|CC-PBK32|CC-PG32|CC-PMG32|CC-PRS32|CC-PRC32|CC-PSF32|CC-PAG32"]
["BW-PPL11","Terra Porcelain Pearl Round Bowl 11.5cm","11.5cm (Dia)",10.38,6,"Terra Porcelain>Pearl Terra Porcelain",{"$nulls":3},110,110,60,{"v":0.25,"d":"0.250"},{"v":0.25,"d":"0.250"},null,null,"Porcelain","6911100090","China",null,null,"Yes","Yes","Yes","Yes",{"$nulls":3},"5 Year Edge Chip Guarantee","No","No","\n•Durable Fully Vitrified Porcelain\n•Twice-Fired Process\n•High Temperature Firing\n•Conforms to BS4034 Vitrified Hotelware\n•Rolled Edges\n•Polished Foot\n•Unique Reactive Glaze Formula","Terra Porcelain's undefined beauty is crafted through natural effects and spontaneous reactions that occur in the kiln. A unique glaze formula, combined with high-temperature firing, ensures no two pieces look exactly alike, with variations in color intensity creating a truly distinctive appearance. The Pearl Terra Porcelain collection draws inspiration from the iridescent hues and natural beauty of pearls with it's blend of soft whites, greens and blues which shimmer and shine. Each piece in the collection boasts a luxurious and unique pearlescent finish which adds a touch of opulence to culinary presentation perfect for a spectrum of dishes and cuisines.\n•Durable Fully Vitrified Porcelain: High-temperature firing creates a robust and long-lasting product, ideal for professional use\n•Twice-Fired Process: Enhances strength, durability, and the unique glaze finish, ensuring each piece performs in demanding environments\n•Conforms to Industry Standards: Meets BS4034 standards for vitrified hotelware, ensuring exceptional durability and quality in demanding environments\n•Rolled Edges: Enhances durability and provides added chip resistance, making it ideal for hotel, restaurant, and foodservice applications\n•Polished Foot: Minimises damage when stacked and stored, helping to maintain the integrity of each piece over time\n•Unique Artisanal Finish: The natural kiln effects and spontaneous glaze reactions ensure every piece is truly one of a kind\n•Inspired Pearl Hue: The blend of soft whites, greens, and blues captures the iridescent beauty of natural pearls\n•Complete the Look: Pairs beautifully with other items in the Terra Porcelain range for a cohesive and stylish tabletop presentation﻿5 Year Edge Chip Guarantee is only valid for orders placed from the 1st September 2024","Each",null,"11","11","6","0.00073",{"v":0.25,"d":"0.250"},"05020403146100",6,"24","16","13","0.00499","1.5",2.256,"05020403146117",48,"50","34","29.5","0.05015","12",{"v":18.05,"d":"18.050"},null,864,"https://files.plytix.com/api/v1.1/file/public_files/pim/assets/8a/8d/8f/62/628f8d8abb3a1aaaf0e8f149/images/5a/da/af/65/65afda5ac990972d7efedac5/TH_BW-PPL11.jpg","https://files.plytix.com/api/v1.1/file/public_files/pim/assets/8a/8d/8f/62/628f8d8abb3a1aaaf0e8f149/images/a0/53/ae/65/65ae53a06ae4d7faf18f38a9/BW-PPL11.jpg|https://files.plytix.com/api/v1.1/file/public_files/pim/assets/8a/8d/8f/62/628f8d8abb3a1aaaf0e8f149/images/34/57/ae/65/65ae5734deb2a92314bc817d/BW-PPL11_A.jpg","https://files.plytix.com/api/v1.1/file/public_files/pim/assets/8a/8d/8f/62/628f8d8abb3a1aaaf0e8f149/images/f8/01/a8/65/65a801f8b819410dc464a987/LFST0324146.jpg|https://files.plytix.com/api/v1.1/file/public_files/pim/assets/8a/8d/8f/62/628f8d8abb3a1aaaf0e8f149/images/fd/01/a8/65/65a801fdb819410dc464a988/LFST0324147.jpg|https://files.plytix.com/api/v1.1/file/public_files/pim/assets/8a/8d/8f/62/628f8d8abb3a1aaaf0e8f149/images/30/02/a8/65/65a80230deb2a92314bbdd46/LFST0324158.jpg|https://files.plytix.com/api/v1.1/file/public_files/pim/assets/8a/8d/8f/62/628f8d8abb3a1aaaf0e8f149/images/02/02/a8/65/65a802029837a6238d070d5f/LFST0324148.jpg|https://files.plytix.com/api/v1.1/file/public_files/pim/assets/8a/8d/8f/62/628f8d8abb3a1aaaf0e8f149/images/3f/02/a8/65/65a8023f9837a6238d070d6c/LFST0324161.jpg|https://files.plytix.com/api/v1.1/file/public_files/pim/assets/8a/8d/8f/62/628f8d8abb3a1aaaf0e8f149/images/06/02/a8/65/65a80206b819410dc464a98a/LFST0324149.jpg|https://files.plytix.com/api/v1.1/file/public_files/pim/assets/8a/8d/8f/62/628f8d8abb3a1aaaf0e8f149/images/0b/02/a8/65/65a8020bb819410dc464a98b/LFST0324150.jpg|https://files.plytix.com/api/v1.1/file/public_files/pim/assets/8a/8d/8f/62/628f8d8abb3a1aaaf0e8f149/images/34/02/a8/65/65a802349837a6238d070d67/LFST0324159.jpg","https://www.nevilleuk.com/products/BW-PPL11_",null,"BW-PBK11|BW-PBL11|BW-PG11|BW-PMG11|BW-PRC11|BW-PRS11|BW-PSF11|BW-PAG11"]
["WDB18BK","GenWare Black Deco Display Basket 25 x 18cm","25 x 18cm (Dia x H)",35.62,1,"Buffet & Display>Display Baskets & Bags",{"$nulls":3},250,250,180,{"v":0.66,"d":"0.660"},{"v":0.66,"d":"0.660"},null,null,"Powder Coating,Steel","7323990090","India",null,null,"No",{"$nulls":7},"No","No","\n•Coated Wire Display Basket\n•A Great Alternative Way For Serving Sharing Or Main Dishes\n•Can also be used as part of a buffet or counter display","Elevate your buffet and display presentations with our Art Deco-inspired stackable baskets. Crafted from durable, coated steel, these baskets blend style with modern functionality, making it an excellent choice for creating visually appealing displays.\n•Made from coated steel\n•Art deco design blends style with functionailty\n•Great as part of a buffet or used for counter displays","Each","5020403106425","25","25","18","0.01125",{"v":0.66,"d":"0.660"},{"$nulls":8},"05020403106432",4,"55","29","45","0.07178","2.64",{"v":5.6,"d":"5.600"},null,32,"https://files.plytix.com/api/v1.1/file/public_files/pim/assets/8a/8d/8f/62/628f8d8abb3a1aaaf0e8f149/images/a7/8e/b4/66/66b48ea70baf06fe10636bf2/TH_WDB18BK.jpg","https://files.plytix.com/api/v1.1/file/public_files/pim/assets/8a/8d/8f/62/628f8d8abb3a1aaaf0e8f149/images/cf/79/b4/66/66b479cfe7186c3ac4e305f3/WDB18BK.jpg","https://files.plytix.com/api/v1.1/file/public_files/pim/assets/8a/8d/8f/62/628f8d8abb3a1aaaf0e8f149/images/a2/6f/b4/66/66b46fa2c7b5936d26a05cdd/LFST0924177.jpg","https://www.nevilleuk.com/products/WDB18BK_",null,"WDB18C"]
["WDB10BK","GenWare Black Deco Display Basket 25 x 10cm","25 x 10cm (Dia x H)",{"v":30.3,"d":"30.30"},1,"Buffet & Display>Display Baskets & Bags",{"$nulls":3},250,250,100,{"v":0.95,"d":"0.950"},{"v":0.95,"d":"0.950"},null,null,"Powder Coating,Steel","7323990090","India",null,null,"No",{"$nulls":7},"No","No","\n•Coated Wire Display Basket\n•A Great Alternative Way For Serving Sharing Or Main Dishes\n•Can also be used as part of a buffet or counter display","Elevate your buffet and display presentations with our Art Deco-inspired stackable baskets. Crafted from durable, coated steel, these baskets blend style with modern functionality, making it an excellent choice for creating visually appealing displays.\n•Made from coated steel\n•Art deco design blends style with functionailty\n•Great as part of a buffet or used for counter displays","Each","5020403106388","25","25","10","0.00625",{"v":0.95,"d":"0.950"},{"$nulls":8},"05020403106395",6,"55","29","40","0.06380","5.7",{"v":6.4,"d":"6.400"},null,72,"https://files.plytix.com/api/v1.1/file/public_files/pim/assets/8a/8d/8f/62/628f8d8abb3a1aaaf0e8f149/images/a7/8e/b4/66/66b48ea7eade129dc98277b6/TH_WDB10BK.jpg","https://files.plytix.com/api/v1.1/file/public_files/pim/assets/8a/8d/8f/62/628f8d8abb3a1aaaf0e8f149/images/cc/79/b4/66/66b479ccb49a9c3a77fddd3d/WDB10BK.jpg","https://files.plytix.com/api/v1.1/file/public_files/pim/assets/8a/8d/8f/62/628f8d8abb3a1aaaf0e8f149/images/a6/6f/b4/66/66b46fa681a90fe9eccc9217/LFST0924178.jpg","https://www.nevilleuk.com/products/WDB10BK_",null,"WDB10C"]
["TRZ-3218","GenWare Terrazzo Platter 32 x 18cm GN 1/3","32 x 18 x 1.5cm (L x W x H)",24.74,1,"Table Presentation>Terrazzo",{"$nulls":3},325,175,15,{"v":2,"d":"2.000"},{"v":2,"d":"2.000"},null,null,"Terrazzo","6802290000","China",null,null,"No","N/A","N/A","N/A",{"$nulls":4},"No","No","\n•Made From Terrazzo\n•Features Non-Slip Feet\n•GN1/3 Sizing","GenWare Terrazzo Platters are a multifunctional product used for buffets, coffee shop displays or tabletop food presentation. The platters are made of terrazzo, a composite material consisting of cement and small marble chips in a variety of colours resulting in individual characteristics across every piece. Terrazzo is a durable and pleasingly vibrant material that will bring a touch of colour to food presentation.\n•Made from Terrazzo\n•Great for buffet and displays or sharing platters at the table\n•Non-slip feet for easy grip and stability","Each","5020403119524","32.5","17.5","1.5","0.00085",{"v":2,"d":"2.000"},{"$nulls":8},"05020403119531",6,"35","17.5","20","0.01225","12",{"v":14,"d":"14.000"},null,288,"https://files.plytix.com/api/v1.1/file/public_files/pim/assets/8a/8d/8f/62/628f8d8abb3a1aaaf0e8f149/images/1b/e4/af/65/65afe41b651115fa299cd073/TH_TRZ-3218.jpg","https://files.plytix.com/api/v1.1/file/public_files/pim/assets/8a/8d/8f/62/628f8d8abb3a1aaaf0e8f149/images/b0/54/ae/65/65ae54b09837a6238d07b1ab/TRZ-3218.jpg|https://files.plytix.com/api/v1.1/file/public_files/pim/assets/8a/8d/8f/62/628f8d8abb3a1aaaf0e8f149/images/d1/58/ae/65/65ae58d16ae4d7faf18f3b4f/TRZ-3218_A.jpg","https://files.plytix.com/api/v1.1/file/public_files/pim/assets/8a/8d/8f/62/628f8d8abb3a1aaaf0e8f149/images/e2/00/a8/65/65a800e2d79397c4519254be/LFST0324107.jpg|https://files.plytix.com/api/v1.1/file/public_files/pim/assets/8a/8d/8f/62/628f8d8abb3a1aaaf0e8f149/images/82/01/a8/65/65a80182b819410dc464a970/LFST0324124.jpg|https://files.plytix.com/api/v1.1/file/public_files/pim/assets/8a/8d/8f/62/628f8d8abb3a1aaaf0e8f149/images/89/01/a8/65/65a80189d79397c4519254e1/LFST0324125.jpg|https://files.plytix.com/api/v1.1/file/public_files/pim/assets/8a/8d/8f/62/628f8d8abb3a1aaaf0e8f149/images/1d/01/a8/65/65a8011d9837a6238d070d30/LFST0324113.jpg|https://files.plytix.com/api/v1.1/file/public_files/pim/assets/8a/8d/8f/62/628f8d8abb3a1aaaf0e8f149/images/30/01/a8/65/65a801309837a6238d070d31/LFST0324115.jpg|https://files.plytix.com/api/v1.1/file/public_files/pim/assets/8a/8d/8f/62/628f8d8abb3a1aaaf0e8f149/images/47/01/a8/65/65a80147b819410dc464a957/LFST0324118.jpg","https://www.nevilleuk.com/products/TRZ-3218_",null,"MBL-3218W|MBL-3218G|MBL-3218GR|MBL-3218DG"]
["R278-02","GenWare Melamine Matt White Ripple Ramekin 56ml/ 2oz","6.2 x 3.5cm (Dia x H)",2.38,24,"Table Presentation>Ramekins & Sauce Bottles",{"$nulls":3},60,60,35,0.032,0.032,{"v":5.6,"d":"5.60"},"2","Melamine","3924100011","China",null,null,"Yes","N/A","No","N/A",{"$nulls":4},"No","No","\n•Made From Melamine\n•Strong, Light And Virtually Unbreakable\n•Great for Individual Condiment Portions\n•Stackable","GenWare Melamine Ramekins are perfect for presenting sauces and dips. The range offers ramekins in a variety of styles, colours and sizes. Ideal for busy establishments due to its durable, scratch and chip resistant nature.\n•Great for dips and sauces\n•Melamine is highly resistant to chipping, scratches and staining\n•Lightweight, strong and virtually unbreakable\n•Temperature range:  -20 to 70C","Each",null,"6","6","3.5","0.00013",0.032,"05020403119029",24,"13","13","12","0.00203","0.768",0.866,"05020403119036",144,"40","15","28","0.01680","4.608",{"v":5.2,"d":"5.200"},null,4608,"https://files.plytix.com/api/v1.1/file/public_files/pim/assets/8a/8d/8f/62/628f8d8abb3a1aaaf0e8f149/images/63/da/af/65/65afda634703f37318c1fb03/TH_R278-02.jpg","https://files.plytix.com/api/v1.1/file/public_files/pim/assets/8a/8d/8f/62/628f8d8abb3a1aaaf0e8f149/images/09/54/ae/65/65ae5409d79397c451930387/R278-02.jpg","https://files.plytix.com/api/v1.1/file/public_files/pim/assets/8a/8d/8f/62/628f8d8abb3a1aaaf0e8f149/images/52/03/a8/65/65a80352b819410dc464a9c2/LFST0324215.jpg|https://files.plytix.com/api/v1.1/file/public_files/pim/assets/8a/8d/8f/62/628f8d8abb3a1aaaf0e8f149/images/92/03/a8/65/65a803929837a6238d070d97/LFST0324222.jpg|https://files.plytix.com/api/v1.1/file/public_files/pim/assets/8a/8d/8f/62/628f8d8abb3a1aaaf0e8f149/images/9f/03/a8/65/65a8039fd79397c451925549/LFST0324223.jpg|https://files.plytix.com/api/v1.1/file/public_files/pim/assets/8a/8d/8f/62/628f8d8abb3a1aaaf0e8f149/images/49/03/a8/65/65a8034938eafe2925b0d080/LFST0324214.jpg|https://files.plytix.com/api/v1.1/file/public_files/pim/assets/8a/8d/8f/62/628f8d8abb3a1aaaf0e8f149/images/c3/03/a8/65/65a803c3b819410dc464a9e7/LFST0324227.jpg","https://www.nevilleuk.com/products/R278-02_",null,"R278-03|R278-04"]
["003MTBK","GenWare Metallic Black Wine Cooler","12 x 20cm (Dia x H)",39.48,1,"Barware>Buckets, Coolers & Stands",{"$nulls":3},120,120,200,{"v":0.54,"d":"0.540"},{"v":0.54,"d":"0.540"},null,null,"Stainless Steel","7323930090","India",null,null,"Yes","N/A","N/A","N/A",{"$nulls":4},"No","No","\n•Double Walled\n•Keeps Wine Cooler For Longer\n•Contemporary Design\n•One Bottle Capacity\n•Sleek Metallic Black Finish","Elevate your customers' dining experience with our sophisticated Metallic Black Wine Cooler. Crafted with a contemporary design, it adds a touch of elegance to any table setting. With its ability to keep wine cooler for longer, thanks to the double walled construction, your guests can savor every sip at the perfect temperature. Enhance the ambiance and service of your restaurant with our stylish wine accessory.\n•\n•Double walled\n•Keeps wine cooler for longer\n•Contemporary design\n•One bottle capacity\n•Sleek metallic black finish","Each","5020403404668","12","12","20","0.00288",{"v":0.54,"d":"0.540"},{"$nulls":8},"05020403404675",12,"39","27.5","44","0.04719","6.48",{"v":8,"d":"8.000"},null,324,"https://files.plytix.com/api/v1.1/file/public_files/pim/assets/8a/8d/8f/62/628f8d8abb3a1aaaf0e8f149/images/08/af/af/65/65afaf086ae4d7faf18f6d23/TH_003MTBK.jpg","https://files.plytix.com/api/v1.1/file/public_files/pim/assets/8a/8d/8f/62/628f8d8abb3a1aaaf0e8f149/images/84/53/ae/65/65ae53849837a6238d07b118/003MTBK.jpg","https://files.plytix.com/api/v1.1/file/public_files/pim/assets/8a/8d/8f/62/628f8d8abb3a1aaaf0e8f149/images/08/03/a8/65/65a803086ae4d7faf18e825d/LFST0324201.jpg|https://files.plytix.com/api/v1.1/file/public_files/pim/assets/8a/8d/8f/62/628f8d8abb3a1aaaf0e8f149/images/0c/03/a8/65/65a8030cdeb2a92314bbdd62/LFST0324202.jpg|https://files.plytix.com/api/v1.1/file/public_files/pim/assets/8a/8d/8f/62/628f8d8abb3a1aaaf0e8f149/images/30/03/a8/65/65a80330deb2a92314bbdd6a/LFST0324210.jpg","https://www.nevilleuk.com/products/003MTBK_",null,"003|003RT|003RN|003C|003BTC|003SW|003HC|003H|003HS|003P"]
["26203MTBK","GenWare Metallic Black Wine Bucket","21.5 x 20.5 x 21.5cm (L x W x H)",{"v":36.1,"d":"36.10"},1,"Barware>Buckets, Coolers & Stands",{"$nulls":3},215,215,210,{"v":0.59,"d":"0.590"},{"v":0.59,"d":"0.590"},{"$nulls":3},"7323930090","India",null,null,"Yes","N/A","N/A","Yes",{"$nulls":4},"No","No","\n•Contemporary Design\n•One Bottle Capacity\n•Sleek Metallic Black Finish\n•Attractive Ring Handles","Elevate your customers' dining experience with our sophisticated Metallic Black Wine Bucket. Crafted with a contemporary design, it adds a touch of elegance to any table setting. With its ability to keep wine cooler for longer, when used with ice, your guests can savor every sip at the perfect temperature. Enhance the ambiance and service of your restaurant with our stylish wine accessory.\n•\n•Contemporary design\n•One bottle capacity\n•Sleek metallic black finish\n•Attractive ring handles","Each","5020403404682","21.5","21.5","21","0.00971",{"v":0.59,"d":"0.590"},{"$nulls":8},"05020403404699",6,"45","24","33","0.03564","3.54",{"v":4.5,"d":"4.500"},null,168,"https://files.plytix.com/api/v1.1/file/public_files/pim/assets/8a/8d/8f/62/628f8d8abb3a1aaaf0e8f149/images/58/da/af/65/65afda584703f37318c1fae1/TH_26203MTBK.jpg","https://files.plytix.com/api/v1.1/file/public_files/pim/assets/8a/8d/8f/62/628f8d8abb3a1aaaf0e8f149/images/94/53/ae/65/65ae5394d79397c45193035d/26203MTBK.jpg","https://files.plytix.com/api/v1.1/file/public_files/pim/assets/8a/8d/8f/62/628f8d8abb3a1aaaf0e8f149/images/1e/03/a8/65/65a8031ed79397c45192553d/LFST0324207.jpg|https://files.plytix.com/api/v1.1/file/public_files/pim/assets/8a/8d/8f/62/628f8d8abb3a1aaaf0e8f149/images/30/03/a8/65/65a80330deb2a92314bbdd6a/LFST0324210.jpg|https://files.plytix.com/api/v1.1/file/public_files/pim/assets/8a/8d/8f/62/628f8d8abb3a1aaaf0e8f149/images/08/03/a8/65/65a803086ae4d7faf18e825d/LFST0324201.jpg|https://files.plytix.com/api/v1.1/file/public_files/pim/assets/8a/8d/8f/62/628f8d8abb3a1aaaf0e8f149/images/0c/03/a8/65/65a8030cdeb2a92314bbdd62/LFST0324202.jpg","https://www.nevilleuk.com/products/26203MTBK_","695018|051","26203|26203C|T502|45|26203SW|14N|004"]
["R278-03","GenWare Melamine Matt Black Ripple Ramekin 56ml/ 2oz","6.2 x 3.5cm (Dia x H)",2.38,24,"Table Presentation>Ramekins & Sauce Bottles",{"$nulls":3},60,60,35,0.032,0.032,{"v":5.6,"d":"5.60"},"2","Melamine","3924100011","China",null,null,"Yes","N/A","No","N/A",{"$nulls":4},"No","No","\n•Made From Melamine\n•Strong, Light And Virtually Unbreakable\n•Great for Individual Condiment Portions\n•Stackable","GenWare Melamine Ramekins are perfect for presenting sauces and dips. The range offers ramekins in a variety of styles, colours and sizes. Ideal for busy establishments due to its durable, scratch and chip resistant nature.\n•Great for dips and sauces\n•Melamine is highly resistant to chipping, scratches and staining\n•Lightweight, strong and virtually unbreakable\n•Temperature range:  -20 to 70C","Each",null,"6","6","3.5","0.00013",0.032,"05020403119050",24,"13","13","12","0.00203","0.768",0.866,"05020403119067",144,"40","15","28","0.01680","4.608",{"v":5.2,"d":"5.200"},null,4608,"https://files.plytix.com/api/v1.1/file/public_files/pim/assets/8a/8d/8f/62/628f8d8abb3a1aaaf0e8f149/images/63/da/af/65/65afda63c990972d7efedacc/TH_R278-03.jpg","https://files.plytix.com/api/v1.1/file/public_files/pim/assets/8a/8d/8f/62/628f8d8abb3a1aaaf0e8f149/images/0a/54/ae/65/65ae540ab819410dc46559ef/R278-03.jpg","https://files.plytix.com/api/v1.1/file/public_files/pim/assets/8a/8d/8f/62/628f8d8abb3a1aaaf0e8f149/images/52/03/a8/65/65a80352b819410dc464a9c2/LFST0324215.jpg|https://files.plytix.com/api/v1.1/file/public_files/pim/assets/8a/8d/8f/62/628f8d8abb3a1aaaf0e8f149/images/92/03/a8/65/65a803929837a6238d070d97/LFST0324222.jpg|https://files.plytix.com/api/v1.1/file/public_files/pim/assets/8a/8d/8f/62/628f8d8abb3a1aaaf0e8f149/images/49/03/a8/65/65a8034938eafe2925b0d080/LFST0324214.jpg|https://files.plytix.com/api/v1.1/file/public_files/pim/assets/8a/8d/8f/62/628f8d8abb3a1aaaf0e8f149/images/c3/03/a8/65/65a803c3b819410dc464a9e7/LFST0324227.jpg","https://www.nevilleuk.com/products/R278-03_",null,"R278-04|R278-02"]
["322139MBL","GenWare Porcelain Matt Blue Cosy Mug 35cl/ 12.3oz","11.7 x 8.7 x 9.4cm (L x W x H)",{"v":8.5,"d":"8.50"},6,"Coloured Beverage>Matt Blue",{"$nulls":3},115,85,90,{"v":0.33,"d":"0.330"},{"v":0.33,"d":"0.330"},{"v":35,"d":"35.00"},"12.3","Porcelain","6911100090","China",null,null,"Yes","Yes","Yes","Yes",{"$nulls":4},"No","No","\n•Durable Fully Vitrified Porcelain\n•Twice-Fired Process\n•High Temperature Firing\n•Conforms to BS4034 Vitrified Hotelware\n•Rolled Edges\n•Polished Foot\n•Durable Glaze","GenWare Coloured Beverage offers a bold and stylish alternative to traditional white porcelain, bringing vibrant character and personality to any setting. The collection features an extensive range of beverageware, designed to enhance the presentation of tea and coffee while adding a splash of colour to your service. Ideal for hotels, restaurants, and cafes, GenWare Coloured Beverage allows you to create a distinctive and inviting atmosphere that leaves a lasting impression.\n•Durable Fully Vitrified Porcelain: High-temperature firing creates a robust and long-lasting product, ideal for professional use\n•Twice-Fired Process: Enhances strength, durability, and the unique glaze finish, ensuring each piece performs in demanding environments\n•Conforms to Industry Standards: Meets BS4034 standards for vitrified hotelware, ensuring exceptional durability and quality in demanding environments\n•Rolled Edges: Enhances durability and provides added chip resistance, making it ideal for hotel, restaurant, and foodservice applications\n•Polished Foot: Minimises damage when stacked and stored, helping to maintain the integrity of each piece over time\n•Durable Glaze: Features a high-quality glaze that enhances durability while providing a sleek, sophisticated finish resistant to stains and scratches\n•Vibrant Colour Palette: Available in a range of eye-catching colourss, perfect for adding personality and flair to any setting\n•Mix and Match Appeal: The diverse colour options allow for creative combinations that suit any theme or decor\n•Versatile for Any Venue: Designed to complement a wide range of hospitality environments, from trendy cafes to upscale hotels and restaurants","Each",null,"11.5","8.5","9","0.00088",{"v":0.33,"d":"0.330"},"05020403062110",6,"28.5","18.5","10","0.00527","1.98",{"v":2.5,"d":"2.500"},"05020403062127",24,"40","31","22","0.02728","7.92",{"v":10,"d":"10.000"},null,720,"https://files.plytix.com/api/v1.1/file/public_files/pim/assets/8a/8d/8f/62/628f8d8abb3a1aaaf0e8f149/images/59/da/af/65/65afda594703f37318c1fae6/TH_322139MBL.jpg","https://files.plytix.com/api/v1.1/file/public_files/pim/assets/8a/8d/8f/62/628f8d8abb3a1aaaf0e8f149/images/97/53/ae/65/65ae53979837a6238d07b11b/322139MBL.jpg","https://files.plytix.com/api/v1.1/file/public_files/pim/assets/8a/8d/8f/62/628f8d8abb3a1aaaf0e8f149/images/c7/04/a8/65/65a804c7b819410dc464aa19/LFST0324256.jpg","https://www.nevilleuk.com/products/322139MBL_",null,"322139MBK|322139MG|322139MSG|322135MBL"]
["SPH44C","GenWare Copper Hammered Aluminium Platter 44cm","44 x 7.2cm (Dia x H)",69.44,1,"Table Presentation>Sharing Buckets & Platters",{"$nulls":3},440,440,80,{"v":1,"d":"1.000"},{"v":1,"d":"1.000"},null,null,"Aluminium,Copper Plating","7615108090","India",null,null,"No","N/A","N/A","N/A",{"$nulls":4},"No","No","\n•Made From Aluminium\n•Attractive Black Electroplated Coating\n•Beautiful Hammered Finish","GenWare Hammered Aluminium Platters are a true hero piece for your buffet or tabletop presentation. Crafted from aluminium and adorned with an attractive copper coating, this platter combines durability with elegance.Made from aluminiumAttractive copper electroplated coatingBeautiful hammered finishGreat for sharing dishesHero piece for presenting dishes on a buffet","Each","5020403119432","44","44","8","0.01549",{"v":1,"d":"1.000"},"05020403119449",2,"45","13","45","0.02633","2",{"v":3.1,"d":"3.100"},"05020403119456",8,"56","48","48","0.12902","8",{"v":12.4,"d":"12.400"},null,48,"https://files.plytix.com/api/v1.1/file/public_files/pim/assets/8a/8d/8f/62/628f8d8abb3a1aaaf0e8f149/images/67/da/af/65/65afda67c990972d7efedacf/TH_SPH44C.jpg","https://files.plytix.com/api/v1.1/file/public_files/pim/assets/8a/8d/8f/62/628f8d8abb3a1aaaf0e8f149/images/79/54/ae/65/65ae54799837a6238d07b17b/SPH44C.jpg","https://files.plytix.com/api/v1.1/file/public_files/pim/assets/8a/8d/8f/62/628f8d8abb3a1aaaf0e8f149/images/f8/02/a8/65/65a802f86ae4d7faf18e8253/LFST0324197.jpg|https://files.plytix.com/api/v1.1/file/public_files/pim/assets/8a/8d/8f/62/628f8d8abb3a1aaaf0e8f149/images/fc/02/a8/65/65a802fcdeb2a92314bbdd5d/LFST0324198.jpg","https://www.nevilleuk.com/products/SPH44C_",null,"SPH44BK"]
["SPH31C","GenWare Copper Hammered Aluminium Platter 31cm","31 x 7cm (Dia x H)",48.76,1,"Table Presentation>Sharing Buckets & Platters",{"$nulls":3},310,310,65,{"v":0.4,"d":"0.400"},{"v":0.4,"d":"0.400"},null,null,"Aluminium,Copper Plating","7615108090","India",null,null,"No","N/A","N/A","N/A",{"$nulls":4},"No","No","\n•Made From Aluminium\n•Attractive Copper Electroplated Coating\n•Beautiful Hammered Finish","GenWare Hammered Aluminium Platters are a true hero piece for your buffet or tabletop presentation. Crafted from aluminium and adorned with an attractive copper coating, this platter combines durability with elegance.Made from aluminiumAttractive copper electroplated coatingBeautiful hammered finishGreat for sharing dishesHero piece for presenting dishes on a buffet","Each","5020403119371","31","31","6.5","0.00625",{"v":0.4,"d":"0.400"},"05020403119388",2,"32","10","32","0.01024","0.8",{"v":1.5,"d":"1.500"},"05020403119395",12,"34","34","36","0.04162","4.8",{"v":9,"d":"9.000"},null,144,"https://files.plytix.com/api/v1.1/file/public_files/pim/assets/8a/8d/8f/62/628f8d8abb3a1aaaf0e8f149/images/67/da/af/65/65afda674703f37318c1fb0f/TH_SPH31C.jpg","https://files.plytix.com/api/v1.1/file/public_files/pim/assets/8a/8d/8f/62/628f8d8abb3a1aaaf0e8f149/images/75/54/ae/65/65ae5475b819410dc4655a1c/SPH31C.jpg","https://files.plytix.com/api/v1.1/file/public_files/pim/assets/8a/8d/8f/62/628f8d8abb3a1aaaf0e8f149/images/ee/02/a8/65/65a802eed79397c451925532/LFST0324195.jpg|https://files.plytix.com/api/v1.1/file/public_files/pim/assets/8a/8d/8f/62/628f8d8abb3a1aaaf0e8f149/images/f3/02/a8/65/65a802f36ae4d7faf18e8252/LFST0324196.jpg|https://files.plytix.com/api/v1.1/file/public_files/pim/assets/8a/8d/8f/62/628f8d8abb3a1aaaf0e8f149/images/f8/02/a8/65/65a802f86ae4d7faf18e8253/LFST0324197.jpg|https://files.plytix.com/api/v1.1/file/public_files/pim/assets/8a/8d/8f/62/628f8d8abb3a1aaaf0e8f149/images/fc/02/a8/65/65a802fcdeb2a92314bbdd5d/LFST0324198.jpg|https://files.plytix.com/api/v1.1/file/public_files/pim/assets/8a/8d/8f/62/628f8d8abb3a1aaaf0e8f149/images/06/1b/7e/68/687e1b06777134bb25939060/LFST0925017.jpg","https://www.nevilleuk.com/products/SPH31C_",null,"SPH31BK|SSPL14"]
["50-100","GenWare Aluminium Bun Pan 24 x 16.5 x 2cm","24 x 16.5 x 2cm (L x W x H)",8.56,1,"Cookware & Bakeware>Aluminium Bakeware",{"$nulls":3},240,160,30,0.267,0.267,null,null,"Aluminium","7615101090","China",null,null,"No","Yes","N/A","N/A",{"$nulls":4},"No","No","\n•Made From High Quality Aluminium\n•Excellent Heat Retention And Distribution\n•Available In Additional Sizes","GenWare Aluminium bakeware includes a range of high quality Baking Sheets, Dishes and Pans with excellent heat distribution.\n•Great alternative to porcelain for serving individual dishes in the casual dining sector\n•Manufactured from high quality aluminium, providing a totally hygienic product\n•Excellent heat conductivity and longevity in use\n•Available in additional sizes\n•Max. temperature:  300C","Each","5020403396000","24","16","3","0.00115",0.267,{"$nulls":8},"05020403396017",24,"38","26","12","0.01186","6.408",{"v":6.7,"d":"6.700"},null,1944,"https://files.plytix.com/api/v1.1/file/public_files/pim/assets/8a/8d/8f/62/628f8d8abb3a1aaaf0e8f149/images/08/af/af/65/65afaf086ae4d7faf18f6d24/TH_50-100.jpg","https://files.plytix.com/api/v1.1/file/public_files/pim/assets/8a/8d/8f/62/628f8d8abb3a1aaaf0e8f149/images/86/53/ae/65/65ae5386deb2a92314bc7ff9/50-100.jpg","https://files.plytix.com/api/v1.1/file/public_files/pim/assets/8a/8d/8f/62/628f8d8abb3a1aaaf0e8f149/images/68/03/a8/65/65a803686ae4d7faf18e8263/LFST0324218.jpg|https://files.plytix.com/api/v1.1/file/public_files/pim/assets/8a/8d/8f/62/628f8d8abb3a1aaaf0e8f149/images/72/03/a8/65/65a803729837a6238d070d8c/LFST0324219.jpg|https://files.plytix.com/api/v1.1/file/public_files/pim/assets/8a/8d/8f/62/628f8d8abb3a1aaaf0e8f149/images/49/03/a8/65/65a8034938eafe2925b0d080/LFST0324214.jpg","https://www.nevilleuk.com/products/50-100_",null,"50-125|51-125"]
["SST3616BKV","GenWare Black Vintage Steel Tray 36 x 16.5cm","36 x 16.5cm (L x W)",20.62,12,"Table Presentation>Black Vintage Steel",{"$nulls":3},360,160,20,{"v":0.45,"d":"0.450"},{"v":0.45,"d":"0.450"},null,null,"Stainless Steel-430","7323930090","China",null,null,"Yes","Yes","N/A","N/A",{"$nulls":4},"No","No","\n•Made From Stainless Steel\n•Industrial Vintage Finish\n•Durable Black PVD Coating\n•Great For Individual Dishes\n•Stackable","Add a touch of bold, industrial flair to your food presentation with our Black Vintage Steel Collection. Crafted from high-quality stainless steel with a distinctive black PVD coating, this collection combines durability and style, offering a unique, vintage-inspired finish that enhances any dish. Perfect for both casual and upscale dining settings, these pieces provide a sophisticated yet rugged look that complements a variety of cuisines.\n•Durable Stainless Steel: Provides long-lasting strength, ideal for high-use environments\n•Industrial Vintage Design: A striking, modern aesthetic that brings a rugged charm to any table setting\n•Durable Black PVD Coating: Matt finish that offers a contemporary look while being resistant to scratches and wear\n•Safe for Direct Food Contact: Crafted from food-safe materials, ensuring safe and hygienic service\n•Dishwasher Safe: Easy to clean and maintain","Each",null,"36","16","2","0.00115",{"v":0.45,"d":"0.450"},{"$nulls":8},"05020403118879",12,"39","19.5","6.5","0.00494","5.4",{"v":5.9,"d":"5.900"},"0",720,"https://files.plytix.com/api/v1.1/file/public_files/pim/assets/8a/8d/8f/62/628f8d8abb3a1aaaf0e8f149/images/f4/99/cb/64/64cb99f42b5de14fe304a3e5/TH_SST3616BKV.jpg","https://files.plytix.com/api/v1.1/file/public_files/pim/assets/8a/8d/8f/62/628f8d8abb3a1aaaf0e8f149/images/11/2a/ca/64/64ca2a115b1b5fec2761c3f7/SST3616BKV.jpg","https://files.plytix.com/api/v1.1/file/public_files/pim/assets/8a/8d/8f/62/628f8d8abb3a1aaaf0e8f149/images/6d/c4/cc/64/64ccc46dee832e6b710787ff/LFST1023121.jpg|https://files.plytix.com/api/v1.1/file/public_files/pim/assets/8a/8d/8f/62/628f8d8abb3a1aaaf0e8f149/images/75/c4/cc/64/64ccc4755b1b5fec276241dd/LFST1023122.jpg|https://files.plytix.com/api/v1.1/file/public_files/pim/assets/8a/8d/8f/62/628f8d8abb3a1aaaf0e8f149/images/8f/c4/cc/64/64ccc48fc96c25bee231e2af/LFST1023127.jpg","https://www.nevilleuk.com/products/SST3616BKV_",null,"SST3616V"]
["SVC8MTBK","GenWare Metallic Black Serving Cup  8.5 x 8.5cm","42cl/14.8oz",11.22,12,"Table Presentation>Serving Cups & Cones",{"$nulls":3},850,850,850,0.127,0.127,null,null,"Stainless Steel-202","7323930090","India",null,null,"Yes","N/A","N/A","N/A",{"$nulls":4},"No","No","\n•Durable Stainless Steel\n•PTFE Metallic Coating\n•Stackable\n•Dishwashe Safe","GenWare Metallic Serving Cups are perfect for presenting fries and side dishes. Made from stainless steel, the serving cups feature a vibrant PTFE metallic coating to enhance your presentation of sides without compromising on durability and ease of care in use.\n•Beautiful and unique metallic finish\n•A subtle splash of colour to present fries and side dishes\n•Stackable for easy storage\n•Dishwasher safe","Each",null,"85","85","85","0.61413",0.127,"05020403118732",12,"18.5","10","19.5","0.00361","1.524",1.637,"05020403118749",96,"38.5","21.5","41","0.03394","12.192",{"v":13.1,"d":"13.100"},null,2880,"https://files.plytix.com/api/v1.1/file/public_files/pim/assets/8a/8d/8f/62/628f8d8abb3a1aaaf0e8f149/images/f5/99/cb/64/64cb99f50635ebcbfc5ca5de/TH_SVC8MTBK.jpg","https://files.plytix.com/api/v1.1/file/public_files/pim/assets/8a/8d/8f/62/628f8d8abb3a1aaaf0e8f149/images/d4/29/ca/64/64ca29d42b5de14fe3045c60/SVC8MTBK.jpg","https://files.plytix.com/api/v1.1/file/public_files/pim/assets/8a/8d/8f/62/628f8d8abb3a1aaaf0e8f149/images/6d/c4/cc/64/64ccc46dee832e6b710787ff/LFST1023121.jpg|https://files.plytix.com/api/v1.1/file/public_files/pim/assets/8a/8d/8f/62/628f8d8abb3a1aaaf0e8f149/images/75/c4/cc/64/64ccc4755b1b5fec276241dd/LFST1023122.jpg|https://files.plytix.com/api/v1.1/file/public_files/pim/assets/8a/8d/8f/62/628f8d8abb3a1aaaf0e8f149/images/7e/c4/cc/64/64ccc47e5b1b5fec276241e8/LFST1023124.jpg|https://files.plytix.com/api/v1.1/file/public_files/pim/assets/8a/8d/8f/62/628f8d8abb3a1aaaf0e8f149/images/89/c4/cc/64/64ccc489c96c25bee231e2a9/LFST1023126.jpg|https://files.plytix.com/api/v1.1/file/public_files/pim/assets/8a/8d/8f/62/628f8d8abb3a1aaaf0e8f149/images/1d/c2/cc/64/64ccc21d2b5de14fe304d794/LFST1023136.jpg","https://www.nevilleuk.com/products/SVC8MTBK_",null,"SVC8MTBL|SVC8MTGR"]
["SVC8MTBL","GenWare Metallic Blue Serving Cup  8.5 x 8.5cm","42cl/14.8oz",11.22,12,"Table Presentation>Serving Cups & Cones",{"$nulls":3},850,850,850,{"v":0.14,"d":"0.140"},{"v":0.14,"d":"0.140"},null,null,"Stainless Steel-202","7323930090","India",null,null,"Yes","N/A","N/A","N/A",{"$nulls":4},"No","No","\n•Durable Stainless Steel\n•PTFE Metallic Coating\n•Stackable\n•Dishwashe Safe","GenWare Metallic Serving Cups are perfect for presenting fries and side dishes. Made from stainless steel, the serving cups feature a vibrant PTFE metallic coating to enhance your presentation of sides without compromising on durability and ease of care in use.\n•Beautiful and unique metallic finish\n•A subtle splash of colour to present fries and side dishes\n•Stackable for easy storage\n•Dishwasher safe","Each",null,"85","85","85","0.61413",{"v":0.14,"d":"0.140"},"05020403118701",12,"18","10","19.5","0.00351","1.68",1.759,"05020403118718",96,"38.5","21.5","41","0.03394","13.44",{"v":14.08,"d":"14.080"},null,2880,"https://files.plytix.com/api/v1.1/file/public_files/pim/assets/8a/8d/8f/62/628f8d8abb3a1aaaf0e8f149/images/f5/99/cb/64/64cb99f5ee832e6b7107576c/TH_SVC8MTBL.jpg","https://files.plytix.com/api/v1.1/file/public_files/pim/assets/8a/8d/8f/62/628f8d8abb3a1aaaf0e8f149/images/d7/29/ca/64/64ca29d7ee832e6b71070f57/SVC8MTBL.jpg","https://files.plytix.com/api/v1.1/file/public_files/pim/assets/8a/8d/8f/62/628f8d8abb3a1aaaf0e8f149/images/11/c4/cc/64/64ccc411ee832e6b710787e8/LFST1023085.jpg|https://files.plytix.com/api/v1.1/file/public_files/pim/assets/8a/8d/8f/62/628f8d8abb3a1aaaf0e8f149/images/1f/c4/cc/64/64ccc41f06dc2df550b25c41/LFST1023102.jpg|https://files.plytix.com/api/v1.1/file/public_files/pim/assets/8a/8d/8f/62/628f8d8abb3a1aaaf0e8f149/images/f8/c1/cc/64/64ccc1f8ee832e6b71078777/LFST1023130.jpg|https://files.plytix.com/api/v1.1/file/public_files/pim/assets/8a/8d/8f/62/628f8d8abb3a1aaaf0e8f149/images/1d/c2/cc/64/64ccc21d2b5de14fe304d794/LFST1023136.jpg","https://www.nevilleuk.com/products/SVC8MTBL_",null,"SVC8MTGR|SVC8MTBK"]
["UH131217","Copper/ Black Utah Melamine Platter 32.5 x 17.5cm","32.5 x 17.5 x 3.5cm (L x W x H)",55.86,6,"Buffet & Display>Utah",{"$nulls":3},320,170,30,0.525,0.525,null,null,"Melamine","3924100011","China",null,100,"Yes","N/A","No","Yes",{"$nulls":4},"No","No","\n•Premium Copper look\n•100% food safe melamine\n•Durable","Our stunning rectangle Copper effect Melamine Platter allows you to display your food on a 100% food safe melamine platter. The rectangle Utah Copper effect melamine Platter measures 325x176x35mm is 100% food safe and easier to manage than real copper and extremely durable, making it the perfect partner to enhance your food display. With a Copper effect on the top of the plate and Black effect on the underneath, this Copper effect platter is truly an eye-catching food display ware. Ideal for both ambient and chilled food displays our totally unique Utah Copper effect platters are perfect for presenting cakes, breads, pastries, croissants, cheese &amp; more.\n•Premium Copper look\n•100% food safe melamine\n•Durable","Each",null,"32","17","3","0.00163",0.525,"05020403667292",6,"19.5","34","13","0.00862","3.15",{"v":3.59,"d":"3.590"},"05020403667308",24,"39","36","28","0.03931","12.6",{"v":14.36,"d":"14.360"},null,720,"https://files.plytix.com/api/v1.1/file/public_files/pim/assets/8a/8d/8f/62/628f8d8abb3a1aaaf0e8f149/other/7c/1c/51/64/64511c7c93cac5061ddba4a3/TH_UH131217","https://files.plytix.com/api/v1.1/file/public_files/pim/assets/8a/8d/8f/62/628f8d8abb3a1aaaf0e8f149/images/f1/9e/3e/64/643e9ef11919d31c27919f54/UH131217.jpg","https://files.plytix.com/api/v1.1/file/public_files/pim/assets/8a/8d/8f/62/628f8d8abb3a1aaaf0e8f149/images/17/48/5b/64/645b4817ed9b5b5d32535f23/LFST0723601.jpg|https://files.plytix.com/api/v1.1/file/public_files/pim/assets/8a/8d/8f/62/628f8d8abb3a1aaaf0e8f149/images/8f/48/5b/64/645b488f82773f5b01e0f336/LFST0723612.jpg|https://files.plytix.com/api/v1.1/file/public_files/pim/assets/8a/8d/8f/62/628f8d8abb3a1aaaf0e8f149/images/8d/48/5b/64/645b488d82773f5b01e0f335/LFST0723611.jpg|https://files.plytix.com/api/v1.1/file/public_files/pim/assets/8a/8d/8f/62/628f8d8abb3a1aaaf0e8f149/images/70/48/5b/64/645b4870332284ca4dfde6f7/LFST0723602.jpg","https://www.nevilleuk.com/products/UH131217_",null,"UH341216"]
["UH091817","Copper/ Black Utah Melamine Pot 9.5cm","DISCONTINUED - 95 x 95mm (Dia x H) 34cl",0.58,6,"Clearance>Clearance Buffet Display",null,null,"Yes",95,95,95,{"v":0.15,"d":"0.150"},{"v":0.15,"d":"0.150"},{"v":34,"d":"34.00"},"12","Melamine","3924100011","China",null,100,"Yes","N/A","No","Yes",{"$nulls":4},"No","No","\n•Premium Copper look\n•100% food safe melamine\n•Durable","The Utah copper effect melamine 12oz Chip Pot food safe and easier to manage than real copper bowl and extremely durable. This beautiful yet food safe and durable copper effect 12oz Chip Pot makes an eye catching statement on any table.\n•Premium Copper look\n•100% food safe melamine\n•Durable","Each",null,"9.5","9.5","9.5","0.00086",{"v":0.15,"d":"0.150"},"05020403667179",6,"10.5","11","24","0.00277","0.9",{"v":1,"d":"1.000"},"05020403667186",72,"44.5","33.5","25.5","0.03801","10.8",{"v":13.8,"d":"13.800"},null,1800,"https://files.plytix.com/api/v1.1/file/public_files/pim/assets/8a/8d/8f/62/628f8d8abb3a1aaaf0e8f149/other/7b/1c/51/64/64511c7b93cac5061ddba4a0/TH_UH091817","https://files.plytix.com/api/v1.1/file/public_files/pim/assets/8a/8d/8f/62/628f8d8abb3a1aaaf0e8f149/images/ee/9e/3e/64/643e9eee2af0b0686af7f728/UH091817.jpg","https://files.plytix.com/api/v1.1/file/public_files/pim/assets/8a/8d/8f/62/628f8d8abb3a1aaaf0e8f149/images/a7/48/5b/64/645b48a782773f5b01e0f343/LFST0723620.jpg|https://files.plytix.com/api/v1.1/file/public_files/pim/assets/8a/8d/8f/62/628f8d8abb3a1aaaf0e8f149/images/a2/48/5b/64/645b48a2332284ca4dfde74f/LFST0723619.jpg|https://files.plytix.com/api/v1.1/file/public_files/pim/assets/8a/8d/8f/62/628f8d8abb3a1aaaf0e8f149/images/71/2d/a4/64/64a42d71e7283034b674ce99/_MG_7265.jpg","https://www.nevilleuk.com/products/UH091817_",null,"AT091803"]
["TY350255","White Oak Tokyo Melamine Bento Outer Box 34.8 x 18 x 7.8cm","348 x 180 x 78mm (L x W x H)  3.8L",56.04,3,"Buffet & Display>Tokyo",{"$nulls":3},350,180,83,0.613,0.613,{"v":380,"d":"380.00"},"133.7","Melamine","3924100011","China",null,100,"Yes","N/A","No","Yes",{"$nulls":4},"No","No","\n•Melamine\n•Durable\n•Stackable\n•Dishwasher Safe","Dine in style with our innovative Tokyo collection, meticulously designed for the hospitality sector. This assortment includes an array of bowls, boxes, and bento boxes. Ideal for portion control, with multiple compartments that make it easy to manage portion sizes. Bento boxes are highly convenient for meal prep, allowing for easy packing and transporting of meals, perfect for busy schedules. Their stylish design elevates the presentation of any meal, making dining more enjoyable. Additionally, made from durable melamine, our bento boxes are reusable, reducing waste and promoting eco-friendly practices.\n•Pool Side Dining\n•In-room Dining\n•Portion Control\n•Sustainable\n•Dishwasher Safe","Each",null,"35","18","8.3","0.00523",0.613,"05020403667148",3,"36","19.5","18.5","0.01299","1.839",2.297,"05020403667155",18,"59.5","37.5","41","0.09148","11.034",{"v":13.78,"d":"13.780"},null,216,"https://files.plytix.com/api/v1.1/file/public_files/pim/assets/8a/8d/8f/62/628f8d8abb3a1aaaf0e8f149/other/7b/1c/51/64/64511c7b93cac5061ddba49f/TH_TY350255","https://files.plytix.com/api/v1.1/file/public_files/pim/assets/8a/8d/8f/62/628f8d8abb3a1aaaf0e8f149/images/ee/9e/3e/64/643e9eee1919d31c27919f50/TY350255.jpg","https://files.plytix.com/api/v1.1/file/public_files/pim/assets/8a/8d/8f/62/628f8d8abb3a1aaaf0e8f149/images/e4/48/5b/64/645b48e4ed9b5b5d32535f80/LFST0723633.jpg|https://files.plytix.com/api/v1.1/file/public_files/pim/assets/8a/8d/8f/62/628f8d8abb3a1aaaf0e8f149/images/dd/48/5b/64/645b48ddc4a915dbd1bad979/LFST0723631.jpg|https://files.plytix.com/api/v1.1/file/public_files/pim/assets/8a/8d/8f/62/628f8d8abb3a1aaaf0e8f149/images/d9/48/5b/64/645b48d9a76194547e3b5f15/LFST0723630.jpg","https://www.nevilleuk.com/products/TY350255_",null,"TY350245"]
["TY350245","White Tokyo Melamine Bento Outer Box 34.8 x 18 x 7.8cm","348 x 180 x 78mm (L x W x H)  3.8L",48.18,3,"Buffet & Display>Tokyo",{"$nulls":3},348,180,82,0.765,0.765,{"v":380,"d":"380.00"},"133.7","Melamine","3924100011","China",null,100,"Yes","N/A","No","Yes",{"$nulls":4},"No","No","\n•Melamine\n•Durable\n•Stackable\n•Dishwasher Safe","Dine in style with our innovative Tokyo collection, meticulously designed for the hospitality sector. This assortment includes an array of bowls, boxes, and bento boxes. Ideal for portion control, with multiple compartments that make it easy to manage portion sizes. Bento boxes are highly convenient for meal prep, allowing for easy packing and transporting of meals, perfect for busy schedules. Their stylish design elevates the presentation of any meal, making dining more enjoyable. Additionally, made from durable melamine, our bento boxes are reusable, reducing waste and promoting eco-friendly practices.\n•Pool Side Dining\n•In-room Dining\n•Portion Control\n•Sustainable\n•Dishwasher Safe","Each",null,"34.8","18","8.2","0.00514",0.765,"05020403667117",3,"36","20","19","0.01368","2.295",2.297,"05020403667124",18,"59.5","37.5","41","0.09148","13.77",{"v":13.78,"d":"13.780"},null,216,"https://files.plytix.com/api/v1.1/file/public_files/pim/assets/8a/8d/8f/62/628f8d8abb3a1aaaf0e8f149/other/7b/1c/51/64/64511c7b23aec5289d262c0a/TH_TY350245","https://files.plytix.com/api/v1.1/file/public_files/pim/assets/8a/8d/8f/62/628f8d8abb3a1aaaf0e8f149/images/ee/9e/3e/64/643e9eee1919d31c27919f4f/TY350245.jpg",null,"https://www.nevilleuk.com/products/TY350245_",null,"TY350255"]
["TY180902","Black Tokyo Melamine Salad Bowl 18.6 x 6cm","DISCONTINUED - 186 x 60mm (Dia x H) 1.2L",{"v":1.2,"d":"1.20"},6,"Clearance>Clearance Buffet Display",null,null,"Yes",185,185,70,{"v":0.3,"d":"0.300"},{"v":0.3,"d":"0.300"},{"v":120,"d":"120.00"},"42.2","Melamine","3924100011","China",null,100,"Yes","N/A","No","Yes",{"$nulls":4},"No","No","\n•Melamine\n•Durable\n•Stackable\n•Dishwasher Safe","Dine in style with our innovative Tokyo collection, meticulously designed for the hospitality sector. This assortment includes an array of bowls, boxes, and bento boxes. Ideal for portion control, with multiple compartments that make it easy to manage portion sizes. Bento boxes are highly convenient for meal prep, allowing for easy packing and transporting of meals, perfect for busy schedules. Their stylish design elevates the presentation of any meal, making dining more enjoyable. Additionally, made from durable melamine, our bento boxes are reusable, reducing waste and promoting eco-friendly practices.\n•Pool Side Dining\n•In-room Dining\n•Portion Control\n•Sustainable\n•Dishwasher Safe","Each",null,"18.5","18.5","7","0.00240",{"v":0.3,"d":"0.300"},"05020403666936",6,"20","20","26","0.01040","1.8",{"v":1.8,"d":"1.800"},"05020403666943",24,"41","41","28","0.04707","7.2",{"v":8.66,"d":"8.660"},null,192,"https://files.plytix.com/api/v1.1/file/public_files/pim/assets/8a/8d/8f/62/628f8d8abb3a1aaaf0e8f149/other/7a/1c/51/64/64511c7a23aec5289d262c06/TH_TY180902","https://files.plytix.com/api/v1.1/file/public_files/pim/assets/8a/8d/8f/62/628f8d8abb3a1aaaf0e8f149/images/ec/9e/3e/64/643e9eec1919d31c27919f4d/TY180902.jpg",null,"https://www.nevilleuk.com/products/TY180902_",null,"TY180945|TY180946"]
["TY160445","White Tokyo Melamine Middle Bento Box Insert 16.9 x 8.3 x 7cm","169 x 83 x 70mm (L x W x H)  70cl",{"v":14.4,"d":"14.40"},6,"Buffet & Display>Tokyo",{"$nulls":3},170,80,70,{"v":0.19,"d":"0.190"},{"v":0.19,"d":"0.190"},{"v":70,"d":"70.00"},"24.6","Melamine","3924100011","China",null,100,"Yes","N/A","No","Yes",{"$nulls":4},"No","No","\n•Melamine\n•Durable\n•Stackable\n•Dishwasher Safe","Dine in style with our innovative Tokyo collection, meticulously designed for the hospitality sector. This assortment includes an array of bowls, boxes, and bento boxes. Ideal for portion control, with multiple compartments that make it easy to manage portion sizes. Bento boxes are highly convenient for meal prep, allowing for easy packing and transporting of meals, perfect for busy schedules. Their stylish design elevates the presentation of any meal, making dining more enjoyable. Additionally, made from durable melamine, our bento boxes are reusable, reducing waste and promoting eco-friendly practices.\n•Pool Side Dining\n•In-room Dining\n•Portion Control\n•Sustainable\n•Dishwasher Safe","Each",null,"17","8","7","0.00095",{"v":0.19,"d":"0.190"},"05020403666875",6,"19","18","18","0.00616","1.14",1.175,"05020403666882",72,"56.5","38","33","0.07085","13.68",{"v":14.1,"d":"14.100"},null,864,"https://files.plytix.com/api/v1.1/file/public_files/pim/assets/8a/8d/8f/62/628f8d8abb3a1aaaf0e8f149/other/79/1c/51/64/64511c7923aec5289d262c04/TH_TY160445","https://files.plytix.com/api/v1.1/file/public_files/pim/assets/8a/8d/8f/62/628f8d8abb3a1aaaf0e8f149/images/eb/9e/3e/64/643e9eeb48909c12e6c2bf3e/TY160445.jpg","https://files.plytix.com/api/v1.1/file/public_files/pim/assets/8a/8d/8f/62/628f8d8abb3a1aaaf0e8f149/images/cd/48/5b/64/645b48cd332284ca4dfde75c/LFST0723627.jpg|https://files.plytix.com/api/v1.1/file/public_files/pim/assets/8a/8d/8f/62/628f8d8abb3a1aaaf0e8f149/images/e4/48/5b/64/645b48e4ed9b5b5d32535f80/LFST0723633.jpg|https://files.plytix.com/api/v1.1/file/public_files/pim/assets/8a/8d/8f/62/628f8d8abb3a1aaaf0e8f149/images/d9/48/5b/64/645b48d9a76194547e3b5f15/LFST0723630.jpg|https://files.plytix.com/api/v1.1/file/public_files/pim/assets/8a/8d/8f/62/628f8d8abb3a1aaaf0e8f149/images/ca/48/5b/64/645b48ca332284ca4dfde75a/LFST0723626.jpg","https://www.nevilleuk.com/products/TY160445_"]
["SV140144","Lime Green Seville Melamine GN 1/4 Deep Dish 26.5 x 16.2 x 8cm","GN1/4- 265 x 162 x 80mm (L x W x H)  2.5L",35.12,1,"Buffet & Display>Seville",{"$nulls":3},260,160,80,{"v":0.4,"d":"0.400"},{"v":0.4,"d":"0.400"},{"v":250,"d":"250.00"},"88","Melamine","3924100011","China",null,100,"Yes","N/A","No","Yes",{"$nulls":4},"No","No","\n•Dishwasher safe\n•Non-slip silicone feet\n•Striking colours\n•Add colour into your display","This 1/4 GN Lime Green deep dish is also available in Lemon Yellow and Seville Orange. These bright earth rich colours are designed to capture interior lighting from any angle, maximising the appetite appeal of your food presentation counters. Made up of, the dishes and bowls are lightweight and durable  whilst also being dishwasher safe.\n•Dishwasher safe\n•Non-slip silicone feet\n•Striking colours\n•Add colour into your display","Each","5020403666530","26","16","8","0.00333",{"v":0.4,"d":"0.400"},"05020403666547",6,"17.5","28","17","0.00833","2.4",2.825,"05020403666554",24,"36","29.5","36","0.03823","9.6",{"v":11.3,"d":"11.300"},null,576,"https://files.plytix.com/api/v1.1/file/public_files/pim/assets/8a/8d/8f/62/628f8d8abb3a1aaaf0e8f149/other/77/1c/51/64/64511c77d9033b155062ea46/TH_SV140144","https://files.plytix.com/api/v1.1/file/public_files/pim/assets/8a/8d/8f/62/628f8d8abb3a1aaaf0e8f149/images/e7/9e/3e/64/643e9ee78337befb544cfd2e/SV140144.jpg",null,"https://www.nevilleuk.com/products/SV140144_",null,"SV140142|SV140143"]
["SV140143","Orange Seville Melamine GN 1/4 Deep Dish 26.5 x 16.2 x 8cm","GN1/4- 265 x 162 x 80mm (L x W x H)  2.5L",35.12,1,"Buffet & Display>Seville",{"$nulls":3},260,160,85,{"v":0.35,"d":"0.350"},{"v":0.35,"d":"0.350"},{"v":250,"d":"250.00"},"88","Melamine","3924100011","China",null,100,"Yes","N/A","No","Yes",{"$nulls":4},"No","No","\n•Dishwasher safe\n•Non-slip silicone feet\n•Striking colours\n•Add colour into your display","This Seville Deep Dish Orange 1:4 Gastro is also available in Lime Green and Lemon Yellow. These bright earth rich colours are designed to capture interior lighting from any angle, maximising the appetite appeal of your food presentation counters. Made up Melamine, the dishes and bowls are lightweight and durable whilst also being dishwasher safe.\n•Dishwasher safe\n•Non-slip silicone feet\n•Striking colours\n•Add colour into your display","Each","5020403666509","26","16","8.5","0.00354",{"v":0.35,"d":"0.350"},"05020403666516",6,"27.5","17.5","17.5","0.00842","2.1",2.825,"05020403666523",24,"36","29.5","37.5","0.03983","8.4",{"v":11.3,"d":"11.300"},null,576,"https://files.plytix.com/api/v1.1/file/public_files/pim/assets/8a/8d/8f/62/628f8d8abb3a1aaaf0e8f149/other/76/1c/51/64/64511c76d9033b155062ea45/TH_SV140143","https://files.plytix.com/api/v1.1/file/public_files/pim/assets/8a/8d/8f/62/628f8d8abb3a1aaaf0e8f149/images/e7/9e/3e/64/643e9ee78337befb544cfd2d/SV140143.jpg",null,"https://www.nevilleuk.com/products/SV140143_",null,"SV140142|SV140144"]
["OS352345","White Osaka Melamine Oblong Plate 35.5 x 19cm","DISCONTINUED - 355 x 190 x 25mm (L x W x H)",4.32,12,"Clearance>Clearance Buffet Display",null,null,"Yes",380,210,13,{"v":0.42,"d":"0.420"},{"v":0.42,"d":"0.420"},null,null,"Melamine","3924100011","China",null,100,"Yes","N/A","No","Yes",{"$nulls":4},"No","No","\n•Dishwasher safe\n•Premium look\n•For serving hot or cold food","This Osaka White Oblong Plate 355x190mm is made from environmentally friendly, easy to clean, hygienic, and long-lasting Melamine. The Osaka collection solves your problem of having to replace broken or damaged tableware every month and in high volume food service environments, eliminates the need for continuing recycling of plastic.\n•Dishwasher safe\n•Premium look\n•For serving hot or cold food","Each",null,"38","21","1.292","0.00103",{"v":0.42,"d":"0.420"},"05020403666097",12,"20.5","36","14","0.01033","5.04",{"v":6.24,"d":"6.240"},"05020403666103",24,"38","21","31","0.02474","10.08",{"v":12.48,"d":"12.480"},null,792,"https://files.plytix.com/api/v1.1/file/public_files/pim/assets/8a/8d/8f/62/628f8d8abb3a1aaaf0e8f149/other/74/1c/51/64/64511c74251194419ceda3b9/TH_OS352345","https://files.plytix.com/api/v1.1/file/public_files/pim/assets/8a/8d/8f/62/628f8d8abb3a1aaaf0e8f149/images/e3/9e/3e/64/643e9ee38337befb544cfd2a/OS352345.jpg",null,"https://www.nevilleuk.com/products/OS352345_",null,"SK292333"]
["OS231145","White Osaka Melamine Side Plate 23cm","230 x 25mm (Dia x H)",20.96,12,"Buffet & Display>Osaka",{"$nulls":3},230,230,25,{"v":0.34,"d":"0.340"},{"v":0.34,"d":"0.340"},null,null,"Melamine","3924100011","China",null,100,"Yes","N/A","No","Yes",{"$nulls":4},"No","No","\n•Dishwasher safe\n•Premium look\n•For serving hot or cold food","This Osaka White Side Plate 9″ is made from environmentally friendly, easy to clean, hygienic, and long-lasting Melamine. The Osaka collection solves your problem of having to replace broken or damaged tableware every month and in high volume food service environments, eliminates the need for continuing recycling of plastic.\n•Dishwasher safe\n•Premium look\n•For serving hot or cold food","Each",null,"23","23","2.5","0.00132",{"v":0.34,"d":"0.340"},"05020403665946",12,"24","25","15","0.00900","4.08",4.374,"05020403665953",48,"49","25","31","0.03798","16.32",{"v":17.5,"d":"17.500"},null,1152,"https://files.plytix.com/api/v1.1/file/public_files/pim/assets/8a/8d/8f/62/628f8d8abb3a1aaaf0e8f149/other/73/1c/51/64/64511c73251194419ceda3b7/TH_OS231145","https://files.plytix.com/api/v1.1/file/public_files/pim/assets/8a/8d/8f/62/628f8d8abb3a1aaaf0e8f149/images/e1/9e/3e/64/643e9ee18337befb544cfd29/OS231145.jpg",null,"https://www.nevilleuk.com/products/OS231145_",null,"OS271145"]
["NH135105","Oak/ White New Haven Melamine GN 1/3 Deep Dish 32.5 x 17.6 x 10cm","DISCONTINUED - GN1/3- 325 x 176 x 100mm (L x W x H) 3.3L",9.46,1,"Clearance>Clearance Buffet Display",null,null,"Yes",325,175,100,{"v":0.83,"d":"0.830"},{"v":0.83,"d":"0.830"},{"v":330,"d":"330.00"},"116.1","Melamine","3924100011","China",null,100,"Yes","N/A","No","Yes",{"$nulls":4},"No","No","\n•Natural look and feel\n•Dishwasher safe\n•Silicone Feet\n•100% food safe melamine\n•On trend look","Looking for a rustic on trend solution to display your salads and proteins, the Newhaven 1:3 Gastro antique oak-effect Deep Dish is ideal for use in salad bars and deli stations.With a rustic appearance, the Newhaven 1:3 Gastro Deep Dish offers the real texture of real wood, but can be cleaned in a commercial dishwasher, making it much easier to manage than real wood.With silicone feet which stop the Newhaven Deep Dish moving whilst in service, this is real trend setter in food display.The durable and food safe Newhaven collection is on trend food display solution with inserts to reduce capacity and lids to maintain freshness.Fully dishwasher safe and will stack to reduce storage space at the end of service.Now with an increased capacity, the Newhaven 1:3 Gastro Deep Dish has the capacity to store 3.3L of delicious salads or proteins.\n•Natural look and feel\n•Dishwasher safe\n•Silicone Feet\n•100% food safe melamine\n•On trend look","Each","5020403665458","32.5","17.5","10","0.00569",{"v":0.83,"d":"0.830"},"05020403665465",6,"19","33.5","29","0.01846","4.98",{"v":5.28,"d":"5.280"},"05020403665472",24,"69","38.5","28","0.07438","19.92",{"v":21.12,"d":"21.120"},null,288,"https://files.plytix.com/api/v1.1/file/public_files/pim/assets/8a/8d/8f/62/628f8d8abb3a1aaaf0e8f149/other/70/1c/51/64/64511c7023aec5289d262c01/TH_NH135105","https://files.plytix.com/api/v1.1/file/public_files/pim/assets/8a/8d/8f/62/628f8d8abb3a1aaaf0e8f149/images/db/9e/3e/64/643e9edb1919d31c27919f3b/NH135105.jpg",null,"https://www.nevilleuk.com/products/NH135105_",null,"AT130103"]
["NH130805","Oak/ White New Haven Melamine GN 1/3 Slab 32.5 x 17.6cm","DISCONTINUED - GN1/3- 325 x 176 x 15mm (L x W x H)",{"v":1.9,"d":"1.90"},1,"Clearance>Clearance Buffet Display",null,null,"Yes",350,350,11,{"v":0.4,"d":"0.400"},{"v":0.4,"d":"0.400"},null,null,"Melamine","3924100011","China",null,100,"Yes","N/A","No","Yes",{"$nulls":4},"No","No","\n•Natural look and feel\n•Dishwasher safe\n•Silicone Feet\n•100% food safe melamine\n•On trend look","The antique oak-effect Newhaven Display Slab in 1:3 Gastro sizes allows you to display your food on a 100% food safe melamine platter .With a rustic appearance, the Newhaven 1:3 Gastro display slab offers the real texture of real wood, but can be cleaned in a commercial dishwasher, making it mush easier to manage than real wood.Used for both ambient and chilled, our Newhaven display slabs are perfect for presenting cakes to bread, croissants to cheese.The durable and food safe Newhaven collection is on trend food display solution and comes in a wide range of different sizes.\n•Natural look and feel\n•Dishwasher safe\n•Silicone Feet\n•100% food safe melamine\n•On trend look","Each","5020403665427","35","35","1.125","0.00138",{"v":0.4,"d":"0.400"},"05020403665434",6,"19","34","11.5","0.00743","2.4",{"v":2.6,"d":"2.600"},"05020403665441",24,"35","35","27","0.03308","9.6",{"v":11.12,"d":"11.120"},null,720,"https://files.plytix.com/api/v1.1/file/public_files/pim/assets/8a/8d/8f/62/628f8d8abb3a1aaaf0e8f149/other/70/1c/51/64/64511c70d9033b155062ea3a/TH_NH130805","https://files.plytix.com/api/v1.1/file/public_files/pim/assets/8a/8d/8f/62/628f8d8abb3a1aaaf0e8f149/images/da/9e/3e/64/643e9eda2af0b0686af7f71c/NH130805.jpg","https://files.plytix.com/api/v1.1/file/public_files/pim/assets/8a/8d/8f/62/628f8d8abb3a1aaaf0e8f149/images/b6/49/5b/64/645b49b6ed9b5b5d32535fd9/LFST0723695.jpg","https://www.nevilleuk.com/products/NH130805_","RSR-WGN13|WDD-3218|WDD-3218BK|WDD-3218BL|WDD-3218G|WDD-3218GR|RSR-GN1312|WDS1213","UH130816|AG130824|MK130828|MK130839"]
["NH110805","Oak/White New Haven Melamine GN 1/1 Slab 53 x 32.5cm","DISCONTINUED - GN1/1- 530 x 325 x 15mm (L x W x H)",{"v":25.2,"d":"25.20"},1,"Clearance>Clearance Buffet Display",null,null,"Yes",555,350,26,{"v":1.11,"d":"1.110"},{"v":1.11,"d":"1.110"},null,null,"Melamine","3924100011","China",null,100,"Yes","N/A","No","Yes",{"$nulls":4},"No","No","\n•Natural look and feel\n•Dishwasher safe\n•Silicone Feet\n•100% food safe melamine\n•On trend look","The antique oak-effect Newhaven Display Slab in 1:1 Gastro sizes allows you to display your food on a 100% food safe melamine platter .With a rustic appearance, the Newhaven 1:1 Gastro display slab offers the real texture of real wood, but can be cleaned in a commercial dishwasher, making it mush easier to manage than real wood.Used for both ambient and chilled, our Newhaven display slabs are perfect for presenting cakes to bread, croissants to cheese.The durable and food safe Newhaven collection is on trend food display solution and comes in a wide range of different sizes.\n•Natural look and feel\n•Dishwasher safe\n•Silicone Feet\n•100% food safe melamine\n•On trend look","Each","5020403665304","55.5","35","2.625","0.00510",{"v":1.11,"d":"1.110"},"05020403665311",4,"34.5","55","9","0.01708","4.44",{"v":5.4,"d":"5.400"},"05020403665328",8,"55.5","35","21","0.04079","8.88",{"v":10.35,"d":"10.350"},null,192,"https://files.plytix.com/api/v1.1/file/public_files/pim/assets/8a/8d/8f/62/628f8d8abb3a1aaaf0e8f149/other/6f/1c/51/64/64511c6fd9033b155062ea37/TH_NH110805","https://files.plytix.com/api/v1.1/file/public_files/pim/assets/8a/8d/8f/62/628f8d8abb3a1aaaf0e8f149/images/d9/9e/3e/64/643e9ed92af0b0686af7f719/NH110805.jpg",null,"https://www.nevilleuk.com/products/NH110805_",null,"UH110816|AG110824"]
["MK380939","Grey Marrakesh Melamine Bowl 38 x 4.5cm","380 x 45mm (Dia x H)  3.5L/123.2oz",71.62,1,"Buffet & Display>Marrakesh",{"$nulls":3},380,380,45,{"v":0.72,"d":"0.720"},{"v":0.72,"d":"0.720"},{"v":350,"d":"350.00"},"123.2","Melamine","3924100011","China",null,100,"Yes","N/A","No","Yes",{"$nulls":4},"No","No","\n•Premium Melamine\n•Designed for High-Traffic Use\n•Authentic Moroccan Inspiration\n•Hero Pieces for Stunning Displays\n•Elegant Yet Practical\n•Lightweight and Easy To Handle\n•Chip and Stain Resistant\n•Dishwasher Safe","Our Marrakesh collection, inspired by traditional Moroccan mosaic tiles and available in a range of striking colours. Crafted from 100% premium melamine, our Marrakesh Moroccan buffet bowls and display slabs come in a variety of shapes and sizes. These pieces are not only robust and dishwasher safe but also feature a creative mix of decorative patterns, geometric designs and efflorescent motifs. Perfect for adding a touch of inspiration to any buffet.\n•Premium Melamine Construction: Offers the look of porcelain with superior durability and resistance to breakage\n•Designed for High-Traffic Use: Built to withstand the demands of contract catering and buffet service environments\n•Authentic Moroccan Inspiration: Features traditional mosaic tile patterns, geometric designs, and efflorescent motifs\n•Hero Pieces for Stunning Displays: Statement designs that draw attention and elevate buffet aesthetics\n•Elegant Yet Practical: Enhances food presentation while maintaining the efficiency required for large-scale service\n•Lightweight and Easy to Handle: Easier to transport and arrange compared to traditional ceramic or porcelain dishes\n•Chip and Stain Resistant: Maintains a pristine appearance even with frequent use, reducing replacement costs\n•Dishwasher Safe: Designed for effortless cleaning, ensuring hygiene and quick turnaround between services","Each",null,"38","38","4.5","0.00650",{"v":0.72,"d":"0.720"},"05020403665168",6,"39","39","11","0.01673","4.32",5.287,"05020403665175",18,"41","41","37","0.06220","12.96",{"v":15.86,"d":"15.860"},null,108,"https://files.plytix.com/api/v1.1/file/public_files/pim/assets/8a/8d/8f/62/628f8d8abb3a1aaaf0e8f149/other/6e/1c/51/64/64511c6ed9033b155062ea33/TH_MK380939","https://files.plytix.com/api/v1.1/file/public_files/pim/assets/8a/8d/8f/62/628f8d8abb3a1aaaf0e8f149/images/d6/9e/3e/64/643e9ed648909c12e6c2bf2c/MK380939.jpg",null,"https://www.nevilleuk.com/products/MK380939_",null,"MK380928"]
["MK280928","Blue Marrakesh Melamine Bowl 28 x 4.5cm","DISCONTINUED - 280 x 45mm (Dia x H) 1.8L/63.4oz",{"v":17.8,"d":"17.80"},1,"Clearance>Clearance Buffet Display",null,null,"Yes",280,280,50,{"v":0.4,"d":"0.400"},{"v":0.4,"d":"0.400"},{"v":180,"d":"180.00"},"63.4","Melamine","3924100011","China",null,100,"Yes","N/A","No","Yes",{"$nulls":4},"No","No","\n•Premium Melamine\n•Designed for High-Traffic Use\n•Authentic Moroccan Inspiration\n•Hero Pieces for Stunning Displays\n•Elegant Yet Practical\n•Lightweight and Easy To Handle\n•Chip and Stain Resistant\n•Dishwasher Safe","Our Marrakesh collection, inspired by traditional Moroccan mosaic tiles and available in a range of striking colours. Crafted from 100% premium melamine, our Marrakesh Moroccan buffet bowls and display slabs come in a variety of shapes and sizes. These pieces are not only robust and dishwasher safe but also feature a creative mix of decorative patterns, geometric designs and efflorescent motifs. Perfect for adding a touch of inspiration to any buffet.\n•Premium Melamine Construction: Offers the look of porcelain with superior durability and resistance to breakage\n•Designed for High-Traffic Use: Built to withstand the demands of contract catering and buffet service environments\n•Authentic Moroccan Inspiration: Features traditional mosaic tile patterns, geometric designs, and efflorescent motifs\n•Hero Pieces for Stunning Displays: Statement designs that draw attention and elevate buffet aesthetics\n•Elegant Yet Practical: Enhances food presentation while maintaining the efficiency required for large-scale service\n•Lightweight and Easy to Handle: Easier to transport and arrange compared to traditional ceramic or porcelain dishes\n•Chip and Stain Resistant: Maintains a pristine appearance even with frequent use, reducing replacement costs\n•Dishwasher Safe: Designed for effortless cleaning, ensuring hygiene and quick turnaround between services","Each","5020403665007","28","28","5","0.00392",{"v":0.4,"d":"0.400"},"05020403665014",6,"30","28.5","11","0.00941","2.4",{"v":2.85,"d":"2.850"},"05020403665021",24,"61","31","25","0.04728","9.6",{"v":12.5,"d":"12.500"},null,360,"https://files.plytix.com/api/v1.1/file/public_files/pim/assets/8a/8d/8f/62/628f8d8abb3a1aaaf0e8f149/other/6c/1c/51/64/64511c6cd9033b155062ea30/TH_MK280928","https://files.plytix.com/api/v1.1/file/public_files/pim/assets/8a/8d/8f/62/628f8d8abb3a1aaaf0e8f149/images/d4/9e/3e/64/643e9ed45ce48b59c5f32f33/MK280928.jpg",null,"https://www.nevilleuk.com/products/MK280928_",null,"MK280939"]
["MK130839","Grey Marrakesh Melamine GN 1/3 Slab 32.5 x 17.6cm","DISCONTINUED - GN1/3- 325 x 176 x 15mm (L x W x H)",3.62,1,"Clearance>Clearance Buffet Display",null,null,"Yes",325,176,15,{"v":0.4,"d":"0.400"},{"v":0.4,"d":"0.400"},null,null,"Melamine","3924100011","China",null,100,"Yes","N/A","No","Yes",{"$nulls":4},"No","No","\n•Premium Melamine\n•Designed for High-Traffic Use\n•Gastronorm GN Sizing\n•Authentic Moroccan Inspiration\n•Hero Pieces for Stunning Displays\n•Elegant Yet Practical\n•Lightweight and Easy To Handle\n•Chip and Stain Resistant\n•Dishwasher Safe","Our Marrakesh collection, inspired by traditional Moroccan mosaic tiles and available in a range of striking colours. Crafted from 100% premium melamine, our Marrakesh Moroccan buffet bowls and display slabs come in a variety of shapes and sizes. These pieces are not only robust and dishwasher safe but also feature a creative mix of decorative patterns, geometric designs and efflorescent motifs. Perfect for adding a touch of inspiration to any buffet.\n•Premium Melamine Construction: Offers the look of porcelain with superior durability and resistance to breakage\n•Designed for High-Traffic Use: Built to withstand the demands of contract catering and buffet service environments\n•Gastronorm GN Sizing: Standard GN sizing ensures seamless integration into buffet setups and catering stations\n•Authentic Moroccan Inspiration: Features traditional mosaic tile patterns, geometric designs, and efflorescent motifs\n•Hero Pieces for Stunning Displays: Statement designs that draw attention and elevate buffet aesthetics\n•Elegant Yet Practical: Enhances food presentation while maintaining the efficiency required for large-scale service\n•Lightweight and Easy to Handle: Easier to transport and arrange compared to traditional ceramic or porcelain dishes\n•Chip and Stain Resistant: Maintains a pristine appearance even with frequent use, reducing replacement costs\n•Dishwasher Safe: Designed for effortless cleaning, ensuring hygiene and quick turnaround between services","Each",null,"32.5","17.6","1.5","0.00086",{"v":0.4,"d":"0.400"},"05020403664987",6,"33.5","18.6","11.5","0.00717","2.4",{"v":2.78,"d":"2.780"},"05020403664994",24,"35","35","27","0.03308","9.6",{"v":11.12,"d":"11.120"},null,720,"https://files.plytix.com/api/v1.1/file/public_files/pim/assets/8a/8d/8f/62/628f8d8abb3a1aaaf0e8f149/images/7b/a9/c2/68/68c2a97ba3a9f8de82505472/TH_MK130839.jpg","https://files.plytix.com/api/v1.1/file/public_files/pim/assets/8a/8d/8f/62/628f8d8abb3a1aaaf0e8f149/images/d4/9e/3e/64/643e9ed45ce48b59c5f32f32/MK130839.jpg",null,"https://www.nevilleuk.com/products/MK130839_","RSR-WGN13|WDD-3218|WDD-3218BK|WDD-3218BL|WDD-3218G|WDD-3218GR|RSR-GN1312|WDS1213","MK130828|UH130816|AG130824|NH130805"]
["LX111602","Black Luxor Metal GN 1/1 Riser 53 x 32.5 x 12cm","DISCONTINUED - GN1/1- 530 x 325 x 120mm (L x W x H)",{"v":4.4,"d":"4.40"},1,"Clearance>Clearance Buffet Display",null,null,"Yes",530,325,125,{"v":0.75,"d":"0.750"},{"v":0.75,"d":"0.750"},null,null,"Steel","7323990090","China",null,null,"N/A","N/A","N/A","N/A",{"$nulls":4},"No","No","\n•Practical\n•Endless Layout Possibilities\n•Easy to Manage and Clean\n•Future Proof\n•Great Way of Adding Height","Our Luxor metal 1/1 Gastro stand with a height of 120mm, has been specifically designed to offer our customers a unique modular display solution.The Luxor metal stand measures 530x325x120mm and works seamlessly with any of our display slabs, creating endless possibilities to change the look of your buffet in minutes.These innovative and robust display units are perfect to maximise the appeal of your food presentation. They have been designed to feature our non-slip silicone feet, and are available in a broad assortment of gastronorm sizes.Available in standard gastronorm sizes and in an assortment of heights, these stands can be used with any of our corresponding gastronorm display slabs.\n•Practical\n•Endless layout possibilities\n•Easy to manage and clean\n•Future proof\n•Great way of adding height","Each","5020403664642","53","32.5","12.5","0.02153",{"v":0.75,"d":"0.750"},{"$nulls":8},"05020403664659",4,"56","32","34.5","0.06182","3",{"v":3.6,"d":"3.600"},null,72,"https://files.plytix.com/api/v1.1/file/public_files/pim/assets/8a/8d/8f/62/628f8d8abb3a1aaaf0e8f149/images/a6/ae/b3/65/65b3aea60ed9911391dbdf43/TH_LX111602.jpg","https://files.plytix.com/api/v1.1/file/public_files/pim/assets/8a/8d/8f/62/628f8d8abb3a1aaaf0e8f149/images/cf/9e/3e/64/643e9ecf48909c12e6c2bf24/LX111602.jpg",null,"https://www.nevilleuk.com/products/LX111602_","MK110828|UH110816|MK110839|NH110805|AG110824","LX111702"]
["LID350155","White Oak White Tokyo Melamine Bento Box Lid 34.8 x 18cm","DISCONTINUED - 348 x 180 x 15mm (L x W x H)",1.56,6,"Clearance>Clearance Buffet Display",null,null,"Yes",348,180,15,0.335,0.335,null,null,"Melamine","3924100011","China",null,100,"Yes","N/A","No","Yes",{"$nulls":4},"No","No","\n•Melamine\n•Durable\n•Stackable\n•Dishwasher Safe","Dine in style with our innovative Tokyo collection, meticulously designed for the hospitality sector. This assortment includes an array of bowls, boxes, and bento boxes. Ideal for portion control, with multiple compartments that make it easy to manage portion sizes. Bento boxes are highly convenient for meal prep, allowing for easy packing and transporting of meals, perfect for busy schedules. Their stylish design elevates the presentation of any meal, making dining more enjoyable. Additionally, made from durable melamine, our bento boxes are reusable, reducing waste and promoting eco-friendly practices.\n•Pool Side Dining\n•In-room Dining\n•Portion Control\n•Sustainable\n•Dishwasher Safe","Each",null,"34.8","18","1.5","0.00094",0.335,"05020403664598",6,"35.8","19","8.5","0.00578","2.01",2.016,"05020403664604",36,"59.5","37.5","20","0.04463","12.06",{"v":12.1,"d":"12.100"},null,864,"https://files.plytix.com/api/v1.1/file/public_files/pim/assets/8a/8d/8f/62/628f8d8abb3a1aaaf0e8f149/images/d9/0d/08/65/65080dd96a5a41564864c2e0/TH_LID350155.jpg","https://files.plytix.com/api/v1.1/file/public_files/pim/assets/8a/8d/8f/62/628f8d8abb3a1aaaf0e8f149/images/cf/9e/3e/64/643e9ecfda1b513ef01c7373/LID350155.jpg|https://files.plytix.com/api/v1.1/file/public_files/pim/assets/8a/8d/8f/62/628f8d8abb3a1aaaf0e8f149/other/6a/1c/51/64/64511c6a6a4e7821aae09e4a/TH_LID350155",null,"https://www.nevilleuk.com/products/LID350155_","TY350245","LID350145"]
["LX131802","Black Luxor Metal GN 1/3 Angled Riser 32.5 x 17.6 x 7cm","DISCONTINUED - GN1/3- 325 x 176 x 70mm (L x W x H)",{"v":2.6,"d":"2.60"},1,"Clearance>Clearance Buffet Display",null,null,"Yes",320,175,80,{"v":0.37,"d":"0.370"},{"v":0.37,"d":"0.370"},null,null,"Steel","7323990090","China",null,null,"N/A","N/A","N/A","N/A",{"$nulls":4},"No","No","\n•Practical\n•Endless Layout Possibilities\n•Easy to Manage and Clean\n•Future Proof\n•Great Way of Adding Height","Our Luxor metal 1/3 Gastro Angled stand with a height of 70mm, has been specifically designed to offer our customers a unique modular display solution.The Luxor angled metal stand measures  325x176x70mm and works seamlessly with any of our display slabs, creating endless possibilities to change the look of your buffet in minutes.These innovative and robust display units are perfect to maximise the appeal of your food presentation. They have been designed to feature our non-slip silicone feet, and are available in a broad assortment of gastronorm sizes.Available in standard gastronorm sizes and in an assortment of heights, these stands can be used with any of our corresponding gastronorm display slabs.\n•Practical\n•Endless layout possibilities\n•Easy to manage and clean\n•Future proof\n•Great way of adding height","Each","5020403664789","32","17.5","8","0.00448",{"v":0.37,"d":"0.370"},{"$nulls":8},"05020403664796",4,"21.5","20","34","0.01462","1.48",{"v":1.85,"d":"1.850"},null,240,"https://files.plytix.com/api/v1.1/file/public_files/pim/assets/8a/8d/8f/62/628f8d8abb3a1aaaf0e8f149/images/a7/ae/b3/65/65b3aea70851a4d482436507/TH_LX131802.jpg","https://files.plytix.com/api/v1.1/file/public_files/pim/assets/8a/8d/8f/62/628f8d8abb3a1aaaf0e8f149/images/d1/9e/3e/64/643e9ed148909c12e6c2bf27/LX131802.jpg",null,"https://www.nevilleuk.com/products/LX131802_","MK130828|UH130816|MK130839|NH130805|AG130824","LX131602|LX131702"]
["LX131602","Black Luxor Metal GN 1/3 Riser 32.5 x 17.6 x 12cm","DISCONTINUED - GN1/3- 325 x 176 x 120mm (L x W x H)",2.54,1,"Clearance>Clearance Buffet Display",null,null,"Yes",325,175,130,{"v":0.47,"d":"0.470"},{"v":0.47,"d":"0.470"},null,null,"Steel","7323990090","China",null,null,"N/A","N/A","N/A","N/A",{"$nulls":4},"No","No","\n•Practical\n•Endless Layout Possibilities\n•Easy to Manage and Clean\n•Future Proof\n•Great Way of Adding Height","Our Luxor metal 1/3 Gastro stand with a height of 120mm, has been specifically designed to offer our customers a unique modular display solution.The Luxor metal stand measures  325x2176x120mm and works seamlessly with any of our display slabs, creating endless possibilities to change the look of your buffet in minutes.These innovative and robust display units are perfect to maximise the appeal of your food presentation. They have been designed to feature our non-slip silicone feet, and are available in a broad assortment of gastronorm sizes.Available in standard gastronorm sizes and in an assortment of heights, these stands can be used with any of our corresponding gastronorm display slabs.\n•Practical\n•Endless layout possibilities\n•Easy to manage and clean\n•Future proof\n•Great way of adding height","Each","5020403664741","32.5","17.5","13","0.00739",{"v":0.47,"d":"0.470"},{"$nulls":8},"05020403664758",4,"30","20.5","36","0.02214","1.88",{"v":2.35,"d":"2.350"},null,168,"https://files.plytix.com/api/v1.1/file/public_files/pim/assets/8a/8d/8f/62/628f8d8abb3a1aaaf0e8f149/images/a7/ae/b3/65/65b3aea7fcf9112120269875/TH_LX131602.jpg","https://files.plytix.com/api/v1.1/file/public_files/pim/assets/8a/8d/8f/62/628f8d8abb3a1aaaf0e8f149/images/d1/9e/3e/64/643e9ed148909c12e6c2bf26/LX131602.jpg",null,"https://www.nevilleuk.com/products/LX131602_","MK130828|UH130816|MK130839|NH130805|AG130824","LX131702|LX131802"]
["LB120109","Foldable Polywicker GN 1/2 Basket 32.5 x 26.5 x 10cm","GN1/2- 325 x 265 x 100mm (L x W x H)",108.44,1,"Buffet & Display>Lisbon",{"$nulls":3},710,350,25,{"v":0.58,"d":"0.580"},{"v":0.58,"d":"0.580"},null,null,"Polywicker","3924100090","China",null,null,"Yes","No","No",{"$nulls":5},"No","No","\n•Dishwasher safe\n•Natural look\n•100% food safe\n•Durable\n•Fold-able designs","Our Lisbon 1:2 Gastro fold-flat poly wicker basket, which measures 325x265x100mm is a fantastic alternative to real wicker, whilst offering a natural look and feel for your food display. When storage space is a premium at the end of service, our fold flat poly wicker baskets are ideal for supermarkets, coffee shops and contract caterers to display a range of food, from popcorn to bread, from fruit to cheese. This premium basket is 100% food safe, extremely durable and doesn't flake like real wicker.\n•Dishwasher safe\n•Natural look\n•100% food safe\n•Durable\n•Fold-able designs","Each","5020403664376","71","35","2.5","0.00621",{"v":0.58,"d":"0.580"},{"$nulls":8},"05020403664383",6,"71","35","15","0.03728","3.48",{"v":4,"d":"4.000"},null,162,"https://files.plytix.com/api/v1.1/file/public_files/pim/assets/8a/8d/8f/62/628f8d8abb3a1aaaf0e8f149/other/69/1c/51/64/64511c6923aec5289d262bf9/TH_LB120109","https://files.plytix.com/api/v1.1/file/public_files/pim/assets/8a/8d/8f/62/628f8d8abb3a1aaaf0e8f149/images/cb/9e/3e/64/643e9ecb2af0b0686af7f708/LB120109.jpg",null,"https://www.nevilleuk.com/products/LB120109_",null,"PWB-12BK|PWB-12|LB110109"]
["CP280945","White Copenhagen Melamine Bowl 28 x 7.5cm","280 x 75mm (Dia x H) - 2.6L/91.5oz",45.22,4,"Buffet & Display>Copenhagen",{"$nulls":3},280,280,75,{"v":0.67,"d":"0.670"},{"v":0.67,"d":"0.670"},{"v":260,"d":"260.00"},"91.5","Melamine","3924100011","China",null,100,"Yes","N/A","No","Yes",{"$nulls":4},"No","No","\n•Premium Melamine\n•Designed for High-Traffic Use\n•Scandinavian-Inspired Design\n•Elegant Yet Practical\n•Lightweight and Easy To Handle\n•Chip and Stain Resistant\n•Dishwasher Safe","Embrace the beauty of simplicity, minimalism, and functionality with our Scandinavian-inspired collection of melamine tableware and buffetware. Featuring muted tones, Copenhagen has the textured matt effect colourways that provide a neutral palette that enhances the vibrancy of your food presentation. Discover our beautiful designs of plates, bowls, and dishes, showcasing modern, on-trend undulating walled edges. Durable and hardwearing, our Copenhagen collection leads the way in practical design and beauty.\n•Premium Melamine Construction: Offers the look of porcelain with superior durability and resistance to breakage\n•Designed for High-Traffic Use: Built to withstand the demands of contract catering and buffet service environments\n•Scandinavian-Inspired Design: Features elegant, undulating walled edges for a contemporary and sophisticated look\n•Matt Finish: Modern, refined aesthetic that enhances food presentation\n•Elegant Yet Practical: Enhances food presentation while maintaining the efficiency required for large-scale service\n•Chip and Stain Resistant: Maintains a pristine appearance even with frequent use, reducing replacement costs\n•Dishwasher Safe: Designed for effortless cleaning, ensuring hygiene and quick turnaround between services","Each",null,"28","28","7.5","0.00588",{"v":0.67,"d":"0.670"},"05020403663652",4,"29","29","17.5","0.01472","2.68",{"v":3.3,"d":"3.300"},"05020403663669",16,"61","31","38","0.07186","10.72",{"v":13.2,"d":"13.200"},null,144,"https://files.plytix.com/api/v1.1/file/public_files/pim/assets/8a/8d/8f/62/628f8d8abb3a1aaaf0e8f149/images/a7/a9/c2/68/68c2a9a7aa3e7b3e0a018ad6/TH_CP280945.jpg","https://files.plytix.com/api/v1.1/file/public_files/pim/assets/8a/8d/8f/62/628f8d8abb3a1aaaf0e8f149/images/bd/9e/3e/64/643e9ebd1919d31c27919f32/CP280945.jpg","https://files.plytix.com/api/v1.1/file/public_files/pim/assets/8a/8d/8f/62/628f8d8abb3a1aaaf0e8f149/images/7c/49/5b/64/645b497c82773f5b01e0f3a0/LFST0723676.jpg|https://files.plytix.com/api/v1.1/file/public_files/pim/assets/8a/8d/8f/62/628f8d8abb3a1aaaf0e8f149/images/75/49/5b/64/645b497582773f5b01e0f39a/LFST0723674.jpg|https://files.plytix.com/api/v1.1/file/public_files/pim/assets/8a/8d/8f/62/628f8d8abb3a1aaaf0e8f149/images/6a/49/5b/64/645b496a4366ba863ef5aaad/LFST0723671.jpg|https://files.plytix.com/api/v1.1/file/public_files/pim/assets/8a/8d/8f/62/628f8d8abb3a1aaaf0e8f149/images/66/49/5b/64/645b4966a76194547e3b5f7d/LFST0723670.jpg|https://files.plytix.com/api/v1.1/file/public_files/pim/assets/8a/8d/8f/62/628f8d8abb3a1aaaf0e8f149/images/5a/49/5b/64/645b495aa76194547e3b5f71/LFST0723667.jpg","https://www.nevilleuk.com/products/CP280945_",null,"JT280945"]
["CP552546","Sand Brown Copenhagen Oval Melamine Dish 55 x 27.5cm","550 x 275 x 35mm (L x W x H)",{"v":63.3,"d":"63.30"},1,"Buffet & Display>Copenhagen",{"$nulls":3},550,275,35,{"v":0.95,"d":"0.950"},{"v":0.95,"d":"0.950"},null,null,"Melamine","3924100011","China",null,100,"Yes","N/A","No","Yes",{"$nulls":4},"No","No","\n•Premium Melamine\n•Designed for High-Traffic Use\n•Scandinavian-Inspired Design\n•Elegant Yet Practical\n•Lightweight and Easy To Handle\n•Chip and Stain Resistant\n•Dishwasher Safe","Embrace the beauty of simplicity, minimalism, and functionality with our Scandinavian-inspired collection of melamine tableware and buffetware. Featuring muted tones, Copenhagen has the textured matt effect colourways that provide a neutral palette that enhances the vibrancy of your food presentation. Discover our beautiful designs of plates, bowls, and dishes, showcasing modern, on-trend undulating walled edges. Durable and hardwearing, our Copenhagen collection leads the way in practical design and beauty.\n•Premium Melamine Construction: Offers the look of porcelain with superior durability and resistance to breakage\n•Designed for High-Traffic Use: Built to withstand the demands of contract catering and buffet service environments\n•Scandinavian-Inspired Design: Features elegant, undulating walled edges for a contemporary and sophisticated look\n•Matt Finish: Modern, refined aesthetic that enhances food presentation\n•Elegant Yet Practical: Enhances food presentation while maintaining the efficiency required for large-scale service\n•Chip and Stain Resistant: Maintains a pristine appearance even with frequent use, reducing replacement costs\n•Dishwasher Safe: Designed for effortless cleaning, ensuring hygiene and quick turnaround between services","Each","5020403664277","55","27.5","3.5","0.00529",{"v":0.95,"d":"0.950"},"05020403664284",3,"56","28.5","9","0.01436","2.85",3.505,"05020403664291",12,"60","58","20.5","0.07134","11.4",{"v":14.02,"d":"14.020"},null,144,"https://files.plytix.com/api/v1.1/file/public_files/pim/assets/8a/8d/8f/62/628f8d8abb3a1aaaf0e8f149/images/ac/a9/c2/68/68c2a9ac7a44acee29dec1c7/TH_CP552546.jpg","https://files.plytix.com/api/v1.1/file/public_files/pim/assets/8a/8d/8f/62/628f8d8abb3a1aaaf0e8f149/images/c7/9e/3e/64/643e9ec72af0b0686af7f706/CP552546.jpg","https://files.plytix.com/api/v1.1/file/public_files/pim/assets/8a/8d/8f/62/628f8d8abb3a1aaaf0e8f149/images/87/49/5b/64/645b498782773f5b01e0f3a9/LFST0723679.jpg|https://files.plytix.com/api/v1.1/file/public_files/pim/assets/8a/8d/8f/62/628f8d8abb3a1aaaf0e8f149/images/83/49/5b/64/645b498382773f5b01e0f3a4/LFST0723678.jpg|https://files.plytix.com/api/v1.1/file/public_files/pim/assets/8a/8d/8f/62/628f8d8abb3a1aaaf0e8f149/images/6a/49/5b/64/645b496a4366ba863ef5aaad/LFST0723671.jpg|https://files.plytix.com/api/v1.1/file/public_files/pim/assets/8a/8d/8f/62/628f8d8abb3a1aaaf0e8f149/images/66/49/5b/64/645b4966a76194547e3b5f7d/LFST0723670.jpg|https://files.plytix.com/api/v1.1/file/public_files/pim/assets/8a/8d/8f/62/628f8d8abb3a1aaaf0e8f149/images/5a/49/5b/64/645b495aa76194547e3b5f71/LFST0723667.jpg","https://www.nevilleuk.com/products/CP552546_",null,"CP552502|CP552545|CP552547"]
["CP552545","White Copenhagen Oval Melamine Dish 55 x 27.5cm","550 x 275 x 35mm (L x W x H)",{"v":63.3,"d":"63.30"},1,"Buffet & Display>Copenhagen",{"$nulls":3},550,275,35,{"v":0.95,"d":"0.950"},{"v":0.95,"d":"0.950"},null,null,"Melamine","3924100011","China",null,100,"Yes","N/A","No","Yes",{"$nulls":4},"No","No","\n•Premium Melamine\n•Designed for High-Traffic Use\n•Scandinavian-Inspired Design\n•Elegant Yet Practical\n•Lightweight and Easy To Handle\n•Chip and Stain Resistant\n•Dishwasher Safe","Embrace the beauty of simplicity, minimalism, and functionality with our Scandinavian-inspired collection of melamine tableware and buffetware. Featuring muted tones, Copenhagen has the textured matt effect colourways that provide a neutral palette that enhances the vibrancy of your food presentation. Discover our beautiful designs of plates, bowls, and dishes, showcasing modern, on-trend undulating walled edges. Durable and hardwearing, our Copenhagen collection leads the way in practical design and beauty.\n•Premium Melamine Construction: Offers the look of porcelain with superior durability and resistance to breakage\n•Designed for High-Traffic Use: Built to withstand the demands of contract catering and buffet service environments\n•Scandinavian-Inspired Design: Features elegant, undulating walled edges for a contemporary and sophisticated look\n•Matt Finish: Modern, refined aesthetic that enhances food presentation\n•Elegant Yet Practical: Enhances food presentation while maintaining the efficiency required for large-scale service\n•Chip and Stain Resistant: Maintains a pristine appearance even with frequent use, reducing replacement costs\n•Dishwasher Safe: Designed for effortless cleaning, ensuring hygiene and quick turnaround between services","Each",null,"55","27.5","3.5","0.00529",{"v":0.95,"d":"0.950"},"05020403664253",3,"56","28.5","9","0.01436","2.85",{"v":3.49,"d":"3.490"},"05020403664260",12,"60","58","20.5","0.07134","11.4",{"v":14,"d":"14.000"},null,144,"https://files.plytix.com/api/v1.1/file/public_files/pim/assets/8a/8d/8f/62/628f8d8abb3a1aaaf0e8f149/images/ac/a9/c2/68/68c2a9ac7a44acee29dec1c6/TH_CP552545.jpg","https://files.plytix.com/api/v1.1/file/public_files/pim/assets/8a/8d/8f/62/628f8d8abb3a1aaaf0e8f149/images/c7/9e/3e/64/643e9ec72af0b0686af7f704/CP552545.jpg","https://files.plytix.com/api/v1.1/file/public_files/pim/assets/8a/8d/8f/62/628f8d8abb3a1aaaf0e8f149/images/78/49/5b/64/645b4978ed9b5b5d32535fc0/LFST0723675.jpg|https://files.plytix.com/api/v1.1/file/public_files/pim/assets/8a/8d/8f/62/628f8d8abb3a1aaaf0e8f149/images/71/49/5b/64/645b4971ed9b5b5d32535fb8/LFST0723673.jpg|https://files.plytix.com/api/v1.1/file/public_files/pim/assets/8a/8d/8f/62/628f8d8abb3a1aaaf0e8f149/images/62/49/5b/64/645b4962c4a915dbd1bad9c4/LFST0723669.jpg|https://files.plytix.com/api/v1.1/file/public_files/pim/assets/8a/8d/8f/62/628f8d8abb3a1aaaf0e8f149/images/5a/49/5b/64/645b495aa76194547e3b5f71/LFST0723667.jpg","https://www.nevilleuk.com/products/CP552545_",null,"JT552545"]
["CP222602","Black Copenhagen Round Melamine Plate 22.5cm","225 x 25mm (Dia x H)",21.12,6,"Buffet & Display>Copenhagen",{"$nulls":3},225,225,25,0.318,0.318,null,null,"Melamine","3924100011","China",null,100,"Yes","N/A","No","Yes",{"$nulls":4},"No","No","\n•Premium Melamine\n•Designed for High-Traffic Use\n•Scandinavian-Inspired Design\n•Elegant Yet Practical\n•Lightweight and Easy To Handle\n•Chip and Stain Resistant\n•Dishwasher Safe","Embrace the beauty of simplicity, minimalism, and functionality with our Scandinavian-inspired collection of melamine tableware and buffetware. Featuring muted tones, Copenhagen has the textured matt effect colourways that provide a neutral palette that enhances the vibrancy of your food presentation. Discover our beautiful designs of plates, bowls, and dishes, showcasing modern, on-trend undulating walled edges. Durable and hardwearing, our Copenhagen collection leads the way in practical design and beauty.\n•Premium Melamine Construction: Offers the look of porcelain with superior durability and resistance to breakage\n•Designed for High-Traffic Use: Built to withstand the demands of contract catering and buffet service environments\n•Scandinavian-Inspired Design: Features elegant, undulating walled edges for a contemporary and sophisticated look\n•Matt Finish: Modern, refined aesthetic that enhances food presentation\n•Elegant Yet Practical: Enhances food presentation while maintaining the efficiency required for large-scale service\n•Chip and Stain Resistant: Maintains a pristine appearance even with frequent use, reducing replacement costs\n•Dishwasher Safe: Designed for effortless cleaning, ensuring hygiene and quick turnaround between services","Each",null,"22.5","22.5","2.5","0.00127",0.318,"05020403663508",6,"24","25","11.5","0.00690","1.908",2.166,"05020403663515",36,"50","25.5","37","0.04718","11.448",{"v":13,"d":"13.000"},null,648,"https://files.plytix.com/api/v1.1/file/public_files/pim/assets/8a/8d/8f/62/628f8d8abb3a1aaaf0e8f149/other/62/1c/51/64/64511c6223aec5289d262bed/TH_CP222602","https://files.plytix.com/api/v1.1/file/public_files/pim/assets/8a/8d/8f/62/628f8d8abb3a1aaaf0e8f149/images/1f/ba/78/64/6478ba1f7cc8e834231dbc88/CP222602.jpg","https://files.plytix.com/api/v1.1/file/public_files/pim/assets/8a/8d/8f/62/628f8d8abb3a1aaaf0e8f149/images/f6/49/5b/64/645b49f6a76194547e3b5faf/LFST0723712.jpg|https://files.plytix.com/api/v1.1/file/public_files/pim/assets/8a/8d/8f/62/628f8d8abb3a1aaaf0e8f149/images/e8/49/5b/64/645b49e882773f5b01e0f3c9/LFST0723710.jpg|https://files.plytix.com/api/v1.1/file/public_files/pim/assets/8a/8d/8f/62/628f8d8abb3a1aaaf0e8f149/images/f0/49/5b/64/645b49f04366ba863ef5aad3/LFST0723711.jpg","https://www.nevilleuk.com/products/CP222602_",null,"CP222645|CP222646|CP222647"]
["CP172647","Jade Copenhagen Round Melamine Plate 17cm","170 x 25mm (Dia x H)",13.02,6,"Buffet & Display>Copenhagen",{"$nulls":3},170,170,25,{"v":0.2,"d":"0.200"},{"v":0.2,"d":"0.200"},null,null,"Melamine","3924100011","China",null,100,"Yes","N/A","No","Yes",{"$nulls":4},"No","No","\n•Premium Melamine\n•Designed for High-Traffic Use\n•Scandinavian-Inspired Design\n•Elegant Yet Practical\n•Lightweight and Easy To Handle\n•Chip and Stain Resistant\n•Dishwasher Safe","Embrace the beauty of simplicity, minimalism, and functionality with our Scandinavian-inspired collection of melamine tableware and buffetware. Featuring muted tones, Copenhagen has the textured matt effect colourways that provide a neutral palette that enhances the vibrancy of your food presentation. Discover our beautiful designs of plates, bowls, and dishes, showcasing modern, on-trend undulating walled edges. Durable and hardwearing, our Copenhagen collection leads the way in practical design and beauty.\n•Premium Melamine Construction: Offers the look of porcelain with superior durability and resistance to breakage\n•Designed for High-Traffic Use: Built to withstand the demands of contract catering and buffet service environments\n•Scandinavian-Inspired Design: Features elegant, undulating walled edges for a contemporary and sophisticated look\n•Matt Finish: Modern, refined aesthetic that enhances food presentation\n•Elegant Yet Practical: Enhances food presentation while maintaining the efficiency required for large-scale service\n•Chip and Stain Resistant: Maintains a pristine appearance even with frequent use, reducing replacement costs\n•Dishwasher Safe: Designed for effortless cleaning, ensuring hygiene and quick turnaround between services","Each",null,"17","17","2.5","0.00072",{"v":0.2,"d":"0.200"},"05020403663355",6,"19","19","25.5","0.00921","1.2",1.394,"05020403663362",48,"40.5","40.5","25.5","0.04183","9.6",{"v":11.15,"d":"11.150"},null,1440,"https://files.plytix.com/api/v1.1/file/public_files/pim/assets/8a/8d/8f/62/628f8d8abb3a1aaaf0e8f149/other/61/1c/51/64/64511c6193cac5061ddba48a/TH_CP172647","https://files.plytix.com/api/v1.1/file/public_files/pim/assets/8a/8d/8f/62/628f8d8abb3a1aaaf0e8f149/images/b7/9e/3e/64/643e9eb71919d31c27919f2d/CP172647.jpg","https://files.plytix.com/api/v1.1/file/public_files/pim/assets/8a/8d/8f/62/628f8d8abb3a1aaaf0e8f149/images/5f/48/5b/64/645b485f332284ca4dfde6eb/LFST0723747.jpg|https://files.plytix.com/api/v1.1/file/public_files/pim/assets/8a/8d/8f/62/628f8d8abb3a1aaaf0e8f149/images/2a/48/5b/64/645b482aa76194547e3b5ec7/LFST0723733.jpg","https://www.nevilleuk.com/products/CP172647_",null,"CP172602|CP172645|CP172646"]
["CP472547","Jade Copenhagen Oval Melamine Dish 47.5 x 24cm","475 x 24 x 35mm (L x W x H)",48.26,1,"Buffet & Display>Copenhagen",{"$nulls":3},475,240,35,{"v":0.73,"d":"0.730"},{"v":0.73,"d":"0.730"},null,null,"Melamine","3924100011","China",null,100,"Yes","N/A","No","Yes",{"$nulls":4},"No","No","\n•Premium Melamine\n•Designed for High-Traffic Use\n•Scandinavian-Inspired Design\n•Elegant Yet Practical\n•Lightweight and Easy To Handle\n•Chip and Stain Resistant\n•Dishwasher Safe","Embrace the beauty of simplicity, minimalism, and functionality with our Scandinavian-inspired collection of melamine tableware and buffetware. Featuring muted tones, Copenhagen has the textured matt effect colourways that provide a neutral palette that enhances the vibrancy of your food presentation. Discover our beautiful designs of plates, bowls, and dishes, showcasing modern, on-trend undulating walled edges. Durable and hardwearing, our Copenhagen collection leads the way in practical design and beauty.\n•Premium Melamine Construction: Offers the look of porcelain with superior durability and resistance to breakage\n•Designed for High-Traffic Use: Built to withstand the demands of contract catering and buffet service environments\n•Scandinavian-Inspired Design: Features elegant, undulating walled edges for a contemporary and sophisticated look\n•Matt Finish: Modern, refined aesthetic that enhances food presentation\n•Elegant Yet Practical: Enhances food presentation while maintaining the efficiency required for large-scale service\n•Chip and Stain Resistant: Maintains a pristine appearance even with frequent use, reducing replacement costs\n•Dishwasher Safe: Designed for effortless cleaning, ensuring hygiene and quick turnaround between services","Each","5020403664062","47.5","24","3.5","0.00399",{"v":0.73,"d":"0.730"},"05020403664079",4,"48.5","26","11","0.01387","2.92",3.473,"05020403664086",16,"53","50.5","25","0.06691","11.68",{"v":13.89,"d":"13.890"},null,160,"https://files.plytix.com/api/v1.1/file/public_files/pim/assets/8a/8d/8f/62/628f8d8abb3a1aaaf0e8f149/images/aa/a9/c2/68/68c2a9aa1da658cd5393cbf7/TH_CP472547.jpg","https://files.plytix.com/api/v1.1/file/public_files/pim/assets/8a/8d/8f/62/628f8d8abb3a1aaaf0e8f149/images/c4/9e/3e/64/643e9ec48337befb544cfd22/CP472547.jpg","https://files.plytix.com/api/v1.1/file/public_files/pim/assets/8a/8d/8f/62/628f8d8abb3a1aaaf0e8f149/images/5e/49/5b/64/645b495e4366ba863ef5aaa9/LFST0723668.jpg|https://files.plytix.com/api/v1.1/file/public_files/pim/assets/8a/8d/8f/62/628f8d8abb3a1aaaf0e8f149/images/5a/49/5b/64/645b495aa76194547e3b5f71/LFST0723667.jpg","https://www.nevilleuk.com/products/CP472547_",null,"CP402502|CP472502|CP472545|CP472546"]
["CP472546","Sand Brown Copenhagen Oval Melamine Dish 47.5 x 24cm","475 x 24 x 35mm (L x W x H)",48.26,1,"Buffet & Display>Copenhagen",{"$nulls":3},475,240,35,0.763,0.763,null,null,"Melamine","3924100011","China",null,100,"Yes","N/A","No","Yes",{"$nulls":4},"No","No","\n•Premium Melamine\n•Designed for High-Traffic Use\n•Scandinavian-Inspired Design\n•Elegant Yet Practical\n•Lightweight and Easy To Handle\n•Chip and Stain Resistant\n•Dishwasher Safe","Embrace the beauty of simplicity, minimalism, and functionality with our Scandinavian-inspired collection of melamine tableware and buffetware. Featuring muted tones, Copenhagen has the textured matt effect colourways that provide a neutral palette that enhances the vibrancy of your food presentation. Discover our beautiful designs of plates, bowls, and dishes, showcasing modern, on-trend undulating walled edges. Durable and hardwearing, our Copenhagen collection leads the way in practical design and beauty.\n•Premium Melamine Construction: Offers the look of porcelain with superior durability and resistance to breakage\n•Designed for High-Traffic Use: Built to withstand the demands of contract catering and buffet service environments\n•Scandinavian-Inspired Design: Features elegant, undulating walled edges for a contemporary and sophisticated look\n•Matt Finish: Modern, refined aesthetic that enhances food presentation\n•Elegant Yet Practical: Enhances food presentation while maintaining the efficiency required for large-scale service\n•Chip and Stain Resistant: Maintains a pristine appearance even with frequent use, reducing replacement costs\n•Dishwasher Safe: Designed for effortless cleaning, ensuring hygiene and quick turnaround between services","Each",null,"47.5","24","3.5","0.00399",0.763,"05020403664048",4,"48.5","26","11","0.01387","3.052",3.325,"05020403664055",16,"53","50.5","25","0.06691","12.208",{"v":13.3,"d":"13.300"},null,160,"https://files.plytix.com/api/v1.1/file/public_files/pim/assets/8a/8d/8f/62/628f8d8abb3a1aaaf0e8f149/images/a9/a9/c2/68/68c2a9a97a44acee29dec1bf/TH_CP472546.jpg","https://files.plytix.com/api/v1.1/file/public_files/pim/assets/8a/8d/8f/62/628f8d8abb3a1aaaf0e8f149/images/c4/9e/3e/64/643e9ec42af0b0686af7f703/CP472546.jpg",null,"https://www.nevilleuk.com/products/CP472546_",null,"CP402545|CP472502|CP472545|CP472547"]
["CP402545","White Copenhagen Oval Melamine Dish 40 x 20cm","400 x 200 x 35mm (L x W x H)",36.64,1,"Buffet & Display>Copenhagen",{"$nulls":3},450,430,14,0.475,0.475,null,null,"Melamine","3924100011","China",null,100,"Yes","N/A","No","Yes",{"$nulls":4},"No","No","\n•Premium Melamine\n•Designed for High-Traffic Use\n•Scandinavian-Inspired Design\n•Elegant Yet Practical\n•Lightweight and Easy To Handle\n•Chip and Stain Resistant\n•Dishwasher Safe","Embrace the beauty of simplicity, minimalism, and functionality with our Scandinavian-inspired collection of melamine tableware and buffetware. Featuring muted tones, Copenhagen has the textured matt effect colourways that provide a neutral palette that enhances the vibrancy of your food presentation. Discover our beautiful designs of plates, bowls, and dishes, showcasing modern, on-trend undulating walled edges. Durable and hardwearing, our Copenhagen collection leads the way in practical design and beauty.\n•Premium Melamine Construction: Offers the look of porcelain with superior durability and resistance to breakage\n•Designed for High-Traffic Use: Built to withstand the demands of contract catering and buffet service environments\n•Scandinavian-Inspired Design: Features elegant, undulating walled edges for a contemporary and sophisticated look\n•Matt Finish: Modern, refined aesthetic that enhances food presentation\n•Elegant Yet Practical: Enhances food presentation while maintaining the efficiency required for large-scale service\n•Chip and Stain Resistant: Maintains a pristine appearance even with frequent use, reducing replacement costs\n•Dishwasher Safe: Designed for effortless cleaning, ensuring hygiene and quick turnaround between services","Each","5020403663881","45","43","1.38","0.00267",0.475,"05020403663898",6,"15","22","41","0.01353","2.85",{"v":2.87,"d":"2.870"},"05020403663904",24,"45","43","33","0.06386","11.4",{"v":11.5,"d":"11.500"},null,192,"https://files.plytix.com/api/v1.1/file/public_files/pim/assets/8a/8d/8f/62/628f8d8abb3a1aaaf0e8f149/images/a8/a9/c2/68/68c2a9a887cf55bf2f7dfd98/TH_CP402545.jpg","https://files.plytix.com/api/v1.1/file/public_files/pim/assets/8a/8d/8f/62/628f8d8abb3a1aaaf0e8f149/images/c1/9e/3e/64/643e9ec11919d31c27919f34/CP402545.jpg",null,"https://www.nevilleuk.com/products/CP402545_",null,"CP402502|CP402546|CP402547"]
["CP150946","Sand Brown Copenhagen Melamine Bowl 15.5 x 7.5cm","155 x 75mm (Dia x H) - 65cl/22.9oz",18.46,6,"Buffet & Display>Copenhagen",{"$nulls":3},155,155,75,0.268,0.268,{"v":65,"d":"65.00"},"22.9","Melamine","3924100011","China",null,100,"Yes","N/A","No","Yes",{"$nulls":4},"No","No","\n•Premium Melamine\n•Designed for High-Traffic Use\n•Scandinavian-Inspired Design\n•Elegant Yet Practical\n•Lightweight and Easy To Handle\n•Chip and Stain Resistant\n•Dishwasher Safe","Embrace the beauty of simplicity, minimalism, and functionality with our Scandinavian-inspired collection of melamine tableware and buffetware. Featuring muted tones, Copenhagen has the textured matt effect colourways that provide a neutral palette that enhances the vibrancy of your food presentation. Discover our beautiful designs of plates, bowls, and dishes, showcasing modern, on-trend undulating walled edges. Durable and hardwearing, our Copenhagen collection leads the way in practical design and beauty.\n•Premium Melamine Construction: Offers the look of porcelain with superior durability and resistance to breakage\n•Designed for High-Traffic Use: Built to withstand the demands of contract catering and buffet service environments\n•Scandinavian-Inspired Design: Features elegant, undulating walled edges for a contemporary and sophisticated look\n•Matt Finish: Modern, refined aesthetic that enhances food presentation\n•Elegant Yet Practical: Enhances food presentation while maintaining the efficiency required for large-scale service\n•Chip and Stain Resistant: Maintains a pristine appearance even with frequent use, reducing replacement costs\n•Dishwasher Safe: Designed for effortless cleaning, ensuring hygiene and quick turnaround between services","Each",null,"15.5","15.5","7.5","0.00180",0.268,"05020403663201",6,"17","16","24","0.00653","1.608",1.862,"05020403663218",48,"36","36","50","0.06480","12.864",{"v":14.9,"d":"14.900"},null,576,"https://files.plytix.com/api/v1.1/file/public_files/pim/assets/8a/8d/8f/62/628f8d8abb3a1aaaf0e8f149/images/a3/a9/c2/68/68c2a9a31da658cd5393cbf4/TH_CP150946.jpg","https://files.plytix.com/api/v1.1/file/public_files/pim/assets/8a/8d/8f/62/628f8d8abb3a1aaaf0e8f149/images/b5/9e/3e/64/643e9eb55ce48b59c5f32f22/CP150946.jpg",null,"https://www.nevilleuk.com/products/CP150946_",null,"CP150902|CP150945|CP150947"]
["CP402502","Black Copenhagen Oval Melamine Dish 40 x 20cm","400 x 200 x 35mm (L x W x H)",36.64,1,"Buffet & Display>Copenhagen",{"$nulls":3},400,200,35,{"v":0.53,"d":"0.530"},{"v":0.53,"d":"0.530"},null,null,"Melamine","3924100011","China",null,100,"Yes","N/A","No","Yes",{"$nulls":4},"No","No","\n•Premium Melamine\n•Designed for High-Traffic Use\n•Scandinavian-Inspired Design\n•Elegant Yet Practical\n•Lightweight and Easy To Handle\n•Chip and Stain Resistant\n•Dishwasher Safe","Embrace the beauty of simplicity, minimalism, and functionality with our Scandinavian-inspired collection of melamine tableware and buffetware. Featuring muted tones, Copenhagen has the textured matt effect colourways that provide a neutral palette that enhances the vibrancy of your food presentation. Discover our beautiful designs of plates, bowls, and dishes, showcasing modern, on-trend undulating walled edges. Durable and hardwearing, our Copenhagen collection leads the way in practical design and beauty.\n•Premium Melamine Construction: Offers the look of porcelain with superior durability and resistance to breakage\n•Designed for High-Traffic Use: Built to withstand the demands of contract catering and buffet service environments\n•Scandinavian-Inspired Design: Features elegant, undulating walled edges for a contemporary and sophisticated look\n•Matt Finish: Modern, refined aesthetic that enhances food presentation\n•Elegant Yet Practical: Enhances food presentation while maintaining the efficiency required for large-scale service\n•Chip and Stain Resistant: Maintains a pristine appearance even with frequent use, reducing replacement costs\n•Dishwasher Safe: Designed for effortless cleaning, ensuring hygiene and quick turnaround between services","Each","5020403663850","40","20","3.5","0.00280",{"v":0.53,"d":"0.530"},"05020403663867",6,"22","41","15","0.01353","3.18",3.655,"05020403663874",24,"45","43","33","0.06386","12.72",{"v":14.62,"d":"14.620"},null,192,"https://files.plytix.com/api/v1.1/file/public_files/pim/assets/8a/8d/8f/62/628f8d8abb3a1aaaf0e8f149/images/a8/a9/c2/68/68c2a9a8ec3723bcfd60669f/TH_CP402502.jpg","https://files.plytix.com/api/v1.1/file/public_files/pim/assets/8a/8d/8f/62/628f8d8abb3a1aaaf0e8f149/images/ad/b9/78/64/6478b9ad3d037951fa78b665/CP402502.jpg",null,"https://www.nevilleuk.com/products/CP402502_",null,"CP402545|CP402546|CP402547"]
["CP282647","Jade Copenhagen Round Melamine Plate 28cm","280 x 25mm (Dia x H)",31.82,6,"Buffet & Display>Copenhagen",{"$nulls":3},280,280,25,{"v":0.48,"d":"0.480"},{"v":0.48,"d":"0.480"},null,null,"Melamine","3924100011","China",null,100,"Yes","N/A","No","Yes",{"$nulls":4},"No","No","\n•Premium Melamine\n•Designed for High-Traffic Use\n•Scandinavian-Inspired Design\n•Elegant Yet Practical\n•Lightweight and Easy To Handle\n•Chip and Stain Resistant\n•Dishwasher Safe","Embrace the beauty of simplicity, minimalism, and functionality with our Scandinavian-inspired collection of melamine tableware and buffetware. Featuring muted tones, Copenhagen has the textured matt effect colourways that provide a neutral palette that enhances the vibrancy of your food presentation. Discover our beautiful designs of plates, bowls, and dishes, showcasing modern, on-trend undulating walled edges. Durable and hardwearing, our Copenhagen collection leads the way in practical design and beauty.\n•Premium Melamine Construction: Offers the look of porcelain with superior durability and resistance to breakage\n•Designed for High-Traffic Use: Built to withstand the demands of contract catering and buffet service environments\n•Scandinavian-Inspired Design: Features elegant, undulating walled edges for a contemporary and sophisticated look\n•Matt Finish: Modern, refined aesthetic that enhances food presentation\n•Elegant Yet Practical: Enhances food presentation while maintaining the efficiency required for large-scale service\n•Chip and Stain Resistant: Maintains a pristine appearance even with frequent use, reducing replacement costs\n•Dishwasher Safe: Designed for effortless cleaning, ensuring hygiene and quick turnaround between services","Each",null,"28","28","2.5","0.00196",{"v":0.48,"d":"0.480"},"05020403663836",6,"29","29","11","0.00925","2.88",3.293,"05020403663843",24,"61","31","25","0.04728","11.52",{"v":13.17,"d":"13.170"},null,360,"https://files.plytix.com/api/v1.1/file/public_files/pim/assets/8a/8d/8f/62/628f8d8abb3a1aaaf0e8f149/other/64/1c/51/64/64511c646a4e7821aae09e44/TH_CP282647","https://files.plytix.com/api/v1.1/file/public_files/pim/assets/8a/8d/8f/62/628f8d8abb3a1aaaf0e8f149/images/c0/9e/3e/64/643e9ec01919d31c27919f33/CP282647.jpg",null,"https://www.nevilleuk.com/products/CP282647_",null,"CP282602|CP282645|CP282646"]
["CP080946","Sand Brown Copenhagen Round Melamine Bowl 8.5 x 3.5cm","DISCONTINUED - 85 x 35mm (Dia x H) - 6.5cl/2.3oz",0.62,24,"Clearance>Clearance Buffet Display",null,null,"Yes",85,85,40,{"v":0.08,"d":"0.080"},{"v":0.08,"d":"0.080"},{"v":6.5,"d":"6.50"},"2.3","Melamine","3924100011","China",null,100,"Yes","N/A","No","Yes",{"$nulls":4},"No","No","\n•Premium Melamine\n•Designed for High-Traffic Use\n•Scandinavian-Inspired Design\n•Elegant Yet Practical\n•Lightweight and Easy To Handle\n•Chip and Stain Resistant\n•Dishwasher Safe","Embrace the beauty of simplicity, minimalism, and functionality with our Scandinavian-inspired collection of melamine tableware and buffetware. Featuring muted tones, Copenhagen has the textured matt effect colourways that provide a neutral palette that enhances the vibrancy of your food presentation. Discover our beautiful designs of plates, bowls, and dishes, showcasing modern, on-trend undulating walled edges. Durable and hardwearing, our Copenhagen collection leads the way in practical design and beauty.\n•Premium Melamine Construction: Offers the look of porcelain with superior durability and resistance to breakage\n•Designed for High-Traffic Use: Built to withstand the demands of contract catering and buffet service environments\n•Scandinavian-Inspired Design: Features elegant, undulating walled edges for a contemporary and sophisticated look\n•Matt Finish: Modern, refined aesthetic that enhances food presentation\n•Elegant Yet Practical: Enhances food presentation while maintaining the efficiency required for large-scale service\n•Chip and Stain Resistant: Maintains a pristine appearance even with frequent use, reducing replacement costs\n•Dishwasher Safe: Designed for effortless cleaning, ensuring hygiene and quick turnaround between services","Each",null,"8.5","8.5","4","0.00029",{"v":0.08,"d":"0.080"},"05020403662969",24,"18.5","19","15.5","0.00545","1.92",1.965,"05020403662976",144,"58","39","17.5","0.03959","11.52",{"v":11.79,"d":"11.790"},null,4032,"https://files.plytix.com/api/v1.1/file/public_files/pim/assets/8a/8d/8f/62/628f8d8abb3a1aaaf0e8f149/images/9a/a9/c2/68/68c2a99aaa3e7b3e0a018ad1/TH_CP080946.jpg","https://files.plytix.com/api/v1.1/file/public_files/pim/assets/8a/8d/8f/62/628f8d8abb3a1aaaf0e8f149/images/b1/9e/3e/64/643e9eb11919d31c27919f24/CP080946.jpg","https://files.plytix.com/api/v1.1/file/public_files/pim/assets/8a/8d/8f/62/628f8d8abb3a1aaaf0e8f149/images/42/48/5b/64/645b4842332284ca4dfde6c1/LFST0723739.jpg|https://files.plytix.com/api/v1.1/file/public_files/pim/assets/8a/8d/8f/62/628f8d8abb3a1aaaf0e8f149/images/2e/48/5b/64/645b482e4366ba863ef5a9f1/LFST0723734.jpg|https://files.plytix.com/api/v1.1/file/public_files/pim/assets/8a/8d/8f/62/628f8d8abb3a1aaaf0e8f149/images/31/48/5b/64/645b48314366ba863ef5a9f2/LFST0723735.jpg|https://files.plytix.com/api/v1.1/file/public_files/pim/assets/8a/8d/8f/62/628f8d8abb3a1aaaf0e8f149/images/78/49/5b/64/645b4978ed9b5b5d32535fc0/LFST0723675.jpg|https://files.plytix.com/api/v1.1/file/public_files/pim/assets/8a/8d/8f/62/628f8d8abb3a1aaaf0e8f149/images/71/49/5b/64/645b4971ed9b5b5d32535fb8/LFST0723673.jpg|https://files.plytix.com/api/v1.1/file/public_files/pim/assets/8a/8d/8f/62/628f8d8abb3a1aaaf0e8f149/images/62/49/5b/64/645b4962c4a915dbd1bad9c4/LFST0723669.jpg|https://files.plytix.com/api/v1.1/file/public_files/pim/assets/8a/8d/8f/62/628f8d8abb3a1aaaf0e8f149/images/8e/49/5b/64/645b498ea76194547e3b5f87/LFST0723681.jpg|https://files.plytix.com/api/v1.1/file/public_files/pim/assets/8a/8d/8f/62/628f8d8abb3a1aaaf0e8f149/images/5a/49/5b/64/645b495aa76194547e3b5f71/LFST0723667.jpg","https://www.nevilleuk.com/products/CP080946_",null,"CP080902|CP080945|CP080947"]
["CA240936","Light Green Glazed Melamine Casablanca Bowl 24.5 x 10cm","245 x 100mm (Dia x H)  2.6L",58.82,1,"Buffet & Display>Casablanca",{"$nulls":3},245,245,100,0.615,0.615,{"v":260,"d":"260.00"},"91.5","Melamine","3924100011","China",null,100,"Yes","N/A","No","Yes",{"$nulls":4},"No","No","\n•Replicates Crackle Glaze\n• Durable\n• Chip Resistant\n•Dishwasher Safe\n•100% Food Grade Melamine","Our Casablanca large bowl in light green has been produced using advanced melamine manufacturing techniques, resulting in products that are virtually indistinguishable from their ceramic counterparts. Made from 100% melamine, the 2.6L volume Casablanca large light green bowl is break resistant and easy to clean, making them ideal for everyday use.This vibrant colour is ideal for displaying a wide variety of fresh produce. The durable glazed effect green bowl has subtle ripples to help create an authentic looking ceramic bowl, but with the benefits of melamine. \n•Replicates Crackle Glaze\n• Durable\n• Chip Resistant\n•Dishwasher Safe\n•100% Food Grade Melamine","Each","5020403662747","24.5","24.5","10","0.00600",0.615,"05020403662754",6,"25.5","25.5","23","0.01496","3.69",3.725,"05020403662761",24,"53","53","28","0.07865","14.76",{"v":14.9,"d":"14.900"},null,192,"https://files.plytix.com/api/v1.1/file/public_files/pim/assets/8a/8d/8f/62/628f8d8abb3a1aaaf0e8f149/other/5d/1c/51/64/64511c5d23aec5289d262be0/TH_CA240936","https://files.plytix.com/api/v1.1/file/public_files/pim/assets/8a/8d/8f/62/628f8d8abb3a1aaaf0e8f149/images/97/ad/f8/63/63f8ad9731aaaecc77658205/CA240936.jpg","https://files.plytix.com/api/v1.1/file/public_files/pim/assets/8a/8d/8f/62/628f8d8abb3a1aaaf0e8f149/images/3e/49/5b/64/645b493ea76194547e3b5f66/LFST0723661.jpg|https://files.plytix.com/api/v1.1/file/public_files/pim/assets/8a/8d/8f/62/628f8d8abb3a1aaaf0e8f149/images/2a/49/5b/64/645b492a332284ca4dfde835/LFST0723655.jpg|https://files.plytix.com/api/v1.1/file/public_files/pim/assets/8a/8d/8f/62/628f8d8abb3a1aaaf0e8f149/images/4f/49/5b/64/645b494fc4a915dbd1bad9c1/LFST0723665.jpg|https://files.plytix.com/api/v1.1/file/public_files/pim/assets/8a/8d/8f/62/628f8d8abb3a1aaaf0e8f149/images/31/49/5b/64/645b4931c4a915dbd1bad9a2/LFST0723657.jpg|https://files.plytix.com/api/v1.1/file/public_files/pim/assets/8a/8d/8f/62/628f8d8abb3a1aaaf0e8f149/images/44/49/5b/64/645b4944c4a915dbd1bad9b7/LFST0723663.jpg|https://files.plytix.com/api/v1.1/file/public_files/pim/assets/8a/8d/8f/62/628f8d8abb3a1aaaf0e8f149/images/28/49/5b/64/645b49284366ba863ef5aa98/LFST0723654.jpg","https://www.nevilleuk.com/products/CA240936_",null,"CA240935|CA240937"]
["CA200935","Orange Glazed Melamine Casablanca Bowl 20.5 x 9.5cm","205 x 95mm (Dia x H) 1.6L",45.82,1,"Buffet & Display>Casablanca",{"$nulls":3},205,205,95,0.432,0.432,{"v":1.6,"d":"1.60"},"0.6","Melamine","3924100011","China",null,100,"Yes","N/A","No","Yes",{"$nulls":4},"No","No","\n•Replicates Crackle Glaze\n• Durable\n• Chip Resistant\n•Dishwasher Safe\n•100% Food Grade Melamine","Our Casablanca small bowl in orange has been produced using advanced melamine manufacturing techniques, resulting in products that are virtually indistinguishable from their ceramic counterparts.Made from 100% melamine, the 1.6L volume Casablanca small orange bowl is break resistant and easy to clean, making them ideal for everyday use.This vibrant colour is ideal for displaying a wide variety of fresh produce.The durable glazed effect orange bowl has subtle ripples to help create an authentic looking ceramic bowl, but with the benefits of melamine.\n•Replicates Crackle Glaze\n• Durable\n• Chip Resistant\n•Dishwasher Safe\n•100% Food Grade Melamine","Each","5020403662624","20.5","20.5","9.5","0.00399",0.432,"05020403662631",6,"21.5","21.5","19.5","0.00901","2.592",{"v":3.05,"d":"3.050"},"05020403662648",24,"45","45","21.5","0.04354","10.368",{"v":12.2,"d":"12.200"},null,288,"https://files.plytix.com/api/v1.1/file/public_files/pim/assets/8a/8d/8f/62/628f8d8abb3a1aaaf0e8f149/images/5c/1c/51/64/64511c5c6a4e7821aae09e3f/TH_CA200935.jpg","https://files.plytix.com/api/v1.1/file/public_files/pim/assets/8a/8d/8f/62/628f8d8abb3a1aaaf0e8f149/images/c3/12/52/64/645212c3d9033b15506301c9/CA200935.jpg","https://files.plytix.com/api/v1.1/file/public_files/pim/assets/8a/8d/8f/62/628f8d8abb3a1aaaf0e8f149/images/31/49/5b/64/645b4931c4a915dbd1bad9a2/LFST0723657.jpg|https://files.plytix.com/api/v1.1/file/public_files/pim/assets/8a/8d/8f/62/628f8d8abb3a1aaaf0e8f149/images/2a/49/5b/64/645b492a332284ca4dfde835/LFST0723655.jpg|https://files.plytix.com/api/v1.1/file/public_files/pim/assets/8a/8d/8f/62/628f8d8abb3a1aaaf0e8f149/images/4f/49/5b/64/645b494fc4a915dbd1bad9c1/LFST0723665.jpg|https://files.plytix.com/api/v1.1/file/public_files/pim/assets/8a/8d/8f/62/628f8d8abb3a1aaaf0e8f149/images/28/49/5b/64/645b49284366ba863ef5aa98/LFST0723654.jpg","https://www.nevilleuk.com/products/CA200935_",null,"CA200936|CA200937"]
["CA380937","Light Blue Glazed Melamine Casablanca Bowl 38 x 4.5cm","380 x 45mm (Dia x H)  3.5L",79.86,1,"Buffet & Display>Casablanca",{"$nulls":3},410,410,50,0.739,0.739,{"v":350,"d":"350.00"},"123.2","Melamine","3924100011","China",null,100,"Yes","N/A","No","Yes",{"$nulls":4},"No","No","\n•Replicates Crackle Glaze\n• Durable\n• Chip Resistant\n•Dishwasher Safe\n•100% Food Grade Melamine","Our Casablanca low bowl in light blue has been produced using advanced melamine manufacturing techniques, resulting in products that are virtually indistinguishable from their ceramic counterparts.Made from 100% melamine, the 3.5L volume Casablanca light blue low bowl is break resistant and easy to clean, making them ideal for everyday use.This vibrant colour is ideal for displaying a wide variety of fresh produce.The durable glazed effect blue bowl has subtle ripples to help create an authentic looking ceramic bowl, but with the benefits of melamine.\n•Replicates Crackle Glaze\n• Durable\n• Chip Resistant\n•Dishwasher Safe\n•100% Food Grade Melamine","Each","5020403662860","41","41","5","0.00841",0.739,"05020403662877",6,"39.5","40","11.5","0.01817","4.434",5.287,"05020403662884",18,"41","41","37","0.06220","13.302",{"v":15.86,"d":"15.860"},null,108,"https://files.plytix.com/api/v1.1/file/public_files/pim/assets/8a/8d/8f/62/628f8d8abb3a1aaaf0e8f149/other/5d/1c/51/64/64511c5d251194419ceda3a5/TH_CA380937","https://files.plytix.com/api/v1.1/file/public_files/pim/assets/8a/8d/8f/62/628f8d8abb3a1aaaf0e8f149/images/02/1f/62/64/64621f024d93957072729413/CA380937.jpg","https://files.plytix.com/api/v1.1/file/public_files/pim/assets/8a/8d/8f/62/628f8d8abb3a1aaaf0e8f149/images/4f/49/5b/64/645b494fc4a915dbd1bad9c1/LFST0723665.jpg|https://files.plytix.com/api/v1.1/file/public_files/pim/assets/8a/8d/8f/62/628f8d8abb3a1aaaf0e8f149/images/31/49/5b/64/645b4931c4a915dbd1bad9a2/LFST0723657.jpg|https://files.plytix.com/api/v1.1/file/public_files/pim/assets/8a/8d/8f/62/628f8d8abb3a1aaaf0e8f149/images/28/49/5b/64/645b49284366ba863ef5aa98/LFST0723654.jpg|https://files.plytix.com/api/v1.1/file/public_files/pim/assets/8a/8d/8f/62/628f8d8abb3a1aaaf0e8f149/images/2a/49/5b/64/645b492a332284ca4dfde835/LFST0723655.jpg","https://www.nevilleuk.com/products/CA380937_",null,"CA380935|CA380936"]
["AG130824","White Marble Agra Melamine GN 1/3 Slab 32.5 x 17.6cm","GN1/3- 325 x 176 x 15mm (L x W x H)",{"v":27.6,"d":"27.60"},1,"Buffet & Display>Agra",{"$nulls":3},325,176,150,{"v":0.4,"d":"0.400"},{"v":0.4,"d":"0.400"},null,null,"Melamine","3924100011","China",null,100,"Yes","N/A","No","Yes",{"$nulls":4},"No","No","\n•Replicates Marble\n•Premium Look & Feel\n•Wide Range of Shapes & Sizes\n•Durable\n•100% Food Grade Melamine","The Agra collection which replicates the look and feel of authentic marble in a melamine construction. Our beautiful and on-trend white marble effect melamine Display Slab in 1:3 Gastro sizes allows you to display your food on a 100% food safe melamine display slab.The Agra 1:3 Gastro display white marble effect melamine slab is 100% food safe and easier to manage than real marble, being dishwasher safe coupled with being extremely durable, making it the perfect partner to enhance your food display.Used for both ambient and chilled, our Agra marble effect display slabs are perfect for presenting cakes to bread, croissants to cheese.The durable and food safe Agra collection is on trend food display solution and comes in a wide range of different sizes.\n•Replicates Marble\n•Premium Look & Feel\n•Wide Range of Shapes & Sizes\n•Durable\n•100% Food Grade Melamine\n•Cost Effective","Each","5020403660101","32.5","17.6","15","0.00858",{"v":0.4,"d":"0.400"},"05020403660118",6,"34","19","12","0.00775","2.4",{"v":3.05,"d":"3.050"},"05020403660125",24,"35","35","27","0.03308","9.6",{"v":12.2,"d":"12.200"},null,720,"https://files.plytix.com/api/v1.1/file/public_files/pim/assets/8a/8d/8f/62/628f8d8abb3a1aaaf0e8f149/images/4a/1c/51/64/64511c4a93cac5061ddba463/TH_AG130824.jpg","https://files.plytix.com/api/v1.1/file/public_files/pim/assets/8a/8d/8f/62/628f8d8abb3a1aaaf0e8f149/images/7e/ad/f8/63/63f8ad7eae6d21396fc6c1cf/AG130824.jpg","https://files.plytix.com/api/v1.1/file/public_files/pim/assets/8a/8d/8f/62/628f8d8abb3a1aaaf0e8f149/images/55/49/5b/64/645b4955ed9b5b5d32535fb0/LFST0723666.jpg|https://files.plytix.com/api/v1.1/file/public_files/pim/assets/8a/8d/8f/62/628f8d8abb3a1aaaf0e8f149/images/2a/49/5b/64/645b492a332284ca4dfde835/LFST0723655.jpg|https://files.plytix.com/api/v1.1/file/public_files/pim/assets/8a/8d/8f/62/628f8d8abb3a1aaaf0e8f149/images/47/49/5b/64/645b4947c4a915dbd1bad9ba/LFST0723664.jpg|https://files.plytix.com/api/v1.1/file/public_files/pim/assets/8a/8d/8f/62/628f8d8abb3a1aaaf0e8f149/images/2e/49/5b/64/645b492e4366ba863ef5aa9e/LFST0723656.jpg|https://files.plytix.com/api/v1.1/file/public_files/pim/assets/8a/8d/8f/62/628f8d8abb3a1aaaf0e8f149/images/28/49/5b/64/645b49284366ba863ef5aa98/LFST0723654.jpg|https://files.plytix.com/api/v1.1/file/public_files/pim/assets/8a/8d/8f/62/628f8d8abb3a1aaaf0e8f149/images/08/49/5b/64/645b4908332284ca4dfde821/LFST0723644.jpg|https://files.plytix.com/api/v1.1/file/public_files/pim/assets/8a/8d/8f/62/628f8d8abb3a1aaaf0e8f149/images/f3/48/5b/64/645b48f3c4a915dbd1bad987/LFST0723638.jpg|https://files.plytix.com/api/v1.1/file/public_files/pim/assets/8a/8d/8f/62/628f8d8abb3a1aaaf0e8f149/images/f0/48/5b/64/645b48f0ed9b5b5d32535f8b/LFST0723637.jpg","https://www.nevilleuk.com/products/AG130824_","RSR-W3218|RSR-WGN13|WDD-3218|WDD-3218BK|WDD-3218BL|WDD-3218G|WDD-3218GR|RSR-GN1312|LX131602|LX131702|LX131802|WDS1213","UH130816|MK130828|MK130839|NH130805"]
["AG110824","White Marble Agra Melamine GN 1/1 Slab 53 x 32.5cm","GN1/1- 530 x 325 x 15mm (L x W x H)",74.78,1,"Buffet & Display>Agra",{"$nulls":3},530,325,15,{"v":1.11,"d":"1.110"},{"v":1.11,"d":"1.110"},null,null,"Melamine","3924100011","China",null,100,"Yes","N/A","No","Yes",{"$nulls":4},"No","No","\n•Replicates Marble\n•Premium Look & Feel\n•Wide Range of Shapes & Sizes\n•Durable\n•100% Food Grade Melamine","The Agra collection which replicates the look and feel of authentic marble in a melamine construction. Our beautiful and on-trend white marble effect melamine Display Slab in 1:1 Gastro sizes allows you to display your food on a 100% food safe melamine display slab.The Agra 1:1 Gastro display white marble effect melamine slab is 100% food safe and easier to manage than real marble, being dishwasher safe coupled with being extremely durable, making it the perfect partner to enhance your food display.Used for both ambient and chilled, our Agra marble effect display slabs are perfect for presenting cakes to bread, croissants to cheese.The durable and food safe Agra collection is on trend food display solution and comes in a wide range of different sizes.\n•Replicates Marble\n•Premium Look & Feel\n•Wide Range of Shapes & Sizes\n•Durable\n•100% Food Grade Melamine\n•Cost Effective","Each","5020403660019","53","32.5","1.5","0.00258",{"v":1.11,"d":"1.110"},"05020403660026",4,"54","33.5","8.5","0.01538","4.44",5.175,"05020403660033",8,"55.5","35","21","0.04079","8.88",{"v":10.35,"d":"10.350"},null,192,"https://files.plytix.com/api/v1.1/file/public_files/pim/assets/8a/8d/8f/62/628f8d8abb3a1aaaf0e8f149/images/80/1c/51/64/64511c80251194419ceda3c3/TH_AG110824.jpg","https://files.plytix.com/api/v1.1/file/public_files/pim/assets/8a/8d/8f/62/628f8d8abb3a1aaaf0e8f149/images/7e/ad/f8/63/63f8ad7eae6d21396fc6c1cd/AG110824.jpg",null,"https://www.nevilleuk.com/products/AG110824_",null,"MK110828|UH110816|MK110839|NH110805"]
["SSD30V","GenWare Vintage Steel Oval Dish 30 x 21cm","30 x 21 x 4cm (L x W x H)",43.86,3,"Table Presentation>Vintage Steel",{"$nulls":3},300,215,38,0.528,0.528,{"v":120,"d":"120.00"},"42.2","Stainless Steel-202","7323930090","India",null,null,"Yes","Yes","No",{"$nulls":5},"No","No","\n•Durable Stainless Steel\n•Industrial Vintage Finish\n•Stylish Brass Handles\n•Versatile Presentation\n•Dishwasher Safe","Add a touch of bold, industrial flair to your food presentation with our Vintage Steel Collection.The attractive brass handles add a sophisticated touch, elevating casual dining to a premium experience.Crafted from high-quality stainless steel with a distinctive vintage finish, this collection combines durability and style, offering a unique, industrial finish that enhances any dish. Perfect for both casual and upscale dining settings, these pieces provide a sophisticated yet rugged look that complements a variety of cuisines.\n•Durable Stainless Steel: Provides long-lasting strength, ideal for high-use environments\n•Industrial Vintage Design: A striking, modern aesthetic that brings a rugged charm to any table setting\n•Safe for Direct Food Contact: Crafted from food-safe materials, ensuring safe and hygienic service\n•Stylish Brass Handles: Adds a premium touch, enhancing casual and upscale dining presentations\n•Versatile Use:&nbsp;Great for presenting mains as well as a variety of sharing dishes at the table\n•Perfect for Casual and Premium Dining: Ideal for restaurants, gastropubs, and sharing style service\n•Dishwasher Safe: Easy to clean and maintain","Each",null,"30","21.5","3.8","0.00245",0.528,"05020403116721",3,"35","22.5","9","0.00709","1.584",{"v":2.1,"d":"2.100"},"05020403116738",12,"49","37.5","21","0.03859","6.336",8.366,null,360,"https://files.plytix.com/api/v1.1/file/public_files/pim/assets/8a/8d/8f/62/628f8d8abb3a1aaaf0e8f149/images/d3/a1/e3/63/63e3a1d36c1a60a323c6fd6f/TH_SSD30V.jpg","https://files.plytix.com/api/v1.1/file/public_files/pim/assets/8a/8d/8f/62/628f8d8abb3a1aaaf0e8f149/images/a7/73/87/63/638773a72e281741f4706fb8/SSD30V.jpg","https://files.plytix.com/api/v1.1/file/public_files/pim/assets/8a/8d/8f/62/628f8d8abb3a1aaaf0e8f149/images/e0/fd/91/63/6391fde019f4c32350ef7855/LFST0123086.jpg","https://www.nevilleuk.com/products/SSD30V_",null,"SSD34V|SDT3323V"]
["SSD30C","GenWare Copper Plated Oval Dish 30 x 21cm","30 x 21 x 4cm (L x W x H)",50.14,3,"Table Presentation>Copper Presentation Items",{"$nulls":3},300,210,37,0.566,0.566,{"v":120,"d":"120.00"},"42.2","Copper Plating,Stainless Steel","7323930090","India",null,null,"No","No",{"$nulls":6},"No","No","\n•Durable Stainless Steel\n•Copper Plated Finish\n•Stylish Brass Handles\n•Versatile Use\n•Perfect for Casual and Premium Dining\n•Designed For Serving Only","﻿Add a luxurious touch to your food presentation with the GenWare Copper Plated Oval Dishes. Perfect for serving premium dishes, these eye-catching dishes blend modern style with vintage charm. The reflective copper plated finish paired with elegant brass handles creates a sophisticated look, making them ideal for upscale restaurants, bistros, and contemporary dining settings.\n•Durable Stainless Steel: Provides long-lasting strength, ideal for high-use environments\n•Copper Plated Finish: Adds a premium, on-trend look to food presentation\n•Stylish Brass Handles: Adds a premium touch, enhancing casual and upscale dining presentations\n•Versatile Use: Great for presenting mains as well as a variety of sharing dishes at the table\n•Perfect for Casual and Premium Dining: Ideal for restaurants, gastropubs, and sharing style service\n•Designed For Serving Only: Not suitable for direct heat or dishwashing","Each",null,"30","21","3.7","0.00233",0.566,"05020403116783",3,"36.5","21","9.5","0.00728","1.698",2.063,"05020403116790",12,"38","24","41","0.03739","6.792",{"v":8.25,"d":"8.250"},null,288,"https://files.plytix.com/api/v1.1/file/public_files/pim/assets/8a/8d/8f/62/628f8d8abb3a1aaaf0e8f149/images/d2/a1/e3/63/63e3a1d2b8148bfc97a49d98/TH_SSD30C.jpg","https://files.plytix.com/api/v1.1/file/public_files/pim/assets/8a/8d/8f/62/628f8d8abb3a1aaaf0e8f149/images/a6/73/87/63/638773a613adaf392d86fbe4/SSD30C.jpg","https://files.plytix.com/api/v1.1/file/public_files/pim/assets/8a/8d/8f/62/628f8d8abb3a1aaaf0e8f149/images/be/54/07/64/640754bed2c6e18ba8f27db8/LFST0423120.jpg|https://files.plytix.com/api/v1.1/file/public_files/pim/assets/8a/8d/8f/62/628f8d8abb3a1aaaf0e8f149/images/bd/54/07/64/640754bdc855f720593fdb31/LFST0423119.jpg|https://files.plytix.com/api/v1.1/file/public_files/pim/assets/8a/8d/8f/62/628f8d8abb3a1aaaf0e8f149/images/c0/54/07/64/640754c0c855f720593fdb32/LFST0423121.jpg|https://files.plytix.com/api/v1.1/file/public_files/pim/assets/8a/8d/8f/62/628f8d8abb3a1aaaf0e8f149/images/c6/54/07/64/640754c6d2c6e18ba8f27db9/LFST0423124.jpg|https://files.plytix.com/api/v1.1/file/public_files/pim/assets/8a/8d/8f/62/628f8d8abb3a1aaaf0e8f149/images/f3/54/07/64/640754f35e56a2c718d18c3b/LFST0423131.jpg|https://files.plytix.com/api/v1.1/file/public_files/pim/assets/8a/8d/8f/62/628f8d8abb3a1aaaf0e8f149/images/cf/54/07/64/640754cfeca9fca663d86ad9/LFST0423125.jpg|https://files.plytix.com/api/v1.1/file/public_files/pim/assets/8a/8d/8f/62/628f8d8abb3a1aaaf0e8f149/images/c2/54/07/64/640754c2023a5939a8c9d0e8/LFST0423122.jpg|https://files.plytix.com/api/v1.1/file/public_files/pim/assets/8a/8d/8f/62/628f8d8abb3a1aaaf0e8f149/images/f7/54/07/64/640754f7023a5939a8c9d0ef/LFST0423132.jpg","https://www.nevilleuk.com/products/SSD30C_",null,"SSD34C|SDT3323C"]
["SRD22C","GenWare Copper Round Dish 22 x 5cm","22 x 5cm (Dia x H) - 150cl/53oz",47.88,6,"Table Presentation>Copper Presentation Items",{"$nulls":3},285,220,65,0.528,0.528,{"v":150,"d":"150.00"},"52.8","Copper Plating,Brass","7323930090","India",null,null,"No","No","No",{"$nulls":5},"No","No","\n•﻿Made From Stainless Steel\n•Features A Copper Plated Coating\n•Attractive Brass Handles\n•Great For Main Dishes And Sharing Platters","﻿Round Copper Dishes feature attractive brass handles providing an upscale look to casual dining. Made from Stainless Steel with a striking copper plated finish, they are great for presenting mains and sharing dishes.\n•Made from stainless steel with copper finish\n•Features attractive brass handles\n•Perfect for upscale casual dining\n•Great for presenting premium main dishes and sharing dishes","Each",null,"28.5","22","6.5","0.00408",0.528,"05020403117872",6,"24","24.5","17.5","0.01029","3.168",{"v":3.75,"d":"3.750"},"05020403117889",12,"25","26","38","0.02470","6.336",{"v":7.5,"d":"7.500"},null,576,"https://files.plytix.com/api/v1.1/file/public_files/pim/assets/8a/8d/8f/62/628f8d8abb3a1aaaf0e8f149/images/5d/ab/ef/63/63efab5d31aaaecc7764d288/TH_SRD22C.jpg","https://files.plytix.com/api/v1.1/file/public_files/pim/assets/8a/8d/8f/62/628f8d8abb3a1aaaf0e8f149/images/a8/ac/ef/63/63efaca8ae6d21396fc62cb8/SRD22C.jpg","https://files.plytix.com/api/v1.1/file/public_files/pim/assets/8a/8d/8f/62/628f8d8abb3a1aaaf0e8f149/images/be/54/07/64/640754bed2c6e18ba8f27db8/LFST0423120.jpg|https://files.plytix.com/api/v1.1/file/public_files/pim/assets/8a/8d/8f/62/628f8d8abb3a1aaaf0e8f149/images/0e/55/07/64/6407550ec855f720593fdb3a/LFST0423138.jpg|https://files.plytix.com/api/v1.1/file/public_files/pim/assets/8a/8d/8f/62/628f8d8abb3a1aaaf0e8f149/images/bd/54/07/64/640754bdc855f720593fdb31/LFST0423119.jpg|https://files.plytix.com/api/v1.1/file/public_files/pim/assets/8a/8d/8f/62/628f8d8abb3a1aaaf0e8f149/images/11/55/07/64/640755115e56a2c718d18c40/LFST0423139.jpg|https://files.plytix.com/api/v1.1/file/public_files/pim/assets/8a/8d/8f/62/628f8d8abb3a1aaaf0e8f149/images/c0/54/07/64/640754c0c855f720593fdb32/LFST0423121.jpg|https://files.plytix.com/api/v1.1/file/public_files/pim/assets/8a/8d/8f/62/628f8d8abb3a1aaaf0e8f149/images/f3/54/07/64/640754f35e56a2c718d18c3b/LFST0423131.jpg|https://files.plytix.com/api/v1.1/file/public_files/pim/assets/8a/8d/8f/62/628f8d8abb3a1aaaf0e8f149/images/af/53/07/64/640753af8031629126b2515a/LFST0423032.jpg|https://files.plytix.com/api/v1.1/file/public_files/pim/assets/8a/8d/8f/62/628f8d8abb3a1aaaf0e8f149/images/87/53/07/64/64075387d2c6e18ba8f27d91/LFST0423019.jpg|https://files.plytix.com/api/v1.1/file/public_files/pim/assets/8a/8d/8f/62/628f8d8abb3a1aaaf0e8f149/images/08/55/07/64/64075508c855f720593fdb39/LFST0423136.jpg|https://files.plytix.com/api/v1.1/file/public_files/pim/assets/8a/8d/8f/62/628f8d8abb3a1aaaf0e8f149/images/c2/54/07/64/640754c2023a5939a8c9d0e8/LFST0423122.jpg|https://files.plytix.com/api/v1.1/file/public_files/pim/assets/8a/8d/8f/62/628f8d8abb3a1aaaf0e8f149/images/0b/55/07/64/6407550bd2c6e18ba8f27dc2/LFST0423137.jpg|https://files.plytix.com/api/v1.1/file/public_files/pim/assets/8a/8d/8f/62/628f8d8abb3a1aaaf0e8f149/images/8a/53/07/64/6407538ac855f720593fdb0a/LFST0423020.jpg","https://www.nevilleuk.com/products/SRD22C_",null,"SRD22V|SRD19C|SRD24C"]
["WRT3013","GenWare Acacia Wood Rectangular Serving Tray 30 x 13cm","30 x 13cm (L x W)",{"v":18.6,"d":"18.60"},1,"Table Presentation>Acacia Wood",{"$nulls":3},300,130,20,{"v":0.19,"d":"0.190"},{"v":0.19,"d":"0.190"},null,null,"Acacia Wood-A Grade","4419900000","Thailand",null,null,"No",{"$nulls":7},"No","No","\n•Made From Acacia Wood\n•Great For Coffee And Cake","GenWare Acacia Wood Serving Trays are made from Natural Acacia Wood which has a beautiful grain and provides a natural look and feel. Serving Trays are perfect for presenting a coffee and cake as well as a wide variety of dishes.\n•Natural acacia wood\n•Great for serving coffee and cake","Each","5020403117025","30","13","2","0.00078",{"v":0.19,"d":"0.190"},{"$nulls":8},"05020403117032",12,"25","15","33","0.01238","2.28",{"v":4,"d":"4.000"},null,720,"https://files.plytix.com/api/v1.1/file/public_files/pim/assets/8a/8d/8f/62/628f8d8abb3a1aaaf0e8f149/images/61/ab/ef/63/63efab6131aaaecc7764d28f/TH_WRT3013.jpg","https://files.plytix.com/api/v1.1/file/public_files/pim/assets/8a/8d/8f/62/628f8d8abb3a1aaaf0e8f149/images/b6/ac/ef/63/63efacb65969a63f3a551e1d/WRT3013.jpg","https://files.plytix.com/api/v1.1/file/public_files/pim/assets/8a/8d/8f/62/628f8d8abb3a1aaaf0e8f149/images/bd/54/07/64/640754bdc855f720593fdb31/LFST0423119.jpg|https://files.plytix.com/api/v1.1/file/public_files/pim/assets/8a/8d/8f/62/628f8d8abb3a1aaaf0e8f149/images/71/53/07/64/64075371eca9fca663d86ab3/LFST0423013.jpg|https://files.plytix.com/api/v1.1/file/public_files/pim/assets/8a/8d/8f/62/628f8d8abb3a1aaaf0e8f149/images/47/55/07/64/64075547eca9fca663d86ae9/LFST0423003.jpg|https://files.plytix.com/api/v1.1/file/public_files/pim/assets/8a/8d/8f/62/628f8d8abb3a1aaaf0e8f149/images/98/54/07/64/640754985e56a2c718d18c2b/LFST0423101.jpg|https://files.plytix.com/api/v1.1/file/public_files/pim/assets/8a/8d/8f/62/628f8d8abb3a1aaaf0e8f149/images/6e/53/07/64/6407536e8031629126b25152/LFST0423012.jpg|https://files.plytix.com/api/v1.1/file/public_files/pim/assets/8a/8d/8f/62/628f8d8abb3a1aaaf0e8f149/images/c0/54/07/64/640754c0c855f720593fdb32/LFST0423121.jpg|https://files.plytix.com/api/v1.1/file/public_files/pim/assets/8a/8d/8f/62/628f8d8abb3a1aaaf0e8f149/images/8f/54/07/64/6407548f8031629126b25171/LFST0423098.jpg|https://files.plytix.com/api/v1.1/file/public_files/pim/assets/8a/8d/8f/62/628f8d8abb3a1aaaf0e8f149/images/f7/54/07/64/640754f7023a5939a8c9d0ef/LFST0423132.jpg|https://files.plytix.com/api/v1.1/file/public_files/pim/assets/8a/8d/8f/62/628f8d8abb3a1aaaf0e8f149/images/95/54/07/64/64075495c855f720593fdb2b/LFST0423100.jpg|https://files.plytix.com/api/v1.1/file/public_files/pim/assets/8a/8d/8f/62/628f8d8abb3a1aaaf0e8f149/images/c2/54/07/64/640754c2023a5939a8c9d0e8/LFST0423122.jpg|https://files.plytix.com/api/v1.1/file/public_files/pim/assets/8a/8d/8f/62/628f8d8abb3a1aaaf0e8f149/images/6b/54/07/64/6407546b8031629126b25170/LFST0423087.jpg|https://files.plytix.com/api/v1.1/file/public_files/pim/assets/8a/8d/8f/62/628f8d8abb3a1aaaf0e8f149/images/43/55/07/64/640755438031629126b25186/LFST0423001.jpg|https://files.plytix.com/api/v1.1/file/public_files/pim/assets/8a/8d/8f/62/628f8d8abb3a1aaaf0e8f149/images/ef/54/07/64/640754ef023a5939a8c9d0ee/LFST0423130.jpg|https://files.plytix.com/api/v1.1/file/public_files/pim/assets/8a/8d/8f/62/628f8d8abb3a1aaaf0e8f149/images/45/55/07/64/64075545eca9fca663d86ae8/LFST0423002.jpg|https://files.plytix.com/api/v1.1/file/public_files/pim/assets/8a/8d/8f/62/628f8d8abb3a1aaaf0e8f149/images/f3/54/07/64/640754f35e56a2c718d18c3b/LFST0423131.jpg|https://files.plytix.com/api/v1.1/file/public_files/pim/assets/8a/8d/8f/62/628f8d8abb3a1aaaf0e8f149/images/ea/54/07/64/640754ea8031629126b25179/LFST0423129.jpg|https://files.plytix.com/api/v1.1/file/public_files/pim/assets/8a/8d/8f/62/628f8d8abb3a1aaaf0e8f149/images/92/54/07/64/64075492023a5939a8c9d0e3/LFST0423099.jpg|https://files.plytix.com/api/v1.1/file/public_files/pim/assets/8a/8d/8f/62/628f8d8abb3a1aaaf0e8f149/images/89/54/07/64/64075489c855f720593fdb2a/LFST0423096.jpg|https://files.plytix.com/api/v1.1/file/public_files/pim/assets/8a/8d/8f/62/628f8d8abb3a1aaaf0e8f149/images/be/54/07/64/640754bed2c6e18ba8f27db8/LFST0423120.jpg|https://files.plytix.com/api/v1.1/file/public_files/pim/assets/8a/8d/8f/62/628f8d8abb3a1aaaf0e8f149/images/9a/1d/7e/68/687e1d9a5ff968b9dfce99e5/LFST0925130.jpg|https://files.plytix.com/api/v1.1/file/public_files/pim/assets/8a/8d/8f/62/628f8d8abb3a1aaaf0e8f149/images/a3/1d/7e/68/687e1da35c3aa1d901c6ea58/LFST0925131.jpg|https://files.plytix.com/api/v1.1/file/public_files/pim/assets/8a/8d/8f/62/628f8d8abb3a1aaaf0e8f149/images/92/20/7e/68/687e2092dd3cffb0b9ad72b9/LFST0925232.jpg|https://files.plytix.com/api/v1.1/file/public_files/pim/assets/8a/8d/8f/62/628f8d8abb3a1aaaf0e8f149/images/9b/20/7e/68/687e209b2a03861c91eda5a3/LFST0925234.jpg","https://www.nevilleuk.com/products/WRT3013_",null,"WSP3317"]
["WMHA4C","GenWare Copper Wire A4 Menu Holder","24 x 5 x 32cm (L x W x H)",15.98,1,"Menu,Signs & Display>Clipboards",{"$nulls":3},240,45,340,0.392,0.392,null,null,"Iron","8305900000","China",null,null,"N/A","N/A","N/A","N/A",{"$nulls":4},"No","No","\n•Made From Coated Steel\n•Sleek Copper Finish\n•A4 Sizing","The GenWare Wire A4 Menu Holder is visually stunning with the industrial elements and strong bulldog clip.\n•Great for making a statement with your menu display ","Each","5020403192978","24","4.5","34","0.00367",0.392,{"$nulls":8},"05020403192985",12,"44","27","13","0.01544","4.704",{"v":5.1,"d":"5.100"},null,720,"https://files.plytix.com/api/v1.1/file/public_files/pim/assets/8a/8d/8f/62/628f8d8abb3a1aaaf0e8f149/images/f7/99/cb/64/64cb99f7c96c25bee231abeb/TH_WMHA4C.jpg","https://files.plytix.com/api/v1.1/file/public_files/pim/assets/8a/8d/8f/62/628f8d8abb3a1aaaf0e8f149/images/e9/29/ca/64/64ca29e92b5de14fe3045c68/WMHA4C.jpg|https://files.plytix.com/api/v1.1/file/public_files/pim/assets/8a/8d/8f/62/628f8d8abb3a1aaaf0e8f149/images/83/2b/ca/64/64ca2b83c96c25bee2316870/WMHA4C_A.jpg","https://files.plytix.com/api/v1.1/file/public_files/pim/assets/8a/8d/8f/62/628f8d8abb3a1aaaf0e8f149/images/a2/c2/cc/64/64ccc2a2ee832e6b7107879b/LFST1023009.jpg","https://www.nevilleuk.com/products/WMHA4C_",null,"WMC17|WMC17BK|WMC17W|WMC24|WMC24W|WDMHA4"]
["WMHA4BK","GenWare Black Wire A4 Menu Holder","24 x 5 x 32cm (L x W x H)",15.98,1,"Menu,Signs & Display>Clipboards",{"$nulls":3},240,45,340,0.392,0.392,null,null,"Iron","8305900000","China",null,null,"N/A","N/A","N/A","N/A",{"$nulls":4},"No","No","\n•Made From Coated Steel\n•Sleek Black Finish\n•A4 Sizing","The GenWare Wire A4 Menu Holder is visually stunning with the industrial elements and strong bulldog clip.\n•Great for making a statement with your menu display ","Each","5020403192992","24","4.5","34","0.00367",0.392,{"$nulls":8},"05020403193005",12,"44","27","13","0.01544","4.704",{"v":5.1,"d":"5.100"},null,540,"https://files.plytix.com/api/v1.1/file/public_files/pim/assets/8a/8d/8f/62/628f8d8abb3a1aaaf0e8f149/images/f7/99/cb/64/64cb99f7ee832e6b7107576e/TH_WMHA4BK.jpg","https://files.plytix.com/api/v1.1/file/public_files/pim/assets/8a/8d/8f/62/628f8d8abb3a1aaaf0e8f149/images/e6/29/ca/64/64ca29e62b5de14fe3045c63/WMHA4BK.jpg|https://files.plytix.com/api/v1.1/file/public_files/pim/assets/8a/8d/8f/62/628f8d8abb3a1aaaf0e8f149/images/81/2b/ca/64/64ca2b812b5de14fe3045ca7/WMHA4BK_A.jpg","https://files.plytix.com/api/v1.1/file/public_files/pim/assets/8a/8d/8f/62/628f8d8abb3a1aaaf0e8f149/images/a7/c2/cc/64/64ccc2a7ee832e6b7107879c/LFST1023010.jpg","https://www.nevilleuk.com/products/WMHA4BK_",null,"WMC17|WMC17BK|WMC17W|WMC24|WMC24W|WDMHA4"]
["SWP29V","GenWare Vintage Steel Winged Plate 29cm","DISCONTINUED - 29cm (Dia)",0.74,1,"Clearance>Clearance Table Presentation",null,null,"Yes",290,290,30,{"v":0.4,"d":"0.400"},{"v":0.4,"d":"0.400"},null,null,"Stainless Steel-430","7323930090","China",null,null,"Yes","Yes",{"$nulls":6},"No","No","\n•Made From Stainless Steel\n•Industrial Vintage Finish\n•Classic Winged Plate Design\n•Stackable","The Vintage Steel collection creates an industrial look to food presentation perfectly suited to a wide range of popular cuisines. The range is made from stainless steel with an industrial vintage finish safe for direct food contact.\n•Made from stainless steel with industrial vintage finish\n•The vintage steel collection combines modern food presentation products with a distinctive antique appearance\n•Classic winged plate design","Each","5020403117414","29","29","3","0.00252",{"v":0.4,"d":"0.400"},{"$nulls":8},"05020403117421",12,"31","31","11","0.01057","4.8",{"v":5.45,"d":"5.450"},null,864,"https://files.plytix.com/api/v1.1/file/public_files/pim/assets/8a/8d/8f/62/628f8d8abb3a1aaaf0e8f149/images/39/a2/e3/63/63e3a2396c1a60a323c6fd90/TH_SWP29V.jpg","https://files.plytix.com/api/v1.1/file/public_files/pim/assets/8a/8d/8f/62/628f8d8abb3a1aaaf0e8f149/images/bd/73/87/63/638773bd13adaf392d86fbf5/SWP29V_B.jpg|https://files.plytix.com/api/v1.1/file/public_files/pim/assets/8a/8d/8f/62/628f8d8abb3a1aaaf0e8f149/images/bc/73/87/63/638773bc4a1fd1a42515ead1/SWP29V_A.jpg|https://files.plytix.com/api/v1.1/file/public_files/pim/assets/8a/8d/8f/62/628f8d8abb3a1aaaf0e8f149/images/b8/73/87/63/638773b819f4c32350eebb10/SWP29V.jpg","https://files.plytix.com/api/v1.1/file/public_files/pim/assets/8a/8d/8f/62/628f8d8abb3a1aaaf0e8f149/images/d3/fc/91/63/6391fcd32e281741f4713783/LFST0123043.jpg|https://files.plytix.com/api/v1.1/file/public_files/pim/assets/8a/8d/8f/62/628f8d8abb3a1aaaf0e8f149/images/e0/fc/91/63/6391fce03838fff4aa62670d/LFST0123047.jpg","https://www.nevilleuk.com/products/SWP29V_",null,"SCP26V|SCP24V"]
["SWJ120C","GenWare Copper Water Jug 1.2L/ 42.25oz","29 x 8.8cm (H x Dia)",42.32,1,"Drinkware>Metal Drinkware",{"$nulls":3},145,90,295,0.559,0.559,{"v":120,"d":"120.00"},"42.2","Stainless Steel-304","7323930090","China",null,null,"No",{"$nulls":7},"No","No","\n•Durable Stainless Steel\n•Copper Finish\n•Modern Design\n•Generous Capacity\n•Durable Construction\n•Drip-Free Pouring\n•Integrated Ice Guard\n•Comfortable Grip\n•Easy Maintenance","Elevate your table service with our Stainless Steel Water Jugs, a perfect blend of modern design and practical functionality. Ideal for hotels, restaurants, and catering events, this jug adds a refined touch to every pour.&nbsp;Whether you're serving refreshing water at the table or offering chilled beverages at a buffet, the Stainless Steel Water Jug ensures a flawless presentation with every use.\n•Durable Stainless Steel:&nbsp;Provides long-lasting strength, ideal for high-use environments\n•Copper Plated Finish:&nbsp;Adds a premium, on-trend look to drink presentation\n•Modern Design: A stylish addition to any setting, from fine dining to casual gatherings\n•Generous Capacity: Perfect for serving water, juices, or infused beverages, catering to tables of all sizes\n•Durable Construction: Crafted from high-quality stainless steel, this jug is rust-resistant, sturdy, and built to last\n•Drip-Free Pouring: Designed with a precision spout to ensure a smooth, mess-free pour every time\n•Integrated Ice Guard: To prevent ice cubes from spilling into glasses\n•Comfortable Grip: Ergonomically designed for effortless serving\n•Easy Maintenance: Dishwasher-safe for hassle-free cleaning","Each","5020403174943","14.5","9","29.5","0.00385",0.559,{"$nulls":8},"05020403174950",15,"55","41","32.5","0.07329","8.385",{"v":10,"d":"10.000"},null,210,"https://files.plytix.com/api/v1.1/file/public_files/pim/assets/8a/8d/8f/62/628f8d8abb3a1aaaf0e8f149/images/38/a2/e3/63/63e3a238ca3e273978494947/TH_SWJ120C.jpg","https://files.plytix.com/api/v1.1/file/public_files/pim/assets/8a/8d/8f/62/628f8d8abb3a1aaaf0e8f149/images/ae/73/87/63/638773ae13adaf392d86fbe9/SWJ120C.jpg","https://files.plytix.com/api/v1.1/file/public_files/pim/assets/8a/8d/8f/62/628f8d8abb3a1aaaf0e8f149/images/9f/6f/b4/66/66b46f9f849b5d97e56692fb/LFST0924176.jpg","https://www.nevilleuk.com/products/SWJ120C_",null,"SWJ120|HWJ200C|HWJ200"]
["CUP-AN9","Antigo Stoneware Espresso Cup 9cl/ 3oz","8.5 x 6.5 x 5.5cm (L x Dia x H) - Fits Saucer SCR-AN11",{"v":5.5,"d":"5.50"},6,"Antigo Tableware>Antigo Stoneware",{"$nulls":3},85,62,54,{"v":0.11,"d":"0.110"},{"v":0.11,"d":"0.110"},{"v":9,"d":"9.00"},"3.2","Stoneware","6912002310","Indonesia",null,null,"Yes",null,"Yes",{"$nulls":5},"No","No","\n•Durable Stoneware\n•Twice-Fired Process\n•Rolled Edges\n•Polished Foot\n•Unique Reactive Glaze Formula","Antigo Stoneware, named after the Portuguese word for \"old\" or \"ancient,\" embodies the timeless beauty of aged bronze, offering a unique blend of heritage and modern elegance. The deep grey finish, enriched with subtle metallic highlights, captures the natural transformation of bronze over time, evoking a sense of historical significance and sophistication. Each piece in the collection is enhanced by a reactive glaze that creates organic variations, ensuring no two pieces are exactly alike, adding to the authenticity and artisanal charm of the range. Designed to complement a wide array of cuisines, Antigo Stoneware provides the perfect canvas for both contemporary and classic presentations bringing a distinctive character to the table. The durable stoneware construction ensures strength and longevity, making it an ideal choice for professional use.\n•Durable Stoneware: Made from high-quality stoneware to withstand the rigors of a professional kitchen\n•Twice-Fired Process: Enhances strength, durability, and the unique glaze finish, ensuring each piece performs in demanding environments\n•Rolled Edges: Enhances durability and provides added chip resistance, making it ideal for hotel, restaurant, and foodservice applications\n•Polished Foot: Minimises damage when stacked and stored, helping to maintain the integrity of each piece over time\n•Unique Artisanal Finish: The natural kiln effects and spontaneous glaze reactions ensure every piece is truly one of a kind\n•Inspired Aged Bronze Hue: The deep grey finish with subtle metallic highlights captures the essence of aged bronze\n•Complete the Look: Pairs beautifully with other items in the Antigo Tableware range for a cohesive and stylish tabletop presentation","Each",null,"8.5","6.2","5.4","0.00028",{"v":0.11,"d":"0.110"},"05020403145554",6,"24.5","15.5","7","0.00266","0.66",0.925,"05020403145561",24,"33","26.5","17","0.01487","2.64",{"v":3.7,"d":"3.700"},null,1680,"https://files.plytix.com/api/v1.1/file/public_files/pim/assets/8a/8d/8f/62/628f8d8abb3a1aaaf0e8f149/images/51/ab/ef/63/63efab515969a63f3a551d9f/TH_CUP-AN9.jpg","https://files.plytix.com/api/v1.1/file/public_files/pim/assets/8a/8d/8f/62/628f8d8abb3a1aaaf0e8f149/images/58/ac/ef/63/63efac58685ae95bd6bf6073/CUP-AN9_A.jpg|https://files.plytix.com/api/v1.1/file/public_files/pim/assets/8a/8d/8f/62/628f8d8abb3a1aaaf0e8f149/images/57/ac/ef/63/63efac57ae6d21396fc62c95/CUP-AN9.jpg",null,"https://www.nevilleuk.com/products/CUP-AN9_","SCR-AN11","CUP-ADM9|CUP-ABR9"]
["SCR-AN11","Antigo Stoneware Saucer 11.5cm","11.5cm (Dia) - Fits CUP-AN9",{"v":5.5,"d":"5.50"},6,"Antigo Tableware>Antigo Stoneware",{"$nulls":3},115,115,15,0.128,0.128,null,null,"Stoneware","6912002310","Indonesia",null,null,"Yes",null,"Yes",{"$nulls":5},"No","No","\n•Durable Stoneware\n•Twice-Fired Process\n•Rolled Edges\n•Polished Foot\n•Unique Reactive Glaze Formula","Antigo Stoneware, named after the Portuguese word for \"old\" or \"ancient,\" embodies the timeless beauty of aged bronze, offering a unique blend of heritage and modern elegance. The deep grey finish, enriched with subtle metallic highlights, captures the natural transformation of bronze over time, evoking a sense of historical significance and sophistication. Each piece in the collection is enhanced by a reactive glaze that creates organic variations, ensuring no two pieces are exactly alike, adding to the authenticity and artisanal charm of the range. Designed to complement a wide array of cuisines, Antigo Stoneware provides the perfect canvas for both contemporary and classic presentations bringing a distinctive character to the table. The durable stoneware construction ensures strength and longevity, making it an ideal choice for professional use.\n•Durable Stoneware: Made from high-quality stoneware to withstand the rigors of a professional kitchen\n•Twice-Fired Process: Enhances strength, durability, and the unique glaze finish, ensuring each piece performs in demanding environments\n•Rolled Edges: Enhances durability and provides added chip resistance, making it ideal for hotel, restaurant, and foodservice applications\n•Polished Foot: Minimises damage when stacked and stored, helping to maintain the integrity of each piece over time\n•Unique Artisanal Finish: The natural kiln effects and spontaneous glaze reactions ensure every piece is truly one of a kind\n•Inspired Aged Bronze Hue: The deep grey finish with subtle metallic highlights captures the essence of aged bronze\n•Complete the Look: Pairs beautifully with other items in the Antigo Tableware range for a cohesive and stylish tabletop presentation","Each",null,"11.5","11.5","1.5","0.00020",0.128,"05020403145462",6,"14.5","15","9.5","0.00207","0.768",0.874,"05020403145479",24,"32","17","21","0.01142","3.072",{"v":3.5,"d":"3.500"},null,2016,"https://files.plytix.com/api/v1.1/file/public_files/pim/assets/8a/8d/8f/62/628f8d8abb3a1aaaf0e8f149/images/5c/ab/ef/63/63efab5c31aaaecc7764d287/TH_SCR-AN11.jpg","https://files.plytix.com/api/v1.1/file/public_files/pim/assets/8a/8d/8f/62/628f8d8abb3a1aaaf0e8f149/images/a5/ac/ef/63/63efaca51292792ac38b29ea/SCR-AN11.jpg",null,"https://www.nevilleuk.com/products/SCR-AN11_","CUP-AN9","SCR-ADM11|SCR-ABR11|SCR-AN15"]
["CBT-PBL245","Terra Porcelain Aqua Blue Two Tone Coupe Bowl 24.5cm","24.5 x 5.5cm (Dia x H) - 1.6L/56.3oz",27.64,6,"Terra Porcelain>Aqua Blue Terra Porcelain",{"$nulls":3},245,245,60,{"v":1.26,"d":"1.260"},{"v":1.26,"d":"1.260"},null,null,"Porcelain","6911100090","China",null,null,"Yes","Yes","Yes","Yes",{"$nulls":3},"5 Year Edge Chip Guarantee","No","No","\n•Durable Fully Vitrified Porcelain\n•Twice-Fired Process\n•High Temperature Firing\n•Conforms to BS4034 Vitrified Hotelware\n•Rolled Edges\n•Polished Foot\n•Unique Reactive Glaze Formula","Terra Porcelain's undefined beauty is crafted through natural effects and spontaneous reactions that occur in the kiln. A unique glaze formula, combined with high-temperature firing, ensures no two pieces look exactly alike, with variations in color intensity creating a truly distinctive appearance. The Aqua Blue Terra Porcelain collection draws inspiration from the depths of the ocean, blending rich and soft blues to evoke a tranquil, natural aesthetic. This range provides the perfect canvas for presenting delicious, vibrant dishes.\n•Durable Fully Vitrified Porcelain: High-temperature firing creates a robust and long-lasting product, ideal for professional use\n•Twice-Fired Process: Enhances strength, durability, and the unique glaze finish, ensuring each piece performs in demanding environments\n•Conforms to Industry Standards: Meets BS4034 standards for vitrified hotelware, ensuring exceptional durability and quality in demanding environments\n•Rolled Edges: Enhances durability and provides added chip resistance, making it ideal for hotel, restaurant, and foodservice applications\n•Polished Foot: Minimises damage when stacked and stored, helping to maintain the integrity of each piece over time\n•Unique Artisanal Finish: The natural kiln effects and spontaneous glaze reactions ensure every piece is truly one of a kind\n•Inspired Aqua Blue Hue: The blend of rich and soft blues evokes the tranquil beauty of the ocean, enhancing the presentation of vibrant dishes\n•Complete the Look: Pairs beautifully with other items in the Terra Porcelain range for a cohesive and stylish tabletop presentation﻿5 Year Edge Chip Guarantee is only valid for orders placed from the 1st September 2024","Each",null,"24.5","24.5","6","0.00360",{"v":1.26,"d":"1.260"},"05020403144595",6,"25","25","26","0.01625","7.56",{"v":7.59,"d":"7.590"},"05020403144601",12,"53","28","28","0.04155","15.12",{"v":15.18,"d":"15.180"},null,336,"https://files.plytix.com/api/v1.1/file/public_files/pim/assets/8a/8d/8f/62/628f8d8abb3a1aaaf0e8f149/images/4f/ab/ef/63/63efab4f5969a63f3a551d9c/TH_CBT-PBL245.jpg","https://files.plytix.com/api/v1.1/file/public_files/pim/assets/8a/8d/8f/62/628f8d8abb3a1aaaf0e8f149/images/36/ac/ef/63/63efac36ae6d21396fc62c85/CBT-PBL245_A.jpg|https://files.plytix.com/api/v1.1/file/public_files/pim/assets/8a/8d/8f/62/628f8d8abb3a1aaaf0e8f149/images/35/ac/ef/63/63efac35ae6d21396fc62c84/CBT-PBL245.jpg","https://files.plytix.com/api/v1.1/file/public_files/pim/assets/8a/8d/8f/62/628f8d8abb3a1aaaf0e8f149/images/92/53/07/64/64075392c855f720593fdb0f/LFST0423022.jpg|https://files.plytix.com/api/v1.1/file/public_files/pim/assets/8a/8d/8f/62/628f8d8abb3a1aaaf0e8f149/images/7f/53/07/64/6407537f023a5939a8c9d0ba/LFST0423017.jpg|https://files.plytix.com/api/v1.1/file/public_files/pim/assets/8a/8d/8f/62/628f8d8abb3a1aaaf0e8f149/images/a4/53/07/64/640753a4d2c6e18ba8f27d9e/LFST0423028.jpg|https://files.plytix.com/api/v1.1/file/public_files/pim/assets/8a/8d/8f/62/628f8d8abb3a1aaaf0e8f149/images/8e/53/07/64/6407538eeca9fca663d86ab6/LFST0423021.jpg|https://files.plytix.com/api/v1.1/file/public_files/pim/assets/8a/8d/8f/62/628f8d8abb3a1aaaf0e8f149/images/c6/02/a8/65/65a802c6deb2a92314bbdd56/LFST0324186.jpg","https://www.nevilleuk.com/products/CBT-PBL245_",null,"CBT-PBL22|CB-PBL23"]
["LP-PG14","Terra Porcelain Grey Low Presentation Plate 14cm","14 x 2cm (Dia x H)",11.26,12,"Terra Porcelain>Smoke Grey Terra Porcelain",{"$nulls":3},140,140,20,0.246,0.246,null,null,"Porcelain","6911100090","China",null,null,"Yes","Yes","Yes","Yes",{"$nulls":4},"No","No","\n•Durable Fully Vitrified Porcelain\n•Twice-Fired Process\n•High Temperature Firing\n•Conforms to BS4034 Vitrified Hotelware\n•Rolled Edges\n•Polished Foot\n•Unique Reactive Glaze Formula\n•Stackable","Terra Porcelain's undefined beauty is crafted through natural effects and spontaneous reactions that occur in the kiln. A unique glaze formula, combined with high-temperature firing, ensures no two pieces look exactly alike, with variations in color intensity creating a truly distinctive appearance. The Smoke Grey Terra Porcelain collection draws inspiration from the subtle elegance of misty landscapes, featuring soft grey hues with delicate tonal variations that create a refined and contemporary aesthetic. This range provides the perfect canvas for presenting delicious, vibrant dishes.\n•Durable Fully Vitrified Porcelain: High-temperature firing creates a robust and long-lasting product, ideal for professional use\n•Twice-Fired Process: Enhances strength, durability, and the unique glaze finish, ensuring each piece performs in demanding environments\n•Conforms to Industry Standards: Meets BS4034 standards for vitrified hotelware, ensuring exceptional durability and quality in demanding environments\n•Rolled Edges: Enhances durability and provides added chip resistance, making it ideal for hotel, restaurant, and foodservice applications\n•Polished Foot: Minimises damage when stacked and stored, helping to maintain the integrity of each piece over time\n•Stackable: Optimises storage space, making it easy to stack securely without risking damage, perfect for busy kitchens\n•Unique Artisanal Finish: The natural kiln effects and spontaneous glaze reactions ensure every piece is truly one of a kind\n•Inspired Smoke Grey Hue: The soft grey tones with subtle variations evoke the serene beauty of misty landscapes\n•Complete the Look: Pairs beautifully with other items in the Terra Porcelain range for a cohesive and stylish tabletop presentation","Each",null,"14","14","2","0.00039",0.246,"05020403144687",12,"29","11","15","0.00479","2.952",{"v":3,"d":"3.000"},"05020403144694",48,"31","25","34","0.02635","11.808",{"v":12.6,"d":"12.600"},null,1152,"https://files.plytix.com/api/v1.1/file/public_files/pim/assets/8a/8d/8f/62/628f8d8abb3a1aaaf0e8f149/images/54/ab/ef/63/63efab545969a63f3a551da2/TH_LP-PG14.jpg","https://files.plytix.com/api/v1.1/file/public_files/pim/assets/8a/8d/8f/62/628f8d8abb3a1aaaf0e8f149/images/6d/ac/ef/63/63efac6dae6d21396fc62ca3/LP-PG14_A.jpg|https://files.plytix.com/api/v1.1/file/public_files/pim/assets/8a/8d/8f/62/628f8d8abb3a1aaaf0e8f149/images/6f/ac/ef/63/63efac6f5969a63f3a551e05/LP-PG14_B.jpg|https://files.plytix.com/api/v1.1/file/public_files/pim/assets/8a/8d/8f/62/628f8d8abb3a1aaaf0e8f149/images/6c/ac/ef/63/63efac6cae6d21396fc62ca2/LP-PG14.jpg","https://files.plytix.com/api/v1.1/file/public_files/pim/assets/8a/8d/8f/62/628f8d8abb3a1aaaf0e8f149/images/1a/54/07/64/6407541ac855f720593fdb1a/LFST0423062.jpg|https://files.plytix.com/api/v1.1/file/public_files/pim/assets/8a/8d/8f/62/628f8d8abb3a1aaaf0e8f149/images/4e/54/07/64/6407544e023a5939a8c9d0da/LFST0423079.jpg|https://files.plytix.com/api/v1.1/file/public_files/pim/assets/8a/8d/8f/62/628f8d8abb3a1aaaf0e8f149/images/17/54/07/64/64075417d2c6e18ba8f27da6/LFST0423061.jpg","https://www.nevilleuk.com/products/LP-PG14_",null,"LP-PG18|PB-PG13"]
["SCR-ABR11","Antigo Stoneware Barley Saucer 11.5cm","11.5cm (Dia) - Fits CUP-ABR9",{"v":5.5,"d":"5.50"},6,"Antigo Tableware>Antigo Stoneware Barley",{"$nulls":3},115,115,15,0.128,0.128,null,null,"Stoneware","6912002310","Indonesia",null,null,"Yes",null,"Yes",{"$nulls":5},"No","No","\n•Durable Stoneware\n•Twice-Fired Process\n•Rolled Edges\n•Polished Foot\n•Unique Reactive Glaze Formula","The Antigo Barley Stoneware collection draws inspiration from the natural beauty of sun-ripened barley fields, featuring a soft, creamy white hue with gentle tonal variations that evoke a sense of warmth, simplicity, and rustic elegance. Perfect for a variety of dining experiences, the Antigo Barley Stoneware collection provides a versatile and refined backdrop for a wide range of dishes, from wholesome comfort foods to contemporary gourmet creations. The combination of its warm neutral tones and organic variations creates an inviting and sophisticated atmosphere, ideal for both casual and upscale dining settings.Each piece in the collection is enhanced by a reactive glaze that creates organic variations, ensuring no two pieces are exactly alike, adding to the authenticity and artisanal charm of the range. The durable stoneware construction ensures strength and longevity, making it an ideal choice for professional use.\n•Durable Stoneware: Made from high-quality stoneware to withstand the rigors of a professional kitchen\n•Twice-Fired Process: Enhances strength, durability, and the unique glaze finish, ensuring each piece performs in demanding environments\n•Rolled Edges: Enhances durability and provides added chip resistance, making it ideal for hotel, restaurant, and foodservice applications\n•Polished Foot: Minimises damage when stacked and stored, helping to maintain the integrity of each piece over time\n•Unique Artisanal Finish: The natural kiln effects and spontaneous glaze reactions ensure every piece is truly one of a kind\n•Inspired Barley Hue: The soft, creamy white tones with subtle tonal variations evoke the warmth and simplicity of sun-ripened barley\n•Complete the Look: Pairs beautifully with other items in the Antigo Tableware range for a cohesive and stylish tabletop presentation","Each",null,"11.5","11.5","1.5","0.00020",0.128,"05020403145523",6,"15","15","9.5","0.00214","0.768",0.874,"05020403145530",24,"32","17","21","0.01142","3.072",{"v":3.5,"d":"3.500"},null,2016,"https://files.plytix.com/api/v1.1/file/public_files/pim/assets/8a/8d/8f/62/628f8d8abb3a1aaaf0e8f149/images/5b/ab/ef/63/63efab5b12652121969d59a3/TH_SCR-ABR11.jpg","https://files.plytix.com/api/v1.1/file/public_files/pim/assets/8a/8d/8f/62/628f8d8abb3a1aaaf0e8f149/images/a2/ac/ef/63/63efaca21292792ac38b29e9/SCR-ABR11.jpg","https://files.plytix.com/api/v1.1/file/public_files/pim/assets/8a/8d/8f/62/628f8d8abb3a1aaaf0e8f149/images/89/54/07/64/64075489c855f720593fdb2a/LFST0423096.jpg|https://files.plytix.com/api/v1.1/file/public_files/pim/assets/8a/8d/8f/62/628f8d8abb3a1aaaf0e8f149/images/83/54/07/64/64075483c855f720593fdb29/LFST0423094.jpg|https://files.plytix.com/api/v1.1/file/public_files/pim/assets/8a/8d/8f/62/628f8d8abb3a1aaaf0e8f149/images/6b/54/07/64/6407546b8031629126b25170/LFST0423087.jpg|https://files.plytix.com/api/v1.1/file/public_files/pim/assets/8a/8d/8f/62/628f8d8abb3a1aaaf0e8f149/images/67/54/07/64/64075467eca9fca663d86acb/LFST0423086.jpg|https://files.plytix.com/api/v1.1/file/public_files/pim/assets/8a/8d/8f/62/628f8d8abb3a1aaaf0e8f149/images/83/c2/cc/64/64ccc2835b1b5fec27624186/LFST1023001.jpg|https://files.plytix.com/api/v1.1/file/public_files/pim/assets/8a/8d/8f/62/628f8d8abb3a1aaaf0e8f149/images/86/c2/cc/64/64ccc2865b1b5fec27624188/LFST1023002.jpg|https://files.plytix.com/api/v1.1/file/public_files/pim/assets/8a/8d/8f/62/628f8d8abb3a1aaaf0e8f149/images/90/c2/cc/64/64ccc2905b1b5fec2762418b/LFST1023004.jpg|https://files.plytix.com/api/v1.1/file/public_files/pim/assets/8a/8d/8f/62/628f8d8abb3a1aaaf0e8f149/images/96/c2/cc/64/64ccc2965b1b5fec2762418c/LFST1023005.jpg","https://www.nevilleuk.com/products/SCR-ABR11_","CUP-ABR9","SCR-ADM11|SCR-AN11"]
["RSR-RS18","GenWare Silver Anti-Slip Round Buffet Riser 18cm","20 x 18 x 25cm (Dia x H x Dia)",19.26,1,"Buffet & Display>Buffet Risers",{"$nulls":3},250,250,180,{"v":0.3,"d":"0.300"},{"v":0.3,"d":"0.300"},null,null,"Plastic-PVC,Iron","7323990090","China",null,null,"N/A",{"$nulls":7},"No","No","\n•Made From Coated Steel\n•Features A Non-Slip Plastic Coating\n•Helps Elevate Buffet Displays","GenWare Non-Slip Risers are a great way of adding height to buffets and displays for platters and bowls or on tabletops for sharing dishes. The non-slip coating helps keep your serveware in place whether using melamine buffet bowls and platters, stainless steel platters or wooden boards.\n•Non-slip coated steel\n•Add height to your buffet displays or for showcasing sharing dishes\n•Anti-slip plastic coating to hold bowls and platters safely in place\n•Stackable","Each","5020403106166","25","25","18","0.01125",{"v":0.3,"d":"0.300"},{"$nulls":8},"05020403106173",6,"39","27","27","0.02843","1.8",{"v":2.2,"d":"2.200"},null,720,"https://files.plytix.com/api/v1.1/file/public_files/pim/assets/8a/8d/8f/62/628f8d8abb3a1aaaf0e8f149/images/5b/ab/ef/63/63efab5b31aaaecc7764d284/TH_RSR-RS18.jpg","https://files.plytix.com/api/v1.1/file/public_files/pim/assets/8a/8d/8f/62/628f8d8abb3a1aaaf0e8f149/images/a2/ac/ef/63/63efaca21292792ac38b29e8/RSR-RS18.jpg","https://files.plytix.com/api/v1.1/file/public_files/pim/assets/8a/8d/8f/62/628f8d8abb3a1aaaf0e8f149/images/b2/6d/b4/66/66b46db2b9c47406c25ce7e8/LFST0924037.jpg","https://www.nevilleuk.com/products/RSR-RS18_","MBL-33W|MBL-33G|MELPB17-WD|MEL33-SLGR|MELPB17-SL|E0226|E0230|WSB33|WPB33|SLTN-30|SSPL14|GSPL14|WPB33R|WPLN12022|WPLN12032|WPLN8032|WPLN8022","RSR-RS10|RSR-RBK18|RSR-RC18|RSR-RGD18|RSR-RS30"]
["MELWOK-35","GenWare Melamine Wok Buffet Bowl 35cm","43.7 x 35 x 11.7cm (L x Dia x H) - 5.5L/193.6oz",44.66,1,"Buffet & Display>Melamine Buffet Bowls",{"$nulls":3},350,430,11,0.899,0.899,null,null,"Melamine","3924100011","China",null,null,"Yes","N/A","No",{"$nulls":5},"No","No","\n•Made From Melamine\n•Strong, Light And Virtually Unbreakable\n•Textured Like Cast Iron","GenWare Melamine Buffet Bowls are practical, have a high resistance to chipping, scratches and staining, making them hardwearing and fit for purpose. Great for any food service, buffet or display areas.\n•Texture and appearance of cast iron\n•Great for use in any food service, buffet or display area\n•Melamine is highly resistant to chipping, scratches and staining\n•It is lightweight, strong and virtually unbreakable\n•Temperature range:  -20 to 70C","Each","5020403106012","35","43","1.1","0.00166",0.899,"05020403106029",3,"45","36","2","0.00324","2.697",3.537,"05020403106036",12,"73","46","43","0.14439","10.788",{"v":14.15,"d":"14.150"},null,72,"https://files.plytix.com/api/v1.1/file/public_files/pim/assets/8a/8d/8f/62/628f8d8abb3a1aaaf0e8f149/images/56/ab/ef/63/63efab565969a63f3a551da5/TH_MELWOK-35.jpg","https://files.plytix.com/api/v1.1/file/public_files/pim/assets/8a/8d/8f/62/628f8d8abb3a1aaaf0e8f149/images/87/ac/ef/63/63efac87ae6d21396fc62cac/MELWOK-35_A.jpg|https://files.plytix.com/api/v1.1/file/public_files/pim/assets/8a/8d/8f/62/628f8d8abb3a1aaaf0e8f149/images/86/ac/ef/63/63efac865969a63f3a551e0d/MELWOK-35.jpg","https://files.plytix.com/api/v1.1/file/public_files/pim/assets/8a/8d/8f/62/628f8d8abb3a1aaaf0e8f149/images/67/54/07/64/64075467eca9fca663d86acb/LFST0423086.jpg|https://files.plytix.com/api/v1.1/file/public_files/pim/assets/8a/8d/8f/62/628f8d8abb3a1aaaf0e8f149/images/9a/54/07/64/6407549a8031629126b25172/LFST0423102.jpg|https://files.plytix.com/api/v1.1/file/public_files/pim/assets/8a/8d/8f/62/628f8d8abb3a1aaaf0e8f149/images/98/54/07/64/640754985e56a2c718d18c2b/LFST0423101.jpg|https://files.plytix.com/api/v1.1/file/public_files/pim/assets/8a/8d/8f/62/628f8d8abb3a1aaaf0e8f149/images/83/54/07/64/64075483c855f720593fdb29/LFST0423094.jpg|https://files.plytix.com/api/v1.1/file/public_files/pim/assets/8a/8d/8f/62/628f8d8abb3a1aaaf0e8f149/images/9d/54/07/64/6407549deca9fca663d86acf/LFST0423103.jpg|https://files.plytix.com/api/v1.1/file/public_files/pim/assets/8a/8d/8f/62/628f8d8abb3a1aaaf0e8f149/images/95/54/07/64/64075495c855f720593fdb2b/LFST0423100.jpg|https://files.plytix.com/api/v1.1/file/public_files/pim/assets/8a/8d/8f/62/628f8d8abb3a1aaaf0e8f149/images/80/54/07/64/64075480d2c6e18ba8f27db2/LFST0423093.jpg","https://www.nevilleuk.com/products/MELWOK-35_",null,"MELWOK-30|MELRB-35BK"]
["JUG-AN9","Antigo Stoneware Jug 9cl/ 3oz","7 x 6 x 6cm (L x W x H)",9.12,12,"Antigo Tableware>Antigo Stoneware",{"$nulls":3},70,60,60,0.104,0.104,{"v":9,"d":"9.00"},"3.2","Stoneware","6912002310","Indonesia",null,null,"Yes",null,"Yes",{"$nulls":5},"No","No","\n•Durable Stoneware\n•Twice-Fired Process\n•Rolled Edges\n•Polished Foot\n•Unique Reactive Glaze Formula","Antigo Stoneware, named after the Portuguese word for \"old\" or \"ancient,\" embodies the timeless beauty of aged bronze, offering a unique blend of heritage and modern elegance. The deep grey finish, enriched with subtle metallic highlights, captures the natural transformation of bronze over time, evoking a sense of historical significance and sophistication. Each piece in the collection is enhanced by a reactive glaze that creates organic variations, ensuring no two pieces are exactly alike, adding to the authenticity and artisanal charm of the range. Designed to complement a wide array of cuisines, Antigo Stoneware provides the perfect canvas for both contemporary and classic presentations bringing a distinctive character to the table. The durable stoneware construction ensures strength and longevity, making it an ideal choice for professional use.\n•Durable Stoneware: Made from high-quality stoneware to withstand the rigors of a professional kitchen\n•Twice-Fired Process: Enhances strength, durability, and the unique glaze finish, ensuring each piece performs in demanding environments\n•Rolled Edges: Enhances durability and provides added chip resistance, making it ideal for hotel, restaurant, and foodservice applications\n•Polished Foot: Minimises damage when stacked and stored, helping to maintain the integrity of each piece over time\n•Unique Artisanal Finish: The natural kiln effects and spontaneous glaze reactions ensure every piece is truly one of a kind\n•Inspired Aged Bronze Hue: The deep grey finish with subtle metallic highlights captures the essence of aged bronze\n•Complete the Look: Pairs beautifully with other items in the Antigo Tableware range for a cohesive and stylish tabletop presentation","Each",null,"7","6","6","0.00025",0.104,"05020403145370",12,"20.5","16","13.5","0.00443","1.248",1.564,"05020403145387",48,"33","21.7","31","0.02220","4.992",{"v":6.25,"d":"6.250"},null,2304,"https://files.plytix.com/api/v1.1/file/public_files/pim/assets/8a/8d/8f/62/628f8d8abb3a1aaaf0e8f149/images/53/ab/ef/63/63efab53ae6d21396fc62c30/TH_JUG-AN9.jpg","https://files.plytix.com/api/v1.1/file/public_files/pim/assets/8a/8d/8f/62/628f8d8abb3a1aaaf0e8f149/images/60/ac/ef/63/63efac605969a63f3a551dff/JUG-AN9.jpg",null,"https://www.nevilleuk.com/products/JUG-AN9_",null,"JUG-ADM9|JUG-ABR9"]
["RSR-RC18","GenWare Copper Anti-Slip Round Buffet Riser 18cm","20 x 18 x 25cm (Dia x H x Dia)",19.26,1,"Buffet & Display>Buffet Risers",{"$nulls":3},250,250,180,{"v":0.3,"d":"0.300"},{"v":0.3,"d":"0.300"},null,null,"Plastic-PVC,Iron","7323990090","China",null,null,"N/A",{"$nulls":7},"No","No","\n•Made From Coated Steel\n•Features A Non-Slip Plastic Coating\n•Helps Elevate Buffet Displays","GenWare Non-Slip Risers are a great way of adding height to buffets and displays for platters and bowls or on tabletops for sharing dishes. The non-slip coating helps keep your serveware in place whether using melamine buffet bowls and platters, stainless steel platters or wooden boards.\n•Non-slip coated steel\n•Add height to your buffet displays or for showcasing sharing dishes\n•Anti-slip plastic coating to hold bowls and platters safely in place\n•Stackable","Each","5020403106128","25","25","18","0.01125",{"v":0.3,"d":"0.300"},{"$nulls":8},"05020403106135",6,"39","27","4.5","0.00474","1.8",{"v":2,"d":"2.000"},null,270,"https://files.plytix.com/api/v1.1/file/public_files/pim/assets/8a/8d/8f/62/628f8d8abb3a1aaaf0e8f149/images/5a/ab/ef/63/63efab5a31aaaecc7764d283/TH_RSR-RC18.jpg","https://files.plytix.com/api/v1.1/file/public_files/pim/assets/8a/8d/8f/62/628f8d8abb3a1aaaf0e8f149/images/9d/ac/ef/63/63efac9dae6d21396fc62cb3/RSR-RC18_A.jpg|https://files.plytix.com/api/v1.1/file/public_files/pim/assets/8a/8d/8f/62/628f8d8abb3a1aaaf0e8f149/images/9d/ac/ef/63/63efac9d5969a63f3a551e15/RSR-RC18.jpg","https://files.plytix.com/api/v1.1/file/public_files/pim/assets/8a/8d/8f/62/628f8d8abb3a1aaaf0e8f149/images/0b/55/07/64/6407550bd2c6e18ba8f27dc2/LFST0423137.jpg|https://files.plytix.com/api/v1.1/file/public_files/pim/assets/8a/8d/8f/62/628f8d8abb3a1aaaf0e8f149/images/08/55/07/64/64075508c855f720593fdb39/LFST0423136.jpg|https://files.plytix.com/api/v1.1/file/public_files/pim/assets/8a/8d/8f/62/628f8d8abb3a1aaaf0e8f149/images/e5/02/a8/65/65a802e538eafe2925b0d06f/LFST0324193.jpg|https://files.plytix.com/api/v1.1/file/public_files/pim/assets/8a/8d/8f/62/628f8d8abb3a1aaaf0e8f149/images/e9/02/a8/65/65a802e9d79397c451925531/LFST0324194.jpg|https://files.plytix.com/api/v1.1/file/public_files/pim/assets/8a/8d/8f/62/628f8d8abb3a1aaaf0e8f149/images/ee/02/a8/65/65a802eed79397c451925532/LFST0324195.jpg|https://files.plytix.com/api/v1.1/file/public_files/pim/assets/8a/8d/8f/62/628f8d8abb3a1aaaf0e8f149/images/f3/02/a8/65/65a802f36ae4d7faf18e8252/LFST0324196.jpg|https://files.plytix.com/api/v1.1/file/public_files/pim/assets/8a/8d/8f/62/628f8d8abb3a1aaaf0e8f149/images/f8/02/a8/65/65a802f86ae4d7faf18e8253/LFST0324197.jpg|https://files.plytix.com/api/v1.1/file/public_files/pim/assets/8a/8d/8f/62/628f8d8abb3a1aaaf0e8f149/images/fc/02/a8/65/65a802fcdeb2a92314bbdd5d/LFST0324198.jpg|https://files.plytix.com/api/v1.1/file/public_files/pim/assets/8a/8d/8f/62/628f8d8abb3a1aaaf0e8f149/images/01/03/a8/65/65a803016ae4d7faf18e825b/LFST0324199.jpg|https://files.plytix.com/api/v1.1/file/public_files/pim/assets/8a/8d/8f/62/628f8d8abb3a1aaaf0e8f149/images/06/03/a8/65/65a803069837a6238d070d7f/LFST0324200.jpg","https://www.nevilleuk.com/products/RSR-RC18_","MBL-33W|MBL-33G|MELPB17-WD|MEL33-SLGR|MELPB17-SL|E0226|E0230|WSB33|WPB33|SLTN-30|SSPL14|GSPL14|WPB33R|WPLN12022|WPLN12032|WPLN8032|WPLN8022","RSR-RC10|RSR-RBK18|RSR-RGD18|RSR-RS18|RSR-RC30"]
["RSR-RC10","GenWare Copper Anti-Slip Round Buffet Riser 10cm","20 x 10 x 25cm (Dia x H x Dia)",12.38,1,"Buffet & Display>Buffet Risers",{"$nulls":3},250,250,180,{"v":0.3,"d":"0.300"},{"v":0.3,"d":"0.300"},null,null,"Plastic-PVC,Iron","7323990090","China",null,null,"N/A",null,"No",{"$nulls":5},"No","No","\n•Made From Coated Steel\n•Features A Non-Slip Plastic Coating\n•Helps Elevate Buffet Displays","GenWare Non-Slip Risers are a great way of adding height to buffets and displays for platters and bowls or on tabletops for sharing dishes. The non-slip coating helps keep your serveware in place whether using melamine buffet bowls and platters, stainless steel platters or wooden boards.\n•Non-slip coated steel\n•Add height to your buffet displays or for showcasing sharing dishes\n•Anti-slip plastic coating to hold bowls and platters safely in place\n•Stackable","Each","5020403106210","25","25","18","0.01125",{"v":0.3,"d":"0.300"},"05020403106227",6,"27","26","22","0.01544","1.8",{"v":2.2,"d":"2.200"},"05020403106234",24,"56","56","31","0.09722","7.2",{"v":11,"d":"11.000"},null,384,"https://files.plytix.com/api/v1.1/file/public_files/pim/assets/8a/8d/8f/62/628f8d8abb3a1aaaf0e8f149/images/5a/ab/ef/63/63efab5a31aaaecc7764d281/TH_RSR-RC10.jpg","https://files.plytix.com/api/v1.1/file/public_files/pim/assets/8a/8d/8f/62/628f8d8abb3a1aaaf0e8f149/images/9c/ac/ef/63/63efac9c5969a63f3a551e14/RSR-RC10_A.jpg|https://files.plytix.com/api/v1.1/file/public_files/pim/assets/8a/8d/8f/62/628f8d8abb3a1aaaf0e8f149/images/9b/ac/ef/63/63efac9b31aaaecc7764d305/RSR-RC10.jpg","https://files.plytix.com/api/v1.1/file/public_files/pim/assets/8a/8d/8f/62/628f8d8abb3a1aaaf0e8f149/images/f3/54/07/64/640754f35e56a2c718d18c3b/LFST0423131.jpg|https://files.plytix.com/api/v1.1/file/public_files/pim/assets/8a/8d/8f/62/628f8d8abb3a1aaaf0e8f149/images/be/54/07/64/640754bed2c6e18ba8f27db8/LFST0423120.jpg|https://files.plytix.com/api/v1.1/file/public_files/pim/assets/8a/8d/8f/62/628f8d8abb3a1aaaf0e8f149/images/0b/55/07/64/6407550bd2c6e18ba8f27dc2/LFST0423137.jpg|https://files.plytix.com/api/v1.1/file/public_files/pim/assets/8a/8d/8f/62/628f8d8abb3a1aaaf0e8f149/images/bd/54/07/64/640754bdc855f720593fdb31/LFST0423119.jpg|https://files.plytix.com/api/v1.1/file/public_files/pim/assets/8a/8d/8f/62/628f8d8abb3a1aaaf0e8f149/images/e1/54/07/64/640754e15e56a2c718d18c38/LFST0423127.jpg|https://files.plytix.com/api/v1.1/file/public_files/pim/assets/8a/8d/8f/62/628f8d8abb3a1aaaf0e8f149/images/f7/54/07/64/640754f7023a5939a8c9d0ef/LFST0423132.jpg|https://files.plytix.com/api/v1.1/file/public_files/pim/assets/8a/8d/8f/62/628f8d8abb3a1aaaf0e8f149/images/fc/54/07/64/640754fc023a5939a8c9d0f0/LFST0423133.jpg|https://files.plytix.com/api/v1.1/file/public_files/pim/assets/8a/8d/8f/62/628f8d8abb3a1aaaf0e8f149/images/c2/54/07/64/640754c2023a5939a8c9d0e8/LFST0423122.jpg|https://files.plytix.com/api/v1.1/file/public_files/pim/assets/8a/8d/8f/62/628f8d8abb3a1aaaf0e8f149/images/c0/54/07/64/640754c0c855f720593fdb32/LFST0423121.jpg|https://files.plytix.com/api/v1.1/file/public_files/pim/assets/8a/8d/8f/62/628f8d8abb3a1aaaf0e8f149/images/08/55/07/64/64075508c855f720593fdb39/LFST0423136.jpg","https://www.nevilleuk.com/products/RSR-RC10_","MBL-33W|MBL-33G|MELPB17-WD|MEL33-SLGR|MELPB17-SL|E0226|E0230|WSB33|WPB33|SLTN-30|SSPL14|GSPL14|WPB33R|WPLN12022|WPLN12032|WPLN8032|WPLN8022","RSR-RBK10|RSR-RGD10|RSR-RS10|RSR-RC18"]
["MBL-33DG","GenWare Dark Grey Marble Platter 33cm Dia","DISCONTINUED - 33cm (Dia)",2.04,1,"Clearance>Clearance Table Presentation",null,null,"Yes",360,150,60,{"v":2.5,"d":"2.500"},{"v":2.5,"d":"2.500"},null,null,"Marble,Rubber","6802290000","China",null,null,"No","N/A","N/A","No",{"$nulls":4},"No","No","\n•Natural Marble\n•Cool, Smooth Surface\n•Premium, High End Aesthetic\n•Unique Natural Veining\n•Versatile\n•Wipe Down Surface\n•Non-Slip Silicone Feet\n•Maximum Food Temperature:&nbsp;70C","Add a touch of luxury to your food presentation with GenWare Marble Platters. Crafted from natural marble, these elegant platters provide a cool, smooth surface that enhances the visual appeal of canapes, desserts, cheeses, and antipasti. Their timeless aesthetic makes them ideal for high-end buffet displays, afternoon tea, or tabletop presentation in refined hospitality settings.\n•Natural Marble: For a luxurious and durable presentation surface\n•Cool, Smooth Surface: Ideal for serving cheeses, charcuterie, desserts, and small bites\n•Premium, High End Aesthetic: Enhances food presentation\n•Unique Natural Veining: Making each piece a one-of-a-kind\n•Versatile: Suitable for buffets, afternoon tea, sharing platters, and displays\n•Wipe Down Surface: Easy to clean and maintain\n•Non-Slip Silicone Feet: For easy grip and stability\n•Maximum Food Temperature:&nbsp;70C\n•Suitable With Cake Covers: Product codes GCC30 and 52049A","Each","5020403118022","36","15","6","0.00324",{"v":2.5,"d":"2.500"},{"$nulls":8},"05020403118039",6,"36","14","36","0.01814","15",{"v":16,"d":"16.000"},null,192,"https://files.plytix.com/api/v1.1/file/public_files/pim/assets/8a/8d/8f/62/628f8d8abb3a1aaaf0e8f149/images/f8/99/cb/64/64cb99f82b5de14fe304a3e6/TH_MBL-33DG.jpg","https://files.plytix.com/api/v1.1/file/public_files/pim/assets/8a/8d/8f/62/628f8d8abb3a1aaaf0e8f149/images/fc/29/ca/64/64ca29fc5b1b5fec2761c3f5/MBL-33DG.jpg|https://files.plytix.com/api/v1.1/file/public_files/pim/assets/8a/8d/8f/62/628f8d8abb3a1aaaf0e8f149/images/88/2b/ca/64/64ca2b8806dc2df550b1de8c/MBL-33DG_A.jpg","https://files.plytix.com/api/v1.1/file/public_files/pim/assets/8a/8d/8f/62/628f8d8abb3a1aaaf0e8f149/images/4f/c2/cc/64/64ccc24f5b1b5fec2762417e/LFST1023159.jpg|https://files.plytix.com/api/v1.1/file/public_files/pim/assets/8a/8d/8f/62/628f8d8abb3a1aaaf0e8f149/images/53/c2/cc/64/64ccc25306dc2df550b25be5/LFST1023160.jpg|https://files.plytix.com/api/v1.1/file/public_files/pim/assets/8a/8d/8f/62/628f8d8abb3a1aaaf0e8f149/images/57/c2/cc/64/64ccc257c96c25bee231e226/LFST1023161.jpg|https://files.plytix.com/api/v1.1/file/public_files/pim/assets/8a/8d/8f/62/628f8d8abb3a1aaaf0e8f149/images/5c/c2/cc/64/64ccc25c06dc2df550b25be6/LFST1023162.jpg","https://www.nevilleuk.com/products/MBL-33DG_","GCC30|52049B|52049A","MBL-33GR|MBL-33W|MBL-33G|TRZ-33"]
["NR-ABR27","Antigo Stoneware Barley Narrow Rectangular Platter 27 x 12.5cm","27 x 12.5cm (L x W )",14.42,6,"Antigo Tableware>Antigo Stoneware Barley",{"$nulls":3},270,125,20,{"v":0.6,"d":"0.600"},{"v":0.6,"d":"0.600"},{"$nulls":3},"6912002310","Indonesia",null,null,"Yes","Yes","Yes","Yes",{"$nulls":4},"No","No","\n•Durable Stoneware\n•Twice-Fired Process\n•Rolled Edges\n•Polished Foot\n•Unique Reactive Glaze Formula","The Antigo Barley Stoneware collection draws inspiration from the natural beauty of sun-ripened barley fields, featuring a soft, creamy white hue with gentle tonal variations that evoke a sense of warmth, simplicity, and rustic elegance. Perfect for a variety of dining experiences, the Antigo Barley Stoneware collection provides a versatile and refined backdrop for a wide range of dishes, from wholesome comfort foods to contemporary gourmet creations. The combination of its warm neutral tones and organic variations creates an inviting and sophisticated atmosphere, ideal for both casual and upscale dining settings.Each piece in the collection is enhanced by a reactive glaze that creates organic variations, ensuring no two pieces are exactly alike, adding to the authenticity and artisanal charm of the range. The durable stoneware construction ensures strength and longevity, making it an ideal choice for professional use.\n•Durable Stoneware: Made from high-quality stoneware to withstand the rigors of a professional kitchen\n•Twice-Fired Process: Enhances strength, durability, and the unique glaze finish, ensuring each piece performs in demanding environments\n•Rolled Edges: Enhances durability and provides added chip resistance, making it ideal for hotel, restaurant, and foodservice applications\n•Polished Foot: Minimises damage when stacked and stored, helping to maintain the integrity of each piece over time\n•Unique Artisanal Finish: The natural kiln effects and spontaneous glaze reactions ensure every piece is truly one of a kind\n•Inspired Barley Hue: The soft, creamy white tones with subtle tonal variations evoke the warmth and simplicity of sun-ripened barley\n•Complete the Look: Pairs beautifully with other items in the Antigo Tableware range for a cohesive and stylish tabletop presentation","Each",null,"27","12.5","2","0.00068",{"v":0.6,"d":"0.600"},"05020403145820",6,"23","13.5","13","0.00404","3.6",{"v":3.6,"d":"3.600"},"05020403145837",24,"30","30","29","0.02610","14.4",{"v":14.5,"d":"14.500"},null,768,"https://files.plytix.com/api/v1.1/file/public_files/pim/assets/8a/8d/8f/62/628f8d8abb3a1aaaf0e8f149/images/e4/aa/cb/64/64cbaae406dc2df550b22c7a/TH_NR-ABR27.jpg","https://files.plytix.com/api/v1.1/file/public_files/pim/assets/8a/8d/8f/62/628f8d8abb3a1aaaf0e8f149/images/92/2b/ca/64/64ca2b922b5de14fe3045cac/NR-ABR27_A.jpg|https://files.plytix.com/api/v1.1/file/public_files/pim/assets/8a/8d/8f/62/628f8d8abb3a1aaaf0e8f149/images/93/2b/ca/64/64ca2b93c96c25bee2316873/NR-ABR27_B.jpg|https://files.plytix.com/api/v1.1/file/public_files/pim/assets/8a/8d/8f/62/628f8d8abb3a1aaaf0e8f149/images/95/2b/ca/64/64ca2b952b5de14fe3045cad/NR-ABR27_C.jpg|https://files.plytix.com/api/v1.1/file/public_files/pim/assets/8a/8d/8f/62/628f8d8abb3a1aaaf0e8f149/images/97/2b/ca/64/64ca2b970635ebcbfc5c5ac0/NR-ABR27_D.jpg|https://files.plytix.com/api/v1.1/file/public_files/pim/assets/8a/8d/8f/62/628f8d8abb3a1aaaf0e8f149/images/7f/aa/cb/64/64cbaa7fc96c25bee231b22d/NR-ABR27.jpg","https://files.plytix.com/api/v1.1/file/public_files/pim/assets/8a/8d/8f/62/628f8d8abb3a1aaaf0e8f149/images/83/c2/cc/64/64ccc2835b1b5fec27624186/LFST1023001.jpg|https://files.plytix.com/api/v1.1/file/public_files/pim/assets/8a/8d/8f/62/628f8d8abb3a1aaaf0e8f149/images/86/c2/cc/64/64ccc2865b1b5fec27624188/LFST1023002.jpg|https://files.plytix.com/api/v1.1/file/public_files/pim/assets/8a/8d/8f/62/628f8d8abb3a1aaaf0e8f149/images/9c/c2/cc/64/64ccc29c0635ebcbfc5cdadd/LFST1023007.jpg|https://files.plytix.com/api/v1.1/file/public_files/pim/assets/8a/8d/8f/62/628f8d8abb3a1aaaf0e8f149/images/b9/c3/cc/64/64ccc3b906dc2df550b25c35/LFST1023067.jpg","https://www.nevilleuk.com/products/NR-ABR27_",null,"NR-AN27|NR-ADM27"]
["SMS8AC","GenWare Antique Copper Mini Sauce Pan 7.8 x 4.5cm","7.8 x 4.5cm (Dia x H) - 20cl/7oz",16.18,6,"Table Presentation>Mini Presentation Items",{"$nulls":3},78,78,45,{"v":0.13,"d":"0.130"},{"v":0.13,"d":"0.130"},{"v":20,"d":"20.00"},"7","Brass,Stainless Steel","7323930090","India",null,null,"No",null,"N/A",{"$nulls":5},"No","No","\n•﻿Made From Stainless Steel\n•Features An Antique Copper Plated Coating\n•Attractive Brass Handle\n•Great for Presenting Condiments","﻿Great for presenting small dishes, sauces or sides, the Antique Copper Sauce Pans feature an attractive brass handle providing an upscale look to casual dining. Made from Stainless Steel with a striking antique copper plated finish, they work great with Terra Porcelain, Stoneware or Wooden Serving Boards. The Mini Antique Copper Pans are available in three sizes suitable for a variety of uses from small steak sauces to premium sides.\n•Made from stainless steel with antique copper plating\n•Features attractive brass handle\n•Perfect for upscale casual dining\n•Combines beautifully with white or reactive glazed ceramic\n•Great for presenting premium sides, condiments and sauces","Each",null,"7.8","7.8","4.5","0.00027",{"v":0.13,"d":"0.130"},"05020403116578",6,"19.5","11.5","14.5","0.00325","0.78",{"v":0.95,"d":"0.950"},"05020403116585",48,"41","24.5","32","0.03214","6.24",{"v":7.6,"d":"7.600"},null,1344,"https://files.plytix.com/api/v1.1/file/public_files/pim/assets/8a/8d/8f/62/628f8d8abb3a1aaaf0e8f149/images/a0/a1/e3/63/63e3a1a0235b816689db7614/TH_SMS8AC.jpg","https://files.plytix.com/api/v1.1/file/public_files/pim/assets/8a/8d/8f/62/628f8d8abb3a1aaaf0e8f149/images/a2/73/87/63/638773a23838fff4aa61dac7/SMS8AC.jpg","https://files.plytix.com/api/v1.1/file/public_files/pim/assets/8a/8d/8f/62/628f8d8abb3a1aaaf0e8f149/images/f8/fd/91/63/6391fdf83838fff4aa626717/LFST0123091.jpg","https://www.nevilleuk.com/products/SMS8AC_",null,"SMS8C|SMS8V|SMS7AC|SMS9AC"]
["SMS7AC","GenWare Antique Copper Mini Sauce Pan 7 x 3.75cm","7 x 3.75cm (Dia x H) - 14cl/4.9oz",{"v":15,"d":"15.00"},6,"Table Presentation>Mini Presentation Items",{"$nulls":3},70,70,38,0.125,0.125,{"v":14,"d":"14.00"},"4.9","Brass,Stainless Steel","7323930090","India",null,null,"No",null,"N/A",{"$nulls":5},"No","No","\n•﻿Made From Stainless Steel\n•Features An Antique Copper Plated Coating\n•Attractive Brass Handle\n•Great for Presenting Condiments","﻿Great for presenting small dishes, sauces or sides, the Antique Copper Sauce Pans feature an attractive brass handle providing an upscale look to casual dining. Made from Stainless Steel with a striking antique copper plated finish, they work great with Terra Porcelain, Stoneware or Wooden Serving Boards. The Mini Antique Copper Pans are available in three sizes suitable for a variety of uses from small steak sauces to premium sides.\n•Made from stainless steel with antique copper plating\n•Features attractive brass handle\n•Perfect for upscale casual dining\n•Combines beautifully with white or reactive glazed ceramic\n•Great for presenting premium sides, condiments and sauces","Each",null,"7","7","3.75","0.00018",0.125,"05020403116547",6,"18","11","14","0.00277","0.75",0.888,"05020403116554",48,"39.5","23.5","30","0.02785","6",{"v":7.1,"d":"7.100"},null,1920,"https://files.plytix.com/api/v1.1/file/public_files/pim/assets/8a/8d/8f/62/628f8d8abb3a1aaaf0e8f149/images/a0/a1/e3/63/63e3a1a0037006c9b0d868b1/TH_SMS7AC.jpg","https://files.plytix.com/api/v1.1/file/public_files/pim/assets/8a/8d/8f/62/628f8d8abb3a1aaaf0e8f149/images/a1/73/87/63/638773a12e281741f4706fb5/SMS7AC.jpg","https://files.plytix.com/api/v1.1/file/public_files/pim/assets/8a/8d/8f/62/628f8d8abb3a1aaaf0e8f149/images/a1/fc/91/63/6391fca14a1fd1a42516a9bb/LFST0123032.jpg|https://files.plytix.com/api/v1.1/file/public_files/pim/assets/8a/8d/8f/62/628f8d8abb3a1aaaf0e8f149/images/a9/fd/91/63/6391fda94a1fd1a42516a9c9/LFST0123074.jpg|https://files.plytix.com/api/v1.1/file/public_files/pim/assets/8a/8d/8f/62/628f8d8abb3a1aaaf0e8f149/images/99/fc/91/63/6391fc9919f4c32350ef7839/LFST0123031.jpg|https://files.plytix.com/api/v1.1/file/public_files/pim/assets/8a/8d/8f/62/628f8d8abb3a1aaaf0e8f149/images/b7/fd/91/63/6391fdb72e281741f4713795/LFST0123076.jpg|https://files.plytix.com/api/v1.1/file/public_files/pim/assets/8a/8d/8f/62/628f8d8abb3a1aaaf0e8f149/images/c8/fd/91/63/6391fdc83838fff4aa626716/LFST0123082.jpg|https://files.plytix.com/api/v1.1/file/public_files/pim/assets/8a/8d/8f/62/628f8d8abb3a1aaaf0e8f149/images/da/fd/91/63/6391fdda4a1fd1a42516a9ce/LFST0123085.jpg|https://files.plytix.com/api/v1.1/file/public_files/pim/assets/8a/8d/8f/62/628f8d8abb3a1aaaf0e8f149/images/92/fc/91/63/6391fc9219f4c32350ef7838/LFST0123030.jpg|https://files.plytix.com/api/v1.1/file/public_files/pim/assets/8a/8d/8f/62/628f8d8abb3a1aaaf0e8f149/images/f8/fd/91/63/6391fdf83838fff4aa626717/LFST0123091.jpg|https://files.plytix.com/api/v1.1/file/public_files/pim/assets/8a/8d/8f/62/628f8d8abb3a1aaaf0e8f149/images/d1/fd/91/63/6391fdd1253b8801e00bfbb0/LFST0123084.jpg","https://www.nevilleuk.com/products/SMS7AC_",null,"SMS7C|SMS7V|SMS8AC"]
["LP-PRS14","Terra Porcelain Rose Low Presentation Plate 14cm","14 x 2cm (Dia x H)",11.26,12,"Terra Porcelain>Rose Pink Terra Porcelain",{"$nulls":3},140,140,20,0.246,0.246,null,null,"Porcelain","6911100090","China",null,null,"Yes","Yes","Yes","Yes",{"$nulls":4},"No","No","\n•Durable Fully Vitrified Porcelain\n•Twice-Fired Process\n•High Temperature Firing\n•Conforms to BS4034 Vitrified Hotelware\n•Rolled Edges\n•Polished Foot\n•Unique Reactive Glaze Formula\n•Stackable","Terra Porcelain's undefined beauty is crafted through natural effects and spontaneous reactions that occur in the kiln. A unique glaze formula, combined with high-temperature firing, ensures no two pieces look exactly alike, with variations in color intensity creating a truly distinctive appearance. The Rose Pink Terra Porcelain collection draws inspiration from delicate floral hues, featuring soft pink tones with subtle reactive variations that create a warm and inviting aesthetic. This range provides the perfect canvas for presenting delicious, vibrant dishes.\n•Durable Fully Vitrified Porcelain: High-temperature firing creates a robust and long-lasting product, ideal for professional use\n•Twice-Fired Process: Enhances strength, durability, and the unique glaze finish, ensuring each piece performs in demanding environments\n•Conforms to Industry Standards: Meets BS4034 standards for vitrified hotelware, ensuring exceptional durability and quality in demanding environments\n•Rolled Edges: Enhances durability and provides added chip resistance, making it ideal for hotel, restaurant, and foodservice applications\n•Polished Foot: Minimises damage when stacked and stored, helping to maintain the integrity of each piece over time\n•Stackable: Optimises storage space, making it easy to stack securely without risking damage, perfect for busy kitchens\n•Unique Artisanal Finish: The natural kiln effects and spontaneous glaze reactions ensure every piece is truly one of a kind\n•Inspired Rose Pink Hue: Soft pink tones with subtle reactive variations create a delicate and inviting aesthetic\n•Complete the Look: Pairs beautifully with other items in the Terra Porcelain range for a cohesive and stylish tabletop presentation","Each",null,"14","14","2","0.00039",0.246,"05020403144625",12,"29","11","15","0.00479","2.952",{"v":3.15,"d":"3.150"},"05020403144632",48,"31","25","34","0.02635","11.808",{"v":12.6,"d":"12.600"},null,1152,"https://files.plytix.com/api/v1.1/file/public_files/pim/assets/8a/8d/8f/62/628f8d8abb3a1aaaf0e8f149/images/55/ab/ef/63/63efab555969a63f3a551da3/TH_LP-PRS14.jpg","https://files.plytix.com/api/v1.1/file/public_files/pim/assets/8a/8d/8f/62/628f8d8abb3a1aaaf0e8f149/images/7a/ac/ef/63/63efac7a31aaaecc7764d2fb/LP-PRS14_A.jpg|https://files.plytix.com/api/v1.1/file/public_files/pim/assets/8a/8d/8f/62/628f8d8abb3a1aaaf0e8f149/images/7b/ac/ef/63/63efac7b5969a63f3a551e09/LP-PRS14_B.jpg|https://files.plytix.com/api/v1.1/file/public_files/pim/assets/8a/8d/8f/62/628f8d8abb3a1aaaf0e8f149/images/79/ac/ef/63/63efac795969a63f3a551e08/LP-PRS14.jpg","https://files.plytix.com/api/v1.1/file/public_files/pim/assets/8a/8d/8f/62/628f8d8abb3a1aaaf0e8f149/images/17/54/07/64/64075417d2c6e18ba8f27da6/LFST0423061.jpg|https://files.plytix.com/api/v1.1/file/public_files/pim/assets/8a/8d/8f/62/628f8d8abb3a1aaaf0e8f149/images/1a/54/07/64/6407541ac855f720593fdb1a/LFST0423062.jpg|https://files.plytix.com/api/v1.1/file/public_files/pim/assets/8a/8d/8f/62/628f8d8abb3a1aaaf0e8f149/images/41/54/07/64/640754418031629126b2516e/LFST0423076.jpg","https://www.nevilleuk.com/products/LP-PRS14_",null,"LP-PRS18|PB-PRS13"]
["OWRB13","GenWare Olive Wood Rustic Bowl 13cm","13 x 4cm (Dia x H)",19.34,6,"Table Presentation>Olive Wood",{"$nulls":3},130,130,60,0.218,0.218,{"v":22,"d":"22.00"},"7.7","Olive Wood","4419900000","Tunisia",null,null,"No",null,"No",{"$nulls":5},"No","No","\n•Natural Olive Wood\n•Each Piece Is Unique\n•Hand Crafted","GenWare Olive Wood Bowls bring the beauty of nature to your table tops and add rustic charm to food presentation, perfect for salads and appetisers.\n•Olive wood is known for it's versatility, strength and striking appearance with each piece having it's own unique features due to the olive tree's distinctive grain\n•Olive wood is a natural product with each piece being carefully crafted by hand therefore size, shape and finish will vary from piece to piece\n•Made from a single piece of olive wood","Each",null,"13","13","6","0.00101",0.218,"05020403117537",6,"0","0","0","0.00000","1.308",{"v":0,"d":"0.000"},"05020403117544",24,"50","41","15","0.03075","5.232",{"v":6.4,"d":"6.400"},null,1152,"https://files.plytix.com/api/v1.1/file/public_files/pim/assets/8a/8d/8f/62/628f8d8abb3a1aaaf0e8f149/images/57/ab/ef/63/63efab5712652121969d599f/TH_OWRB13.jpg","https://files.plytix.com/api/v1.1/file/public_files/pim/assets/8a/8d/8f/62/628f8d8abb3a1aaaf0e8f149/images/90/ac/ef/63/63efac901292792ac38b29e5/OWRB13_A.jpg|https://files.plytix.com/api/v1.1/file/public_files/pim/assets/8a/8d/8f/62/628f8d8abb3a1aaaf0e8f149/images/8e/ac/ef/63/63efac8e31aaaecc7764d301/OWRB13.jpg","https://files.plytix.com/api/v1.1/file/public_files/pim/assets/8a/8d/8f/62/628f8d8abb3a1aaaf0e8f149/images/2b/6e/b4/66/66b46e2bb49a9c3a77fddb28/LFST0924073.jpg","https://www.nevilleuk.com/products/OWRB13_",null,"OWRB15"]
["WSBB17","Acacia Wood Zinc Banded Serving Board 17cm","17 x 2.5cm (Dia x H)",17.02,1,"Table Presentation>Acacia Wood",{"$nulls":3},178,178,25,{"v":0.1,"d":"0.100"},{"v":0.1,"d":"0.100"},null,null,"Acacia Wood-A Grade","4419900000","Thailand",null,null,"No",null,"No",{"$nulls":5},"No","No","\n•Made From Acacia Wood\n•Zinc Band For Industrial Look","GenWare Acacia Wood Serving Boards are made from Natural Acacia Wood which has a beautiful grain and provides a natural look and feel. Each piece is unique and ideal for use in conjunction with our range of Table Presentation or Buffet and Display items.\n•Inspired by traditional wooden barrels\n•Great for presenting food or a table tidy for stowing salt and pepper mills and condiments","Each","5020403095149","17.8","17.8","2.5","0.00079",{"v":0.1,"d":"0.100"},"05020403095156",6,"19.5","19.5","17","0.00646","0.6",{"v":1.09,"d":"1.090"},"05020403095163",24,"40","20","40","0.03200","2.4",4.356,null,864,"https://files.plytix.com/api/v1.1/file/public_files/pim/assets/8a/8d/8f/62/628f8d8abb3a1aaaf0e8f149/images/25/a2/e3/63/63e3a2251cb0c1e513221556/TH_WSBB17.jpg","https://files.plytix.com/api/v1.1/file/public_files/pim/assets/8a/8d/8f/62/628f8d8abb3a1aaaf0e8f149/images/46/4a/4d/63/634d4a46389e23d05c362492/WSBB17.jpg","https://files.plytix.com/api/v1.1/file/public_files/pim/assets/8a/8d/8f/62/628f8d8abb3a1aaaf0e8f149/images/88/61/51/63/635161882fc607028a3db910/LFST0722083.jpg","https://www.nevilleuk.com/products/WSBB17_",null,"WSBB17-NB|WSBB24"]
["WSB4030","Acacia Wood Serving Board 40 x 30 x 2.5cm","40 x 30 x 2.5cm (L x W x H)",39.88,1,"Table Presentation>Acacia Wood",{"$nulls":3},400,300,25,1.988,1.988,null,null,"Acacia Wood-A Grade","4419900000","Thailand",null,null,"No",{"$nulls":7},"No","No","\n•Made From Acacia Wood\n•Grooved Boarder On One Side\n•Recessed Sides For Easy Lifting","GenWare Acacia Wood Serving and Paddle Boards are made from Natural Acacia Wood which has a beautiful grain and provides a natural look and feel. Each piece is unique and ideal for use in conjunction with our range of Table Presentation or Buffet and Display items.\n•Perfect for sharing dishes\n•Reversible boards with a groove around the outer edge on one side and plain on the other side for versatility\n•Side slots make it easier to pick up the board from flat surfaces","Each","5020403099468","40","30","2.5","0.00300",1.988,{"$nulls":8},"05020403099475",6,"32","18","43","0.02477","11.928",{"v":11.2,"d":"11.200"},null,252,"https://files.plytix.com/api/v1.1/file/public_files/pim/assets/8a/8d/8f/62/628f8d8abb3a1aaaf0e8f149/images/24/a2/e3/63/63e3a224ca3e273978494939/TH_WSB4030.jpg","https://files.plytix.com/api/v1.1/file/public_files/pim/assets/8a/8d/8f/62/628f8d8abb3a1aaaf0e8f149/images/43/4a/4d/63/634d4a43d2fc4cd04d9508c5/WSB4030.jpg|https://files.plytix.com/api/v1.1/file/public_files/pim/assets/8a/8d/8f/62/628f8d8abb3a1aaaf0e8f149/images/44/4a/4d/63/634d4a44d2fc4cd04d9508c6/WSB4030_A.jpg",null,"https://www.nevilleuk.com/products/WSB4030_",null,"WSB2820|WSB3422"]
["WDCB-3","GenWare Acacia Wood 3 Compartment Cutlery Box","30 x 11 x 11.5cm (L x W x H)",{"v":32.8,"d":"32.80"},1,"Cutlery>Cutlery Holders",{"$nulls":3},304,112,112,{"v":0.7,"d":"0.700"},{"v":0.7,"d":"0.700"},null,null,"Acacia Wood-A/B Grade","4419900000","Thailand",null,null,"No",{"$nulls":7},"No","No","\n•Made From Acacia Wood\n•Features 3 Compartments\n•Integrated Handles\n•Great For Storing Cutlery","Our GenWare Acacia Wood Cutlery Holder is a fabulous addition to any busy bar or restaurant, allowing restaurants to serve condiments and cutlery in a striking and contemporary style.\n•Made from natural acacia wood\n•Features 3 compartments, great for storing cutlery in a tidy and organised manner\n•Integrated handles make this item easier to carry whenever necessary","Each","5020403025344","30.4","11.2","11.2","0.00381",{"v":0.7,"d":"0.700"},{"$nulls":8},"05020403025351",6,"36","26","32","0.02995","4.2",{"v":5,"d":"5.000"},null,216,"https://files.plytix.com/api/v1.1/file/public_files/pim/assets/8a/8d/8f/62/628f8d8abb3a1aaaf0e8f149/images/96/a2/e3/63/63e3a2966c1a60a323c6fdce/TH_WDCB-3.jpg","https://files.plytix.com/api/v1.1/file/public_files/pim/assets/8a/8d/8f/62/628f8d8abb3a1aaaf0e8f149/images/22/6a/4d/63/634d6a22043e790243e2dbd5/WDCB-3.jpg","https://files.plytix.com/api/v1.1/file/public_files/pim/assets/8a/8d/8f/62/628f8d8abb3a1aaaf0e8f149/images/4b/74/52/63/6352744bc83cc392ccfd23c2/LFST0121122.jpg|https://files.plytix.com/api/v1.1/file/public_files/pim/assets/8a/8d/8f/62/628f8d8abb3a1aaaf0e8f149/images/54/74/52/63/635274542fc607028a3dc80c/LFST0121124.jpg","https://www.nevilleuk.com/products/WDCB-3_",null,"WCC10|WDCT-4|WCH10"]
["WSH3W","White Wash Acacia Wood Sign Holder 3 x 2.5 x 2.5cm","DISCONTINUED - Slot: 3 x 0.2 x 1.3cm (L x W x H)",0.68,1,"Clearance>Clearance Menus & Signs",null,null,"Yes",30,20,20,{"v":0.01,"d":"0.010"},{"v":0.01,"d":"0.010"},null,null,"Acacia Wood-A/B Grade","4419900000","Thailand",null,null,"No",{"$nulls":7},"No","No","\n•Made From Acacia Woodl\n•White Wash Finish\n•Compatible With A7 And A8 Chalk Tags","GenWare have a wide range of menus, signs and displays available, all of which are perfect for highlighting awareness of promotions, daily specials or events. Our menus are available in a selection of attractive designs and range from contemporary through to classic. We also have a collection of Wooden Menu Clipboards, perfect for a contemporary casual dining setting. Wall chalk boards are a great way to communicate messages to customers and are available in an array of sizes to suit a wide scope of requirements, whilst our pavement chalk boards are a great way to drive traffic into establishments.\n•Simple sign holder for tables or buffet and displays\n•Natural acacia wood\n•Ideal for displaying prices, table numbers, messages, menus or small promotional cards\n•Works great with chalk tags - product code TAG-A8-WT and TAG-A7-WT","Each","5020403190691","3","2","2","0.00001",{"v":0.01,"d":"0.010"},"05020403191100",12,"9","10.5","2.5","0.00024","0.12",{"v":0.1,"d":"0.100"},"05020403190707",120,"17","16","23","0.00626","1.2",{"v":1.7,"d":"1.700"},null,8400,"https://files.plytix.com/api/v1.1/file/public_files/pim/assets/8a/8d/8f/62/628f8d8abb3a1aaaf0e8f149/images/26/a2/e3/63/63e3a2267e82ccf21c882806/TH_WSH3W.jpg","https://files.plytix.com/api/v1.1/file/public_files/pim/assets/8a/8d/8f/62/628f8d8abb3a1aaaf0e8f149/images/03/72/4d/63/634d7203c83cc392ccfcb284/WSH3W.jpg|https://files.plytix.com/api/v1.1/file/public_files/pim/assets/8a/8d/8f/62/628f8d8abb3a1aaaf0e8f149/images/05/72/4d/63/634d7205389e23d05c36287c/WSH3W_A.jpg",null,"https://www.nevilleuk.com/products/WSH3W_","TAG-A8-WT|TAG-A7-WT","WSH3|MSH3G|MSH3W|SLT-CUBE"]
["WSB3625","Genware Acacia Wood Serving Board 36 x 25.5 x 2cm","Reversible Recess' (x1) Size 6.7cm Dia",28.46,1,"Table Presentation>Acacia Wood",{"$nulls":3},365,258,21,0.775,0.775,null,null,"Acacia Wood-A Grade","4419900000","Thailand",null,null,"No",{"$nulls":7},"No","No","\n•Made From Acacia Wood\n•Grooved Boarder On One Side\n•1 Ramekin Recess On Other Side\n•Rounded Edges","GenWare Acacia Wood Serving Boards are made from Natural Acacia Wood which has a beautiful grain and provides a natural look and feel. Each piece is unique and ideal for use in conjunction with our range of Table Presentation or Buffet and Display items.\n•Reversible boards with a groove around the outer edge on one side and plain on the other side for versatility\n•Reversible recess is perfect for serving sides, sauces and drinks","Each","5020403539445","36.5","25.8","2.1","0.00198",0.775,{"$nulls":8},"05020403539452",8,"28","18","38","0.01915","6.2",7.785,null,408,"https://files.plytix.com/api/v1.1/file/public_files/pim/assets/8a/8d/8f/62/628f8d8abb3a1aaaf0e8f149/images/24/a2/e3/63/63e3a2247e82ccf21c882803/TH_WSB3625.jpg","https://files.plytix.com/api/v1.1/file/public_files/pim/assets/8a/8d/8f/62/628f8d8abb3a1aaaf0e8f149/images/3d/4a/4d/63/634d4a3d389e23d05c362491/WSB3625.jpg|https://files.plytix.com/api/v1.1/file/public_files/pim/assets/8a/8d/8f/62/628f8d8abb3a1aaaf0e8f149/images/3f/4a/4d/63/634d4a3f2fc607028a3d76fb/WSB3625_A.jpg|https://files.plytix.com/api/v1.1/file/public_files/pim/assets/8a/8d/8f/62/628f8d8abb3a1aaaf0e8f149/images/40/4a/4d/63/634d4a40d2fc4cd04d9508c4/WSB3625_B.jpg|https://files.plytix.com/api/v1.1/file/public_files/pim/assets/8a/8d/8f/62/628f8d8abb3a1aaaf0e8f149/images/42/4a/4d/63/634d4a42c83cc392ccfcada1/WSB3625_C.jpg","https://files.plytix.com/api/v1.1/file/public_files/pim/assets/8a/8d/8f/62/628f8d8abb3a1aaaf0e8f149/images/97/18/87/63/6387189713adaf392d86ec90/LFST0722125.jpg|https://files.plytix.com/api/v1.1/file/public_files/pim/assets/8a/8d/8f/62/628f8d8abb3a1aaaf0e8f149/images/a0/18/87/63/638718a04a1fd1a42515d891/LFST0722126.jpg","https://www.nevilleuk.com/products/WSB3625_","302106|305606|363010|372103|372107|374914|382112|RAMCON6-W|S282-02|S287-02|SPS6-W|SSB7","WSB3618"]
["WSB3618","Genware Acacia Wood Serving Board 36 x 18 x 2cm","Reversible Recess' (x3) Size 8.4cm Dia",24.38,1,"Table Presentation>Acacia Wood",{"$nulls":3},364,180,20,0.575,0.575,null,null,"Acacia Wood-A Grade","4419900000","Thailand",null,null,"No",{"$nulls":7},"No","No","\n•Made From Acacia Wood\n•Grooved Boarder On One Side\n•3 Ramekin Recess On Other Side\n•Rounded Edges","GenWare Acacia Wood Serving Boards are made from Natural Acacia Wood which has a beautiful grain and provides a natural look and feel. Each piece is unique and ideal for use in conjunction with our range of Table Presentation or Buffet and Display items.\n•Reversible boards with a groove around the outer edge on one side and plain on the other side for versatility\n•Reversible recess is perfect for serving sides, sauces and drinks","Each","5020403544722","36.4","18","2","0.00131",0.575,{"$nulls":8},"05020403544739",12,"27","20","39","0.02106","6.9",{"v":7.61,"d":"7.610"},null,576,"https://files.plytix.com/api/v1.1/file/public_files/pim/assets/8a/8d/8f/62/628f8d8abb3a1aaaf0e8f149/images/24/a2/e3/63/63e3a224ca3e273978494938/TH_WSB3618.jpg","https://files.plytix.com/api/v1.1/file/public_files/pim/assets/8a/8d/8f/62/628f8d8abb3a1aaaf0e8f149/images/38/4a/4d/63/634d4a38d2fc4cd04d9508c2/WSB3618.jpg|https://files.plytix.com/api/v1.1/file/public_files/pim/assets/8a/8d/8f/62/628f8d8abb3a1aaaf0e8f149/images/39/4a/4d/63/634d4a39043e790243e2d836/WSB3618_A.jpg|https://files.plytix.com/api/v1.1/file/public_files/pim/assets/8a/8d/8f/62/628f8d8abb3a1aaaf0e8f149/images/3a/4a/4d/63/634d4a3ad2fc4cd04d9508c3/WSB3618_B.jpg|https://files.plytix.com/api/v1.1/file/public_files/pim/assets/8a/8d/8f/62/628f8d8abb3a1aaaf0e8f149/images/3b/4a/4d/63/634d4a3b043e790243e2d837/WSB3618_C.jpg","https://files.plytix.com/api/v1.1/file/public_files/pim/assets/8a/8d/8f/62/628f8d8abb3a1aaaf0e8f149/images/d9/1f/7e/68/687e1fd9dd3cffb0b9ad7283/LFST0925196.jpg|https://files.plytix.com/api/v1.1/file/public_files/pim/assets/8a/8d/8f/62/628f8d8abb3a1aaaf0e8f149/images/ab/1f/7e/68/687e1fab5ff968b9dfce9a47/LFST0925188.jpg","https://www.nevilleuk.com/products/WSB3618_","GSB10|MC10-W|RAMCON9-W|SPS9-W|SSB10|SVC8|CT-CD9","WSB3625"]
["WSB2820","Genware Acacia Wood Serving Board 28 x 20 x 2cm","28 x 20 x 2cm (L x W x H)",24.38,1,"Table Presentation>Acacia Wood",{"$nulls":3},280,200,20,0.583,0.583,null,null,"Acacia Wood-A Grade","4419900000","Thailand",null,null,"No",{"$nulls":7},"No","No","\n•Made From Acacia Wood\n•Grooved Boarder On One Side\n•Recessed Sides For Easy Lifting","GenWare Acacia Wood Serving and Paddle Boards are made from Natural Acacia Wood which has a beautiful grain and provides a natural look and feel. Each piece is unique and ideal for use in conjunction with our range of Table Presentation or Buffet and Display items.\n•Great for serving starters, sharers or main dishes on\n•Reversible board with a grove around outer edge on one side and plain on the other side for versatility\n•Side slots make it easier to pick up the board from flat surfaces","Each","5020403553533","28","20","2","0.00112",0.583,{"$nulls":8},"05020403553540",12,"25.5","22","30","0.01683","7",{"v":7.22,"d":"7.220"},null,720,"https://files.plytix.com/api/v1.1/file/public_files/pim/assets/8a/8d/8f/62/628f8d8abb3a1aaaf0e8f149/images/23/a2/e3/63/63e3a2236c1a60a323c6fd7a/TH_WSB2820.jpg","https://files.plytix.com/api/v1.1/file/public_files/pim/assets/8a/8d/8f/62/628f8d8abb3a1aaaf0e8f149/images/31/4a/4d/63/634d4a312fc607028a3d76fa/WSB2820.jpg",null,"https://www.nevilleuk.com/products/WSB2820_",null,"WSB3422"]
["WECK975","WECK Cylindrical Jar 34cl/ 12oz 6cm (Dia)","6 x 13cm (Dia x H)",3.94,12,"Table Presentation>Glass Jars",{"$nulls":3},70,70,137,{"v":0.27,"d":"0.270"},{"v":0.27,"d":"0.270"},{"v":34,"d":"34.00"},"12","Glass","7013499900","Germany",null,200,"Yes","Yes","Yes","Yes",{"$nulls":4},"No","No","\n•Made From Clear Glass\n•Supplied With Glass Lid\n•Ideal For Storage Or Food Presentation\n•Great For 'Grab And Go' Food","Traditionally used for preserving, Weck jars are also great for the presentation of salads, starters, sauces, desserts and much more. All Weck jars come complete with lids. Rubber seals and clamps are supplied separately and are used to create an airtight seal.\n•Weck jars make for attractive presentation of starters, sauces, desserts and much  more\n•Great for table top presentation or part of buffets and displays\n•Suitable for oven use up to 200C\n•Rubber seals and clamps sold separately to create an airtight seal\n•Lids come included\n•Available in a variety of sizes","Each",null,"7","7","13.7","0.00067",{"v":0.27,"d":"0.270"},{"$nulls":8},"24037839376273",12,"29","22","15","0.00957","3.24",{"v":3.4,"d":"3.400"},null,1512,"https://files.plytix.com/api/v1.1/file/public_files/pim/assets/8a/8d/8f/62/628f8d8abb3a1aaaf0e8f149/images/9d/a2/e3/63/63e3a29db8148bfc97a49de7/TH_WECK975.jpg","https://files.plytix.com/api/v1.1/file/public_files/pim/assets/8a/8d/8f/62/628f8d8abb3a1aaaf0e8f149/images/89/db/4f/63/634fdb892e6f22d35d7d75f3/WECK975.jpg|https://files.plytix.com/api/v1.1/file/public_files/pim/assets/8a/8d/8f/62/628f8d8abb3a1aaaf0e8f149/images/89/db/4f/63/634fdb89c83cc392ccfce619/WECK975_A.jpg",null,"https://www.nevilleuk.com/products/WECK975_","WECKCL1|WECKRS60","TJ-XL|2590370"]
["WMS20","Acacia Wood Menu Stand 20 x 3.2 x 7.5cm","Slot: 20 x 0.8 x 1.8cm (L x W x H)",7.14,1,"Menu,Signs & Display>Clipboards",{"$nulls":3},202,75,32,{"v":0.18,"d":"0.180"},{"v":0.18,"d":"0.180"},null,null,"Acacia Wood-A Grade","4419900000","Thailand",null,null,"No",{"$nulls":7},"No","No","\n•Made From Acacia Wood\n•Use With GenWare Clipboards\n•Provides Stable Base For Clipboards","GenWare have a wide range of menus, signs and displays available, all of which are perfect for highlighting awareness of promotions, daily specials or events. Our menus are available in a selection of attractive designs and range from contemporary through to classic. We also have a collection of Wooden Menu Clipboards, perfect for a contemporary casual dining setting. Wall chalk boards are a great way to communicate messages to customers and are available in an array of sizes to suit a wide scope of requirements, whilst our pavement chalk boards are a great way to drive traffic into establishments.\n•A simple menu stand for holding or displaying A5 and A4 wooden clip boards and paddle boards","Each","5020403190332","20.2","7.5","3.2","0.00048",{"v":0.18,"d":"0.180"},{"$nulls":8},"05020403190356",36,"25","21","43","0.02258","6.48",{"v":8.9,"d":"8.900"},null,1620,"https://files.plytix.com/api/v1.1/file/public_files/pim/assets/8a/8d/8f/62/628f8d8abb3a1aaaf0e8f149/images/a1/a2/e3/63/63e3a2a1037006c9b0d8692f/TH_WMS20.jpg","https://files.plytix.com/api/v1.1/file/public_files/pim/assets/8a/8d/8f/62/628f8d8abb3a1aaaf0e8f149/images/38/71/4d/63/634d71382fc607028a3d79fd/WMS20.jpg",null,"https://www.nevilleuk.com/products/WMS20_","WMC17|WMC17W|WMC24|WMC24W|WMP4|WMP5|WMC24BK|WMC17BK"]
["WMP5","Wooden Menu Paddle Board A5 30.5 x 16 x 0.6cm","16 x 30.5cm (W x H), 0.6mm Thickness",13.84,1,"Menu,Signs & Display>Clipboards",{"$nulls":3},307,162,17,0.253,0.253,null,null,"Plywood,Chrome Plating,Steel","4419900000","Thailand",null,null,"N/A",null,"No",{"$nulls":5},"No","No","\n•Made From 6mm MDF\n•Dark Lacquered Finish\n•A5 Sizing, Portrait Orientation","GenWare have a wide range of menus, signs and displays available, all of which are perfect for highlighting awareness of promotions, daily specials or events. Our menus are available in a selection of attractive designs and range from contemporary through to classic. We also have a collection of Wooden Menu Clipboards, perfect for a contemporary casual dining setting. Wall chalk boards are a great way to communicate messages to customers and are available in an array of sizes to suit a wide scope of requirements, whilst our pavement chalk boards are a great way to drive traffic into establishments.\n•Great modern alternative to traditional menu holders\n•Hole in handle for carrying or hanging\n•Perfect size for A5 menus","Each","5020403190271","30.7","16.2","1.7","0.00085",0.253,"05020403190288",6,"17","9.5","32","0.00517","1.518",{"v":2.12,"d":"2.120"},"05020403190295",24,"35","22","35","0.02695","6.072",{"v":8.5,"d":"8.500"},null,792,"https://files.plytix.com/api/v1.1/file/public_files/pim/assets/8a/8d/8f/62/628f8d8abb3a1aaaf0e8f149/images/a1/a2/e3/63/63e3a2a16c1a60a323c6fdd9/TH_WMP5.jpg","https://files.plytix.com/api/v1.1/file/public_files/pim/assets/8a/8d/8f/62/628f8d8abb3a1aaaf0e8f149/images/35/71/4d/63/634d7135c83cc392ccfcb25d/WMP5.jpg|https://files.plytix.com/api/v1.1/file/public_files/pim/assets/8a/8d/8f/62/628f8d8abb3a1aaaf0e8f149/images/36/71/4d/63/634d71362e6f22d35d7d4f00/WMP5_A.jpg",null,"https://www.nevilleuk.com/products/WMP5_",null,"WMP4|WMC24|WMC24W"]
["WSBB24","Acacia Wood Zinc Banded Serving Board 24cm","24 x 2.8cm (Dia x H)",29.84,1,"Table Presentation>Acacia Wood",{"$nulls":3},240,240,30,{"v":0.35,"d":"0.350"},{"v":0.35,"d":"0.350"},null,null,"Acacia Wood-A Grade","4419900000","Thailand",null,null,"No",{"$nulls":7},"No","No","\n•Made From Acacia Wood\n•Zinc Band For Industrial Look","GenWare Acacia Wood Serving Boards are made from Natural Acacia Wood which has a beautiful grain and provides a natural look and feel. Each piece is unique and ideal for use in conjunction with our range of Table Presentation or Buffet and Display items.\n•Inspired by traditional wooden barrels\n•Great for presenting food, as a plate liner or a table tidy for stowing salt and pepper mills and condiments","Each","5020403095170","24","24","3","0.00173",{"v":0.35,"d":"0.350"},{"$nulls":8},"05020403095187",12,"26","26","38","0.02569","4.2",{"v":4.9,"d":"4.900"},null,432,"https://files.plytix.com/api/v1.1/file/public_files/pim/assets/8a/8d/8f/62/628f8d8abb3a1aaaf0e8f149/images/25/a2/e3/63/63e3a2257e82ccf21c882804/TH_WSBB24.jpg","https://files.plytix.com/api/v1.1/file/public_files/pim/assets/8a/8d/8f/62/628f8d8abb3a1aaaf0e8f149/images/4a/4a/4d/63/634d4a4a043e790243e2d838/WSBB24.jpg",null,"https://www.nevilleuk.com/products/WSBB24_",null,"WSBB17|WPPR21"]
["WBWL15","Acacia Wood Bowl 15Dia x 7cm","15 x 7cm (Dia x H)",18.18,1,"Buffet & Display>Acacia Wood Buffetware",{"$nulls":3},150,150,72,0.149,0.149,{"v":60,"d":"60.00"},"21.1","Acacia Wood-A/B Grade","4419900000","Thailand",null,null,"No",{"$nulls":7},"No","No","\n•Acacia Wood Material\n•Versatile\n•Natural Wood Finish","Add warmth, height, and natural beauty to your buffet displays with the GenWare Acacia Wood Buffet Bowls. Entirely crafted from richly grained acacia wood, this elegant solution brings a rustic yet refined look to any food presentation. The contemporary design creates a striking visual centrepiece, perfect for showcasing fruits, salads, snacks, or baked goods in hotels, cafes, and catered events.\n•Acacia Wood Material: Made from strong and durable material for a premium look and long lasting use\n•Versatile: Ideal for showcasing fruits, salads, snacks, or baked goods in buffet, hotel, cafe, or catered event settings\n•Natural Wood Finish: Adds warmth and elegance to any food display","Each","5020403097068","15","15","7.2","0.00162",0.149,{"$nulls":8},"05020403097075",24,"32","32","29","0.02970","3.578",5.095,null,576,"https://files.plytix.com/api/v1.1/file/public_files/pim/assets/8a/8d/8f/62/628f8d8abb3a1aaaf0e8f149/images/8e/a2/e3/63/63e3a28eb8148bfc97a49ddf/TH_WBWL15.jpg","https://files.plytix.com/api/v1.1/file/public_files/pim/assets/8a/8d/8f/62/628f8d8abb3a1aaaf0e8f149/images/51/75/4d/63/634d75512fc607028a3d7a58/WBWL15.jpg","https://files.plytix.com/api/v1.1/file/public_files/pim/assets/8a/8d/8f/62/628f8d8abb3a1aaaf0e8f149/images/03/33/86/63/6386330319f4c32350ee9cfd/LFST1022021.jpg|https://files.plytix.com/api/v1.1/file/public_files/pim/assets/8a/8d/8f/62/628f8d8abb3a1aaaf0e8f149/images/fe/32/86/63/638632fe13adaf392d86e4bb/LFST1022015.jpg|https://files.plytix.com/api/v1.1/file/public_files/pim/assets/8a/8d/8f/62/628f8d8abb3a1aaaf0e8f149/images/f6/57/51/63/635157f6389e23d05c3665a0/LFST1022016.jpg|https://files.plytix.com/api/v1.1/file/public_files/pim/assets/8a/8d/8f/62/628f8d8abb3a1aaaf0e8f149/images/89/20/7e/68/687e20892a03861c91eda59d/LFST0925230.jpg|https://files.plytix.com/api/v1.1/file/public_files/pim/assets/8a/8d/8f/62/628f8d8abb3a1aaaf0e8f149/images/69/20/7e/68/687e20692a03861c91eda595/LFST0925224.jpg","https://www.nevilleuk.com/products/WBWL15_",null,"WBWL25|WBWL20"]
["WPB5015","Acacia Wood Paddle Board 50 x 15 x 2cm","50 x 15 x 2cm (L x W x H)",28.94,1,"Table Presentation>Acacia Wood",{"$nulls":3},500,151,20,0.706,0.706,null,null,"Acacia Wood-A Grade","4419900000","Thailand",null,null,"No",{"$nulls":7},"No","No","\n•Made from Acacia Wood\n•Great for serving mains and sharing platters\n•The handle makes it easier to pick up the board from flat surfaces\n•One piece design","GenWare Acacia Wood Serving and Paddle Boards are made from Natural Acacia Wood which has a beautiful grain and provides a natural look and feel. Each piece is unique and ideal for use in conjunction with our range of Table Presentation or Buffet and Display items.\n•Great for serving mains and sharing platters\n•Handle makes it easier to pick up the board from flat surfaces\n•Handle length: 10cm","Each","5020403095460","50","15.1","2","0.00151",0.706,{"$nulls":8},"05020403095477",6,"16","14","52","0.01165","4.234",{"v":4.32,"d":"4.320"},null,480,"https://files.plytix.com/api/v1.1/file/public_files/pim/assets/8a/8d/8f/62/628f8d8abb3a1aaaf0e8f149/images/20/a2/e3/63/63e3a220b8148bfc97a49d9e/TH_WPB5015.jpg","https://files.plytix.com/api/v1.1/file/public_files/pim/assets/8a/8d/8f/62/628f8d8abb3a1aaaf0e8f149/images/21/4a/4d/63/634d4a21043e790243e2d833/WPB5015.jpg|https://files.plytix.com/api/v1.1/file/public_files/pim/assets/8a/8d/8f/62/628f8d8abb3a1aaaf0e8f149/images/23/4a/4d/63/634d4a232e6f22d35d7d4c05/WPB5015_A.jpg|https://files.plytix.com/api/v1.1/file/public_files/pim/assets/8a/8d/8f/62/628f8d8abb3a1aaaf0e8f149/images/25/4a/4d/63/634d4a252e6f22d35d7d4c06/WPB5015_B.jpg|https://files.plytix.com/api/v1.1/file/public_files/pim/assets/8a/8d/8f/62/628f8d8abb3a1aaaf0e8f149/images/27/4a/4d/63/634d4a272e6f22d35d7d4c07/WPB5015_C.jpg",null,"https://www.nevilleuk.com/products/WPB5015_",null,"WPB3815"]
["WPB3815","Acacia Wood Paddle Board 38 x 15 x 2cm","38 x 15 x 2cm (L x W x H)",22.92,1,"Table Presentation>Acacia Wood",{"$nulls":3},380,150,20,0.517,0.517,null,null,"Acacia Wood-A Grade","4419900000","Thailand",null,null,"No",{"$nulls":7},"No","No","\n•Made from Acacia Wood\n•Great for serving mains and sharing platters\n•The handle makes it easier to pick up the board from flat surfaces\n•One piece design","GenWare Acacia Wood Serving and Paddle Boards are made from Natural Acacia Wood which has a beautiful grain and provides a natural look and feel. Each piece is unique and ideal for use in conjunction with our range of Table Presentation or Buffet and Display items.\n•Great for serving mains and sharing platters\n•Handle makes it easier to pick up the board from flat surfaces\n•Handle length 10cm","Each","5020403095446","38","15","2","0.00114",0.517,{"$nulls":8},"05020403095453",6,"17","14","40.5","0.00964","3.1",{"v":3.44,"d":"3.440"},null,702,"https://files.plytix.com/api/v1.1/file/public_files/pim/assets/8a/8d/8f/62/628f8d8abb3a1aaaf0e8f149/images/20/a2/e3/63/63e3a22085a98813e4510ba4/TH_WPB3815.jpg","https://files.plytix.com/api/v1.1/file/public_files/pim/assets/8a/8d/8f/62/628f8d8abb3a1aaaf0e8f149/images/1f/4a/4d/63/634d4a1fc83cc392ccfcada0/WPB3815.jpg|https://files.plytix.com/api/v1.1/file/public_files/pim/assets/8a/8d/8f/62/628f8d8abb3a1aaaf0e8f149/images/20/4a/4d/63/634d4a20389e23d05c36248f/WPB3815_A.jpg","https://files.plytix.com/api/v1.1/file/public_files/pim/assets/8a/8d/8f/62/628f8d8abb3a1aaaf0e8f149/images/3e/49/5b/64/645b493ea76194547e3b5f66/LFST0723661.jpg|https://files.plytix.com/api/v1.1/file/public_files/pim/assets/8a/8d/8f/62/628f8d8abb3a1aaaf0e8f149/images/3b/49/5b/64/645b493b332284ca4dfde83c/LFST0723660.jpg|https://files.plytix.com/api/v1.1/file/public_files/pim/assets/8a/8d/8f/62/628f8d8abb3a1aaaf0e8f149/images/31/49/5b/64/645b4931c4a915dbd1bad9a2/LFST0723657.jpg|https://files.plytix.com/api/v1.1/file/public_files/pim/assets/8a/8d/8f/62/628f8d8abb3a1aaaf0e8f149/images/4f/49/5b/64/645b494fc4a915dbd1bad9c1/LFST0723665.jpg|https://files.plytix.com/api/v1.1/file/public_files/pim/assets/8a/8d/8f/62/628f8d8abb3a1aaaf0e8f149/images/28/49/5b/64/645b49284366ba863ef5aa98/LFST0723654.jpg|https://files.plytix.com/api/v1.1/file/public_files/pim/assets/8a/8d/8f/62/628f8d8abb3a1aaaf0e8f149/images/44/49/5b/64/645b4944c4a915dbd1bad9b7/LFST0723663.jpg|https://files.plytix.com/api/v1.1/file/public_files/pim/assets/8a/8d/8f/62/628f8d8abb3a1aaaf0e8f149/images/2a/49/5b/64/645b492a332284ca4dfde835/LFST0723655.jpg","https://www.nevilleuk.com/products/WPB3815_",null,"WPB5015"]
["WECK569","WECK Jar 29cl/ 10.2oz 10cm (Dia)","10 x 5.5cm (Dia x H)",4.14,6,"Table Presentation>Glass Jars",{"$nulls":3},110,110,60,0.368,0.368,{"v":29,"d":"29.00"},"10.2","Glass","7013499900","Germany",null,200,"Yes","Yes","Yes","Yes",{"$nulls":4},"No","No","\n•Made From Clear Glass\n•Supplied With Glass Lid\n•Ideal For Storage Or Food Presentation\n•Great For 'Grab And Go' Food","Traditionally used for preserving, Weck jars are also great for the presentation of salads, starters, sauces, desserts and much more. All Weck jars come complete with lids. Rubber seals and clamps are supplied separately and are used to create an airtight seal.\n•Available in a variety of sizes\n•Great for table top presentation or part of buffets and displays\n•Lids come included\n•Rubber seals and clamps sold separately to create an airtight seal\n•Suitable for oven use up to 200C\n•Weck jars make for attractive presentation of starters, sauces, desserts and much  more","Each",null,"11","11","6","0.00073",0.368,{"$nulls":8},"24037839417020",6,"34","23","7.5","0.00587","2.208",{"v":2.3,"d":"2.300"},null,1188,"https://files.plytix.com/api/v1.1/file/public_files/pim/assets/8a/8d/8f/62/628f8d8abb3a1aaaf0e8f149/images/9a/a2/e3/63/63e3a29a295ed2968cef9773/TH_WECK569.jpg","https://files.plytix.com/api/v1.1/file/public_files/pim/assets/8a/8d/8f/62/628f8d8abb3a1aaaf0e8f149/images/07/50/4d/63/634d50072fc607028a3d7772/WECK_RANGE.jpg|https://files.plytix.com/api/v1.1/file/public_files/pim/assets/8a/8d/8f/62/628f8d8abb3a1aaaf0e8f149/images/74/db/4f/63/634fdb74389e23d05c364a8f/WECK_RANGE_A.jpg",null,"https://www.nevilleuk.com/products/WECK569_","WECKCL1|WECKRS100","WECK900|TJ-XL"]
["WMC24BK","Black Wooden Menu Clipboard A4 24x32x0.6cm","24 x 32cm (W x H), 0.6mm Thickness",{"v":16.3,"d":"16.30"},1,"Menu,Signs & Display>Clipboards",{"$nulls":3},322,242,15,{"v":0.39,"d":"0.390"},{"v":0.39,"d":"0.390"},null,null,"Plywood,Chrome Plating,Steel","4419900000","Thailand",null,null,"N/A",{"$nulls":7},"No","No","\n•Made From 6mm MDF\n•Black Washed Finish\n•A4 Sizing, Portrait Orientation","GenWare have a wide range of menus, signs and displays available, all of which are perfect for highlighting awareness of promotions, daily specials or events. Our menus are available in a selection of attractive designs and range from contemporary through to classic. We also have a collection of Wooden Menu Clipboards, perfect for a contemporary casual dining setting. Wall chalk boards are a great way to communicate messages to customers and are available in an array of sizes to suit a wide scope of requirements, whilst our pavement chalk boards are a great way to drive traffic into establishments.\n•Great modern alternative to traditional menu holders\n•Perfect size for A4 menus\n•Fits in wooden menu stand - product code WMS20","Each","5020403190578","32.2","24.2","1.5","0.00117",{"v":0.39,"d":"0.390"},"05020403190585",6,"9","26","34.5","0.00807","2.34",{"v":2.6,"d":"2.600"},"05020403190592",24,"38","27","37","0.03796","9.36",{"v":10.5,"d":"10.500"},null,576,"https://files.plytix.com/api/v1.1/file/public_files/pim/assets/8a/8d/8f/62/628f8d8abb3a1aaaf0e8f149/images/a0/a2/e3/63/63e3a2a085a98813e4510be0/TH_WMC24BK.jpg","https://files.plytix.com/api/v1.1/file/public_files/pim/assets/8a/8d/8f/62/628f8d8abb3a1aaaf0e8f149/images/1f/71/4d/63/634d711f043e790243e2dd04/WMC24BK.jpg|https://files.plytix.com/api/v1.1/file/public_files/pim/assets/8a/8d/8f/62/628f8d8abb3a1aaaf0e8f149/images/21/71/4d/63/634d7121c83cc392ccfcb254/WMC24BK_A.jpg",null,"https://www.nevilleuk.com/products/WMC24BK_","WMS20","WMC24W|WMC24"]
["WB2315BK","Wire Basket  Rectangular 23 x 15 x 7.5cm","23 x 15 x 7.5cm (L x W x H)",{"v":10.3,"d":"10.30"},6,"Table Presentation>Presentation Baskets",{"$nulls":3},230,145,75,0.258,0.258,null,null,"Powder Coating,Iron","7323990090","China",null,null,"No",null,"No",{"$nulls":5},"No","No","\n•A great alternative way for serving sharing or main dishes\n•Can also be used as part of a buffet or counter display","GenWare Wire Baskets are available in a variety of shapes and sizes, with a wealth of uses. They can be used to display french baguette slices as part of a breakfast buffet or to present chicken wings, onion rings, fries and other popular restaurant sides.\n•A great alternative way for serving sharing or main dishes\n•Can also be used as part of a buffet or counter display","Each",null,"23","14.5","7.5","0.00250",0.258,"05020403113377",6,"25.5","25","16","0.01020","1.548",1.916,"05020403080503",72,"55","50","51","0.14025","18.576",{"v":23,"d":"23.000"},null,288,"https://files.plytix.com/api/v1.1/file/public_files/pim/assets/8a/8d/8f/62/628f8d8abb3a1aaaf0e8f149/images/8a/a2/e3/63/63e3a28a7e82ccf21c88283f/TH_WB2315BK.jpg","https://files.plytix.com/api/v1.1/file/public_files/pim/assets/8a/8d/8f/62/628f8d8abb3a1aaaf0e8f149/images/85/54/4d/63/634d5485043e790243e2d951/WB2315BK.jpg",null,"https://www.nevilleuk.com/products/WB2315BK_",null,"WB3917BK|WB2516BK|WB25BK"]
["WB147BK","Genware Rectangular Black Wire Basket 14 x 7 x 5.5cm","14 x 7 x 5.5cm (L x W x H)",10.38,6,"Table Presentation>Presentation Baskets",{"$nulls":3},140,74,55,0.173,0.173,null,null,"Powder Coating,Iron","7323990090","China",null,null,"No",null,"No",{"$nulls":5},"No","No","\n•A great alternative way for serving sharing dishes, mains and sides\n•Can also be used as part of a buffet or counter display\n•Available in a variety of shapes and sizes","GenWare Wire Baskets are available in a variety of shapes and sizes, with a wealth of uses. They can be used to display french baguette slices as part of a  breakfast buffet or to present chicken wings, onion rings, fries and other popular restaurant sides.\n•A great alternative way for serving sharing dishes, mains and sides\n•Can also be used as part of a buffet or counter display\n•Available in a variety of shapes and sizes","Each",null,"14","7.4","5.5","0.00057",0.173,"05020403113300",6,"0","0","0","0.00000","1.038",{"v":0,"d":"0.000"},"05020403110576",24,"30","16","35","0.01680","4.152",{"v":4.5,"d":"4.500"},null,1440,"https://files.plytix.com/api/v1.1/file/public_files/pim/assets/8a/8d/8f/62/628f8d8abb3a1aaaf0e8f149/images/8a/a2/e3/63/63e3a28ab8148bfc97a49ddb/TH_WB147BK.jpg","https://files.plytix.com/api/v1.1/file/public_files/pim/assets/8a/8d/8f/62/628f8d8abb3a1aaaf0e8f149/images/83/54/4d/63/634d5483043e790243e2d950/WB147BK.jpg",null,"https://www.nevilleuk.com/products/WB147BK_","PN0829S|PN1487SHR|PN0829P|PN1487CHV","WB3121BK|WB2315BK|WDSH7"]
["WPB33","Acacia Wood Pizza Paddle 33cm Dia","33 x 47 x 1.5cm (Dia x L x H)",{"v":32.8,"d":"32.80"},1,"Table Presentation>Acacia Wood",{"$nulls":3},472,332,15,{"v":0.82,"d":"0.820"},{"v":0.82,"d":"0.820"},null,null,"Acacia Wood-A Grade","4419900000","Thailand",null,null,"No",{"$nulls":7},"No","No","\n•Made From Acacia Wood\n•Natural Wood Finish\n•Great For Pizza's, Canapes And Sharing Platters","GenWare Acacia Wood Serving and Paddle Boards are made from Natural Acacia Wood which has a beautiful grain and provides a natural look and feel. Each piece is unique and ideal for use in conjunction with our range of Table Presentation or Buffet and Display items.\n•Perfect for serving pizzas and sharing platters","Each","5020403091448","47.2","33.2","1.5","0.00235",{"v":0.82,"d":"0.820"},{"$nulls":8},"05020403091455",12,"33","23","46","0.03491","9.84",{"v":9.9,"d":"9.900"},null,240,"https://files.plytix.com/api/v1.1/file/public_files/pim/assets/8a/8d/8f/62/628f8d8abb3a1aaaf0e8f149/images/20/a2/e3/63/63e3a220037006c9b0d868e2/TH_WPB33.jpg","https://files.plytix.com/api/v1.1/file/public_files/pim/assets/8a/8d/8f/62/628f8d8abb3a1aaaf0e8f149/images/b3/db/4f/63/634fdbb32fc607028a3d9b94/WPB33.jpg","https://files.plytix.com/api/v1.1/file/public_files/pim/assets/8a/8d/8f/62/628f8d8abb3a1aaaf0e8f149/images/fd/18/87/63/638718fd2e281741f4705b93/LFST0722158.jpg|https://files.plytix.com/api/v1.1/file/public_files/pim/assets/8a/8d/8f/62/628f8d8abb3a1aaaf0e8f149/images/97/18/87/63/6387189713adaf392d86ec90/LFST0722125.jpg|https://files.plytix.com/api/v1.1/file/public_files/pim/assets/8a/8d/8f/62/628f8d8abb3a1aaaf0e8f149/images/a0/18/87/63/638718a04a1fd1a42515d891/LFST0722126.jpg|https://files.plytix.com/api/v1.1/file/public_files/pim/assets/8a/8d/8f/62/628f8d8abb3a1aaaf0e8f149/images/dc/18/87/63/638718dc4a1fd1a42515d896/LFST0722154.jpg|https://files.plytix.com/api/v1.1/file/public_files/pim/assets/8a/8d/8f/62/628f8d8abb3a1aaaf0e8f149/images/e6/18/87/63/638718e613adaf392d86ec97/LFST0722155.jpg|https://files.plytix.com/api/v1.1/file/public_files/pim/assets/8a/8d/8f/62/628f8d8abb3a1aaaf0e8f149/images/ee/18/87/63/638718ee2e281741f4705b91/LFST0722156.jpg|https://files.plytix.com/api/v1.1/file/public_files/pim/assets/8a/8d/8f/62/628f8d8abb3a1aaaf0e8f149/images/f6/18/87/63/638718f613adaf392d86ec9a/LFST0722157.jpg","https://www.nevilleuk.com/products/WPB33_",null,"WSB33|MELPB17-SL|MELPB17-WD"]
["WDD-3218G","Genware Grey Wash Acacia Wood Display Drawer GN 1/3","DISCONTINUED - 32.5 x 18.7 x 7cm (L x W x H)",7.04,1,"Clearance>Clearance Buffet Display",null,null,"Yes",360,188,70,{"v":0.35,"d":"0.350"},{"v":0.35,"d":"0.350"},null,null,"Acacia Wood-A/B Grade","4419900000","Thailand",null,null,"No",{"$nulls":7},"No","No","\n•Made From Acacia Wood\n•Grey Wash Finish\n•GN1/3 Sizing\n•Features Attractive Brass Handles","Our Acacia Wood Display Drawers are perfect for presenting dishes when lined with our greaseproof paper. Also great to use as a riser for food displays.\n•A quirky item which can be used for food display in a coffee shop or on a buffet\n•It also works great for sharing dishes served at the table in restaurants\n•The brass handles, featured on either side of the display drawers, are both aesthetically appealing and practical in use\n•Rustic grey wash finish\n•This item should be lined with greaseproof paper","Each","5020403104292","36","18.8","7","0.00474",{"v":0.35,"d":"0.350"},{"$nulls":8},"05020403104308",6,"39","24","45","0.04212","2.1",{"v":2.9,"d":"2.900"},null,180,"https://files.plytix.com/api/v1.1/file/public_files/pim/assets/8a/8d/8f/62/628f8d8abb3a1aaaf0e8f149/images/99/a2/e3/63/63e3a29985a98813e4510bdb/TH_WDD-3218G.jpg","https://files.plytix.com/api/v1.1/file/public_files/pim/assets/8a/8d/8f/62/628f8d8abb3a1aaaf0e8f149/images/63/75/4d/63/634d7563043e790243e2dd68/WDD-3218G.jpg",null,"https://www.nevilleuk.com/products/WDD-3218G_",null,"WDD-3218GR|WDD-3218W|WDD-3218BL|WDD-3218BK|WDD-3218"]
["WCS12","Acacia Wood Cake Stand","33 x 13cm (Dia x H)",52.38,1,"Buffet & Display>Cake Stands & Covers",{"$nulls":3},330,330,132,{"v":1.3,"d":"1.300"},{"v":1.3,"d":"1.300"},null,null,"Acacia Wood-A Grade","4419900000","Thailand",null,null,"No",{"$nulls":7},"No","No","\n•Acacia Wood Material\n•Versatile\n•Raised Platform\n•Compatible With Cake Covers\n•Natural Wood Finish","Bring natural charm and elevated presentation to your dessert displays with the GenWare Acacia Wood Cake Stand. Crafted from rich, durable acacia wood, this stand provides the perfect platform for showcasing cakes, pastries, or afternoon tea selections. Its warm tones and unique grain patterns add rustic elegance to any table, buffet, or countertop, making it a standout feature for hotels, cafes, and bakeries.\n•Acacia Wood Material: Made from strong and durable material for a premium look and long lasting use\n•Versatile: Ideal for presenting cakes, pastries, desserts, or cheese selections\n•Raised Platform: Enhances visibility and creates a focal point on any display\n•Compatible With Cake Covers:&nbsp;Great fit with cake covers, product codes GCC30 and 52049A\n•Natural Wood Finish: Adds warmth and elegance to any food display","Each","5020403101475","33","33","13.2","0.01437",{"v":1.3,"d":"1.300"},{"$nulls":8},"05020403101482",8,"69","69","29","0.13807","10.4",{"v":11.6,"d":"11.600"},null,56,"https://files.plytix.com/api/v1.1/file/public_files/pim/assets/8a/8d/8f/62/628f8d8abb3a1aaaf0e8f149/images/90/a2/e3/63/63e3a290235b816689db765a/TH_WCS12.jpg","https://files.plytix.com/api/v1.1/file/public_files/pim/assets/8a/8d/8f/62/628f8d8abb3a1aaaf0e8f149/images/89/76/4d/63/634d7689043e790243e2dd82/WCS12.jpg","https://files.plytix.com/api/v1.1/file/public_files/pim/assets/8a/8d/8f/62/628f8d8abb3a1aaaf0e8f149/images/42/d3/a1/67/67a1d342678af07d2988c3e2/LFST0325133.jpg|https://files.plytix.com/api/v1.1/file/public_files/pim/assets/8a/8d/8f/62/628f8d8abb3a1aaaf0e8f149/images/49/d3/a1/67/67a1d349783f894c4a8d4d89/LFST0325130.jpg","https://www.nevilleuk.com/products/WCS12_","52049A|GCC30|52049B","WCS12-8"]
["WCH10","Acacia Wood Cutlery Holder 10 x 10 x 20cm","10 x 10 x 20cm (L x W x H)",22.42,1,"Table Service>Table Caddies",{"$nulls":3},100,100,200,{"v":0.29,"d":"0.290"},{"v":0.29,"d":"0.290"},null,null,"Acacia Wood-A Grade","4419900000","Thailand",null,null,"No",{"$nulls":7},"No","No","\n•Made From Acacia Wood\n•Natural Wood Finish\n•Great For Storing Cutlery On Tables\n•Integrated Handle For Easy Handling","Our GenWare Acacia Wood Cutlery Holder is a fabulous addition to any busy bar or restaurant, allowing restaurants to serve condiments and cutlery in a striking and contemporary style.\n•Made from acacia wood\n•Natural wood finish\n•Great for storing cutlery on tables\n•Integrated handle for easy handling","Each","5020403081586","10","10","20","0.00200",{"v":0.29,"d":"0.290"},{"$nulls":8},"05020403081593",24,"42","33","42","0.05821","6.96",{"v":7.6,"d":"7.600"},null,432,"https://files.plytix.com/api/v1.1/file/public_files/pim/assets/8a/8d/8f/62/628f8d8abb3a1aaaf0e8f149/images/90/a2/e3/63/63e3a290235b816689db7659/TH_WCH10.jpg","https://files.plytix.com/api/v1.1/file/public_files/pim/assets/8a/8d/8f/62/628f8d8abb3a1aaaf0e8f149/images/6a/db/4f/63/634fdb6a389e23d05c364a8c/WCH10.jpg|https://files.plytix.com/api/v1.1/file/public_files/pim/assets/8a/8d/8f/62/628f8d8abb3a1aaaf0e8f149/images/6c/db/4f/63/634fdb6cd2fc4cd04d9542b8/WCH10_A.jpg",null,"https://www.nevilleuk.com/products/WCH10_",null,"RSR-W1212|GSC11|GSC11BK|MWB11|WDCB-2|WDCT-2|CT-CH9TR"]
["WB2317BK","Black Wire Basket 24X18X8.5cm","24 x 18 x 8.5cm (L x W x H)",13.28,6,"Table Presentation>Presentation Baskets",{"$nulls":3},238,180,90,{"v":0.22,"d":"0.220"},{"v":0.22,"d":"0.220"},null,null,"Powder Coating,Iron","7323990090","China",null,null,"No",null,"No",{"$nulls":5},"No","No","\n•A great alternative way for serving sharing dishes, mains and sides\n•Can also be used as part of a buffet or counter display\n•Available in a variety of shapes and sizes\n•Great when lined with our greaseproof paper","GenWare Wire Baskets are available in a variety of shapes and sizes, with a wealth of uses. They can be used to display french baguette slices as part of a breakfast buffet or to present chicken wings, onion rings, fries and other popular restaurant sides.\n•A great alternative way for serving sharing dishes, mains and sides\n•Can also be used as part of a buffet or counter display\n•Available in a variety of shapes and sizes\n•Great when lined with our greaseproof paper","Each",null,"23.8","18","9","0.00386",{"v":0.22,"d":"0.220"},"05020403113324",6,"25","28","33","0.02310","1.32",{"v":2.1,"d":"2.100"},"05020403080299",24,"80","28","35.5","0.07952","5.28",{"v":8.5,"d":"8.500"},null,1008,"https://files.plytix.com/api/v1.1/file/public_files/pim/assets/8a/8d/8f/62/628f8d8abb3a1aaaf0e8f149/images/8a/a2/e3/63/63e3a28a295ed2968cef976c/TH_WB2317BK.jpg","https://files.plytix.com/api/v1.1/file/public_files/pim/assets/8a/8d/8f/62/628f8d8abb3a1aaaf0e8f149/images/88/54/4d/63/634d5488d2fc4cd04d9509e2/WB2317BK.jpg",null,"https://www.nevilleuk.com/products/WB2317BK_",null,"WB2516BK|WB2418BK"]
["TRW220","Industrial Wooden Crate 34 x 12 x 9cm","34 x 12 x 9cm (L x W x H)",19.72,1,"Table Service>Table Caddies",{"$nulls":3},341,120,94,{"v":0.3,"d":"0.300"},{"v":0.3,"d":"0.300"},null,null,"Iron,Paulownia Wood","4419900000","China",null,null,"No",{"$nulls":7},"No","No","\n•Can be used as a table caddy ideal for sauces, condiments and cutlery\n•Features metal railing for a more industrial look","Within Buffet and Display you will find a variety of products perfectly suited for a wide range of buffet requirements including both hot and cold buffet service. We offer a contemporary yet functional range of white and black platters designed in gastronorm sizes to fit standard sized counters and displays. We also have a selection of reversible polished granite/slate stone effect platters for interchangeable variety. Our versatile buffet bowls, now also available in black, are strong, lightweight and dishwasher safe and are available in a range of shapes and sizes to suit any setting. Buffet Risers, Rustic Wooden Crates, Display Baskets, Chaffing Dishes and Buffet Dispensers are just some of the other items that complete this section.\n•Can be used as a table caddy ideal for sauces, condiments and cutlery\n•Features metal railing for a more industrial look","Each","5020403082385","34.1","12","9.4","0.00385",{"v":0.3,"d":"0.300"},{"$nulls":8},"05020403082408",12,"38","38","36","0.05198","3.6",{"v":4,"d":"4.000"},null,216,"https://files.plytix.com/api/v1.1/file/public_files/pim/assets/8a/8d/8f/62/628f8d8abb3a1aaaf0e8f149/images/64/a2/e3/63/63e3a264ef480f1922ba7039/TH_TRW220.jpg","https://files.plytix.com/api/v1.1/file/public_files/pim/assets/8a/8d/8f/62/628f8d8abb3a1aaaf0e8f149/images/99/70/4d/63/634d7099d2fc4cd04d950daf/TRW220.jpg",null,"https://www.nevilleuk.com/products/TRW220_",null,"TRW216"]
["TR538W","White Wash Wooden Display Crate","53 x 32 x 8cm (L x W x H)",{"v":73.7,"d":"73.70"},1,"Buffet & Display>Display Stands",{"$nulls":3},550,340,95,1.193,{"v":1.2,"d":"1.200"},null,null,"Paulownia Wood","4419900000","China",null,null,"No",{"$nulls":7},"No","No","\n•Durable Paulownia Wood Construction\n•Rustic White Wash Aesthetic\n•Versatile Usage\n•GN 1/1 Sizing\n•Removable Dividers\n•Compatible With Crate Stand","Enhance your buffet or countertop presentation with the Rustic Wooden Display Crate, a perfect blend of practicality and rustic charm. Designed to bring a natural, farmhouse-inspired look to your display, this versatile crate is ideal for showcasing a variety of produce in a stylish and organised way. Crafted to fit GN sizing, it seamlessly integrates into buffet stations, food displays, or countertop setups.\n•Durable Paulownia Wood Construction: Built for use in busy foodservice environments\n•Rustic White Wash Aesthetic: A white wash finish adds warmth and character to buffet and countertop displays\n•Versatile Usage: Ideal for presenting produce, condiments, or cutlery in buffets, cafes, and delis\n•GN Compatibility: Designed to fit standard GN sizing for seamless integration with existing buffet setups\n•Removable Dividers: Adjustable sections allow for customised organisation, making it easy to separate different food items or utensils\n•Compatible with Crate Stand: Designed to be used with a crate stand to create an eye-catching two-tiered display, maximising space and visibility","Each","5020403103158","55","34","9.5","0.01777",{"v":1.2,"d":"1.200"},{"$nulls":17},60,"https://files.plytix.com/api/v1.1/file/public_files/pim/assets/8a/8d/8f/62/628f8d8abb3a1aaaf0e8f149/images/5c/a2/e3/63/63e3a25cca3e273978494961/TH_TR538W.jpg","https://files.plytix.com/api/v1.1/file/public_files/pim/assets/8a/8d/8f/62/628f8d8abb3a1aaaf0e8f149/images/9d/77/4d/63/634d779d2fc607028a3d7a94/TR538W.jpg|https://files.plytix.com/api/v1.1/file/public_files/pim/assets/8a/8d/8f/62/628f8d8abb3a1aaaf0e8f149/images/9f/77/4d/63/634d779f043e790243e2ddab/TR538W_A.jpg|https://files.plytix.com/api/v1.1/file/public_files/pim/assets/8a/8d/8f/62/628f8d8abb3a1aaaf0e8f149/images/a1/77/4d/63/634d77a1d2fc4cd04d950e60/TR538W_B.jpg|https://files.plytix.com/api/v1.1/file/public_files/pim/assets/8a/8d/8f/62/628f8d8abb3a1aaaf0e8f149/images/a3/77/4d/63/634d77a3d2fc4cd04d950e61/TR538W_C.jpg",null,"https://www.nevilleuk.com/products/TR538W_",null,"TR538|TR5321|TR5321W"]
["TR538","Rustic Wooden Display Crate","53 x 32 x 8cm (L x W x H)",{"v":73.7,"d":"73.70"},1,"Buffet & Display>Display Stands",{"$nulls":3},530,325,80,0.805,{"v":1.21,"d":"1.210"},null,null,"Paulownia Wood","4419900000","China",null,null,"No",{"$nulls":7},"No","No","\n•Durable Paulownia Wood Construction\n•Rustic Aesthetic\n•Versatile Usage\n•GN 1/1 Sizing\n•Removable Dividers\n•Compatible With Crate Stand","Enhance your buffet or countertop presentation with the Rustic Wooden Display Crate, a perfect blend of practicality and rustic charm. Designed to bring a natural, farmhouse-inspired look to your display, this versatile crate is ideal for showcasing a variety of produce in a stylish and organised way. Crafted to fit GN sizing, it seamlessly integrates into buffet stations, food displays, or countertop setups.\n•Durable Paulownia Wood Construction: Built for use in busy foodservice environments\n•Rustic Aesthetic: A natural wood finish adds warmth and character to buffet and countertop displays\n•Versatile Usage: Ideal for presenting produce, condiments, or cutlery in buffets, cafes, and delis\n•GN Compatibility: Designed to fit standard GN sizing for seamless integration with existing buffet setups\n•Removable Dividers: Adjustable sections allow for customised organisation, making it easy to separate different food items or utensils\n•Compatible with Crate Stand: Designed to be used with a crate stand to create an eye-catching two-tiered display, maximising space and visibility","Each","5020403102205","53","32.5","8","0.01378",{"v":1.21,"d":"1.210"},{"$nulls":17},48,"https://files.plytix.com/api/v1.1/file/public_files/pim/assets/8a/8d/8f/62/628f8d8abb3a1aaaf0e8f149/images/5c/a2/e3/63/63e3a25cca3e273978494960/TH_TR538.jpg","https://files.plytix.com/api/v1.1/file/public_files/pim/assets/8a/8d/8f/62/628f8d8abb3a1aaaf0e8f149/images/92/77/4d/63/634d7792c83cc392ccfcb310/TR538.jpg|https://files.plytix.com/api/v1.1/file/public_files/pim/assets/8a/8d/8f/62/628f8d8abb3a1aaaf0e8f149/images/94/77/4d/63/634d77942e6f22d35d7d4f90/TR538_A.jpg|https://files.plytix.com/api/v1.1/file/public_files/pim/assets/8a/8d/8f/62/628f8d8abb3a1aaaf0e8f149/images/96/77/4d/63/634d7796389e23d05c3628f0/TR538_B.jpg|https://files.plytix.com/api/v1.1/file/public_files/pim/assets/8a/8d/8f/62/628f8d8abb3a1aaaf0e8f149/images/9a/77/4d/63/634d779a389e23d05c3628f1/TR538_C.jpg|https://files.plytix.com/api/v1.1/file/public_files/pim/assets/8a/8d/8f/62/628f8d8abb3a1aaaf0e8f149/images/9c/77/4d/63/634d779cc83cc392ccfcb311/TR538_D.jpg|https://files.plytix.com/api/v1.1/file/public_files/pim/assets/8a/8d/8f/62/628f8d8abb3a1aaaf0e8f149/images/46/db/4f/63/634fdb46043e790243e31570/TR538_E.jpg|https://files.plytix.com/api/v1.1/file/public_files/pim/assets/8a/8d/8f/62/628f8d8abb3a1aaaf0e8f149/images/76/77/4d/63/634d7776c83cc392ccfcb30f/TR53_A.jpg|https://files.plytix.com/api/v1.1/file/public_files/pim/assets/8a/8d/8f/62/628f8d8abb3a1aaaf0e8f149/images/7a/77/4d/63/634d777a389e23d05c3628e7/TR53_B.jpg|https://files.plytix.com/api/v1.1/file/public_files/pim/assets/8a/8d/8f/62/628f8d8abb3a1aaaf0e8f149/images/7d/77/4d/63/634d777d043e790243e2dda5/TR53_C.jpg|https://files.plytix.com/api/v1.1/file/public_files/pim/assets/8a/8d/8f/62/628f8d8abb3a1aaaf0e8f149/images/80/77/4d/63/634d7780389e23d05c3628e8/TR53_D.jpg|https://files.plytix.com/api/v1.1/file/public_files/pim/assets/8a/8d/8f/62/628f8d8abb3a1aaaf0e8f149/images/84/77/4d/63/634d77842e6f22d35d7d4f8f/TR53_E.jpg|https://files.plytix.com/api/v1.1/file/public_files/pim/assets/8a/8d/8f/62/628f8d8abb3a1aaaf0e8f149/images/87/77/4d/63/634d7787389e23d05c3628ee/TR53_F.jpg|https://files.plytix.com/api/v1.1/file/public_files/pim/assets/8a/8d/8f/62/628f8d8abb3a1aaaf0e8f149/images/89/77/4d/63/634d7789d2fc4cd04d950e5c/TR53_G.jpg|https://files.plytix.com/api/v1.1/file/public_files/pim/assets/8a/8d/8f/62/628f8d8abb3a1aaaf0e8f149/images/8d/77/4d/63/634d778d043e790243e2dda6/TR53_H.jpg|https://files.plytix.com/api/v1.1/file/public_files/pim/assets/8a/8d/8f/62/628f8d8abb3a1aaaf0e8f149/images/90/77/4d/63/634d77902fc607028a3d7a93/TR53_I.jpg",null,"https://www.nevilleuk.com/products/TR538_",null,"TR5321|TR538W|TR328|TR53168"]
["TROLPBWHL","Spare Wheel For TROLPC/L (With Brake)","Fits Trolleys TROLPC and TROLPL",13.68,1,"Spares>Racking & Trolley Spares",{"$nulls":3},280,280,4,{"v":0.4,"d":"0.400"},{"v":0.4,"d":"0.400"},null,null,"Rubber,Iron","7323930090","China",null,null,"N/A",{"$nulls":7},"No","No","\n•﻿Spare part","Sturdy chrome plated racking provides a flexible solution to racking in kitchens, dry stores and many other environments. Racking comes in a range of widths, which enable you to maximise storage space, and is simple enough for one person assembly. Excellent stainless steel trolleys are available in two or three tier versions, and come either flat packed for economy and ease of assembly or fully welded and pre-assembled for simplicity.","Each","5020403453901","28","28","0.42","0.00033",{"v":0.4,"d":"0.400"},"05020403492443",4,"20.5","29","5.5","0.00327","1.6",{"v":2.2,"d":"2.200"},"05020403539162",24,"28","28","10","0.00784","9.6",{"v":13.8,"d":"13.800"},null,2496,"https://files.plytix.com/api/v1.1/file/public_files/pim/assets/8a/8d/8f/62/628f8d8abb3a1aaaf0e8f149/images/61/a2/e3/63/63e3a261037006c9b0d86914/TH_TROLPBWHL.jpg",null,null,"https://www.nevilleuk.com/products/TROLPBWHL_","TROLPL|TROLPC"]
["TKM400W","Genware White Tiki Mug 40cl/ 14oz","16.5 x 7.5cm (H x Dia)",10.42,4,"Drinkware>Ceramic Drinkware",{"$nulls":3},76,76,166,{"v":0.4,"d":"0.400"},{"v":0.4,"d":"0.400"},{"v":40,"d":"40.00"},"14.1","Stoneware","6912002310","China",-40,230,"Yes",{"$nulls":7},"No","No","\n•High Quality Stoneware\n•Bold, Colourful Design\n•Fun and Theatrical\n•Perfect Serve","Bring tropical flair and bold personality to your cocktail service with the GenWare Stoneware Tiki Mugs. Inspired by classic Polynesian designs, this eye-catching range is perfect for serving exotic cocktails, rum punches, and creative mixed drinks. Crafted from high-quality stoneware with detailed, characterful finishes, each mug adds fun and theatricality to the drinking experience, making them a must-have for bars, restaurants, and themed venues.\n•High Quality Stoneware: For durability and a premium feel\n•Bold, Colourful Design: Inspired by traditional tiki culture\n•Fun and Theatrical: Adds theatre to cocktail presentation and guest experience\n•Perfect Serve: Great for serving tropical cocktails, punches, and signature drinks","Each",null,"7.6","7.6","16.6","0.00096",{"v":0.4,"d":"0.400"},"05020403061670",4,"16","16","18","0.00461","1.6",{"v":1.88,"d":"1.880"},"05020403061687",24,"49","35","19","0.03259","9.6",{"v":11.3,"d":"11.300"},null,576,"https://files.plytix.com/api/v1.1/file/public_files/pim/assets/8a/8d/8f/62/628f8d8abb3a1aaaf0e8f149/images/53/a2/e3/63/63e3a2537e82ccf21c88281d/TH_TKM400W.jpg","https://files.plytix.com/api/v1.1/file/public_files/pim/assets/8a/8d/8f/62/628f8d8abb3a1aaaf0e8f149/images/cf/64/4d/63/634d64cfd2fc4cd04d950c5f/TKM400W.jpg","https://files.plytix.com/api/v1.1/file/public_files/pim/assets/8a/8d/8f/62/628f8d8abb3a1aaaf0e8f149/images/1d/55/07/64/6407551d8031629126b25182/LFST0423153.jpg","https://www.nevilleuk.com/products/TKM400W_",null,"TKM400P|TKM360W|TKM400BL|TKM400BR|TKM400CT|TKM400GR"]
["TF-SQ","Genware Square Table Fork 18/0 (Dozen)","18/0 Stainless Steel - 205mm (L)",29.28,1,"Cutlery>Square",{"$nulls":3},210,60,30,0.676,{"v":0.68,"d":"0.680"},null,null,"Stainless Steel-18/0","8215103000","China",null,null,"Yes",{"$nulls":7},"No","No","\n•18/0 Stainless Steel\n•3.0mm Gauge\n•Highly Polished Finish\n•Contemporary Pattern","GenWare Cutlery offers an ideal combination of performance, style and value. We have eight unique premium patterns, exclusive to the GenWare Cutlery range, designed to encapsulate innovation and functionality. These patterns (all of which are 18/0 stainless steel and highly polished) provide an eclectic mix of styles; from elegant sophistication through to strong and robust handling. In addition, GenWare Parish Cutlery is hand polished offering excellent resistance to staining and pitting, while our Millennium Cutlery provides good cutting blades for volume users.\n•Design developed for GenWare by Neil Jeffree MA\n•Unique design developed for GenWare that feels more robust, with wide sections and soft curves\n•Superb highly polished 18/0 stainless steel provides high resistance to staining and pitting and maintains an excellent finish\n•High quality 18/0 stainless steel with competitive pricing and more cost effective. Great for magnetic cutlery catching  systems\n•Excellent product fit for purpose that is strong and robust combining style, performance and value","Dozen","5020403523260","21","6","3","0.00038",{"v":0.68,"d":"0.680"},{"$nulls":8},"05020403523277",25,"29","22.5","17","0.01109","16.898",{"v":17.7,"d":"17.700"},null,650,"https://files.plytix.com/api/v1.1/file/public_files/pim/assets/8a/8d/8f/62/628f8d8abb3a1aaaf0e8f149/images/4a/a2/e3/63/63e3a24ab8148bfc97a49dbd/TH_TF-SQ.jpg","https://files.plytix.com/api/v1.1/file/public_files/pim/assets/8a/8d/8f/62/628f8d8abb3a1aaaf0e8f149/images/18/6d/4d/63/634d6d18043e790243e2dc34/TF-SQ.jpg|https://files.plytix.com/api/v1.1/file/public_files/pim/assets/8a/8d/8f/62/628f8d8abb3a1aaaf0e8f149/images/8a/ac/b4/66/66b4ac8ac7b5936d26a06612/TF-SQ_A.jpg","https://files.plytix.com/api/v1.1/file/public_files/pim/assets/8a/8d/8f/62/628f8d8abb3a1aaaf0e8f149/images/d5/6f/b4/66/66b46fd5849b5d97e5669310/LFST0924196.jpg","https://www.nevilleuk.com/products/TF-SQ_","TK-SQ"]
["TF-SN","Genware Saffron Table Fork 18/0 (Dozen)","18/0 Stainless Steel - 206mm (L)",27.14,1,"Cutlery>Saffron",{"$nulls":3},210,55,30,{"v":0.65,"d":"0.650"},{"v":0.65,"d":"0.650"},null,null,"Stainless Steel-18/0","8215103000","China",null,null,"Yes",{"$nulls":7},"No","No","\n•18/0 Stainless Steel\n•4.0mm Gauge\n•Highly Polished Finish\n•Contemporary Pattern","GenWare Cutlery offers an ideal combination of performance, style and value. We have eight unique premium patterns, exclusive to the GenWare Cutlery range, designed to encapsulate innovation and functionality. These patterns (all of which are 18/0 stainless steel and highly polished) provide an eclectic mix of styles; from elegant sophistication through to strong and robust handling. In addition, GenWare Parish Cutlery is hand polished offering excellent resistance to staining and pitting, while our Millennium Cutlery provides good cutting blades for volume users.\n•Design developed for GenWare by Neil Jeffree MA\n•Unique design developed for GenWare encompassing simple and elegant ovals with long profiles for a contemporary style\n•Superb highly polished 18/0 stainless steel provides high resistance to staining and pitting and maintains an excellent finish\n•High quality 18/0 stainless steel with competitive pricing and more cost effective. Great for magnetic cutlery catching  systems\n•Excellent product fit for purpose that is strong and robust combining style, performance and value","Dozen","5020403521822","21","5.5","3","0.00035",{"v":0.65,"d":"0.650"},{"$nulls":8},"05020403522157",25,"29","16.2","22.5","0.01057","16.25",{"v":17,"d":"17.000"},null,475,"https://files.plytix.com/api/v1.1/file/public_files/pim/assets/8a/8d/8f/62/628f8d8abb3a1aaaf0e8f149/images/4a/a2/e3/63/63e3a24a295ed2968cef974a/TH_TF-SN.jpg","https://files.plytix.com/api/v1.1/file/public_files/pim/assets/8a/8d/8f/62/628f8d8abb3a1aaaf0e8f149/images/a1/6c/4d/63/634d6ca1c83cc392ccfcb144/TF-SN.jpg|https://files.plytix.com/api/v1.1/file/public_files/pim/assets/8a/8d/8f/62/628f8d8abb3a1aaaf0e8f149/images/47/60/52/63/63526047c83cc392ccfd21e1/LFST0721021.jpg|https://files.plytix.com/api/v1.1/file/public_files/pim/assets/8a/8d/8f/62/628f8d8abb3a1aaaf0e8f149/images/50/16/59/63/6359165028c20569eb0dbda0/LFST0419113.jpg|https://files.plytix.com/api/v1.1/file/public_files/pim/assets/8a/8d/8f/62/628f8d8abb3a1aaaf0e8f149/images/d5/13/59/63/635913d58e7208840f74bc30/LFST0419103.jpg|https://files.plytix.com/api/v1.1/file/public_files/pim/assets/8a/8d/8f/62/628f8d8abb3a1aaaf0e8f149/images/aa/f2/75/63/6375f2aa7841617ce6dcd4a7/LFST0416010.jpg|https://files.plytix.com/api/v1.1/file/public_files/pim/assets/8a/8d/8f/62/628f8d8abb3a1aaaf0e8f149/images/89/ac/b4/66/66b4ac89849b5d97e5669d49/TF-SN_A.jpg","https://files.plytix.com/api/v1.1/file/public_files/pim/assets/8a/8d/8f/62/628f8d8abb3a1aaaf0e8f149/images/e0/6f/b4/66/66b46fe08d8e351c2dd7cced/LFST0924201.jpg","https://www.nevilleuk.com/products/TF-SN_","TK-SN"]
["TR216","Genware Dark Rustic Wooden Crate 25 x 12 x 7.5cm","25 x 12 x 7.5cm (L x W x H)",14.18,1,"Buffet & Display>Wooden Boxes/Risers & Crates",{"$nulls":3},251,120,75,0.135,0.135,null,null,"Paulownia Wood","4419900000","China",null,null,"No",{"$nulls":7},"No","No","\n•Made From Paulownia Wood\n•Dark Rustic Finish\n•Slatted Sides And Base","Within Buffet and Display you will find a variety of products perfectly suited for a wide range of buffet requirements including both hot and cold buffet service. We offer a contemporary yet functional range of white and black platters designed in gastronorm sizes to fit standard sized counters and displays. We also have a selection of reversible polished granite/slate stone effect platters for interchangeable variety. Our versatile buffet bowls, now also available in black, are strong, lightweight and dishwasher safe and are available in a range of shapes and sizes to suit any setting. Buffet Risers, Rustic Wooden Crates, Display Baskets, Chaffing Dishes and Buffet Dispensers are just some of the other items that complete this section.\n•A versatile crate with a multitude of different applications\n•Suitable as a riser, display box or as a table caddy for sauces and cutlery\n•Compatible with rustic wooden crate range\n•Available in additional sizes","Each","5020403103172","25.1","12","7.5","0.00226",0.135,{"$nulls":8},"05020403103189",24,"47","27","50","0.06345","3.24",{"v":3.8,"d":"3.800"},null,288,"https://files.plytix.com/api/v1.1/file/public_files/pim/assets/8a/8d/8f/62/628f8d8abb3a1aaaf0e8f149/images/5a/a2/e3/63/63e3a25a295ed2968cef9755/TH_TR216.jpg","https://files.plytix.com/api/v1.1/file/public_files/pim/assets/8a/8d/8f/62/628f8d8abb3a1aaaf0e8f149/images/e7/79/4d/63/634d79e7c83cc392ccfcb37d/TR216.jpg",null,"https://www.nevilleuk.com/products/TR216_",null,"TR220|TR215"]
["TP-PRS50","Terra Porcelain Rose Teapot 50cl/ 17.6oz","18.5 x 11 x 11.3cm (L x W x H)",33.68,6,"Terra Porcelain>Rose Pink Terra Porcelain",{"$nulls":3},170,112,110,{"v":0.6,"d":"0.600"},{"v":0.6,"d":"0.600"},{"v":50,"d":"50.00"},"17.6","Porcelain","6911100090","China",-40,250,"Yes","Yes","Yes","Yes",{"$nulls":4},"No","No","\n•Durable Fully Vitrified Porcelain\n•Twice-Fired Process\n•High Temperature Firing\n•Conforms to BS4034 Vitrified Hotelware\n•Rolled Edges\n•Polished Foot\n•Unique Reactive Glaze Formula\n•Supplied with Two Lids","Terra Porcelain's undefined beauty is crafted through natural effects and spontaneous reactions that occur in the kiln. A unique glaze formula, combined with high-temperature firing, ensures no two pieces look exactly alike, with variations in color intensity creating a truly distinctive appearance. The Rose Pink Terra Porcelain collection draws inspiration from delicate floral hues, featuring soft pink tones with subtle reactive variations that create a warm and inviting aesthetic. This range provides the perfect canvas for presenting delicious, vibrant dishes.\n•Durable Fully Vitrified Porcelain: High-temperature firing creates a robust and long-lasting product, ideal for professional use\n•Twice-Fired Process: Enhances strength, durability, and the unique glaze finish, ensuring each piece performs in demanding environments\n•Conforms to Industry Standards: Meets BS4034 standards for vitrified hotelware, ensuring exceptional durability and quality in demanding environments\n•Rolled Edges: Enhances durability and provides added chip resistance, making it ideal for hotel, restaurant, and foodservice applications\n•Polished Foot: Minimises damage when stacked and stored, helping to maintain the integrity of each piece over time\n•Unique Artisanal Finish: The natural kiln effects and spontaneous glaze reactions ensure every piece is truly one of a kind\n•Inspired Rose Pink Hue: Soft pink tones with subtle reactive variations create a delicate and inviting aesthetic\n•Complete the Look: Pairs beautifully with other items in the Terra Porcelain range for a cohesive and stylish tabletop presentation\n•Supplied with Two Lids","Each",null,"17","11.2","11","0.00209",{"v":0.6,"d":"0.600"},"05020403140160",6,"36","25","14","0.01260","3.6",{"v":4.6,"d":"4.600"},"05020403140177",24,"38","36","57","0.07798","14.4",{"v":18.5,"d":"18.500"},null,288,"https://files.plytix.com/api/v1.1/file/public_files/pim/assets/8a/8d/8f/62/628f8d8abb3a1aaaf0e8f149/images/59/a2/e3/63/63e3a259235b816689db7646/TH_TP-PRS50.jpg","https://files.plytix.com/api/v1.1/file/public_files/pim/assets/8a/8d/8f/62/628f8d8abb3a1aaaf0e8f149/images/dc/27/4d/63/634d27dc043e790243e2d4a3/TP-PRS50.jpg|https://files.plytix.com/api/v1.1/file/public_files/pim/assets/8a/8d/8f/62/628f8d8abb3a1aaaf0e8f149/images/de/27/4d/63/634d27de389e23d05c36220f/TP-PRS50_A.jpg","https://files.plytix.com/api/v1.1/file/public_files/pim/assets/8a/8d/8f/62/628f8d8abb3a1aaaf0e8f149/images/d6/1a/87/63/63871ad63838fff4aa61cde9/LFST0722099.jpg","https://www.nevilleuk.com/products/TP-PRS50_",null,"TP-PBK50|TP-PBL50|TP-PSF50|TP-PMG50|TP-PG50|TP-PRC50|TP-RKS50|TP-KW48|TP-PAG50|TP-KBK48|TP-KDG48"]
["TROL3S","S/St. Trolley 85.5L X 53.5W X 93.3H 3 Shelves","85.5 x 53.5 x 93.3cm (L x W x H)",322.46,1,"Racking & Trolleys>Trolleys & Accessories",{"$nulls":3},855,555,170,{"v":14.3,"d":"14.300"},{"v":15.1,"d":"15.100"},null,null,"Stainless Steel-201,Stainless Steel-430","7323930090","China",null,null,"N/A",{"$nulls":7},"Yes","No","\n•18/0 Stainless Steel Shelves\n•18/2 Stainless Steel Frame\n•Approx. 26-29cm Gap Between Shelves","Sturdy chrome plated racking provides a flexible solution to racking in kitchens, dry stores and many other environments. Racking comes in a range of widths, which enable you to maximise storage space, and is simple enough for one person assembly. Excellent stainless steel trolleys are available in two or three tier versions, and come either flat packed for economy and ease of assembly or fully welded and pre-assembled for simplicity.\n•Supplied flat-packed for easy assembly\n•High quality stainless steel construction\n•4 heavy duty castors (2 braked)\n•Weight capacity: 150kg evenly spread","Each","5020403071693","85.5","55.5","17","0.08067",{"v":15.1,"d":"15.100"},{"$nulls":17},9,"https://files.plytix.com/api/v1.1/file/public_files/pim/assets/8a/8d/8f/62/628f8d8abb3a1aaaf0e8f149/images/5f/a2/e3/63/63e3a25fca3e273978494963/TH_TROL3S.jpg",null,null,"https://www.nevilleuk.com/products/TROL3S_","TROLBRKWHEEL|TROLSPAREKIT|TROLWHEEL","TROLWELD3S|TROL2S"]
["TRIV-C247","GenWare Acacia Wood Trivet For C247","19.5 x 34 x 2.5cm (L x W x H)- Fits C247",24.98,6,"Table Presentation>Cast Iron & Accessories",{"$nulls":3},340,196,25,{"v":0.6,"d":"0.600"},{"v":0.6,"d":"0.600"},null,null,"Acacia Wood-A/B Grade","4419900000","Thailand",null,180,"No","No","No",{"$nulls":5},"No","No","\n•Made from Acacia Wood\n•Fits with C247\n•Ideal For Oven To Table Service","GenWare Acacia Wood Trivets are great when using cast iron dishes for oven to table service. The thick trivets, made from strong, durable acacia wood, absorb heat from the cast iron, helping to protect the table underneath whilst adding a rustic charm to your oven to table dishes.\n•Made from Natural Acacia Wood\n•Well size - 21.5 x 15.5cm - fits perfectly with the GenWare Cast Iron Oval Eared Dish (C247)\n•Feature integral handles for easy lifting\n•Ideal for oven to table service","Each",null,"34","19.6","2.5","0.00167",{"v":0.6,"d":"0.600"},"05020403116066",6,"21.5","17","36.5","0.01334","3.6",{"v":3.79,"d":"3.790"},"05020403116073",24,"44","34","38","0.05685","14.4",{"v":15.2,"d":"15.200"},null,360,"https://files.plytix.com/api/v1.1/file/public_files/pim/assets/8a/8d/8f/62/628f8d8abb3a1aaaf0e8f149/images/5f/a2/e3/63/63e3a25fb8148bfc97a49dc9/TH_TRIV-C247.jpg","https://files.plytix.com/api/v1.1/file/public_files/pim/assets/8a/8d/8f/62/628f8d8abb3a1aaaf0e8f149/images/c2/4c/4d/63/634d4cc22e6f22d35d7d4c3b/TRIV-C247.jpg|https://files.plytix.com/api/v1.1/file/public_files/pim/assets/8a/8d/8f/62/628f8d8abb3a1aaaf0e8f149/images/c4/4c/4d/63/634d4cc4d2fc4cd04d95090a/TRIV-C247_C247.jpg","https://files.plytix.com/api/v1.1/file/public_files/pim/assets/8a/8d/8f/62/628f8d8abb3a1aaaf0e8f149/images/1b/56/51/63/6351561b2e6f22d35d7d91b1/LFST1022060.jpg","https://www.nevilleuk.com/products/TRIV-C247_","C247"]
["TKA350CT","GenWare Astor Tiki Mug 35cl/ 12.3oz","8.3 x 10cm (Dia x H) - 35cl/12.3oz",{"v":10.1,"d":"10.10"},4,"Drinkware>Ceramic Drinkware",{"$nulls":3},82,82,100,0.305,0.305,{"v":35,"d":"35.00"},"12.3","Stoneware","6912002310","China",-40,230,"Yes",{"$nulls":7},"No","No","\n•High Quality Stoneware\n•Bold, Colourful Design\n•Fun and Theatrical\n•Perfect Serve","Bring tropical flair and bold personality to your cocktail service with the GenWare Stoneware Tiki Mugs. Inspired by classic Polynesian designs, this eye-catching range is perfect for serving exotic cocktails, rum punches, and creative mixed drinks. Crafted from high-quality stoneware with detailed, characterful finishes, each mug adds fun and theatricality to the drinking experience, making them a must-have for bars, restaurants, and themed venues.\n•High Quality Stoneware: For durability and a premium feel\n•Bold, Colourful Design: Inspired by traditional tiki culture\n•Fun and Theatrical: Adds theatre to cocktail presentation and guest experience\n•Perfect Serve: Great for serving tropical cocktails, punches, and signature drinks","Each",null,"8.2","8.2","10","0.00067",0.305,"05020403174769",4,"17.7","17.5","11.2","0.00347","1.22",{"v":1.4,"d":"1.400"},"05020403174776",48,"37","37","36","0.04928","14.64",{"v":16.8,"d":"16.800"},null,864,"https://files.plytix.com/api/v1.1/file/public_files/pim/assets/8a/8d/8f/62/628f8d8abb3a1aaaf0e8f149/images/4f/a2/e3/63/63e3a24f6c1a60a323c6fd9e/TH_TKA350CT.jpg","https://files.plytix.com/api/v1.1/file/public_files/pim/assets/8a/8d/8f/62/628f8d8abb3a1aaaf0e8f149/images/ad/64/4d/63/634d64ad2fc607028a3d7907/TKA350CT.jpg","https://files.plytix.com/api/v1.1/file/public_files/pim/assets/8a/8d/8f/62/628f8d8abb3a1aaaf0e8f149/images/bf/62/51/63/635162bf2fc607028a3db990/LFST0722180.jpg|https://files.plytix.com/api/v1.1/file/public_files/pim/assets/8a/8d/8f/62/628f8d8abb3a1aaaf0e8f149/images/ba/62/51/63/635162ba043e790243e34421/LFST0722179.jpg|https://files.plytix.com/api/v1.1/file/public_files/pim/assets/8a/8d/8f/62/628f8d8abb3a1aaaf0e8f149/images/d7/62/51/63/635162d7c83cc392ccfd0df7/LFST0722186.jpg|https://files.plytix.com/api/v1.1/file/public_files/pim/assets/8a/8d/8f/62/628f8d8abb3a1aaaf0e8f149/images/db/62/51/63/635162db2e6f22d35d7d942a/LFST0722187.jpg|https://files.plytix.com/api/v1.1/file/public_files/pim/assets/8a/8d/8f/62/628f8d8abb3a1aaaf0e8f149/images/e0/62/51/63/635162e0389e23d05c366763/LFST0722188.jpg","https://www.nevilleuk.com/products/TKA350CT_",null,"TKA440CT"]
["TJ-L","Genware Glass Terrine Jar 200ml 8.2 x 8.1cm","8.2 x 8.1cm (Dia x H)",{"v":3.7,"d":"3.70"},12,"Table Presentation>Glass Jars",{"$nulls":3},110,82,83,0.325,0.325,{"v":20,"d":"20.00"},"7","Glass","7013499900","China",null,null,"No",{"$nulls":7},"No","No","\n•Made From Clear Glass\n•Ideal For Storage Or Food Presentation\n•Use Lid To Protect Food From Contamination\n•Great For 'Grab And Go' Food","Keep contents fresh and protected with our preserve jars. GenWare Terrine jars have an air tight seal which is great for keeping contents fresher for longer and therefore reducing your levels of waste.\n•Innovative way of serving food or storing ingredients\n•Features a rubber seal and secure clip to form an airtight seal\n•Durable and consistent level of quality manufactured glass\n•Available in additional sizes","Each","5020403547662","11","8.2","8.3","0.00075",0.325,"05020403547679",12,"28","19","18.5","0.00984","3.9",{"v":4.25,"d":"4.250"},"05020403547686",48,"40","30","39","0.04680","15.6",{"v":17,"d":"17.000"},null,1152,"https://files.plytix.com/api/v1.1/file/public_files/pim/assets/8a/8d/8f/62/628f8d8abb3a1aaaf0e8f149/images/4e/a2/e3/63/63e3a24e7e82ccf21c882819/TH_TJ-L.jpg","https://files.plytix.com/api/v1.1/file/public_files/pim/assets/8a/8d/8f/62/628f8d8abb3a1aaaf0e8f149/images/fd/4f/4d/63/634d4ffd2fc607028a3d776e/TJ-L.JPG|https://files.plytix.com/api/v1.1/file/public_files/pim/assets/8a/8d/8f/62/628f8d8abb3a1aaaf0e8f149/images/e7/4f/4d/63/634d4fe7043e790243e2d8b3/TJ_A.JPG|https://files.plytix.com/api/v1.1/file/public_files/pim/assets/8a/8d/8f/62/628f8d8abb3a1aaaf0e8f149/images/e8/4f/4d/63/634d4fe8d2fc4cd04d950948/TJ_B.JPG|https://files.plytix.com/api/v1.1/file/public_files/pim/assets/8a/8d/8f/62/628f8d8abb3a1aaaf0e8f149/images/ea/4f/4d/63/634d4fea2fc607028a3d776b/TJ_C.JPG|https://files.plytix.com/api/v1.1/file/public_files/pim/assets/8a/8d/8f/62/628f8d8abb3a1aaaf0e8f149/images/ec/4f/4d/63/634d4fec389e23d05c3624e0/TJ_D.JPG","https://files.plytix.com/api/v1.1/file/public_files/pim/assets/8a/8d/8f/62/628f8d8abb3a1aaaf0e8f149/images/79/20/7e/68/687e2079777134bb2593915c/LFST0925227.jpg|https://files.plytix.com/api/v1.1/file/public_files/pim/assets/8a/8d/8f/62/628f8d8abb3a1aaaf0e8f149/images/9b/20/7e/68/687e209b2a03861c91eda5a3/LFST0925234.jpg","https://www.nevilleuk.com/products/TJ-L_",null,"TJ-XL|TJ-M"]
["TKM400BR","Genware Brown Tiki Mug 40cl/ 14oz","16.5 x 7.5cm (H x Dia)",10.42,4,"Drinkware>Ceramic Drinkware",{"$nulls":3},76,76,167,0.477,0.477,{"v":40,"d":"40.00"},"14.1","Stoneware","6912002310","China",-40,230,"Yes",{"$nulls":7},"No","No","\n•High Quality Stoneware\n•Bold, Colourful Design\n•Fun and Theatrical\n•Perfect Serve","Bring tropical flair and bold personality to your cocktail service with the GenWare Stoneware Tiki Mugs. Inspired by classic Polynesian designs, this eye-catching range is perfect for serving exotic cocktails, rum punches, and creative mixed drinks. Crafted from high-quality stoneware with detailed, characterful finishes, each mug adds fun and theatricality to the drinking experience, making them a must-have for bars, restaurants, and themed venues.\n•High Quality Stoneware: For durability and a premium feel\n•Bold, Colourful Design: Inspired by traditional tiki culture\n•Fun and Theatrical: Adds theatre to cocktail presentation and guest experience\n•Perfect Serve: Great for serving tropical cocktails, punches, and signature drinks","Each",null,"7.6","7.6","16.7","0.00096",0.477,"05020403172260",4,"16","16","18","0.00461","1.908",{"v":1.92,"d":"1.920"},"05020403172277",24,"49.5","33.5","19","0.03151","11.448",{"v":11.52,"d":"11.520"},null,576,"https://files.plytix.com/api/v1.1/file/public_files/pim/assets/8a/8d/8f/62/628f8d8abb3a1aaaf0e8f149/images/52/a2/e3/63/63e3a2527e82ccf21c88281c/TH_TKM400BR.jpg","https://files.plytix.com/api/v1.1/file/public_files/pim/assets/8a/8d/8f/62/628f8d8abb3a1aaaf0e8f149/images/c1/64/4d/63/634d64c1389e23d05c362762/TKM400BR.jpg|https://files.plytix.com/api/v1.1/file/public_files/pim/assets/8a/8d/8f/62/628f8d8abb3a1aaaf0e8f149/images/c3/64/4d/63/634d64c32e6f22d35d7d4df1/TKM400BR_A.jpg",null,"https://www.nevilleuk.com/products/TKM400BR_",null,"TKM400P|TKM400BL|TKM400GR"]
["TKM400BL","Genware Blue Tiki Mug 40cl/ 14oz","16.5 x 7.5cm (H x Dia)",10.42,4,"Drinkware>Ceramic Drinkware",{"$nulls":3},75,75,167,0.477,0.477,{"v":40,"d":"40.00"},"14.1","Stoneware","6912002310","China",-40,230,"Yes",{"$nulls":7},"No","No","\n•High Quality Stoneware\n•Bold, Colourful Design\n•Fun and Theatrical\n•Perfect Serve","Bring tropical flair and bold personality to your cocktail service with the GenWare Stoneware Tiki Mugs. Inspired by classic Polynesian designs, this eye-catching range is perfect for serving exotic cocktails, rum punches, and creative mixed drinks. Crafted from high-quality stoneware with detailed, characterful finishes, each mug adds fun and theatricality to the drinking experience, making them a must-have for bars, restaurants, and themed venues.\n•High Quality Stoneware: For durability and a premium feel\n•Bold, Colourful Design: Inspired by traditional tiki culture\n•Fun and Theatrical: Adds theatre to cocktail presentation and guest experience\n•Perfect Serve: Great for serving tropical cocktails, punches, and signature drinks","Each",null,"7.5","7.5","16.7","0.00094",0.477,"05020403172321",4,"16","16","17.5","0.00448","1.908",{"v":1.92,"d":"1.920"},"05020403172338",24,"49.5","33.5","19","0.03151","11.451",{"v":11.52,"d":"11.520"},null,576,"https://files.plytix.com/api/v1.1/file/public_files/pim/assets/8a/8d/8f/62/628f8d8abb3a1aaaf0e8f149/images/52/a2/e3/63/63e3a252ca3e273978494959/TH_TKM400BL.jpg","https://files.plytix.com/api/v1.1/file/public_files/pim/assets/8a/8d/8f/62/628f8d8abb3a1aaaf0e8f149/images/be/64/4d/63/634d64be043e790243e2db2c/TKM400BL.jpg|https://files.plytix.com/api/v1.1/file/public_files/pim/assets/8a/8d/8f/62/628f8d8abb3a1aaaf0e8f149/images/c0/64/4d/63/634d64c0389e23d05c362761/TKM400BL_A.jpg",null,"https://www.nevilleuk.com/products/TKM400BL_",null,"FSH380BL"]
["TP-PMG50","Terra Porcelain Matt Grey Teapot 50cl/ 17.6oz","18.5 x 11 x 11.3cm (L x W x H)",33.68,6,"Terra Porcelain>Matt Grey Terra Porcelain",{"$nulls":3},170,120,110,{"v":0.6,"d":"0.600"},{"v":0.6,"d":"0.600"},{"v":50,"d":"50.00"},"17.6","Porcelain","6911100090","China",-40,250,"Yes","Yes","Yes","Yes",{"$nulls":4},"No","No","\n•Durable Fully Vitrified Porcelain\n•Twice-Fired Process\n•High Temperature Firing\n•Conforms to BS4034 Vitrified Hotelware\n•Rolled Edges\n•Polished Foot\n•Unique Reactive Glaze Formula\n•Supplied with Two Lids","Terra Porcelain's undefined beauty is crafted through natural effects and spontaneous reactions that occur in the kiln. A unique glaze formula, combined with high-temperature firing, ensures no two pieces look exactly alike, with variations in color intensity creating a truly distinctive appearance. The Reactive Matt Grey Terra Porcelain collection draws inspiration from urban sophistication, featuring soft, muted grey tones with subtle matt textures that create a modern yet timeless aesthetic. This range provides the perfect canvas for presenting delicious, vibrant dishes.\n•Durable Fully Vitrified Porcelain: High-temperature firing creates a robust and long-lasting product, ideal for professional use\n•Twice-Fired Process: Enhances strength, durability, and the unique glaze finish, ensuring each piece performs in demanding environments\n•Conforms to Industry Standards: Meets BS4034 standards for vitrified hotelware, ensuring exceptional durability and quality in demanding environments\n•Rolled Edges: Enhances durability and provides added chip resistance, making it ideal for hotel, restaurant, and foodservice applications\n•Polished Foot: Minimises damage when stacked and stored, helping to maintain the integrity of each piece over time\n•Unique Artisanal Finish: The natural kiln effects and spontaneous glaze reactions ensure every piece is truly one of a kind\n•Inspired Matt Grey Hue: The soft, muted grey tones with delicate matt textures provide a contemporary and understated elegance\n•Complete the Look: Pairs beautifully with other items in the Terra Porcelain range for a cohesive and stylish tabletop presentation\n•Supplied with Two Lids","Each",null,"17","12","11","0.00224",{"v":0.6,"d":"0.600"},"05020403140108",6,"36","35","14","0.01764","3.6",{"v":4.5,"d":"4.500"},"05020403140115",24,"38","36","57","0.07798","14.4",{"v":18.5,"d":"18.500"},null,360,"https://files.plytix.com/api/v1.1/file/public_files/pim/assets/8a/8d/8f/62/628f8d8abb3a1aaaf0e8f149/images/7f/a9/e3/63/63e3a97f7bf0d7bfb7b32773/TH_TP-PMG50.jpg","https://files.plytix.com/api/v1.1/file/public_files/pim/assets/8a/8d/8f/62/628f8d8abb3a1aaaf0e8f149/images/12/25/4d/63/634d2512c83cc392ccfca5c7/TP-PMG50.jpg",null,"https://www.nevilleuk.com/products/TP-PMG50_",null,"TP-PSF50|TP-PG50|TP-PBK50|TP-PRC50|393945G|395950G|TP-PRS50|TP-PBL50|TP-RKS50|TP-KW48|TP-PAG50|TP-KBK48|TP-KDG48"]
["TOK352","Tokyo Hiball Tumbler 39.5cl/ 13.9oz","150 x 65mm (H x Dia)",3.16,6,"Glassware>Hi Balls And Tumblers",{"$nulls":3},66,66,152,0.215,0.215,{"v":39.5,"d":"39.50"},"13.9","Glass","7013379900","Turkey",null,null,"Yes",{"$nulls":7},"No","No","\n•Durable Glass\n•Excellent Clarity\n•Beaded Rim Provides Additional Strength\n•Dishwasher Safe","GenWare Tumblers are attractive, functional and ideal for hotels, bars and restaurants.\n•Durable and consistent level of quality manufactured glass with excellent clarity\n•Beaded rim ensures strength on vulnerable edges, minimising chipping and lengthens lifespan\n•Ideal for presenting cocktails","Each",null,"6.6","6.6","15.2","0.00066",0.215,"8692952202117",6,"20.5","14","16","0.00459","1.29",1.363,"08692952202100",48,"41.9","28.9","33.3","0.04032","10.32",{"v":10.9,"d":"10.900"},null,1152,"https://files.plytix.com/api/v1.1/file/public_files/pim/assets/8a/8d/8f/62/628f8d8abb3a1aaaf0e8f149/images/57/a2/e3/63/63e3a25785a98813e4510bb9/TH_TOK352.jpg",null,"https://files.plytix.com/api/v1.1/file/public_files/pim/assets/8a/8d/8f/62/628f8d8abb3a1aaaf0e8f149/images/af/73/52/63/635273af389e23d05c367629/LFST0121093.jpg|https://files.plytix.com/api/v1.1/file/public_files/pim/assets/8a/8d/8f/62/628f8d8abb3a1aaaf0e8f149/images/3b/65/ca/63/63ca653b1d9978ba09fd19e1/LFST0719296.jpg|https://files.plytix.com/api/v1.1/file/public_files/pim/assets/8a/8d/8f/62/628f8d8abb3a1aaaf0e8f149/images/3c/65/ca/63/63ca653c1d9978ba09fd19e2/LFST0719297.jpg|https://files.plytix.com/api/v1.1/file/public_files/pim/assets/8a/8d/8f/62/628f8d8abb3a1aaaf0e8f149/images/3d/65/ca/63/63ca653d8ba28383b7c59f7d/LFST0719299.jpg|https://files.plytix.com/api/v1.1/file/public_files/pim/assets/8a/8d/8f/62/628f8d8abb3a1aaaf0e8f149/images/d3/49/5b/64/645b49d34366ba863ef5aace/LFST0723707.jpg|https://files.plytix.com/api/v1.1/file/public_files/pim/assets/8a/8d/8f/62/628f8d8abb3a1aaaf0e8f149/images/f0/49/5b/64/645b49f04366ba863ef5aad3/LFST0723711.jpg|https://files.plytix.com/api/v1.1/file/public_files/pim/assets/8a/8d/8f/62/628f8d8abb3a1aaaf0e8f149/images/e8/49/5b/64/645b49e882773f5b01e0f3c9/LFST0723710.jpg|https://files.plytix.com/api/v1.1/file/public_files/pim/assets/8a/8d/8f/62/628f8d8abb3a1aaaf0e8f149/images/bb/49/5b/64/645b49bbc4a915dbd1bad9e8/LFST0723697.jpg","https://www.nevilleuk.com/products/TOK352_","GR36-2","BRG241KH|MLC439KH"]
["TD-PMG10","Terra Porcelain Matt Grey Tapas Dish 10cm","10 x 3cm (Dia x H) - 17cl/6oz",{"v":8.2,"d":"8.20"},12,"Terra Porcelain>Matt Grey Terra Porcelain",{"$nulls":3},120,120,35,{"v":0.2,"d":"0.200"},{"v":0.2,"d":"0.200"},{"v":17,"d":"17.00"},"6","Porcelain","6911100090","China",-40,250,"Yes","Yes","Yes","Yes",{"$nulls":4},"No","No","\n•Durable Fully Vitrified Porcelain\n•Twice-Fired Process\n•High Temperature Firing\n•Conforms to BS4034 Vitrified Hotelware\n•Rolled Edges\n•Polished Foot\n•Unique Reactive Glaze Formula","Terra Porcelain's undefined beauty is crafted through natural effects and spontaneous reactions that occur in the kiln. A unique glaze formula, combined with high-temperature firing, ensures no two pieces look exactly alike, with variations in color intensity creating a truly distinctive appearance. The Reactive Matt Grey Terra Porcelain collection draws inspiration from urban sophistication, featuring soft, muted grey tones with subtle matt textures that create a modern yet timeless aesthetic. This range provides the perfect canvas for presenting delicious, vibrant dishes.\n•Durable Fully Vitrified Porcelain: High-temperature firing creates a robust and long-lasting product, ideal for professional use\n•Twice-Fired Process: Enhances strength, durability, and the unique glaze finish, ensuring each piece performs in demanding environments\n•Conforms to Industry Standards: Meets BS4034 standards for vitrified hotelware, ensuring exceptional durability and quality in demanding environments\n•Rolled Edges: Enhances durability and provides added chip resistance, making it ideal for hotel, restaurant, and foodservice applications\n•Polished Foot: Minimises damage when stacked and stored, helping to maintain the integrity of each piece over time\n•Unique Artisanal Finish: The natural kiln effects and spontaneous glaze reactions ensure every piece is truly one of a kind\n•Inspired Matt Grey Hue: The soft, muted grey tones with delicate matt textures provide a contemporary and understated elegance\n•Complete the Look: Pairs beautifully with other items in the Terra Porcelain range for a cohesive and stylish tabletop presentation","Each",null,"12","12","3.5","0.00050",{"v":0.2,"d":"0.200"},"05020403140825",12,"22","20","12","0.00528","2.4",2.583,"05020403140832",72,"56","24","27","0.03629","14.4",{"v":15.5,"d":"15.500"},null,1800,"https://files.plytix.com/api/v1.1/file/public_files/pim/assets/8a/8d/8f/62/628f8d8abb3a1aaaf0e8f149/images/7f/a9/e3/63/63e3a97f5826f62a2eae59ec/TH_TD-PMG10.jpg","https://files.plytix.com/api/v1.1/file/public_files/pim/assets/8a/8d/8f/62/628f8d8abb3a1aaaf0e8f149/images/10/25/4d/63/634d2510d2fc4cd04d95051b/TD-PMG10.jpg|https://files.plytix.com/api/v1.1/file/public_files/pim/assets/8a/8d/8f/62/628f8d8abb3a1aaaf0e8f149/images/10/25/4d/63/634d2510043e790243e2d469/TD-PMG10_A.jpg","https://files.plytix.com/api/v1.1/file/public_files/pim/assets/8a/8d/8f/62/628f8d8abb3a1aaaf0e8f149/images/c7/34/86/63/638634c74a1fd1a42515d05f/LFST1022190.jpg|https://files.plytix.com/api/v1.1/file/public_files/pim/assets/8a/8d/8f/62/628f8d8abb3a1aaaf0e8f149/images/b7/34/86/63/638634b72e281741f470507d/LFST1022189.jpg","https://www.nevilleuk.com/products/TD-PMG10_",null,"TD-PSF10"]
["TD-PG10","Terra Porcelain Grey Tapas Dish 10cm","10 x 3cm (Dia x H) - 17cl/6oz",{"v":8.2,"d":"8.20"},12,"Terra Porcelain>Smoke Grey Terra Porcelain",{"$nulls":3},120,120,35,{"v":0.2,"d":"0.200"},{"v":0.2,"d":"0.200"},{"v":17,"d":"17.00"},"6","Porcelain","6911100090","China",-40,250,"Yes","Yes","Yes","Yes",{"$nulls":4},"No","No","\n•Durable Fully Vitrified Porcelain\n•Twice-Fired Process\n•High Temperature Firing\n•Conforms to BS4034 Vitrified Hotelware\n•Rolled Edges\n•Polished Foot\n•Unique Reactive Glaze Formula","Terra Porcelain's undefined beauty is crafted through natural effects and spontaneous reactions that occur in the kiln. A unique glaze formula, combined with high-temperature firing, ensures no two pieces look exactly alike, with variations in color intensity creating a truly distinctive appearance. The Smoke Grey Terra Porcelain collection draws inspiration from the subtle elegance of misty landscapes, featuring soft grey hues with delicate tonal variations that create a refined and contemporary aesthetic. This range provides the perfect canvas for presenting delicious, vibrant dishes.\n•Durable Fully Vitrified Porcelain: High-temperature firing creates a robust and long-lasting product, ideal for professional use\n•Twice-Fired Process: Enhances strength, durability, and the unique glaze finish, ensuring each piece performs in demanding environments\n•Conforms to Industry Standards: Meets BS4034 standards for vitrified hotelware, ensuring exceptional durability and quality in demanding environments\n•Rolled Edges: Enhances durability and provides added chip resistance, making it ideal for hotel, restaurant, and foodservice applications\n•Polished Foot: Minimises damage when stacked and stored, helping to maintain the integrity of each piece over time\n•Unique Artisanal Finish: The natural kiln effects and spontaneous glaze reactions ensure every piece is truly one of a kind\n•Inspired Smoke Grey Hue: The soft grey tones with subtle variations evoke the serene beauty of misty landscapes\n•Complete the Look: Pairs beautifully with other items in the Terra Porcelain range for a cohesive and stylish tabletop presentation","Each",null,"12","12","3.5","0.00050",{"v":0.2,"d":"0.200"},"05020403140795",12,"22","20","12","0.00528","2.4",2.583,"05020403140801",72,"62","24","27","0.04018","14.4",{"v":15.5,"d":"15.500"},null,1800,"https://files.plytix.com/api/v1.1/file/public_files/pim/assets/8a/8d/8f/62/628f8d8abb3a1aaaf0e8f149/images/44/a2/e3/63/63e3a2447e82ccf21c882813/TH_TD-PG10.jpg","https://files.plytix.com/api/v1.1/file/public_files/pim/assets/8a/8d/8f/62/628f8d8abb3a1aaaf0e8f149/images/80/2c/4d/63/634d2c80043e790243e2d524/TD-PG10.jpg|https://files.plytix.com/api/v1.1/file/public_files/pim/assets/8a/8d/8f/62/628f8d8abb3a1aaaf0e8f149/images/81/2c/4d/63/634d2c81043e790243e2d525/TD-PG10_A.jpg","https://files.plytix.com/api/v1.1/file/public_files/pim/assets/8a/8d/8f/62/628f8d8abb3a1aaaf0e8f149/images/0e/34/86/63/6386340e13adaf392d86e4de/LFST1022160.jpg|https://files.plytix.com/api/v1.1/file/public_files/pim/assets/8a/8d/8f/62/628f8d8abb3a1aaaf0e8f149/images/15/34/86/63/6386341513adaf392d86e4e0/LFST1022161.jpg|https://files.plytix.com/api/v1.1/file/public_files/pim/assets/8a/8d/8f/62/628f8d8abb3a1aaaf0e8f149/images/1e/34/86/63/6386341e253b8801e00b599b/LFST1022162.jpg","https://www.nevilleuk.com/products/TD-PG10_",null,"TD-PSF10"]
["SVC8F","GenWare Floral Stainless Steel Serving Cup 8.5 x 8.5cm","DISCONTINUED - 42cl/14.8oz",1.92,12,"Clearance>Clearance Table Presentation",null,null,"Yes",88,75,88,{"v":0.14,"d":"0.140"},{"v":0.14,"d":"0.140"},{"v":42,"d":"42.00"},"14.8","Stainless Steel-202","7323930090","India",null,null,"Yes",null,"No",{"$nulls":5},"No","No","\n•Made From Stainless Steel\n•Features Attractive Floral Design\n•Great For Individual Side Dishes\n•Stackable","GenWare Serving Cups are great for serving appetisers and sides such as fries and onion rings. It provides the perfect Gastro-pub look and can be used alone or with greaseproof paper. GenWare Floral Stainless Steel Serving Cup hosts an intricate etched floral design, great for adding an elegant touch to any dish.\n•Made from stainless steel\n•Features an attractive etched floral pattern\n•Great for individual side dishes\n•Stackable","Each",null,"8.8","7.5","8.8","0.00058",{"v":0.14,"d":"0.140"},"05020403085355",12,"18.5","9.5","20","0.00352","1.68",{"v":1.78,"d":"1.780"},"05020403085362",96,"40","20","42","0.03360","13.44",{"v":14.89,"d":"14.890"},null,2304,"https://files.plytix.com/api/v1.1/file/public_files/pim/assets/8a/8d/8f/62/628f8d8abb3a1aaaf0e8f149/images/30/a2/e3/63/63e3a230b8148bfc97a49dab/TH_SVC8F.jpg","https://files.plytix.com/api/v1.1/file/public_files/pim/assets/8a/8d/8f/62/628f8d8abb3a1aaaf0e8f149/images/b3/55/4d/63/634d55b3043e790243e2d982/SVC8F.jpg|https://files.plytix.com/api/v1.1/file/public_files/pim/assets/8a/8d/8f/62/628f8d8abb3a1aaaf0e8f149/images/b5/55/4d/63/634d55b5d2fc4cd04d950a02/SVC8F_A.jpg|https://files.plytix.com/api/v1.1/file/public_files/pim/assets/8a/8d/8f/62/628f8d8abb3a1aaaf0e8f149/images/b7/55/4d/63/634d55b7389e23d05c362566/SVC8F_B.jpg","https://files.plytix.com/api/v1.1/file/public_files/pim/assets/8a/8d/8f/62/628f8d8abb3a1aaaf0e8f149/images/9b/4e/52/63/63524e9b2fc607028a3dc5de/LFST0422095.jpg|https://files.plytix.com/api/v1.1/file/public_files/pim/assets/8a/8d/8f/62/628f8d8abb3a1aaaf0e8f149/images/d3/18/87/63/638718d313adaf392d86ec95/LFST0722152.jpg|https://files.plytix.com/api/v1.1/file/public_files/pim/assets/8a/8d/8f/62/628f8d8abb3a1aaaf0e8f149/images/c1/18/87/63/638718c12e281741f4705b8e/LFST0722150.jpg","https://www.nevilleuk.com/products/SVC8F_",null,"SVH8|SVC8BKF|SVCH8S"]
["SVC8BK","Black Stainless Steel Serving Cup 8.5 x 8.5cm","42cl/14.8oz",9.74,12,"Table Presentation>Serving Cups & Cones",{"$nulls":3},87,87,86,{"v":0.13,"d":"0.130"},{"v":0.13,"d":"0.130"},{"v":42,"d":"42.00"},"14.8","Stainless Steel-Grade 5","7323930090","India",null,null,"No",null,"No",{"$nulls":5},"No","No","\n•Made From Stainless Steel\n•Black Powder Coating\n•Great For Individual Side Dishes\n•Stackable","GenWare Serving Cups are great for serving drinks, appetisers and sides such as fries and onion rings. It provides the perfect Gastro-pub look and can be used alone or with greaseproof paper.\n•Provides a fun way of adding a splash of colour to presentation of side dishes\n•Also suitable as a cocktail vessel\n•Great with our greaseproof paper when serving fries and other sides","Each",null,"8.7","8.7","8.6","0.00065",{"v":0.13,"d":"0.130"},"05020403111825",12,"10","10","47","0.00470","1.56",{"v":1.7,"d":"1.700"},"05020403094739",96,"41","22","50","0.04510","12.48",{"v":13,"d":"13.000"},null,1344,"https://files.plytix.com/api/v1.1/file/public_files/pim/assets/8a/8d/8f/62/628f8d8abb3a1aaaf0e8f149/images/2f/a2/e3/63/63e3a22fef480f1922ba7016/TH_SVC8BK.jpg","https://files.plytix.com/api/v1.1/file/public_files/pim/assets/8a/8d/8f/62/628f8d8abb3a1aaaf0e8f149/images/a9/55/4d/63/634d55a9043e790243e2d97e/SVC8BK.jpg",null,"https://www.nevilleuk.com/products/SVC8BK_",null,"SVC8C|SVC8|SVC8R"]
["SW48","Cast Iron Steak Weight 108 x 210mm","4.25 x 8.25'' - Weight 1.1kg",13.28,1,"Kitchen & Utensils>Meat Utensils",{"$nulls":3},212,113,66,1.098,1.098,null,null,"Cast Iron,Wood","7323910000","China",null,null,"No",{"$nulls":7},"No","No","\n•For cooking steak evenly and preventing meat from curling\n•Heavy duty cast iron construction\n•Wooden handle for comfort and positive handling","A comprehensive range of kitchenware and utensils, covering all of the requirements of the chef and professional caterer. Ranges have been developed with chefs, and are fit for purpose in a professional kitchen environment. Materials are selected to provide the optimum balance of resistance to wear, rigidity and value. Kitchenware and Utensils covers a broad range of essential catering products, including cutting boards, mixing bowls, tongs, ladles, colanders and scales.\n•For cooking steak evenly and preventing meat from curling\n•Heavy duty cast iron construction\n•Wooden handle for comfort and positive handling","Each","5020403031086","21.2","11.3","6.6","0.00158",1.098,{"$nulls":8},"05020403031109",12,"45","25.5","24","0.02754","13.18",{"v":13.3,"d":"13.300"},null,336,"https://files.plytix.com/api/v1.1/file/public_files/pim/assets/8a/8d/8f/62/628f8d8abb3a1aaaf0e8f149/images/37/a2/e3/63/63e3a2371cb0c1e513221563/TH_SW48.jpg","https://files.plytix.com/api/v1.1/file/public_files/pim/assets/8a/8d/8f/62/628f8d8abb3a1aaaf0e8f149/images/e5/5b/4e/63/634e5be5389e23d05c3632b2/SW48.jpg|https://files.plytix.com/api/v1.1/file/public_files/pim/assets/8a/8d/8f/62/628f8d8abb3a1aaaf0e8f149/images/e7/5b/4e/63/634e5be7d2fc4cd04d951d17/SW48_A.jpg",null,"https://www.nevilleuk.com/products/SW48_"]
["SVHA10C","Hammered Copper Plated Angled Cone 9.5 x 11.6cm (Dia x H)","8.1 x 11.6 x 7.7 x 9.5cm (Front H x Back H x Base Dia x Top Dia) - 47cl/16.5oz",14.06,12,"Table Presentation>Serving Cups & Cones",{"$nulls":3},94,94,114,{"v":0.14,"d":"0.140"},{"v":0.14,"d":"0.140"},{"v":47,"d":"47.00"},"16.5","Copper Plating,Stainless Steel-Grade 5","7323930090","India",null,null,"No",null,"No",{"$nulls":5},"No","No","\n•Made From Hammered Stainless Steel\n•Copper Plated Coating\n•Great For Individual Side Dishes\n•Stackable","GenWare Angled Cones are great for serving appetisers and sides such as fries and onion rings. It provides the perfect Gastro-pub look and can be used alone or with greaseproof paper.\n•A more stylish, sophisticated way of presenting sides\n•On trend copper finish\n•This product is supplied with care and guidance instructions\n•Great with our greaseproof paper when serving fries and other sides","Each",null,"9.4","9.4","11.4","0.00101",{"v":0.14,"d":"0.140"},"05020403111962",12,"10","10","48","0.00480","1.68",{"v":1.71,"d":"1.710"},"05020403094807",96,"44","20.5","50","0.04510","13.44",{"v":13.7,"d":"13.700"},null,1728,"https://files.plytix.com/api/v1.1/file/public_files/pim/assets/8a/8d/8f/62/628f8d8abb3a1aaaf0e8f149/images/36/a2/e3/63/63e3a236ca3e273978494943/TH_SVHA10C.jpg","https://files.plytix.com/api/v1.1/file/public_files/pim/assets/8a/8d/8f/62/628f8d8abb3a1aaaf0e8f149/images/d3/55/4d/63/634d55d32e6f22d35d7d4cf1/SVHA10C.jpg",null,"https://www.nevilleuk.com/products/SVHA10C_",null,"SVCA10C|SVHA10"]
["TD-AN10","Antigo Stoneware Tapas Dish 10cm","10 x 3cm (Dia x H) - 17cl/6oz",6.96,12,"Antigo Tableware>Antigo Stoneware",{"$nulls":3},101,101,33,{"v":0.17,"d":"0.170"},{"v":0.17,"d":"0.170"},{"v":17,"d":"17.00"},"6","Stoneware","6912002310","Indonesia",null,null,"Yes","Yes","Yes","Yes",{"$nulls":4},"No","No","\n•Durable Stoneware\n•Twice-Fired Process\n•Rolled Edges\n•Polished Foot\n•Unique Reactive Glaze Formula","Antigo Stoneware, named after the Portuguese word for \"old\" or \"ancient,\" embodies the timeless beauty of aged bronze, offering a unique blend of heritage and modern elegance. The deep grey finish, enriched with subtle metallic highlights, captures the natural transformation of bronze over time, evoking a sense of historical significance and sophistication. Each piece in the collection is enhanced by a reactive glaze that creates organic variations, ensuring no two pieces are exactly alike, adding to the authenticity and artisanal charm of the range. Designed to complement a wide array of cuisines, Antigo Stoneware provides the perfect canvas for both contemporary and classic presentations bringing a distinctive character to the table. The durable stoneware construction ensures strength and longevity, making it an ideal choice for professional use.\n•Durable Stoneware: Made from high-quality stoneware to withstand the rigors of a professional kitchen\n•Twice-Fired Process: Enhances strength, durability, and the unique glaze finish, ensuring each piece performs in demanding environments\n•Rolled Edges: Enhances durability and provides added chip resistance, making it ideal for hotel, restaurant, and foodservice applications\n•Polished Foot: Minimises damage when stacked and stored, helping to maintain the integrity of each piece over time\n•Unique Artisanal Finish: The natural kiln effects and spontaneous glaze reactions ensure every piece is truly one of a kind\n•Inspired Aged Bronze Hue: The deep grey finish with subtle metallic highlights captures the essence of aged bronze\n•Complete the Look: Pairs beautifully with other items in the Antigo Tableware range for a cohesive and stylish tabletop presentation","Each",null,"10.1","10.1","3.3","0.00034",{"v":0.17,"d":"0.170"},"05020403222057",12,"23","23","11","0.00582","2.04",2.333,"05020403226420",72,"48","25","36","0.04320","12.24",{"v":14,"d":"14.000"},null,1296,"https://files.plytix.com/api/v1.1/file/public_files/pim/assets/8a/8d/8f/62/628f8d8abb3a1aaaf0e8f149/images/42/a2/e3/63/63e3a2426c1a60a323c6fd96/TH_TD-AN10.jpg","https://files.plytix.com/api/v1.1/file/public_files/pim/assets/8a/8d/8f/62/628f8d8abb3a1aaaf0e8f149/images/08/2f/4d/63/634d2f082fc607028a3d7507/TD-AN10.jpg|https://files.plytix.com/api/v1.1/file/public_files/pim/assets/8a/8d/8f/62/628f8d8abb3a1aaaf0e8f149/images/ed/01/a8/65/65a801edb819410dc464a983/TD-AN10_A.jpg","https://files.plytix.com/api/v1.1/file/public_files/pim/assets/8a/8d/8f/62/628f8d8abb3a1aaaf0e8f149/images/ca/c2/cc/64/64ccc2ca2b5de14fe304d7c0/LFST1023019.jpg|https://files.plytix.com/api/v1.1/file/public_files/pim/assets/8a/8d/8f/62/628f8d8abb3a1aaaf0e8f149/images/d2/c2/cc/64/64ccc2d25b1b5fec27624197/LFST1023020.jpg|https://files.plytix.com/api/v1.1/file/public_files/pim/assets/8a/8d/8f/62/628f8d8abb3a1aaaf0e8f149/images/d9/c2/cc/64/64ccc2d9c96c25bee231e252/LFST1023021.jpg|https://files.plytix.com/api/v1.1/file/public_files/pim/assets/8a/8d/8f/62/628f8d8abb3a1aaaf0e8f149/images/02/c3/cc/64/64ccc30206dc2df550b25bfb/LFST1023029.jpg|https://files.plytix.com/api/v1.1/file/public_files/pim/assets/8a/8d/8f/62/628f8d8abb3a1aaaf0e8f149/images/07/c3/cc/64/64ccc307ee832e6b710787b7/LFST1023030.jpg|https://files.plytix.com/api/v1.1/file/public_files/pim/assets/8a/8d/8f/62/628f8d8abb3a1aaaf0e8f149/images/0c/c3/cc/64/64ccc30c06dc2df550b25bfc/LFST1023031.jpg|https://files.plytix.com/api/v1.1/file/public_files/pim/assets/8a/8d/8f/62/628f8d8abb3a1aaaf0e8f149/images/be/c3/cc/64/64ccc3bec96c25bee231e276/LFST1023068.jpg|https://files.plytix.com/api/v1.1/file/public_files/pim/assets/8a/8d/8f/62/628f8d8abb3a1aaaf0e8f149/images/cc/03/a8/65/65a803cc38eafe2925b0d0ab/LFST0324228.jpg","https://www.nevilleuk.com/products/TD-AN10_",null,"TD-AN14|TD-AN13"]
["STK-BLK","Steak Knife Black Poly Handle (Dozen)","220mm (L)",{"v":22,"d":"22.00"},1,"Cutlery>Steak Knives & Forks",{"$nulls":3},223,59,47,0.499,0.499,null,null,"Stainless Steel-3CR13","8211910000","China",null,null,"Yes",{"$nulls":7},"No","Yes","\n•Well serrated knives\n•Full tang blade","GenWare Cutlery offers an ideal combination of performance, style and value. We have seven unique premium patterns, exclusive to the GenWare Cutlery range, designed to encapsulate innovation and functionality. These patterns (all of which are 18/0 stainless steel and highly polished) provide an eclectic mix of styles; from elegant sophistication through to strong and robust handling. In addition, GenWare Parish Cutlery is hand polished offering excellent resistance to staining and pitting, while our Millennium Cutlery provides good cutting blades for volume users.\n•Well serrated knives for great cutting performance perfect for cutting steak, pizza and more\n•Full tang blade more robust for security and longevity","Dozen",null,"22.3","5.9","4.7","0.00062",0.499,{"$nulls":8},"05020403022169",20,"31.8","23.5","21.5","0.01607","9.98",{"v":10.3,"d":"10.300"},null,720,"https://files.plytix.com/api/v1.1/file/public_files/pim/assets/8a/8d/8f/62/628f8d8abb3a1aaaf0e8f149/images/29/a2/e3/63/63e3a22985a98813e4510ba7/TH_STK-BLK.jpg","https://files.plytix.com/api/v1.1/file/public_files/pim/assets/8a/8d/8f/62/628f8d8abb3a1aaaf0e8f149/images/49/6d/4d/63/634d6d49c83cc392ccfcb156/STK-BLK.jpg",null,"https://www.nevilleuk.com/products/STK-BLK_","STF-BLK","STK-WDN"]
["SVB1210BK","Black Serving Fry Basket Rectangular 12.5 x 10 x 8.5cm","Handle Length: 8.5cm",14.92,6,"Table Presentation>Stainless Steel Serving Baskets",{"$nulls":3},210,98,133,0.214,0.214,null,null,"Stainless Steel-304,Stainless Steel-430","7323930090","China",null,null,"No",null,"No",{"$nulls":5},"No","No","\n•Made From Stainless Steel\n•Features A  Black PVD Coating\n•Miniature Fry Basket Design\n•Great For Presenting Individual Side Dishes","GenWare Stainless Steel Serving Baskets are a fun and easy way to spice up your food presentation. The baskets are perfect for serving chips, sides or tapas style dishes. Combine with our greaseproof paper, serving boards, trays and slate platters to provide a real wow factor.\n•A more stylish, sophisticated way of presenting sides\n•On trend black finish\n•Durable and hardwearing PVD black coating\n•To prolong the life of the product, use in conjunction with greaseproof paper","Each",null,"21","9.8","13.3","0.00274",0.214,"05020403098126",6,"26","29.5","11","0.00844","1.282",{"v":1.51,"d":"1.510"},"05020403098133",48,"54","32","50","0.08640","10.258",{"v":12.6,"d":"12.600"},null,384,"https://files.plytix.com/api/v1.1/file/public_files/pim/assets/8a/8d/8f/62/628f8d8abb3a1aaaf0e8f149/images/2d/a2/e3/63/63e3a22d1cb0c1e51322155b/TH_SVB1210BK.jpg","https://files.plytix.com/api/v1.1/file/public_files/pim/assets/8a/8d/8f/62/628f8d8abb3a1aaaf0e8f149/images/c4/4e/4d/63/634d4ec4c83cc392ccfcae11/SVB1210BK.jpg",null,"https://www.nevilleuk.com/products/SVB1210BK_",null,"SVB1210C|SVB1008BK|SVB1210"]
["SVB1210","Serving Fry Basket Rectangular 12.5 X 10 X 8.5cm","Handle Length: 8.5cm",12.94,6,"Table Presentation>Stainless Steel Serving Baskets",{"$nulls":3},210,98,133,0.215,0.215,null,null,"Stainless Steel-304,Stainless Steel-430","7323930090","China",null,null,"Yes",{"$nulls":7},"No","No","\n•Made From Stainless Steel\n•Miniature Fry Basket Design\n•Great For Presenting Individual Side Dishes","GenWare Stainless Steel Serving Baskets are a fun and easy way to spice up your food presentation. The baskets are perfect for serving chips, sides or tapas style dishes. Combine with our greaseproof paper, serving boards, trays and slate platters to provide a real wow factor.\n•A more stylish, sophisticated way of presenting sides\n•To prolong the life of the product, use in conjunction with greaseproof paper","Each",null,"21","9.8","13.3","0.00274",0.215,"05020403539971",6,"56","32","6.25","0.01120","1.288",{"v":1.63,"d":"1.630"},"05020403537649",48,"55","31","49","0.08355","10.301",{"v":13.54,"d":"13.540"},null,720,"https://files.plytix.com/api/v1.1/file/public_files/pim/assets/8a/8d/8f/62/628f8d8abb3a1aaaf0e8f149/images/2d/a2/e3/63/63e3a22db8148bfc97a49da8/TH_SVB1210.jpg","https://files.plytix.com/api/v1.1/file/public_files/pim/assets/8a/8d/8f/62/628f8d8abb3a1aaaf0e8f149/images/c1/4e/4d/63/634d4ec1d2fc4cd04d950933/SVB1210.jpg|https://files.plytix.com/api/v1.1/file/public_files/pim/assets/8a/8d/8f/62/628f8d8abb3a1aaaf0e8f149/images/32/04/08/65/65080432a9c39587cf3514aa/SVB1210_A.jpg",null,"https://www.nevilleuk.com/products/SVB1210_",null,"SVB1210C|SVB1210BK"]
["SPWD13GR","Olive Green Wooden Salt/ Pepper Grinder 13cm","13cm/5\" (H)",22.62,6,"Table Service>Salt & Pepper Grinders & Shakers",{"$nulls":3},55,55,130,0.135,0.135,null,null,"Aluminium,Rubber Wood","6911100010","China",null,null,"No",{"$nulls":7},"Yes","No","\n•Made From Rubber Wood\n•Features High Quality Ceramic Grinding Mechanism\n•Adjustable Grind\n•Suitable For Salt And Pepper\n•Supplied With Engraved Knobs","Explore the extensive range of GenWare Salt and Pepper Grinders and Shakers, designed to enhance your tabletop presentation while offering exceptional functionality. Available in a variety of materials, styles, colours, and sizes, our collection allows you to find the perfect match to your restaurant’s theme and ambiance.\n•Premium Materials: Crafted from high-quality rubberwood, offering a natural and stylish touch to your table setting\n•Durable Ceramic Mechanism: Built to last, the ceramic grinding mechanism is suitable for both salt crystals and peppercorns, ensuring consistent performance and resisting corrosion\n•Adjustable Grinding: Easily customise the coarseness of your salt and pepper to suit various culinary needs\n•'S' and 'P' Knobs: Supplied with both 'S' and 'P' engraved knobs, allowing you to easily distinguish between salt and pepper for added convenience\n•Spares: Spare knobs available here ﻿Do not overtighten the knob as this will affect the mechanism from working","Each",null,"5.5","5.5","13","0.00039",0.135,"05020403082897",6,"18","12","14","0.00302","0.81",0.924,"05020403082903",24,"26","19","30","0.01482","3.24",{"v":3.7,"d":"3.700"},null,1536,"https://files.plytix.com/api/v1.1/file/public_files/pim/assets/8a/8d/8f/62/628f8d8abb3a1aaaf0e8f149/images/c8/a1/e3/63/63e3a1c8235b816689db762a/TH_SPWD13GR.jpg","https://files.plytix.com/api/v1.1/file/public_files/pim/assets/8a/8d/8f/62/628f8d8abb3a1aaaf0e8f149/images/23/6f/4d/63/634d6f23389e23d05c36284f/SPWD13GR.jpg|https://files.plytix.com/api/v1.1/file/public_files/pim/assets/8a/8d/8f/62/628f8d8abb3a1aaaf0e8f149/images/25/6f/4d/63/634d6f25389e23d05c362850/SPWD13GR_A.jpg",null,"https://www.nevilleuk.com/products/SPWD13GR_","SPKNOBS|SPKNOBS-C|SPKNOBS-GD|WSPGRS","SPWD13W|SPWD10GR|SPWD13G|SPWD13A|SPWD13|SPWD13R|SPWD13L|SPWD13DGR|SPWDG13L|SPWDG13W"]
["SVH8CV","GenWare Copper Vintage Steel Hammered Serving Cup 8.5 x 8.5cm","8.5 x 8.5cm (Dia x H)- 40cl/14oz",13.12,12,"Table Presentation>Copper Vintage Steel",{"$nulls":3},85,85,83,{"v":0.18,"d":"0.180"},{"v":0.18,"d":"0.180"},{"v":40,"d":"40.00"},"14.1","Stainless Steel-430","7323930090","China",null,null,"Yes",null,"No",{"$nulls":5},"No","No","\n•Made From Stainless Steel\n•Industrial Vintage Finish\n•Durable Copper PVD Coating\n•Great For Individual Side Dishes\n•Stackable","Add a touch of bold, industrial flair to your food presentation with our Copper Vintage Steel Collection. Crafted from high-quality stainless steel with a distinctive copper PVD coating, this collection combines durability and style, offering a unique, vintage-inspired finish that enhances any dish. Perfect for both casual and upscale dining settings, these pieces provide a sophisticated yet rugged look that complements a variety of cuisines.\n•Durable Stainless Steel: Provides long-lasting strength, ideal for high-use environments\n•Industrial Vintage Design: A striking, modern aesthetic that brings a rugged charm to any table setting\n•Durable Copper PVD Coating: Matt finish that offers a contemporary look while being resistant to scratches and wear\n•Safe for Direct Food Contact: Crafted from food-safe materials, ensuring safe and hygienic service\n•Dishwasher Safe: Easy to clean and maintain","Each",null,"8.5","8.5","8.3","0.00060",{"v":0.18,"d":"0.180"},"05020403115885",12,"19","10","23.5","0.00447","2.16",{"v":2.25,"d":"2.250"},"05020403115892",48,"40","22","32.5","0.02860","8.64",{"v":9,"d":"9.000"},null,2400,"https://files.plytix.com/api/v1.1/file/public_files/pim/assets/8a/8d/8f/62/628f8d8abb3a1aaaf0e8f149/images/35/a2/e3/63/63e3a235235b816689db763c/TH_SVH8CV.jpg","https://files.plytix.com/api/v1.1/file/public_files/pim/assets/8a/8d/8f/62/628f8d8abb3a1aaaf0e8f149/images/fc/4c/4d/63/634d4cfcc83cc392ccfcadd4/SVH8CV.jpg","https://files.plytix.com/api/v1.1/file/public_files/pim/assets/8a/8d/8f/62/628f8d8abb3a1aaaf0e8f149/images/57/62/51/63/63516257d2fc4cd04d956ac5/LFST0722143.jpg|https://files.plytix.com/api/v1.1/file/public_files/pim/assets/8a/8d/8f/62/628f8d8abb3a1aaaf0e8f149/images/70/62/51/63/63516270389e23d05c366703/LFST0722147.jpg|https://files.plytix.com/api/v1.1/file/public_files/pim/assets/8a/8d/8f/62/628f8d8abb3a1aaaf0e8f149/images/fd/18/87/63/638718fd2e281741f4705b93/LFST0722158.jpg|https://files.plytix.com/api/v1.1/file/public_files/pim/assets/8a/8d/8f/62/628f8d8abb3a1aaaf0e8f149/images/5e/62/51/63/6351625e2e6f22d35d7d93f3/LFST0722144.jpg|https://files.plytix.com/api/v1.1/file/public_files/pim/assets/8a/8d/8f/62/628f8d8abb3a1aaaf0e8f149/images/65/62/51/63/63516265389e23d05c366700/LFST0722145.jpg|https://files.plytix.com/api/v1.1/file/public_files/pim/assets/8a/8d/8f/62/628f8d8abb3a1aaaf0e8f149/images/6b/62/51/63/6351626bd2fc4cd04d956acf/LFST0722146.jpg|https://files.plytix.com/api/v1.1/file/public_files/pim/assets/8a/8d/8f/62/628f8d8abb3a1aaaf0e8f149/images/ee/18/87/63/638718ee2e281741f4705b91/LFST0722156.jpg|https://files.plytix.com/api/v1.1/file/public_files/pim/assets/8a/8d/8f/62/628f8d8abb3a1aaaf0e8f149/images/f6/18/87/63/638718f613adaf392d86ec9a/LFST0722157.jpg","https://www.nevilleuk.com/products/SVH8CV_",null,"SVH8BKV|SVH8GDV|SVH8V|SVCH8GD"]
["SVH8","Hammered Stainless Steel Serving Cup 8.5 x 8.5cm","40cl/14oz",{"v":8.4,"d":"8.40"},12,"Table Presentation>Serving Cups & Cones",{"$nulls":3},86,86,86,0.115,0.115,{"v":40,"d":"40.00"},"14.1","Stainless Steel-201","7323930090","India",null,null,"Yes",null,"No",{"$nulls":5},"No","No","\n•Made From Hammered Stainless Steel\n•Great For Individual Side Dishes\n•Stackable","GenWare Hammered Serving Cups are great for serving appetisers and sides such as fries and onion rings. It provides the perfect Gastro-pub look and can be used alone or with greaseproof paper.\n•Great with our greaseproof paper when serving fries and other sides\n•Also suitable as a cocktail vessel","Each",null,"8.6","8.6","8.6","0.00064",0.115,"05020403111917",12,"9","9","27","0.00219","1.38",1.687,"05020403094708",96,"38","23","32","0.02797","11.04",{"v":13.5,"d":"13.500"},null,4608,"https://files.plytix.com/api/v1.1/file/public_files/pim/assets/8a/8d/8f/62/628f8d8abb3a1aaaf0e8f149/images/34/a2/e3/63/63e3a234ef480f1922ba7019/TH_SVH8.jpg","https://files.plytix.com/api/v1.1/file/public_files/pim/assets/8a/8d/8f/62/628f8d8abb3a1aaaf0e8f149/images/c9/55/4d/63/634d55c9c83cc392ccfcaf0e/SVH8.JPG","https://files.plytix.com/api/v1.1/file/public_files/pim/assets/8a/8d/8f/62/628f8d8abb3a1aaaf0e8f149/images/da/49/5b/64/645b49da332284ca4dfde8a4/LFST0723708.jpg|https://files.plytix.com/api/v1.1/file/public_files/pim/assets/8a/8d/8f/62/628f8d8abb3a1aaaf0e8f149/images/e8/49/5b/64/645b49e882773f5b01e0f3c9/LFST0723710.jpg|https://files.plytix.com/api/v1.1/file/public_files/pim/assets/8a/8d/8f/62/628f8d8abb3a1aaaf0e8f149/images/f0/49/5b/64/645b49f04366ba863ef5aad3/LFST0723711.jpg|https://files.plytix.com/api/v1.1/file/public_files/pim/assets/8a/8d/8f/62/628f8d8abb3a1aaaf0e8f149/images/bb/49/5b/64/645b49bbc4a915dbd1bad9e8/LFST0723697.jpg","https://www.nevilleuk.com/products/SVH8_",null,"SVC8BKF|SVH8C|SVH8R|SVH8BK|SVC8F"]
["T280-04","GenWare Melamine Grey Granite Triangular Ramekin 100ml/ 3.5oz","8.5 x 4.1cm (Dia x H) - 10cl/3.5oz",2.88,24,"Table Presentation>Ramekins & Sauce Bottles",{"$nulls":3},85,85,40,0.045,0.045,{"v":10,"d":"10.00"},"3.5","Melamine","3924100011","China",-20,70,"Yes","N/A","No",{"$nulls":5},"No","No","\n•Made From Melamine\n•Strong, Light And Virtually Unbreakable\n•Great for Individual Condiment Portions\n•Stackable","GenWare Melamine Ramekins are perfect for presenting sauces and dips. The range offers ramekins in a variety of styles, colours and sizes. Ideal for busy establishments due to its durable, scratch and chip resistant nature.\n•Great for dips and sauces\n•Melamine is highly resistant to chipping, scratches and staining\n•Lightweight, strong and virtually unbreakable\n•Features an attractive matt finish on the outside and a durable gloss finish on the inside\n•Temperature range:  -20 to 70C","Each",null,"8.5","8.5","4","0.00029",0.045,"05020403095064",24,"17","9","16","0.00245","1.08",{"v":1.2,"d":"1.200"},"05020403095071",144,"30","19","34","0.01938","6.48",{"v":7.2,"d":"7.200"},null,6912,"https://files.plytix.com/api/v1.1/file/public_files/pim/assets/8a/8d/8f/62/628f8d8abb3a1aaaf0e8f149/images/39/a2/e3/63/63e3a239037006c9b0d868f5/TH_T280-04.jpg","https://files.plytix.com/api/v1.1/file/public_files/pim/assets/8a/8d/8f/62/628f8d8abb3a1aaaf0e8f149/images/57/55/4d/63/634d5557389e23d05c362563/T280-04.jpg",null,"https://www.nevilleuk.com/products/T280-04_",null,"T278-04"]
["SSB25","Stainless Steel Serving Bucket 25cm Dia","25 x 17cm (Dia x H) - 6L/211oz",{"v":16.1,"d":"16.10"},1,"Table Presentation>Serving Buckets",{"$nulls":3},259,252,172,{"v":0.4,"d":"0.400"},{"v":0.4,"d":"0.400"},{"v":600,"d":"600.00"},"211.2","Stainless Steel-430","7323930090","China",null,null,"No",{"$nulls":7},"No","No","\n•Made From Stainless Steel\n•Suitable For Buffet Displays\n•Stackable","GenWare Large Serving Buckets can be used to serve large sharing platters. It provides the perfect Gastro pub look and can be used alone or with greaseproof paper.\n•A variety of uses from riser, to food presentation\n•Handle is for aesthetic purposes only and not for lifting","Each","5020403098577","25.9","25.2","17.2","0.01123",{"v":0.4,"d":"0.400"},{"$nulls":8},"05020403098584",12,"28.5","28","44","0.03511","4.8",{"v":5.5,"d":"5.500"},null,288,"https://files.plytix.com/api/v1.1/file/public_files/pim/assets/8a/8d/8f/62/628f8d8abb3a1aaaf0e8f149/images/ce/a1/e3/63/63e3a1ceca3e273978494931/TH_SSB25.jpg","https://files.plytix.com/api/v1.1/file/public_files/pim/assets/8a/8d/8f/62/628f8d8abb3a1aaaf0e8f149/images/b0/4b/4d/63/634d4bb0043e790243e2d859/SSB25.jpg",null,"https://www.nevilleuk.com/products/SSB25_",null,"SSB25W|SSB25BK|SSB25R"]
["STA320","Stanford Vintage Tumbler 32cl/ 11.25oz","98 x 86mm (H x Dia)",8.34,4,"Glassware>Vintage Glasses",{"$nulls":3},90,90,100,{"v":0.36,"d":"0.360"},{"v":0.36,"d":"0.360"},{"v":32,"d":"32.00"},"11.3","Glass","7013499900","China",null,null,"Yes",{"$nulls":7},"No","No","\n•Durable Glass Material\n•Vintage Inspired Design\n•Great For Enhanced Cocktail Presentation","GenWare Cocktail, Bar and Shot Glasses are attractive, functional and ideal for hotels, bars and restaurants.\n•Durable and consistent level of quality manufactured glass with excellent clarity\n•Beaded rim ensures strength on vulnerable edges, minimising chipping and lengthens lifespan\n•Vintage design great for unique cocktail presentation","Each",null,"9","9","10","0.00081",{"v":0.36,"d":"0.360"},"05020403171539",4,"19","19","11","0.00397","1.44",1.583,"05020403171546",24,"40","20","35.5","0.02840","8.64",{"v":9.5,"d":"9.500"},null,864,"https://files.plytix.com/api/v1.1/file/public_files/pim/assets/8a/8d/8f/62/628f8d8abb3a1aaaf0e8f149/images/02/a1/e3/63/63e3a10285a98813e4510b42/TH_STA320.jpg","https://files.plytix.com/api/v1.1/file/public_files/pim/assets/8a/8d/8f/62/628f8d8abb3a1aaaf0e8f149/images/48/63/4d/63/634d6348d2fc4cd04d950c3a/STA320.jpg",null,"https://www.nevilleuk.com/products/STA320_","GR25-1","COR360|AST340"]
["SVB1008","Serving Fry Basket Rectangular 10 X 8 X 7.5cm","Handle Length: 8.5cm",11.58,6,"Table Presentation>Stainless Steel Serving Baskets",{"$nulls":3},185,80,120,{"v":0.16,"d":"0.160"},{"v":0.16,"d":"0.160"},null,null,"Stainless Steel-304,Stainless Steel-430","7323930090","China",null,null,"Yes",{"$nulls":7},"No","No","\n•Made From Stainless Steel\n•Miniature Fry Basket Design\n•Great For Presenting Individual Side Dishes","GenWare Stainless Steel Serving Baskets are a fun and easy way to spice up your food presentation. The baskets are perfect for serving chips, sides or tapas style dishes. Combine with our greaseproof paper, serving boards, trays and slate platters to provide a real wow factor.\n•A more stylish, sophisticated way of presenting sides\n•To prolong the life of the product, use in conjunction with greaseproof paper","Each",null,"18.5","8","12","0.00178",{"v":0.16,"d":"0.160"},"05020403539773",6,"31","18","9.5","0.00530","0.96",{"v":0.9,"d":"0.900"},"05020403539780",48,"38","33","44","0.05518","7.68",{"v":8.6,"d":"8.600"},null,864,"https://files.plytix.com/api/v1.1/file/public_files/pim/assets/8a/8d/8f/62/628f8d8abb3a1aaaf0e8f149/images/2c/a2/e3/63/63e3a22cb8148bfc97a49da7/TH_SVB1008.jpg","https://files.plytix.com/api/v1.1/file/public_files/pim/assets/8a/8d/8f/62/628f8d8abb3a1aaaf0e8f149/images/b9/4e/4d/63/634d4eb9c83cc392ccfcae0e/SVB1008.jpg|https://files.plytix.com/api/v1.1/file/public_files/pim/assets/8a/8d/8f/62/628f8d8abb3a1aaaf0e8f149/images/bb/4e/4d/63/634d4ebbc83cc392ccfcae0f/SVB1008_A.jpg",null,"https://www.nevilleuk.com/products/SVB1008_",null,"SVBR09|SVB1210"]
["SVB10","Serving Fry Basket Square 9.5X9.5X6cm","Handle Length: 8.5cm",12.36,6,"Table Presentation>Stainless Steel Serving Baskets",{"$nulls":3},180,102,114,{"v":0.18,"d":"0.180"},{"v":0.18,"d":"0.180"},null,null,"Stainless Steel-201,Stainless Steel-430","7323930090","China",null,null,"Yes",{"$nulls":7},"No","No","\n•Made From Stainless Steel\n•Miniature Fry Basket Design\n•Great For Presenting Individual Side Dishes","GenWare Stainless Steel Serving Baskets are a fun and easy way to spice up your food presentation. The baskets are perfect for serving chips, sides or tapas style dishes. Combine with our greaseproof paper, serving boards, trays and slate platters to provide a real wow factor.\n•A more stylish, sophisticated way of presenting sides\n•To prolong the life of the product, use in conjunction with greaseproof paper","Each",null,"18","10.2","11.4","0.00209",{"v":0.18,"d":"0.180"},"05020403555667",6,"21.5","26","12","0.00671","1.08",1.405,"05020403555551",48,"49","27","53","0.07012","8.64",{"v":11.69,"d":"11.690"},null,720,"https://files.plytix.com/api/v1.1/file/public_files/pim/assets/8a/8d/8f/62/628f8d8abb3a1aaaf0e8f149/images/2c/a2/e3/63/63e3a22c85a98813e4510ba8/TH_SVB10.jpg","https://files.plytix.com/api/v1.1/file/public_files/pim/assets/8a/8d/8f/62/628f8d8abb3a1aaaf0e8f149/images/b3/4e/4d/63/634d4eb3c83cc392ccfcae0c/SVB10.jpg|https://files.plytix.com/api/v1.1/file/public_files/pim/assets/8a/8d/8f/62/628f8d8abb3a1aaaf0e8f149/images/b7/4e/4d/63/634d4eb72fc607028a3d7760/SVB10_A.jpg",null,"https://www.nevilleuk.com/products/SVB10_",null,"SVB1008"]
["SPWD13","Dark Wood Salt/ Pepper Grinder 13cm","13cm/5\" (H)",{"v":21.3,"d":"21.30"},6,"Table Service>Salt & Pepper Grinders & Shakers",{"$nulls":3},55,55,130,0.135,0.135,null,null,"Aluminium,Rubber Wood","6911100010","China",null,null,"No",{"$nulls":7},"Yes","No","\n•Made From Rubber Wood\n•Features High Quality Ceramic Grinding Mechanism\n•Adjustable Grind\n•Suitable For Salt And Pepper\n•Supplied With Engraved Knobs","Explore the extensive range of GenWare Salt and Pepper Grinders and Shakers, designed to enhance your tabletop presentation while offering exceptional functionality. Available in a variety of materials, styles, colours, and sizes, our collection allows you to find the perfect match to your restaurant’s theme and ambiance.\n•Premium Materials: Crafted from high-quality rubberwood, offering a natural and stylish touch to your table setting\n•Durable Ceramic Mechanism: Built to last, the ceramic grinding mechanism is suitable for both salt crystals and peppercorns, ensuring consistent performance and resisting corrosion\n•Adjustable Grinding: Easily customise the coarseness of your salt and pepper to suit various culinary needs\n•'S' and 'P' Knobs: Supplied with both 'S' and 'P' engraved knobs, allowing you to easily distinguish between salt and pepper for added convenience\n•Spares: Spare knobs available here ﻿Do not overtighten the knob as this will affect the mechanism from working","Each",null,"5.5","5.5","13","0.00039",0.135,"05020403082484",6,"18","12","14","0.00302","0.81",0.924,"05020403082491",24,"26","19","30","0.01482","3.24",{"v":3.7,"d":"3.700"},null,1536,"https://files.plytix.com/api/v1.1/file/public_files/pim/assets/8a/8d/8f/62/628f8d8abb3a1aaaf0e8f149/images/c7/a1/e3/63/63e3a1c77e82ccf21c8827e7/TH_SPWD13.jpg","https://files.plytix.com/api/v1.1/file/public_files/pim/assets/8a/8d/8f/62/628f8d8abb3a1aaaf0e8f149/images/14/6f/4d/63/634d6f14d2fc4cd04d950d89/SPWD13.jpg|https://files.plytix.com/api/v1.1/file/public_files/pim/assets/8a/8d/8f/62/628f8d8abb3a1aaaf0e8f149/images/16/6f/4d/63/634d6f16c83cc392ccfcb1b5/SPWD13_A.jpg","https://files.plytix.com/api/v1.1/file/public_files/pim/assets/8a/8d/8f/62/628f8d8abb3a1aaaf0e8f149/images/cd/26/72/63/637226cd843e49e517930298/LFST0418149.jpg|https://files.plytix.com/api/v1.1/file/public_files/pim/assets/8a/8d/8f/62/628f8d8abb3a1aaaf0e8f149/images/a5/26/72/63/637226a566ea88ac987355b5/LFST0418148.jpg|https://files.plytix.com/api/v1.1/file/public_files/pim/assets/8a/8d/8f/62/628f8d8abb3a1aaaf0e8f149/images/71/26/72/63/6372267166ea88ac987355b3/LFST0418147.jpg","https://www.nevilleuk.com/products/SPWD13_","SPKNOBS|SPKNOBS-C|SPKNOBS-GD|WSPGRS","SPWD13GR|SPWD10|SPWD13A|SPWD13W|SPWD13L|SPWD13G|SPWD13BL|SPWD13R|SPLND12C|SPWD13DGR|SPWDG13L|SPWDG13W"]
["SPWD10A","Antique Finish Salt/ Pepper Grinder 10cm","10cm/4\" (H)",20.72,6,"Table Service>Salt & Pepper Grinders & Shakers",{"$nulls":3},50,50,102,{"v":0.09,"d":"0.090"},{"v":0.09,"d":"0.090"},null,null,"Aluminium,Rubber Wood","6911100010","China",null,null,"No",{"$nulls":7},"Yes","No","\n•Made From Rubber Wood\n•Features High Quality Ceramic Grinding Mechanism\n•Adjustable Grind\n•Suitable For Salt And Pepper\n•Supplied With Engraved Knobs","Explore the extensive range of GenWare Salt and Pepper Grinders and Shakers, designed to enhance your tabletop presentation while offering exceptional functionality. Available in a variety of materials, styles, colours, and sizes, our collection allows you to find the perfect match to your restaurant’s theme and ambiance.\n•Premium Materials: Crafted from high-quality rubberwood, offering a natural and stylish touch to your table setting\n•Antique Finish:&nbsp;The rubberwood body features a stunning antique finish, adding character and a vintage charm to your tabletop\n•Durable Ceramic Mechanism: Built to last, the ceramic grinding mechanism is suitable for both salt crystals and peppercorns, ensuring consistent performance and resisting corrosion\n•Adjustable Grinding: Easily customise the coarseness of your salt and pepper to suit various culinary needs\n•'S' and 'P' Knobs: Supplied with both 'S' and 'P' engraved knobs, allowing you to easily distinguish between salt and pepper for added convenience\n•Spares: Spare knobs available here ﻿Do not overtighten the knob as this will affect the mechanism from working","Each",null,"5","5","10.2","0.00026",{"v":0.09,"d":"0.090"},"05020403081326",6,"17","11.5","11","0.00215","0.54",0.031,"05020403081333",48,"34.5","25","25","0.02156","4.32",{"v":5.3,"d":"5.300"},null,2400,"https://files.plytix.com/api/v1.1/file/public_files/pim/assets/8a/8d/8f/62/628f8d8abb3a1aaaf0e8f149/images/c6/a1/e3/63/63e3a1c67e82ccf21c8827e6/TH_SPWD10A.jpg","https://files.plytix.com/api/v1.1/file/public_files/pim/assets/8a/8d/8f/62/628f8d8abb3a1aaaf0e8f149/images/0b/6f/4d/63/634d6f0b043e790243e2dcc4/SPWD10A.jpg",null,"https://www.nevilleuk.com/products/SPWD10A_","SPKNOBS|SPKNOBS-C|SPKNOBS-GD","SPWD10W|SPWD10|SPWD10DGR"]
["SVCH8C","Stainless Steel Serving Cup 8.5 x 8.5cm Hammered Copper","42cl/14.8oz",11.22,12,"Table Presentation>Hammer Coated Presentation Items",{"$nulls":3},84,84,80,{"v":0.15,"d":"0.150"},{"v":0.15,"d":"0.150"},{"v":42,"d":"42.00"},"14.8","Copper Plating,Stainless Steel-430","7323930090","China",null,null,"No",{"$nulls":7},"No","No","\n•Made From Stainless Steel\n•Features An Antique Copper Hammer Coating\n•Great For Individual Side Dishes\n•Stackable","\n•A textured antique coating for a more premium look\n•Perfect for side dishes","Each",null,"8.4","8.4","8","0.00056",{"v":0.15,"d":"0.150"},"05020403113508",12,"19","10","24","0.00456","1.8",{"v":2.25,"d":"2.250"},"05020403094388",48,"40","22","25.5","0.02244","7.2",{"v":9,"d":"9.000"},null,2400,"https://files.plytix.com/api/v1.1/file/public_files/pim/assets/8a/8d/8f/62/628f8d8abb3a1aaaf0e8f149/images/33/a2/e3/63/63e3a2336c1a60a323c6fd89/TH_SVCH8C.jpg","https://files.plytix.com/api/v1.1/file/public_files/pim/assets/8a/8d/8f/62/628f8d8abb3a1aaaf0e8f149/images/11/52/4d/63/634d5211c83cc392ccfcae48/SVCH8C.jpg",null,"https://www.nevilleuk.com/products/SVCH8C_",null,"SVCH8S|SVCH8GD"]
["SVCA10C","Copper Plated Angled Cone 9.5 x 11.6cm (Dia x H)","8.1 x 11.6 x 7.7 x 9.5cm (Front H x Back H x Base Dia x Top Dia) - 47cl/16.5oz",14.06,12,"Table Presentation>Serving Cups & Cones",{"$nulls":3},94,94,115,0.121,0.121,{"v":47,"d":"47.00"},"16.5","Copper Plating,Stainless Steel-Grade 5","7323930090","India",null,null,"No",{"$nulls":7},"No","No","\n•Made From Stainless Steel\n•Copper Plated Coating\n•Great For Individual Side Dishes\n•Stackable","GenWare Angled Cones are great for serving appetisers and sides such as fries and onion rings. It provides the perfect Gastro-pub look and can be used alone or with greaseproof paper.\n•A more stylish, sophisticated way of presenting sides\n•On trend copper finish\n•This product is supplied with care and guidance instructions","Each",null,"9.4","9.4","11.5","0.00102",0.121,"05020403111863",12,"10","10","47","0.00470","1.452",{"v":1.74,"d":"1.740"},"05020403094791",96,"42","21","50","0.04410","11.616",{"v":14,"d":"14.000"},null,2880,"https://files.plytix.com/api/v1.1/file/public_files/pim/assets/8a/8d/8f/62/628f8d8abb3a1aaaf0e8f149/images/33/a2/e3/63/63e3a233ef480f1922ba7018/TH_SVCA10C.jpg","https://files.plytix.com/api/v1.1/file/public_files/pim/assets/8a/8d/8f/62/628f8d8abb3a1aaaf0e8f149/images/c0/55/4d/63/634d55c0043e790243e2d987/SVCA10C.jpg","https://files.plytix.com/api/v1.1/file/public_files/pim/assets/8a/8d/8f/62/628f8d8abb3a1aaaf0e8f149/images/89/61/6b/63/636b61893846764c18770b4a/TL_LFST01220138.jpg|https://files.plytix.com/api/v1.1/file/public_files/pim/assets/8a/8d/8f/62/628f8d8abb3a1aaaf0e8f149/images/2f/56/52/63/6352562f2e6f22d35d7da248/LFST01220130.jpg","https://www.nevilleuk.com/products/SVCA10C_",null,"SVHA10|SVCA10|SVHA10C"]
["SSB16","Stainless Steel Serving Bucket 16cm Dia","16 x 14cm (Dia x H) - 2.1L/74oz",{"v":9.4,"d":"9.40"},1,"Table Presentation>Serving Buckets",{"$nulls":3},174,159,142,{"v":0.23,"d":"0.230"},{"v":0.23,"d":"0.230"},{"v":210,"d":"210.00"},"73.9","Stainless Steel-430","7323930090","China",null,null,"No",{"$nulls":7},"No","No","\n•Made From Stainless Steel\n•Great As Table Tidy Or Beer Bucket\n•Also Suitable For Buffet Displays\n•Stackable","GenWare Large Serving Buckets can be used to serve large sharing platters or can be used as an ice bucket to chill beverages. It provides the perfect Gastro-pub look and can be used alone or with greaseproof paper.\n•A variety of uses from wine bucket, to riser, to food presentation\n•Handle is for aesthetic purposes only and not for lifting","Each","5020403098553","17.4","15.9","14.2","0.00393",{"v":0.23,"d":"0.230"},{"$nulls":8},"05020403098560",48,"51","36.5","36","0.06701","11.04",{"v":12.2,"d":"12.200"},null,576,"https://files.plytix.com/api/v1.1/file/public_files/pim/assets/8a/8d/8f/62/628f8d8abb3a1aaaf0e8f149/images/ce/a1/e3/63/63e3a1ceca3e273978494930/TH_SSB16.jpg","https://files.plytix.com/api/v1.1/file/public_files/pim/assets/8a/8d/8f/62/628f8d8abb3a1aaaf0e8f149/images/a7/4b/4d/63/634d4ba7d2fc4cd04d9508f6/SSB16.jpg",null,"https://www.nevilleuk.com/products/SSB16_",null,"SSB16W|SSB16BK|SSB16R"]
["SRD14V","GenWare Vintage Steel Round Dish 13.5 x 3.75cm","13.5 x 3.75cm (Dia x H) 46cl/16oz",19.82,6,"Table Presentation>Vintage Steel",{"$nulls":3},190,160,60,{"v":0.28,"d":"0.280"},{"v":0.28,"d":"0.280"},{"v":46,"d":"46.00"},"16.2","Stainless Steel-202","7323930090","India",null,250,"Yes","Yes","No",{"$nulls":5},"No","No","\n•Durable Stainless Steel\n•Industrial Vintage Finish\n•Stylish Brass Handles\n•Versatile Presentation\n•Dishwasher Safe","Add a touch of bold, industrial flair to your food presentation with our Vintage Steel Collection.The attractive brass handles add a sophisticated touch, elevating casual dining to a premium experience.Crafted from high-quality stainless steel with a distinctive vintage finish, this collection combines durability and style, offering a unique, industrial finish that enhances any dish. Perfect for both casual and upscale dining settings, these pieces provide a sophisticated yet rugged look that complements a variety of cuisines.\n•Durable Stainless Steel: Provides long-lasting strength, ideal for high-use environments\n•Industrial Vintage Design: A striking, modern aesthetic that brings a rugged charm to any table setting\n•Safe for Direct Food Contact: Crafted from food-safe materials, ensuring safe and hygienic service\n•Stylish Brass Handles: Adds a premium touch, enhancing casual and upscale dining presentations\n•Perfect for Small Dishes and Sides: Ideal for serving tapas, side dishes, desserts, and individual portions\n•Versatile Presentation: Pairs beautifully with ceramic or wooden serving boards for a premium look\n•Perfect for Casual and Premium Dining: Ideal for restaurants, gastropubs, and sharing style service\n•Dishwasher Safe: Easy to clean and maintain","Each",null,"19","16","6","0.00182",{"v":0.28,"d":"0.280"},"05020403115649",6,"16","16","18","0.00461","1.68",1.725,"05020403115656",24,"34","18","38","0.02326","6.72",{"v":6.9,"d":"6.900"},null,720,"https://files.plytix.com/api/v1.1/file/public_files/pim/assets/8a/8d/8f/62/628f8d8abb3a1aaaf0e8f149/images/cb/a1/e3/63/63e3a1cbb8148bfc97a49d90/TH_SRD14V.jpg","https://files.plytix.com/api/v1.1/file/public_files/pim/assets/8a/8d/8f/62/628f8d8abb3a1aaaf0e8f149/images/40/59/4d/63/634d5940c83cc392ccfcaf51/SRD14V.jpg","https://files.plytix.com/api/v1.1/file/public_files/pim/assets/8a/8d/8f/62/628f8d8abb3a1aaaf0e8f149/images/57/6f/b4/66/66b46f57b9c47406c25ce822/LFST0924156.jpg","https://www.nevilleuk.com/products/SRD14V_",null,"SRD16V|SCD12V"]
["SSD21V","GenWare Vintage Steel Oval Dish 20.75 x 15.75cm","20.75 x 15.75 x 3.75cm (L x W x H) - 70cl/24.6oz",22.04,6,"Table Presentation>Vintage Steel",{"$nulls":3},255,160,50,0.304,0.304,{"v":70,"d":"70.00"},"24.6","Stainless Steel-201","7323930090","India",null,250,"Yes","Yes",{"$nulls":6},"No","No","\n•Durable Stainless Steel\n•Industrial Vintage Finish\n•Stylish Brass Handles\n•Versatile Presentation\n•Dishwasher Safe","Add a touch of bold, industrial flair to your food presentation with our Vintage Steel Collection.The attractive brass handles add a sophisticated touch, elevating casual dining to a premium experience.Crafted from high-quality stainless steel with a distinctive vintage finish, this collection combines durability and style, offering a unique, industrial finish that enhances any dish. Perfect for both casual and upscale dining settings, these pieces provide a sophisticated yet rugged look that complements a variety of cuisines.\n•Durable Stainless Steel: Provides long-lasting strength, ideal for high-use environments\n•Industrial Vintage Design: A striking, modern aesthetic that brings a rugged charm to any table setting\n•Safe for Direct Food Contact: Crafted from food-safe materials, ensuring safe and hygienic service\n•Stylish Brass Handles: Adds a premium touch, enhancing casual and upscale dining presentations\n•Perfect for Small Dishes and Sides: Ideal for serving tapas, side dishes, desserts, and individual portions\n•Versatile Presentation: Pairs beautifully with ceramic or wooden serving boards for a premium look\n•Perfect for Casual and Premium Dining: Ideal for restaurants, gastropubs, and sharing style service\n•Dishwasher Safe: Easy to clean and maintain","Each",null,"25.5","16","5","0.00204",0.304,"05020403115342",6,"24","17","15.5","0.00632","1.824",2.175,"05020403115359",24,"36","28","33","0.03326","7.296",{"v":8.7,"d":"8.700"},null,576,"https://files.plytix.com/api/v1.1/file/public_files/pim/assets/8a/8d/8f/62/628f8d8abb3a1aaaf0e8f149/images/d2/a1/e3/63/63e3a1d27e82ccf21c8827f0/TH_SSD21V.jpg","https://files.plytix.com/api/v1.1/file/public_files/pim/assets/8a/8d/8f/62/628f8d8abb3a1aaaf0e8f149/images/48/59/4d/63/634d5948043e790243e2d9dc/SSD21V.jpg|https://files.plytix.com/api/v1.1/file/public_files/pim/assets/8a/8d/8f/62/628f8d8abb3a1aaaf0e8f149/images/c7/2a/82/68/68822ac703c05567ef5f9f3f/SSD21V_A.jpg","https://files.plytix.com/api/v1.1/file/public_files/pim/assets/8a/8d/8f/62/628f8d8abb3a1aaaf0e8f149/images/1c/6f/b4/66/66b46f1c849b5d97e56692dd/LFST0924138.jpg","https://www.nevilleuk.com/products/SSD21V_","110628","SSD24V|SSD16V|SSD18V"]
["SSD18V","GenWare Vintage Steel Oval Dish 18.5 x 13.5cm","18.5 x 13.5 x 3.25cm (L x W x H) - 50cl/17.6oz",18.72,6,"Table Presentation>Vintage Steel",{"$nulls":3},87,140,32,{"v":0.24,"d":"0.240"},{"v":0.24,"d":"0.240"},{"v":50,"d":"50.00"},"17.6","Stainless Steel-202","7323930090","India",null,250,"Yes","Yes",{"$nulls":6},"No","No","\n•Durable Stainless Steel\n•Industrial Vintage Finish\n•Stylish Brass Handles\n•Versatile Presentation\n•Dishwasher Safe","Add a touch of bold, industrial flair to your food presentation with our Vintage Steel Collection.The attractive brass handles add a sophisticated touch, elevating casual dining to a premium experience.Crafted from high-quality stainless steel with a distinctive vintage finish, this collection combines durability and style, offering a unique, industrial finish that enhances any dish. Perfect for both casual and upscale dining settings, these pieces provide a sophisticated yet rugged look that complements a variety of cuisines.\n•Durable Stainless Steel: Provides long-lasting strength, ideal for high-use environments\n•Industrial Vintage Design: A striking, modern aesthetic that brings a rugged charm to any table setting\n•Safe for Direct Food Contact: Crafted from food-safe materials, ensuring safe and hygienic service\n•Stylish Brass Handles: Adds a premium touch, enhancing casual and upscale dining presentations\n•Perfect for Small Dishes and Sides: Ideal for serving tapas, side dishes, desserts, and individual portions\n•Versatile Presentation: Pairs beautifully with ceramic or wooden serving boards for a premium look\n•Perfect for Casual and Premium Dining: Ideal for restaurants, gastropubs, and sharing style service\n•Dishwasher Safe: Easy to clean and maintain","Each",null,"8.7","14","3.2","0.00039",{"v":0.24,"d":"0.240"},"05020403115250",6,"24","15","14","0.00504","1.44",1.875,"05020403115267",24,"36","26","30","0.02808","5.76",{"v":7.5,"d":"7.500"},null,648,"https://files.plytix.com/api/v1.1/file/public_files/pim/assets/8a/8d/8f/62/628f8d8abb3a1aaaf0e8f149/images/d2/a1/e3/63/63e3a1d27e82ccf21c8827ef/TH_SSD18V.jpg","https://files.plytix.com/api/v1.1/file/public_files/pim/assets/8a/8d/8f/62/628f8d8abb3a1aaaf0e8f149/images/47/59/4d/63/634d5947c83cc392ccfcaf52/SSD18V.jpg|https://files.plytix.com/api/v1.1/file/public_files/pim/assets/8a/8d/8f/62/628f8d8abb3a1aaaf0e8f149/images/c2/2a/82/68/68822ac20d779e27ece5dd40/SSD18V_A.jpg","https://files.plytix.com/api/v1.1/file/public_files/pim/assets/8a/8d/8f/62/628f8d8abb3a1aaaf0e8f149/images/27/6f/b4/66/66b46f2729eaab66dc97d505/LFST0924141.jpg","https://www.nevilleuk.com/products/SSD18V_","110625","SSD24V|SSD16V|SSD21V|SSD18BKV"]
["SS-SQ","Genware Square Soup Spoon 18/0 (Dozen)","18/0 Stainless Steel - 179mm (L)",28.54,1,"Cutlery>Square",{"$nulls":3},180,50,50,{"v":0.68,"d":"0.680"},{"v":0.68,"d":"0.680"},null,null,"Stainless Steel-18/0","8215103000","China",null,null,"Yes",{"$nulls":7},"No","No","\n•18/0 Stainless Steel\n•3.0mm Gauge\n•Highly Polished Finish\n•Contemporary Pattern","GenWare Cutlery offers an ideal combination of performance, style and value. We have eight unique premium patterns, exclusive to the GenWare Cutlery range, designed to encapsulate innovation and functionality. These patterns (all of which are 18/0 stainless steel and highly polished) provide an eclectic mix of styles; from elegant sophistication through to strong and robust handling. In addition, GenWare Parish Cutlery is hand polished offering excellent resistance to staining and pitting, while our Millennium Cutlery provides good cutting blades for volume users.\n•Design developed for GenWare by Neil Jeffree MA\n•Unique design developed for GenWare that feels more robust, with wide sections and soft curves\n•Superb highly polished 18/0 stainless steel provides high resistance to staining and pitting and maintains an excellent finish\n•High quality 18/0 stainless steel with competitive pricing and more cost effective. Great for magnetic cutlery catching  systems\n•Excellent product fit for purpose that is strong and robust combining style, performance and value","Dozen","5020403523345","18","5","5","0.00045",{"v":0.68,"d":"0.680"},{"$nulls":8},"05020403523352",25,"26","20","27","0.01404","16.997",{"v":17.1,"d":"17.100"},null,700,"https://files.plytix.com/api/v1.1/file/public_files/pim/assets/8a/8d/8f/62/628f8d8abb3a1aaaf0e8f149/images/ff/a0/e3/63/63e3a0ff85a98813e4510b40/TH_SS-SQ.jpg","https://files.plytix.com/api/v1.1/file/public_files/pim/assets/8a/8d/8f/62/628f8d8abb3a1aaaf0e8f149/images/15/6d/4d/63/634d6d152e6f22d35d7d4e9f/SS-SQ.jpg|https://files.plytix.com/api/v1.1/file/public_files/pim/assets/8a/8d/8f/62/628f8d8abb3a1aaaf0e8f149/images/85/ac/b4/66/66b4ac85c7b5936d26a0660e/SS-SQ_A.jpg",null,"https://www.nevilleuk.com/products/SS-SQ_","DF-SQ|DK-SQ|DS-SQ|TF-SQ|TK-SQ"]
["SMF18V","GenWare Vintage Steel Mini Fry Pan 18 x 4.25cm","18 x 4.25cm (Dia x H) - 90cl/31.7oz",22.24,6,"Table Presentation>Vintage Steel",{"$nulls":3},185,145,50,{"v":0.32,"d":"0.320"},{"v":0.35,"d":"0.350"},{"v":90,"d":"90.00"},"31.7","Stainless Steel-202","7323930090","India",null,250,"Yes","Yes",{"$nulls":6},"No","No","\n•Durable Stainless Steel\n•Industrial Vintage Finish\n•Stylish Brass Handles\n•Versatile Presentation\n•Dishwasher Safe","Add a touch of bold, industrial flair to your food presentation with our Vintage Steel Collection.The attractive brass handles add a sophisticated touch, elevating casual dining to a premium experience.Crafted from high-quality stainless steel with a distinctive vintage finish, this collection combines durability and style, offering a unique, industrial finish that enhances any dish. Perfect for both casual and upscale dining settings, these pieces provide a sophisticated yet rugged look that complements a variety of cuisines.\n•Durable Stainless Steel: Provides long-lasting strength, ideal for high-use environments\n•Industrial Vintage Design: A striking, modern aesthetic that brings a rugged charm to any table setting\n•Safe for Direct Food Contact: Crafted from food-safe materials, ensuring safe and hygienic service\n•Stylish Brass Handles: Adds a premium touch, enhancing casual and upscale dining presentations\n•Perfect for Small Dishes and Sides: Ideal for serving tapas, side dishes, desserts, and individual portions\n•Versatile Presentation: Pairs beautifully with ceramic or wooden serving boards for a premium look\n•Perfect for Casual and Premium Dining: Ideal for restaurants, gastropubs, and sharing style service\n•Dishwasher Safe: Easy to clean and maintain","Each",null,"18.5","14.5","5","0.00134",{"v":0.35,"d":"0.350"},"05020403115311",6,"37.9","21.5","15.5","0.01263","1.92",{"v":2.8,"d":"2.800"},"05020403115328",24,"45","40","32","0.05760","7.68",{"v":11.2,"d":"11.200"},null,720,"https://files.plytix.com/api/v1.1/file/public_files/pim/assets/8a/8d/8f/62/628f8d8abb3a1aaaf0e8f149/images/9f/a1/e3/63/63e3a19f235b816689db7613/TH_SMF18V.jpg","https://files.plytix.com/api/v1.1/file/public_files/pim/assets/8a/8d/8f/62/628f8d8abb3a1aaaf0e8f149/images/33/59/4d/63/634d5933d2fc4cd04d950a4a/SMF18V.jpg","https://files.plytix.com/api/v1.1/file/public_files/pim/assets/8a/8d/8f/62/628f8d8abb3a1aaaf0e8f149/images/54/61/52/63/63526154043e790243e358b7/LFST0721058.jpg|https://files.plytix.com/api/v1.1/file/public_files/pim/assets/8a/8d/8f/62/628f8d8abb3a1aaaf0e8f149/images/72/61/52/63/635261722fc607028a3dc6b8/LFST0721067.jpg","https://www.nevilleuk.com/products/SMF18V_",null,"SMF15V|SMF13V"]
["SPLND12","London Salt/ Pepper Grinder 12cm","5.7 x 12.1cm (Dia x H)",22.62,6,"Table Service>Salt & Pepper Grinders & Shakers",{"$nulls":3},57,57,120,0.126,0.126,null,null,"Plastic-Polystyrene,Beech Wood,Stainless Steel-430","6911100010","China",null,null,"No",{"$nulls":7},"Yes","No","\n•Made From Beech Wood\n•Features High Quality Ceramic Grinding Mechanism\n•Adjustable Grind\n•Suitable For Salt And Pepper\n•Supplied With Engraved Knobs","Explore the extensive range of GenWare Salt and Pepper Grinders and Shakers, designed to enhance your tabletop presentation while offering exceptional functionality. Available in a variety of materials, styles, colours, and sizes, our collection allows you to find the perfect match to your restaurant’s theme and ambiance.\n•Premium Materials: Crafted from durable and natural beechwood for a timeless and elegant look\n•Sophisticated Stainless Steel Detailing:&nbsp;Features a brushed stainless steel head and trim, adding a touch of luxury and style to your tabletop\n•Durable Ceramic Mechanism: Built to last, the ceramic grinding mechanism is suitable for both salt crystals and peppercorns, ensuring consistent performance and resisting corrosion\n•Adjustable Grinding: Easily customise the coarseness of your salt and pepper to suit various culinary needs\n•'S' and 'P' Knobs: Supplied with both 'S' and 'P' engraved knobs, allowing you to easily distinguish between salt and pepper for added convenience\n•Spares: Spare knobs available here ﻿Do not overtighten the knob as this will affect the mechanism from working","Each",null,"5.7","5.7","12","0.00039",0.126,"05020403085478",6,"18.5","13","14","0.00337","0.756",0.874,"05020403085485",24,"27.3","20.3","29.8","0.01651","3.024",{"v":3.5,"d":"3.500"},null,1440,"https://files.plytix.com/api/v1.1/file/public_files/pim/assets/8a/8d/8f/62/628f8d8abb3a1aaaf0e8f149/images/c1/a1/e3/63/63e3a1c1295ed2968cef9726/TH_SPLND12.jpg","https://files.plytix.com/api/v1.1/file/public_files/pim/assets/8a/8d/8f/62/628f8d8abb3a1aaaf0e8f149/images/ff/6e/4d/63/634d6eff2fc607028a3d79ca/SPLND12.jpg","https://files.plytix.com/api/v1.1/file/public_files/pim/assets/8a/8d/8f/62/628f8d8abb3a1aaaf0e8f149/images/9c/57/51/63/6351579c389e23d05c36659b/LFST1022155.jpg|https://files.plytix.com/api/v1.1/file/public_files/pim/assets/8a/8d/8f/62/628f8d8abb3a1aaaf0e8f149/images/08/4a/5b/64/645b4a0882773f5b01e0f3d6/LFST0723715.jpg|https://files.plytix.com/api/v1.1/file/public_files/pim/assets/8a/8d/8f/62/628f8d8abb3a1aaaf0e8f149/images/1b/4a/5b/64/645b4a1bed9b5b5d32535fed/LFST0723719.jpg|https://files.plytix.com/api/v1.1/file/public_files/pim/assets/8a/8d/8f/62/628f8d8abb3a1aaaf0e8f149/images/17/4a/5b/64/645b4a17a76194547e3b5fba/LFST0723718.jpg|https://files.plytix.com/api/v1.1/file/public_files/pim/assets/8a/8d/8f/62/628f8d8abb3a1aaaf0e8f149/images/13/4a/5b/64/645b4a13332284ca4dfde8b8/LFST0723717.jpg|https://files.plytix.com/api/v1.1/file/public_files/pim/assets/8a/8d/8f/62/628f8d8abb3a1aaaf0e8f149/images/1f/4a/5b/64/645b4a1fc4a915dbd1bada09/LFST0723720.jpg|https://files.plytix.com/api/v1.1/file/public_files/pim/assets/8a/8d/8f/62/628f8d8abb3a1aaaf0e8f149/images/e8/49/5b/64/645b49e882773f5b01e0f3c9/LFST0723710.jpg","https://www.nevilleuk.com/products/SPLND12_","WSPGRS","SPLND12C|SPLND12GD|SPGRC14|SPWD13|SPWD10"]
["SPKNOBS","Engraved Knobs For Salt And Pepper Grinders 6pcs","(3 x S's and 3 x P's)",5.44,1,"Spares>Table Service Spares",{"$nulls":3},70,100,10,{"v":0.01,"d":"0.010"},{"v":0.01,"d":"0.010"},null,null,"Zinc Alloy","7907000010","China",null,null,"N/A",{"$nulls":7},"No","No","\n•Zinc Alloy","GenWare Salt and Pepper Grinder Knobs are available in different colours, giving you creative control of everything on your restaurants' table tops.\n•Compatible with 5\" coloured acrylic grinders and 4\" and 5\" wooden grinders","Each",null,"7","10","1","0.00007",{"v":0.01,"d":"0.010"},{"$nulls":8},"05020403085799",54,"16","15","19","0.00456","0.54",{"v":0.7,"d":"0.700"},null,54,"https://files.plytix.com/api/v1.1/file/public_files/pim/assets/8a/8d/8f/62/628f8d8abb3a1aaaf0e8f149/images/c1/a1/e3/63/63e3a1c1235b816689db7624/TH_SPKNOBS.jpg","https://files.plytix.com/api/v1.1/file/public_files/pim/assets/8a/8d/8f/62/628f8d8abb3a1aaaf0e8f149/images/1f/db/4f/63/634fdb1f389e23d05c364a7a/SPKNOBS.jpg|https://files.plytix.com/api/v1.1/file/public_files/pim/assets/8a/8d/8f/62/628f8d8abb3a1aaaf0e8f149/images/20/db/4f/63/634fdb202fc607028a3d9b6d/SPKNOBS_A.jpg|https://files.plytix.com/api/v1.1/file/public_files/pim/assets/8a/8d/8f/62/628f8d8abb3a1aaaf0e8f149/images/21/db/4f/63/634fdb21043e790243e3155d/SPKNOBS_B.jpg",null,"https://www.nevilleuk.com/products/SPKNOBS_","SPWH17|SPG17|SPBLK17"]
["SPWD10","Genware Dark Wood Salt Or Pepper Grinder 10cm","10cm/4\" (H)",13.06,6,"Table Service>Salt & Pepper Grinders & Shakers",{"$nulls":3},50,50,102,{"v":0.09,"d":"0.090"},{"v":0.09,"d":"0.090"},null,null,"Aluminium,Rubber Wood","6911100010","China",null,null,"No",{"$nulls":7},"Yes","No","\n•Made From Rubber Wood\n•Features High Quality Ceramic Grinding Mechanism\n•Adjustable Grind\n•Suitable For Salt And Pepper\n•Supplied With Engraved Knobs","Explore the extensive range of GenWare Salt and Pepper Grinders and Shakers, designed to enhance your tabletop presentation while offering exceptional functionality. Available in a variety of materials, styles, colours, and sizes, our collection allows you to find the perfect match to your restaurant’s theme and ambiance.\n•Premium Materials: Crafted from high-quality rubberwood, offering a natural and stylish touch to your table setting\n•Durable Ceramic Mechanism: Built to last, the ceramic grinding mechanism is suitable for both salt crystals and peppercorns, ensuring consistent performance and resisting corrosion\n•Adjustable Grinding: Easily customise the coarseness of your salt and pepper to suit various culinary needs\n•'S' and 'P' Knobs: Supplied with both 'S' and 'P' engraved knobs, allowing you to easily distinguish between salt and pepper for added convenience\n•Spares: Spare knobs available here ﻿Do not overtighten the knob as this will affect the mechanism from working","Each",null,"5","5","10.2","0.00026",{"v":0.09,"d":"0.090"},"05020403544326",6,"17","11.5","11","0.00215","0.54",0.663,"05020403544333",48,"34.5","25","25","0.02156","4.32",{"v":5.3,"d":"5.300"},null,2400,"https://files.plytix.com/api/v1.1/file/public_files/pim/assets/8a/8d/8f/62/628f8d8abb3a1aaaf0e8f149/images/c6/a1/e3/63/63e3a1c66c1a60a323c6fd65/TH_SPWD10.jpg","https://files.plytix.com/api/v1.1/file/public_files/pim/assets/8a/8d/8f/62/628f8d8abb3a1aaaf0e8f149/images/0b/6f/4d/63/634d6f0bd2fc4cd04d950d82/SPWD10.JPG|https://files.plytix.com/api/v1.1/file/public_files/pim/assets/8a/8d/8f/62/628f8d8abb3a1aaaf0e8f149/images/2a/db/4f/63/634fdb2a389e23d05c364a7d/SPWD10_RANGE.jpg","https://files.plytix.com/api/v1.1/file/public_files/pim/assets/8a/8d/8f/62/628f8d8abb3a1aaaf0e8f149/images/c4/a7/73/63/6373a7c48b0f3995f54778ef/LFST0119246.jpg","https://www.nevilleuk.com/products/SPWD10_","SPKNOBS|SPKNOBS-C|SPKNOBS-GD","SPGR10|57030|SPLND12C|SPWD10DGR"]
["SPD16BKV","GenWare Black Vintage Steel Pie Dish 16cm","16 x 12 x 3.5cm - 24cl/8.4oz",10.92,12,"Table Presentation>Black Vintage Steel",{"$nulls":3},155,120,35,{"v":0.1,"d":"0.100"},{"v":0.1,"d":"0.100"},{"v":24,"d":"24.00"},"8.4","PVD Coating,Stainless Steel-430","7323930090","China",null,250,"Yes","Yes","No",{"$nulls":5},"No","No","\n•Made From Stainless Steel\n•Industrial Vintage Finish\n•Durable Black PVD Coating\n•Great For Individual Side Dishes\n•Stackable","Add a touch of bold, industrial flair to your food presentation with our Black Vintage Steel Collection. Crafted from high-quality stainless steel with a distinctive black PVD coating, this collection combines durability and style, offering a unique, vintage-inspired finish that enhances any dish. Perfect for both casual and upscale dining settings, these pieces provide a sophisticated yet rugged look that complements a variety of cuisines.\n•Durable Stainless Steel: Provides long-lasting strength, ideal for high-use environments\n•Industrial Vintage Design: A striking, modern aesthetic that brings a rugged charm to any table setting\n•Durable Black PVD Coating: Matt finish that offers a contemporary look while being resistant to scratches and wear\n•Safe for Direct Food Contact: Crafted from food-safe materials, ensuring safe and hygienic service\n•Dishwasher Safe: Easy to clean and maintain","Each",null,"15.5","12","3.5","0.00065",{"v":0.1,"d":"0.100"},"05020403114468",12,"17","13","12.5","0.00276","1.2",1.463,"05020403114475",96,"36","29","28","0.02923","9.6",{"v":11.7,"d":"11.700"},null,3072,"https://files.plytix.com/api/v1.1/file/public_files/pim/assets/8a/8d/8f/62/628f8d8abb3a1aaaf0e8f149/images/bd/a1/e3/63/63e3a1bd1cb0c1e513221544/TH_SPD16BKV.jpg","https://files.plytix.com/api/v1.1/file/public_files/pim/assets/8a/8d/8f/62/628f8d8abb3a1aaaf0e8f149/images/fb/4a/4d/63/634d4afb2e6f22d35d7d4c19/SPD16BKV.jpg","https://files.plytix.com/api/v1.1/file/public_files/pim/assets/8a/8d/8f/62/628f8d8abb3a1aaaf0e8f149/images/d8/23/87/63/638723d819f4c32350eea952/LFST0422007.jpg|https://files.plytix.com/api/v1.1/file/public_files/pim/assets/8a/8d/8f/62/628f8d8abb3a1aaaf0e8f149/images/f0/65/52/63/635265f0d2fc4cd04d957e18/LFST0421_014.jpg","https://www.nevilleuk.com/products/SPD16BKV_",null,"SVH8BKV|SPD16V|SPD18V|SVC8BKV|SPD16CV|SPD16GDV"]
["SQBW32C","Squeeze Bottle Wide Neck Clear 32oz/ 94cl","94cl/32oz",4.04,6,"Kitchen & Utensils>Squeeze Bottles",{"$nulls":3},80,80,262,0.078,0.078,{"v":94,"d":"94.00"},"33.1","Plastic-Low Density Polyethylene","3924100090","China",null,null,"No",null,"No",{"$nulls":5},"No","No","\n•Made From Polyethylene\n•Features Screw Top Nozzle\n•Nozzle Can be Trimmed To Size\n•Wide Neck Design Makes Refilling Easier\n•Suitable For Various Condiments And Sauces","A comprehensive range of kitchenware and utensils, covering all of the requirements of the chef and professional caterer. Ranges have been developed with chefs, and are fit for purpose in a professional kitchen environment. Materials are selected to provide the optimum balance of resistance to wear, rigidity and value. Kitchenware and Utensils covers a broad range of essential catering products, including cutting boards, mixing bowls, tongs, ladles, colanders and scales.\n•Flexible, pe construction with screw top nozzle that can be trimmed to required size\n•Suitable for condiments and sauces or for decorating and drizzling\n•Opaque container so easier to identify contents\n•Wide neck for easy filling/refilling\n•Available in additional sizes","Each",null,"8","8","26.2","0.00168",0.078,"05020403112570",6,"25","17","28","0.01190","0.468",0.624,"05020403032533",120,"83","53","55.5","0.24414","9.36",{"v":12.5,"d":"12.500"},null,480,"https://files.plytix.com/api/v1.1/file/public_files/pim/assets/8a/8d/8f/62/628f8d8abb3a1aaaf0e8f149/images/cb/a1/e3/63/63e3a1cb295ed2968cef972d/TH_SQBW32C.jpg","https://files.plytix.com/api/v1.1/file/public_files/pim/assets/8a/8d/8f/62/628f8d8abb3a1aaaf0e8f149/images/48/61/4e/63/634e6148c83cc392ccfcc3c7/SQBW32C.jpg",null,"https://www.nevilleuk.com/products/SQBW32C_",null,"SQBW24C"]
["SQBW24C","Squeeze Bottle Wide Neck Clear 24oz/ 71cl","71cl/24oz",3.64,6,"Kitchen & Utensils>Squeeze Bottles",{"$nulls":3},69,69,262,{"v":0.06,"d":"0.060"},{"v":0.06,"d":"0.060"},{"v":71,"d":"71.00"},"25","Plastic-Low Density Polyethylene","3924100090","China",null,null,"No",null,"No",{"$nulls":5},"No","No","\n•Made From Polyethylene\n•Features Screw Top Nozzle\n•Nozzle Can be Trimmed To Size\n•Wide Neck Design Makes Refilling Easier\n•Suitable For Various Condiments And Sauces","A comprehensive range of kitchenware and utensils, covering all of the requirements of the chef and professional caterer. Ranges have been developed with chefs, and are fit for purpose in a professional kitchen environment. Materials are selected to provide the optimum balance of resistance to wear, rigidity and value. Kitchenware and Utensils covers a broad range of essential catering products, including cutting boards, mixing bowls, tongs, ladles, colanders and scales.\n•Flexible, pe construction with screw top nozzle that can be trimmed to required size\n•Suitable for condiments and sauces or for decorating and drizzling\n•Opaque container so easier to identify contents\n•Wide neck for easy filling/refilling\n•Available in additional sizes","Each",null,"6.9","6.9","26.2","0.00125",{"v":0.06,"d":"0.060"},"05020403539599",6,"21","15","27.5","0.00866","0.36",{"v":0.45,"d":"0.450"},"05020403032526",120,"73","44","58","0.18630","7.2",{"v":9,"d":"9.000"},null,720,"https://files.plytix.com/api/v1.1/file/public_files/pim/assets/8a/8d/8f/62/628f8d8abb3a1aaaf0e8f149/images/ca/a1/e3/63/63e3a1ca7e82ccf21c8827e8/TH_SQBW24C.jpg","https://files.plytix.com/api/v1.1/file/public_files/pim/assets/8a/8d/8f/62/628f8d8abb3a1aaaf0e8f149/images/47/61/4e/63/634e6147d2fc4cd04d951de3/SQBW24C.jpg",null,"https://www.nevilleuk.com/products/SQBW24C_",null,"SQBW32C|SQB24C|SQBW16C"]
["SSD16BKV","GenWare Black Vintage Steel Oval Dish 16.5 x 12.5cm","16.5 x 12.5 x 3 cm (L x W x H) - 35cl/12oz",29.88,6,"Table Presentation>Black Vintage Steel",{"$nulls":3},200,120,28,{"v":0.2,"d":"0.200"},{"v":0.2,"d":"0.200"},{"v":35,"d":"35.00"},"12.3","Stainless Steel","7323930090","India",null,250,"Yes","Yes","No",{"$nulls":5},"No","No","\n•Made from stainless steel featuring industrial vintage finish with black PVD coating\n•Safe for direct food contact\n•Features attractive brass handles\n•Perfect for upscale casual dining\n•Combines beautifully with white or reactive glazed ceramic\n•Great for presenting premium sides, starters and desserts","Add a touch of bold, industrial flair to your food presentation with our Black Vintage Steel Collection. The attractive brass handles add a sophisticated touch, elevating casual dining to a premium experience. Crafted from high-quality stainless steel with a distinctive black PVD coating, this collection combines durability and style, offering a unique, vintage-inspired finish that enhances any dish. Perfect for both casual and upscale dining settings, these pieces provide a sophisticated yet rugged look that complements a variety of cuisines.\n•Durable Stainless Steel: Provides long-lasting strength, ideal for high-use environments\n•Industrial Vintage Design: A striking, modern aesthetic that brings a rugged charm to any table setting\n•Durable Black PVD Coating: Matt finish that offers a contemporary look while being resistant to scratches and wear\n•Safe for Direct Food Contact: Crafted from food-safe materials, ensuring safe and hygienic service\n•Stylish Brass Handles: Adds a premium touch, enhancing casual and upscale dining presentations\n•Perfect for Small Dishes and Sides: Ideal for serving tapas, side dishes, desserts, and individual portions\n•Versatile Presentation: Pairs beautifully with ceramic or wooden serving boards for a premium look\n•Perfect for Casual and Premium Dining: Ideal for restaurants, gastropubs, and sharing style service\n•Dishwasher Safe: Easy to clean and maintain","Each",null,"20","12","2.8","0.00067",{"v":0.2,"d":"0.200"},"05020403116455",6,"20.5","12.7","13.5","0.00351","1.2",{"v":1.26,"d":"1.260"},"05020403116462",24,"26.5","23","28.5","0.01737","4.8",{"v":5.04,"d":"5.040"},null,1344,"https://files.plytix.com/api/v1.1/file/public_files/pim/assets/8a/8d/8f/62/628f8d8abb3a1aaaf0e8f149/images/d1/a1/e3/63/63e3a1d1b8148bfc97a49d97/TH_SSD16BKV.jpg","https://files.plytix.com/api/v1.1/file/public_files/pim/assets/8a/8d/8f/62/628f8d8abb3a1aaaf0e8f149/images/fd/4a/4d/63/634d4afdc83cc392ccfcadb2/SSD16BKV.jpg","https://files.plytix.com/api/v1.1/file/public_files/pim/assets/8a/8d/8f/62/628f8d8abb3a1aaaf0e8f149/images/88/57/51/63/635157882e6f22d35d7d91e8/LFST1022150.jpg|https://files.plytix.com/api/v1.1/file/public_files/pim/assets/8a/8d/8f/62/628f8d8abb3a1aaaf0e8f149/images/8d/57/51/63/6351578d2fc607028a3db7d6/LFST1022151.jpg|https://files.plytix.com/api/v1.1/file/public_files/pim/assets/8a/8d/8f/62/628f8d8abb3a1aaaf0e8f149/images/88/55/51/63/63515588389e23d05c36653f/LFST1022036.jpg|https://files.plytix.com/api/v1.1/file/public_files/pim/assets/8a/8d/8f/62/628f8d8abb3a1aaaf0e8f149/images/69/57/51/63/63515769c83cc392ccfd0b9a/LFST1022145.jpg|https://files.plytix.com/api/v1.1/file/public_files/pim/assets/8a/8d/8f/62/628f8d8abb3a1aaaf0e8f149/images/d5/ff/a7/65/65a7ffd538eafe2925b0cff7/LFST0324078.jpg|https://files.plytix.com/api/v1.1/file/public_files/pim/assets/8a/8d/8f/62/628f8d8abb3a1aaaf0e8f149/images/de/ff/a7/65/65a7ffde6ae4d7faf18e81e2/LFST0324079.jpg","https://www.nevilleuk.com/products/SSD16BKV_",null,"SSD16CV|SSD16GDV|SSD16V"]
["SSC11","Stainless Steel Can 11cm Dia x 14.5cm","1.3L/45.75oz",9.14,12,"Table Presentation>Stainless Steel Presentation Items",{"$nulls":3},110,110,145,0.158,0.158,{"v":130,"d":"130.00"},"45.8","Stainless Steel-430","7323930090","China",null,null,"Yes",{"$nulls":7},"No","No","\n•Made From Stainless Steel\n•Ribbed Can Design\n•Great For Presenting Dishes\n•Also Great As Cutlery Holder","GenWare Stainless Steel Cans are available in various sizes and are suitable to use as a riser, for presenting food and drink, for storage and so much more.\n•Can be used for food presentation, as a cutlery holder or a riser","Each",null,"11","11","14.5","0.00175",0.158,"05020403113713",12,"47","35","16.5","0.02714","1.896",2.625,"05020403113911",48,"73","50","37","0.13505","7.584",{"v":10.5,"d":"10.500"},null,1,"https://files.plytix.com/api/v1.1/file/public_files/pim/assets/8a/8d/8f/62/628f8d8abb3a1aaaf0e8f149/images/d0/a1/e3/63/63e3a1d085a98813e4510ba0/TH_SSC11.jpg","https://files.plytix.com/api/v1.1/file/public_files/pim/assets/8a/8d/8f/62/628f8d8abb3a1aaaf0e8f149/images/26/57/4d/63/634d5726043e790243e2d9b1/SSC11.jpg",null,"https://www.nevilleuk.com/products/SSC11_",null,"GSC11BK|SSC16|SSC8|GSC11"]
["SMF13BKV","GenWare Black Vintage Steel Mini Fry Pan 13.5 x 3.75cm","13.5 x 3.75cm (Dia x H) - 40cl/14oz",{"v":31,"d":"31.00"},6,"Table Presentation>Black Vintage Steel",{"$nulls":3},250,140,37,{"v":0.23,"d":"0.230"},{"v":0.23,"d":"0.230"},{"v":40,"d":"40.00"},"14.1","Stainless Steel","7323930090","India",null,250,"Yes","Yes","No",{"$nulls":5},"No","No","\n•Made from Stainless Steel\n•Industrial Vintage Finish\n•Durable Black PVD Coating\n•Attractive Brass Handle","Add a touch of bold, industrial flair to your food presentation with our Black Vintage Steel Collection. The attractive brass handles add a sophisticated touch, elevating casual dining to a premium experience. Crafted from high-quality stainless steel with a distinctive black PVD coating, this collection combines durability and style, offering a unique, vintage-inspired finish that enhances any dish. Perfect for both casual and upscale dining settings, these pieces provide a sophisticated yet rugged look that complements a variety of cuisines.\n•Durable Stainless Steel: Provides long-lasting strength, ideal for high-use environments\n•Industrial Vintage Design: A striking, modern aesthetic that brings a rugged charm to any table setting\n•Durable Black PVD Coating: Matt finish that offers a contemporary look while being resistant to scratches and wear\n•Safe for Direct Food Contact: Crafted from food-safe materials, ensuring safe and hygienic service\n•Stylish Brass Handles: Adds a premium touch, enhancing casual and upscale dining presentations\n•Perfect for Small Dishes and Sides: Ideal for serving tapas, side dishes, desserts, and individual portions\n•Versatile Presentation: Pairs beautifully with ceramic or wooden serving boards for a premium look\n•Perfect for Casual and Premium Dining: Ideal for restaurants, gastropubs, and sharing style service\n•Dishwasher Safe: Easy to clean and maintain","Each",null,"25","14","3.7","0.00130",{"v":0.23,"d":"0.230"},"05020403116394",6,"29","17","12","0.00592","1.38",1.425,"05020403116400",24,"35","30.5","24","0.02562","5.52",{"v":5.7,"d":"5.700"},null,720,"https://files.plytix.com/api/v1.1/file/public_files/pim/assets/8a/8d/8f/62/628f8d8abb3a1aaaf0e8f149/images/9f/a1/e3/63/63e3a19f1cb0c1e51322152d/TH_SMF13BKV.jpg","https://files.plytix.com/api/v1.1/file/public_files/pim/assets/8a/8d/8f/62/628f8d8abb3a1aaaf0e8f149/images/f2/4a/4d/63/634d4af22e6f22d35d7d4c16/SMF13BKV.jpg","https://files.plytix.com/api/v1.1/file/public_files/pim/assets/8a/8d/8f/62/628f8d8abb3a1aaaf0e8f149/images/96/55/51/63/63515596043e790243e3414e/LFST1022038.jpg|https://files.plytix.com/api/v1.1/file/public_files/pim/assets/8a/8d/8f/62/628f8d8abb3a1aaaf0e8f149/images/c8/55/51/63/635155c8c83cc392ccfd0b51/LFST1022048.jpg|https://files.plytix.com/api/v1.1/file/public_files/pim/assets/8a/8d/8f/62/628f8d8abb3a1aaaf0e8f149/images/e2/55/51/63/635155e2043e790243e34155/LFST1022051.jpg|https://files.plytix.com/api/v1.1/file/public_files/pim/assets/8a/8d/8f/62/628f8d8abb3a1aaaf0e8f149/images/eb/55/51/63/635155eb389e23d05c366546/LFST1022052.jpg|https://files.plytix.com/api/v1.1/file/public_files/pim/assets/8a/8d/8f/62/628f8d8abb3a1aaaf0e8f149/images/a8/57/51/63/635157a8c83cc392ccfd0ba1/LFST1022157.jpg|https://files.plytix.com/api/v1.1/file/public_files/pim/assets/8a/8d/8f/62/628f8d8abb3a1aaaf0e8f149/images/69/57/51/63/63515769c83cc392ccfd0b9a/LFST1022145.jpg|https://files.plytix.com/api/v1.1/file/public_files/pim/assets/8a/8d/8f/62/628f8d8abb3a1aaaf0e8f149/images/f7/55/51/63/635155f7389e23d05c36655b/LFST1022054.jpg","https://www.nevilleuk.com/products/SMF13BKV_","WSBB17-NB","SMF15BKV|SMF13V"]
["SMA510-WT","Chalkmarker Single White Medium","2-6mm Edge Tip",{"v":6.8,"d":"6.80"},1,"Menu,Signs & Display>Chalk Markers & Accessories",{"$nulls":3},145,19,21,0.023,0.023,null,null,"Plastic","9608200000","Japan",null,null,"N/A",{"$nulls":7},"No","No","\n•High Quality Liquid Chalk Marker\n•Non-Toxic\n•Resistant To Fading, Staining And Smudging\n•Suitable For Nonporous Surfaces\n•Easy To Clean","GenWare have a wide range of menus, signs and displays available, all of which are perfect for highlighting awareness of promotions, daily specials or events. Our menus are available in a selection of attractive designs and range from contemporary through to classic. We also have a collection of Wooden Menu Clipboards, perfect for a contemporary casual dining setting. Wall chalk boards are a great way to communicate messages to customers and are available in an array of sizes to suit a wide scope of requirements, whilst our pavement chalk boards are a great way to drive traffic into establishments.\n•Vibrant and bold modern upgrade to classic writing chalk\n•Suitable for use on all non-porous surfaces such as synthetic chalk  boards, glass, plastic, metal or lacquered wood\n•Writing/art work is resistant to smudging and fade proof (once dry)\n•Simply wipe clean with wet soapy cloth or cleaner (SECCLEAN-GR) to reuse surface","Each","8717624246005","14.5","1.9","2.1","0.00006",0.023,"08717624246012",12,"6.5","8.5","15","0.00083","0.276",{"v":0.31,"d":"0.310"},"08717624246029",120,"43","15","13","0.00839","2.76",{"v":3.11,"d":"3.110"},null,15600,"https://files.plytix.com/api/v1.1/file/public_files/pim/assets/8a/8d/8f/62/628f8d8abb3a1aaaf0e8f149/images/9d/a1/e3/63/63e3a19db8148bfc97a49d74/TH_SMA510-WT.jpg","https://files.plytix.com/api/v1.1/file/public_files/pim/assets/8a/8d/8f/62/628f8d8abb3a1aaaf0e8f149/images/14/db/4f/63/634fdb142e6f22d35d7d75d3/SMA510-WT.jpg",null,"https://www.nevilleuk.com/products/SMA510-WT_",null,"SMA510-V4-WT"]
["SPGRC14","GenWare Chrome Top Salt/ Pepper Grinder 14cm","14cm/5.5\" (H)",{"v":20.7,"d":"20.70"},6,"Table Service>Salt & Pepper Grinders & Shakers",{"$nulls":3},60,60,147,0.179,0.179,null,null,"Aluminium,Plastic-Acrylic","6911100010","China",null,null,"No",{"$nulls":7},"No","No","\n•Made From Acrylic With Chrome Head And Base\n•Features High Quality Ceramic Grinding Mechanism\n•Adjustable Grind\n•Suitable For Salt And Pepper","Explore the extensive range of GenWare Salt and Pepper Grinders and Shakers, designed to enhance your tabletop presentation while offering exceptional functionality. Available in a variety of materials, styles, colours, and sizes, our collection allows you to find the perfect match to your restaurant’s theme and ambiance.\n•Premium Materials: Crafted from high-quality acrylic, providing a sleek and modern look that complements any table setting\n•Sophisticated Crhome Detailing:&nbsp;Features a chrome plated head and trim, adding a touch of luxury and style to your tabletop\n•Durable Ceramic Mechanism: Built to last, the ceramic grinding mechanism is suitable for both salt crystals and peppercorns, ensuring consistent performance and resisting corrosion\n•Adjustable Grinding: Easily customise the coarseness of your salt and pepper to suit various culinary needs\n•Clear Identification:&nbsp;Transparent body allows easy monitoring of salt or pepper levels for timely refills﻿Do not overtighten the knob as this will affect the mechanism from working","Each",null,"6","6","14.7","0.00053",0.179,"05020403544357",6,"13","19","15.5","0.00383","1.075",1.125,"05020403544364",24,"27","21","33","0.01871","4.301",{"v":4.78,"d":"4.780"},null,1440,"https://files.plytix.com/api/v1.1/file/public_files/pim/assets/8a/8d/8f/62/628f8d8abb3a1aaaf0e8f149/images/c0/a1/e3/63/63e3a1c07e82ccf21c8827e2/TH_SPGRC14.jpg","https://files.plytix.com/api/v1.1/file/public_files/pim/assets/8a/8d/8f/62/628f8d8abb3a1aaaf0e8f149/images/f6/6e/4d/63/634d6ef6c83cc392ccfcb1a8/SPGRC14.JPG|https://files.plytix.com/api/v1.1/file/public_files/pim/assets/8a/8d/8f/62/628f8d8abb3a1aaaf0e8f149/images/1c/db/4f/63/634fdb1c389e23d05c364a78/SPGRC14.jpg",null,"https://www.nevilleuk.com/products/SPGRC14_","SPKNOBS|SPKNOBS-C|SPKNOBS-GD","SPGRC14AC|9103|SPGR14|SPGRC14GM|SPGRC14C|SPLND12"]
["SPG12","Genware Salt Or Pepper Grinder Grey 12.7cm","12.7cm/5\" (H)",15.26,6,"Table Service>Salt & Pepper Grinders & Shakers",{"$nulls":3},54,54,125,{"v":0.15,"d":"0.150"},{"v":0.15,"d":"0.150"},null,null,"Aluminium,Plastic-Acrylic","6911100010","China",null,null,"No",{"$nulls":7},"Yes","No","\n•Made From Acrylic\n•Features High Quality Ceramic Grinding Mechanism\n•Adjustable Grind\n•Suitable For Salt And Pepper\n•Supplied With Engraved Knobs","Explore the extensive range of GenWare Salt and Pepper Grinders and Shakers, designed to enhance your tabletop presentation while offering exceptional functionality. Available in a variety of materials, styles, colours, and sizes, our collection allows you to find the perfect match to your restaurant’s theme and ambiance.\n•Premium Materials: Crafted from high-quality acrylic, providing a sleek and modern look that complements any table setting\n•Durable Ceramic Mechanism: Built to last, the ceramic grinding mechanism is suitable for both salt crystals and peppercorns, ensuring consistent performance and resisting corrosion\n•Adjustable Grinding: Easily customise the coarseness of your salt and pepper to suit various culinary needs\n•'S' and 'P' Knobs: Supplied with both 'S' and 'P' engraved knobs, allowing you to easily distinguish between salt and pepper for added convenience\n•Spares: Spare knobs available here ﻿Do not overtighten the knob as this will affect the mechanism from working","Each",null,"5.4","5.4","12.5","0.00036",{"v":0.15,"d":"0.150"},"05020403081647",6,"12","17.5","14","0.00294","0.9",{"v":0.88,"d":"0.880"},"05020403081654",24,"25.5","19","29","0.01405","3.6",{"v":4.2,"d":"4.200"},null,1728,"https://files.plytix.com/api/v1.1/file/public_files/pim/assets/8a/8d/8f/62/628f8d8abb3a1aaaf0e8f149/images/bf/a1/e3/63/63e3a1bf037006c9b0d868d0/TH_SPG12.jpg","https://files.plytix.com/api/v1.1/file/public_files/pim/assets/8a/8d/8f/62/628f8d8abb3a1aaaf0e8f149/images/ec/6e/4d/63/634d6eecd2fc4cd04d950d80/SPG12.jpg|https://files.plytix.com/api/v1.1/file/public_files/pim/assets/8a/8d/8f/62/628f8d8abb3a1aaaf0e8f149/images/ef/6e/4d/63/634d6eef2e6f22d35d7d4edd/SPG12_A.jpg|https://files.plytix.com/api/v1.1/file/public_files/pim/assets/8a/8d/8f/62/628f8d8abb3a1aaaf0e8f149/images/e8/6e/4d/63/634d6ee8043e790243e2dcb9/SPBLK_RANGE.jpg","https://files.plytix.com/api/v1.1/file/public_files/pim/assets/8a/8d/8f/62/628f8d8abb3a1aaaf0e8f149/images/0f/49/76/63/6376490f7841617ce6dce0a7/LFST0118029.jpg|https://files.plytix.com/api/v1.1/file/public_files/pim/assets/8a/8d/8f/62/628f8d8abb3a1aaaf0e8f149/images/47/70/7f/63/637f70473aa8d9d817f9c701/LFST0118056.jpg|https://files.plytix.com/api/v1.1/file/public_files/pim/assets/8a/8d/8f/62/628f8d8abb3a1aaaf0e8f149/images/3c/27/72/63/6372273c66ea88ac987355cc/LFST0418167.jpg|https://files.plytix.com/api/v1.1/file/public_files/pim/assets/8a/8d/8f/62/628f8d8abb3a1aaaf0e8f149/images/19/27/72/63/637227197841617ce6dc7cc5/LFST0418160.jpg","https://www.nevilleuk.com/products/SPG12_","SPKNOBS|SPKNOBS-C|SPKNOBS-GD|WSPGRS","SPG17"]
["SPS9-BL","GenWare Stoneware Black Ramekin 9.5cm/ 3.75\"","9.5 x 4.5cm/3.75 x 1.8\" (Dia x H) - 17cl/6oz",{"v":2.5,"d":"2.50"},12,"GenWare Stoneware>Black Stoneware",{"$nulls":3},96,96,45,{"v":0.18,"d":"0.180"},{"v":0.18,"d":"0.180"},{"v":17,"d":"17.00"},"6","Stoneware","6912002310","China",null,null,"Yes","Yes","Yes","Yes",{"$nulls":4},"No","No","\n•A great alternative to traditional white tableware and wood serving boards\n•The black stoneware items are also available in white","The GenWare Stoneware collection is attractive yet also both versatile and tough, with stoneware boasting an overall strength of body and chip resistance similar to porcelain. Black Stoneware offers a stylish selection of dishes and ramekins that provides a tasteful contrast with both traditional white ceramic products or when presented alongside wooden serving boards.\n•Bold colour looks great alongside or as a contrasting alternative to traditional white tableware and wood serving boards\n•Black stoneware also available in white","Each",null,"9.6","9.6","4.5","0.00041",{"v":0.18,"d":"0.180"},{"$nulls":8},"05020403492290",12,"21","13","22","0.00601","2.16",{"v":2.4,"d":"2.400"},null,1440,"https://files.plytix.com/api/v1.1/file/public_files/pim/assets/8a/8d/8f/62/628f8d8abb3a1aaaf0e8f149/images/c4/a1/e3/63/63e3a1c4037006c9b0d868d4/TH_SPS9-BL.jpg","https://files.plytix.com/api/v1.1/file/public_files/pim/assets/8a/8d/8f/62/628f8d8abb3a1aaaf0e8f149/images/40/3b/4d/63/634d3b40c83cc392ccfcac7a/SPS9-BL.jpg|https://files.plytix.com/api/v1.1/file/public_files/pim/assets/8a/8d/8f/62/628f8d8abb3a1aaaf0e8f149/images/43/3b/4d/63/634d3b43c83cc392ccfcac7e/SPS9-BL_A.jpg|https://files.plytix.com/api/v1.1/file/public_files/pim/assets/8a/8d/8f/62/628f8d8abb3a1aaaf0e8f149/images/46/3b/4d/63/634d3b46043e790243e2d6f9/SPS9-BL_B.jpg",null,"https://www.nevilleuk.com/products/SPS9-BL_",null,"SPS9-W"]
["SPS8-W","GenWare Ramekin 8cm/ 3\"","8 x 3.9cm/3 x 1.5\" (Dia x H) - 9cl/3.2oz",2.12,12,"Cook & Serve>Ramekins & Serving Dishes",{"$nulls":3},80,80,39,0.117,0.117,{"v":9,"d":"9.00"},"3.2","Porcelain","6911100090","Portugal",null,null,"Yes","Yes","Yes","Yes",{"$nulls":4},"No","No","\n•Brilliant bright white colour\n•Conforms to BS4034 for vitrified hotelware quality standard for durability in use\n•Superior heat retention properties for high resistance to thermal shock, perfect for hot or cold foodservice\n•Temperature range: -40 to 250C","GenWare Ramekins and Small Dishes are perfect for serving hot and cold sides, desserts and dips.\n•Conforms to BS4034 for vitrified hotelware quality standard for durability in use\n•Made from specially selected clays for brighter white to give great presentation that's practical compared to other porcelain alternatives\n•Durable glaze prolongs the life of the product and improves stain resistance\n•Rolled edge ensures durability and functional for added chip resistance suitable for hotel, restaurant and foodservice applications\n•Superior heat retention properties for high resistance to thermal shock, perfect for hot or cold foodservice\n•Temperature range:  -40 to 250C","Each",null,"8","8","3.9","0.00025",0.117,{"$nulls":8},"05020403490333",12,"31","21","13","0.00846","1.4",{"v":1.57,"d":"1.570"},null,1440,"https://files.plytix.com/api/v1.1/file/public_files/pim/assets/8a/8d/8f/62/628f8d8abb3a1aaaf0e8f149/images/c4/a1/e3/63/63e3a1c46c1a60a323c6fd63/TH_SPS8-W.jpg","https://files.plytix.com/api/v1.1/file/public_files/pim/assets/8a/8d/8f/62/628f8d8abb3a1aaaf0e8f149/images/25/db/4f/63/634fdb25d2fc4cd04d95429e/SPS8-W.jpg","https://files.plytix.com/api/v1.1/file/public_files/pim/assets/8a/8d/8f/62/628f8d8abb3a1aaaf0e8f149/images/14/54/07/64/640754148031629126b25166/LFST0423060.jpg","https://www.nevilleuk.com/products/SPS8-W_",null,"SPS9-W|RAMCON8-W|SPS6-W|SPS8-BL"]
["SKL800","Genware Cast Iron Effect Skull Tiki Mug 80cl/ 28.15oz","13.5 x 12cm (Dia x H) 80cl/28oz",15.12,6,"Drinkware>Ceramic Drinkware",{"$nulls":3},145,118,119,{"v":0.45,"d":"0.450"},{"v":0.45,"d":"0.450"},{"v":80,"d":"80.00"},"28.2","Stoneware","6912002310","China",-40,230,"Yes",{"$nulls":7},"No","No","\n•High Quality Stoneware\n•Bold, Colourful Design\n•Fun and Theatrical\n•Perfect Serve","Bring tropical flair and bold personality to your cocktail service with the GenWare Stoneware Tiki Mugs. Inspired by classic Polynesian designs, this eye-catching range is perfect for serving exotic cocktails, rum punches, and creative mixed drinks. Crafted from high-quality stoneware with detailed, characterful finishes, each mug adds fun and theatricality to the drinking experience, making them a must-have for bars, restaurants, and themed venues.\n•High Quality Stoneware: For durability and a premium feel\n•Bold, Colourful Design: Inspired by traditional tiki culture\n•Fun and Theatrical: Adds theatre to cocktail presentation and guest experience\n•Perfect Serve: Great for serving tropical cocktails, punches, and signature drinks","Each",null,"14.5","11.8","11.9","0.00204",{"v":0.45,"d":"0.450"},"05020403172765",6,"28.5","36.5","12.5","0.01300","2.7",{"v":3.09,"d":"3.090"},"05020403172772",12,"38","30","27","0.03078","5.4",{"v":7,"d":"7.000"},null,336,"https://files.plytix.com/api/v1.1/file/public_files/pim/assets/8a/8d/8f/62/628f8d8abb3a1aaaf0e8f149/images/96/a1/e3/63/63e3a1966c1a60a323c6fd49/TH_SKL800.jpg","https://files.plytix.com/api/v1.1/file/public_files/pim/assets/8a/8d/8f/62/628f8d8abb3a1aaaf0e8f149/images/aa/64/4d/63/634d64aac83cc392ccfcb077/SKL800_A.jpg|https://files.plytix.com/api/v1.1/file/public_files/pim/assets/8a/8d/8f/62/628f8d8abb3a1aaaf0e8f149/images/dc/64/4d/63/634d64dc043e790243e2db33/SKL800.jpg","https://files.plytix.com/api/v1.1/file/public_files/pim/assets/8a/8d/8f/62/628f8d8abb3a1aaaf0e8f149/images/21/55/07/64/64075521023a5939a8c9d0f7/LFST0423155.jpg","https://www.nevilleuk.com/products/SKL800_",null,"SKL400"]
["SCR-PBK14","Terra Porcelain Black Saucer 14.5cm","14.5cm (Dia)",7.54,6,"Terra Porcelain>Cinder Black Terra Porcelain",{"$nulls":3},145,145,20,{"v":0.22,"d":"0.220"},{"v":0.22,"d":"0.220"},null,null,"Porcelain","6911100090","China",-40,250,"Yes","Yes","Yes","Yes",{"$nulls":4},"No","No","\n•Durable Fully Vitrified Porcelain\n•Twice-Fired Process\n•High Temperature Firing\n•Conforms to BS4034 Vitrified Hotelware\n•Rolled Edges\n•Polished Foot\n•Unique Reactive Glaze Formula","Terra Porcelain's undefined beauty is crafted through natural effects and spontaneous reactions that occur in the kiln. A unique glaze formula, combined with high-temperature firing, ensures no two pieces look exactly alike, with variations in color intensity creating a truly distinctive appearance. The Cinder Black Terra Porcelain collection draws inspiration from the elegance of raw landscapes, featuring deep charcoal and subtle earthy tones that create a bold yet sophisticated aesthetic. This range provides the perfect canvas for presenting delicious, vibrant dishes.\n•Durable Fully Vitrified Porcelain: High-temperature firing creates a robust and long-lasting product, ideal for professional use\n•Twice-Fired Process: Enhances strength, durability, and the unique glaze finish, ensuring each piece performs in demanding environments\n•Conforms to Industry Standards: Meets BS4034 standards for vitrified hotelware, ensuring exceptional durability and quality in demanding environments\n•Rolled Edges: Enhances durability and provides added chip resistance, making it ideal for hotel, restaurant, and foodservice applications\n•Polished Foot: Minimises damage when stacked and stored, helping to maintain the integrity of each piece over time\n•Unique Artisanal Finish: The natural kiln effects and spontaneous glaze reactions ensure every piece is truly one of a kind\n•Inspired Cinder Black Hue: The deep charcoal and earthy undertones evoke the beauty of raw landscapes\n•Complete the Look: Pairs beautifully with other items in the Terra Porcelain range for a cohesive and stylish tabletop presentation","Each",null,"14.5","14.5","2","0.00042",{"v":0.22,"d":"0.220"},"05020403225515",6,"16.5","10","16","0.00264","1.32",{"v":1.59,"d":"1.590"},"05020403225522",24,"34","24","19","0.01550","5.28",{"v":6.4,"d":"6.400"},null,1224,"https://files.plytix.com/api/v1.1/file/public_files/pim/assets/8a/8d/8f/62/628f8d8abb3a1aaaf0e8f149/images/8b/a1/e3/63/63e3a18b037006c9b0d868a9/TH_SCR-PBK14.jpg","https://files.plytix.com/api/v1.1/file/public_files/pim/assets/8a/8d/8f/62/628f8d8abb3a1aaaf0e8f149/images/b3/22/4d/63/634d22b3d2fc4cd04d9504e9/SCR-PBK14.jpg|https://files.plytix.com/api/v1.1/file/public_files/pim/assets/8a/8d/8f/62/628f8d8abb3a1aaaf0e8f149/images/b4/22/4d/63/634d22b42e6f22d35d7d48f0/SCR-PBK14_A.jpg|https://files.plytix.com/api/v1.1/file/public_files/pim/assets/8a/8d/8f/62/628f8d8abb3a1aaaf0e8f149/images/b7/22/4d/63/634d22b7c83cc392ccfca584/SCR-PBK14_B.jpg","https://files.plytix.com/api/v1.1/file/public_files/pim/assets/8a/8d/8f/62/628f8d8abb3a1aaaf0e8f149/images/80/1a/87/63/63871a8019f4c32350eea7f3/LFST0722089.jpg","https://www.nevilleuk.com/products/SCR-PBK14_","CUP-PBK28|CUP-PBK23","SCR-RKS14|SCR-PPL14|SCR-PSF14|SCR-PRS14|SCR-PRC14|SCR-PMG14|SCR-PBL14|SCR-PG14|SCR-PAG14"]
["SCR-AN15","Antigo Stoneware Saucer 15cm","15cm (Dia)",{"v":7.2,"d":"7.20"},6,"Antigo Tableware>Antigo Stoneware",{"$nulls":3},147,147,20,{"v":0.2,"d":"0.200"},{"v":0.2,"d":"0.200"},null,null,"Stoneware","6912002310","Indonesia",null,null,"Yes","Yes","Yes","Yes",{"$nulls":4},"No","No","\n•Durable Stoneware\n•Twice-Fired Process\n•Rolled Edges\n•Polished Foot\n•Unique Reactive Glaze Formula","Antigo Stoneware, named after the Portuguese word for \"old\" or \"ancient,\" embodies the timeless beauty of aged bronze, offering a unique blend of heritage and modern elegance. The deep grey finish, enriched with subtle metallic highlights, captures the natural transformation of bronze over time, evoking a sense of historical significance and sophistication. Each piece in the collection is enhanced by a reactive glaze that creates organic variations, ensuring no two pieces are exactly alike, adding to the authenticity and artisanal charm of the range. Designed to complement a wide array of cuisines, Antigo Stoneware provides the perfect canvas for both contemporary and classic presentations bringing a distinctive character to the table. The durable stoneware construction ensures strength and longevity, making it an ideal choice for professional use.\n•Durable Stoneware: Made from high-quality stoneware to withstand the rigors of a professional kitchen\n•Twice-Fired Process: Enhances strength, durability, and the unique glaze finish, ensuring each piece performs in demanding environments\n•Rolled Edges: Enhances durability and provides added chip resistance, making it ideal for hotel, restaurant, and foodservice applications\n•Polished Foot: Minimises damage when stacked and stored, helping to maintain the integrity of each piece over time\n•Unique Artisanal Finish: The natural kiln effects and spontaneous glaze reactions ensure every piece is truly one of a kind\n•Inspired Aged Bronze Hue: The deep grey finish with subtle metallic highlights captures the essence of aged bronze\n•Complete the Look: Pairs beautifully with other items in the Antigo Tableware range for a cohesive and stylish tabletop presentation","Each",null,"14.7","14.7","2","0.00043",{"v":0.2,"d":"0.200"},"05020403222019",6,"18","18","9","0.00292","1.2",{"v":1.5,"d":"1.500"},"05020403226437",36,"37","20","29","0.02146","7.2",{"v":9.8,"d":"9.800"},null,1728,"https://files.plytix.com/api/v1.1/file/public_files/pim/assets/8a/8d/8f/62/628f8d8abb3a1aaaf0e8f149/images/8a/a1/e3/63/63e3a18a85a98813e4510b83/TH_SCR-AN15.jpg","https://files.plytix.com/api/v1.1/file/public_files/pim/assets/8a/8d/8f/62/628f8d8abb3a1aaaf0e8f149/images/05/2f/4d/63/634d2f05043e790243e2d54c/SCR-AN15.jpg|https://files.plytix.com/api/v1.1/file/public_files/pim/assets/8a/8d/8f/62/628f8d8abb3a1aaaf0e8f149/images/07/2f/4d/63/634d2f07043e790243e2d54d/SCR-AN15_A.jpg",null,"https://www.nevilleuk.com/products/SCR-AN15_",null,"SCR-AN11"]
["SCR-PSF14","Terra Porcelain Seafoam Saucer 14.5cm","14.5cm (Dia)",7.54,6,"Terra Porcelain>Seafoam Terra Porcelain",{"$nulls":3},145,145,15,{"v":0.2,"d":"0.200"},{"v":0.2,"d":"0.200"},null,null,"Porcelain","6911100090","China",-40,250,"Yes","Yes","Yes","Yes",{"$nulls":4},"No","No","\n•Durable Fully Vitrified Porcelain\n•Twice-Fired Process\n•High Temperature Firing\n•Conforms to BS4034 Vitrified Hotelware\n•Rolled Edges\n•Polished Foot\n•Unique Reactive Glaze Formula","Terra Porcelain's undefined beauty is crafted through natural effects and spontaneous reactions that occur in the kiln. A unique glaze formula, combined with high-temperature firing, ensures no two pieces look exactly alike, with variations in color intensity creating a truly distinctive appearance. The Seafoam Terra Porcelain collection draws inspiration from the coast with it's blend of oceanic colours, providing a calming canvas perfect for presenting fresh, vibrant dishes. This range provides the perfect canvas for presenting delicious, vibrant dishes.\n•Durable Fully Vitrified Porcelain: High-temperature firing creates a robust and long-lasting product, ideal for professional use\n•Twice-Fired Process: Enhances strength, durability, and the unique glaze finish, ensuring each piece performs in demanding environments\n•Conforms to Industry Standards: Meets BS4034 standards for vitrified hotelware, ensuring exceptional durability and quality in demanding environments\n•Rolled Edges: Enhances durability and provides added chip resistance, making it ideal for hotel, restaurant, and foodservice applications\n•Polished Foot: Minimises damage when stacked and stored, helping to maintain the integrity of each piece over time\n•Unique Artisanal Finish: The natural kiln effects and spontaneous glaze reactions ensure every piece is truly one of a kind\n•Inspired Seafoam Hue: The blend of oceanic colours captures the tranquil essence of the coast, creating a calming canvas\n•Complete the Look: Pairs beautifully with other items in the Terra Porcelain range for a cohesive and stylish tabletop presentation","Each",null,"14.5","14.5","1.5","0.00032",{"v":0.2,"d":"0.200"},"05020403083993",6,"16","8","17","0.00218","1.2",{"v":1.65,"d":"1.650"},"05020403084006",24,"34","18","19","0.01163","4.8",{"v":6.6,"d":"6.600"},null,1680,"https://files.plytix.com/api/v1.1/file/public_files/pim/assets/8a/8d/8f/62/628f8d8abb3a1aaaf0e8f149/images/8e/a1/e3/63/63e3a18e295ed2968cef9707/TH_SCR-PSF14.jpg","https://files.plytix.com/api/v1.1/file/public_files/pim/assets/8a/8d/8f/62/628f8d8abb3a1aaaf0e8f149/images/78/2b/4d/63/634d2b78043e790243e2d50a/SCR-PSF14.jpg|https://files.plytix.com/api/v1.1/file/public_files/pim/assets/8a/8d/8f/62/628f8d8abb3a1aaaf0e8f149/images/7a/2b/4d/63/634d2b7a2e6f22d35d7d49b5/SCR-PSF14_A.jpg|https://files.plytix.com/api/v1.1/file/public_files/pim/assets/8a/8d/8f/62/628f8d8abb3a1aaaf0e8f149/images/7c/2b/4d/63/634d2b7c2e6f22d35d7d49b6/SCR-PSF14_B.jpg|https://files.plytix.com/api/v1.1/file/public_files/pim/assets/8a/8d/8f/62/628f8d8abb3a1aaaf0e8f149/images/7e/2b/4d/63/634d2b7ec83cc392ccfca6a0/SCR-PSF14_C.jpg|https://files.plytix.com/api/v1.1/file/public_files/pim/assets/8a/8d/8f/62/628f8d8abb3a1aaaf0e8f149/images/7f/2b/4d/63/634d2b7f2fc607028a3d74d2/SCR-PSF14_D.jpg","https://files.plytix.com/api/v1.1/file/public_files/pim/assets/8a/8d/8f/62/628f8d8abb3a1aaaf0e8f149/images/06/55/52/63/63525506043e790243e357f3/LFST0122084.jpg|https://files.plytix.com/api/v1.1/file/public_files/pim/assets/8a/8d/8f/62/628f8d8abb3a1aaaf0e8f149/images/95/54/52/63/63525495389e23d05c367491/LFST0122067.jpg|https://files.plytix.com/api/v1.1/file/public_files/pim/assets/8a/8d/8f/62/628f8d8abb3a1aaaf0e8f149/images/27/55/52/63/63525527043e790243e357f6/LFST0122089.jpg|https://files.plytix.com/api/v1.1/file/public_files/pim/assets/8a/8d/8f/62/628f8d8abb3a1aaaf0e8f149/images/6c/19/87/63/6387196c13adaf392d86eca2/LFST0722009.jpg","https://www.nevilleuk.com/products/SCR-PSF14_","CUP-PSF28|CUP-PSF23","SCR-RKS14|SCR-PPL14|SCR-PBK14|SCR-PRS14|SCR-PRC14|SCR-PMG14|SCR-PG14|SCR-PBL14|SCR-PAG14"]
["SPS6-BL","GenWare Stoneware Black Ramekin 6.5cm/ 2.5\"","6.5 x 3.5cm/2.5 x 1.4\" (Dia x H) - 5cl/1.75oz",2.04,12,"GenWare Stoneware>Black Stoneware",{"$nulls":3},65,65,32,{"v":0.05,"d":"0.050"},{"v":0.05,"d":"0.050"},{"v":4,"d":"4.00"},"1.4","Stoneware","6912002310","China",null,null,"Yes","Yes","Yes","Yes",{"$nulls":4},"No","No","\n•A great alternative to traditional white tableware and wood serving boards\n•The black stoneware items are also available in white","The GenWare Stoneware collection is attractive yet also both versatile and tough, with stoneware boasting an overall strength of body and chip resistance similar to porcelain. Black Stoneware offers a stylish selection of dishes and ramekins that provides a tasteful contrast with both traditional white ceramic products or when presented alongside wooden serving boards.\n•Bold colour looks great alongside or as a contrasting alternative to traditional white tableware and wood serving boards\n•Black stoneware also available in white","Each",null,"6.5","6.5","3.2","0.00014",{"v":0.05,"d":"0.050"},{"$nulls":8},"05020403492252",12,"14.5","10","15.5","0.00225","0.6",{"v":1,"d":"1.000"},null,3432,"https://files.plytix.com/api/v1.1/file/public_files/pim/assets/8a/8d/8f/62/628f8d8abb3a1aaaf0e8f149/images/c3/a1/e3/63/63e3a1c3ca3e273978494928/TH_SPS6-BL.jpg","https://files.plytix.com/api/v1.1/file/public_files/pim/assets/8a/8d/8f/62/628f8d8abb3a1aaaf0e8f149/images/36/3b/4d/63/634d3b36043e790243e2d6f5/SPS6-BL.jpg|https://files.plytix.com/api/v1.1/file/public_files/pim/assets/8a/8d/8f/62/628f8d8abb3a1aaaf0e8f149/images/39/3b/4d/63/634d3b392fc607028a3d7622/SPS6-BL_A.jpg",null,"https://www.nevilleuk.com/products/SPS6-BL_",null,"SPS6-W"]
["SMS9BKV","GenWare Black Vintage Steel Mini Sauce Pan 9 x 5.25cm","9 x 5.25cm (Dia x H) - 35cl/12oz",{"v":31,"d":"31.00"},6,"Table Presentation>Black Vintage Steel",{"$nulls":3},170,93,55,{"v":0.17,"d":"0.170"},{"v":0.17,"d":"0.170"},{"v":35,"d":"35.00"},"12.3","Brass,Stainless Steel","7323930090","India",null,250,"Yes","Yes","N/A",{"$nulls":5},"No","No","\n•Made from Stainless Steel\n•Industrial Vintage Finish\n•Durable Black PVD Coating\n•Attractive Brass Handle","Add a touch of bold, industrial flair to your food presentation with our Black Vintage Steel Collection. The attractive brass handles add a sophisticated touch, elevating casual dining to a premium experience. Crafted from high-quality stainless steel with a distinctive black PVD coating, this collection combines durability and style, offering a unique, vintage-inspired finish that enhances any dish. Perfect for both casual and upscale dining settings, these pieces provide a sophisticated yet rugged look that complements a variety of cuisines.\n•Durable Stainless Steel: Provides long-lasting strength, ideal for high-use environments\n•Industrial Vintage Design: A striking, modern aesthetic that brings a rugged charm to any table setting\n•Durable Black PVD Coating: Matt finish that offers a contemporary look while being resistant to scratches and wear\n•Safe for Direct Food Contact: Crafted from food-safe materials, ensuring safe and hygienic service\n•Stylish Brass Handles: Adds a premium touch, enhancing casual and upscale dining presentations\n•Perfect for Small Dishes and Sides: Ideal for serving tapas, side dishes, desserts, and individual portions\n•Versatile Presentation: Pairs beautifully with ceramic or wooden serving boards for a premium look\n•Perfect for Casual and Premium Dining: Ideal for restaurants, gastropubs, and sharing style service\n•Dishwasher Safe: Easy to clean and maintain","Each",null,"17","9.3","5.5","0.00087",{"v":0.17,"d":"0.170"},"05020403116363",6,"21.5","13","17.5","0.00489","1.02",{"v":1.29,"d":"1.290"},"05020403116370",24,"27","23.5","39","0.02475","4.08",{"v":5.2,"d":"5.200"},null,864,"https://files.plytix.com/api/v1.1/file/public_files/pim/assets/8a/8d/8f/62/628f8d8abb3a1aaaf0e8f149/images/a2/a1/e3/63/63e3a1a26c1a60a323c6fd50/TH_SMS9BKV.jpg","https://files.plytix.com/api/v1.1/file/public_files/pim/assets/8a/8d/8f/62/628f8d8abb3a1aaaf0e8f149/images/f9/4a/4d/63/634d4af92e6f22d35d7d4c18/SMS9BKV.jpg","https://files.plytix.com/api/v1.1/file/public_files/pim/assets/8a/8d/8f/62/628f8d8abb3a1aaaf0e8f149/images/74/57/51/63/63515774c83cc392ccfd0b9c/LFST1022147.jpg|https://files.plytix.com/api/v1.1/file/public_files/pim/assets/8a/8d/8f/62/628f8d8abb3a1aaaf0e8f149/images/62/57/51/63/63515762389e23d05c366597/LFST1022144.jpg|https://files.plytix.com/api/v1.1/file/public_files/pim/assets/8a/8d/8f/62/628f8d8abb3a1aaaf0e8f149/images/c8/55/51/63/635155c8c83cc392ccfd0b51/LFST1022048.jpg|https://files.plytix.com/api/v1.1/file/public_files/pim/assets/8a/8d/8f/62/628f8d8abb3a1aaaf0e8f149/images/e2/55/51/63/635155e2043e790243e34155/LFST1022051.jpg|https://files.plytix.com/api/v1.1/file/public_files/pim/assets/8a/8d/8f/62/628f8d8abb3a1aaaf0e8f149/images/eb/55/51/63/635155eb389e23d05c366546/LFST1022052.jpg|https://files.plytix.com/api/v1.1/file/public_files/pim/assets/8a/8d/8f/62/628f8d8abb3a1aaaf0e8f149/images/f2/55/51/63/635155f2389e23d05c366547/LFST1022053.jpg|https://files.plytix.com/api/v1.1/file/public_files/pim/assets/8a/8d/8f/62/628f8d8abb3a1aaaf0e8f149/images/83/57/51/63/635157832e6f22d35d7d91e6/LFST1022149.jpg|https://files.plytix.com/api/v1.1/file/public_files/pim/assets/8a/8d/8f/62/628f8d8abb3a1aaaf0e8f149/images/fc/55/51/63/635155fc043e790243e3415c/LFST1022055.jpg|https://files.plytix.com/api/v1.1/file/public_files/pim/assets/8a/8d/8f/62/628f8d8abb3a1aaaf0e8f149/images/64/55/51/63/63515564043e790243e34149/LFST1022031.jpg|https://files.plytix.com/api/v1.1/file/public_files/pim/assets/8a/8d/8f/62/628f8d8abb3a1aaaf0e8f149/images/78/55/51/63/63515578c83cc392ccfd0b49/LFST1022033.jpg|https://files.plytix.com/api/v1.1/file/public_files/pim/assets/8a/8d/8f/62/628f8d8abb3a1aaaf0e8f149/images/69/57/51/63/63515769c83cc392ccfd0b9a/LFST1022145.jpg|https://files.plytix.com/api/v1.1/file/public_files/pim/assets/8a/8d/8f/62/628f8d8abb3a1aaaf0e8f149/images/f7/55/51/63/635155f7389e23d05c36655b/LFST1022054.jpg","https://www.nevilleuk.com/products/SMS9BKV_",null,"SMS9CV|SMS9GDV|SMS9V"]
["SMS7V","GenWare Vintage Steel Mini Sauce Pan 7 x 3.75cm","7 x 3.75cm (Dia x H) - 14cl/5oz",{"v":14.3,"d":"14.30"},6,"Table Presentation>Vintage Steel",{"$nulls":3},155,73,85,0.123,0.123,{"v":14,"d":"14.00"},"4.9","Brass,Stainless Steel-201","7323930090","India",null,250,"Yes","Yes","N/A",{"$nulls":5},"No","No","\n•Durable Stainless Steel\n•Industrial Vintage Finish\n•Stylish Brass Handles\n•Versatile Presentation\n•Dishwasher Safe","Add a touch of bold, industrial flair to your food presentation with our Vintage Steel Collection.The attractive brass handles add a sophisticated touch, elevating casual dining to a premium experience.Crafted from high-quality stainless steel with a distinctive vintage finish, this collection combines durability and style, offering a unique, industrial finish that enhances any dish. Perfect for both casual and upscale dining settings, these pieces provide a sophisticated yet rugged look that complements a variety of cuisines.\n•Durable Stainless Steel: Provides long-lasting strength, ideal for high-use environments\n•Industrial Vintage Design: A striking, modern aesthetic that brings a rugged charm to any table setting\n•Safe for Direct Food Contact: Crafted from food-safe materials, ensuring safe and hygienic service\n•Stylish Brass Handles: Adds a premium touch, enhancing casual and upscale dining presentations\n•Perfect for Small Dishes and Sauces: Ideal for serving a variety of small dishes, sauces, gravies, or dressings\n•Versatile Presentation: Pairs beautifully with ceramic or wooden serving boards for a premium look\n•Perfect for Casual and Premium Dining: Ideal for restaurants, gastropubs, and sharing style service\n•Dishwasher Safe: Easy to clean and maintain","Each",null,"15.5","7.3","8.5","0.00096",0.123,"05020403115106",6,"16","11.5","13.5","0.00248","0.738",0.887,"05020403115113",48,"46.5","19","18.5","0.01634","5.904",{"v":7.1,"d":"7.100"},null,1920,"https://files.plytix.com/api/v1.1/file/public_files/pim/assets/8a/8d/8f/62/628f8d8abb3a1aaaf0e8f149/images/a0/a1/e3/63/63e3a1a0b8148bfc97a49d77/TH_SMS7V.jpg","https://files.plytix.com/api/v1.1/file/public_files/pim/assets/8a/8d/8f/62/628f8d8abb3a1aaaf0e8f149/images/35/59/4d/63/634d59352e6f22d35d7d4d27/SMS7V.jpg","https://files.plytix.com/api/v1.1/file/public_files/pim/assets/8a/8d/8f/62/628f8d8abb3a1aaaf0e8f149/images/23/6f/b4/66/66b46f23849b5d97e56692df/LFST0924140.jpg","https://www.nevilleuk.com/products/SMS7V_",null,"SMS7C|SMS8V|SMS9V|SMS7BKV|SMS7AC"]
["SMS7C","GenWare Mini Copper Sauce Pan 7 x 3.75cm","7 x 3.75cm (Dia x H) - 14cl/5oz",{"v":15,"d":"15.00"},6,"Table Presentation>Mini Presentation Items",{"$nulls":3},170,73,37,0.127,0.127,{"v":14,"d":"14.00"},"4.9","Brass,Copper Plating,Stainless Steel-201","7323930090","India",null,null,"No","No",{"$nulls":6},"No","No","\n•Made From Stainless Steel\n•Features A Copper Plated Coating\n•Attractive Brass Handle\n•Great for Presenting Condiments","Great for presenting small dishes, sauces or sides, the Copper Sauce Pans feature an attractive brass handle providing an upscale look to casual dining. Made from Stainless Steel with a striking copper plated finish, they work great with Terra Porcelain, Stoneware or Wooden Serving Boards. The Mini Copper Pans are available in three sizes suitable for a variety of uses from small steak sauces to premium sides.\n•Made from stainless steel with copper plating\n•Features attractive brass handle\n•Perfect for upscale casual dining\n•Combines beautifully with white or reactive glazed ceramic\n•Great for presenting condiments and sauces","Each",null,"17","7.3","3.7","0.00046",0.127,"05020403084051",6,"19","12","14","0.00319","0.762",0.912,"05020403084068",48,"38.5","23","31","0.02745","6.096",{"v":7.3,"d":"7.300"},null,1920,"https://files.plytix.com/api/v1.1/file/public_files/pim/assets/8a/8d/8f/62/628f8d8abb3a1aaaf0e8f149/images/a0/a1/e3/63/63e3a1a06c1a60a323c6fd4e/TH_SMS7C.jpg","https://files.plytix.com/api/v1.1/file/public_files/pim/assets/8a/8d/8f/62/628f8d8abb3a1aaaf0e8f149/images/20/53/4d/63/634d5320389e23d05c362521/SMS7C.jpg","https://files.plytix.com/api/v1.1/file/public_files/pim/assets/8a/8d/8f/62/628f8d8abb3a1aaaf0e8f149/images/45/56/52/63/63525645c83cc392ccfd2162/LFST01220134.jpg|https://files.plytix.com/api/v1.1/file/public_files/pim/assets/8a/8d/8f/62/628f8d8abb3a1aaaf0e8f149/images/69/56/52/63/63525669043e790243e35801/LFST01220143.jpg|https://files.plytix.com/api/v1.1/file/public_files/pim/assets/8a/8d/8f/62/628f8d8abb3a1aaaf0e8f149/images/a2/56/52/63/635256a2d2fc4cd04d957d4a/LFST012208.jpg|https://files.plytix.com/api/v1.1/file/public_files/pim/assets/8a/8d/8f/62/628f8d8abb3a1aaaf0e8f149/images/8c/23/87/63/6387238c4a1fd1a42515da75/LFST0422141.jpg|https://files.plytix.com/api/v1.1/file/public_files/pim/assets/8a/8d/8f/62/628f8d8abb3a1aaaf0e8f149/images/70/04/a8/65/65a80470d79397c451925574/LFST0324246.jpg","https://www.nevilleuk.com/products/SMS7C_",null,"SMS7V|SMS8C|SMS9C|SMS7AC"]
["SJG5BKV","GenWare Black Vintage Steel Jug 15cl/ 5oz","5.5 x 7cm (Dia x H) 15cl/5oz",{"v":11.2,"d":"11.20"},12,"Table Presentation>Black Vintage Steel",{"$nulls":3},60,63,58,{"v":0.08,"d":"0.080"},{"v":0.08,"d":"0.080"},{"v":15,"d":"15.00"},"5.3","Stainless Steel-201","7323930090","China",null,250,"Yes","Yes","No",{"$nulls":5},"No","No","\n•Made From Stainless Steel\n•Industrial Vintage Finish\n•Durable Black PVD Coating\n•Great For Individual Condiment Portions","Add a touch of bold, industrial flair to your food presentation with our Black Vintage Steel Collection. Crafted from high-quality stainless steel with a distinctive black PVD coating, this collection combines durability and style, offering a unique, vintage-inspired finish that enhances any dish. Perfect for both casual and upscale dining settings, these pieces provide a sophisticated yet rugged look that complements a variety of cuisines.\n•Durable Stainless Steel: Provides long-lasting strength, ideal for high-use environments\n•Industrial Vintage Design: A striking, modern aesthetic that brings a rugged charm to any table setting\n•Durable Black PVD Coating: Matt finish that offers a contemporary look while being resistant to scratches and wear\n•Safe for Direct Food Contact: Crafted from food-safe materials, ensuring safe and hygienic service\n•Dishwasher Safe: Easy to clean and maintain","Each",null,"6","6.3","5.8","0.00022",{"v":0.08,"d":"0.080"},"05020403115496",12,"24.5","18.5","7.5","0.00340","0.96",{"v":1,"d":"1.000"},"05020403115502",48,"26","20","33","0.01716","3.84",{"v":4,"d":"4.000"},null,3456,"https://files.plytix.com/api/v1.1/file/public_files/pim/assets/8a/8d/8f/62/628f8d8abb3a1aaaf0e8f149/images/94/a1/e3/63/63e3a194656d5eeab7797f7b/TH_SJG5BKV.jpg","https://files.plytix.com/api/v1.1/file/public_files/pim/assets/8a/8d/8f/62/628f8d8abb3a1aaaf0e8f149/images/f1/4a/4d/63/634d4af1043e790243e2d845/SJG5BKV.jpg","https://files.plytix.com/api/v1.1/file/public_files/pim/assets/8a/8d/8f/62/628f8d8abb3a1aaaf0e8f149/images/ee/6d/b4/66/66b46deeeade129dc98273c6/LFST0924055.jpg","https://www.nevilleuk.com/products/SJG5BKV_",null,"SJG5GDV|SJG5V|SJG5CV"]
["SCP20V","GenWare Vintage Steel Coupe Plate 20cm","20 x 3.3cm (Dia x H)",15.28,12,"Table Presentation>Vintage Steel",{"$nulls":3},204,204,34,{"v":0.3,"d":"0.300"},{"v":0.3,"d":"0.300"},null,null,"Stainless Steel-430","7323930090","China",null,250,"Yes","Yes",{"$nulls":6},"No","No","\n•Durable Stainless Steel\n•Industrial Vintage Finish\n•Versatile Presentation\n•Dishwasher Safe\n•Stackable","Add a touch of bold, industrial flair to your food presentation with our Vintage Steel Collection.Crafted from high-quality stainless steel with a distinctive vintage finish, this collection combines durability and style, offering a unique, industrial finish that enhances any dish. Perfect for both casual and upscale dining settings, these pieces provide a sophisticated yet rugged look that complements a variety of cuisines.\n•Durable Stainless Steel: Provides long-lasting strength, ideal for high-use environments\n•Industrial Vintage Design: A striking, modern aesthetic that brings a rugged charm to any table setting\n•Safe for Direct Food Contact: Crafted from food-safe materials, ensuring safe and hygienic service\n•Perfect for Small Dishes and Sides: Ideal for serving tapas, side dishes, desserts, and individual portions\n•Versatile Presentation: Pairs beautifully with ceramic or wooden serving boards for a premium look\n•Perfect for Casual and Premium Dining: Ideal for restaurants, gastropubs, and sharing style service\n•Dishwasher Safe: Easy to clean and maintain\n•Stackable: For easy storage and space-saving","Each",null,"20.4","20.4","3.4","0.00141",{"v":0.3,"d":"0.300"},"05020403094555",12,"20","21","12","0.00504","3.6",{"v":4.4,"d":"4.400"},"05020403094562",24,"23","23","26","0.01375","7.2",{"v":9,"d":"9.000"},null,1080,"https://files.plytix.com/api/v1.1/file/public_files/pim/assets/8a/8d/8f/62/628f8d8abb3a1aaaf0e8f149/images/8a/a1/e3/63/63e3a18aca3e273978494904/TH_SCP20V.jpg","https://files.plytix.com/api/v1.1/file/public_files/pim/assets/8a/8d/8f/62/628f8d8abb3a1aaaf0e8f149/images/27/59/4d/63/634d5927c83cc392ccfcaf4f/SCP20V.jpg","https://files.plytix.com/api/v1.1/file/public_files/pim/assets/8a/8d/8f/62/628f8d8abb3a1aaaf0e8f149/images/2b/a7/73/63/6373a72b7841617ce6dca5cd/LFST0119233.jpg|https://files.plytix.com/api/v1.1/file/public_files/pim/assets/8a/8d/8f/62/628f8d8abb3a1aaaf0e8f149/images/1f/a7/73/63/6373a71f53fbb259ab31853f/LFST0119232.jpg|https://files.plytix.com/api/v1.1/file/public_files/pim/assets/8a/8d/8f/62/628f8d8abb3a1aaaf0e8f149/images/a7/19/59/63/635919a7a4070baae1acd1e0/LFST0119155.jpg","https://www.nevilleuk.com/products/SCP20V_",null,"SCP26V|SCP24V|SWP20V|SWP26V|SPR20V|SCP20CV|SCP20GDV"]
["SCP16V","GenWare Vintage Steel Coupe Plate 16cm","16 x 3cm (Dia x H)",12.32,12,"Table Presentation>Vintage Steel",{"$nulls":3},160,160,30,0.215,0.215,null,null,"Stainless Steel-430","7323930090","China",null,250,"Yes","Yes","No",{"$nulls":5},"No","No","\n•Durable Stainless Steel\n•Industrial Vintage Finish\n•Versatile Presentation\n•Dishwasher Safe\n•Stackable","Add a touch of bold, industrial flair to your food presentation with our Vintage Steel Collection.Crafted from high-quality stainless steel with a distinctive vintage finish, this collection combines durability and style, offering a unique, industrial finish that enhances any dish. Perfect for both casual and upscale dining settings, these pieces provide a sophisticated yet rugged look that complements a variety of cuisines.\n•Durable Stainless Steel: Provides long-lasting strength, ideal for high-use environments\n•Industrial Vintage Design: A striking, modern aesthetic that brings a rugged charm to any table setting\n•Safe for Direct Food Contact: Crafted from food-safe materials, ensuring safe and hygienic service\n•Perfect for Small Dishes and Sides: Ideal for serving tapas, side dishes, desserts, and individual portions\n•Versatile Presentation: Pairs beautifully with ceramic or wooden serving boards for a premium look\n•Perfect for Casual and Premium Dining: Ideal for restaurants, gastropubs, and sharing style service\n•Dishwasher Safe: Easy to clean and maintain\n•Stackable: For easy storage and space-saving","Each",null,"16","16","3","0.00077",0.215,"05020403114246",12,"19","19.5","13","0.00482","2.58",{"v":3,"d":"3.000"},"05020403114253",24,"21","21","28","0.01235","5.16",{"v":6,"d":"6.000"},null,1440,"https://files.plytix.com/api/v1.1/file/public_files/pim/assets/8a/8d/8f/62/628f8d8abb3a1aaaf0e8f149/images/89/a1/e3/63/63e3a189235b816689db760d/TH_SCP16V.jpg","https://files.plytix.com/api/v1.1/file/public_files/pim/assets/8a/8d/8f/62/628f8d8abb3a1aaaf0e8f149/images/25/59/4d/63/634d5925d2fc4cd04d950a49/SCP16V.jpg","https://files.plytix.com/api/v1.1/file/public_files/pim/assets/8a/8d/8f/62/628f8d8abb3a1aaaf0e8f149/images/19/66/52/63/635266192fc607028a3dc6d7/LFST0421_022.jpg|https://files.plytix.com/api/v1.1/file/public_files/pim/assets/8a/8d/8f/62/628f8d8abb3a1aaaf0e8f149/images/10/66/52/63/63526610d2fc4cd04d957e1c/LFST0421_020.jpg|https://files.plytix.com/api/v1.1/file/public_files/pim/assets/8a/8d/8f/62/628f8d8abb3a1aaaf0e8f149/images/15/66/52/63/63526615d2fc4cd04d957e1d/LFST0421_021.jpg|https://files.plytix.com/api/v1.1/file/public_files/pim/assets/8a/8d/8f/62/628f8d8abb3a1aaaf0e8f149/images/ec/1d/7e/68/687e1decdd3cffb0b9ad71d8/LFST0925133.jpg","https://www.nevilleuk.com/products/SCP16V_",null,"SST2014V|SCP20V|SCP20BKV|SWP20V"]
["SLT9","Genware Slate Sign Holder 9 x 3 x 3cm","Slot: 9 x 0.3 x 1.6cm (L x W x H)",{"v":3.7,"d":"3.70"},1,"Menu,Signs & Display>Signs & Sign Holders",{"$nulls":3},90,30,30,0.219,0.219,null,null,"Slate","6803009000","China",null,null,"No",{"$nulls":7},"No","No","\n•Simple sign holder for tables or buffet and displays\n•Slate construction\n•Ideal for displaying prices, table numbers, messages, menus or small promotional cards","GenWare have a wide range of menus, signs and displays available, all of which are perfect for highlighting awareness of promotions, daily specials or events. Our menus are available in a selection of attractive designs and range from contemporary through to classic. We also have a collection of Wooden Menu Clipboards, perfect for a contemporary casual dining setting. Wall chalk boards are a great way to communicate messages to customers and are available in an array of sizes to suit a wide scope of requirements, whilst our pavement chalk boards are a great way to drive traffic into establishments.\n•Simple sign holder for tables or buffet and displays\n•Slate construction\n•Ideal for displaying prices, table numbers, messages, menus or small promotional cards","Each","5020403101666","9","3","3","0.00008",0.219,"05020403101673",12,"11","17","13","0.00243","2.624",{"v":2.72,"d":"2.720"},"05020403101680",48,"24","20","28.5","0.01368","10.497",{"v":11,"d":"11.000"},null,2304,"https://files.plytix.com/api/v1.1/file/public_files/pim/assets/8a/8d/8f/62/628f8d8abb3a1aaaf0e8f149/images/98/a1/e3/63/63e3a1986c1a60a323c6fd4a/TH_SLT9.jpg","https://files.plytix.com/api/v1.1/file/public_files/pim/assets/8a/8d/8f/62/628f8d8abb3a1aaaf0e8f149/images/f1/71/4d/63/634d71f1c83cc392ccfcb281/SLT9.jpg",null,"https://www.nevilleuk.com/products/SLT9_",null,"WSH9|PEG10|SLT-CUBE"]
["RWTC-M","Medium Rustic Wooden Table Caddy","20 x 15.3 x 18cm (L x W x H)",25.66,1,"Table Service>Table Caddies",{"$nulls":3},202,152,180,{"v":0.18,"d":"0.180"},{"v":0.18,"d":"0.180"},null,null,"Paulownia Wood","4419900000","China",null,null,"No",{"$nulls":7},"No","No","\n•Made From Paulownia Wood\n•Dark Rustic Finish\n•Great For Keeping Tables Tidy\n•Integrated Handle For Easy Handling","GenWare Table Service ranges cover a wide selection of lines, suitable for use alongside crockery, cutlery and glassware to complete the table setting. These ranges cover traditional through to contemporary styles, ensuring that there are products to suit all requirements. Materials are selected for the best quality, durability and appearance in use. Table caddies are available in numerous options, from classic wooden handled models through to modern wire designs, each offering a means to storing condiments. Salt and pepper shakers and grinders are available in a range of materials and styles to complement a multitude of different table settings.\n•Ideal for sauces and condiments\n•Features two compartments\n•Easy to carry handle","Each","5020403082446","20.2","15.2","18","0.00553",{"v":0.18,"d":"0.180"},{"$nulls":8},"05020403082460",6,"38","19.5","42","0.03112","1.08",{"v":1.5,"d":"1.500"},null,216,"https://files.plytix.com/api/v1.1/file/public_files/pim/assets/8a/8d/8f/62/628f8d8abb3a1aaaf0e8f149/images/7c/a1/e3/63/63e3a17cca3e2739784948f5/TH_RWTC-M.jpg","https://files.plytix.com/api/v1.1/file/public_files/pim/assets/8a/8d/8f/62/628f8d8abb3a1aaaf0e8f149/images/92/70/4d/63/634d7092d2fc4cd04d950dac/RWTC-M.jpg",null,"https://www.nevilleuk.com/products/RWTC-M_",null,"RWTC-S|RWTC"]
["SCR-PG14","Terra Porcelain Grey Saucer 14.5cm","14.5cm (Dia)",7.54,6,"Terra Porcelain>Smoke Grey Terra Porcelain",{"$nulls":3},145,145,20,{"v":0.22,"d":"0.220"},{"v":0.22,"d":"0.220"},null,null,"Porcelain","6911100090","China",-40,250,"Yes","Yes","Yes","Yes",{"$nulls":4},"No","No","\n•Durable Fully Vitrified Porcelain\n•Twice-Fired Process\n•High Temperature Firing\n•Conforms to BS4034 Vitrified Hotelware\n•Rolled Edges\n•Polished Foot\n•Unique Reactive Glaze Formula","Terra Porcelain's undefined beauty is crafted through natural effects and spontaneous reactions that occur in the kiln. A unique glaze formula, combined with high-temperature firing, ensures no two pieces look exactly alike, with variations in color intensity creating a truly distinctive appearance. The Smoke Grey Terra Porcelain collection draws inspiration from the subtle elegance of misty landscapes, featuring soft grey hues with delicate tonal variations that create a refined and contemporary aesthetic